{"text_format":"3","workbook":"xlsx","n_sheets":2,"sheets":["META","0039_ASR-EW-2020_GKL_WTF"],"read":"whole","date_system":"1900"}

{"sheet":"META","index":0,"n_rows":28,"n_cols":2,"rows_kept":28}
["Variable","Beschreibung"]
["BL_KZ","Bundeslandkennzahl"]
["BKZ","Bezirkskennzahl"]
["GKZ","Gemeindekennzahl"]
["GEM_FL_ha","Gemeindefläche [ha]"]
["GEM_EW","EinwohnerInnen in der Gemeinde"]
["GEM_EW_ha","EinwohnerInnendichte der Gemeinde [EW/ha]"]
["GEM_Status","Gemeindestatus"]
["URTYP","Urtyp"]
["ZSP_NR","Zählsprengelnummer"]
["ZSP_FL_ha","Zählsprengelfläche [ha]"]
["ZSP_EW","EinwohnerInnen im Zählsprengel"]
["ZSP_EW_ha","EinwohnerInnendichte des Zählsprengels [EW/ha]"]
["ASR_FL_ha","ASR-Fläche [ha]"]
["EW_FAKT","EW-Faktor = EW-Anteil im ASR gemäß URTYP-Kalibrierung NÖ adressgenau"]
["ASR_EW","EinwohnerInnen im ASR"]
["nASR_EW","EinwohnerInnen im Nicht-ASR"]
["ASR_0_1","Lage der GKLp_ID\n- 0 --> nicht im ASR \n- 1 --> im ASR"]
["ASRp_ID","Eindeutige ID des ASR-Parts"]
["ASRp_FL_ha","Fläche des ASRp"]
["ASRP_EWAnt","EW-Anteil im ASRp \n- 0 = nicht-ASR \n- >0 = im ASR"]
["ASRp_EW","EinwohnerInnen im ASRp"]
["ASRZSP_Ant","Anteil des ASR am ZSP"]
["GKLp_ID","Eindeutige ID des GKL-Parts"]
["GKL","Güteklasse des GKLp"]
["GKL_FL_ha","Fläche des GKLp"]
["GKLanASRp","Anteil des GKLp am ASRp"]
["GKL_EW","EinwohnerInnen im GKLp"]

{"sheet":"0039_ASR-EW-2020_GKL_WTF","index":1,"n_rows":306690,"n_cols":27,"rows_kept":2250,"cut":true,"bounds":{"rows_first":1000,"rows_last":250,"rows_between":1000,"halvings":1}}
["BL_KZ","BKZ","GKZ","GEM_FL_ha","GEM_EW","GEM_EW_ha","GEM_Status","URTYP","ZSP_NR","ZSP_FL_ha","ZSP_EW","ZSP_EW_ha","ASR_FL_ha","EW_FAKT","ASR_EW","nASR_EW","ASR_0_1","ASRp_ID","ASRp_FL_ha","ASRP_EWAnt","ASRp_EW","ASRZSP_Ant","GKLp_ID","GKL","GKL_FL_ha","GKLanASRp","GKL_EW"]
[2,203,20302,{"v":3646.44541299999,"d":"3,646.45"},1212,{"v":0.332378484,"d":"0.33"}," ",430,20302000,{"v":3646.44541312999,"d":"3,646.45"},1212,{"v":0.332378484,"d":"0.33"},{"v":0,"d":"0.00"},{"v":0.905906425,"d":"0.91"},{"v":1097.958587,"d":"1,097.96"},{"v":114.041413199999,"d":"114.04"},0,"0_20302000_517",{"v":3530.37678009999,"d":"3,530.38"},{"v":0,"d":"0.00"},{"v":114.041413199999,"d":"114.04"},{"v":0,"d":"0.00"},"0_20302000_517_0","außerhalb GKL",{"v":3347.59871857999,"d":"3,347.60"},{"v":0.948227038386,"d":"0.95"},{"v":108.137151492,"d":"108.14"}]
[2,203,20302,{"v":3646.44541299999,"d":"3,646.45"},1212,{"v":0.332378484,"d":"0.33"}," ",430,20302000,{"v":3646.44541312999,"d":"3,646.45"},1212,{"v":0.332378484,"d":"0.33"},{"v":0,"d":"0.00"},{"v":0.905906425,"d":"0.91"},{"v":1097.958587,"d":"1,097.96"},{"v":114.041413199999,"d":"114.04"},0,"0_20302000_517",{"v":3530.37678009999,"d":"3,530.38"},{"v":0,"d":"0.00"},{"v":114.041413199999,"d":"114.04"},{"v":0,"d":"0.00"},"0_20302000_517_1","E",{"v":0.03395449819,"d":"0.03"},{"v":9.617811442e-06,"d":"0.00"},{"v":0.00109682880873,"d":"0.00"}]
[2,203,20302,{"v":3646.44541299999,"d":"3,646.45"},1212,{"v":0.332378484,"d":"0.33"}," ",430,20302000,{"v":3646.44541312999,"d":"3,646.45"},1212,{"v":0.332378484,"d":"0.33"},{"v":0,"d":"0.00"},{"v":0.905906425,"d":"0.91"},{"v":1097.958587,"d":"1,097.96"},{"v":114.041413199999,"d":"114.04"},0,"0_20302000_517",{"v":3530.37678009999,"d":"3,530.38"},{"v":0,"d":"0.00"},{"v":114.041413199999,"d":"114.04"},{"v":0,"d":"0.00"},"0_20302000_517_2","E",{"v":0.00426064384259,"d":"0.00"},{"v":1.206852443E-6,"d":"0.00"},{"v":1.3763115815E-4,"d":"0.00"}]
[2,203,20302,{"v":3646.44541299999,"d":"3,646.45"},1212,{"v":0.332378484,"d":"0.33"}," ",430,20302000,{"v":3646.44541312999,"d":"3,646.45"},1212,{"v":0.332378484,"d":"0.33"},{"v":0,"d":"0.00"},{"v":0.905906425,"d":"0.91"},{"v":1097.958587,"d":"1,097.96"},{"v":114.041413199999,"d":"114.04"},0,"0_20302000_517",{"v":3530.37678009999,"d":"3,530.38"},{"v":0,"d":"0.00"},{"v":114.041413199999,"d":"114.04"},{"v":0,"d":"0.00"},"0_20302000_517_3","E",{"v":0.0150619010433,"d":"0.02"},{"v":4.266372113e-06,"d":"0.00"},{"v":0.000486543105013,"d":"0.00"}]
[2,203,20302,{"v":3646.44541299999,"d":"3,646.45"},1212,{"v":0.332378484,"d":"0.33"}," ",430,20302000,{"v":3646.44541312999,"d":"3,646.45"},1212,{"v":0.332378484,"d":"0.33"},{"v":0,"d":"0.00"},{"v":0.905906425,"d":"0.91"},{"v":1097.958587,"d":"1,097.96"},{"v":114.041413199999,"d":"114.04"},0,"0_20302000_517",{"v":3530.37678009999,"d":"3,530.38"},{"v":0,"d":"0.00"},{"v":114.041413199999,"d":"114.04"},{"v":0,"d":"0.00"},"0_20302000_517_4","E",{"v":0.673366569965,"d":"0.67"},{"v":1.90735043852E-4,"d":"0.00"},{"v":0.0217516939476,"d":"0.02"}]
[2,203,20302,{"v":3646.44541299999,"d":"3,646.45"},1212,{"v":0.332378484,"d":"0.33"}," ",430,20302000,{"v":3646.44541312999,"d":"3,646.45"},1212,{"v":0.332378484,"d":"0.33"},{"v":0,"d":"0.00"},{"v":0.905906425,"d":"0.91"},{"v":1097.958587,"d":"1,097.96"},{"v":114.041413199999,"d":"114.04"},0,"0_20302000_517",{"v":3530.37678009999,"d":"3,530.38"},{"v":0,"d":"0.00"},{"v":114.041413199999,"d":"114.04"},{"v":0,"d":"0.00"},"0_20302000_517_5","E",{"v":0.00513377255832,"d":"0.01"},{"v":1.454171291e-06,"d":"0.00"},{"v":1.65835749005E-4,"d":"0.00"}]
[2,203,20302,{"v":3646.44541299999,"d":"3,646.45"},1212,{"v":0.332378484,"d":"0.33"}," ",430,20302000,{"v":3646.44541312999,"d":"3,646.45"},1212,{"v":0.332378484,"d":"0.33"},{"v":0,"d":"0.00"},{"v":0.905906425,"d":"0.91"},{"v":1097.958587,"d":"1,097.96"},{"v":114.041413199999,"d":"114.04"},0,"0_20302000_517",{"v":3530.37678009999,"d":"3,530.38"},{"v":0,"d":"0.00"},{"v":114.041413199999,"d":"114.04"},{"v":0,"d":"0.00"},"0_20302000_517_6","E",{"v":0.184083870391,"d":"0.18"},{"v":5.2142839662e-05,"d":"0.00"},{"v":0.0059464431233,"d":"0.01"}]
[2,203,20302,{"v":3646.44541299999,"d":"3,646.45"},1212,{"v":0.332378484,"d":"0.33"}," ",430,20302000,{"v":3646.44541312999,"d":"3,646.45"},1212,{"v":0.332378484,"d":"0.33"},{"v":0,"d":"0.00"},{"v":0.905906425,"d":"0.91"},{"v":1097.958587,"d":"1,097.96"},{"v":114.041413199999,"d":"114.04"},0,"0_20302000_517",{"v":3530.37678009999,"d":"3,530.38"},{"v":0,"d":"0.00"},{"v":114.041413199999,"d":"114.04"},{"v":0,"d":"0.00"},"0_20302000_517_7","E",{"v":0.169873106328,"d":"0.17"},{"v":4.8117557108e-05,"d":"0.00"},{"v":0.00548739421229,"d":"0.01"}]
[2,203,20302,{"v":3646.44541299999,"d":"3,646.45"},1212,{"v":0.332378484,"d":"0.33"}," ",430,20302000,{"v":3646.44541312999,"d":"3,646.45"},1212,{"v":0.332378484,"d":"0.33"},{"v":0,"d":"0.00"},{"v":0.905906425,"d":"0.91"},{"v":1097.958587,"d":"1,097.96"},{"v":114.041413199999,"d":"114.04"},0,"0_20302000_517",{"v":3530.37678009999,"d":"3,530.38"},{"v":0,"d":"0.00"},{"v":114.041413199999,"d":"114.04"},{"v":0,"d":"0.00"},"0_20302000_517_8","E",{"v":0.017598416359,"d":"0.02"},{"v":4.984855004e-06,"d":"0.00"},{"v":0.000568479909276,"d":"0.00"}]
[2,203,20302,{"v":3646.44541299999,"d":"3,646.45"},1212,{"v":0.332378484,"d":"0.33"}," ",430,20302000,{"v":3646.44541312999,"d":"3,646.45"},1212,{"v":0.332378484,"d":"0.33"},{"v":0,"d":"0.00"},{"v":0.905906425,"d":"0.91"},{"v":1097.958587,"d":"1,097.96"},{"v":114.041413199999,"d":"114.04"},0,"0_20302000_517",{"v":3530.37678009999,"d":"3,530.38"},{"v":0,"d":"0.00"},{"v":114.041413199999,"d":"114.04"},{"v":0,"d":"0.00"},"0_20302000_517_9","E",{"v":15.4760405011,"d":"15.48"},{"v":0.00438367955181,"d":"0.00"},{"v":0.499921011104,"d":"0.50"}]
[2,203,20302,{"v":3646.44541299999,"d":"3,646.45"},1212,{"v":0.332378484,"d":"0.33"}," ",430,20302000,{"v":3646.44541312999,"d":"3,646.45"},1212,{"v":0.332378484,"d":"0.33"},{"v":0,"d":"0.00"},{"v":0.905906425,"d":"0.91"},{"v":1097.958587,"d":"1,097.96"},{"v":114.041413199999,"d":"114.04"},0,"0_20302000_517",{"v":3530.37678009999,"d":"3,530.38"},{"v":0,"d":"0.00"},{"v":114.041413199999,"d":"114.04"},{"v":0,"d":"0.00"},"0_20302000_517_10","F",{"v":0.174445710036,"d":"0.17"},{"v":4.9412774019e-05,"d":"0.00"},{"v":0.00563510257922,"d":"0.01"}]
[2,203,20302,{"v":3646.44541299999,"d":"3,646.45"},1212,{"v":0.332378484,"d":"0.33"}," ",430,20302000,{"v":3646.44541312999,"d":"3,646.45"},1212,{"v":0.332378484,"d":"0.33"},{"v":0,"d":"0.00"},{"v":0.905906425,"d":"0.91"},{"v":1097.958587,"d":"1,097.96"},{"v":114.041413199999,"d":"114.04"},0,"0_20302000_517",{"v":3530.37678009999,"d":"3,530.38"},{"v":0,"d":"0.00"},{"v":114.041413199999,"d":"114.04"},{"v":0,"d":"0.00"},"0_20302000_517_11","F",{"v":2.64287406419,"d":"2.64"},{"v":7.48609632572E-4,"d":"0.00"},{"v":0.0853725004336,"d":"0.09"}]
[2,203,20302,{"v":3646.44541299999,"d":"3,646.45"},1212,{"v":0.332378484,"d":"0.33"}," ",430,20302000,{"v":3646.44541312999,"d":"3,646.45"},1212,{"v":0.332378484,"d":"0.33"},{"v":0,"d":"0.00"},{"v":0.905906425,"d":"0.91"},{"v":1097.958587,"d":"1,097.96"},{"v":114.041413199999,"d":"114.04"},0,"0_20302000_517",{"v":3530.37678009999,"d":"3,530.38"},{"v":0,"d":"0.00"},{"v":114.041413199999,"d":"114.04"},{"v":0,"d":"0.00"},"0_20302000_517_12","F",{"v":0.23011236871,"d":"0.23"},{"v":6.5180682698e-05,"d":"0.00"},{"v":0.00743329716828,"d":"0.01"}]
[2,203,20302,{"v":3646.44541299999,"d":"3,646.45"},1212,{"v":0.332378484,"d":"0.33"}," ",430,20302000,{"v":3646.44541312999,"d":"3,646.45"},1212,{"v":0.332378484,"d":"0.33"},{"v":0,"d":"0.00"},{"v":0.905906425,"d":"0.91"},{"v":1097.958587,"d":"1,097.96"},{"v":114.041413199999,"d":"114.04"},0,"0_20302000_517",{"v":3530.37678009999,"d":"3,530.38"},{"v":0,"d":"0.00"},{"v":114.041413199999,"d":"114.04"},{"v":0,"d":"0.00"},"0_20302000_517_13","F",{"v":2.51552170763,"d":"2.52"},{"v":0.00071253632808,"d":"0.00"},{"v":0.0812586498106,"d":"0.08"}]
[2,203,20302,{"v":3646.44541299999,"d":"3,646.45"},1212,{"v":0.332378484,"d":"0.33"}," ",430,20302000,{"v":3646.44541312999,"d":"3,646.45"},1212,{"v":0.332378484,"d":"0.33"},{"v":0,"d":"0.00"},{"v":0.905906425,"d":"0.91"},{"v":1097.958587,"d":"1,097.96"},{"v":114.041413199999,"d":"114.04"},0,"0_20302000_517",{"v":3530.37678009999,"d":"3,530.38"},{"v":0,"d":"0.00"},{"v":114.041413199999,"d":"114.04"},{"v":0,"d":"0.00"},"0_20302000_517_14","F",{"v":9.62910208255,"d":"9.63"},{"v":0.00272749983425,"d":"0.00"},{"v":0.311047935601,"d":"0.31"}]
[2,203,20302,{"v":3646.44541299999,"d":"3,646.45"},1212,{"v":0.332378484,"d":"0.33"}," ",430,20302000,{"v":3646.44541312999,"d":"3,646.45"},1212,{"v":0.332378484,"d":"0.33"},{"v":0,"d":"0.00"},{"v":0.905906425,"d":"0.91"},{"v":1097.958587,"d":"1,097.96"},{"v":114.041413199999,"d":"114.04"},0,"0_20302000_517",{"v":3530.37678009999,"d":"3,530.38"},{"v":0,"d":"0.00"},{"v":114.041413199999,"d":"114.04"},{"v":0,"d":"0.00"},"0_20302000_517_15","F",{"v":0.498702968787,"d":"0.50"},{"v":0.000141260550885,"d":"0.00"},{"v":0.0161095528523,"d":"0.02"}]
[2,203,20302,{"v":3646.44541299999,"d":"3,646.45"},1212,{"v":0.332378484,"d":"0.33"}," ",430,20302000,{"v":3646.44541312999,"d":"3,646.45"},1212,{"v":0.332378484,"d":"0.33"},{"v":0,"d":"0.00"},{"v":0.905906425,"d":"0.91"},{"v":1097.958587,"d":"1,097.96"},{"v":114.041413199999,"d":"114.04"},0,"0_20302000_517",{"v":3530.37678009999,"d":"3,530.38"},{"v":0,"d":"0.00"},{"v":114.041413199999,"d":"114.04"},{"v":0,"d":"0.00"},"0_20302000_517_16","F",{"v":0.653666372965,"d":"0.65"},{"v":0.000185154847111,"d":"0.00"},{"v":0.0211153204254,"d":"0.02"}]
[2,203,20302,{"v":3646.44541299999,"d":"3,646.45"},1212,{"v":0.332378484,"d":"0.33"}," ",430,20302000,{"v":3646.44541312999,"d":"3,646.45"},1212,{"v":0.332378484,"d":"0.33"},{"v":0,"d":"0.00"},{"v":0.905906425,"d":"0.91"},{"v":1097.958587,"d":"1,097.96"},{"v":114.041413199999,"d":"114.04"},0,"0_20302000_517",{"v":3530.37678009999,"d":"3,530.38"},{"v":0,"d":"0.00"},{"v":114.041413199999,"d":"114.04"},{"v":0,"d":"0.00"},"0_20302000_517_17","F",{"v":1.88010633497,"d":"1.88"},{"v":0.000532551184216,"d":"0.00"},{"v":0.0607328896493,"d":"0.06"}]
[2,203,20302,{"v":3646.44541299999,"d":"3,646.45"},1212,{"v":0.332378484,"d":"0.33"}," ",430,20302000,{"v":3646.44541312999,"d":"3,646.45"},1212,{"v":0.332378484,"d":"0.33"},{"v":0,"d":"0.00"},{"v":0.905906425,"d":"0.91"},{"v":1097.958587,"d":"1,097.96"},{"v":114.041413199999,"d":"114.04"},0,"0_20302000_517",{"v":3530.37678009999,"d":"3,530.38"},{"v":0,"d":"0.00"},{"v":114.041413199999,"d":"114.04"},{"v":0,"d":"0.00"},"0_20302000_517_18","F",{"v":5.15981110174,"d":"5.16"},{"v":0.00146154686118,"d":"0.00"},{"v":0.166676869507,"d":"0.17"}]
[2,203,20302,{"v":3646.44541299999,"d":"3,646.45"},1212,{"v":0.332378484,"d":"0.33"}," ",430,20302000,{"v":3646.44541312999,"d":"3,646.45"},1212,{"v":0.332378484,"d":"0.33"},{"v":0,"d":"0.00"},{"v":0.905906425,"d":"0.91"},{"v":1097.958587,"d":"1,097.96"},{"v":114.041413199999,"d":"114.04"},0,"0_20302000_517",{"v":3530.37678009999,"d":"3,530.38"},{"v":0,"d":"0.00"},{"v":114.041413199999,"d":"114.04"},{"v":0,"d":"0.00"},"0_20302000_517_19","F",{"v":1.74211512056,"d":"1.74"},{"v":0.000493464360626,"d":"0.00"},{"v":0.0562753730496,"d":"0.06"}]
[2,203,20302,{"v":3646.44541299999,"d":"3,646.45"},1212,{"v":0.332378484,"d":"0.33"}," ",430,20302000,{"v":3646.44541312999,"d":"3,646.45"},1212,{"v":0.332378484,"d":"0.33"},{"v":0,"d":"0.00"},{"v":0.905906425,"d":"0.91"},{"v":1097.958587,"d":"1,097.96"},{"v":114.041413199999,"d":"114.04"},0,"0_20302000_517",{"v":3530.37678009999,"d":"3,530.38"},{"v":0,"d":"0.00"},{"v":114.041413199999,"d":"114.04"},{"v":0,"d":"0.00"},"0_20302000_517_20","F",{"v":4.6844351764e-05,"d":"0.00"},{"v":1.3268938E-8,"d":"0.00"},{"v":1.513208478E-6,"d":"0.00"}]
[2,203,20302,{"v":3646.44541299999,"d":"3,646.45"},1212,{"v":0.332378484,"d":"0.33"}," ",430,20302000,{"v":3646.44541312999,"d":"3,646.45"},1212,{"v":0.332378484,"d":"0.33"},{"v":0,"d":"0.00"},{"v":0.905906425,"d":"0.91"},{"v":1097.958587,"d":"1,097.96"},{"v":114.041413199999,"d":"114.04"},0,"0_20302000_517",{"v":3530.37678009999,"d":"3,530.38"},{"v":0,"d":"0.00"},{"v":114.041413199999,"d":"114.04"},{"v":0,"d":"0.00"},"0_20302000_517_21","F",{"v":5.07448118267,"d":"5.07"},{"v":0.00143737665942,"d":"0.00"},{"v":0.163920465541,"d":"0.16"}]
[2,203,20302,{"v":3646.44541299999,"d":"3,646.45"},1212,{"v":0.332378484,"d":"0.33"}," ",430,20302000,{"v":3646.44541312999,"d":"3,646.45"},1212,{"v":0.332378484,"d":"0.33"},{"v":0,"d":"0.00"},{"v":0.905906425,"d":"0.91"},{"v":1097.958587,"d":"1,097.96"},{"v":114.041413199999,"d":"114.04"},0,"0_20302000_517",{"v":3530.37678009999,"d":"3,530.38"},{"v":0,"d":"0.00"},{"v":114.041413199999,"d":"114.04"},{"v":0,"d":"0.00"},"0_20302000_517_22","F",{"v":15.7450096904,"d":"15.75"},{"v":4.45986665762E-3,"d":"0.00"},{"v":0.508609496319,"d":"0.51"}]
[2,203,20302,{"v":3646.44541299999,"d":"3,646.45"},1212,{"v":0.332378484,"d":"0.33"}," ",430,20302000,{"v":3646.44541312999,"d":"3,646.45"},1212,{"v":0.332378484,"d":"0.33"},{"v":0,"d":"0.00"},{"v":0.905906425,"d":"0.91"},{"v":1097.958587,"d":"1,097.96"},{"v":114.041413199999,"d":"114.04"},0,"0_20302000_517",{"v":3530.37678009999,"d":"3,530.38"},{"v":0,"d":"0.00"},{"v":114.041413199999,"d":"114.04"},{"v":0,"d":"0.00"},"0_20302000_517_23","F",{"v":0.461723653035,"d":"0.46"},{"v":0.000130785942066,"d":"0.00"},{"v":0.0149150136599,"d":"0.01"}]
[2,203,20302,{"v":3646.44541299999,"d":"3,646.45"},1212,{"v":0.332378484,"d":"0.33"}," ",430,20302000,{"v":3646.44541312999,"d":"3,646.45"},1212,{"v":0.332378484,"d":"0.33"},{"v":0,"d":"0.00"},{"v":0.905906425,"d":"0.91"},{"v":1097.958587,"d":"1,097.96"},{"v":114.041413199999,"d":"114.04"},0,"0_20302000_517",{"v":3530.37678009999,"d":"3,530.38"},{"v":0,"d":"0.00"},{"v":114.041413199999,"d":"114.04"},{"v":0,"d":"0.00"},"0_20302000_517_24","F",{"v":0.271825280952,"d":"0.27"},{"v":7.6996110581e-05,"d":"0.00"},{"v":0.00878074526153,"d":"0.01"}]
[2,203,20302,{"v":3646.44541299999,"d":"3,646.45"},1212,{"v":0.332378484,"d":"0.33"}," ",430,20302000,{"v":3646.44541312999,"d":"3,646.45"},1212,{"v":0.332378484,"d":"0.33"},{"v":0,"d":"0.00"},{"v":0.905906425,"d":"0.91"},{"v":1097.958587,"d":"1,097.96"},{"v":114.041413199999,"d":"114.04"},0,"0_20302000_517",{"v":3530.37678009999,"d":"3,530.38"},{"v":0,"d":"0.00"},{"v":114.041413199999,"d":"114.04"},{"v":0,"d":"0.00"},"0_20302000_517_25","G",{"v":10.6309281055,"d":"10.63"},{"v":0.00301127295121,"d":"0.00"},{"v":0.343409822887,"d":"0.34"}]
[2,203,20302,{"v":3646.44541299999,"d":"3,646.45"},1212,{"v":0.332378484,"d":"0.33"}," ",430,20302000,{"v":3646.44541312999,"d":"3,646.45"},1212,{"v":0.332378484,"d":"0.33"},{"v":0,"d":"0.00"},{"v":0.905906425,"d":"0.91"},{"v":1097.958587,"d":"1,097.96"},{"v":114.041413199999,"d":"114.04"},0,"0_20302000_517",{"v":3530.37678009999,"d":"3,530.38"},{"v":0,"d":"0.00"},{"v":114.041413199999,"d":"114.04"},{"v":0,"d":"0.00"},"0_20302000_517_26","G",{"v":44.3497561207,"d":"44.35"},{"v":0.0125623294292,"d":"0.01"},{"v":1.43262580119,"d":"1.43"}]
[2,203,20302,{"v":3646.44541299999,"d":"3,646.45"},1212,{"v":0.332378484,"d":"0.33"}," ",430,20302000,{"v":3646.44541312999,"d":"3,646.45"},1212,{"v":0.332378484,"d":"0.33"},{"v":0,"d":"0.00"},{"v":0.905906425,"d":"0.91"},{"v":1097.958587,"d":"1,097.96"},{"v":114.041413199999,"d":"114.04"},0,"0_20302000_517",{"v":3530.37678009999,"d":"3,530.38"},{"v":0,"d":"0.00"},{"v":114.041413199999,"d":"114.04"},{"v":0,"d":"0.00"},"0_20302000_517_27","G",{"v":0.96491799517,"d":"0.96"},{"v":0.000273318700885,"d":"0.00"},{"v":0.0311696509029,"d":"0.03"}]
[2,203,20302,{"v":3646.44541299999,"d":"3,646.45"},1212,{"v":0.332378484,"d":"0.33"}," ",430,20302000,{"v":3646.44541312999,"d":"3,646.45"},1212,{"v":0.332378484,"d":"0.33"},{"v":0,"d":"0.00"},{"v":0.905906425,"d":"0.91"},{"v":1097.958587,"d":"1,097.96"},{"v":114.041413199999,"d":"114.04"},0,"0_20302000_517",{"v":3530.37678009999,"d":"3,530.38"},{"v":0,"d":"0.00"},{"v":114.041413199999,"d":"114.04"},{"v":0,"d":"0.00"},"0_20302000_517_28","G",{"v":29.1732960424,"d":"29.17"},{"v":0.00826350779521,"d":"0.01"},{"v":0.942382106955,"d":"0.94"}]
[2,203,20302,{"v":3646.44541299999,"d":"3,646.45"},1212,{"v":0.332378484,"d":"0.33"}," ",430,20302000,{"v":3646.44541312999,"d":"3,646.45"},1212,{"v":0.332378484,"d":"0.33"},{"v":0,"d":"0.00"},{"v":0.905906425,"d":"0.91"},{"v":1097.958587,"d":"1,097.96"},{"v":114.041413199999,"d":"114.04"},0,"0_20302000_517",{"v":3530.37678009999,"d":"3,530.38"},{"v":0,"d":"0.00"},{"v":114.041413199999,"d":"114.04"},{"v":0,"d":"0.00"},"0_20302000_517_29","G",{"v":0.0014440564515,"d":"0.00"},{"v":4.09037488e-07,"d":"0.00"},{"v":4.6647213237E-5,"d":"0.00"}]
[2,203,20302,{"v":3646.44541299999,"d":"3,646.45"},1212,{"v":0.332378484,"d":"0.33"}," ",430,20302000,{"v":3646.44541312999,"d":"3,646.45"},1212,{"v":0.332378484,"d":"0.33"},{"v":0,"d":"0.00"},{"v":0.905906425,"d":"0.91"},{"v":1097.958587,"d":"1,097.96"},{"v":114.041413199999,"d":"114.04"},0,"0_20302000_517",{"v":3530.37678009999,"d":"3,530.38"},{"v":0,"d":"0.00"},{"v":114.041413199999,"d":"114.04"},{"v":0,"d":"0.00"},"0_20302000_517_30","G",{"v":6.53844732586,"d":"6.54"},{"v":0.00185205368524,"d":"0.00"},{"v":0.211210819587,"d":"0.21"}]
[2,203,20302,{"v":3646.44541299999,"d":"3,646.45"},1212,{"v":0.332378484,"d":"0.33"}," ",430,20302000,{"v":3646.44541312999,"d":"3,646.45"},1212,{"v":0.332378484,"d":"0.33"},{"v":0,"d":"0.00"},{"v":0.905906425,"d":"0.91"},{"v":1097.958587,"d":"1,097.96"},{"v":114.041413199999,"d":"114.04"},0,"0_20302000_517",{"v":3530.37678009999,"d":"3,530.38"},{"v":0,"d":"0.00"},{"v":114.041413199999,"d":"114.04"},{"v":0,"d":"0.00"},"0_20302000_517_31","G",{"v":22.2682715808,"d":"22.27"},{"v":0.00630761897889,"d":"0.01"},{"v":0.71932978228,"d":"0.72"}]
[2,203,20302,{"v":3646.44541299999,"d":"3,646.45"},1212,{"v":0.332378484,"d":"0.33"}," ",430,20302000,{"v":3646.44541312999,"d":"3,646.45"},1212,{"v":0.332378484,"d":"0.33"},{"v":0,"d":"0.00"},{"v":0.905906425,"d":"0.91"},{"v":1097.958587,"d":"1,097.96"},{"v":114.041413199999,"d":"114.04"},0,"0_20302000_517",{"v":3530.37678009999,"d":"3,530.38"},{"v":0,"d":"0.00"},{"v":114.041413199999,"d":"114.04"},{"v":0,"d":"0.00"},"0_20302000_517_32","G",{"v":5.59208252858,"d":"5.59"},{"v":0.00158399028684,"d":"0.00"},{"v":0.180640490806,"d":"0.18"}]
[2,203,20305,{"v":20535.02271,"d":"20,535.02"},6886,{"v":0.335329554,"d":"0.34"},"ST",430,20305040,{"v":2352.40320186,"d":"2,352.40"},482,{"v":0.204896847,"d":"0.20"},{"v":0,"d":"0.00"},{"v":0.905906425,"d":"0.91"},{"v":436.6468967,"d":"436.65"},{"v":45.3531032599999,"d":"45.35"},0,"0_20305040_525",{"v":2295.03670714,"d":"2,295.04"},{"v":0,"d":"0.00"},{"v":45.3531032599999,"d":"45.35"},{"v":0,"d":"0.00"},"0_20305040_525_33","außerhalb GKL",{"v":2180.31993083999,"d":"2,180.32"},{"v":0.950015276033,"d":"0.95"},{"v":43.0861409124999,"d":"43.09"}]
[2,203,20305,{"v":20535.02271,"d":"20,535.02"},6886,{"v":0.335329554,"d":"0.34"},"ST",430,20305040,{"v":2352.40320186,"d":"2,352.40"},482,{"v":0.204896847,"d":"0.20"},{"v":0,"d":"0.00"},{"v":0.905906425,"d":"0.91"},{"v":436.6468967,"d":"436.65"},{"v":45.3531032599999,"d":"45.35"},0,"0_20305040_525",{"v":2295.03670714,"d":"2,295.04"},{"v":0,"d":"0.00"},{"v":45.3531032599999,"d":"45.35"},{"v":0,"d":"0.00"},"0_20305040_525_34","außerhalb GKL",{"v":0.0539200925229,"d":"0.05"},{"v":2.3494217916e-05,"d":"0.00"},{"v":0.00106553569116,"d":"0.00"}]
[2,203,20305,{"v":20535.02271,"d":"20,535.02"},6886,{"v":0.335329554,"d":"0.34"},"ST",430,20305040,{"v":2352.40320186,"d":"2,352.40"},482,{"v":0.204896847,"d":"0.20"},{"v":0,"d":"0.00"},{"v":0.905906425,"d":"0.91"},{"v":436.6468967,"d":"436.65"},{"v":45.3531032599999,"d":"45.35"},0,"0_20305040_525",{"v":2295.03670714,"d":"2,295.04"},{"v":0,"d":"0.00"},{"v":45.3531032599999,"d":"45.35"},{"v":0,"d":"0.00"},"0_20305040_525_35","E",{"v":0.259746189824,"d":"0.26"},{"v":1.13177357476E-4,"d":"0.00"},{"v":0.0051329443803,"d":"0.01"}]
[2,203,20305,{"v":20535.02271,"d":"20,535.02"},6886,{"v":0.335329554,"d":"0.34"},"ST",430,20305040,{"v":2352.40320186,"d":"2,352.40"},482,{"v":0.204896847,"d":"0.20"},{"v":0,"d":"0.00"},{"v":0.905906425,"d":"0.91"},{"v":436.6468967,"d":"436.65"},{"v":45.3531032599999,"d":"45.35"},0,"0_20305040_525",{"v":2295.03670714,"d":"2,295.04"},{"v":0,"d":"0.00"},{"v":45.3531032599999,"d":"45.35"},{"v":0,"d":"0.00"},"0_20305040_525_36","E",{"v":0.00510693350077,"d":"0.01"},{"v":2.225207765E-6,"d":"0.00"},{"v":1.00920077523E-4,"d":"0.00"}]
[2,203,20305,{"v":20535.02271,"d":"20,535.02"},6886,{"v":0.335329554,"d":"0.34"},"ST",430,20305040,{"v":2352.40320186,"d":"2,352.40"},482,{"v":0.204896847,"d":"0.20"},{"v":0,"d":"0.00"},{"v":0.905906425,"d":"0.91"},{"v":436.6468967,"d":"436.65"},{"v":45.3531032599999,"d":"45.35"},0,"0_20305040_525",{"v":2295.03670714,"d":"2,295.04"},{"v":0,"d":"0.00"},{"v":45.3531032599999,"d":"45.35"},{"v":0,"d":"0.00"},"0_20305040_525_37","E",{"v":0.209068969253,"d":"0.21"},{"v":9.1096133061E-5,"d":"0.00"},{"v":0.00413149232929,"d":"0.00"}]
[2,203,20305,{"v":20535.02271,"d":"20,535.02"},6886,{"v":0.335329554,"d":"0.34"},"ST",430,20305040,{"v":2352.40320186,"d":"2,352.40"},482,{"v":0.204896847,"d":"0.20"},{"v":0,"d":"0.00"},{"v":0.905906425,"d":"0.91"},{"v":436.6468967,"d":"436.65"},{"v":45.3531032599999,"d":"45.35"},0,"0_20305040_525",{"v":2295.03670714,"d":"2,295.04"},{"v":0,"d":"0.00"},{"v":45.3531032599999,"d":"45.35"},{"v":0,"d":"0.00"},"0_20305040_525_38","E",{"v":1.35935180772,"d":"1.36"},{"v":0.000592300682377,"d":"0.00"},{"v":0.0268626740088,"d":"0.03"}]
[2,203,20305,{"v":20535.02271,"d":"20,535.02"},6886,{"v":0.335329554,"d":"0.34"},"ST",430,20305040,{"v":2352.40320186,"d":"2,352.40"},482,{"v":0.204896847,"d":"0.20"},{"v":0,"d":"0.00"},{"v":0.905906425,"d":"0.91"},{"v":436.6468967,"d":"436.65"},{"v":45.3531032599999,"d":"45.35"},0,"0_20305040_525",{"v":2295.03670714,"d":"2,295.04"},{"v":0,"d":"0.00"},{"v":45.3531032599999,"d":"45.35"},{"v":0,"d":"0.00"},"0_20305040_525_39","E",{"v":0.326972614486,"d":"0.33"},{"v":0.000142469448732,"d":"0.00"},{"v":0.00646143161974,"d":"0.01"}]
[2,203,20305,{"v":20535.02271,"d":"20,535.02"},6886,{"v":0.335329554,"d":"0.34"},"ST",430,20305040,{"v":2352.40320186,"d":"2,352.40"},482,{"v":0.204896847,"d":"0.20"},{"v":0,"d":"0.00"},{"v":0.905906425,"d":"0.91"},{"v":436.6468967,"d":"436.65"},{"v":45.3531032599999,"d":"45.35"},0,"0_20305040_525",{"v":2295.03670714,"d":"2,295.04"},{"v":0,"d":"0.00"},{"v":45.3531032599999,"d":"45.35"},{"v":0,"d":"0.00"},"0_20305040_525_40","E",{"v":0.0210762929773,"d":"0.02"},{"v":9.183423041e-06,"d":"0.00"},{"v":0.000416496733479,"d":"0.00"}]
[2,203,20305,{"v":20535.02271,"d":"20,535.02"},6886,{"v":0.335329554,"d":"0.34"},"ST",430,20305040,{"v":2352.40320186,"d":"2,352.40"},482,{"v":0.204896847,"d":"0.20"},{"v":0,"d":"0.00"},{"v":0.905906425,"d":"0.91"},{"v":436.6468967,"d":"436.65"},{"v":45.3531032599999,"d":"45.35"},0,"0_20305040_525",{"v":2295.03670714,"d":"2,295.04"},{"v":0,"d":"0.00"},{"v":45.3531032599999,"d":"45.35"},{"v":0,"d":"0.00"},"0_20305040_525_41","F",{"v":7.93276511648,"d":"7.93"},{"v":0.00345648724999,"d":"0.00"},{"v":0.156762423166,"d":"0.16"}]
[2,203,20305,{"v":20535.02271,"d":"20,535.02"},6886,{"v":0.335329554,"d":"0.34"},"ST",430,20305040,{"v":2352.40320186,"d":"2,352.40"},482,{"v":0.204896847,"d":"0.20"},{"v":0,"d":"0.00"},{"v":0.905906425,"d":"0.91"},{"v":436.6468967,"d":"436.65"},{"v":45.3531032599999,"d":"45.35"},0,"0_20305040_525",{"v":2295.03670714,"d":"2,295.04"},{"v":0,"d":"0.00"},{"v":45.3531032599999,"d":"45.35"},{"v":0,"d":"0.00"},"0_20305040_525_42","F",{"v":0.00639109453395,"d":"0.01"},{"v":2.784746106E-6,"d":"0.00"},{"v":0.000126296877711,"d":"0.00"}]
[2,203,20305,{"v":20535.02271,"d":"20,535.02"},6886,{"v":0.335329554,"d":"0.34"},"ST",430,20305040,{"v":2352.40320186,"d":"2,352.40"},482,{"v":0.204896847,"d":"0.20"},{"v":0,"d":"0.00"},{"v":0.905906425,"d":"0.91"},{"v":436.6468967,"d":"436.65"},{"v":45.3531032599999,"d":"45.35"},0,"0_20305040_525",{"v":2295.03670714,"d":"2,295.04"},{"v":0,"d":"0.00"},{"v":45.3531032599999,"d":"45.35"},{"v":0,"d":"0.00"},"0_20305040_525_43","F",{"v":0.393649990939,"d":"0.39"},{"v":0.000171522307122,"d":"0.00"},{"v":0.0077790689063,"d":"0.01"}]
[2,203,20305,{"v":20535.02271,"d":"20,535.02"},6886,{"v":0.335329554,"d":"0.34"},"ST",430,20305040,{"v":2352.40320186,"d":"2,352.40"},482,{"v":0.204896847,"d":"0.20"},{"v":0,"d":"0.00"},{"v":0.905906425,"d":"0.91"},{"v":436.6468967,"d":"436.65"},{"v":45.3531032599999,"d":"45.35"},0,"0_20305040_525",{"v":2295.03670714,"d":"2,295.04"},{"v":0,"d":"0.00"},{"v":45.3531032599999,"d":"45.35"},{"v":0,"d":"0.00"},"0_20305040_525_44","F",{"v":0.330169892009,"d":"0.33"},{"v":1.43862575697E-4,"d":"0.00"},{"v":0.00652461425084,"d":"0.01"}]
[2,203,20305,{"v":20535.02271,"d":"20,535.02"},6886,{"v":0.335329554,"d":"0.34"},"ST",430,20305040,{"v":2352.40320186,"d":"2,352.40"},482,{"v":0.204896847,"d":"0.20"},{"v":0,"d":"0.00"},{"v":0.905906425,"d":"0.91"},{"v":436.6468967,"d":"436.65"},{"v":45.3531032599999,"d":"45.35"},0,"0_20305040_525",{"v":2295.03670714,"d":"2,295.04"},{"v":0,"d":"0.00"},{"v":45.3531032599999,"d":"45.35"},{"v":0,"d":"0.00"},"0_20305040_525_45","F",{"v":1.79456233387,"d":"1.79"},{"v":7.81931865528E-4,"d":"0.00"},{"v":0.0354630366396,"d":"0.04"}]
[2,203,20305,{"v":20535.02271,"d":"20,535.02"},6886,{"v":0.335329554,"d":"0.34"},"ST",430,20305040,{"v":2352.40320186,"d":"2,352.40"},482,{"v":0.204896847,"d":"0.20"},{"v":0,"d":"0.00"},{"v":0.905906425,"d":"0.91"},{"v":436.6468967,"d":"436.65"},{"v":45.3531032599999,"d":"45.35"},0,"0_20305040_525",{"v":2295.03670714,"d":"2,295.04"},{"v":0,"d":"0.00"},{"v":45.3531032599999,"d":"45.35"},{"v":0,"d":"0.00"},"0_20305040_525_46","F",{"v":14.6734637077,"d":"14.67"},{"v":0.00639356384238,"d":"0.01"},{"v":0.289967961143,"d":"0.29"}]
[2,203,20305,{"v":20535.02271,"d":"20,535.02"},6886,{"v":0.335329554,"d":"0.34"},"ST",430,20305040,{"v":2352.40320186,"d":"2,352.40"},482,{"v":0.204896847,"d":"0.20"},{"v":0,"d":"0.00"},{"v":0.905906425,"d":"0.91"},{"v":436.6468967,"d":"436.65"},{"v":45.3531032599999,"d":"45.35"},0,"0_20305040_525",{"v":2295.03670714,"d":"2,295.04"},{"v":0,"d":"0.00"},{"v":45.3531032599999,"d":"45.35"},{"v":0,"d":"0.00"},"0_20305040_525_47","F",{"v":3.3728749861,"d":"3.37"},{"v":0.00146963879733,"d":"0.00"},{"v":0.0666526801302,"d":"0.07"}]
[2,203,20305,{"v":20535.02271,"d":"20,535.02"},6886,{"v":0.335329554,"d":"0.34"},"ST",430,20305040,{"v":2352.40320186,"d":"2,352.40"},482,{"v":0.204896847,"d":"0.20"},{"v":0,"d":"0.00"},{"v":0.905906425,"d":"0.91"},{"v":436.6468967,"d":"436.65"},{"v":45.3531032599999,"d":"45.35"},0,"0_20305040_525",{"v":2295.03670714,"d":"2,295.04"},{"v":0,"d":"0.00"},{"v":45.3531032599999,"d":"45.35"},{"v":0,"d":"0.00"},"0_20305040_525_48","F",{"v":1.50561200823,"d":"1.51"},{"v":0.000656029597935,"d":"0.00"},{"v":0.0297529780968,"d":"0.03"}]
[2,203,20305,{"v":20535.02271,"d":"20,535.02"},6886,{"v":0.335329554,"d":"0.34"},"ST",430,20305040,{"v":2352.40320186,"d":"2,352.40"},482,{"v":0.204896847,"d":"0.20"},{"v":0,"d":"0.00"},{"v":0.905906425,"d":"0.91"},{"v":436.6468967,"d":"436.65"},{"v":45.3531032599999,"d":"45.35"},0,"0_20305040_525",{"v":2295.03670714,"d":"2,295.04"},{"v":0,"d":"0.00"},{"v":45.3531032599999,"d":"45.35"},{"v":0,"d":"0.00"},"0_20305040_525_49","G",{"v":70.8343425249999,"d":"70.83"},{"v":0.0308641436124,"d":"0.03"},{"v":1.39978469228,"d":"1.40"}]
[2,203,20305,{"v":20535.02271,"d":"20,535.02"},6886,{"v":0.335329554,"d":"0.34"},"ST",430,20305040,{"v":2352.40320186,"d":"2,352.40"},482,{"v":0.204896847,"d":"0.20"},{"v":0,"d":"0.00"},{"v":0.905906425,"d":"0.91"},{"v":436.6468967,"d":"436.65"},{"v":45.3531032599999,"d":"45.35"},0,"0_20305040_525",{"v":2295.03670714,"d":"2,295.04"},{"v":0,"d":"0.00"},{"v":45.3531032599999,"d":"45.35"},{"v":0,"d":"0.00"},"0_20305040_525_50","G",{"v":11.6377017465999,"d":"11.64"},{"v":0.00507081290264,"d":"0.01"},{"v":0.229977101186,"d":"0.23"}]
[2,203,20305,{"v":20535.02271,"d":"20,535.02"},6886,{"v":0.335329554,"d":"0.34"},"ST",430,20305041,{"v":1544.29173134,"d":"1,544.29"},487,{"v":0.315354923,"d":"0.32"},{"v":0,"d":"0.00"},{"v":0.905906425,"d":"0.91"},{"v":441.1764289,"d":"441.18"},{"v":45.8235711399999,"d":"45.82"},0,"0_20305041_526",{"v":1482.81351005,"d":"1,482.81"},{"v":0,"d":"0.00"},{"v":45.8235711399999,"d":"45.82"},{"v":0,"d":"0.00"},"0_20305041_526_51","außerhalb GKL",{"v":1393.84057348,"d":"1,393.84"},{"v":0.939997217474,"d":"0.94"},{"v":43.0740293663,"d":"43.07"}]
[2,203,20305,{"v":20535.02271,"d":"20,535.02"},6886,{"v":0.335329554,"d":"0.34"},"ST",430,20305041,{"v":1544.29173134,"d":"1,544.29"},487,{"v":0.315354923,"d":"0.32"},{"v":0,"d":"0.00"},{"v":0.905906425,"d":"0.91"},{"v":441.1764289,"d":"441.18"},{"v":45.8235711399999,"d":"45.82"},0,"0_20305041_526",{"v":1482.81351005,"d":"1,482.81"},{"v":0,"d":"0.00"},{"v":45.8235711399999,"d":"45.82"},{"v":0,"d":"0.00"},"0_20305041_526_52","E",{"v":0.00661042766901,"d":"0.01"},{"v":4.458030376e-06,"d":"0.00"},{"v":2.04282872056E-4,"d":"0.00"}]
[2,203,20305,{"v":20535.02271,"d":"20,535.02"},6886,{"v":0.335329554,"d":"0.34"},"ST",430,20305041,{"v":1544.29173134,"d":"1,544.29"},487,{"v":0.315354923,"d":"0.32"},{"v":0,"d":"0.00"},{"v":0.905906425,"d":"0.91"},{"v":441.1764289,"d":"441.18"},{"v":45.8235711399999,"d":"45.82"},0,"0_20305041_526",{"v":1482.81351005,"d":"1,482.81"},{"v":0,"d":"0.00"},{"v":45.8235711399999,"d":"45.82"},{"v":0,"d":"0.00"},"0_20305041_526_53","E",{"v":0.0145985990068,"d":"0.01"},{"v":9.845202318e-06,"d":"0.00"},{"v":0.000451142328822,"d":"0.00"}]
[2,203,20305,{"v":20535.02271,"d":"20,535.02"},6886,{"v":0.335329554,"d":"0.34"},"ST",430,20305041,{"v":1544.29173134,"d":"1,544.29"},487,{"v":0.315354923,"d":"0.32"},{"v":0,"d":"0.00"},{"v":0.905906425,"d":"0.91"},{"v":441.1764289,"d":"441.18"},{"v":45.8235711399999,"d":"45.82"},0,"0_20305041_526",{"v":1482.81351005,"d":"1,482.81"},{"v":0,"d":"0.00"},{"v":45.8235711399999,"d":"45.82"},{"v":0,"d":"0.00"},"0_20305041_526_54","E",{"v":1.51530380029,"d":"1.52"},{"v":0.00102191124509,"d":"0.00"},{"v":0.0468276226381,"d":"0.05"}]
[2,203,20305,{"v":20535.02271,"d":"20,535.02"},6886,{"v":0.335329554,"d":"0.34"},"ST",430,20305041,{"v":1544.29173134,"d":"1,544.29"},487,{"v":0.315354923,"d":"0.32"},{"v":0,"d":"0.00"},{"v":0.905906425,"d":"0.91"},{"v":441.1764289,"d":"441.18"},{"v":45.8235711399999,"d":"45.82"},0,"0_20305041_526",{"v":1482.81351005,"d":"1,482.81"},{"v":0,"d":"0.00"},{"v":45.8235711399999,"d":"45.82"},{"v":0,"d":"0.00"},"0_20305041_526_55","E",{"v":2.793763713,"d":"2.79"},{"v":0.0018840964788,"d":"0.00"},{"v":0.0863360290309,"d":"0.09"}]
[2,203,20305,{"v":20535.02271,"d":"20,535.02"},6886,{"v":0.335329554,"d":"0.34"},"ST",430,20305041,{"v":1544.29173134,"d":"1,544.29"},487,{"v":0.315354923,"d":"0.32"},{"v":0,"d":"0.00"},{"v":0.905906425,"d":"0.91"},{"v":441.1764289,"d":"441.18"},{"v":45.8235711399999,"d":"45.82"},0,"0_20305041_526",{"v":1482.81351005,"d":"1,482.81"},{"v":0,"d":"0.00"},{"v":45.8235711399999,"d":"45.82"},{"v":0,"d":"0.00"},"0_20305041_526_56","E",{"v":0.320099400917,"d":"0.32"},{"v":0.000215873000042,"d":"0.00"},{"v":0.00989207177463,"d":"0.01"}]
[2,203,20305,{"v":20535.02271,"d":"20,535.02"},6886,{"v":0.335329554,"d":"0.34"},"ST",430,20305041,{"v":1544.29173134,"d":"1,544.29"},487,{"v":0.315354923,"d":"0.32"},{"v":0,"d":"0.00"},{"v":0.905906425,"d":"0.91"},{"v":441.1764289,"d":"441.18"},{"v":45.8235711399999,"d":"45.82"},0,"0_20305041_526",{"v":1482.81351005,"d":"1,482.81"},{"v":0,"d":"0.00"},{"v":45.8235711399999,"d":"45.82"},{"v":0,"d":"0.00"},"0_20305041_526_57","F",{"v":0.213519608692,"d":"0.21"},{"v":1.43996266048E-4,"d":"0.00"},{"v":0.00659842314114,"d":"0.01"}]
[2,203,20305,{"v":20535.02271,"d":"20,535.02"},6886,{"v":0.335329554,"d":"0.34"},"ST",430,20305041,{"v":1544.29173134,"d":"1,544.29"},487,{"v":0.315354923,"d":"0.32"},{"v":0,"d":"0.00"},{"v":0.905906425,"d":"0.91"},{"v":441.1764289,"d":"441.18"},{"v":45.8235711399999,"d":"45.82"},0,"0_20305041_526",{"v":1482.81351005,"d":"1,482.81"},{"v":0,"d":"0.00"},{"v":45.8235711399999,"d":"45.82"},{"v":0,"d":"0.00"},"0_20305041_526_58","F",{"v":8.4896260886E-5,"d":"0.00"},{"v":5.7253498e-08,"d":"0.00"},{"v":2.623559756e-06,"d":"0.00"}]
[2,203,20305,{"v":20535.02271,"d":"20,535.02"},6886,{"v":0.335329554,"d":"0.34"},"ST",430,20305041,{"v":1544.29173134,"d":"1,544.29"},487,{"v":0.315354923,"d":"0.32"},{"v":0,"d":"0.00"},{"v":0.905906425,"d":"0.91"},{"v":441.1764289,"d":"441.18"},{"v":45.8235711399999,"d":"45.82"},0,"0_20305041_526",{"v":1482.81351005,"d":"1,482.81"},{"v":0,"d":"0.00"},{"v":45.8235711399999,"d":"45.82"},{"v":0,"d":"0.00"},"0_20305041_526_59","F",{"v":0.708227358803,"d":"0.71"},{"v":0.00047762402622,"d":"0.00"},{"v":0.0218864385437,"d":"0.02"}]
[2,203,20305,{"v":20535.02271,"d":"20,535.02"},6886,{"v":0.335329554,"d":"0.34"},"ST",430,20305041,{"v":1544.29173134,"d":"1,544.29"},487,{"v":0.315354923,"d":"0.32"},{"v":0,"d":"0.00"},{"v":0.905906425,"d":"0.91"},{"v":441.1764289,"d":"441.18"},{"v":45.8235711399999,"d":"45.82"},0,"0_20305041_526",{"v":1482.81351005,"d":"1,482.81"},{"v":0,"d":"0.00"},{"v":45.8235711399999,"d":"45.82"},{"v":0,"d":"0.00"},"0_20305041_526_60","F",{"v":19.274974825,"d":"19.27"},{"v":0.0129989204269,"d":"0.01"},{"v":0.595656954925,"d":"0.60"}]
[2,203,20305,{"v":20535.02271,"d":"20,535.02"},6886,{"v":0.335329554,"d":"0.34"},"ST",430,20305041,{"v":1544.29173134,"d":"1,544.29"},487,{"v":0.315354923,"d":"0.32"},{"v":0,"d":"0.00"},{"v":0.905906425,"d":"0.91"},{"v":441.1764289,"d":"441.18"},{"v":45.8235711399999,"d":"45.82"},0,"0_20305041_526",{"v":1482.81351005,"d":"1,482.81"},{"v":0,"d":"0.00"},{"v":45.8235711399999,"d":"45.82"},{"v":0,"d":"0.00"},"0_20305041_526_61","F",{"v":3.19196998514,"d":"3.19"},{"v":0.00215264425601,"d":"0.00"},{"v":0.0986418472044,"d":"0.10"}]
[2,203,20305,{"v":20535.02271,"d":"20,535.02"},6886,{"v":0.335329554,"d":"0.34"},"ST",430,20305041,{"v":1544.29173134,"d":"1,544.29"},487,{"v":0.315354923,"d":"0.32"},{"v":0,"d":"0.00"},{"v":0.905906425,"d":"0.91"},{"v":441.1764289,"d":"441.18"},{"v":45.8235711399999,"d":"45.82"},0,"0_20305041_526",{"v":1482.81351005,"d":"1,482.81"},{"v":0,"d":"0.00"},{"v":45.8235711399999,"d":"45.82"},{"v":0,"d":"0.00"},"0_20305041_526_62","G",{"v":0.0964644361698,"d":"0.10"},{"v":6.5055002208e-05,"d":"0.00"},{"v":0.00298105252167,"d":"0.00"}]
[2,203,20305,{"v":20535.02271,"d":"20,535.02"},6886,{"v":0.335329554,"d":"0.34"},"ST",430,20305041,{"v":1544.29173134,"d":"1,544.29"},487,{"v":0.315354923,"d":"0.32"},{"v":0,"d":"0.00"},{"v":0.905906425,"d":"0.91"},{"v":441.1764289,"d":"441.18"},{"v":45.8235711399999,"d":"45.82"},0,"0_20305041_526",{"v":1482.81351005,"d":"1,482.81"},{"v":0,"d":"0.00"},{"v":45.8235711399999,"d":"45.82"},{"v":0,"d":"0.00"},"0_20305041_526_63","G",{"v":48.4848497001,"d":"48.48"},{"v":0.0326978742583,"d":"0.03"},{"v":1.4983333672,"d":"1.50"}]
[2,203,20305,{"v":20535.02271,"d":"20,535.02"},6886,{"v":0.335329554,"d":"0.34"},"ST",430,20305041,{"v":1544.29173134,"d":"1,544.29"},487,{"v":0.315354923,"d":"0.32"},{"v":0,"d":"0.00"},{"v":0.905906425,"d":"0.91"},{"v":441.1764289,"d":"441.18"},{"v":45.8235711399999,"d":"45.82"},0,"0_20305041_526",{"v":1482.81351005,"d":"1,482.81"},{"v":0,"d":"0.00"},{"v":45.8235711399999,"d":"45.82"},{"v":0,"d":"0.00"},"0_20305041_526_64","G",{"v":2.52629327035,"d":"2.53"},{"v":1.70371611347E-3,"d":"0.00"},{"v":0.078070356528,"d":"0.08"}]
[2,203,20305,{"v":20535.02271,"d":"20,535.02"},6886,{"v":0.335329554,"d":"0.34"},"ST",430,20305041,{"v":1544.29173134,"d":"1,544.29"},487,{"v":0.315354923,"d":"0.32"},{"v":0,"d":"0.00"},{"v":0.905906425,"d":"0.91"},{"v":441.1764289,"d":"441.18"},{"v":45.8235711399999,"d":"45.82"},0,"0_20305041_526",{"v":1482.81351005,"d":"1,482.81"},{"v":0,"d":"0.00"},{"v":45.8235711399999,"d":"45.82"},{"v":0,"d":"0.00"},"0_20305041_526_65","G",{"v":0.0165800843531,"d":"0.02"},{"v":1.1181503433E-5,"d":"0.00"},{"v":0.000512376418014,"d":"0.00"}]
[2,203,20305,{"v":20535.02271,"d":"20,535.02"},6886,{"v":0.335329554,"d":"0.34"},"ST",430,20305041,{"v":1544.29173134,"d":"1,544.29"},487,{"v":0.315354923,"d":"0.32"},{"v":0,"d":"0.00"},{"v":0.905906425,"d":"0.91"},{"v":441.1764289,"d":"441.18"},{"v":45.8235711399999,"d":"45.82"},0,"0_20305041_526",{"v":1482.81351005,"d":"1,482.81"},{"v":0,"d":"0.00"},{"v":45.8235711399999,"d":"45.82"},{"v":0,"d":"0.00"},"0_20305041_526_66","G",{"v":9.80959646266,"d":"9.81"},{"v":0.00661552946218,"d":"0.01"},{"v":0.303147184939,"d":"0.30"}]
[2,203,20306,{"v":9907.99414699999,"d":"9,907.99"},2502,{"v":0.252523363,"d":"0.25"},"M",430,20306000,{"v":3446.21801485,"d":"3,446.22"},772,{"v":0.224013686,"d":"0.22"},{"v":0,"d":"0.00"},{"v":0.905906425,"d":"0.91"},{"v":699.359759899999,"d":"699.36"},{"v":72.6402400799999,"d":"72.64"},0,"0_20306000_528",{"v":3345.27384292999,"d":"3,345.27"},{"v":0,"d":"0.00"},{"v":72.6402400799999,"d":"72.64"},{"v":0,"d":"0.00"},"0_20306000_528_67","außerhalb GKL",{"v":3212.32856226,"d":"3,212.33"},{"v":0.960258774943,"d":"0.96"},{"v":69.7534279508,"d":"69.75"}]
[2,203,20306,{"v":9907.99414699999,"d":"9,907.99"},2502,{"v":0.252523363,"d":"0.25"},"M",430,20306000,{"v":3446.21801485,"d":"3,446.22"},772,{"v":0.224013686,"d":"0.22"},{"v":0,"d":"0.00"},{"v":0.905906425,"d":"0.91"},{"v":699.359759899999,"d":"699.36"},{"v":72.6402400799999,"d":"72.64"},0,"0_20306000_528",{"v":3345.27384292999,"d":"3,345.27"},{"v":0,"d":"0.00"},{"v":72.6402400799999,"d":"72.64"},{"v":0,"d":"0.00"},"0_20306000_528_68","E",{"v":0.254452271365,"d":"0.25"},{"v":7.6063211358e-05,"d":"0.00"},{"v":0.00552524993429,"d":"0.01"}]
[2,203,20306,{"v":9907.99414699999,"d":"9,907.99"},2502,{"v":0.252523363,"d":"0.25"},"M",430,20306000,{"v":3446.21801485,"d":"3,446.22"},772,{"v":0.224013686,"d":"0.22"},{"v":0,"d":"0.00"},{"v":0.905906425,"d":"0.91"},{"v":699.359759899999,"d":"699.36"},{"v":72.6402400799999,"d":"72.64"},0,"0_20306000_528",{"v":3345.27384292999,"d":"3,345.27"},{"v":0,"d":"0.00"},{"v":72.6402400799999,"d":"72.64"},{"v":0,"d":"0.00"},"0_20306000_528_69","E",{"v":0.14166207769,"d":"0.14"},{"v":4.2346930129e-05,"d":"0.00"},{"v":3.07609117124E-3,"d":"0.00"}]
[2,203,20306,{"v":9907.99414699999,"d":"9,907.99"},2502,{"v":0.252523363,"d":"0.25"},"M",430,20306000,{"v":3446.21801485,"d":"3,446.22"},772,{"v":0.224013686,"d":"0.22"},{"v":0,"d":"0.00"},{"v":0.905906425,"d":"0.91"},{"v":699.359759899999,"d":"699.36"},{"v":72.6402400799999,"d":"72.64"},0,"0_20306000_528",{"v":3345.27384292999,"d":"3,345.27"},{"v":0,"d":"0.00"},{"v":72.6402400799999,"d":"72.64"},{"v":0,"d":"0.00"},"0_20306000_528_70","E",{"v":7.34183834293,"d":"7.34"},{"v":0.00219468978853,"d":"0.00"},{"v":0.15942279314,"d":"0.16"}]
[2,203,20306,{"v":9907.99414699999,"d":"9,907.99"},2502,{"v":0.252523363,"d":"0.25"},"M",430,20306000,{"v":3446.21801485,"d":"3,446.22"},772,{"v":0.224013686,"d":"0.22"},{"v":0,"d":"0.00"},{"v":0.905906425,"d":"0.91"},{"v":699.359759899999,"d":"699.36"},{"v":72.6402400799999,"d":"72.64"},0,"0_20306000_528",{"v":3345.27384292999,"d":"3,345.27"},{"v":0,"d":"0.00"},{"v":72.6402400799999,"d":"72.64"},{"v":0,"d":"0.00"},"0_20306000_528_71","E",{"v":0.0142192553444,"d":"0.01"},{"v":4.250550482e-06,"d":"0.00"},{"v":0.000308761007461,"d":"0.00"}]
[2,203,20306,{"v":9907.99414699999,"d":"9,907.99"},2502,{"v":0.252523363,"d":"0.25"},"M",430,20306000,{"v":3446.21801485,"d":"3,446.22"},772,{"v":0.224013686,"d":"0.22"},{"v":0,"d":"0.00"},{"v":0.905906425,"d":"0.91"},{"v":699.359759899999,"d":"699.36"},{"v":72.6402400799999,"d":"72.64"},0,"0_20306000_528",{"v":3345.27384292999,"d":"3,345.27"},{"v":0,"d":"0.00"},{"v":72.6402400799999,"d":"72.64"},{"v":0,"d":"0.00"},"0_20306000_528_72","E",{"v":0.106279954411,"d":"0.11"},{"v":3.1770180679e-05,"d":"0.00"},{"v":0.00230779355191,"d":"0.00"}]
[2,203,20306,{"v":9907.99414699999,"d":"9,907.99"},2502,{"v":0.252523363,"d":"0.25"},"M",430,20306000,{"v":3446.21801485,"d":"3,446.22"},772,{"v":0.224013686,"d":"0.22"},{"v":0,"d":"0.00"},{"v":0.905906425,"d":"0.91"},{"v":699.359759899999,"d":"699.36"},{"v":72.6402400799999,"d":"72.64"},0,"0_20306000_528",{"v":3345.27384292999,"d":"3,345.27"},{"v":0,"d":"0.00"},{"v":72.6402400799999,"d":"72.64"},{"v":0,"d":"0.00"},"0_20306000_528_73","E",{"v":0.339797900773,"d":"0.34"},{"v":1.01575511222E-4,"d":"0.00"},{"v":0.00737846952141,"d":"0.01"}]
[2,203,20306,{"v":9907.99414699999,"d":"9,907.99"},2502,{"v":0.252523363,"d":"0.25"},"M",430,20306000,{"v":3446.21801485,"d":"3,446.22"},772,{"v":0.224013686,"d":"0.22"},{"v":0,"d":"0.00"},{"v":0.905906425,"d":"0.91"},{"v":699.359759899999,"d":"699.36"},{"v":72.6402400799999,"d":"72.64"},0,"0_20306000_528",{"v":3345.27384292999,"d":"3,345.27"},{"v":0,"d":"0.00"},{"v":72.6402400799999,"d":"72.64"},{"v":0,"d":"0.00"},"0_20306000_528_74","E",{"v":0.595969182791,"d":"0.60"},{"v":1.78152585042E-4,"d":"0.00"},{"v":0.0129410465483,"d":"0.01"}]
[2,203,20306,{"v":9907.99414699999,"d":"9,907.99"},2502,{"v":0.252523363,"d":"0.25"},"M",430,20306000,{"v":3446.21801485,"d":"3,446.22"},772,{"v":0.224013686,"d":"0.22"},{"v":0,"d":"0.00"},{"v":0.905906425,"d":"0.91"},{"v":699.359759899999,"d":"699.36"},{"v":72.6402400799999,"d":"72.64"},0,"0_20306000_528",{"v":3345.27384292999,"d":"3,345.27"},{"v":0,"d":"0.00"},{"v":72.6402400799999,"d":"72.64"},{"v":0,"d":"0.00"},"0_20306000_528_75","F",{"v":1.15149519076,"d":"1.15"},{"v":0.000344215524596,"d":"0.00"},{"v":0.0250038983459,"d":"0.03"}]
[2,203,20306,{"v":9907.99414699999,"d":"9,907.99"},2502,{"v":0.252523363,"d":"0.25"},"M",430,20306000,{"v":3446.21801485,"d":"3,446.22"},772,{"v":0.224013686,"d":"0.22"},{"v":0,"d":"0.00"},{"v":0.905906425,"d":"0.91"},{"v":699.359759899999,"d":"699.36"},{"v":72.6402400799999,"d":"72.64"},0,"0_20306000_528",{"v":3345.27384292999,"d":"3,345.27"},{"v":0,"d":"0.00"},{"v":72.6402400799999,"d":"72.64"},{"v":0,"d":"0.00"},"0_20306000_528_76","F",{"v":0.511471777523,"d":"0.51"},{"v":0.000152893844133,"d":"0.00"},{"v":0.0111062455446,"d":"0.01"}]
[2,203,20306,{"v":9907.99414699999,"d":"9,907.99"},2502,{"v":0.252523363,"d":"0.25"},"M",430,20306000,{"v":3446.21801485,"d":"3,446.22"},772,{"v":0.224013686,"d":"0.22"},{"v":0,"d":"0.00"},{"v":0.905906425,"d":"0.91"},{"v":699.359759899999,"d":"699.36"},{"v":72.6402400799999,"d":"72.64"},0,"0_20306000_528",{"v":3345.27384292999,"d":"3,345.27"},{"v":0,"d":"0.00"},{"v":72.6402400799999,"d":"72.64"},{"v":0,"d":"0.00"},"0_20306000_528_77","F",{"v":0.1036819385,"d":"0.10"},{"v":3.0993557887e-05,"d":"0.00"},{"v":2.25137948587E-3,"d":"0.00"}]
[2,203,20306,{"v":9907.99414699999,"d":"9,907.99"},2502,{"v":0.252523363,"d":"0.25"},"M",430,20306000,{"v":3446.21801485,"d":"3,446.22"},772,{"v":0.224013686,"d":"0.22"},{"v":0,"d":"0.00"},{"v":0.905906425,"d":"0.91"},{"v":699.359759899999,"d":"699.36"},{"v":72.6402400799999,"d":"72.64"},0,"0_20306000_528",{"v":3345.27384292999,"d":"3,345.27"},{"v":0,"d":"0.00"},{"v":72.6402400799999,"d":"72.64"},{"v":0,"d":"0.00"},"0_20306000_528_78","F",{"v":17.7828803475999,"d":"17.78"},{"v":0.00531582201714,"d":"0.01"},{"v":0.386142587548,"d":"0.39"}]
[2,203,20306,{"v":9907.99414699999,"d":"9,907.99"},2502,{"v":0.252523363,"d":"0.25"},"M",430,20306000,{"v":3446.21801485,"d":"3,446.22"},772,{"v":0.224013686,"d":"0.22"},{"v":0,"d":"0.00"},{"v":0.905906425,"d":"0.91"},{"v":699.359759899999,"d":"699.36"},{"v":72.6402400799999,"d":"72.64"},0,"0_20306000_528",{"v":3345.27384292999,"d":"3,345.27"},{"v":0,"d":"0.00"},{"v":72.6402400799999,"d":"72.64"},{"v":0,"d":"0.00"},"0_20306000_528_79","F",{"v":0.141827855344,"d":"0.14"},{"v":4.2396485909e-05,"d":"0.00"},{"v":0.00307969091499,"d":"0.00"}]
[2,203,20306,{"v":9907.99414699999,"d":"9,907.99"},2502,{"v":0.252523363,"d":"0.25"},"M",430,20306000,{"v":3446.21801485,"d":"3,446.22"},772,{"v":0.224013686,"d":"0.22"},{"v":0,"d":"0.00"},{"v":0.905906425,"d":"0.91"},{"v":699.359759899999,"d":"699.36"},{"v":72.6402400799999,"d":"72.64"},0,"0_20306000_528",{"v":3345.27384292999,"d":"3,345.27"},{"v":0,"d":"0.00"},{"v":72.6402400799999,"d":"72.64"},{"v":0,"d":"0.00"},"0_20306000_528_80","F",{"v":2.33349649779,"d":"2.33"},{"v":0.000697550217816,"d":"0.00"},{"v":0.05067021529,"d":"0.05"}]
[2,203,20306,{"v":9907.99414699999,"d":"9,907.99"},2502,{"v":0.252523363,"d":"0.25"},"M",430,20306000,{"v":3446.21801485,"d":"3,446.22"},772,{"v":0.224013686,"d":"0.22"},{"v":0,"d":"0.00"},{"v":0.905906425,"d":"0.91"},{"v":699.359759899999,"d":"699.36"},{"v":72.6402400799999,"d":"72.64"},0,"0_20306000_528",{"v":3345.27384292999,"d":"3,345.27"},{"v":0,"d":"0.00"},{"v":72.6402400799999,"d":"72.64"},{"v":0,"d":"0.00"},"0_20306000_528_81","F",{"v":9.61208695561,"d":"9.61"},{"v":0.00287333336729,"d":"0.00"},{"v":0.20871962563,"d":"0.21"}]
[2,203,20306,{"v":9907.99414699999,"d":"9,907.99"},2502,{"v":0.252523363,"d":"0.25"},"M",430,20306000,{"v":3446.21801485,"d":"3,446.22"},772,{"v":0.224013686,"d":"0.22"},{"v":0,"d":"0.00"},{"v":0.905906425,"d":"0.91"},{"v":699.359759899999,"d":"699.36"},{"v":72.6402400799999,"d":"72.64"},0,"0_20306000_528",{"v":3345.27384292999,"d":"3,345.27"},{"v":0,"d":"0.00"},{"v":72.6402400799999,"d":"72.64"},{"v":0,"d":"0.00"},"0_20306000_528_82","F",{"v":1.01613811152E-3,"d":"0.00"},{"v":3.03753343e-07,"d":"0.00"},{"v":2.2064715728E-5,"d":"0.00"}]
[2,203,20306,{"v":9907.99414699999,"d":"9,907.99"},2502,{"v":0.252523363,"d":"0.25"},"M",430,20306000,{"v":3446.21801485,"d":"3,446.22"},772,{"v":0.224013686,"d":"0.22"},{"v":0,"d":"0.00"},{"v":0.905906425,"d":"0.91"},{"v":699.359759899999,"d":"699.36"},{"v":72.6402400799999,"d":"72.64"},0,"0_20306000_528",{"v":3345.27384292999,"d":"3,345.27"},{"v":0,"d":"0.00"},{"v":72.6402400799999,"d":"72.64"},{"v":0,"d":"0.00"},"0_20306000_528_83","F",{"v":0.372253957476,"d":"0.37"},{"v":1.11277573961E-4,"d":"0.00"},{"v":0.00808322968805,"d":"0.01"}]
[2,203,20306,{"v":9907.99414699999,"d":"9,907.99"},2502,{"v":0.252523363,"d":"0.25"},"M",430,20306000,{"v":3446.21801485,"d":"3,446.22"},772,{"v":0.224013686,"d":"0.22"},{"v":0,"d":"0.00"},{"v":0.905906425,"d":"0.91"},{"v":699.359759899999,"d":"699.36"},{"v":72.6402400799999,"d":"72.64"},0,"0_20306000_528",{"v":3345.27384292999,"d":"3,345.27"},{"v":0,"d":"0.00"},{"v":72.6402400799999,"d":"72.64"},{"v":0,"d":"0.00"},"0_20306000_528_84","F",{"v":1.12200249781,"d":"1.12"},{"v":0.000335399297783,"d":"0.00"},{"v":0.0243634855136,"d":"0.02"}]
[2,203,20306,{"v":9907.99414699999,"d":"9,907.99"},2502,{"v":0.252523363,"d":"0.25"},"M",430,20306000,{"v":3446.21801485,"d":"3,446.22"},772,{"v":0.224013686,"d":"0.22"},{"v":0,"d":"0.00"},{"v":0.905906425,"d":"0.91"},{"v":699.359759899999,"d":"699.36"},{"v":72.6402400799999,"d":"72.64"},0,"0_20306000_528",{"v":3345.27384292999,"d":"3,345.27"},{"v":0,"d":"0.00"},{"v":72.6402400799999,"d":"72.64"},{"v":0,"d":"0.00"},"0_20306000_528_85","F",{"v":0.796961020371,"d":"0.80"},{"v":0.000238234912235,"d":"0.00"},{"v":0.0173054412202,"d":"0.02"}]
[2,203,20306,{"v":9907.99414699999,"d":"9,907.99"},2502,{"v":0.252523363,"d":"0.25"},"M",430,20306000,{"v":3446.21801485,"d":"3,446.22"},772,{"v":0.224013686,"d":"0.22"},{"v":0,"d":"0.00"},{"v":0.905906425,"d":"0.91"},{"v":699.359759899999,"d":"699.36"},{"v":72.6402400799999,"d":"72.64"},0,"0_20306000_528",{"v":3345.27384292999,"d":"3,345.27"},{"v":0,"d":"0.00"},{"v":72.6402400799999,"d":"72.64"},{"v":0,"d":"0.00"},"0_20306000_528_86","G",{"v":14.4886342044,"d":"14.49"},{"v":0.00433107568608,"d":"0.00"},{"v":0.314610377642,"d":"0.31"}]
[2,203,20306,{"v":9907.99414699999,"d":"9,907.99"},2502,{"v":0.252523363,"d":"0.25"},"M",430,20306000,{"v":3446.21801485,"d":"3,446.22"},772,{"v":0.224013686,"d":"0.22"},{"v":0,"d":"0.00"},{"v":0.905906425,"d":"0.91"},{"v":699.359759899999,"d":"699.36"},{"v":72.6402400799999,"d":"72.64"},0,"0_20306000_528",{"v":3345.27384292999,"d":"3,345.27"},{"v":0,"d":"0.00"},{"v":72.6402400799999,"d":"72.64"},{"v":0,"d":"0.00"},"0_20306000_528_87","G",{"v":1.0831398368,"d":"1.08"},{"v":0.000323782114008,"d":"0.00"},{"v":0.0235196104952,"d":"0.02"}]
[2,203,20306,{"v":9907.99414699999,"d":"9,907.99"},2502,{"v":0.252523363,"d":"0.25"},"M",430,20306000,{"v":3446.21801485,"d":"3,446.22"},772,{"v":0.224013686,"d":"0.22"},{"v":0,"d":"0.00"},{"v":0.905906425,"d":"0.91"},{"v":699.359759899999,"d":"699.36"},{"v":72.6402400799999,"d":"72.64"},0,"0_20306000_528",{"v":3345.27384292999,"d":"3,345.27"},{"v":0,"d":"0.00"},{"v":72.6402400799999,"d":"72.64"},{"v":0,"d":"0.00"},"0_20306000_528_88","G",{"v":11.5725611653,"d":"11.57"},{"v":0.00345937633469,"d":"0.00"},{"v":0.251289927479,"d":"0.25"}]
[2,203,20306,{"v":9907.99414699999,"d":"9,907.99"},2502,{"v":0.252523363,"d":"0.25"},"M",430,20306000,{"v":3446.21801485,"d":"3,446.22"},772,{"v":0.224013686,"d":"0.22"},{"v":0,"d":"0.00"},{"v":0.905906425,"d":"0.91"},{"v":699.359759899999,"d":"699.36"},{"v":72.6402400799999,"d":"72.64"},0,"0_20306000_528",{"v":3345.27384292999,"d":"3,345.27"},{"v":0,"d":"0.00"},{"v":72.6402400799999,"d":"72.64"},{"v":0,"d":"0.00"},"0_20306000_528_89","G",{"v":0.000958585116661,"d":"0.00"},{"v":2.86549072E-7,"d":"0.00"},{"v":2.0814993415e-05,"d":"0.00"}]
[2,203,20306,{"v":9907.99414699999,"d":"9,907.99"},2502,{"v":0.252523363,"d":"0.25"},"M",430,20306000,{"v":3446.21801485,"d":"3,446.22"},772,{"v":0.224013686,"d":"0.22"},{"v":0,"d":"0.00"},{"v":0.905906425,"d":"0.91"},{"v":699.359759899999,"d":"699.36"},{"v":72.6402400799999,"d":"72.64"},0,"0_20306000_528",{"v":3345.27384292999,"d":"3,345.27"},{"v":0,"d":"0.00"},{"v":72.6402400799999,"d":"72.64"},{"v":0,"d":"0.00"},"0_20306000_528_90","G",{"v":0.33408872311,"d":"0.33"},{"v":9.9868871368e-05,"d":"0.00"},{"v":0.00725449879268,"d":"0.01"}]
[2,203,20306,{"v":9907.99414699999,"d":"9,907.99"},2502,{"v":0.252523363,"d":"0.25"},"M",430,20306000,{"v":3446.21801485,"d":"3,446.22"},772,{"v":0.224013686,"d":"0.22"},{"v":0,"d":"0.00"},{"v":0.905906425,"d":"0.91"},{"v":699.359759899999,"d":"699.36"},{"v":72.6402400799999,"d":"72.64"},0,"0_20306000_528",{"v":3345.27384292999,"d":"3,345.27"},{"v":0,"d":"0.00"},{"v":72.6402400799999,"d":"72.64"},{"v":0,"d":"0.00"},"0_20306000_528_91","G",{"v":61.4818894052,"d":"61.48"},{"v":0.018378731396,"d":"0.02"},{"v":1.33503546097,"d":"1.34"}]
[2,203,20306,{"v":9907.99414699999,"d":"9,907.99"},2502,{"v":0.252523363,"d":"0.25"},"M",430,20306000,{"v":3446.21801485,"d":"3,446.22"},772,{"v":0.224013686,"d":"0.22"},{"v":0,"d":"0.00"},{"v":0.905906425,"d":"0.91"},{"v":699.359759899999,"d":"699.36"},{"v":72.6402400799999,"d":"72.64"},0,"0_20306000_528",{"v":3345.27384292999,"d":"3,345.27"},{"v":0,"d":"0.00"},{"v":72.6402400799999,"d":"72.64"},{"v":0,"d":"0.00"},"0_20306000_528_92","G",{"v":0.693875106683,"d":"0.69"},{"v":2.07419523561E-4,"d":"0.00"},{"v":0.0150670039888,"d":"0.02"}]
[2,203,20306,{"v":9907.99414699999,"d":"9,907.99"},2502,{"v":0.252523363,"d":"0.25"},"M",430,20306000,{"v":3446.21801485,"d":"3,446.22"},772,{"v":0.224013686,"d":"0.22"},{"v":0,"d":"0.00"},{"v":0.905906425,"d":"0.91"},{"v":699.359759899999,"d":"699.36"},{"v":72.6402400799999,"d":"72.64"},0,"0_20306000_528",{"v":3345.27384292999,"d":"3,345.27"},{"v":0,"d":"0.00"},{"v":72.6402400799999,"d":"72.64"},{"v":0,"d":"0.00"},"0_20306000_528_93","G",{"v":0.041799864714,"d":"0.04"},{"v":1.2495199699E-5,"d":"0.00"},{"v":0.000907654305954,"d":"0.00"}]
[2,203,20306,{"v":9907.99414699999,"d":"9,907.99"},2502,{"v":0.252523363,"d":"0.25"},"M",430,20306000,{"v":3446.21801485,"d":"3,446.22"},772,{"v":0.224013686,"d":"0.22"},{"v":0,"d":"0.00"},{"v":0.905906425,"d":"0.91"},{"v":699.359759899999,"d":"699.36"},{"v":72.6402400799999,"d":"72.64"},0,"0_20306000_528",{"v":3345.27384292999,"d":"3,345.27"},{"v":0,"d":"0.00"},{"v":72.6402400799999,"d":"72.64"},{"v":0,"d":"0.00"},"0_20306000_528_94","G",{"v":0.524940608459,"d":"0.52"},{"v":1.56920070854E-4,"d":"0.00"},{"v":0.0113987116202,"d":"0.01"}]
[2,203,20306,{"v":9907.99414699999,"d":"9,907.99"},2502,{"v":0.252523363,"d":"0.25"},"M",430,20306001,{"v":5490.31015208,"d":"5,490.31"},1469,{"v":0.267562298,"d":"0.27"},{"v":0,"d":"0.00"},{"v":0.905906425,"d":"0.91"},{"v":1330.776538,"d":"1,330.78"},{"v":138.223462,"d":"138.22"},0,"0_20306001_529",{"v":5360.82149687,"d":"5,360.82"},{"v":0,"d":"0.00"},{"v":138.223462,"d":"138.22"},{"v":0,"d":"0.00"},"0_20306001_529_95","außerhalb GKL",{"v":5165.60569977999,"d":"5,165.61"},{"v":0.963584723497,"d":"0.96"},{"v":133.190016412,"d":"133.19"}]
[2,203,20306,{"v":9907.99414699999,"d":"9,907.99"},2502,{"v":0.252523363,"d":"0.25"},"M",430,20306001,{"v":5490.31015208,"d":"5,490.31"},1469,{"v":0.267562298,"d":"0.27"},{"v":0,"d":"0.00"},{"v":0.905906425,"d":"0.91"},{"v":1330.776538,"d":"1,330.78"},{"v":138.223462,"d":"138.22"},0,"0_20306001_529",{"v":5360.82149687,"d":"5,360.82"},{"v":0,"d":"0.00"},{"v":138.223462,"d":"138.22"},{"v":0,"d":"0.00"},"0_20306001_529_96","E",{"v":8.94796572641,"d":"8.95"},{"v":0.00166914077099,"d":"0.00"},{"v":0.230714415932,"d":"0.23"}]
[2,203,20306,{"v":9907.99414699999,"d":"9,907.99"},2502,{"v":0.252523363,"d":"0.25"},"M",430,20306001,{"v":5490.31015208,"d":"5,490.31"},1469,{"v":0.267562298,"d":"0.27"},{"v":0,"d":"0.00"},{"v":0.905906425,"d":"0.91"},{"v":1330.776538,"d":"1,330.78"},{"v":138.223462,"d":"138.22"},0,"0_20306001_529",{"v":5360.82149687,"d":"5,360.82"},{"v":0,"d":"0.00"},{"v":138.223462,"d":"138.22"},{"v":0,"d":"0.00"},"0_20306001_529_97","E",{"v":0.059568238749,"d":"0.06"},{"v":1.111177434e-05,"d":"0.00"},{"v":1.53590791821E-3,"d":"0.00"}]
[2,203,20306,{"v":9907.99414699999,"d":"9,907.99"},2502,{"v":0.252523363,"d":"0.25"},"M",430,20306001,{"v":5490.31015208,"d":"5,490.31"},1469,{"v":0.267562298,"d":"0.27"},{"v":0,"d":"0.00"},{"v":0.905906425,"d":"0.91"},{"v":1330.776538,"d":"1,330.78"},{"v":138.223462,"d":"138.22"},0,"0_20306001_529",{"v":5360.82149687,"d":"5,360.82"},{"v":0,"d":"0.00"},{"v":138.223462,"d":"138.22"},{"v":0,"d":"0.00"},"0_20306001_529_98","E",{"v":4.59597537855,"d":"4.60"},{"v":0.000857326695402,"d":"0.00"},{"v":0.118502663903,"d":"0.12"}]
[2,203,20306,{"v":9907.99414699999,"d":"9,907.99"},2502,{"v":0.252523363,"d":"0.25"},"M",430,20306001,{"v":5490.31015208,"d":"5,490.31"},1469,{"v":0.267562298,"d":"0.27"},{"v":0,"d":"0.00"},{"v":0.905906425,"d":"0.91"},{"v":1330.776538,"d":"1,330.78"},{"v":138.223462,"d":"138.22"},0,"0_20306001_529",{"v":5360.82149687,"d":"5,360.82"},{"v":0,"d":"0.00"},{"v":138.223462,"d":"138.22"},{"v":0,"d":"0.00"},"0_20306001_529_99","E",{"v":0.0103711689315,"d":"0.01"},{"v":1.934623068e-06,"d":"0.00"},{"v":0.00026741029813,"d":"0.00"}]
[2,203,20306,{"v":9907.99414699999,"d":"9,907.99"},2502,{"v":0.252523363,"d":"0.25"},"M",430,20306001,{"v":5490.31015208,"d":"5,490.31"},1469,{"v":0.267562298,"d":"0.27"},{"v":0,"d":"0.00"},{"v":0.905906425,"d":"0.91"},{"v":1330.776538,"d":"1,330.78"},{"v":138.223462,"d":"138.22"},0,"0_20306001_529",{"v":5360.82149687,"d":"5,360.82"},{"v":0,"d":"0.00"},{"v":138.223462,"d":"138.22"},{"v":0,"d":"0.00"},"0_20306001_529_100","E",{"v":0.136098079209,"d":"0.14"},{"v":2.5387541683e-05,"d":"0.00"},{"v":0.00350915390315,"d":"0.00"}]
[2,203,20306,{"v":9907.99414699999,"d":"9,907.99"},2502,{"v":0.252523363,"d":"0.25"},"M",430,20306001,{"v":5490.31015208,"d":"5,490.31"},1469,{"v":0.267562298,"d":"0.27"},{"v":0,"d":"0.00"},{"v":0.905906425,"d":"0.91"},{"v":1330.776538,"d":"1,330.78"},{"v":138.223462,"d":"138.22"},0,"0_20306001_529",{"v":5360.82149687,"d":"5,360.82"},{"v":0,"d":"0.00"},{"v":138.223462,"d":"138.22"},{"v":0,"d":"0.00"},"0_20306001_529_101","E",{"v":0.232993548209,"d":"0.23"},{"v":4.3462284343e-05,"d":"0.00"},{"v":0.00600750740832,"d":"0.01"}]
[2,203,20306,{"v":9907.99414699999,"d":"9,907.99"},2502,{"v":0.252523363,"d":"0.25"},"M",430,20306001,{"v":5490.31015208,"d":"5,490.31"},1469,{"v":0.267562298,"d":"0.27"},{"v":0,"d":"0.00"},{"v":0.905906425,"d":"0.91"},{"v":1330.776538,"d":"1,330.78"},{"v":138.223462,"d":"138.22"},0,"0_20306001_529",{"v":5360.82149687,"d":"5,360.82"},{"v":0,"d":"0.00"},{"v":138.223462,"d":"138.22"},{"v":0,"d":"0.00"},"0_20306001_529_102","E",{"v":1.466529462E-6,"d":"0.00"},{"v":2.73564e-10,"d":"0.00"},{"v":3.7813007e-08,"d":"0.00"}]
[2,203,20306,{"v":9907.99414699999,"d":"9,907.99"},2502,{"v":0.252523363,"d":"0.25"},"M",430,20306001,{"v":5490.31015208,"d":"5,490.31"},1469,{"v":0.267562298,"d":"0.27"},{"v":0,"d":"0.00"},{"v":0.905906425,"d":"0.91"},{"v":1330.776538,"d":"1,330.78"},{"v":138.223462,"d":"138.22"},0,"0_20306001_529",{"v":5360.82149687,"d":"5,360.82"},{"v":0,"d":"0.00"},{"v":138.223462,"d":"138.22"},{"v":0,"d":"0.00"},"0_20306001_529_103","F",{"v":1.54370673943,"d":"1.54"},{"v":0.000287960854569,"d":"0.00"},{"v":0.039802946239,"d":"0.04"}]
[2,203,20306,{"v":9907.99414699999,"d":"9,907.99"},2502,{"v":0.252523363,"d":"0.25"},"M",430,20306001,{"v":5490.31015208,"d":"5,490.31"},1469,{"v":0.267562298,"d":"0.27"},{"v":0,"d":"0.00"},{"v":0.905906425,"d":"0.91"},{"v":1330.776538,"d":"1,330.78"},{"v":138.223462,"d":"138.22"},0,"0_20306001_529",{"v":5360.82149687,"d":"5,360.82"},{"v":0,"d":"0.00"},{"v":138.223462,"d":"138.22"},{"v":0,"d":"0.00"},"0_20306001_529_104","F",{"v":25.172751548,"d":"25.17"},{"v":0.00469568918918,"d":"0.00"},{"v":0.649054416204,"d":"0.65"}]
[2,203,20306,{"v":9907.99414699999,"d":"9,907.99"},2502,{"v":0.252523363,"d":"0.25"},"M",430,20306001,{"v":5490.31015208,"d":"5,490.31"},1469,{"v":0.267562298,"d":"0.27"},{"v":0,"d":"0.00"},{"v":0.905906425,"d":"0.91"},{"v":1330.776538,"d":"1,330.78"},{"v":138.223462,"d":"138.22"},0,"0_20306001_529",{"v":5360.82149687,"d":"5,360.82"},{"v":0,"d":"0.00"},{"v":138.223462,"d":"138.22"},{"v":0,"d":"0.00"},"0_20306001_529_105","F",{"v":0.530270580509,"d":"0.53"},{"v":9.891591817e-05,"d":"0.00"},{"v":0.0136725006564,"d":"0.01"}]
[2,203,20306,{"v":9907.99414699999,"d":"9,907.99"},2502,{"v":0.252523363,"d":"0.25"},"M",430,20306001,{"v":5490.31015208,"d":"5,490.31"},1469,{"v":0.267562298,"d":"0.27"},{"v":0,"d":"0.00"},{"v":0.905906425,"d":"0.91"},{"v":1330.776538,"d":"1,330.78"},{"v":138.223462,"d":"138.22"},0,"0_20306001_529",{"v":5360.82149687,"d":"5,360.82"},{"v":0,"d":"0.00"},{"v":138.223462,"d":"138.22"},{"v":0,"d":"0.00"},"0_20306001_529_106","F",{"v":0.456472729908,"d":"0.46"},{"v":8.514977232e-05,"d":"0.00"},{"v":0.0117696963186,"d":"0.01"}]
[2,203,20306,{"v":9907.99414699999,"d":"9,907.99"},2502,{"v":0.252523363,"d":"0.25"},"M",430,20306001,{"v":5490.31015208,"d":"5,490.31"},1469,{"v":0.267562298,"d":"0.27"},{"v":0,"d":"0.00"},{"v":0.905906425,"d":"0.91"},{"v":1330.776538,"d":"1,330.78"},{"v":138.223462,"d":"138.22"},0,"0_20306001_529",{"v":5360.82149687,"d":"5,360.82"},{"v":0,"d":"0.00"},{"v":138.223462,"d":"138.22"},{"v":0,"d":"0.00"},"0_20306001_529_107","F",{"v":2.69945163405,"d":"2.70"},{"v":5.03551859659E-4,"d":"0.00"},{"v":0.0696026813386,"d":"0.07"}]
[2,203,20306,{"v":9907.99414699999,"d":"9,907.99"},2502,{"v":0.252523363,"d":"0.25"},"M",430,20306001,{"v":5490.31015208,"d":"5,490.31"},1469,{"v":0.267562298,"d":"0.27"},{"v":0,"d":"0.00"},{"v":0.905906425,"d":"0.91"},{"v":1330.776538,"d":"1,330.78"},{"v":138.223462,"d":"138.22"},0,"0_20306001_529",{"v":5360.82149687,"d":"5,360.82"},{"v":0,"d":"0.00"},{"v":138.223462,"d":"138.22"},{"v":0,"d":"0.00"},"0_20306001_529_108","F",{"v":0.213994957678,"d":"0.21"},{"v":3.9918314349e-05,"d":"0.00"},{"v":0.00551764760645,"d":"0.01"}]
[2,203,20306,{"v":9907.99414699999,"d":"9,907.99"},2502,{"v":0.252523363,"d":"0.25"},"M",430,20306001,{"v":5490.31015208,"d":"5,490.31"},1469,{"v":0.267562298,"d":"0.27"},{"v":0,"d":"0.00"},{"v":0.905906425,"d":"0.91"},{"v":1330.776538,"d":"1,330.78"},{"v":138.223462,"d":"138.22"},0,"0_20306001_529",{"v":5360.82149687,"d":"5,360.82"},{"v":0,"d":"0.00"},{"v":138.223462,"d":"138.22"},{"v":0,"d":"0.00"},"0_20306001_529_109","F",{"v":0.0120954632396,"d":"0.01"},{"v":2.25627047e-06,"d":"0.00"},{"v":0.000311869515605,"d":"0.00"}]
[2,203,20306,{"v":9907.99414699999,"d":"9,907.99"},2502,{"v":0.252523363,"d":"0.25"},"M",430,20306001,{"v":5490.31015208,"d":"5,490.31"},1469,{"v":0.267562298,"d":"0.27"},{"v":0,"d":"0.00"},{"v":0.905906425,"d":"0.91"},{"v":1330.776538,"d":"1,330.78"},{"v":138.223462,"d":"138.22"},0,"0_20306001_529",{"v":5360.82149687,"d":"5,360.82"},{"v":0,"d":"0.00"},{"v":138.223462,"d":"138.22"},{"v":0,"d":"0.00"},"0_20306001_529_110","F",{"v":7.70066405503,"d":"7.70"},{"v":0.00143647089528,"d":"0.00"},{"v":0.198553980208,"d":"0.20"}]
[2,203,20306,{"v":9907.99414699999,"d":"9,907.99"},2502,{"v":0.252523363,"d":"0.25"},"M",430,20306001,{"v":5490.31015208,"d":"5,490.31"},1469,{"v":0.267562298,"d":"0.27"},{"v":0,"d":"0.00"},{"v":0.905906425,"d":"0.91"},{"v":1330.776538,"d":"1,330.78"},{"v":138.223462,"d":"138.22"},0,"0_20306001_529",{"v":5360.82149687,"d":"5,360.82"},{"v":0,"d":"0.00"},{"v":138.223462,"d":"138.22"},{"v":0,"d":"0.00"},"0_20306001_529_111","F",{"v":10.0632310886,"d":"10.06"},{"v":0.0018771807818,"d":"0.00"},{"v":0.25947042646,"d":"0.26"}]
[2,203,20306,{"v":9907.99414699999,"d":"9,907.99"},2502,{"v":0.252523363,"d":"0.25"},"M",430,20306001,{"v":5490.31015208,"d":"5,490.31"},1469,{"v":0.267562298,"d":"0.27"},{"v":0,"d":"0.00"},{"v":0.905906425,"d":"0.91"},{"v":1330.776538,"d":"1,330.78"},{"v":138.223462,"d":"138.22"},0,"0_20306001_529",{"v":5360.82149687,"d":"5,360.82"},{"v":0,"d":"0.00"},{"v":138.223462,"d":"138.22"},{"v":0,"d":"0.00"},"0_20306001_529_112","F",{"v":3.05819159393,"d":"3.06"},{"v":0.00057047070038,"d":"0.00"},{"v":0.0788524351761,"d":"0.08"}]
[2,203,20306,{"v":9907.99414699999,"d":"9,907.99"},2502,{"v":0.252523363,"d":"0.25"},"M",430,20306001,{"v":5490.31015208,"d":"5,490.31"},1469,{"v":0.267562298,"d":"0.27"},{"v":0,"d":"0.00"},{"v":0.905906425,"d":"0.91"},{"v":1330.776538,"d":"1,330.78"},{"v":138.223462,"d":"138.22"},0,"0_20306001_529",{"v":5360.82149687,"d":"5,360.82"},{"v":0,"d":"0.00"},{"v":138.223462,"d":"138.22"},{"v":0,"d":"0.00"},"0_20306001_529_113","F",{"v":0.640082791878,"d":"0.64"},{"v":1.19400131538E-4,"d":"0.00"},{"v":0.0165038995444,"d":"0.02"}]
[2,203,20306,{"v":9907.99414699999,"d":"9,907.99"},2502,{"v":0.252523363,"d":"0.25"},"M",430,20306001,{"v":5490.31015208,"d":"5,490.31"},1469,{"v":0.267562298,"d":"0.27"},{"v":0,"d":"0.00"},{"v":0.905906425,"d":"0.91"},{"v":1330.776538,"d":"1,330.78"},{"v":138.223462,"d":"138.22"},0,"0_20306001_529",{"v":5360.82149687,"d":"5,360.82"},{"v":0,"d":"0.00"},{"v":138.223462,"d":"138.22"},{"v":0,"d":"0.00"},"0_20306001_529_114","F",{"v":0.130180575057,"d":"0.13"},{"v":2.4283698894E-5,"d":"0.00"},{"v":3.35657693136E-3,"d":"0.00"}]
[2,203,20306,{"v":9907.99414699999,"d":"9,907.99"},2502,{"v":0.252523363,"d":"0.25"},"M",430,20306001,{"v":5490.31015208,"d":"5,490.31"},1469,{"v":0.267562298,"d":"0.27"},{"v":0,"d":"0.00"},{"v":0.905906425,"d":"0.91"},{"v":1330.776538,"d":"1,330.78"},{"v":138.223462,"d":"138.22"},0,"0_20306001_529",{"v":5360.82149687,"d":"5,360.82"},{"v":0,"d":"0.00"},{"v":138.223462,"d":"138.22"},{"v":0,"d":"0.00"},"0_20306001_529_115","F",{"v":0.000493380096662,"d":"0.00"},{"v":9.203442e-08,"d":"0.00"},{"v":1.2721316142E-5,"d":"0.00"}]
[2,203,20306,{"v":9907.99414699999,"d":"9,907.99"},2502,{"v":0.252523363,"d":"0.25"},"M",430,20306001,{"v":5490.31015208,"d":"5,490.31"},1469,{"v":0.267562298,"d":"0.27"},{"v":0,"d":"0.00"},{"v":0.905906425,"d":"0.91"},{"v":1330.776538,"d":"1,330.78"},{"v":138.223462,"d":"138.22"},0,"0_20306001_529",{"v":5360.82149687,"d":"5,360.82"},{"v":0,"d":"0.00"},{"v":138.223462,"d":"138.22"},{"v":0,"d":"0.00"},"0_20306001_529_116","F",{"v":0.286016994693,"d":"0.29"},{"v":5.3353202464e-05,"d":"0.00"},{"v":0.00737466435329,"d":"0.01"}]
[2,203,20306,{"v":9907.99414699999,"d":"9,907.99"},2502,{"v":0.252523363,"d":"0.25"},"M",430,20306001,{"v":5490.31015208,"d":"5,490.31"},1469,{"v":0.267562298,"d":"0.27"},{"v":0,"d":"0.00"},{"v":0.905906425,"d":"0.91"},{"v":1330.776538,"d":"1,330.78"},{"v":138.223462,"d":"138.22"},0,"0_20306001_529",{"v":5360.82149687,"d":"5,360.82"},{"v":0,"d":"0.00"},{"v":138.223462,"d":"138.22"},{"v":0,"d":"0.00"},"0_20306001_529_117","G",{"v":5.90907457733,"d":"5.91"},{"v":1.10227034808E-3,"d":"0.00"},{"v":0.152359623572,"d":"0.15"}]
[2,203,20306,{"v":9907.99414699999,"d":"9,907.99"},2502,{"v":0.252523363,"d":"0.25"},"M",430,20306001,{"v":5490.31015208,"d":"5,490.31"},1469,{"v":0.267562298,"d":"0.27"},{"v":0,"d":"0.00"},{"v":0.905906425,"d":"0.91"},{"v":1330.776538,"d":"1,330.78"},{"v":138.223462,"d":"138.22"},0,"0_20306001_529",{"v":5360.82149687,"d":"5,360.82"},{"v":0,"d":"0.00"},{"v":138.223462,"d":"138.22"},{"v":0,"d":"0.00"},"0_20306001_529_118","G",{"v":1.28929475605E-3,"d":"0.00"},{"v":2.40503206E-7,"d":"0.00"},{"v":3.3243185736e-05,"d":"0.00"}]
[2,203,20306,{"v":9907.99414699999,"d":"9,907.99"},2502,{"v":0.252523363,"d":"0.25"},"M",430,20306001,{"v":5490.31015208,"d":"5,490.31"},1469,{"v":0.267562298,"d":"0.27"},{"v":0,"d":"0.00"},{"v":0.905906425,"d":"0.91"},{"v":1330.776538,"d":"1,330.78"},{"v":138.223462,"d":"138.22"},0,"0_20306001_529",{"v":5360.82149687,"d":"5,360.82"},{"v":0,"d":"0.00"},{"v":138.223462,"d":"138.22"},{"v":0,"d":"0.00"},"0_20306001_529_119","G",{"v":72.3160021266999,"d":"72.32"},{"v":0.0134897239479,"d":"0.01"},{"v":1.8645963455,"d":"1.86"}]
[2,203,20306,{"v":9907.99414699999,"d":"9,907.99"},2502,{"v":0.252523363,"d":"0.25"},"M",430,20306001,{"v":5490.31015208,"d":"5,490.31"},1469,{"v":0.267562298,"d":"0.27"},{"v":0,"d":"0.00"},{"v":0.905906425,"d":"0.91"},{"v":1330.776538,"d":"1,330.78"},{"v":138.223462,"d":"138.22"},0,"0_20306001_529",{"v":5360.82149687,"d":"5,360.82"},{"v":0,"d":"0.00"},{"v":138.223462,"d":"138.22"},{"v":0,"d":"0.00"},"0_20306001_529_120","G",{"v":50.4988533459999,"d":"50.50"},{"v":0.0094199841154,"d":"0.01"},{"v":1.30206281642,"d":"1.30"}]
[2,203,20306,{"v":9907.99414699999,"d":"9,907.99"},2502,{"v":0.252523363,"d":"0.25"},"M",430,20306002,{"v":971.465980432,"d":"971.47"},261,{"v":0.268666124,"d":"0.27"},{"v":0,"d":"0.00"},{"v":0.905906425,"d":"0.91"},{"v":236.4415769,"d":"236.44"},{"v":24.55842313,"d":"24.56"},0,"0_20306002_530",{"v":938.480808185,"d":"938.48"},{"v":0,"d":"0.00"},{"v":24.55842313,"d":"24.56"},{"v":0,"d":"0.00"},"0_20306002_530_121","außerhalb GKL",{"v":880.808154615,"d":"880.81"},{"v":0.938546794919,"d":"0.94"},{"v":23.0492293169,"d":"23.05"}]
[2,203,20306,{"v":9907.99414699999,"d":"9,907.99"},2502,{"v":0.252523363,"d":"0.25"},"M",430,20306002,{"v":971.465980432,"d":"971.47"},261,{"v":0.268666124,"d":"0.27"},{"v":0,"d":"0.00"},{"v":0.905906425,"d":"0.91"},{"v":236.4415769,"d":"236.44"},{"v":24.55842313,"d":"24.56"},0,"0_20306002_530",{"v":938.480808185,"d":"938.48"},{"v":0,"d":"0.00"},{"v":24.55842313,"d":"24.56"},{"v":0,"d":"0.00"},"0_20306002_530_122","E",{"v":2.15808559427,"d":"2.16"},{"v":0.00229955218631,"d":"0.00"},{"v":0.0564733756009,"d":"0.06"}]
[2,203,20306,{"v":9907.99414699999,"d":"9,907.99"},2502,{"v":0.252523363,"d":"0.25"},"M",430,20306002,{"v":971.465980432,"d":"971.47"},261,{"v":0.268666124,"d":"0.27"},{"v":0,"d":"0.00"},{"v":0.905906425,"d":"0.91"},{"v":236.4415769,"d":"236.44"},{"v":24.55842313,"d":"24.56"},0,"0_20306002_530",{"v":938.480808185,"d":"938.48"},{"v":0,"d":"0.00"},{"v":24.55842313,"d":"24.56"},{"v":0,"d":"0.00"},"0_20306002_530_123","E",{"v":1.52913331384E-3,"d":"0.00"},{"v":1.629370894e-06,"d":"0.00"},{"v":4.0014779861e-05,"d":"0.00"}]
[2,203,20306,{"v":9907.99414699999,"d":"9,907.99"},2502,{"v":0.252523363,"d":"0.25"},"M",430,20306002,{"v":971.465980432,"d":"971.47"},261,{"v":0.268666124,"d":"0.27"},{"v":0,"d":"0.00"},{"v":0.905906425,"d":"0.91"},{"v":236.4415769,"d":"236.44"},{"v":24.55842313,"d":"24.56"},0,"0_20306002_530",{"v":938.480808185,"d":"938.48"},{"v":0,"d":"0.00"},{"v":24.55842313,"d":"24.56"},{"v":0,"d":"0.00"},"0_20306002_530_124","E",{"v":0.619234332341,"d":"0.62"},{"v":0.000659826313911,"d":"0.00"},{"v":0.0162042938093,"d":"0.02"}]
[2,203,20306,{"v":9907.99414699999,"d":"9,907.99"},2502,{"v":0.252523363,"d":"0.25"},"M",430,20306002,{"v":971.465980432,"d":"971.47"},261,{"v":0.268666124,"d":"0.27"},{"v":0,"d":"0.00"},{"v":0.905906425,"d":"0.91"},{"v":236.4415769,"d":"236.44"},{"v":24.55842313,"d":"24.56"},0,"0_20306002_530",{"v":938.480808185,"d":"938.48"},{"v":0,"d":"0.00"},{"v":24.55842313,"d":"24.56"},{"v":0,"d":"0.00"},"0_20306002_530_125","F",{"v":0.169193272319,"d":"0.17"},{"v":0.000180284211295,"d":"0.00"},{"v":0.00442749594464,"d":"0.00"}]
[2,203,20306,{"v":9907.99414699999,"d":"9,907.99"},2502,{"v":0.252523363,"d":"0.25"},"M",430,20306002,{"v":971.465980432,"d":"971.47"},261,{"v":0.268666124,"d":"0.27"},{"v":0,"d":"0.00"},{"v":0.905906425,"d":"0.91"},{"v":236.4415769,"d":"236.44"},{"v":24.55842313,"d":"24.56"},0,"0_20306002_530",{"v":938.480808185,"d":"938.48"},{"v":0,"d":"0.00"},{"v":24.55842313,"d":"24.56"},{"v":0,"d":"0.00"},"0_20306002_530_126","F",{"v":11.9624692289,"d":"11.96"},{"v":0.0127466317101,"d":"0.01"},{"v":0.313037175019,"d":"0.31"}]
[2,203,20306,{"v":9907.99414699999,"d":"9,907.99"},2502,{"v":0.252523363,"d":"0.25"},"M",430,20306002,{"v":971.465980432,"d":"971.47"},261,{"v":0.268666124,"d":"0.27"},{"v":0,"d":"0.00"},{"v":0.905906425,"d":"0.91"},{"v":236.4415769,"d":"236.44"},{"v":24.55842313,"d":"24.56"},0,"0_20306002_530",{"v":938.480808185,"d":"938.48"},{"v":0,"d":"0.00"},{"v":24.55842313,"d":"24.56"},{"v":0,"d":"0.00"},"0_20306002_530_127","F",{"v":0.156461670616,"d":"0.16"},{"v":1.66718029022E-4,"d":"0.00"},{"v":0.00409433190012,"d":"0.00"}]
[2,203,20306,{"v":9907.99414699999,"d":"9,907.99"},2502,{"v":0.252523363,"d":"0.25"},"M",430,20306002,{"v":971.465980432,"d":"971.47"},261,{"v":0.268666124,"d":"0.27"},{"v":0,"d":"0.00"},{"v":0.905906425,"d":"0.91"},{"v":236.4415769,"d":"236.44"},{"v":24.55842313,"d":"24.56"},0,"0_20306002_530",{"v":938.480808185,"d":"938.48"},{"v":0,"d":"0.00"},{"v":24.55842313,"d":"24.56"},{"v":0,"d":"0.00"},"0_20306002_530_128","F",{"v":0.142822762681,"d":"0.14"},{"v":0.000152185064879,"d":"0.00"},{"v":0.00373742521736,"d":"0.00"}]
[2,203,20306,{"v":9907.99414699999,"d":"9,907.99"},2502,{"v":0.252523363,"d":"0.25"},"M",430,20306002,{"v":971.465980432,"d":"971.47"},261,{"v":0.268666124,"d":"0.27"},{"v":0,"d":"0.00"},{"v":0.905906425,"d":"0.91"},{"v":236.4415769,"d":"236.44"},{"v":24.55842313,"d":"24.56"},0,"0_20306002_530",{"v":938.480808185,"d":"938.48"},{"v":0,"d":"0.00"},{"v":24.55842313,"d":"24.56"},{"v":0,"d":"0.00"},"0_20306002_530_129","F",{"v":1.29705738969,"d":"1.30"},{"v":0.00138208195456,"d":"0.00"},{"v":0.0339417534404,"d":"0.03"}]
[2,203,20306,{"v":9907.99414699999,"d":"9,907.99"},2502,{"v":0.252523363,"d":"0.25"},"M",430,20306002,{"v":971.465980432,"d":"971.47"},261,{"v":0.268666124,"d":"0.27"},{"v":0,"d":"0.00"},{"v":0.905906425,"d":"0.91"},{"v":236.4415769,"d":"236.44"},{"v":24.55842313,"d":"24.56"},0,"0_20306002_530",{"v":938.480808185,"d":"938.48"},{"v":0,"d":"0.00"},{"v":24.55842313,"d":"24.56"},{"v":0,"d":"0.00"},"0_20306002_530_130","G",{"v":40.9869777599,"d":"40.99"},{"v":0.0436737516659,"d":"0.04"},{"v":1.07255847309,"d":"1.07"}]
[2,203,20306,{"v":9907.99414699999,"d":"9,907.99"},2502,{"v":0.252523363,"d":"0.25"},"M",430,20306002,{"v":971.465980432,"d":"971.47"},261,{"v":0.268666124,"d":"0.27"},{"v":0,"d":"0.00"},{"v":0.905906425,"d":"0.91"},{"v":236.4415769,"d":"236.44"},{"v":24.55842313,"d":"24.56"},0,"0_20306002_530",{"v":938.480808185,"d":"938.48"},{"v":0,"d":"0.00"},{"v":24.55842313,"d":"24.56"},{"v":0,"d":"0.00"},"0_20306002_530_131","G",{"v":0.178750892006,"d":"0.18"},{"v":1.90468351028E-4,"d":"0.00"},{"v":0.00467760235742,"d":"0.00"}]
[2,203,20306,{"v":9907.99414699999,"d":"9,907.99"},2502,{"v":0.252523363,"d":"0.25"},"M",430,20306002,{"v":971.465980432,"d":"971.47"},261,{"v":0.268666124,"d":"0.27"},{"v":0,"d":"0.00"},{"v":0.905906425,"d":"0.91"},{"v":236.4415769,"d":"236.44"},{"v":24.55842313,"d":"24.56"},0,"0_20306002_530",{"v":938.480808185,"d":"938.48"},{"v":0,"d":"0.00"},{"v":24.55842313,"d":"24.56"},{"v":0,"d":"0.00"},"0_20306002_530_132","G",{"v":7.1533974888e-05,"d":"0.00"},{"v":7.6223162e-08,"d":"0.00"},{"v":1.87192067E-6,"d":"0.00"}]
[2,203,20307,{"v":15457.40134,"d":"15,457.40"},3346,{"v":0.216465881,"d":"0.22"},"M",430,20307000,{"v":299.682535299999,"d":"299.68"},1486,{"v":4.958580581,"d":"4.96"},{"v":0,"d":"0.00"},{"v":0.905906425,"d":"0.91"},{"v":1346.17694699999,"d":"1,346.18"},{"v":139.823052799999,"d":"139.82"},0,"0_20307000_531",{"v":179.539250571999,"d":"179.54"},{"v":0,"d":"0.00"},{"v":139.823052799999,"d":"139.82"},{"v":0,"d":"0.00"},"0_20307000_531_133","außerhalb GKL",{"v":0.431271016182,"d":"0.43"},{"v":0.00240209878791,"d":"0.00"},{"v":0.335868785653,"d":"0.34"}]
[2,203,20307,{"v":15457.40134,"d":"15,457.40"},3346,{"v":0.216465881,"d":"0.22"},"M",430,20307000,{"v":299.682535299999,"d":"299.68"},1486,{"v":4.958580581,"d":"4.96"},{"v":0,"d":"0.00"},{"v":0.905906425,"d":"0.91"},{"v":1346.17694699999,"d":"1,346.18"},{"v":139.823052799999,"d":"139.82"},0,"0_20307000_531",{"v":179.539250571999,"d":"179.54"},{"v":0,"d":"0.00"},{"v":139.823052799999,"d":"139.82"},{"v":0,"d":"0.00"},"0_20307000_531_134","außerhalb GKL",{"v":1.75167883689,"d":"1.75"},{"v":0.0097565230517,"d":"0.01"},{"v":1.3641868378,"d":"1.36"}]
[2,203,20307,{"v":15457.40134,"d":"15,457.40"},3346,{"v":0.216465881,"d":"0.22"},"M",430,20307000,{"v":299.682535299999,"d":"299.68"},1486,{"v":4.958580581,"d":"4.96"},{"v":0,"d":"0.00"},{"v":0.905906425,"d":"0.91"},{"v":1346.17694699999,"d":"1,346.18"},{"v":139.823052799999,"d":"139.82"},0,"0_20307000_531",{"v":179.539250571999,"d":"179.54"},{"v":0,"d":"0.00"},{"v":139.823052799999,"d":"139.82"},{"v":0,"d":"0.00"},"0_20307000_531_135","außerhalb GKL",{"v":0.100882486504,"d":"0.10"},{"v":0.00056189655567,"d":"0.00"},{"v":0.0785660917716,"d":"0.08"}]
[2,203,20307,{"v":15457.40134,"d":"15,457.40"},3346,{"v":0.216465881,"d":"0.22"},"M",430,20307000,{"v":299.682535299999,"d":"299.68"},1486,{"v":4.958580581,"d":"4.96"},{"v":0,"d":"0.00"},{"v":0.905906425,"d":"0.91"},{"v":1346.17694699999,"d":"1,346.18"},{"v":139.823052799999,"d":"139.82"},0,"0_20307000_531",{"v":179.539250571999,"d":"179.54"},{"v":0,"d":"0.00"},{"v":139.823052799999,"d":"139.82"},{"v":0,"d":"0.00"},"0_20307000_531_136","außerhalb GKL",{"v":0.0348154603856,"d":"0.03"},{"v":0.000193915593803,"d":"0.00"},{"v":0.0271138703111,"d":"0.03"}]
[2,203,20307,{"v":15457.40134,"d":"15,457.40"},3346,{"v":0.216465881,"d":"0.22"},"M",430,20307000,{"v":299.682535299999,"d":"299.68"},1486,{"v":4.958580581,"d":"4.96"},{"v":0,"d":"0.00"},{"v":0.905906425,"d":"0.91"},{"v":1346.17694699999,"d":"1,346.18"},{"v":139.823052799999,"d":"139.82"},0,"0_20307000_531",{"v":179.539250571999,"d":"179.54"},{"v":0,"d":"0.00"},{"v":139.823052799999,"d":"139.82"},{"v":0,"d":"0.00"},"0_20307000_531_137","außerhalb GKL",{"v":2.22559215247,"d":"2.23"},{"v":0.0123961314608,"d":"0.01"},{"v":1.73326494376,"d":"1.73"}]
[2,203,20307,{"v":15457.40134,"d":"15,457.40"},3346,{"v":0.216465881,"d":"0.22"},"M",430,20307000,{"v":299.682535299999,"d":"299.68"},1486,{"v":4.958580581,"d":"4.96"},{"v":0,"d":"0.00"},{"v":0.905906425,"d":"0.91"},{"v":1346.17694699999,"d":"1,346.18"},{"v":139.823052799999,"d":"139.82"},0,"0_20307000_531",{"v":179.539250571999,"d":"179.54"},{"v":0,"d":"0.00"},{"v":139.823052799999,"d":"139.82"},{"v":0,"d":"0.00"},"0_20307000_531_138","außerhalb GKL",{"v":9.9297626301e-05,"d":"0.00"},{"v":5.53069181e-07,"d":"0.00"},{"v":7.733182132e-05,"d":"0.00"}]
[2,203,20307,{"v":15457.40134,"d":"15,457.40"},3346,{"v":0.216465881,"d":"0.22"},"M",430,20307000,{"v":299.682535299999,"d":"299.68"},1486,{"v":4.958580581,"d":"4.96"},{"v":0,"d":"0.00"},{"v":0.905906425,"d":"0.91"},{"v":1346.17694699999,"d":"1,346.18"},{"v":139.823052799999,"d":"139.82"},0,"0_20307000_531",{"v":179.539250571999,"d":"179.54"},{"v":0,"d":"0.00"},{"v":139.823052799999,"d":"139.82"},{"v":0,"d":"0.00"},"0_20307000_531_139","außerhalb GKL",{"v":0.00290389475189,"d":"0.00"},{"v":1.6174149901E-5,"d":"0.00"},{"v":0.00226151901562,"d":"0.00"}]
[2,203,20307,{"v":15457.40134,"d":"15,457.40"},3346,{"v":0.216465881,"d":"0.22"},"M",430,20307000,{"v":299.682535299999,"d":"299.68"},1486,{"v":4.958580581,"d":"4.96"},{"v":0,"d":"0.00"},{"v":0.905906425,"d":"0.91"},{"v":1346.17694699999,"d":"1,346.18"},{"v":139.823052799999,"d":"139.82"},0,"0_20307000_531",{"v":179.539250571999,"d":"179.54"},{"v":0,"d":"0.00"},{"v":139.823052799999,"d":"139.82"},{"v":0,"d":"0.00"},"0_20307000_531_140","außerhalb GKL",{"v":12.1331962956999,"d":"12.13"},{"v":0.0675796309556,"d":"0.07"},{"v":9.44919030730999,"d":"9.45"}]
[2,203,20307,{"v":15457.40134,"d":"15,457.40"},3346,{"v":0.216465881,"d":"0.22"},"M",430,20307000,{"v":299.682535299999,"d":"299.68"},1486,{"v":4.958580581,"d":"4.96"},{"v":0,"d":"0.00"},{"v":0.905906425,"d":"0.91"},{"v":1346.17694699999,"d":"1,346.18"},{"v":139.823052799999,"d":"139.82"},0,"0_20307000_531",{"v":179.539250571999,"d":"179.54"},{"v":0,"d":"0.00"},{"v":139.823052799999,"d":"139.82"},{"v":0,"d":"0.00"},"0_20307000_531_141","außerhalb GKL",{"v":0.483566287195,"d":"0.48"},{"v":0.00269337365314,"d":"0.00"},{"v":0.376595726513,"d":"0.38"}]
[2,203,20307,{"v":15457.40134,"d":"15,457.40"},3346,{"v":0.216465881,"d":"0.22"},"M",430,20307000,{"v":299.682535299999,"d":"299.68"},1486,{"v":4.958580581,"d":"4.96"},{"v":0,"d":"0.00"},{"v":0.905906425,"d":"0.91"},{"v":1346.17694699999,"d":"1,346.18"},{"v":139.823052799999,"d":"139.82"},0,"0_20307000_531",{"v":179.539250571999,"d":"179.54"},{"v":0,"d":"0.00"},{"v":139.823052799999,"d":"139.82"},{"v":0,"d":"0.00"},"0_20307000_531_142","außerhalb GKL",{"v":18.9900984398,"d":"18.99"},{"v":0.105771291677,"d":"0.11"},{"v":14.7892649008999,"d":"14.79"}]
[2,203,20307,{"v":15457.40134,"d":"15,457.40"},3346,{"v":0.216465881,"d":"0.22"},"M",430,20307000,{"v":299.682535299999,"d":"299.68"},1486,{"v":4.958580581,"d":"4.96"},{"v":0,"d":"0.00"},{"v":0.905906425,"d":"0.91"},{"v":1346.17694699999,"d":"1,346.18"},{"v":139.823052799999,"d":"139.82"},0,"0_20307000_531",{"v":179.539250571999,"d":"179.54"},{"v":0,"d":"0.00"},{"v":139.823052799999,"d":"139.82"},{"v":0,"d":"0.00"},"0_20307000_531_143","außerhalb GKL",{"v":0.464583503712,"d":"0.46"},{"v":0.0025876431044,"d":"0.00"},{"v":0.361812158414,"d":"0.36"}]
[2,203,20307,{"v":15457.40134,"d":"15,457.40"},3346,{"v":0.216465881,"d":"0.22"},"M",430,20307000,{"v":299.682535299999,"d":"299.68"},1486,{"v":4.958580581,"d":"4.96"},{"v":0,"d":"0.00"},{"v":0.905906425,"d":"0.91"},{"v":1346.17694699999,"d":"1,346.18"},{"v":139.823052799999,"d":"139.82"},0,"0_20307000_531",{"v":179.539250571999,"d":"179.54"},{"v":0,"d":"0.00"},{"v":139.823052799999,"d":"139.82"},{"v":0,"d":"0.00"},"0_20307000_531_144","außerhalb GKL",{"v":0.177848722668,"d":"0.18"},{"v":0.000990584076192,"d":"0.00"},{"v":0.138506489588,"d":"0.14"}]
[2,203,20307,{"v":15457.40134,"d":"15,457.40"},3346,{"v":0.216465881,"d":"0.22"},"M",430,20307000,{"v":299.682535299999,"d":"299.68"},1486,{"v":4.958580581,"d":"4.96"},{"v":0,"d":"0.00"},{"v":0.905906425,"d":"0.91"},{"v":1346.17694699999,"d":"1,346.18"},{"v":139.823052799999,"d":"139.82"},0,"0_20307000_531",{"v":179.539250571999,"d":"179.54"},{"v":0,"d":"0.00"},{"v":139.823052799999,"d":"139.82"},{"v":0,"d":"0.00"},"0_20307000_531_145","D",{"v":0.504577834103,"d":"0.50"},{"v":0.00281040403419,"d":"0.00"},{"v":0.392959271662,"d":"0.39"}]
[2,203,20307,{"v":15457.40134,"d":"15,457.40"},3346,{"v":0.216465881,"d":"0.22"},"M",430,20307000,{"v":299.682535299999,"d":"299.68"},1486,{"v":4.958580581,"d":"4.96"},{"v":0,"d":"0.00"},{"v":0.905906425,"d":"0.91"},{"v":1346.17694699999,"d":"1,346.18"},{"v":139.823052799999,"d":"139.82"},0,"0_20307000_531",{"v":179.539250571999,"d":"179.54"},{"v":0,"d":"0.00"},{"v":139.823052799999,"d":"139.82"},{"v":0,"d":"0.00"},"0_20307000_531_146","D",{"v":0.509197181995,"d":"0.51"},{"v":0.0028361329368,"d":"0.00"},{"v":0.39655676537,"d":"0.40"}]
[2,203,20307,{"v":15457.40134,"d":"15,457.40"},3346,{"v":0.216465881,"d":"0.22"},"M",430,20307000,{"v":299.682535299999,"d":"299.68"},1486,{"v":4.958580581,"d":"4.96"},{"v":0,"d":"0.00"},{"v":0.905906425,"d":"0.91"},{"v":1346.17694699999,"d":"1,346.18"},{"v":139.823052799999,"d":"139.82"},0,"0_20307000_531",{"v":179.539250571999,"d":"179.54"},{"v":0,"d":"0.00"},{"v":139.823052799999,"d":"139.82"},{"v":0,"d":"0.00"},"0_20307000_531_147","E",{"v":0.164309909132,"d":"0.16"},{"v":0.000915175420464,"d":"0.00"},{"v":0.127962621137,"d":"0.13"}]
[2,203,20307,{"v":15457.40134,"d":"15,457.40"},3346,{"v":0.216465881,"d":"0.22"},"M",430,20307000,{"v":299.682535299999,"d":"299.68"},1486,{"v":4.958580581,"d":"4.96"},{"v":0,"d":"0.00"},{"v":0.905906425,"d":"0.91"},{"v":1346.17694699999,"d":"1,346.18"},{"v":139.823052799999,"d":"139.82"},0,"0_20307000_531",{"v":179.539250571999,"d":"179.54"},{"v":0,"d":"0.00"},{"v":139.823052799999,"d":"139.82"},{"v":0,"d":"0.00"},"0_20307000_531_148","E",{"v":0.0151542636465,"d":"0.02"},{"v":8.4406410288e-05,"d":"0.00"},{"v":0.0118019619623,"d":"0.01"}]
[2,203,20307,{"v":15457.40134,"d":"15,457.40"},3346,{"v":0.216465881,"d":"0.22"},"M",430,20307000,{"v":299.682535299999,"d":"299.68"},1486,{"v":4.958580581,"d":"4.96"},{"v":0,"d":"0.00"},{"v":0.905906425,"d":"0.91"},{"v":1346.17694699999,"d":"1,346.18"},{"v":139.823052799999,"d":"139.82"},0,"0_20307000_531",{"v":179.539250571999,"d":"179.54"},{"v":0,"d":"0.00"},{"v":139.823052799999,"d":"139.82"},{"v":0,"d":"0.00"},"0_20307000_531_149","E",{"v":0.0389383533951,"d":"0.04"},{"v":2.16879335694E-4,"d":"0.00"},{"v":0.030324730806,"d":"0.03"}]
[2,203,20307,{"v":15457.40134,"d":"15,457.40"},3346,{"v":0.216465881,"d":"0.22"},"M",430,20307000,{"v":299.682535299999,"d":"299.68"},1486,{"v":4.958580581,"d":"4.96"},{"v":0,"d":"0.00"},{"v":0.905906425,"d":"0.91"},{"v":1346.17694699999,"d":"1,346.18"},{"v":139.823052799999,"d":"139.82"},0,"0_20307000_531",{"v":179.539250571999,"d":"179.54"},{"v":0,"d":"0.00"},{"v":139.823052799999,"d":"139.82"},{"v":0,"d":"0.00"},"0_20307000_531_150","E",{"v":0.0152499565837,"d":"0.02"},{"v":8.4939402026e-05,"d":"0.00"},{"v":0.0118764864942,"d":"0.01"}]
[2,203,20307,{"v":15457.40134,"d":"15,457.40"},3346,{"v":0.216465881,"d":"0.22"},"M",430,20307000,{"v":299.682535299999,"d":"299.68"},1486,{"v":4.958580581,"d":"4.96"},{"v":0,"d":"0.00"},{"v":0.905906425,"d":"0.91"},{"v":1346.17694699999,"d":"1,346.18"},{"v":139.823052799999,"d":"139.82"},0,"0_20307000_531",{"v":179.539250571999,"d":"179.54"},{"v":0,"d":"0.00"},{"v":139.823052799999,"d":"139.82"},{"v":0,"d":"0.00"},"0_20307000_531_151","E",{"v":0.187217904046,"d":"0.19"},{"v":0.00104276866172,"d":"0.00"},{"v":0.145803097646,"d":"0.15"}]
[2,203,20307,{"v":15457.40134,"d":"15,457.40"},3346,{"v":0.216465881,"d":"0.22"},"M",430,20307000,{"v":299.682535299999,"d":"299.68"},1486,{"v":4.958580581,"d":"4.96"},{"v":0,"d":"0.00"},{"v":0.905906425,"d":"0.91"},{"v":1346.17694699999,"d":"1,346.18"},{"v":139.823052799999,"d":"139.82"},0,"0_20307000_531",{"v":179.539250571999,"d":"179.54"},{"v":0,"d":"0.00"},{"v":139.823052799999,"d":"139.82"},{"v":0,"d":"0.00"},"0_20307000_531_152","E",{"v":0.288252183211,"d":"0.29"},{"v":0.00160551067409,"d":"0.00"},{"v":0.224487403754,"d":"0.22"}]
[2,203,20307,{"v":15457.40134,"d":"15,457.40"},3346,{"v":0.216465881,"d":"0.22"},"M",430,20307000,{"v":299.682535299999,"d":"299.68"},1486,{"v":4.958580581,"d":"4.96"},{"v":0,"d":"0.00"},{"v":0.905906425,"d":"0.91"},{"v":1346.17694699999,"d":"1,346.18"},{"v":139.823052799999,"d":"139.82"},0,"0_20307000_531",{"v":179.539250571999,"d":"179.54"},{"v":0,"d":"0.00"},{"v":139.823052799999,"d":"139.82"},{"v":0,"d":"0.00"},"0_20307000_531_153","E",{"v":0.318583426632,"d":"0.32"},{"v":0.00177445001924,"d":"0.00"},{"v":0.248109018731,"d":"0.25"}]
[2,203,20307,{"v":15457.40134,"d":"15,457.40"},3346,{"v":0.216465881,"d":"0.22"},"M",430,20307000,{"v":299.682535299999,"d":"299.68"},1486,{"v":4.958580581,"d":"4.96"},{"v":0,"d":"0.00"},{"v":0.905906425,"d":"0.91"},{"v":1346.17694699999,"d":"1,346.18"},{"v":139.823052799999,"d":"139.82"},0,"0_20307000_531",{"v":179.539250571999,"d":"179.54"},{"v":0,"d":"0.00"},{"v":139.823052799999,"d":"139.82"},{"v":0,"d":"0.00"},"0_20307000_531_154","E",{"v":0.224485476188,"d":"0.22"},{"v":0.00125034205876,"d":"0.00"},{"v":0.1748266437,"d":"0.17"}]
[2,203,20307,{"v":15457.40134,"d":"15,457.40"},3346,{"v":0.216465881,"d":"0.22"},"M",430,20307000,{"v":299.682535299999,"d":"299.68"},1486,{"v":4.958580581,"d":"4.96"},{"v":0,"d":"0.00"},{"v":0.905906425,"d":"0.91"},{"v":1346.17694699999,"d":"1,346.18"},{"v":139.823052799999,"d":"139.82"},0,"0_20307000_531",{"v":179.539250571999,"d":"179.54"},{"v":0,"d":"0.00"},{"v":139.823052799999,"d":"139.82"},{"v":0,"d":"0.00"},"0_20307000_531_155","E",{"v":0.516516175075,"d":"0.52"},{"v":2.87689835749E-3,"d":"0.00"},{"v":0.40225671094,"d":"0.40"}]
[2,203,20307,{"v":15457.40134,"d":"15,457.40"},3346,{"v":0.216465881,"d":"0.22"},"M",430,20307000,{"v":299.682535299999,"d":"299.68"},1486,{"v":4.958580581,"d":"4.96"},{"v":0,"d":"0.00"},{"v":0.905906425,"d":"0.91"},{"v":1346.17694699999,"d":"1,346.18"},{"v":139.823052799999,"d":"139.82"},0,"0_20307000_531",{"v":179.539250571999,"d":"179.54"},{"v":0,"d":"0.00"},{"v":139.823052799999,"d":"139.82"},{"v":0,"d":"0.00"},"0_20307000_531_156","E",{"v":1.0931422999,"d":"1.09"},{"v":0.00608859787716,"d":"0.01"},{"v":0.851326342456,"d":"0.85"}]
[2,203,20307,{"v":15457.40134,"d":"15,457.40"},3346,{"v":0.216465881,"d":"0.22"},"M",430,20307000,{"v":299.682535299999,"d":"299.68"},1486,{"v":4.958580581,"d":"4.96"},{"v":0,"d":"0.00"},{"v":0.905906425,"d":"0.91"},{"v":1346.17694699999,"d":"1,346.18"},{"v":139.823052799999,"d":"139.82"},0,"0_20307000_531",{"v":179.539250571999,"d":"179.54"},{"v":0,"d":"0.00"},{"v":139.823052799999,"d":"139.82"},{"v":0,"d":"0.00"},"0_20307000_531_157","E",{"v":2.34903486022,"d":"2.35"},{"v":0.0130836842236,"d":"0.01"},{"v":1.82940067001,"d":"1.83"}]
[2,203,20307,{"v":15457.40134,"d":"15,457.40"},3346,{"v":0.216465881,"d":"0.22"},"M",430,20307000,{"v":299.682535299999,"d":"299.68"},1486,{"v":4.958580581,"d":"4.96"},{"v":0,"d":"0.00"},{"v":0.905906425,"d":"0.91"},{"v":1346.17694699999,"d":"1,346.18"},{"v":139.823052799999,"d":"139.82"},0,"0_20307000_531",{"v":179.539250571999,"d":"179.54"},{"v":0,"d":"0.00"},{"v":139.823052799999,"d":"139.82"},{"v":0,"d":"0.00"},"0_20307000_531_158","E",{"v":0.072525444372,"d":"0.07"},{"v":0.000403953141951,"d":"0.00"},{"v":0.0564819614957,"d":"0.06"}]
[2,203,20307,{"v":15457.40134,"d":"15,457.40"},3346,{"v":0.216465881,"d":"0.22"},"M",430,20307000,{"v":299.682535299999,"d":"299.68"},1486,{"v":4.958580581,"d":"4.96"},{"v":0,"d":"0.00"},{"v":0.905906425,"d":"0.91"},{"v":1346.17694699999,"d":"1,346.18"},{"v":139.823052799999,"d":"139.82"},0,"0_20307000_531",{"v":179.539250571999,"d":"179.54"},{"v":0,"d":"0.00"},{"v":139.823052799999,"d":"139.82"},{"v":0,"d":"0.00"},"0_20307000_531_159","E",{"v":0.264683456471,"d":"0.26"},{"v":1.4742372803E-3,"d":"0.00"},{"v":0.206132357083,"d":"0.21"}]
[2,203,20307,{"v":15457.40134,"d":"15,457.40"},3346,{"v":0.216465881,"d":"0.22"},"M",430,20307000,{"v":299.682535299999,"d":"299.68"},1486,{"v":4.958580581,"d":"4.96"},{"v":0,"d":"0.00"},{"v":0.905906425,"d":"0.91"},{"v":1346.17694699999,"d":"1,346.18"},{"v":139.823052799999,"d":"139.82"},0,"0_20307000_531",{"v":179.539250571999,"d":"179.54"},{"v":0,"d":"0.00"},{"v":139.823052799999,"d":"139.82"},{"v":0,"d":"0.00"},"0_20307000_531_160","E",{"v":1.88026645811,"d":"1.88"},{"v":0.0104727320189,"d":"0.01"},{"v":1.46432936204,"d":"1.46"}]
[2,203,20307,{"v":15457.40134,"d":"15,457.40"},3346,{"v":0.216465881,"d":"0.22"},"M",430,20307000,{"v":299.682535299999,"d":"299.68"},1486,{"v":4.958580581,"d":"4.96"},{"v":0,"d":"0.00"},{"v":0.905906425,"d":"0.91"},{"v":1346.17694699999,"d":"1,346.18"},{"v":139.823052799999,"d":"139.82"},0,"0_20307000_531",{"v":179.539250571999,"d":"179.54"},{"v":0,"d":"0.00"},{"v":139.823052799999,"d":"139.82"},{"v":0,"d":"0.00"},"0_20307000_531_161","E",{"v":4.49491623715,"d":"4.49"},{"v":0.0250358415936,"d":"0.03"},{"v":3.50058780103,"d":"3.50"}]
[2,203,20307,{"v":15457.40134,"d":"15,457.40"},3346,{"v":0.216465881,"d":"0.22"},"M",430,20307000,{"v":299.682535299999,"d":"299.68"},1486,{"v":4.958580581,"d":"4.96"},{"v":0,"d":"0.00"},{"v":0.905906425,"d":"0.91"},{"v":1346.17694699999,"d":"1,346.18"},{"v":139.823052799999,"d":"139.82"},0,"0_20307000_531",{"v":179.539250571999,"d":"179.54"},{"v":0,"d":"0.00"},{"v":139.823052799999,"d":"139.82"},{"v":0,"d":"0.00"},"0_20307000_531_162","E",{"v":0.0775624577076,"d":"0.08"},{"v":0.000432008362854,"d":"0.00"},{"v":0.0604047281294,"d":"0.06"}]
[2,203,20307,{"v":15457.40134,"d":"15,457.40"},3346,{"v":0.216465881,"d":"0.22"},"M",430,20307000,{"v":299.682535299999,"d":"299.68"},1486,{"v":4.958580581,"d":"4.96"},{"v":0,"d":"0.00"},{"v":0.905906425,"d":"0.91"},{"v":1346.17694699999,"d":"1,346.18"},{"v":139.823052799999,"d":"139.82"},0,"0_20307000_531",{"v":179.539250571999,"d":"179.54"},{"v":0,"d":"0.00"},{"v":139.823052799999,"d":"139.82"},{"v":0,"d":"0.00"},"0_20307000_531_163","F",{"v":0.0724191861138,"d":"0.07"},{"v":0.000403361303353,"d":"0.00"},{"v":0.0563992088162,"d":"0.06"}]
[2,203,20307,{"v":15457.40134,"d":"15,457.40"},3346,{"v":0.216465881,"d":"0.22"},"M",430,20307000,{"v":299.682535299999,"d":"299.68"},1486,{"v":4.958580581,"d":"4.96"},{"v":0,"d":"0.00"},{"v":0.905906425,"d":"0.91"},{"v":1346.17694699999,"d":"1,346.18"},{"v":139.823052799999,"d":"139.82"},0,"0_20307000_531",{"v":179.539250571999,"d":"179.54"},{"v":0,"d":"0.00"},{"v":139.823052799999,"d":"139.82"},{"v":0,"d":"0.00"},"0_20307000_531_164","F",{"v":1.40888987521,"d":"1.41"},{"v":0.00784725273566,"d":"0.01"},{"v":1.09722683359,"d":"1.10"}]
[2,203,20307,{"v":15457.40134,"d":"15,457.40"},3346,{"v":0.216465881,"d":"0.22"},"M",430,20307000,{"v":299.682535299999,"d":"299.68"},1486,{"v":4.958580581,"d":"4.96"},{"v":0,"d":"0.00"},{"v":0.905906425,"d":"0.91"},{"v":1346.17694699999,"d":"1,346.18"},{"v":139.823052799999,"d":"139.82"},0,"0_20307000_531",{"v":179.539250571999,"d":"179.54"},{"v":0,"d":"0.00"},{"v":139.823052799999,"d":"139.82"},{"v":0,"d":"0.00"},"0_20307000_531_165","F",{"v":1.96981357329,"d":"1.97"},{"v":0.0109714926793,"d":"0.01"},{"v":1.53406760019,"d":"1.53"}]
[2,203,20307,{"v":15457.40134,"d":"15,457.40"},3346,{"v":0.216465881,"d":"0.22"},"M",430,20307000,{"v":299.682535299999,"d":"299.68"},1486,{"v":4.958580581,"d":"4.96"},{"v":0,"d":"0.00"},{"v":0.905906425,"d":"0.91"},{"v":1346.17694699999,"d":"1,346.18"},{"v":139.823052799999,"d":"139.82"},0,"0_20307000_531",{"v":179.539250571999,"d":"179.54"},{"v":0,"d":"0.00"},{"v":139.823052799999,"d":"139.82"},{"v":0,"d":"0.00"},"0_20307000_531_166","F",{"v":1.18134677703,"d":"1.18"},{"v":0.00657988029507,"d":"0.01"},{"v":0.920018949915,"d":"0.92"}]
[2,203,20307,{"v":15457.40134,"d":"15,457.40"},3346,{"v":0.216465881,"d":"0.22"},"M",430,20307000,{"v":299.682535299999,"d":"299.68"},1486,{"v":4.958580581,"d":"4.96"},{"v":0,"d":"0.00"},{"v":0.905906425,"d":"0.91"},{"v":1346.17694699999,"d":"1,346.18"},{"v":139.823052799999,"d":"139.82"},0,"0_20307000_531",{"v":179.539250571999,"d":"179.54"},{"v":0,"d":"0.00"},{"v":139.823052799999,"d":"139.82"},{"v":0,"d":"0.00"},"0_20307000_531_167","F",{"v":0.160395963402,"d":"0.16"},{"v":0.000893375475786,"d":"0.00"},{"v":0.124914486321,"d":"0.12"}]
[2,203,20307,{"v":15457.40134,"d":"15,457.40"},3346,{"v":0.216465881,"d":"0.22"},"M",430,20307000,{"v":299.682535299999,"d":"299.68"},1486,{"v":4.958580581,"d":"4.96"},{"v":0,"d":"0.00"},{"v":0.905906425,"d":"0.91"},{"v":1346.17694699999,"d":"1,346.18"},{"v":139.823052799999,"d":"139.82"},0,"0_20307000_531",{"v":179.539250571999,"d":"179.54"},{"v":0,"d":"0.00"},{"v":139.823052799999,"d":"139.82"},{"v":0,"d":"0.00"},"0_20307000_531_168","F",{"v":14.2131419413,"d":"14.21"},{"v":0.0791645386511,"d":"0.08"},{"v":11.0690274677,"d":"11.07"}]
[2,203,20307,{"v":15457.40134,"d":"15,457.40"},3346,{"v":0.216465881,"d":"0.22"},"M",430,20307000,{"v":299.682535299999,"d":"299.68"},1486,{"v":4.958580581,"d":"4.96"},{"v":0,"d":"0.00"},{"v":0.905906425,"d":"0.91"},{"v":1346.17694699999,"d":"1,346.18"},{"v":139.823052799999,"d":"139.82"},0,"0_20307000_531",{"v":179.539250571999,"d":"179.54"},{"v":0,"d":"0.00"},{"v":139.823052799999,"d":"139.82"},{"v":0,"d":"0.00"},"0_20307000_531_169","F",{"v":0.335487770952,"d":"0.34"},{"v":1.86860405111E-3,"d":"0.00"},{"v":0.261273922901,"d":"0.26"}]
[2,203,20307,{"v":15457.40134,"d":"15,457.40"},3346,{"v":0.216465881,"d":"0.22"},"M",430,20307000,{"v":299.682535299999,"d":"299.68"},1486,{"v":4.958580581,"d":"4.96"},{"v":0,"d":"0.00"},{"v":0.905906425,"d":"0.91"},{"v":1346.17694699999,"d":"1,346.18"},{"v":139.823052799999,"d":"139.82"},0,"0_20307000_531",{"v":179.539250571999,"d":"179.54"},{"v":0,"d":"0.00"},{"v":139.823052799999,"d":"139.82"},{"v":0,"d":"0.00"},"0_20307000_531_170","F",{"v":0.0379325017923,"d":"0.04"},{"v":0.000211276930651,"d":"0.00"},{"v":0.0295413854298,"d":"0.03"}]
[2,203,20307,{"v":15457.40134,"d":"15,457.40"},3346,{"v":0.216465881,"d":"0.22"},"M",430,20307000,{"v":299.682535299999,"d":"299.68"},1486,{"v":4.958580581,"d":"4.96"},{"v":0,"d":"0.00"},{"v":0.905906425,"d":"0.91"},{"v":1346.17694699999,"d":"1,346.18"},{"v":139.823052799999,"d":"139.82"},0,"0_20307000_531",{"v":179.539250571999,"d":"179.54"},{"v":0,"d":"0.00"},{"v":139.823052799999,"d":"139.82"},{"v":0,"d":"0.00"},"0_20307000_531_171","F",{"v":0.000509902289687,"d":"0.00"},{"v":2.840060255e-06,"d":"0.00"},{"v":0.000397105894931,"d":"0.00"}]
[2,203,20307,{"v":15457.40134,"d":"15,457.40"},3346,{"v":0.216465881,"d":"0.22"},"M",430,20307000,{"v":299.682535299999,"d":"299.68"},1486,{"v":4.958580581,"d":"4.96"},{"v":0,"d":"0.00"},{"v":0.905906425,"d":"0.91"},{"v":1346.17694699999,"d":"1,346.18"},{"v":139.823052799999,"d":"139.82"},0,"0_20307000_531",{"v":179.539250571999,"d":"179.54"},{"v":0,"d":"0.00"},{"v":139.823052799999,"d":"139.82"},{"v":0,"d":"0.00"},"0_20307000_531_172","F",{"v":0.17173697812,"d":"0.17"},{"v":0.00095654280372,"d":"0.00"},{"v":0.13374673495,"d":"0.13"}]
[2,203,20307,{"v":15457.40134,"d":"15,457.40"},3346,{"v":0.216465881,"d":"0.22"},"M",430,20307000,{"v":299.682535299999,"d":"299.68"},1486,{"v":4.958580581,"d":"4.96"},{"v":0,"d":"0.00"},{"v":0.905906425,"d":"0.91"},{"v":1346.17694699999,"d":"1,346.18"},{"v":139.823052799999,"d":"139.82"},0,"0_20307000_531",{"v":179.539250571999,"d":"179.54"},{"v":0,"d":"0.00"},{"v":139.823052799999,"d":"139.82"},{"v":0,"d":"0.00"},"0_20307000_531_173","F",{"v":0.147898723982,"d":"0.15"},{"v":8.23768192809E-4,"d":"0.00"},{"v":0.115181783518,"d":"0.12"}]
[2,203,20307,{"v":15457.40134,"d":"15,457.40"},3346,{"v":0.216465881,"d":"0.22"},"M",430,20307000,{"v":299.682535299999,"d":"299.68"},1486,{"v":4.958580581,"d":"4.96"},{"v":0,"d":"0.00"},{"v":0.905906425,"d":"0.91"},{"v":1346.17694699999,"d":"1,346.18"},{"v":139.823052799999,"d":"139.82"},0,"0_20307000_531",{"v":179.539250571999,"d":"179.54"},{"v":0,"d":"0.00"},{"v":139.823052799999,"d":"139.82"},{"v":0,"d":"0.00"},"0_20307000_531_174","F",{"v":0.111052076223,"d":"0.11"},{"v":0.000618539265755,"d":"0.00"},{"v":0.0864860484145,"d":"0.09"}]
[2,203,20307,{"v":15457.40134,"d":"15,457.40"},3346,{"v":0.216465881,"d":"0.22"},"M",430,20307000,{"v":299.682535299999,"d":"299.68"},1486,{"v":4.958580581,"d":"4.96"},{"v":0,"d":"0.00"},{"v":0.905906425,"d":"0.91"},{"v":1346.17694699999,"d":"1,346.18"},{"v":139.823052799999,"d":"139.82"},0,"0_20307000_531",{"v":179.539250571999,"d":"179.54"},{"v":0,"d":"0.00"},{"v":139.823052799999,"d":"139.82"},{"v":0,"d":"0.00"},"0_20307000_531_175","F",{"v":1.89178565998,"d":"1.89"},{"v":0.0105368918159,"d":"0.01"},{"v":1.47330038072,"d":"1.47"}]
[2,203,20307,{"v":15457.40134,"d":"15,457.40"},3346,{"v":0.216465881,"d":"0.22"},"M",430,20307000,{"v":299.682535299999,"d":"299.68"},1486,{"v":4.958580581,"d":"4.96"},{"v":0,"d":"0.00"},{"v":0.905906425,"d":"0.91"},{"v":1346.17694699999,"d":"1,346.18"},{"v":139.823052799999,"d":"139.82"},0,"0_20307000_531",{"v":179.539250571999,"d":"179.54"},{"v":0,"d":"0.00"},{"v":139.823052799999,"d":"139.82"},{"v":0,"d":"0.00"},"0_20307000_531_176","F",{"v":0.0130983806909,"d":"0.01"},{"v":7.2955527269e-05,"d":"0.00"},{"v":0.0102008645413,"d":"0.01"}]
[2,203,20307,{"v":15457.40134,"d":"15,457.40"},3346,{"v":0.216465881,"d":"0.22"},"M",430,20307000,{"v":299.682535299999,"d":"299.68"},1486,{"v":4.958580581,"d":"4.96"},{"v":0,"d":"0.00"},{"v":0.905906425,"d":"0.91"},{"v":1346.17694699999,"d":"1,346.18"},{"v":139.823052799999,"d":"139.82"},0,"0_20307000_531",{"v":179.539250571999,"d":"179.54"},{"v":0,"d":"0.00"},{"v":139.823052799999,"d":"139.82"},{"v":0,"d":"0.00"},"0_20307000_531_177","F",{"v":4.67736941575,"d":"4.68"},{"v":0.0260520716269,"d":"0.03"},{"v":3.64268018664,"d":"3.64"}]
[2,203,20307,{"v":15457.40134,"d":"15,457.40"},3346,{"v":0.216465881,"d":"0.22"},"M",430,20307000,{"v":299.682535299999,"d":"299.68"},1486,{"v":4.958580581,"d":"4.96"},{"v":0,"d":"0.00"},{"v":0.905906425,"d":"0.91"},{"v":1346.17694699999,"d":"1,346.18"},{"v":139.823052799999,"d":"139.82"},0,"0_20307000_531",{"v":179.539250571999,"d":"179.54"},{"v":0,"d":"0.00"},{"v":139.823052799999,"d":"139.82"},{"v":0,"d":"0.00"},"0_20307000_531_178","F",{"v":3.98815081932,"d":"3.99"},{"v":0.0222132531277,"d":"0.02"},{"v":3.10592486493,"d":"3.11"}]
[2,203,20307,{"v":15457.40134,"d":"15,457.40"},3346,{"v":0.216465881,"d":"0.22"},"M",430,20307000,{"v":299.682535299999,"d":"299.68"},1486,{"v":4.958580581,"d":"4.96"},{"v":0,"d":"0.00"},{"v":0.905906425,"d":"0.91"},{"v":1346.17694699999,"d":"1,346.18"},{"v":139.823052799999,"d":"139.82"},0,"0_20307000_531",{"v":179.539250571999,"d":"179.54"},{"v":0,"d":"0.00"},{"v":139.823052799999,"d":"139.82"},{"v":0,"d":"0.00"},"0_20307000_531_179","F",{"v":4.12227187809,"d":"4.12"},{"v":0.0229602823057,"d":"0.02"},{"v":3.21037676513,"d":"3.21"}]
[2,203,20307,{"v":15457.40134,"d":"15,457.40"},3346,{"v":0.216465881,"d":"0.22"},"M",430,20307000,{"v":299.682535299999,"d":"299.68"},1486,{"v":4.958580581,"d":"4.96"},{"v":0,"d":"0.00"},{"v":0.905906425,"d":"0.91"},{"v":1346.17694699999,"d":"1,346.18"},{"v":139.823052799999,"d":"139.82"},0,"0_20307000_531",{"v":179.539250571999,"d":"179.54"},{"v":0,"d":"0.00"},{"v":139.823052799999,"d":"139.82"},{"v":0,"d":"0.00"},"0_20307000_531_180","F",{"v":4.61005695761,"d":"4.61"},{"v":0.025677153842,"d":"0.03"},{"v":3.5902580374,"d":"3.59"}]
[2,203,20307,{"v":15457.40134,"d":"15,457.40"},3346,{"v":0.216465881,"d":"0.22"},"M",430,20307000,{"v":299.682535299999,"d":"299.68"},1486,{"v":4.958580581,"d":"4.96"},{"v":0,"d":"0.00"},{"v":0.905906425,"d":"0.91"},{"v":1346.17694699999,"d":"1,346.18"},{"v":139.823052799999,"d":"139.82"},0,"0_20307000_531",{"v":179.539250571999,"d":"179.54"},{"v":0,"d":"0.00"},{"v":139.823052799999,"d":"139.82"},{"v":0,"d":"0.00"},"0_20307000_531_181","F",{"v":0.959236716537,"d":"0.96"},{"v":0.00534276885684,"d":"0.01"},{"v":0.747042251968,"d":"0.75"}]
[2,203,20307,{"v":15457.40134,"d":"15,457.40"},3346,{"v":0.216465881,"d":"0.22"},"M",430,20307000,{"v":299.682535299999,"d":"299.68"},1486,{"v":4.958580581,"d":"4.96"},{"v":0,"d":"0.00"},{"v":0.905906425,"d":"0.91"},{"v":1346.17694699999,"d":"1,346.18"},{"v":139.823052799999,"d":"139.82"},0,"0_20307000_531",{"v":179.539250571999,"d":"179.54"},{"v":0,"d":"0.00"},{"v":139.823052799999,"d":"139.82"},{"v":0,"d":"0.00"},"0_20307000_531_182","G",{"v":0.0308758106985,"d":"0.03"},{"v":0.000171972482898,"d":"0.00"},{"v":0.0240457175564,"d":"0.02"}]
[2,203,20307,{"v":15457.40134,"d":"15,457.40"},3346,{"v":0.216465881,"d":"0.22"},"M",430,20307000,{"v":299.682535299999,"d":"299.68"},1486,{"v":4.958580581,"d":"4.96"},{"v":0,"d":"0.00"},{"v":0.905906425,"d":"0.91"},{"v":1346.17694699999,"d":"1,346.18"},{"v":139.823052799999,"d":"139.82"},0,"0_20307000_531",{"v":179.539250571999,"d":"179.54"},{"v":0,"d":"0.00"},{"v":139.823052799999,"d":"139.82"},{"v":0,"d":"0.00"},"0_20307000_531_183","G",{"v":25.0276974772,"d":"25.03"},{"v":0.139399587541,"d":"0.14"},{"v":19.491275889,"d":"19.49"}]
[2,203,20307,{"v":15457.40134,"d":"15,457.40"},3346,{"v":0.216465881,"d":"0.22"},"M",430,20307000,{"v":299.682535299999,"d":"299.68"},1486,{"v":4.958580581,"d":"4.96"},{"v":0,"d":"0.00"},{"v":0.905906425,"d":"0.91"},{"v":1346.17694699999,"d":"1,346.18"},{"v":139.823052799999,"d":"139.82"},0,"0_20307000_531",{"v":179.539250571999,"d":"179.54"},{"v":0,"d":"0.00"},{"v":139.823052799999,"d":"139.82"},{"v":0,"d":"0.00"},"0_20307000_531_184","G",{"v":8.2190848748,"d":"8.22"},{"v":0.0457787634103,"d":"0.05"},{"v":6.40092645344,"d":"6.40"}]
[2,203,20307,{"v":15457.40134,"d":"15,457.40"},3346,{"v":0.216465881,"d":"0.22"},"M",430,20307000,{"v":299.682535299999,"d":"299.68"},1486,{"v":4.958580581,"d":"4.96"},{"v":0,"d":"0.00"},{"v":0.905906425,"d":"0.91"},{"v":1346.17694699999,"d":"1,346.18"},{"v":139.823052799999,"d":"139.82"},0,"0_20307000_531",{"v":179.539250571999,"d":"179.54"},{"v":0,"d":"0.00"},{"v":139.823052799999,"d":"139.82"},{"v":0,"d":"0.00"},"0_20307000_531_185","G",{"v":0.0675625002057,"d":"0.07"},{"v":0.000376310472448,"d":"0.00"},{"v":0.0526168790583,"d":"0.05"}]
[2,203,20307,{"v":15457.40134,"d":"15,457.40"},3346,{"v":0.216465881,"d":"0.22"},"M",430,20307000,{"v":299.682535299999,"d":"299.68"},1486,{"v":4.958580581,"d":"4.96"},{"v":0,"d":"0.00"},{"v":0.905906425,"d":"0.91"},{"v":1346.17694699999,"d":"1,346.18"},{"v":139.823052799999,"d":"139.82"},0,"0_20307000_531",{"v":179.539250571999,"d":"179.54"},{"v":0,"d":"0.00"},{"v":139.823052799999,"d":"139.82"},{"v":0,"d":"0.00"},"0_20307000_531_186","G",{"v":0.0598963314428,"d":"0.06"},{"v":3.33611348226E-4,"d":"0.00"},{"v":0.0466465571577,"d":"0.05"}]
[2,203,20307,{"v":15457.40134,"d":"15,457.40"},3346,{"v":0.216465881,"d":"0.22"},"M",430,20307000,{"v":299.682535299999,"d":"299.68"},1486,{"v":4.958580581,"d":"4.96"},{"v":0,"d":"0.00"},{"v":0.905906425,"d":"0.91"},{"v":1346.17694699999,"d":"1,346.18"},{"v":139.823052799999,"d":"139.82"},0,"0_20307000_531",{"v":179.539250571999,"d":"179.54"},{"v":0,"d":"0.00"},{"v":139.823052799999,"d":"139.82"},{"v":0,"d":"0.00"},"0_20307000_531_187","G",{"v":0.0745828810863,"d":"0.07"},{"v":0.000415412679114,"d":"0.00"},{"v":0.0580842689655,"d":"0.06"}]
[2,203,20307,{"v":15457.40134,"d":"15,457.40"},3346,{"v":0.216465881,"d":"0.22"},"M",430,20307000,{"v":299.682535299999,"d":"299.68"},1486,{"v":4.958580581,"d":"4.96"},{"v":0,"d":"0.00"},{"v":0.905906425,"d":"0.91"},{"v":1346.17694699999,"d":"1,346.18"},{"v":139.823052799999,"d":"139.82"},0,"0_20307000_531",{"v":179.539250571999,"d":"179.54"},{"v":0,"d":"0.00"},{"v":139.823052799999,"d":"139.82"},{"v":0,"d":"0.00"},"0_20307000_531_188","G",{"v":8.25517373984999,"d":"8.26"},{"v":0.0459797716296,"d":"0.05"},{"v":6.4290320363,"d":"6.43"}]
[2,203,20307,{"v":15457.40134,"d":"15,457.40"},3346,{"v":0.216465881,"d":"0.22"},"M",430,20307000,{"v":299.682535299999,"d":"299.68"},1486,{"v":4.958580581,"d":"4.96"},{"v":0,"d":"0.00"},{"v":0.905906425,"d":"0.91"},{"v":1346.17694699999,"d":"1,346.18"},{"v":139.823052799999,"d":"139.82"},0,"0_20307000_531",{"v":179.539250571999,"d":"179.54"},{"v":0,"d":"0.00"},{"v":139.823052799999,"d":"139.82"},{"v":0,"d":"0.00"},"0_20307000_531_189","G",{"v":7.74813062637,"d":"7.75"},{"v":0.043155636451,"d":"0.04"},{"v":6.03415283411,"d":"6.03"}]
[2,203,20307,{"v":15457.40134,"d":"15,457.40"},3346,{"v":0.216465881,"d":"0.22"},"M",430,20307000,{"v":299.682535299999,"d":"299.68"},1486,{"v":4.958580581,"d":"4.96"},{"v":0,"d":"0.00"},{"v":0.905906425,"d":"0.91"},{"v":1346.17694699999,"d":"1,346.18"},{"v":139.823052799999,"d":"139.82"},0,"0_20307000_531",{"v":179.539250571999,"d":"179.54"},{"v":0,"d":"0.00"},{"v":139.823052799999,"d":"139.82"},{"v":0,"d":"0.00"},"0_20307000_531_190","G",{"v":30.3501945008999,"d":"30.35"},{"v":0.169044899119,"d":"0.17"},{"v":23.6363738551,"d":"23.64"}]
[2,203,20307,{"v":15457.40134,"d":"15,457.40"},3346,{"v":0.216465881,"d":"0.22"},"M",430,20307000,{"v":299.682535299999,"d":"299.68"},1486,{"v":4.958580581,"d":"4.96"},{"v":0,"d":"0.00"},{"v":0.905906425,"d":"0.91"},{"v":1346.17694699999,"d":"1,346.18"},{"v":139.823052799999,"d":"139.82"},0,"0_20307000_531",{"v":179.539250571999,"d":"179.54"},{"v":0,"d":"0.00"},{"v":139.823052799999,"d":"139.82"},{"v":0,"d":"0.00"},"0_20307000_531_191","G",{"v":7.04186868391,"d":"7.04"},{"v":0.0392218897064,"d":"0.04"},{"v":5.48412435533,"d":"5.48"}]
[2,203,20307,{"v":15457.40134,"d":"15,457.40"},3346,{"v":0.216465881,"d":"0.22"},"M",430,20307000,{"v":299.682535299999,"d":"299.68"},1486,{"v":4.958580581,"d":"4.96"},{"v":0,"d":"0.00"},{"v":0.905906425,"d":"0.91"},{"v":1346.17694699999,"d":"1,346.18"},{"v":139.823052799999,"d":"139.82"},0,"0_20307000_531",{"v":179.539250571999,"d":"179.54"},{"v":0,"d":"0.00"},{"v":139.823052799999,"d":"139.82"},{"v":0,"d":"0.00"},"0_20307000_531_192","G",{"v":0.268516962656,"d":"0.27"},{"v":0.00149558919178,"d":"0.00"},{"v":0.209117846529,"d":"0.21"}]
[2,203,20307,{"v":15457.40134,"d":"15,457.40"},3346,{"v":0.216465881,"d":"0.22"},"M",430,20307000,{"v":299.682535299999,"d":"299.68"},1486,{"v":4.958580581,"d":"4.96"},{"v":0,"d":"0.00"},{"v":0.905906425,"d":"0.91"},{"v":1346.17694699999,"d":"1,346.18"},{"v":139.823052799999,"d":"139.82"},0,"0_20307000_531",{"v":179.539250571999,"d":"179.54"},{"v":0,"d":"0.00"},{"v":139.823052799999,"d":"139.82"},{"v":0,"d":"0.00"},"0_20307000_531_193","G",{"v":0.228643807412,"d":"0.23"},{"v":1.27350318487E-3,"d":"0.00"},{"v":0.178065103059,"d":"0.18"}]
[2,203,20307,{"v":15457.40134,"d":"15,457.40"},3346,{"v":0.216465881,"d":"0.22"},"M",430,20307000,{"v":299.682535299999,"d":"299.68"},1486,{"v":4.958580581,"d":"4.96"},{"v":0,"d":"0.00"},{"v":0.905906425,"d":"0.91"},{"v":1346.17694699999,"d":"1,346.18"},{"v":139.823052799999,"d":"139.82"},0,"0_20307000_531",{"v":179.539250571999,"d":"179.54"},{"v":0,"d":"0.00"},{"v":139.823052799999,"d":"139.82"},{"v":0,"d":"0.00"},"0_20307000_531_194","G",{"v":0.00501073315327,"d":"0.01"},{"v":2.790884521e-05,"d":"0.00"},{"v":0.00390229993733,"d":"0.00"}]
[2,203,20307,{"v":15457.40134,"d":"15,457.40"},3346,{"v":0.216465881,"d":"0.22"},"M",430,20307000,{"v":299.682535299999,"d":"299.68"},1486,{"v":4.958580581,"d":"4.96"},{"v":0,"d":"0.00"},{"v":0.905906425,"d":"0.91"},{"v":1346.17694699999,"d":"1,346.18"},{"v":139.823052799999,"d":"139.82"},0,"0_20307000_531",{"v":179.539250571999,"d":"179.54"},{"v":0,"d":"0.00"},{"v":139.823052799999,"d":"139.82"},{"v":0,"d":"0.00"},"0_20307000_531_195","G",{"v":0.193795576651,"d":"0.19"},{"v":1.07940506621E-3,"d":"0.00"},{"v":0.150925711565,"d":"0.15"}]
[2,203,20307,{"v":15457.40134,"d":"15,457.40"},3346,{"v":0.216465881,"d":"0.22"},"M",430,20307000,{"v":299.682535299999,"d":"299.68"},1486,{"v":4.958580581,"d":"4.96"},{"v":0,"d":"0.00"},{"v":0.905906425,"d":"0.91"},{"v":1346.17694699999,"d":"1,346.18"},{"v":139.823052799999,"d":"139.82"},0,"0_20307000_531",{"v":179.539250571999,"d":"179.54"},{"v":0,"d":"0.00"},{"v":139.823052799999,"d":"139.82"},{"v":0,"d":"0.00"},"0_20307000_531_196","G",{"v":0.0143270598922,"d":"0.01"},{"v":7.9799040302e-05,"d":"0.00"},{"v":0.0111577454255,"d":"0.01"}]
[2,203,20307,{"v":15457.40134,"d":"15,457.40"},3346,{"v":0.216465881,"d":"0.22"},"M",430,20307000,{"v":299.682535299999,"d":"299.68"},1486,{"v":4.958580581,"d":"4.96"},{"v":0,"d":"0.00"},{"v":0.905906425,"d":"0.91"},{"v":1346.17694699999,"d":"1,346.18"},{"v":139.823052799999,"d":"139.82"},0,"0_20307000_531",{"v":179.539250571999,"d":"179.54"},{"v":0,"d":"0.00"},{"v":139.823052799999,"d":"139.82"},{"v":0,"d":"0.00"},"0_20307000_531_197","G",{"v":2.07014384172,"d":"2.07"},{"v":0.0115303134837,"d":"0.01"},{"v":1.61220363103,"d":"1.61"}]
[2,203,20307,{"v":15457.40134,"d":"15,457.40"},3346,{"v":0.216465881,"d":"0.22"},"M",430,20307001,{"v":3564.41438967,"d":"3,564.41"},406,{"v":0.113903704,"d":"0.11"},{"v":0,"d":"0.00"},{"v":0.905906425,"d":"0.91"},{"v":367.798008499999,"d":"367.80"},{"v":38.20199154,"d":"38.20"},0,"0_20307001_532",{"v":3529.86478988999,"d":"3,529.86"},{"v":0,"d":"0.00"},{"v":38.20199154,"d":"38.20"},{"v":0,"d":"0.00"},"0_20307001_532_198","außerhalb GKL",{"v":3182.72845882999,"d":"3,182.73"},{"v":0.901657329183,"d":"0.90"},{"v":34.4451056614,"d":"34.45"}]
[2,203,20307,{"v":15457.40134,"d":"15,457.40"},3346,{"v":0.216465881,"d":"0.22"},"M",430,20307001,{"v":3564.41438967,"d":"3,564.41"},406,{"v":0.113903704,"d":"0.11"},{"v":0,"d":"0.00"},{"v":0.905906425,"d":"0.91"},{"v":367.798008499999,"d":"367.80"},{"v":38.20199154,"d":"38.20"},0,"0_20307001_532",{"v":3529.86478988999,"d":"3,529.86"},{"v":0,"d":"0.00"},{"v":38.20199154,"d":"38.20"},{"v":0,"d":"0.00"},"0_20307001_532_199","außerhalb GKL",{"v":0.0596725957002,"d":"0.06"},{"v":1.6905065563e-05,"d":"0.00"},{"v":6.45807171606E-4,"d":"0.00"}]
[2,203,20307,{"v":15457.40134,"d":"15,457.40"},3346,{"v":0.216465881,"d":"0.22"},"M",430,20307001,{"v":3564.41438967,"d":"3,564.41"},406,{"v":0.113903704,"d":"0.11"},{"v":0,"d":"0.00"},{"v":0.905906425,"d":"0.91"},{"v":367.798008499999,"d":"367.80"},{"v":38.20199154,"d":"38.20"},0,"0_20307001_532",{"v":3529.86478988999,"d":"3,529.86"},{"v":0,"d":"0.00"},{"v":38.20199154,"d":"38.20"},{"v":0,"d":"0.00"},"0_20307001_532_200","außerhalb GKL",{"v":0.521082903141,"d":"0.52"},{"v":0.000147621207655,"d":"0.00"},{"v":0.00563942412596,"d":"0.01"}]
[2,203,20307,{"v":15457.40134,"d":"15,457.40"},3346,{"v":0.216465881,"d":"0.22"},"M",430,20307001,{"v":3564.41438967,"d":"3,564.41"},406,{"v":0.113903704,"d":"0.11"},{"v":0,"d":"0.00"},{"v":0.905906425,"d":"0.91"},{"v":367.798008499999,"d":"367.80"},{"v":38.20199154,"d":"38.20"},0,"0_20307001_532",{"v":3529.86478988999,"d":"3,529.86"},{"v":0,"d":"0.00"},{"v":38.20199154,"d":"38.20"},{"v":0,"d":"0.00"},"0_20307001_532_201","außerhalb GKL",{"v":21.8297058513,"d":"21.83"},{"v":0.00618428952685,"d":"0.01"},{"v":0.236252176186,"d":"0.24"}]
[2,203,20307,{"v":15457.40134,"d":"15,457.40"},3346,{"v":0.216465881,"d":"0.22"},"M",430,20307001,{"v":3564.41438967,"d":"3,564.41"},406,{"v":0.113903704,"d":"0.11"},{"v":0,"d":"0.00"},{"v":0.905906425,"d":"0.91"},{"v":367.798008499999,"d":"367.80"},{"v":38.20199154,"d":"38.20"},0,"0_20307001_532",{"v":3529.86478988999,"d":"3,529.86"},{"v":0,"d":"0.00"},{"v":38.20199154,"d":"38.20"},{"v":0,"d":"0.00"},"0_20307001_532_202","außerhalb GKL",{"v":3.61921627719,"d":"3.62"},{"v":0.00102531300563,"d":"0.00"},{"v":0.0391689987669,"d":"0.04"}]
[2,203,20307,{"v":15457.40134,"d":"15,457.40"},3346,{"v":0.216465881,"d":"0.22"},"M",430,20307001,{"v":3564.41438967,"d":"3,564.41"},406,{"v":0.113903704,"d":"0.11"},{"v":0,"d":"0.00"},{"v":0.905906425,"d":"0.91"},{"v":367.798008499999,"d":"367.80"},{"v":38.20199154,"d":"38.20"},0,"0_20307001_532",{"v":3529.86478988999,"d":"3,529.86"},{"v":0,"d":"0.00"},{"v":38.20199154,"d":"38.20"},{"v":0,"d":"0.00"},"0_20307001_532_203","E",{"v":0.00024905523804,"d":"0.00"},{"v":7.0556594e-08,"d":"0.00"},{"v":2.69540242e-06,"d":"0.00"}]
[2,203,20307,{"v":15457.40134,"d":"15,457.40"},3346,{"v":0.216465881,"d":"0.22"},"M",430,20307001,{"v":3564.41438967,"d":"3,564.41"},406,{"v":0.113903704,"d":"0.11"},{"v":0,"d":"0.00"},{"v":0.905906425,"d":"0.91"},{"v":367.798008499999,"d":"367.80"},{"v":38.20199154,"d":"38.20"},0,"0_20307001_532",{"v":3529.86478988999,"d":"3,529.86"},{"v":0,"d":"0.00"},{"v":38.20199154,"d":"38.20"},{"v":0,"d":"0.00"},"0_20307001_532_204","E",{"v":0.0802517345083,"d":"0.08"},{"v":2.2735073235e-05,"d":"0.00"},{"v":0.000868525075389,"d":"0.00"}]
[2,203,20307,{"v":15457.40134,"d":"15,457.40"},3346,{"v":0.216465881,"d":"0.22"},"M",430,20307001,{"v":3564.41438967,"d":"3,564.41"},406,{"v":0.113903704,"d":"0.11"},{"v":0,"d":"0.00"},{"v":0.905906425,"d":"0.91"},{"v":367.798008499999,"d":"367.80"},{"v":38.20199154,"d":"38.20"},0,"0_20307001_532",{"v":3529.86478988999,"d":"3,529.86"},{"v":0,"d":"0.00"},{"v":38.20199154,"d":"38.20"},{"v":0,"d":"0.00"},"0_20307001_532_205","E",{"v":0.160389229473,"d":"0.16"},{"v":4.5437782754e-05,"d":"0.00"},{"v":1.73581379235E-3,"d":"0.00"}]
[2,203,20307,{"v":15457.40134,"d":"15,457.40"},3346,{"v":0.216465881,"d":"0.22"},"M",430,20307001,{"v":3564.41438967,"d":"3,564.41"},406,{"v":0.113903704,"d":"0.11"},{"v":0,"d":"0.00"},{"v":0.905906425,"d":"0.91"},{"v":367.798008499999,"d":"367.80"},{"v":38.20199154,"d":"38.20"},0,"0_20307001_532",{"v":3529.86478988999,"d":"3,529.86"},{"v":0,"d":"0.00"},{"v":38.20199154,"d":"38.20"},{"v":0,"d":"0.00"},"0_20307001_532_206","E",{"v":0.051046586792,"d":"0.05"},{"v":1.4461343374e-05,"d":"0.00"},{"v":0.00055245211725,"d":"0.00"}]
[2,203,20307,{"v":15457.40134,"d":"15,457.40"},3346,{"v":0.216465881,"d":"0.22"},"M",430,20307001,{"v":3564.41438967,"d":"3,564.41"},406,{"v":0.113903704,"d":"0.11"},{"v":0,"d":"0.00"},{"v":0.905906425,"d":"0.91"},{"v":367.798008499999,"d":"367.80"},{"v":38.20199154,"d":"38.20"},0,"0_20307001_532",{"v":3529.86478988999,"d":"3,529.86"},{"v":0,"d":"0.00"},{"v":38.20199154,"d":"38.20"},{"v":0,"d":"0.00"},"0_20307001_532_207","E",{"v":3.83344840263,"d":"3.83"},{"v":0.00108600431768,"d":"0.00"},{"v":0.0414875277564,"d":"0.04"}]
[2,203,20307,{"v":15457.40134,"d":"15,457.40"},3346,{"v":0.216465881,"d":"0.22"},"M",430,20307001,{"v":3564.41438967,"d":"3,564.41"},406,{"v":0.113903704,"d":"0.11"},{"v":0,"d":"0.00"},{"v":0.905906425,"d":"0.91"},{"v":367.798008499999,"d":"367.80"},{"v":38.20199154,"d":"38.20"},0,"0_20307001_532",{"v":3529.86478988999,"d":"3,529.86"},{"v":0,"d":"0.00"},{"v":38.20199154,"d":"38.20"},{"v":0,"d":"0.00"},"0_20307001_532_208","E",{"v":7.54952472401,"d":"7.55"},{"v":2.13875748035E-3,"d":"0.00"},{"v":0.0817047951704,"d":"0.08"}]
[2,203,20307,{"v":15457.40134,"d":"15,457.40"},3346,{"v":0.216465881,"d":"0.22"},"M",430,20307001,{"v":3564.41438967,"d":"3,564.41"},406,{"v":0.113903704,"d":"0.11"},{"v":0,"d":"0.00"},{"v":0.905906425,"d":"0.91"},{"v":367.798008499999,"d":"367.80"},{"v":38.20199154,"d":"38.20"},0,"0_20307001_532",{"v":3529.86478988999,"d":"3,529.86"},{"v":0,"d":"0.00"},{"v":38.20199154,"d":"38.20"},{"v":0,"d":"0.00"},"0_20307001_532_209","E",{"v":0.000155531814877,"d":"0.00"},{"v":4.4061692e-08,"d":"0.00"},{"v":1.683244382e-06,"d":"0.00"}]
[2,203,20307,{"v":15457.40134,"d":"15,457.40"},3346,{"v":0.216465881,"d":"0.22"},"M",430,20307001,{"v":3564.41438967,"d":"3,564.41"},406,{"v":0.113903704,"d":"0.11"},{"v":0,"d":"0.00"},{"v":0.905906425,"d":"0.91"},{"v":367.798008499999,"d":"367.80"},{"v":38.20199154,"d":"38.20"},0,"0_20307001_532",{"v":3529.86478988999,"d":"3,529.86"},{"v":0,"d":"0.00"},{"v":38.20199154,"d":"38.20"},{"v":0,"d":"0.00"},"0_20307001_532_210","F",{"v":10.1815648942999,"d":"10.18"},{"v":0.0028844064859,"d":"0.00"},{"v":0.110190072172,"d":"0.11"}]
[2,203,20307,{"v":15457.40134,"d":"15,457.40"},3346,{"v":0.216465881,"d":"0.22"},"M",430,20307001,{"v":3564.41438967,"d":"3,564.41"},406,{"v":0.113903704,"d":"0.11"},{"v":0,"d":"0.00"},{"v":0.905906425,"d":"0.91"},{"v":367.798008499999,"d":"367.80"},{"v":38.20199154,"d":"38.20"},0,"0_20307001_532",{"v":3529.86478988999,"d":"3,529.86"},{"v":0,"d":"0.00"},{"v":38.20199154,"d":"38.20"},{"v":0,"d":"0.00"},"0_20307001_532_211","F",{"v":11.6243629331,"d":"11.62"},{"v":3.29314679882E-3,"d":"0.00"},{"v":0.125804766148,"d":"0.13"}]
[2,203,20307,{"v":15457.40134,"d":"15,457.40"},3346,{"v":0.216465881,"d":"0.22"},"M",430,20307001,{"v":3564.41438967,"d":"3,564.41"},406,{"v":0.113903704,"d":"0.11"},{"v":0,"d":"0.00"},{"v":0.905906425,"d":"0.91"},{"v":367.798008499999,"d":"367.80"},{"v":38.20199154,"d":"38.20"},0,"0_20307001_532",{"v":3529.86478988999,"d":"3,529.86"},{"v":0,"d":"0.00"},{"v":38.20199154,"d":"38.20"},{"v":0,"d":"0.00"},"0_20307001_532_212","F",{"v":0.00606939860161,"d":"0.01"},{"v":1.719442234e-06,"d":"0.00"},{"v":6.5686117694e-05,"d":"0.00"}]
[2,203,20307,{"v":15457.40134,"d":"15,457.40"},3346,{"v":0.216465881,"d":"0.22"},"M",430,20307001,{"v":3564.41438967,"d":"3,564.41"},406,{"v":0.113903704,"d":"0.11"},{"v":0,"d":"0.00"},{"v":0.905906425,"d":"0.91"},{"v":367.798008499999,"d":"367.80"},{"v":38.20199154,"d":"38.20"},0,"0_20307001_532",{"v":3529.86478988999,"d":"3,529.86"},{"v":0,"d":"0.00"},{"v":38.20199154,"d":"38.20"},{"v":0,"d":"0.00"},"0_20307001_532_213","F",{"v":3.9909107843e-05,"d":"0.00"},{"v":1.1306129E-8,"d":"0.00"},{"v":4.31916657e-07,"d":"0.00"}]
[2,203,20307,{"v":15457.40134,"d":"15,457.40"},3346,{"v":0.216465881,"d":"0.22"},"M",430,20307001,{"v":3564.41438967,"d":"3,564.41"},406,{"v":0.113903704,"d":"0.11"},{"v":0,"d":"0.00"},{"v":0.905906425,"d":"0.91"},{"v":367.798008499999,"d":"367.80"},{"v":38.20199154,"d":"38.20"},0,"0_20307001_532",{"v":3529.86478988999,"d":"3,529.86"},{"v":0,"d":"0.00"},{"v":38.20199154,"d":"38.20"},{"v":0,"d":"0.00"},"0_20307001_532_214","F",{"v":1.39638720262,"d":"1.40"},{"v":0.000395592263653,"d":"0.00"},{"v":0.0151124123094,"d":"0.02"}]
[2,203,20307,{"v":15457.40134,"d":"15,457.40"},3346,{"v":0.216465881,"d":"0.22"},"M",430,20307001,{"v":3564.41438967,"d":"3,564.41"},406,{"v":0.113903704,"d":"0.11"},{"v":0,"d":"0.00"},{"v":0.905906425,"d":"0.91"},{"v":367.798008499999,"d":"367.80"},{"v":38.20199154,"d":"38.20"},0,"0_20307001_532",{"v":3529.86478988999,"d":"3,529.86"},{"v":0,"d":"0.00"},{"v":38.20199154,"d":"38.20"},{"v":0,"d":"0.00"},"0_20307001_532_215","F",{"v":0.669773740845,"d":"0.67"},{"v":0.000189744871465,"d":"0.00"},{"v":0.00724863197446,"d":"0.01"}]
[2,203,20307,{"v":15457.40134,"d":"15,457.40"},3346,{"v":0.216465881,"d":"0.22"},"M",430,20307001,{"v":3564.41438967,"d":"3,564.41"},406,{"v":0.113903704,"d":"0.11"},{"v":0,"d":"0.00"},{"v":0.905906425,"d":"0.91"},{"v":367.798008499999,"d":"367.80"},{"v":38.20199154,"d":"38.20"},0,"0_20307001_532",{"v":3529.86478988999,"d":"3,529.86"},{"v":0,"d":"0.00"},{"v":38.20199154,"d":"38.20"},{"v":0,"d":"0.00"},"0_20307001_532_216","F",{"v":5.68346145932,"d":"5.68"},{"v":0.00161010741137,"d":"0.00"},{"v":0.0615093097076,"d":"0.06"}]
[2,203,20307,{"v":15457.40134,"d":"15,457.40"},3346,{"v":0.216465881,"d":"0.22"},"M",430,20307001,{"v":3564.41438967,"d":"3,564.41"},406,{"v":0.113903704,"d":"0.11"},{"v":0,"d":"0.00"},{"v":0.905906425,"d":"0.91"},{"v":367.798008499999,"d":"367.80"},{"v":38.20199154,"d":"38.20"},0,"0_20307001_532",{"v":3529.86478988999,"d":"3,529.86"},{"v":0,"d":"0.00"},{"v":38.20199154,"d":"38.20"},{"v":0,"d":"0.00"},"0_20307001_532_217","F",{"v":0.0288632858707,"d":"0.03"},{"v":8.176881436e-06,"d":"0.00"},{"v":3.12373155427E-4,"d":"0.00"}]
[2,203,20307,{"v":15457.40134,"d":"15,457.40"},3346,{"v":0.216465881,"d":"0.22"},"M",430,20307001,{"v":3564.41438967,"d":"3,564.41"},406,{"v":0.113903704,"d":"0.11"},{"v":0,"d":"0.00"},{"v":0.905906425,"d":"0.91"},{"v":367.798008499999,"d":"367.80"},{"v":38.20199154,"d":"38.20"},0,"0_20307001_532",{"v":3529.86478988999,"d":"3,529.86"},{"v":0,"d":"0.00"},{"v":38.20199154,"d":"38.20"},{"v":0,"d":"0.00"},"0_20307001_532_218","F",{"v":0.285787905625,"d":"0.29"},{"v":8.0962847768e-05,"d":"0.00"},{"v":0.00309294202548,"d":"0.00"}]
[2,203,20307,{"v":15457.40134,"d":"15,457.40"},3346,{"v":0.216465881,"d":"0.22"},"M",430,20307001,{"v":3564.41438967,"d":"3,564.41"},406,{"v":0.113903704,"d":"0.11"},{"v":0,"d":"0.00"},{"v":0.905906425,"d":"0.91"},{"v":367.798008499999,"d":"367.80"},{"v":38.20199154,"d":"38.20"},0,"0_20307001_532",{"v":3529.86478988999,"d":"3,529.86"},{"v":0,"d":"0.00"},{"v":38.20199154,"d":"38.20"},{"v":0,"d":"0.00"},"0_20307001_532_219","F",{"v":4.52521961271,"d":"4.53"},{"v":1.28198100552E-3,"d":"0.00"},{"v":0.0489742275273,"d":"0.05"}]
[2,203,20307,{"v":15457.40134,"d":"15,457.40"},3346,{"v":0.216465881,"d":"0.22"},"M",430,20307001,{"v":3564.41438967,"d":"3,564.41"},406,{"v":0.113903704,"d":"0.11"},{"v":0,"d":"0.00"},{"v":0.905906425,"d":"0.91"},{"v":367.798008499999,"d":"367.80"},{"v":38.20199154,"d":"38.20"},0,"0_20307001_532",{"v":3529.86478988999,"d":"3,529.86"},{"v":0,"d":"0.00"},{"v":38.20199154,"d":"38.20"},{"v":0,"d":"0.00"},"0_20307001_532_220","F",{"v":0.00137064494856,"d":"0.00"},{"v":3.88299561E-7,"d":"0.00"},{"v":1.4833816547E-5,"d":"0.00"}]
[2,203,20307,{"v":15457.40134,"d":"15,457.40"},3346,{"v":0.216465881,"d":"0.22"},"M",430,20307001,{"v":3564.41438967,"d":"3,564.41"},406,{"v":0.113903704,"d":"0.11"},{"v":0,"d":"0.00"},{"v":0.905906425,"d":"0.91"},{"v":367.798008499999,"d":"367.80"},{"v":38.20199154,"d":"38.20"},0,"0_20307001_532",{"v":3529.86478988999,"d":"3,529.86"},{"v":0,"d":"0.00"},{"v":38.20199154,"d":"38.20"},{"v":0,"d":"0.00"},"0_20307001_532_221","F",{"v":0.00124772551568,"d":"0.00"},{"v":3.53476858E-7,"d":"0.00"},{"v":1.3503519945e-05,"d":"0.00"}]
[2,203,20307,{"v":15457.40134,"d":"15,457.40"},3346,{"v":0.216465881,"d":"0.22"},"M",430,20307001,{"v":3564.41438967,"d":"3,564.41"},406,{"v":0.113903704,"d":"0.11"},{"v":0,"d":"0.00"},{"v":0.905906425,"d":"0.91"},{"v":367.798008499999,"d":"367.80"},{"v":38.20199154,"d":"38.20"},0,"0_20307001_532",{"v":3529.86478988999,"d":"3,529.86"},{"v":0,"d":"0.00"},{"v":38.20199154,"d":"38.20"},{"v":0,"d":"0.00"},"0_20307001_532_222","F",{"v":0.0869929692909,"d":"0.09"},{"v":2.4644844624e-05,"d":"0.00"},{"v":0.000941482145834,"d":"0.00"}]
[2,203,20307,{"v":15457.40134,"d":"15,457.40"},3346,{"v":0.216465881,"d":"0.22"},"M",430,20307001,{"v":3564.41438967,"d":"3,564.41"},406,{"v":0.113903704,"d":"0.11"},{"v":0,"d":"0.00"},{"v":0.905906425,"d":"0.91"},{"v":367.798008499999,"d":"367.80"},{"v":38.20199154,"d":"38.20"},0,"0_20307001_532",{"v":3529.86478988999,"d":"3,529.86"},{"v":0,"d":"0.00"},{"v":38.20199154,"d":"38.20"},{"v":0,"d":"0.00"},"0_20307001_532_223","F",{"v":6.71249103584,"d":"6.71"},{"v":0.00190162837258,"d":"0.00"},{"v":0.0726459910015,"d":"0.07"}]
[2,203,20307,{"v":15457.40134,"d":"15,457.40"},3346,{"v":0.216465881,"d":"0.22"},"M",430,20307001,{"v":3564.41438967,"d":"3,564.41"},406,{"v":0.113903704,"d":"0.11"},{"v":0,"d":"0.00"},{"v":0.905906425,"d":"0.91"},{"v":367.798008499999,"d":"367.80"},{"v":38.20199154,"d":"38.20"},0,"0_20307001_532",{"v":3529.86478988999,"d":"3,529.86"},{"v":0,"d":"0.00"},{"v":38.20199154,"d":"38.20"},{"v":0,"d":"0.00"},"0_20307001_532_224","F",{"v":14.0072155534,"d":"14.01"},{"v":3.96820172646E-3,"d":"0.00"},{"v":0.151593208783,"d":"0.15"}]
[2,203,20307,{"v":15457.40134,"d":"15,457.40"},3346,{"v":0.216465881,"d":"0.22"},"M",430,20307001,{"v":3564.41438967,"d":"3,564.41"},406,{"v":0.113903704,"d":"0.11"},{"v":0,"d":"0.00"},{"v":0.905906425,"d":"0.91"},{"v":367.798008499999,"d":"367.80"},{"v":38.20199154,"d":"38.20"},0,"0_20307001_532",{"v":3529.86478988999,"d":"3,529.86"},{"v":0,"d":"0.00"},{"v":38.20199154,"d":"38.20"},{"v":0,"d":"0.00"},"0_20307001_532_225","G",{"v":57.7986770678,"d":"57.80"},{"v":0.0163741900917,"d":"0.02"},{"v":0.625526671357,"d":"0.63"}]
[2,203,20307,{"v":15457.40134,"d":"15,457.40"},3346,{"v":0.216465881,"d":"0.22"},"M",430,20307001,{"v":3564.41438967,"d":"3,564.41"},406,{"v":0.113903704,"d":"0.11"},{"v":0,"d":"0.00"},{"v":0.905906425,"d":"0.91"},{"v":367.798008499999,"d":"367.80"},{"v":38.20199154,"d":"38.20"},0,"0_20307001_532",{"v":3529.86478988999,"d":"3,529.86"},{"v":0,"d":"0.00"},{"v":38.20199154,"d":"38.20"},{"v":0,"d":"0.00"},"0_20307001_532_226","G",{"v":118.593803597999,"d":"118.59"},{"v":0.0335972652374,"d":"0.03"},{"v":1.28348244237,"d":"1.28"}]
[2,203,20307,{"v":15457.40134,"d":"15,457.40"},3346,{"v":0.216465881,"d":"0.22"},"M",430,20307001,{"v":3564.41438967,"d":"3,564.41"},406,{"v":0.113903704,"d":"0.11"},{"v":0,"d":"0.00"},{"v":0.905906425,"d":"0.91"},{"v":367.798008499999,"d":"367.80"},{"v":38.20199154,"d":"38.20"},0,"0_20307001_532",{"v":3529.86478988999,"d":"3,529.86"},{"v":0,"d":"0.00"},{"v":38.20199154,"d":"38.20"},{"v":0,"d":"0.00"},"0_20307001_532_227","G",{"v":3.39530094442,"d":"3.40"},{"v":0.000961878470287,"d":"0.00"},{"v":0.0367456731844,"d":"0.04"}]
[2,203,20307,{"v":15457.40134,"d":"15,457.40"},3346,{"v":0.216465881,"d":"0.22"},"M",430,20307001,{"v":3564.41438967,"d":"3,564.41"},406,{"v":0.113903704,"d":"0.11"},{"v":0,"d":"0.00"},{"v":0.905906425,"d":"0.91"},{"v":367.798008499999,"d":"367.80"},{"v":38.20199154,"d":"38.20"},0,"0_20307001_532",{"v":3529.86478988999,"d":"3,529.86"},{"v":0,"d":"0.00"},{"v":38.20199154,"d":"38.20"},{"v":0,"d":"0.00"},"0_20307001_532_228","G",{"v":0.0174598362588,"d":"0.02"},{"v":4.946318711e-06,"d":"0.00"},{"v":0.000188959225566,"d":"0.00"}]
[2,203,20307,{"v":15457.40134,"d":"15,457.40"},3346,{"v":0.216465881,"d":"0.22"},"M",430,20307001,{"v":3564.41438967,"d":"3,564.41"},406,{"v":0.113903704,"d":"0.11"},{"v":0,"d":"0.00"},{"v":0.905906425,"d":"0.91"},{"v":367.798008499999,"d":"367.80"},{"v":38.20199154,"d":"38.20"},0,"0_20307001_532",{"v":3529.86478988999,"d":"3,529.86"},{"v":0,"d":"0.00"},{"v":38.20199154,"d":"38.20"},{"v":0,"d":"0.00"},"0_20307001_532_229","G",{"v":0.0561777568428,"d":"0.06"},{"v":1.5914988303e-05,"d":"0.00"},{"v":0.000607984248514,"d":"0.00"}]
[2,203,20307,{"v":15457.40134,"d":"15,457.40"},3346,{"v":0.216465881,"d":"0.22"},"M",430,20307001,{"v":3564.41438967,"d":"3,564.41"},406,{"v":0.113903704,"d":"0.11"},{"v":0,"d":"0.00"},{"v":0.905906425,"d":"0.91"},{"v":367.798008499999,"d":"367.80"},{"v":38.20199154,"d":"38.20"},0,"0_20307001_532",{"v":3529.86478988999,"d":"3,529.86"},{"v":0,"d":"0.00"},{"v":38.20199154,"d":"38.20"},{"v":0,"d":"0.00"},"0_20307001_532_230","G",{"v":61.4663625900999,"d":"61.47"},{"v":0.0174132342877,"d":"0.02"},{"v":0.665220228943,"d":"0.67"}]
[2,203,20307,{"v":15457.40134,"d":"15,457.40"},3346,{"v":0.216465881,"d":"0.22"},"M",430,20307001,{"v":3564.41438967,"d":"3,564.41"},406,{"v":0.113903704,"d":"0.11"},{"v":0,"d":"0.00"},{"v":0.905906425,"d":"0.91"},{"v":367.798008499999,"d":"367.80"},{"v":38.20199154,"d":"38.20"},0,"0_20307001_532",{"v":3529.86478988999,"d":"3,529.86"},{"v":0,"d":"0.00"},{"v":38.20199154,"d":"38.20"},{"v":0,"d":"0.00"},"0_20307001_532_231","G",{"v":5.89527378343E-3,"d":"0.01"},{"v":1.670113201E-6,"d":"0.00"},{"v":6.3801650377e-05,"d":"0.00"}]
[2,203,20307,{"v":15457.40134,"d":"15,457.40"},3346,{"v":0.216465881,"d":"0.22"},"M",430,20307001,{"v":3564.41438967,"d":"3,564.41"},406,{"v":0.113903704,"d":"0.11"},{"v":0,"d":"0.00"},{"v":0.905906425,"d":"0.91"},{"v":367.798008499999,"d":"367.80"},{"v":38.20199154,"d":"38.20"},0,"0_20307001_532",{"v":3529.86478988999,"d":"3,529.86"},{"v":0,"d":"0.00"},{"v":38.20199154,"d":"38.20"},{"v":0,"d":"0.00"},"0_20307001_532_232","G",{"v":12.3032849067,"d":"12.30"},{"v":0.00348548333691,"d":"0.00"},{"v":0.133152404949,"d":"0.13"}]
[2,203,20307,{"v":15457.40134,"d":"15,457.40"},3346,{"v":0.216465881,"d":"0.22"},"M",430,20307001,{"v":3564.41438967,"d":"3,564.41"},406,{"v":0.113903704,"d":"0.11"},{"v":0,"d":"0.00"},{"v":0.905906425,"d":"0.91"},{"v":367.798008499999,"d":"367.80"},{"v":38.20199154,"d":"38.20"},0,"0_20307001_532",{"v":3529.86478988999,"d":"3,529.86"},{"v":0,"d":"0.00"},{"v":38.20199154,"d":"38.20"},{"v":0,"d":"0.00"},"0_20307001_532_233","G",{"v":0.428796022677,"d":"0.43"},{"v":1.21476614035E-4,"d":"0.00"},{"v":0.00464064858167,"d":"0.00"}]
[2,203,20307,{"v":15457.40134,"d":"15,457.40"},3346,{"v":0.216465881,"d":"0.22"},"M",430,20307001,{"v":3564.41438967,"d":"3,564.41"},406,{"v":0.113903704,"d":"0.11"},{"v":0,"d":"0.00"},{"v":0.905906425,"d":"0.91"},{"v":367.798008499999,"d":"367.80"},{"v":38.20199154,"d":"38.20"},0,"0_20307001_532",{"v":3529.86478988999,"d":"3,529.86"},{"v":0,"d":"0.00"},{"v":38.20199154,"d":"38.20"},{"v":0,"d":"0.00"},"0_20307001_532_234","G",{"v":0.154981904385,"d":"0.15"},{"v":4.390590394e-05,"d":"0.00"},{"v":1.67729297086E-3,"d":"0.00"}]
[2,203,20307,{"v":15457.40134,"d":"15,457.40"},3346,{"v":0.216465881,"d":"0.22"},"M",430,20307002,{"v":4289.05140700999,"d":"4,289.05"},768,{"v":0.179060572,"d":"0.18"},{"v":0,"d":"0.00"},{"v":0.905906425,"d":"0.91"},{"v":695.7361342,"d":"695.74"},{"v":72.26386578,"d":"72.26"},0,"0_20307002_533",{"v":4219.73738072,"d":"4,219.74"},{"v":0,"d":"0.00"},{"v":72.26386578,"d":"72.26"},{"v":0,"d":"0.00"},"0_20307002_533_235","außerhalb GKL",{"v":4116.53057882,"d":"4,116.53"},{"v":0.975541889794,"d":"0.98"},{"v":70.4964281868,"d":"70.50"}]
[2,203,20307,{"v":15457.40134,"d":"15,457.40"},3346,{"v":0.216465881,"d":"0.22"},"M",430,20307002,{"v":4289.05140700999,"d":"4,289.05"},768,{"v":0.179060572,"d":"0.18"},{"v":0,"d":"0.00"},{"v":0.905906425,"d":"0.91"},{"v":695.7361342,"d":"695.74"},{"v":72.26386578,"d":"72.26"},0,"0_20307002_533",{"v":4219.73738072,"d":"4,219.74"},{"v":0,"d":"0.00"},{"v":72.26386578,"d":"72.26"},{"v":0,"d":"0.00"},"0_20307002_533_236","außerhalb GKL",{"v":35.7993616696,"d":"35.80"},{"v":0.00848378902279,"d":"0.01"},{"v":0.613071391249,"d":"0.61"}]
[2,203,20307,{"v":15457.40134,"d":"15,457.40"},3346,{"v":0.216465881,"d":"0.22"},"M",430,20307002,{"v":4289.05140700999,"d":"4,289.05"},768,{"v":0.179060572,"d":"0.18"},{"v":0,"d":"0.00"},{"v":0.905906425,"d":"0.91"},{"v":695.7361342,"d":"695.74"},{"v":72.26386578,"d":"72.26"},0,"0_20307002_533",{"v":4219.73738072,"d":"4,219.74"},{"v":0,"d":"0.00"},{"v":72.26386578,"d":"72.26"},{"v":0,"d":"0.00"},"0_20307002_533_237","F",{"v":0.066093322474,"d":"0.07"},{"v":1.5662899491e-05,"d":"0.00"},{"v":1.13186166656E-3,"d":"0.00"}]
[2,203,20307,{"v":15457.40134,"d":"15,457.40"},3346,{"v":0.216465881,"d":"0.22"},"M",430,20307002,{"v":4289.05140700999,"d":"4,289.05"},768,{"v":0.179060572,"d":"0.18"},{"v":0,"d":"0.00"},{"v":0.905906425,"d":"0.91"},{"v":695.7361342,"d":"695.74"},{"v":72.26386578,"d":"72.26"},0,"0_20307002_533",{"v":4219.73738072,"d":"4,219.74"},{"v":0,"d":"0.00"},{"v":72.26386578,"d":"72.26"},{"v":0,"d":"0.00"},"0_20307002_533_238","F",{"v":0.121635871387,"d":"0.12"},{"v":2.8825460073e-05,"d":"0.00"},{"v":0.00208303917777,"d":"0.00"}]
[2,203,20307,{"v":15457.40134,"d":"15,457.40"},3346,{"v":0.216465881,"d":"0.22"},"M",430,20307002,{"v":4289.05140700999,"d":"4,289.05"},768,{"v":0.179060572,"d":"0.18"},{"v":0,"d":"0.00"},{"v":0.905906425,"d":"0.91"},{"v":695.7361342,"d":"695.74"},{"v":72.26386578,"d":"72.26"},0,"0_20307002_533",{"v":4219.73738072,"d":"4,219.74"},{"v":0,"d":"0.00"},{"v":72.26386578,"d":"72.26"},{"v":0,"d":"0.00"},"0_20307002_533_239","F",{"v":0.233228286713,"d":"0.23"},{"v":5.5270806136e-05,"d":"0.00"},{"v":0.00399408211614,"d":"0.00"}]
[2,203,20307,{"v":15457.40134,"d":"15,457.40"},3346,{"v":0.216465881,"d":"0.22"},"M",430,20307002,{"v":4289.05140700999,"d":"4,289.05"},768,{"v":0.179060572,"d":"0.18"},{"v":0,"d":"0.00"},{"v":0.905906425,"d":"0.91"},{"v":695.7361342,"d":"695.74"},{"v":72.26386578,"d":"72.26"},0,"0_20307002_533",{"v":4219.73738072,"d":"4,219.74"},{"v":0,"d":"0.00"},{"v":72.26386578,"d":"72.26"},{"v":0,"d":"0.00"},"0_20307002_533_240","F",{"v":0.277541478738,"d":"0.28"},{"v":6.5772216064e-05,"d":"0.00"},{"v":4.7529545937E-3,"d":"0.00"}]
[2,203,20307,{"v":15457.40134,"d":"15,457.40"},3346,{"v":0.216465881,"d":"0.22"},"M",430,20307002,{"v":4289.05140700999,"d":"4,289.05"},768,{"v":0.179060572,"d":"0.18"},{"v":0,"d":"0.00"},{"v":0.905906425,"d":"0.91"},{"v":695.7361342,"d":"695.74"},{"v":72.26386578,"d":"72.26"},0,"0_20307002_533",{"v":4219.73738072,"d":"4,219.74"},{"v":0,"d":"0.00"},{"v":72.26386578,"d":"72.26"},{"v":0,"d":"0.00"},"0_20307002_533_241","F",{"v":2.16844665808,"d":"2.17"},{"v":0.000513881898904,"d":"0.00"},{"v":0.0371350925692,"d":"0.04"}]
[2,203,20307,{"v":15457.40134,"d":"15,457.40"},3346,{"v":0.216465881,"d":"0.22"},"M",430,20307002,{"v":4289.05140700999,"d":"4,289.05"},768,{"v":0.179060572,"d":"0.18"},{"v":0,"d":"0.00"},{"v":0.905906425,"d":"0.91"},{"v":695.7361342,"d":"695.74"},{"v":72.26386578,"d":"72.26"},0,"0_20307002_533",{"v":4219.73738072,"d":"4,219.74"},{"v":0,"d":"0.00"},{"v":72.26386578,"d":"72.26"},{"v":0,"d":"0.00"},"0_20307002_533_242","F",{"v":0.00748756164622,"d":"0.01"},{"v":1.774414133E-6,"d":"0.00"},{"v":1.28226024751E-4,"d":"0.00"}]
[2,203,20307,{"v":15457.40134,"d":"15,457.40"},3346,{"v":0.216465881,"d":"0.22"},"M",430,20307002,{"v":4289.05140700999,"d":"4,289.05"},768,{"v":0.179060572,"d":"0.18"},{"v":0,"d":"0.00"},{"v":0.905906425,"d":"0.91"},{"v":695.7361342,"d":"695.74"},{"v":72.26386578,"d":"72.26"},0,"0_20307002_533",{"v":4219.73738072,"d":"4,219.74"},{"v":0,"d":"0.00"},{"v":72.26386578,"d":"72.26"},{"v":0,"d":"0.00"},"0_20307002_533_243","F",{"v":0.00293532289016,"d":"0.00"},{"v":6.95617434e-07,"d":"0.00"},{"v":5.0268004906e-05,"d":"0.00"}]
[2,203,20307,{"v":15457.40134,"d":"15,457.40"},3346,{"v":0.216465881,"d":"0.22"},"M",430,20307002,{"v":4289.05140700999,"d":"4,289.05"},768,{"v":0.179060572,"d":"0.18"},{"v":0,"d":"0.00"},{"v":0.905906425,"d":"0.91"},{"v":695.7361342,"d":"695.74"},{"v":72.26386578,"d":"72.26"},0,"0_20307002_533",{"v":4219.73738072,"d":"4,219.74"},{"v":0,"d":"0.00"},{"v":72.26386578,"d":"72.26"},{"v":0,"d":"0.00"},"0_20307002_533_244","F",{"v":3.49176383325,"d":"3.49"},{"v":0.000827483683986,"d":"0.00"},{"v":0.0597971698747,"d":"0.06"}]
[2,203,20307,{"v":15457.40134,"d":"15,457.40"},3346,{"v":0.216465881,"d":"0.22"},"M",430,20307002,{"v":4289.05140700999,"d":"4,289.05"},768,{"v":0.179060572,"d":"0.18"},{"v":0,"d":"0.00"},{"v":0.905906425,"d":"0.91"},{"v":695.7361342,"d":"695.74"},{"v":72.26386578,"d":"72.26"},0,"0_20307002_533",{"v":4219.73738072,"d":"4,219.74"},{"v":0,"d":"0.00"},{"v":72.26386578,"d":"72.26"},{"v":0,"d":"0.00"},"0_20307002_533_245","G",{"v":1.90679880514,"d":"1.91"},{"v":0.000451876179274,"d":"0.00"},{"v":0.0326543195682,"d":"0.03"}]
[2,203,20307,{"v":15457.40134,"d":"15,457.40"},3346,{"v":0.216465881,"d":"0.22"},"M",430,20307002,{"v":4289.05140700999,"d":"4,289.05"},768,{"v":0.179060572,"d":"0.18"},{"v":0,"d":"0.00"},{"v":0.905906425,"d":"0.91"},{"v":695.7361342,"d":"695.74"},{"v":72.26386578,"d":"72.26"},0,"0_20307002_533",{"v":4219.73738072,"d":"4,219.74"},{"v":0,"d":"0.00"},{"v":72.26386578,"d":"72.26"},{"v":0,"d":"0.00"},"0_20307002_533_246","G",{"v":1.53298103191E-4,"d":"0.00"},{"v":3.6328826e-08,"d":"0.00"},{"v":2.625261374e-06,"d":"0.00"}]
[2,203,20307,{"v":15457.40134,"d":"15,457.40"},3346,{"v":0.216465881,"d":"0.22"},"M",430,20307002,{"v":4289.05140700999,"d":"4,289.05"},768,{"v":0.179060572,"d":"0.18"},{"v":0,"d":"0.00"},{"v":0.905906425,"d":"0.91"},{"v":695.7361342,"d":"695.74"},{"v":72.26386578,"d":"72.26"},0,"0_20307002_533",{"v":4219.73738072,"d":"4,219.74"},{"v":0,"d":"0.00"},{"v":72.26386578,"d":"72.26"},{"v":0,"d":"0.00"},"0_20307002_533_247","G",{"v":0.407458891844,"d":"0.41"},{"v":9.6560248916e-05,"d":"0.00"},{"v":0.00697781686738,"d":"0.01"}]
[2,203,20307,{"v":15457.40134,"d":"15,457.40"},3346,{"v":0.216465881,"d":"0.22"},"M",430,20307002,{"v":4289.05140700999,"d":"4,289.05"},768,{"v":0.179060572,"d":"0.18"},{"v":0,"d":"0.00"},{"v":0.905906425,"d":"0.91"},{"v":695.7361342,"d":"695.74"},{"v":72.26386578,"d":"72.26"},0,"0_20307002_533",{"v":4219.73738072,"d":"4,219.74"},{"v":0,"d":"0.00"},{"v":72.26386578,"d":"72.26"},{"v":0,"d":"0.00"},"0_20307002_533_248","G",{"v":36.4125312748999,"d":"36.41"},{"v":0.00862909892006,"d":"0.01"},{"v":0.623572046162,"d":"0.62"}]
[2,203,20307,{"v":15457.40134,"d":"15,457.40"},3346,{"v":0.216465881,"d":"0.22"},"M",430,20307002,{"v":4289.05140700999,"d":"4,289.05"},768,{"v":0.179060572,"d":"0.18"},{"v":0,"d":"0.00"},{"v":0.905906425,"d":"0.91"},{"v":695.7361342,"d":"695.74"},{"v":72.26386578,"d":"72.26"},0,"0_20307002_533",{"v":4219.73738072,"d":"4,219.74"},{"v":0,"d":"0.00"},{"v":72.26386578,"d":"72.26"},{"v":0,"d":"0.00"},"0_20307002_533_249","G",{"v":20.8153792003,"d":"20.82"},{"v":4.93286129497E-3,"d":"0.00"},{"v":0.356467626531,"d":"0.36"}]
[2,203,20307,{"v":15457.40134,"d":"15,457.40"},3346,{"v":0.216465881,"d":"0.22"},"M",430,20307002,{"v":4289.05140700999,"d":"4,289.05"},768,{"v":0.179060572,"d":"0.18"},{"v":0,"d":"0.00"},{"v":0.905906425,"d":"0.91"},{"v":695.7361342,"d":"695.74"},{"v":72.26386578,"d":"72.26"},0,"0_20307002_533",{"v":4219.73738072,"d":"4,219.74"},{"v":0,"d":"0.00"},{"v":72.26386578,"d":"72.26"},{"v":0,"d":"0.00"},"0_20307002_533_250","G",{"v":1.49598642872,"d":"1.50"},{"v":0.00035452121631,"d":"0.00"},{"v":0.0256190735916,"d":"0.03"}]
[2,203,20307,{"v":15457.40134,"d":"15,457.40"},3346,{"v":0.216465881,"d":"0.22"},"M",430,20307003,{"v":3477.47410742,"d":"3,477.47"},270,{"v":0.077642562,"d":"0.08"},{"v":0,"d":"0.00"},{"v":0.905906425,"d":"0.91"},{"v":244.5947347,"d":"244.59"},{"v":25.40526531,"d":"25.41"},0,"0_20307003_534",{"v":3439.21534599999,"d":"3,439.22"},{"v":0,"d":"0.00"},{"v":25.40526531,"d":"25.41"},{"v":0,"d":"0.00"},"0_20307003_534_251","außerhalb GKL",{"v":3360.54965374999,"d":"3,360.55"},{"v":0.977126848907,"d":"0.98"},{"v":24.824166838,"d":"24.82"}]
[2,203,20307,{"v":15457.40134,"d":"15,457.40"},3346,{"v":0.216465881,"d":"0.22"},"M",430,20307003,{"v":3477.47410742,"d":"3,477.47"},270,{"v":0.077642562,"d":"0.08"},{"v":0,"d":"0.00"},{"v":0.905906425,"d":"0.91"},{"v":244.5947347,"d":"244.59"},{"v":25.40526531,"d":"25.41"},0,"0_20307003_534",{"v":3439.21534599999,"d":"3,439.22"},{"v":0,"d":"0.00"},{"v":25.40526531,"d":"25.41"},{"v":0,"d":"0.00"},"0_20307003_534_252","G",{"v":17.3361570747,"d":"17.34"},{"v":0.0050407303209,"d":"0.01"},{"v":0.128061091159,"d":"0.13"}]
[2,203,20307,{"v":15457.40134,"d":"15,457.40"},3346,{"v":0.216465881,"d":"0.22"},"M",430,20307003,{"v":3477.47410742,"d":"3,477.47"},270,{"v":0.077642562,"d":"0.08"},{"v":0,"d":"0.00"},{"v":0.905906425,"d":"0.91"},{"v":244.5947347,"d":"244.59"},{"v":25.40526531,"d":"25.41"},0,"0_20307003_534",{"v":3439.21534599999,"d":"3,439.22"},{"v":0,"d":"0.00"},{"v":25.40526531,"d":"25.41"},{"v":0,"d":"0.00"},"0_20307003_534_253","G",{"v":16.561037415,"d":"16.56"},{"v":0.00481535343062,"d":"0.00"},{"v":0.122335331466,"d":"0.12"}]
[2,203,20307,{"v":15457.40134,"d":"15,457.40"},3346,{"v":0.216465881,"d":"0.22"},"M",430,20307003,{"v":3477.47410742,"d":"3,477.47"},270,{"v":0.077642562,"d":"0.08"},{"v":0,"d":"0.00"},{"v":0.905906425,"d":"0.91"},{"v":244.5947347,"d":"244.59"},{"v":25.40526531,"d":"25.41"},0,"0_20307003_534",{"v":3439.21534599999,"d":"3,439.22"},{"v":0,"d":"0.00"},{"v":25.40526531,"d":"25.41"},{"v":0,"d":"0.00"},"0_20307003_534_254","G",{"v":3.43649002783,"d":"3.44"},{"v":0.000999207575596,"d":"0.00"},{"v":0.0253851335578,"d":"0.03"}]
[2,203,20307,{"v":15457.40134,"d":"15,457.40"},3346,{"v":0.216465881,"d":"0.22"},"M",430,20307003,{"v":3477.47410742,"d":"3,477.47"},270,{"v":0.077642562,"d":"0.08"},{"v":0,"d":"0.00"},{"v":0.905906425,"d":"0.91"},{"v":244.5947347,"d":"244.59"},{"v":25.40526531,"d":"25.41"},0,"0_20307003_534",{"v":3439.21534599999,"d":"3,439.22"},{"v":0,"d":"0.00"},{"v":25.40526531,"d":"25.41"},{"v":0,"d":"0.00"},"0_20307003_534_255","G",{"v":14.1191878930999,"d":"14.12"},{"v":0.00410535150395,"d":"0.00"},{"v":0.104297544149,"d":"0.10"}]
[2,203,20307,{"v":15457.40134,"d":"15,457.40"},3346,{"v":0.216465881,"d":"0.22"},"M",430,20307003,{"v":3477.47410742,"d":"3,477.47"},270,{"v":0.077642562,"d":"0.08"},{"v":0,"d":"0.00"},{"v":0.905906425,"d":"0.91"},{"v":244.5947347,"d":"244.59"},{"v":25.40526531,"d":"25.41"},0,"0_20307003_534",{"v":3439.21534599999,"d":"3,439.22"},{"v":0,"d":"0.00"},{"v":25.40526531,"d":"25.41"},{"v":0,"d":"0.00"},"0_20307003_534_256","G",{"v":1.40082165561,"d":"1.40"},{"v":0.000407308503447,"d":"0.00"},{"v":0.0103477805931,"d":"0.01"}]
[2,203,20307,{"v":15457.40134,"d":"15,457.40"},3346,{"v":0.216465881,"d":"0.22"},"M",430,20307003,{"v":3477.47410742,"d":"3,477.47"},270,{"v":0.077642562,"d":"0.08"},{"v":0,"d":"0.00"},{"v":0.905906425,"d":"0.91"},{"v":244.5947347,"d":"244.59"},{"v":25.40526531,"d":"25.41"},0,"0_20307003_534",{"v":3439.21534599999,"d":"3,439.22"},{"v":0,"d":"0.00"},{"v":25.40526531,"d":"25.41"},{"v":0,"d":"0.00"},"0_20307003_534_257","G",{"v":4.98976860596,"d":"4.99"},{"v":0.00145084506318,"d":"0.00"},{"v":0.0368591037538,"d":"0.04"}]
[2,203,20307,{"v":15457.40134,"d":"15,457.40"},3346,{"v":0.216465881,"d":"0.22"},"M",430,20307003,{"v":3477.47410742,"d":"3,477.47"},270,{"v":0.077642562,"d":"0.08"},{"v":0,"d":"0.00"},{"v":0.905906425,"d":"0.91"},{"v":244.5947347,"d":"244.59"},{"v":25.40526531,"d":"25.41"},0,"0_20307003_534",{"v":3439.21534599999,"d":"3,439.22"},{"v":0,"d":"0.00"},{"v":25.40526531,"d":"25.41"},{"v":0,"d":"0.00"},"0_20307003_534_258","G",{"v":7.28171187402,"d":"7.28"},{"v":0.00211725964833,"d":"0.00"},{"v":0.053789543096,"d":"0.05"}]
[2,203,20307,{"v":15457.40134,"d":"15,457.40"},3346,{"v":0.216465881,"d":"0.22"},"M",430,20307003,{"v":3477.47410742,"d":"3,477.47"},270,{"v":0.077642562,"d":"0.08"},{"v":0,"d":"0.00"},{"v":0.905906425,"d":"0.91"},{"v":244.5947347,"d":"244.59"},{"v":25.40526531,"d":"25.41"},0,"0_20307003_534",{"v":3439.21534599999,"d":"3,439.22"},{"v":0,"d":"0.00"},{"v":25.40526531,"d":"25.41"},{"v":0,"d":"0.00"},"0_20307003_534_259","G",{"v":13.5405177068999,"d":"13.54"},{"v":0.00393709504776,"d":"0.00"},{"v":0.100022944239,"d":"0.10"}]
[2,203,20307,{"v":15457.40134,"d":"15,457.40"},3346,{"v":0.216465881,"d":"0.22"},"M",430,20307004,{"v":3826.77890037999,"d":"3,826.78"},416,{"v":0.108707613,"d":"0.11"},{"v":0,"d":"0.00"},{"v":0.905906425,"d":"0.91"},{"v":376.8570727,"d":"376.86"},{"v":39.1429272999999,"d":"39.14"},0,"0_20307004_535",{"v":3791.06570158,"d":"3,791.07"},{"v":0,"d":"0.00"},{"v":39.1429272999999,"d":"39.14"},{"v":0,"d":"0.00"},"0_20307004_535_260","außerhalb GKL",{"v":3758.57061532999,"d":"3,758.57"},{"v":0.991428508813,"d":"0.99"},{"v":38.8074140435999,"d":"38.81"}]
[2,203,20307,{"v":15457.40134,"d":"15,457.40"},3346,{"v":0.216465881,"d":"0.22"},"M",430,20307004,{"v":3826.77890037999,"d":"3,826.78"},416,{"v":0.108707613,"d":"0.11"},{"v":0,"d":"0.00"},{"v":0.905906425,"d":"0.91"},{"v":376.8570727,"d":"376.86"},{"v":39.1429272999999,"d":"39.14"},0,"0_20307004_535",{"v":3791.06570158,"d":"3,791.07"},{"v":0,"d":"0.00"},{"v":39.1429272999999,"d":"39.14"},{"v":0,"d":"0.00"},"0_20307004_535_261","G",{"v":0.0422103998456,"d":"0.04"},{"v":1.1134177872E-5,"d":"0.00"},{"v":0.000435824314985,"d":"0.00"}]
[2,203,20307,{"v":15457.40134,"d":"15,457.40"},3346,{"v":0.216465881,"d":"0.22"},"M",430,20307004,{"v":3826.77890037999,"d":"3,826.78"},416,{"v":0.108707613,"d":"0.11"},{"v":0,"d":"0.00"},{"v":0.905906425,"d":"0.91"},{"v":376.8570727,"d":"376.86"},{"v":39.1429272999999,"d":"39.14"},0,"0_20307004_535",{"v":3791.06570158,"d":"3,791.07"},{"v":0,"d":"0.00"},{"v":39.1429272999999,"d":"39.14"},{"v":0,"d":"0.00"},"0_20307004_535_262","G",{"v":25.8727884529999,"d":"25.87"},{"v":6.82467424456E-3,"d":"0.01"},{"v":0.267137727801,"d":"0.27"}]
[2,203,20307,{"v":15457.40134,"d":"15,457.40"},3346,{"v":0.216465881,"d":"0.22"},"M",430,20307004,{"v":3826.77890037999,"d":"3,826.78"},416,{"v":0.108707613,"d":"0.11"},{"v":0,"d":"0.00"},{"v":0.905906425,"d":"0.91"},{"v":376.8570727,"d":"376.86"},{"v":39.1429272999999,"d":"39.14"},0,"0_20307004_535",{"v":3791.06570158,"d":"3,791.07"},{"v":0,"d":"0.00"},{"v":39.1429272999999,"d":"39.14"},{"v":0,"d":"0.00"},"0_20307004_535_263","G",{"v":6.57302117991,"d":"6.57"},{"v":0.0017338188513,"d":"0.00"},{"v":0.0678667452478,"d":"0.07"}]
[2,203,20307,{"v":15457.40134,"d":"15,457.40"},3346,{"v":0.216465881,"d":"0.22"},"M",430,20307004,{"v":3826.77890037999,"d":"3,826.78"},416,{"v":0.108707613,"d":"0.11"},{"v":0,"d":"0.00"},{"v":0.905906425,"d":"0.91"},{"v":376.8570727,"d":"376.86"},{"v":39.1429272999999,"d":"39.14"},0,"0_20307004_535",{"v":3791.06570158,"d":"3,791.07"},{"v":0,"d":"0.00"},{"v":39.1429272999999,"d":"39.14"},{"v":0,"d":"0.00"},"0_20307004_535_264","G",{"v":0.00706621862708,"d":"0.01"},{"v":1.863913523e-06,"d":"0.00"},{"v":7.2959031517e-05,"d":"0.00"}]
[2,203,20320,{"v":5646.63504499999,"d":"5,646.64"},1241,{"v":0.21977691,"d":"0.22"}," ",430,20320000,{"v":2785.54145246999,"d":"2,785.54"},751,{"v":0.269606471,"d":"0.27"},{"v":0,"d":"0.00"},{"v":0.905906425,"d":"0.91"},{"v":680.335725,"d":"680.34"},{"v":70.664275,"d":"70.66"},0,"0_20320000_538",{"v":2694.6071375,"d":"2,694.61"},{"v":0,"d":"0.00"},{"v":70.664275,"d":"70.66"},{"v":0,"d":"0.00"},"0_20320000_538_265","außerhalb GKL",{"v":2566.99603643999,"d":"2,567.00"},{"v":0.952642038506,"d":"0.95"},{"v":67.3177589855,"d":"67.32"}]
[2,203,20320,{"v":5646.63504499999,"d":"5,646.64"},1241,{"v":0.21977691,"d":"0.22"}," ",430,20320000,{"v":2785.54145246999,"d":"2,785.54"},751,{"v":0.269606471,"d":"0.27"},{"v":0,"d":"0.00"},{"v":0.905906425,"d":"0.91"},{"v":680.335725,"d":"680.34"},{"v":70.664275,"d":"70.66"},0,"0_20320000_538",{"v":2694.6071375,"d":"2,694.61"},{"v":0,"d":"0.00"},{"v":70.664275,"d":"70.66"},{"v":0,"d":"0.00"},"0_20320000_538_266","außerhalb GKL",{"v":4.47789179921,"d":"4.48"},{"v":0.00166179764645,"d":"0.00"},{"v":0.117429725883,"d":"0.12"}]
[2,203,20320,{"v":5646.63504499999,"d":"5,646.64"},1241,{"v":0.21977691,"d":"0.22"}," ",430,20320000,{"v":2785.54145246999,"d":"2,785.54"},751,{"v":0.269606471,"d":"0.27"},{"v":0,"d":"0.00"},{"v":0.905906425,"d":"0.91"},{"v":680.335725,"d":"680.34"},{"v":70.664275,"d":"70.66"},0,"0_20320000_538",{"v":2694.6071375,"d":"2,694.61"},{"v":0,"d":"0.00"},{"v":70.664275,"d":"70.66"},{"v":0,"d":"0.00"},"0_20320000_538_267","außerhalb GKL",{"v":0.00367097062134,"d":"0.00"},{"v":1.362339827E-6,"d":"0.00"},{"v":9.6268756174e-05,"d":"0.00"}]
[2,203,20320,{"v":5646.63504499999,"d":"5,646.64"},1241,{"v":0.21977691,"d":"0.22"}," ",430,20320000,{"v":2785.54145246999,"d":"2,785.54"},751,{"v":0.269606471,"d":"0.27"},{"v":0,"d":"0.00"},{"v":0.905906425,"d":"0.91"},{"v":680.335725,"d":"680.34"},{"v":70.664275,"d":"70.66"},0,"0_20320000_538",{"v":2694.6071375,"d":"2,694.61"},{"v":0,"d":"0.00"},{"v":70.664275,"d":"70.66"},{"v":0,"d":"0.00"},"0_20320000_538_268","F",{"v":1.39587341138,"d":"1.40"},{"v":0.00051802483262,"d":"0.00"},{"v":0.0366058492291,"d":"0.04"}]
[2,203,20320,{"v":5646.63504499999,"d":"5,646.64"},1241,{"v":0.21977691,"d":"0.22"}," ",430,20320000,{"v":2785.54145246999,"d":"2,785.54"},751,{"v":0.269606471,"d":"0.27"},{"v":0,"d":"0.00"},{"v":0.905906425,"d":"0.91"},{"v":680.335725,"d":"680.34"},{"v":70.664275,"d":"70.66"},0,"0_20320000_538",{"v":2694.6071375,"d":"2,694.61"},{"v":0,"d":"0.00"},{"v":70.664275,"d":"70.66"},{"v":0,"d":"0.00"},"0_20320000_538_269","F",{"v":1.05344365005,"d":"1.05"},{"v":0.000390945171706,"d":"0.00"},{"v":0.0276258571234,"d":"0.03"}]
[2,203,20320,{"v":5646.63504499999,"d":"5,646.64"},1241,{"v":0.21977691,"d":"0.22"}," ",430,20320000,{"v":2785.54145246999,"d":"2,785.54"},751,{"v":0.269606471,"d":"0.27"},{"v":0,"d":"0.00"},{"v":0.905906425,"d":"0.91"},{"v":680.335725,"d":"680.34"},{"v":70.664275,"d":"70.66"},0,"0_20320000_538",{"v":2694.6071375,"d":"2,694.61"},{"v":0,"d":"0.00"},{"v":70.664275,"d":"70.66"},{"v":0,"d":"0.00"},"0_20320000_538_270","F",{"v":0.00040672026151,"d":"0.00"},{"v":1.50938612e-07,"d":"0.00"},{"v":1.0665967594E-5,"d":"0.00"}]
[2,203,20320,{"v":5646.63504499999,"d":"5,646.64"},1241,{"v":0.21977691,"d":"0.22"}," ",430,20320000,{"v":2785.54145246999,"d":"2,785.54"},751,{"v":0.269606471,"d":"0.27"},{"v":0,"d":"0.00"},{"v":0.905906425,"d":"0.91"},{"v":680.335725,"d":"680.34"},{"v":70.664275,"d":"70.66"},0,"0_20320000_538",{"v":2694.6071375,"d":"2,694.61"},{"v":0,"d":"0.00"},{"v":70.664275,"d":"70.66"},{"v":0,"d":"0.00"},"0_20320000_538_271","F",{"v":4.1459653e-08,"d":"0.00"},{"v":1.5386e-11,"d":"0.00"},{"v":1.087252E-9,"d":"0.00"}]
[2,203,20320,{"v":5646.63504499999,"d":"5,646.64"},1241,{"v":0.21977691,"d":"0.22"}," ",430,20320000,{"v":2785.54145246999,"d":"2,785.54"},751,{"v":0.269606471,"d":"0.27"},{"v":0,"d":"0.00"},{"v":0.905906425,"d":"0.91"},{"v":680.335725,"d":"680.34"},{"v":70.664275,"d":"70.66"},0,"0_20320000_538",{"v":2694.6071375,"d":"2,694.61"},{"v":0,"d":"0.00"},{"v":70.664275,"d":"70.66"},{"v":0,"d":"0.00"},"0_20320000_538_272","F",{"v":15.93366685,"d":"15.93"},{"v":0.00591316879862,"d":"0.01"},{"v":0.417849786107,"d":"0.42"}]
[2,203,20320,{"v":5646.63504499999,"d":"5,646.64"},1241,{"v":0.21977691,"d":"0.22"}," ",430,20320000,{"v":2785.54145246999,"d":"2,785.54"},751,{"v":0.269606471,"d":"0.27"},{"v":0,"d":"0.00"},{"v":0.905906425,"d":"0.91"},{"v":680.335725,"d":"680.34"},{"v":70.664275,"d":"70.66"},0,"0_20320000_538",{"v":2694.6071375,"d":"2,694.61"},{"v":0,"d":"0.00"},{"v":70.664275,"d":"70.66"},{"v":0,"d":"0.00"},"0_20320000_538_273","G",{"v":0.683523871015,"d":"0.68"},{"v":0.000253663645992,"d":"0.00"},{"v":0.0179249576379,"d":"0.02"}]
[2,203,20320,{"v":5646.63504499999,"d":"5,646.64"},1241,{"v":0.21977691,"d":"0.22"}," ",430,20320000,{"v":2785.54145246999,"d":"2,785.54"},751,{"v":0.269606471,"d":"0.27"},{"v":0,"d":"0.00"},{"v":0.905906425,"d":"0.91"},{"v":680.335725,"d":"680.34"},{"v":70.664275,"d":"70.66"},0,"0_20320000_538",{"v":2694.6071375,"d":"2,694.61"},{"v":0,"d":"0.00"},{"v":70.664275,"d":"70.66"},{"v":0,"d":"0.00"},"0_20320000_538_274","G",{"v":12.7683490892999,"d":"12.77"},{"v":0.0047384826202,"d":"0.00"},{"v":0.334841438957,"d":"0.33"}]
[2,203,20320,{"v":5646.63504499999,"d":"5,646.64"},1241,{"v":0.21977691,"d":"0.22"}," ",430,20320000,{"v":2785.54145246999,"d":"2,785.54"},751,{"v":0.269606471,"d":"0.27"},{"v":0,"d":"0.00"},{"v":0.905906425,"d":"0.91"},{"v":680.335725,"d":"680.34"},{"v":70.664275,"d":"70.66"},0,"0_20320000_538",{"v":2694.6071375,"d":"2,694.61"},{"v":0,"d":"0.00"},{"v":70.664275,"d":"70.66"},{"v":0,"d":"0.00"},"0_20320000_538_275","G",{"v":89.5513438599,"d":"89.55"},{"v":0.0332335436263,"d":"0.03"},{"v":2.34842426603,"d":"2.35"}]
[2,203,20320,{"v":5646.63504499999,"d":"5,646.64"},1241,{"v":0.21977691,"d":"0.22"}," ",430,20320000,{"v":2785.54145246999,"d":"2,785.54"},751,{"v":0.269606471,"d":"0.27"},{"v":0,"d":"0.00"},{"v":0.905906425,"d":"0.91"},{"v":680.335725,"d":"680.34"},{"v":70.664275,"d":"70.66"},0,"0_20320000_538",{"v":2694.6071375,"d":"2,694.61"},{"v":0,"d":"0.00"},{"v":70.664275,"d":"70.66"},{"v":0,"d":"0.00"},"0_20320000_538_276","G",{"v":1.58530521933,"d":"1.59"},{"v":0.000588325176338,"d":"0.00"},{"v":0.0415735720502,"d":"0.04"}]
[2,203,20320,{"v":5646.63504499999,"d":"5,646.64"},1241,{"v":0.21977691,"d":"0.22"}," ",430,20320000,{"v":2785.54145246999,"d":"2,785.54"},751,{"v":0.269606471,"d":"0.27"},{"v":0,"d":"0.00"},{"v":0.905906425,"d":"0.91"},{"v":680.335725,"d":"680.34"},{"v":70.664275,"d":"70.66"},0,"0_20320000_538",{"v":2694.6071375,"d":"2,694.61"},{"v":0,"d":"0.00"},{"v":70.664275,"d":"70.66"},{"v":0,"d":"0.00"},"0_20320000_538_277","G",{"v":0.157625573071,"d":"0.16"},{"v":5.8496680602e-05,"d":"0.00"},{"v":0.00413362552467,"d":"0.00"}]
[2,203,20321,{"v":19083.04949,"d":"19,083.05"},1288,{"v":0.067494454,"d":"0.07"}," ",430,20321000,{"v":5114.50064985999,"d":"5,114.50"},371,{"v":0.072538851,"d":"0.07"},{"v":0,"d":"0.00"},{"v":0.905906425,"d":"0.91"},{"v":336.091283599999,"d":"336.09"},{"v":34.9087164099999,"d":"34.91"},0,"0_20321000_540",{"v":5076.28014903999,"d":"5,076.28"},{"v":0,"d":"0.00"},{"v":34.9087164099999,"d":"34.91"},{"v":0,"d":"0.00"},"0_20321000_540_278","außerhalb GKL",{"v":5014.27808805,"d":"5,014.28"},{"v":0.987785926078,"d":"0.99"},{"v":34.4823387671999,"d":"34.48"}]
[2,203,20321,{"v":19083.04949,"d":"19,083.05"},1288,{"v":0.067494454,"d":"0.07"}," ",430,20321000,{"v":5114.50064985999,"d":"5,114.50"},371,{"v":0.072538851,"d":"0.07"},{"v":0,"d":"0.00"},{"v":0.905906425,"d":"0.91"},{"v":336.091283599999,"d":"336.09"},{"v":34.9087164099999,"d":"34.91"},0,"0_20321000_540",{"v":5076.28014903999,"d":"5,076.28"},{"v":0,"d":"0.00"},{"v":34.9087164099999,"d":"34.91"},{"v":0,"d":"0.00"},"0_20321000_540_279","F",{"v":4.67609756967,"d":"4.68"},{"v":0.000921166175305,"d":"0.00"},{"v":0.0321567287802,"d":"0.03"}]
[2,203,20321,{"v":19083.04949,"d":"19,083.05"},1288,{"v":0.067494454,"d":"0.07"}," ",430,20321000,{"v":5114.50064985999,"d":"5,114.50"},371,{"v":0.072538851,"d":"0.07"},{"v":0,"d":"0.00"},{"v":0.905906425,"d":"0.91"},{"v":336.091283599999,"d":"336.09"},{"v":34.9087164099999,"d":"34.91"},0,"0_20321000_540",{"v":5076.28014903999,"d":"5,076.28"},{"v":0,"d":"0.00"},{"v":34.9087164099999,"d":"34.91"},{"v":0,"d":"0.00"},"0_20321000_540_280","F",{"v":0.0219141202234,"d":"0.02"},{"v":4.316964309e-06,"d":"0.00"},{"v":0.000150699682798,"d":"0.00"}]
[2,203,20321,{"v":19083.04949,"d":"19,083.05"},1288,{"v":0.067494454,"d":"0.07"}," ",430,20321000,{"v":5114.50064985999,"d":"5,114.50"},371,{"v":0.072538851,"d":"0.07"},{"v":0,"d":"0.00"},{"v":0.905906425,"d":"0.91"},{"v":336.091283599999,"d":"336.09"},{"v":34.9087164099999,"d":"34.91"},0,"0_20321000_540",{"v":5076.28014903999,"d":"5,076.28"},{"v":0,"d":"0.00"},{"v":34.9087164099999,"d":"34.91"},{"v":0,"d":"0.00"},"0_20321000_540_281","F",{"v":0.521575428682,"d":"0.52"},{"v":0.00010274756581,"d":"0.00"},{"v":0.00358678563668,"d":"0.00"}]
[2,203,20321,{"v":19083.04949,"d":"19,083.05"},1288,{"v":0.067494454,"d":"0.07"}," ",430,20321000,{"v":5114.50064985999,"d":"5,114.50"},371,{"v":0.072538851,"d":"0.07"},{"v":0,"d":"0.00"},{"v":0.905906425,"d":"0.91"},{"v":336.091283599999,"d":"336.09"},{"v":34.9087164099999,"d":"34.91"},0,"0_20321000_540",{"v":5076.28014903999,"d":"5,076.28"},{"v":0,"d":"0.00"},{"v":34.9087164099999,"d":"34.91"},{"v":0,"d":"0.00"},"0_20321000_540_282","F",{"v":1.31075718746,"d":"1.31"},{"v":0.000258212145306,"d":"0.00"},{"v":0.0090138545541,"d":"0.01"}]
[2,203,20321,{"v":19083.04949,"d":"19,083.05"},1288,{"v":0.067494454,"d":"0.07"}," ",430,20321000,{"v":5114.50064985999,"d":"5,114.50"},371,{"v":0.072538851,"d":"0.07"},{"v":0,"d":"0.00"},{"v":0.905906425,"d":"0.91"},{"v":336.091283599999,"d":"336.09"},{"v":34.9087164099999,"d":"34.91"},0,"0_20321000_540",{"v":5076.28014903999,"d":"5,076.28"},{"v":0,"d":"0.00"},{"v":34.9087164099999,"d":"34.91"},{"v":0,"d":"0.00"},"0_20321000_540_283","G",{"v":50.9388288402999,"d":"50.94"},{"v":0.0100346764451,"d":"0.01"},{"v":0.350297674288,"d":"0.35"}]
[2,203,20321,{"v":19083.04949,"d":"19,083.05"},1288,{"v":0.067494454,"d":"0.07"}," ",430,20321000,{"v":5114.50064985999,"d":"5,114.50"},371,{"v":0.072538851,"d":"0.07"},{"v":0,"d":"0.00"},{"v":0.905906425,"d":"0.91"},{"v":336.091283599999,"d":"336.09"},{"v":34.9087164099999,"d":"34.91"},0,"0_20321000_540",{"v":5076.28014903999,"d":"5,076.28"},{"v":0,"d":"0.00"},{"v":34.9087164099999,"d":"34.91"},{"v":0,"d":"0.00"},"0_20321000_540_284","G",{"v":3.14771424033,"d":"3.15"},{"v":0.000620082845689,"d":"0.00"},{"v":0.0216462962109,"d":"0.02"}]
[2,203,20321,{"v":19083.04949,"d":"19,083.05"},1288,{"v":0.067494454,"d":"0.07"}," ",430,20321000,{"v":5114.50064985999,"d":"5,114.50"},371,{"v":0.072538851,"d":"0.07"},{"v":0,"d":"0.00"},{"v":0.905906425,"d":"0.91"},{"v":336.091283599999,"d":"336.09"},{"v":34.9087164099999,"d":"34.91"},0,"0_20321000_540",{"v":5076.28014903999,"d":"5,076.28"},{"v":0,"d":"0.00"},{"v":34.9087164099999,"d":"34.91"},{"v":0,"d":"0.00"},"0_20321000_540_285","G",{"v":0.179169133376,"d":"0.18"},{"v":3.5295359617e-05,"d":"0.00"},{"v":0.00123211569945,"d":"0.00"}]
[2,203,20321,{"v":19083.04949,"d":"19,083.05"},1288,{"v":0.067494454,"d":"0.07"}," ",430,20321000,{"v":5114.50064985999,"d":"5,114.50"},371,{"v":0.072538851,"d":"0.07"},{"v":0,"d":"0.00"},{"v":0.905906425,"d":"0.91"},{"v":336.091283599999,"d":"336.09"},{"v":34.9087164099999,"d":"34.91"},0,"0_20321000_540",{"v":5076.28014903999,"d":"5,076.28"},{"v":0,"d":"0.00"},{"v":34.9087164099999,"d":"34.91"},{"v":0,"d":"0.00"},"0_20321000_540_286","G",{"v":1.20600447743,"d":"1.21"},{"v":0.000237576422503,"d":"0.00"},{"v":0.00829348795886,"d":"0.01"}]
[2,203,20321,{"v":19083.04949,"d":"19,083.05"},1288,{"v":0.067494454,"d":"0.07"}," ",430,20321001,{"v":3432.16519406999,"d":"3,432.17"},275,{"v":0.080124348,"d":"0.08"},{"v":0,"d":"0.00"},{"v":0.905906425,"d":"0.91"},{"v":249.124266799999,"d":"249.12"},{"v":25.8757331899999,"d":"25.88"},0,"0_20321001_541",{"v":3392.36158151,"d":"3,392.36"},{"v":0,"d":"0.00"},{"v":25.8757331899999,"d":"25.88"},{"v":0,"d":"0.00"},"0_20321001_541_287","außerhalb GKL",{"v":934.782936298999,"d":"934.78"},{"v":0.275555218345,"d":"0.28"},{"v":7.13019330901,"d":"7.13"}]
[2,203,20321,{"v":19083.04949,"d":"19,083.05"},1288,{"v":0.067494454,"d":"0.07"}," ",430,20321001,{"v":3432.16519406999,"d":"3,432.17"},275,{"v":0.080124348,"d":"0.08"},{"v":0,"d":"0.00"},{"v":0.905906425,"d":"0.91"},{"v":249.124266799999,"d":"249.12"},{"v":25.8757331899999,"d":"25.88"},0,"0_20321001_541",{"v":3392.36158151,"d":"3,392.36"},{"v":0,"d":"0.00"},{"v":25.8757331899999,"d":"25.88"},{"v":0,"d":"0.00"},"0_20321001_541_288","außerhalb GKL",{"v":2359.18283157999,"d":"2,359.18"},{"v":0.695439673777,"d":"0.70"},{"v":17.9950114484,"d":"18.00"}]
[2,203,20321,{"v":19083.04949,"d":"19,083.05"},1288,{"v":0.067494454,"d":"0.07"}," ",430,20321001,{"v":3432.16519406999,"d":"3,432.17"},275,{"v":0.080124348,"d":"0.08"},{"v":0,"d":"0.00"},{"v":0.905906425,"d":"0.91"},{"v":249.124266799999,"d":"249.12"},{"v":25.8757331899999,"d":"25.88"},0,"0_20321001_541",{"v":3392.36158151,"d":"3,392.36"},{"v":0,"d":"0.00"},{"v":25.8757331899999,"d":"25.88"},{"v":0,"d":"0.00"},"0_20321001_541_289","F",{"v":2.5829241521E-5,"d":"0.00"},{"v":7.613941e-09,"d":"0.00"},{"v":1.9701631e-07,"d":"0.00"}]
[2,203,20321,{"v":19083.04949,"d":"19,083.05"},1288,{"v":0.067494454,"d":"0.07"}," ",430,20321001,{"v":3432.16519406999,"d":"3,432.17"},275,{"v":0.080124348,"d":"0.08"},{"v":0,"d":"0.00"},{"v":0.905906425,"d":"0.91"},{"v":249.124266799999,"d":"249.12"},{"v":25.8757331899999,"d":"25.88"},0,"0_20321001_541",{"v":3392.36158151,"d":"3,392.36"},{"v":0,"d":"0.00"},{"v":25.8757331899999,"d":"25.88"},{"v":0,"d":"0.00"},"0_20321001_541_290","F",{"v":5.05461193127,"d":"5.05"},{"v":1.48999798807E-3,"d":"0.00"},{"v":0.0385547903929,"d":"0.04"}]
[2,203,20321,{"v":19083.04949,"d":"19,083.05"},1288,{"v":0.067494454,"d":"0.07"}," ",430,20321001,{"v":3432.16519406999,"d":"3,432.17"},275,{"v":0.080124348,"d":"0.08"},{"v":0,"d":"0.00"},{"v":0.905906425,"d":"0.91"},{"v":249.124266799999,"d":"249.12"},{"v":25.8757331899999,"d":"25.88"},0,"0_20321001_541",{"v":3392.36158151,"d":"3,392.36"},{"v":0,"d":"0.00"},{"v":25.8757331899999,"d":"25.88"},{"v":0,"d":"0.00"},"0_20321001_541_291","F",{"v":0.0930611981505,"d":"0.09"},{"v":2.7432570472e-05,"d":"0.00"},{"v":0.000709837874244,"d":"0.00"}]
[2,203,20321,{"v":19083.04949,"d":"19,083.05"},1288,{"v":0.067494454,"d":"0.07"}," ",430,20321001,{"v":3432.16519406999,"d":"3,432.17"},275,{"v":0.080124348,"d":"0.08"},{"v":0,"d":"0.00"},{"v":0.905906425,"d":"0.91"},{"v":249.124266799999,"d":"249.12"},{"v":25.8757331899999,"d":"25.88"},0,"0_20321001_541",{"v":3392.36158151,"d":"3,392.36"},{"v":0,"d":"0.00"},{"v":25.8757331899999,"d":"25.88"},{"v":0,"d":"0.00"},"0_20321001_541_292","F",{"v":5.40725147752,"d":"5.41"},{"v":1.59394903745E-3,"d":"0.00"},{"v":0.0412446000115,"d":"0.04"}]
[2,203,20321,{"v":19083.04949,"d":"19,083.05"},1288,{"v":0.067494454,"d":"0.07"}," ",430,20321001,{"v":3432.16519406999,"d":"3,432.17"},275,{"v":0.080124348,"d":"0.08"},{"v":0,"d":"0.00"},{"v":0.905906425,"d":"0.91"},{"v":249.124266799999,"d":"249.12"},{"v":25.8757331899999,"d":"25.88"},0,"0_20321001_541",{"v":3392.36158151,"d":"3,392.36"},{"v":0,"d":"0.00"},{"v":25.8757331899999,"d":"25.88"},{"v":0,"d":"0.00"},"0_20321001_541_293","F",{"v":1.34824425443,"d":"1.35"},{"v":0.000397435303412,"d":"0.00"},{"v":0.0102839298714,"d":"0.01"}]
[2,203,20321,{"v":19083.04949,"d":"19,083.05"},1288,{"v":0.067494454,"d":"0.07"}," ",430,20321001,{"v":3432.16519406999,"d":"3,432.17"},275,{"v":0.080124348,"d":"0.08"},{"v":0,"d":"0.00"},{"v":0.905906425,"d":"0.91"},{"v":249.124266799999,"d":"249.12"},{"v":25.8757331899999,"d":"25.88"},0,"0_20321001_541",{"v":3392.36158151,"d":"3,392.36"},{"v":0,"d":"0.00"},{"v":25.8757331899999,"d":"25.88"},{"v":0,"d":"0.00"},"0_20321001_541_294","F",{"v":2.99564686713,"d":"3.00"},{"v":8.83056477074E-4,"d":"0.00"},{"v":0.0228497337925,"d":"0.02"}]
[2,203,20321,{"v":19083.04949,"d":"19,083.05"},1288,{"v":0.067494454,"d":"0.07"}," ",430,20321001,{"v":3432.16519406999,"d":"3,432.17"},275,{"v":0.080124348,"d":"0.08"},{"v":0,"d":"0.00"},{"v":0.905906425,"d":"0.91"},{"v":249.124266799999,"d":"249.12"},{"v":25.8757331899999,"d":"25.88"},0,"0_20321001_541",{"v":3392.36158151,"d":"3,392.36"},{"v":0,"d":"0.00"},{"v":25.8757331899999,"d":"25.88"},{"v":0,"d":"0.00"},"0_20321001_541_295","G",{"v":66.6953631581999,"d":"66.70"},{"v":0.0196604523296,"d":"0.02"},{"v":0.508728618875,"d":"0.51"}]
[2,203,20321,{"v":19083.04949,"d":"19,083.05"},1288,{"v":0.067494454,"d":"0.07"}," ",430,20321001,{"v":3432.16519406999,"d":"3,432.17"},275,{"v":0.080124348,"d":"0.08"},{"v":0,"d":"0.00"},{"v":0.905906425,"d":"0.91"},{"v":249.124266799999,"d":"249.12"},{"v":25.8757331899999,"d":"25.88"},0,"0_20321001_541",{"v":3392.36158151,"d":"3,392.36"},{"v":0,"d":"0.00"},{"v":25.8757331899999,"d":"25.88"},{"v":0,"d":"0.00"},"0_20321001_541_296","G",{"v":1.15867404427,"d":"1.16"},{"v":0.000341553816252,"d":"0.00"},{"v":0.00883795541936,"d":"0.01"}]
[2,203,20321,{"v":19083.04949,"d":"19,083.05"},1288,{"v":0.067494454,"d":"0.07"}," ",430,20321001,{"v":3432.16519406999,"d":"3,432.17"},275,{"v":0.080124348,"d":"0.08"},{"v":0,"d":"0.00"},{"v":0.905906425,"d":"0.91"},{"v":249.124266799999,"d":"249.12"},{"v":25.8757331899999,"d":"25.88"},0,"0_20321001_541",{"v":3392.36158151,"d":"3,392.36"},{"v":0,"d":"0.00"},{"v":25.8757331899999,"d":"25.88"},{"v":0,"d":"0.00"},"0_20321001_541_297","G",{"v":0.432934123194,"d":"0.43"},{"v":0.000127620276551,"d":"0.00"},{"v":0.00330226822567,"d":"0.00"}]
[2,203,20321,{"v":19083.04949,"d":"19,083.05"},1288,{"v":0.067494454,"d":"0.07"}," ",430,20321001,{"v":3432.16519406999,"d":"3,432.17"},275,{"v":0.080124348,"d":"0.08"},{"v":0,"d":"0.00"},{"v":0.905906425,"d":"0.91"},{"v":249.124266799999,"d":"249.12"},{"v":25.8757331899999,"d":"25.88"},0,"0_20321001_541",{"v":3392.36158151,"d":"3,392.36"},{"v":0,"d":"0.00"},{"v":25.8757331899999,"d":"25.88"},{"v":0,"d":"0.00"},"0_20321001_541_298","G",{"v":0.110757561878,"d":"0.11"},{"v":3.2649102761e-05,"d":"0.00"},{"v":0.000844819471942,"d":"0.00"}]
[2,203,20321,{"v":19083.04949,"d":"19,083.05"},1288,{"v":0.067494454,"d":"0.07"}," ",430,20321001,{"v":3432.16519406999,"d":"3,432.17"},275,{"v":0.080124348,"d":"0.08"},{"v":0,"d":"0.00"},{"v":0.905906425,"d":"0.91"},{"v":249.124266799999,"d":"249.12"},{"v":25.8757331899999,"d":"25.88"},0,"0_20321001_541",{"v":3392.36158151,"d":"3,392.36"},{"v":0,"d":"0.00"},{"v":25.8757331899999,"d":"25.88"},{"v":0,"d":"0.00"},"0_20321001_541_299","G",{"v":0.179106587856,"d":"0.18"},{"v":5.2797021648e-05,"d":"0.00"},{"v":1.36616164539E-3,"d":"0.00"}]
[2,203,20321,{"v":19083.04949,"d":"19,083.05"},1288,{"v":0.067494454,"d":"0.07"}," ",430,20321001,{"v":3432.16519406999,"d":"3,432.17"},275,{"v":0.080124348,"d":"0.08"},{"v":0,"d":"0.00"},{"v":0.905906425,"d":"0.91"},{"v":249.124266799999,"d":"249.12"},{"v":25.8757331899999,"d":"25.88"},0,"0_20321001_541",{"v":3392.36158151,"d":"3,392.36"},{"v":0,"d":"0.00"},{"v":25.8757331899999,"d":"25.88"},{"v":0,"d":"0.00"},"0_20321001_541_300","G",{"v":0.194142379768,"d":"0.19"},{"v":5.722927085e-05,"d":"0.00"},{"v":1.48084934316E-3,"d":"0.00"}]
[2,203,20321,{"v":19083.04949,"d":"19,083.05"},1288,{"v":0.067494454,"d":"0.07"}," ",430,20321001,{"v":3432.16519406999,"d":"3,432.17"},275,{"v":0.080124348,"d":"0.08"},{"v":0,"d":"0.00"},{"v":0.905906425,"d":"0.91"},{"v":249.124266799999,"d":"249.12"},{"v":25.8757331899999,"d":"25.88"},0,"0_20321001_541",{"v":3392.36158151,"d":"3,392.36"},{"v":0,"d":"0.00"},{"v":25.8757331899999,"d":"25.88"},{"v":0,"d":"0.00"},"0_20321001_541_301","G",{"v":0.0142609181186,"d":"0.01"},{"v":4.203831984e-06,"d":"0.00"},{"v":0.000108777234801,"d":"0.00"}]
[2,203,20321,{"v":19083.04949,"d":"19,083.05"},1288,{"v":0.067494454,"d":"0.07"}," ",430,20321001,{"v":3432.16519406999,"d":"3,432.17"},275,{"v":0.080124348,"d":"0.08"},{"v":0,"d":"0.00"},{"v":0.905906425,"d":"0.91"},{"v":249.124266799999,"d":"249.12"},{"v":25.8757331899999,"d":"25.88"},0,"0_20321001_541",{"v":3392.36158151,"d":"3,392.36"},{"v":0,"d":"0.00"},{"v":25.8757331899999,"d":"25.88"},{"v":0,"d":"0.00"},"0_20321001_541_302","G",{"v":1.7320102878E-5,"d":"0.00"},{"v":5.105618e-09,"d":"0.00"},{"v":1.32111613e-07,"d":"0.00"}]
[2,203,20321,{"v":19083.04949,"d":"19,083.05"},1288,{"v":0.067494454,"d":"0.07"}," ",430,20321001,{"v":3432.16519406999,"d":"3,432.17"},275,{"v":0.080124348,"d":"0.08"},{"v":0,"d":"0.00"},{"v":0.905906425,"d":"0.91"},{"v":249.124266799999,"d":"249.12"},{"v":25.8757331899999,"d":"25.88"},0,"0_20321001_541",{"v":3392.36158151,"d":"3,392.36"},{"v":0,"d":"0.00"},{"v":25.8757331899999,"d":"25.88"},{"v":0,"d":"0.00"},"0_20321001_541_303","G",{"v":14.7117159873,"d":"14.71"},{"v":0.00433671813391,"d":"0.00"},{"v":0.112215761353,"d":"0.11"}]
[2,203,20321,{"v":19083.04949,"d":"19,083.05"},1288,{"v":0.067494454,"d":"0.07"}," ",430,20321002,{"v":5232.65538,"d":"5,232.66"},424,{"v":0.081029605,"d":"0.08"},{"v":0,"d":"0.00"},{"v":0.905906425,"d":"0.91"},{"v":384.104324099999,"d":"384.10"},{"v":39.8956759,"d":"39.90"},0,"0_20321002_542",{"v":5196.87369221999,"d":"5,196.87"},{"v":0,"d":"0.00"},{"v":39.8956759,"d":"39.90"},{"v":0,"d":"0.00"},"0_20321002_542_304","außerhalb GKL",{"v":5196.87369221999,"d":"5,196.87"},{"v":1,"d":"1.00"},{"v":39.8956759,"d":"39.90"}]
[2,203,20321,{"v":19083.04949,"d":"19,083.05"},1288,{"v":0.067494454,"d":"0.07"}," ",430,20321003,{"v":5303.72826856,"d":"5,303.73"},218,{"v":0.041103162,"d":"0.04"},{"v":0,"d":"0.00"},{"v":0.905906425,"d":"0.91"},{"v":197.4876006,"d":"197.49"},{"v":20.5123994,"d":"20.51"},0,"0_20321003_543",{"v":5284.68786261999,"d":"5,284.69"},{"v":0,"d":"0.00"},{"v":20.5123994,"d":"20.51"},{"v":0,"d":"0.00"},"0_20321003_543_305","außerhalb GKL",{"v":5254.87633505,"d":"5,254.88"},{"v":0.994358885833,"d":"0.99"},{"v":20.3966866131,"d":"20.40"}]
[2,203,20321,{"v":19083.04949,"d":"19,083.05"},1288,{"v":0.067494454,"d":"0.07"}," ",430,20321003,{"v":5303.72826856,"d":"5,303.73"},218,{"v":0.041103162,"d":"0.04"},{"v":0,"d":"0.00"},{"v":0.905906425,"d":"0.91"},{"v":197.4876006,"d":"197.49"},{"v":20.5123994,"d":"20.51"},0,"0_20321003_543",{"v":5284.68786261999,"d":"5,284.69"},{"v":0,"d":"0.00"},{"v":20.5123994,"d":"20.51"},{"v":0,"d":"0.00"},"0_20321003_543_306","außerhalb GKL",{"v":0.00362401619736,"d":"0.00"},{"v":6.85757852e-07,"d":"0.00"},{"v":1.4066538953E-5,"d":"0.00"}]
[2,203,20321,{"v":19083.04949,"d":"19,083.05"},1288,{"v":0.067494454,"d":"0.07"}," ",430,20321003,{"v":5303.72826856,"d":"5,303.73"},218,{"v":0.041103162,"d":"0.04"},{"v":0,"d":"0.00"},{"v":0.905906425,"d":"0.91"},{"v":197.4876006,"d":"197.49"},{"v":20.5123994,"d":"20.51"},0,"0_20321003_543",{"v":5284.68786261999,"d":"5,284.69"},{"v":0,"d":"0.00"},{"v":20.5123994,"d":"20.51"},{"v":0,"d":"0.00"},"0_20321003_543_307","außerhalb GKL",{"v":0.00538451243808,"d":"0.01"},{"v":1.018889399e-06,"d":"0.00"},{"v":2.0899866288e-05,"d":"0.00"}]
[2,203,20321,{"v":19083.04949,"d":"19,083.05"},1288,{"v":0.067494454,"d":"0.07"}," ",430,20321003,{"v":5303.72826856,"d":"5,303.73"},218,{"v":0.041103162,"d":"0.04"},{"v":0,"d":"0.00"},{"v":0.905906425,"d":"0.91"},{"v":197.4876006,"d":"197.49"},{"v":20.5123994,"d":"20.51"},0,"0_20321003_543",{"v":5284.68786261999,"d":"5,284.69"},{"v":0,"d":"0.00"},{"v":20.5123994,"d":"20.51"},{"v":0,"d":"0.00"},"0_20321003_543_308","G",{"v":12.585673536,"d":"12.59"},{"v":0.00238153583772,"d":"0.00"},{"v":0.0488510142887,"d":"0.05"}]
[2,203,20321,{"v":19083.04949,"d":"19,083.05"},1288,{"v":0.067494454,"d":"0.07"}," ",430,20321003,{"v":5303.72826856,"d":"5,303.73"},218,{"v":0.041103162,"d":"0.04"},{"v":0,"d":"0.00"},{"v":0.905906425,"d":"0.91"},{"v":197.4876006,"d":"197.49"},{"v":20.5123994,"d":"20.51"},0,"0_20321003_543",{"v":5284.68786261999,"d":"5,284.69"},{"v":0,"d":"0.00"},{"v":20.5123994,"d":"20.51"},{"v":0,"d":"0.00"},"0_20321003_543_309","G",{"v":15.7839713875999,"d":"15.78"},{"v":2.9867367379E-3,"d":"0.00"},{"v":0.0612651368705,"d":"0.06"}]
[2,203,20321,{"v":19083.04949,"d":"19,083.05"},1288,{"v":0.067494454,"d":"0.07"}," ",430,20321003,{"v":5303.72826856,"d":"5,303.73"},218,{"v":0.041103162,"d":"0.04"},{"v":0,"d":"0.00"},{"v":0.905906425,"d":"0.91"},{"v":197.4876006,"d":"197.49"},{"v":20.5123994,"d":"20.51"},0,"0_20321003_543",{"v":5284.68786261999,"d":"5,284.69"},{"v":0,"d":"0.00"},{"v":20.5123994,"d":"20.51"},{"v":0,"d":"0.00"},"0_20321003_543_310","G",{"v":1.17197837958,"d":"1.17"},{"v":2.21768704235E-4,"d":"0.00"},{"v":0.00454900823569,"d":"0.00"}]
[2,203,20321,{"v":19083.04949,"d":"19,083.05"},1288,{"v":0.067494454,"d":"0.07"}," ",430,20321003,{"v":5303.72826856,"d":"5,303.73"},218,{"v":0.041103162,"d":"0.04"},{"v":0,"d":"0.00"},{"v":0.905906425,"d":"0.91"},{"v":197.4876006,"d":"197.49"},{"v":20.5123994,"d":"20.51"},0,"0_20321003_543",{"v":5284.68786261999,"d":"5,284.69"},{"v":0,"d":"0.00"},{"v":20.5123994,"d":"20.51"},{"v":0,"d":"0.00"},"0_20321003_543_311","G",{"v":0.260895746115,"d":"0.26"},{"v":4.9368241398e-05,"d":"0.00"},{"v":0.00101266108523,"d":"0.00"}]
[2,206,20603,{"v":5423.585106,"d":"5,423.59"},1268,{"v":0.233793695,"d":"0.23"}," ",410,20603000,{"v":5423.58510561999,"d":"5,423.59"},1268,{"v":0.233793695,"d":"0.23"},{"v":0,"d":"0.00"},{"v":0.921559671,"d":"0.92"},{"v":1168.537663,"d":"1,168.54"},{"v":99.4623375,"d":"99.46"},0,"0_20603000_656",{"v":5324.78985077,"d":"5,324.79"},{"v":0,"d":"0.00"},{"v":99.4623375,"d":"99.46"},{"v":0,"d":"0.00"},"0_20603000_656_312","außerhalb GKL",{"v":5149.85279963999,"d":"5,149.85"},{"v":0.967146675074,"d":"0.97"},{"v":96.1946690081999,"d":"96.19"}]
[2,206,20603,{"v":5423.585106,"d":"5,423.59"},1268,{"v":0.233793695,"d":"0.23"}," ",410,20603000,{"v":5423.58510561999,"d":"5,423.59"},1268,{"v":0.233793695,"d":"0.23"},{"v":0,"d":"0.00"},{"v":0.921559671,"d":"0.92"},{"v":1168.537663,"d":"1,168.54"},{"v":99.4623375,"d":"99.46"},0,"0_20603000_656",{"v":5324.78985077,"d":"5,324.79"},{"v":0,"d":"0.00"},{"v":99.4623375,"d":"99.46"},{"v":0,"d":"0.00"},"0_20603000_656_313","außerhalb GKL",{"v":0.00169609918452,"d":"0.00"},{"v":3.18528849e-07,"d":"0.00"},{"v":3.1681623924E-5,"d":"0.00"}]
[2,206,20603,{"v":5423.585106,"d":"5,423.59"},1268,{"v":0.233793695,"d":"0.23"}," ",410,20603000,{"v":5423.58510561999,"d":"5,423.59"},1268,{"v":0.233793695,"d":"0.23"},{"v":0,"d":"0.00"},{"v":0.921559671,"d":"0.92"},{"v":1168.537663,"d":"1,168.54"},{"v":99.4623375,"d":"99.46"},0,"0_20603000_656",{"v":5324.78985077,"d":"5,324.79"},{"v":0,"d":"0.00"},{"v":99.4623375,"d":"99.46"},{"v":0,"d":"0.00"},"0_20603000_656_314","außerhalb GKL",{"v":0.0057961554663,"d":"0.01"},{"v":1.088522858e-06,"d":"0.00"},{"v":1.08267027873E-4,"d":"0.00"}]
[2,206,20603,{"v":5423.585106,"d":"5,423.59"},1268,{"v":0.233793695,"d":"0.23"}," ",410,20603000,{"v":5423.58510561999,"d":"5,423.59"},1268,{"v":0.233793695,"d":"0.23"},{"v":0,"d":"0.00"},{"v":0.921559671,"d":"0.92"},{"v":1168.537663,"d":"1,168.54"},{"v":99.4623375,"d":"99.46"},0,"0_20603000_656",{"v":5324.78985077,"d":"5,324.79"},{"v":0,"d":"0.00"},{"v":99.4623375,"d":"99.46"},{"v":0,"d":"0.00"},"0_20603000_656_315","außerhalb GKL",{"v":0.000699247127009,"d":"0.00"},{"v":1.31319197e-07,"d":"0.00"},{"v":1.3061314285E-5,"d":"0.00"}]
[2,206,20603,{"v":5423.585106,"d":"5,423.59"},1268,{"v":0.233793695,"d":"0.23"}," ",410,20603000,{"v":5423.58510561999,"d":"5,423.59"},1268,{"v":0.233793695,"d":"0.23"},{"v":0,"d":"0.00"},{"v":0.921559671,"d":"0.92"},{"v":1168.537663,"d":"1,168.54"},{"v":99.4623375,"d":"99.46"},0,"0_20603000_656",{"v":5324.78985077,"d":"5,324.79"},{"v":0,"d":"0.00"},{"v":99.4623375,"d":"99.46"},{"v":0,"d":"0.00"},"0_20603000_656_316","D",{"v":4.14065906353,"d":"4.14"},{"v":0.000777619244998,"d":"0.00"},{"v":0.0773438277925,"d":"0.08"}]
[2,206,20603,{"v":5423.585106,"d":"5,423.59"},1268,{"v":0.233793695,"d":"0.23"}," ",410,20603000,{"v":5423.58510561999,"d":"5,423.59"},1268,{"v":0.233793695,"d":"0.23"},{"v":0,"d":"0.00"},{"v":0.921559671,"d":"0.92"},{"v":1168.537663,"d":"1,168.54"},{"v":99.4623375,"d":"99.46"},0,"0_20603000_656",{"v":5324.78985077,"d":"5,324.79"},{"v":0,"d":"0.00"},{"v":99.4623375,"d":"99.46"},{"v":0,"d":"0.00"},"0_20603000_656_317","D",{"v":0.374152152289,"d":"0.37"},{"v":7.026608801e-05,"d":"0.00"},{"v":0.00698882936046,"d":"0.01"}]
[2,206,20603,{"v":5423.585106,"d":"5,423.59"},1268,{"v":0.233793695,"d":"0.23"}," ",410,20603000,{"v":5423.58510561999,"d":"5,423.59"},1268,{"v":0.233793695,"d":"0.23"},{"v":0,"d":"0.00"},{"v":0.921559671,"d":"0.92"},{"v":1168.537663,"d":"1,168.54"},{"v":99.4623375,"d":"99.46"},0,"0_20603000_656",{"v":5324.78985077,"d":"5,324.79"},{"v":0,"d":"0.00"},{"v":99.4623375,"d":"99.46"},{"v":0,"d":"0.00"},"0_20603000_656_318","D",{"v":0.00673966354872,"d":"0.01"},{"v":1.265714467e-06,"d":"0.00"},{"v":1.25890919511E-4,"d":"0.00"}]
[2,206,20603,{"v":5423.585106,"d":"5,423.59"},1268,{"v":0.233793695,"d":"0.23"}," ",410,20603000,{"v":5423.58510561999,"d":"5,423.59"},1268,{"v":0.233793695,"d":"0.23"},{"v":0,"d":"0.00"},{"v":0.921559671,"d":"0.92"},{"v":1168.537663,"d":"1,168.54"},{"v":99.4623375,"d":"99.46"},0,"0_20603000_656",{"v":5324.78985077,"d":"5,324.79"},{"v":0,"d":"0.00"},{"v":99.4623375,"d":"99.46"},{"v":0,"d":"0.00"},"0_20603000_656_319","D",{"v":0.987690975296,"d":"0.99"},{"v":1.8548919356E-4,"d":"0.00"},{"v":0.0184491887725,"d":"0.02"}]
[2,206,20603,{"v":5423.585106,"d":"5,423.59"},1268,{"v":0.233793695,"d":"0.23"}," ",410,20603000,{"v":5423.58510561999,"d":"5,423.59"},1268,{"v":0.233793695,"d":"0.23"},{"v":0,"d":"0.00"},{"v":0.921559671,"d":"0.92"},{"v":1168.537663,"d":"1,168.54"},{"v":99.4623375,"d":"99.46"},0,"0_20603000_656",{"v":5324.78985077,"d":"5,324.79"},{"v":0,"d":"0.00"},{"v":99.4623375,"d":"99.46"},{"v":0,"d":"0.00"},"0_20603000_656_320","E",{"v":0.744244013376,"d":"0.74"},{"v":1.39769649927E-4,"d":"0.00"},{"v":0.0139018160933,"d":"0.01"}]
[2,206,20603,{"v":5423.585106,"d":"5,423.59"},1268,{"v":0.233793695,"d":"0.23"}," ",410,20603000,{"v":5423.58510561999,"d":"5,423.59"},1268,{"v":0.233793695,"d":"0.23"},{"v":0,"d":"0.00"},{"v":0.921559671,"d":"0.92"},{"v":1168.537663,"d":"1,168.54"},{"v":99.4623375,"d":"99.46"},0,"0_20603000_656",{"v":5324.78985077,"d":"5,324.79"},{"v":0,"d":"0.00"},{"v":99.4623375,"d":"99.46"},{"v":0,"d":"0.00"},"0_20603000_656_321","E",{"v":0.0353402351543,"d":"0.04"},{"v":6.636925803e-06,"d":"0.00"},{"v":0.000660124154147,"d":"0.00"}]
[2,206,20603,{"v":5423.585106,"d":"5,423.59"},1268,{"v":0.233793695,"d":"0.23"}," ",410,20603000,{"v":5423.58510561999,"d":"5,423.59"},1268,{"v":0.233793695,"d":"0.23"},{"v":0,"d":"0.00"},{"v":0.921559671,"d":"0.92"},{"v":1168.537663,"d":"1,168.54"},{"v":99.4623375,"d":"99.46"},0,"0_20603000_656",{"v":5324.78985077,"d":"5,324.79"},{"v":0,"d":"0.00"},{"v":99.4623375,"d":"99.46"},{"v":0,"d":"0.00"},"0_20603000_656_322","E",{"v":7.98441914241,"d":"7.98"},{"v":0.00149948061166,"d":"0.00"},{"v":0.149141846672,"d":"0.15"}]
[2,206,20603,{"v":5423.585106,"d":"5,423.59"},1268,{"v":0.233793695,"d":"0.23"}," ",410,20603000,{"v":5423.58510561999,"d":"5,423.59"},1268,{"v":0.233793695,"d":"0.23"},{"v":0,"d":"0.00"},{"v":0.921559671,"d":"0.92"},{"v":1168.537663,"d":"1,168.54"},{"v":99.4623375,"d":"99.46"},0,"0_20603000_656",{"v":5324.78985077,"d":"5,324.79"},{"v":0,"d":"0.00"},{"v":99.4623375,"d":"99.46"},{"v":0,"d":"0.00"},"0_20603000_656_323","E",{"v":2.4030977331,"d":"2.40"},{"v":0.00045130376981,"d":"0.00"},{"v":0.0448877278679,"d":"0.04"}]
[2,206,20603,{"v":5423.585106,"d":"5,423.59"},1268,{"v":0.233793695,"d":"0.23"}," ",410,20603000,{"v":5423.58510561999,"d":"5,423.59"},1268,{"v":0.233793695,"d":"0.23"},{"v":0,"d":"0.00"},{"v":0.921559671,"d":"0.92"},{"v":1168.537663,"d":"1,168.54"},{"v":99.4623375,"d":"99.46"},0,"0_20603000_656",{"v":5324.78985077,"d":"5,324.79"},{"v":0,"d":"0.00"},{"v":99.4623375,"d":"99.46"},{"v":0,"d":"0.00"},"0_20603000_656_324","E",{"v":0.365648528718,"d":"0.37"},{"v":6.8669100371e-05,"d":"0.00"},{"v":0.00682998923694,"d":"0.01"}]
[2,206,20603,{"v":5423.585106,"d":"5,423.59"},1268,{"v":0.233793695,"d":"0.23"}," ",410,20603000,{"v":5423.58510561999,"d":"5,423.59"},1268,{"v":0.233793695,"d":"0.23"},{"v":0,"d":"0.00"},{"v":0.921559671,"d":"0.92"},{"v":1168.537663,"d":"1,168.54"},{"v":99.4623375,"d":"99.46"},0,"0_20603000_656",{"v":5324.78985077,"d":"5,324.79"},{"v":0,"d":"0.00"},{"v":99.4623375,"d":"99.46"},{"v":0,"d":"0.00"},"0_20603000_656_325","E",{"v":0.000719567912015,"d":"0.00"},{"v":1.35135457e-07,"d":"0.00"},{"v":1.3440888472E-5,"d":"0.00"}]
[2,206,20603,{"v":5423.585106,"d":"5,423.59"},1268,{"v":0.233793695,"d":"0.23"}," ",410,20603000,{"v":5423.58510561999,"d":"5,423.59"},1268,{"v":0.233793695,"d":"0.23"},{"v":0,"d":"0.00"},{"v":0.921559671,"d":"0.92"},{"v":1168.537663,"d":"1,168.54"},{"v":99.4623375,"d":"99.46"},0,"0_20603000_656",{"v":5324.78985077,"d":"5,324.79"},{"v":0,"d":"0.00"},{"v":99.4623375,"d":"99.46"},{"v":0,"d":"0.00"},"0_20603000_656_326","E",{"v":0.562634275947,"d":"0.56"},{"v":1.05663188917E-4,"d":"0.00"},{"v":0.0105095077574,"d":"0.01"}]
[2,206,20603,{"v":5423.585106,"d":"5,423.59"},1268,{"v":0.233793695,"d":"0.23"}," ",410,20603000,{"v":5423.58510561999,"d":"5,423.59"},1268,{"v":0.233793695,"d":"0.23"},{"v":0,"d":"0.00"},{"v":0.921559671,"d":"0.92"},{"v":1168.537663,"d":"1,168.54"},{"v":99.4623375,"d":"99.46"},0,"0_20603000_656",{"v":5324.78985077,"d":"5,324.79"},{"v":0,"d":"0.00"},{"v":99.4623375,"d":"99.46"},{"v":0,"d":"0.00"},"0_20603000_656_327","E",{"v":0.00540052784792,"d":"0.01"},{"v":1.014223659e-06,"d":"0.00"},{"v":0.000100877055911,"d":"0.00"}]
[2,206,20603,{"v":5423.585106,"d":"5,423.59"},1268,{"v":0.233793695,"d":"0.23"}," ",410,20603000,{"v":5423.58510561999,"d":"5,423.59"},1268,{"v":0.233793695,"d":"0.23"},{"v":0,"d":"0.00"},{"v":0.921559671,"d":"0.92"},{"v":1168.537663,"d":"1,168.54"},{"v":99.4623375,"d":"99.46"},0,"0_20603000_656",{"v":5324.78985077,"d":"5,324.79"},{"v":0,"d":"0.00"},{"v":99.4623375,"d":"99.46"},{"v":0,"d":"0.00"},"0_20603000_656_328","E",{"v":0.780864091541,"d":"0.78"},{"v":0.00014664693132,"d":"0.00"},{"v":0.0145858465763,"d":"0.01"}]
[2,206,20603,{"v":5423.585106,"d":"5,423.59"},1268,{"v":0.233793695,"d":"0.23"}," ",410,20603000,{"v":5423.58510561999,"d":"5,423.59"},1268,{"v":0.233793695,"d":"0.23"},{"v":0,"d":"0.00"},{"v":0.921559671,"d":"0.92"},{"v":1168.537663,"d":"1,168.54"},{"v":99.4623375,"d":"99.46"},0,"0_20603000_656",{"v":5324.78985077,"d":"5,324.79"},{"v":0,"d":"0.00"},{"v":99.4623375,"d":"99.46"},{"v":0,"d":"0.00"},"0_20603000_656_329","E",{"v":0.0532264904376,"d":"0.05"},{"v":9.995979546e-06,"d":"0.00"},{"v":0.000994223491295,"d":"0.00"}]
[2,206,20603,{"v":5423.585106,"d":"5,423.59"},1268,{"v":0.233793695,"d":"0.23"}," ",410,20603000,{"v":5423.58510561999,"d":"5,423.59"},1268,{"v":0.233793695,"d":"0.23"},{"v":0,"d":"0.00"},{"v":0.921559671,"d":"0.92"},{"v":1168.537663,"d":"1,168.54"},{"v":99.4623375,"d":"99.46"},0,"0_20603000_656",{"v":5324.78985077,"d":"5,324.79"},{"v":0,"d":"0.00"},{"v":99.4623375,"d":"99.46"},{"v":0,"d":"0.00"},"0_20603000_656_330","F",{"v":3.16956474008,"d":"3.17"},{"v":0.000595246916575,"d":"0.00"},{"v":0.0592046497122,"d":"0.06"}]
[2,206,20603,{"v":5423.585106,"d":"5,423.59"},1268,{"v":0.233793695,"d":"0.23"}," ",410,20603000,{"v":5423.58510561999,"d":"5,423.59"},1268,{"v":0.233793695,"d":"0.23"},{"v":0,"d":"0.00"},{"v":0.921559671,"d":"0.92"},{"v":1168.537663,"d":"1,168.54"},{"v":99.4623375,"d":"99.46"},0,"0_20603000_656",{"v":5324.78985077,"d":"5,324.79"},{"v":0,"d":"0.00"},{"v":99.4623375,"d":"99.46"},{"v":0,"d":"0.00"},"0_20603000_656_331","F",{"v":0.028297564479,"d":"0.03"},{"v":5.314306343e-06,"d":"0.00"},{"v":0.000528573331064,"d":"0.00"}]
[2,206,20603,{"v":5423.585106,"d":"5,423.59"},1268,{"v":0.233793695,"d":"0.23"}," ",410,20603000,{"v":5423.58510561999,"d":"5,423.59"},1268,{"v":0.233793695,"d":"0.23"},{"v":0,"d":"0.00"},{"v":0.921559671,"d":"0.92"},{"v":1168.537663,"d":"1,168.54"},{"v":99.4623375,"d":"99.46"},0,"0_20603000_656",{"v":5324.78985077,"d":"5,324.79"},{"v":0,"d":"0.00"},{"v":99.4623375,"d":"99.46"},{"v":0,"d":"0.00"},"0_20603000_656_332","F",{"v":3.05131784971,"d":"3.05"},{"v":0.000573040051387,"d":"0.00"},{"v":0.0569959029921,"d":"0.06"}]
[2,206,20603,{"v":5423.585106,"d":"5,423.59"},1268,{"v":0.233793695,"d":"0.23"}," ",410,20603000,{"v":5423.58510561999,"d":"5,423.59"},1268,{"v":0.233793695,"d":"0.23"},{"v":0,"d":"0.00"},{"v":0.921559671,"d":"0.92"},{"v":1168.537663,"d":"1,168.54"},{"v":99.4623375,"d":"99.46"},0,"0_20603000_656",{"v":5324.78985077,"d":"5,324.79"},{"v":0,"d":"0.00"},{"v":99.4623375,"d":"99.46"},{"v":0,"d":"0.00"},"0_20603000_656_333","F",{"v":12.304752933,"d":"12.30"},{"v":0.0023108429211,"d":"0.00"},{"v":0.229841838528,"d":"0.23"}]
[2,206,20603,{"v":5423.585106,"d":"5,423.59"},1268,{"v":0.233793695,"d":"0.23"}," ",410,20603000,{"v":5423.58510561999,"d":"5,423.59"},1268,{"v":0.233793695,"d":"0.23"},{"v":0,"d":"0.00"},{"v":0.921559671,"d":"0.92"},{"v":1168.537663,"d":"1,168.54"},{"v":99.4623375,"d":"99.46"},0,"0_20603000_656",{"v":5324.78985077,"d":"5,324.79"},{"v":0,"d":"0.00"},{"v":99.4623375,"d":"99.46"},{"v":0,"d":"0.00"},"0_20603000_656_334","F",{"v":21.6437901565,"d":"21.64"},{"v":0.00406472194454,"d":"0.00"},{"v":0.404286745891,"d":"0.40"}]
[2,206,20603,{"v":5423.585106,"d":"5,423.59"},1268,{"v":0.233793695,"d":"0.23"}," ",410,20603000,{"v":5423.58510561999,"d":"5,423.59"},1268,{"v":0.233793695,"d":"0.23"},{"v":0,"d":"0.00"},{"v":0.921559671,"d":"0.92"},{"v":1168.537663,"d":"1,168.54"},{"v":99.4623375,"d":"99.46"},0,"0_20603000_656",{"v":5324.78985077,"d":"5,324.79"},{"v":0,"d":"0.00"},{"v":99.4623375,"d":"99.46"},{"v":0,"d":"0.00"},"0_20603000_656_335","F",{"v":0.000501862377382,"d":"0.00"},{"v":9.4250175E-8,"d":"0.00"},{"v":9.374342755e-06,"d":"0.00"}]
[2,206,20603,{"v":5423.585106,"d":"5,423.59"},1268,{"v":0.233793695,"d":"0.23"}," ",410,20603000,{"v":5423.58510561999,"d":"5,423.59"},1268,{"v":0.233793695,"d":"0.23"},{"v":0,"d":"0.00"},{"v":0.921559671,"d":"0.92"},{"v":1168.537663,"d":"1,168.54"},{"v":99.4623375,"d":"99.46"},0,"0_20603000_656",{"v":5324.78985077,"d":"5,324.79"},{"v":0,"d":"0.00"},{"v":99.4623375,"d":"99.46"},{"v":0,"d":"0.00"},"0_20603000_656_336","G",{"v":115.793534574,"d":"115.79"},{"v":0.0217461229117,"d":"0.02"},{"v":2.16292021636,"d":"2.16"}]
[2,206,20603,{"v":5423.585106,"d":"5,423.59"},1268,{"v":0.233793695,"d":"0.23"}," ",410,20603000,{"v":5423.58510561999,"d":"5,423.59"},1268,{"v":0.233793695,"d":"0.23"},{"v":0,"d":"0.00"},{"v":0.921559671,"d":"0.92"},{"v":1168.537663,"d":"1,168.54"},{"v":99.4623375,"d":"99.46"},0,"0_20603000_656",{"v":5324.78985077,"d":"5,324.79"},{"v":0,"d":"0.00"},{"v":99.4623375,"d":"99.46"},{"v":0,"d":"0.00"},"0_20603000_656_337","G",{"v":0.0989445558245,"d":"0.10"},{"v":1.8581870571e-05,"d":"0.00"},{"v":0.0018481962821,"d":"0.00"}]
[2,206,20603,{"v":5423.585106,"d":"5,423.59"},1268,{"v":0.233793695,"d":"0.23"}," ",410,20603000,{"v":5423.58510561999,"d":"5,423.59"},1268,{"v":0.233793695,"d":"0.23"},{"v":0,"d":"0.00"},{"v":0.921559671,"d":"0.92"},{"v":1168.537663,"d":"1,168.54"},{"v":99.4623375,"d":"99.46"},0,"0_20603000_656",{"v":5324.78985077,"d":"5,324.79"},{"v":0,"d":"0.00"},{"v":99.4623375,"d":"99.46"},{"v":0,"d":"0.00"},"0_20603000_656_338","G",{"v":0.39331892697,"d":"0.39"},{"v":7.3865624371e-05,"d":"0.00"},{"v":0.00734684766081,"d":"0.01"}]
[2,206,20604,{"v":7609.177273,"d":"7,609.18"},1590,{"v":0.208958202,"d":"0.21"}," ",410,20604000,{"v":7609.17727265,"d":"7,609.18"},1590,{"v":0.208958202,"d":"0.21"},{"v":0,"d":"0.00"},{"v":0.921559671,"d":"0.92"},{"v":1465.279876,"d":"1,465.28"},{"v":124.7201235,"d":"124.72"},0,"0_20604000_657",{"v":7441.34906074999,"d":"7,441.35"},{"v":0,"d":"0.00"},{"v":124.7201235,"d":"124.72"},{"v":0,"d":"0.00"},"0_20604000_657_339","außerhalb GKL",{"v":7266.16871319999,"d":"7,266.17"},{"v":0.976458523029,"d":"0.98"},{"v":121.784027585,"d":"121.78"}]
[2,206,20604,{"v":7609.177273,"d":"7,609.18"},1590,{"v":0.208958202,"d":"0.21"}," ",410,20604000,{"v":7609.17727265,"d":"7,609.18"},1590,{"v":0.208958202,"d":"0.21"},{"v":0,"d":"0.00"},{"v":0.921559671,"d":"0.92"},{"v":1465.279876,"d":"1,465.28"},{"v":124.7201235,"d":"124.72"},0,"0_20604000_657",{"v":7441.34906074999,"d":"7,441.35"},{"v":0,"d":"0.00"},{"v":124.7201235,"d":"124.72"},{"v":0,"d":"0.00"},"0_20604000_657_340","außerhalb GKL",{"v":7.57307613509,"d":"7.57"},{"v":1.0177020421E-3,"d":"0.00"},{"v":0.126927924377,"d":"0.13"}]
[2,206,20604,{"v":7609.177273,"d":"7,609.18"},1590,{"v":0.208958202,"d":"0.21"}," ",410,20604000,{"v":7609.17727265,"d":"7,609.18"},1590,{"v":0.208958202,"d":"0.21"},{"v":0,"d":"0.00"},{"v":0.921559671,"d":"0.92"},{"v":1465.279876,"d":"1,465.28"},{"v":124.7201235,"d":"124.72"},0,"0_20604000_657",{"v":7441.34906074999,"d":"7,441.35"},{"v":0,"d":"0.00"},{"v":124.7201235,"d":"124.72"},{"v":0,"d":"0.00"},"0_20604000_657_341","außerhalb GKL",{"v":0.159620845487,"d":"0.16"},{"v":2.1450525192E-5,"d":"0.00"},{"v":2.67531215104E-3,"d":"0.00"}]
[2,206,20604,{"v":7609.177273,"d":"7,609.18"},1590,{"v":0.208958202,"d":"0.21"}," ",410,20604000,{"v":7609.17727265,"d":"7,609.18"},1590,{"v":0.208958202,"d":"0.21"},{"v":0,"d":"0.00"},{"v":0.921559671,"d":"0.92"},{"v":1465.279876,"d":"1,465.28"},{"v":124.7201235,"d":"124.72"},0,"0_20604000_657",{"v":7441.34906074999,"d":"7,441.35"},{"v":0,"d":"0.00"},{"v":124.7201235,"d":"124.72"},{"v":0,"d":"0.00"},"0_20604000_657_342","D",{"v":0.495277885255,"d":"0.50"},{"v":6.6557539663e-05,"d":"0.00"},{"v":0.00830106456659,"d":"0.01"}]
[2,206,20604,{"v":7609.177273,"d":"7,609.18"},1590,{"v":0.208958202,"d":"0.21"}," ",410,20604000,{"v":7609.17727265,"d":"7,609.18"},1590,{"v":0.208958202,"d":"0.21"},{"v":0,"d":"0.00"},{"v":0.921559671,"d":"0.92"},{"v":1465.279876,"d":"1,465.28"},{"v":124.7201235,"d":"124.72"},0,"0_20604000_657",{"v":7441.34906074999,"d":"7,441.35"},{"v":0,"d":"0.00"},{"v":124.7201235,"d":"124.72"},{"v":0,"d":"0.00"},"0_20604000_657_343","D",{"v":4.89118382141,"d":"4.89"},{"v":0.000657297995495,"d":"0.00"},{"v":0.0819782871744,"d":"0.08"}]
[2,206,20604,{"v":7609.177273,"d":"7,609.18"},1590,{"v":0.208958202,"d":"0.21"}," ",410,20604000,{"v":7609.17727265,"d":"7,609.18"},1590,{"v":0.208958202,"d":"0.21"},{"v":0,"d":"0.00"},{"v":0.921559671,"d":"0.92"},{"v":1465.279876,"d":"1,465.28"},{"v":124.7201235,"d":"124.72"},0,"0_20604000_657",{"v":7441.34906074999,"d":"7,441.35"},{"v":0,"d":"0.00"},{"v":124.7201235,"d":"124.72"},{"v":0,"d":"0.00"},"0_20604000_657_344","D",{"v":0.053291576931,"d":"0.05"},{"v":7.161547791e-06,"d":"0.00"},{"v":0.000893189124993,"d":"0.00"}]
[2,206,20604,{"v":7609.177273,"d":"7,609.18"},1590,{"v":0.208958202,"d":"0.21"}," ",410,20604000,{"v":7609.17727265,"d":"7,609.18"},1590,{"v":0.208958202,"d":"0.21"},{"v":0,"d":"0.00"},{"v":0.921559671,"d":"0.92"},{"v":1465.279876,"d":"1,465.28"},{"v":124.7201235,"d":"124.72"},0,"0_20604000_657",{"v":7441.34906074999,"d":"7,441.35"},{"v":0,"d":"0.00"},{"v":124.7201235,"d":"124.72"},{"v":0,"d":"0.00"},"0_20604000_657_345","E",{"v":5.11234117461,"d":"5.11"},{"v":0.000687018057193,"d":"0.00"},{"v":0.0856849769398,"d":"0.09"}]
[2,206,20604,{"v":7609.177273,"d":"7,609.18"},1590,{"v":0.208958202,"d":"0.21"}," ",410,20604000,{"v":7609.17727265,"d":"7,609.18"},1590,{"v":0.208958202,"d":"0.21"},{"v":0,"d":"0.00"},{"v":0.921559671,"d":"0.92"},{"v":1465.279876,"d":"1,465.28"},{"v":124.7201235,"d":"124.72"},0,"0_20604000_657",{"v":7441.34906074999,"d":"7,441.35"},{"v":0,"d":"0.00"},{"v":124.7201235,"d":"124.72"},{"v":0,"d":"0.00"},"0_20604000_657_346","E",{"v":5.70108574769,"d":"5.70"},{"v":0.000766136046186,"d":"0.00"},{"v":0.0955525822981,"d":"0.10"}]
[2,206,20604,{"v":7609.177273,"d":"7,609.18"},1590,{"v":0.208958202,"d":"0.21"}," ",410,20604000,{"v":7609.17727265,"d":"7,609.18"},1590,{"v":0.208958202,"d":"0.21"},{"v":0,"d":"0.00"},{"v":0.921559671,"d":"0.92"},{"v":1465.279876,"d":"1,465.28"},{"v":124.7201235,"d":"124.72"},0,"0_20604000_657",{"v":7441.34906074999,"d":"7,441.35"},{"v":0,"d":"0.00"},{"v":124.7201235,"d":"124.72"},{"v":0,"d":"0.00"},"0_20604000_657_347","E",{"v":0.144997342584,"d":"0.14"},{"v":1.9485356943e-05,"d":"0.00"},{"v":0.00243021612434,"d":"0.00"}]
[2,206,20604,{"v":7609.177273,"d":"7,609.18"},1590,{"v":0.208958202,"d":"0.21"}," ",410,20604000,{"v":7609.17727265,"d":"7,609.18"},1590,{"v":0.208958202,"d":"0.21"},{"v":0,"d":"0.00"},{"v":0.921559671,"d":"0.92"},{"v":1465.279876,"d":"1,465.28"},{"v":124.7201235,"d":"124.72"},0,"0_20604000_657",{"v":7441.34906074999,"d":"7,441.35"},{"v":0,"d":"0.00"},{"v":124.7201235,"d":"124.72"},{"v":0,"d":"0.00"},"0_20604000_657_348","E",{"v":2.36812607364,"d":"2.37"},{"v":3.18238810504E-4,"d":"0.00"},{"v":0.0396907837486,"d":"0.04"}]
[2,206,20604,{"v":7609.177273,"d":"7,609.18"},1590,{"v":0.208958202,"d":"0.21"}," ",410,20604000,{"v":7609.17727265,"d":"7,609.18"},1590,{"v":0.208958202,"d":"0.21"},{"v":0,"d":"0.00"},{"v":0.921559671,"d":"0.92"},{"v":1465.279876,"d":"1,465.28"},{"v":124.7201235,"d":"124.72"},0,"0_20604000_657",{"v":7441.34906074999,"d":"7,441.35"},{"v":0,"d":"0.00"},{"v":124.7201235,"d":"124.72"},{"v":0,"d":"0.00"},"0_20604000_657_349","E",{"v":0.350984375885,"d":"0.35"},{"v":4.7166766808e-05,"d":"0.00"},{"v":0.00588264498139,"d":"0.01"}]
[2,206,20604,{"v":7609.177273,"d":"7,609.18"},1590,{"v":0.208958202,"d":"0.21"}," ",410,20604000,{"v":7609.17727265,"d":"7,609.18"},1590,{"v":0.208958202,"d":"0.21"},{"v":0,"d":"0.00"},{"v":0.921559671,"d":"0.92"},{"v":1465.279876,"d":"1,465.28"},{"v":124.7201235,"d":"124.72"},0,"0_20604000_657",{"v":7441.34906074999,"d":"7,441.35"},{"v":0,"d":"0.00"},{"v":124.7201235,"d":"124.72"},{"v":0,"d":"0.00"},"0_20604000_657_350","F",{"v":10.4004700856,"d":"10.40"},{"v":0.00139765921484,"d":"0.00"},{"v":0.174316229886,"d":"0.17"}]
[2,206,20604,{"v":7609.177273,"d":"7,609.18"},1590,{"v":0.208958202,"d":"0.21"}," ",410,20604000,{"v":7609.17727265,"d":"7,609.18"},1590,{"v":0.208958202,"d":"0.21"},{"v":0,"d":"0.00"},{"v":0.921559671,"d":"0.92"},{"v":1465.279876,"d":"1,465.28"},{"v":124.7201235,"d":"124.72"},0,"0_20604000_657",{"v":7441.34906074999,"d":"7,441.35"},{"v":0,"d":"0.00"},{"v":124.7201235,"d":"124.72"},{"v":0,"d":"0.00"},"0_20604000_657_351","F",{"v":14.9341517232999,"d":"14.93"},{"v":0.00200691455291,"d":"0.00"},{"v":0.250302630893,"d":"0.25"}]
[2,206,20604,{"v":7609.177273,"d":"7,609.18"},1590,{"v":0.208958202,"d":"0.21"}," ",410,20604000,{"v":7609.17727265,"d":"7,609.18"},1590,{"v":0.208958202,"d":"0.21"},{"v":0,"d":"0.00"},{"v":0.921559671,"d":"0.92"},{"v":1465.279876,"d":"1,465.28"},{"v":124.7201235,"d":"124.72"},0,"0_20604000_657",{"v":7441.34906074999,"d":"7,441.35"},{"v":0,"d":"0.00"},{"v":124.7201235,"d":"124.72"},{"v":0,"d":"0.00"},"0_20604000_657_352","F",{"v":8.49887528424999,"d":"8.50"},{"v":0.00114211485241,"d":"0.00"},{"v":0.142444705444,"d":"0.14"}]
[2,206,20604,{"v":7609.177273,"d":"7,609.18"},1590,{"v":0.208958202,"d":"0.21"}," ",410,20604000,{"v":7609.17727265,"d":"7,609.18"},1590,{"v":0.208958202,"d":"0.21"},{"v":0,"d":"0.00"},{"v":0.921559671,"d":"0.92"},{"v":1465.279876,"d":"1,465.28"},{"v":124.7201235,"d":"124.72"},0,"0_20604000_657",{"v":7441.34906074999,"d":"7,441.35"},{"v":0,"d":"0.00"},{"v":124.7201235,"d":"124.72"},{"v":0,"d":"0.00"},"0_20604000_657_353","F",{"v":4.29863752809,"d":"4.30"},{"v":0.000577669115237,"d":"0.00"},{"v":0.0720469633945,"d":"0.07"}]
[2,206,20604,{"v":7609.177273,"d":"7,609.18"},1590,{"v":0.208958202,"d":"0.21"}," ",410,20604000,{"v":7609.17727265,"d":"7,609.18"},1590,{"v":0.208958202,"d":"0.21"},{"v":0,"d":"0.00"},{"v":0.921559671,"d":"0.92"},{"v":1465.279876,"d":"1,465.28"},{"v":124.7201235,"d":"124.72"},0,"0_20604000_657",{"v":7441.34906074999,"d":"7,441.35"},{"v":0,"d":"0.00"},{"v":124.7201235,"d":"124.72"},{"v":0,"d":"0.00"},"0_20604000_657_354","G",{"v":52.2993388651999,"d":"52.30"},{"v":0.0070282066381,"d":"0.01"},{"v":0.876558799887,"d":"0.88"}]
[2,206,20604,{"v":7609.177273,"d":"7,609.18"},1590,{"v":0.208958202,"d":"0.21"}," ",410,20604000,{"v":7609.17727265,"d":"7,609.18"},1590,{"v":0.208958202,"d":"0.21"},{"v":0,"d":"0.00"},{"v":0.921559671,"d":"0.92"},{"v":1465.279876,"d":"1,465.28"},{"v":124.7201235,"d":"124.72"},0,"0_20604000_657",{"v":7441.34906074999,"d":"7,441.35"},{"v":0,"d":"0.00"},{"v":124.7201235,"d":"124.72"},{"v":0,"d":"0.00"},"0_20604000_657_355","G",{"v":2.76306340089,"d":"2.76"},{"v":0.000371312161052,"d":"0.00"},{"v":0.0463100985835,"d":"0.05"}]
[2,206,20604,{"v":7609.177273,"d":"7,609.18"},1590,{"v":0.208958202,"d":"0.21"}," ",410,20604000,{"v":7609.17727265,"d":"7,609.18"},1590,{"v":0.208958202,"d":"0.21"},{"v":0,"d":"0.00"},{"v":0.921559671,"d":"0.92"},{"v":1465.279876,"d":"1,465.28"},{"v":124.7201235,"d":"124.72"},0,"0_20604000_657",{"v":7441.34906074999,"d":"7,441.35"},{"v":0,"d":"0.00"},{"v":124.7201235,"d":"124.72"},{"v":0,"d":"0.00"},"0_20604000_657_356","G",{"v":30.6969301262,"d":"30.70"},{"v":0.00412518346816,"d":"0.00"},{"v":0.514493391609,"d":"0.51"}]
[2,206,20604,{"v":7609.177273,"d":"7,609.18"},1590,{"v":0.208958202,"d":"0.21"}," ",410,20604000,{"v":7609.17727265,"d":"7,609.18"},1590,{"v":0.208958202,"d":"0.21"},{"v":0,"d":"0.00"},{"v":0.921559671,"d":"0.92"},{"v":1465.279876,"d":"1,465.28"},{"v":124.7201235,"d":"124.72"},0,"0_20604000_657",{"v":7441.34906074999,"d":"7,441.35"},{"v":0,"d":"0.00"},{"v":124.7201235,"d":"124.72"},{"v":0,"d":"0.00"},"0_20604000_657_357","G",{"v":24.3544535555,"d":"24.35"},{"v":3.27285460696E-3,"d":"0.00"},{"v":0.408190830778,"d":"0.41"}]
[2,206,20604,{"v":7609.177273,"d":"7,609.18"},1590,{"v":0.208958202,"d":"0.21"}," ",410,20604000,{"v":7609.17727265,"d":"7,609.18"},1590,{"v":0.208958202,"d":"0.21"},{"v":0,"d":"0.00"},{"v":0.921559671,"d":"0.92"},{"v":1465.279876,"d":"1,465.28"},{"v":124.7201235,"d":"124.72"},0,"0_20604000_657",{"v":7441.34906074999,"d":"7,441.35"},{"v":0,"d":"0.00"},{"v":124.7201235,"d":"124.72"},{"v":0,"d":"0.00"},"0_20604000_657_358","G",{"v":0.0844420011571,"d":"0.08"},{"v":1.1347673717e-05,"d":"0.00"},{"v":0.00141528326745,"d":"0.00"}]
[2,206,20605,{"v":10951.08164,"d":"10,951.08"},1310,{"v":0.119622887,"d":"0.12"}," ",410,20605000,{"v":10951.0816355999,"d":"10,951.08"},1310,{"v":0.119622887,"d":"0.12"},{"v":0,"d":"0.00"},{"v":0.921559671,"d":"0.92"},{"v":1207.243169,"d":"1,207.24"},{"v":102.7568313,"d":"102.76"},0,"0_20605000_658",{"v":10815.0222649,"d":"10,815.02"},{"v":0,"d":"0.00"},{"v":102.7568313,"d":"102.76"},{"v":0,"d":"0.00"},"0_20605000_658_359","außerhalb GKL",{"v":10573.5636104,"d":"10,573.56"},{"v":0.977673771853,"d":"0.98"},{"v":100.462658841,"d":"100.46"}]
[2,206,20605,{"v":10951.08164,"d":"10,951.08"},1310,{"v":0.119622887,"d":"0.12"}," ",410,20605000,{"v":10951.0816355999,"d":"10,951.08"},1310,{"v":0.119622887,"d":"0.12"},{"v":0,"d":"0.00"},{"v":0.921559671,"d":"0.92"},{"v":1207.243169,"d":"1,207.24"},{"v":102.7568313,"d":"102.76"},0,"0_20605000_658",{"v":10815.0222649,"d":"10,815.02"},{"v":0,"d":"0.00"},{"v":102.7568313,"d":"102.76"},{"v":0,"d":"0.00"},"0_20605000_658_360","außerhalb GKL",{"v":1.62341209512,"d":"1.62"},{"v":1.50107143134E-4,"d":"0.00"},{"v":0.0154245343839,"d":"0.02"}]
[2,206,20605,{"v":10951.08164,"d":"10,951.08"},1310,{"v":0.119622887,"d":"0.12"}," ",410,20605000,{"v":10951.0816355999,"d":"10,951.08"},1310,{"v":0.119622887,"d":"0.12"},{"v":0,"d":"0.00"},{"v":0.921559671,"d":"0.92"},{"v":1207.243169,"d":"1,207.24"},{"v":102.7568313,"d":"102.76"},0,"0_20605000_658",{"v":10815.0222649,"d":"10,815.02"},{"v":0,"d":"0.00"},{"v":102.7568313,"d":"102.76"},{"v":0,"d":"0.00"},"0_20605000_658_361","außerhalb GKL",{"v":1.00672471556,"d":"1.01"},{"v":9.3085773741e-05,"d":"0.00"},{"v":0.00956519914879,"d":"0.01"}]
[2,206,20605,{"v":10951.08164,"d":"10,951.08"},1310,{"v":0.119622887,"d":"0.12"}," ",410,20605000,{"v":10951.0816355999,"d":"10,951.08"},1310,{"v":0.119622887,"d":"0.12"},{"v":0,"d":"0.00"},{"v":0.921559671,"d":"0.92"},{"v":1207.243169,"d":"1,207.24"},{"v":102.7568313,"d":"102.76"},0,"0_20605000_658",{"v":10815.0222649,"d":"10,815.02"},{"v":0,"d":"0.00"},{"v":102.7568313,"d":"102.76"},{"v":0,"d":"0.00"},"0_20605000_658_362","F",{"v":7.07167148264,"d":"7.07"},{"v":0.000653874888967,"d":"0.00"},{"v":0.0671901116569,"d":"0.07"}]
[2,206,20605,{"v":10951.08164,"d":"10,951.08"},1310,{"v":0.119622887,"d":"0.12"}," ",410,20605000,{"v":10951.0816355999,"d":"10,951.08"},1310,{"v":0.119622887,"d":"0.12"},{"v":0,"d":"0.00"},{"v":0.921559671,"d":"0.92"},{"v":1207.243169,"d":"1,207.24"},{"v":102.7568313,"d":"102.76"},0,"0_20605000_658",{"v":10815.0222649,"d":"10,815.02"},{"v":0,"d":"0.00"},{"v":102.7568313,"d":"102.76"},{"v":0,"d":"0.00"},"0_20605000_658_363","F",{"v":14.2847712476,"d":"14.28"},{"v":1.32082679977E-3,"d":"0.00"},{"v":0.13572397664,"d":"0.14"}]
[2,206,20605,{"v":10951.08164,"d":"10,951.08"},1310,{"v":0.119622887,"d":"0.12"}," ",410,20605000,{"v":10951.0816355999,"d":"10,951.08"},1310,{"v":0.119622887,"d":"0.12"},{"v":0,"d":"0.00"},{"v":0.921559671,"d":"0.92"},{"v":1207.243169,"d":"1,207.24"},{"v":102.7568313,"d":"102.76"},0,"0_20605000_658",{"v":10815.0222649,"d":"10,815.02"},{"v":0,"d":"0.00"},{"v":102.7568313,"d":"102.76"},{"v":0,"d":"0.00"},"0_20605000_658_364","F",{"v":5.98540253694,"d":"5.99"},{"v":0.000553434139139,"d":"0.00"},{"v":0.0568691384712,"d":"0.06"}]
[2,206,20605,{"v":10951.08164,"d":"10,951.08"},1310,{"v":0.119622887,"d":"0.12"}," ",410,20605000,{"v":10951.0816355999,"d":"10,951.08"},1310,{"v":0.119622887,"d":"0.12"},{"v":0,"d":"0.00"},{"v":0.921559671,"d":"0.92"},{"v":1207.243169,"d":"1,207.24"},{"v":102.7568313,"d":"102.76"},0,"0_20605000_658",{"v":10815.0222649,"d":"10,815.02"},{"v":0,"d":"0.00"},{"v":102.7568313,"d":"102.76"},{"v":0,"d":"0.00"},"0_20605000_658_365","F",{"v":0.0109291536109,"d":"0.01"},{"v":1.010553038E-6,"d":"0.00"},{"v":1.03841228094E-4,"d":"0.00"}]
[2,206,20605,{"v":10951.08164,"d":"10,951.08"},1310,{"v":0.119622887,"d":"0.12"}," ",410,20605000,{"v":10951.0816355999,"d":"10,951.08"},1310,{"v":0.119622887,"d":"0.12"},{"v":0,"d":"0.00"},{"v":0.921559671,"d":"0.92"},{"v":1207.243169,"d":"1,207.24"},{"v":102.7568313,"d":"102.76"},0,"0_20605000_658",{"v":10815.0222649,"d":"10,815.02"},{"v":0,"d":"0.00"},{"v":102.7568313,"d":"102.76"},{"v":0,"d":"0.00"},"0_20605000_658_366","F",{"v":2.09511443328,"d":"2.10"},{"v":1.93722618591E-4,"d":"0.00"},{"v":0.0199063224375,"d":"0.02"}]
[2,206,20605,{"v":10951.08164,"d":"10,951.08"},1310,{"v":0.119622887,"d":"0.12"}," ",410,20605000,{"v":10951.0816355999,"d":"10,951.08"},1310,{"v":0.119622887,"d":"0.12"},{"v":0,"d":"0.00"},{"v":0.921559671,"d":"0.92"},{"v":1207.243169,"d":"1,207.24"},{"v":102.7568313,"d":"102.76"},0,"0_20605000_658",{"v":10815.0222649,"d":"10,815.02"},{"v":0,"d":"0.00"},{"v":102.7568313,"d":"102.76"},{"v":0,"d":"0.00"},"0_20605000_658_367","F",{"v":0.736877515025,"d":"0.74"},{"v":6.8134627648e-05,"d":"0.00"},{"v":0.00700129843892,"d":"0.01"}]
[2,206,20605,{"v":10951.08164,"d":"10,951.08"},1310,{"v":0.119622887,"d":"0.12"}," ",410,20605000,{"v":10951.0816355999,"d":"10,951.08"},1310,{"v":0.119622887,"d":"0.12"},{"v":0,"d":"0.00"},{"v":0.921559671,"d":"0.92"},{"v":1207.243169,"d":"1,207.24"},{"v":102.7568313,"d":"102.76"},0,"0_20605000_658",{"v":10815.0222649,"d":"10,815.02"},{"v":0,"d":"0.00"},{"v":102.7568313,"d":"102.76"},{"v":0,"d":"0.00"},"0_20605000_658_368","F",{"v":0.55284847517,"d":"0.55"},{"v":5.1118570228e-05,"d":"0.00"},{"v":0.00525278229726,"d":"0.01"}]
[2,206,20605,{"v":10951.08164,"d":"10,951.08"},1310,{"v":0.119622887,"d":"0.12"}," ",410,20605000,{"v":10951.0816355999,"d":"10,951.08"},1310,{"v":0.119622887,"d":"0.12"},{"v":0,"d":"0.00"},{"v":0.921559671,"d":"0.92"},{"v":1207.243169,"d":"1,207.24"},{"v":102.7568313,"d":"102.76"},0,"0_20605000_658",{"v":10815.0222649,"d":"10,815.02"},{"v":0,"d":"0.00"},{"v":102.7568313,"d":"102.76"},{"v":0,"d":"0.00"},"0_20605000_658_369","F",{"v":11.1633814062999,"d":"11.16"},{"v":1.03221067261E-3,"d":"0.00"},{"v":0.106066697951,"d":"0.11"}]
[2,206,20605,{"v":10951.08164,"d":"10,951.08"},1310,{"v":0.119622887,"d":"0.12"}," ",410,20605000,{"v":10951.0816355999,"d":"10,951.08"},1310,{"v":0.119622887,"d":"0.12"},{"v":0,"d":"0.00"},{"v":0.921559671,"d":"0.92"},{"v":1207.243169,"d":"1,207.24"},{"v":102.7568313,"d":"102.76"},0,"0_20605000_658",{"v":10815.0222649,"d":"10,815.02"},{"v":0,"d":"0.00"},{"v":102.7568313,"d":"102.76"},{"v":0,"d":"0.00"},"0_20605000_658_370","G",{"v":106.528380948,"d":"106.53"},{"v":0.00985003806176,"d":"0.01"},{"v":1.01215869941,"d":"1.01"}]
[2,206,20605,{"v":10951.08164,"d":"10,951.08"},1310,{"v":0.119622887,"d":"0.12"}," ",410,20605000,{"v":10951.0816355999,"d":"10,951.08"},1310,{"v":0.119622887,"d":"0.12"},{"v":0,"d":"0.00"},{"v":0.921559671,"d":"0.92"},{"v":1207.243169,"d":"1,207.24"},{"v":102.7568313,"d":"102.76"},0,"0_20605000_658",{"v":10815.0222649,"d":"10,815.02"},{"v":0,"d":"0.00"},{"v":102.7568313,"d":"102.76"},{"v":0,"d":"0.00"},"0_20605000_658_371","G",{"v":13.5093306322999,"d":"13.51"},{"v":0.0012491264744,"d":"0.00"},{"v":0.128356278402,"d":"0.13"}]
[2,206,20605,{"v":10951.08164,"d":"10,951.08"},1310,{"v":0.119622887,"d":"0.12"}," ",410,20605000,{"v":10951.0816355999,"d":"10,951.08"},1310,{"v":0.119622887,"d":"0.12"},{"v":0,"d":"0.00"},{"v":0.921559671,"d":"0.92"},{"v":1207.243169,"d":"1,207.24"},{"v":102.7568313,"d":"102.76"},0,"0_20605000_658",{"v":10815.0222649,"d":"10,815.02"},{"v":0,"d":"0.00"},{"v":102.7568313,"d":"102.76"},{"v":0,"d":"0.00"},"0_20605000_658_372","G",{"v":16.6085779844999,"d":"16.61"},{"v":1.5356952189E-3,"d":"0.00"},{"v":0.157803174537,"d":"0.16"}]
[2,206,20605,{"v":10951.08164,"d":"10,951.08"},1310,{"v":0.119622887,"d":"0.12"}," ",410,20605000,{"v":10951.0816355999,"d":"10,951.08"},1310,{"v":0.119622887,"d":"0.12"},{"v":0,"d":"0.00"},{"v":0.921559671,"d":"0.92"},{"v":1207.243169,"d":"1,207.24"},{"v":102.7568313,"d":"102.76"},0,"0_20605000_658",{"v":10815.0222649,"d":"10,815.02"},{"v":0,"d":"0.00"},{"v":102.7568313,"d":"102.76"},{"v":0,"d":"0.00"},"0_20605000_658_373","G",{"v":0.625702258243,"d":"0.63"},{"v":5.7854920953e-05,"d":"0.00"},{"v":0.00594498835226,"d":"0.01"}]
[2,206,20605,{"v":10951.08164,"d":"10,951.08"},1310,{"v":0.119622887,"d":"0.12"}," ",410,20605000,{"v":10951.0816355999,"d":"10,951.08"},1310,{"v":0.119622887,"d":"0.12"},{"v":0,"d":"0.00"},{"v":0.921559671,"d":"0.92"},{"v":1207.243169,"d":"1,207.24"},{"v":102.7568313,"d":"102.76"},0,"0_20605000_658",{"v":10815.0222649,"d":"10,815.02"},{"v":0,"d":"0.00"},{"v":102.7568313,"d":"102.76"},{"v":0,"d":"0.00"},"0_20605000_658_374","G",{"v":0.0921088365075,"d":"0.09"},{"v":8.516749596E-6,"d":"0.00"},{"v":0.000875154201481,"d":"0.00"}]
[2,206,20605,{"v":10951.08164,"d":"10,951.08"},1310,{"v":0.119622887,"d":"0.12"}," ",410,20605000,{"v":10951.0816355999,"d":"10,951.08"},1310,{"v":0.119622887,"d":"0.12"},{"v":0,"d":"0.00"},{"v":0.921559671,"d":"0.92"},{"v":1207.243169,"d":"1,207.24"},{"v":102.7568313,"d":"102.76"},0,"0_20605000_658",{"v":10815.0222649,"d":"10,815.02"},{"v":0,"d":"0.00"},{"v":102.7568313,"d":"102.76"},{"v":0,"d":"0.00"},"0_20605000_658_375","G",{"v":16.4994422780999,"d":"16.50"},{"v":0.00152560409715,"d":"0.00"},{"v":0.156766242841,"d":"0.16"}]
[2,206,20605,{"v":10951.08164,"d":"10,951.08"},1310,{"v":0.119622887,"d":"0.12"}," ",410,20605000,{"v":10951.0816355999,"d":"10,951.08"},1310,{"v":0.119622887,"d":"0.12"},{"v":0,"d":"0.00"},{"v":0.921559671,"d":"0.92"},{"v":1207.243169,"d":"1,207.24"},{"v":102.7568313,"d":"102.76"},0,"0_20605000_658",{"v":10815.0222649,"d":"10,815.02"},{"v":0,"d":"0.00"},{"v":102.7568313,"d":"102.76"},{"v":0,"d":"0.00"},"0_20605000_658_376","G",{"v":42.9779384074999,"d":"42.98"},{"v":0.00397391122781,"d":"0.00"},{"v":0.408346525637,"d":"0.41"}]
[2,206,20605,{"v":10951.08164,"d":"10,951.08"},1310,{"v":0.119622887,"d":"0.12"}," ",410,20605000,{"v":10951.0816355999,"d":"10,951.08"},1310,{"v":0.119622887,"d":"0.12"},{"v":0,"d":"0.00"},{"v":0.921559671,"d":"0.92"},{"v":1207.243169,"d":"1,207.24"},{"v":102.7568313,"d":"102.76"},0,"0_20605000_658",{"v":10815.0222649,"d":"10,815.02"},{"v":0,"d":"0.00"},{"v":102.7568313,"d":"102.76"},{"v":0,"d":"0.00"},"0_20605000_658_377","G",{"v":7.01391538632E-4,"d":"0.00"},{"v":6.4853453e-08,"d":"0.00"},{"v":6.664135334e-06,"d":"0.00"}]
[2,206,20605,{"v":10951.08164,"d":"10,951.08"},1310,{"v":0.119622887,"d":"0.12"}," ",410,20605000,{"v":10951.0816355999,"d":"10,951.08"},1310,{"v":0.119622887,"d":"0.12"},{"v":0,"d":"0.00"},{"v":0.921559671,"d":"0.92"},{"v":1207.243169,"d":"1,207.24"},{"v":102.7568313,"d":"102.76"},0,"0_20605000_658",{"v":10815.0222649,"d":"10,815.02"},{"v":0,"d":"0.00"},{"v":102.7568313,"d":"102.76"},{"v":0,"d":"0.00"},"0_20605000_658_378","G",{"v":0.085338740382,"d":"0.09"},{"v":7.890759565e-06,"d":"0.00"},{"v":0.000810829449445,"d":"0.00"}]
[2,206,20607,{"v":9884.60477499999,"d":"9,884.60"},1188,{"v":0.120186899,"d":"0.12"}," ",430,20607000,{"v":9884.60477524,"d":"9,884.60"},1188,{"v":0.120186899,"d":"0.12"},{"v":0,"d":"0.00"},{"v":0.905906425,"d":"0.91"},{"v":1076.21683299999,"d":"1,076.22"},{"v":111.783167399999,"d":"111.78"},0,"0_20607000_659",{"v":9746.61552465,"d":"9,746.62"},{"v":0,"d":"0.00"},{"v":111.783167399999,"d":"111.78"},{"v":0,"d":"0.00"},"0_20607000_659_379","außerhalb GKL",{"v":9583.38170879999,"d":"9,583.38"},{"v":0.983252256597,"d":"0.98"},{"v":109.911051595999,"d":"109.91"}]
[2,206,20607,{"v":9884.60477499999,"d":"9,884.60"},1188,{"v":0.120186899,"d":"0.12"}," ",430,20607000,{"v":9884.60477524,"d":"9,884.60"},1188,{"v":0.120186899,"d":"0.12"},{"v":0,"d":"0.00"},{"v":0.905906425,"d":"0.91"},{"v":1076.21683299999,"d":"1,076.22"},{"v":111.783167399999,"d":"111.78"},0,"0_20607000_659",{"v":9746.61552465,"d":"9,746.62"},{"v":0,"d":"0.00"},{"v":111.783167399999,"d":"111.78"},{"v":0,"d":"0.00"},"0_20607000_659_380","außerhalb GKL",{"v":1.21405923646,"d":"1.21"},{"v":0.000124562134763,"d":"0.00"},{"v":0.0139239499619,"d":"0.01"}]
[2,206,20607,{"v":9884.60477499999,"d":"9,884.60"},1188,{"v":0.120186899,"d":"0.12"}," ",430,20607000,{"v":9884.60477524,"d":"9,884.60"},1188,{"v":0.120186899,"d":"0.12"},{"v":0,"d":"0.00"},{"v":0.905906425,"d":"0.91"},{"v":1076.21683299999,"d":"1,076.22"},{"v":111.783167399999,"d":"111.78"},0,"0_20607000_659",{"v":9746.61552465,"d":"9,746.62"},{"v":0,"d":"0.00"},{"v":111.783167399999,"d":"111.78"},{"v":0,"d":"0.00"},"0_20607000_659_381","außerhalb GKL",{"v":0.900825939286,"d":"0.90"},{"v":9.2424486942e-05,"d":"0.00"},{"v":0.0103315018957,"d":"0.01"}]
[2,206,20607,{"v":9884.60477499999,"d":"9,884.60"},1188,{"v":0.120186899,"d":"0.12"}," ",430,20607000,{"v":9884.60477524,"d":"9,884.60"},1188,{"v":0.120186899,"d":"0.12"},{"v":0,"d":"0.00"},{"v":0.905906425,"d":"0.91"},{"v":1076.21683299999,"d":"1,076.22"},{"v":111.783167399999,"d":"111.78"},0,"0_20607000_659",{"v":9746.61552465,"d":"9,746.62"},{"v":0,"d":"0.00"},{"v":111.783167399999,"d":"111.78"},{"v":0,"d":"0.00"},"0_20607000_659_382","F",{"v":1.35578384585,"d":"1.36"},{"v":1.39103039657E-4,"d":"0.00"},{"v":0.0155493783678,"d":"0.02"}]
[2,206,20607,{"v":9884.60477499999,"d":"9,884.60"},1188,{"v":0.120186899,"d":"0.12"}," ",430,20607000,{"v":9884.60477524,"d":"9,884.60"},1188,{"v":0.120186899,"d":"0.12"},{"v":0,"d":"0.00"},{"v":0.905906425,"d":"0.91"},{"v":1076.21683299999,"d":"1,076.22"},{"v":111.783167399999,"d":"111.78"},0,"0_20607000_659",{"v":9746.61552465,"d":"9,746.62"},{"v":0,"d":"0.00"},{"v":111.783167399999,"d":"111.78"},{"v":0,"d":"0.00"},"0_20607000_659_383","F",{"v":0.945293241768,"d":"0.95"},{"v":9.6986819617e-05,"d":"0.00"},{"v":0.0108414938929,"d":"0.01"}]
[2,206,20607,{"v":9884.60477499999,"d":"9,884.60"},1188,{"v":0.120186899,"d":"0.12"}," ",430,20607000,{"v":9884.60477524,"d":"9,884.60"},1188,{"v":0.120186899,"d":"0.12"},{"v":0,"d":"0.00"},{"v":0.905906425,"d":"0.91"},{"v":1076.21683299999,"d":"1,076.22"},{"v":111.783167399999,"d":"111.78"},0,"0_20607000_659",{"v":9746.61552465,"d":"9,746.62"},{"v":0,"d":"0.00"},{"v":111.783167399999,"d":"111.78"},{"v":0,"d":"0.00"},"0_20607000_659_384","F",{"v":0.659500423585,"d":"0.66"},{"v":6.7664557191e-05,"d":"0.00"},{"v":0.00756375852352,"d":"0.01"}]
[2,206,20607,{"v":9884.60477499999,"d":"9,884.60"},1188,{"v":0.120186899,"d":"0.12"}," ",430,20607000,{"v":9884.60477524,"d":"9,884.60"},1188,{"v":0.120186899,"d":"0.12"},{"v":0,"d":"0.00"},{"v":0.905906425,"d":"0.91"},{"v":1076.21683299999,"d":"1,076.22"},{"v":111.783167399999,"d":"111.78"},0,"0_20607000_659",{"v":9746.61552465,"d":"9,746.62"},{"v":0,"d":"0.00"},{"v":111.783167399999,"d":"111.78"},{"v":0,"d":"0.00"},"0_20607000_659_385","F",{"v":9.98846001419,"d":"9.99"},{"v":0.00102481317632,"d":"0.00"},{"v":0.114556862842,"d":"0.11"}]
[2,206,20607,{"v":9884.60477499999,"d":"9,884.60"},1188,{"v":0.120186899,"d":"0.12"}," ",430,20607000,{"v":9884.60477524,"d":"9,884.60"},1188,{"v":0.120186899,"d":"0.12"},{"v":0,"d":"0.00"},{"v":0.905906425,"d":"0.91"},{"v":1076.21683299999,"d":"1,076.22"},{"v":111.783167399999,"d":"111.78"},0,"0_20607000_659",{"v":9746.61552465,"d":"9,746.62"},{"v":0,"d":"0.00"},{"v":111.783167399999,"d":"111.78"},{"v":0,"d":"0.00"},"0_20607000_659_386","F",{"v":0.0492335523228,"d":"0.05"},{"v":5.051348563e-06,"d":"0.00"},{"v":0.000564655741993,"d":"0.00"}]
[2,206,20607,{"v":9884.60477499999,"d":"9,884.60"},1188,{"v":0.120186899,"d":"0.12"}," ",430,20607000,{"v":9884.60477524,"d":"9,884.60"},1188,{"v":0.120186899,"d":"0.12"},{"v":0,"d":"0.00"},{"v":0.905906425,"d":"0.91"},{"v":1076.21683299999,"d":"1,076.22"},{"v":111.783167399999,"d":"111.78"},0,"0_20607000_659",{"v":9746.61552465,"d":"9,746.62"},{"v":0,"d":"0.00"},{"v":111.783167399999,"d":"111.78"},{"v":0,"d":"0.00"},"0_20607000_659_387","F",{"v":0.0123057389195,"d":"0.01"},{"v":1.262565338E-6,"d":"0.00"},{"v":1.41133552476E-4,"d":"0.00"}]
[2,206,20607,{"v":9884.60477499999,"d":"9,884.60"},1188,{"v":0.120186899,"d":"0.12"}," ",430,20607000,{"v":9884.60477524,"d":"9,884.60"},1188,{"v":0.120186899,"d":"0.12"},{"v":0,"d":"0.00"},{"v":0.905906425,"d":"0.91"},{"v":1076.21683299999,"d":"1,076.22"},{"v":111.783167399999,"d":"111.78"},0,"0_20607000_659",{"v":9746.61552465,"d":"9,746.62"},{"v":0,"d":"0.00"},{"v":111.783167399999,"d":"111.78"},{"v":0,"d":"0.00"},"0_20607000_659_388","F",{"v":2.56195948676,"d":"2.56"},{"v":0.000262856319743,"d":"0.00"},{"v":0.029382911992,"d":"0.03"}]
[2,206,20607,{"v":9884.60477499999,"d":"9,884.60"},1188,{"v":0.120186899,"d":"0.12"}," ",430,20607000,{"v":9884.60477524,"d":"9,884.60"},1188,{"v":0.120186899,"d":"0.12"},{"v":0,"d":"0.00"},{"v":0.905906425,"d":"0.91"},{"v":1076.21683299999,"d":"1,076.22"},{"v":111.783167399999,"d":"111.78"},0,"0_20607000_659",{"v":9746.61552465,"d":"9,746.62"},{"v":0,"d":"0.00"},{"v":111.783167399999,"d":"111.78"},{"v":0,"d":"0.00"},"0_20607000_659_389","F",{"v":0.0169552496588,"d":"0.02"},{"v":1.739603826e-06,"d":"0.00"},{"v":0.000194458425709,"d":"0.00"}]
[2,206,20607,{"v":9884.60477499999,"d":"9,884.60"},1188,{"v":0.120186899,"d":"0.12"}," ",430,20607000,{"v":9884.60477524,"d":"9,884.60"},1188,{"v":0.120186899,"d":"0.12"},{"v":0,"d":"0.00"},{"v":0.905906425,"d":"0.91"},{"v":1076.21683299999,"d":"1,076.22"},{"v":111.783167399999,"d":"111.78"},0,"0_20607000_659",{"v":9746.61552465,"d":"9,746.62"},{"v":0,"d":"0.00"},{"v":111.783167399999,"d":"111.78"},{"v":0,"d":"0.00"},"0_20607000_659_390","G",{"v":10.8365535127,"d":"10.84"},{"v":0.00111182732973,"d":"0.00"},{"v":0.124283580519,"d":"0.12"}]
[2,206,20607,{"v":9884.60477499999,"d":"9,884.60"},1188,{"v":0.120186899,"d":"0.12"}," ",430,20607000,{"v":9884.60477524,"d":"9,884.60"},1188,{"v":0.120186899,"d":"0.12"},{"v":0,"d":"0.00"},{"v":0.905906425,"d":"0.91"},{"v":1076.21683299999,"d":"1,076.22"},{"v":111.783167399999,"d":"111.78"},0,"0_20607000_659",{"v":9746.61552465,"d":"9,746.62"},{"v":0,"d":"0.00"},{"v":111.783167399999,"d":"111.78"},{"v":0,"d":"0.00"},"0_20607000_659_391","G",{"v":0.84468842149,"d":"0.84"},{"v":8.6664793471E-5,"d":"0.00"},{"v":0.00968766511631,"d":"0.01"}]
[2,206,20607,{"v":9884.60477499999,"d":"9,884.60"},1188,{"v":0.120186899,"d":"0.12"}," ",430,20607000,{"v":9884.60477524,"d":"9,884.60"},1188,{"v":0.120186899,"d":"0.12"},{"v":0,"d":"0.00"},{"v":0.905906425,"d":"0.91"},{"v":1076.21683299999,"d":"1,076.22"},{"v":111.783167399999,"d":"111.78"},0,"0_20607000_659",{"v":9746.61552465,"d":"9,746.62"},{"v":0,"d":"0.00"},{"v":111.783167399999,"d":"111.78"},{"v":0,"d":"0.00"},"0_20607000_659_392","G",{"v":18.7751047376,"d":"18.78"},{"v":0.00192632044325,"d":"0.00"},{"v":0.215330200574,"d":"0.22"}]
[2,206,20607,{"v":9884.60477499999,"d":"9,884.60"},1188,{"v":0.120186899,"d":"0.12"}," ",430,20607000,{"v":9884.60477524,"d":"9,884.60"},1188,{"v":0.120186899,"d":"0.12"},{"v":0,"d":"0.00"},{"v":0.905906425,"d":"0.91"},{"v":1076.21683299999,"d":"1,076.22"},{"v":111.783167399999,"d":"111.78"},0,"0_20607000_659",{"v":9746.61552465,"d":"9,746.62"},{"v":0,"d":"0.00"},{"v":111.783167399999,"d":"111.78"},{"v":0,"d":"0.00"},"0_20607000_659_393","G",{"v":3.8215966174,"d":"3.82"},{"v":0.000392094733575,"d":"0.00"},{"v":0.0438295912399,"d":"0.04"}]
[2,206,20607,{"v":9884.60477499999,"d":"9,884.60"},1188,{"v":0.120186899,"d":"0.12"}," ",430,20607000,{"v":9884.60477524,"d":"9,884.60"},1188,{"v":0.120186899,"d":"0.12"},{"v":0,"d":"0.00"},{"v":0.905906425,"d":"0.91"},{"v":1076.21683299999,"d":"1,076.22"},{"v":111.783167399999,"d":"111.78"},0,"0_20607000_659",{"v":9746.61552465,"d":"9,746.62"},{"v":0,"d":"0.00"},{"v":111.783167399999,"d":"111.78"},{"v":0,"d":"0.00"},"0_20607000_659_394","G",{"v":70.7485988619999,"d":"70.75"},{"v":0.00725878626104,"d":"0.01"},{"v":0.811410119739,"d":"0.81"}]
[2,206,20607,{"v":9884.60477499999,"d":"9,884.60"},1188,{"v":0.120186899,"d":"0.12"}," ",430,20607000,{"v":9884.60477524,"d":"9,884.60"},1188,{"v":0.120186899,"d":"0.12"},{"v":0,"d":"0.00"},{"v":0.905906425,"d":"0.91"},{"v":1076.21683299999,"d":"1,076.22"},{"v":111.783167399999,"d":"111.78"},0,"0_20607000_659",{"v":9746.61552465,"d":"9,746.62"},{"v":0,"d":"0.00"},{"v":111.783167399999,"d":"111.78"},{"v":0,"d":"0.00"},"0_20607000_659_395","G",{"v":1.91466023188,"d":"1.91"},{"v":0.000196443599015,"d":"0.00"},{"v":0.0219590877134,"d":"0.02"}]
[2,206,20607,{"v":9884.60477499999,"d":"9,884.60"},1188,{"v":0.120186899,"d":"0.12"}," ",430,20607000,{"v":9884.60477524,"d":"9,884.60"},1188,{"v":0.120186899,"d":"0.12"},{"v":0,"d":"0.00"},{"v":0.905906425,"d":"0.91"},{"v":1076.21683299999,"d":"1,076.22"},{"v":111.783167399999,"d":"111.78"},0,"0_20607000_659",{"v":9746.61552465,"d":"9,746.62"},{"v":0,"d":"0.00"},{"v":111.783167399999,"d":"111.78"},{"v":0,"d":"0.00"},"0_20607000_659_396","G",{"v":34.0040535567,"d":"34.00"},{"v":3.48880629083E-3,"d":"0.00"},{"v":0.389989817634,"d":"0.39"}]
[2,206,20607,{"v":9884.60477499999,"d":"9,884.60"},1188,{"v":0.120186899,"d":"0.12"}," ",430,20607000,{"v":9884.60477524,"d":"9,884.60"},1188,{"v":0.120186899,"d":"0.12"},{"v":0,"d":"0.00"},{"v":0.905906425,"d":"0.91"},{"v":1076.21683299999,"d":"1,076.22"},{"v":111.783167399999,"d":"111.78"},0,"0_20607000_659",{"v":9746.61552465,"d":"9,746.62"},{"v":0,"d":"0.00"},{"v":111.783167399999,"d":"111.78"},{"v":0,"d":"0.00"},"0_20607000_659_397","G",{"v":0.121347312181,"d":"0.12"},{"v":1.2450199956e-05,"d":"0.00"},{"v":1.3917227859E-3,"d":"0.00"}]
[2,206,20607,{"v":9884.60477499999,"d":"9,884.60"},1188,{"v":0.120186899,"d":"0.12"}," ",430,20607000,{"v":9884.60477524,"d":"9,884.60"},1188,{"v":0.120186899,"d":"0.12"},{"v":0,"d":"0.00"},{"v":0.905906425,"d":"0.91"},{"v":1076.21683299999,"d":"1,076.22"},{"v":111.783167399999,"d":"111.78"},0,"0_20607000_659",{"v":9746.61552465,"d":"9,746.62"},{"v":0,"d":"0.00"},{"v":111.783167399999,"d":"111.78"},{"v":0,"d":"0.00"},"0_20607000_659_398","G",{"v":2.33873047168E-4,"d":"0.00"},{"v":2.3995309E-8,"d":"0.00"},{"v":2.682271596E-6,"d":"0.00"}]
[2,206,20607,{"v":9884.60477499999,"d":"9,884.60"},1188,{"v":0.120186899,"d":"0.12"}," ",430,20607000,{"v":9884.60477524,"d":"9,884.60"},1188,{"v":0.120186899,"d":"0.12"},{"v":0,"d":"0.00"},{"v":0.905906425,"d":"0.91"},{"v":1076.21683299999,"d":"1,076.22"},{"v":111.783167399999,"d":"111.78"},0,"0_20607000_659",{"v":9746.61552465,"d":"9,746.62"},{"v":0,"d":"0.00"},{"v":111.783167399999,"d":"111.78"},{"v":0,"d":"0.00"},"0_20607000_659_399","G",{"v":0.0538866281632,"d":"0.05"},{"v":5.52875283e-06,"d":"0.00"},{"v":0.00061802150309,"d":"0.00"}]
[2,206,20607,{"v":9884.60477499999,"d":"9,884.60"},1188,{"v":0.120186899,"d":"0.12"}," ",430,20607000,{"v":9884.60477524,"d":"9,884.60"},1188,{"v":0.120186899,"d":"0.12"},{"v":0,"d":"0.00"},{"v":0.905906425,"d":"0.91"},{"v":1076.21683299999,"d":"1,076.22"},{"v":111.783167399999,"d":"111.78"},0,"0_20607000_659",{"v":9746.61552465,"d":"9,746.62"},{"v":0,"d":"0.00"},{"v":111.783167399999,"d":"111.78"},{"v":0,"d":"0.00"},"0_20607000_659_400","G",{"v":0.00286186124346,"d":"0.00"},{"v":2.93626155e-07,"d":"0.00"},{"v":3.2822461668e-05,"d":"0.00"}]
[2,206,20607,{"v":9884.60477499999,"d":"9,884.60"},1188,{"v":0.120186899,"d":"0.12"}," ",430,20607000,{"v":9884.60477524,"d":"9,884.60"},1188,{"v":0.120186899,"d":"0.12"},{"v":0,"d":"0.00"},{"v":0.905906425,"d":"0.91"},{"v":1076.21683299999,"d":"1,076.22"},{"v":111.783167399999,"d":"111.78"},0,"0_20607000_659",{"v":9746.61552465,"d":"9,746.62"},{"v":0,"d":"0.00"},{"v":111.783167399999,"d":"111.78"},{"v":0,"d":"0.00"},"0_20607000_659_401","G",{"v":4.40585350638,"d":"4.41"},{"v":0.000452039325368,"d":"0.00"},{"v":0.050530387579,"d":"0.05"}]
[2,206,20609,{"v":7621.57228,"d":"7,621.57"},1733,{"v":0.227380905,"d":"0.23"},"M",410,20609000,{"v":653.855879699999,"d":"653.86"},1304,{"v":1.994323276,"d":"1.99"},{"v":0,"d":"0.00"},{"v":0.921559671,"d":"0.92"},{"v":1201.713811,"d":"1,201.71"},{"v":102.2861893,"d":"102.29"},0,"0_20609000_663",{"v":526.151863019999,"d":"526.15"},{"v":0,"d":"0.00"},{"v":102.2861893,"d":"102.29"},{"v":0,"d":"0.00"},"0_20609000_663_402","außerhalb GKL",{"v":408.410923276999,"d":"408.41"},{"v":0.776222516695,"d":"0.78"},{"v":79.3968432815999,"d":"79.40"}]
[2,206,20609,{"v":7621.57228,"d":"7,621.57"},1733,{"v":0.227380905,"d":"0.23"},"M",410,20609000,{"v":653.855879699999,"d":"653.86"},1304,{"v":1.994323276,"d":"1.99"},{"v":0,"d":"0.00"},{"v":0.921559671,"d":"0.92"},{"v":1201.713811,"d":"1,201.71"},{"v":102.2861893,"d":"102.29"},0,"0_20609000_663",{"v":526.151863019999,"d":"526.15"},{"v":0,"d":"0.00"},{"v":102.2861893,"d":"102.29"},{"v":0,"d":"0.00"},"0_20609000_663_403","außerhalb GKL",{"v":6.39327176415,"d":"6.39"},{"v":0.0121510009058,"d":"0.01"},{"v":1.24287957884,"d":"1.24"}]
[2,206,20609,{"v":7621.57228,"d":"7,621.57"},1733,{"v":0.227380905,"d":"0.23"},"M",410,20609000,{"v":653.855879699999,"d":"653.86"},1304,{"v":1.994323276,"d":"1.99"},{"v":0,"d":"0.00"},{"v":0.921559671,"d":"0.92"},{"v":1201.713811,"d":"1,201.71"},{"v":102.2861893,"d":"102.29"},0,"0_20609000_663",{"v":526.151863019999,"d":"526.15"},{"v":0,"d":"0.00"},{"v":102.2861893,"d":"102.29"},{"v":0,"d":"0.00"},"0_20609000_663_404","außerhalb GKL",{"v":0.0752134886664,"d":"0.08"},{"v":1.42950151758E-4,"d":"0.00"},{"v":0.0146218262832,"d":"0.01"}]
[2,206,20609,{"v":7621.57228,"d":"7,621.57"},1733,{"v":0.227380905,"d":"0.23"},"M",410,20609000,{"v":653.855879699999,"d":"653.86"},1304,{"v":1.994323276,"d":"1.99"},{"v":0,"d":"0.00"},{"v":0.921559671,"d":"0.92"},{"v":1201.713811,"d":"1,201.71"},{"v":102.2861893,"d":"102.29"},0,"0_20609000_663",{"v":526.151863019999,"d":"526.15"},{"v":0,"d":"0.00"},{"v":102.2861893,"d":"102.29"},{"v":0,"d":"0.00"},"0_20609000_663_405","außerhalb GKL",{"v":0.478253173457,"d":"0.48"},{"v":0.000908964135776,"d":"0.00"},{"v":0.0929744776589,"d":"0.09"}]
[2,206,20609,{"v":7621.57228,"d":"7,621.57"},1733,{"v":0.227380905,"d":"0.23"},"M",410,20609000,{"v":653.855879699999,"d":"653.86"},1304,{"v":1.994323276,"d":"1.99"},{"v":0,"d":"0.00"},{"v":0.921559671,"d":"0.92"},{"v":1201.713811,"d":"1,201.71"},{"v":102.2861893,"d":"102.29"},0,"0_20609000_663",{"v":526.151863019999,"d":"526.15"},{"v":0,"d":"0.00"},{"v":102.2861893,"d":"102.29"},{"v":0,"d":"0.00"},"0_20609000_663_406","außerhalb GKL",{"v":0.694980473191,"d":"0.69"},{"v":1.32087429892E-3,"d":"0.00"},{"v":0.135107198581,"d":"0.14"}]
[2,206,20609,{"v":7621.57228,"d":"7,621.57"},1733,{"v":0.227380905,"d":"0.23"},"M",410,20609000,{"v":653.855879699999,"d":"653.86"},1304,{"v":1.994323276,"d":"1.99"},{"v":0,"d":"0.00"},{"v":0.921559671,"d":"0.92"},{"v":1201.713811,"d":"1,201.71"},{"v":102.2861893,"d":"102.29"},0,"0_20609000_663",{"v":526.151863019999,"d":"526.15"},{"v":0,"d":"0.00"},{"v":102.2861893,"d":"102.29"},{"v":0,"d":"0.00"},"0_20609000_663_407","C",{"v":1.85307867885,"d":"1.85"},{"v":3.52194643617E-3,"d":"0.00"},{"v":0.360246479875,"d":"0.36"}]
[2,206,20609,{"v":7621.57228,"d":"7,621.57"},1733,{"v":0.227380905,"d":"0.23"},"M",410,20609000,{"v":653.855879699999,"d":"653.86"},1304,{"v":1.994323276,"d":"1.99"},{"v":0,"d":"0.00"},{"v":0.921559671,"d":"0.92"},{"v":1201.713811,"d":"1,201.71"},{"v":102.2861893,"d":"102.29"},0,"0_20609000_663",{"v":526.151863019999,"d":"526.15"},{"v":0,"d":"0.00"},{"v":102.2861893,"d":"102.29"},{"v":0,"d":"0.00"},"0_20609000_663_408","C",{"v":0.190805051804,"d":"0.19"},{"v":3.6264254717E-4,"d":"0.00"},{"v":0.0370933242281,"d":"0.04"}]
[2,206,20609,{"v":7621.57228,"d":"7,621.57"},1733,{"v":0.227380905,"d":"0.23"},"M",410,20609000,{"v":653.855879699999,"d":"653.86"},1304,{"v":1.994323276,"d":"1.99"},{"v":0,"d":"0.00"},{"v":0.921559671,"d":"0.92"},{"v":1201.713811,"d":"1,201.71"},{"v":102.2861893,"d":"102.29"},0,"0_20609000_663",{"v":526.151863019999,"d":"526.15"},{"v":0,"d":"0.00"},{"v":102.2861893,"d":"102.29"},{"v":0,"d":"0.00"},"0_20609000_663_409","D",{"v":11.2821025902999,"d":"11.28"},{"v":0.0214426734623,"d":"0.02"},{"v":2.19328935686,"d":"2.19"}]
[2,206,20609,{"v":7621.57228,"d":"7,621.57"},1733,{"v":0.227380905,"d":"0.23"},"M",410,20609000,{"v":653.855879699999,"d":"653.86"},1304,{"v":1.994323276,"d":"1.99"},{"v":0,"d":"0.00"},{"v":0.921559671,"d":"0.92"},{"v":1201.713811,"d":"1,201.71"},{"v":102.2861893,"d":"102.29"},0,"0_20609000_663",{"v":526.151863019999,"d":"526.15"},{"v":0,"d":"0.00"},{"v":102.2861893,"d":"102.29"},{"v":0,"d":"0.00"},"0_20609000_663_410","D",{"v":0.247959951168,"d":"0.25"},{"v":0.000471270689312,"d":"0.00"},{"v":0.0482044829385,"d":"0.05"}]
[2,206,20609,{"v":7621.57228,"d":"7,621.57"},1733,{"v":0.227380905,"d":"0.23"},"M",410,20609000,{"v":653.855879699999,"d":"653.86"},1304,{"v":1.994323276,"d":"1.99"},{"v":0,"d":"0.00"},{"v":0.921559671,"d":"0.92"},{"v":1201.713811,"d":"1,201.71"},{"v":102.2861893,"d":"102.29"},0,"0_20609000_663",{"v":526.151863019999,"d":"526.15"},{"v":0,"d":"0.00"},{"v":102.2861893,"d":"102.29"},{"v":0,"d":"0.00"},"0_20609000_663_411","D",{"v":8.9772821486E-5,"d":"0.00"},{"v":1.70621503E-7,"d":"0.00"},{"v":1.7452223318e-05,"d":"0.00"}]
[2,206,20609,{"v":7621.57228,"d":"7,621.57"},1733,{"v":0.227380905,"d":"0.23"},"M",410,20609000,{"v":653.855879699999,"d":"653.86"},1304,{"v":1.994323276,"d":"1.99"},{"v":0,"d":"0.00"},{"v":0.921559671,"d":"0.92"},{"v":1201.713811,"d":"1,201.71"},{"v":102.2861893,"d":"102.29"},0,"0_20609000_663",{"v":526.151863019999,"d":"526.15"},{"v":0,"d":"0.00"},{"v":102.2861893,"d":"102.29"},{"v":0,"d":"0.00"},"0_20609000_663_412","D",{"v":0.258763587156,"d":"0.26"},{"v":0.000491803992997,"d":"0.00"},{"v":0.0503047563262,"d":"0.05"}]
[2,206,20609,{"v":7621.57228,"d":"7,621.57"},1733,{"v":0.227380905,"d":"0.23"},"M",410,20609000,{"v":653.855879699999,"d":"653.86"},1304,{"v":1.994323276,"d":"1.99"},{"v":0,"d":"0.00"},{"v":0.921559671,"d":"0.92"},{"v":1201.713811,"d":"1,201.71"},{"v":102.2861893,"d":"102.29"},0,"0_20609000_663",{"v":526.151863019999,"d":"526.15"},{"v":0,"d":"0.00"},{"v":102.2861893,"d":"102.29"},{"v":0,"d":"0.00"},"0_20609000_663_413","E",{"v":29.5716253913,"d":"29.57"},{"v":0.0562035934294,"d":"0.06"},{"v":5.74885139686,"d":"5.75"}]
[2,206,20609,{"v":7621.57228,"d":"7,621.57"},1733,{"v":0.227380905,"d":"0.23"},"M",410,20609000,{"v":653.855879699999,"d":"653.86"},1304,{"v":1.994323276,"d":"1.99"},{"v":0,"d":"0.00"},{"v":0.921559671,"d":"0.92"},{"v":1201.713811,"d":"1,201.71"},{"v":102.2861893,"d":"102.29"},0,"0_20609000_663",{"v":526.151863019999,"d":"526.15"},{"v":0,"d":"0.00"},{"v":102.2861893,"d":"102.29"},{"v":0,"d":"0.00"},"0_20609000_663_414","E",{"v":0.0446743775043,"d":"0.04"},{"v":8.4907762652e-05,"d":"0.00"},{"v":0.00868489148368,"d":"0.01"}]
[2,206,20609,{"v":7621.57228,"d":"7,621.57"},1733,{"v":0.227380905,"d":"0.23"},"M",410,20609000,{"v":653.855879699999,"d":"653.86"},1304,{"v":1.994323276,"d":"1.99"},{"v":0,"d":"0.00"},{"v":0.921559671,"d":"0.92"},{"v":1201.713811,"d":"1,201.71"},{"v":102.2861893,"d":"102.29"},0,"0_20609000_663",{"v":526.151863019999,"d":"526.15"},{"v":0,"d":"0.00"},{"v":102.2861893,"d":"102.29"},{"v":0,"d":"0.00"},"0_20609000_663_415","E",{"v":2.16803601545,"d":"2.17"},{"v":0.0041205518175,"d":"0.00"},{"v":0.421475543225,"d":"0.42"}]
[2,206,20609,{"v":7621.57228,"d":"7,621.57"},1733,{"v":0.227380905,"d":"0.23"},"M",410,20609000,{"v":653.855879699999,"d":"653.86"},1304,{"v":1.994323276,"d":"1.99"},{"v":0,"d":"0.00"},{"v":0.921559671,"d":"0.92"},{"v":1201.713811,"d":"1,201.71"},{"v":102.2861893,"d":"102.29"},0,"0_20609000_663",{"v":526.151863019999,"d":"526.15"},{"v":0,"d":"0.00"},{"v":102.2861893,"d":"102.29"},{"v":0,"d":"0.00"},"0_20609000_663_416","F",{"v":31.3403965659999,"d":"31.34"},{"v":0.0595653057011,"d":"0.06"},{"v":6.09270813466,"d":"6.09"}]
[2,206,20609,{"v":7621.57228,"d":"7,621.57"},1733,{"v":0.227380905,"d":"0.23"},"M",410,20609000,{"v":653.855879699999,"d":"653.86"},1304,{"v":1.994323276,"d":"1.99"},{"v":0,"d":"0.00"},{"v":0.921559671,"d":"0.92"},{"v":1201.713811,"d":"1,201.71"},{"v":102.2861893,"d":"102.29"},0,"0_20609000_663",{"v":526.151863019999,"d":"526.15"},{"v":0,"d":"0.00"},{"v":102.2861893,"d":"102.29"},{"v":0,"d":"0.00"},"0_20609000_663_417","F",{"v":1.05262641699,"d":"1.05"},{"v":2.00061330382E-3,"d":"0.00"},{"v":0.204635111111,"d":"0.20"}]
[2,206,20609,{"v":7621.57228,"d":"7,621.57"},1733,{"v":0.227380905,"d":"0.23"},"M",410,20609000,{"v":653.855879699999,"d":"653.86"},1304,{"v":1.994323276,"d":"1.99"},{"v":0,"d":"0.00"},{"v":0.921559671,"d":"0.92"},{"v":1201.713811,"d":"1,201.71"},{"v":102.2861893,"d":"102.29"},0,"0_20609000_663",{"v":526.151863019999,"d":"526.15"},{"v":0,"d":"0.00"},{"v":102.2861893,"d":"102.29"},{"v":0,"d":"0.00"},"0_20609000_663_418","F",{"v":2.76534880074,"d":"2.77"},{"v":0.00525579969416,"d":"0.01"},{"v":0.53759572244,"d":"0.54"}]
[2,206,20609,{"v":7621.57228,"d":"7,621.57"},1733,{"v":0.227380905,"d":"0.23"},"M",410,20609000,{"v":653.855879699999,"d":"653.86"},1304,{"v":1.994323276,"d":"1.99"},{"v":0,"d":"0.00"},{"v":0.921559671,"d":"0.92"},{"v":1201.713811,"d":"1,201.71"},{"v":102.2861893,"d":"102.29"},0,"0_20609000_663",{"v":526.151863019999,"d":"526.15"},{"v":0,"d":"0.00"},{"v":102.2861893,"d":"102.29"},{"v":0,"d":"0.00"},"0_20609000_663_419","G",{"v":9.85462494927,"d":"9.85"},{"v":0.0187296209363,"d":"0.02"},{"v":1.91578155261,"d":"1.92"}]
[2,206,20609,{"v":7621.57228,"d":"7,621.57"},1733,{"v":0.227380905,"d":"0.23"},"M",410,20609000,{"v":653.855879699999,"d":"653.86"},1304,{"v":1.994323276,"d":"1.99"},{"v":0,"d":"0.00"},{"v":0.921559671,"d":"0.92"},{"v":1201.713811,"d":"1,201.71"},{"v":102.2861893,"d":"102.29"},0,"0_20609000_663",{"v":526.151863019999,"d":"526.15"},{"v":0,"d":"0.00"},{"v":102.2861893,"d":"102.29"},{"v":0,"d":"0.00"},"0_20609000_663_420","G",{"v":0.0744748642761,"d":"0.07"},{"v":1.41546328181E-4,"d":"0.00"},{"v":0.014478234519,"d":"0.01"}]
[2,206,20609,{"v":7621.57228,"d":"7,621.57"},1733,{"v":0.227380905,"d":"0.23"},"M",410,20609000,{"v":653.855879699999,"d":"653.86"},1304,{"v":1.994323276,"d":"1.99"},{"v":0,"d":"0.00"},{"v":0.921559671,"d":"0.92"},{"v":1201.713811,"d":"1,201.71"},{"v":102.2861893,"d":"102.29"},0,"0_20609000_663",{"v":526.151863019999,"d":"526.15"},{"v":0,"d":"0.00"},{"v":102.2861893,"d":"102.29"},{"v":0,"d":"0.00"},"0_20609000_663_421","G",{"v":16.3989006022999,"d":"16.40"},{"v":0.031167618619,"d":"0.03"},{"v":3.18801693809,"d":"3.19"}]
[2,206,20609,{"v":7621.57228,"d":"7,621.57"},1733,{"v":0.227380905,"d":"0.23"},"M",410,20609000,{"v":653.855879699999,"d":"653.86"},1304,{"v":1.994323276,"d":"1.99"},{"v":0,"d":"0.00"},{"v":0.921559671,"d":"0.92"},{"v":1201.713811,"d":"1,201.71"},{"v":102.2861893,"d":"102.29"},0,"0_20609000_663",{"v":526.151863019999,"d":"526.15"},{"v":0,"d":"0.00"},{"v":102.2861893,"d":"102.29"},{"v":0,"d":"0.00"},"0_20609000_663_422","G",{"v":0.429881032129,"d":"0.43"},{"v":0.000817028432935,"d":"0.00"},{"v":0.0835707249547,"d":"0.08"}]
[2,206,20609,{"v":7621.57228,"d":"7,621.57"},1733,{"v":0.227380905,"d":"0.23"},"M",410,20609000,{"v":653.855879699999,"d":"653.86"},1304,{"v":1.994323276,"d":"1.99"},{"v":0,"d":"0.00"},{"v":0.921559671,"d":"0.92"},{"v":1201.713811,"d":"1,201.71"},{"v":102.2861893,"d":"102.29"},0,"0_20609000_663",{"v":526.151863019999,"d":"526.15"},{"v":0,"d":"0.00"},{"v":102.2861893,"d":"102.29"},{"v":0,"d":"0.00"},"0_20609000_663_423","G",{"v":2.56583219575,"d":"2.57"},{"v":0.00487660003905,"d":"0.00"},{"v":0.498808834735,"d":"0.50"}]
[2,206,20609,{"v":7621.57228,"d":"7,621.57"},1733,{"v":0.227380905,"d":"0.23"},"M",410,20609001,{"v":3178.99150533,"d":"3,178.99"},301,{"v":0.094684116,"d":"0.09"},{"v":0,"d":"0.00"},{"v":0.921559671,"d":"0.92"},{"v":277.3894609,"d":"277.39"},{"v":23.61053911,"d":"23.61"},0,"0_20609001_664",{"v":3136.62690093999,"d":"3,136.63"},{"v":0,"d":"0.00"},{"v":23.61053911,"d":"23.61"},{"v":0,"d":"0.00"},"0_20609001_664_424","außerhalb GKL",{"v":3095.66941394,"d":"3,095.67"},{"v":0.986942187167,"d":"0.99"},{"v":23.3022371094,"d":"23.30"}]
[2,206,20609,{"v":7621.57228,"d":"7,621.57"},1733,{"v":0.227380905,"d":"0.23"},"M",410,20609001,{"v":3178.99150533,"d":"3,178.99"},301,{"v":0.094684116,"d":"0.09"},{"v":0,"d":"0.00"},{"v":0.921559671,"d":"0.92"},{"v":277.3894609,"d":"277.39"},{"v":23.61053911,"d":"23.61"},0,"0_20609001_664",{"v":3136.62690093999,"d":"3,136.63"},{"v":0,"d":"0.00"},{"v":23.61053911,"d":"23.61"},{"v":0,"d":"0.00"},"0_20609001_664_425","D",{"v":0.11478777467,"d":"0.11"},{"v":3.6595928778e-05,"d":"0.00"},{"v":0.00086404960768,"d":"0.00"}]
[2,206,20609,{"v":7621.57228,"d":"7,621.57"},1733,{"v":0.227380905,"d":"0.23"},"M",410,20609001,{"v":3178.99150533,"d":"3,178.99"},301,{"v":0.094684116,"d":"0.09"},{"v":0,"d":"0.00"},{"v":0.921559671,"d":"0.92"},{"v":277.3894609,"d":"277.39"},{"v":23.61053911,"d":"23.61"},0,"0_20609001_664",{"v":3136.62690093999,"d":"3,136.63"},{"v":0,"d":"0.00"},{"v":23.61053911,"d":"23.61"},{"v":0,"d":"0.00"},"0_20609001_664_426","E",{"v":1.1704258835,"d":"1.17"},{"v":0.000373147945377,"d":"0.00"},{"v":0.00881022415814,"d":"0.01"}]
[2,206,20609,{"v":7621.57228,"d":"7,621.57"},1733,{"v":0.227380905,"d":"0.23"},"M",410,20609001,{"v":3178.99150533,"d":"3,178.99"},301,{"v":0.094684116,"d":"0.09"},{"v":0,"d":"0.00"},{"v":0.921559671,"d":"0.92"},{"v":277.3894609,"d":"277.39"},{"v":23.61053911,"d":"23.61"},0,"0_20609001_664",{"v":3136.62690093999,"d":"3,136.63"},{"v":0,"d":"0.00"},{"v":23.61053911,"d":"23.61"},{"v":0,"d":"0.00"},"0_20609001_664_427","E",{"v":0.843837980545,"d":"0.84"},{"v":0.000269027208908,"d":"0.00"},{"v":0.00635187743758,"d":"0.01"}]
[2,206,20609,{"v":7621.57228,"d":"7,621.57"},1733,{"v":0.227380905,"d":"0.23"},"M",410,20609001,{"v":3178.99150533,"d":"3,178.99"},301,{"v":0.094684116,"d":"0.09"},{"v":0,"d":"0.00"},{"v":0.921559671,"d":"0.92"},{"v":277.3894609,"d":"277.39"},{"v":23.61053911,"d":"23.61"},0,"0_20609001_664",{"v":3136.62690093999,"d":"3,136.63"},{"v":0,"d":"0.00"},{"v":23.61053911,"d":"23.61"},{"v":0,"d":"0.00"},"0_20609001_664_428","F",{"v":2.79746873887,"d":"2.80"},{"v":0.000891871691221,"d":"0.00"},{"v":0.0210575714467,"d":"0.02"}]
[2,206,20609,{"v":7621.57228,"d":"7,621.57"},1733,{"v":0.227380905,"d":"0.23"},"M",410,20609001,{"v":3178.99150533,"d":"3,178.99"},301,{"v":0.094684116,"d":"0.09"},{"v":0,"d":"0.00"},{"v":0.921559671,"d":"0.92"},{"v":277.3894609,"d":"277.39"},{"v":23.61053911,"d":"23.61"},0,"0_20609001_664",{"v":3136.62690093999,"d":"3,136.63"},{"v":0,"d":"0.00"},{"v":23.61053911,"d":"23.61"},{"v":0,"d":"0.00"},"0_20609001_664_429","F",{"v":10.5690639781,"d":"10.57"},{"v":0.00336956364652,"d":"0.00"},{"v":0.0795572142598,"d":"0.08"}]
[2,206,20609,{"v":7621.57228,"d":"7,621.57"},1733,{"v":0.227380905,"d":"0.23"},"M",410,20609001,{"v":3178.99150533,"d":"3,178.99"},301,{"v":0.094684116,"d":"0.09"},{"v":0,"d":"0.00"},{"v":0.921559671,"d":"0.92"},{"v":277.3894609,"d":"277.39"},{"v":23.61053911,"d":"23.61"},0,"0_20609001_664",{"v":3136.62690093999,"d":"3,136.63"},{"v":0,"d":"0.00"},{"v":23.61053911,"d":"23.61"},{"v":0,"d":"0.00"},"0_20609001_664_430","G",{"v":6.16764158701,"d":"6.17"},{"v":0.00196632936648,"d":"0.00"},{"v":0.0464260964104,"d":"0.05"}]
[2,206,20609,{"v":7621.57228,"d":"7,621.57"},1733,{"v":0.227380905,"d":"0.23"},"M",410,20609001,{"v":3178.99150533,"d":"3,178.99"},301,{"v":0.094684116,"d":"0.09"},{"v":0,"d":"0.00"},{"v":0.921559671,"d":"0.92"},{"v":277.3894609,"d":"277.39"},{"v":23.61053911,"d":"23.61"},0,"0_20609001_664",{"v":3136.62690093999,"d":"3,136.63"},{"v":0,"d":"0.00"},{"v":23.61053911,"d":"23.61"},{"v":0,"d":"0.00"},"0_20609001_664_431","G",{"v":19.2942610565,"d":"19.29"},{"v":0.00615127704564,"d":"0.01"},{"v":0.145234967263,"d":"0.15"}]
[2,206,20609,{"v":7621.57228,"d":"7,621.57"},1733,{"v":0.227380905,"d":"0.23"},"M",410,20609002,{"v":3788.72489507999,"d":"3,788.72"},128,{"v":0.033784453,"d":"0.03"},{"v":0,"d":"0.00"},{"v":0.921559671,"d":"0.92"},{"v":117.9596379,"d":"117.96"},{"v":10.0403621399999,"d":"10.04"},0,"0_20609002_665",{"v":3786.27380032,"d":"3,786.27"},{"v":0,"d":"0.00"},{"v":10.0403621399999,"d":"10.04"},{"v":0,"d":"0.00"},"0_20609002_665_432","außerhalb GKL",{"v":3786.27380032,"d":"3,786.27"},{"v":1,"d":"1.00"},{"v":10.0403621399999,"d":"10.04"}]
[2,206,20610,{"v":19314.8195,"d":"19,314.82"},997,{"v":0.051618396,"d":"0.05"}," ",430,20610000,{"v":19314.819499,"d":"19,314.82"},997,{"v":0.051618396,"d":"0.05"},{"v":0,"d":"0.00"},{"v":0.905906425,"d":"0.91"},{"v":903.188705499999,"d":"903.19"},{"v":93.8112945,"d":"93.81"},0,"0_20610000_666",{"v":19205.6229612999,"d":"19,205.62"},{"v":0,"d":"0.00"},{"v":93.8112945,"d":"93.81"},{"v":0,"d":"0.00"},"0_20610000_666_433","außerhalb GKL",{"v":19049.3442471,"d":"19,049.34"},{"v":0.991862866697,"d":"0.99"},{"v":93.0479394912999,"d":"93.05"}]
[2,206,20610,{"v":19314.8195,"d":"19,314.82"},997,{"v":0.051618396,"d":"0.05"}," ",430,20610000,{"v":19314.819499,"d":"19,314.82"},997,{"v":0.051618396,"d":"0.05"},{"v":0,"d":"0.00"},{"v":0.905906425,"d":"0.91"},{"v":903.188705499999,"d":"903.19"},{"v":93.8112945,"d":"93.81"},0,"0_20610000_666",{"v":19205.6229612999,"d":"19,205.62"},{"v":0,"d":"0.00"},{"v":93.8112945,"d":"93.81"},{"v":0,"d":"0.00"},"0_20610000_666_434","F",{"v":0.117541668403,"d":"0.12"},{"v":6.120169527e-06,"d":"0.00"},{"v":5.74141025928E-4,"d":"0.00"}]
[2,206,20610,{"v":19314.8195,"d":"19,314.82"},997,{"v":0.051618396,"d":"0.05"}," ",430,20610000,{"v":19314.819499,"d":"19,314.82"},997,{"v":0.051618396,"d":"0.05"},{"v":0,"d":"0.00"},{"v":0.905906425,"d":"0.91"},{"v":903.188705499999,"d":"903.19"},{"v":93.8112945,"d":"93.81"},0,"0_20610000_666",{"v":19205.6229612999,"d":"19,205.62"},{"v":0,"d":"0.00"},{"v":93.8112945,"d":"93.81"},{"v":0,"d":"0.00"},"0_20610000_666_435","F",{"v":6.93819524612,"d":"6.94"},{"v":0.000361258536633,"d":"0.00"},{"v":0.0338901309707,"d":"0.03"}]
[2,206,20610,{"v":19314.8195,"d":"19,314.82"},997,{"v":0.051618396,"d":"0.05"}," ",430,20610000,{"v":19314.819499,"d":"19,314.82"},997,{"v":0.051618396,"d":"0.05"},{"v":0,"d":"0.00"},{"v":0.905906425,"d":"0.91"},{"v":903.188705499999,"d":"903.19"},{"v":93.8112945,"d":"93.81"},0,"0_20610000_666",{"v":19205.6229612999,"d":"19,205.62"},{"v":0,"d":"0.00"},{"v":93.8112945,"d":"93.81"},{"v":0,"d":"0.00"},"0_20610000_666_436","F",{"v":0.743959485127,"d":"0.74"},{"v":3.8736545366e-05,"d":"0.00"},{"v":0.00363392546526,"d":"0.00"}]
[2,206,20610,{"v":19314.8195,"d":"19,314.82"},997,{"v":0.051618396,"d":"0.05"}," ",430,20610000,{"v":19314.819499,"d":"19,314.82"},997,{"v":0.051618396,"d":"0.05"},{"v":0,"d":"0.00"},{"v":0.905906425,"d":"0.91"},{"v":903.188705499999,"d":"903.19"},{"v":93.8112945,"d":"93.81"},0,"0_20610000_666",{"v":19205.6229612999,"d":"19,205.62"},{"v":0,"d":"0.00"},{"v":93.8112945,"d":"93.81"},{"v":0,"d":"0.00"},"0_20610000_666_437","F",{"v":0.247672368337,"d":"0.25"},{"v":1.2895825813E-5,"d":"0.00"},{"v":0.00120977411315,"d":"0.00"}]
[2,206,20610,{"v":19314.8195,"d":"19,314.82"},997,{"v":0.051618396,"d":"0.05"}," ",430,20610000,{"v":19314.819499,"d":"19,314.82"},997,{"v":0.051618396,"d":"0.05"},{"v":0,"d":"0.00"},{"v":0.905906425,"d":"0.91"},{"v":903.188705499999,"d":"903.19"},{"v":93.8112945,"d":"93.81"},0,"0_20610000_666",{"v":19205.6229612999,"d":"19,205.62"},{"v":0,"d":"0.00"},{"v":93.8112945,"d":"93.81"},{"v":0,"d":"0.00"},"0_20610000_666_438","F",{"v":0.923020772722,"d":"0.92"},{"v":4.8059923627e-05,"d":"0.00"},{"v":0.00450856364898,"d":"0.00"}]
[2,206,20610,{"v":19314.8195,"d":"19,314.82"},997,{"v":0.051618396,"d":"0.05"}," ",430,20610000,{"v":19314.819499,"d":"19,314.82"},997,{"v":0.051618396,"d":"0.05"},{"v":0,"d":"0.00"},{"v":0.905906425,"d":"0.91"},{"v":903.188705499999,"d":"903.19"},{"v":93.8112945,"d":"93.81"},0,"0_20610000_666",{"v":19205.6229612999,"d":"19,205.62"},{"v":0,"d":"0.00"},{"v":93.8112945,"d":"93.81"},{"v":0,"d":"0.00"},"0_20610000_666_439","F",{"v":0.104986465923,"d":"0.10"},{"v":5.466444183e-06,"d":"0.00"},{"v":0.000512814205145,"d":"0.00"}]
[2,206,20610,{"v":19314.8195,"d":"19,314.82"},997,{"v":0.051618396,"d":"0.05"}," ",430,20610000,{"v":19314.819499,"d":"19,314.82"},997,{"v":0.051618396,"d":"0.05"},{"v":0,"d":"0.00"},{"v":0.905906425,"d":"0.91"},{"v":903.188705499999,"d":"903.19"},{"v":93.8112945,"d":"93.81"},0,"0_20610000_666",{"v":19205.6229612999,"d":"19,205.62"},{"v":0,"d":"0.00"},{"v":93.8112945,"d":"93.81"},{"v":0,"d":"0.00"},"0_20610000_666_440","F",{"v":7.61874581705,"d":"7.62"},{"v":0.000396693501294,"d":"0.00"},{"v":0.0372143308761,"d":"0.04"}]
[2,206,20610,{"v":19314.8195,"d":"19,314.82"},997,{"v":0.051618396,"d":"0.05"}," ",430,20610000,{"v":19314.819499,"d":"19,314.82"},997,{"v":0.051618396,"d":"0.05"},{"v":0,"d":"0.00"},{"v":0.905906425,"d":"0.91"},{"v":903.188705499999,"d":"903.19"},{"v":93.8112945,"d":"93.81"},0,"0_20610000_666",{"v":19205.6229612999,"d":"19,205.62"},{"v":0,"d":"0.00"},{"v":93.8112945,"d":"93.81"},{"v":0,"d":"0.00"},"0_20610000_666_441","F",{"v":1.62886617227,"d":"1.63"},{"v":8.4811941563e-05,"d":"0.00"},{"v":0.00795631802706,"d":"0.01"}]
[2,206,20610,{"v":19314.8195,"d":"19,314.82"},997,{"v":0.051618396,"d":"0.05"}," ",430,20610000,{"v":19314.819499,"d":"19,314.82"},997,{"v":0.051618396,"d":"0.05"},{"v":0,"d":"0.00"},{"v":0.905906425,"d":"0.91"},{"v":903.188705499999,"d":"903.19"},{"v":93.8112945,"d":"93.81"},0,"0_20610000_666",{"v":19205.6229612999,"d":"19,205.62"},{"v":0,"d":"0.00"},{"v":93.8112945,"d":"93.81"},{"v":0,"d":"0.00"},"0_20610000_666_442","G",{"v":0.868154375989,"d":"0.87"},{"v":4.5203135443e-05,"d":"0.00"},{"v":0.00424056465138,"d":"0.00"}]
[2,206,20610,{"v":19314.8195,"d":"19,314.82"},997,{"v":0.051618396,"d":"0.05"}," ",430,20610000,{"v":19314.819499,"d":"19,314.82"},997,{"v":0.051618396,"d":"0.05"},{"v":0,"d":"0.00"},{"v":0.905906425,"d":"0.91"},{"v":903.188705499999,"d":"903.19"},{"v":93.8112945,"d":"93.81"},0,"0_20610000_666",{"v":19205.6229612999,"d":"19,205.62"},{"v":0,"d":"0.00"},{"v":93.8112945,"d":"93.81"},{"v":0,"d":"0.00"},"0_20610000_666_443","G",{"v":0.798693738043,"d":"0.80"},{"v":4.1586453074e-05,"d":"0.00"},{"v":0.00390127899656,"d":"0.00"}]
[2,206,20610,{"v":19314.8195,"d":"19,314.82"},997,{"v":0.051618396,"d":"0.05"}," ",430,20610000,{"v":19314.819499,"d":"19,314.82"},997,{"v":0.051618396,"d":"0.05"},{"v":0,"d":"0.00"},{"v":0.905906425,"d":"0.91"},{"v":903.188705499999,"d":"903.19"},{"v":93.8112945,"d":"93.81"},0,"0_20610000_666",{"v":19205.6229612999,"d":"19,205.62"},{"v":0,"d":"0.00"},{"v":93.8112945,"d":"93.81"},{"v":0,"d":"0.00"},"0_20610000_666_444","G",{"v":0.00132840821329,"d":"0.00"},{"v":6.9167671e-08,"d":"0.00"},{"v":6.488708768e-06,"d":"0.00"}]
[2,206,20610,{"v":19314.8195,"d":"19,314.82"},997,{"v":0.051618396,"d":"0.05"}," ",430,20610000,{"v":19314.819499,"d":"19,314.82"},997,{"v":0.051618396,"d":"0.05"},{"v":0,"d":"0.00"},{"v":0.905906425,"d":"0.91"},{"v":903.188705499999,"d":"903.19"},{"v":93.8112945,"d":"93.81"},0,"0_20610000_666",{"v":19205.6229612999,"d":"19,205.62"},{"v":0,"d":"0.00"},{"v":93.8112945,"d":"93.81"},{"v":0,"d":"0.00"},"0_20610000_666_445","G",{"v":0.165304784048,"d":"0.17"},{"v":8.607103471e-06,"d":"0.00"},{"v":0.000807443518486,"d":"0.00"}]
[2,206,20610,{"v":19314.8195,"d":"19,314.82"},997,{"v":0.051618396,"d":"0.05"}," ",430,20610000,{"v":19314.819499,"d":"19,314.82"},997,{"v":0.051618396,"d":"0.05"},{"v":0,"d":"0.00"},{"v":0.905906425,"d":"0.91"},{"v":903.188705499999,"d":"903.19"},{"v":93.8112945,"d":"93.81"},0,"0_20610000_666",{"v":19205.6229612999,"d":"19,205.62"},{"v":0,"d":"0.00"},{"v":93.8112945,"d":"93.81"},{"v":0,"d":"0.00"},"0_20610000_666_446","G",{"v":1.60770941062,"d":"1.61"},{"v":8.3710349509e-05,"d":"0.00"},{"v":0.00785297625045,"d":"0.01"}]
[2,206,20610,{"v":19314.8195,"d":"19,314.82"},997,{"v":0.051618396,"d":"0.05"}," ",430,20610000,{"v":19314.819499,"d":"19,314.82"},997,{"v":0.051618396,"d":"0.05"},{"v":0,"d":"0.00"},{"v":0.905906425,"d":"0.91"},{"v":903.188705499999,"d":"903.19"},{"v":93.8112945,"d":"93.81"},0,"0_20610000_666",{"v":19205.6229612999,"d":"19,205.62"},{"v":0,"d":"0.00"},{"v":93.8112945,"d":"93.81"},{"v":0,"d":"0.00"},"0_20610000_666_447","G",{"v":3.30752250066,"d":"3.31"},{"v":0.000172216361184,"d":"0.00"},{"v":0.0161558397768,"d":"0.02"}]
[2,206,20610,{"v":19314.8195,"d":"19,314.82"},997,{"v":0.051618396,"d":"0.05"}," ",430,20610000,{"v":19314.819499,"d":"19,314.82"},997,{"v":0.051618396,"d":"0.05"},{"v":0,"d":"0.00"},{"v":0.905906425,"d":"0.91"},{"v":903.188705499999,"d":"903.19"},{"v":93.8112945,"d":"93.81"},0,"0_20610000_666",{"v":19205.6229612999,"d":"19,205.62"},{"v":0,"d":"0.00"},{"v":93.8112945,"d":"93.81"},{"v":0,"d":"0.00"},"0_20610000_666_448","G",{"v":0.565552029514,"d":"0.57"},{"v":2.9447210885e-05,"d":"0.00"},{"v":0.00276248097251,"d":"0.00"}]
[2,206,20610,{"v":19314.8195,"d":"19,314.82"},997,{"v":0.051618396,"d":"0.05"}," ",430,20610000,{"v":19314.819499,"d":"19,314.82"},997,{"v":0.051618396,"d":"0.05"},{"v":0,"d":"0.00"},{"v":0.905906425,"d":"0.91"},{"v":903.188705499999,"d":"903.19"},{"v":93.8112945,"d":"93.81"},0,"0_20610000_666",{"v":19205.6229612999,"d":"19,205.62"},{"v":0,"d":"0.00"},{"v":93.8112945,"d":"93.81"},{"v":0,"d":"0.00"},"0_20610000_666_449","G",{"v":6.90752584322,"d":"6.91"},{"v":0.00035966163957,"d":"0.00"},{"v":0.0337403239901,"d":"0.03"}]
[2,206,20610,{"v":19314.8195,"d":"19,314.82"},997,{"v":0.051618396,"d":"0.05"}," ",430,20610000,{"v":19314.819499,"d":"19,314.82"},997,{"v":0.051618396,"d":"0.05"},{"v":0,"d":"0.00"},{"v":0.905906425,"d":"0.91"},{"v":903.188705499999,"d":"903.19"},{"v":93.8112945,"d":"93.81"},0,"0_20610000_666",{"v":19205.6229612999,"d":"19,205.62"},{"v":0,"d":"0.00"},{"v":93.8112945,"d":"93.81"},{"v":0,"d":"0.00"},"0_20610000_666_450","G",{"v":70.8056341222,"d":"70.81"},{"v":0.00368671374341,"d":"0.00"},{"v":0.34585538872,"d":"0.35"}]
[2,206,20610,{"v":19314.8195,"d":"19,314.82"},997,{"v":0.051618396,"d":"0.05"}," ",430,20610000,{"v":19314.819499,"d":"19,314.82"},997,{"v":0.051618396,"d":"0.05"},{"v":0,"d":"0.00"},{"v":0.905906425,"d":"0.91"},{"v":903.188705499999,"d":"903.19"},{"v":93.8112945,"d":"93.81"},0,"0_20610000_666",{"v":19205.6229612999,"d":"19,205.62"},{"v":0,"d":"0.00"},{"v":93.8112945,"d":"93.81"},{"v":0,"d":"0.00"},"0_20610000_666_451","G",{"v":0.0747544258717,"d":"0.07"},{"v":3.892319766e-06,"d":"0.00"},{"v":0.000365143555862,"d":"0.00"}]
[2,206,20610,{"v":19314.8195,"d":"19,314.82"},997,{"v":0.051618396,"d":"0.05"}," ",430,20610000,{"v":19314.819499,"d":"19,314.82"},997,{"v":0.051618396,"d":"0.05"},{"v":0,"d":"0.00"},{"v":0.905906425,"d":"0.91"},{"v":903.188705499999,"d":"903.19"},{"v":93.8112945,"d":"93.81"},0,"0_20610000_666",{"v":19205.6229612999,"d":"19,205.62"},{"v":0,"d":"0.00"},{"v":93.8112945,"d":"93.81"},{"v":0,"d":"0.00"},"0_20610000_666_452","G",{"v":6.57406302702,"d":"6.57"},{"v":0.000342298869465,"d":"0.00"},{"v":0.0321115000504,"d":"0.03"}]
[2,206,20610,{"v":19314.8195,"d":"19,314.82"},997,{"v":0.051618396,"d":"0.05"}," ",430,20610000,{"v":19314.819499,"d":"19,314.82"},997,{"v":0.051618396,"d":"0.05"},{"v":0,"d":"0.00"},{"v":0.905906425,"d":"0.91"},{"v":903.188705499999,"d":"903.19"},{"v":93.8112945,"d":"93.81"},0,"0_20610000_666",{"v":19205.6229612999,"d":"19,205.62"},{"v":0,"d":"0.00"},{"v":93.8112945,"d":"93.81"},{"v":0,"d":"0.00"},"0_20610000_666_453","G",{"v":37.1340136995999,"d":"37.13"},{"v":0.00193349696464,"d":"0.00"},{"v":0.181383853165,"d":"0.18"}]
[2,206,20610,{"v":19314.8195,"d":"19,314.82"},997,{"v":0.051618396,"d":"0.05"}," ",430,20610000,{"v":19314.819499,"d":"19,314.82"},997,{"v":0.051618396,"d":"0.05"},{"v":0,"d":"0.00"},{"v":0.905906425,"d":"0.91"},{"v":903.188705499999,"d":"903.19"},{"v":93.8112945,"d":"93.81"},0,"0_20610000_666",{"v":19205.6229612999,"d":"19,205.62"},{"v":0,"d":"0.00"},{"v":93.8112945,"d":"93.81"},{"v":0,"d":"0.00"},"0_20610000_666_454","G",{"v":9.14546985438,"d":"9.15"},{"v":0.00047618709754,"d":"0.00"},{"v":0.0446717280444,"d":"0.04"}]
[2,206,20611,{"v":3342.85881999999,"d":"3,342.86"},1966,{"v":0.588119363,"d":"0.59"}," ",410,20611000,{"v":1869.54258389,"d":"1,869.54"},852,{"v":0.455726447,"d":"0.46"},{"v":0,"d":"0.00"},{"v":0.921559671,"d":"0.92"},{"v":785.168839499999,"d":"785.17"},{"v":66.83116053,"d":"66.83"},0,"0_20611000_667",{"v":1810.68328195,"d":"1,810.68"},{"v":0,"d":"0.00"},{"v":66.83116053,"d":"66.83"},{"v":0,"d":"0.00"},"0_20611000_667_455","außerhalb GKL",{"v":1807.57838693,"d":"1,807.58"},{"v":0.998285235717,"d":"1.00"},{"v":66.7165608428999,"d":"66.72"}]
[2,206,20611,{"v":3342.85881999999,"d":"3,342.86"},1966,{"v":0.588119363,"d":"0.59"}," ",410,20611000,{"v":1869.54258389,"d":"1,869.54"},852,{"v":0.455726447,"d":"0.46"},{"v":0,"d":"0.00"},{"v":0.921559671,"d":"0.92"},{"v":785.168839499999,"d":"785.17"},{"v":66.83116053,"d":"66.83"},0,"0_20611000_667",{"v":1810.68328195,"d":"1,810.68"},{"v":0,"d":"0.00"},{"v":66.83116053,"d":"66.83"},{"v":0,"d":"0.00"},"0_20611000_667_456","außerhalb GKL",{"v":0.402325664227,"d":"0.40"},{"v":0.000222195492849,"d":"0.00"},{"v":0.0148495826516,"d":"0.01"}]
[2,206,20611,{"v":3342.85881999999,"d":"3,342.86"},1966,{"v":0.588119363,"d":"0.59"}," ",410,20611000,{"v":1869.54258389,"d":"1,869.54"},852,{"v":0.455726447,"d":"0.46"},{"v":0,"d":"0.00"},{"v":0.921559671,"d":"0.92"},{"v":785.168839499999,"d":"785.17"},{"v":66.83116053,"d":"66.83"},0,"0_20611000_667",{"v":1810.68328195,"d":"1,810.68"},{"v":0,"d":"0.00"},{"v":66.83116053,"d":"66.83"},{"v":0,"d":"0.00"},"0_20611000_667_457","außerhalb GKL",{"v":1.16361325352,"d":"1.16"},{"v":0.000642637652382,"d":"0.00"},{"v":0.042948220109,"d":"0.04"}]
[2,206,20611,{"v":3342.85881999999,"d":"3,342.86"},1966,{"v":0.588119363,"d":"0.59"}," ",410,20611000,{"v":1869.54258389,"d":"1,869.54"},852,{"v":0.455726447,"d":"0.46"},{"v":0,"d":"0.00"},{"v":0.921559671,"d":"0.92"},{"v":785.168839499999,"d":"785.17"},{"v":66.83116053,"d":"66.83"},0,"0_20611000_667",{"v":1810.68328195,"d":"1,810.68"},{"v":0,"d":"0.00"},{"v":66.83116053,"d":"66.83"},{"v":0,"d":"0.00"},"0_20611000_667_458","G",{"v":1.89251247459E-3,"d":"0.00"},{"v":1.045192438e-06,"d":"0.00"},{"v":6.9851423634e-05,"d":"0.00"}]
[2,206,20611,{"v":3342.85881999999,"d":"3,342.86"},1966,{"v":0.588119363,"d":"0.59"}," ",410,20611000,{"v":1869.54258389,"d":"1,869.54"},852,{"v":0.455726447,"d":"0.46"},{"v":0,"d":"0.00"},{"v":0.921559671,"d":"0.92"},{"v":785.168839499999,"d":"785.17"},{"v":66.83116053,"d":"66.83"},0,"0_20611000_667",{"v":1810.68328195,"d":"1,810.68"},{"v":0,"d":"0.00"},{"v":66.83116053,"d":"66.83"},{"v":0,"d":"0.00"},"0_20611000_667_459","G",{"v":2.5829054337E-5,"d":"0.00"},{"v":1.4264811E-8,"d":"0.00"},{"v":9.53333857e-07,"d":"0.00"}]
[2,206,20611,{"v":3342.85881999999,"d":"3,342.86"},1966,{"v":0.588119363,"d":"0.59"}," ",410,20611000,{"v":1869.54258389,"d":"1,869.54"},852,{"v":0.455726447,"d":"0.46"},{"v":0,"d":"0.00"},{"v":0.921559671,"d":"0.92"},{"v":785.168839499999,"d":"785.17"},{"v":66.83116053,"d":"66.83"},0,"0_20611000_667",{"v":1810.68328195,"d":"1,810.68"},{"v":0,"d":"0.00"},{"v":66.83116053,"d":"66.83"},{"v":0,"d":"0.00"},"0_20611000_667_460","G",{"v":1.53703776261,"d":"1.54"},{"v":8.48871681719E-4,"d":"0.00"},{"v":0.0567310796303,"d":"0.06"}]
[2,206,20611,{"v":3342.85881999999,"d":"3,342.86"},1966,{"v":0.588119363,"d":"0.59"}," ",410,20611001,{"v":1473.31623592999,"d":"1,473.32"},1114,{"v":0.756117372,"d":"0.76"},{"v":0,"d":"0.00"},{"v":0.921559671,"d":"0.92"},{"v":1026.617473,"d":"1,026.62"},{"v":87.38252679,"d":"87.38"},0,"0_20611001_668",{"v":1356.40832761,"d":"1,356.41"},{"v":0,"d":"0.00"},{"v":87.38252679,"d":"87.38"},{"v":0,"d":"0.00"},"0_20611001_668_461","außerhalb GKL",{"v":770.267486082999,"d":"770.27"},{"v":0.567872867192,"d":"0.57"},{"v":49.6221660307,"d":"49.62"}]
[2,206,20611,{"v":3342.85881999999,"d":"3,342.86"},1966,{"v":0.588119363,"d":"0.59"}," ",410,20611001,{"v":1473.31623592999,"d":"1,473.32"},1114,{"v":0.756117372,"d":"0.76"},{"v":0,"d":"0.00"},{"v":0.921559671,"d":"0.92"},{"v":1026.617473,"d":"1,026.62"},{"v":87.38252679,"d":"87.38"},0,"0_20611001_668",{"v":1356.40832761,"d":"1,356.41"},{"v":0,"d":"0.00"},{"v":87.38252679,"d":"87.38"},{"v":0,"d":"0.00"},"0_20611001_668_462","außerhalb GKL",{"v":167.907385591999,"d":"167.91"},{"v":0.123788229676,"d":"0.12"},{"v":10.8169282959,"d":"10.82"}]
[2,206,20611,{"v":3342.85881999999,"d":"3,342.86"},1966,{"v":0.588119363,"d":"0.59"}," ",410,20611001,{"v":1473.31623592999,"d":"1,473.32"},1114,{"v":0.756117372,"d":"0.76"},{"v":0,"d":"0.00"},{"v":0.921559671,"d":"0.92"},{"v":1026.617473,"d":"1,026.62"},{"v":87.38252679,"d":"87.38"},0,"0_20611001_668",{"v":1356.40832761,"d":"1,356.41"},{"v":0,"d":"0.00"},{"v":87.38252679,"d":"87.38"},{"v":0,"d":"0.00"},"0_20611001_668_463","außerhalb GKL",{"v":3.06038383498,"d":"3.06"},{"v":0.00225624081826,"d":"0.00"},{"v":0.197156023746,"d":"0.20"}]
[2,206,20611,{"v":3342.85881999999,"d":"3,342.86"},1966,{"v":0.588119363,"d":"0.59"}," ",410,20611001,{"v":1473.31623592999,"d":"1,473.32"},1114,{"v":0.756117372,"d":"0.76"},{"v":0,"d":"0.00"},{"v":0.921559671,"d":"0.92"},{"v":1026.617473,"d":"1,026.62"},{"v":87.38252679,"d":"87.38"},0,"0_20611001_668",{"v":1356.40832761,"d":"1,356.41"},{"v":0,"d":"0.00"},{"v":87.38252679,"d":"87.38"},{"v":0,"d":"0.00"},"0_20611001_668_464","außerhalb GKL",{"v":2.43225246845,"d":"2.43"},{"v":1.7931565436E-3,"d":"0.00"},{"v":0.15669054971,"d":"0.16"}]
[2,206,20611,{"v":3342.85881999999,"d":"3,342.86"},1966,{"v":0.588119363,"d":"0.59"}," ",410,20611001,{"v":1473.31623592999,"d":"1,473.32"},1114,{"v":0.756117372,"d":"0.76"},{"v":0,"d":"0.00"},{"v":0.921559671,"d":"0.92"},{"v":1026.617473,"d":"1,026.62"},{"v":87.38252679,"d":"87.38"},0,"0_20611001_668",{"v":1356.40832761,"d":"1,356.41"},{"v":0,"d":"0.00"},{"v":87.38252679,"d":"87.38"},{"v":0,"d":"0.00"},"0_20611001_668_465","außerhalb GKL",{"v":241.490204849,"d":"241.49"},{"v":0.178036510049,"d":"0.18"},{"v":15.557280109,"d":"15.56"}]
[2,206,20611,{"v":3342.85881999999,"d":"3,342.86"},1966,{"v":0.588119363,"d":"0.59"}," ",410,20611001,{"v":1473.31623592999,"d":"1,473.32"},1114,{"v":0.756117372,"d":"0.76"},{"v":0,"d":"0.00"},{"v":0.921559671,"d":"0.92"},{"v":1026.617473,"d":"1,026.62"},{"v":87.38252679,"d":"87.38"},0,"0_20611001_668",{"v":1356.40832761,"d":"1,356.41"},{"v":0,"d":"0.00"},{"v":87.38252679,"d":"87.38"},{"v":0,"d":"0.00"},"0_20611001_668_466","außerhalb GKL",{"v":0.0313636527783,"d":"0.03"},{"v":2.3122574626e-05,"d":"0.00"},{"v":0.0020205089967,"d":"0.00"}]
[2,206,20611,{"v":3342.85881999999,"d":"3,342.86"},1966,{"v":0.588119363,"d":"0.59"}," ",410,20611001,{"v":1473.31623592999,"d":"1,473.32"},1114,{"v":0.756117372,"d":"0.76"},{"v":0,"d":"0.00"},{"v":0.921559671,"d":"0.92"},{"v":1026.617473,"d":"1,026.62"},{"v":87.38252679,"d":"87.38"},0,"0_20611001_668",{"v":1356.40832761,"d":"1,356.41"},{"v":0,"d":"0.00"},{"v":87.38252679,"d":"87.38"},{"v":0,"d":"0.00"},"0_20611001_668_467","D",{"v":13.3559020413,"d":"13.36"},{"v":0.00984652023247,"d":"0.01"},{"v":0.860413818002,"d":"0.86"}]
[2,206,20611,{"v":3342.85881999999,"d":"3,342.86"},1966,{"v":0.588119363,"d":"0.59"}," ",410,20611001,{"v":1473.31623592999,"d":"1,473.32"},1114,{"v":0.756117372,"d":"0.76"},{"v":0,"d":"0.00"},{"v":0.921559671,"d":"0.92"},{"v":1026.617473,"d":"1,026.62"},{"v":87.38252679,"d":"87.38"},0,"0_20611001_668",{"v":1356.40832761,"d":"1,356.41"},{"v":0,"d":"0.00"},{"v":87.38252679,"d":"87.38"},{"v":0,"d":"0.00"},"0_20611001_668_468","E",{"v":21.9648697832999,"d":"21.96"},{"v":0.0161934052867,"d":"0.02"},{"v":1.41502067129,"d":"1.42"}]
[2,206,20611,{"v":3342.85881999999,"d":"3,342.86"},1966,{"v":0.588119363,"d":"0.59"}," ",410,20611001,{"v":1473.31623592999,"d":"1,473.32"},1114,{"v":0.756117372,"d":"0.76"},{"v":0,"d":"0.00"},{"v":0.921559671,"d":"0.92"},{"v":1026.617473,"d":"1,026.62"},{"v":87.38252679,"d":"87.38"},0,"0_20611001_668",{"v":1356.40832761,"d":"1,356.41"},{"v":0,"d":"0.00"},{"v":87.38252679,"d":"87.38"},{"v":0,"d":"0.00"},"0_20611001_668_469","F",{"v":0.00121727202095,"d":"0.00"},{"v":8.97422993e-07,"d":"0.00"},{"v":7.8419088719e-05,"d":"0.00"}]
[2,206,20611,{"v":3342.85881999999,"d":"3,342.86"},1966,{"v":0.588119363,"d":"0.59"}," ",410,20611001,{"v":1473.31623592999,"d":"1,473.32"},1114,{"v":0.756117372,"d":"0.76"},{"v":0,"d":"0.00"},{"v":0.921559671,"d":"0.92"},{"v":1026.617473,"d":"1,026.62"},{"v":87.38252679,"d":"87.38"},0,"0_20611001_668",{"v":1356.40832761,"d":"1,356.41"},{"v":0,"d":"0.00"},{"v":87.38252679,"d":"87.38"},{"v":0,"d":"0.00"},"0_20611001_668_470","F",{"v":0.0366435099331,"d":"0.04"},{"v":2.7015102449e-05,"d":"0.00"},{"v":2.36064791348E-3,"d":"0.00"}]
[2,206,20611,{"v":3342.85881999999,"d":"3,342.86"},1966,{"v":0.588119363,"d":"0.59"}," ",410,20611001,{"v":1473.31623592999,"d":"1,473.32"},1114,{"v":0.756117372,"d":"0.76"},{"v":0,"d":"0.00"},{"v":0.921559671,"d":"0.92"},{"v":1026.617473,"d":"1,026.62"},{"v":87.38252679,"d":"87.38"},0,"0_20611001_668",{"v":1356.40832761,"d":"1,356.41"},{"v":0,"d":"0.00"},{"v":87.38252679,"d":"87.38"},{"v":0,"d":"0.00"},"0_20611001_668_471","F",{"v":43.8183844222999,"d":"43.82"},{"v":0.0323047149817,"d":"0.03"},{"v":2.82286762233,"d":"2.82"}]
[2,206,20611,{"v":3342.85881999999,"d":"3,342.86"},1966,{"v":0.588119363,"d":"0.59"}," ",410,20611001,{"v":1473.31623592999,"d":"1,473.32"},1114,{"v":0.756117372,"d":"0.76"},{"v":0,"d":"0.00"},{"v":0.921559671,"d":"0.92"},{"v":1026.617473,"d":"1,026.62"},{"v":87.38252679,"d":"87.38"},0,"0_20611001_668",{"v":1356.40832761,"d":"1,356.41"},{"v":0,"d":"0.00"},{"v":87.38252679,"d":"87.38"},{"v":0,"d":"0.00"},"0_20611001_668_472","F",{"v":0.0870934999546,"d":"0.09"},{"v":6.4208909796e-05,"d":"0.00"},{"v":0.00561073678044,"d":"0.01"}]
[2,206,20611,{"v":3342.85881999999,"d":"3,342.86"},1966,{"v":0.588119363,"d":"0.59"}," ",410,20611001,{"v":1473.31623592999,"d":"1,473.32"},1114,{"v":0.756117372,"d":"0.76"},{"v":0,"d":"0.00"},{"v":0.921559671,"d":"0.92"},{"v":1026.617473,"d":"1,026.62"},{"v":87.38252679,"d":"87.38"},0,"0_20611001_668",{"v":1356.40832761,"d":"1,356.41"},{"v":0,"d":"0.00"},{"v":87.38252679,"d":"87.38"},{"v":0,"d":"0.00"},"0_20611001_668_473","G",{"v":91.9551405986999,"d":"91.96"},{"v":0.0677931112092,"d":"0.07"},{"v":5.92393335642,"d":"5.92"}]
[2,206,20622,{"v":7472.93291399999,"d":"7,472.93"},824,{"v":0.110264606,"d":"0.11"}," ",410,20622000,{"v":7472.93291415,"d":"7,472.93"},824,{"v":0.110264606,"d":"0.11"},{"v":0,"d":"0.00"},{"v":0.921559671,"d":"0.92"},{"v":759.3651687,"d":"759.37"},{"v":64.6348313099999,"d":"64.63"},0,"0_20622000_678",{"v":7404.11288141,"d":"7,404.11"},{"v":0,"d":"0.00"},{"v":64.6348313099999,"d":"64.63"},{"v":0,"d":"0.00"},"0_20622000_678_474","außerhalb GKL",{"v":7216.08073645999,"d":"7,216.08"},{"v":0.974604365444,"d":"0.97"},{"v":62.9933887545,"d":"62.99"}]
[2,206,20622,{"v":7472.93291399999,"d":"7,472.93"},824,{"v":0.110264606,"d":"0.11"}," ",410,20622000,{"v":7472.93291415,"d":"7,472.93"},824,{"v":0.110264606,"d":"0.11"},{"v":0,"d":"0.00"},{"v":0.921559671,"d":"0.92"},{"v":759.3651687,"d":"759.37"},{"v":64.6348313099999,"d":"64.63"},0,"0_20622000_678",{"v":7404.11288141,"d":"7,404.11"},{"v":0,"d":"0.00"},{"v":64.6348313099999,"d":"64.63"},{"v":0,"d":"0.00"},"0_20622000_678_475","außerhalb GKL",{"v":0.00569554443921,"d":"0.01"},{"v":7.69240628e-07,"d":"0.00"},{"v":4.9719738197e-05,"d":"0.00"}]
[2,206,20622,{"v":7472.93291399999,"d":"7,472.93"},824,{"v":0.110264606,"d":"0.11"}," ",410,20622000,{"v":7472.93291415,"d":"7,472.93"},824,{"v":0.110264606,"d":"0.11"},{"v":0,"d":"0.00"},{"v":0.921559671,"d":"0.92"},{"v":759.3651687,"d":"759.37"},{"v":64.6348313099999,"d":"64.63"},0,"0_20622000_678",{"v":7404.11288141,"d":"7,404.11"},{"v":0,"d":"0.00"},{"v":64.6348313099999,"d":"64.63"},{"v":0,"d":"0.00"},"0_20622000_678_476","außerhalb GKL",{"v":6.85975207618E-3,"d":"0.01"},{"v":9.26478592E-7,"d":"0.00"},{"v":5.9882787496e-05,"d":"0.00"}]
[2,206,20622,{"v":7472.93291399999,"d":"7,472.93"},824,{"v":0.110264606,"d":"0.11"}," ",410,20622000,{"v":7472.93291415,"d":"7,472.93"},824,{"v":0.110264606,"d":"0.11"},{"v":0,"d":"0.00"},{"v":0.921559671,"d":"0.92"},{"v":759.3651687,"d":"759.37"},{"v":64.6348313099999,"d":"64.63"},0,"0_20622000_678",{"v":7404.11288141,"d":"7,404.11"},{"v":0,"d":"0.00"},{"v":64.6348313099999,"d":"64.63"},{"v":0,"d":"0.00"},"0_20622000_678_477","außerhalb GKL",{"v":0.000644721187885,"d":"0.00"},{"v":8.7076088e-08,"d":"0.00"},{"v":5.628148286e-06,"d":"0.00"}]
[2,206,20622,{"v":7472.93291399999,"d":"7,472.93"},824,{"v":0.110264606,"d":"0.11"}," ",410,20622000,{"v":7472.93291415,"d":"7,472.93"},824,{"v":0.110264606,"d":"0.11"},{"v":0,"d":"0.00"},{"v":0.921559671,"d":"0.92"},{"v":759.3651687,"d":"759.37"},{"v":64.6348313099999,"d":"64.63"},0,"0_20622000_678",{"v":7404.11288141,"d":"7,404.11"},{"v":0,"d":"0.00"},{"v":64.6348313099999,"d":"64.63"},{"v":0,"d":"0.00"},"0_20622000_678_478","außerhalb GKL",{"v":0.000615697801997,"d":"0.00"},{"v":8.3156188e-08,"d":"0.00"},{"v":5.374786177e-06,"d":"0.00"}]
[2,206,20622,{"v":7472.93291399999,"d":"7,472.93"},824,{"v":0.110264606,"d":"0.11"}," ",410,20622000,{"v":7472.93291415,"d":"7,472.93"},824,{"v":0.110264606,"d":"0.11"},{"v":0,"d":"0.00"},{"v":0.921559671,"d":"0.92"},{"v":759.3651687,"d":"759.37"},{"v":64.6348313099999,"d":"64.63"},0,"0_20622000_678",{"v":7404.11288141,"d":"7,404.11"},{"v":0,"d":"0.00"},{"v":64.6348313099999,"d":"64.63"},{"v":0,"d":"0.00"},"0_20622000_678_479","F",{"v":4.58946971698,"d":"4.59"},{"v":0.000619854098727,"d":"0.00"},{"v":0.040064165108,"d":"0.04"}]
[2,206,20622,{"v":7472.93291399999,"d":"7,472.93"},824,{"v":0.110264606,"d":"0.11"}," ",410,20622000,{"v":7472.93291415,"d":"7,472.93"},824,{"v":0.110264606,"d":"0.11"},{"v":0,"d":"0.00"},{"v":0.921559671,"d":"0.92"},{"v":759.3651687,"d":"759.37"},{"v":64.6348313099999,"d":"64.63"},0,"0_20622000_678",{"v":7404.11288141,"d":"7,404.11"},{"v":0,"d":"0.00"},{"v":64.6348313099999,"d":"64.63"},{"v":0,"d":"0.00"},"0_20622000_678_480","F",{"v":0.345041566048,"d":"0.35"},{"v":4.6601337875e-05,"d":"0.00"},{"v":0.00301206961235,"d":"0.00"}]
[2,206,20622,{"v":7472.93291399999,"d":"7,472.93"},824,{"v":0.110264606,"d":"0.11"}," ",410,20622000,{"v":7472.93291415,"d":"7,472.93"},824,{"v":0.110264606,"d":"0.11"},{"v":0,"d":"0.00"},{"v":0.921559671,"d":"0.92"},{"v":759.3651687,"d":"759.37"},{"v":64.6348313099999,"d":"64.63"},0,"0_20622000_678",{"v":7404.11288141,"d":"7,404.11"},{"v":0,"d":"0.00"},{"v":64.6348313099999,"d":"64.63"},{"v":0,"d":"0.00"},"0_20622000_678_481","F",{"v":2.22781361816,"d":"2.23"},{"v":0.000300888661997,"d":"0.00"},{"v":0.0194478879113,"d":"0.02"}]
[2,206,20622,{"v":7472.93291399999,"d":"7,472.93"},824,{"v":0.110264606,"d":"0.11"}," ",410,20622000,{"v":7472.93291415,"d":"7,472.93"},824,{"v":0.110264606,"d":"0.11"},{"v":0,"d":"0.00"},{"v":0.921559671,"d":"0.92"},{"v":759.3651687,"d":"759.37"},{"v":64.6348313099999,"d":"64.63"},0,"0_20622000_678",{"v":7404.11288141,"d":"7,404.11"},{"v":0,"d":"0.00"},{"v":64.6348313099999,"d":"64.63"},{"v":0,"d":"0.00"},"0_20622000_678_482","F",{"v":0.311479786656,"d":"0.31"},{"v":4.2068481619e-05,"d":"0.00"},{"v":2.71908921291E-3,"d":"0.00"}]
[2,206,20622,{"v":7472.93291399999,"d":"7,472.93"},824,{"v":0.110264606,"d":"0.11"}," ",410,20622000,{"v":7472.93291415,"d":"7,472.93"},824,{"v":0.110264606,"d":"0.11"},{"v":0,"d":"0.00"},{"v":0.921559671,"d":"0.92"},{"v":759.3651687,"d":"759.37"},{"v":64.6348313099999,"d":"64.63"},0,"0_20622000_678",{"v":7404.11288141,"d":"7,404.11"},{"v":0,"d":"0.00"},{"v":64.6348313099999,"d":"64.63"},{"v":0,"d":"0.00"},"0_20622000_678_483","F",{"v":0.126679394107,"d":"0.13"},{"v":1.7109327766e-05,"d":"0.00"},{"v":1.105858514E-3,"d":"0.00"}]
[2,206,20622,{"v":7472.93291399999,"d":"7,472.93"},824,{"v":0.110264606,"d":"0.11"}," ",410,20622000,{"v":7472.93291415,"d":"7,472.93"},824,{"v":0.110264606,"d":"0.11"},{"v":0,"d":"0.00"},{"v":0.921559671,"d":"0.92"},{"v":759.3651687,"d":"759.37"},{"v":64.6348313099999,"d":"64.63"},0,"0_20622000_678",{"v":7404.11288141,"d":"7,404.11"},{"v":0,"d":"0.00"},{"v":64.6348313099999,"d":"64.63"},{"v":0,"d":"0.00"},"0_20622000_678_484","F",{"v":5.7149677852,"d":"5.71"},{"v":7.7186394599E-4,"d":"0.00"},{"v":0.0498892959433,"d":"0.05"}]
[2,206,20622,{"v":7472.93291399999,"d":"7,472.93"},824,{"v":0.110264606,"d":"0.11"}," ",410,20622000,{"v":7472.93291415,"d":"7,472.93"},824,{"v":0.110264606,"d":"0.11"},{"v":0,"d":"0.00"},{"v":0.921559671,"d":"0.92"},{"v":759.3651687,"d":"759.37"},{"v":64.6348313099999,"d":"64.63"},0,"0_20622000_678",{"v":7404.11288141,"d":"7,404.11"},{"v":0,"d":"0.00"},{"v":64.6348313099999,"d":"64.63"},{"v":0,"d":"0.00"},"0_20622000_678_485","F",{"v":7.60222118703,"d":"7.60"},{"v":0.00102675652152,"d":"0.00"},{"v":0.0663642345649,"d":"0.07"}]
[2,206,20622,{"v":7472.93291399999,"d":"7,472.93"},824,{"v":0.110264606,"d":"0.11"}," ",410,20622000,{"v":7472.93291415,"d":"7,472.93"},824,{"v":0.110264606,"d":"0.11"},{"v":0,"d":"0.00"},{"v":0.921559671,"d":"0.92"},{"v":759.3651687,"d":"759.37"},{"v":64.6348313099999,"d":"64.63"},0,"0_20622000_678",{"v":7404.11288141,"d":"7,404.11"},{"v":0,"d":"0.00"},{"v":64.6348313099999,"d":"64.63"},{"v":0,"d":"0.00"},"0_20622000_678_486","F",{"v":4.97813546675,"d":"4.98"},{"v":6.72347321885E-4,"d":"0.00"},{"v":0.0434570557318,"d":"0.04"}]
[2,206,20622,{"v":7472.93291399999,"d":"7,472.93"},824,{"v":0.110264606,"d":"0.11"}," ",410,20622000,{"v":7472.93291415,"d":"7,472.93"},824,{"v":0.110264606,"d":"0.11"},{"v":0,"d":"0.00"},{"v":0.921559671,"d":"0.92"},{"v":759.3651687,"d":"759.37"},{"v":64.6348313099999,"d":"64.63"},0,"0_20622000_678",{"v":7404.11288141,"d":"7,404.11"},{"v":0,"d":"0.00"},{"v":64.6348313099999,"d":"64.63"},{"v":0,"d":"0.00"},"0_20622000_678_487","F",{"v":1.57949778269,"d":"1.58"},{"v":0.000213327080231,"d":"0.00"},{"v":0.0137883598446,"d":"0.01"}]
[2,206,20622,{"v":7472.93291399999,"d":"7,472.93"},824,{"v":0.110264606,"d":"0.11"}," ",410,20622000,{"v":7472.93291415,"d":"7,472.93"},824,{"v":0.110264606,"d":"0.11"},{"v":0,"d":"0.00"},{"v":0.921559671,"d":"0.92"},{"v":759.3651687,"d":"759.37"},{"v":64.6348313099999,"d":"64.63"},0,"0_20622000_678",{"v":7404.11288141,"d":"7,404.11"},{"v":0,"d":"0.00"},{"v":64.6348313099999,"d":"64.63"},{"v":0,"d":"0.00"},"0_20622000_678_488","G",{"v":0.0155642684274,"d":"0.02"},{"v":2.102111175e-06,"d":"0.00"},{"v":1.35869601177E-4,"d":"0.00"}]
[2,206,20622,{"v":7472.93291399999,"d":"7,472.93"},824,{"v":0.110264606,"d":"0.11"}," ",410,20622000,{"v":7472.93291415,"d":"7,472.93"},824,{"v":0.110264606,"d":"0.11"},{"v":0,"d":"0.00"},{"v":0.921559671,"d":"0.92"},{"v":759.3651687,"d":"759.37"},{"v":64.6348313099999,"d":"64.63"},0,"0_20622000_678",{"v":7404.11288141,"d":"7,404.11"},{"v":0,"d":"0.00"},{"v":64.6348313099999,"d":"64.63"},{"v":0,"d":"0.00"},"0_20622000_678_489","G",{"v":0.00812111270072,"d":"0.01"},{"v":1.096838045e-06,"d":"0.00"},{"v":7.0893942038e-05,"d":"0.00"}]
[2,206,20622,{"v":7472.93291399999,"d":"7,472.93"},824,{"v":0.110264606,"d":"0.11"}," ",410,20622000,{"v":7472.93291415,"d":"7,472.93"},824,{"v":0.110264606,"d":"0.11"},{"v":0,"d":"0.00"},{"v":0.921559671,"d":"0.92"},{"v":759.3651687,"d":"759.37"},{"v":64.6348313099999,"d":"64.63"},0,"0_20622000_678",{"v":7404.11288141,"d":"7,404.11"},{"v":0,"d":"0.00"},{"v":64.6348313099999,"d":"64.63"},{"v":0,"d":"0.00"},"0_20622000_678_490","G",{"v":0.0181617477113,"d":"0.02"},{"v":2.452926907e-06,"d":"0.00"},{"v":0.000158544516867,"d":"0.00"}]
[2,206,20622,{"v":7472.93291399999,"d":"7,472.93"},824,{"v":0.110264606,"d":"0.11"}," ",410,20622000,{"v":7472.93291415,"d":"7,472.93"},824,{"v":0.110264606,"d":"0.11"},{"v":0,"d":"0.00"},{"v":0.921559671,"d":"0.92"},{"v":759.3651687,"d":"759.37"},{"v":64.6348313099999,"d":"64.63"},0,"0_20622000_678",{"v":7404.11288141,"d":"7,404.11"},{"v":0,"d":"0.00"},{"v":64.6348313099999,"d":"64.63"},{"v":0,"d":"0.00"},"0_20622000_678_491","G",{"v":1.01635308869,"d":"1.02"},{"v":1.37268718747E-4,"d":"0.00"},{"v":0.00887234048035,"d":"0.01"}]
[2,206,20622,{"v":7472.93291399999,"d":"7,472.93"},824,{"v":0.110264606,"d":"0.11"}," ",410,20622000,{"v":7472.93291415,"d":"7,472.93"},824,{"v":0.110264606,"d":"0.11"},{"v":0,"d":"0.00"},{"v":0.921559671,"d":"0.92"},{"v":759.3651687,"d":"759.37"},{"v":64.6348313099999,"d":"64.63"},0,"0_20622000_678",{"v":7404.11288141,"d":"7,404.11"},{"v":0,"d":"0.00"},{"v":64.6348313099999,"d":"64.63"},{"v":0,"d":"0.00"},"0_20622000_678_492","G",{"v":14.2982614128,"d":"14.30"},{"v":0.00193112417947,"d":"0.00"},{"v":0.124817885579,"d":"0.12"}]
[2,206,20622,{"v":7472.93291399999,"d":"7,472.93"},824,{"v":0.110264606,"d":"0.11"}," ",410,20622000,{"v":7472.93291415,"d":"7,472.93"},824,{"v":0.110264606,"d":"0.11"},{"v":0,"d":"0.00"},{"v":0.921559671,"d":"0.92"},{"v":759.3651687,"d":"759.37"},{"v":64.6348313099999,"d":"64.63"},0,"0_20622000_678",{"v":7404.11288141,"d":"7,404.11"},{"v":0,"d":"0.00"},{"v":64.6348313099999,"d":"64.63"},{"v":0,"d":"0.00"},"0_20622000_678_493","G",{"v":0.21540086829,"d":"0.22"},{"v":2.9092056232e-05,"d":"0.00"},{"v":1.88036014698E-3,"d":"0.00"}]
[2,206,20622,{"v":7472.93291399999,"d":"7,472.93"},824,{"v":0.110264606,"d":"0.11"}," ",410,20622000,{"v":7472.93291415,"d":"7,472.93"},824,{"v":0.110264606,"d":"0.11"},{"v":0,"d":"0.00"},{"v":0.921559671,"d":"0.92"},{"v":759.3651687,"d":"759.37"},{"v":64.6348313099999,"d":"64.63"},0,"0_20622000_678",{"v":7404.11288141,"d":"7,404.11"},{"v":0,"d":"0.00"},{"v":64.6348313099999,"d":"64.63"},{"v":0,"d":"0.00"},"0_20622000_678_494","G",{"v":0.0339444054098,"d":"0.03"},{"v":4.584533752e-06,"d":"0.00"},{"v":2.96320565707E-4,"d":"0.00"}]
[2,206,20622,{"v":7472.93291399999,"d":"7,472.93"},824,{"v":0.110264606,"d":"0.11"}," ",410,20622000,{"v":7472.93291415,"d":"7,472.93"},824,{"v":0.110264606,"d":"0.11"},{"v":0,"d":"0.00"},{"v":0.921559671,"d":"0.92"},{"v":759.3651687,"d":"759.37"},{"v":64.6348313099999,"d":"64.63"},0,"0_20622000_678",{"v":7404.11288141,"d":"7,404.11"},{"v":0,"d":"0.00"},{"v":64.6348313099999,"d":"64.63"},{"v":0,"d":"0.00"},"0_20622000_678_495","G",{"v":6.71321493979,"d":"6.71"},{"v":0.00090668727602,"d":"0.00"},{"v":0.0586035791365,"d":"0.06"}]
[2,206,20622,{"v":7472.93291399999,"d":"7,472.93"},824,{"v":0.110264606,"d":"0.11"}," ",410,20622000,{"v":7472.93291415,"d":"7,472.93"},824,{"v":0.110264606,"d":"0.11"},{"v":0,"d":"0.00"},{"v":0.921559671,"d":"0.92"},{"v":759.3651687,"d":"759.37"},{"v":64.6348313099999,"d":"64.63"},0,"0_20622000_678",{"v":7404.11288141,"d":"7,404.11"},{"v":0,"d":"0.00"},{"v":64.6348313099999,"d":"64.63"},{"v":0,"d":"0.00"},"0_20622000_678_496","G",{"v":39.4305973144,"d":"39.43"},{"v":0.00532549921185,"d":"0.01"},{"v":0.344212743199,"d":"0.34"}]
[2,206,20622,{"v":7472.93291399999,"d":"7,472.93"},824,{"v":0.110264606,"d":"0.11"}," ",410,20622000,{"v":7472.93291415,"d":"7,472.93"},824,{"v":0.110264606,"d":"0.11"},{"v":0,"d":"0.00"},{"v":0.921559671,"d":"0.92"},{"v":759.3651687,"d":"759.37"},{"v":64.6348313099999,"d":"64.63"},0,"0_20622000_678",{"v":7404.11288141,"d":"7,404.11"},{"v":0,"d":"0.00"},{"v":64.6348313099999,"d":"64.63"},{"v":0,"d":"0.00"},"0_20622000_678_497","G",{"v":1.03170548652,"d":"1.03"},{"v":0.000139342214664,"d":"0.00"},{"v":9.00636053917E-3,"d":"0.01"}]
[2,206,20622,{"v":7472.93291399999,"d":"7,472.93"},824,{"v":0.110264606,"d":"0.11"}," ",410,20622000,{"v":7472.93291415,"d":"7,472.93"},824,{"v":0.110264606,"d":"0.11"},{"v":0,"d":"0.00"},{"v":0.921559671,"d":"0.92"},{"v":759.3651687,"d":"759.37"},{"v":64.6348313099999,"d":"64.63"},0,"0_20622000_678",{"v":7404.11288141,"d":"7,404.11"},{"v":0,"d":"0.00"},{"v":64.6348313099999,"d":"64.63"},{"v":0,"d":"0.00"},"0_20622000_678_498","G",{"v":0.0120350027692,"d":"0.01"},{"v":1.62544831e-06,"d":"0.00"},{"v":1.05060577312E-4,"d":"0.00"}]
[2,206,20622,{"v":7472.93291399999,"d":"7,472.93"},824,{"v":0.110264606,"d":"0.11"}," ",410,20622000,{"v":7472.93291415,"d":"7,472.93"},824,{"v":0.110264606,"d":"0.11"},{"v":0,"d":"0.00"},{"v":0.921559671,"d":"0.92"},{"v":759.3651687,"d":"759.37"},{"v":64.6348313099999,"d":"64.63"},0,"0_20622000_678",{"v":7404.11288141,"d":"7,404.11"},{"v":0,"d":"0.00"},{"v":64.6348313099999,"d":"64.63"},{"v":0,"d":"0.00"},"0_20622000_678_499","G",{"v":0.103897145988,"d":"0.10"},{"v":1.4032355753E-5,"d":"0.00"},{"v":0.000906978946984,"d":"0.00"}]
[2,206,20622,{"v":7472.93291399999,"d":"7,472.93"},824,{"v":0.110264606,"d":"0.11"}," ",410,20622000,{"v":7472.93291415,"d":"7,472.93"},824,{"v":0.110264606,"d":"0.11"},{"v":0,"d":"0.00"},{"v":0.921559671,"d":"0.92"},{"v":759.3651687,"d":"759.37"},{"v":64.6348313099999,"d":"64.63"},0,"0_20622000_678",{"v":7404.11288141,"d":"7,404.11"},{"v":0,"d":"0.00"},{"v":64.6348313099999,"d":"64.63"},{"v":0,"d":"0.00"},"0_20622000_678_500","G",{"v":78.1996805074,"d":"78.20"},{"v":0.0105616542805,"d":"0.01"},{"v":0.682650742775,"d":"0.68"}]
[2,206,20622,{"v":7472.93291399999,"d":"7,472.93"},824,{"v":0.110264606,"d":"0.11"}," ",410,20622000,{"v":7472.93291415,"d":"7,472.93"},824,{"v":0.110264606,"d":"0.11"},{"v":0,"d":"0.00"},{"v":0.921559671,"d":"0.92"},{"v":759.3651687,"d":"759.37"},{"v":64.6348313099999,"d":"64.63"},0,"0_20622000_678",{"v":7404.11288141,"d":"7,404.11"},{"v":0,"d":"0.00"},{"v":64.6348313099999,"d":"64.63"},{"v":0,"d":"0.00"},"0_20622000_678_501","G",{"v":19.4460856335999,"d":"19.45"},{"v":0.00262638967626,"d":"0.00"},{"v":0.169756253679,"d":"0.17"}]
[2,206,20625,{"v":6992.17483199999,"d":"6,992.17"},1188,{"v":0.169904218,"d":"0.17"},"M",410,20625000,{"v":1180.77447637,"d":"1,180.77"},632,{"v":0.535241922,"d":"0.54"},{"v":0,"d":"0.00"},{"v":0.921559671,"d":"0.92"},{"v":582.4257119,"d":"582.43"},{"v":49.57428809,"d":"49.57"},0,"0_20625000_680",{"v":1116.20720609,"d":"1,116.21"},{"v":0,"d":"0.00"},{"v":49.57428809,"d":"49.57"},{"v":0,"d":"0.00"},"0_20625000_680_502","außerhalb GKL",{"v":1023.21482833,"d":"1,023.21"},{"v":0.916688964869,"d":"0.92"},{"v":45.4442028332999,"d":"45.44"}]
[2,206,20625,{"v":6992.17483199999,"d":"6,992.17"},1188,{"v":0.169904218,"d":"0.17"},"M",410,20625000,{"v":1180.77447637,"d":"1,180.77"},632,{"v":0.535241922,"d":"0.54"},{"v":0,"d":"0.00"},{"v":0.921559671,"d":"0.92"},{"v":582.4257119,"d":"582.43"},{"v":49.57428809,"d":"49.57"},0,"0_20625000_680",{"v":1116.20720609,"d":"1,116.21"},{"v":0,"d":"0.00"},{"v":49.57428809,"d":"49.57"},{"v":0,"d":"0.00"},"0_20625000_680_503","außerhalb GKL",{"v":0.000190269909299,"d":"0.00"},{"v":1.70461101E-7,"d":"0.00"},{"v":8.450487729e-06,"d":"0.00"}]
[2,206,20625,{"v":6992.17483199999,"d":"6,992.17"},1188,{"v":0.169904218,"d":"0.17"},"M",410,20625000,{"v":1180.77447637,"d":"1,180.77"},632,{"v":0.535241922,"d":"0.54"},{"v":0,"d":"0.00"},{"v":0.921559671,"d":"0.92"},{"v":582.4257119,"d":"582.43"},{"v":49.57428809,"d":"49.57"},0,"0_20625000_680",{"v":1116.20720609,"d":"1,116.21"},{"v":0,"d":"0.00"},{"v":49.57428809,"d":"49.57"},{"v":0,"d":"0.00"},"0_20625000_680_504","B",{"v":0.326438475632,"d":"0.33"},{"v":0.000292453295276,"d":"0.00"},{"v":0.0144981639129,"d":"0.01"}]
[2,206,20625,{"v":6992.17483199999,"d":"6,992.17"},1188,{"v":0.169904218,"d":"0.17"},"M",410,20625000,{"v":1180.77447637,"d":"1,180.77"},632,{"v":0.535241922,"d":"0.54"},{"v":0,"d":"0.00"},{"v":0.921559671,"d":"0.92"},{"v":582.4257119,"d":"582.43"},{"v":49.57428809,"d":"49.57"},0,"0_20625000_680",{"v":1116.20720609,"d":"1,116.21"},{"v":0,"d":"0.00"},{"v":49.57428809,"d":"49.57"},{"v":0,"d":"0.00"},"0_20625000_680_505","B",{"v":3.23296862544,"d":"3.23"},{"v":0.00289638752357,"d":"0.00"},{"v":0.143586349514,"d":"0.14"}]
[2,206,20625,{"v":6992.17483199999,"d":"6,992.17"},1188,{"v":0.169904218,"d":"0.17"},"M",410,20625000,{"v":1180.77447637,"d":"1,180.77"},632,{"v":0.535241922,"d":"0.54"},{"v":0,"d":"0.00"},{"v":0.921559671,"d":"0.92"},{"v":582.4257119,"d":"582.43"},{"v":49.57428809,"d":"49.57"},0,"0_20625000_680",{"v":1116.20720609,"d":"1,116.21"},{"v":0,"d":"0.00"},{"v":49.57428809,"d":"49.57"},{"v":0,"d":"0.00"},"0_20625000_680_506","B",{"v":0.0276948781689,"d":"0.03"},{"v":2.4811592344e-05,"d":"0.00"},{"v":0.00123001702683,"d":"0.00"}]
[2,206,20625,{"v":6992.17483199999,"d":"6,992.17"},1188,{"v":0.169904218,"d":"0.17"},"M",410,20625000,{"v":1180.77447637,"d":"1,180.77"},632,{"v":0.535241922,"d":"0.54"},{"v":0,"d":"0.00"},{"v":0.921559671,"d":"0.92"},{"v":582.4257119,"d":"582.43"},{"v":49.57428809,"d":"49.57"},0,"0_20625000_680",{"v":1116.20720609,"d":"1,116.21"},{"v":0,"d":"0.00"},{"v":49.57428809,"d":"49.57"},{"v":0,"d":"0.00"},"0_20625000_680_507","C",{"v":2.00347749946,"d":"2.00"},{"v":1.79489747829E-3,"d":"0.00"},{"v":0.0889807646808,"d":"0.09"}]
[2,206,20625,{"v":6992.17483199999,"d":"6,992.17"},1188,{"v":0.169904218,"d":"0.17"},"M",410,20625000,{"v":1180.77447637,"d":"1,180.77"},632,{"v":0.535241922,"d":"0.54"},{"v":0,"d":"0.00"},{"v":0.921559671,"d":"0.92"},{"v":582.4257119,"d":"582.43"},{"v":49.57428809,"d":"49.57"},0,"0_20625000_680",{"v":1116.20720609,"d":"1,116.21"},{"v":0,"d":"0.00"},{"v":49.57428809,"d":"49.57"},{"v":0,"d":"0.00"},"0_20625000_680_508","C",{"v":3.62808068798,"d":"3.63"},{"v":0.00325036486791,"d":"0.00"},{"v":0.161134524359,"d":"0.16"}]
[2,206,20625,{"v":6992.17483199999,"d":"6,992.17"},1188,{"v":0.169904218,"d":"0.17"},"M",410,20625000,{"v":1180.77447637,"d":"1,180.77"},632,{"v":0.535241922,"d":"0.54"},{"v":0,"d":"0.00"},{"v":0.921559671,"d":"0.92"},{"v":582.4257119,"d":"582.43"},{"v":49.57428809,"d":"49.57"},0,"0_20625000_680",{"v":1116.20720609,"d":"1,116.21"},{"v":0,"d":"0.00"},{"v":49.57428809,"d":"49.57"},{"v":0,"d":"0.00"},"0_20625000_680_509","C",{"v":0.00751998327656,"d":"0.01"},{"v":6.737085405e-06,"d":"0.00"},{"v":0.00033398621273,"d":"0.00"}]
[2,206,20625,{"v":6992.17483199999,"d":"6,992.17"},1188,{"v":0.169904218,"d":"0.17"},"M",410,20625000,{"v":1180.77447637,"d":"1,180.77"},632,{"v":0.535241922,"d":"0.54"},{"v":0,"d":"0.00"},{"v":0.921559671,"d":"0.92"},{"v":582.4257119,"d":"582.43"},{"v":49.57428809,"d":"49.57"},0,"0_20625000_680",{"v":1116.20720609,"d":"1,116.21"},{"v":0,"d":"0.00"},{"v":49.57428809,"d":"49.57"},{"v":0,"d":"0.00"},"0_20625000_680_510","D",{"v":0.121707378901,"d":"0.12"},{"v":0.000109036546474,"d":"0.00"},{"v":0.00540540916724,"d":"0.01"}]
[2,206,20625,{"v":6992.17483199999,"d":"6,992.17"},1188,{"v":0.169904218,"d":"0.17"},"M",410,20625000,{"v":1180.77447637,"d":"1,180.77"},632,{"v":0.535241922,"d":"0.54"},{"v":0,"d":"0.00"},{"v":0.921559671,"d":"0.92"},{"v":582.4257119,"d":"582.43"},{"v":49.57428809,"d":"49.57"},0,"0_20625000_680",{"v":1116.20720609,"d":"1,116.21"},{"v":0,"d":"0.00"},{"v":49.57428809,"d":"49.57"},{"v":0,"d":"0.00"},"0_20625000_680_511","D",{"v":9.28803442665999,"d":"9.29"},{"v":0.00832106653315,"d":"0.01"},{"v":0.41251094953,"d":"0.41"}]
[2,206,20625,{"v":6992.17483199999,"d":"6,992.17"},1188,{"v":0.169904218,"d":"0.17"},"M",410,20625000,{"v":1180.77447637,"d":"1,180.77"},632,{"v":0.535241922,"d":"0.54"},{"v":0,"d":"0.00"},{"v":0.921559671,"d":"0.92"},{"v":582.4257119,"d":"582.43"},{"v":49.57428809,"d":"49.57"},0,"0_20625000_680",{"v":1116.20720609,"d":"1,116.21"},{"v":0,"d":"0.00"},{"v":49.57428809,"d":"49.57"},{"v":0,"d":"0.00"},"0_20625000_680_512","D",{"v":0.57905718314,"d":"0.58"},{"v":0.000518772124011,"d":"0.00"},{"v":0.0257177587288,"d":"0.03"}]
[2,206,20625,{"v":6992.17483199999,"d":"6,992.17"},1188,{"v":0.169904218,"d":"0.17"},"M",410,20625000,{"v":1180.77447637,"d":"1,180.77"},632,{"v":0.535241922,"d":"0.54"},{"v":0,"d":"0.00"},{"v":0.921559671,"d":"0.92"},{"v":582.4257119,"d":"582.43"},{"v":49.57428809,"d":"49.57"},0,"0_20625000_680",{"v":1116.20720609,"d":"1,116.21"},{"v":0,"d":"0.00"},{"v":49.57428809,"d":"49.57"},{"v":0,"d":"0.00"},"0_20625000_680_513","D",{"v":0.0823409554704,"d":"0.08"},{"v":7.376852167e-05,"d":"0.00"},{"v":0.00365702194523,"d":"0.00"}]
[2,206,20625,{"v":6992.17483199999,"d":"6,992.17"},1188,{"v":0.169904218,"d":"0.17"},"M",410,20625000,{"v":1180.77447637,"d":"1,180.77"},632,{"v":0.535241922,"d":"0.54"},{"v":0,"d":"0.00"},{"v":0.921559671,"d":"0.92"},{"v":582.4257119,"d":"582.43"},{"v":49.57428809,"d":"49.57"},0,"0_20625000_680",{"v":1116.20720609,"d":"1,116.21"},{"v":0,"d":"0.00"},{"v":49.57428809,"d":"49.57"},{"v":0,"d":"0.00"},"0_20625000_680_514","E",{"v":0.349017919064,"d":"0.35"},{"v":0.000312682015633,"d":"0.00"},{"v":0.0155009883236,"d":"0.02"}]
[2,206,20625,{"v":6992.17483199999,"d":"6,992.17"},1188,{"v":0.169904218,"d":"0.17"},"M",410,20625000,{"v":1180.77447637,"d":"1,180.77"},632,{"v":0.535241922,"d":"0.54"},{"v":0,"d":"0.00"},{"v":0.921559671,"d":"0.92"},{"v":582.4257119,"d":"582.43"},{"v":49.57428809,"d":"49.57"},0,"0_20625000_680",{"v":1116.20720609,"d":"1,116.21"},{"v":0,"d":"0.00"},{"v":49.57428809,"d":"49.57"},{"v":0,"d":"0.00"},"0_20625000_680_515","E",{"v":0.0310406968214,"d":"0.03"},{"v":2.7809081192E-5,"d":"0.00"},{"v":0.00137861540254,"d":"0.00"}]
[2,206,20625,{"v":6992.17483199999,"d":"6,992.17"},1188,{"v":0.169904218,"d":"0.17"},"M",410,20625000,{"v":1180.77447637,"d":"1,180.77"},632,{"v":0.535241922,"d":"0.54"},{"v":0,"d":"0.00"},{"v":0.921559671,"d":"0.92"},{"v":582.4257119,"d":"582.43"},{"v":49.57428809,"d":"49.57"},0,"0_20625000_680",{"v":1116.20720609,"d":"1,116.21"},{"v":0,"d":"0.00"},{"v":49.57428809,"d":"49.57"},{"v":0,"d":"0.00"},"0_20625000_680_516","E",{"v":0.0158822052335,"d":"0.02"},{"v":1.422872487E-5,"d":"0.00"},{"v":0.000705378905864,"d":"0.00"}]
[2,206,20625,{"v":6992.17483199999,"d":"6,992.17"},1188,{"v":0.169904218,"d":"0.17"},"M",410,20625000,{"v":1180.77447637,"d":"1,180.77"},632,{"v":0.535241922,"d":"0.54"},{"v":0,"d":"0.00"},{"v":0.921559671,"d":"0.92"},{"v":582.4257119,"d":"582.43"},{"v":49.57428809,"d":"49.57"},0,"0_20625000_680",{"v":1116.20720609,"d":"1,116.21"},{"v":0,"d":"0.00"},{"v":49.57428809,"d":"49.57"},{"v":0,"d":"0.00"},"0_20625000_680_517","E",{"v":5.31880442526,"d":"5.32"},{"v":0.00476506906266,"d":"0.00"},{"v":0.236224906481,"d":"0.24"}]
[2,206,20625,{"v":6992.17483199999,"d":"6,992.17"},1188,{"v":0.169904218,"d":"0.17"},"M",410,20625000,{"v":1180.77447637,"d":"1,180.77"},632,{"v":0.535241922,"d":"0.54"},{"v":0,"d":"0.00"},{"v":0.921559671,"d":"0.92"},{"v":582.4257119,"d":"582.43"},{"v":49.57428809,"d":"49.57"},0,"0_20625000_680",{"v":1116.20720609,"d":"1,116.21"},{"v":0,"d":"0.00"},{"v":49.57428809,"d":"49.57"},{"v":0,"d":"0.00"},"0_20625000_680_518","E",{"v":14.5634995912999,"d":"14.56"},{"v":0.0130473083419,"d":"0.01"},{"v":0.64681102254,"d":"0.65"}]
[2,206,20625,{"v":6992.17483199999,"d":"6,992.17"},1188,{"v":0.169904218,"d":"0.17"},"M",410,20625000,{"v":1180.77447637,"d":"1,180.77"},632,{"v":0.535241922,"d":"0.54"},{"v":0,"d":"0.00"},{"v":0.921559671,"d":"0.92"},{"v":582.4257119,"d":"582.43"},{"v":49.57428809,"d":"49.57"},0,"0_20625000_680",{"v":1116.20720609,"d":"1,116.21"},{"v":0,"d":"0.00"},{"v":49.57428809,"d":"49.57"},{"v":0,"d":"0.00"},"0_20625000_680_519","E",{"v":0.433206871952,"d":"0.43"},{"v":3.88106141573E-4,"d":"0.00"},{"v":0.0192400856718,"d":"0.02"}]
[2,206,20625,{"v":6992.17483199999,"d":"6,992.17"},1188,{"v":0.169904218,"d":"0.17"},"M",410,20625000,{"v":1180.77447637,"d":"1,180.77"},632,{"v":0.535241922,"d":"0.54"},{"v":0,"d":"0.00"},{"v":0.921559671,"d":"0.92"},{"v":582.4257119,"d":"582.43"},{"v":49.57428809,"d":"49.57"},0,"0_20625000_680",{"v":1116.20720609,"d":"1,116.21"},{"v":0,"d":"0.00"},{"v":49.57428809,"d":"49.57"},{"v":0,"d":"0.00"},"0_20625000_680_520","E",{"v":0.109472236823,"d":"0.11"},{"v":9.8075192693e-05,"d":"0.00"},{"v":4.86200785706E-3,"d":"0.00"}]
[2,206,20625,{"v":6992.17483199999,"d":"6,992.17"},1188,{"v":0.169904218,"d":"0.17"},"M",410,20625000,{"v":1180.77447637,"d":"1,180.77"},632,{"v":0.535241922,"d":"0.54"},{"v":0,"d":"0.00"},{"v":0.921559671,"d":"0.92"},{"v":582.4257119,"d":"582.43"},{"v":49.57428809,"d":"49.57"},0,"0_20625000_680",{"v":1116.20720609,"d":"1,116.21"},{"v":0,"d":"0.00"},{"v":49.57428809,"d":"49.57"},{"v":0,"d":"0.00"},"0_20625000_680_521","F",{"v":25.3999374809,"d":"25.40"},{"v":0.0227555756156,"d":"0.02"},{"v":1.12809146122,"d":"1.13"}]
[2,206,20625,{"v":6992.17483199999,"d":"6,992.17"},1188,{"v":0.169904218,"d":"0.17"},"M",410,20625000,{"v":1180.77447637,"d":"1,180.77"},632,{"v":0.535241922,"d":"0.54"},{"v":0,"d":"0.00"},{"v":0.921559671,"d":"0.92"},{"v":582.4257119,"d":"582.43"},{"v":49.57428809,"d":"49.57"},0,"0_20625000_680",{"v":1116.20720609,"d":"1,116.21"},{"v":0,"d":"0.00"},{"v":49.57428809,"d":"49.57"},{"v":0,"d":"0.00"},"0_20625000_680_522","F",{"v":0.000414477082618,"d":"0.00"},{"v":3.71326292e-07,"d":"0.00"},{"v":1.8408236561E-5,"d":"0.00"}]
[2,206,20625,{"v":6992.17483199999,"d":"6,992.17"},1188,{"v":0.169904218,"d":"0.17"},"M",410,20625000,{"v":1180.77447637,"d":"1,180.77"},632,{"v":0.535241922,"d":"0.54"},{"v":0,"d":"0.00"},{"v":0.921559671,"d":"0.92"},{"v":582.4257119,"d":"582.43"},{"v":49.57428809,"d":"49.57"},0,"0_20625000_680",{"v":1116.20720609,"d":"1,116.21"},{"v":0,"d":"0.00"},{"v":49.57428809,"d":"49.57"},{"v":0,"d":"0.00"},"0_20625000_680_523","F",{"v":0.000608969885496,"d":"0.00"},{"v":5.45570645e-07,"d":"0.00"},{"v":2.7046276334e-05,"d":"0.00"}]
[2,206,20625,{"v":6992.17483199999,"d":"6,992.17"},1188,{"v":0.169904218,"d":"0.17"},"M",410,20625000,{"v":1180.77447637,"d":"1,180.77"},632,{"v":0.535241922,"d":"0.54"},{"v":0,"d":"0.00"},{"v":0.921559671,"d":"0.92"},{"v":582.4257119,"d":"582.43"},{"v":49.57428809,"d":"49.57"},0,"0_20625000_680",{"v":1116.20720609,"d":"1,116.21"},{"v":0,"d":"0.00"},{"v":49.57428809,"d":"49.57"},{"v":0,"d":"0.00"},"0_20625000_680_524","F",{"v":14.656093157,"d":"14.66"},{"v":0.0131302620849,"d":"0.01"},{"v":0.650923395294,"d":"0.65"}]
[2,206,20625,{"v":6992.17483199999,"d":"6,992.17"},1188,{"v":0.169904218,"d":"0.17"},"M",410,20625000,{"v":1180.77447637,"d":"1,180.77"},632,{"v":0.535241922,"d":"0.54"},{"v":0,"d":"0.00"},{"v":0.921559671,"d":"0.92"},{"v":582.4257119,"d":"582.43"},{"v":49.57428809,"d":"49.57"},0,"0_20625000_680",{"v":1116.20720609,"d":"1,116.21"},{"v":0,"d":"0.00"},{"v":49.57428809,"d":"49.57"},{"v":0,"d":"0.00"},"0_20625000_680_525","F",{"v":0.778866521722,"d":"0.78"},{"v":0.00069777951394,"d":"0.00"},{"v":0.0345919226474,"d":"0.03"}]
[2,206,20625,{"v":6992.17483199999,"d":"6,992.17"},1188,{"v":0.169904218,"d":"0.17"},"M",410,20625000,{"v":1180.77447637,"d":"1,180.77"},632,{"v":0.535241922,"d":"0.54"},{"v":0,"d":"0.00"},{"v":0.921559671,"d":"0.92"},{"v":582.4257119,"d":"582.43"},{"v":49.57428809,"d":"49.57"},0,"0_20625000_680",{"v":1116.20720609,"d":"1,116.21"},{"v":0,"d":"0.00"},{"v":49.57428809,"d":"49.57"},{"v":0,"d":"0.00"},"0_20625000_680_526","F",{"v":2.89339956457,"d":"2.89"},{"v":0.00259217065504,"d":"0.00"},{"v":0.128505014831,"d":"0.13"}]
[2,206,20625,{"v":6992.17483199999,"d":"6,992.17"},1188,{"v":0.169904218,"d":"0.17"},"M",410,20625000,{"v":1180.77447637,"d":"1,180.77"},632,{"v":0.535241922,"d":"0.54"},{"v":0,"d":"0.00"},{"v":0.921559671,"d":"0.92"},{"v":582.4257119,"d":"582.43"},{"v":49.57428809,"d":"49.57"},0,"0_20625000_680",{"v":1116.20720609,"d":"1,116.21"},{"v":0,"d":"0.00"},{"v":49.57428809,"d":"49.57"},{"v":0,"d":"0.00"},"0_20625000_680_527","F",{"v":3.31444010575,"d":"3.31"},{"v":2.96937709026E-3,"d":"0.00"},{"v":0.14720475532,"d":"0.15"}]
[2,206,20625,{"v":6992.17483199999,"d":"6,992.17"},1188,{"v":0.169904218,"d":"0.17"},"M",410,20625000,{"v":1180.77447637,"d":"1,180.77"},632,{"v":0.535241922,"d":"0.54"},{"v":0,"d":"0.00"},{"v":0.921559671,"d":"0.92"},{"v":582.4257119,"d":"582.43"},{"v":49.57428809,"d":"49.57"},0,"0_20625000_680",{"v":1116.20720609,"d":"1,116.21"},{"v":0,"d":"0.00"},{"v":49.57428809,"d":"49.57"},{"v":0,"d":"0.00"},"0_20625000_680_528","G",{"v":0.47823044454,"d":"0.48"},{"v":0.000428442355443,"d":"0.00"},{"v":0.0212397247587,"d":"0.02"}]
[2,206,20625,{"v":6992.17483199999,"d":"6,992.17"},1188,{"v":0.169904218,"d":"0.17"},"M",410,20625000,{"v":1180.77447637,"d":"1,180.77"},632,{"v":0.535241922,"d":"0.54"},{"v":0,"d":"0.00"},{"v":0.921559671,"d":"0.92"},{"v":582.4257119,"d":"582.43"},{"v":49.57428809,"d":"49.57"},0,"0_20625000_680",{"v":1116.20720609,"d":"1,116.21"},{"v":0,"d":"0.00"},{"v":49.57428809,"d":"49.57"},{"v":0,"d":"0.00"},"0_20625000_680_529","G",{"v":0.00475123727549,"d":"0.00"},{"v":4.256590756E-6,"d":"0.00"},{"v":0.000211017456431,"d":"0.00"}]
[2,206,20625,{"v":6992.17483199999,"d":"6,992.17"},1188,{"v":0.169904218,"d":"0.17"},"M",410,20625000,{"v":1180.77447637,"d":"1,180.77"},632,{"v":0.535241922,"d":"0.54"},{"v":0,"d":"0.00"},{"v":0.921559671,"d":"0.92"},{"v":582.4257119,"d":"582.43"},{"v":49.57428809,"d":"49.57"},0,"0_20625000_680",{"v":1116.20720609,"d":"1,116.21"},{"v":0,"d":"0.00"},{"v":49.57428809,"d":"49.57"},{"v":0,"d":"0.00"},"0_20625000_680_530","G",{"v":0.000595993454875,"d":"0.00"},{"v":5.33945178e-07,"d":"0.00"},{"v":2.6469952058e-05,"d":"0.00"}]
[2,206,20625,{"v":6992.17483199999,"d":"6,992.17"},1188,{"v":0.169904218,"d":"0.17"},"M",410,20625000,{"v":1180.77447637,"d":"1,180.77"},632,{"v":0.535241922,"d":"0.54"},{"v":0,"d":"0.00"},{"v":0.921559671,"d":"0.92"},{"v":582.4257119,"d":"582.43"},{"v":49.57428809,"d":"49.57"},0,"0_20625000_680",{"v":1116.20720609,"d":"1,116.21"},{"v":0,"d":"0.00"},{"v":49.57428809,"d":"49.57"},{"v":0,"d":"0.00"},"0_20625000_680_531","G",{"v":0.078989145647,"d":"0.08"},{"v":7.0765665385e-05,"d":"0.00"},{"v":0.0035081574827,"d":"0.00"}]
[2,206,20625,{"v":6992.17483199999,"d":"6,992.17"},1188,{"v":0.169904218,"d":"0.17"},"M",410,20625000,{"v":1180.77447637,"d":"1,180.77"},632,{"v":0.535241922,"d":"0.54"},{"v":0,"d":"0.00"},{"v":0.921559671,"d":"0.92"},{"v":582.4257119,"d":"582.43"},{"v":49.57428809,"d":"49.57"},0,"0_20625000_680",{"v":1116.20720609,"d":"1,116.21"},{"v":0,"d":"0.00"},{"v":49.57428809,"d":"49.57"},{"v":0,"d":"0.00"},"0_20625000_680_532","G",{"v":0.647788158456,"d":"0.65"},{"v":0.000580347586829,"d":"0.00"},{"v":0.0287703184618,"d":"0.03"}]
[2,206,20625,{"v":6992.17483199999,"d":"6,992.17"},1188,{"v":0.169904218,"d":"0.17"},"M",410,20625000,{"v":1180.77447637,"d":"1,180.77"},632,{"v":0.535241922,"d":"0.54"},{"v":0,"d":"0.00"},{"v":0.921559671,"d":"0.92"},{"v":582.4257119,"d":"582.43"},{"v":49.57428809,"d":"49.57"},0,"0_20625000_680",{"v":1116.20720609,"d":"1,116.21"},{"v":0,"d":"0.00"},{"v":49.57428809,"d":"49.57"},{"v":0,"d":"0.00"},"0_20625000_680_533","G",{"v":4.61982819529,"d":"4.62"},{"v":0.0041388625428,"d":"0.00"},{"v":0.205181164062,"d":"0.21"}]
[2,206,20625,{"v":6992.17483199999,"d":"6,992.17"},1188,{"v":0.169904218,"d":"0.17"},"M",410,20625001,{"v":3544.38748239999,"d":"3,544.39"},316,{"v":0.089155038,"d":"0.09"},{"v":0,"d":"0.00"},{"v":0.921559671,"d":"0.92"},{"v":291.212855999999,"d":"291.21"},{"v":24.78714404,"d":"24.79"},0,"0_20625001_681",{"v":3507.32426914999,"d":"3,507.32"},{"v":0,"d":"0.00"},{"v":24.78714404,"d":"24.79"},{"v":0,"d":"0.00"},"0_20625001_681_534","außerhalb GKL",{"v":3483.07499271,"d":"3,483.07"},{"v":0.993086103656,"d":"0.99"},{"v":24.6157682953999,"d":"24.62"}]
[2,206,20625,{"v":6992.17483199999,"d":"6,992.17"},1188,{"v":0.169904218,"d":"0.17"},"M",410,20625001,{"v":3544.38748239999,"d":"3,544.39"},316,{"v":0.089155038,"d":"0.09"},{"v":0,"d":"0.00"},{"v":0.921559671,"d":"0.92"},{"v":291.212855999999,"d":"291.21"},{"v":24.78714404,"d":"24.79"},0,"0_20625001_681",{"v":3507.32426914999,"d":"3,507.32"},{"v":0,"d":"0.00"},{"v":24.78714404,"d":"24.79"},{"v":0,"d":"0.00"},"0_20625001_681_535","außerhalb GKL",{"v":1.09125950707,"d":"1.09"},{"v":0.000311137329579,"d":"0.00"},{"v":0.0077122058045,"d":"0.01"}]
[2,206,20625,{"v":6992.17483199999,"d":"6,992.17"},1188,{"v":0.169904218,"d":"0.17"},"M",410,20625001,{"v":3544.38748239999,"d":"3,544.39"},316,{"v":0.089155038,"d":"0.09"},{"v":0,"d":"0.00"},{"v":0.921559671,"d":"0.92"},{"v":291.212855999999,"d":"291.21"},{"v":24.78714404,"d":"24.79"},0,"0_20625001_681",{"v":3507.32426914999,"d":"3,507.32"},{"v":0,"d":"0.00"},{"v":24.78714404,"d":"24.79"},{"v":0,"d":"0.00"},"0_20625001_681_536","D",{"v":2.54588030984,"d":"2.55"},{"v":0.000725875372355,"d":"0.00"},{"v":0.0179923774097,"d":"0.02"}]
[2,206,20625,{"v":6992.17483199999,"d":"6,992.17"},1188,{"v":0.169904218,"d":"0.17"},"M",410,20625001,{"v":3544.38748239999,"d":"3,544.39"},316,{"v":0.089155038,"d":"0.09"},{"v":0,"d":"0.00"},{"v":0.921559671,"d":"0.92"},{"v":291.212855999999,"d":"291.21"},{"v":24.78714404,"d":"24.79"},0,"0_20625001_681",{"v":3507.32426914999,"d":"3,507.32"},{"v":0,"d":"0.00"},{"v":24.78714404,"d":"24.79"},{"v":0,"d":"0.00"},"0_20625001_681_537","E",{"v":4.75348331253,"d":"4.75"},{"v":1.355301919E-3,"d":"0.00"},{"v":0.0335940638839,"d":"0.03"}]
[2,206,20625,{"v":6992.17483199999,"d":"6,992.17"},1188,{"v":0.169904218,"d":"0.17"},"M",410,20625001,{"v":3544.38748239999,"d":"3,544.39"},316,{"v":0.089155038,"d":"0.09"},{"v":0,"d":"0.00"},{"v":0.921559671,"d":"0.92"},{"v":291.212855999999,"d":"291.21"},{"v":24.78714404,"d":"24.79"},0,"0_20625001_681",{"v":3507.32426914999,"d":"3,507.32"},{"v":0,"d":"0.00"},{"v":24.78714404,"d":"24.79"},{"v":0,"d":"0.00"},"0_20625001_681_538","E",{"v":0.0471262172138,"d":"0.05"},{"v":1.3436515588e-05,"d":"0.00"},{"v":0.000333052847271,"d":"0.00"}]
[2,206,20625,{"v":6992.17483199999,"d":"6,992.17"},1188,{"v":0.169904218,"d":"0.17"},"M",410,20625001,{"v":3544.38748239999,"d":"3,544.39"},316,{"v":0.089155038,"d":"0.09"},{"v":0,"d":"0.00"},{"v":0.921559671,"d":"0.92"},{"v":291.212855999999,"d":"291.21"},{"v":24.78714404,"d":"24.79"},0,"0_20625001_681",{"v":3507.32426914999,"d":"3,507.32"},{"v":0,"d":"0.00"},{"v":24.78714404,"d":"24.79"},{"v":0,"d":"0.00"},"0_20625001_681_539","E",{"v":0.000324782873236,"d":"0.00"},{"v":9.2601325e-08,"d":"0.00"},{"v":2.295322372e-06,"d":"0.00"}]
[2,206,20625,{"v":6992.17483199999,"d":"6,992.17"},1188,{"v":0.169904218,"d":"0.17"},"M",410,20625001,{"v":3544.38748239999,"d":"3,544.39"},316,{"v":0.089155038,"d":"0.09"},{"v":0,"d":"0.00"},{"v":0.921559671,"d":"0.92"},{"v":291.212855999999,"d":"291.21"},{"v":24.78714404,"d":"24.79"},0,"0_20625001_681",{"v":3507.32426914999,"d":"3,507.32"},{"v":0,"d":"0.00"},{"v":24.78714404,"d":"24.79"},{"v":0,"d":"0.00"},"0_20625001_681_540","E",{"v":0.0697973908444,"d":"0.07"},{"v":1.9900466991e-05,"d":"0.00"},{"v":0.000493275741764,"d":"0.00"}]
[2,206,20625,{"v":6992.17483199999,"d":"6,992.17"},1188,{"v":0.169904218,"d":"0.17"},"M",410,20625001,{"v":3544.38748239999,"d":"3,544.39"},316,{"v":0.089155038,"d":"0.09"},{"v":0,"d":"0.00"},{"v":0.921559671,"d":"0.92"},{"v":291.212855999999,"d":"291.21"},{"v":24.78714404,"d":"24.79"},0,"0_20625001_681",{"v":3507.32426914999,"d":"3,507.32"},{"v":0,"d":"0.00"},{"v":24.78714404,"d":"24.79"},{"v":0,"d":"0.00"},"0_20625001_681_541","F",{"v":0.713946446593,"d":"0.71"},{"v":0.000203558722207,"d":"0.00"},{"v":0.00504563936794,"d":"0.01"}]
[2,206,20625,{"v":6992.17483199999,"d":"6,992.17"},1188,{"v":0.169904218,"d":"0.17"},"M",410,20625001,{"v":3544.38748239999,"d":"3,544.39"},316,{"v":0.089155038,"d":"0.09"},{"v":0,"d":"0.00"},{"v":0.921559671,"d":"0.92"},{"v":291.212855999999,"d":"291.21"},{"v":24.78714404,"d":"24.79"},0,"0_20625001_681",{"v":3507.32426914999,"d":"3,507.32"},{"v":0,"d":"0.00"},{"v":24.78714404,"d":"24.79"},{"v":0,"d":"0.00"},"0_20625001_681_542","F",{"v":5.8077314742,"d":"5.81"},{"v":0.00165588666132,"d":"0.00"},{"v":0.0410447011881,"d":"0.04"}]
[2,206,20625,{"v":6992.17483199999,"d":"6,992.17"},1188,{"v":0.169904218,"d":"0.17"},"M",410,20625001,{"v":3544.38748239999,"d":"3,544.39"},316,{"v":0.089155038,"d":"0.09"},{"v":0,"d":"0.00"},{"v":0.921559671,"d":"0.92"},{"v":291.212855999999,"d":"291.21"},{"v":24.78714404,"d":"24.79"},0,"0_20625001_681",{"v":3507.32426914999,"d":"3,507.32"},{"v":0,"d":"0.00"},{"v":24.78714404,"d":"24.79"},{"v":0,"d":"0.00"},"0_20625001_681_543","F",{"v":0.228158310388,"d":"0.23"},{"v":6.5051957812e-05,"d":"0.00"},{"v":1.61245224836E-3,"d":"0.00"}]
[2,206,20625,{"v":6992.17483199999,"d":"6,992.17"},1188,{"v":0.169904218,"d":"0.17"},"M",410,20625001,{"v":3544.38748239999,"d":"3,544.39"},316,{"v":0.089155038,"d":"0.09"},{"v":0,"d":"0.00"},{"v":0.921559671,"d":"0.92"},{"v":291.212855999999,"d":"291.21"},{"v":24.78714404,"d":"24.79"},0,"0_20625001_681",{"v":3507.32426914999,"d":"3,507.32"},{"v":0,"d":"0.00"},{"v":24.78714404,"d":"24.79"},{"v":0,"d":"0.00"},"0_20625001_681_544","F",{"v":3.95340685948,"d":"3.95"},{"v":1.12718601307E-3,"d":"0.00"},{"v":0.0279397220658,"d":"0.03"}]
[2,206,20625,{"v":6992.17483199999,"d":"6,992.17"},1188,{"v":0.169904218,"d":"0.17"},"M",410,20625001,{"v":3544.38748239999,"d":"3,544.39"},316,{"v":0.089155038,"d":"0.09"},{"v":0,"d":"0.00"},{"v":0.921559671,"d":"0.92"},{"v":291.212855999999,"d":"291.21"},{"v":24.78714404,"d":"24.79"},0,"0_20625001_681",{"v":3507.32426914999,"d":"3,507.32"},{"v":0,"d":"0.00"},{"v":24.78714404,"d":"24.79"},{"v":0,"d":"0.00"},"0_20625001_681_545","F",{"v":0.626414826879,"d":"0.63"},{"v":1.78601913826E-4,"d":"0.00"},{"v":0.00442703136382,"d":"0.00"}]
[2,206,20625,{"v":6992.17483199999,"d":"6,992.17"},1188,{"v":0.169904218,"d":"0.17"},"M",410,20625001,{"v":3544.38748239999,"d":"3,544.39"},316,{"v":0.089155038,"d":"0.09"},{"v":0,"d":"0.00"},{"v":0.921559671,"d":"0.92"},{"v":291.212855999999,"d":"291.21"},{"v":24.78714404,"d":"24.79"},0,"0_20625001_681",{"v":3507.32426914999,"d":"3,507.32"},{"v":0,"d":"0.00"},{"v":24.78714404,"d":"24.79"},{"v":0,"d":"0.00"},"0_20625001_681_546","G",{"v":2.31567479043,"d":"2.32"},{"v":0.00066023971915,"d":"0.00"},{"v":0.0163654570195,"d":"0.02"}]
[2,206,20625,{"v":6992.17483199999,"d":"6,992.17"},1188,{"v":0.169904218,"d":"0.17"},"M",410,20625001,{"v":3544.38748239999,"d":"3,544.39"},316,{"v":0.089155038,"d":"0.09"},{"v":0,"d":"0.00"},{"v":0.921559671,"d":"0.92"},{"v":291.212855999999,"d":"291.21"},{"v":24.78714404,"d":"24.79"},0,"0_20625001_681",{"v":3507.32426914999,"d":"3,507.32"},{"v":0,"d":"0.00"},{"v":24.78714404,"d":"24.79"},{"v":0,"d":"0.00"},"0_20625001_681_547","G",{"v":0.489522491904,"d":"0.49"},{"v":1.3957149506E-4,"d":"0.00"},{"v":0.00345957875193,"d":"0.00"}]
[2,206,20625,{"v":6992.17483199999,"d":"6,992.17"},1188,{"v":0.169904218,"d":"0.17"},"M",410,20625001,{"v":3544.38748239999,"d":"3,544.39"},316,{"v":0.089155038,"d":"0.09"},{"v":0,"d":"0.00"},{"v":0.921559671,"d":"0.92"},{"v":291.212855999999,"d":"291.21"},{"v":24.78714404,"d":"24.79"},0,"0_20625001_681",{"v":3507.32426914999,"d":"3,507.32"},{"v":0,"d":"0.00"},{"v":24.78714404,"d":"24.79"},{"v":0,"d":"0.00"},"0_20625001_681_548","G",{"v":1.55397910879,"d":"1.55"},{"v":0.000443066847984,"d":"0.00"},{"v":0.0109823617803,"d":"0.01"}]
[2,206,20625,{"v":6992.17483199999,"d":"6,992.17"},1188,{"v":0.169904218,"d":"0.17"},"M",410,20625001,{"v":3544.38748239999,"d":"3,544.39"},316,{"v":0.089155038,"d":"0.09"},{"v":0,"d":"0.00"},{"v":0.921559671,"d":"0.92"},{"v":291.212855999999,"d":"291.21"},{"v":24.78714404,"d":"24.79"},0,"0_20625001_681",{"v":3507.32426914999,"d":"3,507.32"},{"v":0,"d":"0.00"},{"v":24.78714404,"d":"24.79"},{"v":0,"d":"0.00"},"0_20625001_681_549","G",{"v":0.0522174133609,"d":"0.05"},{"v":1.4888105391E-5,"d":"0.00"},{"v":0.000369033612819,"d":"0.00"}]
[2,206,20625,{"v":6992.17483199999,"d":"6,992.17"},1188,{"v":0.169904218,"d":"0.17"},"M",410,20625001,{"v":3544.38748239999,"d":"3,544.39"},316,{"v":0.089155038,"d":"0.09"},{"v":0,"d":"0.00"},{"v":0.921559671,"d":"0.92"},{"v":291.212855999999,"d":"291.21"},{"v":24.78714404,"d":"24.79"},0,"0_20625001_681",{"v":3507.32426914999,"d":"3,507.32"},{"v":0,"d":"0.00"},{"v":24.78714404,"d":"24.79"},{"v":0,"d":"0.00"},"0_20625001_681_550","G",{"v":0.000353196306303,"d":"0.00"},{"v":1.00702495e-07,"d":"0.00"},{"v":2.49612726e-06,"d":"0.00"}]
[2,206,20625,{"v":6992.17483199999,"d":"6,992.17"},1188,{"v":0.169904218,"d":"0.17"},"M",410,20625002,{"v":2267.01287326,"d":"2,267.01"},240,{"v":0.105866183,"d":"0.11"},{"v":0,"d":"0.00"},{"v":0.921559671,"d":"0.92"},{"v":221.174320999999,"d":"221.17"},{"v":18.8256790199999,"d":"18.83"},0,"0_20625002_682",{"v":2265.45543739,"d":"2,265.46"},{"v":0,"d":"0.00"},{"v":18.8256790199999,"d":"18.83"},{"v":0,"d":"0.00"},"0_20625002_682_551","außerhalb GKL",{"v":2265.45543739,"d":"2,265.46"},{"v":1,"d":"1.00"},{"v":18.8256790199999,"d":"18.83"}]
[2,206,20627,{"v":10440.2646399999,"d":"10,440.26"},2171,{"v":0.20794492,"d":"0.21"},"M",430,20627000,{"v":112.962483739999,"d":"112.96"},879,{"v":7.781344486,"d":"7.78"},{"v":0,"d":"0.00"},{"v":0.905906425,"d":"0.91"},{"v":796.291747399999,"d":"796.29"},{"v":82.70825263,"d":"82.71"},0,"0_20627000_683",{"v":30.4345613947,"d":"30.43"},{"v":0,"d":"0.00"},{"v":82.70825263,"d":"82.71"},{"v":0,"d":"0.00"},"0_20627000_683_552","außerhalb GKL",{"v":0.00806850622888,"d":"0.01"},{"v":0.000265109988747,"d":"0.00"},{"v":0.021926783924,"d":"0.02"}]
[2,206,20627,{"v":10440.2646399999,"d":"10,440.26"},2171,{"v":0.20794492,"d":"0.21"},"M",430,20627000,{"v":112.962483739999,"d":"112.96"},879,{"v":7.781344486,"d":"7.78"},{"v":0,"d":"0.00"},{"v":0.905906425,"d":"0.91"},{"v":796.291747399999,"d":"796.29"},{"v":82.70825263,"d":"82.71"},0,"0_20627000_683",{"v":30.4345613947,"d":"30.43"},{"v":0,"d":"0.00"},{"v":82.70825263,"d":"82.71"},{"v":0,"d":"0.00"},"0_20627000_683_553","außerhalb GKL",{"v":0.0360068416928,"d":"0.04"},{"v":1.18309054058E-3,"d":"0.00"},{"v":0.0978513513145,"d":"0.10"}]
[2,206,20627,{"v":10440.2646399999,"d":"10,440.26"},2171,{"v":0.20794492,"d":"0.21"},"M",430,20627000,{"v":112.962483739999,"d":"112.96"},879,{"v":7.781344486,"d":"7.78"},{"v":0,"d":"0.00"},{"v":0.905906425,"d":"0.91"},{"v":796.291747399999,"d":"796.29"},{"v":82.70825263,"d":"82.71"},0,"0_20627000_683",{"v":30.4345613947,"d":"30.43"},{"v":0,"d":"0.00"},{"v":82.70825263,"d":"82.71"},{"v":0,"d":"0.00"},"0_20627000_683_554","außerhalb GKL",{"v":0.0164576682113,"d":"0.02"},{"v":0.000540755885977,"d":"0.00"},{"v":0.0447249744285,"d":"0.04"}]
[2,206,20627,{"v":10440.2646399999,"d":"10,440.26"},2171,{"v":0.20794492,"d":"0.21"},"M",430,20627000,{"v":112.962483739999,"d":"112.96"},879,{"v":7.781344486,"d":"7.78"},{"v":0,"d":"0.00"},{"v":0.905906425,"d":"0.91"},{"v":796.291747399999,"d":"796.29"},{"v":82.70825263,"d":"82.71"},0,"0_20627000_683",{"v":30.4345613947,"d":"30.43"},{"v":0,"d":"0.00"},{"v":82.70825263,"d":"82.71"},{"v":0,"d":"0.00"},"0_20627000_683_555","D",{"v":0.157275583758,"d":"0.16"},{"v":5.16766388443E-3,"d":"0.01"},{"v":0.42740845006,"d":"0.43"}]
[2,206,20627,{"v":10440.2646399999,"d":"10,440.26"},2171,{"v":0.20794492,"d":"0.21"},"M",430,20627000,{"v":112.962483739999,"d":"112.96"},879,{"v":7.781344486,"d":"7.78"},{"v":0,"d":"0.00"},{"v":0.905906425,"d":"0.91"},{"v":796.291747399999,"d":"796.29"},{"v":82.70825263,"d":"82.71"},0,"0_20627000_683",{"v":30.4345613947,"d":"30.43"},{"v":0,"d":"0.00"},{"v":82.70825263,"d":"82.71"},{"v":0,"d":"0.00"},"0_20627000_683_556","E",{"v":0.421175567381,"d":"0.42"},{"v":0.0138387263716,"d":"0.01"},{"v":1.14457687682,"d":"1.14"}]
[2,206,20627,{"v":10440.2646399999,"d":"10,440.26"},2171,{"v":0.20794492,"d":"0.21"},"M",430,20627000,{"v":112.962483739999,"d":"112.96"},879,{"v":7.781344486,"d":"7.78"},{"v":0,"d":"0.00"},{"v":0.905906425,"d":"0.91"},{"v":796.291747399999,"d":"796.29"},{"v":82.70825263,"d":"82.71"},0,"0_20627000_683",{"v":30.4345613947,"d":"30.43"},{"v":0,"d":"0.00"},{"v":82.70825263,"d":"82.71"},{"v":0,"d":"0.00"},"0_20627000_683_557","E",{"v":0.00125264584525,"d":"0.00"},{"v":4.1158662647e-05,"d":"0.00"},{"v":3.40416106811E-3,"d":"0.00"}]
[2,206,20627,{"v":10440.2646399999,"d":"10,440.26"},2171,{"v":0.20794492,"d":"0.21"},"M",430,20627000,{"v":112.962483739999,"d":"112.96"},879,{"v":7.781344486,"d":"7.78"},{"v":0,"d":"0.00"},{"v":0.905906425,"d":"0.91"},{"v":796.291747399999,"d":"796.29"},{"v":82.70825263,"d":"82.71"},0,"0_20627000_683",{"v":30.4345613947,"d":"30.43"},{"v":0,"d":"0.00"},{"v":82.70825263,"d":"82.71"},{"v":0,"d":"0.00"},"0_20627000_683_558","E",{"v":2.96036966938,"d":"2.96"},{"v":0.0972699961398,"d":"0.10"},{"v":8.04503141404999,"d":"8.05"}]
[2,206,20627,{"v":10440.2646399999,"d":"10,440.26"},2171,{"v":0.20794492,"d":"0.21"},"M",430,20627000,{"v":112.962483739999,"d":"112.96"},879,{"v":7.781344486,"d":"7.78"},{"v":0,"d":"0.00"},{"v":0.905906425,"d":"0.91"},{"v":796.291747399999,"d":"796.29"},{"v":82.70825263,"d":"82.71"},0,"0_20627000_683",{"v":30.4345613947,"d":"30.43"},{"v":0,"d":"0.00"},{"v":82.70825263,"d":"82.71"},{"v":0,"d":"0.00"},"0_20627000_683_559","E",{"v":0.0697224416929,"d":"0.07"},{"v":0.00229089687834,"d":"0.00"},{"v":0.189476077763,"d":"0.19"}]
[2,206,20627,{"v":10440.2646399999,"d":"10,440.26"},2171,{"v":0.20794492,"d":"0.21"},"M",430,20627000,{"v":112.962483739999,"d":"112.96"},879,{"v":7.781344486,"d":"7.78"},{"v":0,"d":"0.00"},{"v":0.905906425,"d":"0.91"},{"v":796.291747399999,"d":"796.29"},{"v":82.70825263,"d":"82.71"},0,"0_20627000_683",{"v":30.4345613947,"d":"30.43"},{"v":0,"d":"0.00"},{"v":82.70825263,"d":"82.71"},{"v":0,"d":"0.00"},"0_20627000_683_560","E",{"v":0.0103630336442,"d":"0.01"},{"v":0.000340502151807,"d":"0.00"},{"v":0.0281623379927,"d":"0.03"}]
[2,206,20627,{"v":10440.2646399999,"d":"10,440.26"},2171,{"v":0.20794492,"d":"0.21"},"M",430,20627000,{"v":112.962483739999,"d":"112.96"},879,{"v":7.781344486,"d":"7.78"},{"v":0,"d":"0.00"},{"v":0.905906425,"d":"0.91"},{"v":796.291747399999,"d":"796.29"},{"v":82.70825263,"d":"82.71"},0,"0_20627000_683",{"v":30.4345613947,"d":"30.43"},{"v":0,"d":"0.00"},{"v":82.70825263,"d":"82.71"},{"v":0,"d":"0.00"},"0_20627000_683_561","F",{"v":3.00244210636,"d":"3.00"},{"v":0.0986523862599,"d":"0.10"},{"v":8.15936648534,"d":"8.16"}]
[2,206,20627,{"v":10440.2646399999,"d":"10,440.26"},2171,{"v":0.20794492,"d":"0.21"},"M",430,20627000,{"v":112.962483739999,"d":"112.96"},879,{"v":7.781344486,"d":"7.78"},{"v":0,"d":"0.00"},{"v":0.905906425,"d":"0.91"},{"v":796.291747399999,"d":"796.29"},{"v":82.70825263,"d":"82.71"},0,"0_20627000_683",{"v":30.4345613947,"d":"30.43"},{"v":0,"d":"0.00"},{"v":82.70825263,"d":"82.71"},{"v":0,"d":"0.00"},"0_20627000_683_562","F",{"v":4.25616025515,"d":"4.26"},{"v":0.139846281993,"d":"0.14"},{"v":11.5664416203999,"d":"11.57"}]
[2,206,20627,{"v":10440.2646399999,"d":"10,440.26"},2171,{"v":0.20794492,"d":"0.21"},"M",430,20627000,{"v":112.962483739999,"d":"112.96"},879,{"v":7.781344486,"d":"7.78"},{"v":0,"d":"0.00"},{"v":0.905906425,"d":"0.91"},{"v":796.291747399999,"d":"796.29"},{"v":82.70825263,"d":"82.71"},0,"0_20627000_683",{"v":30.4345613947,"d":"30.43"},{"v":0,"d":"0.00"},{"v":82.70825263,"d":"82.71"},{"v":0,"d":"0.00"},"0_20627000_683_563","F",{"v":2.50483877507,"d":"2.50"},{"v":0.0823024436786,"d":"0.08"},{"v":6.80709130384,"d":"6.81"}]
[2,206,20627,{"v":10440.2646399999,"d":"10,440.26"},2171,{"v":0.20794492,"d":"0.21"},"M",430,20627000,{"v":112.962483739999,"d":"112.96"},879,{"v":7.781344486,"d":"7.78"},{"v":0,"d":"0.00"},{"v":0.905906425,"d":"0.91"},{"v":796.291747399999,"d":"796.29"},{"v":82.70825263,"d":"82.71"},0,"0_20627000_683",{"v":30.4345613947,"d":"30.43"},{"v":0,"d":"0.00"},{"v":82.70825263,"d":"82.71"},{"v":0,"d":"0.00"},"0_20627000_683_564","G",{"v":0.69896040305,"d":"0.70"},{"v":0.022966008742,"d":"0.02"},{"v":1.89947845294,"d":"1.90"}]
[2,206,20627,{"v":10440.2646399999,"d":"10,440.26"},2171,{"v":0.20794492,"d":"0.21"},"M",430,20627000,{"v":112.962483739999,"d":"112.96"},879,{"v":7.781344486,"d":"7.78"},{"v":0,"d":"0.00"},{"v":0.905906425,"d":"0.91"},{"v":796.291747399999,"d":"796.29"},{"v":82.70825263,"d":"82.71"},0,"0_20627000_683",{"v":30.4345613947,"d":"30.43"},{"v":0,"d":"0.00"},{"v":82.70825263,"d":"82.71"},{"v":0,"d":"0.00"},"0_20627000_683_565","G",{"v":0.135458877191,"d":"0.14"},{"v":0.00445082402977,"d":"0.00"},{"v":0.368119878266,"d":"0.37"}]
[2,206,20627,{"v":10440.2646399999,"d":"10,440.26"},2171,{"v":0.20794492,"d":"0.21"},"M",430,20627000,{"v":112.962483739999,"d":"112.96"},879,{"v":7.781344486,"d":"7.78"},{"v":0,"d":"0.00"},{"v":0.905906425,"d":"0.91"},{"v":796.291747399999,"d":"796.29"},{"v":82.70825263,"d":"82.71"},0,"0_20627000_683",{"v":30.4345613947,"d":"30.43"},{"v":0,"d":"0.00"},{"v":82.70825263,"d":"82.71"},{"v":0,"d":"0.00"},"0_20627000_683_566","G",{"v":0.00265278442394,"d":"0.00"},{"v":8.7163550331e-05,"d":"0.00"},{"v":0.00720914494094,"d":"0.01"}]
[2,206,20627,{"v":10440.2646399999,"d":"10,440.26"},2171,{"v":0.20794492,"d":"0.21"},"M",430,20627000,{"v":112.962483739999,"d":"112.96"},879,{"v":7.781344486,"d":"7.78"},{"v":0,"d":"0.00"},{"v":0.905906425,"d":"0.91"},{"v":796.291747399999,"d":"796.29"},{"v":82.70825263,"d":"82.71"},0,"0_20627000_683",{"v":30.4345613947,"d":"30.43"},{"v":0,"d":"0.00"},{"v":82.70825263,"d":"82.71"},{"v":0,"d":"0.00"},"0_20627000_683_567","G",{"v":0.0514576762756,"d":"0.05"},{"v":1.69076450974E-3,"d":"0.00"},{"v":0.139840178209,"d":"0.14"}]
[2,206,20627,{"v":10440.2646399999,"d":"10,440.26"},2171,{"v":0.20794492,"d":"0.21"},"M",430,20627000,{"v":112.962483739999,"d":"112.96"},879,{"v":7.781344486,"d":"7.78"},{"v":0,"d":"0.00"},{"v":0.905906425,"d":"0.91"},{"v":796.291747399999,"d":"796.29"},{"v":82.70825263,"d":"82.71"},0,"0_20627000_683",{"v":30.4345613947,"d":"30.43"},{"v":0,"d":"0.00"},{"v":82.70825263,"d":"82.71"},{"v":0,"d":"0.00"},"0_20627000_683_568","G",{"v":0.0495122492916,"d":"0.05"},{"v":0.00162684287279,"d":"0.00"},{"v":0.134553331312,"d":"0.13"}]
[2,206,20627,{"v":10440.2646399999,"d":"10,440.26"},2171,{"v":0.20794492,"d":"0.21"},"M",430,20627000,{"v":112.962483739999,"d":"112.96"},879,{"v":7.781344486,"d":"7.78"},{"v":0,"d":"0.00"},{"v":0.905906425,"d":"0.91"},{"v":796.291747399999,"d":"796.29"},{"v":82.70825263,"d":"82.71"},0,"0_20627000_683",{"v":30.4345613947,"d":"30.43"},{"v":0,"d":"0.00"},{"v":82.70825263,"d":"82.71"},{"v":0,"d":"0.00"},"0_20627000_683_569","G",{"v":7.82959632448,"d":"7.83"},{"v":0.257260034831,"d":"0.26"},{"v":21.2775279524,"d":"21.28"}]
[2,206,20627,{"v":10440.2646399999,"d":"10,440.26"},2171,{"v":0.20794492,"d":"0.21"},"M",430,20627000,{"v":112.962483739999,"d":"112.96"},879,{"v":7.781344486,"d":"7.78"},{"v":0,"d":"0.00"},{"v":0.905906425,"d":"0.91"},{"v":796.291747399999,"d":"796.29"},{"v":82.70825263,"d":"82.71"},0,"0_20627000_683",{"v":30.4345613947,"d":"30.43"},{"v":0,"d":"0.00"},{"v":82.70825263,"d":"82.71"},{"v":0,"d":"0.00"},"0_20627000_683_570","G",{"v":0.0252663455674,"d":"0.03"},{"v":0.000830185959959,"d":"0.00"},{"v":0.0686632301062,"d":"0.07"}]
[2,206,20627,{"v":10440.2646399999,"d":"10,440.26"},2171,{"v":0.20794492,"d":"0.21"},"M",430,20627000,{"v":112.962483739999,"d":"112.96"},879,{"v":7.781344486,"d":"7.78"},{"v":0,"d":"0.00"},{"v":0.905906425,"d":"0.91"},{"v":796.291747399999,"d":"796.29"},{"v":82.70825263,"d":"82.71"},0,"0_20627000_683",{"v":30.4345613947,"d":"30.43"},{"v":0,"d":"0.00"},{"v":82.70825263,"d":"82.71"},{"v":0,"d":"0.00"},"0_20627000_683_571","G",{"v":0.367150582041,"d":"0.37"},{"v":0.012063606808,"d":"0.01"},{"v":0.997759839505,"d":"1.00"}]
[2,206,20627,{"v":10440.2646399999,"d":"10,440.26"},2171,{"v":0.20794492,"d":"0.21"},"M",430,20627000,{"v":112.962483739999,"d":"112.96"},879,{"v":7.781344486,"d":"7.78"},{"v":0,"d":"0.00"},{"v":0.905906425,"d":"0.91"},{"v":796.291747399999,"d":"796.29"},{"v":82.70825263,"d":"82.71"},0,"0_20627000_683",{"v":30.4345613947,"d":"30.43"},{"v":0,"d":"0.00"},{"v":82.70825263,"d":"82.71"},{"v":0,"d":"0.00"},"0_20627000_683_572","G",{"v":0.0298154239055,"d":"0.03"},{"v":0.000979656763205,"d":"0.00"},{"v":0.0810256990618,"d":"0.08"}]
[2,206,20627,{"v":10440.2646399999,"d":"10,440.26"},2171,{"v":0.20794492,"d":"0.21"},"M",430,20627000,{"v":112.962483739999,"d":"112.96"},879,{"v":7.781344486,"d":"7.78"},{"v":0,"d":"0.00"},{"v":0.905906425,"d":"0.91"},{"v":796.291747399999,"d":"796.29"},{"v":82.70825263,"d":"82.71"},0,"0_20627000_683",{"v":30.4345613947,"d":"30.43"},{"v":0,"d":"0.00"},{"v":82.70825263,"d":"82.71"},{"v":0,"d":"0.00"},"0_20627000_683_573","G",{"v":7.80055763406,"d":"7.80"},{"v":0.256305899497,"d":"0.26"},{"v":21.1986130862,"d":"21.20"}]
[2,206,20627,{"v":10440.2646399999,"d":"10,440.26"},2171,{"v":0.20794492,"d":"0.21"},"M",430,20627001,{"v":10327.3021559999,"d":"10,327.30"},1292,{"v":0.125105277,"d":"0.13"},{"v":0,"d":"0.00"},{"v":0.905906425,"d":"0.91"},{"v":1170.43110099999,"d":"1,170.43"},{"v":121.5688992,"d":"121.57"},0,"0_20627001_684",{"v":10160.873163,"d":"10,160.87"},{"v":0,"d":"0.00"},{"v":121.5688992,"d":"121.57"},{"v":0,"d":"0.00"},"0_20627001_684_574","außerhalb GKL",{"v":9740.81762218,"d":"9,740.82"},{"v":0.95865950356,"d":"0.96"},{"v":116.543180555,"d":"116.54"}]
[2,206,20627,{"v":10440.2646399999,"d":"10,440.26"},2171,{"v":0.20794492,"d":"0.21"},"M",430,20627001,{"v":10327.3021559999,"d":"10,327.30"},1292,{"v":0.125105277,"d":"0.13"},{"v":0,"d":"0.00"},{"v":0.905906425,"d":"0.91"},{"v":1170.43110099999,"d":"1,170.43"},{"v":121.5688992,"d":"121.57"},0,"0_20627001_684",{"v":10160.873163,"d":"10,160.87"},{"v":0,"d":"0.00"},{"v":121.5688992,"d":"121.57"},{"v":0,"d":"0.00"},"0_20627001_684_575","außerhalb GKL",{"v":2.50124972852,"d":"2.50"},{"v":0.00024616484119,"d":"0.00"},{"v":0.0299259887652,"d":"0.03"}]
[2,206,20627,{"v":10440.2646399999,"d":"10,440.26"},2171,{"v":0.20794492,"d":"0.21"},"M",430,20627001,{"v":10327.3021559999,"d":"10,327.30"},1292,{"v":0.125105277,"d":"0.13"},{"v":0,"d":"0.00"},{"v":0.905906425,"d":"0.91"},{"v":1170.43110099999,"d":"1,170.43"},{"v":121.5688992,"d":"121.57"},0,"0_20627001_684",{"v":10160.873163,"d":"10,160.87"},{"v":0,"d":"0.00"},{"v":121.5688992,"d":"121.57"},{"v":0,"d":"0.00"},"0_20627001_684_576","außerhalb GKL",{"v":0.000507684615566,"d":"0.00"},{"v":4.9964664e-08,"d":"0.00"},{"v":6.074149226e-06,"d":"0.00"}]
[2,206,20627,{"v":10440.2646399999,"d":"10,440.26"},2171,{"v":0.20794492,"d":"0.21"},"M",430,20627001,{"v":10327.3021559999,"d":"10,327.30"},1292,{"v":0.125105277,"d":"0.13"},{"v":0,"d":"0.00"},{"v":0.905906425,"d":"0.91"},{"v":1170.43110099999,"d":"1,170.43"},{"v":121.5688992,"d":"121.57"},0,"0_20627001_684",{"v":10160.873163,"d":"10,160.87"},{"v":0,"d":"0.00"},{"v":121.5688992,"d":"121.57"},{"v":0,"d":"0.00"},"0_20627001_684_577","D",{"v":0.343576374515,"d":"0.34"},{"v":3.3813666306e-05,"d":"0.00"},{"v":0.00411069019079,"d":"0.00"}]
[2,206,20627,{"v":10440.2646399999,"d":"10,440.26"},2171,{"v":0.20794492,"d":"0.21"},"M",430,20627001,{"v":10327.3021559999,"d":"10,327.30"},1292,{"v":0.125105277,"d":"0.13"},{"v":0,"d":"0.00"},{"v":0.905906425,"d":"0.91"},{"v":1170.43110099999,"d":"1,170.43"},{"v":121.5688992,"d":"121.57"},0,"0_20627001_684",{"v":10160.873163,"d":"10,160.87"},{"v":0,"d":"0.00"},{"v":121.5688992,"d":"121.57"},{"v":0,"d":"0.00"},"0_20627001_684_578","E",{"v":18.3065064134999,"d":"18.31"},{"v":0.00180166665992,"d":"0.00"},{"v":0.219026632572,"d":"0.22"}]
[2,206,20627,{"v":10440.2646399999,"d":"10,440.26"},2171,{"v":0.20794492,"d":"0.21"},"M",430,20627001,{"v":10327.3021559999,"d":"10,327.30"},1292,{"v":0.125105277,"d":"0.13"},{"v":0,"d":"0.00"},{"v":0.905906425,"d":"0.91"},{"v":1170.43110099999,"d":"1,170.43"},{"v":121.5688992,"d":"121.57"},0,"0_20627001_684",{"v":10160.873163,"d":"10,160.87"},{"v":0,"d":"0.00"},{"v":121.5688992,"d":"121.57"},{"v":0,"d":"0.00"},"0_20627001_684_579","E",{"v":0.00380617108502,"d":"0.00"},{"v":3.74590945e-07,"d":"0.00"},{"v":4.5538608892e-05,"d":"0.00"}]
[2,206,20627,{"v":10440.2646399999,"d":"10,440.26"},2171,{"v":0.20794492,"d":"0.21"},"M",430,20627001,{"v":10327.3021559999,"d":"10,327.30"},1292,{"v":0.125105277,"d":"0.13"},{"v":0,"d":"0.00"},{"v":0.905906425,"d":"0.91"},{"v":1170.43110099999,"d":"1,170.43"},{"v":121.5688992,"d":"121.57"},0,"0_20627001_684",{"v":10160.873163,"d":"10,160.87"},{"v":0,"d":"0.00"},{"v":121.5688992,"d":"121.57"},{"v":0,"d":"0.00"},"0_20627001_684_580","E",{"v":5.83999772546,"d":"5.84"},{"v":5.74753530703E-4,"d":"0.00"},{"v":0.0698721540389,"d":"0.07"}]
[2,206,20627,{"v":10440.2646399999,"d":"10,440.26"},2171,{"v":0.20794492,"d":"0.21"},"M",430,20627001,{"v":10327.3021559999,"d":"10,327.30"},1292,{"v":0.125105277,"d":"0.13"},{"v":0,"d":"0.00"},{"v":0.905906425,"d":"0.91"},{"v":1170.43110099999,"d":"1,170.43"},{"v":121.5688992,"d":"121.57"},0,"0_20627001_684",{"v":10160.873163,"d":"10,160.87"},{"v":0,"d":"0.00"},{"v":121.5688992,"d":"121.57"},{"v":0,"d":"0.00"},"0_20627001_684_581","F",{"v":29.8443528206999,"d":"29.84"},{"v":0.00293718387603,"d":"0.00"},{"v":0.357070210557,"d":"0.36"}]
[2,206,20627,{"v":10440.2646399999,"d":"10,440.26"},2171,{"v":0.20794492,"d":"0.21"},"M",430,20627001,{"v":10327.3021559999,"d":"10,327.30"},1292,{"v":0.125105277,"d":"0.13"},{"v":0,"d":"0.00"},{"v":0.905906425,"d":"0.91"},{"v":1170.43110099999,"d":"1,170.43"},{"v":121.5688992,"d":"121.57"},0,"0_20627001_684",{"v":10160.873163,"d":"10,160.87"},{"v":0,"d":"0.00"},{"v":121.5688992,"d":"121.57"},{"v":0,"d":"0.00"},"0_20627001_684_582","F",{"v":2.18750078411,"d":"2.19"},{"v":0.000215286693281,"d":"0.00"},{"v":0.0261721663146,"d":"0.03"}]
[2,206,20627,{"v":10440.2646399999,"d":"10,440.26"},2171,{"v":0.20794492,"d":"0.21"},"M",430,20627001,{"v":10327.3021559999,"d":"10,327.30"},1292,{"v":0.125105277,"d":"0.13"},{"v":0,"d":"0.00"},{"v":0.905906425,"d":"0.91"},{"v":1170.43110099999,"d":"1,170.43"},{"v":121.5688992,"d":"121.57"},0,"0_20627001_684",{"v":10160.873163,"d":"10,160.87"},{"v":0,"d":"0.00"},{"v":121.5688992,"d":"121.57"},{"v":0,"d":"0.00"},"0_20627001_684_583","F",{"v":1.0790949013,"d":"1.08"},{"v":1.06201001035E-4,"d":"0.00"},{"v":0.0129107387898,"d":"0.01"}]
[2,206,20627,{"v":10440.2646399999,"d":"10,440.26"},2171,{"v":0.20794492,"d":"0.21"},"M",430,20627001,{"v":10327.3021559999,"d":"10,327.30"},1292,{"v":0.125105277,"d":"0.13"},{"v":0,"d":"0.00"},{"v":0.905906425,"d":"0.91"},{"v":1170.43110099999,"d":"1,170.43"},{"v":121.5688992,"d":"121.57"},0,"0_20627001_684",{"v":10160.873163,"d":"10,160.87"},{"v":0,"d":"0.00"},{"v":121.5688992,"d":"121.57"},{"v":0,"d":"0.00"},"0_20627001_684_584","F",{"v":2.01249932346,"d":"2.01"},{"v":0.00019806362024,"d":"0.00"},{"v":0.0240783762841,"d":"0.02"}]
[2,206,20627,{"v":10440.2646399999,"d":"10,440.26"},2171,{"v":0.20794492,"d":"0.21"},"M",430,20627001,{"v":10327.3021559999,"d":"10,327.30"},1292,{"v":0.125105277,"d":"0.13"},{"v":0,"d":"0.00"},{"v":0.905906425,"d":"0.91"},{"v":1170.43110099999,"d":"1,170.43"},{"v":121.5688992,"d":"121.57"},0,"0_20627001_684",{"v":10160.873163,"d":"10,160.87"},{"v":0,"d":"0.00"},{"v":121.5688992,"d":"121.57"},{"v":0,"d":"0.00"},"0_20627001_684_585","F",{"v":0.422737688345,"d":"0.42"},{"v":4.1604464652e-05,"d":"0.00"},{"v":0.00505780896956,"d":"0.01"}]
[2,206,20627,{"v":10440.2646399999,"d":"10,440.26"},2171,{"v":0.20794492,"d":"0.21"},"M",430,20627001,{"v":10327.3021559999,"d":"10,327.30"},1292,{"v":0.125105277,"d":"0.13"},{"v":0,"d":"0.00"},{"v":0.905906425,"d":"0.91"},{"v":1170.43110099999,"d":"1,170.43"},{"v":121.5688992,"d":"121.57"},0,"0_20627001_684",{"v":10160.873163,"d":"10,160.87"},{"v":0,"d":"0.00"},{"v":121.5688992,"d":"121.57"},{"v":0,"d":"0.00"},"0_20627001_684_586","F",{"v":0.0638212081366,"d":"0.06"},{"v":6.281075171e-06,"d":"0.00"},{"v":0.000763583394293,"d":"0.00"}]
[2,206,20627,{"v":10440.2646399999,"d":"10,440.26"},2171,{"v":0.20794492,"d":"0.21"},"M",430,20627001,{"v":10327.3021559999,"d":"10,327.30"},1292,{"v":0.125105277,"d":"0.13"},{"v":0,"d":"0.00"},{"v":0.905906425,"d":"0.91"},{"v":1170.43110099999,"d":"1,170.43"},{"v":121.5688992,"d":"121.57"},0,"0_20627001_684",{"v":10160.873163,"d":"10,160.87"},{"v":0,"d":"0.00"},{"v":121.5688992,"d":"121.57"},{"v":0,"d":"0.00"},"0_20627001_684_587","F",{"v":0.0138064887407,"d":"0.01"},{"v":1.358789596E-6,"d":"0.00"},{"v":0.000165186555436,"d":"0.00"}]
[2,206,20627,{"v":10440.2646399999,"d":"10,440.26"},2171,{"v":0.20794492,"d":"0.21"},"M",430,20627001,{"v":10327.3021559999,"d":"10,327.30"},1292,{"v":0.125105277,"d":"0.13"},{"v":0,"d":"0.00"},{"v":0.905906425,"d":"0.91"},{"v":1170.43110099999,"d":"1,170.43"},{"v":121.5688992,"d":"121.57"},0,"0_20627001_684",{"v":10160.873163,"d":"10,160.87"},{"v":0,"d":"0.00"},{"v":121.5688992,"d":"121.57"},{"v":0,"d":"0.00"},"0_20627001_684_588","F",{"v":0.709323732344,"d":"0.71"},{"v":6.9809328486e-05,"d":"0.00"},{"v":8.48664321797E-3,"d":"0.01"}]
[2,206,20627,{"v":10440.2646399999,"d":"10,440.26"},2171,{"v":0.20794492,"d":"0.21"},"M",430,20627001,{"v":10327.3021559999,"d":"10,327.30"},1292,{"v":0.125105277,"d":"0.13"},{"v":0,"d":"0.00"},{"v":0.905906425,"d":"0.91"},{"v":1170.43110099999,"d":"1,170.43"},{"v":121.5688992,"d":"121.57"},0,"0_20627001_684",{"v":10160.873163,"d":"10,160.87"},{"v":0,"d":"0.00"},{"v":121.5688992,"d":"121.57"},{"v":0,"d":"0.00"},"0_20627001_684_589","F",{"v":1.91424783701E-4,"d":"0.00"},{"v":1.8839403E-8,"d":"0.00"},{"v":2.290285477e-06,"d":"0.00"}]
[2,206,20627,{"v":10440.2646399999,"d":"10,440.26"},2171,{"v":0.20794492,"d":"0.21"},"M",430,20627001,{"v":10327.3021559999,"d":"10,327.30"},1292,{"v":0.125105277,"d":"0.13"},{"v":0,"d":"0.00"},{"v":0.905906425,"d":"0.91"},{"v":1170.43110099999,"d":"1,170.43"},{"v":121.5688992,"d":"121.57"},0,"0_20627001_684",{"v":10160.873163,"d":"10,160.87"},{"v":0,"d":"0.00"},{"v":121.5688992,"d":"121.57"},{"v":0,"d":"0.00"},"0_20627001_684_590","F",{"v":5.97495625133,"d":"5.97"},{"v":0.000588035708692,"d":"0.00"},{"v":0.071486853796,"d":"0.07"}]
[2,206,20627,{"v":10440.2646399999,"d":"10,440.26"},2171,{"v":0.20794492,"d":"0.21"},"M",430,20627001,{"v":10327.3021559999,"d":"10,327.30"},1292,{"v":0.125105277,"d":"0.13"},{"v":0,"d":"0.00"},{"v":0.905906425,"d":"0.91"},{"v":1170.43110099999,"d":"1,170.43"},{"v":121.5688992,"d":"121.57"},0,"0_20627001_684",{"v":10160.873163,"d":"10,160.87"},{"v":0,"d":"0.00"},{"v":121.5688992,"d":"121.57"},{"v":0,"d":"0.00"},"0_20627001_684_591","F",{"v":11.7730651013,"d":"11.77"},{"v":1.15866667288E-3,"d":"0.00"},{"v":0.140857831962,"d":"0.14"}]
[2,206,20627,{"v":10440.2646399999,"d":"10,440.26"},2171,{"v":0.20794492,"d":"0.21"},"M",430,20627001,{"v":10327.3021559999,"d":"10,327.30"},1292,{"v":0.125105277,"d":"0.13"},{"v":0,"d":"0.00"},{"v":0.905906425,"d":"0.91"},{"v":1170.43110099999,"d":"1,170.43"},{"v":121.5688992,"d":"121.57"},0,"0_20627001_684",{"v":10160.873163,"d":"10,160.87"},{"v":0,"d":"0.00"},{"v":121.5688992,"d":"121.57"},{"v":0,"d":"0.00"},"0_20627001_684_592","F",{"v":0.0116810792115,"d":"0.01"},{"v":1.149613722E-6,"d":"0.00"},{"v":1.39757274639E-4,"d":"0.00"}]
[2,206,20627,{"v":10440.2646399999,"d":"10,440.26"},2171,{"v":0.20794492,"d":"0.21"},"M",430,20627001,{"v":10327.3021559999,"d":"10,327.30"},1292,{"v":0.125105277,"d":"0.13"},{"v":0,"d":"0.00"},{"v":0.905906425,"d":"0.91"},{"v":1170.43110099999,"d":"1,170.43"},{"v":121.5688992,"d":"121.57"},0,"0_20627001_684",{"v":10160.873163,"d":"10,160.87"},{"v":0,"d":"0.00"},{"v":121.5688992,"d":"121.57"},{"v":0,"d":"0.00"},"0_20627001_684_593","F",{"v":0.491843347809,"d":"0.49"},{"v":4.8405618289e-05,"d":"0.00"},{"v":0.00588461773046,"d":"0.01"}]
[2,206,20627,{"v":10440.2646399999,"d":"10,440.26"},2171,{"v":0.20794492,"d":"0.21"},"M",430,20627001,{"v":10327.3021559999,"d":"10,327.30"},1292,{"v":0.125105277,"d":"0.13"},{"v":0,"d":"0.00"},{"v":0.905906425,"d":"0.91"},{"v":1170.43110099999,"d":"1,170.43"},{"v":121.5688992,"d":"121.57"},0,"0_20627001_684",{"v":10160.873163,"d":"10,160.87"},{"v":0,"d":"0.00"},{"v":121.5688992,"d":"121.57"},{"v":0,"d":"0.00"},"0_20627001_684_594","F",{"v":0.0833465508978,"d":"0.08"},{"v":8.202695729e-06,"d":"0.00"},{"v":0.000997192690256,"d":"0.00"}]
[2,206,20627,{"v":10440.2646399999,"d":"10,440.26"},2171,{"v":0.20794492,"d":"0.21"},"M",430,20627001,{"v":10327.3021559999,"d":"10,327.30"},1292,{"v":0.125105277,"d":"0.13"},{"v":0,"d":"0.00"},{"v":0.905906425,"d":"0.91"},{"v":1170.43110099999,"d":"1,170.43"},{"v":121.5688992,"d":"121.57"},0,"0_20627001_684",{"v":10160.873163,"d":"10,160.87"},{"v":0,"d":"0.00"},{"v":121.5688992,"d":"121.57"},{"v":0,"d":"0.00"},"0_20627001_684_595","F",{"v":0.0466694468552,"d":"0.05"},{"v":4.593054761e-06,"d":"0.00"},{"v":0.000558372611236,"d":"0.00"}]
[2,206,20627,{"v":10440.2646399999,"d":"10,440.26"},2171,{"v":0.20794492,"d":"0.21"},"M",430,20627001,{"v":10327.3021559999,"d":"10,327.30"},1292,{"v":0.125105277,"d":"0.13"},{"v":0,"d":"0.00"},{"v":0.905906425,"d":"0.91"},{"v":1170.43110099999,"d":"1,170.43"},{"v":121.5688992,"d":"121.57"},0,"0_20627001_684",{"v":10160.873163,"d":"10,160.87"},{"v":0,"d":"0.00"},{"v":121.5688992,"d":"121.57"},{"v":0,"d":"0.00"},"0_20627001_684_596","F",{"v":0.307513773623,"d":"0.31"},{"v":3.0264502734e-05,"d":"0.00"},{"v":3.67922228223E-3,"d":"0.00"}]
[2,206,20627,{"v":10440.2646399999,"d":"10,440.26"},2171,{"v":0.20794492,"d":"0.21"},"M",430,20627001,{"v":10327.3021559999,"d":"10,327.30"},1292,{"v":0.125105277,"d":"0.13"},{"v":0,"d":"0.00"},{"v":0.905906425,"d":"0.91"},{"v":1170.43110099999,"d":"1,170.43"},{"v":121.5688992,"d":"121.57"},0,"0_20627001_684",{"v":10160.873163,"d":"10,160.87"},{"v":0,"d":"0.00"},{"v":121.5688992,"d":"121.57"},{"v":0,"d":"0.00"},"0_20627001_684_597","F",{"v":1.5998808252,"d":"1.60"},{"v":1.57455053275E-4,"d":"0.00"},{"v":0.0191416375001,"d":"0.02"}]
[2,206,20627,{"v":10440.2646399999,"d":"10,440.26"},2171,{"v":0.20794492,"d":"0.21"},"M",430,20627001,{"v":10327.3021559999,"d":"10,327.30"},1292,{"v":0.125105277,"d":"0.13"},{"v":0,"d":"0.00"},{"v":0.905906425,"d":"0.91"},{"v":1170.43110099999,"d":"1,170.43"},{"v":121.5688992,"d":"121.57"},0,"0_20627001_684",{"v":10160.873163,"d":"10,160.87"},{"v":0,"d":"0.00"},{"v":121.5688992,"d":"121.57"},{"v":0,"d":"0.00"},"0_20627001_684_598","F",{"v":0.365824231569,"d":"0.37"},{"v":3.6003227843e-05,"d":"0.00"},{"v":0.0043768727765,"d":"0.00"}]
[2,206,20627,{"v":10440.2646399999,"d":"10,440.26"},2171,{"v":0.20794492,"d":"0.21"},"M",430,20627001,{"v":10327.3021559999,"d":"10,327.30"},1292,{"v":0.125105277,"d":"0.13"},{"v":0,"d":"0.00"},{"v":0.905906425,"d":"0.91"},{"v":1170.43110099999,"d":"1,170.43"},{"v":121.5688992,"d":"121.57"},0,"0_20627001_684",{"v":10160.873163,"d":"10,160.87"},{"v":0,"d":"0.00"},{"v":121.5688992,"d":"121.57"},{"v":0,"d":"0.00"},"0_20627001_684_599","F",{"v":4.39210670568,"d":"4.39"},{"v":4.32256818407E-4,"d":"0.00"},{"v":0.0525489855854,"d":"0.05"}]
[2,206,20627,{"v":10440.2646399999,"d":"10,440.26"},2171,{"v":0.20794492,"d":"0.21"},"M",430,20627001,{"v":10327.3021559999,"d":"10,327.30"},1292,{"v":0.125105277,"d":"0.13"},{"v":0,"d":"0.00"},{"v":0.905906425,"d":"0.91"},{"v":1170.43110099999,"d":"1,170.43"},{"v":121.5688992,"d":"121.57"},0,"0_20627001_684",{"v":10160.873163,"d":"10,160.87"},{"v":0,"d":"0.00"},{"v":121.5688992,"d":"121.57"},{"v":0,"d":"0.00"},"0_20627001_684_600","F",{"v":0.054493427302,"d":"0.05"},{"v":5.363065401e-06,"d":"0.00"},{"v":6.51981957108E-4,"d":"0.00"}]
[2,206,20627,{"v":10440.2646399999,"d":"10,440.26"},2171,{"v":0.20794492,"d":"0.21"},"M",430,20627001,{"v":10327.3021559999,"d":"10,327.30"},1292,{"v":0.125105277,"d":"0.13"},{"v":0,"d":"0.00"},{"v":0.905906425,"d":"0.91"},{"v":1170.43110099999,"d":"1,170.43"},{"v":121.5688992,"d":"121.57"},0,"0_20627001_684",{"v":10160.873163,"d":"10,160.87"},{"v":0,"d":"0.00"},{"v":121.5688992,"d":"121.57"},{"v":0,"d":"0.00"},"0_20627001_684_601","G",{"v":1.87928747919,"d":"1.88"},{"v":0.000184953344958,"d":"0.00"},{"v":0.0224845745499,"d":"0.02"}]
[2,206,20627,{"v":10440.2646399999,"d":"10,440.26"},2171,{"v":0.20794492,"d":"0.21"},"M",430,20627001,{"v":10327.3021559999,"d":"10,327.30"},1292,{"v":0.125105277,"d":"0.13"},{"v":0,"d":"0.00"},{"v":0.905906425,"d":"0.91"},{"v":1170.43110099999,"d":"1,170.43"},{"v":121.5688992,"d":"121.57"},0,"0_20627001_684",{"v":10160.873163,"d":"10,160.87"},{"v":0,"d":"0.00"},{"v":121.5688992,"d":"121.57"},{"v":0,"d":"0.00"},"0_20627001_684_602","G",{"v":38.4695403007999,"d":"38.47"},{"v":0.0037860466993,"d":"0.00"},{"v":0.460265529554,"d":"0.46"}]
[2,206,20627,{"v":10440.2646399999,"d":"10,440.26"},2171,{"v":0.20794492,"d":"0.21"},"M",430,20627001,{"v":10327.3021559999,"d":"10,327.30"},1292,{"v":0.125105277,"d":"0.13"},{"v":0,"d":"0.00"},{"v":0.905906425,"d":"0.91"},{"v":1170.43110099999,"d":"1,170.43"},{"v":121.5688992,"d":"121.57"},0,"0_20627001_684",{"v":10160.873163,"d":"10,160.87"},{"v":0,"d":"0.00"},{"v":121.5688992,"d":"121.57"},{"v":0,"d":"0.00"},"0_20627001_684_603","G",{"v":13.9727577274999,"d":"13.97"},{"v":0.0013751532475,"d":"0.00"},{"v":0.16717586653,"d":"0.17"}]
[2,206,20627,{"v":10440.2646399999,"d":"10,440.26"},2171,{"v":0.20794492,"d":"0.21"},"M",430,20627001,{"v":10327.3021559999,"d":"10,327.30"},1292,{"v":0.125105277,"d":"0.13"},{"v":0,"d":"0.00"},{"v":0.905906425,"d":"0.91"},{"v":1170.43110099999,"d":"1,170.43"},{"v":121.5688992,"d":"121.57"},0,"0_20627001_684",{"v":10160.873163,"d":"10,160.87"},{"v":0,"d":"0.00"},{"v":121.5688992,"d":"121.57"},{"v":0,"d":"0.00"},"0_20627001_684_604","G",{"v":1.18071265244,"d":"1.18"},{"v":0.000116201888706,"d":"0.00"},{"v":0.0141265356949,"d":"0.01"}]
[2,206,20627,{"v":10440.2646399999,"d":"10,440.26"},2171,{"v":0.20794492,"d":"0.21"},"M",430,20627001,{"v":10327.3021559999,"d":"10,327.30"},1292,{"v":0.125105277,"d":"0.13"},{"v":0,"d":"0.00"},{"v":0.905906425,"d":"0.91"},{"v":1170.43110099999,"d":"1,170.43"},{"v":121.5688992,"d":"121.57"},0,"0_20627001_684",{"v":10160.873163,"d":"10,160.87"},{"v":0,"d":"0.00"},{"v":121.5688992,"d":"121.57"},{"v":0,"d":"0.00"},"0_20627001_684_605","G",{"v":15.6783824058,"d":"15.68"},{"v":0.00154301526594,"d":"0.00"},{"v":0.187582667329,"d":"0.19"}]
[2,206,20627,{"v":10440.2646399999,"d":"10,440.26"},2171,{"v":0.20794492,"d":"0.21"},"M",430,20627001,{"v":10327.3021559999,"d":"10,327.30"},1292,{"v":0.125105277,"d":"0.13"},{"v":0,"d":"0.00"},{"v":0.905906425,"d":"0.91"},{"v":1170.43110099999,"d":"1,170.43"},{"v":121.5688992,"d":"121.57"},0,"0_20627001_684",{"v":10160.873163,"d":"10,160.87"},{"v":0,"d":"0.00"},{"v":121.5688992,"d":"121.57"},{"v":0,"d":"0.00"},"0_20627001_684_606","G",{"v":0.491928749815,"d":"0.49"},{"v":4.8414023276e-05,"d":"0.00"},{"v":0.00588563951547,"d":"0.01"}]
[2,206,20627,{"v":10440.2646399999,"d":"10,440.26"},2171,{"v":0.20794492,"d":"0.21"},"M",430,20627001,{"v":10327.3021559999,"d":"10,327.30"},1292,{"v":0.125105277,"d":"0.13"},{"v":0,"d":"0.00"},{"v":0.905906425,"d":"0.91"},{"v":1170.43110099999,"d":"1,170.43"},{"v":121.5688992,"d":"121.57"},0,"0_20627001_684",{"v":10160.873163,"d":"10,160.87"},{"v":0,"d":"0.00"},{"v":121.5688992,"d":"121.57"},{"v":0,"d":"0.00"},"0_20627001_684_607","G",{"v":0.286776676803,"d":"0.29"},{"v":2.8223625293E-5,"d":"0.00"},{"v":0.00343111505832,"d":"0.00"}]
[2,206,20627,{"v":10440.2646399999,"d":"10,440.26"},2171,{"v":0.20794492,"d":"0.21"},"M",430,20627001,{"v":10327.3021559999,"d":"10,327.30"},1292,{"v":0.125105277,"d":"0.13"},{"v":0,"d":"0.00"},{"v":0.905906425,"d":"0.91"},{"v":1170.43110099999,"d":"1,170.43"},{"v":121.5688992,"d":"121.57"},0,"0_20627001_684",{"v":10160.873163,"d":"10,160.87"},{"v":0,"d":"0.00"},{"v":121.5688992,"d":"121.57"},{"v":0,"d":"0.00"},"0_20627001_684_608","G",{"v":60.4941988296,"d":"60.49"},{"v":0.00595364176475,"d":"0.01"},{"v":0.723777675572,"d":"0.72"}]
[2,206,20627,{"v":10440.2646399999,"d":"10,440.26"},2171,{"v":0.20794492,"d":"0.21"},"M",430,20627001,{"v":10327.3021559999,"d":"10,327.30"},1292,{"v":0.125105277,"d":"0.13"},{"v":0,"d":"0.00"},{"v":0.905906425,"d":"0.91"},{"v":1170.43110099999,"d":"1,170.43"},{"v":121.5688992,"d":"121.57"},0,"0_20627001_684",{"v":10160.873163,"d":"10,160.87"},{"v":0,"d":"0.00"},{"v":121.5688992,"d":"121.57"},{"v":0,"d":"0.00"},"0_20627001_684_609","G",{"v":23.6225249973,"d":"23.62"},{"v":2.32485187231E-3,"d":"0.00"},{"v":0.28262968292,"d":"0.28"}]
[2,206,20627,{"v":10440.2646399999,"d":"10,440.26"},2171,{"v":0.20794492,"d":"0.21"},"M",430,20627001,{"v":10327.3021559999,"d":"10,327.30"},1292,{"v":0.125105277,"d":"0.13"},{"v":0,"d":"0.00"},{"v":0.905906425,"d":"0.91"},{"v":1170.43110099999,"d":"1,170.43"},{"v":121.5688992,"d":"121.57"},0,"0_20627001_684",{"v":10160.873163,"d":"10,160.87"},{"v":0,"d":"0.00"},{"v":121.5688992,"d":"121.57"},{"v":0,"d":"0.00"},"0_20627001_684_610","G",{"v":0.000917418500476,"d":"0.00"},{"v":9.0289337E-8,"d":"0.00"},{"v":1.09763753E-5,"d":"0.00"}]
[2,206,20627,{"v":10440.2646399999,"d":"10,440.26"},2171,{"v":0.20794492,"d":"0.21"},"M",430,20627001,{"v":10327.3021559999,"d":"10,327.30"},1292,{"v":0.125105277,"d":"0.13"},{"v":0,"d":"0.00"},{"v":0.905906425,"d":"0.91"},{"v":1170.43110099999,"d":"1,170.43"},{"v":121.5688992,"d":"121.57"},0,"0_20627001_684",{"v":10160.873163,"d":"10,160.87"},{"v":0,"d":"0.00"},{"v":121.5688992,"d":"121.57"},{"v":0,"d":"0.00"},"0_20627001_684_611","G",{"v":1.48522448621,"d":"1.49"},{"v":0.000146170950309,"d":"0.00"},{"v":0.0177698415241,"d":"0.02"}]
[2,206,20627,{"v":10440.2646399999,"d":"10,440.26"},2171,{"v":0.20794492,"d":"0.21"},"M",430,20627001,{"v":10327.3021559999,"d":"10,327.30"},1292,{"v":0.125105277,"d":"0.13"},{"v":0,"d":"0.00"},{"v":0.905906425,"d":"0.91"},{"v":1170.43110099999,"d":"1,170.43"},{"v":121.5688992,"d":"121.57"},0,"0_20627001_684",{"v":10160.873163,"d":"10,160.87"},{"v":0,"d":"0.00"},{"v":121.5688992,"d":"121.57"},{"v":0,"d":"0.00"},"0_20627001_684_612","G",{"v":0.347774761534,"d":"0.35"},{"v":3.4226857865e-05,"d":"0.00"},{"v":0.00416092143372,"d":"0.00"}]
[2,206,20627,{"v":10440.2646399999,"d":"10,440.26"},2171,{"v":0.20794492,"d":"0.21"},"M",430,20627001,{"v":10327.3021559999,"d":"10,327.30"},1292,{"v":0.125105277,"d":"0.13"},{"v":0,"d":"0.00"},{"v":0.905906425,"d":"0.91"},{"v":1170.43110099999,"d":"1,170.43"},{"v":121.5688992,"d":"121.57"},0,"0_20627001_684",{"v":10160.873163,"d":"10,160.87"},{"v":0,"d":"0.00"},{"v":121.5688992,"d":"121.57"},{"v":0,"d":"0.00"},"0_20627001_684_613","G",{"v":167.367245569999,"d":"167.37"},{"v":0.0164717384899,"d":"0.02"},{"v":2.00245111613,"d":"2.00"}]
[2,206,20627,{"v":10440.2646399999,"d":"10,440.26"},2171,{"v":0.20794492,"d":"0.21"},"M",430,20627001,{"v":10327.3021559999,"d":"10,327.30"},1292,{"v":0.125105277,"d":"0.13"},{"v":0,"d":"0.00"},{"v":0.905906425,"d":"0.91"},{"v":1170.43110099999,"d":"1,170.43"},{"v":121.5688992,"d":"121.57"},0,"0_20627001_684",{"v":10160.873163,"d":"10,160.87"},{"v":0,"d":"0.00"},{"v":121.5688992,"d":"121.57"},{"v":0,"d":"0.00"},"0_20627001_684_614","G",{"v":0.511287634274,"d":"0.51"},{"v":5.0319261551e-05,"d":"0.00"},{"v":0.00611725723529,"d":"0.01"}]
[2,206,20627,{"v":10440.2646399999,"d":"10,440.26"},2171,{"v":0.20794492,"d":"0.21"},"M",430,20627001,{"v":10327.3021559999,"d":"10,327.30"},1292,{"v":0.125105277,"d":"0.13"},{"v":0,"d":"0.00"},{"v":0.905906425,"d":"0.91"},{"v":1170.43110099999,"d":"1,170.43"},{"v":121.5688992,"d":"121.57"},0,"0_20627001_684",{"v":10160.873163,"d":"10,160.87"},{"v":0,"d":"0.00"},{"v":121.5688992,"d":"121.57"},{"v":0,"d":"0.00"},"0_20627001_684_615","G",{"v":0.874453504663,"d":"0.87"},{"v":8.6060862156e-05,"d":"0.00"},{"v":0.0104623242765,"d":"0.01"}]
[2,206,20627,{"v":10440.2646399999,"d":"10,440.26"},2171,{"v":0.20794492,"d":"0.21"},"M",430,20627001,{"v":10327.3021559999,"d":"10,327.30"},1292,{"v":0.125105277,"d":"0.13"},{"v":0,"d":"0.00"},{"v":0.905906425,"d":"0.91"},{"v":1170.43110099999,"d":"1,170.43"},{"v":121.5688992,"d":"121.57"},0,"0_20627001_684",{"v":10160.873163,"d":"10,160.87"},{"v":0,"d":"0.00"},{"v":121.5688992,"d":"121.57"},{"v":0,"d":"0.00"},"0_20627001_684_616","G",{"v":4.93607739984,"d":"4.94"},{"v":0.000485792640126,"d":"0.00"},{"v":0.0590572764996,"d":"0.06"}]
[2,206,20627,{"v":10440.2646399999,"d":"10,440.26"},2171,{"v":0.20794492,"d":"0.21"},"M",430,20627001,{"v":10327.3021559999,"d":"10,327.30"},1292,{"v":0.125105277,"d":"0.13"},{"v":0,"d":"0.00"},{"v":0.905906425,"d":"0.91"},{"v":1170.43110099999,"d":"1,170.43"},{"v":121.5688992,"d":"121.57"},0,"0_20627001_684",{"v":10160.873163,"d":"10,160.87"},{"v":0,"d":"0.00"},{"v":121.5688992,"d":"121.57"},{"v":0,"d":"0.00"},"0_20627001_684_617","G",{"v":0.0260969762776,"d":"0.03"},{"v":2.568379298e-06,"d":"0.00"},{"v":0.00031223504394,"d":"0.00"}]
[2,206,20631,{"v":8427.68427599999,"d":"8,427.68"},1705,{"v":0.20230943,"d":"0.20"}," ",410,20631000,{"v":7009.79644999999,"d":"7,009.80"},1424,{"v":0.203144272,"d":"0.20"},{"v":0,"d":"0.00"},{"v":0.921559671,"d":"0.92"},{"v":1312.30097099999,"d":"1,312.30"},{"v":111.6990289,"d":"111.70"},0,"0_20631000_695",{"v":6874.75597554999,"d":"6,874.76"},{"v":0,"d":"0.00"},{"v":111.6990289,"d":"111.70"},{"v":0,"d":"0.00"},"0_20631000_695_618","außerhalb GKL",{"v":6707.40584664,"d":"6,707.41"},{"v":0.975657299036,"d":"0.98"},{"v":108.979972841999,"d":"108.98"}]
[2,206,20631,{"v":8427.68427599999,"d":"8,427.68"},1705,{"v":0.20230943,"d":"0.20"}," ",410,20631000,{"v":7009.79644999999,"d":"7,009.80"},1424,{"v":0.203144272,"d":"0.20"},{"v":0,"d":"0.00"},{"v":0.921559671,"d":"0.92"},{"v":1312.30097099999,"d":"1,312.30"},{"v":111.6990289,"d":"111.70"},0,"0_20631000_695",{"v":6874.75597554999,"d":"6,874.76"},{"v":0,"d":"0.00"},{"v":111.6990289,"d":"111.70"},{"v":0,"d":"0.00"},"0_20631000_695_619","außerhalb GKL",{"v":0.185490198108,"d":"0.19"},{"v":2.6981350141E-5,"d":"0.00"},{"v":3.01379060913E-3,"d":"0.00"}]
[2,206,20631,{"v":8427.68427599999,"d":"8,427.68"},1705,{"v":0.20230943,"d":"0.20"}," ",410,20631000,{"v":7009.79644999999,"d":"7,009.80"},1424,{"v":0.203144272,"d":"0.20"},{"v":0,"d":"0.00"},{"v":0.921559671,"d":"0.92"},{"v":1312.30097099999,"d":"1,312.30"},{"v":111.6990289,"d":"111.70"},0,"0_20631000_695",{"v":6874.75597554999,"d":"6,874.76"},{"v":0,"d":"0.00"},{"v":111.6990289,"d":"111.70"},{"v":0,"d":"0.00"},"0_20631000_695_620","F",{"v":2.82440179114,"d":"2.82"},{"v":0.000410836661139,"d":"0.00"},{"v":0.0458900560857,"d":"0.05"}]
[2,206,20631,{"v":8427.68427599999,"d":"8,427.68"},1705,{"v":0.20230943,"d":"0.20"}," ",410,20631000,{"v":7009.79644999999,"d":"7,009.80"},1424,{"v":0.203144272,"d":"0.20"},{"v":0,"d":"0.00"},{"v":0.921559671,"d":"0.92"},{"v":1312.30097099999,"d":"1,312.30"},{"v":111.6990289,"d":"111.70"},0,"0_20631000_695",{"v":6874.75597554999,"d":"6,874.76"},{"v":0,"d":"0.00"},{"v":111.6990289,"d":"111.70"},{"v":0,"d":"0.00"},"0_20631000_695_621","F",{"v":0.742304517381,"d":"0.74"},{"v":1.07975398694E-4,"d":"0.00"},{"v":0.0120607471792,"d":"0.01"}]
[2,206,20631,{"v":8427.68427599999,"d":"8,427.68"},1705,{"v":0.20230943,"d":"0.20"}," ",410,20631000,{"v":7009.79644999999,"d":"7,009.80"},1424,{"v":0.203144272,"d":"0.20"},{"v":0,"d":"0.00"},{"v":0.921559671,"d":"0.92"},{"v":1312.30097099999,"d":"1,312.30"},{"v":111.6990289,"d":"111.70"},0,"0_20631000_695",{"v":6874.75597554999,"d":"6,874.76"},{"v":0,"d":"0.00"},{"v":111.6990289,"d":"111.70"},{"v":0,"d":"0.00"},"0_20631000_695_622","F",{"v":3.45309797253,"d":"3.45"},{"v":0.0005022866244,"d":"0.00"},{"v":0.0561049281749,"d":"0.06"}]
[2,206,20631,{"v":8427.68427599999,"d":"8,427.68"},1705,{"v":0.20230943,"d":"0.20"}," ",410,20631000,{"v":7009.79644999999,"d":"7,009.80"},1424,{"v":0.203144272,"d":"0.20"},{"v":0,"d":"0.00"},{"v":0.921559671,"d":"0.92"},{"v":1312.30097099999,"d":"1,312.30"},{"v":111.6990289,"d":"111.70"},0,"0_20631000_695",{"v":6874.75597554999,"d":"6,874.76"},{"v":0,"d":"0.00"},{"v":111.6990289,"d":"111.70"},{"v":0,"d":"0.00"},"0_20631000_695_623","F",{"v":8.40169359499999,"d":"8.40"},{"v":0.00122210790098,"d":"0.00"},{"v":0.13650826575,"d":"0.14"}]
[2,206,20631,{"v":8427.68427599999,"d":"8,427.68"},1705,{"v":0.20230943,"d":"0.20"}," ",410,20631000,{"v":7009.79644999999,"d":"7,009.80"},1424,{"v":0.203144272,"d":"0.20"},{"v":0,"d":"0.00"},{"v":0.921559671,"d":"0.92"},{"v":1312.30097099999,"d":"1,312.30"},{"v":111.6990289,"d":"111.70"},0,"0_20631000_695",{"v":6874.75597554999,"d":"6,874.76"},{"v":0,"d":"0.00"},{"v":111.6990289,"d":"111.70"},{"v":0,"d":"0.00"},"0_20631000_695_624","F",{"v":0.0214169995531,"d":"0.02"},{"v":3.115310511e-06,"d":"0.00"},{"v":0.000347977158832,"d":"0.00"}]
[2,206,20631,{"v":8427.68427599999,"d":"8,427.68"},1705,{"v":0.20230943,"d":"0.20"}," ",410,20631000,{"v":7009.79644999999,"d":"7,009.80"},1424,{"v":0.203144272,"d":"0.20"},{"v":0,"d":"0.00"},{"v":0.921559671,"d":"0.92"},{"v":1312.30097099999,"d":"1,312.30"},{"v":111.6990289,"d":"111.70"},0,"0_20631000_695",{"v":6874.75597554999,"d":"6,874.76"},{"v":0,"d":"0.00"},{"v":111.6990289,"d":"111.70"},{"v":0,"d":"0.00"},"0_20631000_695_625","F",{"v":0.000270699882478,"d":"0.00"},{"v":3.9375926e-08,"d":"0.00"},{"v":4.398252695e-06,"d":"0.00"}]
[2,206,20631,{"v":8427.68427599999,"d":"8,427.68"},1705,{"v":0.20230943,"d":"0.20"}," ",410,20631000,{"v":7009.79644999999,"d":"7,009.80"},1424,{"v":0.203144272,"d":"0.20"},{"v":0,"d":"0.00"},{"v":0.921559671,"d":"0.92"},{"v":1312.30097099999,"d":"1,312.30"},{"v":111.6990289,"d":"111.70"},0,"0_20631000_695",{"v":6874.75597554999,"d":"6,874.76"},{"v":0,"d":"0.00"},{"v":111.6990289,"d":"111.70"},{"v":0,"d":"0.00"},"0_20631000_695_626","F",{"v":0.0382379370147,"d":"0.04"},{"v":5.562079171e-06,"d":"0.00"},{"v":6.21278842023E-4,"d":"0.00"}]
[2,206,20631,{"v":8427.68427599999,"d":"8,427.68"},1705,{"v":0.20230943,"d":"0.20"}," ",410,20631000,{"v":7009.79644999999,"d":"7,009.80"},1424,{"v":0.203144272,"d":"0.20"},{"v":0,"d":"0.00"},{"v":0.921559671,"d":"0.92"},{"v":1312.30097099999,"d":"1,312.30"},{"v":111.6990289,"d":"111.70"},0,"0_20631000_695",{"v":6874.75597554999,"d":"6,874.76"},{"v":0,"d":"0.00"},{"v":111.6990289,"d":"111.70"},{"v":0,"d":"0.00"},"0_20631000_695_627","F",{"v":0.00925610054895,"d":"0.01"},{"v":1.346389687e-06,"d":"0.00"},{"v":1.50390420605E-4,"d":"0.00"}]
[2,206,20631,{"v":8427.68427599999,"d":"8,427.68"},1705,{"v":0.20230943,"d":"0.20"}," ",410,20631000,{"v":7009.79644999999,"d":"7,009.80"},1424,{"v":0.203144272,"d":"0.20"},{"v":0,"d":"0.00"},{"v":0.921559671,"d":"0.92"},{"v":1312.30097099999,"d":"1,312.30"},{"v":111.6990289,"d":"111.70"},0,"0_20631000_695",{"v":6874.75597554999,"d":"6,874.76"},{"v":0,"d":"0.00"},{"v":111.6990289,"d":"111.70"},{"v":0,"d":"0.00"},"0_20631000_695_628","F",{"v":0.10589463974,"d":"0.11"},{"v":1.5403403425e-05,"d":"0.00"},{"v":0.00172054520433,"d":"0.00"}]
[2,206,20631,{"v":8427.68427599999,"d":"8,427.68"},1705,{"v":0.20230943,"d":"0.20"}," ",410,20631000,{"v":7009.79644999999,"d":"7,009.80"},1424,{"v":0.203144272,"d":"0.20"},{"v":0,"d":"0.00"},{"v":0.921559671,"d":"0.92"},{"v":1312.30097099999,"d":"1,312.30"},{"v":111.6990289,"d":"111.70"},0,"0_20631000_695",{"v":6874.75597554999,"d":"6,874.76"},{"v":0,"d":"0.00"},{"v":111.6990289,"d":"111.70"},{"v":0,"d":"0.00"},"0_20631000_695_629","F",{"v":0.447171822811,"d":"0.45"},{"v":6.5045482982E-5,"d":"0.00"},{"v":0.00726551728339,"d":"0.01"}]
[2,206,20631,{"v":8427.68427599999,"d":"8,427.68"},1705,{"v":0.20230943,"d":"0.20"}," ",410,20631000,{"v":7009.79644999999,"d":"7,009.80"},1424,{"v":0.203144272,"d":"0.20"},{"v":0,"d":"0.00"},{"v":0.921559671,"d":"0.92"},{"v":1312.30097099999,"d":"1,312.30"},{"v":111.6990289,"d":"111.70"},0,"0_20631000_695",{"v":6874.75597554999,"d":"6,874.76"},{"v":0,"d":"0.00"},{"v":111.6990289,"d":"111.70"},{"v":0,"d":"0.00"},"0_20631000_695_630","F",{"v":0.00784711509225,"d":"0.01"},{"v":1.141439074e-06,"d":"0.00"},{"v":0.000127497636074,"d":"0.00"}]
[2,206,20631,{"v":8427.68427599999,"d":"8,427.68"},1705,{"v":0.20230943,"d":"0.20"}," ",410,20631000,{"v":7009.79644999999,"d":"7,009.80"},1424,{"v":0.203144272,"d":"0.20"},{"v":0,"d":"0.00"},{"v":0.921559671,"d":"0.92"},{"v":1312.30097099999,"d":"1,312.30"},{"v":111.6990289,"d":"111.70"},0,"0_20631000_695",{"v":6874.75597554999,"d":"6,874.76"},{"v":0,"d":"0.00"},{"v":111.6990289,"d":"111.70"},{"v":0,"d":"0.00"},"0_20631000_695_631","G",{"v":25.9924307972,"d":"25.99"},{"v":3.78085140617E-3,"d":"0.00"},{"v":0.422317430484,"d":"0.42"}]
[2,206,20631,{"v":8427.68427599999,"d":"8,427.68"},1705,{"v":0.20230943,"d":"0.20"}," ",410,20631000,{"v":7009.79644999999,"d":"7,009.80"},1424,{"v":0.203144272,"d":"0.20"},{"v":0,"d":"0.00"},{"v":0.921559671,"d":"0.92"},{"v":1312.30097099999,"d":"1,312.30"},{"v":111.6990289,"d":"111.70"},0,"0_20631000_695",{"v":6874.75597554999,"d":"6,874.76"},{"v":0,"d":"0.00"},{"v":111.6990289,"d":"111.70"},{"v":0,"d":"0.00"},"0_20631000_695_632","G",{"v":2.12113328074,"d":"2.12"},{"v":0.000308539428641,"d":"0.00"},{"v":0.0344635545566,"d":"0.03"}]
[2,206,20631,{"v":8427.68427599999,"d":"8,427.68"},1705,{"v":0.20230943,"d":"0.20"}," ",410,20631000,{"v":7009.79644999999,"d":"7,009.80"},1424,{"v":0.203144272,"d":"0.20"},{"v":0,"d":"0.00"},{"v":0.921559671,"d":"0.92"},{"v":1312.30097099999,"d":"1,312.30"},{"v":111.6990289,"d":"111.70"},0,"0_20631000_695",{"v":6874.75597554999,"d":"6,874.76"},{"v":0,"d":"0.00"},{"v":111.6990289,"d":"111.70"},{"v":0,"d":"0.00"},"0_20631000_695_633","G",{"v":0.0955233315045,"d":"0.10"},{"v":1.3894795953E-5,"d":"0.00"},{"v":0.00155203521467,"d":"0.00"}]
[2,206,20631,{"v":8427.68427599999,"d":"8,427.68"},1705,{"v":0.20230943,"d":"0.20"}," ",410,20631000,{"v":7009.79644999999,"d":"7,009.80"},1424,{"v":0.203144272,"d":"0.20"},{"v":0,"d":"0.00"},{"v":0.921559671,"d":"0.92"},{"v":1312.30097099999,"d":"1,312.30"},{"v":111.6990289,"d":"111.70"},0,"0_20631000_695",{"v":6874.75597554999,"d":"6,874.76"},{"v":0,"d":"0.00"},{"v":111.6990289,"d":"111.70"},{"v":0,"d":"0.00"},"0_20631000_695_634","G",{"v":29.2205878613,"d":"29.22"},{"v":0.0042504181916,"d":"0.00"},{"v":0.474767584421,"d":"0.47"}]
[2,206,20631,{"v":8427.68427599999,"d":"8,427.68"},1705,{"v":0.20230943,"d":"0.20"}," ",410,20631000,{"v":7009.79644999999,"d":"7,009.80"},1424,{"v":0.203144272,"d":"0.20"},{"v":0,"d":"0.00"},{"v":0.921559671,"d":"0.92"},{"v":1312.30097099999,"d":"1,312.30"},{"v":111.6990289,"d":"111.70"},0,"0_20631000_695",{"v":6874.75597554999,"d":"6,874.76"},{"v":0,"d":"0.00"},{"v":111.6990289,"d":"111.70"},{"v":0,"d":"0.00"},"0_20631000_695_635","G",{"v":0.783221213379,"d":"0.78"},{"v":1.13927129365E-4,"d":"0.00"},{"v":0.0127255497154,"d":"0.01"}]
[2,206,20631,{"v":8427.68427599999,"d":"8,427.68"},1705,{"v":0.20230943,"d":"0.20"}," ",410,20631000,{"v":7009.79644999999,"d":"7,009.80"},1424,{"v":0.203144272,"d":"0.20"},{"v":0,"d":"0.00"},{"v":0.921559671,"d":"0.92"},{"v":1312.30097099999,"d":"1,312.30"},{"v":111.6990289,"d":"111.70"},0,"0_20631000_695",{"v":6874.75597554999,"d":"6,874.76"},{"v":0,"d":"0.00"},{"v":111.6990289,"d":"111.70"},{"v":0,"d":"0.00"},"0_20631000_695_636","G",{"v":0.326937632613,"d":"0.33"},{"v":4.7556252728e-05,"d":"0.00"},{"v":0.00531198724778,"d":"0.01"}]
[2,206,20631,{"v":8427.68427599999,"d":"8,427.68"},1705,{"v":0.20230943,"d":"0.20"}," ",410,20631000,{"v":7009.79644999999,"d":"7,009.80"},1424,{"v":0.203144272,"d":"0.20"},{"v":0,"d":"0.00"},{"v":0.921559671,"d":"0.92"},{"v":1312.30097099999,"d":"1,312.30"},{"v":111.6990289,"d":"111.70"},0,"0_20631000_695",{"v":6874.75597554999,"d":"6,874.76"},{"v":0,"d":"0.00"},{"v":111.6990289,"d":"111.70"},{"v":0,"d":"0.00"},"0_20631000_695_637","G",{"v":0.000114093048425,"d":"0.00"},{"v":1.6595942E-8,"d":"0.00"},{"v":1.853750556e-06,"d":"0.00"}]
[2,206,20631,{"v":8427.68427599999,"d":"8,427.68"},1705,{"v":0.20230943,"d":"0.20"}," ",410,20631000,{"v":7009.79644999999,"d":"7,009.80"},1424,{"v":0.203144272,"d":"0.20"},{"v":0,"d":"0.00"},{"v":0.921559671,"d":"0.92"},{"v":1312.30097099999,"d":"1,312.30"},{"v":111.6990289,"d":"111.70"},0,"0_20631000_695",{"v":6874.75597554999,"d":"6,874.76"},{"v":0,"d":"0.00"},{"v":111.6990289,"d":"111.70"},{"v":0,"d":"0.00"},"0_20631000_695_638","G",{"v":62.9837257244,"d":"62.98"},{"v":0.00916159438217,"d":"0.01"},{"v":1.02334119566,"d":"1.02"}]
[2,206,20631,{"v":8427.68427599999,"d":"8,427.68"},1705,{"v":0.20230943,"d":"0.20"}," ",410,20631000,{"v":7009.79644999999,"d":"7,009.80"},1424,{"v":0.203144272,"d":"0.20"},{"v":0,"d":"0.00"},{"v":0.921559671,"d":"0.92"},{"v":1312.30097099999,"d":"1,312.30"},{"v":111.6990289,"d":"111.70"},0,"0_20631000_695",{"v":6874.75597554999,"d":"6,874.76"},{"v":0,"d":"0.00"},{"v":111.6990289,"d":"111.70"},{"v":0,"d":"0.00"},"0_20631000_695_639","G",{"v":2.67632449546,"d":"2.68"},{"v":0.000389297380878,"d":"0.00"},{"v":0.0434841393974,"d":"0.04"}]
[2,206,20631,{"v":8427.68427599999,"d":"8,427.68"},1705,{"v":0.20230943,"d":"0.20"}," ",410,20631000,{"v":7009.79644999999,"d":"7,009.80"},1424,{"v":0.203144272,"d":"0.20"},{"v":0,"d":"0.00"},{"v":0.921559671,"d":"0.92"},{"v":1312.30097099999,"d":"1,312.30"},{"v":111.6990289,"d":"111.70"},0,"0_20631000_695",{"v":6874.75597554999,"d":"6,874.76"},{"v":0,"d":"0.00"},{"v":111.6990289,"d":"111.70"},{"v":0,"d":"0.00"},"0_20631000_695_640","G",{"v":0.954939628694,"d":"0.95"},{"v":0.000138905239995,"d":"0.00"},{"v":0.0155155804166,"d":"0.02"}]
[2,206,20631,{"v":8427.68427599999,"d":"8,427.68"},1705,{"v":0.20230943,"d":"0.20"}," ",410,20631000,{"v":7009.79644999999,"d":"7,009.80"},1424,{"v":0.203144272,"d":"0.20"},{"v":0,"d":"0.00"},{"v":0.921559671,"d":"0.92"},{"v":1312.30097099999,"d":"1,312.30"},{"v":111.6990289,"d":"111.70"},0,"0_20631000_695",{"v":6874.75597554999,"d":"6,874.76"},{"v":0,"d":"0.00"},{"v":111.6990289,"d":"111.70"},{"v":0,"d":"0.00"},"0_20631000_695_641","G",{"v":0.0177726858041,"d":"0.02"},{"v":2.585209696e-06,"d":"0.00"},{"v":0.000288765412521,"d":"0.00"}]
[2,206,20631,{"v":8427.68427599999,"d":"8,427.68"},1705,{"v":0.20230943,"d":"0.20"}," ",410,20631000,{"v":7009.79644999999,"d":"7,009.80"},1424,{"v":0.203144272,"d":"0.20"},{"v":0,"d":"0.00"},{"v":0.921559671,"d":"0.92"},{"v":1312.30097099999,"d":"1,312.30"},{"v":111.6990289,"d":"111.70"},0,"0_20631000_695",{"v":6874.75597554999,"d":"6,874.76"},{"v":0,"d":"0.00"},{"v":111.6990289,"d":"111.70"},{"v":0,"d":"0.00"},"0_20631000_695_642","G",{"v":0.278102799941,"d":"0.28"},{"v":4.0452752204E-5,"d":"0.00"},{"v":0.00451853313751,"d":"0.00"}]
[2,206,20631,{"v":8427.68427599999,"d":"8,427.68"},1705,{"v":0.20230943,"d":"0.20"}," ",410,20631000,{"v":7009.79644999999,"d":"7,009.80"},1424,{"v":0.203144272,"d":"0.20"},{"v":0,"d":"0.00"},{"v":0.921559671,"d":"0.92"},{"v":1312.30097099999,"d":"1,312.30"},{"v":111.6990289,"d":"111.70"},0,"0_20631000_695",{"v":6874.75597554999,"d":"6,874.76"},{"v":0,"d":"0.00"},{"v":111.6990289,"d":"111.70"},{"v":0,"d":"0.00"},"0_20631000_695_643","G",{"v":20.5859866143999,"d":"20.59"},{"v":2.99443161148E-3,"d":"0.00"},{"v":0.33447510311,"d":"0.33"}]
[2,206,20631,{"v":8427.68427599999,"d":"8,427.68"},1705,{"v":0.20230943,"d":"0.20"}," ",410,20631000,{"v":7009.79644999999,"d":"7,009.80"},1424,{"v":0.203144272,"d":"0.20"},{"v":0,"d":"0.00"},{"v":0.921559671,"d":"0.92"},{"v":1312.30097099999,"d":"1,312.30"},{"v":111.6990289,"d":"111.70"},0,"0_20631000_695",{"v":6874.75597554999,"d":"6,874.76"},{"v":0,"d":"0.00"},{"v":111.6990289,"d":"111.70"},{"v":0,"d":"0.00"},"0_20631000_695_644","G",{"v":0.0135479184175,"d":"0.01"},{"v":1.970676263E-6,"d":"0.00"},{"v":0.000220122624895,"d":"0.00"}]
[2,206,20631,{"v":8427.68427599999,"d":"8,427.68"},1705,{"v":0.20230943,"d":"0.20"}," ",410,20631000,{"v":7009.79644999999,"d":"7,009.80"},1424,{"v":0.203144272,"d":"0.20"},{"v":0,"d":"0.00"},{"v":0.921559671,"d":"0.92"},{"v":1312.30097099999,"d":"1,312.30"},{"v":111.6990289,"d":"111.70"},0,"0_20631000_695",{"v":6874.75597554999,"d":"6,874.76"},{"v":0,"d":"0.00"},{"v":111.6990289,"d":"111.70"},{"v":0,"d":"0.00"},"0_20631000_695_645","G",{"v":1.02771404277,"d":"1.03"},{"v":1.49490985051E-4,"d":"0.00"},{"v":0.0166979978595,"d":"0.02"}]
[2,206,20631,{"v":8427.68427599999,"d":"8,427.68"},1705,{"v":0.20230943,"d":"0.20"}," ",410,20631000,{"v":7009.79644999999,"d":"7,009.80"},1424,{"v":0.203144272,"d":"0.20"},{"v":0,"d":"0.00"},{"v":0.921559671,"d":"0.92"},{"v":1312.30097099999,"d":"1,312.30"},{"v":111.6990289,"d":"111.70"},0,"0_20631000_695",{"v":6874.75597554999,"d":"6,874.76"},{"v":0,"d":"0.00"},{"v":111.6990289,"d":"111.70"},{"v":0,"d":"0.00"},"0_20631000_695_646","G",{"v":0.614144218258,"d":"0.61"},{"v":8.9333238946e-05,"d":"0.00"},{"v":0.00997843603874,"d":"0.01"}]
[2,206,20631,{"v":8427.68427599999,"d":"8,427.68"},1705,{"v":0.20230943,"d":"0.20"}," ",410,20631000,{"v":7009.79644999999,"d":"7,009.80"},1424,{"v":0.203144272,"d":"0.20"},{"v":0,"d":"0.00"},{"v":0.921559671,"d":"0.92"},{"v":1312.30097099999,"d":"1,312.30"},{"v":111.6990289,"d":"111.70"},0,"0_20631000_695",{"v":6874.75597554999,"d":"6,874.76"},{"v":0,"d":"0.00"},{"v":111.6990289,"d":"111.70"},{"v":0,"d":"0.00"},"0_20631000_695_647","G",{"v":4.7143389767e-05,"d":"0.00"},{"v":6.857464e-09,"d":"0.00"},{"v":7.6597204e-07,"d":"0.00"}]
[2,206,20631,{"v":8427.68427599999,"d":"8,427.68"},1705,{"v":0.20230943,"d":"0.20"}," ",410,20631000,{"v":7009.79644999999,"d":"7,009.80"},1424,{"v":0.203144272,"d":"0.20"},{"v":0,"d":"0.00"},{"v":0.921559671,"d":"0.92"},{"v":1312.30097099999,"d":"1,312.30"},{"v":111.6990289,"d":"111.70"},0,"0_20631000_695",{"v":6874.75597554999,"d":"6,874.76"},{"v":0,"d":"0.00"},{"v":111.6990289,"d":"111.70"},{"v":0,"d":"0.00"},"0_20631000_695_648","G",{"v":3.42079203681,"d":"3.42"},{"v":0.000497587412408,"d":"0.00"},{"v":0.0555800307588,"d":"0.06"}]
[2,206,20631,{"v":8427.68427599999,"d":"8,427.68"},1705,{"v":0.20230943,"d":"0.20"}," ",410,20631001,{"v":1417.88782603999,"d":"1,417.89"},281,{"v":0.198182109,"d":"0.20"},{"v":0,"d":"0.00"},{"v":0.921559671,"d":"0.92"},{"v":258.958267499999,"d":"258.96"},{"v":22.04173252,"d":"22.04"},0,"0_20631001_696",{"v":1387.50513165999,"d":"1,387.51"},{"v":0,"d":"0.00"},{"v":22.04173252,"d":"22.04"},{"v":0,"d":"0.00"},"0_20631001_696_649","außerhalb GKL",{"v":1361.62916575999,"d":"1,361.63"},{"v":0.981350724181,"d":"0.98"},{"v":21.6306701707,"d":"21.63"}]
[2,206,20631,{"v":8427.68427599999,"d":"8,427.68"},1705,{"v":0.20230943,"d":"0.20"}," ",410,20631001,{"v":1417.88782603999,"d":"1,417.89"},281,{"v":0.198182109,"d":"0.20"},{"v":0,"d":"0.00"},{"v":0.921559671,"d":"0.92"},{"v":258.958267499999,"d":"258.96"},{"v":22.04173252,"d":"22.04"},0,"0_20631001_696",{"v":1387.50513165999,"d":"1,387.51"},{"v":0,"d":"0.00"},{"v":22.04173252,"d":"22.04"},{"v":0,"d":"0.00"},"0_20631001_696_650","F",{"v":0.365434259746,"d":"0.37"},{"v":0.000263375068969,"d":"0.00"},{"v":0.00580524282265,"d":"0.01"}]
[2,206,20631,{"v":8427.68427599999,"d":"8,427.68"},1705,{"v":0.20230943,"d":"0.20"}," ",410,20631001,{"v":1417.88782603999,"d":"1,417.89"},281,{"v":0.198182109,"d":"0.20"},{"v":0,"d":"0.00"},{"v":0.921559671,"d":"0.92"},{"v":258.958267499999,"d":"258.96"},{"v":22.04173252,"d":"22.04"},0,"0_20631001_696",{"v":1387.50513165999,"d":"1,387.51"},{"v":0,"d":"0.00"},{"v":22.04173252,"d":"22.04"},{"v":0,"d":"0.00"},"0_20631001_696_651","G",{"v":3.08794855479E-3,"d":"0.00"},{"v":2.225540277E-6,"d":"0.00"},{"v":4.9054763494e-05,"d":"0.00"}]
[2,206,20631,{"v":8427.68427599999,"d":"8,427.68"},1705,{"v":0.20230943,"d":"0.20"}," ",410,20631001,{"v":1417.88782603999,"d":"1,417.89"},281,{"v":0.198182109,"d":"0.20"},{"v":0,"d":"0.00"},{"v":0.921559671,"d":"0.92"},{"v":258.958267499999,"d":"258.96"},{"v":22.04173252,"d":"22.04"},0,"0_20631001_696",{"v":1387.50513165999,"d":"1,387.51"},{"v":0,"d":"0.00"},{"v":22.04173252,"d":"22.04"},{"v":0,"d":"0.00"},"0_20631001_696_652","G",{"v":23.0815630518,"d":"23.08"},{"v":0.0166352992325,"d":"0.02"},{"v":0.366670816073,"d":"0.37"}]
[2,206,20631,{"v":8427.68427599999,"d":"8,427.68"},1705,{"v":0.20230943,"d":"0.20"}," ",410,20631001,{"v":1417.88782603999,"d":"1,417.89"},281,{"v":0.198182109,"d":"0.20"},{"v":0,"d":"0.00"},{"v":0.921559671,"d":"0.92"},{"v":258.958267499999,"d":"258.96"},{"v":22.04173252,"d":"22.04"},0,"0_20631001_696",{"v":1387.50513165999,"d":"1,387.51"},{"v":0,"d":"0.00"},{"v":22.04173252,"d":"22.04"},{"v":0,"d":"0.00"},"0_20631001_696_653","G",{"v":0.0500742852662,"d":"0.05"},{"v":3.608944149e-05,"d":"0.00"},{"v":0.000795473816121,"d":"0.00"}]
[2,206,20631,{"v":8427.68427599999,"d":"8,427.68"},1705,{"v":0.20230943,"d":"0.20"}," ",410,20631001,{"v":1417.88782603999,"d":"1,417.89"},281,{"v":0.198182109,"d":"0.20"},{"v":0,"d":"0.00"},{"v":0.921559671,"d":"0.92"},{"v":258.958267499999,"d":"258.96"},{"v":22.04173252,"d":"22.04"},0,"0_20631001_696",{"v":1387.50513165999,"d":"1,387.51"},{"v":0,"d":"0.00"},{"v":22.04173252,"d":"22.04"},{"v":0,"d":"0.00"},"0_20631001_696_654","G",{"v":0.021715756207,"d":"0.02"},{"v":1.565093758e-05,"d":"0.00"},{"v":0.000344973779817,"d":"0.00"}]
[2,206,20631,{"v":8427.68427599999,"d":"8,427.68"},1705,{"v":0.20230943,"d":"0.20"}," ",410,20631001,{"v":1417.88782603999,"d":"1,417.89"},281,{"v":0.198182109,"d":"0.20"},{"v":0,"d":"0.00"},{"v":0.921559671,"d":"0.92"},{"v":258.958267499999,"d":"258.96"},{"v":22.04173252,"d":"22.04"},0,"0_20631001_696",{"v":1387.50513165999,"d":"1,387.51"},{"v":0,"d":"0.00"},{"v":22.04173252,"d":"22.04"},{"v":0,"d":"0.00"},"0_20631001_696_655","G",{"v":0.139615074712,"d":"0.14"},{"v":1.00623105116E-4,"d":"0.00"},{"v":0.0022179075683,"d":"0.00"}]
[2,206,20631,{"v":8427.68427599999,"d":"8,427.68"},1705,{"v":0.20230943,"d":"0.20"}," ",410,20631001,{"v":1417.88782603999,"d":"1,417.89"},281,{"v":0.198182109,"d":"0.20"},{"v":0,"d":"0.00"},{"v":0.921559671,"d":"0.92"},{"v":258.958267499999,"d":"258.96"},{"v":22.04173252,"d":"22.04"},0,"0_20631001_696",{"v":1387.50513165999,"d":"1,387.51"},{"v":0,"d":"0.00"},{"v":22.04173252,"d":"22.04"},{"v":0,"d":"0.00"},"0_20631001_696_656","G",{"v":2.21447551745,"d":"2.21"},{"v":0.00159601248811,"d":"0.00"},{"v":0.0351788803615,"d":"0.04"}]
[2,206,20636,{"v":9646.250242,"d":"9,646.25"},1524,{"v":0.157988852,"d":"0.16"}," ",430,20636000,{"v":9646.25024237,"d":"9,646.25"},1524,{"v":0.157988852,"d":"0.16"},{"v":0,"d":"0.00"},{"v":0.905906425,"d":"0.91"},{"v":1380.60139099999,"d":"1,380.60"},{"v":143.398608599999,"d":"143.40"},0,"0_20636000_718",{"v":9550.95094038999,"d":"9,550.95"},{"v":0,"d":"0.00"},{"v":143.398608599999,"d":"143.40"},{"v":0,"d":"0.00"},"0_20636000_718_657","außerhalb GKL",{"v":9258.87891836999,"d":"9,258.88"},{"v":0.969419587239,"d":"0.97"},{"v":139.013419959999,"d":"139.01"}]
[2,206,20636,{"v":9646.250242,"d":"9,646.25"},1524,{"v":0.157988852,"d":"0.16"}," ",430,20636000,{"v":9646.25024237,"d":"9,646.25"},1524,{"v":0.157988852,"d":"0.16"},{"v":0,"d":"0.00"},{"v":0.905906425,"d":"0.91"},{"v":1380.60139099999,"d":"1,380.60"},{"v":143.398608599999,"d":"143.40"},0,"0_20636000_718",{"v":9550.95094038999,"d":"9,550.95"},{"v":0,"d":"0.00"},{"v":143.398608599999,"d":"143.40"},{"v":0,"d":"0.00"},"0_20636000_718_658","außerhalb GKL",{"v":4.18523364568,"d":"4.19"},{"v":0.000438200727006,"d":"0.00"},{"v":0.0628373745402,"d":"0.06"}]
[2,206,20636,{"v":9646.250242,"d":"9,646.25"},1524,{"v":0.157988852,"d":"0.16"}," ",430,20636000,{"v":9646.25024237,"d":"9,646.25"},1524,{"v":0.157988852,"d":"0.16"},{"v":0,"d":"0.00"},{"v":0.905906425,"d":"0.91"},{"v":1380.60139099999,"d":"1,380.60"},{"v":143.398608599999,"d":"143.40"},0,"0_20636000_718",{"v":9550.95094038999,"d":"9,550.95"},{"v":0,"d":"0.00"},{"v":143.398608599999,"d":"143.40"},{"v":0,"d":"0.00"},"0_20636000_718_659","F",{"v":1.9592873707,"d":"1.96"},{"v":0.000205140554373,"d":"0.00"},{"v":0.0294168700645,"d":"0.03"}]
[2,206,20636,{"v":9646.250242,"d":"9,646.25"},1524,{"v":0.157988852,"d":"0.16"}," ",430,20636000,{"v":9646.25024237,"d":"9,646.25"},1524,{"v":0.157988852,"d":"0.16"},{"v":0,"d":"0.00"},{"v":0.905906425,"d":"0.91"},{"v":1380.60139099999,"d":"1,380.60"},{"v":143.398608599999,"d":"143.40"},0,"0_20636000_718",{"v":9550.95094038999,"d":"9,550.95"},{"v":0,"d":"0.00"},{"v":143.398608599999,"d":"143.40"},{"v":0,"d":"0.00"},"0_20636000_718_660","F",{"v":3.62814831722,"d":"3.63"},{"v":3.79872992738E-4,"d":"0.00"},{"v":0.0544732586033,"d":"0.05"}]
[2,206,20636,{"v":9646.250242,"d":"9,646.25"},1524,{"v":0.157988852,"d":"0.16"}," ",430,20636000,{"v":9646.25024237,"d":"9,646.25"},1524,{"v":0.157988852,"d":"0.16"},{"v":0,"d":"0.00"},{"v":0.905906425,"d":"0.91"},{"v":1380.60139099999,"d":"1,380.60"},{"v":143.398608599999,"d":"143.40"},0,"0_20636000_718",{"v":9550.95094038999,"d":"9,550.95"},{"v":0,"d":"0.00"},{"v":143.398608599999,"d":"143.40"},{"v":0,"d":"0.00"},"0_20636000_718_661","F",{"v":0.12983938697,"d":"0.13"},{"v":1.3594393666e-05,"d":"0.00"},{"v":1.94941713649E-3,"d":"0.00"}]
[2,206,20636,{"v":9646.250242,"d":"9,646.25"},1524,{"v":0.157988852,"d":"0.16"}," ",430,20636000,{"v":9646.25024237,"d":"9,646.25"},1524,{"v":0.157988852,"d":"0.16"},{"v":0,"d":"0.00"},{"v":0.905906425,"d":"0.91"},{"v":1380.60139099999,"d":"1,380.60"},{"v":143.398608599999,"d":"143.40"},0,"0_20636000_718",{"v":9550.95094038999,"d":"9,550.95"},{"v":0,"d":"0.00"},{"v":143.398608599999,"d":"143.40"},{"v":0,"d":"0.00"},"0_20636000_718_662","F",{"v":8.19113950096999,"d":"8.19"},{"v":0.000857625544524,"d":"0.00"},{"v":0.122982309785,"d":"0.12"}]
[2,206,20636,{"v":9646.250242,"d":"9,646.25"},1524,{"v":0.157988852,"d":"0.16"}," ",430,20636000,{"v":9646.25024237,"d":"9,646.25"},1524,{"v":0.157988852,"d":"0.16"},{"v":0,"d":"0.00"},{"v":0.905906425,"d":"0.91"},{"v":1380.60139099999,"d":"1,380.60"},{"v":143.398608599999,"d":"143.40"},0,"0_20636000_718",{"v":9550.95094038999,"d":"9,550.95"},{"v":0,"d":"0.00"},{"v":143.398608599999,"d":"143.40"},{"v":0,"d":"0.00"},"0_20636000_718_663","F",{"v":7.39333478549,"d":"7.39"},{"v":0.000774094101376,"d":"0.00"},{"v":0.111004017063,"d":"0.11"}]
[2,206,20636,{"v":9646.250242,"d":"9,646.25"},1524,{"v":0.157988852,"d":"0.16"}," ",430,20636000,{"v":9646.25024237,"d":"9,646.25"},1524,{"v":0.157988852,"d":"0.16"},{"v":0,"d":"0.00"},{"v":0.905906425,"d":"0.91"},{"v":1380.60139099999,"d":"1,380.60"},{"v":143.398608599999,"d":"143.40"},0,"0_20636000_718",{"v":9550.95094038999,"d":"9,550.95"},{"v":0,"d":"0.00"},{"v":143.398608599999,"d":"143.40"},{"v":0,"d":"0.00"},"0_20636000_718_664","F",{"v":6.96763844478,"d":"6.97"},{"v":0.00072952300648,"d":"0.00"},{"v":0.104612584071,"d":"0.10"}]
[2,206,20636,{"v":9646.250242,"d":"9,646.25"},1524,{"v":0.157988852,"d":"0.16"}," ",430,20636000,{"v":9646.25024237,"d":"9,646.25"},1524,{"v":0.157988852,"d":"0.16"},{"v":0,"d":"0.00"},{"v":0.905906425,"d":"0.91"},{"v":1380.60139099999,"d":"1,380.60"},{"v":143.398608599999,"d":"143.40"},0,"0_20636000_718",{"v":9550.95094038999,"d":"9,550.95"},{"v":0,"d":"0.00"},{"v":143.398608599999,"d":"143.40"},{"v":0,"d":"0.00"},"0_20636000_718_665","F",{"v":0.623961422259,"d":"0.62"},{"v":6.5329769376E-5,"d":"0.00"},{"v":0.00936819802871,"d":"0.01"}]
[2,206,20636,{"v":9646.250242,"d":"9,646.25"},1524,{"v":0.157988852,"d":"0.16"}," ",430,20636000,{"v":9646.25024237,"d":"9,646.25"},1524,{"v":0.157988852,"d":"0.16"},{"v":0,"d":"0.00"},{"v":0.905906425,"d":"0.91"},{"v":1380.60139099999,"d":"1,380.60"},{"v":143.398608599999,"d":"143.40"},0,"0_20636000_718",{"v":9550.95094038999,"d":"9,550.95"},{"v":0,"d":"0.00"},{"v":143.398608599999,"d":"143.40"},{"v":0,"d":"0.00"},"0_20636000_718_666","F",{"v":0.0573687663427,"d":"0.06"},{"v":6.006602557e-06,"d":"0.00"},{"v":0.000861338449123,"d":"0.00"}]
[2,206,20636,{"v":9646.250242,"d":"9,646.25"},1524,{"v":0.157988852,"d":"0.16"}," ",430,20636000,{"v":9646.25024237,"d":"9,646.25"},1524,{"v":0.157988852,"d":"0.16"},{"v":0,"d":"0.00"},{"v":0.905906425,"d":"0.91"},{"v":1380.60139099999,"d":"1,380.60"},{"v":143.398608599999,"d":"143.40"},0,"0_20636000_718",{"v":9550.95094038999,"d":"9,550.95"},{"v":0,"d":"0.00"},{"v":143.398608599999,"d":"143.40"},{"v":0,"d":"0.00"},"0_20636000_718_667","F",{"v":0.215628713003,"d":"0.22"},{"v":2.2576674757e-05,"d":"0.00"},{"v":0.003237463747,"d":"0.00"}]
[2,206,20636,{"v":9646.250242,"d":"9,646.25"},1524,{"v":0.157988852,"d":"0.16"}," ",430,20636000,{"v":9646.25024237,"d":"9,646.25"},1524,{"v":0.157988852,"d":"0.16"},{"v":0,"d":"0.00"},{"v":0.905906425,"d":"0.91"},{"v":1380.60139099999,"d":"1,380.60"},{"v":143.398608599999,"d":"143.40"},0,"0_20636000_718",{"v":9550.95094038999,"d":"9,550.95"},{"v":0,"d":"0.00"},{"v":143.398608599999,"d":"143.40"},{"v":0,"d":"0.00"},"0_20636000_718_668","F",{"v":0.661420314757,"d":"0.66"},{"v":6.9251775963e-05,"d":"0.00"},{"v":0.00993060831616,"d":"0.01"}]
[2,206,20636,{"v":9646.250242,"d":"9,646.25"},1524,{"v":0.157988852,"d":"0.16"}," ",430,20636000,{"v":9646.25024237,"d":"9,646.25"},1524,{"v":0.157988852,"d":"0.16"},{"v":0,"d":"0.00"},{"v":0.905906425,"d":"0.91"},{"v":1380.60139099999,"d":"1,380.60"},{"v":143.398608599999,"d":"143.40"},0,"0_20636000_718",{"v":9550.95094038999,"d":"9,550.95"},{"v":0,"d":"0.00"},{"v":143.398608599999,"d":"143.40"},{"v":0,"d":"0.00"},"0_20636000_718_669","F",{"v":10.4478534548,"d":"10.45"},{"v":1.09390714286E-3,"d":"0.00"},{"v":0.156864762224,"d":"0.16"}]
[2,206,20636,{"v":9646.250242,"d":"9,646.25"},1524,{"v":0.157988852,"d":"0.16"}," ",430,20636000,{"v":9646.25024237,"d":"9,646.25"},1524,{"v":0.157988852,"d":"0.16"},{"v":0,"d":"0.00"},{"v":0.905906425,"d":"0.91"},{"v":1380.60139099999,"d":"1,380.60"},{"v":143.398608599999,"d":"143.40"},0,"0_20636000_718",{"v":9550.95094038999,"d":"9,550.95"},{"v":0,"d":"0.00"},{"v":143.398608599999,"d":"143.40"},{"v":0,"d":"0.00"},"0_20636000_718_670","G",{"v":43.0032561628,"d":"43.00"},{"v":0.00450251042343,"d":"0.00"},{"v":0.645653729927,"d":"0.65"}]
[2,206,20636,{"v":9646.250242,"d":"9,646.25"},1524,{"v":0.157988852,"d":"0.16"}," ",430,20636000,{"v":9646.25024237,"d":"9,646.25"},1524,{"v":0.157988852,"d":"0.16"},{"v":0,"d":"0.00"},{"v":0.905906425,"d":"0.91"},{"v":1380.60139099999,"d":"1,380.60"},{"v":143.398608599999,"d":"143.40"},0,"0_20636000_718",{"v":9550.95094038999,"d":"9,550.95"},{"v":0,"d":"0.00"},{"v":143.398608599999,"d":"143.40"},{"v":0,"d":"0.00"},"0_20636000_718_671","G",{"v":88.6256995995999,"d":"88.63"},{"v":0.00927925398766,"d":"0.01"},{"v":1.33063211068,"d":"1.33"}]
[2,206,20636,{"v":9646.250242,"d":"9,646.25"},1524,{"v":0.157988852,"d":"0.16"}," ",430,20636000,{"v":9646.25024237,"d":"9,646.25"},1524,{"v":0.157988852,"d":"0.16"},{"v":0,"d":"0.00"},{"v":0.905906425,"d":"0.91"},{"v":1380.60139099999,"d":"1,380.60"},{"v":143.398608599999,"d":"143.40"},0,"0_20636000_718",{"v":9550.95094038999,"d":"9,550.95"},{"v":0,"d":"0.00"},{"v":143.398608599999,"d":"143.40"},{"v":0,"d":"0.00"},"0_20636000_718_672","G",{"v":113.962990371999,"d":"113.96"},{"v":0.0119321092824,"d":"0.01"},{"v":1.71104786876,"d":"1.71"}]
[2,206,20636,{"v":9646.250242,"d":"9,646.25"},1524,{"v":0.157988852,"d":"0.16"}," ",430,20636000,{"v":9646.25024237,"d":"9,646.25"},1524,{"v":0.157988852,"d":"0.16"},{"v":0,"d":"0.00"},{"v":0.905906425,"d":"0.91"},{"v":1380.60139099999,"d":"1,380.60"},{"v":143.398608599999,"d":"143.40"},0,"0_20636000_718",{"v":9550.95094038999,"d":"9,550.95"},{"v":0,"d":"0.00"},{"v":143.398608599999,"d":"143.40"},{"v":0,"d":"0.00"},"0_20636000_718_673","G",{"v":0.0678401053529,"d":"0.07"},{"v":7.102968676e-06,"d":"0.00"},{"v":1.01855582503E-3,"d":"0.00"}]
[2,206,20636,{"v":9646.250242,"d":"9,646.25"},1524,{"v":0.157988852,"d":"0.16"}," ",430,20636000,{"v":9646.25024237,"d":"9,646.25"},1524,{"v":0.157988852,"d":"0.16"},{"v":0,"d":"0.00"},{"v":0.905906425,"d":"0.91"},{"v":1380.60139099999,"d":"1,380.60"},{"v":143.398608599999,"d":"143.40"},0,"0_20636000_718",{"v":9550.95094038999,"d":"9,550.95"},{"v":0,"d":"0.00"},{"v":143.398608599999,"d":"143.40"},{"v":0,"d":"0.00"},"0_20636000_718_674","G",{"v":0.359218256173,"d":"0.36"},{"v":3.7610732001e-05,"d":"0.00"},{"v":0.00539332663736,"d":"0.01"}]
[2,206,20636,{"v":9646.250242,"d":"9,646.25"},1524,{"v":0.157988852,"d":"0.16"}," ",430,20636000,{"v":9646.25024237,"d":"9,646.25"},1524,{"v":0.157988852,"d":"0.16"},{"v":0,"d":"0.00"},{"v":0.905906425,"d":"0.91"},{"v":1380.60139099999,"d":"1,380.60"},{"v":143.398608599999,"d":"143.40"},0,"0_20636000_718",{"v":9550.95094038999,"d":"9,550.95"},{"v":0,"d":"0.00"},{"v":143.398608599999,"d":"143.40"},{"v":0,"d":"0.00"},"0_20636000_718_675","G",{"v":1.00918083033,"d":"1.01"},{"v":1.05662864005E-4,"d":"0.00"},{"v":0.015151907679,"d":"0.02"}]
[2,206,20636,{"v":9646.250242,"d":"9,646.25"},1524,{"v":0.157988852,"d":"0.16"}," ",430,20636000,{"v":9646.25024237,"d":"9,646.25"},1524,{"v":0.157988852,"d":"0.16"},{"v":0,"d":"0.00"},{"v":0.905906425,"d":"0.91"},{"v":1380.60139099999,"d":"1,380.60"},{"v":143.398608599999,"d":"143.40"},0,"0_20636000_718",{"v":9550.95094038999,"d":"9,550.95"},{"v":0,"d":"0.00"},{"v":143.398608599999,"d":"143.40"},{"v":0,"d":"0.00"},"0_20636000_718_676","G",{"v":0.437664207344,"d":"0.44"},{"v":4.5824149875e-05,"d":"0.00"},{"v":0.0065711193324,"d":"0.01"}]
[2,206,20636,{"v":9646.250242,"d":"9,646.25"},1524,{"v":0.157988852,"d":"0.16"}," ",430,20636000,{"v":9646.25024237,"d":"9,646.25"},1524,{"v":0.157988852,"d":"0.16"},{"v":0,"d":"0.00"},{"v":0.905906425,"d":"0.91"},{"v":1380.60139099999,"d":"1,380.60"},{"v":143.398608599999,"d":"143.40"},0,"0_20636000_718",{"v":9550.95094038999,"d":"9,550.95"},{"v":0,"d":"0.00"},{"v":143.398608599999,"d":"143.40"},{"v":0,"d":"0.00"},"0_20636000_718_677","G",{"v":0.0123764322225,"d":"0.01"},{"v":1.295832457E-6,"d":"0.00"},{"v":0.000185820571294,"d":"0.00"}]
[2,206,20636,{"v":9646.250242,"d":"9,646.25"},1524,{"v":0.157988852,"d":"0.16"}," ",430,20636000,{"v":9646.25024237,"d":"9,646.25"},1524,{"v":0.157988852,"d":"0.16"},{"v":0,"d":"0.00"},{"v":0.905906425,"d":"0.91"},{"v":1380.60139099999,"d":"1,380.60"},{"v":143.398608599999,"d":"143.40"},0,"0_20636000_718",{"v":9550.95094038999,"d":"9,550.95"},{"v":0,"d":"0.00"},{"v":143.398608599999,"d":"143.40"},{"v":0,"d":"0.00"},"0_20636000_718_678","G",{"v":0.0565604717442,"d":"0.06"},{"v":5.921972806E-6,"d":"0.00"},{"v":8.49202660603E-4,"d":"0.00"}]
[2,206,20636,{"v":9646.250242,"d":"9,646.25"},1524,{"v":0.157988852,"d":"0.16"}," ",430,20636000,{"v":9646.25024237,"d":"9,646.25"},1524,{"v":0.157988852,"d":"0.16"},{"v":0,"d":"0.00"},{"v":0.905906425,"d":"0.91"},{"v":1380.60139099999,"d":"1,380.60"},{"v":143.398608599999,"d":"143.40"},0,"0_20636000_718",{"v":9550.95094038999,"d":"9,550.95"},{"v":0,"d":"0.00"},{"v":143.398608599999,"d":"143.40"},{"v":0,"d":"0.00"},"0_20636000_718_679","G",{"v":0.0750847748009,"d":"0.08"},{"v":7.861497276e-06,"d":"0.00"},{"v":0.00112732777089,"d":"0.00"}]
[2,206,20636,{"v":9646.250242,"d":"9,646.25"},1524,{"v":0.157988852,"d":"0.16"}," ",430,20636000,{"v":9646.25024237,"d":"9,646.25"},1524,{"v":0.157988852,"d":"0.16"},{"v":0,"d":"0.00"},{"v":0.905906425,"d":"0.91"},{"v":1380.60139099999,"d":"1,380.60"},{"v":143.398608599999,"d":"143.40"},0,"0_20636000_718",{"v":9550.95094038999,"d":"9,550.95"},{"v":0,"d":"0.00"},{"v":143.398608599999,"d":"143.40"},{"v":0,"d":"0.00"},"0_20636000_718_680","G",{"v":1.29668939073E-3,"d":"0.00"},{"v":1.35765475E-7,"d":"0.00"},{"v":1.9468580205e-05,"d":"0.00"}]
[2,206,20637,{"v":8133.06947,"d":"8,133.07"},2039,{"v":0.250704855,"d":"0.25"},"M",410,20637000,{"v":251.700039505,"d":"251.70"},1334,{"v":5.299959438,"d":"5.30"},{"v":0,"d":"0.00"},{"v":0.921559671,"d":"0.92"},{"v":1229.360601,"d":"1,229.36"},{"v":104.6393992,"d":"104.64"},0,"0_20637000_719",{"v":163.484292184999,"d":"163.48"},{"v":0,"d":"0.00"},{"v":104.6393992,"d":"104.64"},{"v":0,"d":"0.00"},"0_20637000_719_681","außerhalb GKL",{"v":40.4322601097,"d":"40.43"},{"v":0.247315870958,"d":"0.25"},{"v":25.8789841496999,"d":"25.88"}]
[2,206,20637,{"v":8133.06947,"d":"8,133.07"},2039,{"v":0.250704855,"d":"0.25"},"M",410,20637000,{"v":251.700039505,"d":"251.70"},1334,{"v":5.299959438,"d":"5.30"},{"v":0,"d":"0.00"},{"v":0.921559671,"d":"0.92"},{"v":1229.360601,"d":"1,229.36"},{"v":104.6393992,"d":"104.64"},0,"0_20637000_719",{"v":163.484292184999,"d":"163.48"},{"v":0,"d":"0.00"},{"v":104.6393992,"d":"104.64"},{"v":0,"d":"0.00"},"0_20637000_719_682","außerhalb GKL",{"v":0.574720612171,"d":"0.57"},{"v":0.0035154485149,"d":"0.00"},{"v":0.367854420518,"d":"0.37"}]
[2,206,20637,{"v":8133.06947,"d":"8,133.07"},2039,{"v":0.250704855,"d":"0.25"},"M",410,20637000,{"v":251.700039505,"d":"251.70"},1334,{"v":5.299959438,"d":"5.30"},{"v":0,"d":"0.00"},{"v":0.921559671,"d":"0.92"},{"v":1229.360601,"d":"1,229.36"},{"v":104.6393992,"d":"104.64"},0,"0_20637000_719",{"v":163.484292184999,"d":"163.48"},{"v":0,"d":"0.00"},{"v":104.6393992,"d":"104.64"},{"v":0,"d":"0.00"},"0_20637000_719_683","außerhalb GKL",{"v":73.6492344738,"d":"73.65"},{"v":0.450497313775,"d":"0.45"},{"v":47.1397682546,"d":"47.14"}]
[2,206,20637,{"v":8133.06947,"d":"8,133.07"},2039,{"v":0.250704855,"d":"0.25"},"M",410,20637000,{"v":251.700039505,"d":"251.70"},1334,{"v":5.299959438,"d":"5.30"},{"v":0,"d":"0.00"},{"v":0.921559671,"d":"0.92"},{"v":1229.360601,"d":"1,229.36"},{"v":104.6393992,"d":"104.64"},0,"0_20637000_719",{"v":163.484292184999,"d":"163.48"},{"v":0,"d":"0.00"},{"v":104.6393992,"d":"104.64"},{"v":0,"d":"0.00"},"0_20637000_719_684","außerhalb GKL",{"v":0.0024428623907,"d":"0.00"},{"v":1.4942489936E-5,"d":"0.00"},{"v":0.00156357316948,"d":"0.00"}]
[2,206,20637,{"v":8133.06947,"d":"8,133.07"},2039,{"v":0.250704855,"d":"0.25"},"M",410,20637000,{"v":251.700039505,"d":"251.70"},1334,{"v":5.299959438,"d":"5.30"},{"v":0,"d":"0.00"},{"v":0.921559671,"d":"0.92"},{"v":1229.360601,"d":"1,229.36"},{"v":104.6393992,"d":"104.64"},0,"0_20637000_719",{"v":163.484292184999,"d":"163.48"},{"v":0,"d":"0.00"},{"v":104.6393992,"d":"104.64"},{"v":0,"d":"0.00"},"0_20637000_719_685","außerhalb GKL",{"v":0.0311873954766,"d":"0.03"},{"v":1.90766923597E-4,"d":"0.00"},{"v":0.0199617362724,"d":"0.02"}]
[2,206,20637,{"v":8133.06947,"d":"8,133.07"},2039,{"v":0.250704855,"d":"0.25"},"M",410,20637000,{"v":251.700039505,"d":"251.70"},1334,{"v":5.299959438,"d":"5.30"},{"v":0,"d":"0.00"},{"v":0.921559671,"d":"0.92"},{"v":1229.360601,"d":"1,229.36"},{"v":104.6393992,"d":"104.64"},0,"0_20637000_719",{"v":163.484292184999,"d":"163.48"},{"v":0,"d":"0.00"},{"v":104.6393992,"d":"104.64"},{"v":0,"d":"0.00"},"0_20637000_719_686","außerhalb GKL",{"v":1.5949300508,"d":"1.59"},{"v":0.00975586112576,"d":"0.01"},{"v":1.02084744688,"d":"1.02"}]
[2,206,20637,{"v":8133.06947,"d":"8,133.07"},2039,{"v":0.250704855,"d":"0.25"},"M",410,20637000,{"v":251.700039505,"d":"251.70"},1334,{"v":5.299959438,"d":"5.30"},{"v":0,"d":"0.00"},{"v":0.921559671,"d":"0.92"},{"v":1229.360601,"d":"1,229.36"},{"v":104.6393992,"d":"104.64"},0,"0_20637000_719",{"v":163.484292184999,"d":"163.48"},{"v":0,"d":"0.00"},{"v":104.6393992,"d":"104.64"},{"v":0,"d":"0.00"},"0_20637000_719_687","außerhalb GKL",{"v":0.0252764915384,"d":"0.03"},{"v":1.54611132364E-4,"d":"0.00"},{"v":0.0161784160002,"d":"0.02"}]
[2,206,20637,{"v":8133.06947,"d":"8,133.07"},2039,{"v":0.250704855,"d":"0.25"},"M",410,20637000,{"v":251.700039505,"d":"251.70"},1334,{"v":5.299959438,"d":"5.30"},{"v":0,"d":"0.00"},{"v":0.921559671,"d":"0.92"},{"v":1229.360601,"d":"1,229.36"},{"v":104.6393992,"d":"104.64"},0,"0_20637000_719",{"v":163.484292184999,"d":"163.48"},{"v":0,"d":"0.00"},{"v":104.6393992,"d":"104.64"},{"v":0,"d":"0.00"},"0_20637000_719_688","außerhalb GKL",{"v":0.0931155000875,"d":"0.09"},{"v":0.000569568481736,"d":"0.00"},{"v":0.0595993037321,"d":"0.06"}]
[2,206,20637,{"v":8133.06947,"d":"8,133.07"},2039,{"v":0.250704855,"d":"0.25"},"M",410,20637000,{"v":251.700039505,"d":"251.70"},1334,{"v":5.299959438,"d":"5.30"},{"v":0,"d":"0.00"},{"v":0.921559671,"d":"0.92"},{"v":1229.360601,"d":"1,229.36"},{"v":104.6393992,"d":"104.64"},0,"0_20637000_719",{"v":163.484292184999,"d":"163.48"},{"v":0,"d":"0.00"},{"v":104.6393992,"d":"104.64"},{"v":0,"d":"0.00"},"0_20637000_719_689","außerhalb GKL",{"v":0.0368477785273,"d":"0.04"},{"v":0.000225390329767,"d":"0.00"},{"v":0.0235847086923,"d":"0.02"}]
[2,206,20637,{"v":8133.06947,"d":"8,133.07"},2039,{"v":0.250704855,"d":"0.25"},"M",410,20637000,{"v":251.700039505,"d":"251.70"},1334,{"v":5.299959438,"d":"5.30"},{"v":0,"d":"0.00"},{"v":0.921559671,"d":"0.92"},{"v":1229.360601,"d":"1,229.36"},{"v":104.6393992,"d":"104.64"},0,"0_20637000_719",{"v":163.484292184999,"d":"163.48"},{"v":0,"d":"0.00"},{"v":104.6393992,"d":"104.64"},{"v":0,"d":"0.00"},"0_20637000_719_690","außerhalb GKL",{"v":0.146438054878,"d":"0.15"},{"v":0.000895731650551,"d":"0.00"},{"v":0.0937288217581,"d":"0.09"}]
[2,206,20637,{"v":8133.06947,"d":"8,133.07"},2039,{"v":0.250704855,"d":"0.25"},"M",410,20637000,{"v":251.700039505,"d":"251.70"},1334,{"v":5.299959438,"d":"5.30"},{"v":0,"d":"0.00"},{"v":0.921559671,"d":"0.92"},{"v":1229.360601,"d":"1,229.36"},{"v":104.6393992,"d":"104.64"},0,"0_20637000_719",{"v":163.484292184999,"d":"163.48"},{"v":0,"d":"0.00"},{"v":104.6393992,"d":"104.64"},{"v":0,"d":"0.00"},"0_20637000_719_691","C",{"v":3.02570647577,"d":"3.03"},{"v":0.0185076280744,"d":"0.02"},{"v":1.93662708232,"d":"1.94"}]
[2,206,20637,{"v":8133.06947,"d":"8,133.07"},2039,{"v":0.250704855,"d":"0.25"},"M",410,20637000,{"v":251.700039505,"d":"251.70"},1334,{"v":5.299959438,"d":"5.30"},{"v":0,"d":"0.00"},{"v":0.921559671,"d":"0.92"},{"v":1229.360601,"d":"1,229.36"},{"v":104.6393992,"d":"104.64"},0,"0_20637000_719",{"v":163.484292184999,"d":"163.48"},{"v":0,"d":"0.00"},{"v":104.6393992,"d":"104.64"},{"v":0,"d":"0.00"},"0_20637000_719_692","D",{"v":7.31878272294,"d":"7.32"},{"v":0.044767497997,"d":"0.04"},{"v":4.68444409409,"d":"4.68"}]
[2,206,20637,{"v":8133.06947,"d":"8,133.07"},2039,{"v":0.250704855,"d":"0.25"},"M",410,20637000,{"v":251.700039505,"d":"251.70"},1334,{"v":5.299959438,"d":"5.30"},{"v":0,"d":"0.00"},{"v":0.921559671,"d":"0.92"},{"v":1229.360601,"d":"1,229.36"},{"v":104.6393992,"d":"104.64"},0,"0_20637000_719",{"v":163.484292184999,"d":"163.48"},{"v":0,"d":"0.00"},{"v":104.6393992,"d":"104.64"},{"v":0,"d":"0.00"},"0_20637000_719_693","E",{"v":3.10009578506,"d":"3.10"},{"v":0.0189626522746,"d":"0.02"},{"v":1.98424054125,"d":"1.98"}]
[2,206,20637,{"v":8133.06947,"d":"8,133.07"},2039,{"v":0.250704855,"d":"0.25"},"M",410,20637000,{"v":251.700039505,"d":"251.70"},1334,{"v":5.299959438,"d":"5.30"},{"v":0,"d":"0.00"},{"v":0.921559671,"d":"0.92"},{"v":1229.360601,"d":"1,229.36"},{"v":104.6393992,"d":"104.64"},0,"0_20637000_719",{"v":163.484292184999,"d":"163.48"},{"v":0,"d":"0.00"},{"v":104.6393992,"d":"104.64"},{"v":0,"d":"0.00"},"0_20637000_719_694","E",{"v":4.11136180694,"d":"4.11"},{"v":0.0251483598332,"d":"0.03"},{"v":2.63150926381,"d":"2.63"}]
[2,206,20637,{"v":8133.06947,"d":"8,133.07"},2039,{"v":0.250704855,"d":"0.25"},"M",410,20637000,{"v":251.700039505,"d":"251.70"},1334,{"v":5.299959438,"d":"5.30"},{"v":0,"d":"0.00"},{"v":0.921559671,"d":"0.92"},{"v":1229.360601,"d":"1,229.36"},{"v":104.6393992,"d":"104.64"},0,"0_20637000_719",{"v":163.484292184999,"d":"163.48"},{"v":0,"d":"0.00"},{"v":104.6393992,"d":"104.64"},{"v":0,"d":"0.00"},"0_20637000_719_695","E",{"v":0.184856314182,"d":"0.18"},{"v":0.00113072829023,"d":"0.00"},{"v":0.118318728948,"d":"0.12"}]
[2,206,20637,{"v":8133.06947,"d":"8,133.07"},2039,{"v":0.250704855,"d":"0.25"},"M",410,20637000,{"v":251.700039505,"d":"251.70"},1334,{"v":5.299959438,"d":"5.30"},{"v":0,"d":"0.00"},{"v":0.921559671,"d":"0.92"},{"v":1229.360601,"d":"1,229.36"},{"v":104.6393992,"d":"104.64"},0,"0_20637000_719",{"v":163.484292184999,"d":"163.48"},{"v":0,"d":"0.00"},{"v":104.6393992,"d":"104.64"},{"v":0,"d":"0.00"},"0_20637000_719_696","E",{"v":0.000718886747184,"d":"0.00"},{"v":4.397283296e-06,"d":"0.00"},{"v":0.000460129082206,"d":"0.00"}]
[2,206,20637,{"v":8133.06947,"d":"8,133.07"},2039,{"v":0.250704855,"d":"0.25"},"M",410,20637000,{"v":251.700039505,"d":"251.70"},1334,{"v":5.299959438,"d":"5.30"},{"v":0,"d":"0.00"},{"v":0.921559671,"d":"0.92"},{"v":1229.360601,"d":"1,229.36"},{"v":104.6393992,"d":"104.64"},0,"0_20637000_719",{"v":163.484292184999,"d":"163.48"},{"v":0,"d":"0.00"},{"v":104.6393992,"d":"104.64"},{"v":0,"d":"0.00"},"0_20637000_719_697","E",{"v":1.08906796962,"d":"1.09"},{"v":0.00666160617063,"d":"0.01"},{"v":0.697066467402,"d":"0.70"}]
[2,206,20637,{"v":8133.06947,"d":"8,133.07"},2039,{"v":0.250704855,"d":"0.25"},"M",410,20637000,{"v":251.700039505,"d":"251.70"},1334,{"v":5.299959438,"d":"5.30"},{"v":0,"d":"0.00"},{"v":0.921559671,"d":"0.92"},{"v":1229.360601,"d":"1,229.36"},{"v":104.6393992,"d":"104.64"},0,"0_20637000_719",{"v":163.484292184999,"d":"163.48"},{"v":0,"d":"0.00"},{"v":104.6393992,"d":"104.64"},{"v":0,"d":"0.00"},"0_20637000_719_698","F",{"v":3.93780435417,"d":"3.94"},{"v":0.0240867443688,"d":"0.02"},{"v":2.52042245944,"d":"2.52"}]
[2,206,20637,{"v":8133.06947,"d":"8,133.07"},2039,{"v":0.250704855,"d":"0.25"},"M",410,20637000,{"v":251.700039505,"d":"251.70"},1334,{"v":5.299959438,"d":"5.30"},{"v":0,"d":"0.00"},{"v":0.921559671,"d":"0.92"},{"v":1229.360601,"d":"1,229.36"},{"v":104.6393992,"d":"104.64"},0,"0_20637000_719",{"v":163.484292184999,"d":"163.48"},{"v":0,"d":"0.00"},{"v":104.6393992,"d":"104.64"},{"v":0,"d":"0.00"},"0_20637000_719_699","F",{"v":0.060113542251,"d":"0.06"},{"v":0.00036770225107,"d":"0.00"},{"v":0.0384761426365,"d":"0.04"}]
[2,206,20637,{"v":8133.06947,"d":"8,133.07"},2039,{"v":0.250704855,"d":"0.25"},"M",410,20637000,{"v":251.700039505,"d":"251.70"},1334,{"v":5.299959438,"d":"5.30"},{"v":0,"d":"0.00"},{"v":0.921559671,"d":"0.92"},{"v":1229.360601,"d":"1,229.36"},{"v":104.6393992,"d":"104.64"},0,"0_20637000_719",{"v":163.484292184999,"d":"163.48"},{"v":0,"d":"0.00"},{"v":104.6393992,"d":"104.64"},{"v":0,"d":"0.00"},"0_20637000_719_700","F",{"v":1.86338321428,"d":"1.86"},{"v":0.0113979342564,"d":"0.01"},{"v":1.19267299271,"d":"1.19"}]
[2,206,20637,{"v":8133.06947,"d":"8,133.07"},2039,{"v":0.250704855,"d":"0.25"},"M",410,20637000,{"v":251.700039505,"d":"251.70"},1334,{"v":5.299959438,"d":"5.30"},{"v":0,"d":"0.00"},{"v":0.921559671,"d":"0.92"},{"v":1229.360601,"d":"1,229.36"},{"v":104.6393992,"d":"104.64"},0,"0_20637000_719",{"v":163.484292184999,"d":"163.48"},{"v":0,"d":"0.00"},{"v":104.6393992,"d":"104.64"},{"v":0,"d":"0.00"},"0_20637000_719_701","F",{"v":1.04550163465,"d":"1.05"},{"v":0.00639511980434,"d":"0.01"},{"v":0.669181494138,"d":"0.67"}]
[2,206,20637,{"v":8133.06947,"d":"8,133.07"},2039,{"v":0.250704855,"d":"0.25"},"M",410,20637000,{"v":251.700039505,"d":"251.70"},1334,{"v":5.299959438,"d":"5.30"},{"v":0,"d":"0.00"},{"v":0.921559671,"d":"0.92"},{"v":1229.360601,"d":"1,229.36"},{"v":104.6393992,"d":"104.64"},0,"0_20637000_719",{"v":163.484292184999,"d":"163.48"},{"v":0,"d":"0.00"},{"v":104.6393992,"d":"104.64"},{"v":0,"d":"0.00"},"0_20637000_719_702","F",{"v":3.69390263764,"d":"3.69"},{"v":0.0225948474209,"d":"0.02"},{"v":2.36431125914,"d":"2.36"}]
[2,206,20637,{"v":8133.06947,"d":"8,133.07"},2039,{"v":0.250704855,"d":"0.25"},"M",410,20637000,{"v":251.700039505,"d":"251.70"},1334,{"v":5.299959438,"d":"5.30"},{"v":0,"d":"0.00"},{"v":0.921559671,"d":"0.92"},{"v":1229.360601,"d":"1,229.36"},{"v":104.6393992,"d":"104.64"},0,"0_20637000_719",{"v":163.484292184999,"d":"163.48"},{"v":0,"d":"0.00"},{"v":104.6393992,"d":"104.64"},{"v":0,"d":"0.00"},"0_20637000_719_703","G",{"v":8.17042018793,"d":"8.17"},{"v":0.0499767903003,"d":"0.05"},{"v":5.22954131097,"d":"5.23"}]
[2,206,20637,{"v":8133.06947,"d":"8,133.07"},2039,{"v":0.250704855,"d":"0.25"},"M",410,20637000,{"v":251.700039505,"d":"251.70"},1334,{"v":5.299959438,"d":"5.30"},{"v":0,"d":"0.00"},{"v":0.921559671,"d":"0.92"},{"v":1229.360601,"d":"1,229.36"},{"v":104.6393992,"d":"104.64"},0,"0_20637000_719",{"v":163.484292184999,"d":"163.48"},{"v":0,"d":"0.00"},{"v":104.6393992,"d":"104.64"},{"v":0,"d":"0.00"},"0_20637000_719_704","G",{"v":0.876429336498,"d":"0.88"},{"v":0.00536093911399,"d":"0.01"},{"v":0.560965448036,"d":"0.56"}]
[2,206,20637,{"v":8133.06947,"d":"8,133.07"},2039,{"v":0.250704855,"d":"0.25"},"M",410,20637000,{"v":251.700039505,"d":"251.70"},1334,{"v":5.299959438,"d":"5.30"},{"v":0,"d":"0.00"},{"v":0.921559671,"d":"0.92"},{"v":1229.360601,"d":"1,229.36"},{"v":104.6393992,"d":"104.64"},0,"0_20637000_719",{"v":163.484292184999,"d":"163.48"},{"v":0,"d":"0.00"},{"v":104.6393992,"d":"104.64"},{"v":0,"d":"0.00"},"0_20637000_719_705","G",{"v":8.41969398693,"d":"8.42"},{"v":0.0515015471786,"d":"0.05"},{"v":5.38909095464,"d":"5.39"}]
[2,206,20640,{"v":3720.582308,"d":"3,720.58"},1214,{"v":0.32629301,"d":"0.33"},"M",410,20640000,{"v":3720.58230808,"d":"3,720.58"},1214,{"v":0.32629301,"d":"0.33"},{"v":0,"d":"0.00"},{"v":0.921559671,"d":"0.92"},{"v":1118.77343999999,"d":"1,118.77"},{"v":95.2265597199999,"d":"95.23"},0,"0_20640000_723",{"v":3617.57070453999,"d":"3,617.57"},{"v":0,"d":"0.00"},{"v":95.2265597199999,"d":"95.23"},{"v":0,"d":"0.00"},"0_20640000_723_706","außerhalb GKL",{"v":3366.04830228999,"d":"3,366.05"},{"v":0.930472014843,"d":"0.93"},{"v":88.6056488891999,"d":"88.61"}]
[2,206,20640,{"v":3720.582308,"d":"3,720.58"},1214,{"v":0.32629301,"d":"0.33"},"M",410,20640000,{"v":3720.58230808,"d":"3,720.58"},1214,{"v":0.32629301,"d":"0.33"},{"v":0,"d":"0.00"},{"v":0.921559671,"d":"0.92"},{"v":1118.77343999999,"d":"1,118.77"},{"v":95.2265597199999,"d":"95.23"},0,"0_20640000_723",{"v":3617.57070453999,"d":"3,617.57"},{"v":0,"d":"0.00"},{"v":95.2265597199999,"d":"95.23"},{"v":0,"d":"0.00"},"0_20640000_723_707","außerhalb GKL",{"v":3.32521747983,"d":"3.33"},{"v":0.000919185207813,"d":"0.00"},{"v":0.0875308450855,"d":"0.09"}]
[2,206,20640,{"v":3720.582308,"d":"3,720.58"},1214,{"v":0.32629301,"d":"0.33"},"M",410,20640000,{"v":3720.58230808,"d":"3,720.58"},1214,{"v":0.32629301,"d":"0.33"},{"v":0,"d":"0.00"},{"v":0.921559671,"d":"0.92"},{"v":1118.77343999999,"d":"1,118.77"},{"v":95.2265597199999,"d":"95.23"},0,"0_20640000_723",{"v":3617.57070453999,"d":"3,617.57"},{"v":0,"d":"0.00"},{"v":95.2265597199999,"d":"95.23"},{"v":0,"d":"0.00"},"0_20640000_723_708","außerhalb GKL",{"v":0.79154703001,"d":"0.79"},{"v":2.1880623619E-4,"d":"0.00"},{"v":0.0208361651177,"d":"0.02"}]
[2,206,20640,{"v":3720.582308,"d":"3,720.58"},1214,{"v":0.32629301,"d":"0.33"},"M",410,20640000,{"v":3720.58230808,"d":"3,720.58"},1214,{"v":0.32629301,"d":"0.33"},{"v":0,"d":"0.00"},{"v":0.921559671,"d":"0.92"},{"v":1118.77343999999,"d":"1,118.77"},{"v":95.2265597199999,"d":"95.23"},0,"0_20640000_723",{"v":3617.57070453999,"d":"3,617.57"},{"v":0,"d":"0.00"},{"v":95.2265597199999,"d":"95.23"},{"v":0,"d":"0.00"},"0_20640000_723_709","außerhalb GKL",{"v":0.00997242725449,"d":"0.01"},{"v":2.75666409e-06,"d":"0.00"},{"v":0.000262507637601,"d":"0.00"}]
[2,206,20640,{"v":3720.582308,"d":"3,720.58"},1214,{"v":0.32629301,"d":"0.33"},"M",410,20640000,{"v":3720.58230808,"d":"3,720.58"},1214,{"v":0.32629301,"d":"0.33"},{"v":0,"d":"0.00"},{"v":0.921559671,"d":"0.92"},{"v":1118.77343999999,"d":"1,118.77"},{"v":95.2265597199999,"d":"95.23"},0,"0_20640000_723",{"v":3617.57070453999,"d":"3,617.57"},{"v":0,"d":"0.00"},{"v":95.2265597199999,"d":"95.23"},{"v":0,"d":"0.00"},"0_20640000_723_710","E",{"v":0.000751816277871,"d":"0.00"},{"v":2.0782352E-7,"d":"0.00"},{"v":1.9790318844e-05,"d":"0.00"}]
[2,206,20640,{"v":3720.582308,"d":"3,720.58"},1214,{"v":0.32629301,"d":"0.33"},"M",410,20640000,{"v":3720.58230808,"d":"3,720.58"},1214,{"v":0.32629301,"d":"0.33"},{"v":0,"d":"0.00"},{"v":0.921559671,"d":"0.92"},{"v":1118.77343999999,"d":"1,118.77"},{"v":95.2265597199999,"d":"95.23"},0,"0_20640000_723",{"v":3617.57070453999,"d":"3,617.57"},{"v":0,"d":"0.00"},{"v":95.2265597199999,"d":"95.23"},{"v":0,"d":"0.00"},"0_20640000_723_711","F",{"v":6.4004346904,"d":"6.40"},{"v":0.00176926319156,"d":"0.00"},{"v":0.168480846971,"d":"0.17"}]
[2,206,20640,{"v":3720.582308,"d":"3,720.58"},1214,{"v":0.32629301,"d":"0.33"},"M",410,20640000,{"v":3720.58230808,"d":"3,720.58"},1214,{"v":0.32629301,"d":"0.33"},{"v":0,"d":"0.00"},{"v":0.921559671,"d":"0.92"},{"v":1118.77343999999,"d":"1,118.77"},{"v":95.2265597199999,"d":"95.23"},0,"0_20640000_723",{"v":3617.57070453999,"d":"3,617.57"},{"v":0,"d":"0.00"},{"v":95.2265597199999,"d":"95.23"},{"v":0,"d":"0.00"},"0_20640000_723_712","F",{"v":0.000156500297602,"d":"0.00"},{"v":4.3261158e-08,"d":"0.00"},{"v":4.11961124e-06,"d":"0.00"}]
[2,206,20640,{"v":3720.582308,"d":"3,720.58"},1214,{"v":0.32629301,"d":"0.33"},"M",410,20640000,{"v":3720.58230808,"d":"3,720.58"},1214,{"v":0.32629301,"d":"0.33"},{"v":0,"d":"0.00"},{"v":0.921559671,"d":"0.92"},{"v":1118.77343999999,"d":"1,118.77"},{"v":95.2265597199999,"d":"95.23"},0,"0_20640000_723",{"v":3617.57070453999,"d":"3,617.57"},{"v":0,"d":"0.00"},{"v":95.2265597199999,"d":"95.23"},{"v":0,"d":"0.00"},"0_20640000_723_713","F",{"v":0.0793895479424,"d":"0.08"},{"v":2.1945541477e-05,"d":"0.00"},{"v":0.00208979841605,"d":"0.00"}]
[2,206,20640,{"v":3720.582308,"d":"3,720.58"},1214,{"v":0.32629301,"d":"0.33"},"M",410,20640000,{"v":3720.58230808,"d":"3,720.58"},1214,{"v":0.32629301,"d":"0.33"},{"v":0,"d":"0.00"},{"v":0.921559671,"d":"0.92"},{"v":1118.77343999999,"d":"1,118.77"},{"v":95.2265597199999,"d":"95.23"},0,"0_20640000_723",{"v":3617.57070453999,"d":"3,617.57"},{"v":0,"d":"0.00"},{"v":95.2265597199999,"d":"95.23"},{"v":0,"d":"0.00"},"0_20640000_723_714","F",{"v":8.70936298306999,"d":"8.71"},{"v":0.00240751700365,"d":"0.00"},{"v":0.229259561725,"d":"0.23"}]
[2,206,20640,{"v":3720.582308,"d":"3,720.58"},1214,{"v":0.32629301,"d":"0.33"},"M",410,20640000,{"v":3720.58230808,"d":"3,720.58"},1214,{"v":0.32629301,"d":"0.33"},{"v":0,"d":"0.00"},{"v":0.921559671,"d":"0.92"},{"v":1118.77343999999,"d":"1,118.77"},{"v":95.2265597199999,"d":"95.23"},0,"0_20640000_723",{"v":3617.57070453999,"d":"3,617.57"},{"v":0,"d":"0.00"},{"v":95.2265597199999,"d":"95.23"},{"v":0,"d":"0.00"},"0_20640000_723_715","F",{"v":0.0765152279704,"d":"0.08"},{"v":2.1150997235e-05,"d":"0.00"},{"v":0.00201413670136,"d":"0.00"}]
[2,206,20640,{"v":3720.582308,"d":"3,720.58"},1214,{"v":0.32629301,"d":"0.33"},"M",410,20640000,{"v":3720.58230808,"d":"3,720.58"},1214,{"v":0.32629301,"d":"0.33"},{"v":0,"d":"0.00"},{"v":0.921559671,"d":"0.92"},{"v":1118.77343999999,"d":"1,118.77"},{"v":95.2265597199999,"d":"95.23"},0,"0_20640000_723",{"v":3617.57070453999,"d":"3,617.57"},{"v":0,"d":"0.00"},{"v":95.2265597199999,"d":"95.23"},{"v":0,"d":"0.00"},"0_20640000_723_716","F",{"v":0.139464737474,"d":"0.14"},{"v":3.8552041927e-05,"d":"0.00"},{"v":3.67117832285E-3,"d":"0.00"}]
[2,206,20640,{"v":3720.582308,"d":"3,720.58"},1214,{"v":0.32629301,"d":"0.33"},"M",410,20640000,{"v":3720.58230808,"d":"3,720.58"},1214,{"v":0.32629301,"d":"0.33"},{"v":0,"d":"0.00"},{"v":0.921559671,"d":"0.92"},{"v":1118.77343999999,"d":"1,118.77"},{"v":95.2265597199999,"d":"95.23"},0,"0_20640000_723",{"v":3617.57070453999,"d":"3,617.57"},{"v":0,"d":"0.00"},{"v":95.2265597199999,"d":"95.23"},{"v":0,"d":"0.00"},"0_20640000_723_717","F",{"v":1.27266640597,"d":"1.27"},{"v":0.00035180139102,"d":"0.00"},{"v":0.0335008361715,"d":"0.03"}]
[2,206,20640,{"v":3720.582308,"d":"3,720.58"},1214,{"v":0.32629301,"d":"0.33"},"M",410,20640000,{"v":3720.58230808,"d":"3,720.58"},1214,{"v":0.32629301,"d":"0.33"},{"v":0,"d":"0.00"},{"v":0.921559671,"d":"0.92"},{"v":1118.77343999999,"d":"1,118.77"},{"v":95.2265597199999,"d":"95.23"},0,"0_20640000_723",{"v":3617.57070453999,"d":"3,617.57"},{"v":0,"d":"0.00"},{"v":95.2265597199999,"d":"95.23"},{"v":0,"d":"0.00"},"0_20640000_723_718","F",{"v":0.439496442582,"d":"0.44"},{"v":1.21489385689E-4,"d":"0.00"},{"v":0.0115690162417,"d":"0.01"}]
[2,206,20640,{"v":3720.582308,"d":"3,720.58"},1214,{"v":0.32629301,"d":"0.33"},"M",410,20640000,{"v":3720.58230808,"d":"3,720.58"},1214,{"v":0.32629301,"d":"0.33"},{"v":0,"d":"0.00"},{"v":0.921559671,"d":"0.92"},{"v":1118.77343999999,"d":"1,118.77"},{"v":95.2265597199999,"d":"95.23"},0,"0_20640000_723",{"v":3617.57070453999,"d":"3,617.57"},{"v":0,"d":"0.00"},{"v":95.2265597199999,"d":"95.23"},{"v":0,"d":"0.00"},"0_20640000_723_719","F",{"v":0.447086015279,"d":"0.45"},{"v":0.000123587360633,"d":"0.00"},{"v":0.011768799178,"d":"0.01"}]
[2,206,20640,{"v":3720.582308,"d":"3,720.58"},1214,{"v":0.32629301,"d":"0.33"},"M",410,20640000,{"v":3720.58230808,"d":"3,720.58"},1214,{"v":0.32629301,"d":"0.33"},{"v":0,"d":"0.00"},{"v":0.921559671,"d":"0.92"},{"v":1118.77343999999,"d":"1,118.77"},{"v":95.2265597199999,"d":"95.23"},0,"0_20640000_723",{"v":3617.57070453999,"d":"3,617.57"},{"v":0,"d":"0.00"},{"v":95.2265597199999,"d":"95.23"},{"v":0,"d":"0.00"},"0_20640000_723_720","F",{"v":1.71952272643,"d":"1.72"},{"v":4.75325257436E-4,"d":"0.00"},{"v":0.0452635890137,"d":"0.05"}]
[2,206,20640,{"v":3720.582308,"d":"3,720.58"},1214,{"v":0.32629301,"d":"0.33"},"M",410,20640000,{"v":3720.58230808,"d":"3,720.58"},1214,{"v":0.32629301,"d":"0.33"},{"v":0,"d":"0.00"},{"v":0.921559671,"d":"0.92"},{"v":1118.77343999999,"d":"1,118.77"},{"v":95.2265597199999,"d":"95.23"},0,"0_20640000_723",{"v":3617.57070453999,"d":"3,617.57"},{"v":0,"d":"0.00"},{"v":95.2265597199999,"d":"95.23"},{"v":0,"d":"0.00"},"0_20640000_723_721","F",{"v":1.1251868814,"d":"1.13"},{"v":0.000311033832729,"d":"0.00"},{"v":0.0296186818473,"d":"0.03"}]
[2,206,20640,{"v":3720.582308,"d":"3,720.58"},1214,{"v":0.32629301,"d":"0.33"},"M",410,20640000,{"v":3720.58230808,"d":"3,720.58"},1214,{"v":0.32629301,"d":"0.33"},{"v":0,"d":"0.00"},{"v":0.921559671,"d":"0.92"},{"v":1118.77343999999,"d":"1,118.77"},{"v":95.2265597199999,"d":"95.23"},0,"0_20640000_723",{"v":3617.57070453999,"d":"3,617.57"},{"v":0,"d":"0.00"},{"v":95.2265597199999,"d":"95.23"},{"v":0,"d":"0.00"},"0_20640000_723_722","F",{"v":8.02066992,"d":"8.02"},{"v":0.00221714254539,"d":"0.00"},{"v":0.211130857006,"d":"0.21"}]
[2,206,20640,{"v":3720.582308,"d":"3,720.58"},1214,{"v":0.32629301,"d":"0.33"},"M",410,20640000,{"v":3720.58230808,"d":"3,720.58"},1214,{"v":0.32629301,"d":"0.33"},{"v":0,"d":"0.00"},{"v":0.921559671,"d":"0.92"},{"v":1118.77343999999,"d":"1,118.77"},{"v":95.2265597199999,"d":"95.23"},0,"0_20640000_723",{"v":3617.57070453999,"d":"3,617.57"},{"v":0,"d":"0.00"},{"v":95.2265597199999,"d":"95.23"},{"v":0,"d":"0.00"},"0_20640000_723_723","F",{"v":7.09248860436,"d":"7.09"},{"v":0.00196056668511,"d":"0.00"},{"v":0.186698020525,"d":"0.19"}]
[2,206,20640,{"v":3720.582308,"d":"3,720.58"},1214,{"v":0.32629301,"d":"0.33"},"M",410,20640000,{"v":3720.58230808,"d":"3,720.58"},1214,{"v":0.32629301,"d":"0.33"},{"v":0,"d":"0.00"},{"v":0.921559671,"d":"0.92"},{"v":1118.77343999999,"d":"1,118.77"},{"v":95.2265597199999,"d":"95.23"},0,"0_20640000_723",{"v":3617.57070453999,"d":"3,617.57"},{"v":0,"d":"0.00"},{"v":95.2265597199999,"d":"95.23"},{"v":0,"d":"0.00"},"0_20640000_723_724","G",{"v":28.3720049452,"d":"28.37"},{"v":0.00784283356496,"d":"0.01"},{"v":0.746846058848,"d":"0.75"}]
[2,206,20640,{"v":3720.582308,"d":"3,720.58"},1214,{"v":0.32629301,"d":"0.33"},"M",410,20640000,{"v":3720.58230808,"d":"3,720.58"},1214,{"v":0.32629301,"d":"0.33"},{"v":0,"d":"0.00"},{"v":0.921559671,"d":"0.92"},{"v":1118.77343999999,"d":"1,118.77"},{"v":95.2265597199999,"d":"95.23"},0,"0_20640000_723",{"v":3617.57070453999,"d":"3,617.57"},{"v":0,"d":"0.00"},{"v":95.2265597199999,"d":"95.23"},{"v":0,"d":"0.00"},"0_20640000_723_725","G",{"v":114.926933113,"d":"114.93"},{"v":0.0317690910557,"d":"0.03"},{"v":3.02526124667,"d":"3.03"}]
[2,206,20640,{"v":3720.582308,"d":"3,720.58"},1214,{"v":0.32629301,"d":"0.33"},"M",410,20640000,{"v":3720.58230808,"d":"3,720.58"},1214,{"v":0.32629301,"d":"0.33"},{"v":0,"d":"0.00"},{"v":0.921559671,"d":"0.92"},{"v":1118.77343999999,"d":"1,118.77"},{"v":95.2265597199999,"d":"95.23"},0,"0_20640000_723",{"v":3617.57070453999,"d":"3,617.57"},{"v":0,"d":"0.00"},{"v":95.2265597199999,"d":"95.23"},{"v":0,"d":"0.00"},"0_20640000_723_726","G",{"v":3.50431480379,"d":"3.50"},{"v":0.000968692830079,"d":"0.00"},{"v":0.0922452856339,"d":"0.09"}]
[2,206,20640,{"v":3720.582308,"d":"3,720.58"},1214,{"v":0.32629301,"d":"0.33"},"M",410,20640000,{"v":3720.58230808,"d":"3,720.58"},1214,{"v":0.32629301,"d":"0.33"},{"v":0,"d":"0.00"},{"v":0.921559671,"d":"0.92"},{"v":1118.77343999999,"d":"1,118.77"},{"v":95.2265597199999,"d":"95.23"},0,"0_20640000_723",{"v":3617.57070453999,"d":"3,617.57"},{"v":0,"d":"0.00"},{"v":95.2265597199999,"d":"95.23"},{"v":0,"d":"0.00"},"0_20640000_723_727","G",{"v":0.0582211258937,"d":"0.06"},{"v":1.6093984237E-5,"d":"0.00"},{"v":1.53257475104E-3,"d":"0.00"}]
[2,206,20640,{"v":3720.582308,"d":"3,720.58"},1214,{"v":0.32629301,"d":"0.33"},"M",410,20640000,{"v":3720.58230808,"d":"3,720.58"},1214,{"v":0.32629301,"d":"0.33"},{"v":0,"d":"0.00"},{"v":0.921559671,"d":"0.92"},{"v":1118.77343999999,"d":"1,118.77"},{"v":95.2265597199999,"d":"95.23"},0,"0_20640000_723",{"v":3617.57070453999,"d":"3,617.57"},{"v":0,"d":"0.00"},{"v":95.2265597199999,"d":"95.23"},{"v":0,"d":"0.00"},"0_20640000_723_728","G",{"v":0.00690908113754,"d":"0.01"},{"v":1.909867616E-6,"d":"0.00"},{"v":1.81870122602E-4,"d":"0.00"}]
[2,206,20640,{"v":3720.582308,"d":"3,720.58"},1214,{"v":0.32629301,"d":"0.33"},"M",410,20640000,{"v":3720.58230808,"d":"3,720.58"},1214,{"v":0.32629301,"d":"0.33"},{"v":0,"d":"0.00"},{"v":0.921559671,"d":"0.92"},{"v":1118.77343999999,"d":"1,118.77"},{"v":95.2265597199999,"d":"95.23"},0,"0_20640000_723",{"v":3617.57070453999,"d":"3,617.57"},{"v":0,"d":"0.00"},{"v":95.2265597199999,"d":"95.23"},{"v":0,"d":"0.00"},"0_20640000_723_729","G",{"v":39.4538365853999,"d":"39.45"},{"v":0.0109061687546,"d":"0.01"},{"v":1.03855693023,"d":"1.04"}]
[2,206,20640,{"v":3720.582308,"d":"3,720.58"},1214,{"v":0.32629301,"d":"0.33"},"M",410,20640000,{"v":3720.58230808,"d":"3,720.58"},1214,{"v":0.32629301,"d":"0.33"},{"v":0,"d":"0.00"},{"v":0.921559671,"d":"0.92"},{"v":1118.77343999999,"d":"1,118.77"},{"v":95.2265597199999,"d":"95.23"},0,"0_20640000_723",{"v":3617.57070453999,"d":"3,617.57"},{"v":0,"d":"0.00"},{"v":95.2265597199999,"d":"95.23"},{"v":0,"d":"0.00"},"0_20640000_723_730","G",{"v":0.79216398499,"d":"0.79"},{"v":0.00021897678019,"d":"0.00"},{"v":0.0208524054361,"d":"0.02"}]
[2,206,20640,{"v":3720.582308,"d":"3,720.58"},1214,{"v":0.32629301,"d":"0.33"},"M",410,20640000,{"v":3720.58230808,"d":"3,720.58"},1214,{"v":0.32629301,"d":"0.33"},{"v":0,"d":"0.00"},{"v":0.921559671,"d":"0.92"},{"v":1118.77343999999,"d":"1,118.77"},{"v":95.2265597199999,"d":"95.23"},0,"0_20640000_723",{"v":3617.57070453999,"d":"3,617.57"},{"v":0,"d":"0.00"},{"v":95.2265597199999,"d":"95.23"},{"v":0,"d":"0.00"},"0_20640000_723_731","G",{"v":0.000200382010542,"d":"0.00"},{"v":5.5391318e-08,"d":"0.00"},{"v":5.274724685e-06,"d":"0.00"}]
[2,206,20640,{"v":3720.582308,"d":"3,720.58"},1214,{"v":0.32629301,"d":"0.33"},"M",410,20640000,{"v":3720.58230808,"d":"3,720.58"},1214,{"v":0.32629301,"d":"0.33"},{"v":0,"d":"0.00"},{"v":0.921559671,"d":"0.92"},{"v":1118.77343999999,"d":"1,118.77"},{"v":95.2265597199999,"d":"95.23"},0,"0_20640000_723",{"v":3617.57070453999,"d":"3,617.57"},{"v":0,"d":"0.00"},{"v":95.2265597199999,"d":"95.23"},{"v":0,"d":"0.00"},"0_20640000_723_732","G",{"v":24.5456885579999,"d":"24.55"},{"v":0.00678513028845,"d":"0.01"},{"v":0.646124614621,"d":"0.65"}]
[2,206,20640,{"v":3720.582308,"d":"3,720.58"},1214,{"v":0.32629301,"d":"0.33"},"M",410,20640000,{"v":3720.58230808,"d":"3,720.58"},1214,{"v":0.32629301,"d":"0.33"},{"v":0,"d":"0.00"},{"v":0.921559671,"d":"0.92"},{"v":1118.77343999999,"d":"1,118.77"},{"v":95.2265597199999,"d":"95.23"},0,"0_20640000_723",{"v":3617.57070453999,"d":"3,617.57"},{"v":0,"d":"0.00"},{"v":95.2265597199999,"d":"95.23"},{"v":0,"d":"0.00"},"0_20640000_723_733","G",{"v":0.212200236818,"d":"0.21"},{"v":5.8658214075e-05,"d":"0.00"},{"v":0.00558581992567,"d":"0.01"}]
[5,502,50204,{"v":8209.41417999999,"d":"8,209.41"},4313,{"v":0.525372445,"d":"0.53"},"M",310,50204000,{"v":93.5842529149,"d":"93.58"},1993,{"v":21.29631789,"d":"21.30"},{"v":0,"d":"0.00"},{"v":0.969116244,"d":"0.97"},{"v":1931.44867399999,"d":"1,931.45"},{"v":61.5513264,"d":"61.55"},0,"0_50204000_4500",{"v":29.8733656235,"d":"29.87"},{"v":0,"d":"0.00"},{"v":61.5513264,"d":"61.55"},{"v":0,"d":"0.00"},"0_50204000_4500_734","außerhalb GKL",{"v":0.678052751739,"d":"0.68"},{"v":0.0226975681376,"d":"0.02"},{"v":1.39706542492,"d":"1.40"}]
[5,502,50204,{"v":8209.41417999999,"d":"8,209.41"},4313,{"v":0.525372445,"d":"0.53"},"M",310,50204000,{"v":93.5842529149,"d":"93.58"},1993,{"v":21.29631789,"d":"21.30"},{"v":0,"d":"0.00"},{"v":0.969116244,"d":"0.97"},{"v":1931.44867399999,"d":"1,931.45"},{"v":61.5513264,"d":"61.55"},0,"0_50204000_4500",{"v":29.8733656235,"d":"29.87"},{"v":0,"d":"0.00"},{"v":61.5513264,"d":"61.55"},{"v":0,"d":"0.00"},"0_50204000_4500_735","außerhalb GKL",{"v":0.0379138419547,"d":"0.04"},{"v":1.2691520076E-3,"d":"0.00"},{"v":0.078117989471,"d":"0.08"}]
[5,502,50204,{"v":8209.41417999999,"d":"8,209.41"},4313,{"v":0.525372445,"d":"0.53"},"M",310,50204000,{"v":93.5842529149,"d":"93.58"},1993,{"v":21.29631789,"d":"21.30"},{"v":0,"d":"0.00"},{"v":0.969116244,"d":"0.97"},{"v":1931.44867399999,"d":"1,931.45"},{"v":61.5513264,"d":"61.55"},0,"0_50204000_4500",{"v":29.8733656235,"d":"29.87"},{"v":0,"d":"0.00"},{"v":61.5513264,"d":"61.55"},{"v":0,"d":"0.00"},"0_50204000_4500_736","A",{"v":0.0745126457591,"d":"0.07"},{"v":0.00249428359356,"d":"0.00"},{"v":0.153526463601,"d":"0.15"}]
[5,502,50204,{"v":8209.41417999999,"d":"8,209.41"},4313,{"v":0.525372445,"d":"0.53"},"M",310,50204000,{"v":93.5842529149,"d":"93.58"},1993,{"v":21.29631789,"d":"21.30"},{"v":0,"d":"0.00"},{"v":0.969116244,"d":"0.97"},{"v":1931.44867399999,"d":"1,931.45"},{"v":61.5513264,"d":"61.55"},0,"0_50204000_4500",{"v":29.8733656235,"d":"29.87"},{"v":0,"d":"0.00"},{"v":61.5513264,"d":"61.55"},{"v":0,"d":"0.00"},"0_50204000_4500_737","A",{"v":0.156548098804,"d":"0.16"},{"v":0.00524039041255,"d":"0.01"},{"v":0.322552980746,"d":"0.32"}]
[5,502,50204,{"v":8209.41417999999,"d":"8,209.41"},4313,{"v":0.525372445,"d":"0.53"},"M",310,50204000,{"v":93.5842529149,"d":"93.58"},1993,{"v":21.29631789,"d":"21.30"},{"v":0,"d":"0.00"},{"v":0.969116244,"d":"0.97"},{"v":1931.44867399999,"d":"1,931.45"},{"v":61.5513264,"d":"61.55"},0,"0_50204000_4500",{"v":29.8733656235,"d":"29.87"},{"v":0,"d":"0.00"},{"v":61.5513264,"d":"61.55"},{"v":0,"d":"0.00"},"0_50204000_4500_738","A",{"v":0.230650952883,"d":"0.23"},{"v":0.00772095637934,"d":"0.01"},{"v":0.475235106225,"d":"0.48"}]
[5,502,50204,{"v":8209.41417999999,"d":"8,209.41"},4313,{"v":0.525372445,"d":"0.53"},"M",310,50204000,{"v":93.5842529149,"d":"93.58"},1993,{"v":21.29631789,"d":"21.30"},{"v":0,"d":"0.00"},{"v":0.969116244,"d":"0.97"},{"v":1931.44867399999,"d":"1,931.45"},{"v":61.5513264,"d":"61.55"},0,"0_50204000_4500",{"v":29.8733656235,"d":"29.87"},{"v":0,"d":"0.00"},{"v":61.5513264,"d":"61.55"},{"v":0,"d":"0.00"},"0_50204000_4500_739","A",{"v":4.49001657527E-4,"d":"0.00"},{"v":1.5030166443e-05,"d":"0.00"},{"v":0.000925126680567,"d":"0.00"}]
[5,502,50204,{"v":8209.41417999999,"d":"8,209.41"},4313,{"v":0.525372445,"d":"0.53"},"M",310,50204000,{"v":93.5842529149,"d":"93.58"},1993,{"v":21.29631789,"d":"21.30"},{"v":0,"d":"0.00"},{"v":0.969116244,"d":"0.97"},{"v":1931.44867399999,"d":"1,931.45"},{"v":61.5513264,"d":"61.55"},0,"0_50204000_4500",{"v":29.8733656235,"d":"29.87"},{"v":0,"d":"0.00"},{"v":61.5513264,"d":"61.55"},{"v":0,"d":"0.00"},"0_50204000_4500_740","A",{"v":0.341256932309,"d":"0.34"},{"v":0.0114234511307,"d":"0.01"},{"v":0.70312856916,"d":"0.70"}]
[5,502,50204,{"v":8209.41417999999,"d":"8,209.41"},4313,{"v":0.525372445,"d":"0.53"},"M",310,50204000,{"v":93.5842529149,"d":"93.58"},1993,{"v":21.29631789,"d":"21.30"},{"v":0,"d":"0.00"},{"v":0.969116244,"d":"0.97"},{"v":1931.44867399999,"d":"1,931.45"},{"v":61.5513264,"d":"61.55"},0,"0_50204000_4500",{"v":29.8733656235,"d":"29.87"},{"v":0,"d":"0.00"},{"v":61.5513264,"d":"61.55"},{"v":0,"d":"0.00"},"0_50204000_4500_741","A",{"v":0.216962835559,"d":"0.22"},{"v":0.00726275165287,"d":"0.01"},{"v":0.447031997548,"d":"0.45"}]
[5,502,50204,{"v":8209.41417999999,"d":"8,209.41"},4313,{"v":0.525372445,"d":"0.53"},"M",310,50204000,{"v":93.5842529149,"d":"93.58"},1993,{"v":21.29631789,"d":"21.30"},{"v":0,"d":"0.00"},{"v":0.969116244,"d":"0.97"},{"v":1931.44867399999,"d":"1,931.45"},{"v":61.5513264,"d":"61.55"},0,"0_50204000_4500",{"v":29.8733656235,"d":"29.87"},{"v":0,"d":"0.00"},{"v":61.5513264,"d":"61.55"},{"v":0,"d":"0.00"},"0_50204000_4500_742","A",{"v":0.180014148582,"d":"0.18"},{"v":0.00602590785554,"d":"0.01"},{"v":0.370902621273,"d":"0.37"}]
[5,502,50204,{"v":8209.41417999999,"d":"8,209.41"},4313,{"v":0.525372445,"d":"0.53"},"M",310,50204000,{"v":93.5842529149,"d":"93.58"},1993,{"v":21.29631789,"d":"21.30"},{"v":0,"d":"0.00"},{"v":0.969116244,"d":"0.97"},{"v":1931.44867399999,"d":"1,931.45"},{"v":61.5513264,"d":"61.55"},0,"0_50204000_4500",{"v":29.8733656235,"d":"29.87"},{"v":0,"d":"0.00"},{"v":61.5513264,"d":"61.55"},{"v":0,"d":"0.00"},"0_50204000_4500_743","B",{"v":0.1884018833,"d":"0.19"},{"v":0.00630668421076,"d":"0.01"},{"v":0.388184778358,"d":"0.39"}]
[5,502,50204,{"v":8209.41417999999,"d":"8,209.41"},4313,{"v":0.525372445,"d":"0.53"},"M",310,50204000,{"v":93.5842529149,"d":"93.58"},1993,{"v":21.29631789,"d":"21.30"},{"v":0,"d":"0.00"},{"v":0.969116244,"d":"0.97"},{"v":1931.44867399999,"d":"1,931.45"},{"v":61.5513264,"d":"61.55"},0,"0_50204000_4500",{"v":29.8733656235,"d":"29.87"},{"v":0,"d":"0.00"},{"v":61.5513264,"d":"61.55"},{"v":0,"d":"0.00"},"0_50204000_4500_744","B",{"v":0.00046724922951,"d":"0.00"},{"v":1.5640997248e-05,"d":"0.00"},{"v":9.62724126839E-4,"d":"0.00"}]
[5,502,50204,{"v":8209.41417999999,"d":"8,209.41"},4313,{"v":0.525372445,"d":"0.53"},"M",310,50204000,{"v":93.5842529149,"d":"93.58"},1993,{"v":21.29631789,"d":"21.30"},{"v":0,"d":"0.00"},{"v":0.969116244,"d":"0.97"},{"v":1931.44867399999,"d":"1,931.45"},{"v":61.5513264,"d":"61.55"},0,"0_50204000_4500",{"v":29.8733656235,"d":"29.87"},{"v":0,"d":"0.00"},{"v":61.5513264,"d":"61.55"},{"v":0,"d":"0.00"},"0_50204000_4500_745","B",{"v":0.86633596071,"d":"0.87"},{"v":0.0290002797686,"d":"0.03"},{"v":1.78500568573,"d":"1.79"}]
[5,502,50204,{"v":8209.41417999999,"d":"8,209.41"},4313,{"v":0.525372445,"d":"0.53"},"M",310,50204000,{"v":93.5842529149,"d":"93.58"},1993,{"v":21.29631789,"d":"21.30"},{"v":0,"d":"0.00"},{"v":0.969116244,"d":"0.97"},{"v":1931.44867399999,"d":"1,931.45"},{"v":61.5513264,"d":"61.55"},0,"0_50204000_4500",{"v":29.8733656235,"d":"29.87"},{"v":0,"d":"0.00"},{"v":61.5513264,"d":"61.55"},{"v":0,"d":"0.00"},"0_50204000_4500_746","B",{"v":0.0772949238261,"d":"0.08"},{"v":2.58741933535E-3,"d":"0.00"},{"v":0.159259092044,"d":"0.16"}]
[5,502,50204,{"v":8209.41417999999,"d":"8,209.41"},4313,{"v":0.525372445,"d":"0.53"},"M",310,50204000,{"v":93.5842529149,"d":"93.58"},1993,{"v":21.29631789,"d":"21.30"},{"v":0,"d":"0.00"},{"v":0.969116244,"d":"0.97"},{"v":1931.44867399999,"d":"1,931.45"},{"v":61.5513264,"d":"61.55"},0,"0_50204000_4500",{"v":29.8733656235,"d":"29.87"},{"v":0,"d":"0.00"},{"v":61.5513264,"d":"61.55"},{"v":0,"d":"0.00"},"0_50204000_4500_747","B",{"v":0.0247347179756,"d":"0.02"},{"v":8.27985647394E-4,"d":"0.00"},{"v":0.0509636148373,"d":"0.05"}]
[5,502,50204,{"v":8209.41417999999,"d":"8,209.41"},4313,{"v":0.525372445,"d":"0.53"},"M",310,50204000,{"v":93.5842529149,"d":"93.58"},1993,{"v":21.29631789,"d":"21.30"},{"v":0,"d":"0.00"},{"v":0.969116244,"d":"0.97"},{"v":1931.44867399999,"d":"1,931.45"},{"v":61.5513264,"d":"61.55"},0,"0_50204000_4500",{"v":29.8733656235,"d":"29.87"},{"v":0,"d":"0.00"},{"v":61.5513264,"d":"61.55"},{"v":0,"d":"0.00"},"0_50204000_4500_748","B",{"v":0.0211595178379,"d":"0.02"},{"v":0.000708307128985,"d":"0.00"},{"v":0.0435972432876,"d":"0.04"}]
[5,502,50204,{"v":8209.41417999999,"d":"8,209.41"},4313,{"v":0.525372445,"d":"0.53"},"M",310,50204000,{"v":93.5842529149,"d":"93.58"},1993,{"v":21.29631789,"d":"21.30"},{"v":0,"d":"0.00"},{"v":0.969116244,"d":"0.97"},{"v":1931.44867399999,"d":"1,931.45"},{"v":61.5513264,"d":"61.55"},0,"0_50204000_4500",{"v":29.8733656235,"d":"29.87"},{"v":0,"d":"0.00"},{"v":61.5513264,"d":"61.55"},{"v":0,"d":"0.00"},"0_50204000_4500_749","B",{"v":0.0752127458662,"d":"0.08"},{"v":2.51771918886E-3,"d":"0.00"},{"v":0.154968955577,"d":"0.15"}]
[5,502,50204,{"v":8209.41417999999,"d":"8,209.41"},4313,{"v":0.525372445,"d":"0.53"},"M",310,50204000,{"v":93.5842529149,"d":"93.58"},1993,{"v":21.29631789,"d":"21.30"},{"v":0,"d":"0.00"},{"v":0.969116244,"d":"0.97"},{"v":1931.44867399999,"d":"1,931.45"},{"v":61.5513264,"d":"61.55"},0,"0_50204000_4500",{"v":29.8733656235,"d":"29.87"},{"v":0,"d":"0.00"},{"v":61.5513264,"d":"61.55"},{"v":0,"d":"0.00"},"0_50204000_4500_750","B",{"v":0.00181978601336,"d":"0.00"},{"v":6.0916671938e-05,"d":"0.00"},{"v":0.00374950195763,"d":"0.00"}]
[5,502,50204,{"v":8209.41417999999,"d":"8,209.41"},4313,{"v":0.525372445,"d":"0.53"},"M",310,50204000,{"v":93.5842529149,"d":"93.58"},1993,{"v":21.29631789,"d":"21.30"},{"v":0,"d":"0.00"},{"v":0.969116244,"d":"0.97"},{"v":1931.44867399999,"d":"1,931.45"},{"v":61.5513264,"d":"61.55"},0,"0_50204000_4500",{"v":29.8733656235,"d":"29.87"},{"v":0,"d":"0.00"},{"v":61.5513264,"d":"61.55"},{"v":0,"d":"0.00"},"0_50204000_4500_751","C",{"v":0.267621855473,"d":"0.27"},{"v":0.0089585438362,"d":"0.01"},{"v":0.551410255731,"d":"0.55"}]
[5,502,50204,{"v":8209.41417999999,"d":"8,209.41"},4313,{"v":0.525372445,"d":"0.53"},"M",310,50204000,{"v":93.5842529149,"d":"93.58"},1993,{"v":21.29631789,"d":"21.30"},{"v":0,"d":"0.00"},{"v":0.969116244,"d":"0.97"},{"v":1931.44867399999,"d":"1,931.45"},{"v":61.5513264,"d":"61.55"},0,"0_50204000_4500",{"v":29.8733656235,"d":"29.87"},{"v":0,"d":"0.00"},{"v":61.5513264,"d":"61.55"},{"v":0,"d":"0.00"},"0_50204000_4500_752","C",{"v":0.23195468991,"d":"0.23"},{"v":0.00776459849999,"d":"0.01"},{"v":0.477921336638,"d":"0.48"}]
[5,502,50204,{"v":8209.41417999999,"d":"8,209.41"},4313,{"v":0.525372445,"d":"0.53"},"M",310,50204000,{"v":93.5842529149,"d":"93.58"},1993,{"v":21.29631789,"d":"21.30"},{"v":0,"d":"0.00"},{"v":0.969116244,"d":"0.97"},{"v":1931.44867399999,"d":"1,931.45"},{"v":61.5513264,"d":"61.55"},0,"0_50204000_4500",{"v":29.8733656235,"d":"29.87"},{"v":0,"d":"0.00"},{"v":61.5513264,"d":"61.55"},{"v":0,"d":"0.00"},"0_50204000_4500_753","C",{"v":0.258378438118,"d":"0.26"},{"v":0.00864912381733,"d":"0.01"},{"v":0.532365043154,"d":"0.53"}]
[5,502,50204,{"v":8209.41417999999,"d":"8,209.41"},4313,{"v":0.525372445,"d":"0.53"},"M",310,50204000,{"v":93.5842529149,"d":"93.58"},1993,{"v":21.29631789,"d":"21.30"},{"v":0,"d":"0.00"},{"v":0.969116244,"d":"0.97"},{"v":1931.44867399999,"d":"1,931.45"},{"v":61.5513264,"d":"61.55"},0,"0_50204000_4500",{"v":29.8733656235,"d":"29.87"},{"v":0,"d":"0.00"},{"v":61.5513264,"d":"61.55"},{"v":0,"d":"0.00"},"0_50204000_4500_754","C",{"v":0.843202647966,"d":"0.84"},{"v":0.0282259005762,"d":"0.03"},{"v":1.7373416193,"d":"1.74"}]
[5,502,50204,{"v":8209.41417999999,"d":"8,209.41"},4313,{"v":0.525372445,"d":"0.53"},"M",310,50204000,{"v":93.5842529149,"d":"93.58"},1993,{"v":21.29631789,"d":"21.30"},{"v":0,"d":"0.00"},{"v":0.969116244,"d":"0.97"},{"v":1931.44867399999,"d":"1,931.45"},{"v":61.5513264,"d":"61.55"},0,"0_50204000_4500",{"v":29.8733656235,"d":"29.87"},{"v":0,"d":"0.00"},{"v":61.5513264,"d":"61.55"},{"v":0,"d":"0.00"},"0_50204000_4500_755","C",{"v":1.47063961711,"d":"1.47"},{"v":0.049229123884,"d":"0.05"},{"v":3.03011787257,"d":"3.03"}]
[5,502,50204,{"v":8209.41417999999,"d":"8,209.41"},4313,{"v":0.525372445,"d":"0.53"},"M",310,50204000,{"v":93.5842529149,"d":"93.58"},1993,{"v":21.29631789,"d":"21.30"},{"v":0,"d":"0.00"},{"v":0.969116244,"d":"0.97"},{"v":1931.44867399999,"d":"1,931.45"},{"v":61.5513264,"d":"61.55"},0,"0_50204000_4500",{"v":29.8733656235,"d":"29.87"},{"v":0,"d":"0.00"},{"v":61.5513264,"d":"61.55"},{"v":0,"d":"0.00"},"0_50204000_4500_756","C",{"v":0.149137431813,"d":"0.15"},{"v":0.00499232104252,"d":"0.00"},{"v":0.307283981982,"d":"0.31"}]
[5,502,50204,{"v":8209.41417999999,"d":"8,209.41"},4313,{"v":0.525372445,"d":"0.53"},"M",310,50204000,{"v":93.5842529149,"d":"93.58"},1993,{"v":21.29631789,"d":"21.30"},{"v":0,"d":"0.00"},{"v":0.969116244,"d":"0.97"},{"v":1931.44867399999,"d":"1,931.45"},{"v":61.5513264,"d":"61.55"},0,"0_50204000_4500",{"v":29.8733656235,"d":"29.87"},{"v":0,"d":"0.00"},{"v":61.5513264,"d":"61.55"},{"v":0,"d":"0.00"},"0_50204000_4500_757","C",{"v":0.129959324526,"d":"0.13"},{"v":0.00435034090781,"d":"0.00"},{"v":0.267769253168,"d":"0.27"}]
[5,502,50204,{"v":8209.41417999999,"d":"8,209.41"},4313,{"v":0.525372445,"d":"0.53"},"M",310,50204000,{"v":93.5842529149,"d":"93.58"},1993,{"v":21.29631789,"d":"21.30"},{"v":0,"d":"0.00"},{"v":0.969116244,"d":"0.97"},{"v":1931.44867399999,"d":"1,931.45"},{"v":61.5513264,"d":"61.55"},0,"0_50204000_4500",{"v":29.8733656235,"d":"29.87"},{"v":0,"d":"0.00"},{"v":61.5513264,"d":"61.55"},{"v":0,"d":"0.00"},"0_50204000_4500_758","C",{"v":0.752171802726,"d":"0.75"},{"v":0.02517867629,"d":"0.03"},{"v":1.54978092265,"d":"1.55"}]
[5,502,50204,{"v":8209.41417999999,"d":"8,209.41"},4313,{"v":0.525372445,"d":"0.53"},"M",310,50204000,{"v":93.5842529149,"d":"93.58"},1993,{"v":21.29631789,"d":"21.30"},{"v":0,"d":"0.00"},{"v":0.969116244,"d":"0.97"},{"v":1931.44867399999,"d":"1,931.45"},{"v":61.5513264,"d":"61.55"},0,"0_50204000_4500",{"v":29.8733656235,"d":"29.87"},{"v":0,"d":"0.00"},{"v":61.5513264,"d":"61.55"},{"v":0,"d":"0.00"},"0_50204000_4500_759","C",{"v":0.0163353597879,"d":"0.02"},{"v":5.46820200769E-4,"d":"0.00"},{"v":0.0336575086596,"d":"0.03"}]
[5,502,50204,{"v":8209.41417999999,"d":"8,209.41"},4313,{"v":0.525372445,"d":"0.53"},"M",310,50204000,{"v":93.5842529149,"d":"93.58"},1993,{"v":21.29631789,"d":"21.30"},{"v":0,"d":"0.00"},{"v":0.969116244,"d":"0.97"},{"v":1931.44867399999,"d":"1,931.45"},{"v":61.5513264,"d":"61.55"},0,"0_50204000_4500",{"v":29.8733656235,"d":"29.87"},{"v":0,"d":"0.00"},{"v":61.5513264,"d":"61.55"},{"v":0,"d":"0.00"},"0_50204000_4500_760","C",{"v":0.427769211801,"d":"0.43"},{"v":0.0143194180794,"d":"0.01"},{"v":0.881379176063,"d":"0.88"}]
[5,502,50204,{"v":8209.41417999999,"d":"8,209.41"},4313,{"v":0.525372445,"d":"0.53"},"M",310,50204000,{"v":93.5842529149,"d":"93.58"},1993,{"v":21.29631789,"d":"21.30"},{"v":0,"d":"0.00"},{"v":0.969116244,"d":"0.97"},{"v":1931.44867399999,"d":"1,931.45"},{"v":61.5513264,"d":"61.55"},0,"0_50204000_4500",{"v":29.8733656235,"d":"29.87"},{"v":0,"d":"0.00"},{"v":61.5513264,"d":"61.55"},{"v":0,"d":"0.00"},"0_50204000_4500_761","C",{"v":0.0107146280645,"d":"0.01"},{"v":0.000358668259865,"d":"0.00"},{"v":0.0220765071323,"d":"0.02"}]
[5,502,50204,{"v":8209.41417999999,"d":"8,209.41"},4313,{"v":0.525372445,"d":"0.53"},"M",310,50204000,{"v":93.5842529149,"d":"93.58"},1993,{"v":21.29631789,"d":"21.30"},{"v":0,"d":"0.00"},{"v":0.969116244,"d":"0.97"},{"v":1931.44867399999,"d":"1,931.45"},{"v":61.5513264,"d":"61.55"},0,"0_50204000_4500",{"v":29.8733656235,"d":"29.87"},{"v":0,"d":"0.00"},{"v":61.5513264,"d":"61.55"},{"v":0,"d":"0.00"},"0_50204000_4500_762","C",{"v":0.00845320223226,"d":"0.01"},{"v":0.000282967856344,"d":"0.00"},{"v":0.0174170468865,"d":"0.02"}]
[5,502,50204,{"v":8209.41417999999,"d":"8,209.41"},4313,{"v":0.525372445,"d":"0.53"},"M",310,50204000,{"v":93.5842529149,"d":"93.58"},1993,{"v":21.29631789,"d":"21.30"},{"v":0,"d":"0.00"},{"v":0.969116244,"d":"0.97"},{"v":1931.44867399999,"d":"1,931.45"},{"v":61.5513264,"d":"61.55"},0,"0_50204000_4500",{"v":29.8733656235,"d":"29.87"},{"v":0,"d":"0.00"},{"v":61.5513264,"d":"61.55"},{"v":0,"d":"0.00"},"0_50204000_4500_763","D",{"v":0.0982485170088,"d":"0.10"},{"v":3.28883321173E-3,"d":"0.00"},{"v":0.20243204649,"d":"0.20"}]
[5,502,50204,{"v":8209.41417999999,"d":"8,209.41"},4313,{"v":0.525372445,"d":"0.53"},"M",310,50204000,{"v":93.5842529149,"d":"93.58"},1993,{"v":21.29631789,"d":"21.30"},{"v":0,"d":"0.00"},{"v":0.969116244,"d":"0.97"},{"v":1931.44867399999,"d":"1,931.45"},{"v":61.5513264,"d":"61.55"},0,"0_50204000_4500",{"v":29.8733656235,"d":"29.87"},{"v":0,"d":"0.00"},{"v":61.5513264,"d":"61.55"},{"v":0,"d":"0.00"},"0_50204000_4500_764","D",{"v":0.787036528909,"d":"0.79"},{"v":0.0263457602611,"d":"0.03"},{"v":1.62161648909,"d":"1.62"}]
[5,502,50204,{"v":8209.41417999999,"d":"8,209.41"},4313,{"v":0.525372445,"d":"0.53"},"M",310,50204000,{"v":93.5842529149,"d":"93.58"},1993,{"v":21.29631789,"d":"21.30"},{"v":0,"d":"0.00"},{"v":0.969116244,"d":"0.97"},{"v":1931.44867399999,"d":"1,931.45"},{"v":61.5513264,"d":"61.55"},0,"0_50204000_4500",{"v":29.8733656235,"d":"29.87"},{"v":0,"d":"0.00"},{"v":61.5513264,"d":"61.55"},{"v":0,"d":"0.00"},"0_50204000_4500_765","D",{"v":0.347296260064,"d":"0.35"},{"v":0.0116256154208,"d":"0.01"},{"v":0.715572049367,"d":"0.72"}]
[5,502,50204,{"v":8209.41417999999,"d":"8,209.41"},4313,{"v":0.525372445,"d":"0.53"},"M",310,50204000,{"v":93.5842529149,"d":"93.58"},1993,{"v":21.29631789,"d":"21.30"},{"v":0,"d":"0.00"},{"v":0.969116244,"d":"0.97"},{"v":1931.44867399999,"d":"1,931.45"},{"v":61.5513264,"d":"61.55"},0,"0_50204000_4500",{"v":29.8733656235,"d":"29.87"},{"v":0,"d":"0.00"},{"v":61.5513264,"d":"61.55"},{"v":0,"d":"0.00"},"0_50204000_4500_766","D",{"v":8.16174423636,"d":"8.16"},{"v":0.273211406415,"d":"0.27"},{"v":16.8165244525,"d":"16.82"}]
[5,502,50204,{"v":8209.41417999999,"d":"8,209.41"},4313,{"v":0.525372445,"d":"0.53"},"M",310,50204000,{"v":93.5842529149,"d":"93.58"},1993,{"v":21.29631789,"d":"21.30"},{"v":0,"d":"0.00"},{"v":0.969116244,"d":"0.97"},{"v":1931.44867399999,"d":"1,931.45"},{"v":61.5513264,"d":"61.55"},0,"0_50204000_4500",{"v":29.8733656235,"d":"29.87"},{"v":0,"d":"0.00"},{"v":61.5513264,"d":"61.55"},{"v":0,"d":"0.00"},"0_50204000_4500_767","D",{"v":0.147671365167,"d":"0.15"},{"v":0.00494324499717,"d":"0.00"},{"v":0.304263286296,"d":"0.30"}]
[5,502,50204,{"v":8209.41417999999,"d":"8,209.41"},4313,{"v":0.525372445,"d":"0.53"},"M",310,50204000,{"v":93.5842529149,"d":"93.58"},1993,{"v":21.29631789,"d":"21.30"},{"v":0,"d":"0.00"},{"v":0.969116244,"d":"0.97"},{"v":1931.44867399999,"d":"1,931.45"},{"v":61.5513264,"d":"61.55"},0,"0_50204000_4500",{"v":29.8733656235,"d":"29.87"},{"v":0,"d":"0.00"},{"v":61.5513264,"d":"61.55"},{"v":0,"d":"0.00"},"0_50204000_4500_768","D",{"v":0.316839008785,"d":"0.32"},{"v":0.0106060700618,"d":"0.01"},{"v":0.652817680195,"d":"0.65"}]
[5,502,50204,{"v":8209.41417999999,"d":"8,209.41"},4313,{"v":0.525372445,"d":"0.53"},"M",310,50204000,{"v":93.5842529149,"d":"93.58"},1993,{"v":21.29631789,"d":"21.30"},{"v":0,"d":"0.00"},{"v":0.969116244,"d":"0.97"},{"v":1931.44867399999,"d":"1,931.45"},{"v":61.5513264,"d":"61.55"},0,"0_50204000_4500",{"v":29.8733656235,"d":"29.87"},{"v":0,"d":"0.00"},{"v":61.5513264,"d":"61.55"},{"v":0,"d":"0.00"},"0_50204000_4500_769","D",{"v":0.733194080692,"d":"0.73"},{"v":0.0245434039784,"d":"0.02"},{"v":1.51067906924,"d":"1.51"}]
[5,502,50204,{"v":8209.41417999999,"d":"8,209.41"},4313,{"v":0.525372445,"d":"0.53"},"M",310,50204000,{"v":93.5842529149,"d":"93.58"},1993,{"v":21.29631789,"d":"21.30"},{"v":0,"d":"0.00"},{"v":0.969116244,"d":"0.97"},{"v":1931.44867399999,"d":"1,931.45"},{"v":61.5513264,"d":"61.55"},0,"0_50204000_4500",{"v":29.8733656235,"d":"29.87"},{"v":0,"d":"0.00"},{"v":61.5513264,"d":"61.55"},{"v":0,"d":"0.00"},"0_50204000_4500_770","E",{"v":4.06925245273E-3,"d":"0.00"},{"v":0.000136216739152,"d":"0.00"},{"v":0.00838432097269,"d":"0.01"}]
[5,502,50204,{"v":8209.41417999999,"d":"8,209.41"},4313,{"v":0.525372445,"d":"0.53"},"M",310,50204000,{"v":93.5842529149,"d":"93.58"},1993,{"v":21.29631789,"d":"21.30"},{"v":0,"d":"0.00"},{"v":0.969116244,"d":"0.97"},{"v":1931.44867399999,"d":"1,931.45"},{"v":61.5513264,"d":"61.55"},0,"0_50204000_4500",{"v":29.8733656235,"d":"29.87"},{"v":0,"d":"0.00"},{"v":61.5513264,"d":"61.55"},{"v":0,"d":"0.00"},"0_50204000_4500_771","E",{"v":5.52730199759,"d":"5.53"},{"v":0.185024414967,"d":"0.19"},{"v":11.3884981576,"d":"11.39"}]
[5,502,50204,{"v":8209.41417999999,"d":"8,209.41"},4313,{"v":0.525372445,"d":"0.53"},"M",310,50204000,{"v":93.5842529149,"d":"93.58"},1993,{"v":21.29631789,"d":"21.30"},{"v":0,"d":"0.00"},{"v":0.969116244,"d":"0.97"},{"v":1931.44867399999,"d":"1,931.45"},{"v":61.5513264,"d":"61.55"},0,"0_50204000_4500",{"v":29.8733656235,"d":"29.87"},{"v":0,"d":"0.00"},{"v":61.5513264,"d":"61.55"},{"v":0,"d":"0.00"},"0_50204000_4500_772","E",{"v":0.517189265059,"d":"0.52"},{"v":0.0173127216925,"d":"0.02"},{"v":1.06562098377,"d":"1.07"}]
[5,502,50204,{"v":8209.41417999999,"d":"8,209.41"},4313,{"v":0.525372445,"d":"0.53"},"M",310,50204000,{"v":93.5842529149,"d":"93.58"},1993,{"v":21.29631789,"d":"21.30"},{"v":0,"d":"0.00"},{"v":0.969116244,"d":"0.97"},{"v":1931.44867399999,"d":"1,931.45"},{"v":61.5513264,"d":"61.55"},0,"0_50204000_4500",{"v":29.8733656235,"d":"29.87"},{"v":0,"d":"0.00"},{"v":61.5513264,"d":"61.55"},{"v":0,"d":"0.00"},"0_50204000_4500_773","E",{"v":0.0891395004631,"d":"0.09"},{"v":0.00298391221085,"d":"0.00"},{"v":0.183663754439,"d":"0.18"}]
[5,502,50204,{"v":8209.41417999999,"d":"8,209.41"},4313,{"v":0.525372445,"d":"0.53"},"M",310,50204000,{"v":93.5842529149,"d":"93.58"},1993,{"v":21.29631789,"d":"21.30"},{"v":0,"d":"0.00"},{"v":0.969116244,"d":"0.97"},{"v":1931.44867399999,"d":"1,931.45"},{"v":61.5513264,"d":"61.55"},0,"0_50204000_4500",{"v":29.8733656235,"d":"29.87"},{"v":0,"d":"0.00"},{"v":61.5513264,"d":"61.55"},{"v":0,"d":"0.00"},"0_50204000_4500_774","G",{"v":0.206952041449,"d":"0.21"},{"v":0.00692764397749,"d":"0.01"},{"v":0.426405675641,"d":"0.43"}]
[5,502,50204,{"v":8209.41417999999,"d":"8,209.41"},4313,{"v":0.525372445,"d":"0.53"},"M",310,50204000,{"v":93.5842529149,"d":"93.58"},1993,{"v":21.29631789,"d":"21.30"},{"v":0,"d":"0.00"},{"v":0.969116244,"d":"0.97"},{"v":1931.44867399999,"d":"1,931.45"},{"v":61.5513264,"d":"61.55"},0,"0_50204000_4500",{"v":29.8733656235,"d":"29.87"},{"v":0,"d":"0.00"},{"v":61.5513264,"d":"61.55"},{"v":0,"d":"0.00"},"0_50204000_4500_775","G",{"v":0.0107442796411,"d":"0.01"},{"v":0.000359660835559,"d":"0.00"},{"v":0.0221376014828,"d":"0.02"}]
[5,502,50204,{"v":8209.41417999999,"d":"8,209.41"},4313,{"v":0.525372445,"d":"0.53"},"M",310,50204000,{"v":93.5842529149,"d":"93.58"},1993,{"v":21.29631789,"d":"21.30"},{"v":0,"d":"0.00"},{"v":0.969116244,"d":"0.97"},{"v":1931.44867399999,"d":"1,931.45"},{"v":61.5513264,"d":"61.55"},0,"0_50204000_4500",{"v":29.8733656235,"d":"29.87"},{"v":0,"d":"0.00"},{"v":61.5513264,"d":"61.55"},{"v":0,"d":"0.00"},"0_50204000_4500_776","G",{"v":5.16838313282,"d":"5.17"},{"v":0.1730097371,"d":"0.17"},{"v":10.6489787986,"d":"10.65"}]
[5,502,50204,{"v":8209.41417999999,"d":"8,209.41"},4313,{"v":0.525372445,"d":"0.53"},"M",310,50204000,{"v":93.5842529149,"d":"93.58"},1993,{"v":21.29631789,"d":"21.30"},{"v":0,"d":"0.00"},{"v":0.969116244,"d":"0.97"},{"v":1931.44867399999,"d":"1,931.45"},{"v":61.5513264,"d":"61.55"},0,"0_50204000_4500",{"v":29.8733656235,"d":"29.87"},{"v":0,"d":"0.00"},{"v":61.5513264,"d":"61.55"},{"v":0,"d":"0.00"},"0_50204000_4500_777","G",{"v":0.0194299534964,"d":"0.02"},{"v":0.00065041059455,"d":"0.00"},{"v":0.0400336347992,"d":"0.04"}]
[5,502,50204,{"v":8209.41417999999,"d":"8,209.41"},4313,{"v":0.525372445,"d":"0.53"},"M",310,50204001,{"v":1302.58734123999,"d":"1,302.59"},1342,{"v":1.03025721,"d":"1.03"},{"v":0,"d":"0.00"},{"v":0.969116244,"d":"0.97"},{"v":1300.55399899999,"d":"1,300.55"},{"v":41.4460010199999,"d":"41.45"},0,"0_50204001_4501",{"v":1207.57852183,"d":"1,207.58"},{"v":0,"d":"0.00"},{"v":41.4460010199999,"d":"41.45"},{"v":0,"d":"0.00"},"0_50204001_4501_778","außerhalb GKL",{"v":81.1080022441,"d":"81.11"},{"v":0.067165820506,"d":"0.07"},{"v":2.7837546652,"d":"2.78"}]
[5,502,50204,{"v":8209.41417999999,"d":"8,209.41"},4313,{"v":0.525372445,"d":"0.53"},"M",310,50204001,{"v":1302.58734123999,"d":"1,302.59"},1342,{"v":1.03025721,"d":"1.03"},{"v":0,"d":"0.00"},{"v":0.969116244,"d":"0.97"},{"v":1300.55399899999,"d":"1,300.55"},{"v":41.4460010199999,"d":"41.45"},0,"0_50204001_4501",{"v":1207.57852183,"d":"1,207.58"},{"v":0,"d":"0.00"},{"v":41.4460010199999,"d":"41.45"},{"v":0,"d":"0.00"},"0_50204001_4501_779","außerhalb GKL",{"v":1008.37079875999,"d":"1,008.37"},{"v":0.835035387373,"d":"0.84"},{"v":34.6088775168,"d":"34.61"}]
[5,502,50204,{"v":8209.41417999999,"d":"8,209.41"},4313,{"v":0.525372445,"d":"0.53"},"M",310,50204001,{"v":1302.58734123999,"d":"1,302.59"},1342,{"v":1.03025721,"d":"1.03"},{"v":0,"d":"0.00"},{"v":0.969116244,"d":"0.97"},{"v":1300.55399899999,"d":"1,300.55"},{"v":41.4460010199999,"d":"41.45"},0,"0_50204001_4501",{"v":1207.57852183,"d":"1,207.58"},{"v":0,"d":"0.00"},{"v":41.4460010199999,"d":"41.45"},{"v":0,"d":"0.00"},"0_50204001_4501_780","D",{"v":0.187487083029,"d":"0.19"},{"v":1.55258709591E-4,"d":"0.00"},{"v":0.00643485263607,"d":"0.01"}]
[5,502,50204,{"v":8209.41417999999,"d":"8,209.41"},4313,{"v":0.525372445,"d":"0.53"},"M",310,50204001,{"v":1302.58734123999,"d":"1,302.59"},1342,{"v":1.03025721,"d":"1.03"},{"v":0,"d":"0.00"},{"v":0.969116244,"d":"0.97"},{"v":1300.55399899999,"d":"1,300.55"},{"v":41.4460010199999,"d":"41.45"},0,"0_50204001_4501",{"v":1207.57852183,"d":"1,207.58"},{"v":0,"d":"0.00"},{"v":41.4460010199999,"d":"41.45"},{"v":0,"d":"0.00"},"0_50204001_4501_781","D",{"v":0.0189180885923,"d":"0.02"},{"v":1.566613537e-05,"d":"0.00"},{"v":0.000649298662504,"d":"0.00"}]
[5,502,50204,{"v":8209.41417999999,"d":"8,209.41"},4313,{"v":0.525372445,"d":"0.53"},"M",310,50204001,{"v":1302.58734123999,"d":"1,302.59"},1342,{"v":1.03025721,"d":"1.03"},{"v":0,"d":"0.00"},{"v":0.969116244,"d":"0.97"},{"v":1300.55399899999,"d":"1,300.55"},{"v":41.4460010199999,"d":"41.45"},0,"0_50204001_4501",{"v":1207.57852183,"d":"1,207.58"},{"v":0,"d":"0.00"},{"v":41.4460010199999,"d":"41.45"},{"v":0,"d":"0.00"},"0_50204001_4501_782","D",{"v":0.138563574403,"d":"0.14"},{"v":1.14744980884E-4,"d":"0.00"},{"v":0.00475572059476,"d":"0.00"}]
[5,502,50204,{"v":8209.41417999999,"d":"8,209.41"},4313,{"v":0.525372445,"d":"0.53"},"M",310,50204001,{"v":1302.58734123999,"d":"1,302.59"},1342,{"v":1.03025721,"d":"1.03"},{"v":0,"d":"0.00"},{"v":0.969116244,"d":"0.97"},{"v":1300.55399899999,"d":"1,300.55"},{"v":41.4460010199999,"d":"41.45"},0,"0_50204001_4501",{"v":1207.57852183,"d":"1,207.58"},{"v":0,"d":"0.00"},{"v":41.4460010199999,"d":"41.45"},{"v":0,"d":"0.00"},"0_50204001_4501_783","E",{"v":0.317971696995,"d":"0.32"},{"v":2.63313475063E-4,"d":"0.00"},{"v":0.010913290556,"d":"0.01"}]
[5,502,50204,{"v":8209.41417999999,"d":"8,209.41"},4313,{"v":0.525372445,"d":"0.53"},"M",310,50204001,{"v":1302.58734123999,"d":"1,302.59"},1342,{"v":1.03025721,"d":"1.03"},{"v":0,"d":"0.00"},{"v":0.969116244,"d":"0.97"},{"v":1300.55399899999,"d":"1,300.55"},{"v":41.4460010199999,"d":"41.45"},0,"0_50204001_4501",{"v":1207.57852183,"d":"1,207.58"},{"v":0,"d":"0.00"},{"v":41.4460010199999,"d":"41.45"},{"v":0,"d":"0.00"},"0_50204001_4501_784","E",{"v":0.0761130150008,"d":"0.08"},{"v":6.3029454089e-05,"d":"0.00"},{"v":0.00261231881847,"d":"0.00"}]
[5,502,50204,{"v":8209.41417999999,"d":"8,209.41"},4313,{"v":0.525372445,"d":"0.53"},"M",310,50204001,{"v":1302.58734123999,"d":"1,302.59"},1342,{"v":1.03025721,"d":"1.03"},{"v":0,"d":"0.00"},{"v":0.969116244,"d":"0.97"},{"v":1300.55399899999,"d":"1,300.55"},{"v":41.4460010199999,"d":"41.45"},0,"0_50204001_4501",{"v":1207.57852183,"d":"1,207.58"},{"v":0,"d":"0.00"},{"v":41.4460010199999,"d":"41.45"},{"v":0,"d":"0.00"},"0_50204001_4501_785","E",{"v":0.00665177820462,"d":"0.01"},{"v":5.50836081e-06,"d":"0.00"},{"v":2.28299527749E-4,"d":"0.00"}]
[5,502,50204,{"v":8209.41417999999,"d":"8,209.41"},4313,{"v":0.525372445,"d":"0.53"},"M",310,50204001,{"v":1302.58734123999,"d":"1,302.59"},1342,{"v":1.03025721,"d":"1.03"},{"v":0,"d":"0.00"},{"v":0.969116244,"d":"0.97"},{"v":1300.55399899999,"d":"1,300.55"},{"v":41.4460010199999,"d":"41.45"},0,"0_50204001_4501",{"v":1207.57852183,"d":"1,207.58"},{"v":0,"d":"0.00"},{"v":41.4460010199999,"d":"41.45"},{"v":0,"d":"0.00"},"0_50204001_4501_786","E",{"v":2.11022255904,"d":"2.11"},{"v":0.00174748268613,"d":"0.00"},{"v":0.0724261691918,"d":"0.07"}]
[5,502,50204,{"v":8209.41417999999,"d":"8,209.41"},4313,{"v":0.525372445,"d":"0.53"},"M",310,50204001,{"v":1302.58734123999,"d":"1,302.59"},1342,{"v":1.03025721,"d":"1.03"},{"v":0,"d":"0.00"},{"v":0.969116244,"d":"0.97"},{"v":1300.55399899999,"d":"1,300.55"},{"v":41.4460010199999,"d":"41.45"},0,"0_50204001_4501",{"v":1207.57852183,"d":"1,207.58"},{"v":0,"d":"0.00"},{"v":41.4460010199999,"d":"41.45"},{"v":0,"d":"0.00"},"0_50204001_4501_787","E",{"v":0.168757167604,"d":"0.17"},{"v":1.3974840108E-4,"d":"0.00"},{"v":0.00579201237371,"d":"0.01"}]
[5,502,50204,{"v":8209.41417999999,"d":"8,209.41"},4313,{"v":0.525372445,"d":"0.53"},"M",310,50204001,{"v":1302.58734123999,"d":"1,302.59"},1342,{"v":1.03025721,"d":"1.03"},{"v":0,"d":"0.00"},{"v":0.969116244,"d":"0.97"},{"v":1300.55399899999,"d":"1,300.55"},{"v":41.4460010199999,"d":"41.45"},0,"0_50204001_4501",{"v":1207.57852183,"d":"1,207.58"},{"v":0,"d":"0.00"},{"v":41.4460010199999,"d":"41.45"},{"v":0,"d":"0.00"},"0_50204001_4501_788","E",{"v":0.058597041148,"d":"0.06"},{"v":4.8524414842e-05,"d":"0.00"},{"v":0.00201114294705,"d":"0.00"}]
[5,502,50204,{"v":8209.41417999999,"d":"8,209.41"},4313,{"v":0.525372445,"d":"0.53"},"M",310,50204001,{"v":1302.58734123999,"d":"1,302.59"},1342,{"v":1.03025721,"d":"1.03"},{"v":0,"d":"0.00"},{"v":0.969116244,"d":"0.97"},{"v":1300.55399899999,"d":"1,300.55"},{"v":41.4460010199999,"d":"41.45"},0,"0_50204001_4501",{"v":1207.57852183,"d":"1,207.58"},{"v":0,"d":"0.00"},{"v":41.4460010199999,"d":"41.45"},{"v":0,"d":"0.00"},"0_50204001_4501_789","E",{"v":0.694240958263,"d":"0.69"},{"v":0.000574903367121,"d":"0.00"},{"v":0.0238274455401,"d":"0.02"}]
[5,502,50204,{"v":8209.41417999999,"d":"8,209.41"},4313,{"v":0.525372445,"d":"0.53"},"M",310,50204001,{"v":1302.58734123999,"d":"1,302.59"},1342,{"v":1.03025721,"d":"1.03"},{"v":0,"d":"0.00"},{"v":0.969116244,"d":"0.97"},{"v":1300.55399899999,"d":"1,300.55"},{"v":41.4460010199999,"d":"41.45"},0,"0_50204001_4501",{"v":1207.57852183,"d":"1,207.58"},{"v":0,"d":"0.00"},{"v":41.4460010199999,"d":"41.45"},{"v":0,"d":"0.00"},"0_50204001_4501_790","F",{"v":5.90946115459,"d":"5.91"},{"v":0.00489364546302,"d":"0.00"},{"v":0.202822034852,"d":"0.20"}]
[5,502,50204,{"v":8209.41417999999,"d":"8,209.41"},4313,{"v":0.525372445,"d":"0.53"},"M",310,50204001,{"v":1302.58734123999,"d":"1,302.59"},1342,{"v":1.03025721,"d":"1.03"},{"v":0,"d":"0.00"},{"v":0.969116244,"d":"0.97"},{"v":1300.55399899999,"d":"1,300.55"},{"v":41.4460010199999,"d":"41.45"},0,"0_50204001_4501",{"v":1207.57852183,"d":"1,207.58"},{"v":0,"d":"0.00"},{"v":41.4460010199999,"d":"41.45"},{"v":0,"d":"0.00"},"0_50204001_4501_791","F",{"v":2.08110919914,"d":"2.08"},{"v":1.72337381091E-3,"d":"0.00"},{"v":0.0714269527248,"d":"0.07"}]
[5,502,50204,{"v":8209.41417999999,"d":"8,209.41"},4313,{"v":0.525372445,"d":"0.53"},"M",310,50204001,{"v":1302.58734123999,"d":"1,302.59"},1342,{"v":1.03025721,"d":"1.03"},{"v":0,"d":"0.00"},{"v":0.969116244,"d":"0.97"},{"v":1300.55399899999,"d":"1,300.55"},{"v":41.4460010199999,"d":"41.45"},0,"0_50204001_4501",{"v":1207.57852183,"d":"1,207.58"},{"v":0,"d":"0.00"},{"v":41.4460010199999,"d":"41.45"},{"v":0,"d":"0.00"},"0_50204001_4501_792","F",{"v":0.00148907177399,"d":"0.00"},{"v":1.233105547E-6,"d":"0.00"},{"v":5.1107293768e-05,"d":"0.00"}]
[5,502,50204,{"v":8209.41417999999,"d":"8,209.41"},4313,{"v":0.525372445,"d":"0.53"},"M",310,50204001,{"v":1302.58734123999,"d":"1,302.59"},1342,{"v":1.03025721,"d":"1.03"},{"v":0,"d":"0.00"},{"v":0.969116244,"d":"0.97"},{"v":1300.55399899999,"d":"1,300.55"},{"v":41.4460010199999,"d":"41.45"},0,"0_50204001_4501",{"v":1207.57852183,"d":"1,207.58"},{"v":0,"d":"0.00"},{"v":41.4460010199999,"d":"41.45"},{"v":0,"d":"0.00"},"0_50204001_4501_793","F",{"v":0.021018128491,"d":"0.02"},{"v":1.7405185759E-5,"d":"0.00"},{"v":0.000721375346721,"d":"0.00"}]
[5,502,50204,{"v":8209.41417999999,"d":"8,209.41"},4313,{"v":0.525372445,"d":"0.53"},"M",310,50204001,{"v":1302.58734123999,"d":"1,302.59"},1342,{"v":1.03025721,"d":"1.03"},{"v":0,"d":"0.00"},{"v":0.969116244,"d":"0.97"},{"v":1300.55399899999,"d":"1,300.55"},{"v":41.4460010199999,"d":"41.45"},0,"0_50204001_4501",{"v":1207.57852183,"d":"1,207.58"},{"v":0,"d":"0.00"},{"v":41.4460010199999,"d":"41.45"},{"v":0,"d":"0.00"},"0_50204001_4501_794","F",{"v":0.312770685772,"d":"0.31"},{"v":0.000259006499468,"d":"0.00"},{"v":0.0107347836411,"d":"0.01"}]
[5,502,50204,{"v":8209.41417999999,"d":"8,209.41"},4313,{"v":0.525372445,"d":"0.53"},"M",310,50204001,{"v":1302.58734123999,"d":"1,302.59"},1342,{"v":1.03025721,"d":"1.03"},{"v":0,"d":"0.00"},{"v":0.969116244,"d":"0.97"},{"v":1300.55399899999,"d":"1,300.55"},{"v":41.4460010199999,"d":"41.45"},0,"0_50204001_4501",{"v":1207.57852183,"d":"1,207.58"},{"v":0,"d":"0.00"},{"v":41.4460010199999,"d":"41.45"},{"v":0,"d":"0.00"},"0_50204001_4501_795","F",{"v":0.166647466719,"d":"0.17"},{"v":0.000138001350394,"d":"0.00"},{"v":0.00571960410919,"d":"0.01"}]
[5,502,50204,{"v":8209.41417999999,"d":"8,209.41"},4313,{"v":0.525372445,"d":"0.53"},"M",310,50204001,{"v":1302.58734123999,"d":"1,302.59"},1342,{"v":1.03025721,"d":"1.03"},{"v":0,"d":"0.00"},{"v":0.969116244,"d":"0.97"},{"v":1300.55399899999,"d":"1,300.55"},{"v":41.4460010199999,"d":"41.45"},0,"0_50204001_4501",{"v":1207.57852183,"d":"1,207.58"},{"v":0,"d":"0.00"},{"v":41.4460010199999,"d":"41.45"},{"v":0,"d":"0.00"},"0_50204001_4501_796","F",{"v":2.846207403,"d":"2.85"},{"v":0.00235695431108,"d":"0.00"},{"v":0.0976863307811,"d":"0.10"}]
[5,502,50204,{"v":8209.41417999999,"d":"8,209.41"},4313,{"v":0.525372445,"d":"0.53"},"M",310,50204001,{"v":1302.58734123999,"d":"1,302.59"},1342,{"v":1.03025721,"d":"1.03"},{"v":0,"d":"0.00"},{"v":0.969116244,"d":"0.97"},{"v":1300.55399899999,"d":"1,300.55"},{"v":41.4460010199999,"d":"41.45"},0,"0_50204001_4501",{"v":1207.57852183,"d":"1,207.58"},{"v":0,"d":"0.00"},{"v":41.4460010199999,"d":"41.45"},{"v":0,"d":"0.00"},"0_50204001_4501_797","F",{"v":0.534751641704,"d":"0.53"},{"v":4.42829705926E-4,"d":"0.00"},{"v":0.0183535204435,"d":"0.02"}]
[5,502,50204,{"v":8209.41417999999,"d":"8,209.41"},4313,{"v":0.525372445,"d":"0.53"},"M",310,50204001,{"v":1302.58734123999,"d":"1,302.59"},1342,{"v":1.03025721,"d":"1.03"},{"v":0,"d":"0.00"},{"v":0.969116244,"d":"0.97"},{"v":1300.55399899999,"d":"1,300.55"},{"v":41.4460010199999,"d":"41.45"},0,"0_50204001_4501",{"v":1207.57852183,"d":"1,207.58"},{"v":0,"d":"0.00"},{"v":41.4460010199999,"d":"41.45"},{"v":0,"d":"0.00"},"0_50204001_4501_798","F",{"v":0.0546526823932,"d":"0.05"},{"v":4.5258077554e-05,"d":"0.00"},{"v":0.00187576632845,"d":"0.00"}]
[5,502,50204,{"v":8209.41417999999,"d":"8,209.41"},4313,{"v":0.525372445,"d":"0.53"},"M",310,50204001,{"v":1302.58734123999,"d":"1,302.59"},1342,{"v":1.03025721,"d":"1.03"},{"v":0,"d":"0.00"},{"v":0.969116244,"d":"0.97"},{"v":1300.55399899999,"d":"1,300.55"},{"v":41.4460010199999,"d":"41.45"},0,"0_50204001_4501",{"v":1207.57852183,"d":"1,207.58"},{"v":0,"d":"0.00"},{"v":41.4460010199999,"d":"41.45"},{"v":0,"d":"0.00"},"0_50204001_4501_799","F",{"v":0.690244455308,"d":"0.69"},{"v":0.000571593849038,"d":"0.00"},{"v":0.0236902792503,"d":"0.02"}]
[5,502,50204,{"v":8209.41417999999,"d":"8,209.41"},4313,{"v":0.525372445,"d":"0.53"},"M",310,50204001,{"v":1302.58734123999,"d":"1,302.59"},1342,{"v":1.03025721,"d":"1.03"},{"v":0,"d":"0.00"},{"v":0.969116244,"d":"0.97"},{"v":1300.55399899999,"d":"1,300.55"},{"v":41.4460010199999,"d":"41.45"},0,"0_50204001_4501",{"v":1207.57852183,"d":"1,207.58"},{"v":0,"d":"0.00"},{"v":41.4460010199999,"d":"41.45"},{"v":0,"d":"0.00"},"0_50204001_4501_800","F",{"v":0.896716552494,"d":"0.90"},{"v":0.000742574115292,"d":"0.00"},{"v":0.0307767275398,"d":"0.03"}]
[5,502,50204,{"v":8209.41417999999,"d":"8,209.41"},4313,{"v":0.525372445,"d":"0.53"},"M",310,50204001,{"v":1302.58734123999,"d":"1,302.59"},1342,{"v":1.03025721,"d":"1.03"},{"v":0,"d":"0.00"},{"v":0.969116244,"d":"0.97"},{"v":1300.55399899999,"d":"1,300.55"},{"v":41.4460010199999,"d":"41.45"},0,"0_50204001_4501",{"v":1207.57852183,"d":"1,207.58"},{"v":0,"d":"0.00"},{"v":41.4460010199999,"d":"41.45"},{"v":0,"d":"0.00"},"0_50204001_4501_801","F",{"v":0.10265155681,"d":"0.10"},{"v":8.5006113436e-05,"d":"0.00"},{"v":3.52316346419E-3,"d":"0.00"}]
[5,502,50204,{"v":8209.41417999999,"d":"8,209.41"},4313,{"v":0.525372445,"d":"0.53"},"M",310,50204001,{"v":1302.58734123999,"d":"1,302.59"},1342,{"v":1.03025721,"d":"1.03"},{"v":0,"d":"0.00"},{"v":0.969116244,"d":"0.97"},{"v":1300.55399899999,"d":"1,300.55"},{"v":41.4460010199999,"d":"41.45"},0,"0_50204001_4501",{"v":1207.57852183,"d":"1,207.58"},{"v":0,"d":"0.00"},{"v":41.4460010199999,"d":"41.45"},{"v":0,"d":"0.00"},"0_50204001_4501_802","F",{"v":0.0131361619292,"d":"0.01"},{"v":1.0878101665E-5,"d":"0.00"},{"v":0.000450853812712,"d":"0.00"}]
[5,502,50204,{"v":8209.41417999999,"d":"8,209.41"},4313,{"v":0.525372445,"d":"0.53"},"M",310,50204001,{"v":1302.58734123999,"d":"1,302.59"},1342,{"v":1.03025721,"d":"1.03"},{"v":0,"d":"0.00"},{"v":0.969116244,"d":"0.97"},{"v":1300.55399899999,"d":"1,300.55"},{"v":41.4460010199999,"d":"41.45"},0,"0_50204001_4501",{"v":1207.57852183,"d":"1,207.58"},{"v":0,"d":"0.00"},{"v":41.4460010199999,"d":"41.45"},{"v":0,"d":"0.00"},"0_50204001_4501_803","F",{"v":5.7587922624e-05,"d":"0.00"},{"v":4.768876e-08,"d":"0.00"},{"v":1.976508406e-06,"d":"0.00"}]
[5,502,50204,{"v":8209.41417999999,"d":"8,209.41"},4313,{"v":0.525372445,"d":"0.53"},"M",310,50204001,{"v":1302.58734123999,"d":"1,302.59"},1342,{"v":1.03025721,"d":"1.03"},{"v":0,"d":"0.00"},{"v":0.969116244,"d":"0.97"},{"v":1300.55399899999,"d":"1,300.55"},{"v":41.4460010199999,"d":"41.45"},0,"0_50204001_4501",{"v":1207.57852183,"d":"1,207.58"},{"v":0,"d":"0.00"},{"v":41.4460010199999,"d":"41.45"},{"v":0,"d":"0.00"},"0_50204001_4501_804","F",{"v":0.0123682568069,"d":"0.01"},{"v":1.0242196746E-5,"d":"0.00"},{"v":0.000424498096786,"d":"0.00"}]
[5,502,50204,{"v":8209.41417999999,"d":"8,209.41"},4313,{"v":0.525372445,"d":"0.53"},"M",310,50204001,{"v":1302.58734123999,"d":"1,302.59"},1342,{"v":1.03025721,"d":"1.03"},{"v":0,"d":"0.00"},{"v":0.969116244,"d":"0.97"},{"v":1300.55399899999,"d":"1,300.55"},{"v":41.4460010199999,"d":"41.45"},0,"0_50204001_4501",{"v":1207.57852183,"d":"1,207.58"},{"v":0,"d":"0.00"},{"v":41.4460010199999,"d":"41.45"},{"v":0,"d":"0.00"},"0_50204001_4501_805","F",{"v":0.00272708338553,"d":"0.00"},{"v":2.258307295e-06,"d":"0.00"},{"v":9.3597806466e-05,"d":"0.00"}]
[5,502,50204,{"v":8209.41417999999,"d":"8,209.41"},4313,{"v":0.525372445,"d":"0.53"},"M",310,50204001,{"v":1302.58734123999,"d":"1,302.59"},1342,{"v":1.03025721,"d":"1.03"},{"v":0,"d":"0.00"},{"v":0.969116244,"d":"0.97"},{"v":1300.55399899999,"d":"1,300.55"},{"v":41.4460010199999,"d":"41.45"},0,"0_50204001_4501",{"v":1207.57852183,"d":"1,207.58"},{"v":0,"d":"0.00"},{"v":41.4460010199999,"d":"41.45"},{"v":0,"d":"0.00"},"0_50204001_4501_806","F",{"v":0.0187658152842,"d":"0.02"},{"v":1.554003731e-05,"d":"0.00"},{"v":0.000644072402209,"d":"0.00"}]
[5,502,50204,{"v":8209.41417999999,"d":"8,209.41"},4313,{"v":0.525372445,"d":"0.53"},"M",310,50204001,{"v":1302.58734123999,"d":"1,302.59"},1342,{"v":1.03025721,"d":"1.03"},{"v":0,"d":"0.00"},{"v":0.969116244,"d":"0.97"},{"v":1300.55399899999,"d":"1,300.55"},{"v":41.4460010199999,"d":"41.45"},0,"0_50204001_4501",{"v":1207.57852183,"d":"1,207.58"},{"v":0,"d":"0.00"},{"v":41.4460010199999,"d":"41.45"},{"v":0,"d":"0.00"},"0_50204001_4501_807","F",{"v":0.379116549036,"d":"0.38"},{"v":0.000313947741023,"d":"0.00"},{"v":0.0130118783947,"d":"0.01"}]
[5,502,50204,{"v":8209.41417999999,"d":"8,209.41"},4313,{"v":0.525372445,"d":"0.53"},"M",310,50204001,{"v":1302.58734123999,"d":"1,302.59"},1342,{"v":1.03025721,"d":"1.03"},{"v":0,"d":"0.00"},{"v":0.969116244,"d":"0.97"},{"v":1300.55399899999,"d":"1,300.55"},{"v":41.4460010199999,"d":"41.45"},0,"0_50204001_4501",{"v":1207.57852183,"d":"1,207.58"},{"v":0,"d":"0.00"},{"v":41.4460010199999,"d":"41.45"},{"v":0,"d":"0.00"},"0_50204001_4501_808","F",{"v":0.0244428089701,"d":"0.02"},{"v":2.0241175649e-05,"d":"0.00"},{"v":0.000838915786586,"d":"0.00"}]
[5,502,50204,{"v":8209.41417999999,"d":"8,209.41"},4313,{"v":0.525372445,"d":"0.53"},"M",310,50204001,{"v":1302.58734123999,"d":"1,302.59"},1342,{"v":1.03025721,"d":"1.03"},{"v":0,"d":"0.00"},{"v":0.969116244,"d":"0.97"},{"v":1300.55399899999,"d":"1,300.55"},{"v":41.4460010199999,"d":"41.45"},0,"0_50204001_4501",{"v":1207.57852183,"d":"1,207.58"},{"v":0,"d":"0.00"},{"v":41.4460010199999,"d":"41.45"},{"v":0,"d":"0.00"},"0_50204001_4501_809","G",{"v":4.04159412793,"d":"4.04"},{"v":0.0033468582414,"d":"0.00"},{"v":0.138713890087,"d":"0.14"}]
[5,502,50204,{"v":8209.41417999999,"d":"8,209.41"},4313,{"v":0.525372445,"d":"0.53"},"M",310,50204001,{"v":1302.58734123999,"d":"1,302.59"},1342,{"v":1.03025721,"d":"1.03"},{"v":0,"d":"0.00"},{"v":0.969116244,"d":"0.97"},{"v":1300.55399899999,"d":"1,300.55"},{"v":41.4460010199999,"d":"41.45"},0,"0_50204001_4501",{"v":1207.57852183,"d":"1,207.58"},{"v":0,"d":"0.00"},{"v":41.4460010199999,"d":"41.45"},{"v":0,"d":"0.00"},"0_50204001_4501_810","G",{"v":0.0384059241213,"d":"0.04"},{"v":3.1804080171e-05,"d":"0.00"},{"v":1.31815193922E-3,"d":"0.00"}]
[5,502,50204,{"v":8209.41417999999,"d":"8,209.41"},4313,{"v":0.525372445,"d":"0.53"},"M",310,50204001,{"v":1302.58734123999,"d":"1,302.59"},1342,{"v":1.03025721,"d":"1.03"},{"v":0,"d":"0.00"},{"v":0.969116244,"d":"0.97"},{"v":1300.55399899999,"d":"1,300.55"},{"v":41.4460010199999,"d":"41.45"},0,"0_50204001_4501",{"v":1207.57852183,"d":"1,207.58"},{"v":0,"d":"0.00"},{"v":41.4460010199999,"d":"41.45"},{"v":0,"d":"0.00"},"0_50204001_4501_811","G",{"v":58.5443061427999,"d":"58.54"},{"v":0.0484807448,"d":"0.05"},{"v":2.00933299843,"d":"2.01"}]
[5,502,50204,{"v":8209.41417999999,"d":"8,209.41"},4313,{"v":0.525372445,"d":"0.53"},"M",310,50204001,{"v":1302.58734123999,"d":"1,302.59"},1342,{"v":1.03025721,"d":"1.03"},{"v":0,"d":"0.00"},{"v":0.969116244,"d":"0.97"},{"v":1300.55399899999,"d":"1,300.55"},{"v":41.4460010199999,"d":"41.45"},0,"0_50204001_4501",{"v":1207.57852183,"d":"1,207.58"},{"v":0,"d":"0.00"},{"v":41.4460010199999,"d":"41.45"},{"v":0,"d":"0.00"},"0_50204001_4501_812","G",{"v":24.0867832598999,"d":"24.09"},{"v":0.0199463495122,"d":"0.02"},{"v":0.826696422228,"d":"0.83"}]
[5,502,50204,{"v":8209.41417999999,"d":"8,209.41"},4313,{"v":0.525372445,"d":"0.53"},"M",310,50204001,{"v":1302.58734123999,"d":"1,302.59"},1342,{"v":1.03025721,"d":"1.03"},{"v":0,"d":"0.00"},{"v":0.969116244,"d":"0.97"},{"v":1300.55399899999,"d":"1,300.55"},{"v":41.4460010199999,"d":"41.45"},0,"0_50204001_4501",{"v":1207.57852183,"d":"1,207.58"},{"v":0,"d":"0.00"},{"v":41.4460010199999,"d":"41.45"},{"v":0,"d":"0.00"},"0_50204001_4501_813","G",{"v":5.38126361962,"d":"5.38"},{"v":0.00445624323581,"d":"0.00"},{"v":0.184693461697,"d":"0.18"}]
[5,502,50204,{"v":8209.41417999999,"d":"8,209.41"},4313,{"v":0.525372445,"d":"0.53"},"M",310,50204001,{"v":1302.58734123999,"d":"1,302.59"},1342,{"v":1.03025721,"d":"1.03"},{"v":0,"d":"0.00"},{"v":0.969116244,"d":"0.97"},{"v":1300.55399899999,"d":"1,300.55"},{"v":41.4460010199999,"d":"41.45"},0,"0_50204001_4501",{"v":1207.57852183,"d":"1,207.58"},{"v":0,"d":"0.00"},{"v":41.4460010199999,"d":"41.45"},{"v":0,"d":"0.00"},"0_50204001_4501_814","G",{"v":1.35289172672,"d":"1.35"},{"v":1.12033437351E-3,"d":"0.00"},{"v":0.0464333795872,"d":"0.05"}]
[5,502,50204,{"v":8209.41417999999,"d":"8,209.41"},4313,{"v":0.525372445,"d":"0.53"},"M",310,50204001,{"v":1302.58734123999,"d":"1,302.59"},1342,{"v":1.03025721,"d":"1.03"},{"v":0,"d":"0.00"},{"v":0.969116244,"d":"0.97"},{"v":1300.55399899999,"d":"1,300.55"},{"v":41.4460010199999,"d":"41.45"},0,"0_50204001_4501",{"v":1207.57852183,"d":"1,207.58"},{"v":0,"d":"0.00"},{"v":41.4460010199999,"d":"41.45"},{"v":0,"d":"0.00"},"0_50204001_4501_815","G",{"v":1.03882590502,"d":"1.04"},{"v":0.000860255367449,"d":"0.00"},{"v":0.0356541448368,"d":"0.04"}]
[5,502,50204,{"v":8209.41417999999,"d":"8,209.41"},4313,{"v":0.525372445,"d":"0.53"},"M",310,50204001,{"v":1302.58734123999,"d":"1,302.59"},1342,{"v":1.03025721,"d":"1.03"},{"v":0,"d":"0.00"},{"v":0.969116244,"d":"0.97"},{"v":1300.55399899999,"d":"1,300.55"},{"v":41.4460010199999,"d":"41.45"},0,"0_50204001_4501",{"v":1207.57852183,"d":"1,207.58"},{"v":0,"d":"0.00"},{"v":41.4460010199999,"d":"41.45"},{"v":0,"d":"0.00"},"0_50204001_4501_816","G",{"v":0.447321035182,"d":"0.45"},{"v":0.00037042811469,"d":"0.00"},{"v":0.0153527640193,"d":"0.02"}]
[5,502,50204,{"v":8209.41417999999,"d":"8,209.41"},4313,{"v":0.525372445,"d":"0.53"},"M",310,50204001,{"v":1302.58734123999,"d":"1,302.59"},1342,{"v":1.03025721,"d":"1.03"},{"v":0,"d":"0.00"},{"v":0.969116244,"d":"0.97"},{"v":1300.55399899999,"d":"1,300.55"},{"v":41.4460010199999,"d":"41.45"},0,"0_50204001_4501",{"v":1207.57852183,"d":"1,207.58"},{"v":0,"d":"0.00"},{"v":41.4460010199999,"d":"41.45"},{"v":0,"d":"0.00"},"0_50204001_4501_817","G",{"v":4.08459960096,"d":"4.08"},{"v":0.00338247122412,"d":"0.00"},{"v":0.140189905805,"d":"0.14"}]
[5,502,50204,{"v":8209.41417999999,"d":"8,209.41"},4313,{"v":0.525372445,"d":"0.53"},"M",310,50204001,{"v":1302.58734123999,"d":"1,302.59"},1342,{"v":1.03025721,"d":"1.03"},{"v":0,"d":"0.00"},{"v":0.969116244,"d":"0.97"},{"v":1300.55399899999,"d":"1,300.55"},{"v":41.4460010199999,"d":"41.45"},0,"0_50204001_4501",{"v":1207.57852183,"d":"1,207.58"},{"v":0,"d":"0.00"},{"v":41.4460010199999,"d":"41.45"},{"v":0,"d":"0.00"},"0_50204001_4501_818","G",{"v":0.779635783887,"d":"0.78"},{"v":6.4561912107E-4,"d":"0.00"},{"v":0.0267583307504,"d":"0.03"}]
[5,502,50204,{"v":8209.41417999999,"d":"8,209.41"},4313,{"v":0.525372445,"d":"0.53"},"M",310,50204001,{"v":1302.58734123999,"d":"1,302.59"},1342,{"v":1.03025721,"d":"1.03"},{"v":0,"d":"0.00"},{"v":0.969116244,"d":"0.97"},{"v":1300.55399899999,"d":"1,300.55"},{"v":41.4460010199999,"d":"41.45"},0,"0_50204001_4501",{"v":1207.57852183,"d":"1,207.58"},{"v":0,"d":"0.00"},{"v":41.4460010199999,"d":"41.45"},{"v":0,"d":"0.00"},"0_50204001_4501_819","G",{"v":0.144447697576,"d":"0.14"},{"v":0.000119617643876,"d":"0.00"},{"v":0.00495767299009,"d":"0.00"}]
[5,502,50204,{"v":8209.41417999999,"d":"8,209.41"},4313,{"v":0.525372445,"d":"0.53"},"M",310,50204001,{"v":1302.58734123999,"d":"1,302.59"},1342,{"v":1.03025721,"d":"1.03"},{"v":0,"d":"0.00"},{"v":0.969116244,"d":"0.97"},{"v":1300.55399899999,"d":"1,300.55"},{"v":41.4460010199999,"d":"41.45"},0,"0_50204001_4501",{"v":1207.57852183,"d":"1,207.58"},{"v":0,"d":"0.00"},{"v":41.4460010199999,"d":"41.45"},{"v":0,"d":"0.00"},"0_50204001_4501_820","G",{"v":0.00797955741853,"d":"0.01"},{"v":6.607899424e-06,"d":"0.00"},{"v":0.000273871006257,"d":"0.00"}]
[5,502,50204,{"v":8209.41417999999,"d":"8,209.41"},4313,{"v":0.525372445,"d":"0.53"},"M",310,50204001,{"v":1302.58734123999,"d":"1,302.59"},1342,{"v":1.03025721,"d":"1.03"},{"v":0,"d":"0.00"},{"v":0.969116244,"d":"0.97"},{"v":1300.55399899999,"d":"1,300.55"},{"v":41.4460010199999,"d":"41.45"},0,"0_50204001_4501",{"v":1207.57852183,"d":"1,207.58"},{"v":0,"d":"0.00"},{"v":41.4460010199999,"d":"41.45"},{"v":0,"d":"0.00"},"0_50204001_4501_821","G",{"v":0.148471465617,"d":"0.15"},{"v":0.000122949740272,"d":"0.00"},{"v":0.00509577506072,"d":"0.01"}]
[5,502,50204,{"v":8209.41417999999,"d":"8,209.41"},4313,{"v":0.525372445,"d":"0.53"},"M",310,50204001,{"v":1302.58734123999,"d":"1,302.59"},1342,{"v":1.03025721,"d":"1.03"},{"v":0,"d":"0.00"},{"v":0.969116244,"d":"0.97"},{"v":1300.55399899999,"d":"1,300.55"},{"v":41.4460010199999,"d":"41.45"},0,"0_50204001_4501",{"v":1207.57852183,"d":"1,207.58"},{"v":0,"d":"0.00"},{"v":41.4460010199999,"d":"41.45"},{"v":0,"d":"0.00"},"0_50204001_4501_822","G",{"v":0.157338570652,"d":"0.16"},{"v":1.30292620983E-4,"d":"0.00"},{"v":0.00540010810216,"d":"0.01"}]
[5,502,50204,{"v":8209.41417999999,"d":"8,209.41"},4313,{"v":0.525372445,"d":"0.53"},"M",310,50204002,{"v":6813.24258601,"d":"6,813.24"},978,{"v":0.143543986,"d":"0.14"},{"v":0,"d":"0.00"},{"v":0.969116244,"d":"0.97"},{"v":947.7956863,"d":"947.80"},{"v":30.20431371,"d":"30.20"},0,"0_50204002_4502",{"v":6702.23683323,"d":"6,702.24"},{"v":0,"d":"0.00"},{"v":30.20431371,"d":"30.20"},{"v":0,"d":"0.00"},"0_50204002_4502_823","außerhalb GKL",{"v":66.4817198416999,"d":"66.48"},{"v":0.00991933312653,"d":"0.01"},{"v":0.299606649548,"d":"0.30"}]
[5,502,50204,{"v":8209.41417999999,"d":"8,209.41"},4313,{"v":0.525372445,"d":"0.53"},"M",310,50204002,{"v":6813.24258601,"d":"6,813.24"},978,{"v":0.143543986,"d":"0.14"},{"v":0,"d":"0.00"},{"v":0.969116244,"d":"0.97"},{"v":947.7956863,"d":"947.80"},{"v":30.20431371,"d":"30.20"},0,"0_50204002_4502",{"v":6702.23683323,"d":"6,702.24"},{"v":0,"d":"0.00"},{"v":30.20431371,"d":"30.20"},{"v":0,"d":"0.00"},"0_50204002_4502_824","außerhalb GKL",{"v":6576.75921059,"d":"6,576.76"},{"v":0.981278246985,"d":"0.98"},{"v":29.6388360087,"d":"29.64"}]
[5,502,50204,{"v":8209.41417999999,"d":"8,209.41"},4313,{"v":0.525372445,"d":"0.53"},"M",310,50204002,{"v":6813.24258601,"d":"6,813.24"},978,{"v":0.143543986,"d":"0.14"},{"v":0,"d":"0.00"},{"v":0.969116244,"d":"0.97"},{"v":947.7956863,"d":"947.80"},{"v":30.20431371,"d":"30.20"},0,"0_50204002_4502",{"v":6702.23683323,"d":"6,702.24"},{"v":0,"d":"0.00"},{"v":30.20431371,"d":"30.20"},{"v":0,"d":"0.00"},"0_50204002_4502_825","außerhalb GKL",{"v":0.392219554028,"d":"0.39"},{"v":5.8520694477e-05,"d":"0.00"},{"v":0.0017675774145,"d":"0.00"}]
[5,502,50204,{"v":8209.41417999999,"d":"8,209.41"},4313,{"v":0.525372445,"d":"0.53"},"M",310,50204002,{"v":6813.24258601,"d":"6,813.24"},978,{"v":0.143543986,"d":"0.14"},{"v":0,"d":"0.00"},{"v":0.969116244,"d":"0.97"},{"v":947.7956863,"d":"947.80"},{"v":30.20431371,"d":"30.20"},0,"0_50204002_4502",{"v":6702.23683323,"d":"6,702.24"},{"v":0,"d":"0.00"},{"v":30.20431371,"d":"30.20"},{"v":0,"d":"0.00"},"0_50204002_4502_826","B",{"v":0.313215062589,"d":"0.31"},{"v":4.6732914754e-05,"d":"0.00"},{"v":1.41153561782E-3,"d":"0.00"}]
[5,502,50204,{"v":8209.41417999999,"d":"8,209.41"},4313,{"v":0.525372445,"d":"0.53"},"M",310,50204002,{"v":6813.24258601,"d":"6,813.24"},978,{"v":0.143543986,"d":"0.14"},{"v":0,"d":"0.00"},{"v":0.969116244,"d":"0.97"},{"v":947.7956863,"d":"947.80"},{"v":30.20431371,"d":"30.20"},0,"0_50204002_4502",{"v":6702.23683323,"d":"6,702.24"},{"v":0,"d":"0.00"},{"v":30.20431371,"d":"30.20"},{"v":0,"d":"0.00"},"0_50204002_4502_827","C",{"v":2.45501971352,"d":"2.46"},{"v":0.000366298561899,"d":"0.00"},{"v":0.0110637966751,"d":"0.01"}]
[5,502,50204,{"v":8209.41417999999,"d":"8,209.41"},4313,{"v":0.525372445,"d":"0.53"},"M",310,50204002,{"v":6813.24258601,"d":"6,813.24"},978,{"v":0.143543986,"d":"0.14"},{"v":0,"d":"0.00"},{"v":0.969116244,"d":"0.97"},{"v":947.7956863,"d":"947.80"},{"v":30.20431371,"d":"30.20"},0,"0_50204002_4502",{"v":6702.23683323,"d":"6,702.24"},{"v":0,"d":"0.00"},{"v":30.20431371,"d":"30.20"},{"v":0,"d":"0.00"},"0_50204002_4502_828","C",{"v":0.330817873414,"d":"0.33"},{"v":4.935932311e-05,"d":"0.00"},{"v":0.00149086447974,"d":"0.00"}]
[5,502,50204,{"v":8209.41417999999,"d":"8,209.41"},4313,{"v":0.525372445,"d":"0.53"},"M",310,50204002,{"v":6813.24258601,"d":"6,813.24"},978,{"v":0.143543986,"d":"0.14"},{"v":0,"d":"0.00"},{"v":0.969116244,"d":"0.97"},{"v":947.7956863,"d":"947.80"},{"v":30.20431371,"d":"30.20"},0,"0_50204002_4502",{"v":6702.23683323,"d":"6,702.24"},{"v":0,"d":"0.00"},{"v":30.20431371,"d":"30.20"},{"v":0,"d":"0.00"},"0_50204002_4502_829","D",{"v":2.24744909006,"d":"2.25"},{"v":0.000335328211459,"d":"0.00"},{"v":0.0101283584947,"d":"0.01"}]
[5,502,50204,{"v":8209.41417999999,"d":"8,209.41"},4313,{"v":0.525372445,"d":"0.53"},"M",310,50204002,{"v":6813.24258601,"d":"6,813.24"},978,{"v":0.143543986,"d":"0.14"},{"v":0,"d":"0.00"},{"v":0.969116244,"d":"0.97"},{"v":947.7956863,"d":"947.80"},{"v":30.20431371,"d":"30.20"},0,"0_50204002_4502",{"v":6702.23683323,"d":"6,702.24"},{"v":0,"d":"0.00"},{"v":30.20431371,"d":"30.20"},{"v":0,"d":"0.00"},"0_50204002_4502_830","D",{"v":1.62320450268,"d":"1.62"},{"v":2.42188472755E-4,"d":"0.00"},{"v":0.00731513660804,"d":"0.01"}]
[5,502,50204,{"v":8209.41417999999,"d":"8,209.41"},4313,{"v":0.525372445,"d":"0.53"},"M",310,50204002,{"v":6813.24258601,"d":"6,813.24"},978,{"v":0.143543986,"d":"0.14"},{"v":0,"d":"0.00"},{"v":0.969116244,"d":"0.97"},{"v":947.7956863,"d":"947.80"},{"v":30.20431371,"d":"30.20"},0,"0_50204002_4502",{"v":6702.23683323,"d":"6,702.24"},{"v":0,"d":"0.00"},{"v":30.20431371,"d":"30.20"},{"v":0,"d":"0.00"},"0_50204002_4502_831","D",{"v":0.0193268507565,"d":"0.02"},{"v":2.88364187e-06,"d":"0.00"},{"v":8.7098423676e-05,"d":"0.00"}]
[5,502,50204,{"v":8209.41417999999,"d":"8,209.41"},4313,{"v":0.525372445,"d":"0.53"},"M",310,50204002,{"v":6813.24258601,"d":"6,813.24"},978,{"v":0.143543986,"d":"0.14"},{"v":0,"d":"0.00"},{"v":0.969116244,"d":"0.97"},{"v":947.7956863,"d":"947.80"},{"v":30.20431371,"d":"30.20"},0,"0_50204002_4502",{"v":6702.23683323,"d":"6,702.24"},{"v":0,"d":"0.00"},{"v":30.20431371,"d":"30.20"},{"v":0,"d":"0.00"},"0_50204002_4502_832","D",{"v":0.582437062413,"d":"0.58"},{"v":8.6901892145e-05,"d":"0.00"},{"v":0.00262481201235,"d":"0.00"}]
[5,502,50204,{"v":8209.41417999999,"d":"8,209.41"},4313,{"v":0.525372445,"d":"0.53"},"M",310,50204002,{"v":6813.24258601,"d":"6,813.24"},978,{"v":0.143543986,"d":"0.14"},{"v":0,"d":"0.00"},{"v":0.969116244,"d":"0.97"},{"v":947.7956863,"d":"947.80"},{"v":30.20431371,"d":"30.20"},0,"0_50204002_4502",{"v":6702.23683323,"d":"6,702.24"},{"v":0,"d":"0.00"},{"v":30.20431371,"d":"30.20"},{"v":0,"d":"0.00"},"0_50204002_4502_833","D",{"v":0.0218838337834,"d":"0.02"},{"v":3.265153758e-06,"d":"0.00"},{"v":9.862172842e-05,"d":"0.00"}]
[5,502,50204,{"v":8209.41417999999,"d":"8,209.41"},4313,{"v":0.525372445,"d":"0.53"},"M",310,50204002,{"v":6813.24258601,"d":"6,813.24"},978,{"v":0.143543986,"d":"0.14"},{"v":0,"d":"0.00"},{"v":0.969116244,"d":"0.97"},{"v":947.7956863,"d":"947.80"},{"v":30.20431371,"d":"30.20"},0,"0_50204002_4502",{"v":6702.23683323,"d":"6,702.24"},{"v":0,"d":"0.00"},{"v":30.20431371,"d":"30.20"},{"v":0,"d":"0.00"},"0_50204002_4502_834","D",{"v":1.63773997392,"d":"1.64"},{"v":0.000244357222025,"d":"0.00"},{"v":0.00738064219135,"d":"0.01"}]
[5,502,50204,{"v":8209.41417999999,"d":"8,209.41"},4313,{"v":0.525372445,"d":"0.53"},"M",310,50204002,{"v":6813.24258601,"d":"6,813.24"},978,{"v":0.143543986,"d":"0.14"},{"v":0,"d":"0.00"},{"v":0.969116244,"d":"0.97"},{"v":947.7956863,"d":"947.80"},{"v":30.20431371,"d":"30.20"},0,"0_50204002_4502",{"v":6702.23683323,"d":"6,702.24"},{"v":0,"d":"0.00"},{"v":30.20431371,"d":"30.20"},{"v":0,"d":"0.00"},"0_50204002_4502_835","D",{"v":0.795320310328,"d":"0.80"},{"v":1.18664906973E-4,"d":"0.00"},{"v":0.00358419207658,"d":"0.00"}]
[5,502,50204,{"v":8209.41417999999,"d":"8,209.41"},4313,{"v":0.525372445,"d":"0.53"},"M",310,50204002,{"v":6813.24258601,"d":"6,813.24"},978,{"v":0.143543986,"d":"0.14"},{"v":0,"d":"0.00"},{"v":0.969116244,"d":"0.97"},{"v":947.7956863,"d":"947.80"},{"v":30.20431371,"d":"30.20"},0,"0_50204002_4502",{"v":6702.23683323,"d":"6,702.24"},{"v":0,"d":"0.00"},{"v":30.20431371,"d":"30.20"},{"v":0,"d":"0.00"},"0_50204002_4502_836","D",{"v":0.12760485403,"d":"0.13"},{"v":1.9039144274e-05,"d":"0.00"},{"v":0.000575064286437,"d":"0.00"}]
[5,502,50204,{"v":8209.41417999999,"d":"8,209.41"},4313,{"v":0.525372445,"d":"0.53"},"M",310,50204002,{"v":6813.24258601,"d":"6,813.24"},978,{"v":0.143543986,"d":"0.14"},{"v":0,"d":"0.00"},{"v":0.969116244,"d":"0.97"},{"v":947.7956863,"d":"947.80"},{"v":30.20431371,"d":"30.20"},0,"0_50204002_4502",{"v":6702.23683323,"d":"6,702.24"},{"v":0,"d":"0.00"},{"v":30.20431371,"d":"30.20"},{"v":0,"d":"0.00"},"0_50204002_4502_837","E",{"v":8.2722765628,"d":"8.27"},{"v":1.23425608027E-3,"d":"0.00"},{"v":0.037279857847,"d":"0.04"}]
[5,502,50204,{"v":8209.41417999999,"d":"8,209.41"},4313,{"v":0.525372445,"d":"0.53"},"M",310,50204002,{"v":6813.24258601,"d":"6,813.24"},978,{"v":0.143543986,"d":"0.14"},{"v":0,"d":"0.00"},{"v":0.969116244,"d":"0.97"},{"v":947.7956863,"d":"947.80"},{"v":30.20431371,"d":"30.20"},0,"0_50204002_4502",{"v":6702.23683323,"d":"6,702.24"},{"v":0,"d":"0.00"},{"v":30.20431371,"d":"30.20"},{"v":0,"d":"0.00"},"0_50204002_4502_838","E",{"v":2.1632719793,"d":"2.16"},{"v":0.000322768656663,"d":"0.00"},{"v":0.0097490057616,"d":"0.01"}]
[5,502,50204,{"v":8209.41417999999,"d":"8,209.41"},4313,{"v":0.525372445,"d":"0.53"},"M",310,50204002,{"v":6813.24258601,"d":"6,813.24"},978,{"v":0.143543986,"d":"0.14"},{"v":0,"d":"0.00"},{"v":0.969116244,"d":"0.97"},{"v":947.7956863,"d":"947.80"},{"v":30.20431371,"d":"30.20"},0,"0_50204002_4502",{"v":6702.23683323,"d":"6,702.24"},{"v":0,"d":"0.00"},{"v":30.20431371,"d":"30.20"},{"v":0,"d":"0.00"},"0_50204002_4502_839","E",{"v":9.71905335306,"d":"9.72"},{"v":1.45012084695E-3,"d":"0.00"},{"v":0.0437999049787,"d":"0.04"}]
[5,502,50204,{"v":8209.41417999999,"d":"8,209.41"},4313,{"v":0.525372445,"d":"0.53"},"M",310,50204002,{"v":6813.24258601,"d":"6,813.24"},978,{"v":0.143543986,"d":"0.14"},{"v":0,"d":"0.00"},{"v":0.969116244,"d":"0.97"},{"v":947.7956863,"d":"947.80"},{"v":30.20431371,"d":"30.20"},0,"0_50204002_4502",{"v":6702.23683323,"d":"6,702.24"},{"v":0,"d":"0.00"},{"v":30.20431371,"d":"30.20"},{"v":0,"d":"0.00"},"0_50204002_4502_840","G",{"v":0.0977378479448,"d":"0.10"},{"v":1.4582869925E-5,"d":"0.00"},{"v":0.000440465578004,"d":"0.00"}]
[5,502,50204,{"v":8209.41417999999,"d":"8,209.41"},4313,{"v":0.525372445,"d":"0.53"},"M",310,50204002,{"v":6813.24258601,"d":"6,813.24"},978,{"v":0.143543986,"d":"0.14"},{"v":0,"d":"0.00"},{"v":0.969116244,"d":"0.97"},{"v":947.7956863,"d":"947.80"},{"v":30.20431371,"d":"30.20"},0,"0_50204002_4502",{"v":6702.23683323,"d":"6,702.24"},{"v":0,"d":"0.00"},{"v":30.20431371,"d":"30.20"},{"v":0,"d":"0.00"},"0_50204002_4502_841","G",{"v":2.30005327063,"d":"2.30"},{"v":0.000343176961343,"d":"0.00"},{"v":0.0103654245984,"d":"0.01"}]
[5,502,50204,{"v":8209.41417999999,"d":"8,209.41"},4313,{"v":0.525372445,"d":"0.53"},"M",310,50204002,{"v":6813.24258601,"d":"6,813.24"},978,{"v":0.143543986,"d":"0.14"},{"v":0,"d":"0.00"},{"v":0.969116244,"d":"0.97"},{"v":947.7956863,"d":"947.80"},{"v":30.20431371,"d":"30.20"},0,"0_50204002_4502",{"v":6702.23683323,"d":"6,702.24"},{"v":0,"d":"0.00"},{"v":30.20431371,"d":"30.20"},{"v":0,"d":"0.00"},"0_50204002_4502_842","G",{"v":6.88454347565,"d":"6.88"},{"v":1.02720086547E-3,"d":"0.00"},{"v":0.0310258971838,"d":"0.03"}]
[5,502,50204,{"v":8209.41417999999,"d":"8,209.41"},4313,{"v":0.525372445,"d":"0.53"},"M",310,50204002,{"v":6813.24258601,"d":"6,813.24"},978,{"v":0.143543986,"d":"0.14"},{"v":0,"d":"0.00"},{"v":0.969116244,"d":"0.97"},{"v":947.7956863,"d":"947.80"},{"v":30.20431371,"d":"30.20"},0,"0_50204002_4502",{"v":6702.23683323,"d":"6,702.24"},{"v":0,"d":"0.00"},{"v":30.20431371,"d":"30.20"},{"v":0,"d":"0.00"},"0_50204002_4502_843","G",{"v":0.457093530161,"d":"0.46"},{"v":6.8200145942e-05,"d":"0.00"},{"v":0.00205993860308,"d":"0.00"}]
[5,502,50204,{"v":8209.41417999999,"d":"8,209.41"},4313,{"v":0.525372445,"d":"0.53"},"M",310,50204002,{"v":6813.24258601,"d":"6,813.24"},978,{"v":0.143543986,"d":"0.14"},{"v":0,"d":"0.00"},{"v":0.969116244,"d":"0.97"},{"v":947.7956863,"d":"947.80"},{"v":30.20431371,"d":"30.20"},0,"0_50204002_4502",{"v":6702.23683323,"d":"6,702.24"},{"v":0,"d":"0.00"},{"v":30.20431371,"d":"30.20"},{"v":0,"d":"0.00"},"0_50204002_4502_844","G",{"v":18.5383848540999,"d":"18.54"},{"v":2.76599966778E-3,"d":"0.00"},{"v":0.0835451216874,"d":"0.08"}]
[5,502,50204,{"v":8209.41417999999,"d":"8,209.41"},4313,{"v":0.525372445,"d":"0.53"},"M",310,50204002,{"v":6813.24258601,"d":"6,813.24"},978,{"v":0.143543986,"d":"0.14"},{"v":0,"d":"0.00"},{"v":0.969116244,"d":"0.97"},{"v":947.7956863,"d":"947.80"},{"v":30.20431371,"d":"30.20"},0,"0_50204002_4502",{"v":6702.23683323,"d":"6,702.24"},{"v":0,"d":"0.00"},{"v":30.20431371,"d":"30.20"},{"v":0,"d":"0.00"},"0_50204002_4502_845","G",{"v":0.0172492363991,"d":"0.02"},{"v":2.573653666e-06,"d":"0.00"},{"v":7.7735442722e-05,"d":"0.00"}]
[5,502,50205,{"v":2699.01415099999,"d":"2,699.01"},21314,{"v":7.896957485,"d":"7.90"},"ST",101,50205000,{"v":88.9360575949999,"d":"88.94"},2222,{"v":24.98424216,"d":"24.98"},{"v":0,"d":"0.00"},{"v":0.965932983,"d":"0.97"},{"v":2146.303088,"d":"2,146.30"},{"v":75.6969117099999,"d":"75.70"},0,"0_50205000_4503",{"v":60.1340606107999,"d":"60.13"},{"v":0,"d":"0.00"},{"v":75.6969117099999,"d":"75.70"},{"v":0,"d":"0.00"},"0_50205000_4503_846","außerhalb GKL",{"v":9.9312889418,"d":"9.93"},{"v":0.165152475002,"d":"0.17"},{"v":12.5015323189,"d":"12.50"}]
[5,502,50205,{"v":2699.01415099999,"d":"2,699.01"},21314,{"v":7.896957485,"d":"7.90"},"ST",101,50205000,{"v":88.9360575949999,"d":"88.94"},2222,{"v":24.98424216,"d":"24.98"},{"v":0,"d":"0.00"},{"v":0.965932983,"d":"0.97"},{"v":2146.303088,"d":"2,146.30"},{"v":75.6969117099999,"d":"75.70"},0,"0_50205000_4503",{"v":60.1340606107999,"d":"60.13"},{"v":0,"d":"0.00"},{"v":75.6969117099999,"d":"75.70"},{"v":0,"d":"0.00"},"0_50205000_4503_847","außerhalb GKL",{"v":0.14690877815,"d":"0.15"},{"v":0.00244302108751,"d":"0.00"},{"v":0.184929151567,"d":"0.18"}]
[5,502,50205,{"v":2699.01415099999,"d":"2,699.01"},21314,{"v":7.896957485,"d":"7.90"},"ST",101,50205000,{"v":88.9360575949999,"d":"88.94"},2222,{"v":24.98424216,"d":"24.98"},{"v":0,"d":"0.00"},{"v":0.965932983,"d":"0.97"},{"v":2146.303088,"d":"2,146.30"},{"v":75.6969117099999,"d":"75.70"},0,"0_50205000_4503",{"v":60.1340606107999,"d":"60.13"},{"v":0,"d":"0.00"},{"v":75.6969117099999,"d":"75.70"},{"v":0,"d":"0.00"},"0_50205000_4503_848","A",{"v":0.773493793277,"d":"0.77"},{"v":0.0128628232556,"d":"0.01"},{"v":0.97367599632,"d":"0.97"}]
[5,502,50205,{"v":2699.01415099999,"d":"2,699.01"},21314,{"v":7.896957485,"d":"7.90"},"ST",101,50205000,{"v":88.9360575949999,"d":"88.94"},2222,{"v":24.98424216,"d":"24.98"},{"v":0,"d":"0.00"},{"v":0.965932983,"d":"0.97"},{"v":2146.303088,"d":"2,146.30"},{"v":75.6969117099999,"d":"75.70"},0,"0_50205000_4503",{"v":60.1340606107999,"d":"60.13"},{"v":0,"d":"0.00"},{"v":75.6969117099999,"d":"75.70"},{"v":0,"d":"0.00"},"0_50205000_4503_849","B",{"v":0.899644468774,"d":"0.90"},{"v":0.0149606472544,"d":"0.01"},{"v":1.13247479434,"d":"1.13"}]
[5,502,50205,{"v":2699.01415099999,"d":"2,699.01"},21314,{"v":7.896957485,"d":"7.90"},"ST",101,50205000,{"v":88.9360575949999,"d":"88.94"},2222,{"v":24.98424216,"d":"24.98"},{"v":0,"d":"0.00"},{"v":0.965932983,"d":"0.97"},{"v":2146.303088,"d":"2,146.30"},{"v":75.6969117099999,"d":"75.70"},0,"0_50205000_4503",{"v":60.1340606107999,"d":"60.13"},{"v":0,"d":"0.00"},{"v":75.6969117099999,"d":"75.70"},{"v":0,"d":"0.00"},"0_50205000_4503_850","B",{"v":0.000874062667805,"d":"0.00"},{"v":1.4535234423e-05,"d":"0.00"},{"v":1.10027235682E-3,"d":"0.00"}]
[5,502,50205,{"v":2699.01415099999,"d":"2,699.01"},21314,{"v":7.896957485,"d":"7.90"},"ST",101,50205000,{"v":88.9360575949999,"d":"88.94"},2222,{"v":24.98424216,"d":"24.98"},{"v":0,"d":"0.00"},{"v":0.965932983,"d":"0.97"},{"v":2146.303088,"d":"2,146.30"},{"v":75.6969117099999,"d":"75.70"},0,"0_50205000_4503",{"v":60.1340606107999,"d":"60.13"},{"v":0,"d":"0.00"},{"v":75.6969117099999,"d":"75.70"},{"v":0,"d":"0.00"},"0_50205000_4503_851","C",{"v":0.0857447074973,"d":"0.09"},{"v":0.00142589252458,"d":"0.00"},{"v":0.107935660541,"d":"0.11"}]
[5,502,50205,{"v":2699.01415099999,"d":"2,699.01"},21314,{"v":7.896957485,"d":"7.90"},"ST",101,50205000,{"v":88.9360575949999,"d":"88.94"},2222,{"v":24.98424216,"d":"24.98"},{"v":0,"d":"0.00"},{"v":0.965932983,"d":"0.97"},{"v":2146.303088,"d":"2,146.30"},{"v":75.6969117099999,"d":"75.70"},0,"0_50205000_4503",{"v":60.1340606107999,"d":"60.13"},{"v":0,"d":"0.00"},{"v":75.6969117099999,"d":"75.70"},{"v":0,"d":"0.00"},"0_50205000_4503_852","C",{"v":0.62656438278,"d":"0.63"},{"v":0.0104194590622,"d":"0.01"},{"v":0.788720872697,"d":"0.79"}]
[5,502,50205,{"v":2699.01415099999,"d":"2,699.01"},21314,{"v":7.896957485,"d":"7.90"},"ST",101,50205000,{"v":88.9360575949999,"d":"88.94"},2222,{"v":24.98424216,"d":"24.98"},{"v":0,"d":"0.00"},{"v":0.965932983,"d":"0.97"},{"v":2146.303088,"d":"2,146.30"},{"v":75.6969117099999,"d":"75.70"},0,"0_50205000_4503",{"v":60.1340606107999,"d":"60.13"},{"v":0,"d":"0.00"},{"v":75.6969117099999,"d":"75.70"},{"v":0,"d":"0.00"},"0_50205000_4503_853","C",{"v":0.0297043180848,"d":"0.03"},{"v":0.000493968273273,"d":"0.00"},{"v":0.0373918727695,"d":"0.04"}]
[5,502,50205,{"v":2699.01415099999,"d":"2,699.01"},21314,{"v":7.896957485,"d":"7.90"},"ST",101,50205000,{"v":88.9360575949999,"d":"88.94"},2222,{"v":24.98424216,"d":"24.98"},{"v":0,"d":"0.00"},{"v":0.965932983,"d":"0.97"},{"v":2146.303088,"d":"2,146.30"},{"v":75.6969117099999,"d":"75.70"},0,"0_50205000_4503",{"v":60.1340606107999,"d":"60.13"},{"v":0,"d":"0.00"},{"v":75.6969117099999,"d":"75.70"},{"v":0,"d":"0.00"},"0_50205000_4503_854","C",{"v":2.89237357865,"d":"2.89"},{"v":0.0480987571648,"d":"0.05"},{"v":3.64092737446,"d":"3.64"}]
[5,502,50205,{"v":2699.01415099999,"d":"2,699.01"},21314,{"v":7.896957485,"d":"7.90"},"ST",101,50205000,{"v":88.9360575949999,"d":"88.94"},2222,{"v":24.98424216,"d":"24.98"},{"v":0,"d":"0.00"},{"v":0.965932983,"d":"0.97"},{"v":2146.303088,"d":"2,146.30"},{"v":75.6969117099999,"d":"75.70"},0,"0_50205000_4503",{"v":60.1340606107999,"d":"60.13"},{"v":0,"d":"0.00"},{"v":75.6969117099999,"d":"75.70"},{"v":0,"d":"0.00"},"0_50205000_4503_855","C",{"v":0.32587450145,"d":"0.33"},{"v":0.00541913348508,"d":"0.01"},{"v":0.410211668965,"d":"0.41"}]
[5,502,50205,{"v":2699.01415099999,"d":"2,699.01"},21314,{"v":7.896957485,"d":"7.90"},"ST",101,50205000,{"v":88.9360575949999,"d":"88.94"},2222,{"v":24.98424216,"d":"24.98"},{"v":0,"d":"0.00"},{"v":0.965932983,"d":"0.97"},{"v":2146.303088,"d":"2,146.30"},{"v":75.6969117099999,"d":"75.70"},0,"0_50205000_4503",{"v":60.1340606107999,"d":"60.13"},{"v":0,"d":"0.00"},{"v":75.6969117099999,"d":"75.70"},{"v":0,"d":"0.00"},"0_50205000_4503_856","C",{"v":3.7971816195E-5,"d":"0.00"},{"v":6.31452721e-07,"d":"0.00"},{"v":4.7799020867e-05,"d":"0.00"}]
[5,502,50205,{"v":2699.01415099999,"d":"2,699.01"},21314,{"v":7.896957485,"d":"7.90"},"ST",101,50205000,{"v":88.9360575949999,"d":"88.94"},2222,{"v":24.98424216,"d":"24.98"},{"v":0,"d":"0.00"},{"v":0.965932983,"d":"0.97"},{"v":2146.303088,"d":"2,146.30"},{"v":75.6969117099999,"d":"75.70"},0,"0_50205000_4503",{"v":60.1340606107999,"d":"60.13"},{"v":0,"d":"0.00"},{"v":75.6969117099999,"d":"75.70"},{"v":0,"d":"0.00"},"0_50205000_4503_857","D",{"v":0.598530904246,"d":"0.60"},{"v":0.00995327603303,"d":"0.01"},{"v":0.753432257098,"d":"0.75"}]
[5,502,50205,{"v":2699.01415099999,"d":"2,699.01"},21314,{"v":7.896957485,"d":"7.90"},"ST",101,50205000,{"v":88.9360575949999,"d":"88.94"},2222,{"v":24.98424216,"d":"24.98"},{"v":0,"d":"0.00"},{"v":0.965932983,"d":"0.97"},{"v":2146.303088,"d":"2,146.30"},{"v":75.6969117099999,"d":"75.70"},0,"0_50205000_4503",{"v":60.1340606107999,"d":"60.13"},{"v":0,"d":"0.00"},{"v":75.6969117099999,"d":"75.70"},{"v":0,"d":"0.00"},"0_50205000_4503_858","D",{"v":0.157888242109,"d":"0.16"},{"v":0.0026256042001,"d":"0.00"},{"v":0.19875012932,"d":"0.20"}]
[5,502,50205,{"v":2699.01415099999,"d":"2,699.01"},21314,{"v":7.896957485,"d":"7.90"},"ST",101,50205000,{"v":88.9360575949999,"d":"88.94"},2222,{"v":24.98424216,"d":"24.98"},{"v":0,"d":"0.00"},{"v":0.965932983,"d":"0.97"},{"v":2146.303088,"d":"2,146.30"},{"v":75.6969117099999,"d":"75.70"},0,"0_50205000_4503",{"v":60.1340606107999,"d":"60.13"},{"v":0,"d":"0.00"},{"v":75.6969117099999,"d":"75.70"},{"v":0,"d":"0.00"},"0_50205000_4503_859","D",{"v":0.323523324315,"d":"0.32"},{"v":0.00538003455993,"d":"0.01"},{"v":0.40725200108,"d":"0.41"}]
[5,502,50205,{"v":2699.01415099999,"d":"2,699.01"},21314,{"v":7.896957485,"d":"7.90"},"ST",101,50205000,{"v":88.9360575949999,"d":"88.94"},2222,{"v":24.98424216,"d":"24.98"},{"v":0,"d":"0.00"},{"v":0.965932983,"d":"0.97"},{"v":2146.303088,"d":"2,146.30"},{"v":75.6969117099999,"d":"75.70"},0,"0_50205000_4503",{"v":60.1340606107999,"d":"60.13"},{"v":0,"d":"0.00"},{"v":75.6969117099999,"d":"75.70"},{"v":0,"d":"0.00"},"0_50205000_4503_860","D",{"v":5.14443894427,"d":"5.14"},{"v":0.0855495020961,"d":"0.09"},{"v":6.475833107,"d":"6.48"}]
[5,502,50205,{"v":2699.01415099999,"d":"2,699.01"},21314,{"v":7.896957485,"d":"7.90"},"ST",101,50205000,{"v":88.9360575949999,"d":"88.94"},2222,{"v":24.98424216,"d":"24.98"},{"v":0,"d":"0.00"},{"v":0.965932983,"d":"0.97"},{"v":2146.303088,"d":"2,146.30"},{"v":75.6969117099999,"d":"75.70"},0,"0_50205000_4503",{"v":60.1340606107999,"d":"60.13"},{"v":0,"d":"0.00"},{"v":75.6969117099999,"d":"75.70"},{"v":0,"d":"0.00"},"0_50205000_4503_861","D",{"v":0.667801986228,"d":"0.67"},{"v":0.011105220227,"d":"0.01"},{"v":0.840630875043,"d":"0.84"}]
[5,502,50205,{"v":2699.01415099999,"d":"2,699.01"},21314,{"v":7.896957485,"d":"7.90"},"ST",101,50205000,{"v":88.9360575949999,"d":"88.94"},2222,{"v":24.98424216,"d":"24.98"},{"v":0,"d":"0.00"},{"v":0.965932983,"d":"0.97"},{"v":2146.303088,"d":"2,146.30"},{"v":75.6969117099999,"d":"75.70"},0,"0_50205000_4503",{"v":60.1340606107999,"d":"60.13"},{"v":0,"d":"0.00"},{"v":75.6969117099999,"d":"75.70"},{"v":0,"d":"0.00"},"0_50205000_4503_862","D",{"v":3.9791138132e-05,"d":"0.00"},{"v":6.61707154e-07,"d":"0.00"},{"v":5.0089188048e-05,"d":"0.00"}]
[5,502,50205,{"v":2699.01415099999,"d":"2,699.01"},21314,{"v":7.896957485,"d":"7.90"},"ST",101,50205000,{"v":88.9360575949999,"d":"88.94"},2222,{"v":24.98424216,"d":"24.98"},{"v":0,"d":"0.00"},{"v":0.965932983,"d":"0.97"},{"v":2146.303088,"d":"2,146.30"},{"v":75.6969117099999,"d":"75.70"},0,"0_50205000_4503",{"v":60.1340606107999,"d":"60.13"},{"v":0,"d":"0.00"},{"v":75.6969117099999,"d":"75.70"},{"v":0,"d":"0.00"},"0_50205000_4503_863","D",{"v":0.00961035466532,"d":"0.01"},{"v":1.59815495041E-4,"d":"0.00"},{"v":0.012097539418,"d":"0.01"}]
[5,502,50205,{"v":2699.01415099999,"d":"2,699.01"},21314,{"v":7.896957485,"d":"7.90"},"ST",101,50205000,{"v":88.9360575949999,"d":"88.94"},2222,{"v":24.98424216,"d":"24.98"},{"v":0,"d":"0.00"},{"v":0.965932983,"d":"0.97"},{"v":2146.303088,"d":"2,146.30"},{"v":75.6969117099999,"d":"75.70"},0,"0_50205000_4503",{"v":60.1340606107999,"d":"60.13"},{"v":0,"d":"0.00"},{"v":75.6969117099999,"d":"75.70"},{"v":0,"d":"0.00"},"0_50205000_4503_864","D",{"v":0.208043244031,"d":"0.21"},{"v":0.00345965733759,"d":"0.00"},{"v":0.26188537603,"d":"0.26"}]
[5,502,50205,{"v":2699.01415099999,"d":"2,699.01"},21314,{"v":7.896957485,"d":"7.90"},"ST",101,50205000,{"v":88.9360575949999,"d":"88.94"},2222,{"v":24.98424216,"d":"24.98"},{"v":0,"d":"0.00"},{"v":0.965932983,"d":"0.97"},{"v":2146.303088,"d":"2,146.30"},{"v":75.6969117099999,"d":"75.70"},0,"0_50205000_4503",{"v":60.1340606107999,"d":"60.13"},{"v":0,"d":"0.00"},{"v":75.6969117099999,"d":"75.70"},{"v":0,"d":"0.00"},"0_50205000_4503_865","D",{"v":0.0622680500012,"d":"0.06"},{"v":1.03548719925E-3,"d":"0.00"},{"v":0.0783831830985,"d":"0.08"}]
[5,502,50205,{"v":2699.01415099999,"d":"2,699.01"},21314,{"v":7.896957485,"d":"7.90"},"ST",101,50205000,{"v":88.9360575949999,"d":"88.94"},2222,{"v":24.98424216,"d":"24.98"},{"v":0,"d":"0.00"},{"v":0.965932983,"d":"0.97"},{"v":2146.303088,"d":"2,146.30"},{"v":75.6969117099999,"d":"75.70"},0,"0_50205000_4503",{"v":60.1340606107999,"d":"60.13"},{"v":0,"d":"0.00"},{"v":75.6969117099999,"d":"75.70"},{"v":0,"d":"0.00"},"0_50205000_4503_866","D",{"v":3.627950583e-06,"d":"0.00"},{"v":6.0331043e-08,"d":"0.00"},{"v":4.566873618e-06,"d":"0.00"}]
[5,502,50205,{"v":2699.01415099999,"d":"2,699.01"},21314,{"v":7.896957485,"d":"7.90"},"ST",101,50205000,{"v":88.9360575949999,"d":"88.94"},2222,{"v":24.98424216,"d":"24.98"},{"v":0,"d":"0.00"},{"v":0.965932983,"d":"0.97"},{"v":2146.303088,"d":"2,146.30"},{"v":75.6969117099999,"d":"75.70"},0,"0_50205000_4503",{"v":60.1340606107999,"d":"60.13"},{"v":0,"d":"0.00"},{"v":75.6969117099999,"d":"75.70"},{"v":0,"d":"0.00"},"0_50205000_4503_867","D",{"v":0.767143449743,"d":"0.77"},{"v":0.0127572201503,"d":"0.01"},{"v":0.965682167382,"d":"0.97"}]
[5,502,50205,{"v":2699.01415099999,"d":"2,699.01"},21314,{"v":7.896957485,"d":"7.90"},"ST",101,50205000,{"v":88.9360575949999,"d":"88.94"},2222,{"v":24.98424216,"d":"24.98"},{"v":0,"d":"0.00"},{"v":0.965932983,"d":"0.97"},{"v":2146.303088,"d":"2,146.30"},{"v":75.6969117099999,"d":"75.70"},0,"0_50205000_4503",{"v":60.1340606107999,"d":"60.13"},{"v":0,"d":"0.00"},{"v":75.6969117099999,"d":"75.70"},{"v":0,"d":"0.00"},"0_50205000_4503_868","E",{"v":7.60678330638,"d":"7.61"},{"v":0.126497083834,"d":"0.13"},{"v":9.57543858655,"d":"9.58"}]
[5,502,50205,{"v":2699.01415099999,"d":"2,699.01"},21314,{"v":7.896957485,"d":"7.90"},"ST",101,50205000,{"v":88.9360575949999,"d":"88.94"},2222,{"v":24.98424216,"d":"24.98"},{"v":0,"d":"0.00"},{"v":0.965932983,"d":"0.97"},{"v":2146.303088,"d":"2,146.30"},{"v":75.6969117099999,"d":"75.70"},0,"0_50205000_4503",{"v":60.1340606107999,"d":"60.13"},{"v":0,"d":"0.00"},{"v":75.6969117099999,"d":"75.70"},{"v":0,"d":"0.00"},"0_50205000_4503_869","E",{"v":0.592631361291,"d":"0.59"},{"v":0.00985516952076,"d":"0.01"},{"v":0.7460058971,"d":"0.75"}]
[5,502,50205,{"v":2699.01415099999,"d":"2,699.01"},21314,{"v":7.896957485,"d":"7.90"},"ST",101,50205000,{"v":88.9360575949999,"d":"88.94"},2222,{"v":24.98424216,"d":"24.98"},{"v":0,"d":"0.00"},{"v":0.965932983,"d":"0.97"},{"v":2146.303088,"d":"2,146.30"},{"v":75.6969117099999,"d":"75.70"},0,"0_50205000_4503",{"v":60.1340606107999,"d":"60.13"},{"v":0,"d":"0.00"},{"v":75.6969117099999,"d":"75.70"},{"v":0,"d":"0.00"},"0_50205000_4503_870","E",{"v":5.20524618626,"d":"5.21"},{"v":0.086560696773,"d":"0.09"},{"v":6.55237742118,"d":"6.55"}]
[5,502,50205,{"v":2699.01415099999,"d":"2,699.01"},21314,{"v":7.896957485,"d":"7.90"},"ST",101,50205000,{"v":88.9360575949999,"d":"88.94"},2222,{"v":24.98424216,"d":"24.98"},{"v":0,"d":"0.00"},{"v":0.965932983,"d":"0.97"},{"v":2146.303088,"d":"2,146.30"},{"v":75.6969117099999,"d":"75.70"},0,"0_50205000_4503",{"v":60.1340606107999,"d":"60.13"},{"v":0,"d":"0.00"},{"v":75.6969117099999,"d":"75.70"},{"v":0,"d":"0.00"},"0_50205000_4503_871","E",{"v":0.344226329739,"d":"0.34"},{"v":0.00572431540865,"d":"0.01"},{"v":0.433312998089,"d":"0.43"}]
[5,502,50205,{"v":2699.01415099999,"d":"2,699.01"},21314,{"v":7.896957485,"d":"7.90"},"ST",101,50205000,{"v":88.9360575949999,"d":"88.94"},2222,{"v":24.98424216,"d":"24.98"},{"v":0,"d":"0.00"},{"v":0.965932983,"d":"0.97"},{"v":2146.303088,"d":"2,146.30"},{"v":75.6969117099999,"d":"75.70"},0,"0_50205000_4503",{"v":60.1340606107999,"d":"60.13"},{"v":0,"d":"0.00"},{"v":75.6969117099999,"d":"75.70"},{"v":0,"d":"0.00"},"0_50205000_4503_872","F",{"v":13.7323378346999,"d":"13.73"},{"v":0.228362057962,"d":"0.23"},{"v":17.2863025394999,"d":"17.29"}]
[5,502,50205,{"v":2699.01415099999,"d":"2,699.01"},21314,{"v":7.896957485,"d":"7.90"},"ST",101,50205000,{"v":88.9360575949999,"d":"88.94"},2222,{"v":24.98424216,"d":"24.98"},{"v":0,"d":"0.00"},{"v":0.965932983,"d":"0.97"},{"v":2146.303088,"d":"2,146.30"},{"v":75.6969117099999,"d":"75.70"},0,"0_50205000_4503",{"v":60.1340606107999,"d":"60.13"},{"v":0,"d":"0.00"},{"v":75.6969117099999,"d":"75.70"},{"v":0,"d":"0.00"},"0_50205000_4503_873","F",{"v":0.235268988782,"d":"0.24"},{"v":0.00391240814926,"d":"0.00"},{"v":0.296157214248,"d":"0.30"}]
[5,502,50205,{"v":2699.01415099999,"d":"2,699.01"},21314,{"v":7.896957485,"d":"7.90"},"ST",101,50205000,{"v":88.9360575949999,"d":"88.94"},2222,{"v":24.98424216,"d":"24.98"},{"v":0,"d":"0.00"},{"v":0.965932983,"d":"0.97"},{"v":2146.303088,"d":"2,146.30"},{"v":75.6969117099999,"d":"75.70"},0,"0_50205000_4503",{"v":60.1340606107999,"d":"60.13"},{"v":0,"d":"0.00"},{"v":75.6969117099999,"d":"75.70"},{"v":0,"d":"0.00"},"0_50205000_4503_874","G",{"v":8.28769024686,"d":"8.29"},{"v":0.137820233037,"d":"0.14"},{"v":10.4325660121,"d":"10.43"}]
[5,502,50205,{"v":2699.01415099999,"d":"2,699.01"},21314,{"v":7.896957485,"d":"7.90"},"ST",101,50205000,{"v":88.9360575949999,"d":"88.94"},2222,{"v":24.98424216,"d":"24.98"},{"v":0,"d":"0.00"},{"v":0.965932983,"d":"0.97"},{"v":2146.303088,"d":"2,146.30"},{"v":75.6969117099999,"d":"75.70"},0,"0_50205000_4503",{"v":60.1340606107999,"d":"60.13"},{"v":0,"d":"0.00"},{"v":75.6969117099999,"d":"75.70"},{"v":0,"d":"0.00"},"0_50205000_4503_875","G",{"v":0.478074933151,"d":"0.48"},{"v":0.00795015218156,"d":"0.01"},{"v":0.601801967769,"d":"0.60"}]
[5,502,50205,{"v":2699.01415099999,"d":"2,699.01"},21314,{"v":7.896957485,"d":"7.90"},"ST",101,50205010,{"v":49.6125134051,"d":"49.61"},965,{"v":19.450738,"d":"19.45"},{"v":0,"d":"0.00"},{"v":0.965932983,"d":"0.97"},{"v":932.125328599999,"d":"932.13"},{"v":32.87467138,"d":"32.87"},0,"0_50205010_4504",{"v":24.9334476939,"d":"24.93"},{"v":0,"d":"0.00"},{"v":32.87467138,"d":"32.87"},{"v":0,"d":"0.00"},"0_50205010_4504_876","A",{"v":0.0394175566556,"d":"0.04"},{"v":1.58091079659E-3,"d":"0.00"},{"v":0.051971922919,"d":"0.05"}]
[5,502,50205,{"v":2699.01415099999,"d":"2,699.01"},21314,{"v":7.896957485,"d":"7.90"},"ST",101,50205010,{"v":49.6125134051,"d":"49.61"},965,{"v":19.450738,"d":"19.45"},{"v":0,"d":"0.00"},{"v":0.965932983,"d":"0.97"},{"v":932.125328599999,"d":"932.13"},{"v":32.87467138,"d":"32.87"},0,"0_50205010_4504",{"v":24.9334476939,"d":"24.93"},{"v":0,"d":"0.00"},{"v":32.87467138,"d":"32.87"},{"v":0,"d":"0.00"},"0_50205010_4504_877","A",{"v":0.000239518456116,"d":"0.00"},{"v":9.606311131e-06,"d":"0.00"},{"v":0.000315804321606,"d":"0.00"}]
[5,502,50205,{"v":2699.01415099999,"d":"2,699.01"},21314,{"v":7.896957485,"d":"7.90"},"ST",101,50205010,{"v":49.6125134051,"d":"49.61"},965,{"v":19.450738,"d":"19.45"},{"v":0,"d":"0.00"},{"v":0.965932983,"d":"0.97"},{"v":932.125328599999,"d":"932.13"},{"v":32.87467138,"d":"32.87"},0,"0_50205010_4504",{"v":24.9334476939,"d":"24.93"},{"v":0,"d":"0.00"},{"v":32.87467138,"d":"32.87"},{"v":0,"d":"0.00"},"0_50205010_4504_878","A",{"v":0.0364233553827,"d":"0.04"},{"v":0.00146082306105,"d":"0.00"},{"v":0.0480240780763,"d":"0.05"}]
[5,502,50205,{"v":2699.01415099999,"d":"2,699.01"},21314,{"v":7.896957485,"d":"7.90"},"ST",101,50205010,{"v":49.6125134051,"d":"49.61"},965,{"v":19.450738,"d":"19.45"},{"v":0,"d":"0.00"},{"v":0.965932983,"d":"0.97"},{"v":932.125328599999,"d":"932.13"},{"v":32.87467138,"d":"32.87"},0,"0_50205010_4504",{"v":24.9334476939,"d":"24.93"},{"v":0,"d":"0.00"},{"v":32.87467138,"d":"32.87"},{"v":0,"d":"0.00"},"0_50205010_4504_879","A",{"v":1.56320106729,"d":"1.56"},{"v":0.0626949424115,"d":"0.06"},{"v":2.06107562897,"d":"2.06"}]
[5,502,50205,{"v":2699.01415099999,"d":"2,699.01"},21314,{"v":7.896957485,"d":"7.90"},"ST",101,50205010,{"v":49.6125134051,"d":"49.61"},965,{"v":19.450738,"d":"19.45"},{"v":0,"d":"0.00"},{"v":0.965932983,"d":"0.97"},{"v":932.125328599999,"d":"932.13"},{"v":32.87467138,"d":"32.87"},0,"0_50205010_4504",{"v":24.9334476939,"d":"24.93"},{"v":0,"d":"0.00"},{"v":32.87467138,"d":"32.87"},{"v":0,"d":"0.00"},"0_50205010_4504_880","B",{"v":0.350111182289,"d":"0.35"},{"v":0.0140418279328,"d":"0.01"},{"v":0.461620478865,"d":"0.46"}]
[5,502,50205,{"v":2699.01415099999,"d":"2,699.01"},21314,{"v":7.896957485,"d":"7.90"},"ST",101,50205010,{"v":49.6125134051,"d":"49.61"},965,{"v":19.450738,"d":"19.45"},{"v":0,"d":"0.00"},{"v":0.965932983,"d":"0.97"},{"v":932.125328599999,"d":"932.13"},{"v":32.87467138,"d":"32.87"},0,"0_50205010_4504",{"v":24.9334476939,"d":"24.93"},{"v":0,"d":"0.00"},{"v":32.87467138,"d":"32.87"},{"v":0,"d":"0.00"},"0_50205010_4504_881","B",{"v":0.675049971163,"d":"0.68"},{"v":0.027074072525,"d":"0.03"},{"v":0.890051237178,"d":"0.89"}]
[5,502,50205,{"v":2699.01415099999,"d":"2,699.01"},21314,{"v":7.896957485,"d":"7.90"},"ST",101,50205010,{"v":49.6125134051,"d":"49.61"},965,{"v":19.450738,"d":"19.45"},{"v":0,"d":"0.00"},{"v":0.965932983,"d":"0.97"},{"v":932.125328599999,"d":"932.13"},{"v":32.87467138,"d":"32.87"},0,"0_50205010_4504",{"v":24.9334476939,"d":"24.93"},{"v":0,"d":"0.00"},{"v":32.87467138,"d":"32.87"},{"v":0,"d":"0.00"},"0_50205010_4504_882","B",{"v":0.587106247872,"d":"0.59"},{"v":0.0235469340253,"d":"0.02"},{"v":0.774097718088,"d":"0.77"}]
[5,502,50205,{"v":2699.01415099999,"d":"2,699.01"},21314,{"v":7.896957485,"d":"7.90"},"ST",101,50205010,{"v":49.6125134051,"d":"49.61"},965,{"v":19.450738,"d":"19.45"},{"v":0,"d":"0.00"},{"v":0.965932983,"d":"0.97"},{"v":932.125328599999,"d":"932.13"},{"v":32.87467138,"d":"32.87"},0,"0_50205010_4504",{"v":24.9334476939,"d":"24.93"},{"v":0,"d":"0.00"},{"v":32.87467138,"d":"32.87"},{"v":0,"d":"0.00"},"0_50205010_4504_883","B",{"v":0.162490325247,"d":"0.16"},{"v":0.00651696176324,"d":"0.01"},{"v":0.214242976363,"d":"0.21"}]
[5,502,50205,{"v":2699.01415099999,"d":"2,699.01"},21314,{"v":7.896957485,"d":"7.90"},"ST",101,50205010,{"v":49.6125134051,"d":"49.61"},965,{"v":19.450738,"d":"19.45"},{"v":0,"d":"0.00"},{"v":0.965932983,"d":"0.97"},{"v":932.125328599999,"d":"932.13"},{"v":32.87467138,"d":"32.87"},0,"0_50205010_4504",{"v":24.9334476939,"d":"24.93"},{"v":0,"d":"0.00"},{"v":32.87467138,"d":"32.87"},{"v":0,"d":"0.00"},"0_50205010_4504_884","B",{"v":5.90157919925,"d":"5.90"},{"v":0.236693267281,"d":"0.24"},{"v":7.78121337972,"d":"7.78"}]
[5,502,50205,{"v":2699.01415099999,"d":"2,699.01"},21314,{"v":7.896957485,"d":"7.90"},"ST",101,50205010,{"v":49.6125134051,"d":"49.61"},965,{"v":19.450738,"d":"19.45"},{"v":0,"d":"0.00"},{"v":0.965932983,"d":"0.97"},{"v":932.125328599999,"d":"932.13"},{"v":32.87467138,"d":"32.87"},0,"0_50205010_4504",{"v":24.9334476939,"d":"24.93"},{"v":0,"d":"0.00"},{"v":32.87467138,"d":"32.87"},{"v":0,"d":"0.00"},"0_50205010_4504_885","B",{"v":0.214371626991,"d":"0.21"},{"v":0.00859775309146,"d":"0.01"},{"v":0.282648307488,"d":"0.28"}]
[5,502,50205,{"v":2699.01415099999,"d":"2,699.01"},21314,{"v":7.896957485,"d":"7.90"},"ST",101,50205010,{"v":49.6125134051,"d":"49.61"},965,{"v":19.450738,"d":"19.45"},{"v":0,"d":"0.00"},{"v":0.965932983,"d":"0.97"},{"v":932.125328599999,"d":"932.13"},{"v":32.87467138,"d":"32.87"},0,"0_50205010_4504",{"v":24.9334476939,"d":"24.93"},{"v":0,"d":"0.00"},{"v":32.87467138,"d":"32.87"},{"v":0,"d":"0.00"},"0_50205010_4504_886","B",{"v":0.293555731235,"d":"0.29"},{"v":0.011773571583,"d":"0.01"},{"v":0.38705229676,"d":"0.39"}]
[5,502,50205,{"v":2699.01415099999,"d":"2,699.01"},21314,{"v":7.896957485,"d":"7.90"},"ST",101,50205010,{"v":49.6125134051,"d":"49.61"},965,{"v":19.450738,"d":"19.45"},{"v":0,"d":"0.00"},{"v":0.965932983,"d":"0.97"},{"v":932.125328599999,"d":"932.13"},{"v":32.87467138,"d":"32.87"},0,"0_50205010_4504",{"v":24.9334476939,"d":"24.93"},{"v":0,"d":"0.00"},{"v":32.87467138,"d":"32.87"},{"v":0,"d":"0.00"},"0_50205010_4504_887","B",{"v":0.00983979329461,"d":"0.01"},{"v":0.000394642306006,"d":"0.00"},{"v":0.0129737361226,"d":"0.01"}]
[5,502,50205,{"v":2699.01415099999,"d":"2,699.01"},21314,{"v":7.896957485,"d":"7.90"},"ST",101,50205010,{"v":49.6125134051,"d":"49.61"},965,{"v":19.450738,"d":"19.45"},{"v":0,"d":"0.00"},{"v":0.965932983,"d":"0.97"},{"v":932.125328599999,"d":"932.13"},{"v":32.87467138,"d":"32.87"},0,"0_50205010_4504",{"v":24.9334476939,"d":"24.93"},{"v":0,"d":"0.00"},{"v":32.87467138,"d":"32.87"},{"v":0,"d":"0.00"},"0_50205010_4504_888","B",{"v":1.826940954e-06,"d":"0.00"},{"v":7.3272697e-08,"d":"0.00"},{"v":2.40881583e-06,"d":"0.00"}]
[5,502,50205,{"v":2699.01415099999,"d":"2,699.01"},21314,{"v":7.896957485,"d":"7.90"},"ST",101,50205010,{"v":49.6125134051,"d":"49.61"},965,{"v":19.450738,"d":"19.45"},{"v":0,"d":"0.00"},{"v":0.965932983,"d":"0.97"},{"v":932.125328599999,"d":"932.13"},{"v":32.87467138,"d":"32.87"},0,"0_50205010_4504",{"v":24.9334476939,"d":"24.93"},{"v":0,"d":"0.00"},{"v":32.87467138,"d":"32.87"},{"v":0,"d":"0.00"},"0_50205010_4504_889","C",{"v":0.126675471208,"d":"0.13"},{"v":0.00508054372436,"d":"0.01"},{"v":0.16702120537,"d":"0.17"}]
[5,502,50205,{"v":2699.01415099999,"d":"2,699.01"},21314,{"v":7.896957485,"d":"7.90"},"ST",101,50205010,{"v":49.6125134051,"d":"49.61"},965,{"v":19.450738,"d":"19.45"},{"v":0,"d":"0.00"},{"v":0.965932983,"d":"0.97"},{"v":932.125328599999,"d":"932.13"},{"v":32.87467138,"d":"32.87"},0,"0_50205010_4504",{"v":24.9334476939,"d":"24.93"},{"v":0,"d":"0.00"},{"v":32.87467138,"d":"32.87"},{"v":0,"d":"0.00"},"0_50205010_4504_890","C",{"v":0.495775428553,"d":"0.50"},{"v":0.0198839500513,"d":"0.02"},{"v":0.653678323673,"d":"0.65"}]
[5,502,50205,{"v":2699.01415099999,"d":"2,699.01"},21314,{"v":7.896957485,"d":"7.90"},"ST",101,50205010,{"v":49.6125134051,"d":"49.61"},965,{"v":19.450738,"d":"19.45"},{"v":0,"d":"0.00"},{"v":0.965932983,"d":"0.97"},{"v":932.125328599999,"d":"932.13"},{"v":32.87467138,"d":"32.87"},0,"0_50205010_4504",{"v":24.9334476939,"d":"24.93"},{"v":0,"d":"0.00"},{"v":32.87467138,"d":"32.87"},{"v":0,"d":"0.00"},"0_50205010_4504_891","C",{"v":2.16524658951,"d":"2.17"},{"v":0.086841042446,"d":"0.09"},{"v":2.85487073271,"d":"2.85"}]
[5,502,50205,{"v":2699.01415099999,"d":"2,699.01"},21314,{"v":7.896957485,"d":"7.90"},"ST",101,50205010,{"v":49.6125134051,"d":"49.61"},965,{"v":19.450738,"d":"19.45"},{"v":0,"d":"0.00"},{"v":0.965932983,"d":"0.97"},{"v":932.125328599999,"d":"932.13"},{"v":32.87467138,"d":"32.87"},0,"0_50205010_4504",{"v":24.9334476939,"d":"24.93"},{"v":0,"d":"0.00"},{"v":32.87467138,"d":"32.87"},{"v":0,"d":"0.00"},"0_50205010_4504_892","C",{"v":0.0136140857091,"d":"0.01"},{"v":0.000546016975921,"d":"0.00"},{"v":0.0179501286513,"d":"0.02"}]
[5,502,50205,{"v":2699.01415099999,"d":"2,699.01"},21314,{"v":7.896957485,"d":"7.90"},"ST",101,50205010,{"v":49.6125134051,"d":"49.61"},965,{"v":19.450738,"d":"19.45"},{"v":0,"d":"0.00"},{"v":0.965932983,"d":"0.97"},{"v":932.125328599999,"d":"932.13"},{"v":32.87467138,"d":"32.87"},0,"0_50205010_4504",{"v":24.9334476939,"d":"24.93"},{"v":0,"d":"0.00"},{"v":32.87467138,"d":"32.87"},{"v":0,"d":"0.00"},"0_50205010_4504_893","C",{"v":3.50912881136,"d":"3.51"},{"v":0.140739814824,"d":"0.14"},{"v":4.62677516242,"d":"4.63"}]
[5,502,50205,{"v":2699.01415099999,"d":"2,699.01"},21314,{"v":7.896957485,"d":"7.90"},"ST",101,50205010,{"v":49.6125134051,"d":"49.61"},965,{"v":19.450738,"d":"19.45"},{"v":0,"d":"0.00"},{"v":0.965932983,"d":"0.97"},{"v":932.125328599999,"d":"932.13"},{"v":32.87467138,"d":"32.87"},0,"0_50205010_4504",{"v":24.9334476939,"d":"24.93"},{"v":0,"d":"0.00"},{"v":32.87467138,"d":"32.87"},{"v":0,"d":"0.00"},"0_50205010_4504_894","C",{"v":0.00228889181944,"d":"0.00"},{"v":9.1800052987e-05,"d":"0.00"},{"v":0.0030178965746,"d":"0.00"}]
[5,502,50205,{"v":2699.01415099999,"d":"2,699.01"},21314,{"v":7.896957485,"d":"7.90"},"ST",101,50205010,{"v":49.6125134051,"d":"49.61"},965,{"v":19.450738,"d":"19.45"},{"v":0,"d":"0.00"},{"v":0.965932983,"d":"0.97"},{"v":932.125328599999,"d":"932.13"},{"v":32.87467138,"d":"32.87"},0,"0_50205010_4504",{"v":24.9334476939,"d":"24.93"},{"v":0,"d":"0.00"},{"v":32.87467138,"d":"32.87"},{"v":0,"d":"0.00"},"0_50205010_4504_895","D",{"v":6.12779587198,"d":"6.13"},{"v":0.245766086873,"d":"0.25"},{"v":8.0794793423,"d":"8.08"}]
[5,502,50205,{"v":2699.01415099999,"d":"2,699.01"},21314,{"v":7.896957485,"d":"7.90"},"ST",101,50205010,{"v":49.6125134051,"d":"49.61"},965,{"v":19.450738,"d":"19.45"},{"v":0,"d":"0.00"},{"v":0.965932983,"d":"0.97"},{"v":932.125328599999,"d":"932.13"},{"v":32.87467138,"d":"32.87"},0,"0_50205010_4504",{"v":24.9334476939,"d":"24.93"},{"v":0,"d":"0.00"},{"v":32.87467138,"d":"32.87"},{"v":0,"d":"0.00"},"0_50205010_4504_896","D",{"v":0.130521623703,"d":"0.13"},{"v":0.00523480046985,"d":"0.01"},{"v":0.172092345186,"d":"0.17"}]
[5,502,50205,{"v":2699.01415099999,"d":"2,699.01"},21314,{"v":7.896957485,"d":"7.90"},"ST",101,50205010,{"v":49.6125134051,"d":"49.61"},965,{"v":19.450738,"d":"19.45"},{"v":0,"d":"0.00"},{"v":0.965932983,"d":"0.97"},{"v":932.125328599999,"d":"932.13"},{"v":32.87467138,"d":"32.87"},0,"0_50205010_4504",{"v":24.9334476939,"d":"24.93"},{"v":0,"d":"0.00"},{"v":32.87467138,"d":"32.87"},{"v":0,"d":"0.00"},"0_50205010_4504_897","D",{"v":0.124688638398,"d":"0.12"},{"v":0.00500085828197,"d":"0.01"},{"v":0.164401572638,"d":"0.16"}]
[5,502,50205,{"v":2699.01415099999,"d":"2,699.01"},21314,{"v":7.896957485,"d":"7.90"},"ST",101,50205010,{"v":49.6125134051,"d":"49.61"},965,{"v":19.450738,"d":"19.45"},{"v":0,"d":"0.00"},{"v":0.965932983,"d":"0.97"},{"v":932.125328599999,"d":"932.13"},{"v":32.87467138,"d":"32.87"},0,"0_50205010_4504",{"v":24.9334476939,"d":"24.93"},{"v":0,"d":"0.00"},{"v":32.87467138,"d":"32.87"},{"v":0,"d":"0.00"},"0_50205010_4504_898","D",{"v":0.603042386604,"d":"0.60"},{"v":0.0241860810429,"d":"0.02"},{"v":0.795109466255,"d":"0.80"}]
[5,502,50205,{"v":2699.01415099999,"d":"2,699.01"},21314,{"v":7.896957485,"d":"7.90"},"ST",101,50205010,{"v":49.6125134051,"d":"49.61"},965,{"v":19.450738,"d":"19.45"},{"v":0,"d":"0.00"},{"v":0.965932983,"d":"0.97"},{"v":932.125328599999,"d":"932.13"},{"v":32.87467138,"d":"32.87"},0,"0_50205010_4504",{"v":24.9334476939,"d":"24.93"},{"v":0,"d":"0.00"},{"v":32.87467138,"d":"32.87"},{"v":0,"d":"0.00"},"0_50205010_4504_899","E",{"v":0.00221532400326,"d":"0.00"},{"v":8.8849485657e-05,"d":"0.00"},{"v":0.00292089764326,"d":"0.00"}]
[5,502,50205,{"v":2699.01415099999,"d":"2,699.01"},21314,{"v":7.896957485,"d":"7.90"},"ST",101,50205010,{"v":49.6125134051,"d":"49.61"},965,{"v":19.450738,"d":"19.45"},{"v":0,"d":"0.00"},{"v":0.965932983,"d":"0.97"},{"v":932.125328599999,"d":"932.13"},{"v":32.87467138,"d":"32.87"},0,"0_50205010_4504",{"v":24.9334476939,"d":"24.93"},{"v":0,"d":"0.00"},{"v":32.87467138,"d":"32.87"},{"v":0,"d":"0.00"},"0_50205010_4504_900","F",{"v":0.686999542052,"d":"0.69"},{"v":0.0275533311913,"d":"0.03"},{"v":0.905806708338,"d":"0.91"}]
[5,502,50205,{"v":2699.01415099999,"d":"2,699.01"},21314,{"v":7.896957485,"d":"7.90"},"ST",101,50205010,{"v":49.6125134051,"d":"49.61"},965,{"v":19.450738,"d":"19.45"},{"v":0,"d":"0.00"},{"v":0.965932983,"d":"0.97"},{"v":932.125328599999,"d":"932.13"},{"v":32.87467138,"d":"32.87"},0,"0_50205010_4504",{"v":24.9334476939,"d":"24.93"},{"v":0,"d":"0.00"},{"v":32.87467138,"d":"32.87"},{"v":0,"d":"0.00"},"0_50205010_4504_901","F",{"v":0.689378627199,"d":"0.69"},{"v":0.0276487486072,"d":"0.03"},{"v":0.90894352453,"d":"0.91"}]
[5,502,50205,{"v":2699.01415099999,"d":"2,699.01"},21314,{"v":7.896957485,"d":"7.90"},"ST",101,50205010,{"v":49.6125134051,"d":"49.61"},965,{"v":19.450738,"d":"19.45"},{"v":0,"d":"0.00"},{"v":0.965932983,"d":"0.97"},{"v":932.125328599999,"d":"932.13"},{"v":32.87467138,"d":"32.87"},0,"0_50205010_4504",{"v":24.9334476939,"d":"24.93"},{"v":0,"d":"0.00"},{"v":32.87467138,"d":"32.87"},{"v":0,"d":"0.00"},"0_50205010_4504_902","G",{"v":0.422688999694,"d":"0.42"},{"v":0.0169526896113,"d":"0.02"},{"v":0.557314099979,"d":"0.56"}]
[5,502,50205,{"v":2699.01415099999,"d":"2,699.01"},21314,{"v":7.896957485,"d":"7.90"},"ST",101,50205011,{"v":52.8746210599,"d":"52.87"},2103,{"v":39.7733346899999,"d":"39.77"},{"v":0,"d":"0.00"},{"v":0.965932983,"d":"0.97"},{"v":2031.35706299999,"d":"2,031.36"},{"v":71.6429366899999,"d":"71.64"},0,"0_50205011_4505",{"v":18.6868144564,"d":"18.69"},{"v":0,"d":"0.00"},{"v":71.6429366899999,"d":"71.64"},{"v":0,"d":"0.00"},"0_50205011_4505_903","A",{"v":0.0109116918867,"d":"0.01"},{"v":0.00058392466582,"d":"0.00"},{"v":0.0418340778651,"d":"0.04"}]
[5,502,50205,{"v":2699.01415099999,"d":"2,699.01"},21314,{"v":7.896957485,"d":"7.90"},"ST",101,50205011,{"v":52.8746210599,"d":"52.87"},2103,{"v":39.7733346899999,"d":"39.77"},{"v":0,"d":"0.00"},{"v":0.965932983,"d":"0.97"},{"v":2031.35706299999,"d":"2,031.36"},{"v":71.6429366899999,"d":"71.64"},0,"0_50205011_4505",{"v":18.6868144564,"d":"18.69"},{"v":0,"d":"0.00"},{"v":71.6429366899999,"d":"71.64"},{"v":0,"d":"0.00"},"0_50205011_4505_904","A",{"v":0.0988808031589,"d":"0.10"},{"v":0.00529147455226,"d":"0.01"},{"v":0.379096776344,"d":"0.38"}]
[5,502,50205,{"v":2699.01415099999,"d":"2,699.01"},21314,{"v":7.896957485,"d":"7.90"},"ST",101,50205011,{"v":52.8746210599,"d":"52.87"},2103,{"v":39.7733346899999,"d":"39.77"},{"v":0,"d":"0.00"},{"v":0.965932983,"d":"0.97"},{"v":2031.35706299999,"d":"2,031.36"},{"v":71.6429366899999,"d":"71.64"},0,"0_50205011_4505",{"v":18.6868144564,"d":"18.69"},{"v":0,"d":"0.00"},{"v":71.6429366899999,"d":"71.64"},{"v":0,"d":"0.00"},"0_50205011_4505_905","A",{"v":0.416473372596,"d":"0.42"},{"v":0.0222870181308,"d":"0.02"},{"v":1.59670742895,"d":"1.60"}]
[5,502,50205,{"v":2699.01415099999,"d":"2,699.01"},21314,{"v":7.896957485,"d":"7.90"},"ST",101,50205011,{"v":52.8746210599,"d":"52.87"},2103,{"v":39.7733346899999,"d":"39.77"},{"v":0,"d":"0.00"},{"v":0.965932983,"d":"0.97"},{"v":2031.35706299999,"d":"2,031.36"},{"v":71.6429366899999,"d":"71.64"},0,"0_50205011_4505",{"v":18.6868144564,"d":"18.69"},{"v":0,"d":"0.00"},{"v":71.6429366899999,"d":"71.64"},{"v":0,"d":"0.00"},"0_50205011_4505_906","A",{"v":0.461272976471,"d":"0.46"},{"v":0.0246844092955,"d":"0.02"},{"v":1.76846357239,"d":"1.77"}]
[5,502,50205,{"v":2699.01415099999,"d":"2,699.01"},21314,{"v":7.896957485,"d":"7.90"},"ST",101,50205011,{"v":52.8746210599,"d":"52.87"},2103,{"v":39.7733346899999,"d":"39.77"},{"v":0,"d":"0.00"},{"v":0.965932983,"d":"0.97"},{"v":2031.35706299999,"d":"2,031.36"},{"v":71.6429366899999,"d":"71.64"},0,"0_50205011_4505",{"v":18.6868144564,"d":"18.69"},{"v":0,"d":"0.00"},{"v":71.6429366899999,"d":"71.64"},{"v":0,"d":"0.00"},"0_50205011_4505_907","A",{"v":2.46561446612,"d":"2.47"},{"v":0.131944075962,"d":"0.13"},{"v":9.45286108077,"d":"9.45"}]
[5,502,50205,{"v":2699.01415099999,"d":"2,699.01"},21314,{"v":7.896957485,"d":"7.90"},"ST",101,50205011,{"v":52.8746210599,"d":"52.87"},2103,{"v":39.7733346899999,"d":"39.77"},{"v":0,"d":"0.00"},{"v":0.965932983,"d":"0.97"},{"v":2031.35706299999,"d":"2,031.36"},{"v":71.6429366899999,"d":"71.64"},0,"0_50205011_4505",{"v":18.6868144564,"d":"18.69"},{"v":0,"d":"0.00"},{"v":71.6429366899999,"d":"71.64"},{"v":0,"d":"0.00"},"0_50205011_4505_908","A",{"v":0.291982252722,"d":"0.29"},{"v":0.0156250415716,"d":"0.02"},{"v":1.11942386409,"d":"1.12"}]
[5,502,50205,{"v":2699.01415099999,"d":"2,699.01"},21314,{"v":7.896957485,"d":"7.90"},"ST",101,50205011,{"v":52.8746210599,"d":"52.87"},2103,{"v":39.7733346899999,"d":"39.77"},{"v":0,"d":"0.00"},{"v":0.965932983,"d":"0.97"},{"v":2031.35706299999,"d":"2,031.36"},{"v":71.6429366899999,"d":"71.64"},0,"0_50205011_4505",{"v":18.6868144564,"d":"18.69"},{"v":0,"d":"0.00"},{"v":71.6429366899999,"d":"71.64"},{"v":0,"d":"0.00"},"0_50205011_4505_909","A",{"v":0.20696322541,"d":"0.21"},{"v":0.0110753615012,"d":"0.01"},{"v":0.793471422849,"d":"0.79"}]
[5,502,50205,{"v":2699.01415099999,"d":"2,699.01"},21314,{"v":7.896957485,"d":"7.90"},"ST",101,50205011,{"v":52.8746210599,"d":"52.87"},2103,{"v":39.7733346899999,"d":"39.77"},{"v":0,"d":"0.00"},{"v":0.965932983,"d":"0.97"},{"v":2031.35706299999,"d":"2,031.36"},{"v":71.6429366899999,"d":"71.64"},0,"0_50205011_4505",{"v":18.6868144564,"d":"18.69"},{"v":0,"d":"0.00"},{"v":71.6429366899999,"d":"71.64"},{"v":0,"d":"0.00"},"0_50205011_4505_910","A",{"v":0.264992079805,"d":"0.26"},{"v":0.0141806983969,"d":"0.01"},{"v":1.01594687747,"d":"1.02"}]
[5,502,50205,{"v":2699.01415099999,"d":"2,699.01"},21314,{"v":7.896957485,"d":"7.90"},"ST",101,50205011,{"v":52.8746210599,"d":"52.87"},2103,{"v":39.7733346899999,"d":"39.77"},{"v":0,"d":"0.00"},{"v":0.965932983,"d":"0.97"},{"v":2031.35706299999,"d":"2,031.36"},{"v":71.6429366899999,"d":"71.64"},0,"0_50205011_4505",{"v":18.6868144564,"d":"18.69"},{"v":0,"d":"0.00"},{"v":71.6429366899999,"d":"71.64"},{"v":0,"d":"0.00"},"0_50205011_4505_911","A",{"v":0.120392509973,"d":"0.12"},{"v":0.00644264490633,"d":"0.01"},{"v":0.46157000114,"d":"0.46"}]
[5,502,50205,{"v":2699.01415099999,"d":"2,699.01"},21314,{"v":7.896957485,"d":"7.90"},"ST",101,50205011,{"v":52.8746210599,"d":"52.87"},2103,{"v":39.7733346899999,"d":"39.77"},{"v":0,"d":"0.00"},{"v":0.965932983,"d":"0.97"},{"v":2031.35706299999,"d":"2,031.36"},{"v":71.6429366899999,"d":"71.64"},0,"0_50205011_4505",{"v":18.6868144564,"d":"18.69"},{"v":0,"d":"0.00"},{"v":71.6429366899999,"d":"71.64"},{"v":0,"d":"0.00"},"0_50205011_4505_912","A",{"v":0.346274051442,"d":"0.35"},{"v":0.0185303949076,"d":"0.02"},{"v":1.32757190921,"d":"1.33"}]
[5,502,50205,{"v":2699.01415099999,"d":"2,699.01"},21314,{"v":7.896957485,"d":"7.90"},"ST",101,50205011,{"v":52.8746210599,"d":"52.87"},2103,{"v":39.7733346899999,"d":"39.77"},{"v":0,"d":"0.00"},{"v":0.965932983,"d":"0.97"},{"v":2031.35706299999,"d":"2,031.36"},{"v":71.6429366899999,"d":"71.64"},0,"0_50205011_4505",{"v":18.6868144564,"d":"18.69"},{"v":0,"d":"0.00"},{"v":71.6429366899999,"d":"71.64"},{"v":0,"d":"0.00"},"0_50205011_4505_913","A",{"v":0.374716016025,"d":"0.37"},{"v":0.0200524287807,"d":"0.02"},{"v":1.43661488562,"d":"1.44"}]
[5,502,50205,{"v":2699.01415099999,"d":"2,699.01"},21314,{"v":7.896957485,"d":"7.90"},"ST",101,50205011,{"v":52.8746210599,"d":"52.87"},2103,{"v":39.7733346899999,"d":"39.77"},{"v":0,"d":"0.00"},{"v":0.965932983,"d":"0.97"},{"v":2031.35706299999,"d":"2,031.36"},{"v":71.6429366899999,"d":"71.64"},0,"0_50205011_4505",{"v":18.6868144564,"d":"18.69"},{"v":0,"d":"0.00"},{"v":71.6429366899999,"d":"71.64"},{"v":0,"d":"0.00"},"0_50205011_4505_914","A",{"v":0.000416329085602,"d":"0.00"},{"v":2.2279296804e-05,"d":"0.00"},{"v":1.59615425046E-3,"d":"0.00"}]
[5,502,50205,{"v":2699.01415099999,"d":"2,699.01"},21314,{"v":7.896957485,"d":"7.90"},"ST",101,50205011,{"v":52.8746210599,"d":"52.87"},2103,{"v":39.7733346899999,"d":"39.77"},{"v":0,"d":"0.00"},{"v":0.965932983,"d":"0.97"},{"v":2031.35706299999,"d":"2,031.36"},{"v":71.6429366899999,"d":"71.64"},0,"0_50205011_4505",{"v":18.6868144564,"d":"18.69"},{"v":0,"d":"0.00"},{"v":71.6429366899999,"d":"71.64"},{"v":0,"d":"0.00"},"0_50205011_4505_915","A",{"v":0.0697494987011,"d":"0.07"},{"v":3.7325515734E-3,"d":"0.00"},{"v":0.267410956065,"d":"0.27"}]
[5,502,50205,{"v":2699.01415099999,"d":"2,699.01"},21314,{"v":7.896957485,"d":"7.90"},"ST",101,50205011,{"v":52.8746210599,"d":"52.87"},2103,{"v":39.7733346899999,"d":"39.77"},{"v":0,"d":"0.00"},{"v":0.965932983,"d":"0.97"},{"v":2031.35706299999,"d":"2,031.36"},{"v":71.6429366899999,"d":"71.64"},0,"0_50205011_4505",{"v":18.6868144564,"d":"18.69"},{"v":0,"d":"0.00"},{"v":71.6429366899999,"d":"71.64"},{"v":0,"d":"0.00"},"0_50205011_4505_916","A",{"v":0.11555596117,"d":"0.12"},{"v":0.00618382343548,"d":"0.01"},{"v":0.44302727089,"d":"0.44"}]
[5,502,50205,{"v":2699.01415099999,"d":"2,699.01"},21314,{"v":7.896957485,"d":"7.90"},"ST",101,50205011,{"v":52.8746210599,"d":"52.87"},2103,{"v":39.7733346899999,"d":"39.77"},{"v":0,"d":"0.00"},{"v":0.965932983,"d":"0.97"},{"v":2031.35706299999,"d":"2,031.36"},{"v":71.6429366899999,"d":"71.64"},0,"0_50205011_4505",{"v":18.6868144564,"d":"18.69"},{"v":0,"d":"0.00"},{"v":71.6429366899999,"d":"71.64"},{"v":0,"d":"0.00"},"0_50205011_4505_917","A",{"v":0.152783916169,"d":"0.15"},{"v":0.0081760278899,"d":"0.01"},{"v":0.585754648492,"d":"0.59"}]
[5,502,50205,{"v":2699.01415099999,"d":"2,699.01"},21314,{"v":7.896957485,"d":"7.90"},"ST",101,50205011,{"v":52.8746210599,"d":"52.87"},2103,{"v":39.7733346899999,"d":"39.77"},{"v":0,"d":"0.00"},{"v":0.965932983,"d":"0.97"},{"v":2031.35706299999,"d":"2,031.36"},{"v":71.6429366899999,"d":"71.64"},0,"0_50205011_4505",{"v":18.6868144564,"d":"18.69"},{"v":0,"d":"0.00"},{"v":71.6429366899999,"d":"71.64"},{"v":0,"d":"0.00"},"0_50205011_4505_918","A",{"v":0.739529345788,"d":"0.74"},{"v":0.0395749284884,"d":"0.04"},{"v":2.83526409621,"d":"2.84"}]
[5,502,50205,{"v":2699.01415099999,"d":"2,699.01"},21314,{"v":7.896957485,"d":"7.90"},"ST",101,50205011,{"v":52.8746210599,"d":"52.87"},2103,{"v":39.7733346899999,"d":"39.77"},{"v":0,"d":"0.00"},{"v":0.965932983,"d":"0.97"},{"v":2031.35706299999,"d":"2,031.36"},{"v":71.6429366899999,"d":"71.64"},0,"0_50205011_4505",{"v":18.6868144564,"d":"18.69"},{"v":0,"d":"0.00"},{"v":71.6429366899999,"d":"71.64"},{"v":0,"d":"0.00"},"0_50205011_4505_919","A",{"v":0.282225460268,"d":"0.28"},{"v":0.0151029198115,"d":"0.02"},{"v":1.08201752789,"d":"1.08"}]
[5,502,50205,{"v":2699.01415099999,"d":"2,699.01"},21314,{"v":7.896957485,"d":"7.90"},"ST",101,50205011,{"v":52.8746210599,"d":"52.87"},2103,{"v":39.7733346899999,"d":"39.77"},{"v":0,"d":"0.00"},{"v":0.965932983,"d":"0.97"},{"v":2031.35706299999,"d":"2,031.36"},{"v":71.6429366899999,"d":"71.64"},0,"0_50205011_4505",{"v":18.6868144564,"d":"18.69"},{"v":0,"d":"0.00"},{"v":71.6429366899999,"d":"71.64"},{"v":0,"d":"0.00"},"0_50205011_4505_920","A",{"v":0.14399831552,"d":"0.14"},{"v":0.00770587816645,"d":"0.01"},{"v":0.55207174162,"d":"0.55"}]
[5,502,50205,{"v":2699.01415099999,"d":"2,699.01"},21314,{"v":7.896957485,"d":"7.90"},"ST",101,50205011,{"v":52.8746210599,"d":"52.87"},2103,{"v":39.7733346899999,"d":"39.77"},{"v":0,"d":"0.00"},{"v":0.965932983,"d":"0.97"},{"v":2031.35706299999,"d":"2,031.36"},{"v":71.6429366899999,"d":"71.64"},0,"0_50205011_4505",{"v":18.6868144564,"d":"18.69"},{"v":0,"d":"0.00"},{"v":71.6429366899999,"d":"71.64"},{"v":0,"d":"0.00"},"0_50205011_4505_921","A",{"v":0.311618292508,"d":"0.31"},{"v":0.0166758381015,"d":"0.02"},{"v":1.19470601336,"d":"1.19"}]
[5,502,50205,{"v":2699.01415099999,"d":"2,699.01"},21314,{"v":7.896957485,"d":"7.90"},"ST",101,50205011,{"v":52.8746210599,"d":"52.87"},2103,{"v":39.7733346899999,"d":"39.77"},{"v":0,"d":"0.00"},{"v":0.965932983,"d":"0.97"},{"v":2031.35706299999,"d":"2,031.36"},{"v":71.6429366899999,"d":"71.64"},0,"0_50205011_4505",{"v":18.6868144564,"d":"18.69"},{"v":0,"d":"0.00"},{"v":71.6429366899999,"d":"71.64"},{"v":0,"d":"0.00"},"0_50205011_4505_922","A",{"v":2.8622402615e-05,"d":"0.00"},{"v":1.531689774e-06,"d":"0.00"},{"v":0.00010973475352,"d":"0.00"}]
[5,502,50205,{"v":2699.01415099999,"d":"2,699.01"},21314,{"v":7.896957485,"d":"7.90"},"ST",101,50205011,{"v":52.8746210599,"d":"52.87"},2103,{"v":39.7733346899999,"d":"39.77"},{"v":0,"d":"0.00"},{"v":0.965932983,"d":"0.97"},{"v":2031.35706299999,"d":"2,031.36"},{"v":71.6429366899999,"d":"71.64"},0,"0_50205011_4505",{"v":18.6868144564,"d":"18.69"},{"v":0,"d":"0.00"},{"v":71.6429366899999,"d":"71.64"},{"v":0,"d":"0.00"},"0_50205011_4505_923","A",{"v":0.19951452941,"d":"0.20"},{"v":0.0106767544503,"d":"0.01"},{"v":0.764914043138,"d":"0.76"}]
[5,502,50205,{"v":2699.01415099999,"d":"2,699.01"},21314,{"v":7.896957485,"d":"7.90"},"ST",101,50205011,{"v":52.8746210599,"d":"52.87"},2103,{"v":39.7733346899999,"d":"39.77"},{"v":0,"d":"0.00"},{"v":0.965932983,"d":"0.97"},{"v":2031.35706299999,"d":"2,031.36"},{"v":71.6429366899999,"d":"71.64"},0,"0_50205011_4505",{"v":18.6868144564,"d":"18.69"},{"v":0,"d":"0.00"},{"v":71.6429366899999,"d":"71.64"},{"v":0,"d":"0.00"},"0_50205011_4505_924","A",{"v":0.194740558205,"d":"0.19"},{"v":0.0104212817363,"d":"0.01"},{"v":0.746611227662,"d":"0.75"}]
[5,502,50205,{"v":2699.01415099999,"d":"2,699.01"},21314,{"v":7.896957485,"d":"7.90"},"ST",101,50205011,{"v":52.8746210599,"d":"52.87"},2103,{"v":39.7733346899999,"d":"39.77"},{"v":0,"d":"0.00"},{"v":0.965932983,"d":"0.97"},{"v":2031.35706299999,"d":"2,031.36"},{"v":71.6429366899999,"d":"71.64"},0,"0_50205011_4505",{"v":18.6868144564,"d":"18.69"},{"v":0,"d":"0.00"},{"v":71.6429366899999,"d":"71.64"},{"v":0,"d":"0.00"},"0_50205011_4505_925","A",{"v":0.575531533997,"d":"0.58"},{"v":0.0307988039021,"d":"0.03"},{"v":2.20651675809,"d":"2.21"}]
[5,502,50205,{"v":2699.01415099999,"d":"2,699.01"},21314,{"v":7.896957485,"d":"7.90"},"ST",101,50205011,{"v":52.8746210599,"d":"52.87"},2103,{"v":39.7733346899999,"d":"39.77"},{"v":0,"d":"0.00"},{"v":0.965932983,"d":"0.97"},{"v":2031.35706299999,"d":"2,031.36"},{"v":71.6429366899999,"d":"71.64"},0,"0_50205011_4505",{"v":18.6868144564,"d":"18.69"},{"v":0,"d":"0.00"},{"v":71.6429366899999,"d":"71.64"},{"v":0,"d":"0.00"},"0_50205011_4505_926","A",{"v":0.0983026243864,"d":"0.10"},{"v":0.00526053408492,"d":"0.01"},{"v":0.376880110402,"d":"0.38"}]
[5,502,50205,{"v":2699.01415099999,"d":"2,699.01"},21314,{"v":7.896957485,"d":"7.90"},"ST",101,50205011,{"v":52.8746210599,"d":"52.87"},2103,{"v":39.7733346899999,"d":"39.77"},{"v":0,"d":"0.00"},{"v":0.965932983,"d":"0.97"},{"v":2031.35706299999,"d":"2,031.36"},{"v":71.6429366899999,"d":"71.64"},0,"0_50205011_4505",{"v":18.6868144564,"d":"18.69"},{"v":0,"d":"0.00"},{"v":71.6429366899999,"d":"71.64"},{"v":0,"d":"0.00"},"0_50205011_4505_927","A",{"v":0.113375841856,"d":"0.11"},{"v":0.00606715725254,"d":"0.01"},{"v":0.434668962932,"d":"0.43"}]
[5,502,50205,{"v":2699.01415099999,"d":"2,699.01"},21314,{"v":7.896957485,"d":"7.90"},"ST",101,50205011,{"v":52.8746210599,"d":"52.87"},2103,{"v":39.7733346899999,"d":"39.77"},{"v":0,"d":"0.00"},{"v":0.965932983,"d":"0.97"},{"v":2031.35706299999,"d":"2,031.36"},{"v":71.6429366899999,"d":"71.64"},0,"0_50205011_4505",{"v":18.6868144564,"d":"18.69"},{"v":0,"d":"0.00"},{"v":71.6429366899999,"d":"71.64"},{"v":0,"d":"0.00"},"0_50205011_4505_928","A",{"v":0.680003103681,"d":"0.68"},{"v":0.0363894608826,"d":"0.04"},{"v":2.6070478422,"d":"2.61"}]
[5,502,50205,{"v":2699.01415099999,"d":"2,699.01"},21314,{"v":7.896957485,"d":"7.90"},"ST",101,50205011,{"v":52.8746210599,"d":"52.87"},2103,{"v":39.7733346899999,"d":"39.77"},{"v":0,"d":"0.00"},{"v":0.965932983,"d":"0.97"},{"v":2031.35706299999,"d":"2,031.36"},{"v":71.6429366899999,"d":"71.64"},0,"0_50205011_4505",{"v":18.6868144564,"d":"18.69"},{"v":0,"d":"0.00"},{"v":71.6429366899999,"d":"71.64"},{"v":0,"d":"0.00"},"0_50205011_4505_929","A",{"v":0.0331212302053,"d":"0.03"},{"v":1.7724385439E-3,"d":"0.00"},{"v":0.126982702388,"d":"0.13"}]
[5,502,50205,{"v":2699.01415099999,"d":"2,699.01"},21314,{"v":7.896957485,"d":"7.90"},"ST",101,50205011,{"v":52.8746210599,"d":"52.87"},2103,{"v":39.7733346899999,"d":"39.77"},{"v":0,"d":"0.00"},{"v":0.965932983,"d":"0.97"},{"v":2031.35706299999,"d":"2,031.36"},{"v":71.6429366899999,"d":"71.64"},0,"0_50205011_4505",{"v":18.6868144564,"d":"18.69"},{"v":0,"d":"0.00"},{"v":71.6429366899999,"d":"71.64"},{"v":0,"d":"0.00"},"0_50205011_4505_930","A",{"v":1.20018654955E-4,"d":"0.00"},{"v":6.422638553e-06,"d":"0.00"},{"v":0.000460136687215,"d":"0.00"}]
[5,502,50205,{"v":2699.01415099999,"d":"2,699.01"},21314,{"v":7.896957485,"d":"7.90"},"ST",101,50205011,{"v":52.8746210599,"d":"52.87"},2103,{"v":39.7733346899999,"d":"39.77"},{"v":0,"d":"0.00"},{"v":0.965932983,"d":"0.97"},{"v":2031.35706299999,"d":"2,031.36"},{"v":71.6429366899999,"d":"71.64"},0,"0_50205011_4505",{"v":18.6868144564,"d":"18.69"},{"v":0,"d":"0.00"},{"v":71.6429366899999,"d":"71.64"},{"v":0,"d":"0.00"},"0_50205011_4505_931","A",{"v":0.0970011649033,"d":"0.10"},{"v":0.00519088821316,"d":"0.01"},{"v":0.37189047562,"d":"0.37"}]
[5,502,50205,{"v":2699.01415099999,"d":"2,699.01"},21314,{"v":7.896957485,"d":"7.90"},"ST",101,50205011,{"v":52.8746210599,"d":"52.87"},2103,{"v":39.7733346899999,"d":"39.77"},{"v":0,"d":"0.00"},{"v":0.965932983,"d":"0.97"},{"v":2031.35706299999,"d":"2,031.36"},{"v":71.6429366899999,"d":"71.64"},0,"0_50205011_4505",{"v":18.6868144564,"d":"18.69"},{"v":0,"d":"0.00"},{"v":71.6429366899999,"d":"71.64"},{"v":0,"d":"0.00"},"0_50205011_4505_932","B",{"v":0.152429533916,"d":"0.15"},{"v":0.00815706359538,"d":"0.01"},{"v":0.58439599074,"d":"0.58"}]
[5,502,50205,{"v":2699.01415099999,"d":"2,699.01"},21314,{"v":7.896957485,"d":"7.90"},"ST",101,50205011,{"v":52.8746210599,"d":"52.87"},2103,{"v":39.7733346899999,"d":"39.77"},{"v":0,"d":"0.00"},{"v":0.965932983,"d":"0.97"},{"v":2031.35706299999,"d":"2,031.36"},{"v":71.6429366899999,"d":"71.64"},0,"0_50205011_4505",{"v":18.6868144564,"d":"18.69"},{"v":0,"d":"0.00"},{"v":71.6429366899999,"d":"71.64"},{"v":0,"d":"0.00"},"0_50205011_4505_933","B",{"v":0.0655377585737,"d":"0.07"},{"v":0.0035071659071,"d":"0.00"},{"v":0.251263665044,"d":"0.25"}]
[5,502,50205,{"v":2699.01415099999,"d":"2,699.01"},21314,{"v":7.896957485,"d":"7.90"},"ST",101,50205011,{"v":52.8746210599,"d":"52.87"},2103,{"v":39.7733346899999,"d":"39.77"},{"v":0,"d":"0.00"},{"v":0.965932983,"d":"0.97"},{"v":2031.35706299999,"d":"2,031.36"},{"v":71.6429366899999,"d":"71.64"},0,"0_50205011_4505",{"v":18.6868144564,"d":"18.69"},{"v":0,"d":"0.00"},{"v":71.6429366899999,"d":"71.64"},{"v":0,"d":"0.00"},"0_50205011_4505_934","B",{"v":0.0587790420629,"d":"0.06"},{"v":0.00314548219013,"d":"0.00"},{"v":0.225351581407,"d":"0.23"}]
[5,502,50205,{"v":2699.01415099999,"d":"2,699.01"},21314,{"v":7.896957485,"d":"7.90"},"ST",101,50205011,{"v":52.8746210599,"d":"52.87"},2103,{"v":39.7733346899999,"d":"39.77"},{"v":0,"d":"0.00"},{"v":0.965932983,"d":"0.97"},{"v":2031.35706299999,"d":"2,031.36"},{"v":71.6429366899999,"d":"71.64"},0,"0_50205011_4505",{"v":18.6868144564,"d":"18.69"},{"v":0,"d":"0.00"},{"v":71.6429366899999,"d":"71.64"},{"v":0,"d":"0.00"},"0_50205011_4505_935","B",{"v":2.7707186075E-5,"d":"0.00"},{"v":1.482713179e-06,"d":"0.00"},{"v":1.06225926438E-4,"d":"0.00"}]
[5,502,50205,{"v":2699.01415099999,"d":"2,699.01"},21314,{"v":7.896957485,"d":"7.90"},"ST",101,50205011,{"v":52.8746210599,"d":"52.87"},2103,{"v":39.7733346899999,"d":"39.77"},{"v":0,"d":"0.00"},{"v":0.965932983,"d":"0.97"},{"v":2031.35706299999,"d":"2,031.36"},{"v":71.6429366899999,"d":"71.64"},0,"0_50205011_4505",{"v":18.6868144564,"d":"18.69"},{"v":0,"d":"0.00"},{"v":71.6429366899999,"d":"71.64"},{"v":0,"d":"0.00"},"0_50205011_4505_936","B",{"v":3.43311715171,"d":"3.43"},{"v":0.183718694255,"d":"0.18"},{"v":13.1621467813,"d":"13.16"}]
[5,502,50205,{"v":2699.01415099999,"d":"2,699.01"},21314,{"v":7.896957485,"d":"7.90"},"ST",101,50205011,{"v":52.8746210599,"d":"52.87"},2103,{"v":39.7733346899999,"d":"39.77"},{"v":0,"d":"0.00"},{"v":0.965932983,"d":"0.97"},{"v":2031.35706299999,"d":"2,031.36"},{"v":71.6429366899999,"d":"71.64"},0,"0_50205011_4505",{"v":18.6868144564,"d":"18.69"},{"v":0,"d":"0.00"},{"v":71.6429366899999,"d":"71.64"},{"v":0,"d":"0.00"},"0_50205011_4505_937","B",{"v":0.12464991933,"d":"0.12"},{"v":0.00667047450066,"d":"0.01"},{"v":0.477892382343,"d":"0.48"}]
[5,502,50205,{"v":2699.01415099999,"d":"2,699.01"},21314,{"v":7.896957485,"d":"7.90"},"ST",101,50205011,{"v":52.8746210599,"d":"52.87"},2103,{"v":39.7733346899999,"d":"39.77"},{"v":0,"d":"0.00"},{"v":0.965932983,"d":"0.97"},{"v":2031.35706299999,"d":"2,031.36"},{"v":71.6429366899999,"d":"71.64"},0,"0_50205011_4505",{"v":18.6868144564,"d":"18.69"},{"v":0,"d":"0.00"},{"v":71.6429366899999,"d":"71.64"},{"v":0,"d":"0.00"},"0_50205011_4505_938","B",{"v":0.328511725507,"d":"0.33"},{"v":0.0175798676801,"d":"0.02"},{"v":1.25947334722,"d":"1.26"}]
[5,502,50205,{"v":2699.01415099999,"d":"2,699.01"},21314,{"v":7.896957485,"d":"7.90"},"ST",101,50205011,{"v":52.8746210599,"d":"52.87"},2103,{"v":39.7733346899999,"d":"39.77"},{"v":0,"d":"0.00"},{"v":0.965932983,"d":"0.97"},{"v":2031.35706299999,"d":"2,031.36"},{"v":71.6429366899999,"d":"71.64"},0,"0_50205011_4505",{"v":18.6868144564,"d":"18.69"},{"v":0,"d":"0.00"},{"v":71.6429366899999,"d":"71.64"},{"v":0,"d":"0.00"},"0_50205011_4505_939","B",{"v":0.107089746295,"d":"0.11"},{"v":0.00573076521656,"d":"0.01"},{"v":0.410568849595,"d":"0.41"}]
[5,502,50205,{"v":2699.01415099999,"d":"2,699.01"},21314,{"v":7.896957485,"d":"7.90"},"ST",101,50205011,{"v":52.8746210599,"d":"52.87"},2103,{"v":39.7733346899999,"d":"39.77"},{"v":0,"d":"0.00"},{"v":0.965932983,"d":"0.97"},{"v":2031.35706299999,"d":"2,031.36"},{"v":71.6429366899999,"d":"71.64"},0,"0_50205011_4505",{"v":18.6868144564,"d":"18.69"},{"v":0,"d":"0.00"},{"v":71.6429366899999,"d":"71.64"},{"v":0,"d":"0.00"},"0_50205011_4505_940","B",{"v":1.47101524164,"d":"1.47"},{"v":0.0787194224608,"d":"0.08"},{"v":5.63969059963,"d":"5.64"}]
[5,502,50205,{"v":2699.01415099999,"d":"2,699.01"},21314,{"v":7.896957485,"d":"7.90"},"ST",101,50205011,{"v":52.8746210599,"d":"52.87"},2103,{"v":39.7733346899999,"d":"39.77"},{"v":0,"d":"0.00"},{"v":0.965932983,"d":"0.97"},{"v":2031.35706299999,"d":"2,031.36"},{"v":71.6429366899999,"d":"71.64"},0,"0_50205011_4505",{"v":18.6868144564,"d":"18.69"},{"v":0,"d":"0.00"},{"v":71.6429366899999,"d":"71.64"},{"v":0,"d":"0.00"},"0_50205011_4505_941","B",{"v":0.232556708816,"d":"0.23"},{"v":0.0124449626959,"d":"0.01"},{"v":0.891593674532,"d":"0.89"}]
[5,502,50205,{"v":2699.01415099999,"d":"2,699.01"},21314,{"v":7.896957485,"d":"7.90"},"ST",101,50205011,{"v":52.8746210599,"d":"52.87"},2103,{"v":39.7733346899999,"d":"39.77"},{"v":0,"d":"0.00"},{"v":0.965932983,"d":"0.97"},{"v":2031.35706299999,"d":"2,031.36"},{"v":71.6429366899999,"d":"71.64"},0,"0_50205011_4505",{"v":18.6868144564,"d":"18.69"},{"v":0,"d":"0.00"},{"v":71.6429366899999,"d":"71.64"},{"v":0,"d":"0.00"},"0_50205011_4505_942","B",{"v":0.030175820714,"d":"0.03"},{"v":0.00161481887587,"d":"0.00"},{"v":0.11569036649,"d":"0.12"}]
[5,502,50205,{"v":2699.01415099999,"d":"2,699.01"},21314,{"v":7.896957485,"d":"7.90"},"ST",101,50205011,{"v":52.8746210599,"d":"52.87"},2103,{"v":39.7733346899999,"d":"39.77"},{"v":0,"d":"0.00"},{"v":0.965932983,"d":"0.97"},{"v":2031.35706299999,"d":"2,031.36"},{"v":71.6429366899999,"d":"71.64"},0,"0_50205011_4505",{"v":18.6868144564,"d":"18.69"},{"v":0,"d":"0.00"},{"v":71.6429366899999,"d":"71.64"},{"v":0,"d":"0.00"},"0_50205011_4505_943","B",{"v":1.4257234763E-5,"d":"0.00"},{"v":7.62956939e-07,"d":"0.00"},{"v":5.4660475698e-05,"d":"0.00"}]
[5,502,50205,{"v":2699.01415099999,"d":"2,699.01"},21314,{"v":7.896957485,"d":"7.90"},"ST",101,50205011,{"v":52.8746210599,"d":"52.87"},2103,{"v":39.7733346899999,"d":"39.77"},{"v":0,"d":"0.00"},{"v":0.965932983,"d":"0.97"},{"v":2031.35706299999,"d":"2,031.36"},{"v":71.6429366899999,"d":"71.64"},0,"0_50205011_4505",{"v":18.6868144564,"d":"18.69"},{"v":0,"d":"0.00"},{"v":71.6429366899999,"d":"71.64"},{"v":0,"d":"0.00"},"0_50205011_4505_944","B",{"v":0.285861921433,"d":"0.29"},{"v":0.01529752019,"d":"0.02"},{"v":1.09595927049,"d":"1.10"}]
[5,502,50205,{"v":2699.01415099999,"d":"2,699.01"},21314,{"v":7.896957485,"d":"7.90"},"ST",101,50205011,{"v":52.8746210599,"d":"52.87"},2103,{"v":39.7733346899999,"d":"39.77"},{"v":0,"d":"0.00"},{"v":0.965932983,"d":"0.97"},{"v":2031.35706299999,"d":"2,031.36"},{"v":71.6429366899999,"d":"71.64"},0,"0_50205011_4505",{"v":18.6868144564,"d":"18.69"},{"v":0,"d":"0.00"},{"v":71.6429366899999,"d":"71.64"},{"v":0,"d":"0.00"},"0_50205011_4505_945","B",{"v":0.174821535601,"d":"0.17"},{"v":0.00935534175763,"d":"0.01"},{"v":0.670244157255,"d":"0.67"}]
[5,502,50205,{"v":2699.01415099999,"d":"2,699.01"},21314,{"v":7.896957485,"d":"7.90"},"ST",101,50205011,{"v":52.8746210599,"d":"52.87"},2103,{"v":39.7733346899999,"d":"39.77"},{"v":0,"d":"0.00"},{"v":0.965932983,"d":"0.97"},{"v":2031.35706299999,"d":"2,031.36"},{"v":71.6429366899999,"d":"71.64"},0,"0_50205011_4505",{"v":18.6868144564,"d":"18.69"},{"v":0,"d":"0.00"},{"v":71.6429366899999,"d":"71.64"},{"v":0,"d":"0.00"},"0_50205011_4505_946","B",{"v":0.106288831332,"d":"0.11"},{"v":0.00568790531848,"d":"0.01"},{"v":0.407498240631,"d":"0.41"}]
[5,502,50205,{"v":2699.01415099999,"d":"2,699.01"},21314,{"v":7.896957485,"d":"7.90"},"ST",101,50205011,{"v":52.8746210599,"d":"52.87"},2103,{"v":39.7733346899999,"d":"39.77"},{"v":0,"d":"0.00"},{"v":0.965932983,"d":"0.97"},{"v":2031.35706299999,"d":"2,031.36"},{"v":71.6429366899999,"d":"71.64"},0,"0_50205011_4505",{"v":18.6868144564,"d":"18.69"},{"v":0,"d":"0.00"},{"v":71.6429366899999,"d":"71.64"},{"v":0,"d":"0.00"},"0_50205011_4505_947","B",{"v":0.272679151201,"d":"0.27"},{"v":0.0145920617897,"d":"0.01"},{"v":1.04541815898,"d":"1.05"}]
[5,502,50205,{"v":2699.01415099999,"d":"2,699.01"},21314,{"v":7.896957485,"d":"7.90"},"ST",101,50205011,{"v":52.8746210599,"d":"52.87"},2103,{"v":39.7733346899999,"d":"39.77"},{"v":0,"d":"0.00"},{"v":0.965932983,"d":"0.97"},{"v":2031.35706299999,"d":"2,031.36"},{"v":71.6429366899999,"d":"71.64"},0,"0_50205011_4505",{"v":18.6868144564,"d":"18.69"},{"v":0,"d":"0.00"},{"v":71.6429366899999,"d":"71.64"},{"v":0,"d":"0.00"},"0_50205011_4505_948","C",{"v":0.00175635433358,"d":"0.00"},{"v":9.3988964126e-05,"d":"0.00"},{"v":0.00673364540647,"d":"0.01"}]
[5,502,50205,{"v":2699.01415099999,"d":"2,699.01"},21314,{"v":7.896957485,"d":"7.90"},"ST",101,50205011,{"v":52.8746210599,"d":"52.87"},2103,{"v":39.7733346899999,"d":"39.77"},{"v":0,"d":"0.00"},{"v":0.965932983,"d":"0.97"},{"v":2031.35706299999,"d":"2,031.36"},{"v":71.6429366899999,"d":"71.64"},0,"0_50205011_4505",{"v":18.6868144564,"d":"18.69"},{"v":0,"d":"0.00"},{"v":71.6429366899999,"d":"71.64"},{"v":0,"d":"0.00"},"0_50205011_4505_949","C",{"v":2.61430381311E-3,"d":"0.00"},{"v":0.000139900988433,"d":"0.00"},{"v":0.0100229176572,"d":"0.01"}]
[5,502,50205,{"v":2699.01415099999,"d":"2,699.01"},21314,{"v":7.896957485,"d":"7.90"},"ST",101,50205011,{"v":52.8746210599,"d":"52.87"},2103,{"v":39.7733346899999,"d":"39.77"},{"v":0,"d":"0.00"},{"v":0.965932983,"d":"0.97"},{"v":2031.35706299999,"d":"2,031.36"},{"v":71.6429366899999,"d":"71.64"},0,"0_50205011_4505",{"v":18.6868144564,"d":"18.69"},{"v":0,"d":"0.00"},{"v":71.6429366899999,"d":"71.64"},{"v":0,"d":"0.00"},"0_50205011_4505_950","C",{"v":1.29103626264,"d":"1.29"},{"v":0.0690880869852,"d":"0.07"},{"v":4.94967344191,"d":"4.95"}]
[5,502,50205,{"v":2699.01415099999,"d":"2,699.01"},21314,{"v":7.896957485,"d":"7.90"},"ST",101,50205011,{"v":52.8746210599,"d":"52.87"},2103,{"v":39.7733346899999,"d":"39.77"},{"v":0,"d":"0.00"},{"v":0.965932983,"d":"0.97"},{"v":2031.35706299999,"d":"2,031.36"},{"v":71.6429366899999,"d":"71.64"},0,"0_50205011_4505",{"v":18.6868144564,"d":"18.69"},{"v":0,"d":"0.00"},{"v":71.6429366899999,"d":"71.64"},{"v":0,"d":"0.00"},"0_50205011_4505_951","C",{"v":0.387335453792,"d":"0.39"},{"v":0.020727741194,"d":"0.02"},{"v":1.48499625009,"d":"1.48"}]
[5,502,50205,{"v":2699.01415099999,"d":"2,699.01"},21314,{"v":7.896957485,"d":"7.90"},"ST",101,50205011,{"v":52.8746210599,"d":"52.87"},2103,{"v":39.7733346899999,"d":"39.77"},{"v":0,"d":"0.00"},{"v":0.965932983,"d":"0.97"},{"v":2031.35706299999,"d":"2,031.36"},{"v":71.6429366899999,"d":"71.64"},0,"0_50205011_4505",{"v":18.6868144564,"d":"18.69"},{"v":0,"d":"0.00"},{"v":71.6429366899999,"d":"71.64"},{"v":0,"d":"0.00"},"0_50205011_4505_952","C",{"v":0.364405544261,"d":"0.36"},{"v":0.0195006776094,"d":"0.02"},{"v":1.39708581138,"d":"1.40"}]
[5,502,50205,{"v":2699.01415099999,"d":"2,699.01"},21314,{"v":7.896957485,"d":"7.90"},"ST",101,50205011,{"v":52.8746210599,"d":"52.87"},2103,{"v":39.7733346899999,"d":"39.77"},{"v":0,"d":"0.00"},{"v":0.965932983,"d":"0.97"},{"v":2031.35706299999,"d":"2,031.36"},{"v":71.6429366899999,"d":"71.64"},0,"0_50205011_4505",{"v":18.6868144564,"d":"18.69"},{"v":0,"d":"0.00"},{"v":71.6429366899999,"d":"71.64"},{"v":0,"d":"0.00"},"0_50205011_4505_953","C",{"v":0.0696558529518,"d":"0.07"},{"v":3.72754024579E-3,"d":"0.00"},{"v":0.267051929839,"d":"0.27"}]
[5,502,50205,{"v":2699.01415099999,"d":"2,699.01"},21314,{"v":7.896957485,"d":"7.90"},"ST",101,50205011,{"v":52.8746210599,"d":"52.87"},2103,{"v":39.7733346899999,"d":"39.77"},{"v":0,"d":"0.00"},{"v":0.965932983,"d":"0.97"},{"v":2031.35706299999,"d":"2,031.36"},{"v":71.6429366899999,"d":"71.64"},0,"0_50205011_4505",{"v":18.6868144564,"d":"18.69"},{"v":0,"d":"0.00"},{"v":71.6429366899999,"d":"71.64"},{"v":0,"d":"0.00"},"0_50205011_4505_954","C",{"v":0.389673573007,"d":"0.39"},{"v":0.0208528625313,"d":"0.02"},{"v":1.49396031014,"d":"1.49"}]
[5,502,50205,{"v":2699.01415099999,"d":"2,699.01"},21314,{"v":7.896957485,"d":"7.90"},"ST",101,50205011,{"v":52.8746210599,"d":"52.87"},2103,{"v":39.7733346899999,"d":"39.77"},{"v":0,"d":"0.00"},{"v":0.965932983,"d":"0.97"},{"v":2031.35706299999,"d":"2,031.36"},{"v":71.6429366899999,"d":"71.64"},0,"0_50205011_4505",{"v":18.6868144564,"d":"18.69"},{"v":0,"d":"0.00"},{"v":71.6429366899999,"d":"71.64"},{"v":0,"d":"0.00"},"0_50205011_4505_955","C",{"v":0.416717782945,"d":"0.42"},{"v":0.0223000974252,"d":"0.02"},{"v":1.59764446801,"d":"1.60"}]
[5,502,50205,{"v":2699.01415099999,"d":"2,699.01"},21314,{"v":7.896957485,"d":"7.90"},"ST",101,50205011,{"v":52.8746210599,"d":"52.87"},2103,{"v":39.7733346899999,"d":"39.77"},{"v":0,"d":"0.00"},{"v":0.965932983,"d":"0.97"},{"v":2031.35706299999,"d":"2,031.36"},{"v":71.6429366899999,"d":"71.64"},0,"0_50205011_4505",{"v":18.6868144564,"d":"18.69"},{"v":0,"d":"0.00"},{"v":71.6429366899999,"d":"71.64"},{"v":0,"d":"0.00"},"0_50205011_4505_956","D",{"v":0.0371218065644,"d":"0.04"},{"v":0.00198652406225,"d":"0.00"},{"v":0.142320417625,"d":"0.14"}]
[5,502,50205,{"v":2699.01415099999,"d":"2,699.01"},21314,{"v":7.896957485,"d":"7.90"},"ST",101,50205011,{"v":52.8746210599,"d":"52.87"},2103,{"v":39.7733346899999,"d":"39.77"},{"v":0,"d":"0.00"},{"v":0.965932983,"d":"0.97"},{"v":2031.35706299999,"d":"2,031.36"},{"v":71.6429366899999,"d":"71.64"},0,"0_50205011_4505",{"v":18.6868144564,"d":"18.69"},{"v":0,"d":"0.00"},{"v":71.6429366899999,"d":"71.64"},{"v":0,"d":"0.00"},"0_50205011_4505_957","D",{"v":0.0164982085604,"d":"0.02"},{"v":0.000882879668918,"d":"0.00"},{"v":0.0632520922252,"d":"0.06"}]
[5,502,50205,{"v":2699.01415099999,"d":"2,699.01"},21314,{"v":7.896957485,"d":"7.90"},"ST",101,50205011,{"v":52.8746210599,"d":"52.87"},2103,{"v":39.7733346899999,"d":"39.77"},{"v":0,"d":"0.00"},{"v":0.965932983,"d":"0.97"},{"v":2031.35706299999,"d":"2,031.36"},{"v":71.6429366899999,"d":"71.64"},0,"0_50205011_4505",{"v":18.6868144564,"d":"18.69"},{"v":0,"d":"0.00"},{"v":71.6429366899999,"d":"71.64"},{"v":0,"d":"0.00"},"0_50205011_4505_958","D",{"v":0.000353468514345,"d":"0.00"},{"v":1.8915397013e-05,"d":"0.00"},{"v":1.35515459065E-3,"d":"0.00"}]
[5,502,50205,{"v":2699.01415099999,"d":"2,699.01"},21314,{"v":7.896957485,"d":"7.90"},"ST",101,50205012,{"v":73.7768252800999,"d":"73.78"},1152,{"v":15.61465942,"d":"15.61"},{"v":0,"d":"0.00"},{"v":0.965932983,"d":"0.97"},{"v":1112.75479599999,"d":"1,112.75"},{"v":39.2452035499999,"d":"39.25"},0,"0_50205012_4506",{"v":52.3006767067,"d":"52.30"},{"v":0,"d":"0.00"},{"v":39.2452035499999,"d":"39.25"},{"v":0,"d":"0.00"},"0_50205012_4506_959","B",{"v":1.209127251,"d":"1.21"},{"v":0.0231187687643,"d":"0.02"},{"v":0.90730078598,"d":"0.91"}]
[5,502,50205,{"v":2699.01415099999,"d":"2,699.01"},21314,{"v":7.896957485,"d":"7.90"},"ST",101,50205012,{"v":73.7768252800999,"d":"73.78"},1152,{"v":15.61465942,"d":"15.61"},{"v":0,"d":"0.00"},{"v":0.965932983,"d":"0.97"},{"v":1112.75479599999,"d":"1,112.75"},{"v":39.2452035499999,"d":"39.25"},0,"0_50205012_4506",{"v":52.3006767067,"d":"52.30"},{"v":0,"d":"0.00"},{"v":39.2452035499999,"d":"39.25"},{"v":0,"d":"0.00"},"0_50205012_4506_960","B",{"v":0.252803217432,"d":"0.25"},{"v":0.00483365098409,"d":"0.00"},{"v":0.18969761676,"d":"0.19"}]
[5,502,50205,{"v":2699.01415099999,"d":"2,699.01"},21314,{"v":7.896957485,"d":"7.90"},"ST",101,50205012,{"v":73.7768252800999,"d":"73.78"},1152,{"v":15.61465942,"d":"15.61"},{"v":0,"d":"0.00"},{"v":0.965932983,"d":"0.97"},{"v":1112.75479599999,"d":"1,112.75"},{"v":39.2452035499999,"d":"39.25"},0,"0_50205012_4506",{"v":52.3006767067,"d":"52.30"},{"v":0,"d":"0.00"},{"v":39.2452035499999,"d":"39.25"},{"v":0,"d":"0.00"},"0_50205012_4506_961","C",{"v":0.0746547631095,"d":"0.07"},{"v":1.42741485981E-3,"d":"0.00"},{"v":0.0560191867235,"d":"0.06"}]
[5,502,50205,{"v":2699.01415099999,"d":"2,699.01"},21314,{"v":7.896957485,"d":"7.90"},"ST",101,50205012,{"v":73.7768252800999,"d":"73.78"},1152,{"v":15.61465942,"d":"15.61"},{"v":0,"d":"0.00"},{"v":0.965932983,"d":"0.97"},{"v":1112.75479599999,"d":"1,112.75"},{"v":39.2452035499999,"d":"39.25"},0,"0_50205012_4506",{"v":52.3006767067,"d":"52.30"},{"v":0,"d":"0.00"},{"v":39.2452035499999,"d":"39.25"},{"v":0,"d":"0.00"},"0_50205012_4506_962","C",{"v":0.792717172266,"d":"0.79"},{"v":0.01515691999,"d":"0.02"},{"v":0.594836410199,"d":"0.59"}]
[5,502,50205,{"v":2699.01415099999,"d":"2,699.01"},21314,{"v":7.896957485,"d":"7.90"},"ST",101,50205012,{"v":73.7768252800999,"d":"73.78"},1152,{"v":15.61465942,"d":"15.61"},{"v":0,"d":"0.00"},{"v":0.965932983,"d":"0.97"},{"v":1112.75479599999,"d":"1,112.75"},{"v":39.2452035499999,"d":"39.25"},0,"0_50205012_4506",{"v":52.3006767067,"d":"52.30"},{"v":0,"d":"0.00"},{"v":39.2452035499999,"d":"39.25"},{"v":0,"d":"0.00"},"0_50205012_4506_963","C",{"v":0.214336134611,"d":"0.21"},{"v":0.00409815222493,"d":"0.00"},{"v":0.160832818246,"d":"0.16"}]
[5,502,50205,{"v":2699.01415099999,"d":"2,699.01"},21314,{"v":7.896957485,"d":"7.90"},"ST",101,50205012,{"v":73.7768252800999,"d":"73.78"},1152,{"v":15.61465942,"d":"15.61"},{"v":0,"d":"0.00"},{"v":0.965932983,"d":"0.97"},{"v":1112.75479599999,"d":"1,112.75"},{"v":39.2452035499999,"d":"39.25"},0,"0_50205012_4506",{"v":52.3006767067,"d":"52.30"},{"v":0,"d":"0.00"},{"v":39.2452035499999,"d":"39.25"},{"v":0,"d":"0.00"},"0_50205012_4506_964","C",{"v":2.33977215945,"d":"2.34"},{"v":0.0447369385404,"d":"0.04"},{"v":1.75571025922,"d":"1.76"}]
[5,502,50205,{"v":2699.01415099999,"d":"2,699.01"},21314,{"v":7.896957485,"d":"7.90"},"ST",101,50205012,{"v":73.7768252800999,"d":"73.78"},1152,{"v":15.61465942,"d":"15.61"},{"v":0,"d":"0.00"},{"v":0.965932983,"d":"0.97"},{"v":1112.75479599999,"d":"1,112.75"},{"v":39.2452035499999,"d":"39.25"},0,"0_50205012_4506",{"v":52.3006767067,"d":"52.30"},{"v":0,"d":"0.00"},{"v":39.2452035499999,"d":"39.25"},{"v":0,"d":"0.00"},"0_50205012_4506_965","C",{"v":0.313936597748,"d":"0.31"},{"v":0.00600253414518,"d":"0.01"},{"v":0.235570674343,"d":"0.24"}]
[5,502,50205,{"v":2699.01415099999,"d":"2,699.01"},21314,{"v":7.896957485,"d":"7.90"},"ST",101,50205012,{"v":73.7768252800999,"d":"73.78"},1152,{"v":15.61465942,"d":"15.61"},{"v":0,"d":"0.00"},{"v":0.965932983,"d":"0.97"},{"v":1112.75479599999,"d":"1,112.75"},{"v":39.2452035499999,"d":"39.25"},0,"0_50205012_4506",{"v":52.3006767067,"d":"52.30"},{"v":0,"d":"0.00"},{"v":39.2452035499999,"d":"39.25"},{"v":0,"d":"0.00"},"0_50205012_4506_966","C",{"v":3.5616356E-8,"d":"0.00"},{"v":6.80992e-10,"d":"0.00"},{"v":2.672568e-08,"d":"0.00"}]
[5,502,50205,{"v":2699.01415099999,"d":"2,699.01"},21314,{"v":7.896957485,"d":"7.90"},"ST",101,50205012,{"v":73.7768252800999,"d":"73.78"},1152,{"v":15.61465942,"d":"15.61"},{"v":0,"d":"0.00"},{"v":0.965932983,"d":"0.97"},{"v":1112.75479599999,"d":"1,112.75"},{"v":39.2452035499999,"d":"39.25"},0,"0_50205012_4506",{"v":52.3006767067,"d":"52.30"},{"v":0,"d":"0.00"},{"v":39.2452035499999,"d":"39.25"},{"v":0,"d":"0.00"},"0_50205012_4506_967","C",{"v":6.9739424705E-5,"d":"0.00"},{"v":1.33343255e-06,"d":"0.00"},{"v":5.2330831843e-05,"d":"0.00"}]
[5,502,50205,{"v":2699.01415099999,"d":"2,699.01"},21314,{"v":7.896957485,"d":"7.90"},"ST",101,50205012,{"v":73.7768252800999,"d":"73.78"},1152,{"v":15.61465942,"d":"15.61"},{"v":0,"d":"0.00"},{"v":0.965932983,"d":"0.97"},{"v":1112.75479599999,"d":"1,112.75"},{"v":39.2452035499999,"d":"39.25"},0,"0_50205012_4506",{"v":52.3006767067,"d":"52.30"},{"v":0,"d":"0.00"},{"v":39.2452035499999,"d":"39.25"},{"v":0,"d":"0.00"},"0_50205012_4506_968","C",{"v":0.000275877959434,"d":"0.00"},{"v":5.274844931e-06,"d":"0.00"},{"v":2.07012363027E-4,"d":"0.00"}]
[5,502,50205,{"v":2699.01415099999,"d":"2,699.01"},21314,{"v":7.896957485,"d":"7.90"},"ST",101,50205012,{"v":73.7768252800999,"d":"73.78"},1152,{"v":15.61465942,"d":"15.61"},{"v":0,"d":"0.00"},{"v":0.965932983,"d":"0.97"},{"v":1112.75479599999,"d":"1,112.75"},{"v":39.2452035499999,"d":"39.25"},0,"0_50205012_4506",{"v":52.3006767067,"d":"52.30"},{"v":0,"d":"0.00"},{"v":39.2452035499999,"d":"39.25"},{"v":0,"d":"0.00"},"0_50205012_4506_969","C",{"v":2.01004365464,"d":"2.01"},{"v":0.0384324597923,"d":"0.04"},{"v":1.50828970748,"d":"1.51"}]
[5,502,50205,{"v":2699.01415099999,"d":"2,699.01"},21314,{"v":7.896957485,"d":"7.90"},"ST",101,50205012,{"v":73.7768252800999,"d":"73.78"},1152,{"v":15.61465942,"d":"15.61"},{"v":0,"d":"0.00"},{"v":0.965932983,"d":"0.97"},{"v":1112.75479599999,"d":"1,112.75"},{"v":39.2452035499999,"d":"39.25"},0,"0_50205012_4506",{"v":52.3006767067,"d":"52.30"},{"v":0,"d":"0.00"},{"v":39.2452035499999,"d":"39.25"},{"v":0,"d":"0.00"},"0_50205012_4506_970","D",{"v":14.3117916203999,"d":"14.31"},{"v":0.273644482664,"d":"0.27"},{"v":10.7392334225,"d":"10.74"}]
[5,502,50205,{"v":2699.01415099999,"d":"2,699.01"},21314,{"v":7.896957485,"d":"7.90"},"ST",101,50205012,{"v":73.7768252800999,"d":"73.78"},1152,{"v":15.61465942,"d":"15.61"},{"v":0,"d":"0.00"},{"v":0.965932983,"d":"0.97"},{"v":1112.75479599999,"d":"1,112.75"},{"v":39.2452035499999,"d":"39.25"},0,"0_50205012_4506",{"v":52.3006767067,"d":"52.30"},{"v":0,"d":"0.00"},{"v":39.2452035499999,"d":"39.25"},{"v":0,"d":"0.00"},"0_50205012_4506_971","D",{"v":0.232963228338,"d":"0.23"},{"v":0.00445430619654,"d":"0.00"},{"v":0.174810153357,"d":"0.17"}]
[5,502,50205,{"v":2699.01415099999,"d":"2,699.01"},21314,{"v":7.896957485,"d":"7.90"},"ST",101,50205012,{"v":73.7768252800999,"d":"73.78"},1152,{"v":15.61465942,"d":"15.61"},{"v":0,"d":"0.00"},{"v":0.965932983,"d":"0.97"},{"v":1112.75479599999,"d":"1,112.75"},{"v":39.2452035499999,"d":"39.25"},0,"0_50205012_4506",{"v":52.3006767067,"d":"52.30"},{"v":0,"d":"0.00"},{"v":39.2452035499999,"d":"39.25"},{"v":0,"d":"0.00"},"0_50205012_4506_972","D",{"v":1.94529419944,"d":"1.95"},{"v":0.0371944365146,"d":"0.04"},{"v":1.45970323194,"d":"1.46"}]
[5,502,50205,{"v":2699.01415099999,"d":"2,699.01"},21314,{"v":7.896957485,"d":"7.90"},"ST",101,50205012,{"v":73.7768252800999,"d":"73.78"},1152,{"v":15.61465942,"d":"15.61"},{"v":0,"d":"0.00"},{"v":0.965932983,"d":"0.97"},{"v":1112.75479599999,"d":"1,112.75"},{"v":39.2452035499999,"d":"39.25"},0,"0_50205012_4506",{"v":52.3006767067,"d":"52.30"},{"v":0,"d":"0.00"},{"v":39.2452035499999,"d":"39.25"},{"v":0,"d":"0.00"},"0_50205012_4506_973","D",{"v":0.000139578763699,"d":"0.00"},{"v":2.668775482E-6,"d":"0.00"},{"v":0.000104736637029,"d":"0.00"}]
[5,502,50205,{"v":2699.01415099999,"d":"2,699.01"},21314,{"v":7.896957485,"d":"7.90"},"ST",101,50205012,{"v":73.7768252800999,"d":"73.78"},1152,{"v":15.61465942,"d":"15.61"},{"v":0,"d":"0.00"},{"v":0.965932983,"d":"0.97"},{"v":1112.75479599999,"d":"1,112.75"},{"v":39.2452035499999,"d":"39.25"},0,"0_50205012_4506",{"v":52.3006767067,"d":"52.30"},{"v":0,"d":"0.00"},{"v":39.2452035499999,"d":"39.25"},{"v":0,"d":"0.00"},"0_50205012_4506_974","D",{"v":1.36095830478,"d":"1.36"},{"v":0.0260218106242,"d":"0.03"},{"v":1.02123125469,"d":"1.02"}]
[5,502,50205,{"v":2699.01415099999,"d":"2,699.01"},21314,{"v":7.896957485,"d":"7.90"},"ST",101,50205012,{"v":73.7768252800999,"d":"73.78"},1152,{"v":15.61465942,"d":"15.61"},{"v":0,"d":"0.00"},{"v":0.965932983,"d":"0.97"},{"v":1112.75479599999,"d":"1,112.75"},{"v":39.2452035499999,"d":"39.25"},0,"0_50205012_4506",{"v":52.3006767067,"d":"52.30"},{"v":0,"d":"0.00"},{"v":39.2452035499999,"d":"39.25"},{"v":0,"d":"0.00"},"0_50205012_4506_975","D",{"v":0.149272421248,"d":"0.15"},{"v":0.00285412026474,"d":"0.00"},{"v":0.112010530746,"d":"0.11"}]
[5,502,50205,{"v":2699.01415099999,"d":"2,699.01"},21314,{"v":7.896957485,"d":"7.90"},"ST",101,50205012,{"v":73.7768252800999,"d":"73.78"},1152,{"v":15.61465942,"d":"15.61"},{"v":0,"d":"0.00"},{"v":0.965932983,"d":"0.97"},{"v":1112.75479599999,"d":"1,112.75"},{"v":39.2452035499999,"d":"39.25"},0,"0_50205012_4506",{"v":52.3006767067,"d":"52.30"},{"v":0,"d":"0.00"},{"v":39.2452035499999,"d":"39.25"},{"v":0,"d":"0.00"},"0_50205012_4506_976","E",{"v":4.44880617562,"d":"4.45"},{"v":0.0850621149812,"d":"0.09"},{"v":3.33828001683,"d":"3.34"}]
[5,502,50205,{"v":2699.01415099999,"d":"2,699.01"},21314,{"v":7.896957485,"d":"7.90"},"ST",101,50205012,{"v":73.7768252800999,"d":"73.78"},1152,{"v":15.61465942,"d":"15.61"},{"v":0,"d":"0.00"},{"v":0.965932983,"d":"0.97"},{"v":1112.75479599999,"d":"1,112.75"},{"v":39.2452035499999,"d":"39.25"},0,"0_50205012_4506",{"v":52.3006767067,"d":"52.30"},{"v":0,"d":"0.00"},{"v":39.2452035499999,"d":"39.25"},{"v":0,"d":"0.00"},"0_50205012_4506_977","E",{"v":0.00378549165683,"d":"0.00"},{"v":7.2379401094e-05,"d":"0.00"},{"v":0.00284054432875,"d":"0.00"}]
[5,502,50205,{"v":2699.01415099999,"d":"2,699.01"},21314,{"v":7.896957485,"d":"7.90"},"ST",101,50205012,{"v":73.7768252800999,"d":"73.78"},1152,{"v":15.61465942,"d":"15.61"},{"v":0,"d":"0.00"},{"v":0.965932983,"d":"0.97"},{"v":1112.75479599999,"d":"1,112.75"},{"v":39.2452035499999,"d":"39.25"},0,"0_50205012_4506",{"v":52.3006767067,"d":"52.30"},{"v":0,"d":"0.00"},{"v":39.2452035499999,"d":"39.25"},{"v":0,"d":"0.00"},"0_50205012_4506_978","E",{"v":8.62944215733,"d":"8.63"},{"v":0.164996759138,"d":"0.16"},{"v":6.47533139746,"d":"6.48"}]
[5,502,50205,{"v":2699.01415099999,"d":"2,699.01"},21314,{"v":7.896957485,"d":"7.90"},"ST",101,50205012,{"v":73.7768252800999,"d":"73.78"},1152,{"v":15.61465942,"d":"15.61"},{"v":0,"d":"0.00"},{"v":0.965932983,"d":"0.97"},{"v":1112.75479599999,"d":"1,112.75"},{"v":39.2452035499999,"d":"39.25"},0,"0_50205012_4506",{"v":52.3006767067,"d":"52.30"},{"v":0,"d":"0.00"},{"v":39.2452035499999,"d":"39.25"},{"v":0,"d":"0.00"},"0_50205012_4506_979","E",{"v":0.200368731377,"d":"0.20"},{"v":0.00383109252105,"d":"0.00"},{"v":0.150352005807,"d":"0.15"}]
[5,502,50205,{"v":2699.01415099999,"d":"2,699.01"},21314,{"v":7.896957485,"d":"7.90"},"ST",101,50205012,{"v":73.7768252800999,"d":"73.78"},1152,{"v":15.61465942,"d":"15.61"},{"v":0,"d":"0.00"},{"v":0.965932983,"d":"0.97"},{"v":1112.75479599999,"d":"1,112.75"},{"v":39.2452035499999,"d":"39.25"},0,"0_50205012_4506",{"v":52.3006767067,"d":"52.30"},{"v":0,"d":"0.00"},{"v":39.2452035499999,"d":"39.25"},{"v":0,"d":"0.00"},"0_50205012_4506_980","E",{"v":1.01555718435,"d":"1.02"},{"v":0.0194176681507,"d":"0.02"},{"v":0.762050339041,"d":"0.76"}]
[5,502,50205,{"v":2699.01415099999,"d":"2,699.01"},21314,{"v":7.896957485,"d":"7.90"},"ST",101,50205012,{"v":73.7768252800999,"d":"73.78"},1152,{"v":15.61465942,"d":"15.61"},{"v":0,"d":"0.00"},{"v":0.965932983,"d":"0.97"},{"v":1112.75479599999,"d":"1,112.75"},{"v":39.2452035499999,"d":"39.25"},0,"0_50205012_4506",{"v":52.3006767067,"d":"52.30"},{"v":0,"d":"0.00"},{"v":39.2452035499999,"d":"39.25"},{"v":0,"d":"0.00"},"0_50205012_4506_981","E",{"v":0.084785091867,"d":"0.08"},{"v":1.62110888818E-3,"d":"0.00"},{"v":0.0636207482933,"d":"0.06"}]
[5,502,50205,{"v":2699.01415099999,"d":"2,699.01"},21314,{"v":7.896957485,"d":"7.90"},"ST",101,50205012,{"v":73.7768252800999,"d":"73.78"},1152,{"v":15.61465942,"d":"15.61"},{"v":0,"d":"0.00"},{"v":0.965932983,"d":"0.97"},{"v":1112.75479599999,"d":"1,112.75"},{"v":39.2452035499999,"d":"39.25"},0,"0_50205012_4506",{"v":52.3006767067,"d":"52.30"},{"v":0,"d":"0.00"},{"v":39.2452035499999,"d":"39.25"},{"v":0,"d":"0.00"},"0_50205012_4506_982","F",{"v":0.259082980831,"d":"0.26"},{"v":0.00495372138842,"d":"0.00"},{"v":0.194409804219,"d":"0.19"}]
[5,502,50205,{"v":2699.01415099999,"d":"2,699.01"},21314,{"v":7.896957485,"d":"7.90"},"ST",101,50205012,{"v":73.7768252800999,"d":"73.78"},1152,{"v":15.61465942,"d":"15.61"},{"v":0,"d":"0.00"},{"v":0.965932983,"d":"0.97"},{"v":1112.75479599999,"d":"1,112.75"},{"v":39.2452035499999,"d":"39.25"},0,"0_50205012_4506",{"v":52.3006767067,"d":"52.30"},{"v":0,"d":"0.00"},{"v":39.2452035499999,"d":"39.25"},{"v":0,"d":"0.00"},"0_50205012_4506_983","F",{"v":0.000160911594001,"d":"0.00"},{"v":3.076663709e-06,"d":"0.00"},{"v":1.20744293531E-4,"d":"0.00"}]
[5,502,50205,{"v":2699.01415099999,"d":"2,699.01"},21314,{"v":7.896957485,"d":"7.90"},"ST",101,50205012,{"v":73.7768252800999,"d":"73.78"},1152,{"v":15.61465942,"d":"15.61"},{"v":0,"d":"0.00"},{"v":0.965932983,"d":"0.97"},{"v":1112.75479599999,"d":"1,112.75"},{"v":39.2452035499999,"d":"39.25"},0,"0_50205012_4506",{"v":52.3006767067,"d":"52.30"},{"v":0,"d":"0.00"},{"v":39.2452035499999,"d":"39.25"},{"v":0,"d":"0.00"},"0_50205012_4506_984","F",{"v":11.1338689169999,"d":"11.13"},{"v":0.212881928458,"d":"0.21"},{"v":8.35459461445,"d":"8.35"}]
[5,502,50205,{"v":2699.01415099999,"d":"2,699.01"},21314,{"v":7.896957485,"d":"7.90"},"ST",101,50205012,{"v":73.7768252800999,"d":"73.78"},1152,{"v":15.61465942,"d":"15.61"},{"v":0,"d":"0.00"},{"v":0.965932983,"d":"0.97"},{"v":1112.75479599999,"d":"1,112.75"},{"v":39.2452035499999,"d":"39.25"},0,"0_50205012_4506",{"v":52.3006767067,"d":"52.30"},{"v":0,"d":"0.00"},{"v":39.2452035499999,"d":"39.25"},{"v":0,"d":"0.00"},"0_50205012_4506_985","F",{"v":0.0226074553548,"d":"0.02"},{"v":0.000432259327763,"d":"0.00"},{"v":0.0169641053044,"d":"0.02"}]
[5,502,50205,{"v":2699.01415099999,"d":"2,699.01"},21314,{"v":7.896957485,"d":"7.90"},"ST",101,50205012,{"v":73.7768252800999,"d":"73.78"},1152,{"v":15.61465942,"d":"15.61"},{"v":0,"d":"0.00"},{"v":0.965932983,"d":"0.97"},{"v":1112.75479599999,"d":"1,112.75"},{"v":39.2452035499999,"d":"39.25"},0,"0_50205012_4506",{"v":52.3006767067,"d":"52.30"},{"v":0,"d":"0.00"},{"v":39.2452035499999,"d":"39.25"},{"v":0,"d":"0.00"},"0_50205012_4506_986","G",{"v":0.29253469168,"d":"0.29"},{"v":0.00559332517475,"d":"0.01"},{"v":0.219511185004,"d":"0.22"}]
[5,502,50205,{"v":2699.01415099999,"d":"2,699.01"},21314,{"v":7.896957485,"d":"7.90"},"ST",101,50205012,{"v":73.7768252800999,"d":"73.78"},1152,{"v":15.61465942,"d":"15.61"},{"v":0,"d":"0.00"},{"v":0.965932983,"d":"0.97"},{"v":1112.75479599999,"d":"1,112.75"},{"v":39.2452035499999,"d":"39.25"},0,"0_50205012_4506",{"v":52.3006767067,"d":"52.30"},{"v":0,"d":"0.00"},{"v":39.2452035499999,"d":"39.25"},{"v":0,"d":"0.00"},"0_50205012_4506_987","G",{"v":1.00152096175,"d":"1.00"},{"v":0.019149292606,"d":"0.02"},{"v":0.751517886161,"d":"0.75"}]
[5,502,50205,{"v":2699.01415099999,"d":"2,699.01"},21314,{"v":7.896957485,"d":"7.90"},"ST",101,50205013,{"v":66.40495181,"d":"66.40"},1648,{"v":24.81742634,"d":"24.82"},{"v":0,"d":"0.00"},{"v":0.965932983,"d":"0.97"},{"v":1591.85755599999,"d":"1,591.86"},{"v":56.14244397,"d":"56.14"},0,"0_50205013_4507",{"v":33.5909140481999,"d":"33.59"},{"v":0,"d":"0.00"},{"v":56.14244397,"d":"56.14"},{"v":0,"d":"0.00"},"0_50205013_4507_988","außerhalb GKL",{"v":0.731601060371,"d":"0.73"},{"v":0.0217797306534,"d":"0.02"},{"v":1.22276730789,"d":"1.22"}]
[5,502,50205,{"v":2699.01415099999,"d":"2,699.01"},21314,{"v":7.896957485,"d":"7.90"},"ST",101,50205013,{"v":66.40495181,"d":"66.40"},1648,{"v":24.81742634,"d":"24.82"},{"v":0,"d":"0.00"},{"v":0.965932983,"d":"0.97"},{"v":1591.85755599999,"d":"1,591.86"},{"v":56.14244397,"d":"56.14"},0,"0_50205013_4507",{"v":33.5909140481999,"d":"33.59"},{"v":0,"d":"0.00"},{"v":56.14244397,"d":"56.14"},{"v":0,"d":"0.00"},"0_50205013_4507_989","außerhalb GKL",{"v":3.07989896499,"d":"3.08"},{"v":0.0916884536268,"d":"0.09"},{"v":5.14761387044,"d":"5.15"}]
[5,502,50205,{"v":2699.01415099999,"d":"2,699.01"},21314,{"v":7.896957485,"d":"7.90"},"ST",101,50205013,{"v":66.40495181,"d":"66.40"},1648,{"v":24.81742634,"d":"24.82"},{"v":0,"d":"0.00"},{"v":0.965932983,"d":"0.97"},{"v":1591.85755599999,"d":"1,591.86"},{"v":56.14244397,"d":"56.14"},0,"0_50205013_4507",{"v":33.5909140481999,"d":"33.59"},{"v":0,"d":"0.00"},{"v":56.14244397,"d":"56.14"},{"v":0,"d":"0.00"},"0_50205013_4507_990","außerhalb GKL",{"v":0.290278770283,"d":"0.29"},{"v":0.00864158593203,"d":"0.01"},{"v":0.485159754001,"d":"0.49"}]
[5,502,50205,{"v":2699.01415099999,"d":"2,699.01"},21314,{"v":7.896957485,"d":"7.90"},"ST",101,50205013,{"v":66.40495181,"d":"66.40"},1648,{"v":24.81742634,"d":"24.82"},{"v":0,"d":"0.00"},{"v":0.965932983,"d":"0.97"},{"v":1591.85755599999,"d":"1,591.86"},{"v":56.14244397,"d":"56.14"},0,"0_50205013_4507",{"v":33.5909140481999,"d":"33.59"},{"v":0,"d":"0.00"},{"v":56.14244397,"d":"56.14"},{"v":0,"d":"0.00"},"0_50205013_4507_991","A",{"v":0.658583290869,"d":"0.66"},{"v":0.0196059949403,"d":"0.02"},{"v":1.10072847241,"d":"1.10"}]
[5,502,50205,{"v":2699.01415099999,"d":"2,699.01"},21314,{"v":7.896957485,"d":"7.90"},"ST",101,50205013,{"v":66.40495181,"d":"66.40"},1648,{"v":24.81742634,"d":"24.82"},{"v":0,"d":"0.00"},{"v":0.965932983,"d":"0.97"},{"v":1591.85755599999,"d":"1,591.86"},{"v":56.14244397,"d":"56.14"},0,"0_50205013_4507",{"v":33.5909140481999,"d":"33.59"},{"v":0,"d":"0.00"},{"v":56.14244397,"d":"56.14"},{"v":0,"d":"0.00"},"0_50205013_4507_992","B",{"v":2.53795618616,"d":"2.54"},{"v":0.0755548414824,"d":"0.08"},{"v":4.24183345459,"d":"4.24"}]
[5,502,50205,{"v":2699.01415099999,"d":"2,699.01"},21314,{"v":7.896957485,"d":"7.90"},"ST",101,50205013,{"v":66.40495181,"d":"66.40"},1648,{"v":24.81742634,"d":"24.82"},{"v":0,"d":"0.00"},{"v":0.965932983,"d":"0.97"},{"v":1591.85755599999,"d":"1,591.86"},{"v":56.14244397,"d":"56.14"},0,"0_50205013_4507",{"v":33.5909140481999,"d":"33.59"},{"v":0,"d":"0.00"},{"v":56.14244397,"d":"56.14"},{"v":0,"d":"0.00"},"0_50205013_4507_993","C",{"v":2.58983933327,"d":"2.59"},{"v":0.0770994004377,"d":"0.08"},{"v":4.32854876919,"d":"4.33"}]
[5,502,50205,{"v":2699.01415099999,"d":"2,699.01"},21314,{"v":7.896957485,"d":"7.90"},"ST",101,50205013,{"v":66.40495181,"d":"66.40"},1648,{"v":24.81742634,"d":"24.82"},{"v":0,"d":"0.00"},{"v":0.965932983,"d":"0.97"},{"v":1591.85755599999,"d":"1,591.86"},{"v":56.14244397,"d":"56.14"},0,"0_50205013_4507",{"v":33.5909140481999,"d":"33.59"},{"v":0,"d":"0.00"},{"v":56.14244397,"d":"56.14"},{"v":0,"d":"0.00"},"0_50205013_4507_994","C",{"v":0.0666203206011,"d":"0.07"},{"v":1.98328394713E-3,"d":"0.00"},{"v":0.111346407878,"d":"0.11"}]
[5,502,50205,{"v":2699.01415099999,"d":"2,699.01"},21314,{"v":7.896957485,"d":"7.90"},"ST",101,50205013,{"v":66.40495181,"d":"66.40"},1648,{"v":24.81742634,"d":"24.82"},{"v":0,"d":"0.00"},{"v":0.965932983,"d":"0.97"},{"v":1591.85755599999,"d":"1,591.86"},{"v":56.14244397,"d":"56.14"},0,"0_50205013_4507",{"v":33.5909140481999,"d":"33.59"},{"v":0,"d":"0.00"},{"v":56.14244397,"d":"56.14"},{"v":0,"d":"0.00"},"0_50205013_4507_995","C",{"v":0.131947845767,"d":"0.13"},{"v":0.00392808143231,"d":"0.00"},{"v":0.220532091723,"d":"0.22"}]
[5,502,50205,{"v":2699.01415099999,"d":"2,699.01"},21314,{"v":7.896957485,"d":"7.90"},"ST",101,50205013,{"v":66.40495181,"d":"66.40"},1648,{"v":24.81742634,"d":"24.82"},{"v":0,"d":"0.00"},{"v":0.965932983,"d":"0.97"},{"v":1591.85755599999,"d":"1,591.86"},{"v":56.14244397,"d":"56.14"},0,"0_50205013_4507",{"v":33.5909140481999,"d":"33.59"},{"v":0,"d":"0.00"},{"v":56.14244397,"d":"56.14"},{"v":0,"d":"0.00"},"0_50205013_4507_996","D",{"v":0.066835845645,"d":"0.07"},{"v":0.00198970011799,"d":"0.00"},{"v":0.111706627391,"d":"0.11"}]
[5,502,50205,{"v":2699.01415099999,"d":"2,699.01"},21314,{"v":7.896957485,"d":"7.90"},"ST",101,50205013,{"v":66.40495181,"d":"66.40"},1648,{"v":24.81742634,"d":"24.82"},{"v":0,"d":"0.00"},{"v":0.965932983,"d":"0.97"},{"v":1591.85755599999,"d":"1,591.86"},{"v":56.14244397,"d":"56.14"},0,"0_50205013_4507",{"v":33.5909140481999,"d":"33.59"},{"v":0,"d":"0.00"},{"v":56.14244397,"d":"56.14"},{"v":0,"d":"0.00"},"0_50205013_4507_997","D",{"v":0.195168927973,"d":"0.20"},{"v":0.00581017020534,"d":"0.01"},{"v":0.326197155209,"d":"0.33"}]
[5,502,50205,{"v":2699.01415099999,"d":"2,699.01"},21314,{"v":7.896957485,"d":"7.90"},"ST",101,50205013,{"v":66.40495181,"d":"66.40"},1648,{"v":24.81742634,"d":"24.82"},{"v":0,"d":"0.00"},{"v":0.965932983,"d":"0.97"},{"v":1591.85755599999,"d":"1,591.86"},{"v":56.14244397,"d":"56.14"},0,"0_50205013_4507",{"v":33.5909140481999,"d":"33.59"},{"v":0,"d":"0.00"},{"v":56.14244397,"d":"56.14"},{"v":0,"d":"0.00"},"0_50205013_4507_998","D",{"v":0.427436805601,"d":"0.43"},{"v":0.0127247744729,"d":"0.01"},{"v":0.714399937876,"d":"0.71"}]
[5,502,50205,{"v":2699.01415099999,"d":"2,699.01"},21314,{"v":7.896957485,"d":"7.90"},"ST",101,50205030,{"v":359.3185249,"d":"359.32"},364,{"v":1.013028761,"d":"1.01"},{"v":0,"d":"0.00"},{"v":0.965932983,"d":"0.97"},{"v":351.5996058,"d":"351.60"},{"v":12.4003941799999,"d":"12.40"},0,"0_50205030_4513",{"v":336.937967506999,"d":"336.94"},{"v":0,"d":"0.00"},{"v":12.4003941799999,"d":"12.40"},{"v":0,"d":"0.00"},"0_50205030_4513_1144","G",{"v":6.21358527675,"d":"6.21"},{"v":0.0184413330523,"d":"0.02"},{"v":0.228679799053,"d":"0.23"}]
[5,502,50213,{"v":1756.978049,"d":"1,756.98"},2059,{"v":1.171898534,"d":"1.17"}," ",101,50213000,{"v":1756.97804907999,"d":"1,756.98"},2059,{"v":1.171898534,"d":"1.17"},{"v":0,"d":"0.00"},{"v":0.965932983,"d":"0.97"},{"v":1988.85601199999,"d":"1,988.86"},{"v":70.1439879499999,"d":"70.14"},0,"0_50213000_4528",{"v":1640.48221581,"d":"1,640.48"},{"v":0,"d":"0.00"},{"v":70.1439879499999,"d":"70.14"},{"v":0,"d":"0.00"},"0_50213000_4528_1470","D",{"v":0.0461960099859,"d":"0.05"},{"v":2.8160018768E-5,"d":"0.00"},{"v":0.00197525601714,"d":"0.00"}]
[5,504,50403,{"v":17056.66254,"d":"17,056.66"},3944,{"v":0.231229292,"d":"0.23"}," ",430,50403004,{"v":10291.8374363999,"d":"10,291.84"},700,{"v":0.068015066,"d":"0.07"},{"v":0,"d":"0.00"},{"v":0.905906425,"d":"0.91"},{"v":634.1344973,"d":"634.13"},{"v":65.86550266,"d":"65.87"},0,"0_50403004_4636",{"v":10236.3489043999,"d":"10,236.35"},{"v":0,"d":"0.00"},{"v":65.86550266,"d":"65.87"},{"v":0,"d":"0.00"},"0_50403004_4636_1868","C",{"v":2.71310958908,"d":"2.71"},{"v":0.000265046611289,"d":"0.00"},{"v":0.0174574282809,"d":"0.02"}]
[5,504,50404,{"v":4953.62159499999,"d":"4,953.62"},10580,{"v":2.135811102,"d":"2.14"},"ST",210,50404007,{"v":4603.33437939,"d":"4,603.33"},1564,{"v":0.339753724,"d":"0.34"},{"v":0,"d":"0.00"},{"v":0.955942851,"d":"0.96"},{"v":1495.09462,"d":"1,495.09"},{"v":68.90538048,"d":"68.91"},0,"0_50404007_4644",{"v":4521.19126100999,"d":"4,521.19"},{"v":0,"d":"0.00"},{"v":68.90538048,"d":"68.91"},{"v":0,"d":"0.00"},"0_50404007_4644_2127","G",{"v":1.54273659125,"d":"1.54"},{"v":3.41223474564E-4,"d":"0.00"},{"v":0.0235121333435,"d":"0.02"}]
[5,504,50411,{"v":12929.58446,"d":"12,929.58"},3802,{"v":0.294054307,"d":"0.29"},"M",430,50411001,{"v":12722.0386223999,"d":"12,722.04"},2253,{"v":0.177094259,"d":"0.18"},{"v":0,"d":"0.00"},{"v":0.905906425,"d":"0.91"},{"v":2041.00717499999,"d":"2,041.01"},{"v":211.992825,"d":"211.99"},0,"0_50411001_4654",{"v":12555.1884883999,"d":"12,555.19"},{"v":0,"d":"0.00"},{"v":211.992825,"d":"211.99"},{"v":0,"d":"0.00"},"0_50411001_4654_2327","G",{"v":0.0821155960286,"d":"0.08"},{"v":6.540371425e-06,"d":"0.00"},{"v":1.386511815E-3,"d":"0.00"}]
[5,504,50423,{"v":5053.975988,"d":"5,053.98"},3121,{"v":0.617533603,"d":"0.62"},"M",420,50423000,{"v":96.4708185400999,"d":"96.47"},1213,{"v":12.57375047,"d":"12.57"},{"v":0,"d":"0.00"},{"v":0.920429496,"d":"0.92"},{"v":1116.480978,"d":"1,116.48"},{"v":96.51902155,"d":"96.52"},0,"0_50423000_4676",{"v":12.6766396009,"d":"12.68"},{"v":0,"d":"0.00"},{"v":96.51902155,"d":"96.52"},{"v":0,"d":"0.00"},"0_50423000_4676_2788","außerhalb GKL",{"v":6.89691427128,"d":"6.90"},{"v":0.544064869588,"d":"0.54"},{"v":52.5126088724,"d":"52.51"}]
[5,506,50602,{"v":4568.219707,"d":"4,568.22"},4802,{"v":1.051175361,"d":"1.05"}," ",420,50602003,{"v":882.83062011,"d":"882.83"},2428,{"v":2.750244435,"d":"2.75"},{"v":0,"d":"0.00"},{"v":0.920429496,"d":"0.92"},{"v":2234.80281599999,"d":"2,234.80"},{"v":193.197184099999,"d":"193.20"},0,"0_50602003_4707",{"v":756.492100339999,"d":"756.49"},{"v":0,"d":"0.00"},{"v":193.197184099999,"d":"193.20"},{"v":0,"d":"0.00"},"0_50602003_4707_3092","F",{"v":0.138700836113,"d":"0.14"},{"v":0.000183347368797,"d":"0.00"},{"v":0.0354221953637,"d":"0.04"}]
[5,506,50604,{"v":15805.2592199999,"d":"15,805.26"},714,{"v":0.045174836,"d":"0.05"}," ",420,50604000,{"v":15805.2592241,"d":"15,805.26"},714,{"v":0.045174836,"d":"0.05"},{"v":0,"d":"0.00"},{"v":0.920429496,"d":"0.92"},{"v":657.186659999999,"d":"657.19"},{"v":56.81333997,"d":"56.81"},0,"0_50604000_4709",{"v":15713.9018964999,"d":"15,713.90"},{"v":0,"d":"0.00"},{"v":56.81333997,"d":"56.81"},{"v":0,"d":"0.00"},"0_50604000_4709_3140","F",{"v":10.9252253678,"d":"10.93"},{"v":6.95258595845E-4,"d":"0.00"},{"v":0.0394999629728,"d":"0.04"}]
[5,506,50611,{"v":2953.289302,"d":"2,953.29"},3643,{"v":1.233539836,"d":"1.23"}," ",220,50611000,{"v":146.049848774999,"d":"146.05"},1406,{"v":9.626850091,"d":"9.63"},{"v":0,"d":"0.00"},{"v":0.975109986,"d":"0.98"},{"v":1371.00464099999,"d":"1,371.00"},{"v":34.9953594899999,"d":"35.00"},0,"0_50611000_4720",{"v":85.5589409888,"d":"85.56"},{"v":0,"d":"0.00"},{"v":34.9953594899999,"d":"35.00"},{"v":0,"d":"0.00"},"0_50611000_4720_3466","E",{"v":0.320644758597,"d":"0.32"},{"v":0.00374764758529,"d":"0.00"},{"v":0.131150274489,"d":"0.13"}]
[5,506,50614,{"v":16597.1810699999,"d":"16,597.18"},2593,{"v":0.15623135,"d":"0.16"},"M",420,50614001,{"v":15410.4031876999,"d":"15,410.40"},1150,{"v":0.074624913,"d":"0.07"},{"v":0,"d":"0.00"},{"v":0.920429496,"d":"0.92"},{"v":1058.49391999999,"d":"1,058.49"},{"v":91.5060797799999,"d":"91.51"},0,"0_50614001_4728",{"v":15309.4042948999,"d":"15,309.40"},{"v":0,"d":"0.00"},{"v":91.5060797799999,"d":"91.51"},{"v":0,"d":"0.00"},"0_50614001_4728_3805","außerhalb GKL",{"v":13144.7719541,"d":"13,144.77"},{"v":0.85860767022,"d":"0.86"},{"v":78.5678219708999,"d":"78.57"}]
[5,506,50618,{"v":12553.14415,"d":"12,553.14"},2859,{"v":0.227751706,"d":"0.23"}," ",430,50618000,{"v":340.203750409999,"d":"340.20"},1166,{"v":3.427357866,"d":"3.43"},{"v":0,"d":"0.00"},{"v":0.905906425,"d":"0.91"},{"v":1056.28689099999,"d":"1,056.29"},{"v":109.7131087,"d":"109.71"},0,"0_50618000_4735",{"v":243.300886802999,"d":"243.30"},{"v":0,"d":"0.00"},{"v":109.7131087,"d":"109.71"},{"v":0,"d":"0.00"},"0_50618000_4735_4127","F",{"v":3.87274681273,"d":"3.87"},{"v":0.015917520333,"d":"0.02"},{"v":1.74636063853,"d":"1.75"}]
[5,506,50620,{"v":6358.43169699999,"d":"6,358.43"},1176,{"v":0.184951267,"d":"0.18"}," ",430,50620000,{"v":6358.43169697,"d":"6,358.43"},1176,{"v":0.184951267,"d":"0.18"},{"v":0,"d":"0.00"},{"v":0.905906425,"d":"0.91"},{"v":1065.34595599999,"d":"1,065.35"},{"v":110.654044499999,"d":"110.65"},0,"0_50620000_4748",{"v":6255.71653163999,"d":"6,255.72"},{"v":0,"d":"0.00"},{"v":110.654044499999,"d":"110.65"},{"v":0,"d":"0.00"},"0_50620000_4748_4570","G",{"v":4.18755464147E-3,"d":"0.00"},{"v":6.69396482e-07,"d":"0.00"},{"v":7.4071428157e-05,"d":"0.00"}]
[5,506,50623,{"v":10888.0363799999,"d":"10,888.04"},1917,{"v":0.176064805,"d":"0.18"}," ",430,50623001,{"v":9152.30012626999,"d":"9,152.30"},632,{"v":0.06905368,"d":"0.07"},{"v":0,"d":"0.00"},{"v":0.905906425,"d":"0.91"},{"v":572.532860499999,"d":"572.53"},{"v":59.4671395399999,"d":"59.47"},0,"0_50623001_4754",{"v":9097.41853321,"d":"9,097.42"},{"v":0,"d":"0.00"},{"v":59.4671395399999,"d":"59.47"},{"v":0,"d":"0.00"},"0_50623001_4754_4784","F",{"v":0.398177837044,"d":"0.40"},{"v":4.3768222336e-05,"d":"0.00"},{"v":0.00260277098507,"d":"0.00"}]
[5,506,50628,{"v":5511.97431899999,"d":"5,511.97"},9879,{"v":1.792279758,"d":"1.79"},"ST",220,50628002,{"v":1601.49050325,"d":"1,601.49"},1337,{"v":0.834847286,"d":"0.83"},{"v":0,"d":"0.00"},{"v":0.975109986,"d":"0.98"},{"v":1303.72205099999,"d":"1,303.72"},{"v":33.27794853,"d":"33.28"},0,"0_50628002_4762",{"v":1531.77427794,"d":"1,531.77"},{"v":0,"d":"0.00"},{"v":33.27794853,"d":"33.28"},{"v":0,"d":"0.00"},"0_50628002_4762_5079","C",{"v":0.0110420317067,"d":"0.01"},{"v":7.208654608e-06,"d":"0.00"},{"v":0.000239889237007,"d":"0.00"}]
[7,701,70101,{"v":10481.03324,"d":"10,481.03"},131961,{"v":12.59045716,"d":"12.59"},"SR",101,70101150,{"v":152.206190604999,"d":"152.21"},733,{"v":4.815835657,"d":"4.82"},{"v":0,"d":"0.00"},{"v":0.965932983,"d":"0.97"},{"v":708.028876599999,"d":"708.03"},{"v":24.97112344,"d":"24.97"},0,"0_70101150_6213",{"v":129.93977225,"d":"129.94"},{"v":0,"d":"0.00"},{"v":24.97112344,"d":"24.97"},{"v":0,"d":"0.00"},"0_70101150_6213_5441","D",{"v":5.55729005524,"d":"5.56"},{"v":0.0427681991357,"d":"0.04"},{"v":1.06796997992,"d":"1.07"}]
[7,701,70101,{"v":10481.03324,"d":"10,481.03"},131961,{"v":12.59045716,"d":"12.59"},"SR",101,70101357,{"v":16.85598598,"d":"16.86"},1129,{"v":66.9791729399999,"d":"66.98"},{"v":0,"d":"0.00"},{"v":0.965932983,"d":"0.97"},{"v":1090.538338,"d":"1,090.54"},{"v":38.46166216,"d":"38.46"},0,"0_70101357_6259",{"v":6.7130403706,"d":"6.71"},{"v":0,"d":"0.00"},{"v":38.46166216,"d":"38.46"},{"v":0,"d":"0.00"},"0_70101357_6259_5844","E",{"v":2.36190548179,"d":"2.36"},{"v":0.351838414697,"d":"0.35"},{"v":13.532290241,"d":"13.53"}]
[7,701,70101,{"v":10481.03324,"d":"10,481.03"},131961,{"v":12.59045716,"d":"12.59"},"SR",101,70101601,{"v":31.5004295849999,"d":"31.50"},582,{"v":18.4759385099999,"d":"18.48"},{"v":0,"d":"0.00"},{"v":0.965932983,"d":"0.97"},{"v":562.172996099999,"d":"562.17"},{"v":19.8270038799999,"d":"19.83"},0,"0_70101601_6279",{"v":18.9934466232999,"d":"18.99"},{"v":0,"d":"0.00"},{"v":19.8270038799999,"d":"19.83"},{"v":0,"d":"0.00"},"0_70101601_6279_6098","C",{"v":0.0138726311657,"d":"0.01"},{"v":0.000730390404693,"d":"0.00"},{"v":0.0144814533878,"d":"0.01"}]
[7,702,70202,{"v":4017.71522899999,"d":"4,017.72"},4757,{"v":1.184006265,"d":"1.18"}," ",410,70202002,{"v":1404.98364061,"d":"1,404.98"},1799,{"v":1.280441955,"d":"1.28"},{"v":0,"d":"0.00"},{"v":0.921559671,"d":"0.92"},{"v":1657.88584799999,"d":"1,657.89"},{"v":141.1141523,"d":"141.11"},0,"0_70202002_6298",{"v":1330.4315305,"d":"1,330.43"},{"v":0,"d":"0.00"},{"v":141.1141523,"d":"141.11"},{"v":0,"d":"0.00"},"0_70202002_6298_6428","E",{"v":0.130312731346,"d":"0.13"},{"v":9.7947717232e-05,"d":"0.00"},{"v":0.0138218090869,"d":"0.01"}]
[7,702,70203,{"v":11334.36978,"d":"11,334.37"},10765,{"v":0.949766084,"d":"0.95"},"ST",103,70203005,{"v":10458.7066039,"d":"10,458.71"},2133,{"v":0.203944912,"d":"0.20"},{"v":0,"d":"0.00"},{"v":0.975480312,"d":"0.98"},{"v":2080.699505,"d":"2,080.70"},{"v":52.3004945799999,"d":"52.30"},0,"0_70203005_6303",{"v":10370.3097734,"d":"10,370.31"},{"v":0,"d":"0.00"},{"v":52.3004945799999,"d":"52.30"},{"v":0,"d":"0.00"},"0_70203005_6303_6557","F",{"v":5.1722766735,"d":"5.17"},{"v":4.98758165042E-4,"d":"0.00"},{"v":0.0260852987075,"d":"0.03"}]
[7,702,70215,{"v":1954.50130899999,"d":"1,954.50"},2367,{"v":1.211050609,"d":"1.21"}," ",310,70215000,{"v":1954.50130852,"d":"1,954.50"},2367,{"v":1.211050609,"d":"1.21"},{"v":0,"d":"0.00"},{"v":0.969116244,"d":"0.97"},{"v":2293.898149,"d":"2,293.90"},{"v":73.10185128,"d":"73.10"},0,"0_70215000_6320",{"v":1800.93034138,"d":"1,800.93"},{"v":0,"d":"0.00"},{"v":73.10185128,"d":"73.10"},{"v":0,"d":"0.00"},"0_70215000_6320_7085","außerhalb GKL",{"v":1.18541246918,"d":"1.19"},{"v":0.000658222276533,"d":"0.00"},{"v":0.0481172669683,"d":"0.05"}]
[7,702,70220,{"v":46679.8740499999,"d":"46,679.87"},3041,{"v":0.065145848,"d":"0.07"}," ",430,70220000,{"v":12284.7392237,"d":"12,284.74"},2172,{"v":0.17680473,"d":"0.18"},{"v":0,"d":"0.00"},{"v":0.905906425,"d":"0.91"},{"v":1967.62875499999,"d":"1,967.63"},{"v":204.371245399999,"d":"204.37"},0,"0_70220000_6327",{"v":12082.9323800999,"d":"12,082.93"},{"v":0,"d":"0.00"},{"v":204.371245399999,"d":"204.37"},{"v":0,"d":"0.00"},"0_70220000_6327_7322","E",{"v":0.00289348481617,"d":"0.00"},{"v":2.39468759e-07,"d":"0.00"},{"v":4.894052841e-05,"d":"0.00"}]
[7,702,70221,{"v":3355.18714399999,"d":"3,355.19"},1547,{"v":0.461077112,"d":"0.46"}," ",310,70221000,{"v":3355.18714395999,"d":"3,355.19"},1547,{"v":0.461077112,"d":"0.46"},{"v":0,"d":"0.00"},{"v":0.969116244,"d":"0.97"},{"v":1499.222829,"d":"1,499.22"},{"v":47.77717107,"d":"47.78"},0,"0_70221000_6329",{"v":3236.48759142,"d":"3,236.49"},{"v":0,"d":"0.00"},{"v":47.77717107,"d":"47.78"},{"v":0,"d":"0.00"},"0_70221000_6329_7437","außerhalb GKL",{"v":2.57544434077E-4,"d":"0.00"},{"v":7.9575289e-08,"d":"0.00"},{"v":3.801882175e-06,"d":"0.00"}]
[7,703,70302,{"v":885.2439398,"d":"885.24"},2723,{"v":3.075988298,"d":"3.08"}," ",101,70302000,{"v":885.243939774999,"d":"885.24"},2723,{"v":3.075988298,"d":"3.08"},{"v":0,"d":"0.00"},{"v":0.965932983,"d":"0.97"},{"v":2630.235513,"d":"2,630.24"},{"v":92.7644872099999,"d":"92.76"},0,"0_70302000_6340",{"v":762.498680014,"d":"762.50"},{"v":0,"d":"0.00"},{"v":92.7644872099999,"d":"92.76"},{"v":0,"d":"0.00"},"0_70302000_6340_7781","E",{"v":0.137763490394,"d":"0.14"},{"v":1.80673742795E-4,"d":"0.00"},{"v":0.0167601071027,"d":"0.02"}]
[7,703,70310,{"v":1676.396068,"d":"1,676.40"},4462,{"v":2.661662173,"d":"2.66"},"M",410,70310000,{"v":50.86330572,"d":"50.86"},1447,{"v":28.44879977,"d":"28.45"},{"v":0,"d":"0.00"},{"v":0.921559671,"d":"0.92"},{"v":1333.496844,"d":"1,333.50"},{"v":113.503156399999,"d":"113.50"},0,"0_70310000_6351",{"v":8.21942128689999,"d":"8.22"},{"v":0,"d":"0.00"},{"v":113.503156399999,"d":"113.50"},{"v":0,"d":"0.00"},"0_70310000_6351_8098","E",{"v":0.0838928303041,"d":"0.08"},{"v":0.0102066590062,"d":"0.01"},{"v":1.1584880135,"d":"1.16"}]
[7,703,70322,{"v":334.205881499999,"d":"334.21"},1618,{"v":4.841327127,"d":"4.84"}," ",310,70322000,{"v":334.20588148,"d":"334.21"},1618,{"v":4.841327127,"d":"4.84"},{"v":0,"d":"0.00"},{"v":0.969116244,"d":"0.97"},{"v":1568.03008199999,"d":"1,568.03"},{"v":49.96991777,"d":"49.97"},0,"0_70322000_6368",{"v":282.330794932999,"d":"282.33"},{"v":0,"d":"0.00"},{"v":49.96991777,"d":"49.97"},{"v":0,"d":"0.00"},"0_70322000_6368_8546","E",{"v":0.116901111842,"d":"0.12"},{"v":0.000414057247527,"d":"0.00"},{"v":0.020690406611,"d":"0.02"}]
[7,703,70329,{"v":691.3797495,"d":"691.38"},4481,{"v":6.481242766,"d":"6.48"}," ",101,70329001,{"v":282.731702519999,"d":"282.73"},1568,{"v":5.545893814,"d":"5.55"},{"v":0,"d":"0.00"},{"v":0.965932983,"d":"0.97"},{"v":1514.58291699999,"d":"1,514.58"},{"v":53.41708261,"d":"53.42"},0,"0_70329001_6375",{"v":225.102621790999,"d":"225.10"},{"v":0,"d":"0.00"},{"v":53.41708261,"d":"53.42"},{"v":0,"d":"0.00"},"0_70329001_6375_8755","F",{"v":9.82542862861,"d":"9.83"},{"v":0.0436486636648,"d":"0.04"},{"v":2.3315842728,"d":"2.33"}]
[7,703,70334,{"v":24887.73628,"d":"24,887.74"},4811,{"v":0.193308059,"d":"0.19"}," ",430,70334000,{"v":347.88689376,"d":"347.89"},2035,{"v":5.849602375,"d":"5.85"},{"v":0,"d":"0.00"},{"v":0.905906425,"d":"0.91"},{"v":1843.51957399999,"d":"1,843.52"},{"v":191.480425599999,"d":"191.48"},0,"0_70334000_6384",{"v":213.295161232999,"d":"213.30"},{"v":0,"d":"0.00"},{"v":191.480425599999,"d":"191.48"},{"v":0,"d":"0.00"},"0_70334000_6384_9085","E",{"v":0.0179087046804,"d":"0.02"},{"v":8.3962076668e-05,"d":"0.00"},{"v":0.0160770941747,"d":"0.02"}]
[7,703,70334,{"v":24887.73628,"d":"24,887.74"},4811,{"v":0.193308059,"d":"0.19"}," ",430,70334002,{"v":20441.2645118,"d":"20,441.26"},652,{"v":0.031896265,"d":"0.03"},{"v":0,"d":"0.00"},{"v":0.905906425,"d":"0.91"},{"v":590.650988999999,"d":"590.65"},{"v":61.34901105,"d":"61.35"},0,"0_70334002_6386",{"v":20366.6896158999,"d":"20,366.69"},{"v":0,"d":"0.00"},{"v":61.34901105,"d":"61.35"},{"v":0,"d":"0.00"},"0_70334002_6386_9259","E",{"v":9.77368378715,"d":"9.77"},{"v":4.79885733591E-4,"d":"0.00"},{"v":0.0294405151728,"d":"0.03"}]
[7,703,70348,{"v":15929.09569,"d":"15,929.10"},1361,{"v":0.085441134,"d":"0.09"}," ",410,70348000,{"v":15929.0956915,"d":"15,929.10"},1361,{"v":0.085441134,"d":"0.09"},{"v":0,"d":"0.00"},{"v":0.921559671,"d":"0.92"},{"v":1254.24271199999,"d":"1,254.24"},{"v":106.757288099999,"d":"106.76"},0,"0_70348000_6406",{"v":15836.4010937,"d":"15,836.40"},{"v":0,"d":"0.00"},{"v":106.757288099999,"d":"106.76"},{"v":0,"d":"0.00"},"0_70348000_6406_9742","E",{"v":0.0841622349417,"d":"0.08"},{"v":5.314479877e-06,"d":"0.00"},{"v":0.000567359459365,"d":"0.00"}]
[7,703,70354,{"v":551.021068399999,"d":"551.02"},14153,{"v":25.6850433,"d":"25.69"},"ST",101,70354016,{"v":95.291746695,"d":"95.29"},2189,{"v":22.9715592,"d":"22.97"},{"v":0,"d":"0.00"},{"v":0.965932983,"d":"0.97"},{"v":2114.42729999999,"d":"2,114.43"},{"v":74.57270015,"d":"74.57"},0,"0_70354016_6421",{"v":60.5845643599,"d":"60.58"},{"v":0,"d":"0.00"},{"v":74.57270015,"d":"74.57"},{"v":0,"d":"0.00"},"0_70354016_6421_10024","A",{"v":0.247414328106,"d":"0.25"},{"v":0.00408378488349,"d":"0.00"},{"v":0.304538865594,"d":"0.30"}]
[7,703,70357,{"v":4545.57902999999,"d":"4,545.58"},16046,{"v":3.530023325,"d":"3.53"},"M",103,70357005,{"v":3464.09755696,"d":"3,464.10"},3376,{"v":0.974568396,"d":"0.97"},{"v":0,"d":"0.00"},{"v":0.975480312,"d":"0.98"},{"v":3293.22153299999,"d":"3,293.22"},{"v":82.7784668099999,"d":"82.78"},0,"0_70357005_6431",{"v":3297.89949828999,"d":"3,297.90"},{"v":0,"d":"0.00"},{"v":82.7784668099999,"d":"82.78"},{"v":0,"d":"0.00"},"0_70357005_6431_10399","G",{"v":61.102119913,"d":"61.10"},{"v":0.0185275870125,"d":"0.02"},{"v":1.53368524658,"d":"1.53"}]
[7,703,70359,{"v":4877.589933,"d":"4,877.59"},1323,{"v":0.271240514,"d":"0.27"}," ",310,70359000,{"v":4877.58993287999,"d":"4,877.59"},1323,{"v":0.271240514,"d":"0.27"},{"v":0,"d":"0.00"},{"v":0.969116244,"d":"0.97"},{"v":1282.14078999999,"d":"1,282.14"},{"v":40.8592096499999,"d":"40.86"},0,"0_70359000_6434",{"v":4787.36292985,"d":"4,787.36"},{"v":0,"d":"0.00"},{"v":40.8592096499999,"d":"40.86"},{"v":0,"d":"0.00"},"0_70359000_6434_10533","F",{"v":5.23211092566,"d":"5.23"},{"v":0.00109290041351,"d":"0.00"},{"v":0.0446550471222,"d":"0.04"}]
[7,704,70401,{"v":5421.22009799999,"d":"5,421.22"},1116,{"v":0.205857718,"d":"0.21"}," ",420,70401000,{"v":5421.22009766999,"d":"5,421.22"},1116,{"v":0.205857718,"d":"0.21"},{"v":0,"d":"0.00"},{"v":0.920429496,"d":"0.92"},{"v":1027.199317,"d":"1,027.20"},{"v":88.80068264,"d":"88.80"},0,"0_70401000_6461",{"v":5252.80911456,"d":"5,252.81"},{"v":0,"d":"0.00"},{"v":88.80068264,"d":"88.80"},{"v":0,"d":"0.00"},"0_70401000_6461_11056","G",{"v":0.396571190144,"d":"0.40"},{"v":7.5496973428E-5,"d":"0.00"},{"v":0.00670418277765,"d":"0.01"}]
[7,704,70402,{"v":3132.742995,"d":"3,132.74"},2639,{"v":0.842392754,"d":"0.84"}," ",410,70402000,{"v":275.012971144999,"d":"275.01"},1494,{"v":5.432471035,"d":"5.43"},{"v":0,"d":"0.00"},{"v":0.921559671,"d":"0.92"},{"v":1376.810148,"d":"1,376.81"},{"v":117.189851899999,"d":"117.19"},0,"0_70402000_6462",{"v":172.081317729,"d":"172.08"},{"v":0,"d":"0.00"},{"v":117.189851899999,"d":"117.19"},{"v":0,"d":"0.00"},"0_70402000_6462_11081","C",{"v":0.00226447493832,"d":"0.00"},{"v":1.3159330532E-5,"d":"0.00"},{"v":0.00154213999611,"d":"0.00"}]
[7,704,70406,{"v":16633.4428499999,"d":"16,633.44"},5630,{"v":0.338474725,"d":"0.34"},"M",410,70406001,{"v":194.394584005,"d":"194.39"},1319,{"v":6.785168459,"d":"6.79"},{"v":0,"d":"0.00"},{"v":0.921559671,"d":"0.92"},{"v":1215.53720599999,"d":"1,215.54"},{"v":103.462794299999,"d":"103.46"},0,"0_70406001_6471",{"v":138.983236046999,"d":"138.98"},{"v":0,"d":"0.00"},{"v":103.462794299999,"d":"103.46"},{"v":0,"d":"0.00"},"0_70406001_6471_11552","C",{"v":0.0463488615673,"d":"0.05"},{"v":0.000333485266897,"d":"0.00"},{"v":0.034503317571,"d":"0.03"}]
[7,704,70408,{"v":8779.29725499999,"d":"8,779.30"},1519,{"v":0.173020682,"d":"0.17"}," ",420,70408000,{"v":8779.29725485,"d":"8,779.30"},1519,{"v":0.173020682,"d":"0.17"},{"v":0,"d":"0.00"},{"v":0.920429496,"d":"0.92"},{"v":1398.13240399999,"d":"1,398.13"},{"v":120.8675958,"d":"120.87"},0,"0_70408000_6476",{"v":8613.26888270999,"d":"8,613.27"},{"v":0,"d":"0.00"},{"v":120.8675958,"d":"120.87"},{"v":0,"d":"0.00"},"0_70408000_6476_11738","außerhalb GKL",{"v":1.43666909391E-3,"d":"0.00"},{"v":1.66797196E-7,"d":"0.00"},{"v":2.0160376009e-05,"d":"0.00"}]
[7,704,70409,{"v":9771.730261,"d":"9,771.73"},5230,{"v":0.535217393,"d":"0.54"}," ",410,70409002,{"v":9243.99518668999,"d":"9,244.00"},1064,{"v":0.115101748,"d":"0.12"},{"v":0,"d":"0.00"},{"v":0.921559671,"d":"0.92"},{"v":980.539489699999,"d":"980.54"},{"v":83.46051033,"d":"83.46"},0,"0_70409002_6479",{"v":9157.87729111,"d":"9,157.88"},{"v":0,"d":"0.00"},{"v":83.46051033,"d":"83.46"},{"v":0,"d":"0.00"},"0_70409002_6479_12011","außerhalb GKL",{"v":8083.19248099,"d":"8,083.19"},{"v":0.882649136262,"d":"0.88"},{"v":73.6663473547999,"d":"73.67"}]
[7,704,70411,{"v":5797.077296,"d":"5,797.08"},8225,{"v":1.418818411,"d":"1.42"},"ST",220,70411005,{"v":63.3179892950999,"d":"63.32"},814,{"v":12.8557462,"d":"12.86"},{"v":0,"d":"0.00"},{"v":0.975109986,"d":"0.98"},{"v":793.7395287,"d":"793.74"},{"v":20.26047128,"d":"20.26"},0,"0_70411005_6488",{"v":27.4201150980999,"d":"27.42"},{"v":0,"d":"0.00"},{"v":20.26047128,"d":"20.26"},{"v":0,"d":"0.00"},"0_70411005_6488_12395","E",{"v":0.220826191749,"d":"0.22"},{"v":0.00805343781231,"d":"0.01"},{"v":0.163166445502,"d":"0.16"}]
[7,704,70415,{"v":960.295305399999,"d":"960.30"},795,{"v":0.827870339,"d":"0.83"}," ",420,70415000,{"v":960.295305419999,"d":"960.30"},795,{"v":0.827870339,"d":"0.83"},{"v":0,"d":"0.00"},{"v":0.920429496,"d":"0.92"},{"v":731.7414492,"d":"731.74"},{"v":63.25855081,"d":"63.26"},0,"0_70415000_6495",{"v":881.363922663,"d":"881.36"},{"v":0,"d":"0.00"},{"v":63.25855081,"d":"63.26"},{"v":0,"d":"0.00"},"0_70415000_6495_12776","F",{"v":2.9446226814,"d":"2.94"},{"v":0.00334098390651,"d":"0.00"},{"v":0.211345800205,"d":"0.21"}]
[7,704,70416,{"v":5907.01798299999,"d":"5,907.02"},9547,{"v":1.6162131259999999,"d":"1.62"},"M",210,70416005,{"v":151.112805764999,"d":"151.11"},1566,{"v":10.36311908,"d":"10.36"},{"v":0,"d":"0.00"},{"v":0.955942851,"d":"0.96"},{"v":1497.006505,"d":"1,497.01"},{"v":68.99349478,"d":"68.99"},0,"0_70416005_6501",{"v":94.8172491523999,"d":"94.82"},{"v":0,"d":"0.00"},{"v":68.99349478,"d":"68.99"},{"v":0,"d":"0.00"},"0_70416005_6501_13056","G",{"v":8.2232017234e-05,"d":"0.00"},{"v":8.6726854e-07,"d":"0.00"},{"v":5.9835887483e-05,"d":"0.00"}]
[7,704,70420,{"v":9543.02727,"d":"9,543.03"},3684,{"v":0.386041022,"d":"0.39"}," ",410,70420000,{"v":382.600618714999,"d":"382.60"},2517,{"v":6.578661604,"d":"6.58"},{"v":0,"d":"0.00"},{"v":0.921559671,"d":"0.92"},{"v":2319.56569099999,"d":"2,319.57"},{"v":197.4343087,"d":"197.43"},0,"0_70420000_6505",{"v":240.370690768999,"d":"240.37"},{"v":0,"d":"0.00"},{"v":197.4343087,"d":"197.43"},{"v":0,"d":"0.00"},"0_70420000_6505_13235","E",{"v":0.0228831048606,"d":"0.02"},{"v":9.5199230769E-5,"d":"0.00"},{"v":0.0187955943156,"d":"0.02"}]
[7,705,70508,{"v":3997.586624,"d":"3,997.59"},5645,{"v":1.412101983,"d":"1.41"}," ",410,70508004,{"v":190.784784760999,"d":"190.78"},1362,{"v":7.13893407,"d":"7.14"},{"v":0,"d":"0.00"},{"v":0.921559671,"d":"0.92"},{"v":1255.16427199999,"d":"1,255.16"},{"v":106.835728399999,"d":"106.84"},0,"0_70508004_6521",{"v":111.655918583,"d":"111.66"},{"v":0,"d":"0.00"},{"v":106.835728399999,"d":"106.84"},{"v":0,"d":"0.00"},"0_70508004_6521_13713","F",{"v":2.54094696288,"d":"2.54"},{"v":0.0227569393108,"d":"0.02"},{"v":2.43125418742,"d":"2.43"}]
[7,705,70512,{"v":2685.233486,"d":"2,685.23"},4985,{"v":1.856449365,"d":"1.86"}," ",410,70512000,{"v":655.233753429999,"d":"655.23"},872,{"v":1.330822772,"d":"1.33"},{"v":0,"d":"0.00"},{"v":0.921559671,"d":"0.92"},{"v":803.600032899999,"d":"803.60"},{"v":68.39996711,"d":"68.40"},0,"0_70512000_6527",{"v":564.302037613,"d":"564.30"},{"v":0,"d":"0.00"},{"v":68.39996711,"d":"68.40"},{"v":0,"d":"0.00"},"0_70512000_6527_14039","G",{"v":5.08471900927,"d":"5.08"},{"v":0.00901063379246,"d":"0.01"},{"v":0.616327055045,"d":"0.62"}]
[7,705,70513,{"v":3934.09981599999,"d":"3,934.10"},19527,{"v":4.963524291,"d":"4.96"},"ST",103,70513021,{"v":60.2681855601,"d":"60.27"},865,{"v":14.35251438,"d":"14.35"},{"v":0,"d":"0.00"},{"v":0.975480312,"d":"0.98"},{"v":843.790469799999,"d":"843.79"},{"v":21.2095301499999,"d":"21.21"},0,"0_70513021_6536",{"v":21.5573237714,"d":"21.56"},{"v":0,"d":"0.00"},{"v":21.2095301499999,"d":"21.21"},{"v":0,"d":"0.00"},"0_70513021_6536_14254","außerhalb GKL",{"v":2.21314871727,"d":"2.21"},{"v":0.102663426163,"d":"0.10"},{"v":2.17744303251,"d":"2.18"}]
[7,705,70517,{"v":2773.194422,"d":"2,773.19"},3398,{"v":1.225301758,"d":"1.23"}," ",410,70517000,{"v":2323.7133662,"d":"2,323.71"},2014,{"v":0.866716192,"d":"0.87"},{"v":0,"d":"0.00"},{"v":0.921559671,"d":"0.92"},{"v":1856.021177,"d":"1,856.02"},{"v":157.9788231,"d":"157.98"},0,"0_70517000_6551",{"v":2196.94818605999,"d":"2,196.95"},{"v":0,"d":"0.00"},{"v":157.9788231,"d":"157.98"},{"v":0,"d":"0.00"},"0_70517000_6551_14700","E",{"v":0.0879462040524,"d":"0.09"},{"v":4.0031077934e-05,"d":"0.00"},{"v":0.00632406257939,"d":"0.01"}]
[7,705,70525,{"v":1873.63963399999,"d":"1,873.64"},2548,{"v":1.359919994,"d":"1.36"}," ",410,70525000,{"v":1873.63963368999,"d":"1,873.64"},2548,{"v":1.359919994,"d":"1.36"},{"v":0,"d":"0.00"},{"v":0.921559671,"d":"0.92"},{"v":2348.13404099999,"d":"2,348.13"},{"v":199.8659589,"d":"199.87"},0,"0_70525000_6562",{"v":1696.53490759999,"d":"1,696.53"},{"v":0,"d":"0.00"},{"v":199.8659589,"d":"199.87"},{"v":0,"d":"0.00"},"0_70525000_6562_15019","F",{"v":0.650623843863,"d":"0.65"},{"v":0.000383501595486,"d":"0.00"},{"v":0.0766489141215,"d":"0.08"}]
[7,705,70526,{"v":4591.66488,"d":"4,591.66"},3657,{"v":0.796443141,"d":"0.80"}," ",410,70526000,{"v":721.9623522,"d":"721.96"},2894,{"v":4.008519269,"d":"4.01"},{"v":0,"d":"0.00"},{"v":0.921559671,"d":"0.92"},{"v":2666.993687,"d":"2,666.99"},{"v":227.0063129,"d":"227.01"},0,"0_70526000_6563",{"v":530.28428509,"d":"530.28"},{"v":0,"d":"0.00"},{"v":227.0063129,"d":"227.01"},{"v":0,"d":"0.00"},"0_70526000_6563_15052","außerhalb GKL",{"v":0.425058009666,"d":"0.43"},{"v":0.000801566294943,"d":"0.00"},{"v":0.18196060916,"d":"0.18"}]
[7,705,70531,{"v":1968.17935899999,"d":"1,968.18"},14059,{"v":7.143149802,"d":"7.14"},"ST",103,70531004,{"v":51.3795592550999,"d":"51.38"},1732,{"v":33.7099037999999,"d":"33.71"},{"v":0,"d":"0.00"},{"v":0.975480312,"d":"0.98"},{"v":1689.53189999999,"d":"1,689.53"},{"v":42.46809968,"d":"42.47"},0,"0_70531004_6576",{"v":21.1448906745,"d":"21.14"},{"v":0,"d":"0.00"},{"v":42.46809968,"d":"42.47"},{"v":0,"d":"0.00"},"0_70531004_6576_15528","E",{"v":0.760627024783,"d":"0.76"},{"v":0.035972142703,"d":"0.04"},{"v":1.52766854201,"d":"1.53"}]
[7,706,70603,{"v":3768.34415699999,"d":"3,768.34"},1041,{"v":0.276248654,"d":"0.28"}," ",410,70603000,{"v":3768.34415703,"d":"3,768.34"},1041,{"v":0.276248654,"d":"0.28"},{"v":0,"d":"0.00"},{"v":0.921559671,"d":"0.92"},{"v":959.3436172,"d":"959.34"},{"v":81.65638276,"d":"81.66"},0,"0_70603000_6582",{"v":3699.82411865999,"d":"3,699.82"},{"v":0,"d":"0.00"},{"v":81.65638276,"d":"81.66"},{"v":0,"d":"0.00"},"0_70603000_6582_15709","G",{"v":0.0751888562473,"d":"0.08"},{"v":2.0322278529e-05,"d":"0.00"},{"v":1.65944375411E-3,"d":"0.00"}]
[7,706,70613,{"v":710.0276486,"d":"710.03"},543,{"v":0.764758951,"d":"0.76"}," ",410,70613000,{"v":710.027648565,"d":"710.03"},543,{"v":0.764758951,"d":"0.76"},{"v":0,"d":"0.00"},{"v":0.921559671,"d":"0.92"},{"v":500.406901199999,"d":"500.41"},{"v":42.5930987899999,"d":"42.59"},0,"0_70613000_6594",{"v":667.535215861999,"d":"667.54"},{"v":0,"d":"0.00"},{"v":42.5930987899999,"d":"42.59"},{"v":0,"d":"0.00"},"0_70613000_6594_15987","außerhalb GKL",{"v":632.712997194999,"d":"632.71"},{"v":0.947834634279,"d":"0.95"},{"v":40.3712142143999,"d":"40.37"}]
[7,706,70619,{"v":973.4375354,"d":"973.44"},1871,{"v":1.922054505,"d":"1.92"}," ",410,70619000,{"v":973.437535444999,"d":"973.44"},1871,{"v":1.922054505,"d":"1.92"},{"v":0,"d":"0.00"},{"v":0.921559671,"d":"0.92"},{"v":1724.23814399999,"d":"1,724.24"},{"v":146.761855999999,"d":"146.76"},0,"0_70619000_6606",{"v":843.713449609999,"d":"843.71"},{"v":0,"d":"0.00"},{"v":146.761855999999,"d":"146.76"},{"v":0,"d":"0.00"},"0_70619000_6606_16366","F",{"v":0.487126043137,"d":"0.49"},{"v":0.000577359580272,"d":"0.00"},{"v":0.0847343635801,"d":"0.08"}]
[7,706,70629,{"v":3104.411156,"d":"3,104.41"},756,{"v":0.243524444,"d":"0.24"}," ",410,70629000,{"v":3104.4111557,"d":"3,104.41"},756,{"v":0.243524444,"d":"0.24"},{"v":0,"d":"0.00"},{"v":0.921559671,"d":"0.92"},{"v":696.699111099999,"d":"696.70"},{"v":59.3008889199999,"d":"59.30"},0,"0_70629000_6617",{"v":3024.28399054999,"d":"3,024.28"},{"v":0,"d":"0.00"},{"v":59.3008889199999,"d":"59.30"},{"v":0,"d":"0.00"},"0_70629000_6617_16696","G",{"v":2.14400033992,"d":"2.14"},{"v":0.000708928244378,"d":"0.00"},{"v":0.0420400750721,"d":"0.04"}]
[7,707,70707,{"v":2417.06820299999,"d":"2,417.07"},2324,{"v":0.961495417,"d":"0.96"}," ",103,70707000,{"v":1536.77486548999,"d":"1,536.77"},1640,{"v":1.067169978,"d":"1.07"},{"v":0,"d":"0.00"},{"v":0.975480312,"d":"0.98"},{"v":1599.787712,"d":"1,599.79"},{"v":40.2122883799999,"d":"40.21"},0,"0_70707000_6630",{"v":1377.99514763999,"d":"1,378.00"},{"v":0,"d":"0.00"},{"v":40.2122883799999,"d":"40.21"},{"v":0,"d":"0.00"},"0_70707000_6630_17006","F",{"v":1.5455808228e-05,"d":"0.00"},{"v":1.1216156e-08,"d":"0.00"},{"v":4.5102729E-7,"d":"0.00"}]
[7,707,70716,{"v":1592.43895599999,"d":"1,592.44"},11905,{"v":7.475953761,"d":"7.48"},"ST",103,70716022,{"v":271.198378119999,"d":"271.20"},754,{"v":2.780252615,"d":"2.78"},{"v":0,"d":"0.00"},{"v":0.975480312,"d":"0.98"},{"v":735.5121552,"d":"735.51"},{"v":18.48784478,"d":"18.49"},0,"0_70716022_6646",{"v":242.123216581999,"d":"242.12"},{"v":0,"d":"0.00"},{"v":18.48784478,"d":"18.49"},{"v":0,"d":"0.00"},"0_70716022_6646_17353","F",{"v":2.93010682898,"d":"2.93"},{"v":0.0121017177549,"d":"0.01"},{"v":0.223734679424,"d":"0.22"}]
[7,707,70728,{"v":3621.32540599999,"d":"3,621.33"},2030,{"v":0.560568237,"d":"0.56"},"M",430,70728000,{"v":310.417316113,"d":"310.42"},1758,{"v":5.663343856,"d":"5.66"},{"v":0,"d":"0.00"},{"v":0.905906425,"d":"0.91"},{"v":1592.583495,"d":"1,592.58"},{"v":165.4165053,"d":"165.42"},0,"0_70728000_6665",{"v":197.72293045,"d":"197.72"},{"v":0,"d":"0.00"},{"v":165.4165053,"d":"165.42"},{"v":0,"d":"0.00"},"0_70728000_6665_17771","außerhalb GKL",{"v":0.104938224742,"d":"0.10"},{"v":0.000530733711579,"d":"0.00"},{"v":0.0877921158143,"d":"0.09"}]
[7,707,70734,{"v":8878.226855,"d":"8,878.23"},2200,{"v":0.247797228,"d":"0.25"}," ",430,70734000,{"v":417.79433383,"d":"417.79"},1694,{"v":4.054626554,"d":"4.05"},{"v":0,"d":"0.00"},{"v":0.905906425,"d":"0.91"},{"v":1534.60548399999,"d":"1,534.61"},{"v":159.394516399999,"d":"159.39"},0,"0_70734000_6671",{"v":305.730102347,"d":"305.73"},{"v":0,"d":"0.00"},{"v":159.394516399999,"d":"159.39"},{"v":0,"d":"0.00"},"0_70734000_6671_18010","außerhalb GKL",{"v":3.24583445267,"d":"3.25"},{"v":0.0106166662287,"d":"0.01"},{"v":1.6922383793,"d":"1.69"}]
[7,708,70806,{"v":731.486195299999,"d":"731.49"},821,{"v":1.122372514,"d":"1.12"}," ",103,70806000,{"v":731.486195329999,"d":"731.49"},821,{"v":1.122372514,"d":"1.12"},{"v":0,"d":"0.00"},{"v":0.975480312,"d":"0.98"},{"v":800.8693361,"d":"800.87"},{"v":20.13066388,"d":"20.13"},0,"0_70806000_6680",{"v":647.058935783,"d":"647.06"},{"v":0,"d":"0.00"},{"v":20.13066388,"d":"20.13"},{"v":0,"d":"0.00"},"0_70806000_6680_18230","F",{"v":2.56608034929,"d":"2.57"},{"v":0.00396575985182,"d":"0.00"},{"v":0.0798333786058,"d":"0.08"}]
[7,708,70832,{"v":5129.09722799999,"d":"5,129.10"},1105,{"v":0.215437523,"d":"0.22"}," ",410,70832000,{"v":5129.09722758,"d":"5,129.10"},1105,{"v":0.215437523,"d":"0.22"},{"v":0,"d":"0.00"},{"v":0.921559671,"d":"0.92"},{"v":1018.323436,"d":"1,018.32"},{"v":86.67656383,"d":"86.68"},0,"0_70832000_6713",{"v":5007.35547479999,"d":"5,007.36"},{"v":0,"d":"0.00"},{"v":86.67656383,"d":"86.68"},{"v":0,"d":"0.00"},"0_70832000_6713_18671","F",{"v":3.76603421e-05,"d":"0.00"},{"v":7.521004e-09,"d":"0.00"},{"v":6.5189481e-07,"d":"0.00"}]
[7,709,70907,{"v":19640.08337,"d":"19,640.08"},3280,{"v":0.167005401,"d":"0.17"}," ",410,70907000,{"v":19640.083372,"d":"19,640.08"},3280,{"v":0.167005401,"d":"0.17"},{"v":0,"d":"0.00"},{"v":0.921559671,"d":"0.92"},{"v":3022.71572,"d":"3,022.72"},{"v":257.28428,"d":"257.28"},0,"0_70907000_6727",{"v":19350.249624,"d":"19,350.25"},{"v":0,"d":"0.00"},{"v":257.28428,"d":"257.28"},{"v":0,"d":"0.00"},"0_70907000_6727_18997","E",{"v":1.06198077891,"d":"1.06"},{"v":5.4882019589e-05,"d":"0.00"},{"v":0.0141202808948,"d":"0.01"}]
[7,709,70915,{"v":3552.84688199999,"d":"3,552.85"},1581,{"v":0.444995254,"d":"0.44"}," ",410,70915000,{"v":3552.84688198,"d":"3,552.85"},1581,{"v":0.444995254,"d":"0.44"},{"v":0,"d":"0.00"},{"v":0.921559671,"d":"0.92"},{"v":1456.98583899999,"d":"1,456.99"},{"v":124.014160599999,"d":"124.01"},0,"0_70915000_6736",{"v":3496.12975181999,"d":"3,496.13"},{"v":0,"d":"0.00"},{"v":124.014160599999,"d":"124.01"},{"v":0,"d":"0.00"},"0_70915000_6736_19249","G",{"v":0.0556487221744,"d":"0.06"},{"v":1.5917235951E-5,"d":"0.00"},{"v":0.00197396265551,"d":"0.00"}]
[7,709,70917,{"v":1527.468208,"d":"1,527.47"},7230,{"v":4.733322739,"d":"4.73"},"M",410,70917005,{"v":1218.95495118999,"d":"1,218.95"},1709,{"v":1.402020639,"d":"1.40"},{"v":0,"d":"0.00"},{"v":0.921559671,"d":"0.92"},{"v":1574.94547699999,"d":"1,574.95"},{"v":134.0545227,"d":"134.05"},0,"0_70917005_6744",{"v":1171.07786949999,"d":"1,171.08"},{"v":0,"d":"0.00"},{"v":134.0545227,"d":"134.05"},{"v":0,"d":"0.00"},"0_70917005_6744_19353","außerhalb GKL",{"v":0.000153650972057,"d":"0.00"},{"v":1.31204744e-07,"d":"0.00"},{"v":1.7588589331e-05,"d":"0.00"}]
[7,709,70926,{"v":2019.48605599999,"d":"2,019.49"},13791,{"v":6.8289652,"d":"6.83"},"ST",103,70926010,{"v":1252.17396809999,"d":"1,252.17"},911,{"v":0.72753469,"d":"0.73"},{"v":0,"d":"0.00"},{"v":0.975480312,"d":"0.98"},{"v":888.6625642,"d":"888.66"},{"v":22.3374358,"d":"22.34"},0,"0_70926010_6755",{"v":1205.35400877999,"d":"1,205.35"},{"v":0,"d":"0.00"},{"v":22.3374358,"d":"22.34"},{"v":0,"d":"0.00"},"0_70926010_6755_19708","G",{"v":0.00980582450808,"d":"0.01"},{"v":8.135223707e-06,"d":"0.00"},{"v":0.000181720037284,"d":"0.00"}]
[7,709,70931,{"v":493.5858329,"d":"493.59"},1916,{"v":3.881796989,"d":"3.88"}," ",410,70931000,{"v":493.585832885,"d":"493.59"},1916,{"v":3.881796989,"d":"3.88"},{"v":0,"d":"0.00"},{"v":0.921559671,"d":"0.92"},{"v":1765.708329,"d":"1,765.71"},{"v":150.2916709,"d":"150.29"},0,"0_70931000_6767",{"v":368.294678438999,"d":"368.29"},{"v":0,"d":"0.00"},{"v":150.2916709,"d":"150.29"},{"v":0,"d":"0.00"},"0_70931000_6767_20010","F",{"v":0.211200884845,"d":"0.21"},{"v":0.000573456249056,"d":"0.00"},{"v":0.0861856978587,"d":"0.09"}]
[7,709,70940,{"v":241.842151,"d":"241.84"},1716,{"v":7.095537287,"d":"7.10"},"M",430,70940000,{"v":241.84215101,"d":"241.84"},1716,{"v":7.095537287,"d":"7.10"},{"v":0,"d":"0.00"},{"v":0.905906425,"d":"0.91"},{"v":1554.535425,"d":"1,554.54"},{"v":161.464575099999,"d":"161.46"},0,"0_70940000_6780",{"v":136.299554978,"d":"136.30"},{"v":0,"d":"0.00"},{"v":161.464575099999,"d":"161.46"},{"v":0,"d":"0.00"},"0_70940000_6780_20473","F",{"v":0.00158178726881,"d":"0.00"},{"v":1.1605226951E-5,"d":"0.00"},{"v":0.00187383303855,"d":"0.00"}]
[8,801,80101,{"v":2719.15309399999,"d":"2,719.15"},2359,{"v":0.867549534,"d":"0.87"}," ",410,80101001,{"v":129.231317789999,"d":"129.23"},685,{"v":5.300572738,"d":"5.30"},{"v":0,"d":"0.00"},{"v":0.921559671,"d":"0.92"},{"v":631.2683745,"d":"631.27"},{"v":53.73162554,"d":"53.73"},0,"0_80101001_6783",{"v":79.5650139384,"d":"79.57"},{"v":0,"d":"0.00"},{"v":53.73162554,"d":"53.73"},{"v":0,"d":"0.00"},"0_80101001_6783_20667","G",{"v":1.63568072052,"d":"1.64"},{"v":0.0205577883991,"d":"0.02"},{"v":1.10460338819,"d":"1.10"}]
[8,801,80104,{"v":758.5940596,"d":"758.59"},2384,{"v":3.142655772,"d":"3.14"}," ",103,80104000,{"v":758.594059614999,"d":"758.59"},2384,{"v":3.142655772,"d":"3.14"},{"v":0,"d":"0.00"},{"v":0.975480312,"d":"0.98"},{"v":2325.54506399999,"d":"2,325.55"},{"v":58.4549362799999,"d":"58.45"},0,"0_80104000_6801",{"v":653.757687429,"d":"653.76"},{"v":0,"d":"0.00"},{"v":58.4549362799999,"d":"58.45"},{"v":0,"d":"0.00"},"0_80104000_6801_20982","E",{"v":58.4094694413999,"d":"58.41"},{"v":0.0893442181477,"d":"0.09"},{"v":5.22261057881,"d":"5.22"}]
[8,801,80111,{"v":1992.12273,"d":"1,992.12"},997,{"v":0.500471173,"d":"0.50"}," ",310,80111000,{"v":1992.12272959,"d":"1,992.12"},997,{"v":0.500471173,"d":"0.50"},{"v":0,"d":"0.00"},{"v":0.969116244,"d":"0.97"},{"v":966.2088949,"d":"966.21"},{"v":30.79110508,"d":"30.79"},0,"0_80111000_6811",{"v":1911.31704312,"d":"1,911.32"},{"v":0,"d":"0.00"},{"v":30.79110508,"d":"30.79"},{"v":0,"d":"0.00"},"0_80111000_6811_21324","E",{"v":0.0342487231803,"d":"0.03"},{"v":1.791891267E-5,"d":"0.00"},{"v":0.000551743122941,"d":"0.00"}]
[8,801,80116,{"v":11008.55584,"d":"11,008.56"},6200,{"v":0.563198306,"d":"0.56"},"M",410,80116003,{"v":984.370733169999,"d":"984.37"},1187,{"v":1.205846497,"d":"1.21"},{"v":0,"d":"0.00"},{"v":0.921559671,"d":"0.92"},{"v":1093.891329,"d":"1,093.89"},{"v":93.1086708299999,"d":"93.11"},0,"0_80116003_6822",{"v":868.967346060999,"d":"868.97"},{"v":0,"d":"0.00"},{"v":93.1086708299999,"d":"93.11"},{"v":0,"d":"0.00"},"0_80116003_6822_21654","F",{"v":6.52131471489,"d":"6.52"},{"v":0.00750467177444,"d":"0.01"},{"v":0.698750013934,"d":"0.70"}]
[8,801,80122,{"v":1805.74070899999,"d":"1,805.74"},3896,{"v":2.157563365,"d":"2.16"},"M",410,80122002,{"v":147.019625065,"d":"147.02"},954,{"v":6.488929621,"d":"6.49"},{"v":0,"d":"0.00"},{"v":0.921559671,"d":"0.92"},{"v":879.1679259,"d":"879.17"},{"v":74.8320741099999,"d":"74.83"},0,"0_80122002_6835",{"v":64.3982204364999,"d":"64.40"},{"v":0,"d":"0.00"},{"v":74.8320741099999,"d":"74.83"},{"v":0,"d":"0.00"},"0_80122002_6835_22001","D",{"v":1.01038350757,"d":"1.01"},{"v":0.015689618451,"d":"0.02"},{"v":1.17408669068,"d":"1.17"}]
[8,801,80128,{"v":5755.350483,"d":"5,755.35"},2195,{"v":0.381384245,"d":"0.38"}," ",410,80128000,{"v":414.794940144999,"d":"414.79"},1853,{"v":4.467267608,"d":"4.47"},{"v":0,"d":"0.00"},{"v":0.921559671,"d":"0.92"},{"v":1707.65006999999,"d":"1,707.65"},{"v":145.349930099999,"d":"145.35"},0,"0_80128000_6842",{"v":190.762167390999,"d":"190.76"},{"v":0,"d":"0.00"},{"v":145.349930099999,"d":"145.35"},{"v":0,"d":"0.00"},"0_80128000_6842_22311","G",{"v":0.0244872713416,"d":"0.02"},{"v":0.000128365449379,"d":"0.00"},{"v":0.0186579090945,"d":"0.02"}]
[8,802,80201,{"v":2111.746445,"d":"2,111.75"},3233,{"v":1.530960313,"d":"1.53"}," ",310,80201000,{"v":893.374956378999,"d":"893.37"},2020,{"v":2.261088679,"d":"2.26"},{"v":0,"d":"0.00"},{"v":0.969116244,"d":"0.97"},{"v":1957.614812,"d":"1,957.61"},{"v":62.38518783,"d":"62.39"},0,"0_80201000_6846",{"v":758.688926029999,"d":"758.69"},{"v":0,"d":"0.00"},{"v":62.38518783,"d":"62.39"},{"v":0,"d":"0.00"},"0_80201000_6846_22460","außerhalb GKL",{"v":0.138745189034,"d":"0.14"},{"v":0.000182874936319,"d":"0.00"},{"v":0.0114086872517,"d":"0.01"}]
[8,802,80207,{"v":2998.83265699999,"d":"2,998.83"},29711,{"v":9.907521824,"d":"9.91"},"ST",101,80207030,{"v":587.800382349999,"d":"587.80"},340,{"v":0.57842766,"d":"0.58"},{"v":0,"d":"0.00"},{"v":0.965932983,"d":"0.97"},{"v":0,"d":"0.00"},{"v":340,"d":"340.00"},0,"0_80207030_6870",{"v":587.800382349999,"d":"587.80"},{"v":0,"d":"0.00"},{"v":340,"d":"340.00"},{"v":0,"d":"0.00"},"0_80207030_6870_22968","außerhalb GKL",{"v":216.286923234,"d":"216.29"},{"v":0.367959820593,"d":"0.37"},{"v":125.106339001999,"d":"125.11"}]
[8,802,80211,{"v":6531.19076399999,"d":"6,531.19"},3610,{"v":0.552732286,"d":"0.55"},"M",410,80211001,{"v":768.641322299999,"d":"768.64"},1133,{"v":1.474029521,"d":"1.47"},{"v":0,"d":"0.00"},{"v":0.921559671,"d":"0.92"},{"v":1044.127107,"d":"1,044.13"},{"v":88.87289305,"d":"88.87"},0,"0_80211001_6878",{"v":723.401355956999,"d":"723.40"},{"v":0,"d":"0.00"},{"v":88.87289305,"d":"88.87"},{"v":0,"d":"0.00"},"0_80211001_6878_23225","F",{"v":12.1759341745,"d":"12.18"},{"v":0.0168315058774,"d":"0.02"},{"v":1.49586462171,"d":"1.50"}]
[8,802,80214,{"v":579.800010499999,"d":"579.80"},1843,{"v":3.178682247,"d":"3.18"}," ",310,80214000,{"v":579.800010475,"d":"579.80"},1843,{"v":3.178682247,"d":"3.18"},{"v":0,"d":"0.00"},{"v":0.969116244,"d":"0.97"},{"v":1786.081237,"d":"1,786.08"},{"v":56.91876295,"d":"56.92"},0,"0_80214000_6883",{"v":469.185626259999,"d":"469.19"},{"v":0,"d":"0.00"},{"v":56.91876295,"d":"56.92"},{"v":0,"d":"0.00"},"0_80214000_6883_23324","E",{"v":0.00643010622194,"d":"0.01"},{"v":1.3704823554e-05,"d":"0.00"},{"v":0.000780061603136,"d":"0.00"}]
[8,802,80218,{"v":873.3080549,"d":"873.31"},6512,{"v":7.456704382,"d":"7.46"},"M",101,80218001,{"v":127.028364848999,"d":"127.03"},1381,{"v":10.87158763,"d":"10.87"},{"v":0,"d":"0.00"},{"v":0.965932983,"d":"0.97"},{"v":1333.95344999999,"d":"1,333.95"},{"v":47.0465504399999,"d":"47.05"},0,"0_80218001_6900",{"v":49.6077617333999,"d":"49.61"},{"v":0,"d":"0.00"},{"v":47.0465504399999,"d":"47.05"},{"v":0,"d":"0.00"},"0_80218001_6900_23684","C",{"v":3.03495552098,"d":"3.03"},{"v":0.0611790456762,"d":"0.06"},{"v":2.87826305828,"d":"2.88"}]
[8,802,80222,{"v":2184.75036799999,"d":"2,184.75"},1446,{"v":0.661860513,"d":"0.66"}," ",310,80222000,{"v":2184.75036816,"d":"2,184.75"},1446,{"v":0.661860513,"d":"0.66"},{"v":0,"d":"0.00"},{"v":0.969116244,"d":"0.97"},{"v":1401.342088,"d":"1,401.34"},{"v":44.6579116799999,"d":"44.66"},0,"0_80222000_6908",{"v":2063.91729497,"d":"2,063.92"},{"v":0,"d":"0.00"},{"v":44.6579116799999,"d":"44.66"},{"v":0,"d":"0.00"},"0_80222000_6908_23981","G",{"v":7.31749710142,"d":"7.32"},{"v":0.00354544105001,"d":"0.00"},{"v":0.158331993278,"d":"0.16"}]
[8,802,80228,{"v":9681.609532,"d":"9,681.61"},5054,{"v":0.52202064,"d":"0.52"}," ",430,80228000,{"v":2202.53033525999,"d":"2,202.53"},2057,{"v":0.933925843,"d":"0.93"},{"v":0,"d":"0.00"},{"v":0.905906425,"d":"0.91"},{"v":1863.44951599999,"d":"1,863.45"},{"v":193.5504842,"d":"193.55"},0,"0_80228000_6920",{"v":2036.24787138,"d":"2,036.25"},{"v":0,"d":"0.00"},{"v":193.5504842,"d":"193.55"},{"v":0,"d":"0.00"},"0_80228000_6920_24307","E",{"v":0.108284337422,"d":"0.11"},{"v":5.31783674e-05,"d":"0.00"},{"v":0.0102926987593,"d":"0.01"}]
[8,802,80236,{"v":2577.39856,"d":"2,577.40"},1826,{"v":0.708466292,"d":"0.71"}," ",410,80236000,{"v":2577.39856039,"d":"2,577.40"},1826,{"v":0.708466292,"d":"0.71"},{"v":0,"d":"0.00"},{"v":0.921559671,"d":"0.92"},{"v":1682.767959,"d":"1,682.77"},{"v":143.232041199999,"d":"143.23"},0,"0_80236000_6932",{"v":2440.23168823,"d":"2,440.23"},{"v":0,"d":"0.00"},{"v":143.232041199999,"d":"143.23"},{"v":0,"d":"0.00"},"0_80236000_6932_24703","E",{"v":0.0417960113818,"d":"0.04"},{"v":1.7127886497e-05,"d":"0.00"},{"v":2.45326214438E-3,"d":"0.00"}]
[8,803,80301,{"v":12082.88348,"d":"12,082.88"},49872,{"v":4.127491594,"d":"4.13"},"ST",101,80301000,{"v":46.627412485,"d":"46.63"},2072,{"v":44.4373789899999,"d":"44.44"},{"v":0,"d":"0.00"},{"v":0.965932983,"d":"0.97"},{"v":2001.41314099999,"d":"2,001.41"},{"v":70.5868591699999,"d":"70.59"},0,"0_80301000_6943",{"v":3.37712045734,"d":"3.38"},{"v":0,"d":"0.00"},{"v":70.5868591699999,"d":"70.59"},{"v":0,"d":"0.00"},"0_80301000_6943_24968","B",{"v":1.75287655886,"d":"1.75"},{"v":0.519044724937,"d":"0.52"},{"v":36.6377369021,"d":"36.64"}]
[8,803,80301,{"v":12082.88348,"d":"12,082.88"},49872,{"v":4.127491594,"d":"4.13"},"ST",101,80301023,{"v":300.199920809999,"d":"300.20"},1221,{"v":4.067289547,"d":"4.07"},{"v":0,"d":"0.00"},{"v":0.965932983,"d":"0.97"},{"v":1179.404172,"d":"1,179.40"},{"v":41.59582772,"d":"41.60"},0,"0_80301023_6957",{"v":262.439614606,"d":"262.44"},{"v":0,"d":"0.00"},{"v":41.59582772,"d":"41.60"},{"v":0,"d":"0.00"},"0_80301023_6957_25162","E",{"v":1.58124795695,"d":"1.58"},{"v":0.00602518777252,"d":"0.01"},{"v":0.250622672566,"d":"0.25"}]
[8,803,80302,{"v":2919.09603199999,"d":"2,919.10"},16731,{"v":5.731568888,"d":"5.73"},"ST",101,80302020,{"v":150.400115935,"d":"150.40"},3425,{"v":22.77258883,"d":"22.77"},{"v":0,"d":"0.00"},{"v":0.965932983,"d":"0.97"},{"v":3308.320467,"d":"3,308.32"},{"v":116.6795331,"d":"116.68"},0,"0_80302020_6977",{"v":53.355859696,"d":"53.36"},{"v":0,"d":"0.00"},{"v":116.6795331,"d":"116.68"},{"v":0,"d":"0.00"},"0_80302020_6977_25625","D",{"v":0.0704904766171,"d":"0.07"},{"v":0.00132113842826,"d":"0.00"},{"v":0.15414981497,"d":"0.15"}]
[8,804,80404,{"v":3432.762486,"d":"3,432.76"},34210,{"v":9.965734636,"d":"9.97"},"ST",101,80404010,{"v":83.657422205,"d":"83.66"},1379,{"v":16.48389304,"d":"16.48"},{"v":0,"d":"0.00"},{"v":0.965932983,"d":"0.97"},{"v":1332.021584,"d":"1,332.02"},{"v":46.9784164,"d":"46.98"},0,"0_80404010_6997",{"v":14.7441680212,"d":"14.74"},{"v":0,"d":"0.00"},{"v":46.9784164,"d":"46.98"},{"v":0,"d":"0.00"},"0_80404010_6997_25977","B",{"v":0.0026180709438,"d":"0.00"},{"v":1.77566542923E-4,"d":"0.00"},{"v":0.00834179499215,"d":"0.01"}]
[8,804,80404,{"v":3432.762486,"d":"3,432.76"},34210,{"v":9.965734636,"d":"9.97"},"ST",101,80404061,{"v":255.79237925,"d":"255.79"},2683,{"v":10.4889755,"d":"10.49"},{"v":0,"d":"0.00"},{"v":0.965932983,"d":"0.97"},{"v":2591.59819299999,"d":"2,591.60"},{"v":91.4018065399999,"d":"91.40"},0,"0_80404061_7009",{"v":174.591658152,"d":"174.59"},{"v":0,"d":"0.00"},{"v":91.4018065399999,"d":"91.40"},{"v":0,"d":"0.00"},"0_80404061_7009_26282","C",{"v":0.114992150974,"d":"0.11"},{"v":0.000658634852267,"d":"0.00"},{"v":0.0602004153474,"d":"0.06"}]
[8,804,80407,{"v":904.917575299999,"d":"904.92"},3324,{"v":3.673262727,"d":"3.67"}," ",310,80407000,{"v":627.065838265,"d":"627.07"},2245,{"v":3.580166329,"d":"3.58"},{"v":0,"d":"0.00"},{"v":0.969116244,"d":"0.97"},{"v":2175.66596699999,"d":"2,175.67"},{"v":69.334033,"d":"69.33"},0,"0_80407000_7019",{"v":491.682734225999,"d":"491.68"},{"v":0,"d":"0.00"},{"v":69.334033,"d":"69.33"},{"v":0,"d":"0.00"},"0_80407000_7019_26612","F",{"v":0.102468279879,"d":"0.10"},{"v":2.08403250198E-4,"d":"0.00"},{"v":0.0144494378265,"d":"0.01"}]
[8,804,80410,{"v":1024.29903399999,"d":"1,024.30"},4718,{"v":4.606076782,"d":"4.61"}," ",310,80410001,{"v":703.576061125,"d":"703.58"},2078,{"v":2.953483091,"d":"2.95"},{"v":0,"d":"0.00"},{"v":0.969116244,"d":"0.97"},{"v":2013.823554,"d":"2,013.82"},{"v":64.1764456899999,"d":"64.18"},0,"0_80410001_7030",{"v":566.704864072999,"d":"566.70"},{"v":0,"d":"0.00"},{"v":64.1764456899999,"d":"64.18"},{"v":0,"d":"0.00"},"0_80410001_7030_26946","D",{"v":0.0354159312335,"d":"0.04"},{"v":6.2494489599e-05,"d":"0.00"},{"v":0.00401067421767,"d":"0.00"}]
[8,804,80410,{"v":1024.29903399999,"d":"1,024.30"},4718,{"v":4.606076782,"d":"4.61"}," ",310,80410001,{"v":703.576061125,"d":"703.58"},2078,{"v":2.953483091,"d":"2.95"},{"v":0,"d":"0.00"},{"v":0.969116244,"d":"0.97"},{"v":2013.823554,"d":"2,013.82"},{"v":64.1764456899999,"d":"64.18"},0,"0_80410001_7030",{"v":566.704864072999,"d":"566.70"},{"v":0,"d":"0.00"},{"v":64.1764456899999,"d":"64.18"},{"v":0,"d":"0.00"},"0_80410001_7030_26964","D",{"v":1.39494701329,"d":"1.39"},{"v":0.00246150527678,"d":"0.00"},{"v":0.157970659711,"d":"0.16"}]
[8,804,80418,{"v":602.8419202,"d":"602.84"},2481,{"v":4.115506764,"d":"4.12"}," ",410,80418000,{"v":602.8419202,"d":"602.84"},2481,{"v":4.115506764,"d":"4.12"},{"v":0,"d":"0.00"},{"v":0.921559671,"d":"0.92"},{"v":2286.38954299999,"d":"2,286.39"},{"v":194.6104569,"d":"194.61"},0,"0_80418000_7051",{"v":466.022325871,"d":"466.02"},{"v":0,"d":"0.00"},{"v":194.6104569,"d":"194.61"},{"v":0,"d":"0.00"},"0_80418000_7051_27455","B",{"v":0.911923639881,"d":"0.91"},{"v":0.00195682393151,"d":"0.00"},{"v":0.380818399384,"d":"0.38"}]
[8,804,80424,{"v":2260.76661899999,"d":"2,260.77"},3256,{"v":1.440219425,"d":"1.44"}," ",101,80424000,{"v":88.3639619052,"d":"88.36"},1658,{"v":18.76330536,"d":"18.76"},{"v":0,"d":"0.00"},{"v":0.965932983,"d":"0.97"},{"v":1601.516886,"d":"1,601.52"},{"v":56.4831141399999,"d":"56.48"},0,"0_80424000_7057",{"v":20.7712591121,"d":"20.77"},{"v":0,"d":"0.00"},{"v":56.4831141399999,"d":"56.48"},{"v":0,"d":"0.00"},"0_80424000_7057_27621","C",{"v":2.465535523E-4,"d":"0.00"},{"v":1.1869937733e-05,"d":"0.00"},{"v":0.000670451047819,"d":"0.00"}]
[2,203,20307,{"v":15457.40134,"d":"15,457.40"},3346,{"v":0.216465881,"d":"0.22"},"M",430,20307000,{"v":299.682535299999,"d":"299.68"},1486,{"v":4.958580581,"d":"4.96"},{"v":120.143284699999,"d":"120.14"},{"v":0.905906425,"d":"0.91"},{"v":1346.17694699999,"d":"1,346.18"},{"v":139.823052799999,"d":"139.82"},1,"1_20307000_9751",{"v":119.874680948999,"d":"119.87"},{"v":0.997764304916,"d":"1.00"},{"v":1343.16730581999,"d":"1,343.17"},{"v":0.400901856292,"d":"0.40"},"1_20307000_9751_27914","F",{"v":0.0377769050802,"d":"0.04"},{"v":0.000315136647548,"d":"0.00"},{"v":0.423281241852,"d":"0.42"}]
[2,206,20610,{"v":19314.8195,"d":"19,314.82"},997,{"v":0.051618396,"d":"0.05"}," ",430,20610000,{"v":19314.819499,"d":"19,314.82"},997,{"v":0.051618396,"d":"0.05"},{"v":109.196537699999,"d":"109.20"},{"v":0.905906425,"d":"0.91"},{"v":903.188705499999,"d":"903.19"},{"v":93.8112945,"d":"93.81"},1,"1_20610000_11602",{"v":38.2389693447999,"d":"38.24"},{"v":0.350184814924,"d":"0.35"},{"v":316.282969676999,"d":"316.28"},{"v":0.00565351064791,"d":"0.01"},"1_20610000_11602_28282","außerhalb GKL",{"v":0.825293254394,"d":"0.83"},{"v":0.021582518267,"d":"0.02"},{"v":6.82618297059,"d":"6.83"}]
[2,206,20636,{"v":9646.250242,"d":"9,646.25"},1524,{"v":0.157988852,"d":"0.16"}," ",430,20636000,{"v":9646.25024237,"d":"9,646.25"},1524,{"v":0.157988852,"d":"0.16"},{"v":95.2993019799999,"d":"95.30"},{"v":0.905906425,"d":"0.91"},{"v":1380.60139099999,"d":"1,380.60"},{"v":143.398608599999,"d":"143.40"},1,"1_20636000_12387",{"v":0.360311149654,"d":"0.36"},{"v":0.00378083723771,"d":"0.00"},{"v":5.21982914953,"d":"5.22"},{"v":0.00987941423719,"d":"0.01"},"1_20636000_12387_28679","G",{"v":0.360311149654,"d":"0.36"},{"v":1,"d":"1.00"},{"v":5.21982914953,"d":"5.22"}]
[5,502,50205,{"v":2699.01415099999,"d":"2,699.01"},21314,{"v":7.896957485,"d":"7.90"},"ST",101,50205014,{"v":300.22136853,"d":"300.22"},4205,{"v":14.00633146,"d":"14.01"},{"v":99.3261348799999,"d":"99.33"},{"v":0.965932983,"d":"0.97"},{"v":4061.74819399999,"d":"4,061.75"},{"v":143.251806399999,"d":"143.25"},1,"1_50205014_57345",{"v":0.927542216464,"d":"0.93"},{"v":0.0093383500484,"d":"0.01"},{"v":37.9300264439999,"d":"37.93"},{"v":0.330842988846,"d":"0.33"},"1_50205014_57345_28939","F",{"v":0.404759953133,"d":"0.40"},{"v":0.436379008899,"d":"0.44"},{"v":16.5518673471,"d":"16.55"}]
[5,502,50207,{"v":4712.14618499999,"d":"4,712.15"},7372,{"v":1.564467593,"d":"1.56"},"M",310,50207002,{"v":3125.92423091,"d":"3,125.92"},1319,{"v":0.421955205,"d":"0.42"},{"v":141.792272099999,"d":"141.79"},{"v":0.969116244,"d":"0.97"},{"v":1278.264325,"d":"1,278.26"},{"v":40.7356746199999,"d":"40.74"},1,"1_50207002_57596",{"v":0.587335471239,"d":"0.59"},{"v":0.00414222483736,"d":"0.00"},{"v":5.29485823573,"d":"5.29"},{"v":0.0453601116425,"d":"0.05"},"1_50207002_57596_29265","außerhalb GKL",{"v":0.567485819188,"d":"0.57"},{"v":0.966203893647,"d":"0.97"},{"v":5.11591264367,"d":"5.12"}]
[5,502,50213,{"v":1756.978049,"d":"1,756.98"},2059,{"v":1.171898534,"d":"1.17"}," ",101,50213000,{"v":1756.97804907999,"d":"1,756.98"},2059,{"v":1.171898534,"d":"1.17"},{"v":116.4958333,"d":"116.50"},{"v":0.965932983,"d":"0.97"},{"v":1988.85601199999,"d":"1,988.86"},{"v":70.1439879499999,"d":"70.14"},1,"1_50213000_57984",{"v":0.31839202732,"d":"0.32"},{"v":0.00273307652558,"d":"0.00"},{"v":5.43569567916,"d":"5.44"},{"v":0.0663046606422,"d":"0.07"},"1_50213000_57984_29698","F",{"v":0.0161019895332,"d":"0.02"},{"v":0.0505728415021,"d":"0.05"},{"v":0.274898576036,"d":"0.27"}]
[5,504,50402,{"v":10375.1502099999,"d":"10,375.15"},6865,{"v":0.661677167,"d":"0.66"},"M",430,50402003,{"v":5018.28320873,"d":"5,018.28"},2385,{"v":0.475262137,"d":"0.48"},{"v":219.4663117,"d":"219.47"},{"v":0.905906425,"d":"0.91"},{"v":2160.586823,"d":"2,160.59"},{"v":224.413176899999,"d":"224.41"},1,"1_50402003_60013",{"v":0.161434832232,"d":"0.16"},{"v":0.000735579100872,"d":"0.00"},{"v":1.58928251262,"d":"1.59"},{"v":0.0437333451644,"d":"0.04"},"1_50402003_60013_29926","G",{"v":0.161398545056,"d":"0.16"},{"v":0.999775220902,"d":"1.00"},{"v":1.58892527513,"d":"1.59"}]
[5,504,50403,{"v":17056.66254,"d":"17,056.66"},3944,{"v":0.231229292,"d":"0.23"}," ",430,50403004,{"v":10291.8374363999,"d":"10,291.84"},700,{"v":0.068015066,"d":"0.07"},{"v":55.48853192,"d":"55.49"},{"v":0.905906425,"d":"0.91"},{"v":634.1344973,"d":"634.13"},{"v":65.86550266,"d":"65.87"},1,"1_50403004_60070",{"v":10.2436903162,"d":"10.24"},{"v":0.184609142858,"d":"0.18"},{"v":117.067026002999,"d":"117.07"},{"v":0.00539150878188,"d":"0.01"},"1_50403004_60070_30157","E",{"v":2.07097852596,"d":"2.07"},{"v":0.202171137748,"d":"0.20"},{"v":23.6675738397999,"d":"23.67"}]
[5,504,50410,{"v":3307.279371,"d":"3,307.28"},2574,{"v":0.778283208,"d":"0.78"}," ",420,50410000,{"v":3307.27937143999,"d":"3,307.28"},2574,{"v":0.778283208,"d":"0.78"},{"v":220.022842999999,"d":"220.02"},{"v":0.920429496,"d":"0.92"},{"v":2369.185522,"d":"2,369.19"},{"v":204.814477699999,"d":"204.81"},1,"1_50410000_60308",{"v":0.286576668628,"d":"0.29"},{"v":0.00130248598155,"d":"0.00"},{"v":3.0858309301,"d":"3.09"},{"v":0.0665268392202,"d":"0.07"},"1_50410000_60308_30583","G",{"v":0.258850923481,"d":"0.26"},{"v":0.903251910633,"d":"0.90"},{"v":2.7872826835,"d":"2.79"}]
[5,504,50416,{"v":3816.52002399999,"d":"3,816.52"},2443,{"v":0.64011193,"d":"0.64"}," ",410,50416000,{"v":3816.52002393,"d":"3,816.52"},2443,{"v":0.64011193,"d":"0.64"},{"v":165.451293499999,"d":"165.45"},{"v":0.921559671,"d":"0.92"},{"v":2251.370276,"d":"2,251.37"},{"v":191.629724399999,"d":"191.63"},1,"1_50416000_60493",{"v":0.533573185485,"d":"0.53"},{"v":0.00322495626476,"d":"0.00"},{"v":7.26057067588,"d":"7.26"},{"v":0.043351349518,"d":"0.04"},"1_50416000_60493_30922","G",{"v":0.0487743665575,"d":"0.05"},{"v":0.0914108277633,"d":"0.09"},{"v":0.663694775516,"d":"0.66"}]
[5,504,50416,{"v":3816.52002399999,"d":"3,816.52"},2443,{"v":0.64011193,"d":"0.64"}," ",410,50416000,{"v":3816.52002393,"d":"3,816.52"},2443,{"v":0.64011193,"d":"0.64"},{"v":165.451293499999,"d":"165.45"},{"v":0.921559671,"d":"0.92"},{"v":2251.370276,"d":"2,251.37"},{"v":191.629724399999,"d":"191.63"},1,"1_50416000_60506",{"v":0.569974776106,"d":"0.57"},{"v":0.0034449702027,"d":"0.00"},{"v":7.75590351606,"d":"7.76"},{"v":0.043351349518,"d":"0.04"},"1_50416000_60506_30935","außerhalb GKL",{"v":0.569974776105,"d":"0.57"},{"v":0.999999999998,"d":"1.00"},{"v":7.75590351604,"d":"7.76"}]
[5,504,50420,{"v":5690.242949,"d":"5,690.24"},3846,{"v":0.675893812,"d":"0.68"},"M",420,50420001,{"v":5574.37020205,"d":"5,574.37"},1799,{"v":0.322727041,"d":"0.32"},{"v":106.0785166,"d":"106.08"},{"v":0.920429496,"d":"0.92"},{"v":1655.85266299999,"d":"1,655.85"},{"v":143.147336999999,"d":"143.15"},1,"1_50420001_60817",{"v":0.270199194992,"d":"0.27"},{"v":2.54716226859E-3,"d":"0.00"},{"v":4.21772542554,"d":"4.22"},{"v":0.0190296863601,"d":"0.02"},"1_50420001_60817_31431","außerhalb GKL",{"v":0.270199194992,"d":"0.27"},{"v":1,"d":"1.00"},{"v":4.21772542554,"d":"4.22"}]
[5,504,50424,{"v":15323.75036,"d":"15,323.75"},3058,{"v":0.199559503,"d":"0.20"},"M",410,50424001,{"v":134.832881579999,"d":"134.83"},823,{"v":6.103852342,"d":"6.10"},{"v":29.94767797,"d":"29.95"},{"v":0.921559671,"d":"0.92"},{"v":758.443609,"d":"758.44"},{"v":64.55639098,"d":"64.56"},1,"1_50424001_60896",{"v":24.055009765,"d":"24.06"},{"v":0.803234554248,"d":"0.80"},{"v":609.208114196999,"d":"609.21"},{"v":0.222109604268,"d":"0.22"},"1_50424001_60896_31592","G",{"v":1.23419143877,"d":"1.23"},{"v":0.0513070437646,"d":"0.05"},{"v":31.2566673769,"d":"31.26"}]
[5,506,50603,{"v":4978.940139,"d":"4,978.94"},736,{"v":0.147822625,"d":"0.15"}," ",430,50603000,{"v":4978.94013857,"d":"4,978.94"},736,{"v":0.147822625,"d":"0.15"},{"v":49.4185105299999,"d":"49.42"},{"v":0.905906425,"d":"0.91"},{"v":666.747128599999,"d":"666.75"},{"v":69.2528713699999,"d":"69.25"},1,"1_50603000_61141",{"v":36.2686157568999,"d":"36.27"},{"v":0.733907504859,"d":"0.73"},{"v":489.330721523,"d":"489.33"},{"v":0.00992550807092,"d":"0.01"},"1_50603000_61141_31922","G",{"v":0.0163754342127,"d":"0.02"},{"v":0.000451504251567,"d":"0.00"},{"v":0.22093490119,"d":"0.22"}]
[5,506,50613,{"v":13202.47709,"d":"13,202.48"},5490,{"v":0.415831057,"d":"0.42"},"ST",220,50613001,{"v":277.33641547,"d":"277.34"},1920,{"v":6.922999984,"d":"6.92"},{"v":83.8463825599999,"d":"83.85"},{"v":0.975109986,"d":"0.98"},{"v":1872.21117299999,"d":"1,872.21"},{"v":47.78882661,"d":"47.79"},1,"1_50613001_61249",{"v":3.1579909391,"d":"3.16"},{"v":0.0376640093786,"d":"0.04"},{"v":70.5149791786,"d":"70.51"},{"v":0.302327346439,"d":"0.30"},"1_50613001_61249_32450","D",{"v":0.861837674324,"d":"0.86"},{"v":0.272906949685,"d":"0.27"},{"v":19.2440278746999,"d":"19.24"}]
[5,506,50614,{"v":16597.1810699999,"d":"16,597.18"},2593,{"v":0.15623135,"d":"0.16"},"M",420,50614000,{"v":1186.77787787,"d":"1,186.78"},1443,{"v":1.215897285,"d":"1.22"},{"v":92.1133478,"d":"92.11"},{"v":0.920429496,"d":"0.92"},{"v":1328.17976199999,"d":"1,328.18"},{"v":114.8202375,"d":"114.82"},1,"1_50614000_61300",{"v":87.1722892764999,"d":"87.17"},{"v":0.94635893015,"d":"0.95"},{"v":1256.93477860999,"d":"1,256.93"},{"v":0.0776163337029,"d":"0.08"},"1_50614000_61300_32579","G",{"v":0.00200255978275,"d":"0.00"},{"v":2.2972435385e-05,"d":"0.00"},{"v":0.0288748529845,"d":"0.03"}]
[5,506,50616,{"v":5092.96970599999,"d":"5,092.97"},3816,{"v":0.749268152,"d":"0.75"}," ",420,50616001,{"v":4608.94515776,"d":"4,608.95"},1764,{"v":0.382733997,"d":"0.38"},{"v":172.395949099999,"d":"172.40"},{"v":0.920429496,"d":"0.92"},{"v":1623.637631,"d":"1,623.64"},{"v":140.3623693,"d":"140.36"},1,"1_50616001_61447",{"v":0.283677394007,"d":"0.28"},{"v":0.00164549918654,"d":"0.00"},{"v":2.67169440105,"d":"2.67"},{"v":0.0374046431882,"d":"0.04"},"1_50616001_61447_32909","außerhalb GKL",{"v":0.283677394007,"d":"0.28"},{"v":1,"d":"1.00"},{"v":2.67169440105,"d":"2.67"}]
[5,506,50619,{"v":11846.40334,"d":"11,846.40"},16705,{"v":1.410132639,"d":"1.41"},"ST",220,50619020,{"v":14.744717345,"d":"14.74"},198,{"v":13.4285381899999,"d":"13.43"},{"v":14.6422851,"d":"14.64"},{"v":0.975109986,"d":"0.98"},{"v":193.0717773,"d":"193.07"},{"v":4.928222745,"d":"4.93"},1,"1_50619020_61506",{"v":14.6422850963,"d":"14.64"},{"v":0.999999999747,"d":"1.00"},{"v":193.071777250999,"d":"193.07"},{"v":0.993052952959,"d":"0.99"},"1_50619020_61506_33236","E",{"v":0.157893486883,"d":"0.16"},{"v":0.0107833911063,"d":"0.01"},{"v":2.08196848569,"d":"2.08"}]
[5,506,50624,{"v":16774.50353,"d":"16,774.50"},3037,{"v":0.181048577,"d":"0.18"}," ",420,50624000,{"v":178.071718255,"d":"178.07"},1898,{"v":10.65862686,"d":"10.66"},{"v":105.677769999999,"d":"105.68"},{"v":0.920429496,"d":"0.92"},{"v":1746.975183,"d":"1,746.98"},{"v":151.024816899999,"d":"151.02"},1,"1_50624000_61594",{"v":103.539013596,"d":"103.54"},{"v":0.979761529752,"d":"0.98"},{"v":1711.61907773,"d":"1,711.62"},{"v":0.593456226713,"d":"0.59"},"1_50624000_61594_33674","außerhalb GKL",{"v":0.136559206014,"d":"0.14"},{"v":0.0013189154626,"d":"0.00"},{"v":2.2574808677,"d":"2.26"}]
[5,506,50627,{"v":6956.723587,"d":"6,956.72"},406,{"v":0.058360807,"d":"0.06"}," ",420,50627000,{"v":6956.72358672999,"d":"6,956.72"},406,{"v":0.058360807,"d":"0.06"},{"v":34.51082495,"d":"34.51"},{"v":0.920429496,"d":"0.92"},{"v":373.694375299999,"d":"373.69"},{"v":32.30562469,"d":"32.31"},1,"1_50627000_61683",{"v":0.82791500413,"d":"0.83"},{"v":0.0239900090864,"d":"0.02"},{"v":8.96493145898,"d":"8.96"},{"v":0.00496078714638,"d":"0.00"},"1_50627000_61683_33897","außerhalb GKL",{"v":0.82791500413,"d":"0.83"},{"v":1,"d":"1.00"},{"v":8.96493145898,"d":"8.96"}]
[7,701,70101,{"v":10481.03324,"d":"10,481.03"},131961,{"v":12.59045716,"d":"12.59"},"SR",101,70101105,{"v":4.227779535,"d":"4.23"},399,{"v":94.37578206,"d":"94.38"},{"v":4.227779535,"d":"4.23"},{"v":0.965932983,"d":"0.97"},{"v":385.407260199999,"d":"385.41"},{"v":13.59273977,"d":"13.59"},1,"1_70101105_81510",{"v":4.22777953503,"d":"4.23"},{"v":1.00000000001,"d":"1.00"},{"v":399,"d":"399.00"},{"v":1,"d":"1.00"},"1_70101105_81510_34223","B",{"v":0.153147079569,"d":"0.15"},{"v":0.036223998508,"d":"0.04"},{"v":14.4533754046999,"d":"14.45"}]
[7,701,70101,{"v":10481.03324,"d":"10,481.03"},131961,{"v":12.59045716,"d":"12.59"},"SR",101,70101203,{"v":6.80431786999,"d":"6.80"},827,{"v":121.540471199999,"d":"121.54"},{"v":6.457996163,"d":"6.46"},{"v":0.965932983,"d":"0.97"},{"v":798.826577,"d":"798.83"},{"v":28.1734230399999,"d":"28.17"},1,"1_70101203_81547",{"v":6.45799616316,"d":"6.46"},{"v":1.00000000002,"d":"1.00"},{"v":798.826577015999,"d":"798.83"},{"v":0.949102656048,"d":"0.95"},"1_70101203_81547_34387","B",{"v":3.30639230847E-3,"d":"0.00"},{"v":0.00051198424789,"d":"0.00"},{"v":0.408986624228,"d":"0.41"}]
[7,701,70101,{"v":10481.03324,"d":"10,481.03"},131961,{"v":12.59045716,"d":"12.59"},"SR",101,70101402,{"v":30.0549557649999,"d":"30.05"},621,{"v":20.66214986,"d":"20.66"},{"v":13.27895709,"d":"13.28"},{"v":0.965932983,"d":"0.97"},{"v":599.8443825,"d":"599.84"},{"v":21.15561754,"d":"21.16"},1,"1_70101402_81660",{"v":13.2789570896,"d":"13.28"},{"v":0.99999999997,"d":"1.00"},{"v":599.844382482,"d":"599.84"},{"v":0.441822546465,"d":"0.44"},"1_70101402_81660_34880","C",{"v":0.0234791968498,"d":"0.02"},{"v":0.00176815066811,"d":"0.00"},{"v":1.06061524565,"d":"1.06"}]
[7,702,70201,{"v":2935.35240599999,"d":"2,935.35"},3164,{"v":1.077894427,"d":"1.08"}," ",103,70201000,{"v":1309.57620111,"d":"1,309.58"},2147,{"v":1.639461681,"d":"1.64"},{"v":94.75440041,"d":"94.75"},{"v":0.975480312,"d":"0.98"},{"v":2094.35622999999,"d":"2,094.36"},{"v":52.64377021,"d":"52.64"},1,"1_70201000_81734",{"v":82.3653580454,"d":"82.37"},{"v":0.869251007753,"d":"0.87"},{"v":1820.52126352,"d":"1,820.52"},{"v":0.0723550109796,"d":"0.07"},"1_70201000_81734_35152","E",{"v":24.7001120032,"d":"24.70"},{"v":0.29988471597,"d":"0.30"},{"v":545.946502028,"d":"545.95"}]
[7,702,70202,{"v":4017.71522899999,"d":"4,017.72"},4757,{"v":1.184006265,"d":"1.18"}," ",410,70202002,{"v":1404.98364061,"d":"1,404.98"},1799,{"v":1.280441955,"d":"1.28"},{"v":74.55211011,"d":"74.55"},{"v":0.921559671,"d":"0.92"},{"v":1657.88584799999,"d":"1,657.89"},{"v":141.1141523,"d":"141.11"},1,"1_70202002_81762",{"v":54.6558866876999,"d":"54.66"},{"v":0.733123269174,"d":"0.73"},{"v":1215.43469279999,"d":"1,215.43"},{"v":0.0530626179232,"d":"0.05"},"1_70202002_81762_35236","außerhalb GKL",{"v":1.59953591,"d":"1.60"},{"v":0.0292655742489,"d":"0.03"},{"v":35.5703942467999,"d":"35.57"}]
[7,702,70209,{"v":5033.949271,"d":"5,033.95"},3790,{"v":0.752888,"d":"0.75"}," ",310,70209000,{"v":260.22614511,"d":"260.23"},2645,{"v":10.16423618,"d":"10.16"},{"v":161.6692686,"d":"161.67"},{"v":0.969116244,"d":"0.97"},{"v":2563.312464,"d":"2,563.31"},{"v":81.6875355399999,"d":"81.69"},1,"1_70209000_81839",{"v":150.728843928,"d":"150.73"},{"v":0.932328359207,"d":"0.93"},{"v":2389.84890369999,"d":"2,389.85"},{"v":0.621264510265,"d":"0.62"},"1_70209000_81839_35611","F",{"v":0.168196155664,"d":"0.17"},{"v":0.00111588566117,"d":"0.00"},{"v":2.666798124,"d":"2.67"}]
[7,702,70217,{"v":22344.49665,"d":"22,344.50"},1384,{"v":0.061939189,"d":"0.06"}," ",430,70217000,{"v":5345.64957426,"d":"5,345.65"},794,{"v":0.148531996,"d":"0.15"},{"v":96.30855979,"d":"96.31"},{"v":0.905906425,"d":"0.91"},{"v":719.2897013,"d":"719.29"},{"v":74.71029873,"d":"74.71"},1,"1_70217000_81894",{"v":5.08467963575,"d":"5.08"},{"v":0.0527957187485,"d":"0.05"},{"v":37.9754167684999,"d":"37.98"},{"v":0.0180162501212,"d":"0.02"},"1_70217000_81894_35893","G",{"v":0.0828788100745,"d":"0.08"},{"v":0.0162997112919,"d":"0.02"},{"v":0.618988329516,"d":"0.62"}]
[7,703,70301,{"v":5187.67827699999,"d":"5,187.68"},7311,{"v":1.409300965,"d":"1.41"}," ",101,70301002,{"v":4873.81648621,"d":"4,873.82"},1407,{"v":0.288685469,"d":"0.29"},{"v":64.16948109,"d":"64.17"},{"v":0.965932983,"d":"0.97"},{"v":1359.06770699999,"d":"1,359.07"},{"v":47.9322928799999,"d":"47.93"},1,"1_70301002_82024",{"v":58.7056355865,"d":"58.71"},{"v":0.914852895634,"d":"0.91"},{"v":1243.34702710999,"d":"1,243.35"},{"v":0.0131661668574,"d":"0.01"},"1_70301002_82024_36426","E",{"v":6.69328994399,"d":"6.69"},{"v":0.114014436214,"d":"0.11"},{"v":141.759510314,"d":"141.76"}]
[7,703,70303,{"v":795.5217949,"d":"795.52"},1845,{"v":2.319232498,"d":"2.32"}," ",310,70303000,{"v":795.521794945,"d":"795.52"},1845,{"v":2.319232498,"d":"2.32"},{"v":68.09821723,"d":"68.10"},{"v":0.969116244,"d":"0.97"},{"v":1788.01946999999,"d":"1,788.02"},{"v":56.9805304599999,"d":"56.98"},1,"1_70303000_82051",{"v":41.7628145074,"d":"41.76"},{"v":0.613273242769,"d":"0.61"},{"v":1096.54449849999,"d":"1,096.54"},{"v":0.0856019503962,"d":"0.09"},"1_70303000_82051_36550","G",{"v":0.0770614930248,"d":"0.08"},{"v":0.00184521790338,"d":"0.00"},{"v":2.02336354049,"d":"2.02"}]
[7,703,70310,{"v":1676.396068,"d":"1,676.40"},4462,{"v":2.661662173,"d":"2.66"},"M",410,70310002,{"v":1049.84229391,"d":"1,049.84"},1352,{"v":1.287812472,"d":"1.29"},{"v":47.34297608,"d":"47.34"},{"v":0.921559671,"d":"0.92"},{"v":1245.948675,"d":"1,245.95"},{"v":106.051325199999,"d":"106.05"},1,"1_70310002_82141",{"v":38.0101044309,"d":"38.01"},{"v":0.802866815273,"d":"0.80"},{"v":1000.33084469,"d":"1,000.33"},{"v":0.045095321797,"d":"0.05"},"1_70310002_82141_36880","E",{"v":0.0144166742291,"d":"0.01"},{"v":0.000379285309655,"d":"0.00"},{"v":0.379410794186,"d":"0.38"}]
[7,703,70315,{"v":2869.04157299999,"d":"2,869.04"},1410,{"v":0.491453318,"d":"0.49"}," ",101,70315000,{"v":2869.04157270999,"d":"2,869.04"},1410,{"v":0.491453318,"d":"0.49"},{"v":82.6485337099999,"d":"82.65"},{"v":0.965932983,"d":"0.97"},{"v":1361.965506,"d":"1,361.97"},{"v":48.0344939299999,"d":"48.03"},1,"1_70315000_82205",{"v":0.505009718907,"d":"0.51"},{"v":0.00611032883752,"d":"0.01"},{"v":8.32205710701999,"d":"8.32"},{"v":0.0288070185166,"d":"0.03"},"1_70315000_82205_37089","außerhalb GKL",{"v":0.505009718907,"d":"0.51"},{"v":1,"d":"1.00"},{"v":8.32205710701999,"d":"8.32"}]
[7,703,70331,{"v":1901.964052,"d":"1,901.96"},2231,{"v":1.172997985,"d":"1.17"}," ",310,70331000,{"v":1243.32877346,"d":"1,243.33"},2045,{"v":1.64477815,"d":"1.64"},{"v":114.062505299999,"d":"114.06"},{"v":0.969116244,"d":"0.97"},{"v":1981.842718,"d":"1,981.84"},{"v":63.15728173,"d":"63.16"},1,"1_70331000_82322",{"v":0.3941532383,"d":"0.39"},{"v":0.00345558987384,"d":"0.00"},{"v":6.84843562786,"d":"6.85"},{"v":0.0917396168534,"d":"0.09"},"1_70331000_82322_37537","D",{"v":0.321410338145,"d":"0.32"},{"v":0.81544512873,"d":"0.82"},{"v":5.58452347216,"d":"5.58"}]
[7,703,70334,{"v":24887.73628,"d":"24,887.74"},4811,{"v":0.193308059,"d":"0.19"}," ",430,70334002,{"v":20441.2645118,"d":"20,441.26"},652,{"v":0.031896265,"d":"0.03"},{"v":74.57489594,"d":"74.57"},{"v":0.905906425,"d":"0.91"},{"v":590.650988999999,"d":"590.65"},{"v":61.34901105,"d":"61.35"},1,"1_70334002_82381",{"v":11.4977685438999,"d":"11.50"},{"v":0.154177466813,"d":"0.15"},{"v":91.0650732545999,"d":"91.07"},{"v":3.64825257738E-3,"d":"0.00"},"1_70334002_82381_37904","G",{"v":1.66543802742,"d":"1.67"},{"v":0.144848804449,"d":"0.14"},{"v":13.190666988,"d":"13.19"}]
[7,703,70345,{"v":1068.10747599999,"d":"1,068.11"},1939,{"v":1.815360387,"d":"1.82"}," ",310,70345000,{"v":1068.10747562999,"d":"1,068.11"},1939,{"v":1.815360387,"d":"1.82"},{"v":92.2922983899999,"d":"92.29"},{"v":0.969116244,"d":"0.97"},{"v":1879.11639599999,"d":"1,879.12"},{"v":59.8836035599999,"d":"59.88"},1,"1_70345000_82447",{"v":0.414361164092,"d":"0.41"},{"v":0.00448966134033,"d":"0.00"},{"v":8.4365962371,"d":"8.44"},{"v":0.0864073143347,"d":"0.09"},"1_70345000_82447_38194","F",{"v":0.0518866238112,"d":"0.05"},{"v":0.125220769482,"d":"0.13"},{"v":1.05643707262,"d":"1.06"}]
[7,703,70349,{"v":6258.48088199999,"d":"6,258.48"},875,{"v":0.139810286,"d":"0.14"}," ",330,70349000,{"v":6258.48088243999,"d":"6,258.48"},875,{"v":0.139810286,"d":"0.14"},{"v":87.58565826,"d":"87.59"},{"v":0.990672016,"d":"0.99"},{"v":866.838014,"d":"866.84"},{"v":8.161985958,"d":"8.16"},1,"1_70349000_82483",{"v":0.187593911545,"d":"0.19"},{"v":2.14183366628E-3,"d":"0.00"},{"v":1.8566228416,"d":"1.86"},{"v":0.0139947153159,"d":"0.01"},"1_70349000_82483_38363","außerhalb GKL",{"v":0.176812770492,"d":"0.18"},{"v":0.942529365883,"d":"0.94"},{"v":1.74992154958,"d":"1.75"}]
[7,703,70357,{"v":4545.57902999999,"d":"4,545.58"},16046,{"v":3.530023325,"d":"3.53"},"M",103,70357005,{"v":3464.09755696,"d":"3,464.10"},3376,{"v":0.974568396,"d":"0.97"},{"v":166.198058699999,"d":"166.20"},{"v":0.975480312,"d":"0.98"},{"v":3293.22153299999,"d":"3,293.22"},{"v":82.7784668099999,"d":"82.78"},1,"1_70357005_82575",{"v":67.3494504741999,"d":"67.35"},{"v":0.405236083989,"d":"0.41"},{"v":1334.53219773999,"d":"1,334.53"},{"v":0.0479773031698,"d":"0.05"},"1_70357005_82575_38855","D",{"v":0.0745879034088,"d":"0.07"},{"v":1.10747605042E-3,"d":"0.00"},{"v":1.47796244751,"d":"1.48"}]
[7,703,70364,{"v":562.648982899999,"d":"562.65"},6938,{"v":12.33095626,"d":"12.33"},"M",101,70364002,{"v":22.76985614,"d":"22.77"},1141,{"v":50.11011018,"d":"50.11"},{"v":14.32854592,"d":"14.33"},{"v":0.965932983,"d":"0.97"},{"v":1102.12953399999,"d":"1,102.13"},{"v":38.87046636,"d":"38.87"},1,"1_70364002_82634",{"v":14.3285459221,"d":"14.33"},{"v":1.00000000015,"d":"1.00"},{"v":1102.12953416999,"d":"1,102.13"},{"v":0.629276963012,"d":"0.63"},"1_70364002_82634_39128","E",{"v":0.369343017594,"d":"0.37"},{"v":0.0257767270735,"d":"0.03"},{"v":28.4092922019,"d":"28.41"}]
[7,703,70365,{"v":3212.991574,"d":"3,212.99"},4451,{"v":1.385313313,"d":"1.39"}," ",101,70365001,{"v":2619.71936474999,"d":"2,619.72"},503,{"v":0.192005299,"d":"0.19"},{"v":8.438323572,"d":"8.44"},{"v":0.965932983,"d":"0.97"},{"v":485.864290499999,"d":"485.86"},{"v":17.13570954,"d":"17.14"},1,"1_70365001_82650",{"v":3.27623219761,"d":"3.28"},{"v":0.388256289256,"d":"0.39"},{"v":188.639866511999,"d":"188.64"},{"v":0.00322107920625,"d":"0.00"},"1_70365001_82650_39207","außerhalb GKL",{"v":3.27623219761,"d":"3.28"},{"v":1,"d":"1.00"},{"v":188.639866511999,"d":"188.64"}]
[7,704,70402,{"v":3132.742995,"d":"3,132.74"},2639,{"v":0.842392754,"d":"0.84"}," ",410,70402000,{"v":275.012971144999,"d":"275.01"},1494,{"v":5.432471035,"d":"5.43"},{"v":102.9316534,"d":"102.93"},{"v":0.921559671,"d":"0.92"},{"v":1376.810148,"d":"1,376.81"},{"v":117.189851899999,"d":"117.19"},1,"1_70402000_82766",{"v":93.0136011731,"d":"93.01"},{"v":0.903644293089,"d":"0.90"},{"v":1244.14663291,"d":"1,244.15"},{"v":0.374279267525,"d":"0.37"},"1_70402000_82766_39533","C",{"v":0.00234921696141,"d":"0.00"},{"v":2.5256703662e-05,"d":"0.00"},{"v":0.0314230428201,"d":"0.03"}]
[7,704,70403,{"v":7627.343469,"d":"7,627.34"},4333,{"v":0.568087699,"d":"0.57"},"M",420,70403002,{"v":2986.934665,"d":"2,986.93"},772,{"v":0.258458951,"d":"0.26"},{"v":38.2923412399999,"d":"38.29"},{"v":0.920429496,"d":"0.92"},{"v":710.5715708,"d":"710.57"},{"v":61.4284292099999,"d":"61.43"},1,"1_70403002_82915",{"v":0.12028978185,"d":"0.12"},{"v":0.00314135354368,"d":"0.00"},{"v":2.23215652197,"d":"2.23"},{"v":0.0128199460432,"d":"0.01"},"1_70403002_82915_39841","F",{"v":0.12028978185,"d":"0.12"},{"v":1,"d":"1.00"},{"v":2.23215652197,"d":"2.23"}]
[7,704,70406,{"v":16633.4428499999,"d":"16,633.44"},5630,{"v":0.338474725,"d":"0.34"},"M",410,70406002,{"v":728.884608671,"d":"728.88"},416,{"v":0.570735059,"d":"0.57"},{"v":24.06423472,"d":"24.06"},{"v":0.921559671,"d":"0.92"},{"v":383.368823,"d":"383.37"},{"v":32.6311769699999,"d":"32.63"},1,"1_70406002_83086",{"v":4.80195407393,"d":"4.80"},{"v":0.199547341929,"d":"0.20"},{"v":76.5002296081,"d":"76.50"},{"v":0.033015150044,"d":"0.03"},"1_70406002_83086_40194","C",{"v":2.12645918454,"d":"2.13"},{"v":0.442832053743,"d":"0.44"},{"v":33.8767537892,"d":"33.88"}]
[7,704,70408,{"v":8779.29725499999,"d":"8,779.30"},1519,{"v":0.173020682,"d":"0.17"}," ",420,70408000,{"v":8779.29725485,"d":"8,779.30"},1519,{"v":0.173020682,"d":"0.17"},{"v":166.0283721,"d":"166.03"},{"v":0.920429496,"d":"0.92"},{"v":1398.13240399999,"d":"1,398.13"},{"v":120.8675958,"d":"120.87"},1,"1_70408000_83383",{"v":153.905367001999,"d":"153.91"},{"v":0.926982328715,"d":"0.93"},{"v":1296.04403170999,"d":"1,296.04"},{"v":0.0189113510205,"d":"0.02"},"1_70408000_83383_40606","F",{"v":3.4741301143,"d":"3.47"},{"v":0.0225731576616,"d":"0.02"},{"v":29.2558062642,"d":"29.26"}]
[7,704,70409,{"v":9771.730261,"d":"9,771.73"},5230,{"v":0.535217393,"d":"0.54"}," ",410,70409002,{"v":9243.99518668999,"d":"9,244.00"},1064,{"v":0.115101748,"d":"0.12"},{"v":86.1178955799999,"d":"86.12"},{"v":0.921559671,"d":"0.92"},{"v":980.539489699999,"d":"980.54"},{"v":83.46051033,"d":"83.46"},1,"1_70409002_83467",{"v":0.151315151217,"d":"0.15"},{"v":0.00175706977276,"d":"0.00"},{"v":1.72287629835,"d":"1.72"},{"v":0.00931609048261,"d":"0.01"},"1_70409002_83467_40851","F",{"v":0.151002852564,"d":"0.15"},{"v":0.997936104544,"d":"1.00"},{"v":1.71932046179,"d":"1.72"}]
[7,704,70409,{"v":9771.730261,"d":"9,771.73"},5230,{"v":0.535217393,"d":"0.54"}," ",410,70409002,{"v":9243.99518668999,"d":"9,244.00"},1064,{"v":0.115101748,"d":"0.12"},{"v":86.1178955799999,"d":"86.12"},{"v":0.921559671,"d":"0.92"},{"v":980.539489699999,"d":"980.54"},{"v":83.46051033,"d":"83.46"},1,"1_70409002_83647",{"v":0.190378882797,"d":"0.19"},{"v":2.21067736868E-3,"d":"0.00"},{"v":2.16765645898,"d":"2.17"},{"v":0.00931609048261,"d":"0.01"},"1_70409002_83647_41065","F",{"v":0.130933747958,"d":"0.13"},{"v":0.687753526202,"d":"0.69"},{"v":1.49081337326,"d":"1.49"}]
[7,704,70411,{"v":5797.077296,"d":"5,797.08"},8225,{"v":1.418818411,"d":"1.42"},"ST",220,70411005,{"v":63.3179892950999,"d":"63.32"},814,{"v":12.8557462,"d":"12.86"},{"v":35.8978741999999,"d":"35.90"},{"v":0.975109986,"d":"0.98"},{"v":793.7395287,"d":"793.74"},{"v":20.26047128,"d":"20.26"},1,"1_70411005_83871",{"v":17.2976215758,"d":"17.30"},{"v":0.481856431928,"d":"0.48"},{"v":382.468497179999,"d":"382.47"},{"v":0.566945896413,"d":"0.57"},"1_70411005_83871_41508","C",{"v":2.47128369334,"d":"2.47"},{"v":0.142868410117,"d":"0.14"},{"v":54.6426661118999,"d":"54.64"}]
[7,704,70412,{"v":6928.972778,"d":"6,928.97"},4426,{"v":0.638767122,"d":"0.64"}," ",410,70412001,{"v":6461.15009396999,"d":"6,461.15"},1411,{"v":0.218382173,"d":"0.22"},{"v":140.193081699999,"d":"140.19"},{"v":0.921559671,"d":"0.92"},{"v":1300.32069499999,"d":"1,300.32"},{"v":110.679304599999,"d":"110.68"},1,"1_70412001_84030",{"v":0.060690721417,"d":"0.06"},{"v":0.0004329081056,"d":"0.00"},{"v":0.562919368745,"d":"0.56"},{"v":0.021697852497,"d":"0.02"},"1_70412001_84030_41838","außerhalb GKL",{"v":0.0606907214171,"d":"0.06"},{"v":1,"d":"1.00"},{"v":0.562919368745,"d":"0.56"}]
[7,704,70413,{"v":1770.436373,"d":"1,770.44"},2290,{"v":1.293466422,"d":"1.29"}," ",410,70413000,{"v":1770.43637302,"d":"1,770.44"},2290,{"v":1.293466422,"d":"1.29"},{"v":186.1284784,"d":"186.13"},{"v":0.921559671,"d":"0.92"},{"v":2110.371646,"d":"2,110.37"},{"v":179.628354,"d":"179.63"},1,"1_70413000_84223",{"v":31.4144058129999,"d":"31.41"},{"v":0.168778072453,"d":"0.17"},{"v":356.184458570999,"d":"356.18"},{"v":0.105131413496,"d":"0.11"},"1_70413000_84223_42084","außerhalb GKL",{"v":21.0965587708,"d":"21.10"},{"v":0.671556829576,"d":"0.67"},{"v":239.198105741999,"d":"239.20"}]
[7,704,70416,{"v":5907.01798299999,"d":"5,907.02"},9547,{"v":1.6162131259999999,"d":"1.62"},"M",210,70416003,{"v":2982.77463417999,"d":"2,982.77"},669,{"v":0.224287813,"d":"0.22"},{"v":68.9505099699999,"d":"68.95"},{"v":0.955942851,"d":"0.96"},{"v":639.525767599999,"d":"639.53"},{"v":29.4742324499999,"d":"29.47"},1,"1_70416003_84445",{"v":0.0924578564835,"d":"0.09"},{"v":1.34093071282E-3,"d":"0.00"},{"v":0.857559743415,"d":"0.86"},{"v":0.0231162318399,"d":"0.02"},"1_70416003_84445_42495","außerhalb GKL",{"v":0.0924520319384,"d":"0.09"},{"v":0.999937003243,"d":"1.00"},{"v":0.857505719932,"d":"0.86"}]
[7,704,70416,{"v":5907.01798299999,"d":"5,907.02"},9547,{"v":1.6162131259999999,"d":"1.62"},"M",210,70416004,{"v":2456.08587645999,"d":"2,456.09"},2035,{"v":0.828554091,"d":"0.83"},{"v":152.4324646,"d":"152.43"},{"v":0.955942851,"d":"0.96"},{"v":1945.343703,"d":"1,945.34"},{"v":89.6562974999999,"d":"89.66"},1,"1_70416004_84524",{"v":0.0734007492117,"d":"0.07"},{"v":0.00048152963612,"d":"0.00"},{"v":0.936740645434,"d":"0.94"},{"v":0.0620631656494,"d":"0.06"},"1_70416004_84524_42593","außerhalb GKL",{"v":0.0734007492117,"d":"0.07"},{"v":1,"d":"1.00"},{"v":0.936740645434,"d":"0.94"}]
[7,704,70418,{"v":3082.692943,"d":"3,082.69"},857,{"v":0.278003686,"d":"0.28"}," ",420,70418000,{"v":3082.69294295,"d":"3,082.69"},857,{"v":0.278003686,"d":"0.28"},{"v":83.50439609,"d":"83.50"},{"v":0.920429496,"d":"0.92"},{"v":788.808077899999,"d":"788.81"},{"v":68.1919220599999,"d":"68.19"},1,"1_70418000_84658",{"v":0.427015497642,"d":"0.43"},{"v":5.11368883121E-3,"d":"0.01"},{"v":4.03371905793,"d":"4.03"},{"v":0.0270881328875,"d":"0.03"},"1_70418000_84658_42847","außerhalb GKL",{"v":0.427015497641,"d":"0.43"},{"v":0.999999999998,"d":"1.00"},{"v":4.03371905792,"d":"4.03"}]
[7,704,70420,{"v":9543.02727,"d":"9,543.03"},3684,{"v":0.386041022,"d":"0.39"}," ",410,70420001,{"v":9160.42665108999,"d":"9,160.43"},1167,{"v":0.127395813,"d":"0.13"},{"v":54.6893345499999,"d":"54.69"},{"v":0.921559671,"d":"0.92"},{"v":1075.46013599999,"d":"1,075.46"},{"v":91.53986424,"d":"91.54"},1,"1_70420001_85022",{"v":0.104156075476,"d":"0.10"},{"v":1.90450434866E-3,"d":"0.00"},{"v":2.04821850582,"d":"2.05"},{"v":0.00597017329357,"d":"0.01"},"1_70420001_85022_43358","außerhalb GKL",{"v":0.104156075476,"d":"0.10"},{"v":1,"d":"1.00"},{"v":2.04821850582,"d":"2.05"}]
[7,705,70502,{"v":349.441671299999,"d":"349.44"},1006,{"v":2.878878172,"d":"2.88"}," ",103,70502000,{"v":349.44167131,"d":"349.44"},1006,{"v":2.878878172,"d":"2.88"},{"v":68.2754486399999,"d":"68.28"},{"v":0.975480312,"d":"0.98"},{"v":981.3331938,"d":"981.33"},{"v":24.66680616,"d":"24.67"},1,"1_70502000_85103",{"v":26.3708319869999,"d":"26.37"},{"v":0.386241797195,"d":"0.39"},{"v":379.03189642,"d":"379.03"},{"v":0.195384392434,"d":"0.20"},"1_70502000_85103_43504","F",{"v":9.89080780486,"d":"9.89"},{"v":0.3750662023,"d":"0.38"},{"v":142.162053941,"d":"142.16"}]
[7,705,70508,{"v":3997.586624,"d":"3,997.59"},5645,{"v":1.412101983,"d":"1.41"}," ",410,70508000,{"v":370.475406836999,"d":"370.48"},2120,{"v":5.722377143,"d":"5.72"},{"v":60.73261866,"d":"60.73"},{"v":0.921559671,"d":"0.92"},{"v":1953.706502,"d":"1,953.71"},{"v":166.293498,"d":"166.29"},1,"1_70508000_85236",{"v":51.1379315152999,"d":"51.14"},{"v":0.842017562285,"d":"0.84"},{"v":1645.05518622999,"d":"1,645.06"},{"v":0.163931579638,"d":"0.16"},"1_70508000_85236_43817","außerhalb GKL",{"v":9.86506152005,"d":"9.87"},{"v":0.192910843824,"d":"0.19"},{"v":317.348984112999,"d":"317.35"}]
[7,705,70511,{"v":1493.211244,"d":"1,493.21"},5858,{"v":3.923088593,"d":"3.92"}," ",103,70511002,{"v":569.851194254999,"d":"569.85"},1690,{"v":2.965686511,"d":"2.97"},{"v":100.9373729,"d":"100.94"},{"v":0.975480312,"d":"0.98"},{"v":1648.561727,"d":"1,648.56"},{"v":41.4382727799999,"d":"41.44"},1,"1_70511002_85369",{"v":0.268429799027,"d":"0.27"},{"v":0.00265936977865,"d":"0.00"},{"v":4.38413523502,"d":"4.38"},{"v":0.17712935222,"d":"0.18"},"1_70511002_85369_44165","F",{"v":0.268429799027,"d":"0.27"},{"v":1,"d":"1.00"},{"v":4.38413523502,"d":"4.38"}]
[7,705,70513,{"v":3934.09981599999,"d":"3,934.10"},19527,{"v":4.963524291,"d":"4.96"},"ST",103,70513025,{"v":15.1037484751,"d":"15.10"},741,{"v":49.0606687,"d":"49.06"},{"v":12.98673013,"d":"12.99"},{"v":0.975480312,"d":"0.98"},{"v":722.830911199999,"d":"722.83"},{"v":18.16908883,"d":"18.17"},1,"1_70513025_85423",{"v":12.9867301282,"d":"12.99"},{"v":0.999999999861,"d":"1.00"},{"v":722.830911099999,"d":"722.83"},{"v":0.859834904654,"d":"0.86"},"1_70513025_85423_44491","E",{"v":0.86359800317,"d":"0.86"},{"v":0.0664984945899,"d":"0.07"},{"v":48.0671674311999,"d":"48.07"}]
[7,705,70517,{"v":2773.194422,"d":"2,773.19"},3398,{"v":1.225301758,"d":"1.23"}," ",410,70517001,{"v":449.481055894999,"d":"449.48"},1384,{"v":3.079106409,"d":"3.08"},{"v":61.75799533,"d":"61.76"},{"v":0.921559671,"d":"0.92"},{"v":1275.43858399999,"d":"1,275.44"},{"v":108.561415699999,"d":"108.56"},1,"1_70517001_85512",{"v":38.2993886352,"d":"38.30"},{"v":0.620152717564,"d":"0.62"},{"v":790.966703953999,"d":"790.97"},{"v":0.137398438755,"d":"0.14"},"1_70517001_85512_44836","G",{"v":9.34966184906,"d":"9.35"},{"v":0.244120394143,"d":"0.24"},{"v":193.091103522999,"d":"193.09"}]
[7,705,70525,{"v":1873.63963399999,"d":"1,873.64"},2548,{"v":1.359919994,"d":"1.36"}," ",410,70525000,{"v":1873.63963368999,"d":"1,873.64"},2548,{"v":1.359919994,"d":"1.36"},{"v":177.104726099999,"d":"177.10"},{"v":0.921559671,"d":"0.92"},{"v":2348.13404099999,"d":"2,348.13"},{"v":199.8659589,"d":"199.87"},1,"1_70525000_85653",{"v":0.615254771024,"d":"0.62"},{"v":3.47396020746E-3,"d":"0.00"},{"v":8.15732422022,"d":"8.16"},{"v":0.0945244341097,"d":"0.09"},"1_70525000_85653_45148","G",{"v":0.411364299294,"d":"0.41"},{"v":0.668608060705,"d":"0.67"},{"v":5.45405272742,"d":"5.45"}]
[7,705,70526,{"v":4591.66488,"d":"4,591.66"},3657,{"v":0.796443141,"d":"0.80"}," ",410,70526000,{"v":721.9623522,"d":"721.96"},2894,{"v":4.008519269,"d":"4.01"},{"v":191.678067099999,"d":"191.68"},{"v":0.921559671,"d":"0.92"},{"v":2666.993687,"d":"2,666.99"},{"v":227.0063129,"d":"227.01"},1,"1_70526000_85705",{"v":174.933694414,"d":"174.93"},{"v":0.912643251576,"d":"0.91"},{"v":2434.01379043999,"d":"2,434.01"},{"v":0.265495931354,"d":"0.27"},"1_70526000_85705_45295","G",{"v":3.6668065779e-05,"d":"0.00"},{"v":2.09611224E-7,"d":"0.00"},{"v":0.000510196609492,"d":"0.00"}]
[7,705,70531,{"v":1968.17935899999,"d":"1,968.18"},14059,{"v":7.143149802,"d":"7.14"},"ST",103,70531004,{"v":51.3795592550999,"d":"51.38"},1732,{"v":33.7099037999999,"d":"33.71"},{"v":30.23466858,"d":"30.23"},{"v":0.975480312,"d":"0.98"},{"v":1689.53189999999,"d":"1,689.53"},{"v":42.46809968,"d":"42.47"},1,"1_70531004_85964",{"v":3.45769938107,"d":"3.46"},{"v":0.114362073192,"d":"0.11"},{"v":193.218370808,"d":"193.22"},{"v":0.588457141679,"d":"0.59"},"1_70531004_85964_45809","E",{"v":0.0159383955451,"d":"0.02"},{"v":4.60953766899E-3,"d":"0.00"},{"v":0.89064735858,"d":"0.89"}]
[7,706,70605,{"v":3105.056605,"d":"3,105.06"},994,{"v":0.320122989,"d":"0.32"}," ",410,70605000,{"v":3105.05660532,"d":"3,105.06"},994,{"v":0.320122989,"d":"0.32"},{"v":72.39635938,"d":"72.40"},{"v":0.921559671,"d":"0.92"},{"v":916.030312699999,"d":"916.03"},{"v":77.96968728,"d":"77.97"},1,"1_70605000_86031",{"v":63.4845208006999,"d":"63.48"},{"v":0.876902116963,"d":"0.88"},{"v":803.268920408999,"d":"803.27"},{"v":0.0233156327186,"d":"0.02"},"1_70605000_86031_46060","F",{"v":0.129267276532,"d":"0.13"},{"v":0.0020362015008,"d":"0.00"},{"v":1.63561738128,"d":"1.64"}]
[7,706,70616,{"v":5674.13698199999,"d":"5,674.14"},1487,{"v":0.262066285,"d":"0.26"}," ",410,70616000,{"v":5674.13698206,"d":"5,674.14"},1487,{"v":0.262066285,"d":"0.26"},{"v":104.1975086,"d":"104.20"},{"v":0.921559671,"d":"0.92"},{"v":1370.35923,"d":"1,370.36"},{"v":116.640769599999,"d":"116.64"},1,"1_70616000_86139",{"v":55.1789319128,"d":"55.18"},{"v":0.5295609526,"d":"0.53"},{"v":725.688739242999,"d":"725.69"},{"v":0.0183635870846,"d":"0.02"},"1_70616000_86139_46466","F",{"v":3.76784687211,"d":"3.77"},{"v":0.0682841574039,"d":"0.07"},{"v":49.5530440966999,"d":"49.55"}]
[7,706,70618,{"v":288.6419703,"d":"288.64"},800,{"v":2.771599706,"d":"2.77"}," ",310,70618000,{"v":288.641970304999,"d":"288.64"},800,{"v":2.771599706,"d":"2.77"},{"v":91.7780714499999,"d":"91.78"},{"v":0.969116244,"d":"0.97"},{"v":775.2929949,"d":"775.29"},{"v":24.7070050799999,"d":"24.71"},1,"1_70618000_86171",{"v":72.0025006003999,"d":"72.00"},{"v":0.784528367864,"d":"0.78"},{"v":608.239347905,"d":"608.24"},{"v":0.317965094796,"d":"0.32"},"1_70618000_86171_46569","F",{"v":0.0903814926991,"d":"0.09"},{"v":1.255254914E-3,"d":"0.00"},{"v":0.763495430346,"d":"0.76"}]
[7,706,70623,{"v":5808.389768,"d":"5,808.39"},1271,{"v":0.218821403,"d":"0.22"}," ",410,70623000,{"v":5808.38976827999,"d":"5,808.39"},1271,{"v":0.218821403,"d":"0.22"},{"v":150.5381719,"d":"150.54"},{"v":0.921559671,"d":"0.92"},{"v":1171.30234199999,"d":"1,171.30"},{"v":99.69765848,"d":"99.70"},1,"1_70623000_86215",{"v":111.651229201999,"d":"111.65"},{"v":0.741680517259,"d":"0.74"},{"v":868.732126880999,"d":"868.73"},{"v":0.025917367447,"d":"0.03"},"1_70623000_86215_46818","außerhalb GKL",{"v":13.0770436969,"d":"13.08"},{"v":0.117124045927,"d":"0.12"},{"v":101.749421526999,"d":"101.75"}]
[7,707,70705,{"v":9892.00476999999,"d":"9,892.00"},1779,{"v":0.17984221,"d":"0.18"}," ",410,70705001,{"v":2931.26664854999,"d":"2,931.27"},780,{"v":0.26609657,"d":"0.27"},{"v":90.1426690899999,"d":"90.14"},{"v":0.921559671,"d":"0.92"},{"v":718.816543199999,"d":"718.82"},{"v":61.18345682,"d":"61.18"},1,"1_70705001_86313",{"v":30.6704950777,"d":"30.67"},{"v":0.340243919859,"d":"0.34"},{"v":244.572958317999,"d":"244.57"},{"v":0.0307521218292,"d":"0.03"},"1_70705001_86313_47148","C",{"v":0.00273218135053,"d":"0.00"},{"v":8.9081749206e-05,"d":"0.00"},{"v":0.0217869869354,"d":"0.02"}]
[7,707,70716,{"v":1592.43895599999,"d":"1,592.44"},11905,{"v":7.475953761,"d":"7.48"},"ST",103,70716011,{"v":51.1578779450999,"d":"51.16"},1152,{"v":22.51852591,"d":"22.52"},{"v":34.29427245,"d":"34.29"},{"v":0.975480312,"d":"0.98"},{"v":1123.75331899999,"d":"1,123.75"},{"v":28.2466806199999,"d":"28.25"},1,"1_70716011_86418",{"v":34.2340668225999,"d":"34.23"},{"v":0.998244440745,"d":"1.00"},{"v":1121.78050346,"d":"1,121.78"},{"v":0.670361512782,"d":"0.67"},"1_70716011_86418_47538","D",{"v":4.69754789108,"d":"4.70"},{"v":0.137218517316,"d":"0.14"},{"v":153.929057438999,"d":"153.93"}]
[7,707,70717,{"v":27793.955,"d":"27,793.96"},4651,{"v":0.167338545,"d":"0.17"},"M",410,70717003,{"v":21887.8447919999,"d":"21,887.84"},794,{"v":0.036275842,"d":"0.04"},{"v":30.8773965,"d":"30.88"},{"v":0.921559671,"d":"0.92"},{"v":731.7183786,"d":"731.72"},{"v":62.28162143,"d":"62.28"},1,"1_70717003_86507",{"v":0.330020919909,"d":"0.33"},{"v":0.0106881070724,"d":"0.01"},{"v":7.82068437732,"d":"7.82"},{"v":0.00141070977035,"d":"0.00"},"1_70717003_86507_47805","außerhalb GKL",{"v":0.330020919909,"d":"0.33"},{"v":1,"d":"1.00"},{"v":7.82068437732,"d":"7.82"}]
[7,707,70724,{"v":18595.93444,"d":"18,595.93"},834,{"v":0.044848513,"d":"0.04"}," ",430,70724000,{"v":18595.9344444,"d":"18,595.93"},834,{"v":0.044848513,"d":"0.04"},{"v":94.93912047,"d":"94.94"},{"v":0.905906425,"d":"0.91"},{"v":755.525958299999,"d":"755.53"},{"v":78.47404174,"d":"78.47"},1,"1_70724000_86600",{"v":0.530884012746,"d":"0.53"},{"v":0.00559183622218,"d":"0.01"},{"v":4.22477742042,"d":"4.22"},{"v":0.00510536971153,"d":"0.01"},"1_70724000_86600_48047","außerhalb GKL",{"v":0.530884012746,"d":"0.53"},{"v":1,"d":"1.00"},{"v":4.22477742042,"d":"4.22"}]
[7,708,70805,{"v":1899.36805299999,"d":"1,899.37"},1456,{"v":0.766570754,"d":"0.77"}," ",103,70805000,{"v":1899.36805284999,"d":"1,899.37"},1456,{"v":0.766570754,"d":"0.77"},{"v":105.5912483,"d":"105.59"},{"v":0.975480312,"d":"0.98"},{"v":1420.299334,"d":"1,420.30"},{"v":35.70066578,"d":"35.70"},1,"1_70805000_86723",{"v":31.2040338509999,"d":"31.20"},{"v":0.295517236072,"d":"0.30"},{"v":419.722933579,"d":"419.72"},{"v":0.0555928315955,"d":"0.06"},"1_70805000_86723_48462","F",{"v":13.4637563275,"d":"13.46"},{"v":0.431474866096,"d":"0.43"},{"v":181.099896562999,"d":"181.10"}]
[7,708,70828,{"v":10072.66904,"d":"10,072.67"},6918,{"v":0.686809025,"d":"0.69"},"M",103,70828000,{"v":43.7206376740999,"d":"43.72"},1378,{"v":31.51829601,"d":"31.52"},{"v":39.7898921199999,"d":"39.79"},{"v":0.975480312,"d":"0.98"},{"v":1344.21187,"d":"1,344.21"},{"v":33.7881301099999,"d":"33.79"},1,"1_70828000_86807",{"v":39.7898921199999,"d":"39.79"},{"v":1,"d":"1.00"},{"v":1344.21187,"d":"1,344.21"},{"v":0.910094047955,"d":"0.91"},"1_70828000_86807_48812","G",{"v":0.697939478929,"d":"0.70"},{"v":0.0175406225487,"d":"0.02"},{"v":23.5783130372,"d":"23.58"}]
[7,709,70901,{"v":11390.21677,"d":"11,390.22"},2198,{"v":0.192972622,"d":"0.19"}," ",430,70901001,{"v":6347.64619184,"d":"6,347.65"},919,{"v":0.144778076,"d":"0.14"},{"v":110.124777899999,"d":"110.12"},{"v":0.905906425,"d":"0.91"},{"v":832.528004399999,"d":"832.53"},{"v":86.4719956299999,"d":"86.47"},1,"1_70901001_86885",{"v":0.36395750316,"d":"0.36"},{"v":0.00330495561581,"d":"0.00"},{"v":2.75146810346,"d":"2.75"},{"v":0.0173489155778,"d":"0.02"},"1_70901001_86885_49123","außerhalb GKL",{"v":0.36395750316,"d":"0.36"},{"v":1,"d":"1.00"},{"v":2.75146810346,"d":"2.75"}]
[7,709,70911,{"v":1064.896966,"d":"1,064.90"},679,{"v":0.637620372,"d":"0.64"}," ",310,70911000,{"v":1064.89696623999,"d":"1,064.90"},679,{"v":0.637620372,"d":"0.64"},{"v":35.68359027,"d":"35.68"},{"v":0.969116244,"d":"0.97"},{"v":658.0299294,"d":"658.03"},{"v":20.97007056,"d":"20.97"},1,"1_70911000_86958",{"v":0.603825429997,"d":"0.60"},{"v":0.0169216557367,"d":"0.02"},{"v":11.1349559298,"d":"11.13"},{"v":0.0335089603983,"d":"0.03"},"1_70911000_86958_49449","G",{"v":0.451995797208,"d":"0.45"},{"v":0.748553761988,"d":"0.75"},{"v":8.33511315082,"d":"8.34"}]
[7,709,70922,{"v":896.303778599999,"d":"896.30"},1665,{"v":1.857629121,"d":"1.86"}," ",430,70922000,{"v":896.303778560999,"d":"896.30"},1665,{"v":1.857629121,"d":"1.86"},{"v":81.69262089,"d":"81.69"},{"v":0.905906425,"d":"0.91"},{"v":1508.33419699999,"d":"1,508.33"},{"v":156.665802799999,"d":"156.67"},1,"1_70922000_87102",{"v":33.6425926406,"d":"33.64"},{"v":0.411819235007,"d":"0.41"},{"v":621.161035143,"d":"621.16"},{"v":0.0911438988031,"d":"0.09"},"1_70922000_87102_49831","außerhalb GKL",{"v":0.313034399901,"d":"0.31"},{"v":9.30470499837E-3,"d":"0.01"},{"v":5.77972018849,"d":"5.78"}]
[7,709,70927,{"v":1732.11224999999,"d":"1,732.11"},1760,{"v":1.016100429,"d":"1.02"}," ",430,70927000,{"v":1732.11225018,"d":"1,732.11"},1760,{"v":1.016100429,"d":"1.02"},{"v":108.502325099999,"d":"108.50"},{"v":0.905906425,"d":"0.91"},{"v":1594.395308,"d":"1,594.40"},{"v":165.6046924,"d":"165.60"},1,"1_70927000_87167",{"v":49.7314957963,"d":"49.73"},{"v":0.458344977865,"d":"0.46"},{"v":730.783082153,"d":"730.78"},{"v":0.062641624461,"d":"0.06"},"1_70927000_87167_50106","G",{"v":3.38034149084,"d":"3.38"},{"v":0.0679718443355,"d":"0.07"},{"v":49.6726739030999,"d":"49.67"}]
[7,709,70933,{"v":1521.07775799999,"d":"1,521.08"},2160,{"v":1.420045746,"d":"1.42"}," ",310,70933000,{"v":1418.53416321999,"d":"1,418.53"},1256,{"v":0.885421044,"d":"0.89"},{"v":73.99164061,"d":"73.99"},{"v":0.969116244,"d":"0.97"},{"v":1217.210002,"d":"1,217.21"},{"v":38.78999797,"d":"38.79"},1,"1_70933000_87207",{"v":1.3640417153,"d":"1.36"},{"v":0.0184350786664,"d":"0.02"},{"v":22.4393621404,"d":"22.44"},{"v":0.0521606335106,"d":"0.05"},"1_70933000_87207_50290","F",{"v":0.133036359691,"d":"0.13"},{"v":0.0975310052462,"d":"0.10"},{"v":2.18853354664,"d":"2.19"}]
[8,801,80101,{"v":2719.15309399999,"d":"2,719.15"},2359,{"v":0.867549534,"d":"0.87"}," ",410,80101001,{"v":129.231317789999,"d":"129.23"},685,{"v":5.300572738,"d":"5.30"},{"v":49.6663038499999,"d":"49.67"},{"v":0.921559671,"d":"0.92"},{"v":631.2683745,"d":"631.27"},{"v":53.73162554,"d":"53.73"},1,"1_80101001_87306",{"v":36.7368908990999,"d":"36.74"},{"v":0.739674347623,"d":"0.74"},{"v":466.933023083,"d":"466.93"},{"v":0.384320957949,"d":"0.38"},"1_80101001_87306_50767","C",{"v":0.00988790784016,"d":"0.01"},{"v":0.000269154726983,"d":"0.00"},{"v":0.125677230347,"d":"0.13"}]
[8,801,80105,{"v":4029.37599,"d":"4,029.38"},729,{"v":0.180921314,"d":"0.18"}," ",410,80105000,{"v":4029.37598988999,"d":"4,029.38"},729,{"v":0.180921314,"d":"0.18"},{"v":102.885925999999,"d":"102.89"},{"v":0.921559671,"d":"0.92"},{"v":671.817,"d":"671.82"},{"v":57.18300003,"d":"57.18"},1,"1_80105000_87360",{"v":102.885925979999,"d":"102.89"},{"v":0.999999999806,"d":"1.00"},{"v":671.81699987,"d":"671.82"},{"v":0.0255339601611,"d":"0.03"},"1_80105000_87360_51055","außerhalb GKL",{"v":1.8831945157e-05,"d":"0.00"},{"v":1.83037135e-07,"d":"0.00"},{"v":1.2296745912E-4,"d":"0.00"}]
[8,801,80106,{"v":2461.00252099999,"d":"2,461.00"},3362,{"v":1.366109937,"d":"1.37"}," ",103,80106001,{"v":292.124942154999,"d":"292.12"},1616,{"v":5.531879572,"d":"5.53"},{"v":59.3383386,"d":"59.34"},{"v":0.975480312,"d":"0.98"},{"v":1576.37618399999,"d":"1,576.38"},{"v":39.62381586,"d":"39.62"},1,"1_80106001_87371",{"v":59.1795650611,"d":"59.18"},{"v":0.9973242672,"d":"1.00"},{"v":1572.15822253999,"d":"1,572.16"},{"v":0.203126573727,"d":"0.20"},"1_80106001_87371_51119","F",{"v":9.28524845555,"d":"9.29"},{"v":0.156899572445,"d":"0.16"},{"v":246.670952932,"d":"246.67"}]
[8,801,80112,{"v":6224.262096,"d":"6,224.26"},677,{"v":0.108767913,"d":"0.11"}," ",410,80112001,{"v":3069.10080659999,"d":"3,069.10"},140,{"v":0.045615967,"d":"0.05"},{"v":60.9188533299999,"d":"60.92"},{"v":0.921559671,"d":"0.92"},{"v":129.018353899999,"d":"129.02"},{"v":10.9816461,"d":"10.98"},1,"1_80112001_87476",{"v":1.24961262388,"d":"1.25"},{"v":0.0205127404009,"d":"0.02"},{"v":2.6465200005,"d":"2.65"},{"v":0.0198490884363,"d":"0.02"},"1_80112001_87476_51514","G",{"v":0.000890768917844,"d":"0.00"},{"v":0.000712836042804,"d":"0.00"},{"v":0.00188653484436,"d":"0.00"}]
[8,801,80117,{"v":2206.861185,"d":"2,206.86"},4992,{"v":2.26203625,"d":"2.26"}," ",103,80117000,{"v":50.5126527000999,"d":"50.51"},1174,{"v":23.24170158,"d":"23.24"},{"v":42.54503469,"d":"42.55"},{"v":0.975480312,"d":"0.98"},{"v":1145.213886,"d":"1,145.21"},{"v":28.7861137499999,"d":"28.79"},1,"1_80117000_87534",{"v":42.370034509,"d":"42.37"},{"v":0.995886707291,"d":"1.00"},{"v":1140.50328607,"d":"1,140.50"},{"v":0.842264906232,"d":"0.84"},"1_80117000_87534_51776","E",{"v":0.0335111626368,"d":"0.03"},{"v":0.000790916576423,"d":"0.00"},{"v":0.902042954418,"d":"0.90"}]
[8,801,80122,{"v":1805.74070899999,"d":"1,805.74"},3896,{"v":2.157563365,"d":"2.16"},"M",410,80122003,{"v":1385.68348818,"d":"1,385.68"},335,{"v":0.24175795,"d":"0.24"},{"v":82.93101319,"d":"82.93"},{"v":0.921559671,"d":"0.92"},{"v":308.722489699999,"d":"308.72"},{"v":26.2775102999999,"d":"26.28"},1,"1_80122003_87595",{"v":50.0900716689,"d":"50.09"},{"v":0.603996861272,"d":"0.60"},{"v":186.467414783,"d":"186.47"},{"v":0.059848453054,"d":"0.06"},"1_80122003_87595_52106","außerhalb GKL",{"v":37.6885581446,"d":"37.69"},{"v":0.752415736071,"d":"0.75"},{"v":140.301017147,"d":"140.30"}]
[8,802,80202,{"v":1956.38410199999,"d":"1,956.38"},2634,{"v":1.34636138,"d":"1.35"}," ",410,80202000,{"v":1524.77660334999,"d":"1,524.78"},2376,{"v":1.558261056,"d":"1.56"},{"v":198.3624259,"d":"198.36"},{"v":0.921559671,"d":"0.92"},{"v":2189.625778,"d":"2,189.63"},{"v":186.3742223,"d":"186.37"},1,"1_80202000_87681",{"v":0.278555171298,"d":"0.28"},{"v":1.40427386908E-3,"d":"0.00"},{"v":3.07483426311,"d":"3.07"},{"v":0.130092779142,"d":"0.13"},"1_80202000_87681_52533","F",{"v":0.17655010715,"d":"0.18"},{"v":0.633806604011,"d":"0.63"},{"v":1.9488502622,"d":"1.95"}]
[8,802,80207,{"v":2998.83265699999,"d":"2,998.83"},29711,{"v":9.907521824,"d":"9.91"},"ST",101,80207011,{"v":127.03265666,"d":"127.03"},966,{"v":7.604343839,"d":"7.60"},{"v":38.6157740399999,"d":"38.62"},{"v":0.965932983,"d":"0.97"},{"v":933.0912616,"d":"933.09"},{"v":32.90873839,"d":"32.91"},1,"1_80207011_87699",{"v":38.6157740352999,"d":"38.62"},{"v":0.999999999878,"d":"1.00"},{"v":933.091261486,"d":"933.09"},{"v":0.303983047,"d":"0.30"},"1_80207011_87699_52763","E",{"v":1.85490268678,"d":"1.85"},{"v":0.0480348441309,"d":"0.05"},{"v":44.8208933053999,"d":"44.82"}]
[8,802,80213,{"v":1192.453518,"d":"1,192.45"},3911,{"v":3.279792412,"d":"3.28"}," ",101,80213000,{"v":31.061796725,"d":"31.06"},556,{"v":17.89980164,"d":"17.90"},{"v":27.8890947199999,"d":"27.89"},{"v":0.965932983,"d":"0.97"},{"v":537.058738599999,"d":"537.06"},{"v":18.94126144,"d":"18.94"},1,"1_80213000_87744",{"v":27.8890947193,"d":"27.89"},{"v":0.999999999975,"d":"1.00"},{"v":537.058738586999,"d":"537.06"},{"v":0.897858387488,"d":"0.90"},"1_80213000_87744_53042","C",{"v":11.5846034207,"d":"11.58"},{"v":0.415381120732,"d":"0.42"},{"v":223.084060733,"d":"223.08"}]
[8,802,80218,{"v":873.3080549,"d":"873.31"},6512,{"v":7.456704382,"d":"7.46"},"M",101,80218000,{"v":86.2270159499999,"d":"86.23"},1545,{"v":17.91781825,"d":"17.92"},{"v":61.79059009,"d":"61.79"},{"v":0.965932983,"d":"0.97"},{"v":1492.366459,"d":"1,492.37"},{"v":52.6335412199999,"d":"52.63"},1,"1_80218000_87793",{"v":61.5055482673,"d":"61.51"},{"v":0.995386970374,"d":"1.00"},{"v":1485.48212831,"d":"1,485.48"},{"v":0.716603600498,"d":"0.72"},"1_80218000_87793_53420","E",{"v":0.00907928417952,"d":"0.01"},{"v":0.000147617319661,"d":"0.00"},{"v":0.219282890185,"d":"0.22"}]
[8,802,80225,{"v":687.667323399999,"d":"687.67"},1535,{"v":2.232184005,"d":"2.23"}," ",310,80225000,{"v":687.667323422999,"d":"687.67"},1535,{"v":2.232184005,"d":"2.23"},{"v":98.53624689,"d":"98.54"},{"v":0.969116244,"d":"0.97"},{"v":1487.59343399999,"d":"1,487.59"},{"v":47.4065659999999,"d":"47.41"},1,"1_80225000_87850",{"v":94.3287129227999,"d":"94.33"},{"v":0.957299632369,"d":"0.96"},{"v":1424.07264747999,"d":"1,424.07"},{"v":0.14329057603,"d":"0.14"},"1_80225000_87850_53807","E",{"v":0.0046562741831,"d":"0.00"},{"v":4.9362214736e-05,"d":"0.00"},{"v":0.0702953798251,"d":"0.07"}]
[8,802,80228,{"v":9681.609532,"d":"9,681.61"},5054,{"v":0.52202064,"d":"0.52"}," ",430,80228001,{"v":2630.48923672999,"d":"2,630.49"},1364,{"v":0.51853472,"d":"0.52"},{"v":108.6419312,"d":"108.64"},{"v":0.905906425,"d":"0.91"},{"v":1235.656363,"d":"1,235.66"},{"v":128.343636599999,"d":"128.34"},1,"1_80228001_87920",{"v":0.124560134755,"d":"0.12"},{"v":0.00114651988766,"d":"0.00"},{"v":1.41670459449,"d":"1.42"},{"v":0.0413010362038,"d":"0.04"},"1_80228001_87920_54077","außerhalb GKL",{"v":0.124560134755,"d":"0.12"},{"v":1,"d":"1.00"},{"v":1.41670459449,"d":"1.42"}]
[8,802,80232,{"v":1651.806886,"d":"1,651.81"},453,{"v":0.274245134,"d":"0.27"}," ",430,80232000,{"v":1651.80688605999,"d":"1,651.81"},453,{"v":0.274245134,"d":"0.27"},{"v":47.69262115,"d":"47.69"},{"v":0.905906425,"d":"0.91"},{"v":410.3756104,"d":"410.38"},{"v":42.6243895799999,"d":"42.62"},1,"1_80232000_87973",{"v":19.2512365016,"d":"19.25"},{"v":0.4036523059,"d":"0.40"},{"v":165.649061423,"d":"165.65"},{"v":0.0288730005623,"d":"0.03"},"1_80232000_87973_54266","E",{"v":9.52827550419,"d":"9.53"},{"v":0.494943558737,"d":"0.49"},{"v":81.9869359621,"d":"81.99"}]
[8,803,80301,{"v":12082.88348,"d":"12,082.88"},49872,{"v":4.127491594,"d":"4.13"},"ST",101,80301014,{"v":38.616028305,"d":"38.62"},1567,{"v":40.5790048499999,"d":"40.58"},{"v":35.3388056399999,"d":"35.34"},{"v":0.965932983,"d":"0.97"},{"v":1513.616984,"d":"1,513.62"},{"v":53.3830155899999,"d":"53.38"},1,"1_80301014_88050",{"v":35.3388056380999,"d":"35.34"},{"v":0.999999999946,"d":"1.00"},{"v":1513.61698391999,"d":"1,513.62"},{"v":0.915133098642,"d":"0.92"},"1_80301014_88050_54738","B",{"v":0.0131936427951,"d":"0.01"},{"v":0.000373347162047,"d":"0.00"},{"v":0.565104605373,"d":"0.57"}]
[8,803,80301,{"v":12082.88348,"d":"12,082.88"},49872,{"v":4.127491594,"d":"4.13"},"ST",101,80301016,{"v":293.81786784,"d":"293.82"},2649,{"v":9.01578933699999,"d":"9.02"},{"v":84.93178373,"d":"84.93"},{"v":0.965932983,"d":"0.97"},{"v":2558.756472,"d":"2,558.76"},{"v":90.2435279599999,"d":"90.24"},1,"1_80301016_88053",{"v":83.7063783368,"d":"83.71"},{"v":0.985571886762,"d":"0.99"},{"v":2521.83844386999,"d":"2,521.84"},{"v":0.289062691641,"d":"0.29"},"1_80301016_88053_54759","E",{"v":3.26089485167,"d":"3.26"},{"v":0.0389563485658,"d":"0.04"},{"v":98.241617446,"d":"98.24"}]
[8,803,80303,{"v":2224.87892,"d":"2,224.88"},23309,{"v":10.47652517,"d":"10.48"},"M",101,80303010,{"v":180.72198477,"d":"180.72"},2015,{"v":11.14972261,"d":"11.15"},{"v":77.92930601,"d":"77.93"},{"v":0.965932983,"d":"0.97"},{"v":1946.354961,"d":"1,946.35"},{"v":68.6450391999999,"d":"68.65"},1,"1_80303010_88131",{"v":77.9293060138,"d":"77.93"},{"v":1.00000000005,"d":"1.00"},{"v":1946.3549611,"d":"1,946.35"},{"v":0.431210990236,"d":"0.43"},"1_80303010_88131_55285","F",{"v":2.19074400153,"d":"2.19"},{"v":0.0281119403417,"d":"0.03"},{"v":54.7158145502,"d":"54.72"}]
[8,803,80303,{"v":2224.87892,"d":"2,224.88"},23309,{"v":10.47652517,"d":"10.48"},"M",101,80303023,{"v":771.989911344999,"d":"771.99"},1480,{"v":1.917123499,"d":"1.92"},{"v":82.63373316,"d":"82.63"},{"v":0.965932983,"d":"0.97"},{"v":1429.580815,"d":"1,429.58"},{"v":50.41918512,"d":"50.42"},1,"1_80303023_88151",{"v":57.6086316333,"d":"57.61"},{"v":0.697156348023,"d":"0.70"},{"v":996.641340188999,"d":"996.64"},{"v":0.107039913276,"d":"0.11"},"1_80303023_88151_55420","D",{"v":22.9698787851999,"d":"22.97"},{"v":0.398722867285,"d":"0.40"},{"v":397.383692815,"d":"397.38"}]
[8,804,80404,{"v":3432.762486,"d":"3,432.76"},34210,{"v":9.965734636,"d":"9.97"},"ST",101,80404050,{"v":170.174693555,"d":"170.17"},1682,{"v":9.883960799,"d":"9.88"},{"v":81.8180337,"d":"81.82"},{"v":0.965932983,"d":"0.97"},{"v":1624.69927699999,"d":"1,624.70"},{"v":57.30072255,"d":"57.30"},1,"1_80404050_88212",{"v":0.490495138085,"d":"0.49"},{"v":5.99495142945E-3,"d":"0.01"},{"v":9.73999325308,"d":"9.74"},{"v":0.480788488528,"d":"0.48"},"1_80404050_88212_55744","G",{"v":0.420204092885,"d":"0.42"},{"v":0.856693696344,"d":"0.86"},{"v":8.34419082235,"d":"8.34"}]
[8,804,80407,{"v":904.917575299999,"d":"904.92"},3324,{"v":3.673262727,"d":"3.67"}," ",310,80407001,{"v":277.851737034999,"d":"277.85"},1079,{"v":3.883366041,"d":"3.88"},{"v":100.4459047,"d":"100.45"},{"v":0.969116244,"d":"0.97"},{"v":1045.676427,"d":"1,045.68"},{"v":33.3235730999999,"d":"33.32"},1,"1_80407001_88260",{"v":100.445904694999,"d":"100.45"},{"v":0.99999999995,"d":"1.00"},{"v":1045.67642694999,"d":"1,045.68"},{"v":0.361509003945,"d":"0.36"},"1_80407001_88260_56077","G",{"v":1.6581334013,"d":"1.66"},{"v":0.0165077252909,"d":"0.02"},{"v":17.2617391992999,"d":"17.26"}]
[8,804,80414,{"v":2185.43249999999,"d":"2,185.43"},11928,{"v":5.457958551,"d":"5.46"},"M",101,80414002,{"v":52.9798653999,"d":"52.98"},1709,{"v":32.2575375999999,"d":"32.26"},{"v":48.0848213499999,"d":"48.08"},{"v":0.965932983,"d":"0.97"},{"v":1650.77946799999,"d":"1,650.78"},{"v":58.2205319999999,"d":"58.22"},1,"1_80414002_88353",{"v":48.084821347,"d":"48.08"},{"v":0.999999999938,"d":"1.00"},{"v":1650.7794679,"d":"1,650.78"},{"v":0.907605577837,"d":"0.91"},"1_80414002_88353_56509","B",{"v":1.31089805519,"d":"1.31"},{"v":0.0272622008041,"d":"0.03"},{"v":45.0038813371999,"d":"45.00"}]
[8,804,80417,{"v":1269.680505,"d":"1,269.68"},2727,{"v":2.147784415,"d":"2.15"}," ",310,80417001,{"v":1228.66808511999,"d":"1,228.67"},1772,{"v":1.442212117,"d":"1.44"},{"v":97.5907324599999,"d":"97.59"},{"v":0.969116244,"d":"0.97"},{"v":1717.27398399999,"d":"1,717.27"},{"v":54.72601625,"d":"54.73"},1,"1_80417001_88419",{"v":56.7269789997999,"d":"56.73"},{"v":0.58127424162,"d":"0.58"},{"v":998.207132702999,"d":"998.21"},{"v":0.0794280681999,"d":"0.08"},"1_80417001_88419_56734","D",{"v":0.0597977493956,"d":"0.06"},{"v":0.00105413245073,"d":"0.00"},{"v":1.05224253113,"d":"1.05"}]
[1,104,10405,{"v":4928.357694,"d":"4,928.36"},3667,{"v":0.744061253,"d":"0.74"},"ST",430,10405004,{"v":629.51059994,"d":"629.51"},118,{"v":0.187447201,"d":"0.19"},{"v":0,"d":"0.00"},{"v":0.905906425,"d":"0.91"},{"v":0,"d":"0.00"},{"v":118,"d":"118.00"},0,"0_10405004_51",{"v":629.51059994,"d":"629.51"},{"v":0,"d":"0.00"},{"v":118,"d":"118.00"},{"v":0,"d":"0.00"},"0_10405004_51_57064","außerhalb GKL",{"v":629.51059994,"d":"629.51"},{"v":1,"d":"1.00"},{"v":118,"d":"118.00"}]
[1,104,10417,{"v":5810.22505199999,"d":"5,810.23"},1359,{"v":0.233897997,"d":"0.23"}," ",430,10417000,{"v":877.675899599999,"d":"877.68"},279,{"v":0.317884996,"d":"0.32"},{"v":0,"d":"0.00"},{"v":0.905906425,"d":"0.91"},{"v":252.7478925,"d":"252.75"},{"v":26.25210749,"d":"26.25"},0,"0_10417000_77",{"v":825.314361806999,"d":"825.31"},{"v":0,"d":"0.00"},{"v":26.25210749,"d":"26.25"},{"v":0,"d":"0.00"},"0_10417000_77_57222","F",{"v":0.420784411279,"d":"0.42"},{"v":0.000509847436021,"d":"0.00"},{"v":0.0133845696939,"d":"0.01"}]
[1,108,10811,{"v":3839.112763,"d":"3,839.11"},1781,{"v":0.46390927,"d":"0.46"}," ",430,10811001,{"v":406.982718794999,"d":"406.98"},441,{"v":1.083584092,"d":"1.08"},{"v":0,"d":"0.00"},{"v":0.905906425,"d":"0.91"},{"v":399.504733299999,"d":"399.50"},{"v":41.49526668,"d":"41.50"},0,"0_10811001_226",{"v":341.781784189,"d":"341.78"},{"v":0,"d":"0.00"},{"v":41.49526668,"d":"41.50"},{"v":0,"d":"0.00"},"0_10811001_226_57721","G",{"v":0.154130989953,"d":"0.15"},{"v":0.000450963149832,"d":"0.00"},{"v":0.0187128361651,"d":"0.02"}]
[1,108,10822,{"v":1736.85818999999,"d":"1,736.86"},1364,{"v":0.78532606,"d":"0.79"},"M",430,10822000,{"v":1736.8581902,"d":"1,736.86"},1364,{"v":0.78532606,"d":"0.79"},{"v":0,"d":"0.00"},{"v":0.905906425,"d":"0.91"},{"v":1235.656363,"d":"1,235.66"},{"v":128.343636599999,"d":"128.34"},0,"0_10822000_253",{"v":1581.80479755,"d":"1,581.80"},{"v":0,"d":"0.00"},{"v":128.343636599999,"d":"128.34"},{"v":0,"d":"0.00"},"0_10822000_253_57987","D",{"v":3.90215097564,"d":"3.90"},{"v":2.46689792678E-3,"d":"0.00"},{"v":0.316610651044,"d":"0.32"}]
[1,109,10909,{"v":1386.796147,"d":"1,386.80"},1154,{"v":0.832133838,"d":"0.83"},"M",420,10909000,{"v":1386.79614738999,"d":"1,386.80"},1154,{"v":0.832133838,"d":"0.83"},{"v":0,"d":"0.00"},{"v":0.920429496,"d":"0.92"},{"v":1062.17563799999,"d":"1,062.18"},{"v":91.8243618,"d":"91.82"},0,"0_10909000_290",{"v":1188.08182297999,"d":"1,188.08"},{"v":0,"d":"0.00"},{"v":91.8243618,"d":"91.82"},{"v":0,"d":"0.00"},"0_10909000_290_58378","außerhalb GKL",{"v":0.0679018170932,"d":"0.07"},{"v":5.7152475343e-05,"d":"0.00"},{"v":0.00524798957365,"d":"0.01"}]
[1,109,10916,{"v":4435.736909,"d":"4,435.74"},2444,{"v":0.550979477,"d":"0.55"}," ",420,10916000,{"v":1236.74876300999,"d":"1,236.75"},1123,{"v":0.908025974,"d":"0.91"},{"v":0,"d":"0.00"},{"v":0.920429496,"d":"0.92"},{"v":1033.64232399999,"d":"1,033.64"},{"v":89.35767617,"d":"89.36"},0,"0_10916000_309",{"v":1091.19281137999,"d":"1,091.19"},{"v":0,"d":"0.00"},{"v":89.35767617,"d":"89.36"},{"v":0,"d":"0.00"},"0_10916000_309_58496","F",{"v":4.25107383782,"d":"4.25"},{"v":0.00389580447514,"d":"0.00"},{"v":0.348120034711,"d":"0.35"}]
[1,109,10920,{"v":1612.12152999999,"d":"1,612.12"},1649,{"v":1.022875738,"d":"1.02"},"M",220,10920000,{"v":1612.12152979,"d":"1,612.12"},1649,{"v":1.022875738,"d":"1.02"},{"v":0,"d":"0.00"},{"v":0.975109986,"d":"0.98"},{"v":1607.956367,"d":"1,607.96"},{"v":41.04363286,"d":"41.04"},0,"0_10920000_326",{"v":1442.02007342999,"d":"1,442.02"},{"v":0,"d":"0.00"},{"v":41.04363286,"d":"41.04"},{"v":0,"d":"0.00"},"0_10920000_326_58730","E",{"v":0.0405831707058,"d":"0.04"},{"v":2.8143277236E-5,"d":"0.00"},{"v":1.15510233834E-3,"d":"0.00"}]
[2,201,20101,{"v":12003.30138,"d":"12,003.30"},101300,{"v":8.439344879,"d":"8.44"},"SR",101,20101391,{"v":14.3042029842,"d":"14.30"},1194,{"v":83.47196983,"d":"83.47"},{"v":0,"d":"0.00"},{"v":0.965932983,"d":"0.97"},{"v":1153.32398199999,"d":"1,153.32"},{"v":40.6760182599999,"d":"40.68"},0,"0_20101391_404",{"v":1.69657330185,"d":"1.70"},{"v":0,"d":"0.00"},{"v":40.6760182599999,"d":"40.68"},{"v":0,"d":"0.00"},"0_20101391_404_59261","C",{"v":0.590312700069,"d":"0.59"},{"v":0.347944117372,"d":"0.35"},{"v":14.1529812717,"d":"14.15"}]
[2,201,20101,{"v":12003.30138,"d":"12,003.30"},101300,{"v":8.439344879,"d":"8.44"},"SR",101,20101501,{"v":112.965745839999,"d":"112.97"},587,{"v":5.196265431,"d":"5.20"},{"v":0,"d":"0.00"},{"v":0.965932983,"d":"0.97"},{"v":567.002660999999,"d":"567.00"},{"v":19.99733896,"d":"20.00"},0,"0_20101501_418",{"v":81.6629293872999,"d":"81.66"},{"v":0,"d":"0.00"},{"v":19.99733896,"d":"20.00"},{"v":0,"d":"0.00"},"0_20101501_418_59391","E",{"v":0.58396739166,"d":"0.58"},{"v":0.00715094836839,"d":"0.01"},{"v":0.142999938408,"d":"0.14"}]
[2,201,20101,{"v":12003.30138,"d":"12,003.30"},101300,{"v":8.439344879,"d":"8.44"},"SR",101,20101700,{"v":41.6102781132999,"d":"41.61"},832,{"v":19.99505982,"d":"20.00"},{"v":0,"d":"0.00"},{"v":0.965932983,"d":"0.97"},{"v":803.6562419,"d":"803.66"},{"v":28.34375812,"d":"28.34"},0,"0_20101700_454",{"v":7.3551053583,"d":"7.36"},{"v":0,"d":"0.00"},{"v":28.34375812,"d":"28.34"},{"v":0,"d":"0.00"},"0_20101700_454_59717","G",{"v":0.00162782160999,"d":"0.00"},{"v":0.000221318598537,"d":"0.00"},{"v":0.00627300082439,"d":"0.01"}]
[2,202,20201,{"v":13490.3313699999,"d":"13,490.33"},62882,{"v":4.6612643,"d":"4.66"},"SR",102,20201000,{"v":12.243492535,"d":"12.24"},688,{"v":56.19311631,"d":"56.19"},{"v":0,"d":"0.00"},{"v":0.973029842,"d":"0.97"},{"v":669.444530999999,"d":"669.44"},{"v":18.5554690099999,"d":"18.56"},0,"0_20201000_471",{"v":0.569727131508,"d":"0.57"},{"v":0,"d":"0.00"},{"v":18.5554690099999,"d":"18.56"},{"v":0,"d":"0.00"},"0_20201000_471_59974","B",{"v":0.0518581389797,"d":"0.05"},{"v":0.091022765306,"d":"0.09"},{"v":1.68897010084,"d":"1.69"}]
[2,202,20201,{"v":13490.3313699999,"d":"13,490.33"},62882,{"v":4.6612643,"d":"4.66"},"SR",102,20201222,{"v":621.594064659999,"d":"621.59"},1571,{"v":2.52737291,"d":"2.53"},{"v":0,"d":"0.00"},{"v":0.973029842,"d":"0.97"},{"v":1528.629881,"d":"1,528.63"},{"v":42.37011892,"d":"42.37"},0,"0_20201222_504",{"v":496.742143377999,"d":"496.74"},{"v":0,"d":"0.00"},{"v":42.37011892,"d":"42.37"},{"v":0,"d":"0.00"},"0_20201222_504_60374","F",{"v":0.226554426181,"d":"0.23"},{"v":4.56080542392E-4,"d":"0.00"},{"v":0.0193241868182,"d":"0.02"}]
[2,203,20305,{"v":20535.02271,"d":"20,535.02"},6886,{"v":0.335329554,"d":"0.34"},"ST",430,20305000,{"v":260.851735243,"d":"260.85"},1765,{"v":6.766295798,"d":"6.77"},{"v":0,"d":"0.00"},{"v":0.905906425,"d":"0.91"},{"v":1598.92483999999,"d":"1,598.92"},{"v":166.075160299999,"d":"166.08"},0,"0_20305000_518",{"v":142.388211794999,"d":"142.39"},{"v":0,"d":"0.00"},{"v":166.075160299999,"d":"166.08"},{"v":0,"d":"0.00"},"0_20305000_518_60739","F",{"v":0.35734731819,"d":"0.36"},{"v":2.50966926043E-3,"d":"0.00"},{"v":0.416793724726,"d":"0.42"}]
[2,204,20403,{"v":7184.04343799999,"d":"7,184.04"},2474,{"v":0.34437431,"d":"0.34"},"M",310,20403000,{"v":5129.91468756999,"d":"5,129.91"},1704,{"v":0.332169267,"d":"0.33"},{"v":0,"d":"0.00"},{"v":0.969116244,"d":"0.97"},{"v":1651.37407899999,"d":"1,651.37"},{"v":52.6259208199999,"d":"52.63"},0,"0_20403000_550",{"v":4913.33601601,"d":"4,913.34"},{"v":0,"d":"0.00"},{"v":52.6259208199999,"d":"52.63"},{"v":0,"d":"0.00"},"0_20403000_550_61035","F",{"v":4.12225522056,"d":"4.12"},{"v":0.000838993141753,"d":"0.00"},{"v":0.0441527866464,"d":"0.04"}]
[2,204,20405,{"v":11731.2307799999,"d":"11,731.23"},7123,{"v":0.607182668,"d":"0.61"},"ST",410,20405005,{"v":3171.22660626,"d":"3,171.23"},420,{"v":0.132440867,"d":"0.13"},{"v":0,"d":"0.00"},{"v":0.921559671,"d":"0.92"},{"v":387.0550617,"d":"387.06"},{"v":32.94493829,"d":"32.94"},0,"0_20405005_557",{"v":3147.02005443,"d":"3,147.02"},{"v":0,"d":"0.00"},{"v":32.94493829,"d":"32.94"},{"v":0,"d":"0.00"},"0_20405005_557_61198","G",{"v":2.21324847071,"d":"2.21"},{"v":0.000703283878854,"d":"0.00"},{"v":0.0231696439892,"d":"0.02"}]
[2,204,20421,{"v":3675.652472,"d":"3,675.65"},4478,{"v":1.218287103,"d":"1.22"},"M",310,20421001,{"v":1767.39054833999,"d":"1,767.39"},1525,{"v":0.862853998,"d":"0.86"},{"v":0,"d":"0.00"},{"v":0.969116244,"d":"0.97"},{"v":1477.902272,"d":"1,477.90"},{"v":47.0977284299999,"d":"47.10"},0,"0_20421001_578",{"v":1708.39914214,"d":"1,708.40"},{"v":0,"d":"0.00"},{"v":47.0977284299999,"d":"47.10"},{"v":0,"d":"0.00"},"0_20421001_578_61692","außerhalb GKL",{"v":0.136363865033,"d":"0.14"},{"v":7.9819675431e-05,"d":"0.00"},{"v":0.00375932539684,"d":"0.00"}]
[2,205,20501,{"v":1227.08384299999,"d":"1,227.08"},4715,{"v":3.842443227,"d":"3.84"},"ST",210,20501000,{"v":363.573907205,"d":"363.57"},1984,{"v":5.456937257,"d":"5.46"},{"v":0,"d":"0.00"},{"v":0.955942851,"d":"0.96"},{"v":1896.590617,"d":"1,896.59"},{"v":87.4093829199999,"d":"87.41"},0,"0_20501000_593",{"v":260.557245713999,"d":"260.56"},{"v":0,"d":"0.00"},{"v":87.4093829199999,"d":"87.41"},{"v":0,"d":"0.00"},"0_20501000_593_61963","F",{"v":2.20184105568,"d":"2.20"},{"v":0.00845050787072,"d":"0.01"},{"v":0.73865367834,"d":"0.74"}]
[2,205,20512,{"v":4962.91867199999,"d":"4,962.92"},1939,{"v":0.390697517,"d":"0.39"}," ",410,20512000,{"v":4962.91867233999,"d":"4,962.92"},1939,{"v":0.390697517,"d":"0.39"},{"v":0,"d":"0.00"},{"v":0.921559671,"d":"0.92"},{"v":1786.90420199999,"d":"1,786.90"},{"v":152.0957984,"d":"152.10"},0,"0_20512000_619",{"v":4854.52517740999,"d":"4,854.53"},{"v":0,"d":"0.00"},{"v":152.0957984,"d":"152.10"},{"v":0,"d":"0.00"},"0_20512000_619_62349","außerhalb GKL",{"v":67.8884962232999,"d":"67.89"},{"v":0.0139845801067,"d":"0.01"},{"v":2.12699587662,"d":"2.13"}]
[2,205,20523,{"v":6984.303966,"d":"6,984.30"},3576,{"v":0.512005207,"d":"0.51"}," ",410,20523000,{"v":2925.03223002999,"d":"2,925.03"},2068,{"v":0.707000757,"d":"0.71"},{"v":0,"d":"0.00"},{"v":0.921559671,"d":"0.92"},{"v":1905.785399,"d":"1,905.79"},{"v":162.214600899999,"d":"162.21"},0,"0_20523000_631",{"v":2685.69521120999,"d":"2,685.70"},{"v":0,"d":"0.00"},{"v":162.214600899999,"d":"162.21"},{"v":0,"d":"0.00"},"0_20523000_631_62679","G",{"v":29.6984177583,"d":"29.70"},{"v":0.011058000042,"d":"0.01"},{"v":1.79376906357,"d":"1.79"}]
[2,205,20530,{"v":9743.38289199999,"d":"9,743.38"},2011,{"v":0.206396487,"d":"0.21"},"ST",410,20530001,{"v":9341.84729764999,"d":"9,341.85"},795,{"v":0.085100941,"d":"0.09"},{"v":0,"d":"0.00"},{"v":0.921559671,"d":"0.92"},{"v":732.639938199999,"d":"732.64"},{"v":62.36006176,"d":"62.36"},0,"0_20530001_645",{"v":9282.55021531999,"d":"9,282.55"},{"v":0,"d":"0.00"},{"v":62.36006176,"d":"62.36"},{"v":0,"d":"0.00"},"0_20530001_645_62982","F",{"v":0.0397105778106,"d":"0.04"},{"v":4.277981469E-6,"d":"0.00"},{"v":0.000266775188644,"d":"0.00"}]
[2,205,20531,{"v":9579.674123,"d":"9,579.67"},2032,{"v":0.212115775,"d":"0.21"},"M",430,20531002,{"v":8726.68307613999,"d":"8,726.68"},989,{"v":0.113330574,"d":"0.11"},{"v":0,"d":"0.00"},{"v":0.905906425,"d":"0.91"},{"v":895.941454099999,"d":"895.94"},{"v":93.0585458999999,"d":"93.06"},0,"0_20531002_648",{"v":8652.54086341999,"d":"8,652.54"},{"v":0,"d":"0.00"},{"v":93.0585458999999,"d":"93.06"},{"v":0,"d":"0.00"},"0_20531002_648_63031","F",{"v":8.41109691372,"d":"8.41"},{"v":0.000972095601337,"d":"0.00"},{"v":0.0904618031362,"d":"0.09"}]
[2,206,20630,{"v":8929.444867,"d":"8,929.44"},5782,{"v":0.647520656,"d":"0.65"},"ST",410,20630003,{"v":336.459541269999,"d":"336.46"},1261,{"v":3.747850322,"d":"3.75"},{"v":0,"d":"0.00"},{"v":0.921559671,"d":"0.92"},{"v":1162.086745,"d":"1,162.09"},{"v":98.91325519,"d":"98.91"},0,"0_20630003_688",{"v":195.797325387,"d":"195.80"},{"v":0,"d":"0.00"},{"v":98.91325519,"d":"98.91"},{"v":0,"d":"0.00"},"0_20630003_688_63491","G",{"v":2.73843060931,"d":"2.74"},{"v":0.0139860470714,"d":"0.01"},{"v":1.38340544307,"d":"1.38"}]
[2,206,20634,{"v":4443.83202199999,"d":"4,443.83"},6506,{"v":1.464051739,"d":"1.46"},"M",410,20634001,{"v":403.751084805,"d":"403.75"},2404,{"v":5.954163569,"d":"5.95"},{"v":0,"d":"0.00"},{"v":0.921559671,"d":"0.92"},{"v":2215.42944799999,"d":"2,215.43"},{"v":188.570551499999,"d":"188.57"},0,"0_20634001_700",{"v":225.138148427999,"d":"225.14"},{"v":0,"d":"0.00"},{"v":188.570551499999,"d":"188.57"},{"v":0,"d":"0.00"},"0_20634001_700_63688","F",{"v":0.766639142612,"d":"0.77"},{"v":3.40519431276E-3,"d":"0.00"},{"v":0.642119369522,"d":"0.64"}]
[2,206,20635,{"v":4856.689183,"d":"4,856.69"},15300,{"v":3.150294248,"d":"3.15"},"ST",103,20635021,{"v":1466.84289863,"d":"1,466.84"},771,{"v":0.525618661,"d":"0.53"},{"v":0,"d":"0.00"},{"v":0.975480312,"d":"0.98"},{"v":752.095320499999,"d":"752.10"},{"v":18.90467947,"d":"18.90"},0,"0_20635021_715",{"v":1395.82343055,"d":"1,395.82"},{"v":0,"d":"0.00"},{"v":18.90467947,"d":"18.90"},{"v":0,"d":"0.00"},"0_20635021_715_63950","G",{"v":0.0296901579986,"d":"0.03"},{"v":2.127071186e-05,"d":"0.00"},{"v":0.000402115989812,"d":"0.00"}]
[2,207,20705,{"v":4473.541704,"d":"4,473.54"},2179,{"v":0.487086104,"d":"0.49"},"M",310,20705001,{"v":764.881344679999,"d":"764.88"},662,{"v":0.86549372,"d":"0.87"},{"v":0,"d":"0.00"},{"v":0.969116244,"d":"0.97"},{"v":641.554953299999,"d":"641.55"},{"v":20.4450466999999,"d":"20.45"},0,"0_20705001_739",{"v":672.974317206,"d":"672.97"},{"v":0,"d":"0.00"},{"v":20.4450466999999,"d":"20.45"},{"v":0,"d":"0.00"},"0_20705001_739_64345","G",{"v":0.0575638025978,"d":"0.06"},{"v":8.5536403286e-05,"d":"0.00"},{"v":0.00174879575974,"d":"0.00"}]
[2,207,20719,{"v":4272.29395899999,"d":"4,272.29"},2271,{"v":0.531564546,"d":"0.53"},"M",410,20719001,{"v":1673.14793011,"d":"1,673.15"},941,{"v":0.562412912,"d":"0.56"},{"v":0,"d":"0.00"},{"v":0.921559671,"d":"0.92"},{"v":867.1876502,"d":"867.19"},{"v":73.81234983,"d":"73.81"},0,"0_20719001_758",{"v":1524.09660069,"d":"1,524.10"},{"v":0,"d":"0.00"},{"v":73.81234983,"d":"73.81"},{"v":0,"d":"0.00"},"0_20719001_758_64675","außerhalb GKL",{"v":0.726192109104,"d":"0.73"},{"v":0.000476473806697,"d":"0.00"},{"v":0.0351696513048,"d":"0.04"}]
[2,207,20724,{"v":7103.98807599999,"d":"7,103.99"},4462,{"v":0.628097901,"d":"0.63"},"M",310,20724000,{"v":198.860021885,"d":"198.86"},1298,{"v":6.527204351,"d":"6.53"},{"v":0,"d":"0.00"},{"v":0.969116244,"d":"0.97"},{"v":1257.912884,"d":"1,257.91"},{"v":40.08711574,"d":"40.09"},0,"0_20724000_772",{"v":100.834327572999,"d":"100.83"},{"v":0,"d":"0.00"},{"v":40.08711574,"d":"40.09"},{"v":0,"d":"0.00"},"0_20724000_772_64969","außerhalb GKL",{"v":0.819700889748,"d":"0.82"},{"v":0.00812918486668,"d":"0.01"},{"v":0.325875574622,"d":"0.33"}]
[2,207,20726,{"v":4916.92597099999,"d":"4,916.93"},2919,{"v":0.593663606,"d":"0.59"},"M",310,20726001,{"v":1374.24456359999,"d":"1,374.24"},739,{"v":0.53774999,"d":"0.54"},{"v":0,"d":"0.00"},{"v":0.969116244,"d":"0.97"},{"v":716.1769041,"d":"716.18"},{"v":22.82309594,"d":"22.82"},0,"0_20726001_784",{"v":1287.01501538999,"d":"1,287.02"},{"v":0,"d":"0.00"},{"v":22.82309594,"d":"22.82"},{"v":0,"d":"0.00"},"0_20726001_784_65332","F",{"v":10.0152484475999,"d":"10.02"},{"v":0.00778176503602,"d":"0.01"},{"v":0.17760397,"d":"0.18"}]
[2,208,20804,{"v":19946.6122099999,"d":"19,946.61"},2272,{"v":0.113904054,"d":"0.11"},"M",430,20804001,{"v":15881.0975593,"d":"15,881.10"},888,{"v":0.055915531,"d":"0.06"},{"v":0,"d":"0.00"},{"v":0.905906425,"d":"0.91"},{"v":804.444905199999,"d":"804.44"},{"v":83.5550948,"d":"83.56"},0,"0_20804001_800",{"v":15773.9600492999,"d":"15,773.96"},{"v":0,"d":"0.00"},{"v":83.5550948,"d":"83.56"},{"v":0,"d":"0.00"},"0_20804001_800_65734","G",{"v":5.42397967663,"d":"5.42"},{"v":0.000343856562314,"d":"0.00"},{"v":0.0287309676617,"d":"0.03"}]
[2,208,20813,{"v":4108.09092799999,"d":"4,108.09"},4480,{"v":1.090530877,"d":"1.09"}," ",410,20813000,{"v":1563.92785221999,"d":"1,563.93"},2326,{"v":1.487280885,"d":"1.49"},{"v":0,"d":"0.00"},{"v":0.921559671,"d":"0.92"},{"v":2143.547794,"d":"2,143.55"},{"v":182.4522058,"d":"182.45"},0,"0_20813000_814",{"v":1288.78288328,"d":"1,288.78"},{"v":0,"d":"0.00"},{"v":182.4522058,"d":"182.45"},{"v":0,"d":"0.00"},"0_20813000_814_65993","F",{"v":9.3176241394e-05,"d":"0.00"},{"v":7.2297858e-08,"d":"0.00"},{"v":1.3190903597E-5,"d":"0.00"}]
[2,208,20817,{"v":13743.7979599999,"d":"13,743.80"},10899,{"v":0.793012239,"d":"0.79"},"ST",210,20817004,{"v":2864.16088743,"d":"2,864.16"},1280,{"v":0.446902269,"d":"0.45"},{"v":0,"d":"0.00"},{"v":0.955942851,"d":"0.96"},{"v":1223.60684999999,"d":"1,223.61"},{"v":56.39315027,"d":"56.39"},0,"0_20817004_822",{"v":2820.96751197,"d":"2,820.97"},{"v":0,"d":"0.00"},{"v":56.39315027,"d":"56.39"},{"v":0,"d":"0.00"},"0_20817004_822_66193","G",{"v":8.76737877107,"d":"8.77"},{"v":0.0031079332654,"d":"0.00"},{"v":0.175266147665,"d":"0.18"}]
[2,209,20913,{"v":11358.7934299999,"d":"11,358.79"},9873,{"v":0.869194432,"d":"0.87"},"ST",410,20913011,{"v":535.21326753,"d":"535.21"},860,{"v":1.606836101,"d":"1.61"},{"v":0,"d":"0.00"},{"v":0.921559671,"d":"0.92"},{"v":792.5413168,"d":"792.54"},{"v":67.45868316,"d":"67.46"},0,"0_20913011_851",{"v":449.371930277999,"d":"449.37"},{"v":0,"d":"0.00"},{"v":67.45868316,"d":"67.46"},{"v":0,"d":"0.00"},"0_20913011_851_66650","E",{"v":0.263461479597,"d":"0.26"},{"v":0.000586288243313,"d":"0.00"},{"v":0.0395502328461,"d":"0.04"}]
[2,209,20923,{"v":27863.0530499999,"d":"27,863.05"},25025,{"v":0.898142783,"d":"0.90"},"ST",103,20923012,{"v":130.982465955,"d":"130.98"},1538,{"v":11.74202966,"d":"11.74"},{"v":0,"d":"0.00"},{"v":0.975480312,"d":"0.98"},{"v":1500.28872,"d":"1,500.29"},{"v":37.7112801999999,"d":"37.71"},0,"0_20923012_873",{"v":46.2486622314999,"d":"46.25"},{"v":0,"d":"0.00"},{"v":37.7112801999999,"d":"37.71"},{"v":0,"d":"0.00"},"0_20923012_873_66958","G",{"v":0.432164350746,"d":"0.43"},{"v":0.00934436435335,"d":"0.01"},{"v":0.35238794242,"d":"0.35"}]
[2,209,20923,{"v":27863.0530499999,"d":"27,863.05"},25025,{"v":0.898142783,"d":"0.90"},"ST",103,20923014,{"v":92.7468094249999,"d":"92.75"},574,{"v":6.188892142,"d":"6.19"},{"v":0,"d":"0.00"},{"v":0.975480312,"d":"0.98"},{"v":559.925699099999,"d":"559.93"},{"v":14.07430093,"d":"14.07"},0,"0_20923014_875",{"v":48.9314103023,"d":"48.93"},{"v":0,"d":"0.00"},{"v":14.07430093,"d":"14.07"},{"v":0,"d":"0.00"},"0_20923014_875_67002","F",{"v":2.09338038667,"d":"2.09"},{"v":0.0427819344208,"d":"0.04"},{"v":0.602125819406,"d":"0.60"}]
[2,210,21001,{"v":9946.341445,"d":"9,946.34"},983,{"v":0.098830309,"d":"0.10"}," ",420,21001000,{"v":9946.34144458,"d":"9,946.34"},983,{"v":0.098830309,"d":"0.10"},{"v":0,"d":"0.00"},{"v":0.920429496,"d":"0.92"},{"v":904.782194399999,"d":"904.78"},{"v":78.2178055899999,"d":"78.22"},0,"0_21001000_899",{"v":9864.17957326,"d":"9,864.18"},{"v":0,"d":"0.00"},{"v":78.2178055899999,"d":"78.22"},{"v":0,"d":"0.00"},"0_21001000_899_67332","außerhalb GKL",{"v":9648.87328806,"d":"9,648.87"},{"v":0.978172915081,"d":"0.98"},{"v":76.5105389051999,"d":"76.51"}]
[2,210,21005,{"v":5688.216722,"d":"5,688.22"},2273,{"v":0.399597995,"d":"0.40"}," ",420,21005001,{"v":3592.18263961999,"d":"3,592.18"},1074,{"v":0.298982571,"d":"0.30"},{"v":0,"d":"0.00"},{"v":0.920429496,"d":"0.92"},{"v":988.541278499999,"d":"988.54"},{"v":85.45872147,"d":"85.46"},0,"0_21005001_914",{"v":3524.37274501999,"d":"3,524.37"},{"v":0,"d":"0.00"},{"v":85.45872147,"d":"85.46"},{"v":0,"d":"0.00"},"0_21005001_914_67671","außerhalb GKL",{"v":0.0202018851841,"d":"0.02"},{"v":5.732051246e-06,"d":"0.00"},{"v":0.000489853770875,"d":"0.00"}]
[3,318,31803,{"v":8169.62843499999,"d":"8,169.63"},1855,{"v":0.22706051,"d":"0.23"}," ",410,31803000,{"v":4253.22972546999,"d":"4,253.23"},1373,{"v":0.322813506,"d":"0.32"},{"v":0,"d":"0.00"},{"v":0.921559671,"d":"0.92"},{"v":1265.30142799999,"d":"1,265.30"},{"v":107.6985721,"d":"107.70"},0,"0_31803000_2438",{"v":4146.65381273,"d":"4,146.65"},{"v":0,"d":"0.00"},{"v":107.6985721,"d":"107.70"},{"v":0,"d":"0.00"},"0_31803000_2438_67989","G",{"v":7.12924615696,"d":"7.13"},{"v":0.00171927691072,"d":"0.00"},{"v":0.185163668329,"d":"0.19"}]
[3,323,32302,{"v":1359.559218,"d":"1,359.56"},729,{"v":0.536203197,"d":"0.54"}," ",430,32302000,{"v":1359.55921841999,"d":"1,359.56"},729,{"v":0.536203197,"d":"0.54"},{"v":0,"d":"0.00"},{"v":0.905906425,"d":"0.91"},{"v":660.4057837,"d":"660.41"},{"v":68.59421634,"d":"68.59"},0,"0_32302000_2934",{"v":1284.16352669999,"d":"1,284.16"},{"v":0,"d":"0.00"},{"v":68.59421634,"d":"68.59"},{"v":0,"d":"0.00"},"0_32302000_2934_68436","G",{"v":1.43842171357,"d":"1.44"},{"v":0.00112012347623,"d":"0.00"},{"v":0.076833992056,"d":"0.08"}]
[4,407,40702,{"v":11226.27109,"d":"11,226.27"},7560,{"v":0.673420403,"d":"0.67"},"M",420,40702003,{"v":2017.7654792,"d":"2,017.77"},821,{"v":0.40688574,"d":"0.41"},{"v":0,"d":"0.00"},{"v":0.920429496,"d":"0.92"},{"v":755.6726161,"d":"755.67"},{"v":65.32738392,"d":"65.33"},0,"0_40702003_3613",{"v":1913.69276302,"d":"1,913.69"},{"v":0,"d":"0.00"},{"v":65.32738392,"d":"65.33"},{"v":0,"d":"0.00"},"0_40702003_3613_68646","F",{"v":18.0289381155999,"d":"18.03"},{"v":0.00942102016791,"d":"0.01"},{"v":0.615450601427,"d":"0.62"}]
[5,502,50201,{"v":18691.87758,"d":"18,691.88"},5886,{"v":0.314896135,"d":"0.31"},"M",430,50201000,{"v":331.440825265,"d":"331.44"},2587,{"v":7.805314864,"d":"7.81"},{"v":0,"d":"0.00"},{"v":0.905906425,"d":"0.91"},{"v":2343.579921,"d":"2,343.58"},{"v":243.4200791,"d":"243.42"},0,"0_50201000_4493",{"v":193.500104555999,"d":"193.50"},{"v":0,"d":"0.00"},{"v":243.4200791,"d":"243.42"},{"v":0,"d":"0.00"},"0_50201000_4493_68945","außerhalb GKL",{"v":2.27195067216,"d":"2.27"},{"v":0.0117413407986,"d":"0.01"},{"v":2.85807810594,"d":"2.86"}]
[5,504,50408,{"v":11732.7951099999,"d":"11,732.80"},2876,{"v":0.245124881,"d":"0.25"}," ",420,50408000,{"v":10370.9197349,"d":"10,370.92"},1746,{"v":0.168355367,"d":"0.17"},{"v":0,"d":"0.00"},{"v":0.920429496,"d":"0.92"},{"v":1607.06989999999,"d":"1,607.07"},{"v":138.930100299999,"d":"138.93"},0,"0_50408000_4649",{"v":10215.5706122999,"d":"10,215.57"},{"v":0,"d":"0.00"},{"v":138.930100299999,"d":"138.93"},{"v":0,"d":"0.00"},"0_50408000_4649_69303","G",{"v":11.0231966624,"d":"11.02"},{"v":1.07905833954E-3,"d":"0.00"},{"v":0.149913683342,"d":"0.15"}]
[5,505,50509,{"v":6882.627743,"d":"6,882.63"},3512,{"v":0.510270224,"d":"0.51"},"M",410,50509000,{"v":263.668543805,"d":"263.67"},2129,{"v":8.074531642,"d":"8.07"},{"v":0,"d":"0.00"},{"v":0.921559671,"d":"0.92"},{"v":1962.00053899999,"d":"1,962.00"},{"v":166.999460999999,"d":"167.00"},0,"0_50509000_4691",{"v":124.902817955,"d":"124.90"},{"v":0,"d":"0.00"},{"v":166.999460999999,"d":"167.00"},{"v":0,"d":"0.00"},"0_50509000_4691_69710","F",{"v":0.062969392425,"d":"0.06"},{"v":0.000504147091763,"d":"0.00"},{"v":0.0841922925891,"d":"0.08"}]
[6,601,60101,{"v":12748.25746,"d":"12,748.26"},291072,{"v":22.83229696,"d":"22.83"},"SR",101,60101071,{"v":45.8799585248999,"d":"45.88"},761,{"v":16.58676303,"d":"16.59"},{"v":0,"d":"0.00"},{"v":0.965932983,"d":"0.97"},{"v":735.0750001,"d":"735.08"},{"v":25.92499992,"d":"25.92"},0,"0_60101071_4777",{"v":11.6262281166,"d":"11.63"},{"v":0,"d":"0.00"},{"v":25.92499992,"d":"25.92"},{"v":0,"d":"0.00"},"0_60101071_4777_69964","C",{"v":4.50826139042,"d":"4.51"},{"v":0.387766466063,"d":"0.39"},{"v":10.0528456017,"d":"10.05"}]
[6,601,60101,{"v":12748.25746,"d":"12,748.26"},291072,{"v":22.83229696,"d":"22.83"},"SR",101,60101241,{"v":11.8006711801,"d":"11.80"},1119,{"v":94.82511485,"d":"94.83"},{"v":0,"d":"0.00"},{"v":0.965932983,"d":"0.97"},{"v":1080.879008,"d":"1,080.88"},{"v":38.12099199,"d":"38.12"},0,"0_60101241_4831",{"v":0.655793673316,"d":"0.66"},{"v":0,"d":"0.00"},{"v":38.12099199,"d":"38.12"},{"v":0,"d":"0.00"},"0_60101241_4831_70290","A",{"v":1.81884758716E-3,"d":"0.00"},{"v":0.00277350584668,"d":"0.00"},{"v":0.105728794166,"d":"0.11"}]
[6,601,60101,{"v":12748.25746,"d":"12,748.26"},291072,{"v":22.83229696,"d":"22.83"},"SR",101,60101321,{"v":98.6811534100999,"d":"98.68"},1476,{"v":14.95726336,"d":"14.96"},{"v":0,"d":"0.00"},{"v":0.965932983,"d":"0.97"},{"v":1425.717083,"d":"1,425.72"},{"v":50.28291705,"d":"50.28"},0,"0_60101321_4849",{"v":57.1939698571,"d":"57.19"},{"v":0,"d":"0.00"},{"v":50.28291705,"d":"50.28"},{"v":0,"d":"0.00"},"0_60101321_4849_70423","B",{"v":0.170809636258,"d":"0.17"},{"v":0.00298649729482,"d":"0.00"},{"v":0.150169795745,"d":"0.15"}]
[6,601,60101,{"v":12748.25746,"d":"12,748.26"},291072,{"v":22.83229696,"d":"22.83"},"SR",101,60101363,{"v":377.354726024999,"d":"377.35"},2658,{"v":7.043770269,"d":"7.04"},{"v":0,"d":"0.00"},{"v":0.965932983,"d":"0.97"},{"v":2567.449869,"d":"2,567.45"},{"v":90.5501311099999,"d":"90.55"},0,"0_60101363_4863",{"v":189.696432555,"d":"189.70"},{"v":0,"d":"0.00"},{"v":90.5501311099999,"d":"90.55"},{"v":0,"d":"0.00"},"0_60101363_4863_70642","D",{"v":0.11439782313,"d":"0.11"},{"v":0.000603057324743,"d":"0.00"},{"v":0.0546069198223,"d":"0.05"}]
[6,601,60101,{"v":12748.25746,"d":"12,748.26"},291072,{"v":22.83229696,"d":"22.83"},"SR",101,60101444,{"v":809.968144625,"d":"809.97"},1503,{"v":1.855628533,"d":"1.86"},{"v":0,"d":"0.00"},{"v":0.965932983,"d":"0.97"},{"v":1451.79727299999,"d":"1,451.80"},{"v":51.2027265099999,"d":"51.20"},0,"0_60101444_4881",{"v":704.022513214,"d":"704.02"},{"v":0,"d":"0.00"},{"v":51.2027265099999,"d":"51.20"},{"v":0,"d":"0.00"},"0_60101444_4881_71188","D",{"v":0.046388714458,"d":"0.05"},{"v":6.5890953183e-05,"d":"0.00"},{"v":0.00337379645532,"d":"0.00"}]
[6,601,60101,{"v":12748.25746,"d":"12,748.26"},291072,{"v":22.83229696,"d":"22.83"},"SR",101,60101461,{"v":117.861063639999,"d":"117.86"},3781,{"v":32.0801449,"d":"32.08"},{"v":0,"d":"0.00"},{"v":0.965932983,"d":"0.97"},{"v":3652.192609,"d":"3,652.19"},{"v":128.8073912,"d":"128.81"},0,"0_60101461_4887",{"v":22.2921823197999,"d":"22.29"},{"v":0,"d":"0.00"},{"v":128.8073912,"d":"128.81"},{"v":0,"d":"0.00"},"0_60101461_4887_71303","E",{"v":0.24134771751,"d":"0.24"},{"v":0.0108265630546,"d":"0.01"},{"v":1.39454134273,"d":"1.39"}]
[6,601,60101,{"v":12748.25746,"d":"12,748.26"},291072,{"v":22.83229696,"d":"22.83"},"SR",101,60101531,{"v":790.405051699999,"d":"790.41"},1738,{"v":2.198872586,"d":"2.20"},{"v":0,"d":"0.00"},{"v":0.965932983,"d":"0.97"},{"v":1678.791525,"d":"1,678.79"},{"v":59.2084754999999,"d":"59.21"},0,"0_60101531_4902",{"v":667.896108378999,"d":"667.90"},{"v":0,"d":"0.00"},{"v":59.2084754999999,"d":"59.21"},{"v":0,"d":"0.00"},"0_60101531_4902_71647","E",{"v":3.6857996015,"d":"3.69"},{"v":0.0055185223499,"d":"0.01"},{"v":0.32674329535,"d":"0.33"}]
[6,601,60101,{"v":12748.25746,"d":"12,748.26"},291072,{"v":22.83229696,"d":"22.83"},"SR",101,60101650,{"v":617.833086374999,"d":"617.83"},4903,{"v":7.935800313,"d":"7.94"},{"v":0,"d":"0.00"},{"v":0.965932983,"d":"0.97"},{"v":4735.96941599999,"d":"4,735.97"},{"v":167.030584199999,"d":"167.03"},0,"0_60101650_4931",{"v":478.110064389,"d":"478.11"},{"v":0,"d":"0.00"},{"v":167.030584199999,"d":"167.03"},{"v":0,"d":"0.00"},"0_60101650_4931_71960","C",{"v":13.4165792389,"d":"13.42"},{"v":0.0280616959111,"d":"0.03"},{"v":4.68716146167,"d":"4.69"}]
[6,603,60305,{"v":1558.526004,"d":"1,558.53"},2930,{"v":1.879981465,"d":"1.88"},"M",210,60305001,{"v":1095.43175319,"d":"1,095.43"},859,{"v":0.784165693,"d":"0.78"},{"v":0,"d":"0.00"},{"v":0.955942851,"d":"0.96"},{"v":821.154909299999,"d":"821.15"},{"v":37.8450906899999,"d":"37.85"},0,"0_60305001_4946",{"v":987.642543609999,"d":"987.64"},{"v":0,"d":"0.00"},{"v":37.8450906899999,"d":"37.85"},{"v":0,"d":"0.00"},"0_60305001_4946_72290","F",{"v":0.217765533203,"d":"0.22"},{"v":0.000220490231625,"d":"0.00"},{"v":0.00834447281211,"d":"0.01"}]
[6,603,60344,{"v":17908.49827,"d":"17,908.50"},11663,{"v":0.651255054,"d":"0.65"},"ST",220,60344002,{"v":188.015600605,"d":"188.02"},920,{"v":4.893210973,"d":"4.89"},{"v":0,"d":"0.00"},{"v":0.975109986,"d":"0.98"},{"v":897.1011872,"d":"897.10"},{"v":22.89881275,"d":"22.90"},0,"0_60344002_4966",{"v":106.028880115,"d":"106.03"},{"v":0,"d":"0.00"},{"v":22.89881275,"d":"22.90"},{"v":0,"d":"0.00"},"0_60344002_4966_72666","G",{"v":33.6510319643,"d":"33.65"},{"v":0.317376095341,"d":"0.32"},{"v":7.26753577854,"d":"7.27"}]
[6,603,60348,{"v":4923.41968499999,"d":"4,923.42"},3579,{"v":0.726933763,"d":"0.73"}," ",410,60348000,{"v":666.119878735,"d":"666.12"},1316,{"v":1.975620368,"d":"1.98"},{"v":0,"d":"0.00"},{"v":0.921559671,"d":"0.92"},{"v":1212.772527,"d":"1,212.77"},{"v":103.2274733,"d":"103.23"},0,"0_60348000_5016",{"v":541.407884151999,"d":"541.41"},{"v":0,"d":"0.00"},{"v":103.2274733,"d":"103.23"},{"v":0,"d":"0.00"},"0_60348000_5016_72947","außerhalb GKL",{"v":492.976869048,"d":"492.98"},{"v":0.910546158411,"d":"0.91"},{"v":93.9933792557999,"d":"93.99"}]
[6,603,60350,{"v":9283.696765,"d":"9,283.70"},8749,{"v":0.942404758,"d":"0.94"},"M",410,60350019,{"v":108.056637905,"d":"108.06"},509,{"v":4.710492663,"d":"4.71"},{"v":0,"d":"0.00"},{"v":0.921559671,"d":"0.92"},{"v":469.0738724,"d":"469.07"},{"v":39.92612759,"d":"39.93"},0,"0_60350019_5047",{"v":65.1063886830999,"d":"65.11"},{"v":0,"d":"0.00"},{"v":39.92612759,"d":"39.93"},{"v":0,"d":"0.00"},"0_60350019_5047_73125","G",{"v":0.42746011476,"d":"0.43"},{"v":0.00656556327891,"d":"0.01"},{"v":0.262137517174,"d":"0.26"}]
[6,606,60617,{"v":1105.788641,"d":"1,105.79"},5242,{"v":4.740508091,"d":"4.74"}," ",101,60617000,{"v":529.674038419999,"d":"529.67"},3424,{"v":6.464353077,"d":"6.46"},{"v":0,"d":"0.00"},{"v":0.965932983,"d":"0.97"},{"v":3307.354534,"d":"3,307.35"},{"v":116.645466099999,"d":"116.65"},0,"0_60617000_5067",{"v":284.737509812999,"d":"284.74"},{"v":0,"d":"0.00"},{"v":116.645466099999,"d":"116.65"},{"v":0,"d":"0.00"},"0_60617000_5067_73604","D",{"v":25.617278791,"d":"25.62"},{"v":0.0899680509527,"d":"0.09"},{"v":10.4943652375,"d":"10.49"}]
[6,606,60624,{"v":1516.00568999999,"d":"1,516.01"},7572,{"v":4.994704208,"d":"4.99"},"M",101,60624000,{"v":512.911521549999,"d":"512.91"},3215,{"v":6.268137612,"d":"6.27"},{"v":0,"d":"0.00"},{"v":0.965932983,"d":"0.97"},{"v":3105.47454,"d":"3,105.47"},{"v":109.5254596,"d":"109.53"},0,"0_60624000_5073",{"v":367.248042143,"d":"367.25"},{"v":0,"d":"0.00"},{"v":109.5254596,"d":"109.53"},{"v":0,"d":"0.00"},"0_60624000_5073_73940","außerhalb GKL",{"v":102.9355695,"d":"102.94"},{"v":0.280288953753,"d":"0.28"},{"v":30.6987764805999,"d":"30.70"}]
[6,606,60628,{"v":1487.38285599999,"d":"1,487.38"},2756,{"v":1.852919031,"d":"1.85"},"M",310,60628000,{"v":1487.38285612,"d":"1,487.38"},2756,{"v":1.852919031,"d":"1.85"},{"v":0,"d":"0.00"},{"v":0.969116244,"d":"0.97"},{"v":2670.88436799999,"d":"2,670.88"},{"v":85.1156325,"d":"85.12"},0,"0_60628000_5079",{"v":1288.04747655999,"d":"1,288.05"},{"v":0,"d":"0.00"},{"v":85.1156325,"d":"85.12"},{"v":0,"d":"0.00"},"0_60628000_5079_74261","außerhalb GKL",{"v":0.0270952984514,"d":"0.03"},{"v":2.1035947001e-05,"d":"0.00"},{"v":0.00179048793421,"d":"0.00"}]
[6,606,60629,{"v":1172.77808899999,"d":"1,172.78"},5225,{"v":4.455233302,"d":"4.46"},"M",310,60629001,{"v":576.51276872,"d":"576.51"},2205,{"v":3.824720144,"d":"3.82"},{"v":0,"d":"0.00"},{"v":0.969116244,"d":"0.97"},{"v":2136.90131699999,"d":"2,136.90"},{"v":68.0986827499999,"d":"68.10"},0,"0_60629001_5081",{"v":413.804251405,"d":"413.80"},{"v":0,"d":"0.00"},{"v":68.0986827499999,"d":"68.10"},{"v":0,"d":"0.00"},"0_60629001_5081_74399","außerhalb GKL",{"v":0.0832876928798,"d":"0.08"},{"v":0.000201273168647,"d":"0.00"},{"v":0.0137064376578,"d":"0.01"}]
[6,606,60646,{"v":2582.685617,"d":"2,582.69"},2935,{"v":1.136413964,"d":"1.14"}," ",101,60646000,{"v":371.127038125,"d":"371.13"},2384,{"v":6.42367641,"d":"6.42"},{"v":0,"d":"0.00"},{"v":0.965932983,"d":"0.97"},{"v":2302.78423199999,"d":"2,302.78"},{"v":81.21576846,"d":"81.22"},0,"0_60646000_5090",{"v":148.738608827,"d":"148.74"},{"v":0,"d":"0.00"},{"v":81.21576846,"d":"81.22"},{"v":0,"d":"0.00"},"0_60646000_5090_74613","D",{"v":1.68084826852,"d":"1.68"},{"v":0.0113006856913,"d":"0.01"},{"v":0.917793872544,"d":"0.92"}]
[6,606,60653,{"v":2808.060202,"d":"2,808.06"},4598,{"v":1.637429282,"d":"1.64"},"M",101,60653001,{"v":1279.51483379999,"d":"1,279.51"},2561,{"v":2.001539906,"d":"2.00"},{"v":0,"d":"0.00"},{"v":0.965932983,"d":"0.97"},{"v":2473.75437,"d":"2,473.75"},{"v":87.2456304699999,"d":"87.25"},0,"0_60653001_5097",{"v":1055.75346996,"d":"1,055.75"},{"v":0,"d":"0.00"},{"v":87.2456304699999,"d":"87.25"},{"v":0,"d":"0.00"},"0_60653001_5097_74943","G",{"v":0.010618145107,"d":"0.01"},{"v":1.0057409622e-05,"d":"0.00"},{"v":0.000877465043349,"d":"0.00"}]
[6,606,60661,{"v":4935.93601599999,"d":"4,935.94"},6808,{"v":1.379272336,"d":"1.38"},"M",310,60661005,{"v":840.763540489999,"d":"840.76"},632,{"v":0.751697677,"d":"0.75"},{"v":0,"d":"0.00"},{"v":0.969116244,"d":"0.97"},{"v":612.481465999999,"d":"612.48"},{"v":19.51853401,"d":"19.52"},0,"0_60661005_5115",{"v":790.697102128999,"d":"790.70"},{"v":0,"d":"0.00"},{"v":19.51853401,"d":"19.52"},{"v":0,"d":"0.00"},"0_60661005_5115_75418","F",{"v":13.5177577596,"d":"13.52"},{"v":0.0170960001285,"d":"0.02"},{"v":0.333688859943,"d":"0.33"}]
[6,606,60663,{"v":15384.0902,"d":"15,384.09"},6542,{"v":0.425244517,"d":"0.43"},"ST",410,60663001,{"v":136.589380704999,"d":"136.59"},1820,{"v":13.32460833,"d":"13.32"},{"v":0,"d":"0.00"},{"v":0.921559671,"d":"0.92"},{"v":1677.238601,"d":"1,677.24"},{"v":142.7613992,"d":"142.76"},0,"0_60663001_5120",{"v":47.2529937294999,"d":"47.25"},{"v":0,"d":"0.00"},{"v":142.7613992,"d":"142.76"},{"v":0,"d":"0.00"},"0_60663001_5120_75600","G",{"v":0.78248249803,"d":"0.78"},{"v":0.0165594269542,"d":"0.02"},{"v":2.36404696193,"d":"2.36"}]
[6,606,60664,{"v":8669.835788,"d":"8,669.84"},12846,{"v":1.481688963,"d":"1.48"},"M",310,60664008,{"v":1621.46842214,"d":"1,621.47"},1875,{"v":1.156359245,"d":"1.16"},{"v":0,"d":"0.00"},{"v":0.969116244,"d":"0.97"},{"v":1817.092957,"d":"1,817.09"},{"v":57.90704316,"d":"57.91"},0,"0_60664008_5136",{"v":1430.45418354,"d":"1,430.45"},{"v":0,"d":"0.00"},{"v":57.90704316,"d":"57.91"},{"v":0,"d":"0.00"},"0_60664008_5136_75877","F",{"v":0.412715672013,"d":"0.41"},{"v":0.000288520720735,"d":"0.00"},{"v":0.0167073818282,"d":"0.02"}]
[6,606,60668,{"v":4171.13950999999,"d":"4,171.14"},3747,{"v":0.898315674,"d":"0.90"},"M",310,60668001,{"v":1271.21437429999,"d":"1,271.21"},1147,{"v":0.902286839,"d":"0.90"},{"v":0,"d":"0.00"},{"v":0.969116244,"d":"0.97"},{"v":1111.57633099999,"d":"1,111.58"},{"v":35.42366853,"d":"35.42"},0,"0_60668001_5149",{"v":1194.77395976999,"d":"1,194.77"},{"v":0,"d":"0.00"},{"v":35.42366853,"d":"35.42"},{"v":0,"d":"0.00"},"0_60668001_5149_76261","G",{"v":0.582170099185,"d":"0.58"},{"v":0.000487263799503,"d":"0.00"},{"v":0.0172606713203,"d":"0.02"}]
[6,610,61007,{"v":1423.095861,"d":"1,423.10"},1407,{"v":0.988689545,"d":"0.99"}," ",310,61007000,{"v":1423.095861,"d":"1,423.10"},1407,{"v":0.988689545,"d":"0.99"},{"v":0,"d":"0.00"},{"v":0.969116244,"d":"0.97"},{"v":1363.54655499999,"d":"1,363.55"},{"v":43.45344518,"d":"43.45"},0,"0_61007000_5164",{"v":1375.02216481,"d":"1,375.02"},{"v":0,"d":"0.00"},{"v":43.45344518,"d":"43.45"},{"v":0,"d":"0.00"},"0_61007000_5164_76642","F",{"v":0.0026253579897,"d":"0.00"},{"v":1.909320487E-6,"d":"0.00"},{"v":8.2966553124e-05,"d":"0.00"}]
[6,610,61033,{"v":2615.64352599999,"d":"2,615.64"},2281,{"v":0.872060729,"d":"0.87"},"M",310,61033002,{"v":331.566121652999,"d":"331.57"},331,{"v":0.998292583,"d":"1.00"},{"v":0,"d":"0.00"},{"v":0.969116244,"d":"0.97"},{"v":320.7774766,"d":"320.78"},{"v":10.2225233499999,"d":"10.22"},0,"0_61033002_5194",{"v":303.420211363,"d":"303.42"},{"v":0,"d":"0.00"},{"v":10.2225233499999,"d":"10.22"},{"v":0,"d":"0.00"},"0_61033002_5194_76918","außerhalb GKL",{"v":303.355313138999,"d":"303.36"},{"v":0.999786111071,"d":"1.00"},{"v":10.2203368654,"d":"10.22"}]
[6,610,61052,{"v":2637.08299299999,"d":"2,637.08"},2825,{"v":1.071259421,"d":"1.07"},"M",310,61052000,{"v":741.98985914,"d":"741.99"},1469,{"v":1.979811425,"d":"1.98"},{"v":0,"d":"0.00"},{"v":0.969116244,"d":"0.97"},{"v":1423.63176199999,"d":"1,423.63"},{"v":45.3682380799999,"d":"45.37"},0,"0_61052000_5219",{"v":642.351346454999,"d":"642.35"},{"v":0,"d":"0.00"},{"v":45.3682380799999,"d":"45.37"},{"v":0,"d":"0.00"},"0_61052000_5219_77101","F",{"v":46.0630661630999,"d":"46.06"},{"v":0.0717100795652,"d":"0.07"},{"v":3.25335996245,"d":"3.25"}]
[6,610,61061,{"v":4767.273914,"d":"4,767.27"},6349,{"v":1.33178838,"d":"1.33"},"M",410,61061004,{"v":604.74089346,"d":"604.74"},1164,{"v":1.924791283,"d":"1.92"},{"v":0,"d":"0.00"},{"v":0.921559671,"d":"0.92"},{"v":1072.695457,"d":"1,072.70"},{"v":91.3045432499999,"d":"91.30"},0,"0_61061004_5266",{"v":479.618850002999,"d":"479.62"},{"v":0,"d":"0.00"},{"v":91.3045432499999,"d":"91.30"},{"v":0,"d":"0.00"},"0_61061004_5266_77575","G",{"v":6.15669311987,"d":"6.16"},{"v":0.0128366370918,"d":"0.01"},{"v":1.17204328653,"d":"1.17"}]
[6,611,61108,{"v":10772.6260899999,"d":"10,772.63"},24471,{"v":2.271590955,"d":"2.27"},"ST",102,61108030,{"v":17.3713158099999,"d":"17.37"},1169,{"v":67.29484472,"d":"67.29"},{"v":0,"d":"0.00"},{"v":0.973029842,"d":"0.97"},{"v":1137.47188499999,"d":"1,137.47"},{"v":31.52811523,"d":"31.53"},0,"0_61108030_5288",{"v":2.22769924406,"d":"2.23"},{"v":0,"d":"0.00"},{"v":31.52811523,"d":"31.53"},{"v":0,"d":"0.00"},"0_61108030_5288_77905","E",{"v":0.161977837108,"d":"0.16"},{"v":0.0727108192634,"d":"0.07"},{"v":2.2924350882,"d":"2.29"}]
[6,611,61108,{"v":10772.6260899999,"d":"10,772.63"},24471,{"v":2.271590955,"d":"2.27"},"ST",102,61108061,{"v":159.140585729999,"d":"159.14"},779,{"v":4.895042936,"d":"4.90"},{"v":0,"d":"0.00"},{"v":0.973029842,"d":"0.97"},{"v":757.990246599999,"d":"757.99"},{"v":21.00975343,"d":"21.01"},0,"0_61108061_5302",{"v":113.319190109999,"d":"113.32"},{"v":0,"d":"0.00"},{"v":21.00975343,"d":"21.01"},{"v":0,"d":"0.00"},"0_61108061_5302_78120","F",{"v":1.18136554234,"d":"1.18"},{"v":0.0104251145917,"d":"0.01"},{"v":0.219029087051,"d":"0.22"}]
[6,611,61113,{"v":5603.848492,"d":"5,603.85"},3045,{"v":0.543376575,"d":"0.54"},"M",310,61113001,{"v":427.868044983999,"d":"427.87"},953,{"v":2.227322211,"d":"2.23"},{"v":0,"d":"0.00"},{"v":0.969116244,"d":"0.97"},{"v":923.5677802,"d":"923.57"},{"v":29.4322197999999,"d":"29.43"},0,"0_61113001_5326",{"v":354.408655120999,"d":"354.41"},{"v":0,"d":"0.00"},{"v":29.4322197999999,"d":"29.43"},{"v":0,"d":"0.00"},"0_61113001_5326_78562","F",{"v":2.53735807646,"d":"2.54"},{"v":0.00715941340539,"d":"0.01"},{"v":0.210717428987,"d":"0.21"}]
[6,611,61118,{"v":2779.400967,"d":"2,779.40"},964,{"v":0.346837326,"d":"0.35"},"M",310,61118001,{"v":2633.84304681999,"d":"2,633.84"},349,{"v":0.132505997,"d":"0.13"},{"v":0,"d":"0.00"},{"v":0.969116244,"d":"0.97"},{"v":338.221568999999,"d":"338.22"},{"v":10.77843097,"d":"10.78"},0,"0_61118001_5338",{"v":2572.43611515,"d":"2,572.44"},{"v":0,"d":"0.00"},{"v":10.77843097,"d":"10.78"},{"v":0,"d":"0.00"},"0_61118001_5338_78885","F",{"v":0.0183384394177,"d":"0.02"},{"v":7.128822096e-06,"d":"0.00"},{"v":7.6837516857e-05,"d":"0.00"}]
[6,611,61119,{"v":9026.473393,"d":"9,026.47"},543,{"v":0.060156384,"d":"0.06"}," ",410,61119000,{"v":9026.47339255,"d":"9,026.47"},543,{"v":0.060156384,"d":"0.06"},{"v":0,"d":"0.00"},{"v":0.921559671,"d":"0.92"},{"v":500.406901199999,"d":"500.41"},{"v":42.5930987899999,"d":"42.59"},0,"0_61119000_5339",{"v":8947.19349922999,"d":"8,947.19"},{"v":0,"d":"0.00"},{"v":42.5930987899999,"d":"42.59"},{"v":0,"d":"0.00"},"0_61119000_5339_78914","G",{"v":0.874556623369,"d":"0.87"},{"v":9.774647474e-05,"d":"0.00"},{"v":0.00416332525499,"d":"0.00"}]
[6,612,61207,{"v":8186.17578099999,"d":"8,186.18"},4830,{"v":0.590019092,"d":"0.59"},"ST",430,61207002,{"v":2341.60192426,"d":"2,341.60"},1294,{"v":0.552613143,"d":"0.55"},{"v":0,"d":"0.00"},{"v":0.905906425,"d":"0.91"},{"v":1172.24291399999,"d":"1,172.24"},{"v":121.757086299999,"d":"121.76"},0,"0_61207002_5359",{"v":2183.68513296999,"d":"2,183.69"},{"v":0,"d":"0.00"},{"v":121.757086299999,"d":"121.76"},{"v":0,"d":"0.00"},"0_61207002_5359_79394","außerhalb GKL",{"v":2.88485130547,"d":"2.88"},{"v":0.00132109307423,"d":"0.00"},{"v":0.160852443449,"d":"0.16"}]
[6,612,61222,{"v":3725.17104699999,"d":"3,725.17"},1717,{"v":0.460918433,"d":"0.46"}," ",420,61222000,{"v":3725.17104737999,"d":"3,725.17"},1717,{"v":0.460918433,"d":"0.46"},{"v":0,"d":"0.00"},{"v":0.920429496,"d":"0.92"},{"v":1580.37744399999,"d":"1,580.38"},{"v":136.622555599999,"d":"136.62"},0,"0_61222000_5366",{"v":3507.01161068,"d":"3,507.01"},{"v":0,"d":"0.00"},{"v":136.622555599999,"d":"136.62"},{"v":0,"d":"0.00"},"0_61222000_5366_79571","G",{"v":2.43954332659E-3,"d":"0.00"},{"v":6.95618834e-07,"d":"0.00"},{"v":9.5037222791e-05,"d":"0.00"}]
[6,612,61254,{"v":5647.43554,"d":"5,647.44"},1297,{"v":0.229661763,"d":"0.23"}," ",420,61254000,{"v":2436.64271814999,"d":"2,436.64"},987,{"v":0.405065541,"d":"0.41"},{"v":0,"d":"0.00"},{"v":0.920429496,"d":"0.92"},{"v":908.4639124,"d":"908.46"},{"v":78.5360876099999,"d":"78.54"},0,"0_61254000_5385",{"v":2325.84725002,"d":"2,325.85"},{"v":0,"d":"0.00"},{"v":78.5360876099999,"d":"78.54"},{"v":0,"d":"0.00"},"0_61254000_5385_79901","G",{"v":0.00295482338077,"d":"0.00"},{"v":1.270428821E-6,"d":"0.00"},{"v":9.9774509225e-05,"d":"0.00"}]
[6,612,61257,{"v":19962.2524,"d":"19,962.25"},4122,{"v":0.206489725,"d":"0.21"},"M",430,61257003,{"v":6327.52467946999,"d":"6,327.52"},1015,{"v":0.160410279,"d":"0.16"},{"v":0,"d":"0.00"},{"v":0.905906425,"d":"0.91"},{"v":919.4950211,"d":"919.50"},{"v":95.5049788599999,"d":"95.50"},0,"0_61257003_5397",{"v":6255.78768158,"d":"6,255.79"},{"v":0,"d":"0.00"},{"v":95.5049788599999,"d":"95.50"},{"v":0,"d":"0.00"},"0_61257003_5397_80107","außerhalb GKL",{"v":2.1316323686e-05,"d":"0.00"},{"v":3.407456e-09,"d":"0.00"},{"v":3.2542905e-07,"d":"0.00"}]
[6,612,61265,{"v":21114.3914599999,"d":"21,114.39"},6600,{"v":0.312583008,"d":"0.31"},"ST",220,61265006,{"v":5447.12642455999,"d":"5,447.13"},874,{"v":0.160451572,"d":"0.16"},{"v":0,"d":"0.00"},{"v":0.975109986,"d":"0.98"},{"v":852.2461279,"d":"852.25"},{"v":21.75387211,"d":"21.75"},0,"0_61265006_5431",{"v":5427.2788036,"d":"5,427.28"},{"v":0,"d":"0.00"},{"v":21.75387211,"d":"21.75"},{"v":0,"d":"0.00"},"0_61265006_5431_80558","G",{"v":31.8102700489,"d":"31.81"},{"v":0.0058611822241,"d":"0.01"},{"v":0.127503408516,"d":"0.13"}]
[6,614,61438,{"v":7665.61076899999,"d":"7,665.61"},3499,{"v":0.45645417,"d":"0.46"},"ST",220,61438002,{"v":4547.45622771,"d":"4,547.46"},925,{"v":0.203410424,"d":"0.20"},{"v":0,"d":"0.00"},{"v":0.975109986,"d":"0.98"},{"v":901.9767372,"d":"901.98"},{"v":23.0232628199999,"d":"23.02"},0,"0_61438002_5455",{"v":4464.46386564,"d":"4,464.46"},{"v":0,"d":"0.00"},{"v":23.0232628199999,"d":"23.02"},{"v":0,"d":"0.00"},"0_61438002_5455_80872","D",{"v":0.057070300727,"d":"0.06"},{"v":1.2783237236e-05,"d":"0.00"},{"v":0.000294311830579,"d":"0.00"}]
[6,614,61445,{"v":25623.35915,"d":"25,623.36"},1679,{"v":0.065526147,"d":"0.07"}," ",420,61445000,{"v":3028.19725964,"d":"3,028.20"},362,{"v":0.119543071,"d":"0.12"},{"v":0,"d":"0.00"},{"v":0.920429496,"d":"0.92"},{"v":333.195477499999,"d":"333.20"},{"v":28.80452251,"d":"28.80"},0,"0_61445000_5483",{"v":2996.50270985999,"d":"2,996.50"},{"v":0,"d":"0.00"},{"v":28.80452251,"d":"28.80"},{"v":0,"d":"0.00"},"0_61445000_5483_81215","G",{"v":1.1609773807,"d":"1.16"},{"v":3.8744412841E-4,"d":"0.00"},{"v":0.0111601431182,"d":"0.01"}]
[6,616,61611,{"v":1705.255632,"d":"1,705.26"},2451,{"v":1.437321158,"d":"1.44"}," ",410,61611001,{"v":1612.32149103,"d":"1,612.32"},1840,{"v":1.141211607,"d":"1.14"},{"v":0,"d":"0.00"},{"v":0.921559671,"d":"0.92"},{"v":1695.66979399999,"d":"1,695.67"},{"v":144.330205799999,"d":"144.33"},0,"0_61611001_5491",{"v":1532.00053354,"d":"1,532.00"},{"v":0,"d":"0.00"},{"v":144.330205799999,"d":"144.33"},{"v":0,"d":"0.00"},"0_61611001_5491_81331","F",{"v":3.27732909713,"d":"3.28"},{"v":0.0021392480129,"d":"0.00"},{"v":0.308758105959,"d":"0.31"}]
[6,616,61628,{"v":5260.95570399999,"d":"5,260.96"},1496,{"v":0.28435898,"d":"0.28"}," ",410,61628000,{"v":3651.67960661,"d":"3,651.68"},709,{"v":0.194157231,"d":"0.19"},{"v":0,"d":"0.00"},{"v":0.921559671,"d":"0.92"},{"v":653.3858066,"d":"653.39"},{"v":55.61419344,"d":"55.61"},0,"0_61628000_5531",{"v":3562.26322789999,"d":"3,562.26"},{"v":0,"d":"0.00"},{"v":55.61419344,"d":"55.61"},{"v":0,"d":"0.00"},"0_61628000_5531_81876","G",{"v":26.1050096994,"d":"26.11"},{"v":0.00732820907084,"d":"0.01"},{"v":0.407552436834,"d":"0.41"}]
[6,616,61633,{"v":1937.14029299999,"d":"1,937.14"},4105,{"v":2.1191031,"d":"2.12"}," ",310,61633000,{"v":913.630434379999,"d":"913.63"},2239,{"v":2.45066267,"d":"2.45"},{"v":0,"d":"0.00"},{"v":0.969116244,"d":"0.97"},{"v":2169.85127,"d":"2,169.85"},{"v":69.14873047,"d":"69.15"},0,"0_61633000_5558",{"v":668.148985454,"d":"668.15"},{"v":0,"d":"0.00"},{"v":69.14873047,"d":"69.15"},{"v":0,"d":"0.00"},"0_61633000_5558_82096","E",{"v":13.8365153825,"d":"13.84"},{"v":0.0207087276696,"d":"0.02"},{"v":1.431982228,"d":"1.43"}]
[6,617,61730,{"v":1746.13073699999,"d":"1,746.13"},2184,{"v":1.250765452,"d":"1.25"}," ",310,61730000,{"v":1746.13073682999,"d":"1,746.13"},2184,{"v":1.250765452,"d":"1.25"},{"v":0,"d":"0.00"},{"v":0.969116244,"d":"0.97"},{"v":2116.549876,"d":"2,116.55"},{"v":67.4501238699999,"d":"67.45"},0,"0_61730000_5579",{"v":1577.49748445999,"d":"1,577.50"},{"v":0,"d":"0.00"},{"v":67.4501238699999,"d":"67.45"},{"v":0,"d":"0.00"},"0_61730000_5579_82533","E",{"v":1.72852486296,"d":"1.73"},{"v":0.00109573858595,"d":"0.00"},{"v":0.0739077033515,"d":"0.07"}]
[6,617,61730,{"v":1746.13073699999,"d":"1,746.13"},2184,{"v":1.250765452,"d":"1.25"}," ",310,61730000,{"v":1746.13073682999,"d":"1,746.13"},2184,{"v":1.250765452,"d":"1.25"},{"v":0,"d":"0.00"},{"v":0.969116244,"d":"0.97"},{"v":2116.549876,"d":"2,116.55"},{"v":67.4501238699999,"d":"67.45"},0,"0_61730000_5579",{"v":1577.49748445999,"d":"1,577.50"},{"v":0,"d":"0.00"},{"v":67.4501238699999,"d":"67.45"},{"v":0,"d":"0.00"},"0_61730000_5579_82558","F",{"v":1.0210686996E-4,"d":"0.00"},{"v":6.4727121e-08,"d":"0.00"},{"v":4.365852304e-06,"d":"0.00"}]
[6,617,61760,{"v":3866.612814,"d":"3,866.61"},10926,{"v":2.82572901,"d":"2.83"},"ST",210,61760001,{"v":229.28332699,"d":"229.28"},1269,{"v":5.534637065,"d":"5.53"},{"v":0,"d":"0.00"},{"v":0.955942851,"d":"0.96"},{"v":1213.091478,"d":"1,213.09"},{"v":55.90852163,"d":"55.91"},0,"0_61760001_5622",{"v":95.8586828293999,"d":"95.86"},{"v":0,"d":"0.00"},{"v":55.90852163,"d":"55.91"},{"v":0,"d":"0.00"},"0_61760001_5622_83115","C",{"v":0.0126817805577,"d":"0.01"},{"v":0.000132296628572,"d":"0.00"},{"v":0.00739650892009,"d":"0.01"}]
[6,617,61760,{"v":3866.612814,"d":"3,866.61"},10926,{"v":2.82572901,"d":"2.83"},"ST",210,61760005,{"v":758.803731592999,"d":"758.80"},1090,{"v":1.436471586,"d":"1.44"},{"v":0,"d":"0.00"},{"v":0.955942851,"d":"0.96"},{"v":1041.97770799999,"d":"1,041.98"},{"v":48.02229203,"d":"48.02"},0,"0_61760005_5626",{"v":665.308725127,"d":"665.31"},{"v":0,"d":"0.00"},{"v":48.02229203,"d":"48.02"},{"v":0,"d":"0.00"},"0_61760005_5626_83215","außerhalb GKL",{"v":81.3706488722999,"d":"81.37"},{"v":0.122305098068,"d":"0.12"},{"v":5.87337113618,"d":"5.87"}]
[6,617,61764,{"v":2813.315462,"d":"2,813.32"},3679,{"v":1.307709729,"d":"1.31"},"M",410,61764001,{"v":1277.69575452999,"d":"1,277.70"},1073,{"v":0.839793039,"d":"0.84"},{"v":0,"d":"0.00"},{"v":0.921559671,"d":"0.92"},{"v":988.833526699999,"d":"988.83"},{"v":84.1664732899999,"d":"84.17"},0,"0_61764001_5644",{"v":1164.73531331,"d":"1,164.74"},{"v":0,"d":"0.00"},{"v":84.1664732899999,"d":"84.17"},{"v":0,"d":"0.00"},"0_61764001_5644_83574","F",{"v":10.8837711065999,"d":"10.88"},{"v":0.00934441583614,"d":"0.01"},{"v":0.786486525883,"d":"0.79"}]
[6,620,62007,{"v":5469.57545399999,"d":"5,469.58"},7657,{"v":1.399925838,"d":"1.40"}," ",103,62007011,{"v":147.885176919999,"d":"147.89"},1903,{"v":12.86809158,"d":"12.87"},{"v":0,"d":"0.00"},{"v":0.975480312,"d":"0.98"},{"v":1856.339034,"d":"1,856.34"},{"v":46.66096633,"d":"46.66"},0,"0_62007011_5664",{"v":56.6362351157999,"d":"56.64"},{"v":0,"d":"0.00"},{"v":46.66096633,"d":"46.66"},{"v":0,"d":"0.00"},"0_62007011_5664_83872","F",{"v":5.58930928789,"d":"5.59"},{"v":0.0986878678723,"d":"0.10"},{"v":4.60487127997,"d":"4.60"}]
[6,620,62014,{"v":1763.55114299999,"d":"1,763.55"},1907,{"v":1.081340911,"d":"1.08"},"M",310,62014000,{"v":1763.55114281999,"d":"1,763.55"},1907,{"v":1.081340911,"d":"1.08"},{"v":0,"d":"0.00"},{"v":0.969116244,"d":"0.97"},{"v":1848.104677,"d":"1,848.10"},{"v":58.8953233599999,"d":"58.90"},0,"0_62014000_5674",{"v":1575.47787410999,"d":"1,575.48"},{"v":0,"d":"0.00"},{"v":58.8953233599999,"d":"58.90"},{"v":0,"d":"0.00"},"0_62014000_5674_84083","E",{"v":0.00771262596201,"d":"0.01"},{"v":4.895420043e-06,"d":"0.00"},{"v":0.000288317346408,"d":"0.00"}]
[6,620,62040,{"v":6374.297673,"d":"6,374.30"},9853,{"v":1.54573892,"d":"1.55"},"ST",103,62040012,{"v":22.9603449849999,"d":"22.96"},1012,{"v":44.07599279,"d":"44.08"},{"v":0,"d":"0.00"},{"v":0.975480312,"d":"0.98"},{"v":987.186075699999,"d":"987.19"},{"v":24.8139242899999,"d":"24.81"},0,"0_62040012_5708",{"v":4.09158342185,"d":"4.09"},{"v":0,"d":"0.00"},{"v":24.8139242899999,"d":"24.81"},{"v":0,"d":"0.00"},"0_62040012_5708_84529","C",{"v":0.000300019573685,"d":"0.00"},{"v":7.3326031209e-05,"d":"0.00"},{"v":1.81950658691E-3,"d":"0.00"}]
[6,620,62044,{"v":27017.6554299999,"d":"27,017.66"},2595,{"v":0.096048305,"d":"0.10"},"M",410,62044003,{"v":5604.29393205999,"d":"5,604.29"},1088,{"v":0.194136855,"d":"0.19"},{"v":0,"d":"0.00"},{"v":0.921559671,"d":"0.92"},{"v":1002.656922,"d":"1,002.66"},{"v":85.34307823,"d":"85.34"},0,"0_62044003_5737",{"v":5451.46283480999,"d":"5,451.46"},{"v":0,"d":"0.00"},{"v":85.34307823,"d":"85.34"},{"v":0,"d":"0.00"},"0_62044003_5737_84848","außerhalb GKL",{"v":5395.00134367,"d":"5,395.00"},{"v":0.989642873326,"d":"0.99"},{"v":84.4591691579999,"d":"84.46"}]
[6,621,62105,{"v":6240.26306699999,"d":"6,240.26"},1646,{"v":0.263770931,"d":"0.26"},"M",410,62105000,{"v":250.409273654999,"d":"250.41"},922,{"v":3.681972263,"d":"3.68"},{"v":0,"d":"0.00"},{"v":0.921559671,"d":"0.92"},{"v":849.6780164,"d":"849.68"},{"v":72.32198357,"d":"72.32"},0,"0_62105000_5757",{"v":184.122099119,"d":"184.12"},{"v":0,"d":"0.00"},{"v":72.32198357,"d":"72.32"},{"v":0,"d":"0.00"},"0_62105000_5757_85186","außerhalb GKL",{"v":3.21674006273,"d":"3.22"},{"v":0.0174706897115,"d":"0.02"},{"v":1.26351493427,"d":"1.26"}]
[6,621,62131,{"v":7313.560027,"d":"7,313.56"},1435,{"v":0.196210873,"d":"0.20"}," ",410,62131000,{"v":245.061113435,"d":"245.06"},680,{"v":2.774818046,"d":"2.77"},{"v":0,"d":"0.00"},{"v":0.921559671,"d":"0.92"},{"v":626.660576099999,"d":"626.66"},{"v":53.3394238899999,"d":"53.34"},0,"0_62131000_5776",{"v":157.668450646999,"d":"157.67"},{"v":0,"d":"0.00"},{"v":53.3394238899999,"d":"53.34"},{"v":0,"d":"0.00"},"0_62131000_5776_85516","außerhalb GKL",{"v":0.114729983321,"d":"0.11"},{"v":0.00072766607936,"d":"0.00"},{"v":0.0388132894574,"d":"0.04"}]
[6,621,62139,{"v":8528.40112399999,"d":"8,528.40"},15787,{"v":1.851108991,"d":"1.85"},"ST",102,62139010,{"v":198.953270164999,"d":"198.95"},1668,{"v":8.38387827799999,"d":"8.38"},{"v":0,"d":"0.00"},{"v":0.973029842,"d":"0.97"},{"v":1623.013776,"d":"1,623.01"},{"v":44.98622429,"d":"44.99"},0,"0_62139010_5791",{"v":124.425477403,"d":"124.43"},{"v":0,"d":"0.00"},{"v":44.98622429,"d":"44.99"},{"v":0,"d":"0.00"},"0_62139010_5791_85867","E",{"v":0.391116362857,"d":"0.39"},{"v":0.00314337843841,"d":"0.00"},{"v":0.141408727459,"d":"0.14"}]
[6,621,62140,{"v":8202.74981099999,"d":"8,202.75"},22609,{"v":2.756270826,"d":"2.76"},"ST",102,62140016,{"v":135.568208663999,"d":"135.57"},1924,{"v":14.19211789,"d":"14.19"},{"v":0,"d":"0.00"},{"v":0.973029842,"d":"0.97"},{"v":1872.10941499999,"d":"1,872.11"},{"v":51.8905848599999,"d":"51.89"},0,"0_62140016_5812",{"v":70.4722912568,"d":"70.47"},{"v":0,"d":"0.00"},{"v":51.8905848599999,"d":"51.89"},{"v":0,"d":"0.00"},"0_62140016_5812_86173","F",{"v":1.42761872812,"d":"1.43"},{"v":0.0202578730258,"d":"0.02"},{"v":1.05119287933,"d":"1.05"}]
[6,621,62140,{"v":8202.74981099999,"d":"8,202.75"},22609,{"v":2.756270826,"d":"2.76"},"ST",102,62140022,{"v":119.276492009999,"d":"119.28"},1314,{"v":11.0164205699999,"d":"11.02"},{"v":0,"d":"0.00"},{"v":0.973029842,"d":"0.97"},{"v":1278.561212,"d":"1,278.56"},{"v":35.4387881999999,"d":"35.44"},0,"0_62140022_5818",{"v":67.5451229492,"d":"67.55"},{"v":0,"d":"0.00"},{"v":35.4387881999999,"d":"35.44"},{"v":0,"d":"0.00"},"0_62140022_5818_86326","E",{"v":0.0296736991045,"d":"0.03"},{"v":0.000439316679116,"d":"0.00"},{"v":0.0155688507439,"d":"0.02"}]
[6,621,62141,{"v":9052.389008,"d":"9,052.39"},8150,{"v":0.900314822,"d":"0.90"},"ST",410,62141004,{"v":3667.40512458,"d":"3,667.41"},469,{"v":0.127883336,"d":"0.13"},{"v":0,"d":"0.00"},{"v":0.921559671,"d":"0.92"},{"v":432.2114856,"d":"432.21"},{"v":36.7885144199999,"d":"36.79"},0,"0_62141004_5826",{"v":3617.01968389,"d":"3,617.02"},{"v":0,"d":"0.00"},{"v":36.7885144199999,"d":"36.79"},{"v":0,"d":"0.00"},"0_62141004_5826_86529","G",{"v":0.277388559794,"d":"0.28"},{"v":7.6689812065e-05,"d":"0.00"},{"v":0.00282130425703,"d":"0.00"}]
[6,621,62147,{"v":16645.5769299999,"d":"16,645.58"},2253,{"v":0.135351271,"d":"0.14"},"M",310,62147000,{"v":2785.62266056999,"d":"2,785.62"},612,{"v":0.219699534,"d":"0.22"},{"v":0,"d":"0.00"},{"v":0.969116244,"d":"0.97"},{"v":593.099141099999,"d":"593.10"},{"v":18.9008588899999,"d":"18.90"},0,"0_62147000_5869",{"v":2721.06637377,"d":"2,721.07"},{"v":0,"d":"0.00"},{"v":18.9008588899999,"d":"18.90"},{"v":0,"d":"0.00"},"0_62147000_5869_87091","F",{"v":0.0323206937729,"d":"0.03"},{"v":1.1877951264E-5,"d":"0.00"},{"v":0.000224503480737,"d":"0.00"}]
[6,622,62202,{"v":3735.931159,"d":"3,735.93"},1615,{"v":0.432288479,"d":"0.43"}," ",420,62202003,{"v":500.531544325,"d":"500.53"},397,{"v":0.793156804,"d":"0.79"},{"v":0,"d":"0.00"},{"v":0.920429496,"d":"0.92"},{"v":365.4105098,"d":"365.41"},{"v":31.58949015,"d":"31.59"},0,"0_62202003_5879",{"v":446.699027177,"d":"446.70"},{"v":0,"d":"0.00"},{"v":31.58949015,"d":"31.59"},{"v":0,"d":"0.00"},"0_62202003_5879_87186","F",{"v":17.1890768901,"d":"17.19"},{"v":0.0384802201131,"d":"0.04"},{"v":1.21557053423,"d":"1.22"}]
[6,622,62226,{"v":1560.608152,"d":"1,560.61"},1453,{"v":0.931047296,"d":"0.93"}," ",420,62226000,{"v":754.532121774999,"d":"754.53"},975,{"v":1.292191508,"d":"1.29"},{"v":0,"d":"0.00"},{"v":0.920429496,"d":"0.92"},{"v":897.4187584,"d":"897.42"},{"v":77.5812415599999,"d":"77.58"},0,"0_62226000_5908",{"v":657.172468483999,"d":"657.17"},{"v":0,"d":"0.00"},{"v":77.5812415599999,"d":"77.58"},{"v":0,"d":"0.00"},"0_62226000_5908_87512","F",{"v":0.0646704412378,"d":"0.06"},{"v":9.8407106717e-05,"d":"0.00"},{"v":0.00763454551746,"d":"0.01"}]
[6,622,62266,{"v":2570.197364,"d":"2,570.20"},2399,{"v":0.933391355,"d":"0.93"}," ",410,62266003,{"v":282.129067575,"d":"282.13"},381,{"v":1.350445749,"d":"1.35"},{"v":0,"d":"0.00"},{"v":0.921559671,"d":"0.92"},{"v":351.114234599999,"d":"351.11"},{"v":29.88576545,"d":"29.89"},0,"0_62266003_5953",{"v":246.942959113999,"d":"246.94"},{"v":0,"d":"0.00"},{"v":29.88576545,"d":"29.89"},{"v":0,"d":"0.00"},"0_62266003_5953_87804","G",{"v":1.97088174099,"d":"1.97"},{"v":0.00798112142197,"d":"0.01"},{"v":0.238521922845,"d":"0.24"}]
[6,622,62271,{"v":3929.34155199999,"d":"3,929.34"},3779,{"v":0.961738742,"d":"0.96"},"M",410,62271000,{"v":455.629759649999,"d":"455.63"},1387,{"v":3.044138296,"d":"3.04"},{"v":0,"d":"0.00"},{"v":0.921559671,"d":"0.92"},{"v":1278.203263,"d":"1,278.20"},{"v":108.796736699999,"d":"108.80"},0,"0_62271000_5983",{"v":360.480550803,"d":"360.48"},{"v":0,"d":"0.00"},{"v":108.796736699999,"d":"108.80"},{"v":0,"d":"0.00"},"0_62271000_5983_88173","D",{"v":0.604137536702,"d":"0.60"},{"v":1.6759226964E-3,"d":"0.00"},{"v":0.18233492033,"d":"0.18"}]
[6,622,62277,{"v":2654.85663199999,"d":"2,654.86"},2639,{"v":0.994027311,"d":"0.99"}," ",420,62277001,{"v":1863.48855275999,"d":"1,863.49"},1192,{"v":0.63966049,"d":"0.64"},{"v":0,"d":"0.00"},{"v":0.920429496,"d":"0.92"},{"v":1097.151959,"d":"1,097.15"},{"v":94.84804096,"d":"94.85"},0,"0_62277001_6016",{"v":1736.36267156999,"d":"1,736.36"},{"v":0,"d":"0.00"},{"v":94.84804096,"d":"94.85"},{"v":0,"d":"0.00"},"0_62277001_6016_88569","E",{"v":0.372661893131,"d":"0.37"},{"v":2.14622151946E-4,"d":"0.00"},{"v":0.0203564906587,"d":"0.02"}]
[6,623,62376,{"v":2999.99755099999,"d":"3,000.00"},3178,{"v":1.059334198,"d":"1.06"},"ST",220,62376005,{"v":146.174735655,"d":"146.17"},109,{"v":0.745682895,"d":"0.75"},{"v":0,"d":"0.00"},{"v":0.975109986,"d":"0.98"},{"v":106.2869885,"d":"106.29"},{"v":2.713011511,"d":"2.71"},0,"0_62376005_6065",{"v":128.217931044,"d":"128.22"},{"v":0,"d":"0.00"},{"v":2.713011511,"d":"2.71"},{"v":0,"d":"0.00"},"0_62376005_6065_88830","außerhalb GKL",{"v":43.3789382970999,"d":"43.38"},{"v":0.338321933164,"d":"0.34"},{"v":0.917871299098,"d":"0.92"}]
[6,623,62379,{"v":6727.19920399999,"d":"6,727.20"},13450,{"v":1.999346175,"d":"2.00"},"ST",220,62379004,{"v":878.185387999999,"d":"878.19"},1402,{"v":1.596473842,"d":"1.60"},{"v":0,"d":"0.00"},{"v":0.975109986,"d":"0.98"},{"v":1367.104201,"d":"1,367.10"},{"v":34.8957994299999,"d":"34.90"},0,"0_62379004_6098",{"v":740.542057242,"d":"740.54"},{"v":0,"d":"0.00"},{"v":34.8957994299999,"d":"34.90"},{"v":0,"d":"0.00"},"0_62379004_6098_89028","G",{"v":41.2241639921,"d":"41.22"},{"v":0.0556675526919,"d":"0.06"},{"v":1.9425637535,"d":"1.94"}]
[6,623,62390,{"v":5649.60554599999,"d":"5,649.61"},3510,{"v":0.621282313,"d":"0.62"},"M",430,62390013,{"v":1374.79441848,"d":"1,374.79"},909,{"v":0.661189766,"d":"0.66"},{"v":0,"d":"0.00"},{"v":0.905906425,"d":"0.91"},{"v":823.4689401,"d":"823.47"},{"v":85.53105988,"d":"85.53"},0,"0_62390013_6182",{"v":1374.35901775,"d":"1,374.36"},{"v":0,"d":"0.00"},{"v":85.53105988,"d":"85.53"},{"v":0,"d":"0.00"},"0_62390013_6182_89487","G",{"v":32.3880642132999,"d":"32.39"},{"v":0.0235659415007,"d":"0.02"},{"v":2.01561995362,"d":"2.02"}]
[1,104,10424,{"v":646.8062651,"d":"646.81"},232,{"v":0.358685456,"d":"0.36"}," ",430,10424000,{"v":646.806265106999,"d":"646.81"},232,{"v":0.358685456,"d":"0.36"},{"v":43.31404219,"d":"43.31"},{"v":0.905906425,"d":"0.91"},{"v":210.170290499999,"d":"210.17"},{"v":21.8297094499999,"d":"21.83"},1,"1_10424000_8111",{"v":42.8769729647999,"d":"42.88"},{"v":0.989909294928,"d":"0.99"},{"v":208.049524084,"d":"208.05"},{"v":0.0669660213987,"d":"0.07"},"1_10424000_8111_89843","außerhalb GKL",{"v":1.147877005E-5,"d":"0.00"},{"v":2.67714096e-07,"d":"0.00"},{"v":5.5697790231E-5,"d":"0.00"}]
[1,108,10804,{"v":4246.21216699999,"d":"4,246.21"},1368,{"v":0.322169488,"d":"0.32"}," ",430,10804000,{"v":1660.23420908,"d":"1,660.23"},521,{"v":0.313811146,"d":"0.31"},{"v":84.0747837299999,"d":"84.07"},{"v":0.905906425,"d":"0.91"},{"v":471.977247299999,"d":"471.98"},{"v":49.0227526899999,"d":"49.02"},1,"1_10804000_8519",{"v":1.24588754305,"d":"1.25"},{"v":0.0148188016403,"d":"0.01"},{"v":6.99413720647,"d":"6.99"},{"v":0.050640315246,"d":"0.05"},"1_10804000_8519_90144","außerhalb GKL",{"v":1.24588754305,"d":"1.25"},{"v":1,"d":"1.00"},{"v":6.99413720647,"d":"6.99"}]
[1,108,10815,{"v":5072.033346,"d":"5,072.03"},1380,{"v":0.27208023,"d":"0.27"}," ",430,10815002,{"v":1058.44838587999,"d":"1,058.45"},361,{"v":0.341065285,"d":"0.34"},{"v":63.3766974999999,"d":"63.38"},{"v":0.905906425,"d":"0.91"},{"v":327.0322193,"d":"327.03"},{"v":33.96778066,"d":"33.97"},1,"1_10815002_8611",{"v":63.3766974974999,"d":"63.38"},{"v":0.999999999961,"d":"1.00"},{"v":327.032219286999,"d":"327.03"},{"v":0.0598769844099,"d":"0.06"},"1_10815002_8611_90474","G",{"v":0.00161135240166,"d":"0.00"},{"v":2.5424997914e-05,"d":"0.00"},{"v":0.00831479349312,"d":"0.01"}]
[1,108,10817,{"v":4386.73674899999,"d":"4,386.74"},1629,{"v":0.371346651,"d":"0.37"}," ",430,10817004,{"v":517.564730382999,"d":"517.56"},105,{"v":0.202873175,"d":"0.20"},{"v":12.86769711,"d":"12.87"},{"v":0.905906425,"d":"0.91"},{"v":95.1201745999999,"d":"95.12"},{"v":9.879825399,"d":"9.88"},1,"1_10817004_8635",{"v":0.137573568166,"d":"0.14"},{"v":0.010691389997,"d":"0.01"},{"v":1.01696688323,"d":"1.02"},{"v":0.0248620053775,"d":"0.02"},"1_10817004_8635_90556","außerhalb GKL",{"v":0.137573568166,"d":"0.14"},{"v":1,"d":"1.00"},{"v":1.01696688323,"d":"1.02"}]
[1,109,10901,{"v":1161.452682,"d":"1,161.45"},1620,{"v":1.394804993,"d":"1.39"}," ",420,10901000,{"v":574.72055889,"d":"574.72"},787,{"v":1.369361141,"d":"1.37"},{"v":75.4378084899999,"d":"75.44"},{"v":0.920429496,"d":"0.92"},{"v":724.3780132,"d":"724.38"},{"v":62.6219867699999,"d":"62.62"},1,"1_10901000_8696",{"v":74.4861763803999,"d":"74.49"},{"v":0.987385210034,"d":"0.99"},{"v":715.240136707,"d":"715.24"},{"v":0.131259978999,"d":"0.13"},"1_10901000_8696_90826","G",{"v":0.331655371223,"d":"0.33"},{"v":0.00445257613345,"d":"0.00"},{"v":3.18466116239,"d":"3.18"}]
[1,109,10917,{"v":3646.733548,"d":"3,646.73"},7600,{"v":2.084056842,"d":"2.08"},"ST",220,10917002,{"v":474.949443405,"d":"474.95"},2391,{"v":5.034220027,"d":"5.03"},{"v":137.339414599999,"d":"137.34"},{"v":0.975109986,"d":"0.98"},{"v":2331.48797699999,"d":"2,331.49"},{"v":59.5120231399999,"d":"59.51"},1,"1_10917002_8938",{"v":137.195674214,"d":"137.20"},{"v":0.998953393049,"d":"1.00"},{"v":2329.04782548,"d":"2,329.05"},{"v":0.28916638709,"d":"0.29"},"1_10917002_8938_91321","F",{"v":0.101685524959,"d":"0.10"},{"v":0.000741171509536,"d":"0.00"},{"v":1.72622389259,"d":"1.73"}]
[1,109,10919,{"v":4374.141388,"d":"4,374.14"},2962,{"v":0.677161467,"d":"0.68"},"M",420,10919002,{"v":2066.80991606999,"d":"2,066.81"},1364,{"v":0.659954256,"d":"0.66"},{"v":161.2940685,"d":"161.29"},{"v":0.920429496,"d":"0.92"},{"v":1255.465832,"d":"1,255.47"},{"v":108.534167699999,"d":"108.53"},1,"1_10919002_8966",{"v":160.700246789,"d":"160.70"},{"v":0.996318390896,"d":"1.00"},{"v":1250.84369756,"d":"1,250.84"},{"v":0.0780401077264,"d":"0.08"},"1_10919002_8966_91483","G",{"v":0.880202965552,"d":"0.88"},{"v":0.00547729691235,"d":"0.01"},{"v":6.85124232248,"d":"6.85"}]
[2,201,20101,{"v":12003.30138,"d":"12,003.30"},101300,{"v":8.439344879,"d":"8.44"},"SR",101,20101143,{"v":17.8305202021,"d":"17.83"},595,{"v":33.3697499199999,"d":"33.37"},{"v":16.63863471,"d":"16.64"},{"v":0.965932983,"d":"0.97"},{"v":574.730124899999,"d":"574.73"},{"v":20.2698751,"d":"20.27"},1,"1_20101143_9095",{"v":16.6386347092,"d":"16.64"},{"v":0.999999999952,"d":"1.00"},{"v":574.730124872,"d":"574.73"},{"v":0.93315475496,"d":"0.93"},"1_20101143_9095_91780","C",{"v":7.34044711412,"d":"7.34"},{"v":0.441168836411,"d":"0.44"},{"v":253.55302044,"d":"253.55"}]
[2,201,20101,{"v":12003.30138,"d":"12,003.30"},101300,{"v":8.439344879,"d":"8.44"},"SR",101,20101388,{"v":46.5773820945,"d":"46.58"},989,{"v":21.2334819099999,"d":"21.23"},{"v":31.19637356,"d":"31.20"},{"v":0.965932983,"d":"0.97"},{"v":955.307720199999,"d":"955.31"},{"v":33.69227979,"d":"33.69"},1,"1_20101388_9166",{"v":31.1963735647999,"d":"31.20"},{"v":1.00000000015,"d":"1.00"},{"v":955.307720343,"d":"955.31"},{"v":0.669775160328,"d":"0.67"},"1_20101388_9166_92144","D",{"v":0.00027484363162,"d":"0.00"},{"v":8.810114773e-06,"d":"0.00"},{"v":8.41637066015E-3,"d":"0.01"}]
[2,201,20101,{"v":12003.30138,"d":"12,003.30"},101300,{"v":8.439344879,"d":"8.44"},"SR",101,20101642,{"v":339.029146007,"d":"339.03"},975,{"v":2.875858939,"d":"2.88"},{"v":65.81153595,"d":"65.81"},{"v":0.965932983,"d":"0.97"},{"v":941.784658499999,"d":"941.78"},{"v":33.2153415499999,"d":"33.22"},1,"1_20101642_9259",{"v":59.8615844010999,"d":"59.86"},{"v":0.909591054775,"d":"0.91"},{"v":856.638900895999,"d":"856.64"},{"v":0.194117634797,"d":"0.19"},"1_20101642_9259_92545","B",{"v":13.6657063807,"d":"13.67"},{"v":0.228288417646,"d":"0.23"},{"v":195.56073918,"d":"195.56"}]
[2,201,20101,{"v":12003.30138,"d":"12,003.30"},101300,{"v":8.439344879,"d":"8.44"},"SR",101,20101743,{"v":182.917894958,"d":"182.92"},989,{"v":5.406797406,"d":"5.41"},{"v":62.6135902099999,"d":"62.61"},{"v":0.965932983,"d":"0.97"},{"v":955.307720199999,"d":"955.31"},{"v":33.69227979,"d":"33.69"},1,"1_20101743_9306",{"v":60.6208089547,"d":"60.62"},{"v":0.968173343062,"d":"0.97"},{"v":924.903469118999,"d":"924.90"},{"v":0.342304344932,"d":"0.34"},"1_20101743_9306_92801","G",{"v":1.33779730035,"d":"1.34"},{"v":0.0220682851882,"d":"0.02"},{"v":20.4110335280999,"d":"20.41"}]
[2,202,20201,{"v":13490.3313699999,"d":"13,490.33"},62882,{"v":4.6612643,"d":"4.66"},"SR",102,20201121,{"v":163.163390759,"d":"163.16"},1437,{"v":8.80712268399999,"d":"8.81"},{"v":38.6540867,"d":"38.65"},{"v":0.973029842,"d":"0.97"},{"v":1398.24388199999,"d":"1,398.24"},{"v":38.75611769,"d":"38.76"},1,"1_20201121_9389",{"v":38.1797069928,"d":"38.18"},{"v":0.987727566534,"d":"0.99"},{"v":1381.08402698999,"d":"1,381.08"},{"v":0.236904164103,"d":"0.24"},"1_20201121_9389_93131","F",{"v":0.0745834698308,"d":"0.07"},{"v":0.00195348460492,"d":"0.00"},{"v":2.69792638483,"d":"2.70"}]
[2,202,20201,{"v":13490.3313699999,"d":"13,490.33"},62882,{"v":4.6612643,"d":"4.66"},"SR",102,20201200,{"v":1368.03029713,"d":"1,368.03"},425,{"v":0.310665634,"d":"0.31"},{"v":33.8931932799999,"d":"33.89"},{"v":0.973029842,"d":"0.97"},{"v":413.5376827,"d":"413.54"},{"v":11.46231734,"d":"11.46"},1,"1_20201200_9416",{"v":2.18691269118,"d":"2.19"},{"v":0.0645236544433,"d":"0.06"},{"v":26.6829625378,"d":"26.68"},{"v":0.0247751773854,"d":"0.02"},"1_20201200_9416_93258","G",{"v":0.352786737103,"d":"0.35"},{"v":0.161317248067,"d":"0.16"},{"v":4.30442208687,"d":"4.30"}]
[2,203,20305,{"v":20535.02271,"d":"20,535.02"},6886,{"v":0.335329554,"d":"0.34"},"ST",430,20305010,{"v":1711.72362674,"d":"1,711.72"},650,{"v":0.379734199,"d":"0.38"},{"v":74.9140906699999,"d":"74.91"},{"v":0.905906425,"d":"0.91"},{"v":588.8391761,"d":"588.84"},{"v":61.1608238999999,"d":"61.16"},1,"1_20305010_9552",{"v":2.15977149995,"d":"2.16"},{"v":0.0288299768526,"d":"0.03"},{"v":16.9762198168999,"d":"16.98"},{"v":0.0437652956936,"d":"0.04"},"1_20305010_9552_93788","außerhalb GKL",{"v":0.666954897023,"d":"0.67"},{"v":0.308808083188,"d":"0.31"},{"v":5.24239390144,"d":"5.24"}]
[2,204,20402,{"v":5499.893022,"d":"5,499.89"},8065,{"v":1.466392158,"d":"1.47"},"M",310,20402001,{"v":1028.36214079,"d":"1,028.36"},2296,{"v":2.232676514,"d":"2.23"},{"v":160.2978497,"d":"160.30"},{"v":0.969116244,"d":"0.97"},{"v":2225.09089499999,"d":"2,225.09"},{"v":70.90910458,"d":"70.91"},1,"1_20402001_9893",{"v":34.3637591948999,"d":"34.36"},{"v":0.214374423981,"d":"0.21"},{"v":477.002578921,"d":"477.00"},{"v":0.155876848575,"d":"0.16"},"1_20402001_9893_94023","außerhalb GKL",{"v":3.92858425607,"d":"3.93"},{"v":0.114323471824,"d":"0.11"},{"v":54.5325908913,"d":"54.53"}]
[2,204,20409,{"v":5019.14975299999,"d":"5,019.15"},2969,{"v":0.591534452,"d":"0.59"},"M",310,20409001,{"v":3581.29672693,"d":"3,581.30"},1834,{"v":0.512105011,"d":"0.51"},{"v":122.594444899999,"d":"122.59"},{"v":0.969116244,"d":"0.97"},{"v":1777.359191,"d":"1,777.36"},{"v":56.64080914,"d":"56.64"},1,"1_20409001_10027",{"v":1.92294755848,"d":"1.92"},{"v":0.0156854379499,"d":"0.02"},{"v":27.8786573050999,"d":"27.88"},{"v":0.0342318590856,"d":"0.03"},"1_20409001_10027_94445","außerhalb GKL",{"v":0.00566554707301,"d":"0.01"},{"v":2.94628267319E-3,"d":"0.00"},{"v":0.0821384049698,"d":"0.08"}]
[2,204,20414,{"v":2819.353754,"d":"2,819.35"},3079,{"v":1.092094242,"d":"1.09"}," ",310,20414000,{"v":1767.53152974999,"d":"1,767.53"},1570,{"v":0.88824441,"d":"0.89"},{"v":133.080610799999,"d":"133.08"},{"v":0.969116244,"d":"0.97"},{"v":1521.51250299999,"d":"1,521.51"},{"v":48.48749747,"d":"48.49"},1,"1_20414000_10070",{"v":0.438290079724,"d":"0.44"},{"v":0.00329341800499,"d":"0.00"},{"v":5.0109766722,"d":"5.01"},{"v":0.0752917888932,"d":"0.08"},"1_20414000_10070_94532","außerhalb GKL",{"v":0.438290079724,"d":"0.44"},{"v":1,"d":"1.00"},{"v":5.0109766722,"d":"5.01"}]
[2,204,20418,{"v":3484.247001,"d":"3,484.25"},3864,{"v":1.108991411,"d":"1.11"},"M",310,20418002,{"v":87.6648280013999,"d":"87.66"},48,{"v":0.547540001,"d":"0.55"},{"v":2.908663708,"d":"2.91"},{"v":0.969116244,"d":"0.97"},{"v":46.5175796999999,"d":"46.52"},{"v":1.482420305,"d":"1.48"},1,"1_20418002_10172",{"v":0.24921329321,"d":"0.25"},{"v":0.0856796516299,"d":"0.09"},{"v":3.98561002336,"d":"3.99"},{"v":0.0331793693584,"d":"0.03"},"1_20418002_10172_94797","außerhalb GKL",{"v":0.24921329321,"d":"0.25"},{"v":1,"d":"1.00"},{"v":3.98561002336,"d":"3.99"}]
[2,204,20432,{"v":2861.86715199999,"d":"2,861.87"},2630,{"v":0.918980463,"d":"0.92"},"M",310,20432001,{"v":2516.78992491999,"d":"2,516.79"},1428,{"v":0.56738943,"d":"0.57"},{"v":99.9763781599999,"d":"99.98"},{"v":0.969116244,"d":"0.97"},{"v":1383.89799599999,"d":"1,383.90"},{"v":44.10200407,"d":"44.10"},1,"1_20432001_10328",{"v":0.21061240408,"d":"0.21"},{"v":2.1066216636E-3,"d":"0.00"},{"v":2.91534949859,"d":"2.92"},{"v":0.0397237676336,"d":"0.04"},"1_20432001_10328_95127","außerhalb GKL",{"v":0.21061240408,"d":"0.21"},{"v":1,"d":"1.00"},{"v":2.91534949859,"d":"2.92"}]
[2,205,20502,{"v":4668.17176999999,"d":"4,668.17"},2739,{"v":0.586739335,"d":"0.59"},"M",310,20502001,{"v":4396.99161388999,"d":"4,396.99"},1156,{"v":0.262907029,"d":"0.26"},{"v":108.4456183,"d":"108.45"},{"v":0.969116244,"d":"0.97"},{"v":1120.29837799999,"d":"1,120.30"},{"v":35.70162234,"d":"35.70"},1,"1_20502001_10557",{"v":0.517039650138,"d":"0.52"},{"v":0.0047677320508,"d":"0.00"},{"v":5.34128248325,"d":"5.34"},{"v":0.0246635945262,"d":"0.02"},"1_20502001_10557_95501","außerhalb GKL",{"v":0.502227225875,"d":"0.50"},{"v":0.971351473221,"d":"0.97"},{"v":5.18826260899,"d":"5.19"}]
[2,205,20508,{"v":3964.603277,"d":"3,964.60"},1202,{"v":0.30318292,"d":"0.30"},"M",410,20508000,{"v":1647.57712158999,"d":"1,647.58"},910,{"v":0.552326193,"d":"0.55"},{"v":60.6795158799999,"d":"60.68"},{"v":0.921559671,"d":"0.92"},{"v":838.6193004,"d":"838.62"},{"v":71.38069962,"d":"71.38"},1,"1_20508000_10730",{"v":56.1311889042,"d":"56.13"},{"v":0.925043453135,"d":"0.93"},{"v":775.759293508,"d":"775.76"},{"v":0.0368295450846,"d":"0.04"},"1_20508000_10730_95784","G",{"v":39.7540232023999,"d":"39.75"},{"v":0.708234120433,"d":"0.71"},{"v":549.419200905,"d":"549.42"}]
[2,205,20513,{"v":6853.728664,"d":"6,853.73"},1718,{"v":0.250666474,"d":"0.25"},"M",410,20513002,{"v":3570.52689988,"d":"3,570.53"},539,{"v":0.150958112,"d":"0.15"},{"v":51.0684765199999,"d":"51.07"},{"v":0.921559671,"d":"0.92"},{"v":496.7206625,"d":"496.72"},{"v":42.27933747,"d":"42.28"},1,"1_20513002_10875",{"v":1.028858585,"d":"1.03"},{"v":0.0201466473079,"d":"0.02"},{"v":10.0072559979,"d":"10.01"},{"v":0.0143027844215,"d":"0.01"},"1_20513002_10875_96010","außerhalb GKL",{"v":1.028858585,"d":"1.03"},{"v":1,"d":"1.00"},{"v":10.0072559979,"d":"10.01"}]
[2,205,20523,{"v":6984.303966,"d":"6,984.30"},3576,{"v":0.512005207,"d":"0.51"}," ",410,20523001,{"v":351.112479575,"d":"351.11"},1167,{"v":3.323721223,"d":"3.32"},{"v":74.49635283,"d":"74.50"},{"v":0.921559671,"d":"0.92"},{"v":1075.46013599999,"d":"1,075.46"},{"v":91.53986424,"d":"91.54"},1,"1_20523001_11138",{"v":72.6451084429999,"d":"72.65"},{"v":0.975149865508,"d":"0.98"},{"v":1048.73480698,"d":"1,048.73"},{"v":0.212172329848,"d":"0.21"},"1_20523001_11138_96441","F",{"v":0.00268950847504,"d":"0.00"},{"v":3.7022568108E-5,"d":"0.00"},{"v":0.0388268558185,"d":"0.04"}]
[2,205,20531,{"v":9579.674123,"d":"9,579.67"},2032,{"v":0.212115775,"d":"0.21"},"M",430,20531002,{"v":8726.68307613999,"d":"8,726.68"},989,{"v":0.113330574,"d":"0.11"},{"v":74.14221272,"d":"74.14"},{"v":0.905906425,"d":"0.91"},{"v":895.941454099999,"d":"895.94"},{"v":93.0585458999999,"d":"93.06"},1,"1_20531002_11303",{"v":2.39882095244,"d":"2.40"},{"v":0.032354321033,"d":"0.03"},{"v":28.9875774327,"d":"28.99"},{"v":0.00849603590197,"d":"0.01"},"1_20531002_11303_96775","außerhalb GKL",{"v":2.39882095244,"d":"2.40"},{"v":1,"d":"1.00"},{"v":28.9875774327,"d":"28.99"}]
[2,206,20608,{"v":3154.576336,"d":"3,154.58"},2550,{"v":0.808349435,"d":"0.81"},"ST",410,20608002,{"v":1218.45150585999,"d":"1,218.45"},466,{"v":0.382452644,"d":"0.38"},{"v":32.1237593999999,"d":"32.12"},{"v":0.921559671,"d":"0.92"},{"v":429.4468066,"d":"429.45"},{"v":36.55319343,"d":"36.55"},1,"1_20608002_11578",{"v":10.5369859591,"d":"10.54"},{"v":0.328012230072,"d":"0.33"},{"v":140.863804729999,"d":"140.86"},{"v":0.0263644135573,"d":"0.03"},"1_20608002_11578_97102","außerhalb GKL",{"v":10.5369859591,"d":"10.54"},{"v":1,"d":"1.00"},{"v":140.863804729999,"d":"140.86"}]
[2,206,20619,{"v":26205.02689,"d":"26,205.03"},1936,{"v":0.073878955,"d":"0.07"}," ",410,20619000,{"v":119.436806935,"d":"119.44"},617,{"v":5.165911714,"d":"5.17"},{"v":59.72555486,"d":"59.73"},{"v":0.921559671,"d":"0.92"},{"v":568.6023168,"d":"568.60"},{"v":48.3976831499999,"d":"48.40"},1,"1_20619000_11751",{"v":1.85498805796,"d":"1.85"},{"v":0.0310585320188,"d":"0.03"},{"v":17.6599532623,"d":"17.66"},{"v":0.500059875952,"d":"0.50"},"1_20619000_11751_97234","G",{"v":0.326899201962,"d":"0.33"},{"v":0.176227119393,"d":"0.18"},{"v":3.11216269203,"d":"3.11"}]
[2,206,20633,{"v":4259.26913499999,"d":"4,259.27"},1322,{"v":0.310381889,"d":"0.31"},"M",410,20633000,{"v":4259.26913506999,"d":"4,259.27"},1322,{"v":0.310381889,"d":"0.31"},{"v":101.9885244,"d":"101.99"},{"v":0.921559671,"d":"0.92"},{"v":1218.301885,"d":"1,218.30"},{"v":103.698115299999,"d":"103.70"},1,"1_20633000_12210",{"v":1.2854879211,"d":"1.29"},{"v":0.0126042408071,"d":"0.01"},{"v":15.3557703343,"d":"15.36"},{"v":0.023945076295,"d":"0.02"},"1_20633000_12210_97759","F",{"v":0.504172959143,"d":"0.50"},{"v":0.392203575675,"d":"0.39"},{"v":6.02258803236,"d":"6.02"}]
[2,206,20635,{"v":4856.689183,"d":"4,856.69"},15300,{"v":3.150294248,"d":"3.15"},"ST",103,20635021,{"v":1466.84289863,"d":"1,466.84"},771,{"v":0.525618661,"d":"0.53"},{"v":71.0194680799999,"d":"71.02"},{"v":0.975480312,"d":"0.98"},{"v":752.095320499999,"d":"752.10"},{"v":18.90467947,"d":"18.90"},1,"1_20635021_12300",{"v":0.415954945181,"d":"0.42"},{"v":0.00585691439863,"d":"0.01"},{"v":4.40495791178,"d":"4.40"},{"v":0.048416546957,"d":"0.05"},"1_20635021_12300_98085","außerhalb GKL",{"v":0.415954945181,"d":"0.42"},{"v":1,"d":"1.00"},{"v":4.40495791178,"d":"4.40"}]
[2,206,20638,{"v":7379.70258399999,"d":"7,379.70"},1162,{"v":0.15745892,"d":"0.16"}," ",410,20638000,{"v":7379.70258380999,"d":"7,379.70"},1162,{"v":0.15745892,"d":"0.16"},{"v":146.373537999999,"d":"146.37"},{"v":0.921559671,"d":"0.92"},{"v":1070.852337,"d":"1,070.85"},{"v":91.1476626,"d":"91.15"},1,"1_20638000_12441",{"v":96.0502379559,"d":"96.05"},{"v":0.656199469305,"d":"0.66"},{"v":702.692735243,"d":"702.69"},{"v":0.0198346120779,"d":"0.02"},"1_20638000_12441_98253","außerhalb GKL",{"v":65.7953601733999,"d":"65.80"},{"v":0.685009861231,"d":"0.69"},{"v":481.351453057,"d":"481.35"}]
[2,206,20642,{"v":20748.5187799999,"d":"20,748.52"},1661,{"v":0.080053907,"d":"0.08"}," ",410,20642000,{"v":12888.3346154999,"d":"12,888.33"},1106,{"v":0.085814035,"d":"0.09"},{"v":154.257725099999,"d":"154.26"},{"v":0.921559671,"d":"0.92"},{"v":1019.244996,"d":"1,019.24"},{"v":86.7550041599999,"d":"86.76"},1,"1_20642000_12611",{"v":0.470546700679,"d":"0.47"},{"v":0.00305039310267,"d":"0.00"},{"v":3.10909790573,"d":"3.11"},{"v":0.0119687864803,"d":"0.01"},"1_20642000_12611_98441","außerhalb GKL",{"v":0.470546700679,"d":"0.47"},{"v":1,"d":"1.00"},{"v":3.10909790573,"d":"3.11"}]
[2,207,20710,{"v":3141.01640399999,"d":"3,141.02"},2088,{"v":0.664752975,"d":"0.66"}," ",410,20710000,{"v":166.17705839,"d":"166.18"},611,{"v":3.676801154,"d":"3.68"},{"v":26.29611642,"d":"26.30"},{"v":0.921559671,"d":"0.92"},{"v":563.0729588,"d":"563.07"},{"v":47.92704118,"d":"47.93"},1,"1_20710000_12943",{"v":2.7891994498,"d":"2.79"},{"v":0.106068873641,"d":"0.11"},{"v":59.7245145175999,"d":"59.72"},{"v":0.158241556775,"d":"0.16"},"1_20710000_12943_99018","D",{"v":1.10790724621,"d":"1.11"},{"v":0.397213346034,"d":"0.40"},{"v":23.7233742517999,"d":"23.72"}]
[2,207,20711,{"v":10205.9982199999,"d":"10,206.00"},9059,{"v":0.887615283,"d":"0.89"},"M",310,20711000,{"v":3197.5985669,"d":"3,197.60"},2405,{"v":0.752126932,"d":"0.75"},{"v":247.569012299999,"d":"247.57"},{"v":0.969116244,"d":"0.97"},{"v":2330.72456599999,"d":"2,330.72"},{"v":74.27543402,"d":"74.28"},1,"1_20711000_12988",{"v":243.145578333,"d":"243.15"},{"v":0.982132521652,"d":"0.98"},{"v":2289.08039528,"d":"2,289.08"},{"v":0.0774234185813,"d":"0.08"},"1_20711000_12988_99098","außerhalb GKL",{"v":0.000646700933024,"d":"0.00"},{"v":2.659727302e-06,"d":"0.00"},{"v":0.00608832962352,"d":"0.01"}]
[2,207,20721,{"v":1915.38740099999,"d":"1,915.39"},1822,{"v":0.951243597,"d":"0.95"},"M",410,20721002,{"v":662.312335504999,"d":"662.31"},444,{"v":0.670378575,"d":"0.67"},{"v":41.4807705799999,"d":"41.48"},{"v":0.921559671,"d":"0.92"},{"v":409.172493799999,"d":"409.17"},{"v":34.82750619,"d":"34.83"},1,"1_20721002_13182",{"v":0.114094361354,"d":"0.11"},{"v":0.0027505362065,"d":"0.00"},{"v":1.1254437589,"d":"1.13"},{"v":0.0626302249804,"d":"0.06"},"1_20721002_13182_99527","außerhalb GKL",{"v":0.114094361354,"d":"0.11"},{"v":1,"d":"1.00"},{"v":1.1254437589,"d":"1.13"}]
[2,207,20724,{"v":7103.98807599999,"d":"7,103.99"},4462,{"v":0.628097901,"d":"0.63"},"M",310,20724000,{"v":198.860021885,"d":"198.86"},1298,{"v":6.527204351,"d":"6.53"},{"v":98.02569431,"d":"98.03"},{"v":0.969116244,"d":"0.97"},{"v":1257.912884,"d":"1,257.91"},{"v":40.08711574,"d":"40.09"},1,"1_20724000_13271",{"v":97.71437326,"d":"97.71"},{"v":0.996824087274,"d":"1.00"},{"v":1253.91786245999,"d":"1,253.92"},{"v":0.492938165152,"d":"0.49"},"1_20724000_13271_99755","F",{"v":5.64218751304,"d":"5.64"},{"v":0.0577416333422,"d":"0.06"},{"v":72.4032654554,"d":"72.40"}]
[2,207,20725,{"v":5300.55923499999,"d":"5,300.56"},9025,{"v":1.702650532,"d":"1.70"},"M",410,20725002,{"v":830.70087464,"d":"830.70"},2254,{"v":2.713371406,"d":"2.71"},{"v":173.7445955,"d":"173.74"},{"v":0.921559671,"d":"0.92"},{"v":2077.195498,"d":"2,077.20"},{"v":176.8045021,"d":"176.80"},1,"1_20725002_13344",{"v":87.815939333,"d":"87.82"},{"v":0.505431199631,"d":"0.51"},{"v":1049.87941242,"d":"1,049.88"},{"v":0.209154222421,"d":"0.21"},"1_20725002_13344_99986","E",{"v":2.75170328561,"d":"2.75"},{"v":0.0313348955384,"d":"0.03"},{"v":32.8978617161,"d":"32.90"}]
[2,208,20802,{"v":5478.825864,"d":"5,478.83"},787,{"v":0.143643916,"d":"0.14"}," ",410,20802000,{"v":4975.66446084,"d":"4,975.66"},728,{"v":0.146312117,"d":"0.15"},{"v":82.09800764,"d":"82.10"},{"v":0.921559671,"d":"0.92"},{"v":670.8954403,"d":"670.90"},{"v":57.1045597,"d":"57.10"},1,"1_20802000_13536",{"v":2.38666092329,"d":"2.39"},{"v":0.0290708750662,"d":"0.03"},{"v":19.5035175274,"d":"19.50"},{"v":0.0164999083612,"d":"0.02"},"1_20802000_13536_100412","außerhalb GKL",{"v":2.38666092329,"d":"2.39"},{"v":1,"d":"1.00"},{"v":19.5035175274,"d":"19.50"}]
[2,208,20805,{"v":5413.22153999999,"d":"5,413.22"},2200,{"v":0.406412334,"d":"0.41"},"M",430,20805000,{"v":4466.93846417999,"d":"4,466.94"},1326,{"v":0.296847608,"d":"0.30"},{"v":180.200955999999,"d":"180.20"},{"v":0.905906425,"d":"0.91"},{"v":1201.231919,"d":"1,201.23"},{"v":124.7680808,"d":"124.77"},1,"1_20805000_13736",{"v":68.7165675855,"d":"68.72"},{"v":0.381332980195,"d":"0.38"},{"v":458.069347578,"d":"458.07"},{"v":0.0403410428518,"d":"0.04"},"1_20805000_13736_100742","C",{"v":1.87932338642,"d":"1.88"},{"v":0.0273489123868,"d":"0.03"},{"v":12.5276984539999,"d":"12.53"}]
[2,208,20810,{"v":3634.98850099999,"d":"3,634.99"},1019,{"v":0.280331011,"d":"0.28"}," ",410,20810000,{"v":3634.98850055999,"d":"3,634.99"},1019,{"v":0.280331011,"d":"0.28"},{"v":94.9299593199999,"d":"94.93"},{"v":0.921559671,"d":"0.92"},{"v":939.0693045,"d":"939.07"},{"v":79.93069551,"d":"79.93"},1,"1_20810000_13904",{"v":0.383520783688,"d":"0.38"},{"v":4.04003948211E-3,"d":"0.00"},{"v":3.79387706662,"d":"3.79"},{"v":0.0261156147551,"d":"0.03"},"1_20810000_13904_101005","außerhalb GKL",{"v":0.383520783688,"d":"0.38"},{"v":1,"d":"1.00"},{"v":3.79387706662,"d":"3.79"}]
[2,208,20817,{"v":13743.7979599999,"d":"13,743.80"},10899,{"v":0.793012239,"d":"0.79"},"ST",210,20817005,{"v":1291.50574108999,"d":"1,291.51"},950,{"v":0.735575515,"d":"0.74"},{"v":89.6389580299999,"d":"89.64"},{"v":0.955942851,"d":"0.96"},{"v":908.145708799999,"d":"908.15"},{"v":41.85429121,"d":"41.85"},1,"1_20817005_14112",{"v":6.82524594907,"d":"6.83"},{"v":0.0761415136796,"d":"0.08"},{"v":69.1475889097,"d":"69.15"},{"v":0.0694065501825,"d":"0.07"},"1_20817005_14112_101399","außerhalb GKL",{"v":6.82524594907,"d":"6.83"},{"v":1,"d":"1.00"},{"v":69.1475889097,"d":"69.15"}]
[2,209,20905,{"v":10093.65423,"d":"10,093.65"},2556,{"v":0.253228409,"d":"0.25"},"M",103,20905004,{"v":5618.39272633,"d":"5,618.39"},348,{"v":0.061939422,"d":"0.06"},{"v":6.864328957,"d":"6.86"},{"v":0.975480312,"d":"0.98"},{"v":339.467148599999,"d":"339.47"},{"v":8.532851436,"d":"8.53"},1,"1_20905004_14362",{"v":1.36709119429,"d":"1.37"},{"v":0.199158752859,"d":"0.20"},{"v":67.6078539517999,"d":"67.61"},{"v":1.2217602598E-3,"d":"0.00"},"1_20905004_14362_101770","G",{"v":0.59752172302,"d":"0.60"},{"v":0.437075248173,"d":"0.44"},{"v":29.5497195443999,"d":"29.55"}]
[2,209,20913,{"v":11358.7934299999,"d":"11,358.79"},9873,{"v":0.869194432,"d":"0.87"},"ST",410,20913020,{"v":313.201507844999,"d":"313.20"},420,{"v":1.340989713,"d":"1.34"},{"v":17.31832099,"d":"17.32"},{"v":0.921559671,"d":"0.92"},{"v":387.0550617,"d":"387.06"},{"v":32.94493829,"d":"32.94"},1,"1_20913020_14508",{"v":3.53947328469,"d":"3.54"},{"v":0.2043773924,"d":"0.20"},{"v":79.1053042255,"d":"79.11"},{"v":0.0552945006847,"d":"0.06"},"1_20913020_14508_102056","F",{"v":3.00190869725,"d":"3.00"},{"v":0.848122999045,"d":"0.85"},{"v":67.0910278600999,"d":"67.09"}]
[2,209,20914,{"v":7233.62728499999,"d":"7,233.63"},1960,{"v":0.270956731,"d":"0.27"}," ",410,20914000,{"v":1456.49459694999,"d":"1,456.49"},1433,{"v":0.983869081,"d":"0.98"},{"v":88.19987985,"d":"88.20"},{"v":0.921559671,"d":"0.92"},{"v":1320.595008,"d":"1,320.60"},{"v":112.4049918,"d":"112.40"},1,"1_20914000_14609",{"v":56.0457957874999,"d":"56.05"},{"v":0.635440727162,"d":"0.64"},{"v":839.15985217,"d":"839.16"},{"v":0.0605562698514,"d":"0.06"},"1_20914000_14609_102229","E",{"v":3.05991906908,"d":"3.06"},{"v":0.0545967637016,"d":"0.05"},{"v":45.8154121568,"d":"45.82"}]
[2,209,20923,{"v":27863.0530499999,"d":"27,863.05"},25025,{"v":0.898142783,"d":"0.90"},"ST",103,20923020,{"v":106.201323915,"d":"106.20"},1600,{"v":15.06572556,"d":"15.07"},{"v":84.17439554,"d":"84.17"},{"v":0.975480312,"d":"0.98"},{"v":1560.768499,"d":"1,560.77"},{"v":39.2315008599999,"d":"39.23"},1,"1_20923020_14669",{"v":0.125474391454,"d":"0.13"},{"v":1.49064796544E-3,"d":"0.00"},{"v":2.32655638756,"d":"2.33"},{"v":0.792592713885,"d":"0.79"},"1_20923020_14669_102412","außerhalb GKL",{"v":0.0264644756716,"d":"0.03"},{"v":0.210915353842,"d":"0.21"},{"v":0.490706463716,"d":"0.49"}]
[2,209,20923,{"v":27863.0530499999,"d":"27,863.05"},25025,{"v":0.898142783,"d":"0.90"},"ST",103,20923060,{"v":746.1900745,"d":"746.19"},1806,{"v":2.420294857,"d":"2.42"},{"v":156.6350672,"d":"156.64"},{"v":0.975480312,"d":"0.98"},{"v":1761.717443,"d":"1,761.72"},{"v":44.2825565899999,"d":"44.28"},1,"1_20923060_14786",{"v":82.1980822785999,"d":"82.20"},{"v":0.524774456627,"d":"0.52"},{"v":924.504313881,"d":"924.50"},{"v":0.209913093932,"d":"0.21"},"1_20923060_14786_102738","F",{"v":16.951177074,"d":"16.95"},{"v":0.20622351038,"d":"0.21"},{"v":190.65452497,"d":"190.65"}]
[2,210,21002,{"v":7752.80996899999,"d":"7,752.81"},14270,{"v":1.840622956,"d":"1.84"},"ST",210,21002020,{"v":1959.65481391999,"d":"1,959.65"},1940,{"v":0.989970267,"d":"0.99"},{"v":177.4114806,"d":"177.41"},{"v":0.955942851,"d":"0.96"},{"v":1854.52913199999,"d":"1,854.53"},{"v":85.4708683799999,"d":"85.47"},1,"1_21002020_15047",{"v":0.305312206383,"d":"0.31"},{"v":1.7209269961E-3,"d":"0.00"},{"v":3.19150924831,"d":"3.19"},{"v":0.0905320056062,"d":"0.09"},"1_21002020_15047_103248","außerhalb GKL",{"v":0.173622963907,"d":"0.17"},{"v":0.568673509533,"d":"0.57"},{"v":1.81492676494,"d":"1.81"}]
[2,210,21004,{"v":7857.130454,"d":"7,857.13"},1026,{"v":0.130582024,"d":"0.13"}," ",420,21004000,{"v":7857.13045438999,"d":"7,857.13"},1026,{"v":0.130582024,"d":"0.13"},{"v":52.2436932999999,"d":"52.24"},{"v":0.920429496,"d":"0.92"},{"v":944.3606627,"d":"944.36"},{"v":81.6393372699999,"d":"81.64"},1,"1_21004000_15139",{"v":1.2431841343,"d":"1.24"},{"v":0.0237958700041,"d":"0.02"},{"v":22.4718835665999,"d":"22.47"},{"v":0.00664920782508,"d":"0.01"},"1_21004000_15139_103399","G",{"v":1.2431841343,"d":"1.24"},{"v":1,"d":"1.00"},{"v":22.4718835665999,"d":"22.47"}]
[2,210,21009,{"v":2954.57371899999,"d":"2,954.57"},3808,{"v":1.288849209,"d":"1.29"}," ",410,21009000,{"v":1149.73967016999,"d":"1,149.74"},1292,{"v":1.123732644,"d":"1.12"},{"v":165.586951199999,"d":"165.59"},{"v":0.921559671,"d":"0.92"},{"v":1190.655095,"d":"1,190.66"},{"v":101.3449054,"d":"101.34"},1,"1_21009000_15366",{"v":158.054552591,"d":"158.05"},{"v":0.954510916745,"d":"0.95"},{"v":1136.49328626,"d":"1,136.49"},{"v":0.144021255851,"d":"0.14"},"1_21009000_15366_103707","außerhalb GKL",{"v":2.76055286301,"d":"2.76"},{"v":0.0174658231462,"d":"0.02"},{"v":19.8497907447,"d":"19.85"}]
[3,318,31803,{"v":8169.62843499999,"d":"8,169.63"},1855,{"v":0.22706051,"d":"0.23"}," ",410,31803000,{"v":4253.22972546999,"d":"4,253.23"},1373,{"v":0.322813506,"d":"0.32"},{"v":106.5759127,"d":"106.58"},{"v":0.921559671,"d":"0.92"},{"v":1265.30142799999,"d":"1,265.30"},{"v":107.6985721,"d":"107.70"},1,"1_31803000_24184",{"v":27.4962409878,"d":"27.50"},{"v":0.257996767667,"d":"0.26"},{"v":326.443678547999,"d":"326.44"},{"v":0.025057643151,"d":"0.03"},"1_31803000_24184_104056","außerhalb GKL",{"v":0.0237409295935,"d":"0.02"},{"v":0.000863424553343,"d":"0.00"},{"v":0.281859487342,"d":"0.28"}]
[3,318,31812,{"v":1482.27802599999,"d":"1,482.28"},1313,{"v":0.885798734,"d":"0.89"},"M",410,31812002,{"v":54.99548226,"d":"55.00"},100,{"v":1.818331177,"d":"1.82"},{"v":9.44881149399999,"d":"9.45"},{"v":0.921559671,"d":"0.92"},{"v":92.15596707,"d":"92.16"},{"v":7.844032926,"d":"7.84"},1,"1_31812002_24515",{"v":6.58387672287,"d":"6.58"},{"v":0.696794165811,"d":"0.70"},{"v":64.213740199,"d":"64.21"},{"v":0.171810685273,"d":"0.17"},"1_31812002_24515_104472","F",{"v":0.188852880227,"d":"0.19"},{"v":0.0286841458576,"d":"0.03"},{"v":1.84191628993,"d":"1.84"}]
[3,318,31838,{"v":871.8577211,"d":"871.86"},518,{"v":0.594133638,"d":"0.59"}," ",410,31838000,{"v":871.857721145,"d":"871.86"},518,{"v":0.594133638,"d":"0.59"},{"v":113.911105899999,"d":"113.91"},{"v":0.921559671,"d":"0.92"},{"v":477.367909399999,"d":"477.37"},{"v":40.63209055,"d":"40.63"},1,"1_31838000_25044",{"v":70.6935423678,"d":"70.69"},{"v":0.620602721826,"d":"0.62"},{"v":296.255823885999,"d":"296.26"},{"v":0.130653320074,"d":"0.13"},"1_31838000_25044_104713","F",{"v":4.23520141485,"d":"4.24"},{"v":0.0599093109922,"d":"0.06"},{"v":17.7484822864,"d":"17.75"}]
[3,318,31848,{"v":3153.859976,"d":"3,153.86"},1407,{"v":0.446119996,"d":"0.45"}," ",410,31848000,{"v":3153.85997636,"d":"3,153.86"},1407,{"v":0.446119996,"d":"0.45"},{"v":131.3800602,"d":"131.38"},{"v":0.921559671,"d":"0.92"},{"v":1296.634457,"d":"1,296.63"},{"v":110.365543299999,"d":"110.37"},1,"1_31848000_25366",{"v":0.535389999347,"d":"0.54"},{"v":0.00407512371765,"d":"0.00"},{"v":5.28394582884,"d":"5.28"},{"v":0.0416569096868,"d":"0.04"},"1_31848000_25366_104981","außerhalb GKL",{"v":0.535389999346,"d":"0.54"},{"v":0.999999999998,"d":"1.00"},{"v":5.28394582883,"d":"5.28"}]
[3,323,32314,{"v":5776.689532,"d":"5,776.69"},2826,{"v":0.489207527,"d":"0.49"},"ST",430,32314003,{"v":2276.52456077999,"d":"2,276.52"},516,{"v":0.226661293,"d":"0.23"},{"v":61.6829390799999,"d":"61.68"},{"v":0.905906425,"d":"0.91"},{"v":467.4477152,"d":"467.45"},{"v":48.5522848199999,"d":"48.55"},1,"1_32314003_29420",{"v":1.17035814014,"d":"1.17"},{"v":0.0189737739089,"d":"0.02"},{"v":8.86924726244,"d":"8.87"},{"v":0.027095222315,"d":"0.03"},"1_32314003_29420_105370","außerhalb GKL",{"v":1.17035814014,"d":"1.17"},{"v":1,"d":"1.00"},{"v":8.86924726244,"d":"8.87"}]
[3,323,32335,{"v":3844.59479599999,"d":"3,844.59"},1519,{"v":0.395100155,"d":"0.40"},"M",410,32335000,{"v":3844.59479598,"d":"3,844.59"},1519,{"v":0.395100155,"d":"0.40"},{"v":144.5881936,"d":"144.59"},{"v":0.921559671,"d":"0.92"},{"v":1399.84914,"d":"1,399.85"},{"v":119.1508601,"d":"119.15"},1,"1_32335000_30134",{"v":2.57436994443,"d":"2.57"},{"v":0.017804842016,"d":"0.02"},{"v":24.9240927839,"d":"24.92"},{"v":0.0376081749242,"d":"0.04"},"1_32335000_30134_105700","außerhalb GKL",{"v":2.57436994443,"d":"2.57"},{"v":1,"d":"1.00"},{"v":24.9240927839,"d":"24.92"}]
[4,407,40702,{"v":11226.27109,"d":"11,226.27"},7560,{"v":0.673420403,"d":"0.67"},"M",420,40702005,{"v":6313.18111592999,"d":"6,313.18"},1715,{"v":0.271653857,"d":"0.27"},{"v":173.7509745,"d":"173.75"},{"v":0.920429496,"d":"0.92"},{"v":1578.536585,"d":"1,578.54"},{"v":136.463414599999,"d":"136.46"},1,"1_40702005_37478",{"v":32.9743544112999,"d":"32.97"},{"v":0.18977939264,"d":"0.19"},{"v":299.573714360999,"d":"299.57"},{"v":0.0275219372468,"d":"0.03"},"1_40702005_37478_105950","G",{"v":0.0729056227774,"d":"0.07"},{"v":2.21097953482E-3,"d":"0.00"},{"v":0.662351351622,"d":"0.66"}]
[5,504,50401,{"v":4859.93315799999,"d":"4,859.93"},4428,{"v":0.911123642,"d":"0.91"},"M",420,50401001,{"v":352.673953499999,"d":"352.67"},2881,{"v":8.169018356,"d":"8.17"},{"v":99.9099511,"d":"99.91"},{"v":0.920429496,"d":"0.92"},{"v":2651.75737799999,"d":"2,651.76"},{"v":229.2426225,"d":"229.24"},1,"1_50401001_59951",{"v":98.3728641985999,"d":"98.37"},{"v":0.984615277212,"d":"0.98"},{"v":2610.96082583999,"d":"2,610.96"},{"v":0.283292684669,"d":"0.28"},"1_50401001_59951_106357","E",{"v":0.652058660596,"d":"0.65"},{"v":0.00662844033167,"d":"0.01"},{"v":17.3065980424,"d":"17.31"}]
[5,504,50406,{"v":3592.6666,"d":"3,592.67"},2545,{"v":0.708387469,"d":"0.71"}," ",410,50406000,{"v":3592.66660043,"d":"3,592.67"},2545,{"v":0.708387469,"d":"0.71"},{"v":184.107017299999,"d":"184.11"},{"v":0.921559671,"d":"0.92"},{"v":2345.36936199999,"d":"2,345.37"},{"v":199.630638,"d":"199.63"},1,"1_50406000_60188",{"v":20.3959863957,"d":"20.40"},{"v":0.110783318826,"d":"0.11"},{"v":259.827801795,"d":"259.83"},{"v":0.0512452275082,"d":"0.05"},"1_50406000_60188_106459","F",{"v":0.00111587694486,"d":"0.00"},{"v":5.4710614295e-05,"d":"0.00"},{"v":0.0142153386471,"d":"0.01"}]
[5,504,50417,{"v":6084.221145,"d":"6,084.22"},4876,{"v":0.801417286,"d":"0.80"},"ST",220,50417003,{"v":107.112034324999,"d":"107.11"},910,{"v":8.49577739499999,"d":"8.50"},{"v":38.62813538,"d":"38.63"},{"v":0.975109986,"d":"0.98"},{"v":887.3500874,"d":"887.35"},{"v":22.64991261,"d":"22.65"},1,"1_50417003_60548",{"v":38.1242276501,"d":"38.12"},{"v":0.986954904115,"d":"0.99"},{"v":875.774520425999,"d":"875.77"},{"v":0.360633010319,"d":"0.36"},"1_50417003_60548_106709","G",{"v":0.262183719709,"d":"0.26"},{"v":0.00687708934369,"d":"0.01"},{"v":6.0227796219,"d":"6.02"}]
[6,601,60101,{"v":12748.25746,"d":"12,748.26"},291072,{"v":22.83229696,"d":"22.83"},"SR",101,60101027,{"v":6.02237533001,"d":"6.02"},1030,{"v":171.028862099999,"d":"171.03"},{"v":6.02237533,"d":"6.02"},{"v":0.965932983,"d":"0.97"},{"v":994.910972499999,"d":"994.91"},{"v":35.0890274799999,"d":"35.09"},1,"1_60101027_61743",{"v":6.02237533,"d":"6.02"},{"v":1,"d":"1.00"},{"v":1030,"d":"1,030.00"},{"v":0.999999999998,"d":"1.00"},"1_60101027_61743_107224","A",{"v":0.108684645296,"d":"0.11"},{"v":0.0180468070056,"d":"0.02"},{"v":18.5882112158,"d":"18.59"}]
[6,601,60101,{"v":12748.25746,"d":"12,748.26"},291072,{"v":22.83229696,"d":"22.83"},"SR",101,60101080,{"v":163.682800224999,"d":"163.68"},1016,{"v":6.207127436,"d":"6.21"},{"v":119.6369023,"d":"119.64"},{"v":0.965932983,"d":"0.97"},{"v":981.387910799999,"d":"981.39"},{"v":34.61208924,"d":"34.61"},1,"1_60101080_61769",{"v":14.6185619704,"d":"14.62"},{"v":0.122191077246,"d":"0.12"},{"v":119.916846016999,"d":"119.92"},{"v":0.730906986779,"d":"0.73"},"1_60101080_61769_107370","D",{"v":0.0240506836185,"d":"0.02"},{"v":1.64521542319E-3,"d":"0.00"},{"v":0.197289044567,"d":"0.20"}]
[6,601,60101,{"v":12748.25746,"d":"12,748.26"},291072,{"v":22.83229696,"d":"22.83"},"SR",101,60101212,{"v":6.13484011,"d":"6.13"},972,{"v":158.439337099999,"d":"158.44"},{"v":6.13482863,"d":"6.13"},{"v":0.965932983,"d":"0.97"},{"v":938.8868595,"d":"938.89"},{"v":33.1131405,"d":"33.11"},1,"1_60101212_61840",{"v":6.13482863035,"d":"6.13"},{"v":1.00000000006,"d":"1.00"},{"v":972,"d":"972.00"},{"v":0.999998128721,"d":"1.00"},"1_60101212_61840_107683","A",{"v":0.0347824365426,"d":"0.03"},{"v":0.00566966718036,"d":"0.01"},{"v":5.51091649931,"d":"5.51"}]
[6,601,60101,{"v":12748.25746,"d":"12,748.26"},291072,{"v":22.83229696,"d":"22.83"},"SR",101,60101332,{"v":61.0079017249,"d":"61.01"},1268,{"v":20.78419293,"d":"20.78"},{"v":55.4688849899999,"d":"55.47"},{"v":0.965932983,"d":"0.97"},{"v":1224.803022,"d":"1,224.80"},{"v":43.1969775199999,"d":"43.20"},1,"1_60101332_61908",{"v":55.468884989,"d":"55.47"},{"v":0.999999999982,"d":"1.00"},{"v":1224.80302198,"d":"1,224.80"},{"v":0.909208207817,"d":"0.91"},"1_60101332_61908_108027","E",{"v":5.09126399898,"d":"5.09"},{"v":0.0917859444982,"d":"0.09"},{"v":112.419702197,"d":"112.42"}]
[6,601,60101,{"v":12748.25746,"d":"12,748.26"},291072,{"v":22.83229696,"d":"22.83"},"SR",101,60101390,{"v":25.7403197199999,"d":"25.74"},469,{"v":18.2204419,"d":"18.22"},{"v":25.7403197199999,"d":"25.74"},{"v":0.965932983,"d":"0.97"},{"v":453.022568999999,"d":"453.02"},{"v":15.97743096,"d":"15.98"},1,"1_60101390_61938",{"v":25.7403197199999,"d":"25.74"},{"v":1,"d":"1.00"},{"v":469,"d":"469.00"},{"v":1,"d":"1.00"},"1_60101390_61938_108353","A",{"v":0.040888022837,"d":"0.04"},{"v":1.58848154498E-3,"d":"0.00"},{"v":0.744997844596,"d":"0.74"}]
[6,601,60101,{"v":12748.25746,"d":"12,748.26"},291072,{"v":22.83229696,"d":"22.83"},"SR",101,60101441,{"v":186.185236629999,"d":"186.19"},2406,{"v":12.92261429,"d":"12.92"},{"v":128.8044034,"d":"128.80"},{"v":0.965932983,"d":"0.97"},{"v":2324.03475699999,"d":"2,324.03"},{"v":81.9652428299999,"d":"81.97"},1,"1_60101441_62003",{"v":124.198219273,"d":"124.20"},{"v":0.964238923473,"d":"0.96"},{"v":2240.9247722,"d":"2,240.92"},{"v":0.691807823925,"d":"0.69"},"1_60101441_62003_108702","F",{"v":2.04326326281,"d":"2.04"},{"v":0.0164516309072,"d":"0.02"},{"v":36.866867243,"d":"36.87"}]
[6,601,60101,{"v":12748.25746,"d":"12,748.26"},291072,{"v":22.83229696,"d":"22.83"},"SR",101,60101470,{"v":568.556708319999,"d":"568.56"},428,{"v":0.752783309,"d":"0.75"},{"v":34.39713794,"d":"34.40"},{"v":0.965932983,"d":"0.97"},{"v":413.4193167,"d":"413.42"},{"v":14.58068326,"d":"14.58"},1,"1_60101470_62110",{"v":1.24408277985,"d":"1.24"},{"v":0.0361682062624,"d":"0.04"},{"v":14.9526351193,"d":"14.95"},{"v":0.0604990451025,"d":"0.06"},"1_60101470_62110_109014","F",{"v":0.62469328851,"d":"0.62"},{"v":0.50213160943,"d":"0.50"},{"v":7.50819073767,"d":"7.51"}]
[6,601,60101,{"v":12748.25746,"d":"12,748.26"},291072,{"v":22.83229696,"d":"22.83"},"SR",101,60101491,{"v":226.648083535,"d":"226.65"},701,{"v":3.092900628,"d":"3.09"},{"v":106.774434299999,"d":"106.77"},{"v":0.965932983,"d":"0.97"},{"v":677.1190211,"d":"677.12"},{"v":23.8809788999999,"d":"23.88"},1,"1_60101491_62134",{"v":0.639937628304,"d":"0.64"},{"v":0.00599336004447,"d":"0.01"},{"v":4.05821808641,"d":"4.06"},{"v":0.471102303777,"d":"0.47"},"1_60101491_62134_109161","außerhalb GKL",{"v":0.639937628303,"d":"0.64"},{"v":0.999999999998,"d":"1.00"},{"v":4.0582180864,"d":"4.06"}]
[6,601,60101,{"v":12748.25746,"d":"12,748.26"},291072,{"v":22.83229696,"d":"22.83"},"SR",101,60101651,{"v":112.340795845,"d":"112.34"},3017,{"v":26.85578269,"d":"26.86"},{"v":85.47897858,"d":"85.48"},{"v":0.965932983,"d":"0.97"},{"v":2914.21981,"d":"2,914.22"},{"v":102.7801902,"d":"102.78"},1,"1_60101651_62226",{"v":79.9644685394,"d":"79.96"},{"v":0.935486945069,"d":"0.94"},{"v":2726.21458732,"d":"2,726.21"},{"v":0.760889914808,"d":"0.76"},"1_60101651_62226_109671","C",{"v":0.0805185096131,"d":"0.08"},{"v":1.00692859071E-3,"d":"0.00"},{"v":2.74510341238,"d":"2.75"}]
[6,603,60318,{"v":1987.25189599999,"d":"1,987.25"},3537,{"v":1.779844824,"d":"1.78"},"M",310,60318000,{"v":473.508802419999,"d":"473.51"},1954,{"v":4.12663923,"d":"4.13"},{"v":162.558967099999,"d":"162.56"},{"v":0.969116244,"d":"0.97"},{"v":1893.65313999999,"d":"1,893.65"},{"v":60.3468599099999,"d":"60.35"},1,"1_60318000_62301",{"v":0.0743992362676,"d":"0.07"},{"v":4.57675375249E-4,"d":"0.00"},{"v":0.866678411441,"d":"0.87"},{"v":0.343307170361,"d":"0.34"},"1_60318000_62301_109976","außerhalb GKL",{"v":0.0743992362673,"d":"0.07"},{"v":0.999999999996,"d":"1.00"},{"v":0.866678411438,"d":"0.87"}]
[6,603,60341,{"v":1797.48205499999,"d":"1,797.48"},1621,{"v":0.90181707,"d":"0.90"},"M",310,60341000,{"v":612.919747895,"d":"612.92"},797,{"v":1.300333368,"d":"1.30"},{"v":61.9695944699999,"d":"61.97"},{"v":0.969116244,"d":"0.97"},{"v":772.385646199999,"d":"772.39"},{"v":24.61435381,"d":"24.61"},1,"1_60341000_62478",{"v":37.7437979076999,"d":"37.74"},{"v":0.609069628912,"d":"0.61"},{"v":470.436638908,"d":"470.44"},{"v":0.101105560202,"d":"0.10"},"1_60341000_62478_110328","G",{"v":3.21963314506,"d":"3.22"},{"v":0.0853023098771,"d":"0.09"},{"v":40.1293319497,"d":"40.13"}]
[6,603,60341,{"v":1797.48205499999,"d":"1,797.48"},1621,{"v":0.90181707,"d":"0.90"},"M",310,60341001,{"v":370.446396354999,"d":"370.45"},273,{"v":0.736948726,"d":"0.74"},{"v":39.3151163499999,"d":"39.32"},{"v":0.969116244,"d":"0.97"},{"v":264.5687345,"d":"264.57"},{"v":8.431265483,"d":"8.43"},1,"1_60341001_62495",{"v":4.11771408622,"d":"4.12"},{"v":0.104736154144,"d":"0.10"},{"v":27.7099117582999,"d":"27.71"},{"v":0.106129029022,"d":"0.11"},"1_60341001_62495_110353","D",{"v":0.450814599882,"d":"0.45"},{"v":0.109481763533,"d":"0.11"},{"v":3.03373000664,"d":"3.03"}]
[6,603,60346,{"v":4877.68553799999,"d":"4,877.69"},4130,{"v":0.84671305,"d":"0.85"},"M",410,60346000,{"v":290.366651085,"d":"290.37"},866,{"v":2.982436161,"d":"2.98"},{"v":71.86150757,"d":"71.86"},{"v":0.921559671,"d":"0.92"},{"v":798.070674899999,"d":"798.07"},{"v":67.92932514,"d":"67.93"},1,"1_60346000_62983",{"v":0.204784125865,"d":"0.20"},{"v":2.84970539569E-3,"d":"0.00"},{"v":2.2742663084,"d":"2.27"},{"v":0.247485402685,"d":"0.25"},"1_60346000_62983_110945","G",{"v":0.148284409522,"d":"0.15"},{"v":0.724101093753,"d":"0.72"},{"v":1.6467987214,"d":"1.65"}]
[6,603,60346,{"v":4877.68553799999,"d":"4,877.69"},4130,{"v":0.84671305,"d":"0.85"},"M",410,60346005,{"v":161.74909081,"d":"161.75"},188,{"v":1.162294014,"d":"1.16"},{"v":31.76443717,"d":"31.76"},{"v":0.921559671,"d":"0.92"},{"v":173.253218099999,"d":"173.25"},{"v":14.7467819,"d":"14.75"},1,"1_60346005_63024",{"v":24.240023894,"d":"24.24"},{"v":0.763118318901,"d":"0.76"},{"v":132.212704540999,"d":"132.21"},{"v":0.196380931793,"d":"0.20"},"1_60346005_63024_111010","F",{"v":4.27085928764,"d":"4.27"},{"v":0.176190390996,"d":"0.18"},{"v":23.2946081077,"d":"23.29"}]
[6,603,60349,{"v":12419.9103599999,"d":"12,419.91"},4559,{"v":0.367071892,"d":"0.37"},"M",420,60349004,{"v":1549.86850368,"d":"1,549.87"},2021,{"v":1.303981593,"d":"1.30"},{"v":142.094209199999,"d":"142.09"},{"v":0.920429496,"d":"0.92"},{"v":1860.18801099999,"d":"1,860.19"},{"v":160.811988899999,"d":"160.81"},1,"1_60349004_63407",{"v":0.175778377694,"d":"0.18"},{"v":0.00123705518109,"d":"0.00"},{"v":2.30115521681,"d":"2.30"},{"v":0.091681461274,"d":"0.09"},"1_60349004_63407_111454","außerhalb GKL",{"v":0.175778377694,"d":"0.18"},{"v":1,"d":"1.00"},{"v":2.30115521681,"d":"2.30"}]
[6,603,60350,{"v":9283.696765,"d":"9,283.70"},8749,{"v":0.942404758,"d":"0.94"},"M",410,60350007,{"v":1131.87105412999,"d":"1,131.87"},488,{"v":0.431144518,"d":"0.43"},{"v":41.7860618599999,"d":"41.79"},{"v":0.921559671,"d":"0.92"},{"v":449.721119299999,"d":"449.72"},{"v":38.27888068,"d":"38.28"},1,"1_60350007_63546",{"v":0.254480646447,"d":"0.25"},{"v":0.00609008447122,"d":"0.01"},{"v":2.73883960503,"d":"2.74"},{"v":0.0369176874941,"d":"0.04"},"1_60350007_63546_111667","außerhalb GKL",{"v":0.254480646446,"d":"0.25"},{"v":0.999999999996,"d":"1.00"},{"v":2.73883960502,"d":"2.74"}]
[6,603,60351,{"v":7657.14233799999,"d":"7,657.14"},4319,{"v":0.564048546,"d":"0.56"},"M",430,60351001,{"v":659.490004464999,"d":"659.49"},563,{"v":0.853689967,"d":"0.85"},{"v":49.1516614,"d":"49.15"},{"v":0.905906425,"d":"0.91"},{"v":510.025317099999,"d":"510.03"},{"v":52.97468285,"d":"52.97"},1,"1_60351001_63749",{"v":0.120599942202,"d":"0.12"},{"v":0.00245362900799,"d":"0.00"},{"v":1.25141291285,"d":"1.25"},{"v":0.0745298049511,"d":"0.07"},"1_60351001_63749_111913","außerhalb GKL",{"v":0.120599942202,"d":"0.12"},{"v":1,"d":"1.00"},{"v":1.25141291285,"d":"1.25"}]
[6,606,60613,{"v":3461.258233,"d":"3,461.26"},8052,{"v":2.32632166,"d":"2.33"},"M",310,60613003,{"v":308.899414705,"d":"308.90"},493,{"v":1.59598878,"d":"1.60"},{"v":69.73102317,"d":"69.73"},{"v":0.969116244,"d":"0.97"},{"v":477.774308099999,"d":"477.77"},{"v":15.2256918799999,"d":"15.23"},1,"1_60613003_63912",{"v":44.5136713655999,"d":"44.51"},{"v":0.638362515592,"d":"0.64"},{"v":304.993209203999,"d":"304.99"},{"v":0.225740224327,"d":"0.23"},"1_60613003_63912_112324","F",{"v":5.95120390548,"d":"5.95"},{"v":0.133693845574,"d":"0.13"},{"v":40.7757150123999,"d":"40.78"}]
[6,606,60619,{"v":678.9091846,"d":"678.91"},3475,{"v":5.118504917,"d":"5.12"},"M",101,60619000,{"v":678.909184638,"d":"678.91"},3475,{"v":5.118504917,"d":"5.12"},{"v":232.449534499999,"d":"232.45"},{"v":0.965932983,"d":"0.97"},{"v":3356.61711599999,"d":"3,356.62"},{"v":118.382884,"d":"118.38"},1,"1_60619000_64040",{"v":218.412521596,"d":"218.41"},{"v":0.939612643518,"d":"0.94"},{"v":3153.91988163999,"d":"3,153.92"},{"v":0.342386787158,"d":"0.34"},"1_60619000_64040_112678","G",{"v":0.163543624384,"d":"0.16"},{"v":0.000748783188752,"d":"0.00"},{"v":2.36160218604,"d":"2.36"}]
[6,606,60624,{"v":1516.00568999999,"d":"1,516.01"},7572,{"v":4.994704208,"d":"4.99"},"M",101,60624002,{"v":348.785481715,"d":"348.79"},665,{"v":1.906616057,"d":"1.91"},{"v":38.14789728,"d":"38.15"},{"v":0.965932983,"d":"0.97"},{"v":642.345433699999,"d":"642.35"},{"v":22.65456629,"d":"22.65"},1,"1_60624002_64129",{"v":17.4360368143,"d":"17.44"},{"v":0.457064164935,"d":"0.46"},{"v":293.593079253999,"d":"293.59"},{"v":0.109373524071,"d":"0.11"},"1_60624002_64129_112985","G",{"v":0.000982790115266,"d":"0.00"},{"v":5.6365453098e-05,"d":"0.00"},{"v":0.0165485069385,"d":"0.02"}]
[6,606,60628,{"v":1487.38285599999,"d":"1,487.38"},2756,{"v":1.852919031,"d":"1.85"},"M",310,60628000,{"v":1487.38285612,"d":"1,487.38"},2756,{"v":1.852919031,"d":"1.85"},{"v":199.3353796,"d":"199.34"},{"v":0.969116244,"d":"0.97"},{"v":2670.88436799999,"d":"2,670.88"},{"v":85.1156325,"d":"85.12"},1,"1_60628000_64266",{"v":0.267685618561,"d":"0.27"},{"v":1.34289065543E-3,"d":"0.00"},{"v":3.58670565952,"d":"3.59"},{"v":0.134017532056,"d":"0.13"},"1_60628000_64266_113311","G",{"v":0.267685618562,"d":"0.27"},{"v":1,"d":"1.00"},{"v":3.58670565952,"d":"3.59"}]
[6,606,60642,{"v":2156.011711,"d":"2,156.01"},2144,{"v":0.994428736,"d":"0.99"}," ",310,60642000,{"v":2156.01171083,"d":"2,156.01"},2144,{"v":0.994428736,"d":"0.99"},{"v":195.143307399999,"d":"195.14"},{"v":0.969116244,"d":"0.97"},{"v":2077.78522599999,"d":"2,077.79"},{"v":66.2147736099999,"d":"66.21"},1,"1_60642000_64427",{"v":0.465674163156,"d":"0.47"},{"v":0.00238631890256,"d":"0.00"},{"v":4.95825816026,"d":"4.96"},{"v":0.0905112464927,"d":"0.09"},"1_60642000_64427_113697","außerhalb GKL",{"v":0.465674163155,"d":"0.47"},{"v":0.999999999998,"d":"1.00"},{"v":4.95825816025,"d":"4.96"}]
[6,606,60646,{"v":2582.685617,"d":"2,582.69"},2935,{"v":1.136413964,"d":"1.14"}," ",101,60646000,{"v":371.127038125,"d":"371.13"},2384,{"v":6.42367641,"d":"6.42"},{"v":222.3884293,"d":"222.39"},{"v":0.965932983,"d":"0.97"},{"v":2302.78423199999,"d":"2,302.78"},{"v":81.21576846,"d":"81.22"},1,"1_60646000_64638",{"v":218.664056315,"d":"218.66"},{"v":0.983252847296,"d":"0.98"},{"v":2264.21915282,"d":"2,264.22"},{"v":0.599224541611,"d":"0.60"},"1_60646000_64638_113972","E",{"v":3.72174452795,"d":"3.72"},{"v":0.0170203763283,"d":"0.02"},{"v":38.5378620707,"d":"38.54"}]
[6,606,60647,{"v":1300.62329599999,"d":"1,300.62"},706,{"v":0.542816665,"d":"0.54"}," ",310,60647000,{"v":1300.62329574,"d":"1,300.62"},706,{"v":0.542816665,"d":"0.54"},{"v":66.793147,"d":"66.79"},{"v":0.969116244,"d":"0.97"},{"v":684.196067999999,"d":"684.20"},{"v":21.80393198,"d":"21.80"},1,"1_60647000_64771",{"v":0.698131324113,"d":"0.70"},{"v":0.0104521400094,"d":"0.01"},{"v":7.15131309662,"d":"7.15"},{"v":0.0513547214007,"d":"0.05"},"1_60647000_64771_114156","außerhalb GKL",{"v":0.698131324112,"d":"0.70"},{"v":0.999999999999,"d":"1.00"},{"v":7.15131309661,"d":"7.15"}]
[6,606,60651,{"v":9463.382297,"d":"9,463.38"},2022,{"v":0.213665679,"d":"0.21"},"M",410,60651001,{"v":9236.54129887999,"d":"9,236.54"},945,{"v":0.102311024,"d":"0.10"},{"v":87.1955242199999,"d":"87.20"},{"v":0.921559671,"d":"0.92"},{"v":870.873888899999,"d":"870.87"},{"v":74.12611115,"d":"74.13"},1,"1_60651001_64841",{"v":50.5734094645,"d":"50.57"},{"v":0.580000062124,"d":"0.58"},{"v":505.106909664,"d":"505.11"},{"v":0.00944027871456,"d":"0.01"},"1_60651001_64841_114324","F",{"v":2.86631375552,"d":"2.87"},{"v":0.0566763005672,"d":"0.06"},{"v":28.6275910307,"d":"28.63"}]
[6,606,60659,{"v":5705.24905399999,"d":"5,705.25"},4409,{"v":0.772797113,"d":"0.77"},"M",310,60659003,{"v":860.262264374999,"d":"860.26"},330,{"v":0.383603947,"d":"0.38"},{"v":27.5897395199999,"d":"27.59"},{"v":0.969116244,"d":"0.97"},{"v":319.8083604,"d":"319.81"},{"v":10.1916396,"d":"10.19"},1,"1_60659003_65087",{"v":1.28186489269,"d":"1.28"},{"v":0.0464616525923,"d":"0.05"},{"v":14.858824937,"d":"14.86"},{"v":0.0320713120435,"d":"0.03"},"1_60659003_65087_114921","F",{"v":0.69636222405,"d":"0.70"},{"v":0.543241513221,"d":"0.54"},{"v":8.07193054346,"d":"8.07"}]
[6,606,60660,{"v":3791.86022,"d":"3,791.86"},3544,{"v":0.934633608,"d":"0.93"},"M",310,60660000,{"v":1365.89876832,"d":"1,365.90"},1984,{"v":1.452523456,"d":"1.45"},{"v":193.5883219,"d":"193.59"},{"v":0.969116244,"d":"0.97"},{"v":1922.726627,"d":"1,922.73"},{"v":61.2733726,"d":"61.27"},1,"1_60660000_65133",{"v":0.224605125538,"d":"0.22"},{"v":1.16022042721E-3,"d":"0.00"},{"v":2.23078670859,"d":"2.23"},{"v":0.141729626229,"d":"0.14"},"1_60660000_65133_114981","außerhalb GKL",{"v":0.224605125538,"d":"0.22"},{"v":1,"d":"1.00"},{"v":2.23078670859,"d":"2.23"}]
[6,606,60661,{"v":4935.93601599999,"d":"4,935.94"},6808,{"v":1.379272336,"d":"1.38"},"M",310,60661006,{"v":1066.53763772999,"d":"1,066.54"},1461,{"v":1.369853204,"d":"1.37"},{"v":80.5467106899999,"d":"80.55"},{"v":0.969116244,"d":"0.97"},{"v":1415.878832,"d":"1,415.88"},{"v":45.12116803,"d":"45.12"},1,"1_60661006_65441",{"v":0.377299017617,"d":"0.38"},{"v":0.00468422626306,"d":"0.00"},{"v":6.63229681017,"d":"6.63"},{"v":0.0755216767234,"d":"0.08"},"1_60661006_65441_115430","G",{"v":0.377299017617,"d":"0.38"},{"v":1,"d":"1.00"},{"v":6.63229681017,"d":"6.63"}]
[6,606,60663,{"v":15384.0902,"d":"15,384.09"},6542,{"v":0.425244517,"d":"0.43"},"ST",410,60663004,{"v":517.957158649999,"d":"517.96"},308,{"v":0.594643775,"d":"0.59"},{"v":36.21302096,"d":"36.21"},{"v":0.921559671,"d":"0.92"},{"v":283.8403786,"d":"283.84"},{"v":24.15962141,"d":"24.16"},1,"1_60663004_65504",{"v":0.505105449114,"d":"0.51"},{"v":0.0139481721139,"d":"0.01"},{"v":3.95905445359,"d":"3.96"},{"v":0.0699150892216,"d":"0.07"},"1_60663004_65504_115638","außerhalb GKL",{"v":0.505105449114,"d":"0.51"},{"v":1,"d":"1.00"},{"v":3.95905445359,"d":"3.96"}]
[6,606,60664,{"v":8669.835788,"d":"8,669.84"},12846,{"v":1.481688963,"d":"1.48"},"M",310,60664007,{"v":2530.59058383,"d":"2,530.59"},1062,{"v":0.419664882,"d":"0.42"},{"v":102.2105961,"d":"102.21"},{"v":0.969116244,"d":"0.97"},{"v":1029.20145099999,"d":"1,029.20"},{"v":32.79854924,"d":"32.80"},1,"1_60664007_65677",{"v":1.55936585237,"d":"1.56"},{"v":0.0152564011156,"d":"0.02"},{"v":15.7019101651999,"d":"15.70"},{"v":0.0403900167625,"d":"0.04"},"1_60664007_65677_115968","G",{"v":0.283134796352,"d":"0.28"},{"v":0.181570473614,"d":"0.18"},{"v":2.85100326534,"d":"2.85"}]
[6,606,60665,{"v":4888.80784899999,"d":"4,888.81"},7220,{"v":1.476842662,"d":"1.48"},"M",310,60665000,{"v":1569.42065088999,"d":"1,569.42"},2417,{"v":1.540058746,"d":"1.54"},{"v":174.145215799999,"d":"174.15"},{"v":0.969116244,"d":"0.97"},{"v":2342.35396099999,"d":"2,342.35"},{"v":74.6460390999999,"d":"74.65"},1,"1_60665000_65986",{"v":0.235663983347,"d":"0.24"},{"v":1.35326131278E-3,"d":"0.00"},{"v":3.16981699626,"d":"3.17"},{"v":0.110961465749,"d":"0.11"},"1_60665000_65986_116399","außerhalb GKL",{"v":0.235663983348,"d":"0.24"},{"v":1,"d":"1.00"},{"v":3.16981699626,"d":"3.17"}]
[6,606,60665,{"v":4888.80784899999,"d":"4,888.81"},7220,{"v":1.476842662,"d":"1.48"},"M",310,60665001,{"v":905.723486634999,"d":"905.72"},1242,{"v":1.371279445,"d":"1.37"},{"v":128.5278403,"d":"128.53"},{"v":0.969116244,"d":"0.97"},{"v":1203.64237499999,"d":"1,203.64"},{"v":38.35762539,"d":"38.36"},1,"1_60665001_66134",{"v":0.558509911889,"d":"0.56"},{"v":4.34543917166E-3,"d":"0.00"},{"v":5.23035472499,"d":"5.23"},{"v":0.141906268521,"d":"0.14"},"1_60665001_66134_116625","außerhalb GKL",{"v":0.555582946607,"d":"0.56"},{"v":0.994759331536,"d":"0.99"},{"v":5.20294416993,"d":"5.20"}]
[6,606,60666,{"v":2735.088815,"d":"2,735.09"},2640,{"v":0.965233738,"d":"0.97"}," ",310,60666002,{"v":874.478135937,"d":"874.48"},1127,{"v":1.288768642,"d":"1.29"},{"v":95.36944246,"d":"95.37"},{"v":0.969116244,"d":"0.97"},{"v":1092.194007,"d":"1,092.19"},{"v":34.8059934099999,"d":"34.81"},1,"1_60666002_66366",{"v":0.285990425905,"d":"0.29"},{"v":0.0029987637395,"d":"0.00"},{"v":3.27523178469,"d":"3.28"},{"v":0.109058692883,"d":"0.11"},"1_60666002_66366_116908","außerhalb GKL",{"v":0.285990425906,"d":"0.29"},{"v":1,"d":"1.00"},{"v":3.27523178469,"d":"3.28"}]
[6,606,60669,{"v":1735.703819,"d":"1,735.70"},11408,{"v":6.572549921,"d":"6.57"}," ",101,60669003,{"v":942.889540079999,"d":"942.89"},3543,{"v":3.757598159,"d":"3.76"},{"v":236.410833999999,"d":"236.41"},{"v":0.965932983,"d":"0.97"},{"v":3422.30055899999,"d":"3,422.30"},{"v":120.6994411,"d":"120.70"},1,"1_60669003_66510",{"v":0.52445657003,"d":"0.52"},{"v":0.00221841174178,"d":"0.00"},{"v":7.59207174399,"d":"7.59"},{"v":0.250730148072,"d":"0.25"},"1_60669003_66510_117282","F",{"v":0.326747663432,"d":"0.33"},{"v":0.623021394151,"d":"0.62"},{"v":4.73002312244,"d":"4.73"}]
[6,610,61012,{"v":1213.537213,"d":"1,213.54"},2552,{"v":2.102943339,"d":"2.10"},"M",103,61012000,{"v":1213.53721347999,"d":"1,213.54"},2552,{"v":2.102943339,"d":"2.10"},{"v":200.2522261,"d":"200.25"},{"v":0.975480312,"d":"0.98"},{"v":2489.425756,"d":"2,489.43"},{"v":62.5742438699999,"d":"62.57"},1,"1_61012000_66687",{"v":3.76501928244,"d":"3.77"},{"v":0.0188013854116,"d":"0.02"},{"v":46.8046530920999,"d":"46.80"},{"v":0.165015315456,"d":"0.17"},"1_61012000_66687_117673","außerhalb GKL",{"v":3.76501928244,"d":"3.77"},{"v":1,"d":"1.00"},{"v":46.8046530920999,"d":"46.80"}]
[6,610,61016,{"v":1850.86543299999,"d":"1,850.87"},1965,{"v":1.061665514,"d":"1.06"}," ",410,61016001,{"v":351.320932384999,"d":"351.32"},280,{"v":0.796992078,"d":"0.80"},{"v":23.2695548099999,"d":"23.27"},{"v":0.921559671,"d":"0.92"},{"v":258.036707799999,"d":"258.04"},{"v":21.96329219,"d":"21.96"},1,"1_61016001_66885",{"v":0.262288081743,"d":"0.26"},{"v":0.0112717275377,"d":"0.01"},{"v":2.90851946505,"d":"2.91"},{"v":0.0662344673061,"d":"0.07"},"1_61016001_66885_117943","G",{"v":0.18867586881,"d":"0.19"},{"v":0.719345947998,"d":"0.72"},{"v":2.09223169186,"d":"2.09"}]
[6,610,61024,{"v":3596.428275,"d":"3,596.43"},2068,{"v":0.575014943,"d":"0.58"}," ",430,61024001,{"v":2824.95792064999,"d":"2,824.96"},1193,{"v":0.422307175,"d":"0.42"},{"v":80.2532824299999,"d":"80.25"},{"v":0.905906425,"d":"0.91"},{"v":1080.74636499999,"d":"1,080.75"},{"v":112.2536352,"d":"112.25"},1,"1_61024001_67170",{"v":0.546166587445,"d":"0.55"},{"v":0.00680553580997,"d":"0.01"},{"v":7.3550580885,"d":"7.36"},{"v":0.028408664725,"d":"0.03"},"1_61024001_67170_118269","außerhalb GKL",{"v":0.546166587445,"d":"0.55"},{"v":1,"d":"1.00"},{"v":7.3550580885,"d":"7.36"}]
[6,610,61032,{"v":2702.19598399999,"d":"2,702.20"},1998,{"v":0.739398627,"d":"0.74"}," ",410,61032000,{"v":433.87633703,"d":"433.88"},705,{"v":1.624886955,"d":"1.62"},{"v":65.03646535,"d":"65.04"},{"v":0.921559671,"d":"0.92"},{"v":649.6995679,"d":"649.70"},{"v":55.3004321299999,"d":"55.30"},1,"1_61032000_67281",{"v":0.34186389522,"d":"0.34"},{"v":0.0052564956195,"d":"0.01"},{"v":3.41514293266,"d":"3.42"},{"v":0.149896317912,"d":"0.15"},"1_61032000_67281_118386","G",{"v":0.025767450894,"d":"0.03"},{"v":0.075373419815,"d":"0.08"},{"v":0.257411001992,"d":"0.26"}]
[6,610,61032,{"v":2702.19598399999,"d":"2,702.20"},1998,{"v":0.739398627,"d":"0.74"}," ",410,61032001,{"v":2268.31964736,"d":"2,268.32"},1293,{"v":0.570025482,"d":"0.57"},{"v":131.372762999999,"d":"131.37"},{"v":0.921559671,"d":"0.92"},{"v":1191.57665399999,"d":"1,191.58"},{"v":101.423345699999,"d":"101.42"},1,"1_61032001_67477",{"v":0.478392860967,"d":"0.48"},{"v":0.00364149196563,"d":"0.00"},{"v":4.33911681197,"d":"4.34"},{"v":0.0579163360653,"d":"0.06"},"1_61032001_67477_118621","außerhalb GKL",{"v":0.478392860967,"d":"0.48"},{"v":1,"d":"1.00"},{"v":4.33911681197,"d":"4.34"}]
[6,610,61053,{"v":2353.62758299999,"d":"2,353.63"},12437,{"v":5.284183483,"d":"5.28"},"ST",103,61053005,{"v":64.8477500400999,"d":"64.85"},1377,{"v":21.23435276,"d":"21.23"},{"v":51.13921708,"d":"51.14"},{"v":0.975480312,"d":"0.98"},{"v":1343.23639,"d":"1,343.24"},{"v":33.7636104199999,"d":"33.76"},1,"1_61053005_67854",{"v":51.1392170833999,"d":"51.14"},{"v":1.00000000007,"d":"1.00"},{"v":1343.23639008999,"d":"1,343.24"},{"v":0.78860433937,"d":"0.79"},"1_61053005_67854_119151","außerhalb GKL",{"v":0.15674844799,"d":"0.16"},{"v":0.00306513194628,"d":"0.00"},{"v":4.11719677067,"d":"4.12"}]
[6,610,61054,{"v":7574.390867,"d":"7,574.39"},3664,{"v":0.483735269,"d":"0.48"},"M",410,61054001,{"v":2118.44282346999,"d":"2,118.44"},738,{"v":0.348369091,"d":"0.35"},{"v":19.2709501299999,"d":"19.27"},{"v":0.921559671,"d":"0.92"},{"v":680.111037,"d":"680.11"},{"v":57.88896299,"d":"57.89"},1,"1_61054001_67916",{"v":0.65275296931,"d":"0.65"},{"v":0.0338723812218,"d":"0.03"},{"v":23.0369803184,"d":"23.04"},{"v":0.00909675253752,"d":"0.01"},"1_61054001_67916_119282","außerhalb GKL",{"v":0.65275296931,"d":"0.65"},{"v":1,"d":"1.00"},{"v":23.0369803184,"d":"23.04"}]
[6,610,61059,{"v":3266.62290399999,"d":"3,266.62"},5493,{"v":1.68155314,"d":"1.68"},"M",310,61059004,{"v":363.583081989999,"d":"363.58"},562,{"v":1.545726487,"d":"1.55"},{"v":79.74830437,"d":"79.75"},{"v":0.969116244,"d":"0.97"},{"v":544.6433289,"d":"544.64"},{"v":17.35667107,"d":"17.36"},1,"1_61059004_68134",{"v":25.5751138255999,"d":"25.58"},{"v":0.320697901073,"d":"0.32"},{"v":174.665972412,"d":"174.67"},{"v":0.219339975704,"d":"0.22"},"1_61059004_68134_119610","E",{"v":10.8211487914,"d":"10.82"},{"v":0.423112439115,"d":"0.42"},{"v":73.9033456175999,"d":"73.90"}]
[6,611,61105,{"v":6725.95450199999,"d":"6,725.95"},977,{"v":0.145258193,"d":"0.15"},"M",410,61105000,{"v":6725.95450185,"d":"6,725.95"},977,{"v":0.145258193,"d":"0.15"},{"v":76.5155166299999,"d":"76.52"},{"v":0.921559671,"d":"0.92"},{"v":900.363798299999,"d":"900.36"},{"v":76.6362016799999,"d":"76.64"},1,"1_61105000_68296",{"v":0.259338873464,"d":"0.26"},{"v":0.003389363163,"d":"0.00"},{"v":3.05165989126,"d":"3.05"},{"v":0.0113761573334,"d":"0.01"},"1_61105000_68296_119939","außerhalb GKL",{"v":0.259338873464,"d":"0.26"},{"v":1,"d":"1.00"},{"v":3.05165989126,"d":"3.05"}]
[6,611,61108,{"v":10772.6260899999,"d":"10,772.63"},24471,{"v":2.271590955,"d":"2.27"},"ST",102,61108100,{"v":3423.85925224999,"d":"3,423.86"},136,{"v":0.039721259,"d":"0.04"},{"v":26.92297432,"d":"26.92"},{"v":0.973029842,"d":"0.97"},{"v":132.332058499999,"d":"132.33"},{"v":3.667941549,"d":"3.67"},1,"1_61108100_68425",{"v":4.23712010839,"d":"4.24"},{"v":0.157379346651,"d":"0.16"},{"v":20.8263329076999,"d":"20.83"},{"v":0.0078633414333,"d":"0.01"},"1_61108100_68425_120425","F",{"v":0.512477917965,"d":"0.51"},{"v":0.120949584825,"d":"0.12"},{"v":2.51893631861,"d":"2.52"}]
[6,611,61109,{"v":10878.3354799999,"d":"10,878.34"},1750,{"v":0.1608702,"d":"0.16"},"M",410,61109001,{"v":10507.5913829,"d":"10,507.59"},561,{"v":0.053389971,"d":"0.05"},{"v":56.1471581599999,"d":"56.15"},{"v":0.921559671,"d":"0.92"},{"v":516.994975299999,"d":"516.99"},{"v":44.00502471,"d":"44.01"},1,"1_61109001_68499",{"v":0.600403605305,"d":"0.60"},{"v":0.0106933925951,"d":"0.01"},{"v":5.52843024058,"d":"5.53"},{"v":0.00534348511604,"d":"0.01"},"1_61109001_68499_120596","G",{"v":0.58057960366,"d":"0.58"},{"v":0.966982207519,"d":"0.97"},{"v":5.34589367815,"d":"5.35"}]
[6,611,61113,{"v":5603.848492,"d":"5,603.85"},3045,{"v":0.543376575,"d":"0.54"},"M",310,61113003,{"v":221.695874194999,"d":"221.70"},1522,{"v":6.865260824,"d":"6.87"},{"v":55.74967685,"d":"55.75"},{"v":0.969116244,"d":"0.97"},{"v":1474.99492299999,"d":"1,474.99"},{"v":47.0050771599999,"d":"47.01"},1,"1_61113003_68657",{"v":50.9209185527,"d":"50.92"},{"v":0.913384999337,"d":"0.91"},{"v":1347.23823676999,"d":"1,347.24"},{"v":0.251469167175,"d":"0.25"},"1_61113003_68657_120926","E",{"v":4.31421540604,"d":"4.31"},{"v":0.0847238331252,"d":"0.08"},{"v":114.143187552,"d":"114.14"}]
[6,611,61115,{"v":7853.112922,"d":"7,853.11"},1910,{"v":0.243215655,"d":"0.24"}," ",310,61115002,{"v":5513.58639724,"d":"5,513.59"},499,{"v":0.090503706,"d":"0.09"},{"v":91.99302228,"d":"91.99"},{"v":0.969116244,"d":"0.97"},{"v":483.5890056,"d":"483.59"},{"v":15.41099442,"d":"15.41"},1,"1_61115002_68723",{"v":0.30148925019,"d":"0.30"},{"v":0.00327730563382,"d":"0.00"},{"v":1.58486897251,"d":"1.58"},{"v":0.0166847883849,"d":"0.02"},"1_61115002_68723_121088","außerhalb GKL",{"v":0.30148925019,"d":"0.30"},{"v":1,"d":"1.00"},{"v":1.58486897251,"d":"1.58"}]
[6,612,61203,{"v":8632.616689,"d":"8,632.62"},2682,{"v":0.31068216,"d":"0.31"}," ",420,61203000,{"v":1192.47618035,"d":"1,192.48"},2015,{"v":1.689761216,"d":"1.69"},{"v":225.027910499999,"d":"225.03"},{"v":0.920429496,"d":"0.92"},{"v":1854.665434,"d":"1,854.67"},{"v":160.3345659,"d":"160.33"},1,"1_61203000_68891",{"v":172.787067748999,"d":"172.79"},{"v":0.767847274434,"d":"0.77"},{"v":1424.09979847999,"d":"1,424.10"},{"v":0.18870641964,"d":"0.19"},"1_61203000_68891_121583","außerhalb GKL",{"v":15.308956177,"d":"15.31"},{"v":0.0886001271764,"d":"0.09"},{"v":126.175423257,"d":"126.18"}]
[6,612,61207,{"v":8186.17578099999,"d":"8,186.18"},4830,{"v":0.590019092,"d":"0.59"},"ST",430,61207003,{"v":5556.06917528,"d":"5,556.07"},1279,{"v":0.230198718,"d":"0.23"},{"v":159.2640508,"d":"159.26"},{"v":0.905906425,"d":"0.91"},{"v":1158.65431699999,"d":"1,158.65"},{"v":120.345682699999,"d":"120.35"},1,"1_61207003_69033",{"v":0.0762616608203,"d":"0.08"},{"v":0.000478837882355,"d":"0.00"},{"v":0.554807579534,"d":"0.55"},{"v":0.0286648790315,"d":"0.03"},"1_61207003_69033_121903","G",{"v":0.012986761407,"d":"0.01"},{"v":0.170292139816,"d":"0.17"},{"v":0.094479369905,"d":"0.09"}]
[6,612,61243,{"v":1677.36492599999,"d":"1,677.36"},1530,{"v":0.912144982,"d":"0.91"}," ",420,61243002,{"v":809.47515323,"d":"809.48"},583,{"v":0.720219759,"d":"0.72"},{"v":47.9366978199999,"d":"47.94"},{"v":0.920429496,"d":"0.92"},{"v":536.6103961,"d":"536.61"},{"v":46.38960393,"d":"46.39"},1,"1_61243002_69198",{"v":45.7638287459,"d":"45.76"},{"v":0.954672116084,"d":"0.95"},{"v":512.286982357,"d":"512.29"},{"v":0.0592194802135,"d":"0.06"},"1_61243002_69198_122240","außerhalb GKL",{"v":0.717704161962,"d":"0.72"},{"v":0.0156827822678,"d":"0.02"},{"v":8.03408520292999,"d":"8.03"}]
[6,612,61253,{"v":29972.57501,"d":"29,972.58"},4974,{"v":0.165951707,"d":"0.17"},"M",430,61253002,{"v":2927.29333751,"d":"2,927.29"},212,{"v":0.07242185,"d":"0.07"},{"v":38.7312675,"d":"38.73"},{"v":0.905906425,"d":"0.91"},{"v":192.0521621,"d":"192.05"},{"v":19.94783795,"d":"19.95"},1,"1_61253002_69246",{"v":0.611349965127,"d":"0.61"},{"v":0.0157844037799,"d":"0.02"},{"v":3.03142887339,"d":"3.03"},{"v":0.0132310851816,"d":"0.01"},"1_61253002_69246_122362","außerhalb GKL",{"v":0.611349965127,"d":"0.61"},{"v":1,"d":"1.00"},{"v":3.03142887339,"d":"3.03"}]
[6,612,61255,{"v":19626.40752,"d":"19,626.41"},4920,{"v":0.250682658,"d":"0.25"},"M",430,61255000,{"v":173.412079164999,"d":"173.41"},1005,{"v":5.795444036,"d":"5.80"},{"v":101.741500799999,"d":"101.74"},{"v":0.905906425,"d":"0.91"},{"v":910.435956899999,"d":"910.44"},{"v":94.5640431,"d":"94.56"},1,"1_61255000_69386",{"v":101.311367743,"d":"101.31"},{"v":0.995772294947,"d":"1.00"},{"v":906.586902205,"d":"906.59"},{"v":0.586703655765,"d":"0.59"},"1_61255000_69386_122592","G",{"v":51.3506823713,"d":"51.35"},{"v":0.506860024845,"d":"0.51"},{"v":459.512659776,"d":"459.51"}]
[6,612,61260,{"v":4764.212448,"d":"4,764.21"},1157,{"v":0.24285231,"d":"0.24"}," ",420,61260000,{"v":2602.1323505,"d":"2,602.13"},530,{"v":0.20367911,"d":"0.20"},{"v":39.10171544,"d":"39.10"},{"v":0.920429496,"d":"0.92"},{"v":487.8276328,"d":"487.83"},{"v":42.1723671999999,"d":"42.17"},1,"1_61260000_69728",{"v":0.386140184609,"d":"0.39"},{"v":0.0098752747869,"d":"0.01"},{"v":4.81743192254,"d":"4.82"},{"v":0.0150267973235,"d":"0.02"},"1_61260000_69728_123127","außerhalb GKL",{"v":0.386140184609,"d":"0.39"},{"v":1,"d":"1.00"},{"v":4.81743192254,"d":"4.82"}]
[6,612,61262,{"v":7019.42720699999,"d":"7,019.43"},2035,{"v":0.289909695,"d":"0.29"},"M",430,61262000,{"v":4929.06287974,"d":"4,929.06"},1430,{"v":0.290115999,"d":"0.29"},{"v":85.3835112,"d":"85.38"},{"v":0.905906425,"d":"0.91"},{"v":1295.446187,"d":"1,295.45"},{"v":134.553812599999,"d":"134.55"},1,"1_61262000_69819",{"v":0.913788644012,"d":"0.91"},{"v":0.0107021675634,"d":"0.01"},{"v":13.8640821626,"d":"13.86"},{"v":0.0173224633735,"d":"0.02"},"1_61262000_69819_123253","außerhalb GKL",{"v":0.913788644012,"d":"0.91"},{"v":1,"d":"1.00"},{"v":13.8640821626,"d":"13.86"}]
[6,612,61265,{"v":21114.3914599999,"d":"21,114.39"},6600,{"v":0.312583008,"d":"0.31"},"ST",220,61265007,{"v":14635.6897253,"d":"14,635.69"},1351,{"v":0.092308598,"d":"0.09"},{"v":98.3222702199999,"d":"98.32"},{"v":0.975109986,"d":"0.98"},{"v":1317.373591,"d":"1,317.37"},{"v":33.62640873,"d":"33.63"},1,"1_61265007_70004",{"v":72.1605165695,"d":"72.16"},{"v":0.733918332114,"d":"0.73"},{"v":966.844628678,"d":"966.84"},{"v":0.00671797995622,"d":"0.01"},"1_61265007_70004_123579","F",{"v":6.30561046539,"d":"6.31"},{"v":0.0873831115014,"d":"0.09"},{"v":84.4858919922999,"d":"84.49"}]
[6,612,61267,{"v":7295.292857,"d":"7,295.29"},2820,{"v":0.386550623,"d":"0.39"},"M",420,61267003,{"v":1455.84038695,"d":"1,455.84"},540,{"v":0.370919783,"d":"0.37"},{"v":82.51921393,"d":"82.52"},{"v":0.920429496,"d":"0.92"},{"v":497.0319278,"d":"497.03"},{"v":42.9680722499999,"d":"42.97"},1,"1_61267003_70180",{"v":79.5165482003999,"d":"79.52"},{"v":0.963612526264,"d":"0.96"},{"v":478.946191580999,"d":"478.95"},{"v":0.0566814979648,"d":"0.06"},"1_61267003_70180_123840","E",{"v":0.0254928247614,"d":"0.03"},{"v":0.00032059772888,"d":"0.00"},{"v":0.153549061277,"d":"0.15"}]
[6,614,61439,{"v":16352.13001,"d":"16,352.13"},4891,{"v":0.299104765,"d":"0.30"},"M",430,61439003,{"v":3269.58388065999,"d":"3,269.58"},1279,{"v":0.391181278,"d":"0.39"},{"v":140.3420517,"d":"140.34"},{"v":0.905906425,"d":"0.91"},{"v":1158.65431699999,"d":"1,158.65"},{"v":120.345682699999,"d":"120.35"},1,"1_61439003_70403",{"v":1.60244334279,"d":"1.60"},{"v":0.0114181268079,"d":"0.01"},{"v":13.229661918,"d":"13.23"},{"v":0.0429235207973,"d":"0.04"},"1_61439003_70403_124240","außerhalb GKL",{"v":1.60244334279,"d":"1.60"},{"v":1,"d":"1.00"},{"v":13.229661918,"d":"13.23"}]
[6,614,61442,{"v":11177.32193,"d":"11,177.32"},1741,{"v":0.155761819,"d":"0.16"}," ",420,61442000,{"v":8377.07708341,"d":"8,377.08"},1303,{"v":0.155543513,"d":"0.16"},{"v":143.366209099999,"d":"143.37"},{"v":0.920429496,"d":"0.92"},{"v":1199.319633,"d":"1,199.32"},{"v":103.680366899999,"d":"103.68"},1,"1_61442000_70699",{"v":0.988483304361,"d":"0.99"},{"v":0.00689481371215,"d":"0.01"},{"v":8.26908545086,"d":"8.27"},{"v":0.0171141088559,"d":"0.02"},"1_61442000_70699_124605","G",{"v":0.988483304361,"d":"0.99"},{"v":1,"d":"1.00"},{"v":8.26908545086,"d":"8.27"}]
[6,614,61446,{"v":4227.151425,"d":"4,227.15"},1888,{"v":0.446636472,"d":"0.45"}," ",420,61446001,{"v":2435.27794687999,"d":"2,435.28"},574,{"v":0.235702048,"d":"0.24"},{"v":91.9058675299999,"d":"91.91"},{"v":0.920429496,"d":"0.92"},{"v":528.326530599999,"d":"528.33"},{"v":45.67346939,"d":"45.67"},1,"1_61446001_70870",{"v":0.449276256332,"d":"0.45"},{"v":0.00488843931738,"d":"0.00"},{"v":2.5826921846,"d":"2.58"},{"v":0.0377393749439,"d":"0.04"},"1_61446001_70870_124897","außerhalb GKL",{"v":0.449276256332,"d":"0.45"},{"v":1,"d":"1.00"},{"v":2.5826921846,"d":"2.58"}]
[6,616,61612,{"v":3461.73240299999,"d":"3,461.73"},3222,{"v":0.930747852,"d":"0.93"},"M",310,61612002,{"v":1152.26080572,"d":"1,152.26"},263,{"v":0.228246937,"d":"0.23"},{"v":20.6916251299999,"d":"20.69"},{"v":0.969116244,"d":"0.97"},{"v":254.8775721,"d":"254.88"},{"v":8.12242792,"d":"8.12"},1,"1_61612002_70976",{"v":1.12490678509,"d":"1.12"},{"v":0.0543653182397,"d":"0.05"},{"v":13.8565003194,"d":"13.86"},{"v":0.0179574146992,"d":"0.02"},"1_61612002_70976_125064","außerhalb GKL",{"v":1.12490678509,"d":"1.12"},{"v":1,"d":"1.00"},{"v":13.8565003194,"d":"13.86"}]
[6,616,61625,{"v":2862.08075,"d":"2,862.08"},9419,{"v":3.290962353,"d":"3.29"},"ST",103,61625032,{"v":399.584519974999,"d":"399.58"},657,{"v":1.644207839,"d":"1.64"},{"v":59.79426818,"d":"59.79"},{"v":0.975480312,"d":"0.98"},{"v":640.890565,"d":"640.89"},{"v":16.10943504,"d":"16.11"},1,"1_61625032_71240",{"v":0.369598026633,"d":"0.37"},{"v":0.00618116147053,"d":"0.01"},{"v":3.9614480672,"d":"3.96"},{"v":0.149641102673,"d":"0.15"},"1_61625032_71240_125554","außerhalb GKL",{"v":0.369598026633,"d":"0.37"},{"v":1,"d":"1.00"},{"v":3.9614480672,"d":"3.96"}]
[6,616,61627,{"v":8768.753198,"d":"8,768.75"},1715,{"v":0.195580827,"d":"0.20"},"M",410,61627002,{"v":2197.44640006999,"d":"2,197.45"},212,{"v":0.096475618,"d":"0.10"},{"v":19.68396423,"d":"19.68"},{"v":0.921559671,"d":"0.92"},{"v":195.3706502,"d":"195.37"},{"v":16.6293498,"d":"16.63"},1,"1_61627002_71467",{"v":0.506365279338,"d":"0.51"},{"v":0.0257247612026,"d":"0.03"},{"v":5.02586332239,"d":"5.03"},{"v":0.00895765386103,"d":"0.01"},"1_61627002_71467_125884","außerhalb GKL",{"v":0.506365279338,"d":"0.51"},{"v":1,"d":"1.00"},{"v":5.02586332239,"d":"5.03"}]
[6,616,61629,{"v":9912.811824,"d":"9,912.81"},1013,{"v":0.102190985,"d":"0.10"}," ",410,61629000,{"v":3574.97933852,"d":"3,574.98"},325,{"v":0.090909616,"d":"0.09"},{"v":44.8321856999999,"d":"44.83"},{"v":0.921559671,"d":"0.92"},{"v":299.506892999999,"d":"299.51"},{"v":25.4931070099999,"d":"25.49"},1,"1_61629000_71639",{"v":0.112356290918,"d":"0.11"},{"v":0.00250615242518,"d":"0.00"},{"v":0.75060992625,"d":"0.75"},{"v":0.0125405440017,"d":"0.01"},"1_61629000_71639_126083","außerhalb GKL",{"v":0.112356290918,"d":"0.11"},{"v":1,"d":"1.00"},{"v":0.75060992625,"d":"0.75"}]
[6,616,61630,{"v":8342.833522,"d":"8,342.83"},1612,{"v":0.193219725,"d":"0.19"}," ",310,61630002,{"v":1596.78830713999,"d":"1,596.79"},674,{"v":0.422097279,"d":"0.42"},{"v":77.60879137,"d":"77.61"},{"v":0.969116244,"d":"0.97"},{"v":653.1843482,"d":"653.18"},{"v":20.81565178,"d":"20.82"},1,"1_61630002_71768",{"v":0.61525822132,"d":"0.62"},{"v":0.00792768719186,"d":"0.01"},{"v":5.17824119115,"d":"5.18"},{"v":0.048603055911,"d":"0.05"},"1_61630002_71768_126236","außerhalb GKL",{"v":0.61525822132,"d":"0.62"},{"v":1,"d":"1.00"},{"v":5.17824119115,"d":"5.18"}]
[6,616,61633,{"v":1937.14029299999,"d":"1,937.14"},4105,{"v":2.1191031,"d":"2.12"}," ",310,61633000,{"v":913.630434379999,"d":"913.63"},2239,{"v":2.45066267,"d":"2.45"},{"v":245.4814489,"d":"245.48"},{"v":0.969116244,"d":"0.97"},{"v":2169.85127,"d":"2,169.85"},{"v":69.14873047,"d":"69.15"},1,"1_61633000_71982",{"v":239.057159025,"d":"239.06"},{"v":0.973829835599,"d":"0.97"},{"v":2113.06590554,"d":"2,113.07"},{"v":0.268687906688,"d":"0.27"},"1_61633000_71982_126592","G",{"v":0.00245601878658,"d":"0.00"},{"v":1.0273772166e-05,"d":"0.00"},{"v":0.0217091576861,"d":"0.02"}]
[6,617,61711,{"v":3393.219559,"d":"3,393.22"},891,{"v":0.262582478,"d":"0.26"}," ",430,61711000,{"v":3393.21955918,"d":"3,393.22"},891,{"v":0.262582478,"d":"0.26"},{"v":87.60921104,"d":"87.61"},{"v":0.905906425,"d":"0.91"},{"v":807.162624499999,"d":"807.16"},{"v":83.83737553,"d":"83.84"},1,"1_61711000_72176",{"v":0.207129891287,"d":"0.21"},{"v":0.00236424787791,"d":"0.00"},{"v":1.9083325221,"d":"1.91"},{"v":0.0258189042919,"d":"0.03"},"1_61711000_72176_126893","außerhalb GKL",{"v":0.207129891287,"d":"0.21"},{"v":1,"d":"1.00"},{"v":1.9083325221,"d":"1.91"}]
[6,617,61729,{"v":2103.96953799999,"d":"2,103.97"},2101,{"v":0.998588602,"d":"1.00"}," ",310,61729001,{"v":400.956375745,"d":"400.96"},639,{"v":1.593689585,"d":"1.59"},{"v":47.6284546799999,"d":"47.63"},{"v":0.969116244,"d":"0.97"},{"v":619.265279699999,"d":"619.27"},{"v":19.73472031,"d":"19.73"},1,"1_61729001_72460",{"v":0.264324627852,"d":"0.26"},{"v":0.00554972084708,"d":"0.01"},{"v":3.43674943262,"d":"3.44"},{"v":0.11878712389,"d":"0.12"},"1_61729001_72460_127357","E",{"v":0.110597541574,"d":"0.11"},{"v":0.418415576607,"d":"0.42"},{"v":1.4379894955,"d":"1.44"}]
[6,617,61730,{"v":1746.13073699999,"d":"1,746.13"},2184,{"v":1.250765452,"d":"1.25"}," ",310,61730000,{"v":1746.13073682999,"d":"1,746.13"},2184,{"v":1.250765452,"d":"1.25"},{"v":168.6332524,"d":"168.63"},{"v":0.969116244,"d":"0.97"},{"v":2116.549876,"d":"2,116.55"},{"v":67.4501238699999,"d":"67.45"},1,"1_61730000_72578",{"v":79.9705567223,"d":"79.97"},{"v":0.474227683948,"d":"0.47"},{"v":1003.72654566,"d":"1,003.73"},{"v":0.0965753874227,"d":"0.10"},"1_61730000_72578_127550","G",{"v":0.00193785533104,"d":"0.00"},{"v":2.4232110047E-5,"d":"0.00"},{"v":0.0243224121118,"d":"0.02"}]
[6,617,61743,{"v":7850.911713,"d":"7,850.91"},712,{"v":0.090690104,"d":"0.09"}," ",430,61743000,{"v":7850.91171306999,"d":"7,850.91"},712,{"v":0.090690104,"d":"0.09"},{"v":107.698435399999,"d":"107.70"},{"v":0.905906425,"d":"0.91"},{"v":645.0053744,"d":"645.01"},{"v":66.99462556,"d":"66.99"},1,"1_61743000_72812",{"v":0.278365418361,"d":"0.28"},{"v":2.58467467357E-3,"d":"0.00"},{"v":1.66712905553,"d":"1.67"},{"v":0.0137179526832,"d":"0.01"},"1_61743000_72812_127816","außerhalb GKL",{"v":0.278365418362,"d":"0.28"},{"v":1,"d":"1.00"},{"v":1.66712905553,"d":"1.67"}]
[6,617,61746,{"v":4301.33177199999,"d":"4,301.33"},4110,{"v":0.955518016,"d":"0.96"},"M",410,61746004,{"v":775.13052587,"d":"775.13"},547,{"v":0.705687599,"d":"0.71"},{"v":49.0161173099999,"d":"49.02"},{"v":0.921559671,"d":"0.92"},{"v":504.093139899999,"d":"504.09"},{"v":42.9068601,"d":"42.91"},1,"1_61746004_73183",{"v":0.952117464232,"d":"0.95"},{"v":0.019424579434,"d":"0.02"},{"v":9.79179723811999,"d":"9.79"},{"v":0.0632359527513,"d":"0.06"},"1_61746004_73183_128211","außerhalb GKL",{"v":0.952117464232,"d":"0.95"},{"v":1,"d":"1.00"},{"v":9.79179723811999,"d":"9.79"}]
[6,617,61750,{"v":4222.65062,"d":"4,222.65"},1917,{"v":0.453980254,"d":"0.45"}," ",430,61750001,{"v":4014.14183188,"d":"4,014.14"},1135,{"v":0.282750348,"d":"0.28"},{"v":81.10163402,"d":"81.10"},{"v":0.905906425,"d":"0.91"},{"v":1028.203792,"d":"1,028.20"},{"v":106.796207899999,"d":"106.80"},1,"1_61750001_73410",{"v":0.635901220605,"d":"0.64"},{"v":0.00784079418731,"d":"0.01"},{"v":8.06193431568,"d":"8.06"},{"v":0.0202039781893,"d":"0.02"},"1_61750001_73410_128537","außerhalb GKL",{"v":0.635901220604,"d":"0.64"},{"v":0.999999999998,"d":"1.00"},{"v":8.06193431566,"d":"8.06"}]
[6,617,61751,{"v":3341.47968499999,"d":"3,341.48"},2447,{"v":0.732310303,"d":"0.73"}," ",310,61751004,{"v":885.897221396999,"d":"885.90"},751,{"v":0.847728136,"d":"0.85"},{"v":53.8447275899999,"d":"53.84"},{"v":0.969116244,"d":"0.97"},{"v":727.806298999999,"d":"727.81"},{"v":23.1937010199999,"d":"23.19"},1,"1_61751004_73656",{"v":0.761271301835,"d":"0.76"},{"v":0.0141382700946,"d":"0.01"},{"v":10.2899220318,"d":"10.29"},{"v":0.0607798808818,"d":"0.06"},"1_61751004_73656_128835","G",{"v":0.761271301835,"d":"0.76"},{"v":1,"d":"1.00"},{"v":10.2899220318,"d":"10.29"}]
[6,617,61757,{"v":8977.02367799999,"d":"8,977.02"},4958,{"v":0.552298866,"d":"0.55"},"M",410,61757005,{"v":1173.59144523,"d":"1,173.59"},287,{"v":0.244548477,"d":"0.24"},{"v":7.217382572,"d":"7.22"},{"v":0.921559671,"d":"0.92"},{"v":264.487625499999,"d":"264.49"},{"v":22.5123745,"d":"22.51"},1,"1_61757005_73919",{"v":0.518665059843,"d":"0.52"},{"v":0.0718633181308,"d":"0.07"},{"v":19.006958373,"d":"19.01"},{"v":0.00614982547916,"d":"0.01"},"1_61757005_73919_129194","außerhalb GKL",{"v":0.518665059843,"d":"0.52"},{"v":1,"d":"1.00"},{"v":19.006958373,"d":"19.01"}]
[6,617,61760,{"v":3866.612814,"d":"3,866.61"},10926,{"v":2.82572901,"d":"2.83"},"ST",210,61760000,{"v":32.8379088550999,"d":"32.84"},1148,{"v":34.95959518,"d":"34.96"},{"v":30.57182733,"d":"30.57"},{"v":0.955942851,"d":"0.96"},{"v":1097.422393,"d":"1,097.42"},{"v":50.57760665,"d":"50.58"},1,"1_61760000_74003",{"v":30.5718273312,"d":"30.57"},{"v":1.00000000004,"d":"1.00"},{"v":1097.42239304,"d":"1,097.42"},{"v":0.930991905267,"d":"0.93"},"1_61760000_74003_129294","C",{"v":7.95961687696,"d":"7.96"},{"v":0.260357903724,"d":"0.26"},{"v":285.722593752,"d":"285.72"}]
[6,617,61762,{"v":2248.399393,"d":"2,248.40"},2180,{"v":0.969578629,"d":"0.97"}," ",410,61762002,{"v":222.64057388,"d":"222.64"},442,{"v":1.985262579,"d":"1.99"},{"v":48.18296766,"d":"48.18"},{"v":0.921559671,"d":"0.92"},{"v":407.329374499999,"d":"407.33"},{"v":34.67062553,"d":"34.67"},1,"1_61762002_74305",{"v":10.4936942319999,"d":"10.49"},{"v":0.217788458072,"d":"0.22"},{"v":88.7116363998,"d":"88.71"},{"v":0.216415933629,"d":"0.22"},"1_61762002_74305_129855","C",{"v":2.78941228354,"d":"2.79"},{"v":0.26581794951,"d":"0.27"},{"v":23.5811452855,"d":"23.58"}]
[6,617,61764,{"v":2813.315462,"d":"2,813.32"},3679,{"v":1.307709729,"d":"1.31"},"M",410,61764000,{"v":454.008812755,"d":"454.01"},1546,{"v":3.405220244,"d":"3.41"},{"v":131.100011499999,"d":"131.10"},{"v":0.921559671,"d":"0.92"},{"v":1424.73125099999,"d":"1,424.73"},{"v":121.268749,"d":"121.27"},1,"1_61764000_74464",{"v":0.251154203242,"d":"0.25"},{"v":0.00191574508933,"d":"0.00"},{"v":2.72942189772,"d":"2.73"},{"v":0.288760939913,"d":"0.29"},"1_61764000_74464_130059","E",{"v":0.0263578568165,"d":"0.03"},{"v":0.104946907025,"d":"0.10"},{"v":0.286444386132,"d":"0.29"}]
[6,617,61764,{"v":2813.315462,"d":"2,813.32"},3679,{"v":1.307709729,"d":"1.31"},"M",410,61764002,{"v":587.693173229999,"d":"587.69"},462,{"v":0.786124497,"d":"0.79"},{"v":45.45844685,"d":"45.46"},{"v":0.921559671,"d":"0.92"},{"v":425.7605679,"d":"425.76"},{"v":36.2394321199999,"d":"36.24"},1,"1_61764002_74546",{"v":1.74530434574,"d":"1.75"},{"v":0.0383934002739,"d":"0.04"},{"v":16.3463959042,"d":"16.35"},{"v":0.0773506464269,"d":"0.08"},"1_61764002_74546_130207","außerhalb GKL",{"v":1.74530434574,"d":"1.75"},{"v":1,"d":"1.00"},{"v":16.3463959042,"d":"16.35"}]
[6,617,61766,{"v":1747.37985099999,"d":"1,747.38"},11797,{"v":6.75125102,"d":"6.75"},"ST",103,61766009,{"v":1240.09101852999,"d":"1,240.09"},2416,{"v":1.948244092,"d":"1.95"},{"v":223.919284699999,"d":"223.92"},{"v":0.975480312,"d":"0.98"},{"v":2356.76043399999,"d":"2,356.76"},{"v":59.2395662899999,"d":"59.24"},1,"1_61766009_74719",{"v":1.16890986327,"d":"1.17"},{"v":0.00522022864103,"d":"0.01"},{"v":12.3028283176,"d":"12.30"},{"v":0.180566814334,"d":"0.18"},"1_61766009_74719_130568","F",{"v":0.0285558787521,"d":"0.03"},{"v":0.0244294959341,"d":"0.02"},{"v":0.300551894363,"d":"0.30"}]
[6,620,62007,{"v":5469.57545399999,"d":"5,469.58"},7657,{"v":1.399925838,"d":"1.40"}," ",103,62007031,{"v":169.884367314999,"d":"169.88"},759,{"v":4.467744808,"d":"4.47"},{"v":57.8907044199999,"d":"57.89"},{"v":0.975480312,"d":"0.98"},{"v":740.3895568,"d":"740.39"},{"v":18.61044322,"d":"18.61"},1,"1_62007031_74835",{"v":56.7259598843,"d":"56.73"},{"v":0.979880283936,"d":"0.98"},{"v":725.493129139999,"d":"725.49"},{"v":0.340765341361,"d":"0.34"},"1_62007031_74835_130864","E",{"v":12.0268299811,"d":"12.03"},{"v":0.212016332657,"d":"0.21"},{"v":153.816392608,"d":"153.82"}]
[6,620,62014,{"v":1763.55114299999,"d":"1,763.55"},1907,{"v":1.081340911,"d":"1.08"},"M",310,62014000,{"v":1763.55114281999,"d":"1,763.55"},1907,{"v":1.081340911,"d":"1.08"},{"v":188.0732687,"d":"188.07"},{"v":0.969116244,"d":"0.97"},{"v":1848.104677,"d":"1,848.10"},{"v":58.8953233599999,"d":"58.90"},1,"1_62014000_75121",{"v":0.397374972735,"d":"0.40"},{"v":0.00211287321947,"d":"0.00"},{"v":3.90481087881,"d":"3.90"},{"v":0.106644635437,"d":"0.11"},"1_62014000_75121_131194","außerhalb GKL",{"v":0.397374972735,"d":"0.40"},{"v":1,"d":"1.00"},{"v":3.90481087881,"d":"3.90"}]
[6,620,62036,{"v":3645.493085,"d":"3,645.49"},1302,{"v":0.357153331,"d":"0.36"},"M",410,62036002,{"v":98.383797705,"d":"98.38"},452,{"v":4.594252413,"d":"4.59"},{"v":53.0681703099999,"d":"53.07"},{"v":0.921559671,"d":"0.92"},{"v":416.5449712,"d":"416.54"},{"v":35.45502882,"d":"35.46"},1,"1_62036002_75393",{"v":53.0163071527,"d":"53.02"},{"v":0.999022706888,"d":"1.00"},{"v":416.137884669,"d":"416.14"},{"v":0.539399490037,"d":"0.54"},"1_62036002_75393_131537","D",{"v":7.82366424262,"d":"7.82"},{"v":0.147570901536,"d":"0.15"},{"v":61.4098428038999,"d":"61.41"}]
[6,620,62040,{"v":6374.297673,"d":"6,374.30"},9853,{"v":1.54573892,"d":"1.55"},"ST",103,62040006,{"v":13.37070448,"d":"13.37"},314,{"v":23.4841777,"d":"23.48"},{"v":10.85073923,"d":"10.85"},{"v":0.975480312,"d":"0.98"},{"v":306.300817999999,"d":"306.30"},{"v":7.699182043,"d":"7.70"},1,"1_62040006_75525",{"v":10.8507392259,"d":"10.85"},{"v":0.999999999622,"d":"1.00"},{"v":306.300817884,"d":"306.30"},{"v":0.811530854356,"d":"0.81"},"1_62040006_75525_131851","E",{"v":3.17830520348E-3,"d":"0.00"},{"v":0.00029291139869,"d":"0.00"},{"v":0.0897190009863,"d":"0.09"}]
[6,620,62041,{"v":1385.17301199999,"d":"1,385.17"},12597,{"v":9.09417082799999,"d":"9.09"},"ST",103,62041003,{"v":25.256002745,"d":"25.26"},833,{"v":32.9822580599999,"d":"32.98"},{"v":16.67487749,"d":"16.67"},{"v":0.975480312,"d":"0.98"},{"v":812.5750999,"d":"812.58"},{"v":20.42490013,"d":"20.42"},1,"1_62041003_75594",{"v":16.6748774889,"d":"16.67"},{"v":0.999999999934,"d":"1.00"},{"v":812.575099845999,"d":"812.58"},{"v":0.660234228605,"d":"0.66"},"1_62041003_75594_132046","C",{"v":4.43006760977,"d":"4.43"},{"v":0.265673172875,"d":"0.27"},{"v":215.879404975,"d":"215.88"}]
[6,620,62043,{"v":6253.657828,"d":"6,253.66"},2961,{"v":0.473482893,"d":"0.47"},"M",410,62043006,{"v":2916.37696099,"d":"2,916.38"},677,{"v":0.232137343,"d":"0.23"},{"v":103.225760199999,"d":"103.23"},{"v":0.921559671,"d":"0.92"},{"v":623.895897099999,"d":"623.90"},{"v":53.10410291,"d":"53.10"},1,"1_62043006_75855",{"v":36.3664170500999,"d":"36.37"},{"v":0.352299823025,"d":"0.35"},{"v":219.798414134,"d":"219.80"},{"v":0.0353952049343,"d":"0.04"},"1_62043006_75855_132508","G",{"v":0.0600856119387,"d":"0.06"},{"v":1.65222798429E-3,"d":"0.00"},{"v":0.363157090735,"d":"0.36"}]
[6,620,62044,{"v":27017.6554299999,"d":"27,017.66"},2595,{"v":0.096048305,"d":"0.10"},"M",410,62044003,{"v":5604.29393205999,"d":"5,604.29"},1088,{"v":0.194136855,"d":"0.19"},{"v":152.8310973,"d":"152.83"},{"v":0.921559671,"d":"0.92"},{"v":1002.656922,"d":"1,002.66"},{"v":85.34307823,"d":"85.34"},1,"1_62044003_76134",{"v":0.351863140474,"d":"0.35"},{"v":0.00230230068808,"d":"0.00"},{"v":2.30841772143,"d":"2.31"},{"v":0.0272703571855,"d":"0.03"},"1_62044003_76134_132811","außerhalb GKL",{"v":0.351863140474,"d":"0.35"},{"v":1,"d":"1.00"},{"v":2.30841772143,"d":"2.31"}]
[6,620,62046,{"v":14824.9096499999,"d":"14,824.91"},2687,{"v":0.181248997,"d":"0.18"}," ",310,62046000,{"v":10498.2475985,"d":"10,498.25"},576,{"v":0.0548663,"d":"0.05"},{"v":127.8292524,"d":"127.83"},{"v":0.969116244,"d":"0.97"},{"v":558.2109563,"d":"558.21"},{"v":17.78904366,"d":"17.79"},1,"1_62046000_76466",{"v":0.0931042250889,"d":"0.09"},{"v":7.28348350169E-4,"d":"0.00"},{"v":0.406572029067,"d":"0.41"},{"v":0.0121762466736,"d":"0.01"},"1_62046000_76466_133165","außerhalb GKL",{"v":0.0931042250888,"d":"0.09"},{"v":0.999999999999,"d":"1.00"},{"v":0.406572029067,"d":"0.41"}]
[6,620,62048,{"v":14963.0734799999,"d":"14,963.07"},4776,{"v":0.319185761,"d":"0.32"},"M",410,62048001,{"v":1388.1621285,"d":"1,388.16"},435,{"v":0.313363973,"d":"0.31"},{"v":43.75957348,"d":"43.76"},{"v":0.921559671,"d":"0.92"},{"v":400.878456799999,"d":"400.88"},{"v":34.12154323,"d":"34.12"},1,"1_62048001_76655",{"v":0.725462115625,"d":"0.73"},{"v":0.016578363497,"d":"0.02"},{"v":6.64590877495,"d":"6.65"},{"v":0.0315233880694,"d":"0.03"},"1_62048001_76655_133495","außerhalb GKL",{"v":0.725462115625,"d":"0.73"},{"v":1,"d":"1.00"},{"v":6.64590877495,"d":"6.65"}]
[6,621,62115,{"v":9374.413085,"d":"9,374.41"},5356,{"v":0.571342435,"d":"0.57"},"M",410,62115003,{"v":131.91383149,"d":"131.91"},393,{"v":2.979217536,"d":"2.98"},{"v":49.6485247299999,"d":"49.65"},{"v":0.921559671,"d":"0.92"},{"v":362.172950599999,"d":"362.17"},{"v":30.8270494,"d":"30.83"},1,"1_62115003_76895",{"v":49.3058193238,"d":"49.31"},{"v":0.9930973698,"d":"0.99"},{"v":359.673004654,"d":"359.67"},{"v":0.37637087915,"d":"0.38"},"1_62115003_76895_133830","außerhalb GKL",{"v":0.885339221079,"d":"0.89"},{"v":0.0179560796924,"d":"0.02"},{"v":6.45831713477,"d":"6.46"}]
[6,621,62125,{"v":8599.14330999999,"d":"8,599.14"},2364,{"v":0.274911106,"d":"0.27"}," ",310,62125002,{"v":5168.39753561999,"d":"5,168.40"},507,{"v":0.098096169,"d":"0.10"},{"v":96.48410889,"d":"96.48"},{"v":0.969116244,"d":"0.97"},{"v":491.341935499999,"d":"491.34"},{"v":15.6580644699999,"d":"15.66"},1,"1_62125002_77062",{"v":0.416503241558,"d":"0.42"},{"v":0.00431680663634,"d":"0.00"},{"v":2.12102812788,"d":"2.12"},{"v":0.0186680897174,"d":"0.02"},"1_62125002_77062_134152","außerhalb GKL",{"v":0.416503241559,"d":"0.42"},{"v":1,"d":"1.00"},{"v":2.12102812788,"d":"2.12"}]
[6,621,62131,{"v":7313.560027,"d":"7,313.56"},1435,{"v":0.196210873,"d":"0.20"}," ",410,62131002,{"v":6550.52882178999,"d":"6,550.53"},229,{"v":0.03495901,"d":"0.03"},{"v":26.4239750399999,"d":"26.42"},{"v":0.921559671,"d":"0.92"},{"v":211.0371646,"d":"211.04"},{"v":17.9628353999999,"d":"17.96"},1,"1_62131002_77128",{"v":0.477037080503,"d":"0.48"},{"v":0.0180531914589,"d":"0.02"},{"v":3.80989433747,"d":"3.81"},{"v":0.00403386898354,"d":"0.00"},"1_62131002_77128_134289","G",{"v":0.477037080502,"d":"0.48"},{"v":0.999999999998,"d":"1.00"},{"v":3.80989433746,"d":"3.81"}]
[6,621,62135,{"v":13419.73782,"d":"13,419.74"},1604,{"v":0.119525435,"d":"0.12"},"M",410,62135000,{"v":13419.7378198,"d":"13,419.74"},1604,{"v":0.119525435,"d":"0.12"},{"v":183.600552899999,"d":"183.60"},{"v":0.921559671,"d":"0.92"},{"v":1478.181712,"d":"1,478.18"},{"v":125.8182881,"d":"125.82"},1,"1_62135000_77278",{"v":0.495045966248,"d":"0.50"},{"v":0.0026963206724,"d":"0.00"},{"v":3.98565190763,"d":"3.99"},{"v":0.0136813815117,"d":"0.01"},"1_62135000_77278_134508","außerhalb GKL",{"v":0.495045966248,"d":"0.50"},{"v":1,"d":"1.00"},{"v":3.98565190763,"d":"3.99"}]
[6,621,62140,{"v":8202.74981099999,"d":"8,202.75"},22609,{"v":2.756270826,"d":"2.76"},"ST",102,62140014,{"v":290.265518494999,"d":"290.27"},535,{"v":1.843140042,"d":"1.84"},{"v":15.2478868999999,"d":"15.25"},{"v":0.973029842,"d":"0.97"},{"v":520.5709652,"d":"520.57"},{"v":14.4290347699999,"d":"14.43"},1,"1_62140014_77446",{"v":5.70302752049,"d":"5.70"},{"v":0.374020843537,"d":"0.37"},{"v":194.704391525,"d":"194.70"},{"v":0.0525308241194,"d":"0.05"},"1_62140014_77446_135054","außerhalb GKL",{"v":5.70302752049,"d":"5.70"},{"v":1,"d":"1.00"},{"v":194.704391525,"d":"194.70"}]
[6,621,62140,{"v":8202.74981099999,"d":"8,202.75"},22609,{"v":2.756270826,"d":"2.76"},"ST",102,62140021,{"v":610.808869469999,"d":"610.81"},430,{"v":0.703984538,"d":"0.70"},{"v":37.7915218699999,"d":"37.79"},{"v":0.973029842,"d":"0.97"},{"v":418.4028319,"d":"418.40"},{"v":11.59716813,"d":"11.60"},1,"1_62140021_77467",{"v":0.370500340841,"d":"0.37"},{"v":0.00980379520347,"d":"0.01"},{"v":4.1019356765,"d":"4.10"},{"v":0.0618712722734,"d":"0.06"},"1_62140021_77467_135165","außerhalb GKL",{"v":0.370500340842,"d":"0.37"},{"v":1,"d":"1.00"},{"v":4.1019356765,"d":"4.10"}]
[6,621,62141,{"v":9052.389008,"d":"9,052.39"},8150,{"v":0.900314822,"d":"0.90"},"ST",410,62141006,{"v":75.0718793797999,"d":"75.07"},199,{"v":2.650792835,"d":"2.65"},{"v":35.12588472,"d":"35.13"},{"v":0.921559671,"d":"0.92"},{"v":183.3903745,"d":"183.39"},{"v":15.60962552,"d":"15.61"},1,"1_62141006_77598",{"v":35.1258847225999,"d":"35.13"},{"v":1.00000000007,"d":"1.00"},{"v":183.390374513,"d":"183.39"},{"v":0.467896701271,"d":"0.47"},"1_62141006_77598_135513","F",{"v":0.171182657037,"d":"0.17"},{"v":0.00487340485197,"d":"0.00"},{"v":0.893735540956,"d":"0.89"}]
[6,621,62143,{"v":5132.38060899999,"d":"5,132.38"},8347,{"v":1.626340803,"d":"1.63"},"ST",210,62143011,{"v":3211.12581098999,"d":"3,211.13"},333,{"v":0.103701947,"d":"0.10"},{"v":23.54556857,"d":"23.55"},{"v":0.955942851,"d":"0.96"},{"v":318.3289695,"d":"318.33"},{"v":14.6710305,"d":"14.67"},1,"1_62143011_77817",{"v":0.83933286101,"d":"0.84"},{"v":0.0356471689573,"d":"0.04"},{"v":11.3475265598,"d":"11.35"},{"v":7.33249643767E-3,"d":"0.01"},"1_62143011_77817_135822","außerhalb GKL",{"v":0.761555568084,"d":"0.76"},{"v":0.907334388371,"d":"0.91"},{"v":10.2960010706999,"d":"10.30"}]
[6,621,62147,{"v":16645.5769299999,"d":"16,645.58"},2253,{"v":0.135351271,"d":"0.14"},"M",310,62147004,{"v":7349.84972553999,"d":"7,349.85"},258,{"v":0.035102759,"d":"0.04"},{"v":24.14852945,"d":"24.15"},{"v":0.969116244,"d":"0.97"},{"v":250.0319909,"d":"250.03"},{"v":7.968009138,"d":"7.97"},1,"1_62147004_78028",{"v":5.26161484104,"d":"5.26"},{"v":0.217885517706,"d":"0.22"},{"v":54.4783497803,"d":"54.48"},{"v":3.28558138625E-3,"d":"0.00"},"1_62147004_78028_136152","außerhalb GKL",{"v":5.26161484104,"d":"5.26"},{"v":1,"d":"1.00"},{"v":54.4783497803,"d":"54.48"}]
[6,622,62211,{"v":2587.27615199999,"d":"2,587.28"},2641,{"v":1.020764636,"d":"1.02"},"ST",420,62211000,{"v":283.826853335,"d":"283.83"},1432,{"v":5.045329514,"d":"5.05"},{"v":130.6014418,"d":"130.60"},{"v":0.920429496,"d":"0.92"},{"v":1318.05503799999,"d":"1,318.06"},{"v":113.944962,"d":"113.94"},1,"1_62211000_78351",{"v":124.994468639,"d":"124.99"},{"v":0.957068060783,"d":"0.96"},{"v":1261.46837922,"d":"1,261.47"},{"v":0.460144768775,"d":"0.46"},"1_62211000_78351_136532","G",{"v":10.9957407607,"d":"11.00"},{"v":0.0879698188282,"d":"0.09"},{"v":110.971144777,"d":"110.97"}]
[6,622,62219,{"v":2157.88192799999,"d":"2,157.88"},6795,{"v":3.148921131,"d":"3.15"},"ST",220,62219003,{"v":417.429462989999,"d":"417.43"},921,{"v":2.206360791,"d":"2.21"},{"v":130.192177899999,"d":"130.19"},{"v":0.975109986,"d":"0.98"},{"v":898.076297199999,"d":"898.08"},{"v":22.9237027699999,"d":"22.92"},1,"1_62219003_78549",{"v":119.970711131,"d":"119.97"},{"v":0.921489394111,"d":"0.92"},{"v":827.567782972,"d":"827.57"},{"v":0.311890246001,"d":"0.31"},"1_62219003_78549_136809","C",{"v":3.39029851083,"d":"3.39"},{"v":0.0282593849688,"d":"0.03"},{"v":23.3865565668,"d":"23.39"}]
[6,622,62220,{"v":3042.96595399999,"d":"3,042.97"},2179,{"v":0.71607768,"d":"0.72"}," ",420,62220002,{"v":765.032021135,"d":"765.03"},633,{"v":0.827416347,"d":"0.83"},{"v":66.1594629199999,"d":"66.16"},{"v":0.920429496,"d":"0.92"},{"v":582.631870899999,"d":"582.63"},{"v":50.36812913,"d":"50.37"},1,"1_62220002_78689",{"v":0.442804321063,"d":"0.44"},{"v":0.00669298542521,"d":"0.01"},{"v":3.8995466202,"d":"3.90"},{"v":0.0864793382398,"d":"0.09"},"1_62220002_78689_137041","außerhalb GKL",{"v":0.442804321064,"d":"0.44"},{"v":1,"d":"1.00"},{"v":3.8995466202,"d":"3.90"}]
[6,622,62235,{"v":3395.582938,"d":"3,395.58"},2040,{"v":0.600780495,"d":"0.60"}," ",420,62235002,{"v":1323.81620681999,"d":"1,323.82"},735,{"v":0.555213024,"d":"0.56"},{"v":49.74000749,"d":"49.74"},{"v":0.920429496,"d":"0.92"},{"v":676.515679399999,"d":"676.52"},{"v":58.48432056,"d":"58.48"},1,"1_62235002_79044",{"v":0.585854243008,"d":"0.59"},{"v":0.0117783304139,"d":"0.01"},{"v":7.96822520216,"d":"7.97"},{"v":0.0375731972715,"d":"0.04"},"1_62235002_79044_137466","außerhalb GKL",{"v":0.585854243007,"d":"0.59"},{"v":0.999999999998,"d":"1.00"},{"v":7.96822520214,"d":"7.97"}]
[6,622,62256,{"v":3264.109938,"d":"3,264.11"},2198,{"v":0.673384182,"d":"0.67"}," ",410,62256001,{"v":845.50024266,"d":"845.50"},706,{"v":0.835008631,"d":"0.84"},{"v":61.9877729399999,"d":"61.99"},{"v":0.921559671,"d":"0.92"},{"v":650.621127499999,"d":"650.62"},{"v":55.37887245,"d":"55.38"},1,"1_62256001_79366",{"v":0.209672134209,"d":"0.21"},{"v":0.00338247567648,"d":"0.00"},{"v":2.20071013837,"d":"2.20"},{"v":0.073314908515,"d":"0.07"},"1_62256001_79366_137806","außerhalb GKL",{"v":0.209672134209,"d":"0.21"},{"v":1,"d":"1.00"},{"v":2.20071013837,"d":"2.20"}]
[6,622,62264,{"v":5225.833647,"d":"5,225.83"},3834,{"v":0.733662849,"d":"0.73"},"M",420,62264005,{"v":550.583217719999,"d":"550.58"},501,{"v":0.90994419,"d":"0.91"},{"v":28.7733881999999,"d":"28.77"},{"v":0.920429496,"d":"0.92"},{"v":461.135177399999,"d":"461.14"},{"v":39.86482258,"d":"39.86"},1,"1_62264005_79669",{"v":0.347132126802,"d":"0.35"},{"v":0.0120643465548,"d":"0.01"},{"v":5.56329458876,"d":"5.56"},{"v":0.0522598351602,"d":"0.05"},"1_62264005_79669_138123","außerhalb GKL",{"v":0.347132126802,"d":"0.35"},{"v":1,"d":"1.00"},{"v":5.56329458876,"d":"5.56"}]
[6,622,62266,{"v":2570.197364,"d":"2,570.20"},2399,{"v":0.933391355,"d":"0.93"}," ",410,62266003,{"v":282.129067575,"d":"282.13"},381,{"v":1.350445749,"d":"1.35"},{"v":35.18610846,"d":"35.19"},{"v":0.921559671,"d":"0.92"},{"v":351.114234599999,"d":"351.11"},{"v":29.88576545,"d":"29.89"},1,"1_62266003_79765",{"v":0.49146841238,"d":"0.49"},{"v":0.0139676830968,"d":"0.01"},{"v":4.90425235967,"d":"4.90"},{"v":0.124716353272,"d":"0.12"},"1_62266003_79765_138265","außerhalb GKL",{"v":0.49146841238,"d":"0.49"},{"v":1,"d":"1.00"},{"v":4.90425235967,"d":"4.90"}]
[6,622,62268,{"v":4570.328016,"d":"4,570.33"},3161,{"v":0.691635259,"d":"0.69"},"M",420,62268001,{"v":2234.30746237999,"d":"2,234.31"},1603,{"v":0.717448259,"d":"0.72"},{"v":197.4731089,"d":"197.47"},{"v":0.920429496,"d":"0.92"},{"v":1475.448482,"d":"1,475.45"},{"v":127.5515182,"d":"127.55"},1,"1_62268001_79827",{"v":0.501135602754,"d":"0.50"},{"v":0.00253774098937,"d":"0.00"},{"v":3.74430609048,"d":"3.74"},{"v":0.0883822447111,"d":"0.09"},"1_62268001_79827_138479","F",{"v":0.338879970361,"d":"0.34"},{"v":0.676224096829,"d":"0.68"},{"v":2.53199000429,"d":"2.53"}]
[6,622,62271,{"v":3929.34155199999,"d":"3,929.34"},3779,{"v":0.961738742,"d":"0.96"},"M",410,62271000,{"v":455.629759649999,"d":"455.63"},1387,{"v":3.044138296,"d":"3.04"},{"v":95.1492088499999,"d":"95.15"},{"v":0.921559671,"d":"0.92"},{"v":1278.203263,"d":"1,278.20"},{"v":108.796736699999,"d":"108.80"},1,"1_62271000_80087",{"v":88.1751362838,"d":"88.18"},{"v":0.926703830221,"d":"0.93"},{"v":1184.51585961999,"d":"1,184.52"},{"v":0.208830101271,"d":"0.21"},"1_62271000_80087_138805","D",{"v":2.24794489381E-3,"d":"0.00"},{"v":2.5494090381E-5,"d":"0.00"},{"v":0.0301981543834,"d":"0.03"}]
[6,622,62275,{"v":8887.460294,"d":"8,887.46"},5930,{"v":0.667232236,"d":"0.67"},"M",420,62275006,{"v":1448.74038586,"d":"1,448.74"},477,{"v":0.329251538,"d":"0.33"},{"v":65.2253765499999,"d":"65.23"},{"v":0.920429496,"d":"0.92"},{"v":439.0448695,"d":"439.04"},{"v":37.95513048,"d":"37.96"},1,"1_62275006_80402",{"v":1.83389307165,"d":"1.83"},{"v":0.0281162511993,"d":"0.03"},{"v":12.3442958386,"d":"12.34"},{"v":0.0450221290071,"d":"0.05"},"1_62275006_80402_139284","außerhalb GKL",{"v":1.83389307165,"d":"1.83"},{"v":1,"d":"1.00"},{"v":12.3442958386,"d":"12.34"}]
[6,622,62275,{"v":8887.460294,"d":"8,887.46"},5930,{"v":0.667232236,"d":"0.67"},"M",420,62275008,{"v":1246.38767826,"d":"1,246.39"},552,{"v":0.44287986,"d":"0.44"},{"v":38.11150261,"d":"38.11"},{"v":0.920429496,"d":"0.92"},{"v":508.0770817,"d":"508.08"},{"v":43.9229182999999,"d":"43.92"},1,"1_62275008_80577",{"v":0.0833777032695,"d":"0.08"},{"v":0.00218773067341,"d":"0.00"},{"v":1.11153581609,"d":"1.11"},{"v":0.0305775668957,"d":"0.03"},"1_62275008_80577_139462","außerhalb GKL",{"v":0.0833777032693,"d":"0.08"},{"v":0.999999999998,"d":"1.00"},{"v":1.11153581609,"d":"1.11"}]
[6,622,62278,{"v":8128.261808,"d":"8,128.26"},4701,{"v":0.578352434,"d":"0.58"},"M",430,62278001,{"v":1373.66069775999,"d":"1,373.66"},539,{"v":0.392382195,"d":"0.39"},{"v":35.29091798,"d":"35.29"},{"v":0.905906425,"d":"0.91"},{"v":488.283563,"d":"488.28"},{"v":50.71643705,"d":"50.72"},1,"1_62278001_80783",{"v":1.06013453038,"d":"1.06"},{"v":0.0300398683588,"d":"0.03"},{"v":14.6679739543,"d":"14.67"},{"v":0.0256911463199,"d":"0.03"},"1_62278001_80783_139743","außerhalb GKL",{"v":1.06013453038,"d":"1.06"},{"v":1,"d":"1.00"},{"v":14.6679739543,"d":"14.67"}]
[6,622,62279,{"v":5396.58542899999,"d":"5,396.59"},1473,{"v":0.272950372,"d":"0.27"}," ",430,62279001,{"v":3528.57429898,"d":"3,528.57"},822,{"v":0.232955276,"d":"0.23"},{"v":130.987995299999,"d":"130.99"},{"v":0.905906425,"d":"0.91"},{"v":744.6550812,"d":"744.66"},{"v":77.34491884,"d":"77.34"},1,"1_62279001_81153",{"v":0.472170448823,"d":"0.47"},{"v":3.60468490064E-3,"d":"0.00"},{"v":2.68424692739,"d":"2.68"},{"v":0.0371220737333,"d":"0.04"},"1_62279001_81153_140123","außerhalb GKL",{"v":0.472170448823,"d":"0.47"},{"v":1,"d":"1.00"},{"v":2.68424692739,"d":"2.68"}]
[6,623,62379,{"v":6727.19920399999,"d":"6,727.20"},13450,{"v":1.999346175,"d":"2.00"},"ST",220,62379001,{"v":157.534727344999,"d":"157.53"},2256,{"v":14.32065195,"d":"14.32"},{"v":95.5841075,"d":"95.58"},{"v":0.975109986,"d":"0.98"},{"v":2199.84812899999,"d":"2,199.85"},{"v":56.15187127,"d":"56.15"},1,"1_62379001_81355",{"v":47.2237660905,"d":"47.22"},{"v":0.494054580051,"d":"0.49"},{"v":1086.84504354999,"d":"1,086.85"},{"v":0.606749439383,"d":"0.61"},"1_62379001_81355_140508","D",{"v":0.211058122756,"d":"0.21"},{"v":0.00446932001043,"d":"0.00"},{"v":4.85745830137,"d":"4.86"}]
[6,623,62384,{"v":3920.91764899999,"d":"3,920.92"},3161,{"v":0.806188827,"d":"0.81"},"M",420,62384000,{"v":1297.85849959,"d":"1,297.86"},1342,{"v":1.034011027,"d":"1.03"},{"v":37.0018766099999,"d":"37.00"},{"v":0.920429496,"d":"0.92"},{"v":1235.21638299999,"d":"1,235.22"},{"v":106.7836166,"d":"106.78"},1,"1_62384000_81420",{"v":2.93124281171,"d":"2.93"},{"v":0.0792187607835,"d":"0.08"},{"v":97.8523111606999,"d":"97.85"},{"v":0.0285099466711,"d":"0.03"},"1_62384000_81420_140780","E",{"v":0.0312775864659,"d":"0.03"},{"v":0.0106704181383,"d":"0.01"},{"v":1.04412507588,"d":"1.04"}]
[4,404,40404,{"v":2484.75617499999,"d":"2,484.76"},17518,{"v":7.050188738,"d":"7.05"},"ST",103,40404031,{"v":38.52257361,"d":"38.52"},918,{"v":23.83018355,"d":"23.83"},{"v":0,"d":"0.00"},{"v":0.975480312,"d":"0.98"},{"v":895.4909264,"d":"895.49"},{"v":22.5090736199999,"d":"22.51"},0,"0_40404031_3468",{"v":7.39943226679,"d":"7.40"},{"v":0,"d":"0.00"},{"v":22.5090736199999,"d":"22.51"},{"v":0,"d":"0.00"},"0_40404031_3468_141110","F",{"v":2.38149359842,"d":"2.38"},{"v":0.321848151663,"d":"0.32"},{"v":7.24450374024,"d":"7.24"}]
[4,404,40404,{"v":2484.75617499999,"d":"2,484.76"},17518,{"v":7.050188738,"d":"7.05"},"ST",103,40404052,{"v":260.003075379999,"d":"260.00"},598,{"v":2.299972795,"d":"2.30"},{"v":0,"d":"0.00"},{"v":0.975480312,"d":"0.98"},{"v":583.3372266,"d":"583.34"},{"v":14.66277344,"d":"14.66"},0,"0_40404052_3475",{"v":196.100679191,"d":"196.10"},{"v":0,"d":"0.00"},{"v":14.66277344,"d":"14.66"},{"v":0,"d":"0.00"},"0_40404052_3475_141221","F",{"v":0.17132351357,"d":"0.17"},{"v":0.000873650791404,"d":"0.00"},{"v":0.01281014362,"d":"0.01"}]
[4,404,40419,{"v":3328.450988,"d":"3,328.45"},2823,{"v":0.848142277,"d":"0.85"}," ",410,40419000,{"v":3328.45098777,"d":"3,328.45"},2823,{"v":0.848142277,"d":"0.85"},{"v":0,"d":"0.00"},{"v":0.921559671,"d":"0.92"},{"v":2601.56295099999,"d":"2,601.56"},{"v":221.4370495,"d":"221.44"},0,"0_40419000_3497",{"v":3030.79025871,"d":"3,030.79"},{"v":0,"d":"0.00"},{"v":221.4370495,"d":"221.44"},{"v":0,"d":"0.00"},"0_40419000_3497_141767","G",{"v":32.7263501022,"d":"32.73"},{"v":0.0107979593798,"d":"0.01"},{"v":2.39106826568,"d":"2.39"}]
[4,404,40426,{"v":3104.236232,"d":"3,104.24"},3099,{"v":0.998313198,"d":"1.00"}," ",430,40426000,{"v":1517.68008104,"d":"1,517.68"},2221,{"v":1.46341777,"d":"1.46"},{"v":0,"d":"0.00"},{"v":0.905906425,"d":"0.91"},{"v":2012.01816899999,"d":"2,012.02"},{"v":208.981830599999,"d":"208.98"},0,"0_40426000_3508",{"v":1346.57093613999,"d":"1,346.57"},{"v":0,"d":"0.00"},{"v":208.981830599999,"d":"208.98"},{"v":0,"d":"0.00"},"0_40426000_3508_141986","außerhalb GKL",{"v":1.31232139169,"d":"1.31"},{"v":9.7456536189E-4,"d":"0.00"},{"v":0.203666453367,"d":"0.20"}]
[4,404,40428,{"v":2182.66576799999,"d":"2,182.67"},3276,{"v":1.500916928,"d":"1.50"},"M",430,40428000,{"v":285.276963845,"d":"285.28"},1841,{"v":6.453377711,"d":"6.45"},{"v":0,"d":"0.00"},{"v":0.905906425,"d":"0.91"},{"v":1667.77372799999,"d":"1,667.77"},{"v":173.226271999999,"d":"173.23"},0,"0_40428000_3511",{"v":148.984304177,"d":"148.98"},{"v":0,"d":"0.00"},{"v":173.226271999999,"d":"173.23"},{"v":0,"d":"0.00"},"0_40428000_3511_142119","G",{"v":8.76827607517,"d":"8.77"},{"v":0.0588536901495,"d":"0.06"},{"v":10.195005338,"d":"10.20"}]
[4,404,40443,{"v":3230.67910799999,"d":"3,230.68"},2060,{"v":0.637636835,"d":"0.64"}," ",430,40443000,{"v":3230.67910844,"d":"3,230.68"},2060,{"v":0.637636835,"d":"0.64"},{"v":0,"d":"0.00"},{"v":0.905906425,"d":"0.91"},{"v":1866.16723499999,"d":"1,866.17"},{"v":193.832764999999,"d":"193.83"},0,"0_40443000_3529",{"v":3021.96779972,"d":"3,021.97"},{"v":0,"d":"0.00"},{"v":193.832764999999,"d":"193.83"},{"v":0,"d":"0.00"},"0_40443000_3529_142495","G",{"v":4.89280134727,"d":"4.89"},{"v":1.61907792258E-3,"d":"0.00"},{"v":0.313830350484,"d":"0.31"}]
[5,501,50101,{"v":6564.140019,"d":"6,564.14"},155021,{"v":23.61634571,"d":"23.62"},"SR",101,50101125,{"v":21.70290044,"d":"21.70"},851,{"v":39.2113488399999,"d":"39.21"},{"v":0,"d":"0.00"},{"v":0.965932983,"d":"0.97"},{"v":822.0089686,"d":"822.01"},{"v":28.99103144,"d":"28.99"},0,"0_50101125_4369",{"v":13.781331344,"d":"13.78"},{"v":0,"d":"0.00"},{"v":28.99103144,"d":"28.99"},{"v":0,"d":"0.00"},"0_50101125_4369_142776","B",{"v":0.850781425904,"d":"0.85"},{"v":0.0617343422538,"d":"0.06"},{"v":1.78974225721,"d":"1.79"}]
[5,501,50101,{"v":6564.140019,"d":"6,564.14"},155021,{"v":23.61634571,"d":"23.62"},"SR",101,50101322,{"v":15.52113012,"d":"15.52"},288,{"v":18.5553498899999,"d":"18.56"},{"v":0,"d":"0.00"},{"v":0.965932983,"d":"0.97"},{"v":278.1886991,"d":"278.19"},{"v":9.811300888,"d":"9.81"},0,"0_50101322_4421",{"v":4.93637190068,"d":"4.94"},{"v":0,"d":"0.00"},{"v":9.811300888,"d":"9.81"},{"v":0,"d":"0.00"},"0_50101322_4421_143260","D",{"v":0.496748825992,"d":"0.50"},{"v":0.100630348764,"d":"0.10"},{"v":0.987314630188,"d":"0.99"}]
[5,501,50101,{"v":6564.140019,"d":"6,564.14"},155021,{"v":23.61634571,"d":"23.62"},"SR",101,50101406,{"v":16.234182125,"d":"16.23"},947,{"v":58.3337055499999,"d":"58.33"},{"v":0,"d":"0.00"},{"v":0.965932983,"d":"0.97"},{"v":914.738534899999,"d":"914.74"},{"v":32.26146507,"d":"32.26"},0,"0_50101406_4441",{"v":5.26207293975,"d":"5.26"},{"v":0,"d":"0.00"},{"v":32.26146507,"d":"32.26"},{"v":0,"d":"0.00"},"0_50101406_4441_143437","D",{"v":0.669269837787,"d":"0.67"},{"v":0.127187487792,"d":"0.13"},{"v":4.10325469474,"d":"4.10"}]
[5,501,50101,{"v":6564.140019,"d":"6,564.14"},155021,{"v":23.61634571,"d":"23.62"},"SR",101,50101580,{"v":35.210880785,"d":"35.21"},1408,{"v":39.9876392899999,"d":"39.99"},{"v":0,"d":"0.00"},{"v":0.965932983,"d":"0.97"},{"v":1360.03364,"d":"1,360.03"},{"v":47.9663599,"d":"47.97"},0,"0_50101580_4482",{"v":3.15364794677,"d":"3.15"},{"v":0,"d":"0.00"},{"v":47.9663599,"d":"47.97"},{"v":0,"d":"0.00"},"0_50101580_4482_143763","B",{"v":0.578990621441,"d":"0.58"},{"v":0.183593930335,"d":"0.18"},{"v":8.80633253789999,"d":"8.81"}]
[5,502,50209,{"v":2101.063508,"d":"2,101.06"},4756,{"v":2.263615537,"d":"2.26"}," ",101,50209001,{"v":1853.22989791999,"d":"1,853.23"},1408,{"v":0.759754632,"d":"0.76"},{"v":0,"d":"0.00"},{"v":0.965932983,"d":"0.97"},{"v":1360.03364,"d":"1,360.03"},{"v":47.9663599,"d":"47.97"},0,"0_50209001_4523",{"v":1730.40299,"d":"1,730.40"},{"v":0,"d":"0.00"},{"v":47.9663599,"d":"47.97"},{"v":0,"d":"0.00"},"0_50209001_4523_143973","D",{"v":0.0523830164855,"d":"0.05"},{"v":3.027214862e-05,"d":"0.00"},{"v":0.00145204477564,"d":"0.00"}]
[5,503,50305,{"v":693.720155699999,"d":"693.72"},4962,{"v":7.152740135,"d":"7.15"}," ",310,50305000,{"v":231.532407589999,"d":"231.53"},1920,{"v":8.292575627,"d":"8.29"},{"v":0,"d":"0.00"},{"v":0.969116244,"d":"0.97"},{"v":1860.70318799999,"d":"1,860.70"},{"v":59.2968121899999,"d":"59.30"},0,"0_50305000_4537",{"v":133.059656872999,"d":"133.06"},{"v":0,"d":"0.00"},{"v":59.2968121899999,"d":"59.30"},{"v":0,"d":"0.00"},"0_50305000_4537_144420","E",{"v":5.77877217962,"d":"5.78"},{"v":0.0434299344777,"d":"0.04"},{"v":2.57525666815,"d":"2.58"}]
[5,503,50309,{"v":2395.578777,"d":"2,395.58"},5470,{"v":2.283373042,"d":"2.28"}," ",101,50309000,{"v":314.77916484,"d":"314.78"},1587,{"v":5.041629743,"d":"5.04"},{"v":0,"d":"0.00"},{"v":0.965932983,"d":"0.97"},{"v":1532.93564399999,"d":"1,532.94"},{"v":54.0643559299999,"d":"54.06"},0,"0_50309000_4544",{"v":207.696724442,"d":"207.70"},{"v":0,"d":"0.00"},{"v":54.0643559299999,"d":"54.06"},{"v":0,"d":"0.00"},"0_50309000_4544_144738","F",{"v":0.279431562473,"d":"0.28"},{"v":1.34538261604E-3,"d":"0.00"},{"v":0.0727372446156,"d":"0.07"}]
[5,503,50313,{"v":878.0166443,"d":"878.02"},774,{"v":0.881532264,"d":"0.88"}," ",210,50313000,{"v":878.01664425,"d":"878.02"},774,{"v":0.881532264,"d":"0.88"},{"v":0,"d":"0.00"},{"v":0.955942851,"d":"0.96"},{"v":739.8997669,"d":"739.90"},{"v":34.10023305,"d":"34.10"},0,"0_50313000_4556",{"v":831.157617712,"d":"831.16"},{"v":0,"d":"0.00"},{"v":34.10023305,"d":"34.10"},{"v":0,"d":"0.00"},"0_50313000_4556_145081","E",{"v":0.00687975867682,"d":"0.01"},{"v":8.277321329e-06,"d":"0.00"},{"v":0.000282258586348,"d":"0.00"}]
[5,503,50314,{"v":2301.844566,"d":"2,301.84"},7391,{"v":3.210903163,"d":"3.21"},"M",101,50314002,{"v":344.854412915,"d":"344.85"},1275,{"v":3.697212366,"d":"3.70"},{"v":0,"d":"0.00"},{"v":0.965932983,"d":"0.97"},{"v":1231.56455299999,"d":"1,231.56"},{"v":43.43544664,"d":"43.44"},0,"0_50314002_4559",{"v":288.767798969,"d":"288.77"},{"v":0,"d":"0.00"},{"v":43.43544664,"d":"43.44"},{"v":0,"d":"0.00"},"0_50314002_4559_145197","C",{"v":6.53942054381,"d":"6.54"},{"v":0.0226459479456,"d":"0.02"},{"v":0.983636863603,"d":"0.98"}]
[5,503,50319,{"v":1963.94182599999,"d":"1,963.94"},3608,{"v":1.837121625,"d":"1.84"}," ",310,50319001,{"v":1614.21374732999,"d":"1,614.21"},1591,{"v":0.985619161,"d":"0.99"},{"v":0,"d":"0.00"},{"v":0.969116244,"d":"0.97"},{"v":1541.86394399999,"d":"1,541.86"},{"v":49.1360563499999,"d":"49.14"},0,"0_50319001_4571",{"v":1500.40652019,"d":"1,500.41"},{"v":0,"d":"0.00"},{"v":49.1360563499999,"d":"49.14"},{"v":0,"d":"0.00"},"0_50319001_4571_145738","G",{"v":36.2584680868,"d":"36.26"},{"v":0.0241657628109,"d":"0.02"},{"v":1.18741028322,"d":"1.19"}]
[5,503,50321,{"v":2089.684955,"d":"2,089.68"},3636,{"v":1.739975201,"d":"1.74"}," ",310,50321001,{"v":784.25370719,"d":"784.25"},1279,{"v":1.630849798,"d":"1.63"},{"v":0,"d":"0.00"},{"v":0.969116244,"d":"0.97"},{"v":1239.49967599999,"d":"1,239.50"},{"v":39.50032437,"d":"39.50"},0,"0_50321001_4574",{"v":679.262293107999,"d":"679.26"},{"v":0,"d":"0.00"},{"v":39.50032437,"d":"39.50"},{"v":0,"d":"0.00"},"0_50321001_4574_145962","F",{"v":0.0348128035794,"d":"0.03"},{"v":5.125089959e-05,"d":"0.00"},{"v":0.00202442715806,"d":"0.00"}]
[5,503,50323,{"v":2462.82814599999,"d":"2,462.83"},3392,{"v":1.377278397,"d":"1.38"},"M",310,50323000,{"v":120.132341874999,"d":"120.13"},2006,{"v":16.69825102,"d":"16.70"},{"v":0,"d":"0.00"},{"v":0.969116244,"d":"0.97"},{"v":1944.04718499999,"d":"1,944.05"},{"v":61.95281524,"d":"61.95"},0,"0_50323000_4577",{"v":26.7306898544,"d":"26.73"},{"v":0,"d":"0.00"},{"v":61.95281524,"d":"61.95"},{"v":0,"d":"0.00"},"0_50323000_4577_146090","D",{"v":0.237952556115,"d":"0.24"},{"v":0.00890184867697,"d":"0.01"},{"v":0.551494586379,"d":"0.55"}]
[5,503,50325,{"v":3556.02185,"d":"3,556.02"},2403,{"v":0.675755128,"d":"0.68"}," ",310,50325000,{"v":3556.02185019999,"d":"3,556.02"},2403,{"v":0.675755128,"d":"0.68"},{"v":0,"d":"0.00"},{"v":0.969116244,"d":"0.97"},{"v":2328.786333,"d":"2,328.79"},{"v":74.2136665099999,"d":"74.21"},0,"0_50325000_4583",{"v":3386.77416343,"d":"3,386.77"},{"v":0,"d":"0.00"},{"v":74.2136665099999,"d":"74.21"},{"v":0,"d":"0.00"},"0_50325000_4583_146420","E",{"v":113.522812467999,"d":"113.52"},{"v":0.0335194515459,"d":"0.03"},{"v":2.48760139863,"d":"2.49"}]
[5,503,50335,{"v":4452.427886,"d":"4,452.43"},7628,{"v":1.713222582,"d":"1.71"},"M",410,50335004,{"v":284.458827074999,"d":"284.46"},1761,{"v":6.190702599,"d":"6.19"},{"v":0,"d":"0.00"},{"v":0.921559671,"d":"0.92"},{"v":1622.86658,"d":"1,622.87"},{"v":138.1334198,"d":"138.13"},0,"0_50335004_4602",{"v":203.493242070999,"d":"203.49"},{"v":0,"d":"0.00"},{"v":138.1334198,"d":"138.13"},{"v":0,"d":"0.00"},"0_50335004_4602_146981","D",{"v":1.65637072303,"d":"1.66"},{"v":0.00813968417906,"d":"0.01"},{"v":1.12436241175,"d":"1.12"}]
[5,503,50337,{"v":4819.67277099999,"d":"4,819.67"},5971,{"v":1.238880788,"d":"1.24"},"M",310,50337001,{"v":1286.12172886,"d":"1,286.12"},1996,{"v":1.55195263,"d":"1.55"},{"v":0,"d":"0.00"},{"v":0.969116244,"d":"0.97"},{"v":1934.35602199999,"d":"1,934.36"},{"v":61.6439776699999,"d":"61.64"},0,"0_50337001_4607",{"v":1141.45744994999,"d":"1,141.46"},{"v":0,"d":"0.00"},{"v":61.6439776699999,"d":"61.64"},{"v":0,"d":"0.00"},"0_50337001_4607_147077","F",{"v":0.738511942667,"d":"0.74"},{"v":0.000646990339149,"d":"0.00"},{"v":0.0398830580192,"d":"0.04"}]
[5,503,50339,{"v":5030.01126199999,"d":"5,030.01"},10951,{"v":2.177132303,"d":"2.18"},"ST",310,50339001,{"v":2144.89554190999,"d":"2,144.90"},1176,{"v":0.548278449,"d":"0.55"},{"v":0,"d":"0.00"},{"v":0.969116244,"d":"0.97"},{"v":1139.68070299999,"d":"1,139.68"},{"v":36.31929747,"d":"36.32"},0,"0_50339001_4618",{"v":2036.47438104,"d":"2,036.47"},{"v":0,"d":"0.00"},{"v":36.31929747,"d":"36.32"},{"v":0,"d":"0.00"},"0_50339001_4618_147490","D",{"v":1.98633249374,"d":"1.99"},{"v":0.000975378090799,"d":"0.00"},{"v":0.0354250470254,"d":"0.04"}]
[4,404,40401,{"v":2265.47100099999,"d":"2,265.47"},4989,{"v":2.202191066,"d":"2.20"},"ST",410,40401001,{"v":185.612858824999,"d":"185.61"},1348,{"v":7.262427876,"d":"7.26"},{"v":71.37195617,"d":"71.37"},{"v":0.921559671,"d":"0.92"},{"v":1242.26243599999,"d":"1,242.26"},{"v":105.7375638,"d":"105.74"},1,"1_40401001_33058",{"v":67.0946171179,"d":"67.09"},{"v":0.94006975174,"d":"0.94"},{"v":1167.81333980999,"d":"1,167.81"},{"v":0.38452053711,"d":"0.38"},"1_40401001_33058_147734","außerhalb GKL",{"v":31.6282199593999,"d":"31.63"},{"v":0.471397279216,"d":"0.47"},{"v":550.504031018999,"d":"550.50"}]
[4,404,40404,{"v":2484.75617499999,"d":"2,484.76"},17518,{"v":7.050188738,"d":"7.05"},"ST",103,40404020,{"v":210.942121224999,"d":"210.94"},1498,{"v":7.10147405,"d":"7.10"},{"v":81.35045787,"d":"81.35"},{"v":0.975480312,"d":"0.98"},{"v":1461.26950699999,"d":"1,461.27"},{"v":36.7304926799999,"d":"36.73"},1,"1_40404020_33197",{"v":81.3504578736999,"d":"81.35"},{"v":1.00000000005,"d":"1.00"},{"v":1461.26950706999,"d":"1,461.27"},{"v":0.385652981005,"d":"0.39"},"1_40404020_33197_147949","G",{"v":10.6737445866,"d":"10.67"},{"v":0.13120693928,"d":"0.13"},{"v":191.728699486,"d":"191.73"}]
[4,404,40410,{"v":2661.65978399999,"d":"2,661.66"},1353,{"v":0.50832943,"d":"0.51"}," ",410,40410000,{"v":2661.65978449,"d":"2,661.66"},1353,{"v":0.50832943,"d":"0.51"},{"v":118.7924218,"d":"118.79"},{"v":0.921559671,"d":"0.92"},{"v":1246.870235,"d":"1,246.87"},{"v":106.1297655,"d":"106.13"},1,"1_40410000_33403",{"v":0.550312782934,"d":"0.55"},{"v":0.00463255799146,"d":"0.00"},{"v":5.77619867146,"d":"5.78"},{"v":0.0446309564026,"d":"0.04"},"1_40410000_33403_148391","außerhalb GKL",{"v":0.550312782934,"d":"0.55"},{"v":1,"d":"1.00"},{"v":5.77619867146,"d":"5.78"}]
[4,404,40413,{"v":2633.862621,"d":"2,633.86"},3707,{"v":1.40743863,"d":"1.41"},"M",410,40413000,{"v":71.6532973451,"d":"71.65"},845,{"v":11.79289762,"d":"11.79"},{"v":28.6579493499999,"d":"28.66"},{"v":0.921559671,"d":"0.92"},{"v":778.717921799999,"d":"778.72"},{"v":66.28207822,"d":"66.28"},1,"1_40413000_33692",{"v":28.6579493535,"d":"28.66"},{"v":1.00000000012,"d":"1.00"},{"v":778.717921893,"d":"778.72"},{"v":0.39995297372,"d":"0.40"},"1_40413000_33692_148721","außerhalb GKL",{"v":8.59419783044,"d":"8.59"},{"v":0.299888792615,"d":"0.30"},{"v":233.528777383999,"d":"233.53"}]
[4,404,40416,{"v":658.318811699999,"d":"658.32"},705,{"v":1.070909698,"d":"1.07"}," ",410,40416000,{"v":658.318811664999,"d":"658.32"},705,{"v":1.070909698,"d":"1.07"},{"v":81.6412916599999,"d":"81.64"},{"v":0.921559671,"d":"0.92"},{"v":649.6995679,"d":"649.70"},{"v":55.3004321299999,"d":"55.30"},1,"1_40416000_33853",{"v":1.04555573521,"d":"1.05"},{"v":0.0128067025148,"d":"0.01"},{"v":8.32050909009,"d":"8.32"},{"v":0.124014824145,"d":"0.12"},"1_40416000_33853_148968","außerhalb GKL",{"v":1.04555573521,"d":"1.05"},{"v":1,"d":"1.00"},{"v":8.32050909009,"d":"8.32"}]
[4,404,40422,{"v":307.9305582,"d":"307.93"},2510,{"v":8.151188419,"d":"8.15"},"M",410,40422000,{"v":113.04125752,"d":"113.04"},945,{"v":8.359779613,"d":"8.36"},{"v":50.04571653,"d":"50.05"},{"v":0.921559671,"d":"0.92"},{"v":870.873888899999,"d":"870.87"},{"v":74.12611115,"d":"74.13"},1,"1_40422000_34089",{"v":50.0457165337,"d":"50.05"},{"v":1.00000000007,"d":"1.00"},{"v":870.873888961,"d":"870.87"},{"v":0.442720805022,"d":"0.44"},"1_40422000_34089_149378","D",{"v":9.9686645596,"d":"9.97"},{"v":0.1991911646,"d":"0.20"},{"v":173.470384161999,"d":"173.47"}]
[4,404,40428,{"v":2182.66576799999,"d":"2,182.67"},3276,{"v":1.500916928,"d":"1.50"},"M",430,40428001,{"v":1897.38880448,"d":"1,897.39"},1435,{"v":0.756302555,"d":"0.76"},{"v":133.6011555,"d":"133.60"},{"v":0.905906425,"d":"0.91"},{"v":1299.97571999999,"d":"1,299.98"},{"v":135.0242805,"d":"135.02"},1,"1_40428001_34248",{"v":0.261768978958,"d":"0.26"},{"v":1.95933169873E-3,"d":"0.00"},{"v":2.54708363578,"d":"2.55"},{"v":0.0704131673933,"d":"0.07"},"1_40428001_34248_149733","F",{"v":0.0521751033857,"d":"0.05"},{"v":0.199317365997,"d":"0.20"},{"v":0.507678001258,"d":"0.51"}]
[4,404,40438,{"v":2285.157283,"d":"2,285.16"},2413,{"v":1.055944822,"d":"1.06"}," ",310,40438000,{"v":2285.15728331999,"d":"2,285.16"},2413,{"v":1.055944822,"d":"1.06"},{"v":331.504654399999,"d":"331.50"},{"v":0.969116244,"d":"0.97"},{"v":2338.47749599999,"d":"2,338.48"},{"v":74.5225040699999,"d":"74.52"},1,"1_40438000_34428",{"v":265.174298519999,"d":"265.17"},{"v":0.799911238049,"d":"0.80"},{"v":1870.57442897999,"d":"1,870.57"},{"v":0.145068637866,"d":"0.15"},"1_40438000_34428_150035","außerhalb GKL",{"v":1.17462573113,"d":"1.17"},{"v":0.00442963642286,"d":"0.00"},{"v":8.28596462228,"d":"8.29"}]
[4,404,40442,{"v":1709.595704,"d":"1,709.60"},995,{"v":0.58200895,"d":"0.58"}," ",410,40442000,{"v":1709.59570374999,"d":"1,709.60"},995,{"v":0.58200895,"d":"0.58"},{"v":118.0669749,"d":"118.07"},{"v":0.921559671,"d":"0.92"},{"v":916.951872399999,"d":"916.95"},{"v":78.0481276099999,"d":"78.05"},1,"1_40442000_34513",{"v":0.933376425284,"d":"0.93"},{"v":0.00790548268112,"d":"0.01"},{"v":7.24894714668,"d":"7.25"},{"v":0.069061342773,"d":"0.07"},"1_40442000_34513_150192","außerhalb GKL",{"v":0.933376425284,"d":"0.93"},{"v":1,"d":"1.00"},{"v":7.24894714668,"d":"7.25"}]
[4,412,41207,{"v":1402.90335899999,"d":"1,402.90"},1408,{"v":1.003632924,"d":"1.00"}," ",410,41207000,{"v":1402.90335879999,"d":"1,402.90"},1408,{"v":1.003632924,"d":"1.00"},{"v":162.7336251,"d":"162.73"},{"v":0.921559671,"d":"0.92"},{"v":1297.556016,"d":"1,297.56"},{"v":110.443983599999,"d":"110.44"},1,"1_41207000_45065",{"v":0.593345126717,"d":"0.59"},{"v":0.00364611263562,"d":"0.00"},{"v":4.73103538536,"d":"4.73"},{"v":0.115997744306,"d":"0.12"},"1_41207000_45065_150391","G",{"v":0.593345126717,"d":"0.59"},{"v":1,"d":"1.00"},{"v":4.73103538536,"d":"4.73"}]
[5,501,50101,{"v":6564.140019,"d":"6,564.14"},155021,{"v":23.61634571,"d":"23.62"},"SR",101,50101220,{"v":66.207869715,"d":"66.21"},235,{"v":3.549426994,"d":"3.55"},{"v":28.6818921799999,"d":"28.68"},{"v":0.965932983,"d":"0.97"},{"v":226.994250999999,"d":"226.99"},{"v":8.005748988,"d":"8.01"},1,"1_50101220_56858",{"v":7.74096072993,"d":"7.74"},{"v":0.269890169078,"d":"0.27"},{"v":61.2635167820999,"d":"61.26"},{"v":0.43320971213,"d":"0.43"},"1_50101220_56858_150957","D",{"v":0.15442721364,"d":"0.15"},{"v":0.019949360167,"d":"0.02"},{"v":1.22216796138,"d":"1.22"}]
[5,501,50101,{"v":6564.140019,"d":"6,564.14"},155021,{"v":23.61634571,"d":"23.62"},"SR",101,50101260,{"v":665.902065204999,"d":"665.90"},2714,{"v":4.0756744,"d":"4.08"},{"v":158.341355999999,"d":"158.34"},{"v":0.965932983,"d":"0.97"},{"v":2621.542116,"d":"2,621.54"},{"v":92.4578840599999,"d":"92.46"},1,"1_50101260_56880",{"v":0.217489327256,"d":"0.22"},{"v":1.37354720681E-3,"d":"0.00"},{"v":3.60081185097,"d":"3.60"},{"v":0.237784749851,"d":"0.24"},"1_50101260_56880_151048","E",{"v":0.123034188249,"d":"0.12"},{"v":0.565702187787,"d":"0.57"},{"v":2.0369871419,"d":"2.04"}]
[5,501,50101,{"v":6564.140019,"d":"6,564.14"},155021,{"v":23.61634571,"d":"23.62"},"SR",101,50101381,{"v":23.2666508999,"d":"23.27"},387,{"v":16.63324909,"d":"16.63"},{"v":7.453266156,"d":"7.45"},{"v":0.965932983,"d":"0.97"},{"v":373.8160644,"d":"373.82"},{"v":13.1839355699999,"d":"13.18"},1,"1_50101381_56945",{"v":3.43134620068,"d":"3.43"},{"v":0.460381546675,"d":"0.46"},{"v":172.0980179,"d":"172.10"},{"v":0.320341169344,"d":"0.32"},"1_50101381_56945_151378","D",{"v":0.00413318100073,"d":"0.00"},{"v":0.00120453628372,"d":"0.00"},{"v":0.207298306917,"d":"0.21"}]
[5,501,50101,{"v":6564.140019,"d":"6,564.14"},155021,{"v":23.61634571,"d":"23.62"},"SR",101,50101540,{"v":68.9252521401,"d":"68.93"},35,{"v":0.507796474,"d":"0.51"},{"v":4.71339705,"d":"4.71"},{"v":0.965932983,"d":"0.97"},{"v":33.8076544099999,"d":"33.81"},{"v":1.192345594,"d":"1.19"},1,"1_50101540_57023",{"v":2.61123263185,"d":"2.61"},{"v":0.554002262943,"d":"0.55"},{"v":18.7295170479,"d":"18.73"},{"v":0.0683841829177,"d":"0.07"},"1_50101540_57023_151670","A",{"v":0.161533076122,"d":"0.16"},{"v":0.0618608522855,"d":"0.06"},{"v":1.15862388748,"d":"1.16"}]
[5,502,50209,{"v":2101.063508,"d":"2,101.06"},4756,{"v":2.263615537,"d":"2.26"}," ",101,50209001,{"v":1853.22989791999,"d":"1,853.23"},1408,{"v":0.759754632,"d":"0.76"},{"v":122.826907899999,"d":"122.83"},{"v":0.965932983,"d":"0.97"},{"v":1360.03364,"d":"1,360.03"},{"v":47.9663599,"d":"47.97"},1,"1_50209001_57682",{"v":0.348144830481,"d":"0.35"},{"v":2.83443454234E-3,"d":"0.00"},{"v":3.85492632796,"d":"3.85"},{"v":0.0662772104194,"d":"0.07"},"1_50209001_57682_152035","außerhalb GKL",{"v":0.348144830481,"d":"0.35"},{"v":1,"d":"1.00"},{"v":3.85492632796,"d":"3.85"}]
[5,503,50303,{"v":1523.621292,"d":"1,523.62"},5583,{"v":3.664296389,"d":"3.66"}," ",101,50303000,{"v":408.813707234999,"d":"408.81"},2910,{"v":7.118156629,"d":"7.12"},{"v":104.658696599999,"d":"104.66"},{"v":0.965932983,"d":"0.97"},{"v":2810.864981,"d":"2,810.86"},{"v":99.1350193899999,"d":"99.14"},1,"1_50303000_58141",{"v":103.364639996999,"d":"103.36"},{"v":0.987635460358,"d":"0.99"},{"v":2776.10992950999,"d":"2,776.11"},{"v":0.256005840185,"d":"0.26"},"1_50303000_58141_152435","F",{"v":0.251454774475,"d":"0.25"},{"v":0.00243269627294,"d":"0.00"},{"v":6.75343227879,"d":"6.75"}]
[5,503,50306,{"v":1462.15936,"d":"1,462.16"},1571,{"v":1.074438288,"d":"1.07"}," ",310,50306000,{"v":1462.15936005,"d":"1,462.16"},1571,{"v":1.074438288,"d":"1.07"},{"v":164.4909906,"d":"164.49"},{"v":0.969116244,"d":"0.97"},{"v":1522.48161899999,"d":"1,522.48"},{"v":48.51838123,"d":"48.52"},1,"1_50306000_58239",{"v":0.113867744022,"d":"0.11"},{"v":0.000692243043869,"d":"0.00"},{"v":1.05392731017,"d":"1.05"},{"v":0.11249867497,"d":"0.11"},"1_50306000_58239_152692","G",{"v":0.0782616120331,"d":"0.08"},{"v":0.687302736216,"d":"0.69"},{"v":0.724367124053,"d":"0.72"}]
[5,503,50309,{"v":2395.578777,"d":"2,395.58"},5470,{"v":2.283373042,"d":"2.28"}," ",101,50309003,{"v":156.84562349,"d":"156.85"},1595,{"v":10.16923497,"d":"10.17"},{"v":59.7424001999999,"d":"59.74"},{"v":0.965932983,"d":"0.97"},{"v":1540.66310799999,"d":"1,540.66"},{"v":54.3368920699999,"d":"54.34"},1,"1_50309003_58303",{"v":59.7424001977,"d":"59.74"},{"v":0.999999999962,"d":"1.00"},{"v":1540.66310793999,"d":"1,540.66"},{"v":0.380899376538,"d":"0.38"},"1_50309003_58303_152944","D",{"v":6.42999655323,"d":"6.43"},{"v":0.107628694729,"d":"0.11"},{"v":165.819559325,"d":"165.82"}]
[5,503,50314,{"v":2301.844566,"d":"2,301.84"},7391,{"v":3.210903163,"d":"3.21"},"M",101,50314001,{"v":539.274989774999,"d":"539.27"},2081,{"v":3.858884687,"d":"3.86"},{"v":74.8486167599999,"d":"74.85"},{"v":0.965932983,"d":"0.97"},{"v":2010.106538,"d":"2,010.11"},{"v":70.8934623199999,"d":"70.89"},1,"1_50314001_58518",{"v":1.40671012729,"d":"1.41"},{"v":0.0187940697929,"d":"0.02"},{"v":37.7780825663,"d":"37.78"},{"v":0.138794897185,"d":"0.14"},"1_50314001_58518_153349","E",{"v":0.0720534259498,"d":"0.07"},{"v":0.051221232116,"d":"0.05"},{"v":1.93503993603,"d":"1.94"}]
[5,503,50317,{"v":2351.14123299999,"d":"2,351.14"},4933,{"v":2.098130019,"d":"2.10"}," ",310,50317002,{"v":188.16335411,"d":"188.16"},2601,{"v":13.82309543,"d":"13.82"},{"v":105.993465599999,"d":"105.99"},{"v":0.969116244,"d":"0.97"},{"v":2520.67135,"d":"2,520.67"},{"v":80.3286502699999,"d":"80.33"},1,"1_50317002_58605",{"v":79.2270838243999,"d":"79.23"},{"v":0.747471397184,"d":"0.75"},{"v":1884.12973583,"d":"1,884.13"},{"v":0.56330557085,"d":"0.56"},"1_50317002_58605_153709","G",{"v":0.281400553825,"d":"0.28"},{"v":0.00355182268792,"d":"0.00"},{"v":6.69209474271,"d":"6.69"}]
[5,503,50321,{"v":2089.684955,"d":"2,089.68"},3636,{"v":1.739975201,"d":"1.74"}," ",310,50321000,{"v":1305.43124798999,"d":"1,305.43"},2357,{"v":1.805533615,"d":"1.81"},{"v":159.990954299999,"d":"159.99"},{"v":0.969116244,"d":"0.97"},{"v":2284.206986,"d":"2,284.21"},{"v":72.79301372,"d":"72.79"},1,"1_50321000_58752",{"v":0.623657455739,"d":"0.62"},{"v":0.00389807947873,"d":"0.00"},{"v":8.9040203773,"d":"8.90"},{"v":0.122557932136,"d":"0.12"},"1_50321000_58752_154010","G",{"v":0.45800969681,"d":"0.46"},{"v":0.734393043161,"d":"0.73"},{"v":6.53905062125,"d":"6.54"}]
[5,503,50321,{"v":2089.684955,"d":"2,089.68"},3636,{"v":1.739975201,"d":"1.74"}," ",310,50321000,{"v":1305.43124798999,"d":"1,305.43"},2357,{"v":1.805533615,"d":"1.81"},{"v":159.990954299999,"d":"159.99"},{"v":0.969116244,"d":"0.97"},{"v":2284.206986,"d":"2,284.21"},{"v":72.79301372,"d":"72.79"},1,"1_50321000_58762",{"v":98.2965891526,"d":"98.30"},{"v":0.614388417037,"d":"0.61"},{"v":1403.39031430999,"d":"1,403.39"},{"v":0.122557932136,"d":"0.12"},"1_50321000_58762_154031","C",{"v":6.82790049972,"d":"6.83"},{"v":0.0694622321953,"d":"0.07"},{"v":97.4826238731999,"d":"97.48"}]
[5,503,50323,{"v":2462.82814599999,"d":"2,462.83"},3392,{"v":1.377278397,"d":"1.38"},"M",310,50323001,{"v":2342.69580404999,"d":"2,342.70"},1386,{"v":0.591626108,"d":"0.59"},{"v":136.954296999999,"d":"136.95"},{"v":0.969116244,"d":"0.97"},{"v":1343.195114,"d":"1,343.20"},{"v":42.8048863,"d":"42.80"},1,"1_50323001_58949",{"v":0.235689560248,"d":"0.24"},{"v":1.72093585532E-3,"d":"0.00"},{"v":2.31155263237,"d":"2.31"},{"v":0.0584601281836,"d":"0.06"},"1_50323001_58949_154422","G",{"v":0.204420512522,"d":"0.20"},{"v":0.867329517298,"d":"0.87"},{"v":2.00487782884,"d":"2.00"}]
[5,503,50325,{"v":3556.02185,"d":"3,556.02"},2403,{"v":0.675755128,"d":"0.68"}," ",310,50325000,{"v":3556.02185019999,"d":"3,556.02"},2403,{"v":0.675755128,"d":"0.68"},{"v":169.247686799999,"d":"169.25"},{"v":0.969116244,"d":"0.97"},{"v":2328.786333,"d":"2,328.79"},{"v":74.2136665099999,"d":"74.21"},1,"1_50325000_59054",{"v":3.58763700948,"d":"3.59"},{"v":0.0211975541723,"d":"0.02"},{"v":49.3645744494999,"d":"49.36"},{"v":0.0475946700919,"d":"0.05"},"1_50325000_59054_154688","D",{"v":0.851917180183,"d":"0.85"},{"v":0.237459134782,"d":"0.24"},{"v":11.7220691377,"d":"11.72"}]
[5,503,50329,{"v":2463.75344499999,"d":"2,463.75"},2989,{"v":1.213189577,"d":"1.21"}," ",310,50329001,{"v":1077.38376018999,"d":"1,077.38"},1774,{"v":1.646581344,"d":"1.65"},{"v":161.1936972,"d":"161.19"},{"v":0.969116244,"d":"0.97"},{"v":1719.21221599999,"d":"1,719.21"},{"v":54.78778376,"d":"54.79"},1,"1_50329001_59306",{"v":1.50212951626,"d":"1.50"},{"v":0.00931878567433,"d":"0.01"},{"v":16.0209701696,"d":"16.02"},{"v":0.149615859414,"d":"0.15"},"1_50329001_59306_155187","außerhalb GKL",{"v":0.0496014193717,"d":"0.05"},{"v":0.033020734121,"d":"0.03"},{"v":0.529024196331,"d":"0.53"}]
[5,503,50332,{"v":1037.865127,"d":"1,037.87"},1907,{"v":1.837425644,"d":"1.84"}," ",310,50332000,{"v":1037.86512730999,"d":"1,037.87"},1907,{"v":1.837425644,"d":"1.84"},{"v":126.624017199999,"d":"126.62"},{"v":0.969116244,"d":"0.97"},{"v":1848.104677,"d":"1,848.10"},{"v":58.8953233599999,"d":"58.90"},1,"1_50332000_59453",{"v":86.9778263614,"d":"86.98"},{"v":0.686898333229,"d":"0.69"},{"v":1269.46002225999,"d":"1,269.46"},{"v":0.122004308525,"d":"0.12"},"1_50332000_59453_155349","D",{"v":1.40758294861,"d":"1.41"},{"v":0.0161832389644,"d":"0.02"},{"v":20.543974896,"d":"20.54"}]
[5,503,50337,{"v":4819.67277099999,"d":"4,819.67"},5971,{"v":1.238880788,"d":"1.24"},"M",310,50337001,{"v":1286.12172886,"d":"1,286.12"},1996,{"v":1.55195263,"d":"1.55"},{"v":144.664278899999,"d":"144.66"},{"v":0.969116244,"d":"0.97"},{"v":1934.35602199999,"d":"1,934.36"},{"v":61.6439776699999,"d":"61.64"},1,"1_50337001_59595",{"v":2.95199954971,"d":"2.95"},{"v":0.0204058636462,"d":"0.02"},{"v":39.4722052281,"d":"39.47"},{"v":0.112481016107,"d":"0.11"},"1_50337001_59595_155646","F",{"v":0.0105678140256,"d":"0.01"},{"v":0.00357988334607,"d":"0.00"},{"v":0.141305890129,"d":"0.14"}]
[5,503,50339,{"v":5030.01126199999,"d":"5,030.01"},10951,{"v":2.177132303,"d":"2.18"},"ST",310,50339000,{"v":750.025387935,"d":"750.03"},1271,{"v":1.694609303,"d":"1.69"},{"v":50.0608472999999,"d":"50.06"},{"v":0.969116244,"d":"0.97"},{"v":1231.746746,"d":"1,231.75"},{"v":39.25325432,"d":"39.25"},1,"1_50339000_59773",{"v":0.324003838243,"d":"0.32"},{"v":0.00647220044642,"d":"0.01"},{"v":7.97211183934,"d":"7.97"},{"v":0.0667455370249,"d":"0.07"},"1_50339000_59773_156006","G",{"v":0.324003838243,"d":"0.32"},{"v":1,"d":"1.00"},{"v":7.97211183934,"d":"7.97"}]
[5,503,50339,{"v":5030.01126199999,"d":"5,030.01"},10951,{"v":2.177132303,"d":"2.18"},"ST",310,50339003,{"v":1599.36559110999,"d":"1,599.37"},1567,{"v":0.979763482,"d":"0.98"},{"v":105.985920699999,"d":"105.99"},{"v":0.969116244,"d":"0.97"},{"v":1518.605154,"d":"1,518.61"},{"v":48.3948462,"d":"48.39"},1,"1_50339003_59931",{"v":1.4439256317,"d":"1.44"},{"v":0.0136237494769,"d":"0.01"},{"v":20.6890961723999,"d":"20.69"},{"v":0.0662674758599,"d":"0.07"},"1_50339003_59931_156332","D",{"v":0.042451402739,"d":"0.04"},{"v":0.0293999924975,"d":"0.03"},{"v":0.608259272249,"d":"0.61"}]
[1,103,10303,{"v":1424.942068,"d":"1,424.94"},2104,{"v":1.476551256,"d":"1.48"},"M",103,10303000,{"v":1424.94206755,"d":"1,424.94"},2104,{"v":1.476551256,"d":"1.48"},{"v":0,"d":"0.00"},{"v":0.975480312,"d":"0.98"},{"v":2052.410576,"d":"2,052.41"},{"v":51.5894236299999,"d":"51.59"},0,"0_10303000_13",{"v":1279.50874328,"d":"1,279.51"},{"v":0,"d":"0.00"},{"v":51.5894236299999,"d":"51.59"},{"v":0,"d":"0.00"},"0_10303000_13_156665","F",{"v":0.253106612226,"d":"0.25"},{"v":0.000197815461251,"d":"0.00"},{"v":0.010205185631,"d":"0.01"}]
[1,103,10318,{"v":790.5283362,"d":"790.53"},1664,{"v":2.104921385,"d":"2.10"}," ",310,10318000,{"v":790.528336155,"d":"790.53"},1664,{"v":2.104921385,"d":"2.10"},{"v":0,"d":"0.00"},{"v":0.969116244,"d":"0.97"},{"v":1612.609429,"d":"1,612.61"},{"v":51.39057057,"d":"51.39"},0,"0_10318000_30",{"v":678.125930370999,"d":"678.13"},{"v":0,"d":"0.00"},{"v":51.39057057,"d":"51.39"},{"v":0,"d":"0.00"},"0_10318000_30_156993","D",{"v":1.86453260811,"d":"1.86"},{"v":2.74953740095E-3,"d":"0.00"},{"v":0.141300295838,"d":"0.14"}]
[1,106,10601,{"v":966.951509999999,"d":"966.95"},1227,{"v":1.268936433,"d":"1.27"}," ",410,10601000,{"v":966.951509949999,"d":"966.95"},1227,{"v":1.268936433,"d":"1.27"},{"v":0,"d":"0.00"},{"v":0.921559671,"d":"0.92"},{"v":1130.75371599999,"d":"1,130.75"},{"v":96.246284,"d":"96.25"},0,"0_10601000_129",{"v":866.524564370999,"d":"866.52"},{"v":0,"d":"0.00"},{"v":96.246284,"d":"96.25"},{"v":0,"d":"0.00"},"0_10601000_129_157124","E",{"v":0.0161937184768,"d":"0.02"},{"v":1.8688123964e-05,"d":"0.00"},{"v":0.00179866248647,"d":"0.00"}]
[1,106,10609,{"v":2461.50975699999,"d":"2,461.51"},2983,{"v":1.211857882,"d":"1.21"},"M",410,10609001,{"v":2438.16600183999,"d":"2,438.17"},2557,{"v":1.048739092,"d":"1.05"},{"v":0,"d":"0.00"},{"v":0.921559671,"d":"0.92"},{"v":2356.42807799999,"d":"2,356.43"},{"v":200.5719219,"d":"200.57"},0,"0_10609001_144",{"v":2174.27606124,"d":"2,174.28"},{"v":0,"d":"0.00"},{"v":200.5719219,"d":"200.57"},{"v":0,"d":"0.00"},"0_10609001_144_157650","G",{"v":4.12429754343,"d":"4.12"},{"v":0.00189686011678,"d":"0.00"},{"v":0.380456879198,"d":"0.38"}]
[1,106,10618,{"v":1281.80314399999,"d":"1,281.80"},1286,{"v":1.003274181,"d":"1.00"}," ",410,10618001,{"v":637.84228625,"d":"637.84"},545,{"v":0.854443193,"d":"0.85"},{"v":0,"d":"0.00"},{"v":0.921559671,"d":"0.92"},{"v":502.2500206,"d":"502.25"},{"v":42.7499794399999,"d":"42.75"},0,"0_10618001_158",{"v":559.337723892999,"d":"559.34"},{"v":0,"d":"0.00"},{"v":42.7499794399999,"d":"42.75"},{"v":0,"d":"0.00"},"0_10618001_158_157939","F",{"v":10.8143639478,"d":"10.81"},{"v":0.0193342295466,"d":"0.02"},{"v":0.826537915605,"d":"0.83"}]
[1,107,10702,{"v":8202.733753,"d":"8,202.73"},1760,{"v":0.214562614,"d":"0.21"},"M",430,10702001,{"v":8164.89466229,"d":"8,164.89"},1277,{"v":0.156401283,"d":"0.16"},{"v":0,"d":"0.00"},{"v":0.905906425,"d":"0.91"},{"v":1156.84250399999,"d":"1,156.84"},{"v":120.1574956,"d":"120.16"},0,"0_10702001_162",{"v":8033.03600407999,"d":"8,033.04"},{"v":0,"d":"0.00"},{"v":120.1574956,"d":"120.16"},{"v":0,"d":"0.00"},"0_10702001_162_158002","G",{"v":54.8897616255,"d":"54.89"},{"v":0.00683300331252,"d":"0.01"},{"v":0.821036565459,"d":"0.82"}]
[1,107,10716,{"v":3301.912329,"d":"3,301.91"},1567,{"v":0.474573473,"d":"0.47"}," ",430,10716001,{"v":3273.00952151,"d":"3,273.01"},1184,{"v":0.36174658,"d":"0.36"},{"v":0,"d":"0.00"},{"v":0.905906425,"d":"0.91"},{"v":1072.59320699999,"d":"1,072.59"},{"v":111.4067931,"d":"111.41"},0,"0_10716001_184",{"v":3153.39994952999,"d":"3,153.40"},{"v":0,"d":"0.00"},{"v":111.4067931,"d":"111.41"},{"v":0,"d":"0.00"},"0_10716001_184_158398","außerhalb GKL",{"v":3001.67067158999,"d":"3,001.67"},{"v":0.951883909314,"d":"0.95"},{"v":106.046333739999,"d":"106.05"}]
[3,301,30101,{"v":5170.152368,"d":"5,170.15"},25036,{"v":4.842410478,"d":"4.84"},"SR",103,30101010,{"v":29.61186159,"d":"29.61"},333,{"v":11.2454936,"d":"11.25"},{"v":0,"d":"0.00"},{"v":0.975480312,"d":"0.98"},{"v":324.834943899999,"d":"324.83"},{"v":8.165056116,"d":"8.17"},0,"0_30101010_925",{"v":6.9721226615,"d":"6.97"},{"v":0,"d":"0.00"},{"v":8.165056116,"d":"8.17"},{"v":0,"d":"0.00"},"0_30101010_925_158659","D",{"v":1.43152460266,"d":"1.43"},{"v":0.205321201614,"d":"0.21"},{"v":1.67645913298,"d":"1.68"}]
[3,301,30101,{"v":5170.152368,"d":"5,170.15"},25036,{"v":4.842410478,"d":"4.84"},"SR",103,30101120,{"v":772.302044714999,"d":"772.30"},1123,{"v":1.454094299,"d":"1.45"},{"v":0,"d":"0.00"},{"v":0.975480312,"d":"0.98"},{"v":1095.46439,"d":"1,095.46"},{"v":27.5356096599999,"d":"27.54"},0,"0_30101120_944",{"v":702.374064748,"d":"702.37"},{"v":0,"d":"0.00"},{"v":27.5356096599999,"d":"27.54"},{"v":0,"d":"0.00"},"0_30101120_944_158989","außerhalb GKL",{"v":9.75506129659,"d":"9.76"},{"v":0.0138886980403,"d":"0.01"},{"v":0.382433767923,"d":"0.38"}]
[3,302,30201,{"v":10844.35726,"d":"10,844.36"},55514,{"v":5.11916001,"d":"5.12"},"SR",102,30201070,{"v":524.372952629999,"d":"524.37"},1281,{"v":2.442917762,"d":"2.44"},{"v":0,"d":"0.00"},{"v":0.973029842,"d":"0.97"},{"v":1246.451227,"d":"1,246.45"},{"v":34.54877297,"d":"34.55"},0,"0_30201070_972",{"v":444.396083883,"d":"444.40"},{"v":0,"d":"0.00"},{"v":34.54877297,"d":"34.55"},{"v":0,"d":"0.00"},"0_30201070_972_159417","D",{"v":12.3544958544,"d":"12.35"},{"v":0.0278006406952,"d":"0.03"},{"v":0.960478023799,"d":"0.96"}]
[3,302,30201,{"v":10844.35726,"d":"10,844.36"},55514,{"v":5.11916001,"d":"5.12"},"SR",102,30201090,{"v":376.04641541,"d":"376.05"},2289,{"v":6.087014544,"d":"6.09"},{"v":0,"d":"0.00"},{"v":0.973029842,"d":"0.97"},{"v":2227.265307,"d":"2,227.27"},{"v":61.73469269,"d":"61.73"},0,"0_30201090_977",{"v":241.911302005,"d":"241.91"},{"v":0,"d":"0.00"},{"v":61.73469269,"d":"61.73"},{"v":0,"d":"0.00"},"0_30201090_977_159646","G",{"v":3.17672436302,"d":"3.18"},{"v":0.0131317732437,"d":"0.01"},{"v":0.810685985675,"d":"0.81"}]
[3,302,30201,{"v":10844.35726,"d":"10,844.36"},55514,{"v":5.11916001,"d":"5.12"},"SR",102,30201140,{"v":273.775087534,"d":"273.78"},167,{"v":0.60998976,"d":"0.61"},{"v":0,"d":"0.00"},{"v":0.973029842,"d":"0.97"},{"v":162.495983499999,"d":"162.50"},{"v":4.504016461,"d":"4.50"},0,"0_30201140_984",{"v":248.497679836,"d":"248.50"},{"v":0,"d":"0.00"},{"v":4.504016461,"d":"4.50"},{"v":0,"d":"0.00"},"0_30201140_984_159876","E",{"v":0.0112873953651,"d":"0.01"},{"v":4.5422538241e-05,"d":"0.00"},{"v":0.000204583859937,"d":"0.00"}]
[3,304,30401,{"v":6089.04783,"d":"6,089.05"},45823,{"v":7.525478741,"d":"7.53"},"SR",102,30401033,{"v":573.844918789999,"d":"573.84"},3228,{"v":5.625213179,"d":"5.63"},{"v":0,"d":"0.00"},{"v":0.973029842,"d":"0.97"},{"v":3140.940329,"d":"3,140.94"},{"v":87.05967148,"d":"87.06"},0,"0_30401033_1009",{"v":455.672564810999,"d":"455.67"},{"v":0,"d":"0.00"},{"v":87.05967148,"d":"87.06"},{"v":0,"d":"0.00"},"0_30401033_1009_160303","E",{"v":4.1110553838,"d":"4.11"},{"v":0.00902195063138,"d":"0.01"},{"v":0.785448058077,"d":"0.79"}]
[3,305,30502,{"v":5191.69882799999,"d":"5,191.70"},23816,{"v":4.587323107,"d":"4.59"},"ST",103,30502025,{"v":72.0942604499999,"d":"72.09"},1049,{"v":14.55039546,"d":"14.55"},{"v":0,"d":"0.00"},{"v":0.975480312,"d":"0.98"},{"v":1023.278847,"d":"1,023.28"},{"v":25.72115275,"d":"25.72"},0,"0_30502025_1031",{"v":10.2820120955,"d":"10.28"},{"v":0,"d":"0.00"},{"v":25.72115275,"d":"25.72"},{"v":0,"d":"0.00"},"0_30502025_1031_160641","G",{"v":3.1129262877E-4,"d":"0.00"},{"v":3.0275458332e-05,"d":"0.00"},{"v":0.000778719688341,"d":"0.00"}]
[3,305,30504,{"v":3723.587027,"d":"3,723.59"},3822,{"v":1.026429615,"d":"1.03"},"M",410,30504001,{"v":1839.24232753999,"d":"1,839.24"},971,{"v":0.527934784,"d":"0.53"},{"v":0,"d":"0.00"},{"v":0.921559671,"d":"0.92"},{"v":894.834440299999,"d":"894.83"},{"v":76.1655597099999,"d":"76.17"},0,"0_30504001_1049",{"v":1744.20844314999,"d":"1,744.21"},{"v":0,"d":"0.00"},{"v":76.1655597099999,"d":"76.17"},{"v":0,"d":"0.00"},"0_30504001_1049_160964","C",{"v":0.518561244155,"d":"0.52"},{"v":0.000297304629038,"d":"0.00"},{"v":0.0226443734751,"d":"0.02"}]
[3,305,30508,{"v":768.8647197,"d":"768.86"},3084,{"v":4.011108744,"d":"4.01"}," ",103,30508001,{"v":227.799855869999,"d":"227.80"},703,{"v":3.086042339,"d":"3.09"},{"v":0,"d":"0.00"},{"v":0.975480312,"d":"0.98"},{"v":685.762659299999,"d":"685.76"},{"v":17.23734069,"d":"17.24"},0,"0_30508001_1057",{"v":166.349630367999,"d":"166.35"},{"v":0,"d":"0.00"},{"v":17.23734069,"d":"17.24"},{"v":0,"d":"0.00"},"0_30508001_1057_161100","F",{"v":0.0949089674116,"d":"0.09"},{"v":5.70539094085E-4,"d":"0.00"},{"v":0.00983457674171,"d":"0.01"}]
[3,305,30530,{"v":5983.17349,"d":"5,983.17"},5193,{"v":0.86793405,"d":"0.87"},"M",410,30530002,{"v":743.87501411,"d":"743.88"},571,{"v":0.767602069,"d":"0.77"},{"v":0,"d":"0.00"},{"v":0.921559671,"d":"0.92"},{"v":526.210571999999,"d":"526.21"},{"v":44.789428,"d":"44.79"},0,"0_30530002_1089",{"v":669.427400808,"d":"669.43"},{"v":0,"d":"0.00"},{"v":44.789428,"d":"44.79"},{"v":0,"d":"0.00"},"0_30530002_1089_161621","D",{"v":3.03222727997E-4,"d":"0.00"},{"v":4.52958346e-07,"d":"0.00"},{"v":2.0287745209e-05,"d":"0.00"}]
[3,305,30541,{"v":1256.7898,"d":"1,256.79"},1762,{"v":1.401984644,"d":"1.40"}," ",103,30541000,{"v":786.222399255,"d":"786.22"},1399,{"v":1.779394738,"d":"1.78"},{"v":0,"d":"0.00"},{"v":0.975480312,"d":"0.98"},{"v":1364.696956,"d":"1,364.70"},{"v":34.3030435599999,"d":"34.30"},0,"0_30541000_1113",{"v":674.429883633,"d":"674.43"},{"v":0,"d":"0.00"},{"v":34.3030435599999,"d":"34.30"},{"v":0,"d":"0.00"},"0_30541000_1113_161951","G",{"v":0.0249377668558,"d":"0.02"},{"v":3.6976070398e-05,"d":"0.00"},{"v":0.00126839175354,"d":"0.00"}]
[3,306,30601,{"v":6850.507523,"d":"6,850.51"},2589,{"v":0.377928203,"d":"0.38"},"M",310,30601001,{"v":3135.65250183999,"d":"3,135.65"},466,{"v":0.148613407,"d":"0.15"},{"v":0,"d":"0.00"},{"v":0.969116244,"d":"0.97"},{"v":451.608169499999,"d":"451.61"},{"v":14.39183046,"d":"14.39"},0,"0_30601001_1121",{"v":3089.5415877,"d":"3,089.54"},{"v":0,"d":"0.00"},{"v":14.39183046,"d":"14.39"},{"v":0,"d":"0.00"},"0_30601001_1121_162119","G",{"v":8.29038698147,"d":"8.29"},{"v":0.00268337122066,"d":"0.00"},{"v":0.038618623669,"d":"0.04"}]
[3,306,30604,{"v":2688.27892599999,"d":"2,688.28"},25958,{"v":9.655992072,"d":"9.66"},"ST",101,30604010,{"v":142.018236634999,"d":"142.02"},591,{"v":4.16143739,"d":"4.16"},{"v":0,"d":"0.00"},{"v":0.965932983,"d":"0.97"},{"v":570.866393,"d":"570.87"},{"v":20.13360703,"d":"20.13"},0,"0_30604010_1137",{"v":115.258875208,"d":"115.26"},{"v":0,"d":"0.00"},{"v":20.13360703,"d":"20.13"},{"v":0,"d":"0.00"},"0_30604010_1137_162303","F",{"v":0.0012037099472,"d":"0.00"},{"v":1.0443533698E-5,"d":"0.00"},{"v":2.10266003476E-4,"d":"0.00"}]
[3,306,30605,{"v":1763.858017,"d":"1,763.86"},9046,{"v":5.128530706,"d":"5.13"},"ST",101,30605008,{"v":413.151131809999,"d":"413.15"},1322,{"v":3.1997976,"d":"3.20"},{"v":0,"d":"0.00"},{"v":0.965932983,"d":"0.97"},{"v":1276.963404,"d":"1,276.96"},{"v":45.0365964399999,"d":"45.04"},0,"0_30605008_1163",{"v":337.097816349,"d":"337.10"},{"v":0,"d":"0.00"},{"v":45.0365964399999,"d":"45.04"},{"v":0,"d":"0.00"},"0_30605008_1163_162578","E",{"v":5.01631872364,"d":"5.02"},{"v":0.0148808994907,"d":"0.01"},{"v":0.670185065027,"d":"0.67"}]
[3,306,30614,{"v":4645.155023,"d":"4,645.16"},1549,{"v":0.333465728,"d":"0.33"},"M",310,30614000,{"v":946.720934364999,"d":"946.72"},917,{"v":0.968606446,"d":"0.97"},{"v":0,"d":"0.00"},{"v":0.969116244,"d":"0.97"},{"v":888.6795954,"d":"888.68"},{"v":28.32040457,"d":"28.32"},0,"0_30614000_1177",{"v":849.110523531,"d":"849.11"},{"v":0,"d":"0.00"},{"v":28.32040457,"d":"28.32"},{"v":0,"d":"0.00"},"0_30614000_1177_162960","F",{"v":0.143810893125,"d":"0.14"},{"v":0.000169366518421,"d":"0.00"},{"v":0.0047965283223,"d":"0.00"}]
[3,306,30626,{"v":3976.174496,"d":"3,976.17"},7231,{"v":1.818582159,"d":"1.82"},"M",310,30626004,{"v":714.920348855,"d":"714.92"},1066,{"v":1.491075197,"d":"1.49"},{"v":0,"d":"0.00"},{"v":0.969116244,"d":"0.97"},{"v":1033.07791599999,"d":"1,033.08"},{"v":32.9220842699999,"d":"32.92"},0,"0_30626004_1200",{"v":619.848030618,"d":"619.85"},{"v":0,"d":"0.00"},{"v":32.9220842699999,"d":"32.92"},{"v":0,"d":"0.00"},"0_30626004_1200_163393","F",{"v":1.42394562877,"d":"1.42"},{"v":2.29724958124E-3,"d":"0.00"},{"v":0.0756302443028,"d":"0.08"}]
[3,306,30636,{"v":1434.40338999999,"d":"1,434.40"},1474,{"v":1.027604933,"d":"1.03"}," ",310,30636000,{"v":1434.40338984,"d":"1,434.40"},1474,{"v":1.027604933,"d":"1.03"},{"v":0,"d":"0.00"},{"v":0.969116244,"d":"0.97"},{"v":1428.477343,"d":"1,428.48"},{"v":45.5226568599999,"d":"45.52"},0,"0_30636000_1212",{"v":1327.10573038999,"d":"1,327.11"},{"v":0,"d":"0.00"},{"v":45.5226568599999,"d":"45.52"},{"v":0,"d":"0.00"},"0_30636000_1212_163617","G",{"v":0.0343934922313,"d":"0.03"},{"v":2.5916165867e-05,"d":"0.00"},{"v":0.00117977272587,"d":"0.00"}]
[3,306,30645,{"v":1586.231974,"d":"1,586.23"},1703,{"v":1.073613461,"d":"1.07"},"M",310,30645000,{"v":354.844821785,"d":"354.84"},917,{"v":2.584228214,"d":"2.58"},{"v":0,"d":"0.00"},{"v":0.969116244,"d":"0.97"},{"v":888.6795954,"d":"888.68"},{"v":28.32040457,"d":"28.32"},0,"0_30645000_1230",{"v":271.237836522,"d":"271.24"},{"v":0,"d":"0.00"},{"v":28.32040457,"d":"28.32"},{"v":0,"d":"0.00"},"0_30645000_1230_163947","außerhalb GKL",{"v":0.751527456502,"d":"0.75"},{"v":0.00277073238062,"d":"0.00"},{"v":0.0784682619744,"d":"0.08"}]
[3,307,30704,{"v":2367.519775,"d":"2,367.52"},8036,{"v":3.394269431,"d":"3.39"},"ST",210,30704004,{"v":391.642872855,"d":"391.64"},1832,{"v":4.677730981,"d":"4.68"},{"v":0,"d":"0.00"},{"v":0.955942851,"d":"0.96"},{"v":1751.28730399999,"d":"1,751.29"},{"v":80.71269632,"d":"80.71"},0,"0_30704004_1242",{"v":312.001526066999,"d":"312.00"},{"v":0,"d":"0.00"},{"v":80.71269632,"d":"80.71"},{"v":0,"d":"0.00"},"0_30704004_1242_164106","F",{"v":2.66664983743,"d":"2.67"},{"v":0.00854691280214,"d":"0.01"},{"v":0.689844377473,"d":"0.69"}]
[3,307,30722,{"v":2581.72478099999,"d":"2,581.72"},1175,{"v":0.455122098,"d":"0.46"}," ",310,30722000,{"v":1079.83457769,"d":"1,079.83"},422,{"v":0.390800599,"d":"0.39"},{"v":0,"d":"0.00"},{"v":0.969116244,"d":"0.97"},{"v":408.9670548,"d":"408.97"},{"v":13.03294518,"d":"13.03"},0,"0_30722000_1274",{"v":1029.52825357999,"d":"1,029.53"},{"v":0,"d":"0.00"},{"v":13.03294518,"d":"13.03"},{"v":0,"d":"0.00"},"0_30722000_1274_164604","F",{"v":0.00239174801773,"d":"0.00"},{"v":2.323149471e-06,"d":"0.00"},{"v":3.0277479701E-5,"d":"0.00"}]
[3,307,30731,{"v":676.011767299999,"d":"676.01"},3612,{"v":5.343102257,"d":"5.34"},"M",310,30731000,{"v":327.154572593,"d":"327.15"},2007,{"v":6.134714805,"d":"6.13"},{"v":0,"d":"0.00"},{"v":0.969116244,"d":"0.97"},{"v":1945.016301,"d":"1,945.02"},{"v":61.98369899,"d":"61.98"},0,"0_30731000_1289",{"v":232.64966992,"d":"232.65"},{"v":0,"d":"0.00"},{"v":61.98369899,"d":"61.98"},{"v":0,"d":"0.00"},"0_30731000_1289_164871","G",{"v":0.00130304709325,"d":"0.00"},{"v":5.600898096e-06,"d":"0.00"},{"v":0.000347164381646,"d":"0.00"}]
[3,307,30740,{"v":4483.231624,"d":"4,483.23"},19570,{"v":4.36515479,"d":"4.37"},"ST",101,30740000,{"v":45.5583524851,"d":"45.56"},2271,{"v":49.8481590299999,"d":"49.85"},{"v":0,"d":"0.00"},{"v":0.965932983,"d":"0.97"},{"v":2193.633804,"d":"2,193.63"},{"v":77.36619554,"d":"77.37"},0,"0_30740000_1305",{"v":15.4963703549,"d":"15.50"},{"v":0,"d":"0.00"},{"v":77.36619554,"d":"77.37"},{"v":0,"d":"0.00"},"0_30740000_1305_165261","E",{"v":1.29655266283,"d":"1.30"},{"v":0.0836681515178,"d":"0.08"},{"v":6.4730865708,"d":"6.47"}]
[3,307,30740,{"v":4483.231624,"d":"4,483.23"},19570,{"v":4.36515479,"d":"4.37"},"ST",101,30740020,{"v":198.64401849,"d":"198.64"},1539,{"v":7.74752752,"d":"7.75"},{"v":0,"d":"0.00"},{"v":0.965932983,"d":"0.97"},{"v":1486.57086099999,"d":"1,486.57"},{"v":52.42913912,"d":"52.43"},0,"0_30740020_1309",{"v":83.6196459189,"d":"83.62"},{"v":0,"d":"0.00"},{"v":52.42913912,"d":"52.43"},{"v":0,"d":"0.00"},"0_30740020_1309_165330","E",{"v":0.921675001012,"d":"0.92"},{"v":0.0110222303728,"d":"0.01"},{"v":0.577886049628,"d":"0.58"}]
[3,308,30813,{"v":4897.15855,"d":"4,897.16"},1298,{"v":0.265051659,"d":"0.27"},"M",310,30813002,{"v":548.617694795,"d":"548.62"},305,{"v":0.555942695,"d":"0.56"},{"v":0,"d":"0.00"},{"v":0.969116244,"d":"0.97"},{"v":295.580454299999,"d":"295.58"},{"v":9.41954568699999,"d":"9.42"},0,"0_30813002_1339",{"v":508.234869007999,"d":"508.23"},{"v":0,"d":"0.00"},{"v":9.41954568699999,"d":"9.42"},{"v":0,"d":"0.00"},"0_30813002_1339_165922","außerhalb GKL",{"v":447.534198333,"d":"447.53"},{"v":0.880565710115,"d":"0.88"},{"v":8.29452893683,"d":"8.29"}]
[3,308,30821,{"v":8388.845577,"d":"8,388.85"},11600,{"v":1.382788596,"d":"1.38"},"ST",101,30821004,{"v":989.518553219999,"d":"989.52"},2296,{"v":2.320320314,"d":"2.32"},{"v":0,"d":"0.00"},{"v":0.965932983,"d":"0.97"},{"v":2217.782129,"d":"2,217.78"},{"v":78.21787097,"d":"78.22"},0,"0_30821004_1355",{"v":868.950863053,"d":"868.95"},{"v":0,"d":"0.00"},{"v":78.21787097,"d":"78.22"},{"v":0,"d":"0.00"},"0_30821004_1355_166095","außerhalb GKL",{"v":1.18899086854,"d":"1.19"},{"v":0.00136830621741,"d":"0.00"},{"v":0.107025999161,"d":"0.11"}]
[3,308,30827,{"v":2339.85403499999,"d":"2,339.85"},2706,{"v":1.156482396,"d":"1.16"},"M",330,30827002,{"v":350.858858424999,"d":"350.86"},476,{"v":1.356670891,"d":"1.36"},{"v":0,"d":"0.00"},{"v":0.990672016,"d":"0.99"},{"v":471.559879599999,"d":"471.56"},{"v":4.440120361,"d":"4.44"},0,"0_30827002_1372",{"v":307.950709587,"d":"307.95"},{"v":0,"d":"0.00"},{"v":4.440120361,"d":"4.44"},{"v":0,"d":"0.00"},"0_30827002_1372_166274","G",{"v":0.365435807545,"d":"0.37"},{"v":1.18666980191E-3,"d":"0.00"},{"v":0.00526895674924,"d":"0.01"}]
[3,308,30848,{"v":1381.32840499999,"d":"1,381.33"},1457,{"v":1.054781755,"d":"1.05"},"M",320,30848000,{"v":1381.3284054,"d":"1,381.33"},1457,{"v":1.054781755,"d":"1.05"},{"v":0,"d":"0.00"},{"v":0.974431631,"d":"0.97"},{"v":1419.74688599999,"d":"1,419.75"},{"v":37.2531136699999,"d":"37.25"},0,"0_30848000_1396",{"v":1257.36905092,"d":"1,257.37"},{"v":0,"d":"0.00"},{"v":37.2531136699999,"d":"37.25"},{"v":0,"d":"0.00"},"0_30848000_1396_166600","E",{"v":1.07658866991,"d":"1.08"},{"v":0.000856223293489,"d":"0.00"},{"v":0.0318969836792,"d":"0.03"}]
[3,309,30908,{"v":2517.910554,"d":"2,517.91"},5338,{"v":2.120011766,"d":"2.12"},"ST",220,30908002,{"v":142.703036109999,"d":"142.70"},1362,{"v":9.544295883,"d":"9.54"},{"v":0,"d":"0.00"},{"v":0.975109986,"d":"0.98"},{"v":1328.099801,"d":"1,328.10"},{"v":33.9001988799999,"d":"33.90"},0,"0_30908002_1446",{"v":52.3410231258,"d":"52.34"},{"v":0,"d":"0.00"},{"v":33.9001988799999,"d":"33.90"},{"v":0,"d":"0.00"},"0_30908002_1446_167114","A",{"v":0.363578184164,"d":"0.36"},{"v":0.0069463331523,"d":"0.01"},{"v":0.23548207535,"d":"0.24"}]
[3,309,30909,{"v":3992.254976,"d":"3,992.25"},2214,{"v":0.554573797,"d":"0.55"},"M",320,30909004,{"v":478.419717634999,"d":"478.42"},238,{"v":0.497471135,"d":"0.50"},{"v":0,"d":"0.00"},{"v":0.974431631,"d":"0.97"},{"v":231.9147282,"d":"231.91"},{"v":6.085271829,"d":"6.09"},0,"0_30909004_1455",{"v":434.579637815,"d":"434.58"},{"v":0,"d":"0.00"},{"v":6.085271829,"d":"6.09"},{"v":0,"d":"0.00"},"0_30909004_1455_167261","G",{"v":0.0223318045083,"d":"0.02"},{"v":5.1387139583e-05,"d":"0.00"},{"v":0.000312704712877,"d":"0.00"}]
[3,309,30932,{"v":4939.03772699999,"d":"4,939.04"},1091,{"v":0.220893231,"d":"0.22"},"M",420,30932001,{"v":1141.93688661,"d":"1,141.94"},206,{"v":0.180395259,"d":"0.18"},{"v":0,"d":"0.00"},{"v":0.920429496,"d":"0.92"},{"v":189.608476099999,"d":"189.61"},{"v":16.39152386,"d":"16.39"},0,"0_30932001_1507",{"v":1085.15031707,"d":"1,085.15"},{"v":0,"d":"0.00"},{"v":16.39152386,"d":"16.39"},{"v":0,"d":"0.00"},"0_30932001_1507_167573","außerhalb GKL",{"v":1.6415848895,"d":"1.64"},{"v":0.00151277188393,"d":"0.00"},{"v":0.0247966364302,"d":"0.02"}]
[3,310,31009,{"v":3093.70051599999,"d":"3,093.70"},1694,{"v":0.547564314,"d":"0.55"},"M",310,31009004,{"v":1049.0580299,"d":"1,049.06"},1024,{"v":0.976113781,"d":"0.98"},{"v":0,"d":"0.00"},{"v":0.969116244,"d":"0.97"},{"v":992.375033499999,"d":"992.38"},{"v":31.6249664999999,"d":"31.62"},0,"0_31009004_1552",{"v":972.437749040999,"d":"972.44"},{"v":0,"d":"0.00"},{"v":31.6249664999999,"d":"31.62"},{"v":0,"d":"0.00"},"0_31009004_1552_167918","F",{"v":2.79102492094,"d":"2.79"},{"v":2.87013222563E-3,"d":"0.00"},{"v":0.0907678354861,"d":"0.09"}]
[3,310,31019,{"v":2746.98591299999,"d":"2,746.99"},1347,{"v":0.490355627,"d":"0.49"}," ",310,31019000,{"v":839.640543145,"d":"839.64"},513,{"v":0.610975737,"d":"0.61"},{"v":0,"d":"0.00"},{"v":0.969116244,"d":"0.97"},{"v":497.156632999999,"d":"497.16"},{"v":15.84336701,"d":"15.84"},0,"0_31019000_1570",{"v":773.066029703,"d":"773.07"},{"v":0,"d":"0.00"},{"v":15.84336701,"d":"15.84"},{"v":0,"d":"0.00"},"0_31019000_1570_168082","G",{"v":1.421525404e-06,"d":"0.00"},{"v":1.838815e-09,"d":"0.00"},{"v":2.9133021E-8,"d":"0.00"}]
[3,310,31037,{"v":4510.07169799999,"d":"4,510.07"},4255,{"v":0.943443982,"d":"0.94"},"ST",430,31037006,{"v":340.2630535,"d":"340.26"},68,{"v":0.199845382,"d":"0.20"},{"v":0,"d":"0.00"},{"v":0.905906425,"d":"0.91"},{"v":61.60163688,"d":"61.60"},{"v":6.398363116,"d":"6.40"},0,"0_31037006_1647",{"v":314.607530924,"d":"314.61"},{"v":0,"d":"0.00"},{"v":6.398363116,"d":"6.40"},{"v":0,"d":"0.00"},"0_31037006_1647_168575","F",{"v":6.39609851337,"d":"6.40"},{"v":0.0203304049798,"d":"0.02"},{"v":0.130081313356,"d":"0.13"}]
[3,310,31053,{"v":4868.58793599999,"d":"4,868.59"},3380,{"v":0.694246472,"d":"0.69"},"M",310,31053006,{"v":509.311350235,"d":"509.31"},135,{"v":0.265063796,"d":"0.27"},{"v":0,"d":"0.00"},{"v":0.969116244,"d":"0.97"},{"v":130.8306929,"d":"130.83"},{"v":4.169307107,"d":"4.17"},0,"0_31053006_1687",{"v":483.350218308,"d":"483.35"},{"v":0,"d":"0.00"},{"v":4.169307107,"d":"4.17"},{"v":0,"d":"0.00"},"0_31053006_1687_168847","außerhalb GKL",{"v":483.350218308,"d":"483.35"},{"v":1,"d":"1.00"},{"v":4.169307107,"d":"4.17"}]
[3,311,31109,{"v":3925.655904,"d":"3,925.66"},6428,{"v":1.637433376,"d":"1.64"},"ST",220,31109003,{"v":282.210145124999,"d":"282.21"},922,{"v":3.267068941,"d":"3.27"},{"v":0,"d":"0.00"},{"v":0.975109986,"d":"0.98"},{"v":899.051407199999,"d":"899.05"},{"v":22.9485927799999,"d":"22.95"},0,"0_31109003_1751",{"v":246.155932842999,"d":"246.16"},{"v":0,"d":"0.00"},{"v":22.9485927799999,"d":"22.95"},{"v":0,"d":"0.00"},"0_31109003_1751_169232","F",{"v":0.0286052180396,"d":"0.03"},{"v":0.000116207713173,"d":"0.00"},{"v":0.0026668034875,"d":"0.00"}]
[3,311,31124,{"v":4795.925392,"d":"4,795.93"},1642,{"v":0.342373967,"d":"0.34"},"M",420,31124004,{"v":690.915041754999,"d":"690.92"},300,{"v":0.434206786,"d":"0.43"},{"v":0,"d":"0.00"},{"v":0.920429496,"d":"0.92"},{"v":276.1288488,"d":"276.13"},{"v":23.87115125,"d":"23.87"},0,"0_31124004_1809",{"v":648.006368949,"d":"648.01"},{"v":0,"d":"0.00"},{"v":23.87115125,"d":"23.87"},{"v":0,"d":"0.00"},"0_31124004_1809_169562","außerhalb GKL",{"v":572.213613845,"d":"572.21"},{"v":0.883037021338,"d":"0.88"},{"v":21.0791102957,"d":"21.08"}]
[3,312,31205,{"v":3275.557435,"d":"3,275.56"},2221,{"v":0.678052528,"d":"0.68"},"M",310,31205000,{"v":872.64915882,"d":"872.65"},942,{"v":1.079471619,"d":"1.08"},{"v":0,"d":"0.00"},{"v":0.969116244,"d":"0.97"},{"v":912.907501499999,"d":"912.91"},{"v":29.09249848,"d":"29.09"},0,"0_31205000_1852",{"v":784.500825036,"d":"784.50"},{"v":0,"d":"0.00"},{"v":29.09249848,"d":"29.09"},{"v":0,"d":"0.00"},"0_31205000_1852_169866","G",{"v":0.0884599085184,"d":"0.09"},{"v":1.12759484369E-4,"d":"0.00"},{"v":0.00328045512761,"d":"0.00"}]
[3,312,31206,{"v":1349.99523399999,"d":"1,350.00"},2291,{"v":1.697043028,"d":"1.70"},"M",310,31206000,{"v":1075.77851011,"d":"1,075.78"},1685,{"v":1.566307548,"d":"1.57"},{"v":0,"d":"0.00"},{"v":0.969116244,"d":"0.97"},{"v":1632.96087099999,"d":"1,632.96"},{"v":52.0391294499999,"d":"52.04"},0,"0_31206000_1858",{"v":959.228688064,"d":"959.23"},{"v":0,"d":"0.00"},{"v":52.0391294499999,"d":"52.04"},{"v":0,"d":"0.00"},"0_31206000_1858_169914","F",{"v":2.36702360765,"d":"2.37"},{"v":0.00246763221024,"d":"0.00"},{"v":0.128413432024,"d":"0.13"}]
[3,312,31216,{"v":2994.70113499999,"d":"2,994.70"},4890,{"v":1.632884144,"d":"1.63"},"M",101,31216002,{"v":681.104446964999,"d":"681.10"},804,{"v":1.180435693,"d":"1.18"},{"v":0,"d":"0.00"},{"v":0.965932983,"d":"0.97"},{"v":776.6101184,"d":"776.61"},{"v":27.38988165,"d":"27.39"},0,"0_31216002_1891",{"v":584.262192109,"d":"584.26"},{"v":0,"d":"0.00"},{"v":27.38988165,"d":"27.39"},{"v":0,"d":"0.00"},"0_31216002_1891_170325","außerhalb GKL",{"v":554.408003108,"d":"554.41"},{"v":0.948902753928,"d":"0.95"},{"v":25.9903341274,"d":"25.99"}]
[3,312,31229,{"v":774.441229499999,"d":"774.44"},1370,{"v":1.769017387,"d":"1.77"}," ",310,31229000,{"v":774.441229519999,"d":"774.44"},1370,{"v":1.769017387,"d":"1.77"},{"v":0,"d":"0.00"},{"v":0.969116244,"d":"0.97"},{"v":1327.68925399999,"d":"1,327.69"},{"v":42.3107461999999,"d":"42.31"},0,"0_31229000_1910",{"v":703.791788163999,"d":"703.79"},{"v":0,"d":"0.00"},{"v":42.3107461999999,"d":"42.31"},{"v":0,"d":"0.00"},"0_31229000_1910_170575","G",{"v":2.843915945e-06,"d":"0.00"},{"v":4.040848e-09,"d":"0.00"},{"v":1.70971313E-7,"d":"0.00"}]
[3,313,31309,{"v":1237.31778,"d":"1,237.32"},2968,{"v":2.398737049,"d":"2.40"},"M",310,31309003,{"v":227.613465829999,"d":"227.61"},320,{"v":1.405892217,"d":"1.41"},{"v":0,"d":"0.00"},{"v":0.969116244,"d":"0.97"},{"v":310.117197999999,"d":"310.12"},{"v":9.882802032,"d":"9.88"},0,"0_31309003_1950",{"v":175.852199065999,"d":"175.85"},{"v":0,"d":"0.00"},{"v":9.882802032,"d":"9.88"},{"v":0,"d":"0.00"},"0_31309003_1950_171090","F",{"v":8.45008761493,"d":"8.45"},{"v":0.0480522146428,"d":"0.05"},{"v":0.474890524514,"d":"0.47"}]
[3,313,31311,{"v":8073.01692399999,"d":"8,073.02"},3783,{"v":0.468598051,"d":"0.47"},"ST",410,31311007,{"v":2290.7007856,"d":"2,290.70"},294,{"v":0.128345003,"d":"0.13"},{"v":0,"d":"0.00"},{"v":0.921559671,"d":"0.92"},{"v":270.9385432,"d":"270.94"},{"v":23.0614567999999,"d":"23.06"},0,"0_31311007_1962",{"v":2261.47695087,"d":"2,261.48"},{"v":0,"d":"0.00"},{"v":23.0614567999999,"d":"23.06"},{"v":0,"d":"0.00"},"0_31311007_1962_171232","F",{"v":0.540154747207,"d":"0.54"},{"v":0.000238850432236,"d":"0.00"},{"v":0.00550823892467,"d":"0.01"}]
[3,313,31327,{"v":907.0494956,"d":"907.05"},3539,{"v":3.901661395,"d":"3.90"},"ST",103,31327004,{"v":158.134054585,"d":"158.13"},476,{"v":3.010104315,"d":"3.01"},{"v":0,"d":"0.00"},{"v":0.975480312,"d":"0.98"},{"v":464.328628499999,"d":"464.33"},{"v":11.6713714999999,"d":"11.67"},0,"0_31327004_2004",{"v":118.281443621999,"d":"118.28"},{"v":0,"d":"0.00"},{"v":11.6713714999999,"d":"11.67"},{"v":0,"d":"0.00"},"0_31327004_2004_171558","außerhalb GKL",{"v":55.6970239286999,"d":"55.70"},{"v":0.47088556094,"d":"0.47"},{"v":5.49588031572,"d":"5.50"}]
[3,313,31338,{"v":3920.87479399999,"d":"3,920.87"},1054,{"v":0.268817561,"d":"0.27"},"M",410,31338001,{"v":494.010081324999,"d":"494.01"},162,{"v":0.32792853,"d":"0.33"},{"v":0,"d":"0.00"},{"v":0.921559671,"d":"0.92"},{"v":149.2926667,"d":"149.29"},{"v":12.70733334,"d":"12.71"},0,"0_31338001_2019",{"v":482.786590551,"d":"482.79"},{"v":0,"d":"0.00"},{"v":12.70733334,"d":"12.71"},{"v":0,"d":"0.00"},"0_31338001_2019_171803","F",{"v":4.59060343254,"d":"4.59"},{"v":0.00950855620762,"d":"0.01"},{"v":0.120828393312,"d":"0.12"}]
[3,313,31355,{"v":5307.044396,"d":"5,307.04"},1860,{"v":0.350477566,"d":"0.35"},"M",410,31355003,{"v":263.305353785,"d":"263.31"},315,{"v":1.196329643,"d":"1.20"},{"v":0,"d":"0.00"},{"v":0.921559671,"d":"0.92"},{"v":290.291296299999,"d":"290.29"},{"v":24.7087037199999,"d":"24.71"},0,"0_31355003_2053",{"v":246.842630315999,"d":"246.84"},{"v":0,"d":"0.00"},{"v":24.7087037199999,"d":"24.71"},{"v":0,"d":"0.00"},"0_31355003_2053_172219","G",{"v":0.539015451326,"d":"0.54"},{"v":0.00218364004077,"d":"0.00"},{"v":0.0539549147985,"d":"0.05"}]
[3,314,31407,{"v":5404.850924,"d":"5,404.85"},2664,{"v":0.49289056,"d":"0.49"},"ST",410,31407002,{"v":2553.82203027,"d":"2,553.82"},457,{"v":0.178947473,"d":"0.18"},{"v":0,"d":"0.00"},{"v":0.921559671,"d":"0.92"},{"v":421.152769499999,"d":"421.15"},{"v":35.84723047,"d":"35.85"},0,"0_31407002_2070",{"v":2474.45241707,"d":"2,474.45"},{"v":0,"d":"0.00"},{"v":35.84723047,"d":"35.85"},{"v":0,"d":"0.00"},"0_31407002_2070_172568","D",{"v":0.308119807374,"d":"0.31"},{"v":0.000124520401059,"d":"0.00"},{"v":4.46371151498E-3,"d":"0.00"}]
[3,314,31413,{"v":680.432433299999,"d":"680.43"},3402,{"v":4.999761671,"d":"5.00"},"M",410,31413000,{"v":35.297590775,"d":"35.30"},1011,{"v":28.64218146,"d":"28.64"},{"v":0,"d":"0.00"},{"v":0.921559671,"d":"0.92"},{"v":931.696827099999,"d":"931.70"},{"v":79.30317288,"d":"79.30"},0,"0_31413000_2080",{"v":18.1927061533,"d":"18.19"},{"v":0,"d":"0.00"},{"v":79.30317288,"d":"79.30"},{"v":0,"d":"0.00"},"0_31413000_2080_172876","G",{"v":0.0449217438764,"d":"0.04"},{"v":2.46921725102E-3,"d":"0.00"},{"v":0.195816762536,"d":"0.20"}]
[3,314,31414,{"v":14602.68864,"d":"14,602.69"},1913,{"v":0.131003273,"d":"0.13"},"M",430,31414001,{"v":14343.0971613,"d":"14,343.10"},822,{"v":0.057309798,"d":"0.06"},{"v":0,"d":"0.00"},{"v":0.905906425,"d":"0.91"},{"v":744.6550812,"d":"744.66"},{"v":77.34491884,"d":"77.34"},0,"0_31414001_2085",{"v":14238.1661992,"d":"14,238.17"},{"v":0,"d":"0.00"},{"v":77.34491884,"d":"77.34"},{"v":0,"d":"0.00"},"0_31414001_2085_173027","G",{"v":1.63552389355,"d":"1.64"},{"v":0.000114868998624,"d":"0.00"},{"v":0.00888453337581,"d":"0.01"}]
[3,315,31521,{"v":3361.965282,"d":"3,361.97"},3219,{"v":0.957475682,"d":"0.96"},"ST",410,31521000,{"v":120.484953134999,"d":"120.48"},1575,{"v":13.07217174,"d":"13.07"},{"v":0,"d":"0.00"},{"v":0.921559671,"d":"0.92"},{"v":1451.45648099999,"d":"1,451.46"},{"v":123.543518599999,"d":"123.54"},0,"0_31521000_2128",{"v":40.1428150956,"d":"40.14"},{"v":0,"d":"0.00"},{"v":123.543518599999,"d":"123.54"},{"v":0,"d":"0.00"},"0_31521000_2128_173533","D",{"v":0.308822176122,"d":"0.31"},{"v":0.00769308717853,"d":"0.01"},{"v":0.950431058932,"d":"0.95"}]
[3,315,31527,{"v":932.123324099999,"d":"932.12"},1992,{"v":2.137056276,"d":"2.14"},"M",410,31527000,{"v":932.123324134999,"d":"932.12"},1992,{"v":2.137056276,"d":"2.14"},{"v":0,"d":"0.00"},{"v":0.921559671,"d":"0.92"},{"v":1835.74686399999,"d":"1,835.75"},{"v":156.253135899999,"d":"156.25"},0,"0_31527000_2147",{"v":742.731053037,"d":"742.73"},{"v":0,"d":"0.00"},{"v":156.253135899999,"d":"156.25"},{"v":0,"d":"0.00"},"0_31527000_2147_173842","D",{"v":0.00418275883761,"d":"0.00"},{"v":5.631592782e-06,"d":"0.00"},{"v":0.000879954032374,"d":"0.00"}]
[3,315,31530,{"v":832.4843749,"d":"832.48"},2174,{"v":2.611460426,"d":"2.61"},"M",210,31530000,{"v":247.55963034,"d":"247.56"},1310,{"v":5.291654371,"d":"5.29"},{"v":0,"d":"0.00"},{"v":0.955942851,"d":"0.96"},{"v":1252.285135,"d":"1,252.29"},{"v":57.71486473,"d":"57.71"},0,"0_31530000_2149",{"v":163.276222799,"d":"163.28"},{"v":0,"d":"0.00"},{"v":57.71486473,"d":"57.71"},{"v":0,"d":"0.00"},"0_31530000_2149_173885","E",{"v":0.548452606553,"d":"0.55"},{"v":3.35904761361E-3,"d":"0.00"},{"v":0.193866978641,"d":"0.19"}]
[3,315,31539,{"v":4368.025983,"d":"4,368.03"},3042,{"v":0.696424429,"d":"0.70"},"M",410,31539004,{"v":601.566776399999,"d":"601.57"},679,{"v":1.128719249,"d":"1.13"},{"v":0,"d":"0.00"},{"v":0.921559671,"d":"0.92"},{"v":625.739016399999,"d":"625.74"},{"v":53.26098356,"d":"53.26"},0,"0_31539004_2181",{"v":560.367186216,"d":"560.37"},{"v":0,"d":"0.00"},{"v":53.26098356,"d":"53.26"},{"v":0,"d":"0.00"},"0_31539004_2181_174215","F",{"v":1.1829225588,"d":"1.18"},{"v":0.00211097756596,"d":"0.00"},{"v":0.112432741436,"d":"0.11"}]
[3,315,31552,{"v":4781.947382,"d":"4,781.95"},1995,{"v":0.417194051,"d":"0.42"},"M",420,31552003,{"v":1795.27696715,"d":"1,795.28"},368,{"v":0.204982299,"d":"0.20"},{"v":0,"d":"0.00"},{"v":0.920429496,"d":"0.92"},{"v":338.718054499999,"d":"338.72"},{"v":29.28194553,"d":"29.28"},0,"0_31552003_2208",{"v":1786.96734878,"d":"1,786.97"},{"v":0,"d":"0.00"},{"v":29.28194553,"d":"29.28"},{"v":0,"d":"0.00"},"0_31552003_2208_174555","außerhalb GKL",{"v":1669.02966424,"d":"1,669.03"},{"v":0.93400120902,"d":"0.93"},{"v":27.3493725275,"d":"27.35"}]
[3,316,31612,{"v":5171.44337999999,"d":"5,171.44"},4011,{"v":0.775605514,"d":"0.78"},"M",310,31612005,{"v":638.50642228,"d":"638.51"},448,{"v":0.701637422,"d":"0.70"},{"v":0,"d":"0.00"},{"v":0.969116244,"d":"0.97"},{"v":434.1640772,"d":"434.16"},{"v":13.83592284,"d":"13.84"},0,"0_31612005_2242",{"v":584.431027876,"d":"584.43"},{"v":0,"d":"0.00"},{"v":13.83592284,"d":"13.84"},{"v":0,"d":"0.00"},"0_31612005_2242_174872","außerhalb GKL",{"v":549.110269986,"d":"549.11"},{"v":0.939563855775,"d":"0.94"},{"v":12.9997330118,"d":"13.00"}]
[3,316,31633,{"v":13156.96599,"d":"13,156.97"},11583,{"v":0.880370141,"d":"0.88"},"ST",220,31633001,{"v":204.760571489999,"d":"204.76"},1360,{"v":6.641903713,"d":"6.64"},{"v":0,"d":"0.00"},{"v":0.975109986,"d":"0.98"},{"v":1326.14958099999,"d":"1,326.15"},{"v":33.8504188499999,"d":"33.85"},0,"0_31633001_2288",{"v":151.954645848,"d":"151.95"},{"v":0,"d":"0.00"},{"v":33.8504188499999,"d":"33.85"},{"v":0,"d":"0.00"},"0_31633001_2288_175320","E",{"v":1.44508340474E-3,"d":"0.00"},{"v":9.509965271e-06,"d":"0.00"},{"v":3.21916307663E-4,"d":"0.00"}]
[3,316,31636,{"v":1952.280897,"d":"1,952.28"},891,{"v":0.456389243,"d":"0.46"}," ",330,31636000,{"v":1952.28089675,"d":"1,952.28"},891,{"v":0.456389243,"d":"0.46"},{"v":0,"d":"0.00"},{"v":0.990672016,"d":"0.99"},{"v":882.688766299999,"d":"882.69"},{"v":8.311233701,"d":"8.31"},0,"0_31636000_2305",{"v":1824.12863461,"d":"1,824.13"},{"v":0,"d":"0.00"},{"v":8.311233701,"d":"8.31"},{"v":0,"d":"0.00"},"0_31636000_2305_175529","G",{"v":0.0340042713002,"d":"0.03"},{"v":1.8641377946E-5,"d":"0.00"},{"v":1.5493284862E-4,"d":"0.00"}]
[3,316,31654,{"v":3047.84004999999,"d":"3,047.84"},2123,{"v":0.696558863,"d":"0.70"},"M",320,31654001,{"v":471.259951036,"d":"471.26"},274,{"v":0.581420083,"d":"0.58"},{"v":0,"d":"0.00"},{"v":0.974431631,"d":"0.97"},{"v":266.9942669,"d":"266.99"},{"v":7.005733114,"d":"7.01"},0,"0_31654001_2341",{"v":428.476357991999,"d":"428.48"},{"v":0,"d":"0.00"},{"v":7.005733114,"d":"7.01"},{"v":0,"d":"0.00"},"0_31654001_2341_175779","E",{"v":0.0548635283009,"d":"0.05"},{"v":0.000128043303388,"d":"0.00"},{"v":0.000897037210571,"d":"0.00"}]
[3,317,31703,{"v":2706.591933,"d":"2,706.59"},5894,{"v":2.177646334,"d":"2.18"},"M",310,31703002,{"v":595.844232244999,"d":"595.84"},1468,{"v":2.463731158,"d":"2.46"},{"v":0,"d":"0.00"},{"v":0.969116244,"d":"0.97"},{"v":1422.66264599999,"d":"1,422.66"},{"v":45.33735432,"d":"45.34"},0,"0_31703002_2358",{"v":509.039572441,"d":"509.04"},{"v":0,"d":"0.00"},{"v":45.33735432,"d":"45.34"},{"v":0,"d":"0.00"},"0_31703002_2358_176190","E",{"v":25.7478952146,"d":"25.75"},{"v":0.0505813233559,"d":"0.05"},{"v":2.29322337896,"d":"2.29"}]
[3,317,31710,{"v":1485.991213,"d":"1,485.99"},9227,{"v":6.209323393,"d":"6.21"},"M",101,31710002,{"v":776.452509344999,"d":"776.45"},800,{"v":1.03032702,"d":"1.03"},{"v":0,"d":"0.00"},{"v":0.965932983,"d":"0.97"},{"v":772.7463864,"d":"772.75"},{"v":27.25361358,"d":"27.25"},0,"0_31710002_2373",{"v":733.926455514,"d":"733.93"},{"v":0,"d":"0.00"},{"v":27.25361358,"d":"27.25"},{"v":0,"d":"0.00"},"0_31710002_2373_176544","F",{"v":0.317336984109,"d":"0.32"},{"v":0.000432382538775,"d":"0.00"},{"v":0.0117839866305,"d":"0.01"}]
[3,317,31715,{"v":1059.93127899999,"d":"1,059.93"},2882,{"v":2.719044204,"d":"2.72"},"M",101,31715000,{"v":309.99511745,"d":"310.00"},1137,{"v":3.667799704,"d":"3.67"},{"v":0,"d":"0.00"},{"v":0.965932983,"d":"0.97"},{"v":1098.26580199999,"d":"1,098.27"},{"v":38.7341983,"d":"38.73"},0,"0_31715000_2385",{"v":270.220968592,"d":"270.22"},{"v":0,"d":"0.00"},{"v":38.7341983,"d":"38.73"},{"v":0,"d":"0.00"},"0_31715000_2385_176847","außerhalb GKL",{"v":0.000802429010022,"d":"0.00"},{"v":2.969529027e-06,"d":"0.00"},{"v":0.000115022326201,"d":"0.00"}]
[3,317,31718,{"v":1998.46004599999,"d":"1,998.46"},2955,{"v":1.478638517,"d":"1.48"}," ",310,31718000,{"v":1998.46004648999,"d":"1,998.46"},2955,{"v":1.478638517,"d":"1.48"},{"v":0,"d":"0.00"},{"v":0.969116244,"d":"0.97"},{"v":2863.73849999999,"d":"2,863.74"},{"v":91.26150001,"d":"91.26"},0,"0_31718000_2411",{"v":1766.89238408,"d":"1,766.89"},{"v":0,"d":"0.00"},{"v":91.26150001,"d":"91.26"},{"v":0,"d":"0.00"},"0_31718000_2411_177173","G",{"v":4.64195724238,"d":"4.64"},{"v":0.00262718730592,"d":"0.00"},{"v":0.239761054345,"d":"0.24"}]
[3,317,31719,{"v":1257.51517899999,"d":"1,257.52"},14996,{"v":11.9251045599999,"d":"11.93"},"M",101,31719060,{"v":110.78527098,"d":"110.79"},630,{"v":5.686676527,"d":"5.69"},{"v":0,"d":"0.00"},{"v":0.965932983,"d":"0.97"},{"v":608.5377793,"d":"608.54"},{"v":21.4622206899999,"d":"21.46"},0,"0_31719060_2418",{"v":61.6289956573,"d":"61.63"},{"v":0,"d":"0.00"},{"v":21.4622206899999,"d":"21.46"},{"v":0,"d":"0.00"},"0_31719060_2418_177257","G",{"v":3.03845068674,"d":"3.04"},{"v":0.0493022911429,"d":"0.05"},{"v":1.05813665303,"d":"1.06"}]
[3,318,31821,{"v":1769.23226999999,"d":"1,769.23"},2060,{"v":1.164346839,"d":"1.16"},"M",410,31821000,{"v":618.246666955,"d":"618.25"},1190,{"v":1.924798084,"d":"1.92"},{"v":0,"d":"0.00"},{"v":0.921559671,"d":"0.92"},{"v":1096.65600799999,"d":"1,096.66"},{"v":93.34399181,"d":"93.34"},0,"0_31821000_2484",{"v":491.259033649999,"d":"491.26"},{"v":0,"d":"0.00"},{"v":93.34399181,"d":"93.34"},{"v":0,"d":"0.00"},"0_31821000_2484_177834","außerhalb GKL",{"v":356.543003553999,"d":"356.54"},{"v":0.725773938252,"d":"0.73"},{"v":67.7466365481,"d":"67.75"}]
[3,318,31829,{"v":8922.86434899999,"d":"8,922.86"},2515,{"v":0.281860163,"d":"0.28"},"M",410,31829000,{"v":785.971298029999,"d":"785.97"},1348,{"v":1.715075351,"d":"1.72"},{"v":0,"d":"0.00"},{"v":0.921559671,"d":"0.92"},{"v":1242.26243599999,"d":"1,242.26"},{"v":105.7375638,"d":"105.74"},0,"0_31829000_2494",{"v":615.986569903,"d":"615.99"},{"v":0,"d":"0.00"},{"v":105.7375638,"d":"105.74"},{"v":0,"d":"0.00"},"0_31829000_2494_178022","F",{"v":0.671688552387,"d":"0.67"},{"v":0.00109042726775,"d":"0.00"},{"v":0.115299122793,"d":"0.12"}]
[3,318,31837,{"v":915.416817899999,"d":"915.42"},1438,{"v":1.570869108,"d":"1.57"}," ",410,31837000,{"v":695.385121999,"d":"695.39"},951,{"v":1.367587499,"d":"1.37"},{"v":0,"d":"0.00"},{"v":0.921559671,"d":"0.92"},{"v":876.403246899999,"d":"876.40"},{"v":74.59675312,"d":"74.60"},0,"0_31837000_2508",{"v":596.213984232,"d":"596.21"},{"v":0,"d":"0.00"},{"v":74.59675312,"d":"74.60"},{"v":0,"d":"0.00"},"0_31837000_2508_178186","C",{"v":0.00163243112802,"d":"0.00"},{"v":2.737995369e-06,"d":"0.00"},{"v":0.000204245564618,"d":"0.00"}]
[3,318,31847,{"v":1225.92481599999,"d":"1,225.92"},1586,{"v":1.293717183,"d":"1.29"}," ",410,31847000,{"v":1026.78725777999,"d":"1,026.79"},1022,{"v":0.995337634,"d":"1.00"},{"v":0,"d":"0.00"},{"v":0.921559671,"d":"0.92"},{"v":941.8339835,"d":"941.83"},{"v":80.1660164999999,"d":"80.17"},0,"0_31847000_2544",{"v":926.279590720999,"d":"926.28"},{"v":0,"d":"0.00"},{"v":80.1660164999999,"d":"80.17"},{"v":0,"d":"0.00"},"0_31847000_2544_178531","G",{"v":7.22676674406,"d":"7.23"},{"v":0.00780192807491,"d":"0.01"},{"v":0.625449494785,"d":"0.63"}]
[3,319,31903,{"v":4549.183355,"d":"4,549.18"},5096,{"v":1.120201056,"d":"1.12"},"M",410,31903001,{"v":3277.16609815999,"d":"3,277.17"},1725,{"v":0.526369414,"d":"0.53"},{"v":0,"d":"0.00"},{"v":0.921559671,"d":"0.92"},{"v":1589.690432,"d":"1,589.69"},{"v":135.309568,"d":"135.31"},0,"0_31903001_2554",{"v":3000.82264007,"d":"3,000.82"},{"v":0,"d":"0.00"},{"v":135.309568,"d":"135.31"},{"v":0,"d":"0.00"},"0_31903001_2554_178843","F",{"v":0.34354012113,"d":"0.34"},{"v":1.14481981222E-4,"d":"0.00"},{"v":0.0154905074229,"d":"0.02"}]
[3,319,31912,{"v":4615.76408699999,"d":"4,615.76"},7844,{"v":1.699393611,"d":"1.70"},"ST",410,31912003,{"v":311.558358859999,"d":"311.56"},187,{"v":0.600208579,"d":"0.60"},{"v":0,"d":"0.00"},{"v":0.921559671,"d":"0.92"},{"v":172.3316584,"d":"172.33"},{"v":14.66834157,"d":"14.67"},0,"0_31912003_2572",{"v":272.976510661,"d":"272.98"},{"v":0,"d":"0.00"},{"v":14.66834157,"d":"14.67"},{"v":0,"d":"0.00"},"0_31912003_2572_179173","außerhalb GKL",{"v":20.9827916720999,"d":"20.98"},{"v":0.07686665648,"d":"0.08"},{"v":1.12750637259,"d":"1.13"}]
[3,319,31919,{"v":1776.87377799999,"d":"1,776.87"},2210,{"v":1.24375745,"d":"1.24"},"M",410,31919000,{"v":744.876496285,"d":"744.88"},1173,{"v":1.574757703,"d":"1.57"},{"v":0,"d":"0.00"},{"v":0.921559671,"d":"0.92"},{"v":1080.98949399999,"d":"1,080.99"},{"v":92.0105062199999,"d":"92.01"},0,"0_31919000_2587",{"v":618.001853881999,"d":"618.00"},{"v":0,"d":"0.00"},{"v":92.0105062199999,"d":"92.01"},{"v":0,"d":"0.00"},"0_31919000_2587_179500","F",{"v":0.733695305696,"d":"0.73"},{"v":0.00118720567113,"d":"0.00"},{"v":0.109235394788,"d":"0.11"}]
[3,319,31926,{"v":5166.14478899999,"d":"5,166.14"},8304,{"v":1.607388167,"d":"1.61"},"ST",310,31926008,{"v":219.763530339999,"d":"219.76"},1355,{"v":6.165718206,"d":"6.17"},{"v":0,"d":"0.00"},{"v":0.969116244,"d":"0.97"},{"v":1313.15250999999,"d":"1,313.15"},{"v":41.84748985,"d":"41.85"},0,"0_31926008_2607",{"v":126.302904847999,"d":"126.30"},{"v":0,"d":"0.00"},{"v":41.84748985,"d":"41.85"},{"v":0,"d":"0.00"},"0_31926008_2607_179830","D",{"v":0.441117438532,"d":"0.44"},{"v":0.00349253597186,"d":"0.00"},{"v":0.146153863633,"d":"0.15"}]
[3,319,31929,{"v":2460.273298,"d":"2,460.27"},4593,{"v":1.866865768,"d":"1.87"},"M",310,31929002,{"v":2087.15086449,"d":"2,087.15"},1304,{"v":0.624775153,"d":"0.62"},{"v":0,"d":"0.00"},{"v":0.969116244,"d":"0.97"},{"v":1263.72758199999,"d":"1,263.73"},{"v":40.2724182799999,"d":"40.27"},0,"0_31929002_2613",{"v":1898.68481081999,"d":"1,898.68"},{"v":0,"d":"0.00"},{"v":40.2724182799999,"d":"40.27"},{"v":0,"d":"0.00"},"0_31929002_2613_180009","E",{"v":4.2238344479,"d":"4.22"},{"v":0.00222461064829,"d":"0.00"},{"v":0.0895904505381,"d":"0.09"}]
[3,319,31943,{"v":4303.44065399999,"d":"4,303.44"},6330,{"v":1.470916067,"d":"1.47"},"ST",410,31943005,{"v":583.266855634999,"d":"583.27"},350,{"v":0.600068385,"d":"0.60"},{"v":0,"d":"0.00"},{"v":0.921559671,"d":"0.92"},{"v":322.5458848,"d":"322.55"},{"v":27.45411524,"d":"27.45"},0,"0_31943005_2633",{"v":533.917801559,"d":"533.92"},{"v":0,"d":"0.00"},{"v":27.45411524,"d":"27.45"},{"v":0,"d":"0.00"},"0_31943005_2633_180487","außerhalb GKL",{"v":166.347656190999,"d":"166.35"},{"v":0.311560423169,"d":"0.31"},{"v":8.5536157619,"d":"8.55"}]
[3,319,31948,{"v":3236.74537999999,"d":"3,236.75"},2553,{"v":0.788755277,"d":"0.79"},"M",310,31948000,{"v":1269.19371995999,"d":"1,269.19"},682,{"v":0.537349019,"d":"0.54"},{"v":0,"d":"0.00"},{"v":0.969116244,"d":"0.97"},{"v":660.9372782,"d":"660.94"},{"v":21.06272183,"d":"21.06"},0,"0_31948000_2645",{"v":1199.51996781999,"d":"1,199.52"},{"v":0,"d":"0.00"},{"v":21.06272183,"d":"21.06"},{"v":0,"d":"0.00"},"0_31948000_2645_180774","G",{"v":0.00154494359416,"d":"0.00"},{"v":1.287968217E-6,"d":"0.00"},{"v":2.712811628e-05,"d":"0.00"}]
[3,319,31951,{"v":5888.99457999999,"d":"5,888.99"},7754,{"v":1.31669335,"d":"1.32"},"ST",310,31951004,{"v":5360.00421705,"d":"5,360.00"},1932,{"v":0.360447478,"d":"0.36"},{"v":0,"d":"0.00"},{"v":0.969116244,"d":"0.97"},{"v":1872.332583,"d":"1,872.33"},{"v":59.66741727,"d":"59.67"},0,"0_31951004_2657",{"v":5053.49359961,"d":"5,053.49"},{"v":0,"d":"0.00"},{"v":59.66741727,"d":"59.67"},{"v":0,"d":"0.00"},"0_31951004_2657_181148","F",{"v":0.000469626629674,"d":"0.00"},{"v":9.2931082e-08,"d":"0.00"},{"v":5.544957666e-06,"d":"0.00"}]
[3,319,31952,{"v":3025.51791099999,"d":"3,025.52"},9818,{"v":3.245064247,"d":"3.25"},"ST",101,31952002,{"v":218.131206875,"d":"218.13"},2215,{"v":10.1544388399999,"d":"10.15"},{"v":0,"d":"0.00"},{"v":0.965932983,"d":"0.97"},{"v":2139.541557,"d":"2,139.54"},{"v":75.45844259,"d":"75.46"},0,"0_31952002_2660",{"v":146.746754697,"d":"146.75"},{"v":0,"d":"0.00"},{"v":75.45844259,"d":"75.46"},{"v":0,"d":"0.00"},"0_31952002_2660_181233","A",{"v":0.000295064355292,"d":"0.00"},{"v":2.010704468e-06,"d":"0.00"},{"v":0.000151724627643,"d":"0.00"}]
[3,320,32005,{"v":10166.1610299999,"d":"10,166.16"},1780,{"v":0.175090675,"d":"0.18"},"M",430,32005000,{"v":270.69808425,"d":"270.70"},988,{"v":3.649822653,"d":"3.65"},{"v":0,"d":"0.00"},{"v":0.905906425,"d":"0.91"},{"v":895.0355477,"d":"895.04"},{"v":92.96445233,"d":"92.96"},0,"0_32005000_2676",{"v":167.145238780999,"d":"167.15"},{"v":0,"d":"0.00"},{"v":92.96445233,"d":"92.96"},{"v":0,"d":"0.00"},"0_32005000_2676_181805","G",{"v":0.000400463226624,"d":"0.00"},{"v":2.395899695e-06,"d":"0.00"},{"v":0.000222733502988,"d":"0.00"}]
[3,320,32005,{"v":10166.1610299999,"d":"10,166.16"},1780,{"v":0.175090675,"d":"0.18"},"M",430,32005001,{"v":9895.4629487,"d":"9,895.46"},792,{"v":0.08003668,"d":"0.08"},{"v":0,"d":"0.00"},{"v":0.905906425,"d":"0.91"},{"v":717.477888399999,"d":"717.48"},{"v":74.52211158,"d":"74.52"},0,"0_32005001_2677",{"v":9779.13703438,"d":"9,779.14"},{"v":0,"d":"0.00"},{"v":74.52211158,"d":"74.52"},{"v":0,"d":"0.00"},"0_32005001_2677_181826","F",{"v":0.346489837925,"d":"0.35"},{"v":3.5431535186e-05,"d":"0.00"},{"v":0.0026404328186,"d":"0.00"}]
[3,320,32013,{"v":4596.013377,"d":"4,596.01"},4132,{"v":0.899040029,"d":"0.90"},"ST",220,32013002,{"v":2720.82677234999,"d":"2,720.83"},716,{"v":0.263155305,"d":"0.26"},{"v":0,"d":"0.00"},{"v":0.975109986,"d":"0.98"},{"v":698.1787501,"d":"698.18"},{"v":17.82124992,"d":"17.82"},0,"0_32013002_2706",{"v":2601.27365817,"d":"2,601.27"},{"v":0,"d":"0.00"},{"v":17.82124992,"d":"17.82"},{"v":0,"d":"0.00"},"0_32013002_2706_182252","D",{"v":0.241320758283,"d":"0.24"},{"v":9.2770231046e-05,"d":"0.00"},{"v":0.00165328147261,"d":"0.00"}]
[3,320,32015,{"v":1957.31320499999,"d":"1,957.31"},1369,{"v":0.699428173,"d":"0.70"},"M",410,32015002,{"v":524.54750688,"d":"524.55"},202,{"v":0.385093814,"d":"0.39"},{"v":0,"d":"0.00"},{"v":0.921559671,"d":"0.92"},{"v":186.1550535,"d":"186.16"},{"v":15.84494651,"d":"15.84"},0,"0_32015002_2717",{"v":508.964069959,"d":"508.96"},{"v":0,"d":"0.00"},{"v":15.84494651,"d":"15.84"},{"v":0,"d":"0.00"},"0_32015002_2717_182487","F",{"v":0.0108166264534,"d":"0.01"},{"v":2.1252239778e-05,"d":"0.00"},{"v":0.000336740602508,"d":"0.00"}]
[3,321,32114,{"v":6026.117209,"d":"6,026.12"},3710,{"v":0.615653475,"d":"0.62"},"M",410,32114003,{"v":544.83393461,"d":"544.83"},197,{"v":0.361578065,"d":"0.36"},{"v":0,"d":"0.00"},{"v":0.921559671,"d":"0.92"},{"v":181.5472551,"d":"181.55"},{"v":15.4527448599999,"d":"15.45"},0,"0_32114003_2756",{"v":515.949282896999,"d":"515.95"},{"v":0,"d":"0.00"},{"v":15.4527448599999,"d":"15.45"},{"v":0,"d":"0.00"},"0_32114003_2756_183017","F",{"v":1.51673365316,"d":"1.52"},{"v":0.00293969524416,"d":"0.00"},{"v":0.0454263605742,"d":"0.05"}]
[3,321,32119,{"v":2255.665112,"d":"2,255.67"},2435,{"v":1.079504217,"d":"1.08"},"M",410,32119000,{"v":2255.66511210999,"d":"2,255.67"},2435,{"v":1.079504217,"d":"1.08"},{"v":0,"d":"0.00"},{"v":0.921559671,"d":"0.92"},{"v":2243.99779799999,"d":"2,244.00"},{"v":191.0022017,"d":"191.00"},0,"0_32119000_2771",{"v":2084.18697946,"d":"2,084.19"},{"v":0,"d":"0.00"},{"v":191.0022017,"d":"191.00"},{"v":0,"d":"0.00"},"0_32119000_2771_183144","F",{"v":0.0328172749286,"d":"0.03"},{"v":1.5745840106e-05,"d":"0.00"},{"v":0.00300749012777,"d":"0.00"}]
[3,321,32131,{"v":6168.504767,"d":"6,168.50"},7526,{"v":1.220068766,"d":"1.22"},"M",310,32131007,{"v":1349.00668603999,"d":"1,349.01"},1117,{"v":0.828016652,"d":"0.83"},{"v":0,"d":"0.00"},{"v":0.969116244,"d":"0.97"},{"v":1082.502844,"d":"1,082.50"},{"v":34.4971558399999,"d":"34.50"},0,"0_32131007_2781",{"v":1198.85477687999,"d":"1,198.85"},{"v":0,"d":"0.00"},{"v":34.4971558399999,"d":"34.50"},{"v":0,"d":"0.00"},"0_32131007_2781_183476","E",{"v":10.8668264775,"d":"10.87"},{"v":0.00906433930703,"d":"0.01"},{"v":0.312693925661,"d":"0.31"}]
[3,321,32135,{"v":7222.50804299999,"d":"7,222.51"},16230,{"v":2.247141838,"d":"2.25"},"ST",103,32135008,{"v":574.214341624999,"d":"574.21"},367,{"v":0.639134158,"d":"0.64"},{"v":0,"d":"0.00"},{"v":0.975480312,"d":"0.98"},{"v":358.0012745,"d":"358.00"},{"v":8.998725509,"d":"9.00"},0,"0_32135008_2794",{"v":520.585123573,"d":"520.59"},{"v":0,"d":"0.00"},{"v":8.998725509,"d":"9.00"},{"v":0,"d":"0.00"},"0_32135008_2794_183801","F",{"v":2.97532986087,"d":"2.98"},{"v":0.00571535705909,"d":"0.01"},{"v":0.0514309293607,"d":"0.05"}]
[3,321,32141,{"v":5375.21236,"d":"5,375.21"},4097,{"v":0.762202444,"d":"0.76"},"M",410,32141001,{"v":159.54762084,"d":"159.55"},1576,{"v":9.877928556,"d":"9.88"},{"v":0,"d":"0.00"},{"v":0.921559671,"d":"0.92"},{"v":1452.37804099999,"d":"1,452.38"},{"v":123.621958899999,"d":"123.62"},0,"0_32141001_2805",{"v":90.139327221,"d":"90.14"},{"v":0,"d":"0.00"},{"v":123.621958899999,"d":"123.62"},{"v":0,"d":"0.00"},"0_32141001_2805_183985","F",{"v":0.0687501395443,"d":"0.07"},{"v":0.000762709703565,"d":"0.00"},{"v":0.0942876676267,"d":"0.09"}]
[3,321,32144,{"v":7620.013151,"d":"7,620.01"},27500,{"v":3.608917656,"d":"3.61"},"ST",103,32144032,{"v":1701.67490713999,"d":"1,701.67"},481,{"v":0.282662686,"d":"0.28"},{"v":0,"d":"0.00"},{"v":0.975480312,"d":"0.98"},{"v":469.2060301,"d":"469.21"},{"v":11.79396994,"d":"11.79"},0,"0_32144032_2827",{"v":1606.29562405999,"d":"1,606.30"},{"v":0,"d":"0.00"},{"v":11.79396994,"d":"11.79"},{"v":0,"d":"0.00"},"0_32144032_2827_184458","F",{"v":2.71779359013,"d":"2.72"},{"v":0.00169196351495,"d":"0.00"},{"v":0.0199549668349,"d":"0.02"}]
[3,322,32207,{"v":4425.541223,"d":"4,425.54"},2721,{"v":0.614840053,"d":"0.61"},"ST",430,32207004,{"v":525.465968904999,"d":"525.47"},63,{"v":0.119893587,"d":"0.12"},{"v":0,"d":"0.00"},{"v":0.905906425,"d":"0.91"},{"v":57.07210476,"d":"57.07"},{"v":5.927895239,"d":"5.93"},0,"0_32207004_2846",{"v":482.445247705999,"d":"482.45"},{"v":0,"d":"0.00"},{"v":5.927895239,"d":"5.93"},{"v":0,"d":"0.00"},"0_32207004_2846_184788","G",{"v":35.5739558633,"d":"35.57"},{"v":0.0737367733073,"d":"0.07"},{"v":0.437103867428,"d":"0.44"}]
[3,322,32219,{"v":5553.15051299999,"d":"5,553.15"},2655,{"v":0.478106976,"d":"0.48"},"M",420,32219000,{"v":1249.62688367,"d":"1,249.63"},1459,{"v":1.167548505,"d":"1.17"},{"v":0,"d":"0.00"},{"v":0.920429496,"d":"0.92"},{"v":1342.90663399999,"d":"1,342.91"},{"v":116.093365599999,"d":"116.09"},0,"0_32219000_2894",{"v":1074.52261649999,"d":"1,074.52"},{"v":0,"d":"0.00"},{"v":116.093365599999,"d":"116.09"},{"v":0,"d":"0.00"},"0_32219000_2894_185004","G",{"v":10.1826378763999,"d":"10.18"},{"v":9.47642955117E-3,"d":"0.01"},{"v":1.10015060047,"d":"1.10"}]
[3,323,32306,{"v":916.6332177,"d":"916.63"},3149,{"v":3.435398084,"d":"3.44"},"M",410,32306000,{"v":663.976875827999,"d":"663.98"},2694,{"v":4.057370216,"d":"4.06"},{"v":0,"d":"0.00"},{"v":0.921559671,"d":"0.92"},{"v":2482.68175299999,"d":"2,482.68"},{"v":211.318247,"d":"211.32"},0,"0_32306000_2942",{"v":509.734790218,"d":"509.73"},{"v":0,"d":"0.00"},{"v":211.318247,"d":"211.32"},{"v":0,"d":"0.00"},"0_32306000_2942_185445","D",{"v":1.12982649685,"d":"1.13"},{"v":0.00221649869409,"d":"0.00"},{"v":0.468386618513,"d":"0.47"}]
[3,323,32318,{"v":2297.49598599999,"d":"2,297.50"},2742,{"v":1.19347325,"d":"1.19"},"M",310,32318001,{"v":2228.87063363,"d":"2,228.87"},1983,{"v":0.889688244,"d":"0.89"},{"v":0,"d":"0.00"},{"v":0.969116244,"d":"0.97"},{"v":1921.757511,"d":"1,921.76"},{"v":61.24248884,"d":"61.24"},0,"0_32318001_2967",{"v":2095.84359566,"d":"2,095.84"},{"v":0,"d":"0.00"},{"v":61.24248884,"d":"61.24"},{"v":0,"d":"0.00"},"0_32318001_2967_185769","F",{"v":0.0829637836001,"d":"0.08"},{"v":3.9584911666e-05,"d":"0.00"},{"v":0.00242427851094,"d":"0.00"}]
[3,323,32319,{"v":1829.908597,"d":"1,829.91"},3095,{"v":1.691341308,"d":"1.69"},"M",410,32319000,{"v":786.812818989999,"d":"786.81"},2352,{"v":2.98927514,"d":"2.99"},{"v":0,"d":"0.00"},{"v":0.921559671,"d":"0.92"},{"v":2167.508346,"d":"2,167.51"},{"v":184.491654399999,"d":"184.49"},0,"0_32319000_2968",{"v":619.703144227,"d":"619.70"},{"v":0,"d":"0.00"},{"v":184.491654399999,"d":"184.49"},{"v":0,"d":"0.00"},"0_32319000_2968_185797","C",{"v":0.223583350139,"d":"0.22"},{"v":3.607910533E-4,"d":"0.00"},{"v":0.066562938316,"d":"0.07"}]
[3,323,32332,{"v":3609.87767699999,"d":"3,609.88"},2042,{"v":0.565670137,"d":"0.57"},"M",410,32332000,{"v":1778.66875768999,"d":"1,778.67"},1000,{"v":0.56221823,"d":"0.56"},{"v":0,"d":"0.00"},{"v":0.921559671,"d":"0.92"},{"v":921.559670699999,"d":"921.56"},{"v":78.4403292599999,"d":"78.44"},0,"0_32332000_2986",{"v":1643.87691014,"d":"1,643.88"},{"v":0,"d":"0.00"},{"v":78.4403292599999,"d":"78.44"},{"v":0,"d":"0.00"},"0_32332000_2986_186228","G",{"v":7.03875555179,"d":"7.04"},{"v":0.00428180206704,"d":"0.00"},{"v":0.335865963965,"d":"0.34"}]
[3,323,32337,{"v":1460.22041699999,"d":"1,460.22"},4631,{"v":3.171439015,"d":"3.17"},"M",102,32337002,{"v":292.341699925999,"d":"292.34"},2028,{"v":6.937087663,"d":"6.94"},{"v":0,"d":"0.00"},{"v":0.973029842,"d":"0.97"},{"v":1973.304519,"d":"1,973.30"},{"v":54.69548134,"d":"54.70"},0,"0_32337002_2997",{"v":191.633368125999,"d":"191.63"},{"v":0,"d":"0.00"},{"v":54.69548134,"d":"54.70"},{"v":0,"d":"0.00"},"0_32337002_2997_186458","G",{"v":0.0058588079224,"d":"0.01"},{"v":3.0573005003e-05,"d":"0.00"},{"v":0.00167220522463,"d":"0.00"}]
[3,325,32516,{"v":6112.694048,"d":"6,112.69"},1730,{"v":0.2830176,"d":"0.28"},"M",430,32516007,{"v":439.836049005,"d":"439.84"},107,{"v":0.243272465,"d":"0.24"},{"v":0,"d":"0.00"},{"v":0.905906425,"d":"0.91"},{"v":96.9319874499999,"d":"96.93"},{"v":10.06801255,"d":"10.07"},0,"0_32516007_3051",{"v":431.036194588,"d":"431.04"},{"v":0,"d":"0.00"},{"v":10.06801255,"d":"10.07"},{"v":0,"d":"0.00"},"0_32516007_3051_186784","außerhalb GKL",{"v":404.319848266999,"d":"404.32"},{"v":0.938018322692,"d":"0.94"},{"v":9.44398024499,"d":"9.44"}]
[3,325,32530,{"v":25617.3143999999,"d":"25,617.31"},10779,{"v":0.420770102,"d":"0.42"},"ST",220,32530110,{"v":2609.70360635999,"d":"2,609.70"},772,{"v":0.295819034,"d":"0.30"},{"v":0,"d":"0.00"},{"v":0.975109986,"d":"0.98"},{"v":752.784909299999,"d":"752.78"},{"v":19.2150907,"d":"19.22"},0,"0_32530110_3117",{"v":2468.791258,"d":"2,468.79"},{"v":0,"d":"0.00"},{"v":19.2150907,"d":"19.22"},{"v":0,"d":"0.00"},"0_32530110_3117_187247","F",{"v":0.286622633518,"d":"0.29"},{"v":1.16098367E-4,"d":"0.00"},{"v":0.00223084065203,"d":"0.00"}]
[4,401,40101,{"v":9598.609581,"d":"9,598.61"},206595,{"v":21.5234298499999,"d":"21.52"},"SR",101,40101043,{"v":4.48198729669,"d":"4.48"},327,{"v":72.9587074599999,"d":"72.96"},{"v":0,"d":"0.00"},{"v":0.965932983,"d":"0.97"},{"v":315.8600855,"d":"315.86"},{"v":11.13991455,"d":"11.14"},0,"0_40101043_3140",{"v":1.87021272445,"d":"1.87"},{"v":0,"d":"0.00"},{"v":11.13991455,"d":"11.14"},{"v":0,"d":"0.00"},"0_40101043_3140_187445","B",{"v":0.0174562056231,"d":"0.02"},{"v":0.00933380753691,"d":"0.01"},{"v":0.103977818387,"d":"0.10"}]
[4,401,40101,{"v":9598.609581,"d":"9,598.61"},206595,{"v":21.5234298499999,"d":"21.52"},"SR",101,40101165,{"v":9.95362692375,"d":"9.95"},719,{"v":72.2349758,"d":"72.23"},{"v":0,"d":"0.00"},{"v":0.965932983,"d":"0.97"},{"v":694.5058148,"d":"694.51"},{"v":24.4941852,"d":"24.49"},0,"0_40101165_3183",{"v":1.54333115795,"d":"1.54"},{"v":0,"d":"0.00"},{"v":24.4941852,"d":"24.49"},{"v":0,"d":"0.00"},"0_40101165_3183_187706","C",{"v":0.146760693619,"d":"0.15"},{"v":0.095093456037,"d":"0.10"},{"v":2.32923672348,"d":"2.33"}]
[4,401,40101,{"v":9598.609581,"d":"9,598.61"},206595,{"v":21.5234298499999,"d":"21.52"},"SR",101,40101360,{"v":145.716179692999,"d":"145.72"},209,{"v":1.434295083,"d":"1.43"},{"v":0,"d":"0.00"},{"v":0.965932983,"d":"0.97"},{"v":201.8799935,"d":"201.88"},{"v":7.120006547,"d":"7.12"},0,"0_40101360_3239",{"v":128.827488485,"d":"128.83"},{"v":0,"d":"0.00"},{"v":7.120006547,"d":"7.12"},{"v":0,"d":"0.00"},"0_40101360_3239_188102","E",{"v":33.7332900414999,"d":"33.73"},{"v":0.261848542095,"d":"0.26"},{"v":1.86436333404,"d":"1.86"}]
[4,401,40101,{"v":9598.609581,"d":"9,598.61"},206595,{"v":21.5234298499999,"d":"21.52"},"SR",101,40101467,{"v":36.5870347980999,"d":"36.59"},1886,{"v":51.54831515,"d":"51.55"},{"v":0,"d":"0.00"},{"v":0.965932983,"d":"0.97"},{"v":1821.749606,"d":"1,821.75"},{"v":64.2503940099999,"d":"64.25"},0,"0_40101467_3275",{"v":15.4987566311999,"d":"15.50"},{"v":0,"d":"0.00"},{"v":64.2503940099999,"d":"64.25"},{"v":0,"d":"0.00"},"0_40101467_3275_188471","A",{"v":0.230369617185,"d":"0.23"},{"v":0.0148637482778,"d":"0.01"},{"v":0.955001683314,"d":"0.96"}]
[4,401,40101,{"v":9598.609581,"d":"9,598.61"},206595,{"v":21.5234298499999,"d":"21.52"},"SR",101,40101497,{"v":76.4341104644999,"d":"76.43"},3304,{"v":43.22677375,"d":"43.23"},{"v":0,"d":"0.00"},{"v":0.965932983,"d":"0.97"},{"v":3191.44257599999,"d":"3,191.44"},{"v":112.5574241,"d":"112.56"},0,"0_40101497_3294",{"v":25.4036503246,"d":"25.40"},{"v":0,"d":"0.00"},{"v":112.5574241,"d":"112.56"},{"v":0,"d":"0.00"},"0_40101497_3294_188759","C",{"v":0.000741359213842,"d":"0.00"},{"v":2.9183176605e-05,"d":"0.00"},{"v":0.00328478318575,"d":"0.00"}]
[4,401,40101,{"v":9598.609581,"d":"9,598.61"},206595,{"v":21.5234298499999,"d":"21.52"},"SR",101,40101623,{"v":48.6028685371,"d":"48.60"},540,{"v":11.11045533,"d":"11.11"},{"v":0,"d":"0.00"},{"v":0.965932983,"d":"0.97"},{"v":521.6038108,"d":"521.60"},{"v":18.3961891599999,"d":"18.40"},0,"0_40101623_3328",{"v":23.0656187113999,"d":"23.07"},{"v":0,"d":"0.00"},{"v":18.3961891599999,"d":"18.40"},{"v":0,"d":"0.00"},"0_40101623_3328_188980","E",{"v":8.59918012027,"d":"8.60"},{"v":0.372813763544,"d":"0.37"},{"v":6.85835251561,"d":"6.86"}]
[4,402,40201,{"v":2654.047046,"d":"2,654.05"},38056,{"v":14.3388566,"d":"14.34"},"SR",102,40201041,{"v":307.053651254999,"d":"307.05"},2095,{"v":6.822911864,"d":"6.82"},{"v":0,"d":"0.00"},{"v":0.973029842,"d":"0.97"},{"v":2038.49751799999,"d":"2,038.50"},{"v":56.50248195,"d":"56.50"},0,"0_40201041_3362",{"v":219.430006165,"d":"219.43"},{"v":0,"d":"0.00"},{"v":56.50248195,"d":"56.50"},{"v":0,"d":"0.00"},"0_40201041_3362_189416","B",{"v":0.392134620785,"d":"0.39"},{"v":0.0017870601548,"d":"0.00"},{"v":0.10097333414,"d":"0.10"}]
[4,402,40201,{"v":2654.047046,"d":"2,654.05"},38056,{"v":14.3388566,"d":"14.34"},"SR",102,40201205,{"v":11.2929610099,"d":"11.29"},1021,{"v":90.41030064,"d":"90.41"},{"v":0,"d":"0.00"},{"v":0.973029842,"d":"0.97"},{"v":993.463468199999,"d":"993.46"},{"v":27.53653178,"d":"27.54"},0,"0_40201205_3395",{"v":1.13407640128E-3,"d":"0.00"},{"v":0,"d":"0.00"},{"v":27.53653178,"d":"27.54"},{"v":0,"d":"0.00"},"0_40201205_3395_189746","D",{"v":0.0011340764013,"d":"0.00"},{"v":1.00000000002,"d":"1.00"},{"v":27.5365317806,"d":"27.54"}]
[4,403,40301,{"v":4588.188916,"d":"4,588.19"},62470,{"v":13.61539404,"d":"13.62"},"SR",102,40301045,{"v":16.643906645,"d":"16.64"},269,{"v":16.16207095,"d":"16.16"},{"v":0,"d":"0.00"},{"v":0.973029842,"d":"0.97"},{"v":261.7450274,"d":"261.75"},{"v":7.254972623,"d":"7.25"},0,"0_40301045_3420",{"v":2.62079045522,"d":"2.62"},{"v":0,"d":"0.00"},{"v":7.254972623,"d":"7.25"},{"v":0,"d":"0.00"},"0_40301045_3420_189949","D",{"v":0.856599652128,"d":"0.86"},{"v":0.32684782197,"d":"0.33"},{"v":2.37127200028,"d":"2.37"}]
[4,403,40301,{"v":4588.188916,"d":"4,588.19"},62470,{"v":13.61539404,"d":"13.62"},"SR",102,40301068,{"v":324.589434719999,"d":"324.59"},386,{"v":1.189194591,"d":"1.19"},{"v":0,"d":"0.00"},{"v":0.973029842,"d":"0.97"},{"v":375.5895188,"d":"375.59"},{"v":10.41048116,"d":"10.41"},0,"0_40301068_3431",{"v":266.231386224,"d":"266.23"},{"v":0,"d":"0.00"},{"v":10.41048116,"d":"10.41"},{"v":0,"d":"0.00"},"0_40301068_3431_190098","E",{"v":2.767528072,"d":"2.77"},{"v":0.0103951983696,"d":"0.01"},{"v":0.108219016781,"d":"0.11"}]
[4,403,40301,{"v":4588.188916,"d":"4,588.19"},62470,{"v":13.61539404,"d":"13.62"},"SR",102,40301161,{"v":74.2326338449999,"d":"74.23"},390,{"v":5.25375404,"d":"5.25"},{"v":0,"d":"0.00"},{"v":0.973029842,"d":"0.97"},{"v":379.4816382,"d":"379.48"},{"v":10.5183617999999,"d":"10.52"},0,"0_40301161_3450",{"v":66.5552137565999,"d":"66.56"},{"v":0,"d":"0.00"},{"v":10.5183617999999,"d":"10.52"},{"v":0,"d":"0.00"},"0_40301161_3450_190458","E",{"v":2.60139846e-06,"d":"0.00"},{"v":3.9086321e-08,"d":"0.00"},{"v":4.11124067e-07,"d":"0.00"}]
[4,405,40503,{"v":280.681771099999,"d":"280.68"},4259,{"v":15.17376773,"d":"15.17"},"ST",210,40503003,{"v":35.9698459649999,"d":"35.97"},768,{"v":21.35121737,"d":"21.35"},{"v":0,"d":"0.00"},{"v":0.955942851,"d":"0.96"},{"v":734.1641098,"d":"734.16"},{"v":33.8358901599999,"d":"33.84"},0,"0_40503003_3543",{"v":18.4976175532,"d":"18.50"},{"v":0,"d":"0.00"},{"v":33.8358901599999,"d":"33.84"},{"v":0,"d":"0.00"},"0_40503003_3543_190755","E",{"v":1.07810285682,"d":"1.08"},{"v":0.0582833358793,"d":"0.06"},{"v":1.97206855097,"d":"1.97"}]
[4,405,40510,{"v":2383.68514599999,"d":"2,383.69"},2314,{"v":0.970765793,"d":"0.97"},"M",410,40510000,{"v":2383.68514606999,"d":"2,383.69"},2314,{"v":0.970765793,"d":"0.97"},{"v":0,"d":"0.00"},{"v":0.921559671,"d":"0.92"},{"v":2132.489078,"d":"2,132.49"},{"v":181.5109219,"d":"181.51"},0,"0_40510000_3554",{"v":2092.40164397999,"d":"2,092.40"},{"v":0,"d":"0.00"},{"v":181.5109219,"d":"181.51"},{"v":0,"d":"0.00"},"0_40510000_3554_191223","F",{"v":3.75500271217,"d":"3.76"},{"v":1.79458983077E-3,"d":"0.00"},{"v":0.325737654615,"d":"0.33"}]
[4,406,40601,{"v":1286.257151,"d":"1,286.26"},7981,{"v":6.204824588,"d":"6.20"},"ST",210,40601003,{"v":123.70572821,"d":"123.71"},1520,{"v":12.28722406,"d":"12.29"},{"v":0,"d":"0.00"},{"v":0.955942851,"d":"0.96"},{"v":1453.033134,"d":"1,453.03"},{"v":66.96686594,"d":"66.97"},0,"0_40601003_3559",{"v":55.9800912015999,"d":"55.98"},{"v":0,"d":"0.00"},{"v":66.96686594,"d":"66.97"},{"v":0,"d":"0.00"},"0_40601003_3559_191416","E",{"v":0.119228923478,"d":"0.12"},{"v":0.00212984510955,"d":"0.00"},{"v":0.142629051924,"d":"0.14"}]
[4,406,40607,{"v":2781.24400699999,"d":"2,781.24"},2136,{"v":0.768001655,"d":"0.77"},"M",310,40607000,{"v":2781.24400740999,"d":"2,781.24"},2136,{"v":0.768001655,"d":"0.77"},{"v":0,"d":"0.00"},{"v":0.969116244,"d":"0.97"},{"v":2070.03229599999,"d":"2,070.03"},{"v":65.96770356,"d":"65.97"},0,"0_40607000_3567",{"v":2626.99818225999,"d":"2,627.00"},{"v":0,"d":"0.00"},{"v":65.96770356,"d":"65.97"},{"v":0,"d":"0.00"},"0_40607000_3567_191682","G",{"v":15.1609713403,"d":"15.16"},{"v":0.00577121500985,"d":"0.01"},{"v":0.380713800951,"d":"0.38"}]
[4,406,40614,{"v":2777.17574299999,"d":"2,777.18"},5544,{"v":1.996272658,"d":"2.00"},"ST",310,40614002,{"v":2420.0296011,"d":"2,420.03"},1575,{"v":0.650818486,"d":"0.65"},{"v":0,"d":"0.00"},{"v":0.969116244,"d":"0.97"},{"v":1526.35808399999,"d":"1,526.36"},{"v":48.64191625,"d":"48.64"},0,"0_40614002_3582",{"v":2327.77343542,"d":"2,327.77"},{"v":0,"d":"0.00"},{"v":48.64191625,"d":"48.64"},{"v":0,"d":"0.00"},"0_40614002_3582_192073","F",{"v":1.64962915241,"d":"1.65"},{"v":0.00070867255692,"d":"0.00"},{"v":0.0344711911624,"d":"0.03"}]
[4,406,40621,{"v":4873.11885799999,"d":"4,873.12"},2171,{"v":0.445505243,"d":"0.45"},"M",430,40621001,{"v":4732.09458375,"d":"4,732.09"},1317,{"v":0.278312273,"d":"0.28"},{"v":0,"d":"0.00"},{"v":0.905906425,"d":"0.91"},{"v":1193.07876099999,"d":"1,193.08"},{"v":123.921238599999,"d":"123.92"},0,"0_40621001_3594",{"v":4598.89177154,"d":"4,598.89"},{"v":0,"d":"0.00"},{"v":123.921238599999,"d":"123.92"},{"v":0,"d":"0.00"},"0_40621001_3594_192399","G",{"v":0.00197013239157,"d":"0.00"},{"v":4.28392858e-07,"d":"0.00"},{"v":5.3086973623e-05,"d":"0.00"}]
[4,406,40627,{"v":4552.17183199999,"d":"4,552.17"},2883,{"v":0.633324072,"d":"0.63"},"M",420,40627001,{"v":4383.66151199999,"d":"4,383.66"},1649,{"v":0.376169555,"d":"0.38"},{"v":0,"d":"0.00"},{"v":0.920429496,"d":"0.92"},{"v":1517.78823899999,"d":"1,517.79"},{"v":131.2117614,"d":"131.21"},0,"0_40627001_3602",{"v":4229.72062127,"d":"4,229.72"},{"v":0,"d":"0.00"},{"v":131.2117614,"d":"131.21"},{"v":0,"d":"0.00"},"0_40627001_3602_192701","F",{"v":0.0186715476047,"d":"0.02"},{"v":4.414369004e-06,"d":"0.00"},{"v":0.000579217132441,"d":"0.00"}]
[4,407,40704,{"v":19464.5260899999,"d":"19,464.53"},7677,{"v":0.394409808,"d":"0.39"},"M",410,40704001,{"v":180.935726679999,"d":"180.94"},698,{"v":3.857723473,"d":"3.86"},{"v":0,"d":"0.00"},{"v":0.921559671,"d":"0.92"},{"v":643.2486502,"d":"643.25"},{"v":54.75134982,"d":"54.75"},0,"0_40704001_3625",{"v":157.987549747,"d":"157.99"},{"v":0,"d":"0.00"},{"v":54.75134982,"d":"54.75"},{"v":0,"d":"0.00"},"0_40704001_3625_193060","E",{"v":0.159026600765,"d":"0.16"},{"v":1.00657679051E-3,"d":"0.00"},{"v":0.0551114379779,"d":"0.06"}]
[4,407,40704,{"v":19464.5260899999,"d":"19,464.53"},7677,{"v":0.394409808,"d":"0.39"},"M",410,40704007,{"v":2771.44274352999,"d":"2,771.44"},290,{"v":0.10463864,"d":"0.10"},{"v":0,"d":"0.00"},{"v":0.921559671,"d":"0.92"},{"v":267.252304499999,"d":"267.25"},{"v":22.74769548,"d":"22.75"},0,"0_40704007_3631",{"v":2714.29367451,"d":"2,714.29"},{"v":0,"d":"0.00"},{"v":22.74769548,"d":"22.75"},{"v":0,"d":"0.00"},"0_40704007_3631_193160","F",{"v":3.28389389482,"d":"3.28"},{"v":0.00120985209731,"d":"0.00"},{"v":0.0275213470854,"d":"0.03"}]
[4,407,40711,{"v":3246.06879799999,"d":"3,246.07"},9843,{"v":3.032283237,"d":"3.03"},"ST",102,40711002,{"v":253.810043495,"d":"253.81"},3191,{"v":12.57239452,"d":"12.57"},{"v":0,"d":"0.00"},{"v":0.973029842,"d":"0.97"},{"v":3104.93822399999,"d":"3,104.94"},{"v":86.0617756099999,"d":"86.06"},0,"0_40711002_3656",{"v":98.8484348514,"d":"98.85"},{"v":0,"d":"0.00"},{"v":86.0617756099999,"d":"86.06"},{"v":0,"d":"0.00"},"0_40711002_3656_193717","außerhalb GKL",{"v":12.3517429962,"d":"12.35"},{"v":0.124956384133,"d":"0.12"},{"v":10.7539682923,"d":"10.75"}]
[4,407,40713,{"v":2778.38270499999,"d":"2,778.38"},5211,{"v":1.875551554,"d":"1.88"}," ",102,40713001,{"v":1903.50213933999,"d":"1,903.50"},1990,{"v":1.045441431,"d":"1.05"},{"v":0,"d":"0.00"},{"v":0.973029842,"d":"0.97"},{"v":1936.329385,"d":"1,936.33"},{"v":53.67061532,"d":"53.67"},0,"0_40713001_3661",{"v":1782.95833025,"d":"1,782.96"},{"v":0,"d":"0.00"},{"v":53.67061532,"d":"53.67"},{"v":0,"d":"0.00"},"0_40713001_3661_193925","G",{"v":18.2745909219,"d":"18.27"},{"v":0.010249589467,"d":"0.01"},{"v":0.550101773471,"d":"0.55"}]
[4,407,40715,{"v":2101.62733799999,"d":"2,101.63"},1992,{"v":0.947836928,"d":"0.95"}," ",310,40715000,{"v":2101.62733762,"d":"2,101.63"},1992,{"v":0.947836928,"d":"0.95"},{"v":0,"d":"0.00"},{"v":0.969116244,"d":"0.97"},{"v":1930.479557,"d":"1,930.48"},{"v":61.52044265,"d":"61.52"},0,"0_40715000_3666",{"v":1944.12973153999,"d":"1,944.13"},{"v":0,"d":"0.00"},{"v":61.52044265,"d":"61.52"},{"v":0,"d":"0.00"},"0_40715000_3666_194069","G",{"v":143.901747110999,"d":"143.90"},{"v":0.0740185928832,"d":"0.07"},{"v":4.5536565985,"d":"4.55"}]
[4,407,40720,{"v":4775.226219,"d":"4,775.23"},7524,{"v":1.575632159,"d":"1.58"},"M",410,40720001,{"v":250.28659941,"d":"250.29"},1520,{"v":6.073037884,"d":"6.07"},{"v":0,"d":"0.00"},{"v":0.921559671,"d":"0.92"},{"v":1400.7707,"d":"1,400.77"},{"v":119.229300499999,"d":"119.23"},0,"0_40720001_3676",{"v":149.691067225,"d":"149.69"},{"v":0,"d":"0.00"},{"v":119.229300499999,"d":"119.23"},{"v":0,"d":"0.00"},"0_40720001_3676_194399","außerhalb GKL",{"v":0.620867777957,"d":"0.62"},{"v":0.0041476608422,"d":"0.00"},{"v":0.494522700927,"d":"0.49"}]
[4,408,40809,{"v":1697.19531299999,"d":"1,697.20"},2201,{"v":1.296845439,"d":"1.30"},"M",410,40809000,{"v":193.12243297,"d":"193.12"},1704,{"v":8.823418252,"d":"8.82"},{"v":0,"d":"0.00"},{"v":0.921559671,"d":"0.92"},{"v":1570.33767899999,"d":"1,570.34"},{"v":133.6623211,"d":"133.66"},0,"0_40809000_3696",{"v":83.7334365548999,"d":"83.73"},{"v":0,"d":"0.00"},{"v":133.6623211,"d":"133.66"},{"v":0,"d":"0.00"},"0_40809000_3696_194944","D",{"v":1.19660020291,"d":"1.20"},{"v":0.0142905899022,"d":"0.01"},{"v":1.91011341622,"d":"1.91"}]
[4,408,40812,{"v":2670.508286,"d":"2,670.51"},2509,{"v":0.939521518,"d":"0.94"}," ",420,40812000,{"v":285.715270825,"d":"285.72"},1368,{"v":4.787983492,"d":"4.79"},{"v":0,"d":"0.00"},{"v":0.920429496,"d":"0.92"},{"v":1259.14754999999,"d":"1,259.15"},{"v":108.852449699999,"d":"108.85"},0,"0_40812000_3700",{"v":187.788968256999,"d":"187.79"},{"v":0,"d":"0.00"},{"v":108.852449699999,"d":"108.85"},{"v":0,"d":"0.00"},"0_40812000_3700_195056","außerhalb GKL",{"v":6.0749195273,"d":"6.07"},{"v":0.0323497145955,"d":"0.03"},{"v":3.52134568082,"d":"3.52"}]
[4,408,40827,{"v":1982.89597699999,"d":"1,982.90"},3050,{"v":1.538154313,"d":"1.54"},"M",210,40827000,{"v":663.64113438,"d":"663.64"},2395,{"v":3.608878166,"d":"3.61"},{"v":0,"d":"0.00"},{"v":0.955942851,"d":"0.96"},{"v":2289.483129,"d":"2,289.48"},{"v":105.516870999999,"d":"105.52"},0,"0_40827000_3717",{"v":500.705717479999,"d":"500.71"},{"v":0,"d":"0.00"},{"v":105.516870999999,"d":"105.52"},{"v":0,"d":"0.00"},"0_40827000_3717_195453","F",{"v":0.418847389616,"d":"0.42"},{"v":0.000836514093995,"d":"0.00"},{"v":0.0882663497458,"d":"0.09"}]
[4,408,40831,{"v":3424.03720999999,"d":"3,424.04"},3715,{"v":1.084976527,"d":"1.08"},"M",420,40831001,{"v":1574.4683588,"d":"1,574.47"},907,{"v":0.576067467,"d":"0.58"},{"v":0,"d":"0.00"},{"v":0.920429496,"d":"0.92"},{"v":834.8295527,"d":"834.83"},{"v":72.1704472699999,"d":"72.17"},0,"0_40831001_3723",{"v":1493.97928170999,"d":"1,493.98"},{"v":0,"d":"0.00"},{"v":72.1704472699999,"d":"72.17"},{"v":0,"d":"0.00"},"0_40831001_3723_195713","G",{"v":6.47168034079,"d":"6.47"},{"v":0.00433184075577,"d":"0.00"},{"v":0.312630884846,"d":"0.31"}]
[4,408,40833,{"v":1745.542104,"d":"1,745.54"},1688,{"v":0.967034823,"d":"0.97"}," ",410,40833000,{"v":1745.54210373,"d":"1,745.54"},1688,{"v":0.967034823,"d":"0.97"},{"v":0,"d":"0.00"},{"v":0.921559671,"d":"0.92"},{"v":1555.592724,"d":"1,555.59"},{"v":132.4072758,"d":"132.41"},0,"0_40833000_3727",{"v":1604.11701343999,"d":"1,604.12"},{"v":0,"d":"0.00"},{"v":132.4072758,"d":"132.41"},{"v":0,"d":"0.00"},"0_40833000_3727_195912","E",{"v":0.112596028358,"d":"0.11"},{"v":7.019190459e-05,"d":"0.00"},{"v":0.00929391886992,"d":"0.01"}]
[4,409,40907,{"v":4214.00405899999,"d":"4,214.00"},6697,{"v":1.589224857,"d":"1.59"},"M",410,40907004,{"v":2311.51010015,"d":"2,311.51"},1086,{"v":0.469822736,"d":"0.47"},{"v":0,"d":"0.00"},{"v":0.921559671,"d":"0.92"},{"v":1000.813802,"d":"1,000.81"},{"v":85.18619757,"d":"85.19"},0,"0_40907004_3747",{"v":2217.59844358999,"d":"2,217.60"},{"v":0,"d":"0.00"},{"v":85.18619757,"d":"85.19"},{"v":0,"d":"0.00"},"0_40907004_3747_196370","F",{"v":2.38756139306,"d":"2.39"},{"v":1.07664279796E-3,"d":"0.00"},{"v":0.0917151060993,"d":"0.09"}]
[4,409,40912,{"v":5469.581213,"d":"5,469.58"},5321,{"v":0.972834993,"d":"0.97"},"M",410,40912001,{"v":3095.94136011,"d":"3,095.94"},1984,{"v":0.640839011,"d":"0.64"},{"v":0,"d":"0.00"},{"v":0.921559671,"d":"0.92"},{"v":1828.374387,"d":"1,828.37"},{"v":155.6256132,"d":"155.63"},0,"0_40912001_3758",{"v":2801.84043547999,"d":"2,801.84"},{"v":0,"d":"0.00"},{"v":155.6256132,"d":"155.63"},{"v":0,"d":"0.00"},"0_40912001_3758_196677","außerhalb GKL",{"v":0.000772358987781,"d":"0.00"},{"v":2.75661304e-07,"d":"0.00"},{"v":4.2899959456e-05,"d":"0.00"}]
[4,409,40922,{"v":3155.833754,"d":"3,155.83"},2978,{"v":0.943649201,"d":"0.94"},"M",410,40922001,{"v":3007.27915055999,"d":"3,007.28"},1749,{"v":0.581588842,"d":"0.58"},{"v":0,"d":"0.00"},{"v":0.921559671,"d":"0.92"},{"v":1611.807864,"d":"1,611.81"},{"v":137.1921359,"d":"137.19"},0,"0_40922001_3773",{"v":2907.61886017999,"d":"2,907.62"},{"v":0,"d":"0.00"},{"v":137.1921359,"d":"137.19"},{"v":0,"d":"0.00"},"0_40922001_3773_197031","E",{"v":1.23660295848,"d":"1.24"},{"v":0.00042529747465,"d":"0.00"},{"v":0.0583474689401,"d":"0.06"}]
[4,410,41002,{"v":3133.01356799999,"d":"3,133.01"},17092,{"v":5.45545036,"d":"5.46"},"ST",101,41002021,{"v":1053.46627074,"d":"1,053.47"},420,{"v":0.398683861,"d":"0.40"},{"v":0,"d":"0.00"},{"v":0.965932983,"d":"0.97"},{"v":405.6918529,"d":"405.69"},{"v":14.30814713,"d":"14.31"},0,"0_41002021_3789",{"v":986.374711694999,"d":"986.37"},{"v":0,"d":"0.00"},{"v":14.30814713,"d":"14.31"},{"v":0,"d":"0.00"},"0_41002021_3789_197357","außerhalb GKL",{"v":0.00942386856154,"d":"0.01"},{"v":9.554045182e-06,"d":"0.00"},{"v":1.36700684145E-4,"d":"0.00"}]
[4,410,41007,{"v":1999.03097899999,"d":"1,999.03"},6209,{"v":3.106004891,"d":"3.11"},"M",310,41007000,{"v":122.27787675,"d":"122.28"},1550,{"v":12.67604608,"d":"12.68"},{"v":0,"d":"0.00"},{"v":0.969116244,"d":"0.97"},{"v":1502.13017799999,"d":"1,502.13"},{"v":47.8698223399999,"d":"47.87"},0,"0_41007000_3804",{"v":63.5702028767,"d":"63.57"},{"v":0,"d":"0.00"},{"v":47.8698223399999,"d":"47.87"},{"v":0,"d":"0.00"},"0_41007000_3804_197696","G",{"v":2.01948614134,"d":"2.02"},{"v":0.0317678102311,"d":"0.03"},{"v":1.52071943189,"d":"1.52"}]
[4,410,41007,{"v":1999.03097899999,"d":"1,999.03"},6209,{"v":3.106004891,"d":"3.11"},"M",310,41007001,{"v":340.545744664999,"d":"340.55"},428,{"v":1.25680619,"d":"1.26"},{"v":0,"d":"0.00"},{"v":0.969116244,"d":"0.97"},{"v":414.781752299999,"d":"414.78"},{"v":13.21824772,"d":"13.22"},0,"0_41007001_3805",{"v":287.573768201,"d":"287.57"},{"v":0,"d":"0.00"},{"v":13.21824772,"d":"13.22"},{"v":0,"d":"0.00"},"0_41007001_3805_197713","E",{"v":3.51099385501,"d":"3.51"},{"v":0.0122090198872,"d":"0.01"},{"v":0.161381849287,"d":"0.16"}]
[4,410,41012,{"v":2403.07490599999,"d":"2,403.07"},28929,{"v":12.03832637,"d":"12.04"},"ST",101,41012010,{"v":88.1682576008,"d":"88.17"},1491,{"v":16.9108479699999,"d":"16.91"},{"v":0,"d":"0.00"},{"v":0.965932983,"d":"0.97"},{"v":1440.20607799999,"d":"1,440.21"},{"v":50.7939223099999,"d":"50.79"},0,"0_41012010_3818",{"v":28.9465889067,"d":"28.95"},{"v":0,"d":"0.00"},{"v":50.7939223099999,"d":"50.79"},{"v":0,"d":"0.00"},"0_41012010_3818_198155","E",{"v":1.26092520228,"d":"1.26"},{"v":0.0435604072847,"d":"0.04"},{"v":2.21260394341,"d":"2.21"}]
[4,410,41012,{"v":2403.07490599999,"d":"2,403.07"},28929,{"v":12.03832637,"d":"12.04"},"ST",101,41012050,{"v":80.6817849198999,"d":"80.68"},869,{"v":10.7707086699999,"d":"10.77"},{"v":0,"d":"0.00"},{"v":0.965932983,"d":"0.97"},{"v":839.3957623,"d":"839.40"},{"v":29.6042377499999,"d":"29.60"},0,"0_41012050_3829",{"v":63.492111713,"d":"63.49"},{"v":0,"d":"0.00"},{"v":29.6042377499999,"d":"29.60"},{"v":0,"d":"0.00"},"0_41012050_3829_198370","C",{"v":0.182909012085,"d":"0.18"},{"v":0.00288081475242,"d":"0.00"},{"v":0.0852843248443,"d":"0.09"}]
[4,410,41017,{"v":1247.117592,"d":"1,247.12"},7629,{"v":6.117306056,"d":"6.12"}," ",101,41017000,{"v":682.98322943,"d":"682.98"},3001,{"v":4.393958549,"d":"4.39"},{"v":0,"d":"0.00"},{"v":0.965932983,"d":"0.97"},{"v":2898.76488199999,"d":"2,898.76"},{"v":102.2351179,"d":"102.24"},0,"0_41017000_3846",{"v":554.28498515,"d":"554.28"},{"v":0,"d":"0.00"},{"v":102.2351179,"d":"102.24"},{"v":0,"d":"0.00"},"0_41017000_3846_198920","E",{"v":11.2189396288999,"d":"11.22"},{"v":0.0202403816258,"d":"0.02"},{"v":2.06927780185,"d":"2.07"}]
[4,410,41018,{"v":1728.55722399999,"d":"1,728.56"},1875,{"v":1.084719657,"d":"1.08"}," ",310,41018000,{"v":1728.55722442,"d":"1,728.56"},1875,{"v":1.084719657,"d":"1.08"},{"v":0,"d":"0.00"},{"v":0.969116244,"d":"0.97"},{"v":1817.092957,"d":"1,817.09"},{"v":57.90704316,"d":"57.91"},0,"0_41018000_3851",{"v":1541.16528829,"d":"1,541.17"},{"v":0,"d":"0.00"},{"v":57.90704316,"d":"57.91"},{"v":0,"d":"0.00"},"0_41018000_3851_199027","D",{"v":3.95678759583,"d":"3.96"},{"v":0.00256739989273,"d":"0.00"},{"v":0.148670536397,"d":"0.15"}]
[4,410,41021,{"v":1548.79343799999,"d":"1,548.79"},24756,{"v":15.98405533,"d":"15.98"},"ST",101,41021020,{"v":44.06495481,"d":"44.06"},1330,{"v":30.18271562,"d":"30.18"},{"v":0,"d":"0.00"},{"v":0.965932983,"d":"0.97"},{"v":1284.690867,"d":"1,284.69"},{"v":45.30913257,"d":"45.31"},0,"0_41021020_3871",{"v":12.1337079224999,"d":"12.13"},{"v":0,"d":"0.00"},{"v":45.30913257,"d":"45.31"},{"v":0,"d":"0.00"},"0_41021020_3871_199429","F",{"v":0.0911192837292,"d":"0.09"},{"v":0.00750959923473,"d":"0.01"},{"v":0.340253427274,"d":"0.34"}]
[4,410,41022,{"v":2998.87870599999,"d":"2,998.88"},5919,{"v":1.973737714,"d":"1.97"},"M",310,41022000,{"v":1204.38164477999,"d":"1,204.38"},734,{"v":0.60944137,"d":"0.61"},{"v":0,"d":"0.00"},{"v":0.969116244,"d":"0.97"},{"v":711.331322799999,"d":"711.33"},{"v":22.66867716,"d":"22.67"},0,"0_41022000_3879",{"v":1130.00328648,"d":"1,130.00"},{"v":0,"d":"0.00"},{"v":22.66867716,"d":"22.67"},{"v":0,"d":"0.00"},"0_41022000_3879_199684","E",{"v":0.0725446438887,"d":"0.07"},{"v":6.4198613187e-05,"d":"0.00"},{"v":0.00145529763645,"d":"0.00"}]
[4,411,41104,{"v":3126.39723099999,"d":"3,126.40"},965,{"v":0.308661993,"d":"0.31"},"M",430,41104000,{"v":3126.39723142,"d":"3,126.40"},965,{"v":0.308661993,"d":"0.31"},{"v":0,"d":"0.00"},{"v":0.905906425,"d":"0.91"},{"v":874.1996999,"d":"874.20"},{"v":90.8003001,"d":"90.80"},0,"0_41104000_3886",{"v":3081.85237678,"d":"3,081.85"},{"v":0,"d":"0.00"},{"v":90.8003001,"d":"90.80"},{"v":0,"d":"0.00"},"0_41104000_3886_200014","G",{"v":18.2016080786,"d":"18.20"},{"v":0.00590606098324,"d":"0.01"},{"v":0.536272109687,"d":"0.54"}]
[4,411,41110,{"v":1687.348162,"d":"1,687.35"},4279,{"v":2.535931882,"d":"2.54"},"M",310,41110001,{"v":478.739424765,"d":"478.74"},1969,{"v":4.112884584,"d":"4.11"},{"v":0,"d":"0.00"},{"v":0.969116244,"d":"0.97"},{"v":1908.18988399999,"d":"1,908.19"},{"v":60.81011625,"d":"60.81"},0,"0_41110001_3899",{"v":349.372672059,"d":"349.37"},{"v":0,"d":"0.00"},{"v":60.81011625,"d":"60.81"},{"v":0,"d":"0.00"},"0_41110001_3899_200398","E",{"v":34.1610051218,"d":"34.16"},{"v":0.0977781259206,"d":"0.10"},{"v":5.94589920394,"d":"5.95"}]
[4,411,41115,{"v":4091.45471099999,"d":"4,091.45"},1694,{"v":0.414033668,"d":"0.41"},"M",430,41115000,{"v":4091.4547112,"d":"4,091.45"},1694,{"v":0.414033668,"d":"0.41"},{"v":0,"d":"0.00"},{"v":0.905906425,"d":"0.91"},{"v":1534.60548399999,"d":"1,534.61"},{"v":159.394516399999,"d":"159.39"},0,"0_41115000_3909",{"v":3918.2136721,"d":"3,918.21"},{"v":0,"d":"0.00"},{"v":159.394516399999,"d":"159.39"},{"v":0,"d":"0.00"},"0_41115000_3909_200671","G",{"v":30.6125886135,"d":"30.61"},{"v":0.00781289413374,"d":"0.01"},{"v":1.24533248213,"d":"1.25"}]
[4,411,41118,{"v":3263.4279,"d":"3,263.43"},4307,{"v":1.319777894,"d":"1.32"},"M",310,41118001,{"v":2538.52483273,"d":"2,538.52"},2193,{"v":0.863887551,"d":"0.86"},{"v":0,"d":"0.00"},{"v":0.969116244,"d":"0.97"},{"v":2125.27192199999,"d":"2,125.27"},{"v":67.72807767,"d":"67.73"},0,"0_41118001_3916",{"v":2367.02613779,"d":"2,367.03"},{"v":0,"d":"0.00"},{"v":67.72807767,"d":"67.73"},{"v":0,"d":"0.00"},"0_41118001_3916_200907","außerhalb GKL",{"v":4.08831661851,"d":"4.09"},{"v":0.00172719538379,"d":"0.00"},{"v":0.116979623105,"d":"0.12"}]
[4,412,41203,{"v":1597.00917099999,"d":"1,597.01"},3097,{"v":1.939249979,"d":"1.94"},"M",103,41203000,{"v":183.19980762,"d":"183.20"},1668,{"v":9.10481305399999,"d":"9.10"},{"v":0,"d":"0.00"},{"v":0.975480312,"d":"0.98"},{"v":1627.10115999999,"d":"1,627.10"},{"v":40.8988396399999,"d":"40.90"},0,"0_41203000_3934",{"v":95.6286338267999,"d":"95.63"},{"v":0,"d":"0.00"},{"v":40.8988396399999,"d":"40.90"},{"v":0,"d":"0.00"},"0_41203000_3934_201328","außerhalb GKL",{"v":4.7724872049,"d":"4.77"},{"v":0.0499064664413,"d":"0.05"},{"v":2.04111656798,"d":"2.04"}]
[4,412,41214,{"v":2220.91681599999,"d":"2,220.92"},2361,{"v":1.063074485,"d":"1.06"}," ",310,41214000,{"v":569.735016855,"d":"569.74"},623,{"v":1.093490801,"d":"1.09"},{"v":0,"d":"0.00"},{"v":0.969116244,"d":"0.97"},{"v":603.7594198,"d":"603.76"},{"v":19.24058021,"d":"19.24"},0,"0_41214000_3949",{"v":494.165959874,"d":"494.17"},{"v":0,"d":"0.00"},{"v":19.24058021,"d":"19.24"},{"v":0,"d":"0.00"},"0_41214000_3949_201672","G",{"v":0.00452817206869,"d":"0.00"},{"v":9.163261812e-06,"d":"0.00"},{"v":0.000176306473871,"d":"0.00"}]
[4,412,41214,{"v":2220.91681599999,"d":"2,220.92"},2361,{"v":1.063074485,"d":"1.06"}," ",310,41214001,{"v":1651.18179923999,"d":"1,651.18"},1738,{"v":1.052579432,"d":"1.05"},{"v":0,"d":"0.00"},{"v":0.969116244,"d":"0.97"},{"v":1684.324031,"d":"1,684.32"},{"v":53.67596854,"d":"53.68"},0,"0_41214001_3950",{"v":1545.18418922,"d":"1,545.18"},{"v":0,"d":"0.00"},{"v":53.67596854,"d":"53.68"},{"v":0,"d":"0.00"},"0_41214001_3950_201684","E",{"v":0.200960545619,"d":"0.20"},{"v":1.30056045759E-4,"d":"0.00"},{"v":0.0069808842206,"d":"0.01"}]
[4,412,41225,{"v":678.6224736,"d":"678.62"},12220,{"v":18.00706649,"d":"18.01"},"ST",103,41225014,{"v":40.1188244299999,"d":"40.12"},1340,{"v":33.40077929,"d":"33.40"},{"v":0,"d":"0.00"},{"v":0.975480312,"d":"0.98"},{"v":1307.143618,"d":"1,307.14"},{"v":32.85638197,"d":"32.86"},0,"0_41225014_3967",{"v":14.1524135018,"d":"14.15"},{"v":0,"d":"0.00"},{"v":32.85638197,"d":"32.86"},{"v":0,"d":"0.00"},"0_41225014_3967_202010","C",{"v":0.101235564059,"d":"0.10"},{"v":0.00715323672857,"d":"0.01"},{"v":0.235029478276,"d":"0.24"}]
[4,413,41304,{"v":2643.74102099999,"d":"2,643.74"},2250,{"v":0.85106672,"d":"0.85"},"M",420,41304000,{"v":110.21375245,"d":"110.21"},1122,{"v":10.18021776,"d":"10.18"},{"v":0,"d":"0.00"},{"v":0.920429496,"d":"0.92"},{"v":1032.721894,"d":"1,032.72"},{"v":89.27810567,"d":"89.28"},0,"0_41304000_3986",{"v":33.9882925435999,"d":"33.99"},{"v":0,"d":"0.00"},{"v":89.27810567,"d":"89.28"},{"v":0,"d":"0.00"},"0_41304000_3986_202385","G",{"v":0.41182490141,"d":"0.41"},{"v":0.0121166693173,"d":"0.01"},{"v":1.08175328368,"d":"1.08"}]
[4,413,41317,{"v":1746.54507699999,"d":"1,746.55"},1516,{"v":0.867999355,"d":"0.87"},"M",420,41317000,{"v":1746.54507684,"d":"1,746.55"},1516,{"v":0.867999355,"d":"0.87"},{"v":0,"d":"0.00"},{"v":0.920429496,"d":"0.92"},{"v":1395.371116,"d":"1,395.37"},{"v":120.628884299999,"d":"120.63"},0,"0_41317000_4000",{"v":1645.16848791,"d":"1,645.17"},{"v":0,"d":"0.00"},{"v":120.628884299999,"d":"120.63"},{"v":0,"d":"0.00"},"0_41317000_4000_202667","F",{"v":4.05445357537,"d":"4.05"},{"v":0.00246446099908,"d":"0.00"},{"v":0.29728518072,"d":"0.30"}]
[4,413,41334,{"v":2335.98085799999,"d":"2,335.98"},1746,{"v":0.747437632,"d":"0.75"},"M",420,41334000,{"v":2335.98085787999,"d":"2,335.98"},1746,{"v":0.747437632,"d":"0.75"},{"v":0,"d":"0.00"},{"v":0.920429496,"d":"0.92"},{"v":1607.06989999999,"d":"1,607.07"},{"v":138.930100299999,"d":"138.93"},0,"0_41334000_4017",{"v":2246.23261228,"d":"2,246.23"},{"v":0,"d":"0.00"},{"v":138.930100299999,"d":"138.93"},{"v":0,"d":"0.00"},"0_41334000_4017_203150","F",{"v":0.00635666097004,"d":"0.01"},{"v":2.829921058e-06,"d":"0.00"},{"v":0.000393161216392,"d":"0.00"}]
[4,413,41342,{"v":5689.78665699999,"d":"5,689.79"},2850,{"v":0.500897515,"d":"0.50"},"M",420,41342001,{"v":5081.85672201,"d":"5,081.86"},1190,{"v":0.234166382,"d":"0.23"},{"v":0,"d":"0.00"},{"v":0.920429496,"d":"0.92"},{"v":1095.31109999999,"d":"1,095.31"},{"v":94.68889995,"d":"94.69"},0,"0_41342001_4024",{"v":4959.39216595,"d":"4,959.39"},{"v":0,"d":"0.00"},{"v":94.68889995,"d":"94.69"},{"v":0,"d":"0.00"},"0_41342001_4024_203328","G",{"v":28.9080765124,"d":"28.91"},{"v":5.82895555445E-3,"d":"0.01"},{"v":0.551937389308,"d":"0.55"}]
[4,413,41345,{"v":2467.23584399999,"d":"2,467.24"},1541,{"v":0.624585608,"d":"0.62"}," ",320,41345000,{"v":1163.86816281999,"d":"1,163.87"},1040,{"v":0.893571998,"d":"0.89"},{"v":0,"d":"0.00"},{"v":0.974431631,"d":"0.97"},{"v":1013.408896,"d":"1,013.41"},{"v":26.5911037899999,"d":"26.59"},0,"0_41345000_4031",{"v":1128.58578372,"d":"1,128.59"},{"v":0,"d":"0.00"},{"v":26.5911037899999,"d":"26.59"},{"v":0,"d":"0.00"},"0_41345000_4031_203609","G",{"v":9.75672214387,"d":"9.76"},{"v":0.00864508687298,"d":"0.01"},{"v":0.229882402313,"d":"0.23"}]
[4,414,41413,{"v":2106.59024899999,"d":"2,106.59"},2532,{"v":1.201942334,"d":"1.20"},"M",420,41413000,{"v":272.497033069999,"d":"272.50"},1713,{"v":6.286306976,"d":"6.29"},{"v":0,"d":"0.00"},{"v":0.920429496,"d":"0.92"},{"v":1576.69572599999,"d":"1,576.70"},{"v":136.304273599999,"d":"136.30"},0,"0_41413000_4052",{"v":133.761311685999,"d":"133.76"},{"v":0,"d":"0.00"},{"v":136.304273599999,"d":"136.30"},{"v":0,"d":"0.00"},"0_41413000_4052_203985","außerhalb GKL",{"v":0.916786394683,"d":"0.92"},{"v":0.00685389806011,"d":"0.01"},{"v":0.934215596412,"d":"0.93"}]
[4,414,41422,{"v":395.901688499999,"d":"395.90"},5269,{"v":13.30885963,"d":"13.31"},"ST",220,41422004,{"v":32.2601265950999,"d":"32.26"},1270,{"v":39.36748346,"d":"39.37"},{"v":0,"d":"0.00"},{"v":0.975109986,"d":"0.98"},{"v":1238.38968199999,"d":"1,238.39"},{"v":31.6103175999999,"d":"31.61"},0,"0_41422004_4069",{"v":7.63075777555,"d":"7.63"},{"v":0,"d":"0.00"},{"v":31.6103175999999,"d":"31.61"},{"v":0,"d":"0.00"},"0_41422004_4069_204374","G",{"v":3.8084413072e-05,"d":"0.00"},{"v":4.990908399e-06,"d":"0.00"},{"v":0.0001577641996,"d":"0.00"}]
[4,415,41501,{"v":1718.49805399999,"d":"1,718.50"},1874,{"v":1.090487123,"d":"1.09"}," ",410,41501000,{"v":1718.49805437999,"d":"1,718.50"},1874,{"v":1.090487123,"d":"1.09"},{"v":0,"d":"0.00"},{"v":0.921559671,"d":"0.92"},{"v":1727.002823,"d":"1,727.00"},{"v":146.997176999999,"d":"147.00"},0,"0_41501000_4081",{"v":1586.05972793,"d":"1,586.06"},{"v":0,"d":"0.00"},{"v":146.997176999999,"d":"147.00"},{"v":0,"d":"0.00"},"0_41501000_4081_204642","außerhalb GKL",{"v":7.44376472882,"d":"7.44"},{"v":0.00469324363877,"d":"0.00"},{"v":0.689893565872,"d":"0.69"}]
[4,415,41506,{"v":5328.752121,"d":"5,328.75"},6640,{"v":1.246070346,"d":"1.25"},"M",102,41506001,{"v":192.93619942,"d":"192.94"},1970,{"v":10.2106292399999,"d":"10.21"},{"v":0,"d":"0.00"},{"v":0.973029842,"d":"0.97"},{"v":1916.86878799999,"d":"1,916.87"},{"v":53.13121215,"d":"53.13"},0,"0_41506001_4091",{"v":99.9291426765,"d":"99.93"},{"v":0,"d":"0.00"},{"v":53.13121215,"d":"53.13"},{"v":0,"d":"0.00"},"0_41506001_4091_204972","F",{"v":0.67607072366,"d":"0.68"},{"v":0.00676550108959,"d":"0.01"},{"v":0.359459273692,"d":"0.36"}]
[4,415,41507,{"v":10800.12447,"d":"10,800.12"},2677,{"v":0.247867514,"d":"0.25"}," ",430,41507000,{"v":510.87516118,"d":"510.88"},1493,{"v":2.922436073,"d":"2.92"},{"v":0,"d":"0.00"},{"v":0.905906425,"d":"0.91"},{"v":1352.51829199999,"d":"1,352.52"},{"v":140.4817078,"d":"140.48"},0,"0_41507000_4094",{"v":377.10449022,"d":"377.10"},{"v":0,"d":"0.00"},{"v":140.4817078,"d":"140.48"},{"v":0,"d":"0.00"},"0_41507000_4094_205087","G",{"v":0.096779422496,"d":"0.10"},{"v":0.000256638213031,"d":"0.00"},{"v":0.0360529744533,"d":"0.04"}]
[4,415,41518,{"v":2655.373477,"d":"2,655.37"},2230,{"v":0.839806535,"d":"0.84"}," ",410,41518000,{"v":1054.91948013999,"d":"1,054.92"},1495,{"v":1.417169773,"d":"1.42"},{"v":0,"d":"0.00"},{"v":0.921559671,"d":"0.92"},{"v":1377.731708,"d":"1,377.73"},{"v":117.2682922,"d":"117.27"},0,"0_41518000_4116",{"v":950.057397219999,"d":"950.06"},{"v":0,"d":"0.00"},{"v":117.2682922,"d":"117.27"},{"v":0,"d":"0.00"},"0_41518000_4116_205629","G",{"v":0.481500843839,"d":"0.48"},{"v":0.000506812372861,"d":"0.00"},{"v":0.0594330214312,"d":"0.06"}]
[4,416,41602,{"v":3631.57175,"d":"3,631.57"},4672,{"v":1.286495303,"d":"1.29"},"M",310,41602001,{"v":1557.20136352,"d":"1,557.20"},2085,{"v":1.338940518,"d":"1.34"},{"v":0,"d":"0.00"},{"v":0.969116244,"d":"0.97"},{"v":2020.60736799999,"d":"2,020.61"},{"v":64.3926319899999,"d":"64.39"},0,"0_41602001_4128",{"v":1380.82474056999,"d":"1,380.82"},{"v":0,"d":"0.00"},{"v":64.3926319899999,"d":"64.39"},{"v":0,"d":"0.00"},"0_41602001_4128_205902","außerhalb GKL",{"v":0.00309427581967,"d":"0.00"},{"v":2.240889614e-06,"d":"0.00"},{"v":1.44296780234E-4,"d":"0.00"}]
[4,416,41603,{"v":4038.90936899999,"d":"4,038.91"},4260,{"v":1.054740181,"d":"1.05"},"ST",410,41603001,{"v":3606.84317895,"d":"3,606.84"},1890,{"v":0.52400393,"d":"0.52"},{"v":0,"d":"0.00"},{"v":0.921559671,"d":"0.92"},{"v":1741.74777799999,"d":"1,741.75"},{"v":148.2522223,"d":"148.25"},0,"0_41603001_4130",{"v":3426.24277458999,"d":"3,426.24"},{"v":0,"d":"0.00"},{"v":148.2522223,"d":"148.25"},{"v":0,"d":"0.00"},"0_41603001_4130_205981","F",{"v":4.54961328185,"d":"4.55"},{"v":0.0013278724192,"d":"0.00"},{"v":0.196860037077,"d":"0.20"}]
[4,416,41606,{"v":3940.13084299999,"d":"3,940.13"},5395,{"v":1.369243869,"d":"1.37"},"M",310,41606001,{"v":944.689941474999,"d":"944.69"},1515,{"v":1.603700784,"d":"1.60"},{"v":0,"d":"0.00"},{"v":0.969116244,"d":"0.97"},{"v":1468.211109,"d":"1,468.21"},{"v":46.78889087,"d":"46.79"},0,"0_41606001_4138",{"v":751.155166463999,"d":"751.16"},{"v":0,"d":"0.00"},{"v":46.78889087,"d":"46.79"},{"v":0,"d":"0.00"},"0_41606001_4138_206361","F",{"v":4.40521514772,"d":"4.41"},{"v":0.00586458743066,"d":"0.01"},{"v":0.274397541291,"d":"0.27"}]
[4,416,41609,{"v":4023.16379499999,"d":"4,023.16"},5114,{"v":1.2711389,"d":"1.27"},"M",310,41609002,{"v":319.852268646,"d":"319.85"},1449,{"v":4.530216422,"d":"4.53"},{"v":0,"d":"0.00"},{"v":0.969116244,"d":"0.97"},{"v":1404.24943699999,"d":"1,404.25"},{"v":44.75056295,"d":"44.75"},0,"0_41609002_4147",{"v":221.042140389999,"d":"221.04"},{"v":0,"d":"0.00"},{"v":44.75056295,"d":"44.75"},{"v":0,"d":"0.00"},"0_41609002_4147_206638","außerhalb GKL",{"v":2.41647255309,"d":"2.42"},{"v":0.0109321803925,"d":"0.01"},{"v":0.489221226835,"d":"0.49"}]
[4,416,41617,{"v":1172.76011599999,"d":"1,172.76"},4738,{"v":4.040041893,"d":"4.04"},"M",310,41617002,{"v":662.294135074999,"d":"662.29"},1357,{"v":2.048938573,"d":"2.05"},{"v":0,"d":"0.00"},{"v":0.969116244,"d":"0.97"},{"v":1315.09074299999,"d":"1,315.09"},{"v":41.9092573699999,"d":"41.91"},0,"0_41617002_4160",{"v":575.956179381999,"d":"575.96"},{"v":0,"d":"0.00"},{"v":41.9092573699999,"d":"41.91"},{"v":0,"d":"0.00"},"0_41617002_4160_207126","F",{"v":0.00146176476042,"d":"0.00"},{"v":2.537979125e-06,"d":"0.00"},{"v":1.06364820366E-4,"d":"0.00"}]
[4,416,41622,{"v":2586.112911,"d":"2,586.11"},1579,{"v":0.610568855,"d":"0.61"},"M",310,41622000,{"v":2586.11291123999,"d":"2,586.11"},1579,{"v":0.610568855,"d":"0.61"},{"v":0,"d":"0.00"},{"v":0.969116244,"d":"0.97"},{"v":1530.234549,"d":"1,530.23"},{"v":48.76545128,"d":"48.77"},0,"0_41622000_4168",{"v":2433.93204684,"d":"2,433.93"},{"v":0,"d":"0.00"},{"v":48.76545128,"d":"48.77"},{"v":0,"d":"0.00"},"0_41622000_4168_207299","F",{"v":0.140864227759,"d":"0.14"},{"v":5.7875168677e-05,"d":"0.00"},{"v":0.00282230871844,"d":"0.00"}]
[4,416,41626,{"v":1532.27385099999,"d":"1,532.27"},4158,{"v":2.713614147,"d":"2.71"},"M",310,41626001,{"v":947.955782515,"d":"947.96"},1076,{"v":1.13507404,"d":"1.14"},{"v":0,"d":"0.00"},{"v":0.969116244,"d":"0.97"},{"v":1042.769078,"d":"1,042.77"},{"v":33.23092183,"d":"33.23"},0,"0_41626001_4175",{"v":853.729489705999,"d":"853.73"},{"v":0,"d":"0.00"},{"v":33.23092183,"d":"33.23"},{"v":0,"d":"0.00"},"0_41626001_4175_207625","D",{"v":8.27794271416,"d":"8.28"},{"v":0.00969621269263,"d":"0.01"},{"v":0.322214086036,"d":"0.32"}]
[4,416,41628,{"v":6321.753587,"d":"6,321.75"},2674,{"v":0.422983902,"d":"0.42"},"M",330,41628001,{"v":2793.87795988,"d":"2,793.88"},1339,{"v":0.479262165,"d":"0.48"},{"v":0,"d":"0.00"},{"v":0.990672016,"d":"0.99"},{"v":1326.509829,"d":"1,326.51"},{"v":12.49017051,"d":"12.49"},0,"0_41628001_4179",{"v":2642.41237547999,"d":"2,642.41"},{"v":0,"d":"0.00"},{"v":12.49017051,"d":"12.49"},{"v":0,"d":"0.00"},"0_41628001_4179_207839","G",{"v":12.117515428,"d":"12.12"},{"v":0.00458577757978,"d":"0.00"},{"v":0.0572771438924,"d":"0.06"}]
[4,417,41709,{"v":4855.12100999999,"d":"4,855.12"},4900,{"v":1.00924364,"d":"1.01"},"M",410,41709002,{"v":2453.87860941999,"d":"2,453.88"},1220,{"v":0.497172108,"d":"0.50"},{"v":0,"d":"0.00"},{"v":0.921559671,"d":"0.92"},{"v":1124.30279799999,"d":"1,124.30"},{"v":95.69720169,"d":"95.70"},0,"0_41709002_4198",{"v":2340.91104759,"d":"2,340.91"},{"v":0,"d":"0.00"},{"v":95.69720169,"d":"95.70"},{"v":0,"d":"0.00"},"0_41709002_4198_208286","F",{"v":14.3818661446,"d":"14.38"},{"v":0.00614370467404,"d":"0.01"},{"v":0.587935345315,"d":"0.59"}]
[4,417,41715,{"v":1659.42136299999,"d":"1,659.42"},3832,{"v":2.309238682,"d":"2.31"},"M",410,41715001,{"v":1618.00254083,"d":"1,618.00"},2337,{"v":1.444373504,"d":"1.44"},{"v":0,"d":"0.00"},{"v":0.921559671,"d":"0.92"},{"v":2153.684951,"d":"2,153.68"},{"v":183.315049499999,"d":"183.32"},0,"0_41715001_4212",{"v":1494.69958302999,"d":"1,494.70"},{"v":0,"d":"0.00"},{"v":183.315049499999,"d":"183.32"},{"v":0,"d":"0.00"},"0_41715001_4212_208604","außerhalb GKL",{"v":0.000377166689312,"d":"0.00"},{"v":2.52336117e-07,"d":"0.00"},{"v":4.6257007833e-05,"d":"0.00"}]
[4,417,41731,{"v":3392.709925,"d":"3,392.71"},6691,{"v":1.972169784,"d":"1.97"},"M",102,41731000,{"v":190.82932191,"d":"190.83"},721,{"v":3.77824536,"d":"3.78"},{"v":0,"d":"0.00"},{"v":0.973029842,"d":"0.97"},{"v":701.554515799999,"d":"701.55"},{"v":19.4454842399999,"d":"19.45"},0,"0_41731000_4231",{"v":138.320122948999,"d":"138.32"},{"v":0,"d":"0.00"},{"v":19.4454842399999,"d":"19.45"},{"v":0,"d":"0.00"},"0_41731000_4231_208943","F",{"v":1.2982288021,"d":"1.30"},{"v":0.00938568282345,"d":"0.01"},{"v":0.182509147425,"d":"0.18"}]
[4,417,41731,{"v":3392.709925,"d":"3,392.71"},6691,{"v":1.972169784,"d":"1.97"},"M",102,41731002,{"v":233.503898819999,"d":"233.50"},1321,{"v":5.657293119,"d":"5.66"},{"v":0,"d":"0.00"},{"v":0.973029842,"d":"0.97"},{"v":1285.372421,"d":"1,285.37"},{"v":35.62757931,"d":"35.63"},0,"0_41731002_4233",{"v":154.602256699,"d":"154.60"},{"v":0,"d":"0.00"},{"v":35.62757931,"d":"35.63"},{"v":0,"d":"0.00"},"0_41731002_4233_209063","G",{"v":4.0178094078,"d":"4.02"},{"v":0.0259880385551,"d":"0.03"},{"v":0.925890904733,"d":"0.93"}]
[4,417,41743,{"v":1813.162096,"d":"1,813.16"},5854,{"v":3.22861371,"d":"3.23"},"M",102,41743001,{"v":112.548689905,"d":"112.55"},1572,{"v":13.9672883,"d":"13.97"},{"v":0,"d":"0.00"},{"v":0.973029842,"d":"0.97"},{"v":1529.60291099999,"d":"1,529.60"},{"v":42.39708908,"d":"42.40"},0,"0_41743001_4260",{"v":46.1402469957999,"d":"46.14"},{"v":0,"d":"0.00"},{"v":42.39708908,"d":"42.40"},{"v":0,"d":"0.00"},"0_41743001_4260_209600","außerhalb GKL",{"v":2.96010520574,"d":"2.96"},{"v":0.064154515818,"d":"0.06"},{"v":2.71996472202,"d":"2.72"}]
[4,417,41743,{"v":1813.162096,"d":"1,813.16"},5854,{"v":3.22861371,"d":"3.23"},"M",102,41743002,{"v":754.310720684999,"d":"754.31"},808,{"v":1.071176609,"d":"1.07"},{"v":0,"d":"0.00"},{"v":0.973029842,"d":"0.97"},{"v":786.208112,"d":"786.21"},{"v":21.7918880299999,"d":"21.79"},0,"0_41743002_4261",{"v":716.376823272,"d":"716.38"},{"v":0,"d":"0.00"},{"v":21.7918880299999,"d":"21.79"},{"v":0,"d":"0.00"},"0_41743002_4261_209625","F",{"v":0.439737247352,"d":"0.44"},{"v":0.000613835111727,"d":"0.00"},{"v":0.0133766260236,"d":"0.01"}]
[4,417,41747,{"v":2743.83429699999,"d":"2,743.83"},5108,{"v":1.861628454,"d":"1.86"},"M",410,41747002,{"v":1570.86582733999,"d":"1,570.87"},1499,{"v":0.954250818,"d":"0.95"},{"v":0,"d":"0.00"},{"v":0.921559671,"d":"0.92"},{"v":1381.417946,"d":"1,381.42"},{"v":117.582053599999,"d":"117.58"},0,"0_41747002_4279",{"v":1434.74426446999,"d":"1,434.74"},{"v":0,"d":"0.00"},{"v":117.582053599999,"d":"117.58"},{"v":0,"d":"0.00"},"0_41747002_4279_210082","E",{"v":0.351126695181,"d":"0.35"},{"v":0.000244731206722,"d":"0.00"},{"v":0.0287759978664,"d":"0.03"}]
[4,418,41804,{"v":3213.99446099999,"d":"3,213.99"},4045,{"v":1.258558485,"d":"1.26"},"M",310,41804000,{"v":568.513037585,"d":"568.51"},1472,{"v":2.58921063,"d":"2.59"},{"v":0,"d":"0.00"},{"v":0.969116244,"d":"0.97"},{"v":1426.539111,"d":"1,426.54"},{"v":45.46088935,"d":"45.46"},0,"0_41804000_4290",{"v":450.293286263,"d":"450.29"},{"v":0,"d":"0.00"},{"v":45.46088935,"d":"45.46"},{"v":0,"d":"0.00"},"0_41804000_4290_210282","außerhalb GKL",{"v":0.33069527423,"d":"0.33"},{"v":0.000734399744163,"d":"0.00"},{"v":0.0333864655081,"d":"0.03"}]
[4,418,41808,{"v":3623.42779199999,"d":"3,623.43"},6280,{"v":1.733165489,"d":"1.73"},"M",102,41808002,{"v":2864.35595844999,"d":"2,864.36"},1721,{"v":0.600833145,"d":"0.60"},{"v":0,"d":"0.00"},{"v":0.973029842,"d":"0.97"},{"v":1674.58435699999,"d":"1,674.58"},{"v":46.4156426899999,"d":"46.42"},0,"0_41808002_4298",{"v":2645.69456434999,"d":"2,645.69"},{"v":0,"d":"0.00"},{"v":46.4156426899999,"d":"46.42"},{"v":0,"d":"0.00"},"0_41808002_4298_210541","F",{"v":0.387774098581,"d":"0.39"},{"v":0.000146567976442,"d":"0.00"},{"v":0.00680304682433,"d":"0.01"}]
[4,418,41812,{"v":2313.153702,"d":"2,313.15"},14070,{"v":6.082604882,"d":"6.08"},"ST",102,41812002,{"v":107.390607869999,"d":"107.39"},2289,{"v":21.31471313,"d":"21.31"},{"v":0,"d":"0.00"},{"v":0.973029842,"d":"0.97"},{"v":2227.265307,"d":"2,227.27"},{"v":61.73469269,"d":"61.73"},0,"0_41812002_4308",{"v":40.9713752783,"d":"40.97"},{"v":0,"d":"0.00"},{"v":61.73469269,"d":"61.73"},{"v":0,"d":"0.00"},"0_41812002_4308_210939","F",{"v":0.416634531439,"d":"0.42"},{"v":0.0101689174115,"d":"0.01"},{"v":0.627774991389,"d":"0.63"}]
[4,418,41817,{"v":2215.136872,"d":"2,215.14"},2706,{"v":1.221594943,"d":"1.22"},"M",410,41817001,{"v":2016.97578438999,"d":"2,016.98"},913,{"v":0.452657889,"d":"0.45"},{"v":0,"d":"0.00"},{"v":0.921559671,"d":"0.92"},{"v":841.3839794,"d":"841.38"},{"v":71.61602061,"d":"71.62"},0,"0_41817001_4321",{"v":1894.53194299999,"d":"1,894.53"},{"v":0,"d":"0.00"},{"v":71.61602061,"d":"71.62"},{"v":0,"d":"0.00"},"0_41817001_4321_211356","F",{"v":0.0755157009455,"d":"0.08"},{"v":3.9859819321e-05,"d":"0.00"},{"v":0.00285460164199,"d":"0.00"}]
[4,418,41822,{"v":2511.99029199999,"d":"2,511.99"},2268,{"v":0.902869731,"d":"0.90"}," ",310,41822000,{"v":2511.99029199999,"d":"2,511.99"},2268,{"v":0.902869731,"d":"0.90"},{"v":0,"d":"0.00"},{"v":0.969116244,"d":"0.97"},{"v":2197.955641,"d":"2,197.96"},{"v":70.0443594,"d":"70.04"},0,"0_41822000_4331",{"v":2310.20186643999,"d":"2,310.20"},{"v":0,"d":"0.00"},{"v":70.0443594,"d":"70.04"},{"v":0,"d":"0.00"},"0_41822000_4331_211596","F",{"v":0.0853971629257,"d":"0.09"},{"v":3.6965238478e-05,"d":"0.00"},{"v":0.00258920644927,"d":"0.00"}]
[5,503,50330,{"v":9888.516621,"d":"9,888.52"},3960,{"v":0.400464514,"d":"0.40"}," ",410,50330000,{"v":1610.88450190999,"d":"1,610.88"},2189,{"v":1.358880787,"d":"1.36"},{"v":0,"d":"0.00"},{"v":0.921559671,"d":"0.92"},{"v":2017.29411899999,"d":"2,017.29"},{"v":171.705880699999,"d":"171.71"},0,"0_50330000_4593",{"v":1429.24836144999,"d":"1,429.25"},{"v":0,"d":"0.00"},{"v":171.705880699999,"d":"171.71"},{"v":0,"d":"0.00"},"0_50330000_4593_211815","G",{"v":0.0166952453753,"d":"0.02"},{"v":1.1681136621E-5,"d":"0.00"},{"v":0.00200571985107,"d":"0.00"}]
[9,902,90201,{"v":1923.612609,"d":"1,923.61"},105848,{"v":55.0256322299999,"d":"55.03"},"SR",101,90201082,{"v":72.9303941901,"d":"72.93"},0,{"v":0,"d":"0.00"},{"v":0,"d":"0.00"},{"v":0.965932983,"d":"0.97"},{"v":0,"d":"0.00"},{"v":0,"d":"0.00"},0,"0_90201082_7128",{"v":67.3306568381999,"d":"67.33"},{"v":0,"d":"0.00"},{"v":0,"d":"0.00"},{"v":0,"d":"0.00"},"0_90201082_7128_212257","außerhalb GKL",{"v":8.73403216663,"d":"8.73"},{"v":0.129718505311,"d":"0.13"},{"v":0,"d":"0.00"}]
[9,909,90901,{"v":296.5855025,"d":"296.59"},41884,{"v":141.2206586,"d":"141.22"},"SR",101,90901057,{"v":7.94231696001,"d":"7.94"},268,{"v":33.74330203,"d":"33.74"},{"v":0,"d":"0.00"},{"v":0.965932983,"d":"0.97"},{"v":258.8700395,"d":"258.87"},{"v":9.129960548,"d":"9.13"},0,"0_90901057_7228",{"v":4.55422695144,"d":"4.55"},{"v":0,"d":"0.00"},{"v":9.129960548,"d":"9.13"},{"v":0,"d":"0.00"},"0_90901057_7228_212583","A",{"v":3.99851076461,"d":"4.00"},{"v":0.877977932862,"d":"0.88"},{"v":8.01590388904,"d":"8.02"}]
[9,910,91001,{"v":3181.213107,"d":"3,181.21"},207193,{"v":65.13018556,"d":"65.13"},"SR",101,91001170,{"v":402.630518354999,"d":"402.63"},926,{"v":2.299875339,"d":"2.30"},{"v":0,"d":"0.00"},{"v":0.965932983,"d":"0.97"},{"v":894.453942299999,"d":"894.45"},{"v":31.54605772,"d":"31.55"},0,"0_91001170_7274",{"v":353.073867683999,"d":"353.07"},{"v":0,"d":"0.00"},{"v":31.54605772,"d":"31.55"},{"v":0,"d":"0.00"},"0_91001170_7274_212834","außerhalb GKL",{"v":0.0979750957573,"d":"0.10"},{"v":0.00027749177927,"d":"0.00"},{"v":0.00875377168568,"d":"0.01"}]
[9,911,91101,{"v":2324.21232499999,"d":"2,324.21"},104434,{"v":44.9330721199999,"d":"44.93"},"SR",101,91101120,{"v":262.640512894999,"d":"262.64"},443,{"v":1.68671617,"d":"1.69"},{"v":0,"d":"0.00"},{"v":0.965932983,"d":"0.97"},{"v":427.9083115,"d":"427.91"},{"v":15.09168852,"d":"15.09"},0,"0_91101120_7319",{"v":189.194267333999,"d":"189.19"},{"v":0,"d":"0.00"},{"v":15.09168852,"d":"15.09"},{"v":0,"d":"0.00"},"0_91101120_7319_213240","außerhalb GKL",{"v":69.213904571,"d":"69.21"},{"v":0.365835104553,"d":"0.37"},{"v":5.5210694476,"d":"5.52"}]
[9,912,91201,{"v":809.8651974,"d":"809.87"},97078,{"v":119.8693317,"d":"119.87"},"SR",101,91201031,{"v":3.35454382003,"d":"3.35"},1159,{"v":345.501523399999,"d":"345.50"},{"v":0,"d":"0.00"},{"v":0.965932983,"d":"0.97"},{"v":1119.516327,"d":"1,119.52"},{"v":39.4836726699999,"d":"39.48"},0,"0_91201031_7330",{"v":0.516227129174,"d":"0.52"},{"v":0,"d":"0.00"},{"v":39.4836726699999,"d":"39.48"},{"v":0,"d":"0.00"},"0_91201031_7330_213293","A",{"v":0.277318387197,"d":"0.28"},{"v":0.53720227304,"d":"0.54"},{"v":21.2107187063,"d":"21.21"}]
[9,913,91301,{"v":3769.37288699999,"d":"3,769.37"},54040,{"v":14.3366022999999,"d":"14.34"},"SR",101,91301100,{"v":1320.9860807,"d":"1,320.99"},243,{"v":0.18395349,"d":"0.18"},{"v":0,"d":"0.00"},{"v":0.965932983,"d":"0.97"},{"v":234.721714899999,"d":"234.72"},{"v":8.278285124,"d":"8.28"},0,"0_91301100_7397",{"v":1319.9190696,"d":"1,319.92"},{"v":0,"d":"0.00"},{"v":8.278285124,"d":"8.28"},{"v":0,"d":"0.00"},"0_91301100_7397_213596","C",{"v":0.699757924237,"d":"0.70"},{"v":0.000530152143683,"d":"0.00"},{"v":0.00438875060451,"d":"0.00"}]
[9,915,91501,{"v":391.5952173,"d":"391.60"},76813,{"v":196.154080999999,"d":"196.15"},"SR",101,91501050,{"v":15.9331461049,"d":"15.93"},0,{"v":0,"d":"0.00"},{"v":0,"d":"0.00"},{"v":0.965932983,"d":"0.97"},{"v":0,"d":"0.00"},{"v":0,"d":"0.00"},0,"0_91501050_7468",{"v":14.1088266306999,"d":"14.11"},{"v":0,"d":"0.00"},{"v":0,"d":"0.00"},{"v":0,"d":"0.00"},"0_91501050_7468_214058","C",{"v":0.890691673621,"d":"0.89"},{"v":0.0631301026609,"d":"0.06"},{"v":0,"d":"0.00"}]
[9,917,91701,{"v":1138.395473,"d":"1,138.40"},57027,{"v":50.09419075,"d":"50.09"},"SR",101,91701061,{"v":323.108698689999,"d":"323.11"},1952,{"v":6.04131058,"d":"6.04"},{"v":0,"d":"0.00"},{"v":0.965932983,"d":"0.97"},{"v":1885.501183,"d":"1,885.50"},{"v":66.49881713,"d":"66.50"},0,"0_91701061_7511",{"v":271.721671483,"d":"271.72"},{"v":0,"d":"0.00"},{"v":66.49881713,"d":"66.50"},{"v":0,"d":"0.00"},"0_91701061_7511_214253","D",{"v":1.47965741068,"d":"1.48"},{"v":0.00544548913822,"d":"0.01"},{"v":0.362118586386,"d":"0.36"}]
[9,919,91901,{"v":2493.145121,"d":"2,493.15"},73901,{"v":29.64167604,"d":"29.64"},"SR",101,91901060,{"v":371.016363135,"d":"371.02"},1351,{"v":3.641348831,"d":"3.64"},{"v":0,"d":"0.00"},{"v":0.965932983,"d":"0.97"},{"v":1304.97546,"d":"1,304.98"},{"v":46.02453993,"d":"46.02"},0,"0_91901060_7545",{"v":279.998456214999,"d":"280.00"},{"v":0,"d":"0.00"},{"v":46.02453993,"d":"46.02"},{"v":0,"d":"0.00"},"0_91901060_7545_214567","außerhalb GKL",{"v":0.566960973409,"d":"0.57"},{"v":0.00202487178348,"d":"0.00"},{"v":0.0931937922519,"d":"0.09"}]
[9,920,92001,{"v":570.664948699999,"d":"570.66"},86368,{"v":151.346249999999,"d":"151.35"},"SR",101,92001064,{"v":8.97887291496,"d":"8.98"},0,{"v":0,"d":"0.00"},{"v":0,"d":"0.00"},{"v":0.965932983,"d":"0.97"},{"v":0,"d":"0.00"},{"v":0,"d":"0.00"},0,"0_92001064_7587",{"v":8.01442809988,"d":"8.01"},{"v":0,"d":"0.00"},{"v":0,"d":"0.00"},{"v":0,"d":"0.00"},"0_92001064_7587_214910","B",{"v":3.99481175969,"d":"3.99"},{"v":0.498452504646,"d":"0.50"},{"v":0,"d":"0.00"}]
[9,921,92101,{"v":4441.98805199999,"d":"4,441.99"},167968,{"v":37.81369919,"d":"37.81"},"SR",101,92101121,{"v":49.8399424449999,"d":"49.84"},2992,{"v":60.03217205,"d":"60.03"},{"v":0,"d":"0.00"},{"v":0.965932983,"d":"0.97"},{"v":2890.07148499999,"d":"2,890.07"},{"v":101.9285148,"d":"101.93"},0,"0_92101121_7624",{"v":8.29598596267,"d":"8.30"},{"v":0,"d":"0.00"},{"v":101.9285148,"d":"101.93"},{"v":0,"d":"0.00"},"0_92101121_7624_215240","B",{"v":0.00609338849966,"d":"0.01"},{"v":0.000734498410084,"d":"0.00"},{"v":0.0748663320628,"d":"0.07"}]
[9,921,92101,{"v":4441.98805199999,"d":"4,441.99"},167968,{"v":37.81369919,"d":"37.81"},"SR",101,92101270,{"v":83.4530428598999,"d":"83.45"},171,{"v":2.049056501,"d":"2.05"},{"v":0,"d":"0.00"},{"v":0.965932983,"d":"0.97"},{"v":165.1745401,"d":"165.17"},{"v":5.825459902,"d":"5.83"},0,"0_92101270_7661",{"v":54.2299842014,"d":"54.23"},{"v":0,"d":"0.00"},{"v":5.825459902,"d":"5.83"},{"v":0,"d":"0.00"},"0_92101270_7661_215536","F",{"v":1.65922243906,"d":"1.66"},{"v":0.0305960339745,"d":"0.03"},{"v":0.178235969079,"d":"0.18"}]
[9,922,92201,{"v":10224.20103,"d":"10,224.20"},195230,{"v":19.09489058,"d":"19.09"},"SR",101,92201070,{"v":384.420172514999,"d":"384.42"},4675,{"v":12.16117242,"d":"12.16"},{"v":0,"d":"0.00"},{"v":0.965932983,"d":"0.97"},{"v":4515.73669599999,"d":"4,515.74"},{"v":159.263304299999,"d":"159.26"},0,"0_92201070_7684",{"v":237.628585468,"d":"237.63"},{"v":0,"d":"0.00"},{"v":159.263304299999,"d":"159.26"},{"v":0,"d":"0.00"},"0_92201070_7684_215897","B",{"v":6.17372280526,"d":"6.17"},{"v":0.0259805561402,"d":"0.03"},{"v":4.13774921844,"d":"4.14"}]
[9,922,92201,{"v":10224.20103,"d":"10,224.20"},195230,{"v":19.09489058,"d":"19.09"},"SR",101,92201101,{"v":44.161688665,"d":"44.16"},1403,{"v":31.76961847,"d":"31.77"},{"v":0,"d":"0.00"},{"v":0.965932983,"d":"0.97"},{"v":1355.20397499999,"d":"1,355.20"},{"v":47.7960248099999,"d":"47.80"},0,"0_92201101_7699",{"v":6.70666651413,"d":"6.71"},{"v":0,"d":"0.00"},{"v":47.7960248099999,"d":"47.80"},{"v":0,"d":"0.00"},"0_92201101_7699_216045","E",{"v":0.0139545773168,"d":"0.01"},{"v":0.00208070243054,"d":"0.00"},{"v":0.0994493049923,"d":"0.10"}]
[9,923,92301,{"v":3204.284153,"d":"3,204.28"},110464,{"v":34.4738464799999,"d":"34.47"},"SR",101,92301013,{"v":9.97124570998,"d":"9.97"},1044,{"v":104.701060499999,"d":"104.70"},{"v":0,"d":"0.00"},{"v":0.965932983,"d":"0.97"},{"v":1008.43403399999,"d":"1,008.43"},{"v":35.56596572,"d":"35.57"},0,"0_92301013_7750",{"v":4.21491819244,"d":"4.21"},{"v":0,"d":"0.00"},{"v":35.56596572,"d":"35.57"},{"v":0,"d":"0.00"},"0_92301013_7750_216554","C",{"v":0.0299408018721,"d":"0.03"},{"v":0.00710353095958,"d":"0.01"},{"v":0.252643938599,"d":"0.25"}]
[9,923,92301,{"v":3204.284153,"d":"3,204.28"},110464,{"v":34.4738464799999,"d":"34.47"},"SR",101,92301080,{"v":45.1853499699999,"d":"45.19"},195,{"v":4.315558032,"d":"4.32"},{"v":0,"d":"0.00"},{"v":0.965932983,"d":"0.97"},{"v":188.356931699999,"d":"188.36"},{"v":6.64306831,"d":"6.64"},0,"0_92301080_7784",{"v":39.7285518744999,"d":"39.73"},{"v":0,"d":"0.00"},{"v":6.64306831,"d":"6.64"},{"v":0,"d":"0.00"},"0_92301080_7784_216810","C",{"v":12.9554039556,"d":"12.96"},{"v":0.326098066613,"d":"0.33"},{"v":2.16629173227,"d":"2.17"}]
[1,101,10101,{"v":4284.43524499999,"d":"4,284.44"},14816,{"v":3.458098711,"d":"3.46"},"SR",103,10101020,{"v":1017.28160391999,"d":"1,017.28"},3198,{"v":3.1436723,"d":"3.14"},{"v":85.6888051899999,"d":"85.69"},{"v":0.975480312,"d":"0.98"},{"v":3119.58603799999,"d":"3,119.59"},{"v":78.4139623399999,"d":"78.41"},1,"1_10101020_7834",{"v":0.103001932341,"d":"0.10"},{"v":1.20204654637E-3,"d":"0.00"},{"v":3.74988762308,"d":"3.75"},{"v":0.0842331217431,"d":"0.08"},"1_10101020_7834_217211","D",{"v":0.0688809550798,"d":"0.07"},{"v":0.66873459084,"d":"0.67"},{"v":2.50767956532,"d":"2.51"}]
[1,103,10312,{"v":4574.66330899999,"d":"4,574.66"},2885,{"v":0.630647505,"d":"0.63"},"ST",410,10312001,{"v":4556.64543548999,"d":"4,556.65"},2542,{"v":0.557866535,"d":"0.56"},{"v":205.1079357,"d":"205.11"},{"v":0.921559671,"d":"0.92"},{"v":2342.604683,"d":"2,342.60"},{"v":199.395317,"d":"199.40"},1,"1_10312001_7886",{"v":204.170435074,"d":"204.17"},{"v":0.995429232795,"d":"1.00"},{"v":2331.89718234,"d":"2,331.90"},{"v":0.0450129242233,"d":"0.05"},"1_10312001_7886_217541","G",{"v":6.21870907256,"d":"6.22"},{"v":0.0304584210261,"d":"0.03"},{"v":71.0259061693,"d":"71.03"}]
[1,106,10602,{"v":1656.92784099999,"d":"1,656.93"},2778,{"v":1.676596851,"d":"1.68"}," ",410,10602000,{"v":874.137803824999,"d":"874.14"},1945,{"v":2.225049633,"d":"2.23"},{"v":197.4882694,"d":"197.49"},{"v":0.921559671,"d":"0.92"},{"v":1792.43355999999,"d":"1,792.43"},{"v":152.5664404,"d":"152.57"},1,"1_10602000_8219",{"v":154.699864082,"d":"154.70"},{"v":0.783336977695,"d":"0.78"},{"v":1404.07948760999,"d":"1,404.08"},{"v":0.225923496886,"d":"0.23"},"1_10602000_8219_217829","F",{"v":0.0168299987582,"d":"0.02"},{"v":1.08791296347E-4,"d":"0.00"},{"v":0.152751627631,"d":"0.15"}]
[1,106,10602,{"v":1656.92784099999,"d":"1,656.93"},2778,{"v":1.676596851,"d":"1.68"}," ",410,10602001,{"v":782.790036875,"d":"782.79"},833,{"v":1.064142312,"d":"1.06"},{"v":131.2814169,"d":"131.28"},{"v":0.921559671,"d":"0.92"},{"v":767.6592057,"d":"767.66"},{"v":65.34079427,"d":"65.34"},1,"1_10602001_8241",{"v":72.8761620347,"d":"72.88"},{"v":0.555114072925,"d":"0.56"},{"v":426.138428293999,"d":"426.14"},{"v":0.16770961652,"d":"0.17"},"1_10602001_8241_217893","G",{"v":3.88886611893,"d":"3.89"},{"v":0.0533626635974,"d":"0.05"},{"v":22.739881595,"d":"22.74"}]
[1,106,10609,{"v":2461.50975699999,"d":"2,461.51"},2983,{"v":1.211857882,"d":"1.21"},"M",410,10609001,{"v":2438.16600183999,"d":"2,438.17"},2557,{"v":1.048739092,"d":"1.05"},{"v":263.889940599999,"d":"263.89"},{"v":0.921559671,"d":"0.92"},{"v":2356.42807799999,"d":"2,356.43"},{"v":200.5719219,"d":"200.57"},1,"1_10609001_8296",{"v":189.983107491999,"d":"189.98"},{"v":0.719933117041,"d":"0.72"},{"v":1696.47061127999,"d":"1,696.47"},{"v":0.108232967075,"d":"0.11"},"1_10609001_8296_218288","F",{"v":3.29786663479,"d":"3.30"},{"v":0.0173587361441,"d":"0.02"},{"v":29.4485857174,"d":"29.45"}]
[1,107,10701,{"v":4727.51361999999,"d":"4,727.51"},2280,{"v":0.482283116,"d":"0.48"},"M",430,10701002,{"v":2292.1082307,"d":"2,292.11"},663,{"v":0.289253357,"d":"0.29"},{"v":75.35592067,"d":"75.36"},{"v":0.905906425,"d":"0.91"},{"v":600.615959599999,"d":"600.62"},{"v":62.38404038,"d":"62.38"},1,"1_10701002_8355",{"v":69.2654312853999,"d":"69.27"},{"v":0.919177029085,"d":"0.92"},{"v":552.072393366,"d":"552.07"},{"v":0.0328762488877,"d":"0.03"},"1_10701002_8355_218554","G",{"v":31.6258362961,"d":"31.63"},{"v":0.456589033075,"d":"0.46"},{"v":252.070200274,"d":"252.07"}]
[1,107,10714,{"v":6066.60772699999,"d":"6,066.61"},1797,{"v":0.296211669,"d":"0.30"}," ",330,10714001,{"v":6041.42825784999,"d":"6,041.43"},1420,{"v":0.235043758,"d":"0.24"},{"v":150.315187699999,"d":"150.32"},{"v":0.990672016,"d":"0.99"},{"v":1406.754263,"d":"1,406.75"},{"v":13.24573721,"d":"13.25"},1,"1_10714001_8441",{"v":0.421496953496,"d":"0.42"},{"v":0.00280408759717,"d":"0.00"},{"v":3.94466218114,"d":"3.94"},{"v":0.0248807370185,"d":"0.02"},"1_10714001_8441_219053","außerhalb GKL",{"v":0.421496953496,"d":"0.42"},{"v":1,"d":"1.00"},{"v":3.94466218114,"d":"3.94"}]
[1,107,10719,{"v":3169.04195399999,"d":"3,169.04"},1369,{"v":0.431991756,"d":"0.43"},"M",430,10719000,{"v":3169.04195372999,"d":"3,169.04"},1369,{"v":0.431991756,"d":"0.43"},{"v":162.1671216,"d":"162.17"},{"v":0.905906425,"d":"0.91"},{"v":1240.18589599999,"d":"1,240.19"},{"v":128.8141045,"d":"128.81"},1,"1_10719000_8463",{"v":120.35652695,"d":"120.36"},{"v":0.742175884745,"d":"0.74"},{"v":920.436064611999,"d":"920.44"},{"v":0.0511722861255,"d":"0.05"},"1_10719000_8463_219211","E",{"v":0.72517026712,"d":"0.73"},{"v":6.02518438756E-3,"d":"0.01"},{"v":5.54579700625,"d":"5.55"}]
[3,301,30101,{"v":5170.152368,"d":"5,170.15"},25036,{"v":4.842410478,"d":"4.84"},"SR",103,30101040,{"v":150.444769509999,"d":"150.44"},1163,{"v":7.730411657,"d":"7.73"},{"v":26.9135870299999,"d":"26.91"},{"v":0.975480312,"d":"0.98"},{"v":1134.48360299999,"d":"1,134.48"},{"v":28.5163971799999,"d":"28.52"},1,"1_30101040_15497",{"v":0.149351530849,"d":"0.15"},{"v":0.00554929860083,"d":"0.01"},{"v":6.29558827079,"d":"6.30"},{"v":0.178893471123,"d":"0.18"},"1_30101040_15497_219512","außerhalb GKL",{"v":0.149351530849,"d":"0.15"},{"v":1,"d":"1.00"},{"v":6.29558827079,"d":"6.30"}]
[3,302,30201,{"v":10844.35726,"d":"10,844.36"},55514,{"v":5.11916001,"d":"5.12"},"SR",102,30201032,{"v":54.31966845,"d":"54.32"},3150,{"v":57.99004467,"d":"57.99"},{"v":41.25459209,"d":"41.25"},{"v":0.973029842,"d":"0.97"},{"v":3065.044001,"d":"3,065.04"},{"v":84.95599912,"d":"84.96"},1,"1_30201032_15576",{"v":40.8885306187,"d":"40.89"},{"v":0.991126770312,"d":"0.99"},{"v":3037.84716157999,"d":"3,037.85"},{"v":0.759477980393,"d":"0.76"},"1_30201032_15576_219868","C",{"v":0.932763630296,"d":"0.93"},{"v":0.0228123538846,"d":"0.02"},{"v":69.3004444973,"d":"69.30"}]
[3,302,30201,{"v":10844.35726,"d":"10,844.36"},55514,{"v":5.11916001,"d":"5.12"},"SR",102,30201071,{"v":554.219218354999,"d":"554.22"},972,{"v":1.753818648,"d":"1.75"},{"v":44.1284079899999,"d":"44.13"},{"v":0.973029842,"d":"0.97"},{"v":945.785005999999,"d":"945.79"},{"v":26.21499401,"d":"26.21"},1,"1_30201071_15621",{"v":14.2542720487,"d":"14.25"},{"v":0.323018044338,"d":"0.32"},{"v":305.505623001999,"d":"305.51"},{"v":0.0796226592809,"d":"0.08"},"1_30201071_15621_220198","E",{"v":6.14988991066,"d":"6.15"},{"v":0.431441878593,"d":"0.43"},{"v":131.807919908999,"d":"131.81"}]
[3,303,30301,{"v":13118.53484,"d":"13,118.53"},11222,{"v":0.855430895,"d":"0.86"},"SR",210,30301005,{"v":44.1738475949999,"d":"44.17"},558,{"v":12.63190848,"d":"12.63"},{"v":18.76557622,"d":"18.77"},{"v":0.955942851,"d":"0.96"},{"v":533.416111099999,"d":"533.42"},{"v":24.5838889499999,"d":"24.58"},1,"1_30301005_15694",{"v":11.3168229047,"d":"11.32"},{"v":0.603062904758,"d":"0.60"},{"v":321.683469404999,"d":"321.68"},{"v":0.424811902102,"d":"0.42"},"1_30301005_15694_220531","D",{"v":1.44377670508,"d":"1.44"},{"v":0.127577918046,"d":"0.13"},{"v":41.0397072964999,"d":"41.04"}]
[3,304,30401,{"v":6089.04783,"d":"6,089.05"},45823,{"v":7.525478741,"d":"7.53"},"SR",102,30401010,{"v":96.36881717,"d":"96.37"},3102,{"v":32.18883547,"d":"32.19"},{"v":96.36881717,"d":"96.37"},{"v":0.973029842,"d":"0.97"},{"v":3018.338568,"d":"3,018.34"},{"v":83.66143151,"d":"83.66"},1,"1_30401010_15860",{"v":96.3688171702,"d":"96.37"},{"v":1,"d":"1.00"},{"v":3102,"d":"3,102.00"},{"v":1,"d":"1.00"},"1_30401010_15860_220855","F",{"v":0.15550623547,"d":"0.16"},{"v":1.6136571978E-3,"d":"0.00"},{"v":5.00556462758,"d":"5.01"}]
[3,304,30401,{"v":6089.04783,"d":"6,089.05"},45823,{"v":7.525478741,"d":"7.53"},"SR",102,30401032,{"v":115.457488405,"d":"115.46"},1671,{"v":14.47285943,"d":"14.47"},{"v":72.9552093799999,"d":"72.96"},{"v":0.973029842,"d":"0.97"},{"v":1625.93286499999,"d":"1,625.93"},{"v":45.06713477,"d":"45.07"},1,"1_30401032_15884",{"v":21.1519316061,"d":"21.15"},{"v":0.289930380378,"d":"0.29"},{"v":471.407334019,"d":"471.41"},{"v":0.631879407632,"d":"0.63"},"1_30401032_15884_220990","F",{"v":0.138306234619,"d":"0.14"},{"v":0.00653870470057,"d":"0.01"},{"v":3.08239335083,"d":"3.08"}]
[3,305,30502,{"v":5191.69882799999,"d":"5,191.70"},23816,{"v":4.587323107,"d":"4.59"},"ST",103,30502030,{"v":637.903830285,"d":"637.90"},250,{"v":0.391908605,"d":"0.39"},{"v":14.29033751,"d":"14.29"},{"v":0.975480312,"d":"0.98"},{"v":243.870078,"d":"243.87"},{"v":6.129922009,"d":"6.13"},1,"1_30502030_16095",{"v":4.28624011635,"d":"4.29"},{"v":0.299939739936,"d":"0.30"},{"v":73.1463277735,"d":"73.15"},{"v":0.0224020249316,"d":"0.02"},"1_30502030_16095_221512","außerhalb GKL",{"v":0.401160826323,"d":"0.40"},{"v":0.0935927095621,"d":"0.09"},{"v":6.84596301084,"d":"6.85"}]
[3,305,30503,{"v":4690.61033899999,"d":"4,690.61"},3538,{"v":0.754272844,"d":"0.75"},"M",310,30503002,{"v":1234.96627203999,"d":"1,234.97"},732,{"v":0.592728738,"d":"0.59"},{"v":27.6638311299999,"d":"27.66"},{"v":0.969116244,"d":"0.97"},{"v":709.3930904,"d":"709.39"},{"v":22.6069096499999,"d":"22.61"},1,"1_30503002_16244",{"v":0.169764838731,"d":"0.17"},{"v":6.13670745506E-3,"d":"0.01"},{"v":4.35333786643,"d":"4.35"},{"v":0.0224004750221,"d":"0.02"},"1_30503002_16244_221805","außerhalb GKL",{"v":0.169764838731,"d":"0.17"},{"v":1,"d":"1.00"},{"v":4.35333786643,"d":"4.35"}]
[3,305,30504,{"v":3723.587027,"d":"3,723.59"},3822,{"v":1.026429615,"d":"1.03"},"M",410,30504001,{"v":1839.24232753999,"d":"1,839.24"},971,{"v":0.527934784,"d":"0.53"},{"v":95.0338843899999,"d":"95.03"},{"v":0.921559671,"d":"0.92"},{"v":894.834440299999,"d":"894.83"},{"v":76.1655597099999,"d":"76.17"},1,"1_30504001_16286",{"v":40.1358183006,"d":"40.14"},{"v":0.422331661578,"d":"0.42"},{"v":377.916916008999,"d":"377.92"},{"v":0.0516701268599,"d":"0.05"},"1_30504001_16286_221864","F",{"v":2.6470776951,"d":"2.65"},{"v":0.065953001762,"d":"0.07"},{"v":24.9247550274,"d":"24.92"}]
[3,305,30510,{"v":2097.49722199999,"d":"2,097.50"},1260,{"v":0.600715933,"d":"0.60"}," ",410,30510000,{"v":2097.49722191999,"d":"2,097.50"},1260,{"v":0.600715933,"d":"0.60"},{"v":165.0777371,"d":"165.08"},{"v":0.921559671,"d":"0.92"},{"v":1161.165185,"d":"1,161.17"},{"v":98.8348148599999,"d":"98.83"},1,"1_30510000_16586",{"v":0.433632311822,"d":"0.43"},{"v":0.00262683702503,"d":"0.00"},{"v":3.05019170013,"d":"3.05"},{"v":0.0787022434999,"d":"0.08"},"1_30510000_16586_222264","außerhalb GKL",{"v":0.433632311822,"d":"0.43"},{"v":1,"d":"1.00"},{"v":3.05019170013,"d":"3.05"}]
[3,305,30514,{"v":5499.878206,"d":"5,499.88"},5639,{"v":1.025295432,"d":"1.03"},"ST",410,30514002,{"v":1719.51389951999,"d":"1,719.51"},803,{"v":0.466992445,"d":"0.47"},{"v":49.5568292,"d":"49.56"},{"v":0.921559671,"d":"0.92"},{"v":740.0124156,"d":"740.01"},{"v":62.98758439,"d":"62.99"},1,"1_30514002_16764",{"v":1.38998659457,"d":"1.39"},{"v":0.0280483359611,"d":"0.03"},{"v":20.7561168481,"d":"20.76"},{"v":0.0288202550813,"d":"0.03"},"1_30514002_16764_222525","außerhalb GKL",{"v":1.38998659457,"d":"1.39"},{"v":1,"d":"1.00"},{"v":20.7561168481,"d":"20.76"}]
[3,305,30515,{"v":3193.451035,"d":"3,193.45"},3714,{"v":1.16300515,"d":"1.16"}," ",310,30515001,{"v":2557.03894046,"d":"2,557.04"},1687,{"v":0.659747481,"d":"0.66"},{"v":59.1747392099999,"d":"59.17"},{"v":0.969116244,"d":"0.97"},{"v":1634.89910299999,"d":"1,634.90"},{"v":52.10089696,"d":"52.10"},1,"1_30515001_17010",{"v":0.33626923481,"d":"0.34"},{"v":0.00568264836143,"d":"0.01"},{"v":9.29055670877,"d":"9.29"},{"v":0.0231418999037,"d":"0.02"},"1_30515001_17010_222851","außerhalb GKL",{"v":0.33626923481,"d":"0.34"},{"v":1,"d":"1.00"},{"v":9.29055670877,"d":"9.29"}]
[3,305,30529,{"v":2846.04619099999,"d":"2,846.05"},2627,{"v":0.923034914,"d":"0.92"}," ",410,30529000,{"v":1454.50359559,"d":"1,454.50"},1797,{"v":1.235473054,"d":"1.24"},{"v":129.7838615,"d":"129.78"},{"v":0.921559671,"d":"0.92"},{"v":1656.04272799999,"d":"1,656.04"},{"v":140.9572717,"d":"140.96"},1,"1_30529000_17311",{"v":0.195810906277,"d":"0.20"},{"v":1.50874618781E-3,"d":"0.00"},{"v":2.49854815272,"d":"2.50"},{"v":0.0892289726155,"d":"0.09"},"1_30529000_17311_223283","außerhalb GKL",{"v":0.157155102962,"d":"0.16"},{"v":0.802586055854,"d":"0.80"},{"v":2.00529990725,"d":"2.01"}]
[3,305,30530,{"v":5983.17349,"d":"5,983.17"},5193,{"v":0.86793405,"d":"0.87"},"M",410,30530004,{"v":2041.30037685999,"d":"2,041.30"},1012,{"v":0.495762413,"d":"0.50"},{"v":75.0041659299999,"d":"75.00"},{"v":0.921559671,"d":"0.92"},{"v":932.6183868,"d":"932.62"},{"v":79.3816132099999,"d":"79.38"},1,"1_30530004_17476",{"v":11.7713883416,"d":"11.77"},{"v":0.156943127034,"d":"0.16"},{"v":146.368045953999,"d":"146.37"},{"v":0.0367433263523,"d":"0.04"},"1_30530004_17476_223508","G",{"v":0.00792463438446,"d":"0.01"},{"v":6.73211532446E-4,"d":"0.00"},{"v":0.0985366565178,"d":"0.10"}]
[3,305,30532,{"v":3052.02494299999,"d":"3,052.02"},3440,{"v":1.12712054,"d":"1.13"},"M",410,30532001,{"v":2824.19045545,"d":"2,824.19"},1848,{"v":0.654346805,"d":"0.65"},{"v":117.991647299999,"d":"117.99"},{"v":0.921559671,"d":"0.92"},{"v":1703.04227199999,"d":"1,703.04"},{"v":144.9577285,"d":"144.96"},1,"1_30532001_17650",{"v":0.692710042665,"d":"0.69"},{"v":0.00587083966125,"d":"0.01"},{"v":9.99828811523999,"d":"10.00"},{"v":0.0417789271514,"d":"0.04"},"1_30532001_17650_223742","außerhalb GKL",{"v":0.692710042665,"d":"0.69"},{"v":1,"d":"1.00"},{"v":9.99828811523999,"d":"10.00"}]
[3,305,30541,{"v":1256.7898,"d":"1,256.79"},1762,{"v":1.401984644,"d":"1.40"}," ",103,30541000,{"v":786.222399255,"d":"786.22"},1399,{"v":1.779394738,"d":"1.78"},{"v":111.7925156,"d":"111.79"},{"v":0.975480312,"d":"0.98"},{"v":1364.696956,"d":"1,364.70"},{"v":34.3030435599999,"d":"34.30"},1,"1_30541000_17977",{"v":0.132439247744,"d":"0.13"},{"v":1.18468796442E-3,"d":"0.00"},{"v":1.61674005885,"d":"1.62"},{"v":0.142189431013,"d":"0.14"},"1_30541000_17977_224169","außerhalb GKL",{"v":0.0443343711438,"d":"0.04"},{"v":0.33475251407,"d":"0.33"},{"v":0.541207799298,"d":"0.54"}]
[3,305,30544,{"v":2146.299019,"d":"2,146.30"},1877,{"v":0.874528658,"d":"0.87"},"M",310,30544000,{"v":2146.29901891999,"d":"2,146.30"},1877,{"v":0.874528658,"d":"0.87"},{"v":69.40663352,"d":"69.41"},{"v":0.969116244,"d":"0.97"},{"v":1819.031189,"d":"1,819.03"},{"v":57.96881067,"d":"57.97"},1,"1_30544000_18236",{"v":0.660809461938,"d":"0.66"},{"v":0.00952084013335,"d":"0.01"},{"v":17.3187051479999,"d":"17.32"},{"v":0.0323378210157,"d":"0.03"},"1_30544000_18236_224507","außerhalb GKL",{"v":0.660809461938,"d":"0.66"},{"v":1,"d":"1.00"},{"v":17.3187051479999,"d":"17.32"}]
[3,306,30604,{"v":2688.27892599999,"d":"2,688.28"},25958,{"v":9.655992072,"d":"9.66"},"ST",101,30604001,{"v":19.5285971899999,"d":"19.53"},620,{"v":31.7483121799999,"d":"31.75"},{"v":10.18195656,"d":"10.18"},{"v":0.965932983,"d":"0.97"},{"v":598.878449499999,"d":"598.88"},{"v":21.12155052,"d":"21.12"},1,"1_30604001_18401",{"v":9.34404015066,"d":"9.34"},{"v":0.917705756806,"d":"0.92"},{"v":549.594200732999,"d":"549.59"},{"v":0.521386992672,"d":"0.52"},"1_30604001_18401_224826","B",{"v":2.109163624,"d":"2.11"},{"v":0.225722876828,"d":"0.23"},{"v":124.055984077,"d":"124.06"}]
[3,306,30605,{"v":1763.858017,"d":"1,763.86"},9046,{"v":5.128530706,"d":"5.13"},"ST",101,30605006,{"v":352.179112730999,"d":"352.18"},1148,{"v":3.259704958,"d":"3.26"},{"v":72.7194698899999,"d":"72.72"},{"v":0.965932983,"d":"0.97"},{"v":1108.891065,"d":"1,108.89"},{"v":39.10893548,"d":"39.11"},1,"1_30605006_18478",{"v":0.473920475536,"d":"0.47"},{"v":0.00651710575246,"d":"0.01"},{"v":7.22676033856,"d":"7.23"},{"v":0.206484334991,"d":"0.21"},"1_30605006_18478_225156","außerhalb GKL",{"v":0.473920475535,"d":"0.47"},{"v":0.999999999998,"d":"1.00"},{"v":7.22676033855,"d":"7.23"}]
[3,306,30605,{"v":1763.858017,"d":"1,763.86"},9046,{"v":5.128530706,"d":"5.13"},"ST",101,30605009,{"v":384.93646996,"d":"384.94"},709,{"v":1.841862373,"d":"1.84"},{"v":42.95382961,"d":"42.95"},{"v":0.965932983,"d":"0.97"},{"v":684.846485,"d":"684.85"},{"v":24.15351503,"d":"24.15"},1,"1_30605009_18493",{"v":26.9059093388999,"d":"26.91"},{"v":0.62639139707,"d":"0.63"},{"v":428.981946517999,"d":"428.98"},{"v":0.11158680188,"d":"0.11"},"1_30605009_18493_225220","G",{"v":7.84003861189,"d":"7.84"},{"v":0.291387238139,"d":"0.29"},{"v":124.999864607,"d":"125.00"}]
[3,306,30609,{"v":6415.032669,"d":"6,415.03"},863,{"v":0.134527764,"d":"0.13"}," ",310,30609000,{"v":6415.03266884,"d":"6,415.03"},863,{"v":0.134527764,"d":"0.13"},{"v":51.6096539999999,"d":"51.61"},{"v":0.969116244,"d":"0.97"},{"v":836.347318299999,"d":"836.35"},{"v":26.65268173,"d":"26.65"},1,"1_30609000_18580",{"v":0.668443850551,"d":"0.67"},{"v":0.012951914976,"d":"0.01"},{"v":10.832299357,"d":"10.83"},{"v":0.00804511164077,"d":"0.01"},"1_30609000_18580_225508","außerhalb GKL",{"v":0.668443850551,"d":"0.67"},{"v":1,"d":"1.00"},{"v":10.832299357,"d":"10.83"}]
[3,306,30626,{"v":3976.174496,"d":"3,976.17"},7231,{"v":1.818582159,"d":"1.82"},"M",310,30626002,{"v":1068.07982409999,"d":"1,068.08"},2232,{"v":2.08973145,"d":"2.09"},{"v":117.272236699999,"d":"117.27"},{"v":0.969116244,"d":"0.97"},{"v":2163.067456,"d":"2,163.07"},{"v":68.93254417,"d":"68.93"},1,"1_30626002_18728",{"v":59.0252190715999,"d":"59.03"},{"v":0.503317927009,"d":"0.50"},{"v":1088.71062793,"d":"1,088.71"},{"v":0.109797258645,"d":"0.11"},"1_30626002_18728_225985","außerhalb GKL",{"v":7.65550003359,"d":"7.66"},{"v":0.129698799157,"d":"0.13"},{"v":141.204461071999,"d":"141.20"}]
[3,306,30633,{"v":2018.95835699999,"d":"2,018.96"},1497,{"v":0.74147146,"d":"0.74"},"M",310,30633000,{"v":1040.55736202999,"d":"1,040.56"},561,{"v":0.539134141,"d":"0.54"},{"v":62.0578176799999,"d":"62.06"},{"v":0.969116244,"d":"0.97"},{"v":543.674212699999,"d":"543.67"},{"v":17.3257873099999,"d":"17.33"},1,"1_30633000_18773",{"v":62.0578176785,"d":"62.06"},{"v":0.999999999976,"d":"1.00"},{"v":543.674212687,"d":"543.67"},{"v":0.0596390164968,"d":"0.06"},"1_30633000_18773_226165","G",{"v":36.083724338,"d":"36.08"},{"v":0.581453323495,"d":"0.58"},{"v":316.121177864999,"d":"316.12"}]
[3,306,30641,{"v":1856.42073299999,"d":"1,856.42"},3709,{"v":1.997930713,"d":"2.00"},"M",310,30641001,{"v":1758.49723259999,"d":"1,758.50"},1730,{"v":0.983794554,"d":"0.98"},{"v":85.41936264,"d":"85.42"},{"v":0.969116244,"d":"0.97"},{"v":1676.571102,"d":"1,676.57"},{"v":53.42889848,"d":"53.43"},1,"1_30641001_18837",{"v":41.8461500514999,"d":"41.85"},{"v":0.489890684713,"d":"0.49"},{"v":821.336565128999,"d":"821.34"},{"v":0.0485752044737,"d":"0.05"},"1_30641001_18837_226494","außerhalb GKL",{"v":0.740863952,"d":"0.74"},{"v":0.0177044710466,"d":"0.02"},{"v":14.5413294368,"d":"14.54"}]
[3,307,30709,{"v":2539.32571999999,"d":"2,539.33"},2108,{"v":0.830141633,"d":"0.83"},"M",310,30709001,{"v":1258.67262621999,"d":"1,258.67"},555,{"v":0.440940709,"d":"0.44"},{"v":70.63105299,"d":"70.63"},{"v":0.969116244,"d":"0.97"},{"v":537.8595152,"d":"537.86"},{"v":17.14048477,"d":"17.14"},1,"1_30709001_18903",{"v":41.9956226134999,"d":"42.00"},{"v":0.594577325917,"d":"0.59"},{"v":319.799072266999,"d":"319.80"},{"v":0.0561155073358,"d":"0.06"},"1_30709001_18903_226822","F",{"v":0.971416503549,"d":"0.97"},{"v":0.0231313752028,"d":"0.02"},{"v":7.39739233012,"d":"7.40"}]
[3,307,30730,{"v":2503.48389399999,"d":"2,503.48"},5572,{"v":2.225698361,"d":"2.23"},"ST",310,30730000,{"v":521.963707525,"d":"521.96"},1732,{"v":3.318238366,"d":"3.32"},{"v":62.4448871299999,"d":"62.44"},{"v":0.969116244,"d":"0.97"},{"v":1678.509334,"d":"1,678.51"},{"v":53.4906659999999,"d":"53.49"},1,"1_30730000_18989",{"v":62.3877908025,"d":"62.39"},{"v":0.999085652483,"d":"1.00"},{"v":1676.97459316,"d":"1,676.97"},{"v":0.119634538244,"d":"0.12"},"1_30730000_18989_227259","außerhalb GKL",{"v":1.00222391615,"d":"1.00"},{"v":0.0160644238762,"d":"0.02"},{"v":26.9396306941,"d":"26.94"}]
[3,307,30733,{"v":596.3628604,"d":"596.36"},906,{"v":1.519209294,"d":"1.52"}," ",310,30733000,{"v":596.36286035,"d":"596.36"},906,{"v":1.519209294,"d":"1.52"},{"v":60.68060569,"d":"60.68"},{"v":0.969116244,"d":"0.97"},{"v":878.019316699999,"d":"878.02"},{"v":27.9806832499999,"d":"27.98"},1,"1_30733000_19033",{"v":60.6806056933999,"d":"60.68"},{"v":1.00000000006,"d":"1.00"},{"v":878.019316752999,"d":"878.02"},{"v":0.101751148042,"d":"0.10"},"1_30733000_19033_227479","F",{"v":24.3262807284,"d":"24.33"},{"v":0.400890539084,"d":"0.40"},{"v":351.989637218999,"d":"351.99"}]
[3,307,30740,{"v":4483.231624,"d":"4,483.23"},19570,{"v":4.36515479,"d":"4.37"},"ST",101,30740032,{"v":823.586665509999,"d":"823.59"},1155,{"v":1.402402502,"d":"1.40"},{"v":45.87622134,"d":"45.88"},{"v":0.965932983,"d":"0.97"},{"v":1115.652595,"d":"1,115.65"},{"v":39.3474045999999,"d":"39.35"},1,"1_30740032_19082",{"v":41.9047255795,"d":"41.90"},{"v":0.913430190096,"d":"0.91"},{"v":1019.07076193,"d":"1,019.07"},{"v":0.0557029675943,"d":"0.06"},"1_30740032_19082_227809","E",{"v":0.0186204645686,"d":"0.02"},{"v":0.000444352380575,"d":"0.00"},{"v":0.452826519038,"d":"0.45"}]
[3,308,30805,{"v":2545.10858,"d":"2,545.11"},1683,{"v":0.661268448,"d":"0.66"},"M",310,30805000,{"v":1810.15752870999,"d":"1,810.16"},1243,{"v":0.686680568,"d":"0.69"},{"v":138.648943699999,"d":"138.65"},{"v":0.969116244,"d":"0.97"},{"v":1204.61149099999,"d":"1,204.61"},{"v":38.3885091399999,"d":"38.39"},1,"1_30805000_19106",{"v":138.648943715999,"d":"138.65"},{"v":1.00000000012,"d":"1.00"},{"v":1204.61149113999,"d":"1,204.61"},{"v":0.0765949601076,"d":"0.08"},"1_30805000_19106_227972","F",{"v":2.42418935309,"d":"2.42"},{"v":0.0174843694306,"d":"0.02"},{"v":21.0618723314,"d":"21.06"}]
[3,308,30826,{"v":2208.37490299999,"d":"2,208.37"},1253,{"v":0.567385546,"d":"0.57"}," ",320,30826002,{"v":378.802481484999,"d":"378.80"},157,{"v":0.414464022,"d":"0.41"},{"v":32.29127201,"d":"32.29"},{"v":0.974431631,"d":"0.97"},{"v":152.9857661,"d":"152.99"},{"v":4.014233937,"d":"4.01"},1,"1_30826002_19181",{"v":0.140994805231,"d":"0.14"},{"v":4.36634410646E-3,"d":"0.00"},{"v":0.667988498183,"d":"0.67"},{"v":0.0852456717902,"d":"0.09"},"1_30826002_19181_228466","F",{"v":0.00897903257927,"d":"0.01"},{"v":0.0636834283686,"d":"0.06"},{"v":0.0425397976751,"d":"0.04"}]
[3,308,30842,{"v":2691.38061699999,"d":"2,691.38"},1699,{"v":0.631274517,"d":"0.63"},"M",310,30842000,{"v":2691.38061715999,"d":"2,691.38"},1699,{"v":0.631274517,"d":"0.63"},{"v":167.994923099999,"d":"167.99"},{"v":0.969116244,"d":"0.97"},{"v":1646.52849799999,"d":"1,646.53"},{"v":52.4715020399999,"d":"52.47"},1,"1_30842000_19236",{"v":109.146927214,"d":"109.15"},{"v":0.649703724374,"d":"0.65"},{"v":1069.75569743999,"d":"1,069.76"},{"v":0.0624196079993,"d":"0.06"},"1_30842000_19236_228737","außerhalb GKL",{"v":10.1757634144,"d":"10.18"},{"v":0.0932299577655,"d":"0.09"},{"v":99.7332784917,"d":"99.73"}]
[3,309,30902,{"v":803.8603652,"d":"803.86"},1108,{"v":1.378348838,"d":"1.38"},"M",420,30902000,{"v":647.291541534999,"d":"647.29"},379,{"v":0.585516689,"d":"0.59"},{"v":49.12332482,"d":"49.12"},{"v":0.920429496,"d":"0.92"},{"v":348.842778899999,"d":"348.84"},{"v":30.1572210799999,"d":"30.16"},1,"1_30902000_19312",{"v":1.01889794483,"d":"1.02"},{"v":0.0207416323827,"d":"0.02"},{"v":7.2355686793,"d":"7.24"},{"v":0.0758905712,"d":"0.08"},"1_30902000_19312_229127","G",{"v":0.187713673527,"d":"0.19"},{"v":0.184232066106,"d":"0.18"},{"v":1.33302376724,"d":"1.33"}]
[3,309,30903,{"v":3670.129827,"d":"3,670.13"},1512,{"v":0.411974527,"d":"0.41"},"M",420,30903004,{"v":688.993317625,"d":"688.99"},160,{"v":0.232222862,"d":"0.23"},{"v":10.6652758,"d":"10.67"},{"v":0.920429496,"d":"0.92"},{"v":147.268719299999,"d":"147.27"},{"v":12.73128067,"d":"12.73"},1,"1_30903004_19337",{"v":9.84449547346999,"d":"9.84"},{"v":0.923041809521,"d":"0.92"},{"v":135.935185149,"d":"135.94"},{"v":0.015479505428,"d":"0.02"},"1_30903004_19337_229196","G",{"v":9.55178673742,"d":"9.55"},{"v":0.970266761071,"d":"0.97"},{"v":131.893391809999,"d":"131.89"}]
[3,309,30912,{"v":4195.13399399999,"d":"4,195.13"},1209,{"v":0.288191033,"d":"0.29"},"M",420,30912000,{"v":1019.9289141,"d":"1,019.93"},434,{"v":0.425519851,"d":"0.43"},{"v":66.1968459699999,"d":"66.20"},{"v":0.920429496,"d":"0.92"},{"v":399.4664012,"d":"399.47"},{"v":34.53359881,"d":"34.53"},1,"1_30912000_19482",{"v":0.57141716832,"d":"0.57"},{"v":0.00863209054672,"d":"0.01"},{"v":3.44823014553,"d":"3.45"},{"v":0.064903391849,"d":"0.06"},"1_30912000_19482_229479","außerhalb GKL",{"v":0.57141716832,"d":"0.57"},{"v":1,"d":"1.00"},{"v":3.44823014553,"d":"3.45"}]
[3,309,30935,{"v":6081.32012099999,"d":"6,081.32"},5383,{"v":0.885169649,"d":"0.89"},"ST",420,30935006,{"v":639.22399307,"d":"639.22"},133,{"v":0.208064781,"d":"0.21"},{"v":1.038905703,"d":"1.04"},{"v":0.920429496,"d":"0.92"},{"v":122.417122899999,"d":"122.42"},{"v":10.58287705,"d":"10.58"},1,"1_30935006_19723",{"v":1.03890570255,"d":"1.04"},{"v":0.999999999567,"d":"1.00"},{"v":122.417122847,"d":"122.42"},{"v":0.00162526080726,"d":"0.00"},"1_30935006_19723_229961","außerhalb GKL",{"v":1.03890570255,"d":"1.04"},{"v":1,"d":"1.00"},{"v":122.417122847,"d":"122.42"}]
[3,309,30942,{"v":5266.14427199999,"d":"5,266.14"},2645,{"v":0.502265009,"d":"0.50"},"ST",420,30942005,{"v":1123.85296883,"d":"1,123.85"},303,{"v":0.269608221,"d":"0.27"},{"v":31.9595726599999,"d":"31.96"},{"v":0.920429496,"d":"0.92"},{"v":278.8901372,"d":"278.89"},{"v":24.1098627599999,"d":"24.11"},1,"1_30942005_19863",{"v":5.54885514438,"d":"5.55"},{"v":0.173621068198,"d":"0.17"},{"v":48.4212035306,"d":"48.42"},{"v":0.0284375034336,"d":"0.03"},"1_30942005_19863_230136","außerhalb GKL",{"v":5.54885514437,"d":"5.55"},{"v":0.999999999998,"d":"1.00"},{"v":48.4212035305,"d":"48.42"}]
[3,310,31022,{"v":15242.47019,"d":"15,242.47"},11882,{"v":0.779532441,"d":"0.78"},"ST",210,31022002,{"v":751.546706539999,"d":"751.55"},574,{"v":0.763758253,"d":"0.76"},{"v":86.2147216099999,"d":"86.21"},{"v":0.955942851,"d":"0.96"},{"v":548.711196699999,"d":"548.71"},{"v":25.28880332,"d":"25.29"},1,"1_31022002_19976",{"v":84.1328053617999,"d":"84.13"},{"v":0.975851963454,"d":"0.98"},{"v":535.460898669,"d":"535.46"},{"v":0.114716385369,"d":"0.11"},"1_31022002_19976_230466","D",{"v":0.429408685756,"d":"0.43"},{"v":0.00510393875385,"d":"0.01"},{"v":2.73295963189,"d":"2.73"}]
[3,310,31051,{"v":6389.077911,"d":"6,389.08"},2352,{"v":0.368128239,"d":"0.37"},"M",420,31051000,{"v":1100.51298231999,"d":"1,100.51"},751,{"v":0.682409033,"d":"0.68"},{"v":78.3212017999999,"d":"78.32"},{"v":0.920429496,"d":"0.92"},{"v":691.2425514,"d":"691.24"},{"v":59.7574486199999,"d":"59.76"},1,"1_31051000_20141",{"v":71.1977018048,"d":"71.20"},{"v":0.909047616335,"d":"0.91"},{"v":628.372393658999,"d":"628.37"},{"v":0.071167903567,"d":"0.07"},"1_31051000_20141_230980","außerhalb GKL",{"v":0.478836824996,"d":"0.48"},{"v":0.00672545339046,"d":"0.01"},{"v":4.22608924541,"d":"4.23"}]
[3,310,31053,{"v":4868.58793599999,"d":"4,868.59"},3380,{"v":0.694246472,"d":"0.69"},"M",310,31053001,{"v":239.032237509999,"d":"239.03"},231,{"v":0.966396844,"d":"0.97"},{"v":26.61293291,"d":"26.61"},{"v":0.969116244,"d":"0.97"},{"v":223.8658523,"d":"223.87"},{"v":7.134147717,"d":"7.13"},1,"1_31053001_20189",{"v":26.5418792476,"d":"26.54"},{"v":0.997330107785,"d":"1.00"},{"v":223.268154603999,"d":"223.27"},{"v":0.111336166147,"d":"0.11"},"1_31053001_20189_231123","außerhalb GKL",{"v":25.1368330612999,"d":"25.14"},{"v":0.947063048054,"d":"0.95"},{"v":211.449019033,"d":"211.45"}]
[3,311,31109,{"v":3925.655904,"d":"3,925.66"},6428,{"v":1.637433376,"d":"1.64"},"ST",220,31109001,{"v":115.919998015,"d":"115.92"},1816,{"v":15.6659767999999,"d":"15.67"},{"v":100.975968899999,"d":"100.98"},{"v":0.975109986,"d":"0.98"},{"v":1770.799735,"d":"1,770.80"},{"v":45.20026517,"d":"45.20"},1,"1_31109001_20304",{"v":100.975968941999,"d":"100.98"},{"v":1.00000000042,"d":"1.00"},{"v":1770.79973573999,"d":"1,770.80"},{"v":0.871083252494,"d":"0.87"},"1_31109001_20304_231439","F",{"v":8.452377715e-06,"d":"0.00"},{"v":8.3706825e-08,"d":"0.00"},{"v":0.000148228022781,"d":"0.00"}]
[3,311,31129,{"v":8711.95853999999,"d":"8,711.96"},1558,{"v":0.178834644,"d":"0.18"},"M",430,31129002,{"v":776.403124875,"d":"776.40"},129,{"v":0.1661508,"d":"0.17"},{"v":26.17872257,"d":"26.18"},{"v":0.905906425,"d":"0.91"},{"v":116.8619288,"d":"116.86"},{"v":12.1380712,"d":"12.14"},1,"1_31129002_20420",{"v":26.1787225702,"d":"26.18"},{"v":1.00000000001,"d":"1.00"},{"v":116.861928801,"d":"116.86"},{"v":0.0337179510634,"d":"0.03"},"1_31129002_20420_231780","F",{"v":10.3860762551,"d":"10.39"},{"v":0.396737320824,"d":"0.40"},{"v":46.3634885387999,"d":"46.36"}]
[3,312,31203,{"v":8072.082508,"d":"8,072.08"},3264,{"v":0.40435662,"d":"0.40"},"M",310,31203000,{"v":658.396073225,"d":"658.40"},1608,{"v":2.442298892,"d":"2.44"},{"v":125.5163765,"d":"125.52"},{"v":0.969116244,"d":"0.97"},{"v":1558.33891999999,"d":"1,558.34"},{"v":49.66108021,"d":"49.66"},1,"1_31203000_20467",{"v":119.409400203999,"d":"119.41"},{"v":0.951345183264,"d":"0.95"},{"v":1482.51822543,"d":"1,482.52"},{"v":0.190639618923,"d":"0.19"},"1_31203000_20467_231948","F",{"v":1.08825494876,"d":"1.09"},{"v":0.00911364554969,"d":"0.01"},{"v":13.5111456274999,"d":"13.51"}]
[3,312,31215,{"v":2788.695571,"d":"2,788.70"},1190,{"v":0.426722806,"d":"0.43"}," ",310,31215000,{"v":1183.77205189,"d":"1,183.77"},732,{"v":0.618362293,"d":"0.62"},{"v":77.9807473399999,"d":"77.98"},{"v":0.969116244,"d":"0.97"},{"v":709.3930904,"d":"709.39"},{"v":22.6069096499999,"d":"22.61"},1,"1_31215000_20580",{"v":67.0311314508,"d":"67.03"},{"v":0.859585650783,"d":"0.86"},{"v":609.784121271999,"d":"609.78"},{"v":0.0658748001488,"d":"0.07"},"1_31215000_20580_232437","außerhalb GKL",{"v":0.0176405140908,"d":"0.02"},{"v":2.63168974012E-4,"d":"0.00"},{"v":0.160476261564,"d":"0.16"}]
[3,312,31230,{"v":3744.06230599999,"d":"3,744.06"},16875,{"v":4.507136533,"d":"4.51"},"ST",103,31230015,{"v":404.626642339999,"d":"404.63"},1975,{"v":4.881042901,"d":"4.88"},{"v":68.52553172,"d":"68.53"},{"v":0.975480312,"d":"0.98"},{"v":1926.57361599999,"d":"1,926.57"},{"v":48.42638387,"d":"48.43"},1,"1_31230015_20649",{"v":57.9377094430999,"d":"57.94"},{"v":0.845490840988,"d":"0.85"},{"v":1628.90034682,"d":"1,628.90"},{"v":0.169354967146,"d":"0.17"},"1_31230015_20649_232767","D",{"v":6.70283306969,"d":"6.70"},{"v":0.115690335951,"d":"0.12"},{"v":188.448028354,"d":"188.45"}]
[3,312,31235,{"v":3524.24391199999,"d":"3,524.24"},11401,{"v":3.23502013,"d":"3.24"},"ST",310,31235005,{"v":265.466613339999,"d":"265.47"},890,{"v":3.352587313,"d":"3.35"},{"v":61.6270914199999,"d":"61.63"},{"v":0.969116244,"d":"0.97"},{"v":862.513456799999,"d":"862.51"},{"v":27.4865431499999,"d":"27.49"},1,"1_31235005_20697",{"v":60.9489457868999,"d":"60.95"},{"v":0.988995981841,"d":"0.99"},{"v":853.022343059,"d":"853.02"},{"v":0.232146297588,"d":"0.23"},"1_31235005_20697_232967","D",{"v":4.75992018253,"d":"4.76"},{"v":0.0780968418908,"d":"0.08"},{"v":66.6183510551999,"d":"66.62"}]
[3,313,31311,{"v":8073.01692399999,"d":"8,073.02"},3783,{"v":0.468598051,"d":"0.47"},"ST",410,31311007,{"v":2290.7007856,"d":"2,290.70"},294,{"v":0.128345003,"d":"0.13"},{"v":29.22383473,"d":"29.22"},{"v":0.921559671,"d":"0.92"},{"v":270.9385432,"d":"270.94"},{"v":23.0614567999999,"d":"23.06"},1,"1_31311007_20901",{"v":0.379951619709,"d":"0.38"},{"v":0.0130014292518,"d":"0.01"},{"v":3.522588301,"d":"3.52"},{"v":0.0127575958037,"d":"0.01"},"1_31311007_20901_233424","außerhalb GKL",{"v":0.379951619709,"d":"0.38"},{"v":1,"d":"1.00"},{"v":3.522588301,"d":"3.52"}]
[3,313,31322,{"v":6693.91576199999,"d":"6,693.92"},7548,{"v":1.127591124,"d":"1.13"},"ST",410,31322003,{"v":749.40714358,"d":"749.41"},1240,{"v":1.654641286,"d":"1.65"},{"v":90.8344690299999,"d":"90.83"},{"v":0.921559671,"d":"0.92"},{"v":1142.73399199999,"d":"1,142.73"},{"v":97.2660082799999,"d":"97.27"},1,"1_31322003_21123",{"v":88.7021956396,"d":"88.70"},{"v":0.976525724065,"d":"0.98"},{"v":1115.90913894999,"d":"1,115.91"},{"v":0.121208437641,"d":"0.12"},"1_31322003_21123_233732","D",{"v":13.8881898488,"d":"13.89"},{"v":0.156570981684,"d":"0.16"},{"v":174.718989356,"d":"174.72"}]
[3,313,31322,{"v":6693.91576199999,"d":"6,693.92"},7548,{"v":1.127591124,"d":"1.13"},"ST",410,31322007,{"v":1449.28943125999,"d":"1,449.29"},642,{"v":0.4429757,"d":"0.44"},{"v":65.59038997,"d":"65.59"},{"v":0.921559671,"d":"0.92"},{"v":591.6413086,"d":"591.64"},{"v":50.35869138,"d":"50.36"},1,"1_31322007_21157",{"v":53.4367192562,"d":"53.44"},{"v":0.814703484468,"d":"0.81"},{"v":482.012235671999,"d":"482.01"},{"v":0.0452569297445,"d":"0.05"},"1_31322007_21157_233776","außerhalb GKL",{"v":1.77360238033,"d":"1.77"},{"v":0.0331907049126,"d":"0.03"},{"v":15.9983258784999,"d":"16.00"}]
[3,313,31337,{"v":977.834065799999,"d":"977.83"},2110,{"v":2.157830325,"d":"2.16"}," ",103,31337000,{"v":977.83406575,"d":"977.83"},2110,{"v":2.157830325,"d":"2.16"},{"v":156.8758472,"d":"156.88"},{"v":0.975480312,"d":"0.98"},{"v":2058.26345799999,"d":"2,058.26"},{"v":51.73654175,"d":"51.74"},1,"1_31337000_21339",{"v":156.541385439,"d":"156.54"},{"v":0.997867984352,"d":"1.00"},{"v":2053.87520809999,"d":"2,053.88"},{"v":0.160431971737,"d":"0.16"},"1_31337000_21339_234191","F",{"v":0.573410700141,"d":"0.57"},{"v":0.00366299747848,"d":"0.00"},{"v":7.52333970838,"d":"7.52"}]
[3,313,31343,{"v":3475.30256899999,"d":"3,475.30"},1975,{"v":0.568295842,"d":"0.57"},"M",310,31343004,{"v":349.806023924999,"d":"349.81"},557,{"v":1.592311058,"d":"1.59"},{"v":38.21576916,"d":"38.22"},{"v":0.969116244,"d":"0.97"},{"v":539.797747699999,"d":"539.80"},{"v":17.20225229,"d":"17.20"},1,"1_31343004_21434",{"v":4.04846344265,"d":"4.05"},{"v":0.105936987051,"d":"0.11"},{"v":57.1845470083,"d":"57.18"},{"v":0.109248459278,"d":"0.11"},"1_31343004_21434_234437","G",{"v":0.120345856158,"d":"0.12"},{"v":0.0297263042788,"d":"0.03"},{"v":1.69988524441,"d":"1.70"}]
[3,314,31403,{"v":4469.367723,"d":"4,469.37"},3801,{"v":0.850455867,"d":"0.85"},"ST",430,31403003,{"v":3985.26598875999,"d":"3,985.27"},939,{"v":0.235617899,"d":"0.24"},{"v":102.3832503,"d":"102.38"},{"v":0.905906425,"d":"0.91"},{"v":850.646132899999,"d":"850.65"},{"v":88.35386714,"d":"88.35"},1,"1_31403003_21659",{"v":0.648563758655,"d":"0.65"},{"v":0.0063346666252,"d":"0.01"},{"v":5.38855966794,"d":"5.39"},{"v":0.0256904433954,"d":"0.03"},"1_31403003_21659_234956","außerhalb GKL",{"v":0.648563758655,"d":"0.65"},{"v":1,"d":"1.00"},{"v":5.38855966794,"d":"5.39"}]
[3,314,31404,{"v":5670.83933299999,"d":"5,670.84"},1502,{"v":0.26486379,"d":"0.26"},"M",430,31404000,{"v":3053.81388228,"d":"3,053.81"},1151,{"v":0.376905746,"d":"0.38"},{"v":157.463219199999,"d":"157.46"},{"v":0.905906425,"d":"0.91"},{"v":1042.69829499999,"d":"1,042.70"},{"v":108.3017051,"d":"108.30"},1,"1_31404000_21758",{"v":133.958198356999,"d":"133.96"},{"v":0.850726912847,"d":"0.85"},{"v":887.051501536,"d":"887.05"},{"v":0.0515628081049,"d":"0.05"},"1_31404000_21758_235094","außerhalb GKL",{"v":0.321225826573,"d":"0.32"},{"v":0.00239795570941,"d":"0.00"},{"v":2.12711021265,"d":"2.13"}]
[3,314,31409,{"v":5470.099422,"d":"5,470.10"},830,{"v":0.151733988,"d":"0.15"}," ",430,31409000,{"v":5470.09942150999,"d":"5,470.10"},830,{"v":0.151733988,"d":"0.15"},{"v":104.139072299999,"d":"104.14"},{"v":0.905906425,"d":"0.91"},{"v":751.9023326,"d":"751.90"},{"v":78.0976674399999,"d":"78.10"},1,"1_31409000_21954",{"v":0.472562116593,"d":"0.47"},{"v":0.00453779840896,"d":"0.00"},{"v":3.41198120857,"d":"3.41"},{"v":0.0190378755988,"d":"0.02"},"1_31409000_21954_235424","außerhalb GKL",{"v":0.472562116593,"d":"0.47"},{"v":1,"d":"1.00"},{"v":3.41198120857,"d":"3.41"}]
[3,314,31412,{"v":7819.925613,"d":"7,819.93"},3906,{"v":0.499493242,"d":"0.50"},"M",410,31412001,{"v":3344.53794529,"d":"3,344.54"},2038,{"v":0.609351735,"d":"0.61"},{"v":223.0386013,"d":"223.04"},{"v":0.921559671,"d":"0.92"},{"v":1878.138609,"d":"1,878.14"},{"v":159.861390999999,"d":"159.86"},1,"1_31412001_22098",{"v":12.5408591749,"d":"12.54"},{"v":0.0562273037125,"d":"0.06"},{"v":105.602669981999,"d":"105.60"},{"v":0.0666874183963,"d":"0.07"},"1_31412001_22098_235669","D",{"v":6.09229474222,"d":"6.09"},{"v":0.485795642647,"d":"0.49"},{"v":51.3013169290999,"d":"51.30"}]
[3,314,31414,{"v":14602.68864,"d":"14,602.69"},1913,{"v":0.131003273,"d":"0.13"},"M",430,31414001,{"v":14343.0971613,"d":"14,343.10"},822,{"v":0.057309798,"d":"0.06"},{"v":104.9309621,"d":"104.93"},{"v":0.905906425,"d":"0.91"},{"v":744.6550812,"d":"744.66"},{"v":77.34491884,"d":"77.34"},1,"1_31414001_22321",{"v":0.749487356762,"d":"0.75"},{"v":0.0071426711598,"d":"0.01"},{"v":5.31882637249,"d":"5.32"},{"v":0.0073157813072,"d":"0.01"},"1_31414001_22321_236081","G",{"v":0.00877963048398,"d":"0.01"},{"v":0.0117141809061,"d":"0.01"},{"v":0.0623056943355,"d":"0.06"}]
[3,315,31511,{"v":3963.32386899999,"d":"3,963.32"},1699,{"v":0.428680586,"d":"0.43"}," ",410,31511000,{"v":3963.32386872999,"d":"3,963.32"},1699,{"v":0.428680586,"d":"0.43"},{"v":180.674574699999,"d":"180.67"},{"v":0.921559671,"d":"0.92"},{"v":1565.72988099999,"d":"1,565.73"},{"v":133.270119399999,"d":"133.27"},1,"1_31511000_22564",{"v":95.1962447382999,"d":"95.20"},{"v":0.526893420927,"d":"0.53"},{"v":824.972773247999,"d":"824.97"},{"v":0.0455866289721,"d":"0.05"},"1_31511000_22564_236434","G",{"v":0.418141904117,"d":"0.42"},{"v":4.39242015551E-3,"d":"0.00"},{"v":3.62362703696,"d":"3.62"}]
[3,315,31520,{"v":1184.27200999999,"d":"1,184.27"},3807,{"v":3.214633098,"d":"3.21"},"M",410,31520000,{"v":72.09626715,"d":"72.10"},1275,{"v":17.68468813,"d":"17.68"},{"v":68.4848448099999,"d":"68.48"},{"v":0.921559671,"d":"0.92"},{"v":1174.98857999999,"d":"1,174.99"},{"v":100.011419799999,"d":"100.01"},1,"1_31520000_22717",{"v":68.4848448058999,"d":"68.48"},{"v":0.99999999994,"d":"1.00"},{"v":1174.98857993,"d":"1,174.99"},{"v":0.949908331142,"d":"0.95"},"1_31520000_22717_236738","außerhalb GKL",{"v":3.42101756191,"d":"3.42"},{"v":0.0499529139857,"d":"0.05"},{"v":58.6941034673999,"d":"58.69"}]
[3,315,31523,{"v":1216.590416,"d":"1,216.59"},911,{"v":0.748814053,"d":"0.75"},"M",420,31523000,{"v":1216.59041608,"d":"1,216.59"},911,{"v":0.748814053,"d":"0.75"},{"v":110.4416812,"d":"110.44"},{"v":0.920429496,"d":"0.92"},{"v":838.511270699999,"d":"838.51"},{"v":72.4887292899999,"d":"72.49"},1,"1_31523000_22789",{"v":31.3082177418,"d":"31.31"},{"v":0.283481901051,"d":"0.28"},{"v":237.702769071,"d":"237.70"},{"v":0.0907796738658,"d":"0.09"},"1_31523000_22789_236943","G",{"v":23.7567865269,"d":"23.76"},{"v":0.758803542342,"d":"0.76"},{"v":180.369703195999,"d":"180.37"}]
[3,315,31534,{"v":5898.551935,"d":"5,898.55"},2416,{"v":0.409592054,"d":"0.41"},"M",430,31534004,{"v":291.052690675,"d":"291.05"},60,{"v":0.20614824,"d":"0.21"},{"v":6.261626602,"d":"6.26"},{"v":0.905906425,"d":"0.91"},{"v":54.3543854899999,"d":"54.35"},{"v":5.645614514,"d":"5.65"},1,"1_31534004_22976",{"v":0.931066286503,"d":"0.93"},{"v":0.148693996893,"d":"0.15"},{"v":8.08217082717,"d":"8.08"},{"v":0.0215137217508,"d":"0.02"},"1_31534004_22976_237395","G",{"v":0.835924030714,"d":"0.84"},{"v":0.89781366035,"d":"0.90"},{"v":7.25628337392,"d":"7.26"}]
[3,315,31542,{"v":2848.395495,"d":"2,848.40"},953,{"v":0.334574325,"d":"0.33"},"M",410,31542000,{"v":948.001697745,"d":"948.00"},445,{"v":0.469408442,"d":"0.47"},{"v":61.92498391,"d":"61.92"},{"v":0.921559671,"d":"0.92"},{"v":410.094053499999,"d":"410.09"},{"v":34.90594652,"d":"34.91"},1,"1_31542000_23192",{"v":3.04484301977,"d":"3.04"},{"v":0.0491698637208,"d":"0.05"},{"v":20.1642687233,"d":"20.16"},{"v":0.0653215960027,"d":"0.07"},"1_31542000_23192_237708","G",{"v":0.706370419546,"d":"0.71"},{"v":0.231989109113,"d":"0.23"},{"v":4.67789073703,"d":"4.68"}]
[3,315,31542,{"v":2848.395495,"d":"2,848.40"},953,{"v":0.334574325,"d":"0.33"},"M",410,31542001,{"v":1900.39379748,"d":"1,900.39"},508,{"v":0.267313017,"d":"0.27"},{"v":66.8054296899999,"d":"66.81"},{"v":0.921559671,"d":"0.92"},{"v":468.152312699999,"d":"468.15"},{"v":39.84768726,"d":"39.85"},1,"1_31542001_23215",{"v":2.4532664463,"d":"2.45"},{"v":0.0367225606913,"d":"0.04"},{"v":17.1917517159,"d":"17.19"},{"v":0.0351534664966,"d":"0.04"},"1_31542001_23215_237747","G",{"v":0.0131977164328,"d":"0.01"},{"v":0.00537965065014,"d":"0.01"},{"v":0.0924856182955,"d":"0.09"}]
[3,315,31551,{"v":3248.822974,"d":"3,248.82"},1660,{"v":0.510954279,"d":"0.51"}," ",420,31551000,{"v":993.665546885,"d":"993.67"},951,{"v":0.957062467,"d":"0.96"},{"v":103.324947699999,"d":"103.32"},{"v":0.920429496,"d":"0.92"},{"v":875.3284505,"d":"875.33"},{"v":75.6715494599999,"d":"75.67"},1,"1_31551000_23366",{"v":0.153901322974,"d":"0.15"},{"v":0.0014894885156,"d":"0.00"},{"v":1.3037916744,"d":"1.30"},{"v":0.103983627111,"d":"0.10"},"1_31551000_23366_238077","G",{"v":0.153901322974,"d":"0.15"},{"v":1,"d":"1.00"},{"v":1.3037916744,"d":"1.30"}]
[3,316,31604,{"v":5193.185991,"d":"5,193.19"},1582,{"v":0.304629952,"d":"0.30"},"M",330,31604000,{"v":2774.19937186,"d":"2,774.20"},819,{"v":0.295220311,"d":"0.30"},{"v":100.860405,"d":"100.86"},{"v":0.990672016,"d":"0.99"},{"v":811.3603811,"d":"811.36"},{"v":7.639618857,"d":"7.64"},1,"1_31604000_23573",{"v":100.072412990999,"d":"100.07"},{"v":0.992187300765,"d":"0.99"},{"v":805.021466471,"d":"805.02"},{"v":0.036356581298,"d":"0.04"},"1_31604000_23573_238421","G",{"v":0.445084555555,"d":"0.45"},{"v":0.00444762489733,"d":"0.00"},{"v":3.58043351716,"d":"3.58"}]
[3,316,31620,{"v":1618.09167,"d":"1,618.09"},865,{"v":0.534580343,"d":"0.53"},"M",330,31620000,{"v":1618.09167008,"d":"1,618.09"},865,{"v":0.534580343,"d":"0.53"},{"v":105.6688501,"d":"105.67"},{"v":0.990672016,"d":"0.99"},{"v":856.9312939,"d":"856.93"},{"v":8.068706118,"d":"8.07"},1,"1_31620000_23648",{"v":105.668850096,"d":"105.67"},{"v":0.999999999962,"d":"1.00"},{"v":856.931293867,"d":"856.93"},{"v":0.0653046128683,"d":"0.07"},"1_31620000_23648_238734","außerhalb GKL",{"v":2.9692701639e-05,"d":"0.00"},{"v":2.80997679e-07,"d":"0.00"},{"v":0.000240795704799,"d":"0.00"}]
[3,316,31642,{"v":1434.440608,"d":"1,434.44"},1166,{"v":0.812860423,"d":"0.81"},"M",210,31642000,{"v":1434.4406082,"d":"1,434.44"},1166,{"v":0.812860423,"d":"0.81"},{"v":103.4255291,"d":"103.43"},{"v":0.955942851,"d":"0.96"},{"v":1114.629365,"d":"1,114.63"},{"v":51.3706353199999,"d":"51.37"},1,"1_31642000_23750",{"v":99.0061473779,"d":"99.01"},{"v":0.957269914299,"d":"0.96"},{"v":1067.00115671,"d":"1,067.00"},{"v":0.0721016461112,"d":"0.07"},"1_31642000_23750_239186","F",{"v":0.0977132952393,"d":"0.10"},{"v":0.000986941698341,"d":"0.00"},{"v":1.05306793374,"d":"1.05"}]
[3,316,31654,{"v":3047.84004999999,"d":"3,047.84"},2123,{"v":0.696558863,"d":"0.70"},"M",320,31654000,{"v":986.92080363,"d":"986.92"},1136,{"v":1.151054873,"d":"1.15"},{"v":89.1051262799999,"d":"89.11"},{"v":0.974431631,"d":"0.97"},{"v":1106.95433299999,"d":"1,106.95"},{"v":29.0456672199999,"d":"29.05"},1,"1_31654000_23821",{"v":88.6112742301999,"d":"88.61"},{"v":0.994457647159,"d":"0.99"},{"v":1100.81920151,"d":"1,100.82"},{"v":0.0902859945319,"d":"0.09"},"1_31654000_23821_239395","D",{"v":5.78565955213,"d":"5.79"},{"v":0.0652925894858,"d":"0.07"},{"v":71.8753362223,"d":"71.88"}]
[3,317,31703,{"v":2706.591933,"d":"2,706.59"},5894,{"v":2.177646334,"d":"2.18"},"M",310,31703000,{"v":323.963704174999,"d":"323.96"},1234,{"v":3.809068683,"d":"3.81"},{"v":73.34593171,"d":"73.35"},{"v":0.969116244,"d":"0.97"},{"v":1195.889445,"d":"1,195.89"},{"v":38.1105553399999,"d":"38.11"},1,"1_31703000_23859",{"v":72.9218240239,"d":"72.92"},{"v":0.994217706746,"d":"0.99"},{"v":1188.97446153,"d":"1,188.97"},{"v":0.226401694896,"d":"0.23"},"1_31703000_23859_239645","G",{"v":0.621533513839,"d":"0.62"},{"v":0.00852328534233,"d":"0.01"},{"v":10.1339686003999,"d":"10.13"}]
[3,317,31710,{"v":1485.991213,"d":"1,485.99"},9227,{"v":6.209323393,"d":"6.21"},"M",101,31710002,{"v":776.452509344999,"d":"776.45"},800,{"v":1.03032702,"d":"1.03"},{"v":42.52605383,"d":"42.53"},{"v":0.965932983,"d":"0.97"},{"v":772.7463864,"d":"772.75"},{"v":27.25361358,"d":"27.25"},1,"1_31710002_23918",{"v":17.3881472501999,"d":"17.39"},{"v":0.40888221888,"d":"0.41"},{"v":315.962257103,"d":"315.96"},{"v":0.0547696778852,"d":"0.05"},"1_31710002_23918_240052","D",{"v":0.0353329003608,"d":"0.04"},{"v":2.03201064797E-3,"d":"0.00"},{"v":0.64203867079,"d":"0.64"}]
[3,317,31716,{"v":527.1143703,"d":"527.11"},8624,{"v":16.36077574,"d":"16.36"},"M",101,31716001,{"v":25.611830295,"d":"25.61"},961,{"v":37.52172293,"d":"37.52"},{"v":24.6889382799999,"d":"24.69"},{"v":0.965932983,"d":"0.97"},{"v":928.2615967,"d":"928.26"},{"v":32.73840331,"d":"32.74"},1,"1_31716001_23960",{"v":24.6889382791,"d":"24.69"},{"v":0.999999999964,"d":"1.00"},{"v":928.261596667,"d":"928.26"},{"v":0.963966182644,"d":"0.96"},"1_31716001_23960_240378","C",{"v":8.40981043635,"d":"8.41"},{"v":0.340630704378,"d":"0.34"},{"v":316.194401519999,"d":"316.19"}]
[3,317,31718,{"v":1998.46004599999,"d":"1,998.46"},2955,{"v":1.478638517,"d":"1.48"}," ",310,31718000,{"v":1998.46004648999,"d":"1,998.46"},2955,{"v":1.478638517,"d":"1.48"},{"v":231.567662399999,"d":"231.57"},{"v":0.969116244,"d":"0.97"},{"v":2863.73849999999,"d":"2,863.74"},{"v":91.26150001,"d":"91.26"},1,"1_31718000_24009",{"v":162.707124106999,"d":"162.71"},{"v":0.702633184706,"d":"0.70"},{"v":2012.15770242,"d":"2,012.16"},{"v":0.115873050756,"d":"0.12"},"1_31718000_24009_240664","E",{"v":25.7014319902,"d":"25.70"},{"v":0.157961319341,"d":"0.16"},{"v":317.843085395999,"d":"317.84"}]
[3,317,31726,{"v":4855.31520699999,"d":"4,855.32"},2880,{"v":0.593164373,"d":"0.59"}," ",310,31726000,{"v":2165.93837831,"d":"2,165.94"},1416,{"v":0.653758211,"d":"0.65"},{"v":163.684238899999,"d":"163.68"},{"v":0.969116244,"d":"0.97"},{"v":1372.26860099999,"d":"1,372.27"},{"v":43.73139899,"d":"43.73"},1,"1_31726000_24071",{"v":128.797918923999,"d":"128.80"},{"v":0.786868178571,"d":"0.79"},{"v":1079.79449457999,"d":"1,079.79"},{"v":0.075571974041,"d":"0.08"},"1_31726000_24071_241039","G",{"v":0.0809936171335,"d":"0.08"},{"v":0.000628842591636,"d":"0.00"},{"v":0.679020768406,"d":"0.68"}]
[3,318,31806,{"v":302.810768399999,"d":"302.81"},356,{"v":1.175651718,"d":"1.18"}," ",410,31806000,{"v":302.810768424999,"d":"302.81"},356,{"v":1.175651718,"d":"1.18"},{"v":54.76360409,"d":"54.76"},{"v":0.921559671,"d":"0.92"},{"v":328.0752428,"d":"328.08"},{"v":27.92475722,"d":"27.92"},1,"1_31806000_24269",{"v":16.5018326986,"d":"16.50"},{"v":0.30132846391,"d":"0.30"},{"v":98.8584089598,"d":"98.86"},{"v":0.180850913509,"d":"0.18"},"1_31806000_24269_241123","außerhalb GKL",{"v":16.5018326986,"d":"16.50"},{"v":1,"d":"1.00"},{"v":98.8584089598,"d":"98.86"}]
[3,318,31821,{"v":1769.23226999999,"d":"1,769.23"},2060,{"v":1.164346839,"d":"1.16"},"M",410,31821000,{"v":618.246666955,"d":"618.25"},1190,{"v":1.924798084,"d":"1.92"},{"v":126.987633299999,"d":"126.99"},{"v":0.921559671,"d":"0.92"},{"v":1096.65600799999,"d":"1,096.66"},{"v":93.34399181,"d":"93.34"},1,"1_31821000_24672",{"v":95.8170205307999,"d":"95.82"},{"v":0.754538202192,"d":"0.75"},{"v":827.468852698999,"d":"827.47"},{"v":0.205399624596,"d":"0.21"},"1_31821000_24672_241391","C",{"v":10.9197236894,"d":"10.92"},{"v":0.113964341919,"d":"0.11"},{"v":94.3019432563,"d":"94.30"}]
[3,318,31839,{"v":6537.781896,"d":"6,537.78"},14660,{"v":2.242350729,"d":"2.24"},"ST",103,31839010,{"v":99.4693017049,"d":"99.47"},633,{"v":6.363772432,"d":"6.36"},{"v":31.71952256,"d":"31.72"},{"v":0.975480312,"d":"0.98"},{"v":617.4790375,"d":"617.48"},{"v":15.52096253,"d":"15.52"},1,"1_31839010_25063",{"v":8.68692721616,"d":"8.69"},{"v":0.273866896947,"d":"0.27"},{"v":169.107067929999,"d":"169.11"},{"v":0.318887556425,"d":"0.32"},"1_31839010_25063_241938","C",{"v":0.000386274436274,"d":"0.00"},{"v":4.4466176205e-05,"d":"0.00"},{"v":0.00751954468009,"d":"0.01"}]
[3,318,31839,{"v":6537.781896,"d":"6,537.78"},14660,{"v":2.242350729,"d":"2.24"},"ST",103,31839030,{"v":391.047163244999,"d":"391.05"},944,{"v":2.414031065,"d":"2.41"},{"v":95.28119615,"d":"95.28"},{"v":0.975480312,"d":"0.98"},{"v":920.853414499999,"d":"920.85"},{"v":23.14658551,"d":"23.15"},1,"1_31839030_25108",{"v":92.4363408427,"d":"92.44"},{"v":0.970142531557,"d":"0.97"},{"v":893.359062736,"d":"893.36"},{"v":0.243656533292,"d":"0.24"},"1_31839030_25108_242048","F",{"v":12.0545089376,"d":"12.05"},{"v":0.13040876378,"d":"0.13"},{"v":116.501850982999,"d":"116.50"}]
[3,319,31901,{"v":3554.21177699999,"d":"3,554.21"},3025,{"v":0.851102914,"d":"0.85"},"M",310,31901001,{"v":3143.05862866,"d":"3,143.06"},1272,{"v":0.404701328,"d":"0.40"},{"v":185.4621413,"d":"185.46"},{"v":0.969116244,"d":"0.97"},{"v":1232.715862,"d":"1,232.72"},{"v":39.2841380799999,"d":"39.28"},1,"1_31901001_25510",{"v":0.715988328474,"d":"0.72"},{"v":3.86056325811E-3,"d":"0.00"},{"v":4.75897756453,"d":"4.76"},{"v":0.0590068984424,"d":"0.06"},"1_31901001_25510_242397","außerhalb GKL",{"v":0.715988328473,"d":"0.72"},{"v":0.999999999999,"d":"1.00"},{"v":4.75897756453,"d":"4.76"}]
[3,319,31903,{"v":4549.183355,"d":"4,549.18"},5096,{"v":1.120201056,"d":"1.12"},"M",410,31903001,{"v":3277.16609815999,"d":"3,277.17"},1725,{"v":0.526369414,"d":"0.53"},{"v":276.3434581,"d":"276.34"},{"v":0.921559671,"d":"0.92"},{"v":1589.690432,"d":"1,589.69"},{"v":135.309568,"d":"135.31"},1,"1_31903001_25646",{"v":127.241296621999,"d":"127.24"},{"v":0.460446205229,"d":"0.46"},{"v":731.966926902999,"d":"731.97"},{"v":0.0843239096899,"d":"0.08"},"1_31903001_25646_242705","G",{"v":14.8279973926,"d":"14.83"},{"v":0.116534472583,"d":"0.12"},{"v":85.2993797748,"d":"85.30"}]
[3,319,31909,{"v":3600.925298,"d":"3,600.93"},2684,{"v":0.745363977,"d":"0.75"},"M",410,31909001,{"v":3198.22338919999,"d":"3,198.22"},1225,{"v":0.383025152,"d":"0.38"},{"v":116.3203098,"d":"116.32"},{"v":0.921559671,"d":"0.92"},{"v":1128.910597,"d":"1,128.91"},{"v":96.08940334,"d":"96.09"},1,"1_31909001_25818",{"v":1.13032727471,"d":"1.13"},{"v":0.00971736815912,"d":"0.01"},{"v":10.9700398898,"d":"10.97"},{"v":0.0363702892652,"d":"0.04"},"1_31909001_25818_243035","außerhalb GKL",{"v":1.13032727471,"d":"1.13"},{"v":1,"d":"1.00"},{"v":10.9700398898,"d":"10.97"}]
[3,319,31916,{"v":2846.652372,"d":"2,846.65"},2175,{"v":0.764055359,"d":"0.76"},"M",310,31916000,{"v":2231.9507486,"d":"2,231.95"},2002,{"v":0.896973198,"d":"0.90"},{"v":162.800279399999,"d":"162.80"},{"v":0.969116244,"d":"0.97"},{"v":1940.17072,"d":"1,940.17"},{"v":61.82928021,"d":"61.83"},1,"1_31916000_26024",{"v":15.1905911277999,"d":"15.19"},{"v":0.0933081391739,"d":"0.09"},{"v":181.033719563,"d":"181.03"},{"v":0.0729408027942,"d":"0.07"},"1_31916000_26024_243416","G",{"v":0.0646059769094,"d":"0.06"},{"v":0.00425302586093,"d":"0.00"},{"v":0.769941091002,"d":"0.77"}]
[3,319,31919,{"v":1776.87377799999,"d":"1,776.87"},2210,{"v":1.24375745,"d":"1.24"},"M",410,31919000,{"v":744.876496285,"d":"744.88"},1173,{"v":1.574757703,"d":"1.57"},{"v":126.874642399999,"d":"126.87"},{"v":0.921559671,"d":"0.92"},{"v":1080.98949399999,"d":"1,080.99"},{"v":92.0105062199999,"d":"92.01"},1,"1_31919000_26181",{"v":100.920563385999,"d":"100.92"},{"v":0.795435253861,"d":"0.80"},{"v":859.857152581,"d":"859.86"},{"v":0.170329770147,"d":"0.17"},"1_31919000_26181_243692","F",{"v":3.45076280263,"d":"3.45"},{"v":0.0341928610667,"d":"0.03"},{"v":29.4009761553999,"d":"29.40"}]
[3,319,31923,{"v":2505.65557799999,"d":"2,505.66"},893,{"v":0.356393755,"d":"0.36"},"M",430,31923000,{"v":2265.71398283999,"d":"2,265.71"},791,{"v":0.349117323,"d":"0.35"},{"v":102.1392842,"d":"102.14"},{"v":0.905906425,"d":"0.91"},{"v":716.571982,"d":"716.57"},{"v":74.42801801,"d":"74.43"},1,"1_31923000_26276",{"v":1.18723937212,"d":"1.19"},{"v":0.0116237291207,"d":"0.01"},{"v":8.32923861425,"d":"8.33"},{"v":0.0450803962784,"d":"0.05"},"1_31923000_26276_243875","außerhalb GKL",{"v":1.18723937212,"d":"1.19"},{"v":1,"d":"1.00"},{"v":8.32923861425,"d":"8.33"}]
[3,319,31929,{"v":2460.273298,"d":"2,460.27"},4593,{"v":1.866865768,"d":"1.87"},"M",310,31929002,{"v":2087.15086449,"d":"2,087.15"},1304,{"v":0.624775153,"d":"0.62"},{"v":188.4660537,"d":"188.47"},{"v":0.969116244,"d":"0.97"},{"v":1263.72758199999,"d":"1,263.73"},{"v":40.2724182799999,"d":"40.27"},1,"1_31929002_26473",{"v":48.1818566988999,"d":"48.18"},{"v":0.255652706432,"d":"0.26"},{"v":323.075376531,"d":"323.08"},{"v":0.0902982419271,"d":"0.09"},"1_31929002_26473_244349","F",{"v":0.160663592553,"d":"0.16"},{"v":0.00333452472695,"d":"0.00"},{"v":1.07730283171,"d":"1.08"}]
[3,319,31935,{"v":3621.979627,"d":"3,621.98"},2537,{"v":0.700445685,"d":"0.70"},"M",410,31935001,{"v":3488.60388709,"d":"3,488.60"},1190,{"v":0.341110667,"d":"0.34"},{"v":115.395903799999,"d":"115.40"},{"v":0.921559671,"d":"0.92"},{"v":1096.65600799999,"d":"1,096.66"},{"v":93.34399181,"d":"93.34"},1,"1_31935001_26619",{"v":0.177960074082,"d":"0.18"},{"v":1.54216976705E-3,"d":"0.00"},{"v":1.69122974039,"d":"1.69"},{"v":0.0330779611371,"d":"0.03"},"1_31935001_26619_244640","außerhalb GKL",{"v":0.177960074082,"d":"0.18"},{"v":1,"d":"1.00"},{"v":1.69122974039,"d":"1.69"}]
[3,319,31943,{"v":4303.44065399999,"d":"4,303.44"},6330,{"v":1.470916067,"d":"1.47"},"ST",410,31943006,{"v":652.162640489999,"d":"652.16"},716,{"v":1.097885643,"d":"1.10"},{"v":64.74136964,"d":"64.74"},{"v":0.921559671,"d":"0.92"},{"v":659.8367243,"d":"659.84"},{"v":56.1632757499999,"d":"56.16"},1,"1_31943006_26783",{"v":0.0867271615933,"d":"0.09"},{"v":1.3395941741E-3,"d":"0.00"},{"v":0.88391343173,"d":"0.88"},{"v":0.0992718159865,"d":"0.10"},"1_31943006_26783_245010","G",{"v":0.0151093693858,"d":"0.02"},{"v":0.174217270671,"d":"0.17"},{"v":0.153992985585,"d":"0.15"}]
[3,319,31947,{"v":4596.19588,"d":"4,596.20"},6492,{"v":1.412472438,"d":"1.41"},"ST",310,31947000,{"v":44.1715684101,"d":"44.17"},1337,{"v":30.2683388499999,"d":"30.27"},{"v":36.1257100099999,"d":"36.13"},{"v":0.969116244,"d":"0.97"},{"v":1295.70841799999,"d":"1,295.71"},{"v":41.2915822399999,"d":"41.29"},1,"1_31947000_26822",{"v":35.045679858,"d":"35.05"},{"v":0.970103559163,"d":"0.97"},{"v":1256.97134793999,"d":"1,256.97"},{"v":0.817849836678,"d":"0.82"},"1_31947000_26822_245099","D",{"v":0.350002941108,"d":"0.35"},{"v":0.0099870495458,"d":"0.01"},{"v":12.5534351295,"d":"12.55"}]
[3,319,31948,{"v":3236.74537999999,"d":"3,236.75"},2553,{"v":0.788755277,"d":"0.79"},"M",310,31948001,{"v":1066.33841856999,"d":"1,066.34"},1169,{"v":1.09627486,"d":"1.10"},{"v":89.8100300699999,"d":"89.81"},{"v":0.969116244,"d":"0.97"},{"v":1132.896889,"d":"1,132.90"},{"v":36.1031111699999,"d":"36.10"},1,"1_31948001_26962",{"v":1.11051595773,"d":"1.11"},{"v":0.0123651663056,"d":"0.01"},{"v":14.0084584396,"d":"14.01"},{"v":0.0842228212976,"d":"0.08"},"1_31948001_26962_245362","außerhalb GKL",{"v":1.11051595773,"d":"1.11"},{"v":1,"d":"1.00"},{"v":14.0084584396,"d":"14.01"}]
[3,319,31951,{"v":5888.99457999999,"d":"5,888.99"},7754,{"v":1.31669335,"d":"1.32"},"ST",310,31951004,{"v":5360.00421705,"d":"5,360.00"},1932,{"v":0.360447478,"d":"0.36"},{"v":306.5106174,"d":"306.51"},{"v":0.969116244,"d":"0.97"},{"v":1872.332583,"d":"1,872.33"},{"v":59.66741727,"d":"59.67"},1,"1_31951004_27042",{"v":0.178033613169,"d":"0.18"},{"v":0.000580839954841,"d":"0.00"},{"v":1.08752557296,"d":"1.09"},{"v":0.0571847716882,"d":"0.06"},"1_31951004_27042_245692","außerhalb GKL",{"v":0.00362757087573,"d":"0.00"},{"v":0.0203757639423,"d":"0.02"},{"v":0.0221591643558,"d":"0.02"}]
[3,320,32001,{"v":24383.7611099999,"d":"24,383.76"},3021,{"v":0.12389393,"d":"0.12"},"M",420,32001002,{"v":918.93919625,"d":"918.94"},439,{"v":0.477724752,"d":"0.48"},{"v":118.666794499999,"d":"118.67"},{"v":0.920429496,"d":"0.92"},{"v":404.0685487,"d":"404.07"},{"v":34.93145133,"d":"34.93"},1,"1_32001002_27152",{"v":101.844871894999,"d":"101.84"},{"v":0.858242377947,"d":"0.86"},{"v":346.78875209,"d":"346.79"},{"v":0.129134544466,"d":"0.13"},"1_32001002_27152_246118","D",{"v":3.85841592948,"d":"3.86"},{"v":0.0378852254187,"d":"0.04"},{"v":13.1381700456,"d":"13.14"}]
[3,320,32004,{"v":5561.66603,"d":"5,561.67"},1488,{"v":0.26754573,"d":"0.27"}," ",420,32004000,{"v":2220.37372027999,"d":"2,220.37"},404,{"v":0.181951352,"d":"0.18"},{"v":43.0649787099999,"d":"43.06"},{"v":0.920429496,"d":"0.92"},{"v":371.8535163,"d":"371.85"},{"v":32.14648368,"d":"32.15"},1,"1_32004000_27274",{"v":0.55082749438,"d":"0.55"},{"v":0.0127906134144,"d":"0.01"},{"v":4.75623457378,"d":"4.76"},{"v":0.0193953739934,"d":"0.02"},"1_32004000_27274_246349","außerhalb GKL",{"v":0.550827494381,"d":"0.55"},{"v":1,"d":"1.00"},{"v":4.75623457378,"d":"4.76"}]
[3,320,32005,{"v":10166.1610299999,"d":"10,166.16"},1780,{"v":0.175090675,"d":"0.18"},"M",430,32005001,{"v":9895.4629487,"d":"9,895.46"},792,{"v":0.08003668,"d":"0.08"},{"v":116.325914299999,"d":"116.33"},{"v":0.905906425,"d":"0.91"},{"v":717.477888399999,"d":"717.48"},{"v":74.52211158,"d":"74.52"},1,"1_32005001_27431",{"v":11.6970032047,"d":"11.70"},{"v":0.10055371819,"d":"0.10"},{"v":72.1450693976999,"d":"72.15"},{"v":0.011755479749,"d":"0.01"},"1_32005001_27431_246577","F",{"v":0.373065838201,"d":"0.37"},{"v":0.0318941383252,"d":"0.03"},{"v":2.30100482285,"d":"2.30"}]
[3,320,32008,{"v":5597.12297399999,"d":"5,597.12"},5372,{"v":0.959778805,"d":"0.96"},"M",410,32008008,{"v":549.75191452,"d":"549.75"},553,{"v":1.005908275,"d":"1.01"},{"v":54.7457673899999,"d":"54.75"},{"v":0.921559671,"d":"0.92"},{"v":509.622497899999,"d":"509.62"},{"v":43.3775020799999,"d":"43.38"},1,"1_32008008_27704",{"v":2.55997314467,"d":"2.56"},{"v":0.046761115365,"d":"0.05"},{"v":23.8305164169,"d":"23.83"},{"v":0.0995826771023,"d":"0.10"},"1_32008008_27704_247006","außerhalb GKL",{"v":2.55997314467,"d":"2.56"},{"v":1,"d":"1.00"},{"v":23.8305164169,"d":"23.83"}]
[3,320,32013,{"v":4596.013377,"d":"4,596.01"},4132,{"v":0.899040029,"d":"0.90"},"ST",220,32013002,{"v":2720.82677234999,"d":"2,720.83"},716,{"v":0.263155305,"d":"0.26"},{"v":119.553114199999,"d":"119.55"},{"v":0.975109986,"d":"0.98"},{"v":698.1787501,"d":"698.18"},{"v":17.82124992,"d":"17.82"},1,"1_32013002_27942",{"v":0.954442987825,"d":"0.95"},{"v":0.0079834222154,"d":"0.01"},{"v":5.57385574387,"d":"5.57"},{"v":0.0439399947894,"d":"0.04"},"1_32013002_27942_247392","außerhalb GKL",{"v":0.954442987824,"d":"0.95"},{"v":0.999999999999,"d":"1.00"},{"v":5.57385574386,"d":"5.57"}]
[3,320,32013,{"v":4596.013377,"d":"4,596.01"},4132,{"v":0.899040029,"d":"0.90"},"ST",220,32013004,{"v":1496.32439266,"d":"1,496.32"},1075,{"v":0.718427104,"d":"0.72"},{"v":86.53427924,"d":"86.53"},{"v":0.975109986,"d":"0.98"},{"v":1048.24323499999,"d":"1,048.24"},{"v":26.7567649,"d":"26.76"},1,"1_32013004_28081",{"v":1.05328467713,"d":"1.05"},{"v":0.0121718778544,"d":"0.01"},{"v":12.7590886181,"d":"12.76"},{"v":0.0578312294209,"d":"0.06"},"1_32013004_28081_247663","F",{"v":0.251081614261,"d":"0.25"},{"v":0.238379632508,"d":"0.24"},{"v":3.04150685592,"d":"3.04"}]
[3,320,32017,{"v":3388.255395,"d":"3,388.26"},3428,{"v":1.011730109,"d":"1.01"}," ",410,32017004,{"v":345.433704494999,"d":"345.43"},1008,{"v":2.918070781,"d":"2.92"},{"v":77.5021758299999,"d":"77.50"},{"v":0.921559671,"d":"0.92"},{"v":928.932148099999,"d":"928.93"},{"v":79.06785189,"d":"79.07"},1,"1_32017004_28261",{"v":77.1818820528999,"d":"77.18"},{"v":0.995867293096,"d":"1.00"},{"v":925.093143798,"d":"925.09"},{"v":0.224361939271,"d":"0.22"},"1_32017004_28261_247993","außerhalb GKL",{"v":42.4073274130999,"d":"42.41"},{"v":0.549446661381,"d":"0.55"},{"v":508.289339326,"d":"508.29"}]
[3,321,32114,{"v":6026.117209,"d":"6,026.12"},3710,{"v":0.615653475,"d":"0.62"},"M",410,32114000,{"v":90.6799529449999,"d":"90.68"},1124,{"v":12.39524243,"d":"12.40"},{"v":64.06929456,"d":"64.07"},{"v":0.921559671,"d":"0.92"},{"v":1035.83306999999,"d":"1,035.83"},{"v":88.16693008,"d":"88.17"},1,"1_32114000_28375",{"v":62.9783964598999,"d":"62.98"},{"v":0.982973152622,"d":"0.98"},{"v":1018.19609840999,"d":"1,018.20"},{"v":0.706543094468,"d":"0.71"},"1_32114000_28375_248361","E",{"v":10.7271143725,"d":"10.73"},{"v":0.170330065157,"d":"0.17"},{"v":173.429407784999,"d":"173.43"}]
[3,321,32131,{"v":6168.504767,"d":"6,168.50"},7526,{"v":1.220068766,"d":"1.22"},"M",310,32131001,{"v":947.505958155,"d":"947.51"},898,{"v":0.947751296,"d":"0.95"},{"v":106.9706402,"d":"106.97"},{"v":0.969116244,"d":"0.97"},{"v":870.266386799999,"d":"870.27"},{"v":27.7336132,"d":"27.73"},1,"1_32131001_28447",{"v":31.8687147477,"d":"31.87"},{"v":0.297920202105,"d":"0.30"},{"v":259.269937841,"d":"259.27"},{"v":0.112897063369,"d":"0.11"},"1_32131001_28447_248650","D",{"v":0.212646203983,"d":"0.21"},{"v":0.00667256918475,"d":"0.01"},{"v":1.72999659777,"d":"1.73"}]
[3,321,32132,{"v":2213.784598,"d":"2,213.78"},2240,{"v":1.011841894,"d":"1.01"}," ",410,32132001,{"v":1001.84355585,"d":"1,001.84"},1040,{"v":1.03808623,"d":"1.04"},{"v":78.4718843999999,"d":"78.47"},{"v":0.921559671,"d":"0.92"},{"v":958.4220576,"d":"958.42"},{"v":81.5779424299999,"d":"81.58"},1,"1_32132001_28503",{"v":0.147554356127,"d":"0.15"},{"v":1.88034679242E-3,"d":"0.00"},{"v":1.80216584179,"d":"1.80"},{"v":0.0783274833099,"d":"0.08"},"1_32132001_28503_248870","F",{"v":0.0349553285077,"d":"0.03"},{"v":0.236897977296,"d":"0.24"},{"v":0.426929442672,"d":"0.43"}]
[3,321,32141,{"v":5375.21236,"d":"5,375.21"},4097,{"v":0.762202444,"d":"0.76"},"M",410,32141004,{"v":1970.35285870999,"d":"1,970.35"},598,{"v":0.303498938,"d":"0.30"},{"v":98.7312220999999,"d":"98.73"},{"v":0.921559671,"d":"0.92"},{"v":551.0926831,"d":"551.09"},{"v":46.9073168899999,"d":"46.91"},1,"1_32141004_28624",{"v":0.312261765119,"d":"0.31"},{"v":3.16274587185E-3,"d":"0.00"},{"v":1.74296610848,"d":"1.74"},{"v":0.050108396404,"d":"0.05"},"1_32141004_28624_249307","außerhalb GKL",{"v":0.312261765118,"d":"0.31"},{"v":0.999999999997,"d":"1.00"},{"v":1.74296610847,"d":"1.74"}]
[3,321,32142,{"v":3931.45383099999,"d":"3,931.45"},7836,{"v":1.993155799,"d":"1.99"},"M",310,32142001,{"v":1240.99657157,"d":"1,241.00"},2627,{"v":2.116847105,"d":"2.12"},{"v":153.977364099999,"d":"153.98"},{"v":0.969116244,"d":"0.97"},{"v":2545.86837199999,"d":"2,545.87"},{"v":81.1316279299999,"d":"81.13"},1,"1_32142001_28635",{"v":143.864911642999,"d":"143.86"},{"v":0.934325070986,"d":"0.93"},{"v":2378.66864738999,"d":"2,378.67"},{"v":0.124075575733,"d":"0.12"},"1_32142001_28635_249329","außerhalb GKL",{"v":0.987499636054,"d":"0.99"},{"v":0.00686407564413,"d":"0.01"},{"v":16.327361528,"d":"16.33"}]
[3,321,32144,{"v":7620.013151,"d":"7,620.01"},27500,{"v":3.608917656,"d":"3.61"},"ST",103,32144030,{"v":997.721078459999,"d":"997.72"},1927,{"v":1.931401513,"d":"1.93"},{"v":172.609023799999,"d":"172.61"},{"v":0.975480312,"d":"0.98"},{"v":1879.750561,"d":"1,879.75"},{"v":47.24943884,"d":"47.25"},1,"1_32144030_28679",{"v":0.0967967856171,"d":"0.10"},{"v":0.000560786356855,"d":"0.00"},{"v":1.0541384689,"d":"1.05"},{"v":0.173003284712,"d":"0.17"},"1_32144030_28679_249663","außerhalb GKL",{"v":0.0948805584977,"d":"0.09"},{"v":0.980203607928,"d":"0.98"},{"v":1.03327033047,"d":"1.03"}]
[3,322,32209,{"v":4888.11974999999,"d":"4,888.12"},1481,{"v":0.302979484,"d":"0.30"},"M",430,32209001,{"v":389.093611119999,"d":"389.09"},114,{"v":0.29298862,"d":"0.29"},{"v":12.16504508,"d":"12.17"},{"v":0.905906425,"d":"0.91"},{"v":103.2733324,"d":"103.27"},{"v":10.72666758,"d":"10.73"},1,"1_32209001_28784",{"v":4.73764593519,"d":"4.74"},{"v":0.389447462302,"d":"0.39"},{"v":40.2195372266999,"d":"40.22"},{"v":0.0312650856563,"d":"0.03"},"1_32209001_28784_250094","außerhalb GKL",{"v":4.6629918247,"d":"4.66"},{"v":0.984242361816,"d":"0.98"},{"v":39.5857723112,"d":"39.59"}]
[3,322,32220,{"v":4605.88522099999,"d":"4,605.89"},5365,{"v":1.164814089,"d":"1.16"},"ST",220,32220002,{"v":556.063711553999,"d":"556.06"},877,{"v":1.577157404,"d":"1.58"},{"v":84.0954487599999,"d":"84.10"},{"v":0.975109986,"d":"0.98"},{"v":855.171457799999,"d":"855.17"},{"v":21.82854216,"d":"21.83"},1,"1_32220002_28900",{"v":0.63120091533,"d":"0.63"},{"v":0.00750576784638,"d":"0.01"},{"v":6.4187184311,"d":"6.42"},{"v":0.15123347741,"d":"0.15"},"1_32220002_28900_250320","G",{"v":0.631200915329,"d":"0.63"},{"v":0.999999999998,"d":"1.00"},{"v":6.41871843109,"d":"6.42"}]
[3,323,32305,{"v":2061.88617999999,"d":"2,061.89"},4950,{"v":2.400714476,"d":"2.40"}," ",102,32305003,{"v":219.393986219999,"d":"219.39"},1292,{"v":5.888949019,"d":"5.89"},{"v":67.30385866,"d":"67.30"},{"v":0.973029842,"d":"0.97"},{"v":1257.154555,"d":"1,257.15"},{"v":34.84544472,"d":"34.85"},1,"1_32305003_29016",{"v":67.3038586553,"d":"67.30"},{"v":0.99999999993,"d":"1.00"},{"v":1257.15455490999,"d":"1,257.15"},{"v":0.306771665986,"d":"0.31"},"1_32305003_29016_250646","außerhalb GKL",{"v":0.00888947070283,"d":"0.01"},{"v":1.32079659033E-4,"d":"0.00"},{"v":0.166044544964,"d":"0.17"}]
[3,323,32319,{"v":1829.908597,"d":"1,829.91"},3095,{"v":1.691341308,"d":"1.69"},"M",410,32319000,{"v":786.812818989999,"d":"786.81"},2352,{"v":2.98927514,"d":"2.99"},{"v":167.109674799999,"d":"167.11"},{"v":0.921559671,"d":"0.92"},{"v":2167.508346,"d":"2,167.51"},{"v":184.491654399999,"d":"184.49"},1,"1_32319000_29747",{"v":160.7853775,"d":"160.79"},{"v":0.96215481056,"d":"0.96"},{"v":2085.47858202999,"d":"2,085.48"},{"v":0.212388093797,"d":"0.21"},"1_32319000_29747_251113","G",{"v":0.0844805635875,"d":"0.08"},{"v":0.000525424419192,"d":"0.00"},{"v":1.0957613727,"d":"1.10"}]
[3,323,32323,{"v":1674.75660799999,"d":"1,674.76"},2481,{"v":1.481409292,"d":"1.48"},"M",410,32323002,{"v":1246.48225716,"d":"1,246.48"},426,{"v":0.341761784,"d":"0.34"},{"v":16.8200006199999,"d":"16.82"},{"v":0.921559671,"d":"0.92"},{"v":392.5844197,"d":"392.58"},{"v":33.4155802599999,"d":"33.42"},1,"1_32323002_29834",{"v":10.0434914645,"d":"10.04"},{"v":0.597115998471,"d":"0.60"},{"v":234.418437753,"d":"234.42"},{"v":0.0134939751636,"d":"0.01"},"1_32323002_29834_251307","C",{"v":1.03929206252,"d":"1.04"},{"v":0.10347916023,"d":"0.10"},{"v":24.2574230811,"d":"24.26"}]
[3,323,32332,{"v":3609.87767699999,"d":"3,609.88"},2042,{"v":0.565670137,"d":"0.57"},"M",410,32332002,{"v":889.578258804,"d":"889.58"},141,{"v":0.158502075,"d":"0.16"},{"v":13.91260033,"d":"13.91"},{"v":0.921559671,"d":"0.92"},{"v":129.9399136,"d":"129.94"},{"v":11.06008643,"d":"11.06"},1,"1_32332002_30090",{"v":0.751714674824,"d":"0.75"},{"v":0.0540312132163,"d":"0.05"},{"v":7.02081117703,"d":"7.02"},{"v":0.0156395462595,"d":"0.02"},"1_32332002_30090_251572","E",{"v":0.010730926701,"d":"0.01"},{"v":0.0142752656831,"d":"0.01"},{"v":0.100223944863,"d":"0.10"}]
[3,325,32505,{"v":6071.782516,"d":"6,071.78"},1818,{"v":0.299417839,"d":"0.30"},"M",420,32505000,{"v":655.47963081,"d":"655.48"},774,{"v":1.180814725,"d":"1.18"},{"v":110.821380599999,"d":"110.82"},{"v":0.920429496,"d":"0.92"},{"v":712.4124298,"d":"712.41"},{"v":61.58757022,"d":"61.59"},1,"1_32505000_30403",{"v":110.740566498,"d":"110.74"},{"v":0.999270771564,"d":"1.00"},{"v":711.892918398,"d":"711.89"},{"v":0.169069144777,"d":"0.17"},"1_32505000_30403_251964","G",{"v":0.829563975385,"d":"0.83"},{"v":0.00749105771822,"d":"0.01"},{"v":5.33283094091,"d":"5.33"}]
[3,325,32508,{"v":10580.10483,"d":"10,580.10"},4453,{"v":0.420884299,"d":"0.42"},"ST",430,32508001,{"v":1521.94621198999,"d":"1,521.95"},418,{"v":0.27464834,"d":"0.27"},{"v":40.33920572,"d":"40.34"},{"v":0.905906425,"d":"0.91"},{"v":378.6688856,"d":"378.67"},{"v":39.33111445,"d":"39.33"},1,"1_32508001_30471",{"v":0.358736898796,"d":"0.36"},{"v":0.00889300848624,"d":"0.01"},{"v":3.36750561312,"d":"3.37"},{"v":0.026505014042,"d":"0.03"},"1_32508001_30471_252081","außerhalb GKL",{"v":0.358736898796,"d":"0.36"},{"v":1,"d":"1.00"},{"v":3.36750561312,"d":"3.37"}]
[3,325,32515,{"v":5847.251035,"d":"5,847.25"},1465,{"v":0.250545084,"d":"0.25"},"M",430,32515001,{"v":1240.43529138999,"d":"1,240.44"},173,{"v":0.13946717,"d":"0.14"},{"v":29.1429651,"d":"29.14"},{"v":0.905906425,"d":"0.91"},{"v":156.7218115,"d":"156.72"},{"v":16.27818851,"d":"16.28"},1,"1_32515001_30969",{"v":3.02086797553,"d":"3.02"},{"v":0.103656850467,"d":"0.10"},{"v":16.2452893795999,"d":"16.25"},{"v":0.0234941437915,"d":"0.02"},"1_32515001_30969_252621","außerhalb GKL",{"v":3.02086797553,"d":"3.02"},{"v":1,"d":"1.00"},{"v":16.2452893795999,"d":"16.25"}]
[3,325,32516,{"v":6112.694048,"d":"6,112.69"},1730,{"v":0.2830176,"d":"0.28"},"M",430,32516007,{"v":439.836049005,"d":"439.84"},107,{"v":0.243272465,"d":"0.24"},{"v":8.799854417,"d":"8.80"},{"v":0.905906425,"d":"0.91"},{"v":96.9319874499999,"d":"96.93"},{"v":10.06801255,"d":"10.07"},1,"1_32516007_31173",{"v":0.943354539595,"d":"0.94"},{"v":0.107201152984,"d":"0.11"},{"v":10.3912208157,"d":"10.39"},{"v":0.0200071241021,"d":"0.02"},"1_32516007_31173_252846","G",{"v":0.943354539596,"d":"0.94"},{"v":1,"d":"1.00"},{"v":10.3912208157,"d":"10.39"}]
[3,325,32521,{"v":6573.462281,"d":"6,573.46"},1722,{"v":0.261962407,"d":"0.26"},"M",420,32521005,{"v":1808.22127696,"d":"1,808.22"},480,{"v":0.265454237,"d":"0.27"},{"v":49.14149845,"d":"49.14"},{"v":0.920429496,"d":"0.92"},{"v":441.806157999999,"d":"441.81"},{"v":38.1938419999999,"d":"38.19"},1,"1_32521005_31547",{"v":0.221470028155,"d":"0.22"},{"v":0.00450678215237,"d":"0.00"},{"v":1.99112410768,"d":"1.99"},{"v":0.027176706234,"d":"0.03"},"1_32521005_31547_253278","außerhalb GKL",{"v":0.221470028155,"d":"0.22"},{"v":1,"d":"1.00"},{"v":1.99112410768,"d":"1.99"}]
[3,325,32522,{"v":5162.85624199999,"d":"5,162.86"},1265,{"v":0.245019412,"d":"0.25"},"M",430,32522000,{"v":1288.85147684,"d":"1,288.85"},429,{"v":0.332854489,"d":"0.33"},{"v":63.22108413,"d":"63.22"},{"v":0.905906425,"d":"0.91"},{"v":388.6338562,"d":"388.63"},{"v":40.36614377,"d":"40.37"},1,"1_32522000_31572",{"v":1.60954988295,"d":"1.61"},{"v":0.0254590680483,"d":"0.03"},{"v":9.89425579087,"d":"9.89"},{"v":0.0490522649553,"d":"0.05"},"1_32522000_31572_253303","außerhalb GKL",{"v":1.60954988295,"d":"1.61"},{"v":1,"d":"1.00"},{"v":9.89425579087,"d":"9.89"}]
[3,325,32530,{"v":25617.3143999999,"d":"25,617.31"},10779,{"v":0.420770102,"d":"0.42"},"ST",220,32530030,{"v":1946.04590297999,"d":"1,946.05"},477,{"v":0.245112409,"d":"0.25"},{"v":63.7040877499999,"d":"63.70"},{"v":0.975109986,"d":"0.98"},{"v":465.1274634,"d":"465.13"},{"v":11.8725366099999,"d":"11.87"},1,"1_32530030_31992",{"v":0.275394614217,"d":"0.28"},{"v":0.00432302892866,"d":"0.00"},{"v":2.01075947979,"d":"2.01"},{"v":0.0327351413718,"d":"0.03"},"1_32530030_31992_253865","außerhalb GKL",{"v":0.275394614216,"d":"0.28"},{"v":0.999999999996,"d":"1.00"},{"v":2.01075947978,"d":"2.01"}]
[3,325,32530,{"v":25617.3143999999,"d":"25,617.31"},10779,{"v":0.420770102,"d":"0.42"},"ST",220,32530030,{"v":1946.04590297999,"d":"1,946.05"},477,{"v":0.245112409,"d":"0.25"},{"v":63.7040877499999,"d":"63.70"},{"v":0.975109986,"d":"0.98"},{"v":465.1274634,"d":"465.13"},{"v":11.8725366099999,"d":"11.87"},1,"1_32530030_32087",{"v":0.140679982033,"d":"0.14"},{"v":0.00220833524192,"d":"0.00"},{"v":1.02715736941,"d":"1.03"},{"v":0.0327351413718,"d":"0.03"},"1_32530030_32087_253960","außerhalb GKL",{"v":0.140679982032,"d":"0.14"},{"v":0.999999999993,"d":"1.00"},{"v":1.0271573694,"d":"1.03"}]
[4,401,40101,{"v":9598.609581,"d":"9,598.61"},206595,{"v":21.5234298499999,"d":"21.52"},"SR",101,40101104,{"v":19.6261623233999,"d":"19.63"},538,{"v":27.4123891899999,"d":"27.41"},{"v":12.53014091,"d":"12.53"},{"v":0.965932983,"d":"0.97"},{"v":519.671944899999,"d":"519.67"},{"v":18.3280551299999,"d":"18.33"},1,"1_40101104_32252",{"v":12.5301409055,"d":"12.53"},{"v":0.999999999641,"d":"1.00"},{"v":519.671944713,"d":"519.67"},{"v":0.63844070499,"d":"0.64"},"1_40101104_32252_254324","B",{"v":0.00227345131333,"d":"0.00"},{"v":0.000181438607153,"d":"0.00"},{"v":0.0942885538252,"d":"0.09"}]
[4,401,40101,{"v":9598.609581,"d":"9,598.61"},206595,{"v":21.5234298499999,"d":"21.52"},"SR",101,40101222,{"v":7.29078794446,"d":"7.29"},521,{"v":71.46004025,"d":"71.46"},{"v":5.397950441,"d":"5.40"},{"v":0.965932983,"d":"0.97"},{"v":503.251084199999,"d":"503.25"},{"v":17.7489158399999,"d":"17.75"},1,"1_40101222_32317",{"v":5.39795044143,"d":"5.40"},{"v":1.00000000008,"d":"1.00"},{"v":503.25108424,"d":"503.25"},{"v":0.740379569687,"d":"0.74"},"1_40101222_32317_254617","C",{"v":0.0767925087373,"d":"0.08"},{"v":0.0142262344885,"d":"0.01"},{"v":7.15936793099,"d":"7.16"}]
[4,401,40101,{"v":9598.609581,"d":"9,598.61"},206595,{"v":21.5234298499999,"d":"21.52"},"SR",101,40101445,{"v":75.5219340600999,"d":"75.52"},320,{"v":4.237179622,"d":"4.24"},{"v":22.39677517,"d":"22.40"},{"v":0.965932983,"d":"0.97"},{"v":309.0985546,"d":"309.10"},{"v":10.90144543,"d":"10.90"},1,"1_40101445_32440",{"v":22.1662992488,"d":"22.17"},{"v":0.989709414884,"d":"0.99"},{"v":305.917749614999,"d":"305.92"},{"v":0.296559872953,"d":"0.30"},"1_40101445_32440_255089","F",{"v":0.940237926531,"d":"0.94"},{"v":0.0424174516448,"d":"0.04"},{"v":12.9762513516,"d":"12.98"}]
[4,401,40101,{"v":9598.609581,"d":"9,598.61"},206595,{"v":21.5234298499999,"d":"21.52"},"SR",101,40101480,{"v":404.701085599999,"d":"404.70"},355,{"v":0.877190629,"d":"0.88"},{"v":40.3188233099999,"d":"40.32"},{"v":0.965932983,"d":"0.97"},{"v":342.906208999999,"d":"342.91"},{"v":12.09379103,"d":"12.09"},1,"1_40101480_32489",{"v":25.3852183549,"d":"25.39"},{"v":0.629612083659,"d":"0.63"},{"v":215.897892748,"d":"215.90"},{"v":0.0996261802714,"d":"0.10"},"1_40101480_32489_255278","D",{"v":17.8512721805,"d":"17.85"},{"v":0.703215230648,"d":"0.70"},{"v":151.822686444999,"d":"151.82"}]
[4,401,40101,{"v":9598.609581,"d":"9,598.61"},206595,{"v":21.5234298499999,"d":"21.52"},"SR",101,40101621,{"v":232.729928118999,"d":"232.73"},819,{"v":3.519100472,"d":"3.52"},{"v":94.90800068,"d":"94.91"},{"v":0.965932983,"d":"0.97"},{"v":791.099113099999,"d":"791.10"},{"v":27.9008869,"d":"27.90"},1,"1_40101621_32603",{"v":0.309828329097,"d":"0.31"},{"v":0.0032645122316,"d":"0.00"},{"v":2.58255273112,"d":"2.58"},{"v":0.407803162434,"d":"0.41"},"1_40101621_32603_255604","D",{"v":0.00133241728532,"d":"0.00"},{"v":0.00430050179467,"d":"0.00"},{"v":0.011106272655,"d":"0.01"}]
[4,401,40101,{"v":9598.609581,"d":"9,598.61"},206595,{"v":21.5234298499999,"d":"21.52"},"SR",101,40101661,{"v":26.4232063739,"d":"26.42"},2224,{"v":84.16843772,"d":"84.17"},{"v":25.5071754,"d":"25.51"},{"v":0.965932983,"d":"0.97"},{"v":2148.234954,"d":"2,148.23"},{"v":75.7650457499999,"d":"75.77"},1,"1_40101661_32669",{"v":25.507175395,"d":"25.51"},{"v":0.999999999804,"d":"1.00"},{"v":2148.23495357999,"d":"2,148.23"},{"v":0.965332330947,"d":"0.97"},"1_40101661_32669_255802","C",{"v":0.807644018149,"d":"0.81"},{"v":0.0316634047338,"d":"0.03"},{"v":68.0204327984999,"d":"68.02"}]
[4,402,40201,{"v":2654.047046,"d":"2,654.05"},38056,{"v":14.3388566,"d":"14.34"},"SR",102,40201081,{"v":80.24530099,"d":"80.25"},384,{"v":4.785326932,"d":"4.79"},{"v":11.44295596,"d":"11.44"},{"v":0.973029842,"d":"0.97"},{"v":373.643459199999,"d":"373.64"},{"v":10.3565408399999,"d":"10.36"},1,"1_40201081_32789",{"v":10.9350317478,"d":"10.94"},{"v":0.955612499605,"d":"0.96"},{"v":357.058360006999,"d":"357.06"},{"v":0.142599701401,"d":"0.14"},"1_40201081_32789_256265","D",{"v":1.74538049597E-4,"d":"0.00"},{"v":1.5961366517E-5,"d":"0.00"},{"v":0.00569913935189,"d":"0.01"}]
[4,403,40301,{"v":4588.188916,"d":"4,588.19"},62470,{"v":13.61539404,"d":"13.62"},"SR",102,40301021,{"v":27.0229580399999,"d":"27.02"},1252,{"v":46.33097525,"d":"46.33"},{"v":6.977996915,"d":"6.98"},{"v":0.973029842,"d":"0.97"},{"v":1218.23336199999,"d":"1,218.23"},{"v":33.76663838,"d":"33.77"},1,"1_40301021_32869",{"v":2.90351559868,"d":"2.90"},{"v":0.416095855881,"d":"0.42"},{"v":506.901853424,"d":"506.90"},{"v":0.258224762244,"d":"0.26"},"1_40301021_32869_256567","C",{"v":0.211185795734,"d":"0.21"},{"v":0.0727345139217,"d":"0.07"},{"v":36.8692599147999,"d":"36.87"}]
[4,403,40301,{"v":4588.188916,"d":"4,588.19"},62470,{"v":13.61539404,"d":"13.62"},"SR",102,40301084,{"v":39.83592698,"d":"39.84"},1426,{"v":35.79683236,"d":"35.80"},{"v":33.99503759,"d":"34.00"},{"v":0.973029842,"d":"0.97"},{"v":1387.54055399999,"d":"1,387.54"},{"v":38.45944595,"d":"38.46"},1,"1_40301084_32938",{"v":33.995037592,"d":"34.00"},{"v":1.00000000006,"d":"1.00"},{"v":1387.54055407999,"d":"1,387.54"},{"v":0.853376340585,"d":"0.85"},"1_40301084_32938_256922","F",{"v":0.0692960987468,"d":"0.07"},{"v":2.03841806497E-3,"d":"0.00"},{"v":2.82838773132,"d":"2.83"}]
[4,403,40301,{"v":4588.188916,"d":"4,588.19"},62470,{"v":13.61539404,"d":"13.62"},"SR",102,40301140,{"v":291.494820385,"d":"291.49"},278,{"v":0.953704768,"d":"0.95"},{"v":40.81293758,"d":"40.81"},{"v":0.973029842,"d":"0.97"},{"v":270.502296,"d":"270.50"},{"v":7.497704049,"d":"7.50"},1,"1_40301140_32974",{"v":29.8030782469,"d":"29.80"},{"v":0.73023604803,"d":"0.73"},{"v":197.530527613999,"d":"197.53"},{"v":0.140012565321,"d":"0.14"},"1_40301140_32974_257026","E",{"v":8.01293718442999,"d":"8.01"},{"v":0.268862736864,"d":"0.27"},{"v":53.1085982685,"d":"53.11"}]
[4,405,40501,{"v":4249.22071099999,"d":"4,249.22"},6004,{"v":1.412964967,"d":"1.41"}," ",310,40501001,{"v":3394.33333004999,"d":"3,394.33"},1397,{"v":0.411568301,"d":"0.41"},{"v":190.9731749,"d":"190.97"},{"v":0.969116244,"d":"0.97"},{"v":1353.85539199999,"d":"1,353.86"},{"v":43.14460762,"d":"43.14"},1,"1_40501001_34666",{"v":0.529411285287,"d":"0.53"},{"v":2.77217617377E-3,"d":"0.00"},{"v":3.75312566043,"d":"3.75"},{"v":0.0562623514931,"d":"0.06"},"1_40501001_34666_257274","außerhalb GKL",{"v":0.529411285287,"d":"0.53"},{"v":1,"d":"1.00"},{"v":3.75312566043,"d":"3.75"}]
[4,405,40506,{"v":3903.554449,"d":"3,903.55"},4073,{"v":1.043408015,"d":"1.04"}," ",410,40506002,{"v":2175.67869087999,"d":"2,175.68"},1191,{"v":0.54741539,"d":"0.55"},{"v":123.8759735,"d":"123.88"},{"v":0.921559671,"d":"0.92"},{"v":1097.57756799999,"d":"1,097.58"},{"v":93.4224321399999,"d":"93.42"},1,"1_40506002_34956",{"v":0.257643627546,"d":"0.26"},{"v":2.07985148586E-3,"d":"0.00"},{"v":2.28279833565,"d":"2.28"},{"v":0.056936703944,"d":"0.06"},"1_40506002_34956_257841","F",{"v":0.257643627547,"d":"0.26"},{"v":1,"d":"1.00"},{"v":2.28279833565,"d":"2.28"}]
[4,405,40507,{"v":1457.748366,"d":"1,457.75"},2074,{"v":1.422742119,"d":"1.42"}," ",410,40507000,{"v":1457.74836634999,"d":"1,457.75"},2074,{"v":1.422742119,"d":"1.42"},{"v":130.7798261,"d":"130.78"},{"v":0.921559671,"d":"0.92"},{"v":1911.314757,"d":"1,911.31"},{"v":162.685242899999,"d":"162.69"},1,"1_40507000_35032",{"v":0.107366466769,"d":"0.11"},{"v":8.20971169413E-4,"d":"0.00"},{"v":1.56913431117,"d":"1.57"},{"v":0.0897135809711,"d":"0.09"},"1_40507000_35032_257931","außerhalb GKL",{"v":0.107366466769,"d":"0.11"},{"v":1,"d":"1.00"},{"v":1.56913431117,"d":"1.57"}]
[4,405,40509,{"v":1332.77647499999,"d":"1,332.78"},1783,{"v":1.337808727,"d":"1.34"}," ",210,40509000,{"v":1332.77647533999,"d":"1,332.78"},1783,{"v":1.337808727,"d":"1.34"},{"v":138.940121,"d":"138.94"},{"v":0.955942851,"d":"0.96"},{"v":1704.446104,"d":"1,704.45"},{"v":78.5538960399999,"d":"78.55"},1,"1_40509000_35210",{"v":7.1919675686,"d":"7.19"},{"v":0.0517630725872,"d":"0.05"},{"v":88.2273674023,"d":"88.23"},{"v":0.104248629512,"d":"0.10"},"1_40509000_35210_258261","G",{"v":0.0227383973804,"d":"0.02"},{"v":3.16163791946E-3,"d":"0.00"},{"v":0.278942990313,"d":"0.28"}]
[4,405,40511,{"v":1744.98492,"d":"1,744.98"},2277,{"v":1.304882336,"d":"1.30"}," ",410,40511000,{"v":1744.98492048999,"d":"1,744.98"},2277,{"v":1.304882336,"d":"1.30"},{"v":168.244132,"d":"168.24"},{"v":0.921559671,"d":"0.92"},{"v":2098.39136999999,"d":"2,098.39"},{"v":178.608629699999,"d":"178.61"},1,"1_40511000_35425",{"v":0.849752526575,"d":"0.85"},{"v":0.00505071122822,"d":"0.01"},{"v":10.5983688537,"d":"10.60"},{"v":0.0964158085405,"d":"0.10"},"1_40511000_35425_258554","G",{"v":0.849752526575,"d":"0.85"},{"v":1,"d":"1.00"},{"v":10.5983688537,"d":"10.60"}]
[4,406,40603,{"v":4528.24403499999,"d":"4,528.24"},2735,{"v":0.603986883,"d":"0.60"},"M",330,40603000,{"v":244.15614651,"d":"244.16"},1469,{"v":6.016641485,"d":"6.02"},{"v":100.4756919,"d":"100.48"},{"v":0.990672016,"d":"0.99"},{"v":1455.29719199999,"d":"1,455.30"},{"v":13.7028084299999,"d":"13.70"},1,"1_40603000_35600",{"v":90.3957194417999,"d":"90.40"},{"v":0.899677501418,"d":"0.90"},{"v":1309.29814151999,"d":"1,309.30"},{"v":0.411522271039,"d":"0.41"},"1_40603000_35600_258918","G",{"v":0.22132455727,"d":"0.22"},{"v":2.44839643555E-3,"d":"0.00"},{"v":3.20568090277,"d":"3.21"}]
[4,406,40608,{"v":7337.896278,"d":"7,337.90"},3083,{"v":0.420147667,"d":"0.42"},"M",430,40608001,{"v":5356.83152416,"d":"5,356.83"},1282,{"v":0.239320575,"d":"0.24"},{"v":82.26557486,"d":"82.27"},{"v":0.905906425,"d":"0.91"},{"v":1161.372037,"d":"1,161.37"},{"v":120.627963399999,"d":"120.63"},1,"1_40608001_35897",{"v":1.29207495369,"d":"1.29"},{"v":0.0157061438626,"d":"0.02"},{"v":18.2406762911,"d":"18.24"},{"v":0.0153571331279,"d":"0.02"},"1_40608001_35897_259319","außerhalb GKL",{"v":1.29207495369,"d":"1.29"},{"v":1,"d":"1.00"},{"v":18.2406762911,"d":"18.24"}]
[4,406,40610,{"v":2579.61150899999,"d":"2,579.61"},1001,{"v":0.388042927,"d":"0.39"},"M",420,40610000,{"v":2579.6115094,"d":"2,579.61"},1001,{"v":0.388042927,"d":"0.39"},{"v":181.235390099999,"d":"181.24"},{"v":0.920429496,"d":"0.92"},{"v":921.349925299999,"d":"921.35"},{"v":79.65007466,"d":"79.65"},1,"1_40610000_36073",{"v":2.3799111461,"d":"2.38"},{"v":0.0131316027448,"d":"0.01"},{"v":12.0988012079999,"d":"12.10"},{"v":0.0702568543517,"d":"0.07"},"1_40610000_36073_259575","außerhalb GKL",{"v":2.37991114611,"d":"2.38"},{"v":1,"d":"1.00"},{"v":12.0988012079999,"d":"12.10"}]
[4,406,40613,{"v":2272.10899999999,"d":"2,272.11"},1025,{"v":0.451122724,"d":"0.45"}," ",420,40613000,{"v":2272.1089995,"d":"2,272.11"},1025,{"v":0.451122724,"d":"0.45"},{"v":97.2631471199999,"d":"97.26"},{"v":0.920429496,"d":"0.92"},{"v":943.440233199999,"d":"943.44"},{"v":81.55976676,"d":"81.56"},1,"1_40613000_36190",{"v":51.6500733856,"d":"51.65"},{"v":0.531034363117,"d":"0.53"},{"v":500.999183376,"d":"501.00"},{"v":0.0428074300755,"d":"0.04"},"1_40613000_36190_259778","G",{"v":0.345443965258,"d":"0.35"},{"v":0.00668816020219,"d":"0.01"},{"v":3.35076279959,"d":"3.35"}]
[4,406,40619,{"v":3853.98834299999,"d":"3,853.99"},1958,{"v":0.508045128,"d":"0.51"}," ",430,40619000,{"v":3853.98834272,"d":"3,853.99"},1958,{"v":0.508045128,"d":"0.51"},{"v":203.941650699999,"d":"203.94"},{"v":0.905906425,"d":"0.91"},{"v":1773.76477999999,"d":"1,773.76"},{"v":184.2352203,"d":"184.24"},1,"1_40619000_36493",{"v":0.18853877788,"d":"0.19"},{"v":0.000924474119106,"d":"0.00"},{"v":1.63979963249,"d":"1.64"},{"v":0.0529170388087,"d":"0.05"},"1_40619000_36493_260236","G",{"v":0.18853877788,"d":"0.19"},{"v":1,"d":"1.00"},{"v":1.63979963249,"d":"1.64"}]
[4,406,40620,{"v":3946.995772,"d":"3,947.00"},3122,{"v":0.790981339,"d":"0.79"},"M",410,40620001,{"v":1584.37167298,"d":"1,584.37"},1079,{"v":0.681027071,"d":"0.68"},{"v":75.4902485899999,"d":"75.49"},{"v":0.921559671,"d":"0.92"},{"v":994.362884699999,"d":"994.36"},{"v":84.6371152699999,"d":"84.64"},1,"1_40620001_36731",{"v":0.628167284533,"d":"0.63"},{"v":0.00832117122762,"d":"0.01"},{"v":8.27426382598,"d":"8.27"},{"v":0.0476468052777,"d":"0.05"},"1_40620001_36731_260543","außerhalb GKL",{"v":0.628167284533,"d":"0.63"},{"v":1,"d":"1.00"},{"v":8.27426382598,"d":"8.27"}]
[4,406,40622,{"v":1142.15269499999,"d":"1,142.15"},2181,{"v":1.909552032,"d":"1.91"}," ",310,40622000,{"v":1142.15269499,"d":"1,142.15"},2181,{"v":1.909552032,"d":"1.91"},{"v":178.043750399999,"d":"178.04"},{"v":0.969116244,"d":"0.97"},{"v":2113.64252699999,"d":"2,113.64"},{"v":67.3574725999999,"d":"67.36"},1,"1_40622000_36997",{"v":1.83588897202,"d":"1.84"},{"v":0.0103114485507,"d":"0.01"},{"v":21.7947161716999,"d":"21.79"},{"v":0.155884367459,"d":"0.16"},"1_40622000_36997_260893","C",{"v":0.000186072306897,"d":"0.00"},{"v":1.01352701461E-4,"d":"0.00"},{"v":0.00220895336158,"d":"0.00"}]
[4,406,40627,{"v":4552.17183199999,"d":"4,552.17"},2883,{"v":0.633324072,"d":"0.63"},"M",420,40627001,{"v":4383.66151199999,"d":"4,383.66"},1649,{"v":0.376169555,"d":"0.38"},{"v":153.9408907,"d":"153.94"},{"v":0.920429496,"d":"0.92"},{"v":1517.78823899999,"d":"1,517.79"},{"v":131.2117614,"d":"131.21"},1,"1_40627001_37138",{"v":0.175499528289,"d":"0.18"},{"v":0.00114004490614,"d":"0.00"},{"v":1.73034675047,"d":"1.73"},{"v":0.0351169656413,"d":"0.04"},"1_40627001_37138_261219","G",{"v":0.175499528289,"d":"0.18"},{"v":1,"d":"1.00"},{"v":1.73034675047,"d":"1.73"}]
[4,406,40627,{"v":4552.17183199999,"d":"4,552.17"},2883,{"v":0.633324072,"d":"0.63"},"M",420,40627001,{"v":4383.66151199999,"d":"4,383.66"},1649,{"v":0.376169555,"d":"0.38"},{"v":153.9408907,"d":"153.94"},{"v":0.920429496,"d":"0.92"},{"v":1517.78823899999,"d":"1,517.79"},{"v":131.2117614,"d":"131.21"},1,"1_40627001_37171",{"v":0.757706161043,"d":"0.76"},{"v":0.00492205909422,"d":"0.00"},{"v":7.47064340487,"d":"7.47"},{"v":0.0351169656413,"d":"0.04"},"1_40627001_37171_261256","außerhalb GKL",{"v":0.757706161044,"d":"0.76"},{"v":1,"d":"1.00"},{"v":7.47064340487,"d":"7.47"}]
[4,407,40701,{"v":7876.912575,"d":"7,876.91"},9856,{"v":1.251251668,"d":"1.25"},"M",102,40701003,{"v":1155.64571677,"d":"1,155.65"},1884,{"v":1.630257416,"d":"1.63"},{"v":122.784494199999,"d":"122.78"},{"v":0.973029842,"d":"0.97"},{"v":1833.188221,"d":"1,833.19"},{"v":50.8117785199999,"d":"50.81"},1,"1_40701003_37378",{"v":0.415111195269,"d":"0.42"},{"v":0.00338081121703,"d":"0.00"},{"v":6.19766330048,"d":"6.20"},{"v":0.106247522418,"d":"0.11"},"1_40701003_37378_261575","außerhalb GKL",{"v":0.415111195269,"d":"0.42"},{"v":1,"d":"1.00"},{"v":6.19766330048,"d":"6.20"}]
[4,407,40705,{"v":6356.13441899999,"d":"6,356.13"},13275,{"v":2.088533553,"d":"2.09"},"ST",102,40705010,{"v":37.072257235,"d":"37.07"},932,{"v":25.1400931499999,"d":"25.14"},{"v":36.8730511699999,"d":"36.87"},{"v":0.973029842,"d":"0.97"},{"v":906.863812299999,"d":"906.86"},{"v":25.1361876799999,"d":"25.14"},1,"1_40705010_37549",{"v":36.8730511683,"d":"36.87"},{"v":0.999999999954,"d":"1.00"},{"v":906.863812258,"d":"906.86"},{"v":0.994626546106,"d":"0.99"},"1_40705010_37549_262021","E",{"v":0.0011748836272,"d":"0.00"},{"v":3.1862934853e-05,"d":"0.00"},{"v":0.0288953425703,"d":"0.03"}]
[4,407,40707,{"v":23017.4280199999,"d":"23,017.43"},2060,{"v":0.089497402,"d":"0.09"}," ",410,40707000,{"v":167.742915329999,"d":"167.74"},821,{"v":4.894394487,"d":"4.89"},{"v":91.80567652,"d":"91.81"},{"v":0.921559671,"d":"0.92"},{"v":756.6004897,"d":"756.60"},{"v":64.39951032,"d":"64.40"},1,"1_40707000_37650",{"v":36.2498011539,"d":"36.25"},{"v":0.394853592152,"d":"0.39"},{"v":298.746421182,"d":"298.75"},{"v":0.547299874569,"d":"0.55"},"1_40707000_37650_262232","außerhalb GKL",{"v":5.44258732035,"d":"5.44"},{"v":0.150141163458,"d":"0.15"},{"v":44.8541352551999,"d":"44.85"}]
[4,407,40711,{"v":3246.06879799999,"d":"3,246.07"},9843,{"v":3.032283237,"d":"3.03"},"ST",102,40711002,{"v":253.810043495,"d":"253.81"},3191,{"v":12.57239452,"d":"12.57"},{"v":154.9616086,"d":"154.96"},{"v":0.973029842,"d":"0.97"},{"v":3104.93822399999,"d":"3,104.94"},{"v":86.0617756099999,"d":"86.06"},1,"1_40711002_37769",{"v":101.265826484,"d":"101.27"},{"v":0.653489773363,"d":"0.65"},{"v":2029.04537630999,"d":"2,029.05"},{"v":0.61054167308,"d":"0.61"},"1_40711002_37769_262530","F",{"v":0.000213982301374,"d":"0.00"},{"v":2.113075149e-06,"d":"0.00"},{"v":0.00428752536063,"d":"0.00"}]
[4,407,40717,{"v":5643.02530599999,"d":"5,643.03"},2802,{"v":0.496542165,"d":"0.50"},"M",420,40717000,{"v":2558.84449538999,"d":"2,558.84"},1288,{"v":0.503352198,"d":"0.50"},{"v":120.9296805,"d":"120.93"},{"v":0.920429496,"d":"0.92"},{"v":1185.513191,"d":"1,185.51"},{"v":102.486809399999,"d":"102.49"},1,"1_40717000_37899",{"v":12.6887636428,"d":"12.69"},{"v":0.104926793739,"d":"0.10"},{"v":124.392098067,"d":"124.39"},{"v":0.0472594879126,"d":"0.05"},"1_40717000_37899_262889","G",{"v":0.61639488344,"d":"0.62"},{"v":0.0485780097094,"d":"0.05"},{"v":6.04272054767,"d":"6.04"}]
[4,407,40720,{"v":4775.226219,"d":"4,775.23"},7524,{"v":1.575632159,"d":"1.58"},"M",410,40720001,{"v":250.28659941,"d":"250.29"},1520,{"v":6.073037884,"d":"6.07"},{"v":100.595532199999,"d":"100.60"},{"v":0.921559671,"d":"0.92"},{"v":1400.7707,"d":"1,400.77"},{"v":119.229300499999,"d":"119.23"},1,"1_40720001_37990",{"v":78.3635211944999,"d":"78.36"},{"v":0.778996039692,"d":"0.78"},{"v":1091.19482782,"d":"1,091.19"},{"v":0.401921367093,"d":"0.40"},"1_40720001_37990_263219","D",{"v":9.0408547455e-05,"d":"0.00"},{"v":1.153707058E-6,"d":"0.00"},{"v":1.258919174E-3,"d":"0.00"}]
[4,408,40802,{"v":849.388418,"d":"849.39"},4210,{"v":4.956507424,"d":"4.96"},"M",410,40802000,{"v":60.6153851199999,"d":"60.62"},1181,{"v":19.48350238,"d":"19.48"},{"v":42.61731882,"d":"42.62"},{"v":0.921559671,"d":"0.92"},{"v":1088.361971,"d":"1,088.36"},{"v":92.6380288499999,"d":"92.64"},1,"1_40802000_38123",{"v":42.6173188233999,"d":"42.62"},{"v":1.00000000008,"d":"1.00"},{"v":1088.36197108999,"d":"1,088.36"},{"v":0.703077588893,"d":"0.70"},"1_40802000_38123_263499","E",{"v":1.69344450489,"d":"1.69"},{"v":0.0397360639206,"d":"0.04"},{"v":43.2472208519999,"d":"43.25"}]
[4,408,40808,{"v":1174.232727,"d":"1,174.23"},4987,{"v":4.247028623,"d":"4.25"},"ST",210,40808002,{"v":129.966329594999,"d":"129.97"},966,{"v":7.432694322,"d":"7.43"},{"v":65.2983803099999,"d":"65.30"},{"v":0.955942851,"d":"0.96"},{"v":923.440794399999,"d":"923.44"},{"v":42.5592055899999,"d":"42.56"},1,"1_40808002_38319",{"v":65.1556343887999,"d":"65.16"},{"v":0.997813943921,"d":"1.00"},{"v":921.422101038,"d":"921.42"},{"v":0.502425362888,"d":"0.50"},"1_40808002_38319_263876","C",{"v":0.0105143496262,"d":"0.01"},{"v":0.000161372837895,"d":"0.00"},{"v":0.148692499344,"d":"0.15"}]
[4,408,40809,{"v":1697.19531299999,"d":"1,697.20"},2201,{"v":1.296845439,"d":"1.30"},"M",410,40809001,{"v":1504.07287986999,"d":"1,504.07"},497,{"v":0.330436116,"d":"0.33"},{"v":60.9053151399999,"d":"60.91"},{"v":0.921559671,"d":"0.92"},{"v":458.0151564,"d":"458.02"},{"v":38.98484364,"d":"38.98"},1,"1_40809001_38377",{"v":1.29270627573,"d":"1.29"},{"v":0.0212248516038,"d":"0.02"},{"v":9.72130372688,"d":"9.72"},{"v":0.0404935930666,"d":"0.04"},"1_40809001_38377_264008","außerhalb GKL",{"v":1.29270627573,"d":"1.29"},{"v":1,"d":"1.00"},{"v":9.72130372688,"d":"9.72"}]
[4,408,40816,{"v":3096.03609,"d":"3,096.04"},2287,{"v":0.738686479,"d":"0.74"},"M",430,40816001,{"v":2927.48206225,"d":"2,927.48"},1351,{"v":0.461488737,"d":"0.46"},{"v":114.3731621,"d":"114.37"},{"v":0.905906425,"d":"0.91"},{"v":1223.87958,"d":"1,223.88"},{"v":127.1204201,"d":"127.12"},1,"1_40816001_38720",{"v":0.527916018976,"d":"0.53"},{"v":0.00461573335285,"d":"0.00"},{"v":5.64910179728,"d":"5.65"},{"v":0.0390687832301,"d":"0.04"},"1_40816001_38720_264533","außerhalb GKL",{"v":0.527916018976,"d":"0.53"},{"v":1,"d":"1.00"},{"v":5.64910179728,"d":"5.65"}]
[4,408,40817,{"v":1581.43402799999,"d":"1,581.43"},1638,{"v":1.035768784,"d":"1.04"},"M",430,40817000,{"v":1581.43402764,"d":"1,581.43"},1638,{"v":1.035768784,"d":"1.04"},{"v":120.3188489,"d":"120.32"},{"v":0.905906425,"d":"0.91"},{"v":1483.874724,"d":"1,483.87"},{"v":154.1252762,"d":"154.13"},1,"1_40817000_38948",{"v":0.109882856338,"d":"0.11"},{"v":0.000913263859674,"d":"0.00"},{"v":1.35516915771,"d":"1.36"},{"v":0.0760821171147,"d":"0.08"},"1_40817000_38948_264773","außerhalb GKL",{"v":0.109882856338,"d":"0.11"},{"v":1,"d":"1.00"},{"v":1.35516915771,"d":"1.36"}]
[4,408,40826,{"v":607.177916399999,"d":"607.18"},549,{"v":0.904183082,"d":"0.90"}," ",410,40826000,{"v":607.17791635,"d":"607.18"},549,{"v":0.904183082,"d":"0.90"},{"v":46.81703084,"d":"46.82"},{"v":0.921559671,"d":"0.92"},{"v":505.936259199999,"d":"505.94"},{"v":43.06374076,"d":"43.06"},1,"1_40826000_39240",{"v":2.51093280463,"d":"2.51"},{"v":0.0536328929789,"d":"0.05"},{"v":27.1348252438,"d":"27.13"},{"v":0.077105951286,"d":"0.08"},"1_40826000_39240_265190","F",{"v":0.719618353784,"d":"0.72"},{"v":0.286594030894,"d":"0.29"},{"v":7.77667894422,"d":"7.78"}]
[4,408,40827,{"v":1982.89597699999,"d":"1,982.90"},3050,{"v":1.538154313,"d":"1.54"},"M",210,40827000,{"v":663.64113438,"d":"663.64"},2395,{"v":3.608878166,"d":"3.61"},{"v":162.9354169,"d":"162.94"},{"v":0.955942851,"d":"0.96"},{"v":2289.483129,"d":"2,289.48"},{"v":105.516870999999,"d":"105.52"},1,"1_40827000_39273",{"v":1.29987408065,"d":"1.30"},{"v":0.00797784855731,"d":"0.01"},{"v":18.2651496776999,"d":"18.27"},{"v":0.245517356383,"d":"0.25"},"1_40827000_39273_265232","außerhalb GKL",{"v":1.29987408065,"d":"1.30"},{"v":1,"d":"1.00"},{"v":18.2651496776999,"d":"18.27"}]
[4,408,40831,{"v":3424.03720999999,"d":"3,424.04"},3715,{"v":1.084976527,"d":"1.08"},"M",420,40831000,{"v":340.478299105,"d":"340.48"},1878,{"v":5.515770036,"d":"5.52"},{"v":146.8626384,"d":"146.86"},{"v":0.920429496,"d":"0.92"},{"v":1728.566593,"d":"1,728.57"},{"v":149.4334068,"d":"149.43"},1,"1_40831000_39464",{"v":143.411421964999,"d":"143.41"},{"v":0.976500378363,"d":"0.98"},{"v":1687.94593209,"d":"1,687.95"},{"v":0.431342140706,"d":"0.43"},"1_40831000_39464_265546","C",{"v":0.630246144047,"d":"0.63"},{"v":0.00439467188465,"d":"0.00"},{"v":7.41796853057,"d":"7.42"}]
[4,408,40833,{"v":1745.542104,"d":"1,745.54"},1688,{"v":0.967034823,"d":"0.97"}," ",410,40833000,{"v":1745.54210373,"d":"1,745.54"},1688,{"v":0.967034823,"d":"0.97"},{"v":141.425090299999,"d":"141.43"},{"v":0.921559671,"d":"0.92"},{"v":1555.592724,"d":"1,555.59"},{"v":132.4072758,"d":"132.41"},1,"1_40833000_39603",{"v":0.253202995746,"d":"0.25"},{"v":0.00179036828054,"d":"0.00"},{"v":2.78508387049,"d":"2.79"},{"v":0.0810207270267,"d":"0.08"},"1_40833000_39603_265872","außerhalb GKL",{"v":0.253202995746,"d":"0.25"},{"v":1,"d":"1.00"},{"v":2.78508387049,"d":"2.79"}]
[4,409,40904,{"v":2277.314147,"d":"2,277.31"},1895,{"v":0.832120594,"d":"0.83"}," ",410,40904000,{"v":2277.31414649999,"d":"2,277.31"},1895,{"v":0.832120594,"d":"0.83"},{"v":155.0455991,"d":"155.05"},{"v":0.921559671,"d":"0.92"},{"v":1746.35557599999,"d":"1,746.36"},{"v":148.644423899999,"d":"148.64"},1,"1_40904000_39916",{"v":0.364853491785,"d":"0.36"},{"v":0.00235320121244,"d":"0.00"},{"v":4.10952605879,"d":"4.11"},{"v":0.0680826575193,"d":"0.07"},"1_40904000_39916_266251","außerhalb GKL",{"v":0.364853491785,"d":"0.36"},{"v":1,"d":"1.00"},{"v":4.10952605879,"d":"4.11"}]
[4,409,40907,{"v":4214.00405899999,"d":"4,214.00"},6697,{"v":1.589224857,"d":"1.59"},"M",410,40907004,{"v":2311.51010015,"d":"2,311.51"},1086,{"v":0.469822736,"d":"0.47"},{"v":93.9116565599999,"d":"93.91"},{"v":0.921559671,"d":"0.92"},{"v":1000.813802,"d":"1,000.81"},{"v":85.18619757,"d":"85.19"},1,"1_40907004_40046",{"v":0.0873900212068,"d":"0.09"},{"v":0.000930555635029,"d":"0.00"},{"v":0.931312923066,"d":"0.93"},{"v":0.0406278374271,"d":"0.04"},"1_40907004_40046_266533","außerhalb GKL",{"v":0.0873900212068,"d":"0.09"},{"v":1,"d":"1.00"},{"v":0.931312923066,"d":"0.93"}]
[4,409,40912,{"v":5469.581213,"d":"5,469.58"},5321,{"v":0.972834993,"d":"0.97"},"M",410,40912001,{"v":3095.94136011,"d":"3,095.94"},1984,{"v":0.640839011,"d":"0.64"},{"v":294.100924599999,"d":"294.10"},{"v":0.921559671,"d":"0.92"},{"v":1828.374387,"d":"1,828.37"},{"v":155.6256132,"d":"155.63"},1,"1_40912001_40333",{"v":41.5466011211999,"d":"41.55"},{"v":0.14126647571,"d":"0.14"},{"v":258.288005929999,"d":"258.29"},{"v":0.0949956379631,"d":"0.09"},"1_40912001_40333_267016","F",{"v":3.10411049443,"d":"3.10"},{"v":0.0747139455614,"d":"0.07"},{"v":19.2977160141999,"d":"19.30"}]
[4,409,40912,{"v":5469.581213,"d":"5,469.58"},5321,{"v":0.972834993,"d":"0.97"},"M",410,40912002,{"v":2181.5297021,"d":"2,181.53"},1802,{"v":0.826025884,"d":"0.83"},{"v":174.479195,"d":"174.48"},{"v":0.921559671,"d":"0.92"},{"v":1660.650527,"d":"1,660.65"},{"v":141.3494733,"d":"141.35"},1,"1_40912002_40462",{"v":57.5955120157999,"d":"57.60"},{"v":0.330099597352,"d":"0.33"},{"v":548.180070304999,"d":"548.18"},{"v":0.0799802060142,"d":"0.08"},"1_40912002_40462_267190","G",{"v":0.00141851832728,"d":"0.00"},{"v":2.4628973294E-5,"d":"0.00"},{"v":0.0135011123117,"d":"0.01"}]
[4,409,40917,{"v":1839.50527499999,"d":"1,839.51"},2850,{"v":1.549329615,"d":"1.55"}," ",410,40917000,{"v":1080.97219906,"d":"1,080.97"},1052,{"v":0.973198016,"d":"0.97"},{"v":105.9880212,"d":"105.99"},{"v":0.921559671,"d":"0.92"},{"v":969.4807736,"d":"969.48"},{"v":82.51922638,"d":"82.52"},1,"1_40917000_40727",{"v":97.3873326788999,"d":"97.39"},{"v":0.918852258739,"d":"0.92"},{"v":890.809598626,"d":"890.81"},{"v":0.0980487946796,"d":"0.10"},"1_40917000_40727_267475","F",{"v":0.0127551113836,"d":"0.01"},{"v":0.000130973002676,"d":"0.00"},{"v":0.116672007945,"d":"0.12"}]
[4,410,41002,{"v":3133.01356799999,"d":"3,133.01"},17092,{"v":5.45545036,"d":"5.46"},"ST",101,41002001,{"v":257.612670289999,"d":"257.61"},3108,{"v":12.06462398,"d":"12.06"},{"v":48.82025912,"d":"48.82"},{"v":0.965932983,"d":"0.97"},{"v":3002.11971099999,"d":"3,002.12"},{"v":105.880288699999,"d":"105.88"},1,"1_41002001_41039",{"v":4.58097691605,"d":"4.58"},{"v":0.0938335231853,"d":"0.09"},{"v":281.699469507,"d":"281.70"},{"v":0.189510318204,"d":"0.19"},"1_41002001_41039_267847","D",{"v":0.00573476039133,"d":"0.01"},{"v":1.25186406664E-3,"d":"0.00"},{"v":0.352649443467,"d":"0.35"}]
[4,410,41002,{"v":3133.01356799999,"d":"3,133.01"},17092,{"v":5.45545036,"d":"5.46"},"ST",101,41002005,{"v":362.609390249999,"d":"362.61"},1675,{"v":4.619295708,"d":"4.62"},{"v":95.8468492599999,"d":"95.85"},{"v":0.965932983,"d":"0.97"},{"v":1617.93774699999,"d":"1,617.94"},{"v":57.0622534299999,"d":"57.06"},1,"1_41002005_41060",{"v":40.1771623305,"d":"40.18"},{"v":0.419180835267,"d":"0.42"},{"v":678.208496197,"d":"678.21"},{"v":0.264325336953,"d":"0.26"},"1_41002005_41060_267984","G",{"v":1.3587115617E-5,"d":"0.00"},{"v":3.38180071e-07,"d":"0.00"},{"v":0.000229356597517,"d":"0.00"}]
[4,410,41007,{"v":1999.03097899999,"d":"1,999.03"},6209,{"v":3.106004891,"d":"3.11"},"M",310,41007000,{"v":122.27787675,"d":"122.28"},1550,{"v":12.67604608,"d":"12.68"},{"v":58.70767387,"d":"58.71"},{"v":0.969116244,"d":"0.97"},{"v":1502.13017799999,"d":"1,502.13"},{"v":47.8698223399999,"d":"47.87"},1,"1_41007000_41322",{"v":58.0845931172,"d":"58.08"},{"v":0.989386723886,"d":"0.99"},{"v":1486.18765566,"d":"1,486.19"},{"v":0.480116889746,"d":"0.48"},"1_41007000_41322_268504","E",{"v":0.460456855446,"d":"0.46"},{"v":0.0079273492459,"d":"0.01"},{"v":11.7815285914,"d":"11.78"}]
[4,410,41009,{"v":2152.284215,"d":"2,152.28"},2909,{"v":1.351587295,"d":"1.35"}," ",310,41009000,{"v":2152.284215,"d":"2,152.28"},2909,{"v":1.351587295,"d":"1.35"},{"v":219.3150631,"d":"219.32"},{"v":0.969116244,"d":"0.97"},{"v":2819.159153,"d":"2,819.16"},{"v":89.84084722,"d":"89.84"},1,"1_41009000_41511",{"v":0.288998531248,"d":"0.29"},{"v":1.31773224859E-3,"d":"0.00"},{"v":3.71489692982,"d":"3.71"},{"v":0.101898746258,"d":"0.10"},"1_41009000_41511_268834","außerhalb GKL",{"v":0.288998531248,"d":"0.29"},{"v":1,"d":"1.00"},{"v":3.71489692982,"d":"3.71"}]
[4,410,41011,{"v":2131.21596099999,"d":"2,131.22"},3552,{"v":1.666654185,"d":"1.67"},"M",410,41011002,{"v":1653.33596502,"d":"1,653.34"},218,{"v":0.131854629,"d":"0.13"},{"v":46.85781191,"d":"46.86"},{"v":0.921559671,"d":"0.92"},{"v":200.9000082,"d":"200.90"},{"v":17.09999178,"d":"17.10"},1,"1_41011002_41588",{"v":0.565969155695,"d":"0.57"},{"v":0.0120784375673,"d":"0.01"},{"v":2.42655820631,"d":"2.43"},{"v":0.0283413733817,"d":"0.03"},"1_41011002_41588_269003","F",{"v":0.313037047019,"d":"0.31"},{"v":0.553099128935,"d":"0.55"},{"v":1.34212723022,"d":"1.34"}]
[4,410,41012,{"v":2403.07490599999,"d":"2,403.07"},28929,{"v":12.03832637,"d":"12.04"},"ST",101,41012040,{"v":38.2047374958999,"d":"38.20"},81,{"v":2.12015591,"d":"2.12"},{"v":2.11450718,"d":"2.11"},{"v":0.965932983,"d":"0.97"},{"v":78.24057163,"d":"78.24"},{"v":2.759428375,"d":"2.76"},1,"1_41012040_41638",{"v":1.84553984705,"d":"1.85"},{"v":0.872799044858,"d":"0.87"},{"v":68.2882961878,"d":"68.29"},{"v":0.055346727097,"d":"0.06"},"1_41012040_41638_269186","C",{"v":0.0262484293181,"d":"0.03"},{"v":0.0142226294166,"d":"0.01"},{"v":0.97123913017,"d":"0.97"}]
[4,410,41014,{"v":1796.43756699999,"d":"1,796.44"},6637,{"v":3.694534183,"d":"3.69"},"M",310,41014002,{"v":1305.47804072,"d":"1,305.48"},1332,{"v":1.020315898,"d":"1.02"},{"v":125.648392,"d":"125.65"},{"v":0.969116244,"d":"0.97"},{"v":1290.86283699999,"d":"1,290.86"},{"v":41.1371634599999,"d":"41.14"},1,"1_41014002_41893",{"v":0.850387537019,"d":"0.85"},{"v":0.00676799379191,"d":"0.01"},{"v":8.73655166702,"d":"8.74"},{"v":0.0962470360135,"d":"0.10"},"1_41014002_41893_269768","außerhalb GKL",{"v":0.850387537018,"d":"0.85"},{"v":0.999999999999,"d":"1.00"},{"v":8.73655166701,"d":"8.74"}]
[4,410,41014,{"v":1796.43756699999,"d":"1,796.44"},6637,{"v":3.694534183,"d":"3.69"},"M",310,41014002,{"v":1305.47804072,"d":"1,305.48"},1332,{"v":1.020315898,"d":"1.02"},{"v":125.648392,"d":"125.65"},{"v":0.969116244,"d":"0.97"},{"v":1290.86283699999,"d":"1,290.86"},{"v":41.1371634599999,"d":"41.14"},1,"1_41014002_41948",{"v":0.145693062952,"d":"0.15"},{"v":0.00115952986451,"d":"0.00"},{"v":1.49679401049,"d":"1.50"},{"v":0.0962470360135,"d":"0.10"},"1_41014002_41948_269843","außerhalb GKL",{"v":0.145686620485,"d":"0.15"},{"v":0.999955780551,"d":"1.00"},{"v":1.49672782308,"d":"1.50"}]
[4,410,41018,{"v":1728.55722399999,"d":"1,728.56"},1875,{"v":1.084719657,"d":"1.08"}," ",310,41018000,{"v":1728.55722442,"d":"1,728.56"},1875,{"v":1.084719657,"d":"1.08"},{"v":187.3919361,"d":"187.39"},{"v":0.969116244,"d":"0.97"},{"v":1817.092957,"d":"1,817.09"},{"v":57.90704316,"d":"57.91"},1,"1_41018000_42171",{"v":0.341743989408,"d":"0.34"},{"v":0.00182368567464,"d":"0.00"},{"v":3.31380639517,"d":"3.31"},{"v":0.108409448905,"d":"0.11"},"1_41018000_42171_270227","außerhalb GKL",{"v":0.341743989409,"d":"0.34"},{"v":1,"d":"1.00"},{"v":3.31380639517,"d":"3.31"}]
[4,410,41020,{"v":3759.124409,"d":"3,759.12"},4828,{"v":1.284341638,"d":"1.28"}," ",310,41020001,{"v":2352.2686007,"d":"2,352.27"},1425,{"v":0.605798164,"d":"0.61"},{"v":167.8171733,"d":"167.82"},{"v":0.969116244,"d":"0.97"},{"v":1380.990647,"d":"1,380.99"},{"v":44.0093528,"d":"44.01"},1,"1_41020001_42312",{"v":0.89623060009,"d":"0.90"},{"v":0.00534051779366,"d":"0.01"},{"v":7.37520512318,"d":"7.38"},{"v":0.071342691583,"d":"0.07"},"1_41020001_42312_270504","außerhalb GKL",{"v":0.89623060009,"d":"0.90"},{"v":1,"d":"1.00"},{"v":7.37520512318,"d":"7.38"}]
[4,410,41021,{"v":1548.79343799999,"d":"1,548.79"},24756,{"v":15.98405533,"d":"15.98"},"ST",101,41021012,{"v":17.1389178887999,"d":"17.14"},805,{"v":46.9691263599999,"d":"46.97"},{"v":7.759634143,"d":"7.76"},{"v":0.965932983,"d":"0.97"},{"v":777.5760513,"d":"777.58"},{"v":27.42394866,"d":"27.42"},1,"1_41021012_42482",{"v":7.04991548707,"d":"7.05"},{"v":0.908537098161,"d":"0.91"},{"v":706.456689247999,"d":"706.46"},{"v":0.452749362203,"d":"0.45"},"1_41021012_42482_270830","B",{"v":0.00774246748133,"d":"0.01"},{"v":1.09823550304E-3,"d":"0.00"},{"v":0.775855817492,"d":"0.78"}]
[4,411,41101,{"v":2022.65819,"d":"2,022.66"},1267,{"v":0.626403416,"d":"0.63"}," ",410,41101000,{"v":2022.65818953,"d":"2,022.66"},1267,{"v":0.626403416,"d":"0.63"},{"v":117.0138723,"d":"117.01"},{"v":0.921559671,"d":"0.92"},{"v":1167.616103,"d":"1,167.62"},{"v":99.3838971699999,"d":"99.38"},1,"1_41101000_42627",{"v":0.412770970604,"d":"0.41"},{"v":0.0035275387652,"d":"0.00"},{"v":4.1188110662,"d":"4.12"},{"v":0.0578515306767,"d":"0.06"},"1_41101000_42627_271246","außerhalb GKL",{"v":0.412770970604,"d":"0.41"},{"v":1,"d":"1.00"},{"v":4.1188110662,"d":"4.12"}]
[4,411,41103,{"v":1571.360858,"d":"1,571.36"},1789,{"v":1.138503604,"d":"1.14"},"M",410,41103000,{"v":1571.36085750999,"d":"1,571.36"},1789,{"v":1.138503604,"d":"1.14"},{"v":185.3862569,"d":"185.39"},{"v":0.921559671,"d":"0.92"},{"v":1648.670251,"d":"1,648.67"},{"v":140.329748999999,"d":"140.33"},1,"1_41103000_42795",{"v":0.470896605635,"d":"0.47"},{"v":0.00254008367993,"d":"0.00"},{"v":4.18776039815,"d":"4.19"},{"v":0.117978156331,"d":"0.12"},"1_41103000_42795_271487","außerhalb GKL",{"v":0.470896605634,"d":"0.47"},{"v":0.999999999998,"d":"1.00"},{"v":4.18776039814,"d":"4.19"}]
[4,411,41106,{"v":1460.479501,"d":"1,460.48"},3182,{"v":2.178736503,"d":"2.18"}," ",310,41106001,{"v":1300.80090831999,"d":"1,300.80"},1841,{"v":1.415281915,"d":"1.42"},{"v":110.7445117,"d":"110.74"},{"v":0.969116244,"d":"0.97"},{"v":1784.14300499999,"d":"1,784.14"},{"v":56.8569954399999,"d":"56.86"},1,"1_41106001_42919",{"v":12.2515198389,"d":"12.25"},{"v":0.110628686251,"d":"0.11"},{"v":197.377396726999,"d":"197.38"},{"v":0.085135635278,"d":"0.09"},"1_41106001_42919_271705","F",{"v":5.78648955617,"d":"5.79"},{"v":0.472307895858,"d":"0.47"},{"v":93.2229029381,"d":"93.22"}]
[4,411,41109,{"v":1231.75683699999,"d":"1,231.76"},2502,{"v":2.031245067,"d":"2.03"}," ",310,41109002,{"v":887.500715075,"d":"887.50"},235,{"v":0.264788519,"d":"0.26"},{"v":30.9065556,"d":"30.91"},{"v":0.969116244,"d":"0.97"},{"v":227.742317299999,"d":"227.74"},{"v":7.257682742,"d":"7.26"},1,"1_41109002_43259",{"v":0.105256642072,"d":"0.11"},{"v":0.00340564129611,"d":"0.00"},{"v":0.775608640669,"d":"0.78"},{"v":0.0348242599415,"d":"0.03"},"1_41109002_43259_272148","außerhalb GKL",{"v":0.105256642072,"d":"0.11"},{"v":1,"d":"1.00"},{"v":0.775608640669,"d":"0.78"}]
[4,411,41112,{"v":2884.56300199999,"d":"2,884.56"},1716,{"v":0.594890803,"d":"0.59"},"M",410,41112000,{"v":2884.56300185,"d":"2,884.56"},1716,{"v":0.594890803,"d":"0.59"},{"v":164.8998773,"d":"164.90"},{"v":0.921559671,"d":"0.92"},{"v":1581.39639499999,"d":"1,581.40"},{"v":134.603604999999,"d":"134.60"},1,"1_41112000_43422",{"v":1.37020234376,"d":"1.37"},{"v":0.00830929874658,"d":"0.01"},{"v":13.1402950828,"d":"13.14"},{"v":0.0571663289012,"d":"0.06"},"1_41112000_43422_272470","außerhalb GKL",{"v":0.0290616759768,"d":"0.03"},{"v":0.021209769571,"d":"0.02"},{"v":0.278702630801,"d":"0.28"}]
[4,411,41114,{"v":3512.60097899999,"d":"3,512.60"},3708,{"v":1.055628015,"d":"1.06"},"M",410,41114002,{"v":1489.67732944999,"d":"1,489.68"},1604,{"v":1.076743244,"d":"1.08"},{"v":145.1717235,"d":"145.17"},{"v":0.921559671,"d":"0.92"},{"v":1478.181712,"d":"1,478.18"},{"v":125.8182881,"d":"125.82"},1,"1_41114002_43698",{"v":0.546553972037,"d":"0.55"},{"v":0.003764878992,"d":"0.00"},{"v":5.56517527387,"d":"5.57"},{"v":0.0974517908208,"d":"0.10"},"1_41114002_43698_272805","G",{"v":0.0421557513402,"d":"0.04"},{"v":0.0771300795475,"d":"0.08"},{"v":0.429242411569,"d":"0.43"}]
[4,411,41115,{"v":4091.45471099999,"d":"4,091.45"},1694,{"v":0.414033668,"d":"0.41"},"M",430,41115000,{"v":4091.4547112,"d":"4,091.45"},1694,{"v":0.414033668,"d":"0.41"},{"v":173.241039099999,"d":"173.24"},{"v":0.905906425,"d":"0.91"},{"v":1534.60548399999,"d":"1,534.61"},{"v":159.394516399999,"d":"159.39"},1,"1_41115000_43832",{"v":0.969471965465,"d":"0.97"},{"v":0.00559608722334,"d":"0.01"},{"v":8.58778614188,"d":"8.59"},{"v":0.0423421622206,"d":"0.04"},"1_41115000_43832_272979","außerhalb GKL",{"v":0.969471965465,"d":"0.97"},{"v":1,"d":"1.00"},{"v":8.58778614188,"d":"8.59"}]
[4,411,41116,{"v":2646.01932399999,"d":"2,646.02"},8837,{"v":3.339733736,"d":"3.34"},"ST",210,41116003,{"v":1445.72632702999,"d":"1,445.73"},1917,{"v":1.325977098,"d":"1.33"},{"v":183.9624531,"d":"183.96"},{"v":0.955942851,"d":"0.96"},{"v":1832.54244599999,"d":"1,832.54"},{"v":84.4575539599999,"d":"84.46"},1,"1_41116003_43930",{"v":0.382666211279,"d":"0.38"},{"v":0.00208013214018,"d":"0.00"},{"v":3.81193044017,"d":"3.81"},{"v":0.127245696271,"d":"0.13"},"1_41116003_43930_273157","außerhalb GKL",{"v":0.382666211279,"d":"0.38"},{"v":1,"d":"1.00"},{"v":3.81193044017,"d":"3.81"}]
[4,411,41118,{"v":3263.4279,"d":"3,263.43"},4307,{"v":1.319777894,"d":"1.32"},"M",310,41118001,{"v":2538.52483273,"d":"2,538.52"},2193,{"v":0.863887551,"d":"0.86"},{"v":171.4986949,"d":"171.50"},{"v":0.969116244,"d":"0.97"},{"v":2125.27192199999,"d":"2,125.27"},{"v":67.72807767,"d":"67.73"},1,"1_41118001_44135",{"v":0.334442560167,"d":"0.33"},{"v":0.00195011723187,"d":"0.00"},{"v":4.1445293975,"d":"4.14"},{"v":0.0675584074218,"d":"0.07"},"1_41118001_44135_273487","außerhalb GKL",{"v":0.334442560167,"d":"0.33"},{"v":1,"d":"1.00"},{"v":4.1445293975,"d":"4.14"}]
[4,411,41122,{"v":2897.78980799999,"d":"2,897.79"},911,{"v":0.314377529,"d":"0.31"},"M",420,41122000,{"v":2897.78980803,"d":"2,897.79"},911,{"v":0.314377529,"d":"0.31"},{"v":139.9900589,"d":"139.99"},{"v":0.920429496,"d":"0.92"},{"v":838.511270699999,"d":"838.51"},{"v":72.4887292899999,"d":"72.49"},1,"1_41122000_44521",{"v":0.797500101914,"d":"0.80"},{"v":0.00569683381935,"d":"0.01"},{"v":4.77685936483,"d":"4.78"},{"v":0.0483092522833,"d":"0.05"},"1_41122000_44521_273948","außerhalb GKL",{"v":0.0260122020923,"d":"0.03"},{"v":0.0326171771387,"d":"0.03"},{"v":0.155807668069,"d":"0.16"}]
[4,411,41123,{"v":1899.806064,"d":"1,899.81"},1756,{"v":0.924304872,"d":"0.92"},"M",410,41123000,{"v":1899.80606368,"d":"1,899.81"},1756,{"v":0.924304872,"d":"0.92"},{"v":130.0308186,"d":"130.03"},{"v":0.921559671,"d":"0.92"},{"v":1618.258782,"d":"1,618.26"},{"v":137.741218199999,"d":"137.74"},1,"1_41123000_44673",{"v":0.970201750623,"d":"0.97"},{"v":0.0074613215626,"d":"0.01"},{"v":12.0743491439999,"d":"12.07"},{"v":0.0684442591725,"d":"0.07"},"1_41123000_44673_274144","außerhalb GKL",{"v":0.970201750623,"d":"0.97"},{"v":1,"d":"1.00"},{"v":12.0743491439999,"d":"12.07"}]
[4,411,41126,{"v":1912.078451,"d":"1,912.08"},1506,{"v":0.787624587,"d":"0.79"}," ",310,41126000,{"v":1912.07845049999,"d":"1,912.08"},1506,{"v":0.787624587,"d":"0.79"},{"v":158.065212599999,"d":"158.07"},{"v":0.969116244,"d":"0.97"},{"v":1459.48906299999,"d":"1,459.49"},{"v":46.51093706,"d":"46.51"},1,"1_41126000_44857",{"v":0.813432639491,"d":"0.81"},{"v":0.00514618381939,"d":"0.01"},{"v":7.51079900059,"d":"7.51"},{"v":0.082666698408,"d":"0.08"},"1_41126000_44857_274457","G",{"v":0.411856692975,"d":"0.41"},{"v":0.50631935944,"d":"0.51"},{"v":3.80286293886,"d":"3.80"}]
[4,412,41206,{"v":544.6760901,"d":"544.68"},509,{"v":0.934500356,"d":"0.93"}," ",410,41206000,{"v":544.67609014,"d":"544.68"},509,{"v":0.934500356,"d":"0.93"},{"v":12.55575479,"d":"12.56"},{"v":0.921559671,"d":"0.92"},{"v":469.0738724,"d":"469.07"},{"v":39.92612759,"d":"39.93"},1,"1_41206000_45041",{"v":0.698509026825,"d":"0.70"},{"v":0.0556325795229,"d":"0.06"},{"v":26.0957895083999,"d":"26.10"},{"v":0.0230517825498,"d":"0.02"},"1_41206000_45041_274801","G",{"v":0.0791149813962,"d":"0.08"},{"v":0.113262647092,"d":"0.11"},{"v":2.95567819768,"d":"2.96"}]
[4,412,41214,{"v":2220.91681599999,"d":"2,220.92"},2361,{"v":1.063074485,"d":"1.06"}," ",310,41214001,{"v":1651.18179923999,"d":"1,651.18"},1738,{"v":1.052579432,"d":"1.05"},{"v":105.997609999999,"d":"106.00"},{"v":0.969116244,"d":"0.97"},{"v":1684.324031,"d":"1,684.32"},{"v":53.67596854,"d":"53.68"},1,"1_41214001_45408",{"v":74.7576585336999,"d":"74.76"},{"v":0.70527683156,"d":"0.71"},{"v":1187.91471589999,"d":"1,187.91"},{"v":0.0641949966072,"d":"0.06"},"1_41214001_45408_275222","G",{"v":0.0872142979121,"d":"0.09"},{"v":0.00116662693325,"d":"0.00"},{"v":1.38585330197,"d":"1.39"}]
[4,412,41222,{"v":1023.805609,"d":"1,023.81"},690,{"v":0.673956065,"d":"0.67"}," ",310,41222000,{"v":1023.80560927999,"d":"1,023.81"},690,{"v":0.673956065,"d":"0.67"},{"v":68.24862004,"d":"68.25"},{"v":0.969116244,"d":"0.97"},{"v":668.690208099999,"d":"668.69"},{"v":21.3097918799999,"d":"21.31"},1,"1_41222000_45563",{"v":0.763746424374,"d":"0.76"},{"v":0.0111906500663,"d":"0.01"},{"v":7.48307812161,"d":"7.48"},{"v":0.0666616977104,"d":"0.07"},"1_41222000_45563_275458","G",{"v":0.450634871765,"d":"0.45"},{"v":0.590032054336,"d":"0.59"},{"v":4.41525595685,"d":"4.42"}]
[4,412,41225,{"v":678.6224736,"d":"678.62"},12220,{"v":18.00706649,"d":"18.01"},"ST",103,41225015,{"v":30.884709845,"d":"30.88"},382,{"v":12.36857985,"d":"12.37"},{"v":13.90660888,"d":"13.91"},{"v":0.975480312,"d":"0.98"},{"v":372.6334792,"d":"372.63"},{"v":9.366520829,"d":"9.37"},1,"1_41225015_45627",{"v":11.1030015823999,"d":"11.10"},{"v":0.798397486994,"d":"0.80"},{"v":297.509633362999,"d":"297.51"},{"v":0.45027487549,"d":"0.45"},"1_41225015_45627_275681","C",{"v":1.8089050283,"d":"1.81"},{"v":0.162920361208,"d":"0.16"},{"v":48.4703769304,"d":"48.47"}]
[4,412,41231,{"v":3447.12227299999,"d":"3,447.12"},2416,{"v":0.700874471,"d":"0.70"},"M",410,41231001,{"v":1672.41243370999,"d":"1,672.41"},1312,{"v":0.784495483,"d":"0.78"},{"v":133.9601393,"d":"133.96"},{"v":0.921559671,"d":"0.92"},{"v":1209.08628799999,"d":"1,209.09"},{"v":102.913712,"d":"102.91"},1,"1_41231001_45960",{"v":0.439498448894,"d":"0.44"},{"v":0.00328081510807,"d":"0.00"},{"v":3.96678856063,"d":"3.97"},{"v":0.0800999422151,"d":"0.08"},"1_41231001_45960_276119","außerhalb GKL",{"v":0.439498448894,"d":"0.44"},{"v":1,"d":"1.00"},{"v":3.96678856063,"d":"3.97"}]
[4,413,41304,{"v":2643.74102099999,"d":"2,643.74"},2250,{"v":0.85106672,"d":"0.85"},"M",420,41304001,{"v":2533.52726858,"d":"2,533.53"},1128,{"v":0.445229074,"d":"0.45"},{"v":55.07417068,"d":"55.07"},{"v":0.920429496,"d":"0.92"},{"v":1038.24447099999,"d":"1,038.24"},{"v":89.75552869,"d":"89.76"},1,"1_41304001_46155",{"v":0.11038037866,"d":"0.11"},{"v":0.00200421317829,"d":"0.00"},{"v":2.08086325106,"d":"2.08"},{"v":0.0217381400875,"d":"0.02"},"1_41304001_46155_276445","außerhalb GKL",{"v":0.11038037866,"d":"0.11"},{"v":1,"d":"1.00"},{"v":2.08086325106,"d":"2.08"}]
[4,413,41315,{"v":2798.56343,"d":"2,798.56"},1298,{"v":0.463809391,"d":"0.46"}," ",430,41315000,{"v":2798.56343010999,"d":"2,798.56"},1298,{"v":0.463809391,"d":"0.46"},{"v":133.223815,"d":"133.22"},{"v":0.905906425,"d":"0.91"},{"v":1175.866539,"d":"1,175.87"},{"v":122.1334606,"d":"122.13"},1,"1_41315000_46310",{"v":2.25920894729,"d":"2.26"},{"v":0.0169579961908,"d":"0.02"},{"v":19.9403402893,"d":"19.94"},{"v":0.0476043578525,"d":"0.05"},"1_41315000_46310_276700","G",{"v":0.00305488688829,"d":"0.00"},{"v":1.35219316122E-3,"d":"0.00"},{"v":0.0269631917716,"d":"0.03"}]
[4,413,41323,{"v":2825.63148799999,"d":"2,825.63"},1835,{"v":0.649412355,"d":"0.65"},"M",310,41323000,{"v":2825.63148848999,"d":"2,825.63"},1835,{"v":0.649412355,"d":"0.65"},{"v":105.334230099999,"d":"105.33"},{"v":0.969116244,"d":"0.97"},{"v":1778.32830699999,"d":"1,778.33"},{"v":56.6716928999999,"d":"56.67"},1,"1_41323000_46581",{"v":0.31644664989,"d":"0.32"},{"v":0.00300421477035,"d":"0.00"},{"v":5.34248016642,"d":"5.34"},{"v":0.0372781201402,"d":"0.04"},"1_41323000_46581_277106","außerhalb GKL",{"v":0.316446649891,"d":"0.32"},{"v":1,"d":"1.00"},{"v":5.34248016642,"d":"5.34"}]
[4,413,41324,{"v":1217.706707,"d":"1,217.71"},722,{"v":0.592917815,"d":"0.59"},"M",430,41324000,{"v":1217.70670711,"d":"1,217.71"},722,{"v":0.592917815,"d":"0.59"},{"v":78.38593271,"d":"78.39"},{"v":0.905906425,"d":"0.91"},{"v":654.064438699999,"d":"654.06"},{"v":67.9355613099999,"d":"67.94"},1,"1_41324000_46623",{"v":1.88389094182,"d":"1.88"},{"v":0.0240335335269,"d":"0.02"},{"v":15.7194796161999,"d":"15.72"},{"v":0.0643717672345,"d":"0.06"},"1_41324000_46623_277159","außerhalb GKL",{"v":1.88389094182,"d":"1.88"},{"v":1,"d":"1.00"},{"v":15.7194796161999,"d":"15.72"}]
[4,413,41329,{"v":2040.31289199999,"d":"2,040.31"},1460,{"v":0.715576521,"d":"0.72"}," ",430,41329000,{"v":2040.31289173,"d":"2,040.31"},1460,{"v":0.715576521,"d":"0.72"},{"v":121.9462601,"d":"121.95"},{"v":0.905906425,"d":"0.91"},{"v":1322.62337999999,"d":"1,322.62"},{"v":137.376619799999,"d":"137.38"},1,"1_41329000_46839",{"v":1.14672058983,"d":"1.15"},{"v":9.40349125008E-3,"d":"0.01"},{"v":12.4372773809999,"d":"12.44"},{"v":0.0597684113031,"d":"0.06"},"1_41329000_46839_277458","außerhalb GKL",{"v":1.14672058983,"d":"1.15"},{"v":1,"d":"1.00"},{"v":12.4372773809999,"d":"12.44"}]
[4,413,41337,{"v":1633.10086,"d":"1,633.10"},1247,{"v":0.763578068,"d":"0.76"}," ",330,41337000,{"v":1633.10086030999,"d":"1,633.10"},1247,{"v":0.763578068,"d":"0.76"},{"v":112.417641799999,"d":"112.42"},{"v":0.990672016,"d":"0.99"},{"v":1235.36800399999,"d":"1,235.37"},{"v":11.63199599,"d":"11.63"},1,"1_41337000_47162",{"v":0.430460025299,"d":"0.43"},{"v":3.82911452692E-3,"d":"0.00"},{"v":4.73036557021,"d":"4.73"},{"v":0.0688369252213,"d":"0.07"},"1_41337000_47162_277924","außerhalb GKL",{"v":0.430460025299,"d":"0.43"},{"v":1,"d":"1.00"},{"v":4.73036557021,"d":"4.73"}]
[4,413,41343,{"v":4587.159251,"d":"4,587.16"},3241,{"v":0.706537494,"d":"0.71"},"M",420,41343001,{"v":1560.55028394999,"d":"1,560.55"},409,{"v":0.262087037,"d":"0.26"},{"v":53.52995277,"d":"53.53"},{"v":0.920429496,"d":"0.92"},{"v":376.4556638,"d":"376.46"},{"v":32.5443361999999,"d":"32.54"},1,"1_41343001_47280",{"v":11.6532787743,"d":"11.65"},{"v":0.217696414274,"d":"0.22"},{"v":81.9530481423999,"d":"81.95"},{"v":0.0343019724007,"d":"0.03"},"1_41343001_47280_278115","G",{"v":0.848036969524,"d":"0.85"},{"v":0.0727723918692,"d":"0.07"},{"v":5.96391933429,"d":"5.96"}]
[4,414,41401,{"v":1273.939433,"d":"1,273.94"},702,{"v":0.551046605,"d":"0.55"}," ",430,41401000,{"v":1273.93943338,"d":"1,273.94"},702,{"v":0.551046605,"d":"0.55"},{"v":93.64553653,"d":"93.65"},{"v":0.905906425,"d":"0.91"},{"v":635.946310199999,"d":"635.95"},{"v":66.0536898099999,"d":"66.05"},1,"1_41401000_47446",{"v":0.273573586349,"d":"0.27"},{"v":0.0029213734737,"d":"0.00"},{"v":1.85783668132,"d":"1.86"},{"v":0.0735086253524,"d":"0.07"},"1_41401000_47446_278445","außerhalb GKL",{"v":0.273573586349,"d":"0.27"},{"v":1,"d":"1.00"},{"v":1.85783668132,"d":"1.86"}]
[4,414,41404,{"v":2808.561751,"d":"2,808.56"},1563,{"v":0.556512599,"d":"0.56"}," ",420,41404000,{"v":2808.56175107999,"d":"2,808.56"},1563,{"v":0.556512599,"d":"0.56"},{"v":156.387702499999,"d":"156.39"},{"v":0.920429496,"d":"0.92"},{"v":1438.631302,"d":"1,438.63"},{"v":124.368697999999,"d":"124.37"},1,"1_41404000_47820",{"v":0.302736927098,"d":"0.30"},{"v":1.93581031154E-3,"d":"0.00"},{"v":2.78491730892,"d":"2.78"},{"v":0.0556824867532,"d":"0.06"},"1_41404000_47820_278943","außerhalb GKL",{"v":0.302736927097,"d":"0.30"},{"v":0.999999999997,"d":"1.00"},{"v":2.78491730891,"d":"2.78"}]
[4,414,41406,{"v":2230.89270299999,"d":"2,230.89"},1337,{"v":0.599311656,"d":"0.60"}," ",410,41406000,{"v":2230.89270316,"d":"2,230.89"},1337,{"v":0.599311656,"d":"0.60"},{"v":193.1832845,"d":"193.18"},{"v":0.921559671,"d":"0.92"},{"v":1232.12527999999,"d":"1,232.13"},{"v":104.874720199999,"d":"104.87"},1,"1_41406000_47960",{"v":0.154822672637,"d":"0.15"},{"v":0.000801428928169,"d":"0.00"},{"v":0.98746084252,"d":"0.99"},{"v":0.0865946104115,"d":"0.09"},"1_41406000_47960_279102","außerhalb GKL",{"v":0.154822672637,"d":"0.15"},{"v":1,"d":"1.00"},{"v":0.98746084252,"d":"0.99"}]
[4,414,41410,{"v":2031.128517,"d":"2,031.13"},1433,{"v":0.705519118,"d":"0.71"}," ",420,41410000,{"v":2031.12851743999,"d":"2,031.13"},1433,{"v":0.705519118,"d":"0.71"},{"v":152.107037499999,"d":"152.11"},{"v":0.920429496,"d":"0.92"},{"v":1318.975468,"d":"1,318.98"},{"v":114.0245325,"d":"114.02"},1,"1_41410000_48252",{"v":25.8394760336,"d":"25.84"},{"v":0.169876926527,"d":"0.17"},{"v":224.063498667999,"d":"224.06"},{"v":0.0748879434235,"d":"0.07"},"1_41410000_48252_279452","außerhalb GKL",{"v":0.127211166466,"d":"0.13"},{"v":0.00492313258599,"d":"0.00"},{"v":1.10309431162,"d":"1.10"}]
[4,414,41414,{"v":2248.527351,"d":"2,248.53"},2268,{"v":1.008660179,"d":"1.01"},"M",430,41414000,{"v":215.929404785,"d":"215.93"},1414,{"v":6.54843652,"d":"6.55"},{"v":97.66417058,"d":"97.66"},{"v":0.905906425,"d":"0.91"},{"v":1280.95168499999,"d":"1,280.95"},{"v":133.0483154,"d":"133.05"},1,"1_41414000_48507",{"v":0.211342431626,"d":"0.21"},{"v":0.00216397098722,"d":"0.00"},{"v":2.77194228237,"d":"2.77"},{"v":0.452296761885,"d":"0.45"},"1_41414000_48507_279759","außerhalb GKL",{"v":0.211342431627,"d":"0.21"},{"v":1,"d":"1.00"},{"v":2.77194228237,"d":"2.77"}]
[4,414,41415,{"v":2441.10635099999,"d":"2,441.11"},1490,{"v":0.610378978,"d":"0.61"}," ",420,41415000,{"v":2441.10635052999,"d":"2,441.11"},1490,{"v":0.610378978,"d":"0.61"},{"v":104.9189238,"d":"104.92"},{"v":0.920429496,"d":"0.92"},{"v":1371.439949,"d":"1,371.44"},{"v":118.5600512,"d":"118.56"},1,"1_41415000_48627",{"v":0.209320431385,"d":"0.21"},{"v":0.00199506841858,"d":"0.00"},{"v":2.73611653023,"d":"2.74"},{"v":0.0429800708098,"d":"0.04"},"1_41415000_48627_279911","außerhalb GKL",{"v":0.209320431385,"d":"0.21"},{"v":1,"d":"1.00"},{"v":2.73611653023,"d":"2.74"}]
[4,414,41419,{"v":2491.313449,"d":"2,491.31"},1897,{"v":0.761445735,"d":"0.76"}," ",410,41419000,{"v":2491.31344928999,"d":"2,491.31"},1897,{"v":0.761445735,"d":"0.76"},{"v":215.6871735,"d":"215.69"},{"v":0.921559671,"d":"0.92"},{"v":1748.198695,"d":"1,748.20"},{"v":148.8013046,"d":"148.80"},1,"1_41419000_49011",{"v":0.44726872616,"d":"0.45"},{"v":0.00207369181441,"d":"0.00"},{"v":3.62522532378,"d":"3.63"},{"v":0.0865756870383,"d":"0.09"},"1_41419000_49011_280416","G",{"v":0.44726872616,"d":"0.45"},{"v":1,"d":"1.00"},{"v":3.62522532378,"d":"3.63"}]
[4,414,41422,{"v":395.901688499999,"d":"395.90"},5269,{"v":13.30885963,"d":"13.31"},"ST",220,41422003,{"v":151.91279917,"d":"151.91"},1371,{"v":9.024914342,"d":"9.02"},{"v":89.18253896,"d":"89.18"},{"v":0.975109986,"d":"0.98"},{"v":1336.87579099999,"d":"1,336.88"},{"v":34.124209,"d":"34.12"},1,"1_41422003_49187",{"v":88.6267075475,"d":"88.63"},{"v":0.993767486114,"d":"0.99"},{"v":1328.54369406999,"d":"1,328.54"},{"v":0.587064022566,"d":"0.59"},"1_41422003_49187_280676","C",{"v":5.0629447086e-05,"d":"0.00"},{"v":5.71266252e-07,"d":"0.00"},{"v":0.000758952177302,"d":"0.00"}]
[4,414,41426,{"v":2914.88958199999,"d":"2,914.89"},2915,{"v":1.000037881,"d":"1.00"},"M",410,41426001,{"v":1899.88879477,"d":"1,899.89"},1032,{"v":0.543189687,"d":"0.54"},{"v":84.53946521,"d":"84.54"},{"v":0.921559671,"d":"0.92"},{"v":951.0495802,"d":"951.05"},{"v":80.9504197899999,"d":"80.95"},1,"1_41426001_49441",{"v":0.376197408842,"d":"0.38"},{"v":0.00444996201369,"d":"0.00"},{"v":4.23213450503,"d":"4.23"},{"v":0.0444970597451,"d":"0.04"},"1_41426001_49441_281077","außerhalb GKL",{"v":0.376197408842,"d":"0.38"},{"v":1,"d":"1.00"},{"v":4.23213450503,"d":"4.23"}]
[4,414,41427,{"v":1076.56920399999,"d":"1,076.57"},609,{"v":0.565685882,"d":"0.57"}," ",430,41427000,{"v":1076.56920379999,"d":"1,076.57"},609,{"v":0.565685882,"d":"0.57"},{"v":73.53554846,"d":"73.54"},{"v":0.905906425,"d":"0.91"},{"v":551.697012699999,"d":"551.70"},{"v":57.3029873099999,"d":"57.30"},1,"1_41427000_49462",{"v":0.196678367247,"d":"0.20"},{"v":0.00267460257475,"d":"0.00"},{"v":1.47557025065,"d":"1.48"},{"v":0.0683054542155,"d":"0.07"},"1_41427000_49462_281098","außerhalb GKL",{"v":0.196678367247,"d":"0.20"},{"v":1,"d":"1.00"},{"v":1.47557025065,"d":"1.48"}]
[4,415,41503,{"v":1329.85255699999,"d":"1,329.85"},5494,{"v":4.13128506,"d":"4.13"},"ST",410,41503002,{"v":935.173728865,"d":"935.17"},791,{"v":0.845832144,"d":"0.85"},{"v":83.1144061499999,"d":"83.11"},{"v":0.921559671,"d":"0.92"},{"v":728.9536996,"d":"728.95"},{"v":62.04630044,"d":"62.05"},1,"1_41503002_49886",{"v":1.80032269041,"d":"1.80"},{"v":0.021660777882,"d":"0.02"},{"v":15.7897041733,"d":"15.79"},{"v":0.0888758992951,"d":"0.09"},"1_41503002_49886_281695","G",{"v":1.53446874139,"d":"1.53"},{"v":0.852329834848,"d":"0.85"},{"v":13.4580359502999,"d":"13.46"}]
[4,415,41503,{"v":1329.85255699999,"d":"1,329.85"},5494,{"v":4.13128506,"d":"4.13"},"ST",410,41503003,{"v":103.775287559999,"d":"103.78"},1068,{"v":10.29146751,"d":"10.29"},{"v":60.61309893,"d":"60.61"},{"v":0.921559671,"d":"0.92"},{"v":984.225728399999,"d":"984.23"},{"v":83.77427165,"d":"83.77"},1,"1_41503003_49912",{"v":59.2216133725,"d":"59.22"},{"v":0.977043154334,"d":"0.98"},{"v":961.631010252999,"d":"961.63"},{"v":0.58408027918,"d":"0.58"},"1_41503003_49912_281755","G",{"v":0.220274505269,"d":"0.22"},{"v":3.71949517625E-3,"d":"0.00"},{"v":3.57678190397,"d":"3.58"}]
[4,415,41507,{"v":10800.12447,"d":"10,800.12"},2677,{"v":0.247867514,"d":"0.25"}," ",430,41507001,{"v":10289.2493080999,"d":"10,289.25"},1184,{"v":0.115071563,"d":"0.12"},{"v":87.1158921199999,"d":"87.12"},{"v":0.905906425,"d":"0.91"},{"v":1072.59320699999,"d":"1,072.59"},{"v":111.4067931,"d":"111.41"},1,"1_41507001_50104",{"v":0.77802340621,"d":"0.78"},{"v":0.00893090097887,"d":"0.01"},{"v":9.57922372232999,"d":"9.58"},{"v":0.00846669076736,"d":"0.01"},"1_41507001_50104_282154","außerhalb GKL",{"v":0.77802340621,"d":"0.78"},{"v":1,"d":"1.00"},{"v":9.57922372232999,"d":"9.58"}]
[4,415,41513,{"v":1358.93153899999,"d":"1,358.93"},1422,{"v":1.04641033,"d":"1.05"}," ",410,41513000,{"v":1358.93153931,"d":"1,358.93"},1422,{"v":1.04641033,"d":"1.05"},{"v":131.9343847,"d":"131.93"},{"v":0.921559671,"d":"0.92"},{"v":1310.457852,"d":"1,310.46"},{"v":111.5421482,"d":"111.54"},1,"1_41513000_50264",{"v":1.09496074729,"d":"1.09"},{"v":0.00829928263038,"d":"0.01"},{"v":10.8758600889,"d":"10.88"},{"v":0.0970868516062,"d":"0.10"},"1_41513000_50264_282416","G",{"v":0.628483065861,"d":"0.63"},{"v":0.57397771328,"d":"0.57"},{"v":6.24250130378,"d":"6.24"}]
[4,415,41517,{"v":6206.70310299999,"d":"6,206.70"},3389,{"v":0.546022573,"d":"0.55"},"M",410,41517001,{"v":4409.90229328999,"d":"4,409.90"},1666,{"v":0.377786148,"d":"0.38"},{"v":92.64592163,"d":"92.65"},{"v":0.921559671,"d":"0.92"},{"v":1535.31841099999,"d":"1,535.32"},{"v":130.6815885,"d":"130.68"},1,"1_41517001_50553",{"v":0.854645987264,"d":"0.85"},{"v":9.22486356903E-3,"d":"0.01"},{"v":14.1631028765,"d":"14.16"},{"v":0.0210086109552,"d":"0.02"},"1_41517001_50553_282919","außerhalb GKL",{"v":0.854645987264,"d":"0.85"},{"v":1,"d":"1.00"},{"v":14.1631028765,"d":"14.16"}]
[4,415,41521,{"v":3256.78544099999,"d":"3,256.79"},3178,{"v":0.975808833,"d":"0.98"},"M",310,41521000,{"v":1276.56135433,"d":"1,276.56"},2044,{"v":1.601176468,"d":"1.60"},{"v":179.5999065,"d":"179.60"},{"v":0.969116244,"d":"0.97"},{"v":1980.87360199999,"d":"1,980.87"},{"v":63.12639798,"d":"63.13"},1,"1_41521000_50651",{"v":4.86964523387,"d":"4.87"},{"v":0.0271138517206,"d":"0.03"},{"v":53.7091131219,"d":"53.71"},{"v":0.140690383498,"d":"0.14"},"1_41521000_50651_283073","F",{"v":3.85997963372,"d":"3.86"},{"v":0.792661364091,"d":"0.79"},{"v":42.5731388713,"d":"42.57"}]
[4,416,41602,{"v":3631.57175,"d":"3,631.57"},4672,{"v":1.286495303,"d":"1.29"},"M",310,41602000,{"v":2074.37038601999,"d":"2,074.37"},2587,{"v":1.247125401,"d":"1.25"},{"v":214.730008099999,"d":"214.73"},{"v":0.969116244,"d":"0.97"},{"v":2507.10372199999,"d":"2,507.10"},{"v":79.8962776799999,"d":"79.90"},1,"1_41602000_50881",{"v":0.119266416814,"d":"0.12"},{"v":0.000555425009617,"d":"0.00"},{"v":1.3925081089,"d":"1.39"},{"v":0.103515750874,"d":"0.10"},"1_41602000_50881_283428","außerhalb GKL",{"v":0.119266416813,"d":"0.12"},{"v":0.999999999992,"d":"1.00"},{"v":1.39250810889,"d":"1.39"}]
[4,416,41602,{"v":3631.57175,"d":"3,631.57"},4672,{"v":1.286495303,"d":"1.29"},"M",310,41602001,{"v":1557.20136352,"d":"1,557.20"},2085,{"v":1.338940518,"d":"1.34"},{"v":176.376622999999,"d":"176.38"},{"v":0.969116244,"d":"0.97"},{"v":2020.60736799999,"d":"2,020.61"},{"v":64.3926319899999,"d":"64.39"},1,"1_41602001_51121",{"v":2.16167667943,"d":"2.16"},{"v":0.0122560271461,"d":"0.01"},{"v":24.7646187538,"d":"24.76"},{"v":0.113265135218,"d":"0.11"},"1_41602001_51121_283730","außerhalb GKL",{"v":2.16167667943,"d":"2.16"},{"v":1,"d":"1.00"},{"v":24.7646187538,"d":"24.76"}]
[4,416,41605,{"v":4098.677576,"d":"4,098.68"},8840,{"v":2.156793218,"d":"2.16"}," ",310,41605002,{"v":1156.31052875999,"d":"1,156.31"},2329,{"v":2.01416483,"d":"2.01"},{"v":137.9412351,"d":"137.94"},{"v":0.969116244,"d":"0.97"},{"v":2257.071731,"d":"2,257.07"},{"v":71.92826854,"d":"71.93"},1,"1_41605002_51297",{"v":0.131508079221,"d":"0.13"},{"v":0.000953363068887,"d":"0.00"},{"v":2.15180883216,"d":"2.15"},{"v":0.119294282694,"d":"0.12"},"1_41605002_51297_284060","außerhalb GKL",{"v":0.131508079221,"d":"0.13"},{"v":1,"d":"1.00"},{"v":2.15180883216,"d":"2.15"}]
[4,416,41606,{"v":3940.13084299999,"d":"3,940.13"},5395,{"v":1.369243869,"d":"1.37"},"M",310,41606000,{"v":1329.84183647999,"d":"1,329.84"},1954,{"v":1.469347667,"d":"1.47"},{"v":137.803676999999,"d":"137.80"},{"v":0.969116244,"d":"0.97"},{"v":1893.65313999999,"d":"1,893.65"},{"v":60.3468599099999,"d":"60.35"},1,"1_41606000_51462",{"v":41.6654978214,"d":"41.67"},{"v":0.302354035309,"d":"0.30"},{"v":572.553668355,"d":"572.55"},{"v":0.103624110191,"d":"0.10"},"1_41606000_51462_284397","G",{"v":0.000473898468042,"d":"0.00"},{"v":1.1373882296e-05,"d":"0.00"},{"v":0.00651215803224,"d":"0.01"}]
[4,416,41608,{"v":1082.45740799999,"d":"1,082.46"},813,{"v":0.751068813,"d":"0.75"}," ",310,41608000,{"v":1082.45740784,"d":"1,082.46"},813,{"v":0.751068813,"d":"0.75"},{"v":86.4708449099999,"d":"86.47"},{"v":0.969116244,"d":"0.97"},{"v":787.8915061,"d":"787.89"},{"v":25.10849391,"d":"25.11"},1,"1_41608000_51599",{"v":69.1888576640999,"d":"69.19"},{"v":0.800140876802,"d":"0.80"},{"v":630.424200516,"d":"630.42"},{"v":0.0798838312563,"d":"0.08"},"1_41608000_51599_284717","G",{"v":0.000756515885228,"d":"0.00"},{"v":1.0934071045e-05,"d":"0.00"},{"v":6.89310299699E-3,"d":"0.01"}]
[4,416,41609,{"v":4023.16379499999,"d":"4,023.16"},5114,{"v":1.2711389,"d":"1.27"},"M",310,41609001,{"v":3544.30715426,"d":"3,544.31"},1687,{"v":0.475974549,"d":"0.48"},{"v":117.069134,"d":"117.07"},{"v":0.969116244,"d":"0.97"},{"v":1634.89910299999,"d":"1,634.90"},{"v":52.10089696,"d":"52.10"},1,"1_41609001_51738",{"v":0.115476738957,"d":"0.12"},{"v":0.000986397823332,"d":"0.00"},{"v":1.61266091657,"d":"1.61"},{"v":0.0330301886673,"d":"0.03"},"1_41609001_51738_284906","G",{"v":0.115476738957,"d":"0.12"},{"v":1,"d":"1.00"},{"v":1.61266091657,"d":"1.61"}]
[4,416,41611,{"v":1807.60204599999,"d":"1,807.60"},2325,{"v":1.286234437,"d":"1.29"},"M",310,41611000,{"v":1807.60204595999,"d":"1,807.60"},2325,{"v":1.286234437,"d":"1.29"},{"v":154.2151445,"d":"154.22"},{"v":0.969116244,"d":"0.97"},{"v":2253.195266,"d":"2,253.20"},{"v":71.80473351,"d":"71.80"},1,"1_41611000_51842",{"v":0.540283282877,"d":"0.54"},{"v":0.00350343855416,"d":"0.00"},{"v":7.89393116496,"d":"7.89"},{"v":0.0853147654068,"d":"0.09"},"1_41611000_51842_285069","G",{"v":0.284350065685,"d":"0.28"},{"v":0.526298100824,"d":"0.53"},{"v":4.15456098015,"d":"4.15"}]
[4,416,41614,{"v":1858.777589,"d":"1,858.78"},2728,{"v":1.467631209,"d":"1.47"}," ",310,41614000,{"v":1858.77758915,"d":"1,858.78"},2728,{"v":1.467631209,"d":"1.47"},{"v":172.6963704,"d":"172.70"},{"v":0.969116244,"d":"0.97"},{"v":2643.74911299999,"d":"2,643.75"},{"v":84.25088732,"d":"84.25"},1,"1_41614000_52015",{"v":0.0859513015236,"d":"0.09"},{"v":0.00049770184124,"d":"0.00"},{"v":1.31579880132,"d":"1.32"},{"v":0.0929085714225,"d":"0.09"},"1_41614000_52015_285365","G",{"v":2.6027452806e-05,"d":"0.00"},{"v":0.00030281627322,"d":"0.00"},{"v":3.98445289323E-4,"d":"0.00"}]
[4,416,41617,{"v":1172.76011599999,"d":"1,172.76"},4738,{"v":4.040041893,"d":"4.04"},"M",310,41617002,{"v":662.294135074999,"d":"662.29"},1357,{"v":2.048938573,"d":"2.05"},{"v":86.33795569,"d":"86.34"},{"v":0.969116244,"d":"0.97"},{"v":1315.09074299999,"d":"1,315.09"},{"v":41.9092573699999,"d":"41.91"},1,"1_41617002_52194",{"v":50.2285433333,"d":"50.23"},{"v":0.581766650969,"d":"0.58"},{"v":765.075937275,"d":"765.08"},{"v":0.13036195116,"d":"0.13"},"1_41617002_52194_285730","G",{"v":2.22270866218E-3,"d":"0.00"},{"v":4.4251903692e-05,"d":"0.00"},{"v":0.0338560666934,"d":"0.03"}]
[4,416,41623,{"v":1260.40371499999,"d":"1,260.40"},1019,{"v":0.808471117,"d":"0.81"}," ",310,41623000,{"v":1260.40371522999,"d":"1,260.40"},1019,{"v":0.808471117,"d":"0.81"},{"v":102.2373958,"d":"102.24"},{"v":0.969116244,"d":"0.97"},{"v":987.5294523,"d":"987.53"},{"v":31.4705477199999,"d":"31.47"},1,"1_41623000_52345",{"v":0.190536845138,"d":"0.19"},{"v":1.86367076007E-3,"d":"0.00"},{"v":1.84042976496,"d":"1.84"},{"v":0.0811148004125,"d":"0.08"},"1_41623000_52345_286056","D",{"v":0.190536902766,"d":"0.19"},{"v":1.00000030245,"d":"1.00"},{"v":1.8404303216,"d":"1.84"}]
[4,416,41626,{"v":1532.27385099999,"d":"1,532.27"},4158,{"v":2.713614147,"d":"2.71"},"M",310,41626001,{"v":947.955782515,"d":"947.96"},1076,{"v":1.13507404,"d":"1.14"},{"v":94.22629281,"d":"94.23"},{"v":0.969116244,"d":"0.97"},{"v":1042.769078,"d":"1,042.77"},{"v":33.23092183,"d":"33.23"},1,"1_41626001_52509",{"v":2.29441706321,"d":"2.29"},{"v":0.02435007252,"d":"0.02"},{"v":25.3915026709,"d":"25.39"},{"v":0.09939945992,"d":"0.10"},"1_41626001_52509_286384","E",{"v":0.0204387539102,"d":"0.02"},{"v":0.00890803779222,"d":"0.01"},{"v":0.226188465394,"d":"0.23"}]
[4,416,41628,{"v":6321.753587,"d":"6,321.75"},2674,{"v":0.422983902,"d":"0.42"},"M",330,41628001,{"v":2793.87795988,"d":"2,793.88"},1339,{"v":0.479262165,"d":"0.48"},{"v":151.4655844,"d":"151.47"},{"v":0.990672016,"d":"0.99"},{"v":1326.509829,"d":"1,326.51"},{"v":12.49017051,"d":"12.49"},1,"1_41628001_52692",{"v":34.0140449855,"d":"34.01"},{"v":0.224566162143,"d":"0.22"},{"v":297.889221342999,"d":"297.89"},{"v":0.0542133860444,"d":"0.05"},"1_41628001_52692_286713","außerhalb GKL",{"v":0.594346044197,"d":"0.59"},{"v":0.0174735478962,"d":"0.02"},{"v":5.2051815769,"d":"5.21"}]
[4,417,41705,{"v":2478.21328899999,"d":"2,478.21"},1720,{"v":0.694048413,"d":"0.69"}," ",310,41705000,{"v":2478.21328902999,"d":"2,478.21"},1720,{"v":0.694048413,"d":"0.69"},{"v":167.0560306,"d":"167.06"},{"v":0.969116244,"d":"0.97"},{"v":1666.87993899999,"d":"1,666.88"},{"v":53.12006092,"d":"53.12"},1,"1_41705000_52910",{"v":0.176178226473,"d":"0.18"},{"v":0.00105460560652,"d":"0.00"},{"v":1.75790092907,"d":"1.76"},{"v":0.0674098679639,"d":"0.07"},"1_41705000_52910_287149","außerhalb GKL",{"v":0.176178226473,"d":"0.18"},{"v":1,"d":"1.00"},{"v":1.75790092907,"d":"1.76"}]
[4,417,41709,{"v":4855.12100999999,"d":"4,855.12"},4900,{"v":1.00924364,"d":"1.01"},"M",410,41709001,{"v":2102.95058147999,"d":"2,102.95"},1392,{"v":0.66192711,"d":"0.66"},{"v":135.598884099999,"d":"135.60"},{"v":0.921559671,"d":"0.92"},{"v":1282.81106199999,"d":"1,282.81"},{"v":109.1889383,"d":"109.19"},1,"1_41709001_53061",{"v":0.228139203012,"d":"0.23"},{"v":1.68245634561E-3,"d":"0.00"},{"v":2.15827361148,"d":"2.16"},{"v":0.0644802998673,"d":"0.06"},"1_41709001_53061_287374","außerhalb GKL",{"v":0.228139203011,"d":"0.23"},{"v":0.999999999996,"d":"1.00"},{"v":2.15827361147,"d":"2.16"}]
[4,417,41710,{"v":1840.445222,"d":"1,840.45"},3690,{"v":2.004949648,"d":"2.00"},"M",410,41710001,{"v":1595.45099426999,"d":"1,595.45"},1457,{"v":0.913221406,"d":"0.91"},{"v":149.19334,"d":"149.19"},{"v":0.921559671,"d":"0.92"},{"v":1342.71244,"d":"1,342.71"},{"v":114.2875597,"d":"114.29"},1,"1_41710001_53234",{"v":0.171615550333,"d":"0.17"},{"v":1.15028961972E-3,"d":"0.00"},{"v":1.544508182,"d":"1.54"},{"v":0.0935117032963,"d":"0.09"},"1_41710001_53234_287608","außerhalb GKL",{"v":0.171615550333,"d":"0.17"},{"v":1,"d":"1.00"},{"v":1.544508182,"d":"1.54"}]
[4,417,41713,{"v":888.7706467,"d":"888.77"},5219,{"v":5.872156128,"d":"5.87"},"M",102,41713003,{"v":58.0376708448999,"d":"58.04"},593,{"v":10.21750169,"d":"10.22"},{"v":23.21216494,"d":"23.21"},{"v":0.973029842,"d":"0.97"},{"v":577.006696,"d":"577.01"},{"v":15.99330396,"d":"15.99"},1,"1_41713003_53465",{"v":12.7641896111,"d":"12.76"},{"v":0.54989225021,"d":"0.55"},{"v":317.291510449999,"d":"317.29"},{"v":0.399949973906,"d":"0.40"},"1_41713003_53465_288031","F",{"v":0.124651120862,"d":"0.12"},{"v":0.00976569015816,"d":"0.01"},{"v":3.09857058087,"d":"3.10"}]
[4,417,41718,{"v":2750.219297,"d":"2,750.22"},1151,{"v":0.418512081,"d":"0.42"}," ",410,41718000,{"v":2750.21929656,"d":"2,750.22"},1151,{"v":0.418512081,"d":"0.42"},{"v":170.382128899999,"d":"170.38"},{"v":0.921559671,"d":"0.92"},{"v":1060.715181,"d":"1,060.72"},{"v":90.28481897,"d":"90.28"},1,"1_41718000_53673",{"v":0.36397330076,"d":"0.36"},{"v":0.0021362175899,"d":"0.00"},{"v":2.26591842753,"d":"2.27"},{"v":0.0619521974532,"d":"0.06"},"1_41718000_53673_288373","außerhalb GKL",{"v":0.36397330076,"d":"0.36"},{"v":1,"d":"1.00"},{"v":2.26591842753,"d":"2.27"}]
[4,417,41726,{"v":5090.084023,"d":"5,090.08"},2430,{"v":0.477398799,"d":"0.48"}," ",410,41726000,{"v":5090.08402271999,"d":"5,090.08"},2430,{"v":0.477398799,"d":"0.48"},{"v":236.912212,"d":"236.91"},{"v":0.921559671,"d":"0.92"},{"v":2239.38999999999,"d":"2,239.39"},{"v":190.6100001,"d":"190.61"},1,"1_41726000_53941",{"v":135.337838111999,"d":"135.34"},{"v":0.571257331859,"d":"0.57"},{"v":1279.26795639,"d":"1,279.27"},{"v":0.046543870581,"d":"0.05"},"1_41726000_53941_288688","E",{"v":1.17513884337,"d":"1.18"},{"v":0.00868300291894,"d":"0.01"},{"v":11.1078873993999,"d":"11.11"}]
[4,417,41731,{"v":3392.709925,"d":"3,392.71"},6691,{"v":1.972169784,"d":"1.97"},"M",102,41731003,{"v":1120.18066384999,"d":"1,120.18"},1918,{"v":1.712223806,"d":"1.71"},{"v":162.6659529,"d":"162.67"},{"v":0.973029842,"d":"0.97"},{"v":1866.271236,"d":"1,866.27"},{"v":51.7287639099999,"d":"51.73"},1,"1_41731003_54118",{"v":0.108992336817,"d":"0.11"},{"v":0.000670037797547,"d":"0.00"},{"v":1.25047226859,"d":"1.25"},{"v":0.145214033905,"d":"0.15"},"1_41731003_54118_289018","außerhalb GKL",{"v":0.108992336817,"d":"0.11"},{"v":1,"d":"1.00"},{"v":1.25047226859,"d":"1.25"}]
[4,417,41731,{"v":3392.709925,"d":"3,392.71"},6691,{"v":1.972169784,"d":"1.97"},"M",102,41731003,{"v":1120.18066384999,"d":"1,120.18"},1918,{"v":1.712223806,"d":"1.71"},{"v":162.6659529,"d":"162.67"},{"v":0.973029842,"d":"0.97"},{"v":1866.271236,"d":"1,866.27"},{"v":51.7287639099999,"d":"51.73"},1,"1_41731003_54175",{"v":0.917567407018,"d":"0.92"},{"v":0.00564080799122,"d":"0.01"},{"v":10.5272777017999,"d":"10.53"},{"v":0.145214033905,"d":"0.15"},"1_41731003_54175_289086","außerhalb GKL",{"v":0.917567407017,"d":"0.92"},{"v":0.999999999999,"d":"1.00"},{"v":10.5272777017999,"d":"10.53"}]
[4,417,41734,{"v":1558.324112,"d":"1,558.32"},4455,{"v":2.858840446,"d":"2.86"},"M",410,41734002,{"v":282.049040919999,"d":"282.05"},2451,{"v":8.68997813999999,"d":"8.69"},{"v":123.3871556,"d":"123.39"},{"v":0.921559671,"d":"0.92"},{"v":2258.74275299999,"d":"2,258.74"},{"v":192.257247,"d":"192.26"},1,"1_41734002_54334",{"v":123.018645824999,"d":"123.02"},{"v":0.997013386254,"d":"1.00"},{"v":2251.99676085,"d":"2,252.00"},{"v":0.437467027711,"d":"0.44"},"1_41734002_54334_289370","F",{"v":2.04044836527,"d":"2.04"},{"v":0.0165864967183,"d":"0.02"},{"v":37.3527368835,"d":"37.35"}]
[4,417,41743,{"v":1813.162096,"d":"1,813.16"},5854,{"v":3.22861371,"d":"3.23"},"M",102,41743002,{"v":754.310720684999,"d":"754.31"},808,{"v":1.071176609,"d":"1.07"},{"v":37.93389741,"d":"37.93"},{"v":0.973029842,"d":"0.97"},{"v":786.208112,"d":"786.21"},{"v":21.7918880299999,"d":"21.79"},1,"1_41743002_54922",{"v":0.753610085967,"d":"0.75"},{"v":0.0198664028065,"d":"0.02"},{"v":15.6191270427,"d":"15.62"},{"v":0.050289484651,"d":"0.05"},"1_41743002_54922_289901","außerhalb GKL",{"v":0.753610085967,"d":"0.75"},{"v":1,"d":"1.00"},{"v":15.6191270427,"d":"15.62"}]
[4,417,41743,{"v":1813.162096,"d":"1,813.16"},5854,{"v":3.22861371,"d":"3.23"},"M",102,41743004,{"v":280.670649579999,"d":"280.67"},836,{"v":2.978580059,"d":"2.98"},{"v":50.97211703,"d":"50.97"},{"v":0.973029842,"d":"0.97"},{"v":813.4529475,"d":"813.45"},{"v":22.54705246,"d":"22.55"},1,"1_41743004_54990",{"v":2.38150256174,"d":"2.38"},{"v":0.0467216725634,"d":"0.05"},{"v":38.0058822588,"d":"38.01"},{"v":0.181608291092,"d":"0.18"},"1_41743004_54990_290027","F",{"v":2.14278656672,"d":"2.14"},{"v":0.899762444578,"d":"0.90"},{"v":34.1962655295,"d":"34.20"}]
[4,417,41747,{"v":2743.83429699999,"d":"2,743.83"},5108,{"v":1.861628454,"d":"1.86"},"M",410,41747001,{"v":908.027288545,"d":"908.03"},1410,{"v":1.552816769,"d":"1.55"},{"v":135.096038999999,"d":"135.10"},{"v":0.921559671,"d":"0.92"},{"v":1299.39913599999,"d":"1,299.40"},{"v":110.600864299999,"d":"110.60"},1,"1_41747001_55078",{"v":2.83253485183,"d":"2.83"},{"v":0.0209668238447,"d":"0.02"},{"v":27.2442727884999,"d":"27.24"},{"v":0.148779712575,"d":"0.15"},"1_41747001_55078_290360","außerhalb GKL",{"v":2.83253485183,"d":"2.83"},{"v":1,"d":"1.00"},{"v":27.2442727884999,"d":"27.24"}]
[4,418,41803,{"v":2430.16696099999,"d":"2,430.17"},2595,{"v":1.067827866,"d":"1.07"},"M",410,41803000,{"v":394.429904114999,"d":"394.43"},1336,{"v":3.387167114,"d":"3.39"},{"v":90.8462414899999,"d":"90.85"},{"v":0.921559671,"d":"0.92"},{"v":1231.20371999999,"d":"1,231.20"},{"v":104.7962799,"d":"104.80"},1,"1_41803000_55292",{"v":0.590528486018,"d":"0.59"},{"v":0.00650030729211,"d":"0.01"},{"v":8.00320251918999,"d":"8.00"},{"v":0.230322905394,"d":"0.23"},"1_41803000_55292_290684","F",{"v":0.590528486018,"d":"0.59"},{"v":1,"d":"1.00"},{"v":8.00320251918999,"d":"8.00"}]
[4,418,41806,{"v":2116.544499,"d":"2,116.54"},2269,{"v":1.072030378,"d":"1.07"}," ",310,41806000,{"v":2116.54449887,"d":"2,116.54"},2269,{"v":1.072030378,"d":"1.07"},{"v":194.666465899999,"d":"194.67"},{"v":0.969116244,"d":"0.97"},{"v":2198.924757,"d":"2,198.92"},{"v":70.0752431599999,"d":"70.08"},1,"1_41806000_55597",{"v":0.541952566601,"d":"0.54"},{"v":0.00278400578187,"d":"0.00"},{"v":6.12181923739,"d":"6.12"},{"v":0.09197371754,"d":"0.09"},"1_41806000_55597_291125","außerhalb GKL",{"v":0.541952566601,"d":"0.54"},{"v":1,"d":"1.00"},{"v":6.12181923739,"d":"6.12"}]
[4,418,41808,{"v":3623.42779199999,"d":"3,623.43"},6280,{"v":1.733165489,"d":"1.73"},"M",102,41808002,{"v":2864.35595844999,"d":"2,864.36"},1721,{"v":0.600833145,"d":"0.60"},{"v":218.661394099999,"d":"218.66"},{"v":0.973029842,"d":"0.97"},{"v":1674.58435699999,"d":"1,674.58"},{"v":46.4156426899999,"d":"46.42"},1,"1_41808002_55734",{"v":0.800641431512,"d":"0.80"},{"v":3.66155824995E-3,"d":"0.00"},{"v":6.13158816761,"d":"6.13"},{"v":0.0763387642011,"d":"0.08"},"1_41808002_55734_291345","außerhalb GKL",{"v":0.800641431512,"d":"0.80"},{"v":1,"d":"1.00"},{"v":6.13158816761,"d":"6.13"}]
[4,418,41812,{"v":2313.153702,"d":"2,313.15"},14070,{"v":6.082604882,"d":"6.08"},"ST",102,41812000,{"v":107.46837424,"d":"107.47"},1686,{"v":15.68833633,"d":"15.69"},{"v":71.99662987,"d":"72.00"},{"v":0.973029842,"d":"0.97"},{"v":1640.528313,"d":"1,640.53"},{"v":45.47168715,"d":"45.47"},1,"1_41812000_55881",{"v":71.2696837292999,"d":"71.27"},{"v":0.989903053212,"d":"0.99"},{"v":1623.96398591999,"d":"1,623.96"},{"v":0.669933181544,"d":"0.67"},"1_41812000_55881_291671","E",{"v":0.812240761924,"d":"0.81"},{"v":0.0113967218517,"d":"0.01"},{"v":18.5078658447,"d":"18.51"}]
[4,418,41812,{"v":2313.153702,"d":"2,313.15"},14070,{"v":6.082604882,"d":"6.08"},"ST",102,41812005,{"v":278.944152244999,"d":"278.94"},2135,{"v":7.653861832,"d":"7.65"},{"v":91.0723638,"d":"91.07"},{"v":0.973029842,"d":"0.97"},{"v":2077.418712,"d":"2,077.42"},{"v":57.58128829,"d":"57.58"},1,"1_41812005_55920",{"v":53.0427283865999,"d":"53.04"},{"v":0.58242397774,"d":"0.58"},{"v":1209.93846966999,"d":"1,209.94"},{"v":0.326489596814,"d":"0.33"},"1_41812005_55920_291838","G",{"v":0.0904866569748,"d":"0.09"},{"v":1.7059201087E-3,"d":"0.00"},{"v":2.0640583657,"d":"2.06"}]
[4,418,41817,{"v":2215.136872,"d":"2,215.14"},2706,{"v":1.221594943,"d":"1.22"},"M",410,41817001,{"v":2016.97578438999,"d":"2,016.98"},913,{"v":0.452657889,"d":"0.45"},{"v":122.443841399999,"d":"122.44"},{"v":0.921559671,"d":"0.92"},{"v":841.3839794,"d":"841.38"},{"v":71.61602061,"d":"71.62"},1,"1_41817001_56214",{"v":0.161192864139,"d":"0.16"},{"v":1.31646363178E-3,"d":"0.00"},{"v":1.10765140924,"d":"1.11"},{"v":0.060706649206,"d":"0.06"},"1_41817001_56214_292328","außerhalb GKL",{"v":0.161192864139,"d":"0.16"},{"v":1,"d":"1.00"},{"v":1.10765140924,"d":"1.11"}]
[4,418,41820,{"v":1502.36743999999,"d":"1,502.37"},4987,{"v":3.319427636,"d":"3.32"},"M",310,41820002,{"v":512.57762647,"d":"512.58"},959,{"v":1.870936128,"d":"1.87"},{"v":61.8781512199999,"d":"61.88"},{"v":0.969116244,"d":"0.97"},{"v":929.382477699999,"d":"929.38"},{"v":29.61752234,"d":"29.62"},1,"1_41820002_56387",{"v":43.8694186751,"d":"43.87"},{"v":0.708964599138,"d":"0.71"},{"v":658.899275748,"d":"658.90"},{"v":0.120719571094,"d":"0.12"},"1_41820002_56387_292603","außerhalb GKL",{"v":6.10048171324,"d":"6.10"},{"v":0.13906000803,"d":"0.14"},{"v":91.6265385764999,"d":"91.63"}]
[4,418,41823,{"v":1631.213796,"d":"1,631.21"},5530,{"v":3.390113554,"d":"3.39"},"M",102,41823001,{"v":72.8251851399,"d":"72.83"},1217,{"v":16.7112517099999,"d":"16.71"},{"v":54.6541180199999,"d":"54.65"},{"v":0.973029842,"d":"0.97"},{"v":1184.17731699999,"d":"1,184.18"},{"v":32.8226828299999,"d":"32.82"},1,"1_41823001_56652",{"v":54.6541180226999,"d":"54.65"},{"v":1.00000000005,"d":"1.00"},{"v":1184.17731705999,"d":"1,184.18"},{"v":0.75048374975,"d":"0.75"},"1_41823001_56652_292989","E",{"v":3.66300880654,"d":"3.66"},{"v":0.0670216433649,"d":"0.07"},{"v":79.3655098248,"d":"79.37"}]
[4,418,41823,{"v":1631.213796,"d":"1,631.21"},5530,{"v":3.390113554,"d":"3.39"},"M",102,41823003,{"v":1266.96235453999,"d":"1,266.96"},871,{"v":0.687471097,"d":"0.69"},{"v":98.57875678,"d":"98.58"},{"v":0.973029842,"d":"0.97"},{"v":847.508992,"d":"847.51"},{"v":23.49100801,"d":"23.49"},1,"1_41823003_56692",{"v":1.02366257623,"d":"1.02"},{"v":0.0103842106521,"d":"0.01"},{"v":8.80071190248,"d":"8.80"},{"v":0.0778071711655,"d":"0.08"},"1_41823003_56692_293062","außerhalb GKL",{"v":1.02366257623,"d":"1.02"},{"v":1,"d":"1.00"},{"v":8.80071190248,"d":"8.80"}]
[5,503,50336,{"v":9401.955319,"d":"9,401.96"},3641,{"v":0.387259871,"d":"0.39"}," ",220,50336001,{"v":8456.83176654999,"d":"8,456.83"},2271,{"v":0.268540283,"d":"0.27"},{"v":233.122786899999,"d":"233.12"},{"v":0.975109986,"d":"0.98"},{"v":2214.474779,"d":"2,214.47"},{"v":56.5252214799999,"d":"56.53"},1,"1_50336001_59546",{"v":28.1953251682,"d":"28.20"},{"v":0.120946242721,"d":"0.12"},{"v":267.832404119999,"d":"267.83"},{"v":0.0275662084023,"d":"0.03"},"1_50336001_59546_293341","G",{"v":2.61645581003,"d":"2.62"},{"v":0.092797504353,"d":"0.09"},{"v":24.8541786872,"d":"24.85"}]
[9,902,90201,{"v":1923.612609,"d":"1,923.61"},105848,{"v":55.0256322299999,"d":"55.03"},"SR",101,90201037,{"v":7.98008361498,"d":"7.98"},991,{"v":124.1841624,"d":"124.18"},{"v":5.30762434,"d":"5.31"},{"v":0.965932983,"d":"0.97"},{"v":957.239586199999,"d":"957.24"},{"v":33.7604138199999,"d":"33.76"},1,"1_90201037_88596",{"v":5.30762434012,"d":"5.31"},{"v":1.00000000002,"d":"1.00"},{"v":957.239586218999,"d":"957.24"},{"v":0.665108863025,"d":"0.67"},"1_90201037_88596_293671","B",{"v":4.92356878639,"d":"4.92"},{"v":0.927640780673,"d":"0.93"},{"v":887.974477051,"d":"887.97"}]
[9,903,90301,{"v":739.460588,"d":"739.46"},91680,{"v":123.982266899999,"d":"123.98"},"SR",101,90301096,{"v":4.55580882497,"d":"4.56"},1374,{"v":301.5929888,"d":"301.59"},{"v":4.540479216,"d":"4.54"},{"v":0.965932983,"d":"0.97"},{"v":1327.191919,"d":"1,327.19"},{"v":46.8080813199999,"d":"46.81"},1,"1_90301096_88733",{"v":4.54047921593,"d":"4.54"},{"v":0.999999999985,"d":"1.00"},{"v":1327.19191898,"d":"1,327.19"},{"v":0.996635150956,"d":"1.00"},"1_90301096_88733_294081","B",{"v":1.71117504155,"d":"1.71"},{"v":0.376871021796,"d":"0.38"},{"v":500.180174625,"d":"500.18"}]
[9,907,90701,{"v":160.7346075,"d":"160.73"},31961,{"v":198.8433013,"d":"198.84"},"SR",101,90701023,{"v":13.913403935,"d":"13.91"},292,{"v":20.98695627,"d":"20.99"},{"v":5.699685038,"d":"5.70"},{"v":0.965932983,"d":"0.97"},{"v":282.052431,"d":"282.05"},{"v":9.947568956,"d":"9.95"},1,"1_90701023_88855",{"v":5.69968503807,"d":"5.70"},{"v":1.00000000001,"d":"1.00"},{"v":282.052431002999,"d":"282.05"},{"v":0.409654248854,"d":"0.41"},"1_90701023_88855_294328","B",{"v":1.7396454113,"d":"1.74"},{"v":0.305217814613,"d":"0.31"},{"v":86.087426597,"d":"86.09"}]
[9,910,91001,{"v":3181.213107,"d":"3,181.21"},207193,{"v":65.13018556,"d":"65.13"},"SR",101,91001011,{"v":84.18591598,"d":"84.19"},8446,{"v":100.3255699,"d":"100.33"},{"v":29.2750628,"d":"29.28"},{"v":0.965932983,"d":"0.97"},{"v":8158.269975,"d":"8,158.27"},{"v":287.7300253,"d":"287.73"},1,"1_91001011_88960",{"v":17.146105361,"d":"17.15"},{"v":0.585689789229,"d":"0.59"},{"v":4778.21542212999,"d":"4,778.22"},{"v":0.347742997854,"d":"0.35"},"1_91001011_88960_294540","A",{"v":0.332765175142,"d":"0.33"},{"v":0.0194076245384,"d":"0.02"},{"v":92.7338108762999,"d":"92.73"}]
[9,910,91001,{"v":3181.213107,"d":"3,181.21"},207193,{"v":65.13018556,"d":"65.13"},"SR",101,91001195,{"v":224.258770558,"d":"224.26"},986,{"v":4.396706526,"d":"4.40"},{"v":42.30408468,"d":"42.30"},{"v":0.965932983,"d":"0.97"},{"v":952.409921299999,"d":"952.41"},{"v":33.59007873,"d":"33.59"},1,"1_91001195_89079",{"v":31.8924340967,"d":"31.89"},{"v":0.753885454276,"d":"0.75"},{"v":718.007986176,"d":"718.01"},{"v":0.188639599578,"d":"0.19"},"1_91001195_89079_294985","D",{"v":3.68080540094,"d":"3.68"},{"v":0.115413122428,"d":"0.12"},{"v":82.8675436128,"d":"82.87"}]
[9,912,91201,{"v":809.8651974,"d":"809.87"},97078,{"v":119.8693317,"d":"119.87"},"SR",101,91201020,{"v":7.61181163995,"d":"7.61"},1334,{"v":175.253942599999,"d":"175.25"},{"v":7.61181164,"d":"7.61"},{"v":0.965932983,"d":"0.97"},{"v":1288.554599,"d":"1,288.55"},{"v":45.44540064,"d":"45.45"},1,"1_91201020_89163",{"v":7.61181163997,"d":"7.61"},{"v":0.999999999996,"d":"1.00"},{"v":1334,"d":"1,334.00"},{"v":1.00000000001,"d":"1.00"},"1_91201020_89163_295355","B",{"v":0.0964277131743,"d":"0.10"},{"v":0.0126681685958,"d":"0.01"},{"v":16.8993369067999,"d":"16.90"}]
[9,913,91301,{"v":3769.37288699999,"d":"3,769.37"},54040,{"v":14.3366022999999,"d":"14.34"},"SR",101,91301041,{"v":26.661796655,"d":"26.66"},1175,{"v":44.0705484,"d":"44.07"},{"v":26.64350827,"d":"26.64"},{"v":0.965932983,"d":"0.97"},{"v":1134.97125499999,"d":"1,134.97"},{"v":40.02874494,"d":"40.03"},1,"1_91301041_89259",{"v":26.6435082662,"d":"26.64"},{"v":0.999999999857,"d":"1.00"},{"v":1134.97125484,"d":"1,134.97"},{"v":0.999314060292,"d":"1.00"},"1_91301041_89259_295642","E",{"v":0.0047478976667,"d":"0.00"},{"v":0.000178200919311,"d":"0.00"},{"v":0.202252921004,"d":"0.20"}]
[9,913,91301,{"v":3769.37288699999,"d":"3,769.37"},54040,{"v":14.3366022999999,"d":"14.34"},"SR",101,91301092,{"v":14.27865751,"d":"14.28"},1748,{"v":122.420472599999,"d":"122.42"},{"v":14.27865751,"d":"14.28"},{"v":0.965932983,"d":"0.97"},{"v":1688.45085399999,"d":"1,688.45"},{"v":59.54914567,"d":"59.55"},1,"1_91301092_89287",{"v":14.27865751,"d":"14.28"},{"v":1,"d":"1.00"},{"v":1748,"d":"1,748.00"},{"v":1,"d":"1.00"},"1_91301092_89287_295814","C",{"v":2.91229712101,"d":"2.91"},{"v":0.203961550235,"d":"0.20"},{"v":356.524789811,"d":"356.52"}]
[9,915,91501,{"v":391.5952173,"d":"391.60"},76813,{"v":196.154080999999,"d":"196.15"},"SR",101,91501032,{"v":4.27415921002,"d":"4.27"},1290,{"v":301.813745499999,"d":"301.81"},{"v":4.27415921,"d":"4.27"},{"v":0.965932983,"d":"0.97"},{"v":1246.053548,"d":"1,246.05"},{"v":43.9464518899999,"d":"43.95"},1,"1_91501032_89412",{"v":4.27415920998,"d":"4.27"},{"v":0.999999999995,"d":"1.00"},{"v":1290,"d":"1,290.00"},{"v":0.999999999995,"d":"1.00"},"1_91501032_89412_296303","B",{"v":1.64602546997,"d":"1.65"},{"v":0.385110939744,"d":"0.39"},{"v":496.793112269999,"d":"496.79"}]
[9,916,91601,{"v":866.996802499999,"d":"867.00"},103117,{"v":118.9358481,"d":"118.94"},"SR",101,91601107,{"v":2.77949267501,"d":"2.78"},1219,{"v":438.569243599999,"d":"438.57"},{"v":2.779492675,"d":"2.78"},{"v":0.965932983,"d":"0.97"},{"v":1177.47230599999,"d":"1,177.47"},{"v":41.52769369,"d":"41.53"},1,"1_91601107_89532",{"v":2.77949267496,"d":"2.78"},{"v":0.999999999986,"d":"1.00"},{"v":1219,"d":"1,219.00"},{"v":0.999999999996,"d":"1.00"},"1_91601107_89532_296629","A",{"v":2.17619456062,"d":"2.18"},{"v":0.782946679524,"d":"0.78"},{"v":954.412002339999,"d":"954.41"}]
[9,917,91701,{"v":1138.395473,"d":"1,138.40"},57027,{"v":50.09419075,"d":"50.09"},"SR",101,91701062,{"v":144.683312339999,"d":"144.68"},180,{"v":1.244096483,"d":"1.24"},{"v":5.391863649,"d":"5.39"},{"v":0.965932983,"d":"0.97"},{"v":173.867936899999,"d":"173.87"},{"v":6.132063055,"d":"6.13"},1,"1_91701062_89579",{"v":5.39186364916,"d":"5.39"},{"v":1.00000000003,"d":"1.00"},{"v":173.867936904999,"d":"173.87"},{"v":0.0372666588966,"d":"0.04"},"1_91701062_89579_296833","G",{"v":0.153513647839,"d":"0.15"},{"v":0.0284713519903,"d":"0.03"},{"v":4.95025523145,"d":"4.95"}]
[9,918,91801,{"v":634.4028425,"d":"634.40"},51497,{"v":81.17397425,"d":"81.17"},"SR",101,91801052,{"v":63.0974968598999,"d":"63.10"},3695,{"v":58.5601677399999,"d":"58.56"},{"v":63.09749686,"d":"63.10"},{"v":0.965932983,"d":"0.97"},{"v":3569.12237199999,"d":"3,569.12"},{"v":125.8776277,"d":"125.88"},1,"1_91801052_89619",{"v":63.09749686,"d":"63.10"},{"v":1,"d":"1.00"},{"v":3695,"d":"3,695.00"},{"v":1,"d":"1.00"},"1_91801052_89619_296981","B",{"v":0.00892592629838,"d":"0.01"},{"v":1.41462446889E-4,"d":"0.00"},{"v":0.522703741255,"d":"0.52"}]
[9,919,91901,{"v":2493.145121,"d":"2,493.15"},73901,{"v":29.64167604,"d":"29.64"},"SR",101,91901063,{"v":27.45395848,"d":"27.45"},1551,{"v":56.49458533,"d":"56.49"},{"v":23.34265664,"d":"23.34"},{"v":0.965932983,"d":"0.97"},{"v":1498.162057,"d":"1,498.16"},{"v":52.83794332,"d":"52.84"},1,"1_91901063_89679",{"v":23.3426566423,"d":"23.34"},{"v":1.0000000001,"d":"1.00"},{"v":1498.16205715,"d":"1,498.16"},{"v":0.850247393541,"d":"0.85"},"1_91901063_89679_297292","D",{"v":1.76436941833,"d":"1.76"},{"v":0.0755856304347,"d":"0.08"},{"v":113.239523582999,"d":"113.24"}]
[9,921,92101,{"v":4441.98805199999,"d":"4,441.99"},167968,{"v":37.81369919,"d":"37.81"},"SR",101,92101010,{"v":684.995531554999,"d":"685.00"},232,{"v":0.338688341,"d":"0.34"},{"v":66.10264121,"d":"66.10"},{"v":0.965932983,"d":"0.97"},{"v":224.096452099999,"d":"224.10"},{"v":7.903547937,"d":"7.90"},1,"1_92101010_89771",{"v":10.2699765896,"d":"10.27"},{"v":0.155364088357,"d":"0.16"},{"v":34.8165409846,"d":"34.82"},{"v":0.0965008356477,"d":"0.10"},"1_92101010_89771_297642","F",{"v":0.408655713119,"d":"0.41"},{"v":0.0397912993816,"d":"0.04"},{"v":1.38539540575,"d":"1.39"}]
[9,921,92101,{"v":4441.98805199999,"d":"4,441.99"},167968,{"v":37.81369919,"d":"37.81"},"SR",101,92101160,{"v":205.872984865,"d":"205.87"},1292,{"v":6.27571413,"d":"6.28"},{"v":74.44443671,"d":"74.44"},{"v":0.965932983,"d":"0.97"},{"v":1247.98541399999,"d":"1,247.99"},{"v":44.01458593,"d":"44.01"},1,"1_92101160_89838",{"v":74.4444367147,"d":"74.44"},{"v":1.00000000006,"d":"1.00"},{"v":1247.98541406999,"d":"1,247.99"},{"v":0.361603717743,"d":"0.36"},"1_92101160_89838_298057","D",{"v":0.0241970986792,"d":"0.02"},{"v":0.000325035687649,"d":"0.00"},{"v":0.405639797238,"d":"0.41"}]
[9,921,92101,{"v":4441.98805199999,"d":"4,441.99"},167968,{"v":37.81369919,"d":"37.81"},"SR",101,92101301,{"v":25.6418779,"d":"25.64"},1,{"v":0.038998704,"d":"0.04"},{"v":0.481410088,"d":"0.48"},{"v":0.965932983,"d":"0.97"},{"v":0.965932983,"d":"0.97"},{"v":0.034067017,"d":"0.03"},1,"1_92101301_89890",{"v":0.48141008772,"d":"0.48"},{"v":0.999999999418,"d":"1.00"},{"v":0.965932982438,"d":"0.97"},{"v":0.0187743694076,"d":"0.02"},"1_92101301_89890_298299","A",{"v":0.405017482708,"d":"0.41"},{"v":0.841314906022,"d":"0.84"},{"v":0.812653816343,"d":"0.81"}]
[9,922,92201,{"v":10224.20103,"d":"10,224.20"},195230,{"v":19.09489058,"d":"19.09"},"SR",101,92201052,{"v":280.320411864999,"d":"280.32"},7050,{"v":25.14979182,"d":"25.15"},{"v":49.8404582499999,"d":"49.84"},{"v":0.965932983,"d":"0.97"},{"v":6809.82752999999,"d":"6,809.83"},{"v":240.172469699999,"d":"240.17"},1,"1_92201052_89931",{"v":44.0181291478999,"d":"44.02"},{"v":0.883180666741,"d":"0.88"},{"v":6014.30801833999,"d":"6,014.31"},{"v":0.177798177159,"d":"0.18"},"1_92201052_89931_298516","D",{"v":0.00387353728169,"d":"0.00"},{"v":8.7998680468e-05,"d":"0.00"},{"v":0.529251169543,"d":"0.53"}]
[9,922,92201,{"v":10224.20103,"d":"10,224.20"},195230,{"v":19.09489058,"d":"19.09"},"SR",101,92201240,{"v":174.87625018,"d":"174.88"},1692,{"v":9.675413318,"d":"9.68"},{"v":60.3411565099999,"d":"60.34"},{"v":0.965932983,"d":"0.97"},{"v":1634.35860699999,"d":"1,634.36"},{"v":57.6413927199999,"d":"57.64"},1,"1_92201240_90022",{"v":57.6215582187999,"d":"57.62"},{"v":0.954929629319,"d":"0.95"},{"v":1560.69745876,"d":"1,560.70"},{"v":0.345050608347,"d":"0.35"},"1_92201240_90022_298956","D",{"v":0.195765460174,"d":"0.20"},{"v":0.00339743433231,"d":"0.00"},{"v":5.30236712874,"d":"5.30"}]
[9,923,92301,{"v":3204.284153,"d":"3,204.28"},110464,{"v":34.4738464799999,"d":"34.47"},"SR",101,92301034,{"v":26.1534425199,"d":"26.15"},803,{"v":30.70341502,"d":"30.70"},{"v":26.1534425199999,"d":"26.15"},{"v":0.965932983,"d":"0.97"},{"v":775.644185399999,"d":"775.64"},{"v":27.35581463,"d":"27.36"},1,"1_92301034_90073",{"v":26.1534425199,"d":"26.15"},{"v":0.999999999996,"d":"1.00"},{"v":803,"d":"803.00"},{"v":1,"d":"1.00"},"1_92301034_90073_299286","C",{"v":19.2542023988999,"d":"19.25"},{"v":0.736201453566,"d":"0.74"},{"v":591.169767213,"d":"591.17"}]
[9,923,92301,{"v":3204.284153,"d":"3,204.28"},110464,{"v":34.4738464799999,"d":"34.47"},"SR",101,92301111,{"v":17.8180699748999,"d":"17.82"},2055,{"v":115.332356599999,"d":"115.33"},{"v":16.5129208299999,"d":"16.51"},{"v":0.965932983,"d":"0.97"},{"v":1984.99227999999,"d":"1,984.99"},{"v":70.0077198799999,"d":"70.01"},1,"1_92301111_90130",{"v":16.5129208295,"d":"16.51"},{"v":0.99999999997,"d":"1.00"},{"v":1984.99227993999,"d":"1,984.99"},{"v":0.926751373929,"d":"0.93"},"1_92301111_90130_299535","C",{"v":2.23649414258,"d":"2.24"},{"v":0.135439039869,"d":"0.14"},{"v":268.845448541999,"d":"268.85"}]
[5,502,50201,{"v":18691.87758,"d":"18,691.88"},5886,{"v":0.314896135,"d":"0.31"},"M",430,50201001,{"v":6330.07631922,"d":"6,330.08"},1681,{"v":0.26555762,"d":"0.27"},{"v":0,"d":"0.00"},{"v":0.905906425,"d":"0.91"},{"v":1522.8287,"d":"1,522.83"},{"v":158.1713,"d":"158.17"},0,"0_50201001_4494",{"v":6243.05989812,"d":"6,243.06"},{"v":0,"d":"0.00"},{"v":158.1713,"d":"158.17"},{"v":0,"d":"0.00"},"0_50201001_4494_299943","E",{"v":0.45886464207,"d":"0.46"},{"v":7.3499958283e-05,"d":"0.00"},{"v":0.0116255839516,"d":"0.01"}]
[5,502,50202,{"v":2993.883522,"d":"2,993.88"},3624,{"v":1.210467933,"d":"1.21"}," ",101,50202000,{"v":730.06210016,"d":"730.06"},2501,{"v":3.425735974,"d":"3.43"},{"v":0,"d":"0.00"},{"v":0.965932983,"d":"0.97"},{"v":2415.79839099999,"d":"2,415.80"},{"v":85.20160945,"d":"85.20"},0,"0_50202000_4496",{"v":603.557382733,"d":"603.56"},{"v":0,"d":"0.00"},{"v":85.20160945,"d":"85.20"},{"v":0,"d":"0.00"},"0_50202000_4496_300044","F",{"v":16.2898982403,"d":"16.29"},{"v":0.026989808602,"d":"0.03"},{"v":2.29957513164,"d":"2.30"}]
[2,206,20639,{"v":7810.44823199999,"d":"7,810.45"},761,{"v":0.097433589,"d":"0.10"}," ",430,20639000,{"v":7810.44823219,"d":"7,810.45"},761,{"v":0.097433589,"d":"0.10"},{"v":142.825535099999,"d":"142.83"},{"v":0.905906425,"d":"0.91"},{"v":689.394789299999,"d":"689.39"},{"v":71.6052107499999,"d":"71.61"},1,"1_20639000_12475",{"v":98.0946217173,"d":"98.09"},{"v":0.686814312641,"d":"0.69"},{"v":473.486208351,"d":"473.49"},{"v":0.0182864710006,"d":"0.02"},"1_20639000_12475_300600","außerhalb GKL",{"v":0.0643003739335,"d":"0.06"},{"v":0.000655493367606,"d":"0.00"},{"v":0.310367069227,"d":"0.31"}]
[5,502,50205,{"v":2699.01415099999,"d":"2,699.01"},21314,{"v":7.896957485,"d":"7.90"},"ST",101,50205021,{"v":111.092180235,"d":"111.09"},1797,{"v":16.1757559899999,"d":"16.18"},{"v":59.65233683,"d":"59.65"},{"v":0.965932983,"d":"0.97"},{"v":1735.78157099999,"d":"1,735.78"},{"v":61.2184294999999,"d":"61.22"},1,"1_50205021_57371",{"v":59.652336833,"d":"59.65"},{"v":1.00000000005,"d":"1.00"},{"v":1735.78157108999,"d":"1,735.78"},{"v":0.536962518008,"d":"0.54"},"1_50205021_57371_300809","F",{"v":0.462329145025,"d":"0.46"},{"v":0.00775039452887,"d":"0.01"},{"v":13.4529919918999,"d":"13.45"}]
[5,504,50423,{"v":5053.975988,"d":"5,053.98"},3121,{"v":0.617533603,"d":"0.62"},"M",420,50423001,{"v":4957.50516974,"d":"4,957.51"},1908,{"v":0.384871006,"d":"0.38"},{"v":139.4365357,"d":"139.44"},{"v":0.920429496,"d":"0.92"},{"v":1756.179478,"d":"1,756.18"},{"v":151.820521899999,"d":"151.82"},1,"1_50423001_60879",{"v":33.5626230478999,"d":"33.56"},{"v":0.240701785077,"d":"0.24"},{"v":422.715535269999,"d":"422.72"},{"v":0.0281263520513,"d":"0.03"},"1_50423001_60879_300952","F",{"v":1.15401779647E-3,"d":"0.00"},{"v":3.4384016852e-05,"d":"0.00"},{"v":0.0145346580882,"d":"0.01"}]
[3,318,31810,{"v":1960.759657,"d":"1,960.76"},5912,{"v":3.015157916,"d":"3.02"},"ST",410,31810005,{"v":1036.97150058,"d":"1,036.97"},717,{"v":0.691436553,"d":"0.69"},{"v":0,"d":"0.00"},{"v":0.921559671,"d":"0.92"},{"v":660.7582839,"d":"660.76"},{"v":56.24171608,"d":"56.24"},0,"0_31810005_2453",{"v":936.677553439,"d":"936.68"},{"v":0,"d":"0.00"},{"v":56.24171608,"d":"56.24"},{"v":0,"d":"0.00"},"0_31810005_2453_301282","G",{"v":0.522552061174,"d":"0.52"},{"v":0.000557878278662,"d":"0.00"},{"v":0.0313760317557,"d":"0.03"}]
[5,505,50515,{"v":13042.44604,"d":"13,042.45"},1171,{"v":0.089783772,"d":"0.09"}," ",430,50515000,{"v":13042.4460397999,"d":"13,042.45"},1171,{"v":0.089783772,"d":"0.09"},{"v":0,"d":"0.00"},{"v":0.905906425,"d":"0.91"},{"v":1060.81642299999,"d":"1,060.82"},{"v":110.183576599999,"d":"110.18"},0,"0_50515000_4701",{"v":12918.8123735,"d":"12,918.81"},{"v":0,"d":"0.00"},{"v":110.183576599999,"d":"110.18"},{"v":0,"d":"0.00"},"0_50515000_4701_301828","G",{"v":0.0155775072053,"d":"0.02"},{"v":1.205800251e-06,"d":"0.00"},{"v":0.000132859384343,"d":"0.00"}]
[6,612,61264,{"v":12979.13915,"d":"12,979.14"},1798,{"v":0.138529989,"d":"0.14"},"M",430,61264000,{"v":6121.05112874,"d":"6,121.05"},1355,{"v":0.221367208,"d":"0.22"},{"v":0,"d":"0.00"},{"v":0.905906425,"d":"0.91"},{"v":1227.503206,"d":"1,227.50"},{"v":127.496794399999,"d":"127.50"},0,"0_61264000_5423",{"v":5904.06326268999,"d":"5,904.06"},{"v":0,"d":"0.00"},{"v":127.496794399999,"d":"127.50"},{"v":0,"d":"0.00"},"0_61264000_5423_301939","G",{"v":0.00212218988256,"d":"0.00"},{"v":3.59445654e-07,"d":"0.00"},{"v":4.5828168686e-05,"d":"0.00"}]
[3,318,31810,{"v":1960.759657,"d":"1,960.76"},5912,{"v":3.015157916,"d":"3.02"},"ST",410,31810000,{"v":73.9800461398999,"d":"73.98"},1199,{"v":16.2070728899999,"d":"16.21"},{"v":48.7413540599999,"d":"48.74"},{"v":0.921559671,"d":"0.92"},{"v":1104.950045,"d":"1,104.95"},{"v":94.0499547799999,"d":"94.05"},1,"1_31810000_24382",{"v":48.2201179130999,"d":"48.22"},{"v":0.989306079879,"d":"0.99"},{"v":1093.13379748,"d":"1,093.13"},{"v":0.658844602068,"d":"0.66"},"1_31810000_24382_302287","E",{"v":0.102458187727,"d":"0.10"},{"v":2.12480168364E-3,"d":"0.00"},{"v":2.32269253333,"d":"2.32"}]
[3,323,32325,{"v":3108.344649,"d":"3,108.34"},1178,{"v":0.378979854,"d":"0.38"},"M",410,32325000,{"v":3108.34464901999,"d":"3,108.34"},1178,{"v":0.378979854,"d":"0.38"},{"v":131.951031999999,"d":"131.95"},{"v":0.921559671,"d":"0.92"},{"v":1085.59729199999,"d":"1,085.60"},{"v":92.40270786,"d":"92.40"},1,"1_32325000_29902",{"v":0.563873523422,"d":"0.56"},{"v":0.00427335440182,"d":"0.00"},{"v":4.63914196637,"d":"4.64"},{"v":0.0424505796169,"d":"0.04"},"1_32325000_29902_302596","außerhalb GKL",{"v":0.563873523422,"d":"0.56"},{"v":1,"d":"1.00"},{"v":4.63914196637,"d":"4.64"}]
[5,502,50201,{"v":18691.87758,"d":"18,691.88"},5886,{"v":0.314896135,"d":"0.31"},"M",430,50201001,{"v":6330.07631922,"d":"6,330.08"},1681,{"v":0.26555762,"d":"0.27"},{"v":87.0164211,"d":"87.02"},{"v":0.905906425,"d":"0.91"},{"v":1522.8287,"d":"1,522.83"},{"v":158.1713,"d":"158.17"},1,"1_50201001_57130",{"v":0.363508717006,"d":"0.36"},{"v":0.00417747262426,"d":"0.00"},{"v":6.36157520569,"d":"6.36"},{"v":0.0137465042619,"d":"0.01"},"1_50201001_57130_303052","außerhalb GKL",{"v":0.363508717006,"d":"0.36"},{"v":1,"d":"1.00"},{"v":6.36157520569,"d":"6.36"}]
[6,612,61251,{"v":20288.13288,"d":"20,288.13"},451,{"v":0.022229744,"d":"0.02"}," ",430,61251000,{"v":20288.1328848999,"d":"20,288.13"},451,{"v":0.022229744,"d":"0.02"},{"v":191.101203199999,"d":"191.10"},{"v":0.905906425,"d":"0.91"},{"v":408.563797599999,"d":"408.56"},{"v":42.43620243,"d":"42.44"},1,"1_61251000_69227",{"v":0.117439496495,"d":"0.12"},{"v":0.000614540853372,"d":"0.00"},{"v":0.251079144834,"d":"0.25"},{"v":0.00941935880863,"d":"0.01"},"1_61251000_69227_303257","außerhalb GKL",{"v":0.117439496496,"d":"0.12"},{"v":1.00000000001,"d":"1.00"},{"v":0.251079144837,"d":"0.25"}]
[4,404,40402,{"v":3146.12109999999,"d":"3,146.12"},2613,{"v":0.830546542,"d":"0.83"},"M",410,40402002,{"v":2877.71741319,"d":"2,877.72"},1087,{"v":0.377729931,"d":"0.38"},{"v":0,"d":"0.00"},{"v":0.921559671,"d":"0.92"},{"v":1001.735362,"d":"1,001.74"},{"v":85.2646378999999,"d":"85.26"},0,"0_40402002_3458",{"v":2754.55968510999,"d":"2,754.56"},{"v":0,"d":"0.00"},{"v":85.2646378999999,"d":"85.26"},{"v":0,"d":"0.00"},"0_40402002_3458_303511","F",{"v":0.708848528028,"d":"0.71"},{"v":0.000257336419995,"d":"0.00"},{"v":0.0219416966694,"d":"0.02"}]
[4,417,41735,{"v":2355.982366,"d":"2,355.98"},2519,{"v":1.069193062,"d":"1.07"}," ",410,41735000,{"v":2355.98236588,"d":"2,355.98"},2519,{"v":1.069193062,"d":"1.07"},{"v":0,"d":"0.00"},{"v":0.921559671,"d":"0.92"},{"v":2321.40881099999,"d":"2,321.41"},{"v":197.591189399999,"d":"197.59"},0,"0_41735000_4241",{"v":2110.57321512999,"d":"2,110.57"},{"v":0,"d":"0.00"},{"v":197.591189399999,"d":"197.59"},{"v":0,"d":"0.00"},"0_41735000_4241_303914","G",{"v":0.703163596381,"d":"0.70"},{"v":3.33162380409E-4,"d":"0.00"},{"v":0.0658299510083,"d":"0.07"}]
[4,404,40402,{"v":3146.12109999999,"d":"3,146.12"},2613,{"v":0.830546542,"d":"0.83"},"M",410,40402001,{"v":121.92444107,"d":"121.92"},690,{"v":5.659242675,"d":"5.66"},{"v":62.0985654699999,"d":"62.10"},{"v":0.921559671,"d":"0.92"},{"v":635.876172799999,"d":"635.88"},{"v":54.12382719,"d":"54.12"},1,"1_40402001_33112",{"v":62.0985654659,"d":"62.10"},{"v":0.999999999934,"d":"1.00"},{"v":635.876172758,"d":"635.88"},{"v":0.509320074999,"d":"0.51"},"1_40402001_33112_304244","außerhalb GKL",{"v":0.192101686189,"d":"0.19"},{"v":0.00309349635934,"d":"0.00"},{"v":1.96708062542,"d":"1.97"}]
[4,417,41735,{"v":2355.982366,"d":"2,355.98"},2519,{"v":1.069193062,"d":"1.07"}," ",410,41735000,{"v":2355.98236588,"d":"2,355.98"},2519,{"v":1.069193062,"d":"1.07"},{"v":245.409150799999,"d":"245.41"},{"v":0.921559671,"d":"0.92"},{"v":2321.40881099999,"d":"2,321.41"},{"v":197.591189399999,"d":"197.59"},1,"1_41735000_54370",{"v":0.545064965642,"d":"0.55"},{"v":0.00222104580805,"d":"0.00"},{"v":5.15595530844,"d":"5.16"},{"v":0.104164256216,"d":"0.10"},"1_41735000_54370_304530","außerhalb GKL",{"v":0.545064965643,"d":"0.55"},{"v":1,"d":"1.00"},{"v":5.15595530844,"d":"5.16"}]
[5,503,50312,{"v":2140.159384,"d":"2,140.16"},1565,{"v":0.731253949,"d":"0.73"}," ",410,50312000,{"v":2140.15938379999,"d":"2,140.16"},1565,{"v":0.731253949,"d":"0.73"},{"v":129.574892,"d":"129.57"},{"v":0.921559671,"d":"0.92"},{"v":1442.24088499999,"d":"1,442.24"},{"v":122.7591153,"d":"122.76"},1,"1_50312000_58461",{"v":106.304050986999,"d":"106.30"},{"v":0.820406248048,"d":"0.82"},{"v":1183.22343324,"d":"1,183.22"},{"v":0.0605445056947,"d":"0.06"},"1_50312000_58461_304901","D",{"v":0.0327004185636,"d":"0.03"},{"v":3.07612158333E-4,"d":"0.00"},{"v":0.363973914089,"d":"0.36"}]
[3,318,31811,{"v":1396.437384,"d":"1,396.44"},2211,{"v":1.583314816,"d":"1.58"},"M",103,31811000,{"v":406.241796597,"d":"406.24"},1021,{"v":2.51328152,"d":"2.51"},{"v":0,"d":"0.00"},{"v":0.975480312,"d":"0.98"},{"v":995.965398499999,"d":"995.97"},{"v":25.0346014799999,"d":"25.03"},0,"0_31811000_2455",{"v":325.537893311999,"d":"325.54"},{"v":0,"d":"0.00"},{"v":25.0346014799999,"d":"25.03"},{"v":0,"d":"0.00"},"0_31811000_2455_304989","F",{"v":0.0656748956942,"d":"0.07"},{"v":0.000201742706589,"d":"0.00"},{"v":0.00505054826095,"d":"0.01"}]
[5,503,50330,{"v":9888.516621,"d":"9,888.52"},3960,{"v":0.400464514,"d":"0.40"}," ",410,50330001,{"v":5951.33837791,"d":"5,951.34"},1631,{"v":0.274056002,"d":"0.27"},{"v":0,"d":"0.00"},{"v":0.921559671,"d":"0.92"},{"v":1503.06382299999,"d":"1,503.06"},{"v":127.936177,"d":"127.94"},0,"0_50330001_4594",{"v":5747.42707240999,"d":"5,747.43"},{"v":0,"d":"0.00"},{"v":127.936177,"d":"127.94"},{"v":0,"d":"0.00"},"0_50330001_4594_305253","F",{"v":5.53641024317,"d":"5.54"},{"v":0.000963284992296,"d":"0.00"},{"v":0.123238999276,"d":"0.12"}]
[4,409,40903,{"v":14909.2647099999,"d":"14,909.26"},907,{"v":0.060834657,"d":"0.06"}," ",430,40903000,{"v":14909.2647092,"d":"14,909.26"},907,{"v":0.060834657,"d":"0.06"},{"v":207.0380179,"d":"207.04"},{"v":0.905906425,"d":"0.91"},{"v":821.657127299999,"d":"821.66"},{"v":85.3428727299999,"d":"85.34"},1,"1_40903000_39897",{"v":0.384553702832,"d":"0.38"},{"v":1.85740622294E-3,"d":"0.00"},{"v":1.52615106137,"d":"1.53"},{"v":0.0138865344427,"d":"0.01"},"1_40903000_39897_305804","außerhalb GKL",{"v":0.384553702832,"d":"0.38"},{"v":1,"d":"1.00"},{"v":1.52615106137,"d":"1.53"}]
[4,409,40915,{"v":6750.10445499999,"d":"6,750.10"},1912,{"v":0.283254876,"d":"0.28"}," ",430,40915000,{"v":6750.10445517999,"d":"6,750.10"},1912,{"v":0.283254876,"d":"0.28"},{"v":167.905503699999,"d":"167.91"},{"v":0.905906425,"d":"0.91"},{"v":1732.093084,"d":"1,732.09"},{"v":179.9069158,"d":"179.91"},1,"1_40915000_40679",{"v":2.80838473262,"d":"2.81"},{"v":0.0167259837869,"d":"0.02"},{"v":28.9709608404,"d":"28.97"},{"v":0.024874504508,"d":"0.02"},"1_40915000_40679_305910","G",{"v":0.267245257162,"d":"0.27"},{"v":0.0951597742495,"d":"0.10"},{"v":2.75687009336,"d":"2.76"}]
[4,417,41735,{"v":2355.982366,"d":"2,355.98"},2519,{"v":1.069193062,"d":"1.07"}," ",410,41735000,{"v":2355.98236588,"d":"2,355.98"},2519,{"v":1.069193062,"d":"1.07"},{"v":245.409150799999,"d":"245.41"},{"v":0.921559671,"d":"0.92"},{"v":2321.40881099999,"d":"2,321.41"},{"v":197.591189399999,"d":"197.59"},1,"1_41735000_54387",{"v":0.786887515267,"d":"0.79"},{"v":3.20643102632E-3,"d":"0.00"},{"v":7.44343723636,"d":"7.44"},{"v":0.104164256216,"d":"0.10"},"1_41735000_54387_306263","außerhalb GKL",{"v":0.786887515267,"d":"0.79"},{"v":1,"d":"1.00"},{"v":7.44343723636,"d":"7.44"}]
[4,417,41742,{"v":3826.97445,"d":"3,826.97"},3994,{"v":1.043644281,"d":"1.04"}," ",410,41742001,{"v":3040.610005,"d":"3,040.61"},1541,{"v":0.506806199,"d":"0.51"},{"v":149.157155799999,"d":"149.16"},{"v":0.921559671,"d":"0.92"},{"v":1420.12345299999,"d":"1,420.12"},{"v":120.8765474,"d":"120.88"},1,"1_41742001_54813",{"v":11.2827832406,"d":"11.28"},{"v":0.0756435933636,"d":"0.08"},{"v":107.423241004999,"d":"107.42"},{"v":0.0490550105258,"d":"0.05"},"1_41742001_54813_306439","F",{"v":0.152885759814,"d":"0.15"},{"v":0.0135503586796,"d":"0.01"},{"v":1.45562344614,"d":"1.46"}]
[4,417,41742,{"v":3826.97445,"d":"3,826.97"},3994,{"v":1.043644281,"d":"1.04"}," ",410,41742001,{"v":3040.610005,"d":"3,040.61"},1541,{"v":0.506806199,"d":"0.51"},{"v":149.157155799999,"d":"149.16"},{"v":0.921559671,"d":"0.92"},{"v":1420.12345299999,"d":"1,420.12"},{"v":120.8765474,"d":"120.88"},1,"1_41742001_54813",{"v":11.2827832406,"d":"11.28"},{"v":0.0756435933636,"d":"0.08"},{"v":107.423241004999,"d":"107.42"},{"v":0.0490550105258,"d":"0.05"},"1_41742001_54813_306440","F",{"v":0.270657665536,"d":"0.27"},{"v":0.0239885549305,"d":"0.02"},{"v":2.57692831766,"d":"2.58"}]
[4,417,41742,{"v":3826.97445,"d":"3,826.97"},3994,{"v":1.043644281,"d":"1.04"}," ",410,41742001,{"v":3040.610005,"d":"3,040.61"},1541,{"v":0.506806199,"d":"0.51"},{"v":149.157155799999,"d":"149.16"},{"v":0.921559671,"d":"0.92"},{"v":1420.12345299999,"d":"1,420.12"},{"v":120.8765474,"d":"120.88"},1,"1_41742001_54813",{"v":11.2827832406,"d":"11.28"},{"v":0.0756435933636,"d":"0.08"},{"v":107.423241004999,"d":"107.42"},{"v":0.0490550105258,"d":"0.05"},"1_41742001_54813_306441","G",{"v":6.29676158614,"d":"6.30"},{"v":0.558085842107,"d":"0.56"},{"v":59.9513899180999,"d":"59.95"}]
[4,417,41742,{"v":3826.97445,"d":"3,826.97"},3994,{"v":1.043644281,"d":"1.04"}," ",410,41742001,{"v":3040.610005,"d":"3,040.61"},1541,{"v":0.506806199,"d":"0.51"},{"v":149.157155799999,"d":"149.16"},{"v":0.921559671,"d":"0.92"},{"v":1420.12345299999,"d":"1,420.12"},{"v":120.8765474,"d":"120.88"},1,"1_41742001_54817",{"v":0.56383668273,"d":"0.56"},{"v":3.78015174469E-3,"d":"0.00"},{"v":5.36828214853,"d":"5.37"},{"v":0.0490550105258,"d":"0.05"},"1_41742001_54817_306442","außerhalb GKL",{"v":0.56383668273,"d":"0.56"},{"v":1,"d":"1.00"},{"v":5.36828214853,"d":"5.37"}]
[4,417,41742,{"v":3826.97445,"d":"3,826.97"},3994,{"v":1.043644281,"d":"1.04"}," ",410,41742001,{"v":3040.610005,"d":"3,040.61"},1541,{"v":0.506806199,"d":"0.51"},{"v":149.157155799999,"d":"149.16"},{"v":0.921559671,"d":"0.92"},{"v":1420.12345299999,"d":"1,420.12"},{"v":120.8765474,"d":"120.88"},1,"1_41742001_54818",{"v":4.09460191253,"d":"4.09"},{"v":0.0274515955374,"d":"0.03"},{"v":38.9846546448999,"d":"38.98"},{"v":0.0490550105258,"d":"0.05"},"1_41742001_54818_306443","außerhalb GKL",{"v":0.00296779364968,"d":"0.00"},{"v":0.000724806394633,"d":"0.00"},{"v":0.0282563269792,"d":"0.03"}]
[4,417,41742,{"v":3826.97445,"d":"3,826.97"},3994,{"v":1.043644281,"d":"1.04"}," ",410,41742001,{"v":3040.610005,"d":"3,040.61"},1541,{"v":0.506806199,"d":"0.51"},{"v":149.157155799999,"d":"149.16"},{"v":0.921559671,"d":"0.92"},{"v":1420.12345299999,"d":"1,420.12"},{"v":120.8765474,"d":"120.88"},1,"1_41742001_54818",{"v":4.09460191253,"d":"4.09"},{"v":0.0274515955374,"d":"0.03"},{"v":38.9846546448999,"d":"38.98"},{"v":0.0490550105258,"d":"0.05"},"1_41742001_54818_306444","außerhalb GKL",{"v":1.5076030362,"d":"1.51"},{"v":0.368192822747,"d":"0.37"},{"v":14.3538700375,"d":"14.35"}]
[4,417,41742,{"v":3826.97445,"d":"3,826.97"},3994,{"v":1.043644281,"d":"1.04"}," ",410,41742001,{"v":3040.610005,"d":"3,040.61"},1541,{"v":0.506806199,"d":"0.51"},{"v":149.157155799999,"d":"149.16"},{"v":0.921559671,"d":"0.92"},{"v":1420.12345299999,"d":"1,420.12"},{"v":120.8765474,"d":"120.88"},1,"1_41742001_54818",{"v":4.09460191253,"d":"4.09"},{"v":0.0274515955374,"d":"0.03"},{"v":38.9846546448999,"d":"38.98"},{"v":0.0490550105258,"d":"0.05"},"1_41742001_54818_306445","G",{"v":2.58403108267,"d":"2.58"},{"v":0.631082370856,"d":"0.63"},{"v":24.6025282803,"d":"24.60"}]
[4,417,41742,{"v":3826.97445,"d":"3,826.97"},3994,{"v":1.043644281,"d":"1.04"}," ",410,41742001,{"v":3040.610005,"d":"3,040.61"},1541,{"v":0.506806199,"d":"0.51"},{"v":149.157155799999,"d":"149.16"},{"v":0.921559671,"d":"0.92"},{"v":1420.12345299999,"d":"1,420.12"},{"v":120.8765474,"d":"120.88"},1,"1_41742001_54819",{"v":4.11829813956,"d":"4.12"},{"v":0.0276104630547,"d":"0.03"},{"v":39.2102661321999,"d":"39.21"},{"v":0.0490550105258,"d":"0.05"},"1_41742001_54819_306446","außerhalb GKL",{"v":4.11829813956,"d":"4.12"},{"v":1,"d":"1.00"},{"v":39.2102661321999,"d":"39.21"}]
[4,417,41742,{"v":3826.97445,"d":"3,826.97"},3994,{"v":1.043644281,"d":"1.04"}," ",410,41742001,{"v":3040.610005,"d":"3,040.61"},1541,{"v":0.506806199,"d":"0.51"},{"v":149.157155799999,"d":"149.16"},{"v":0.921559671,"d":"0.92"},{"v":1420.12345299999,"d":"1,420.12"},{"v":120.8765474,"d":"120.88"},1,"1_41742001_54821",{"v":0.430705253551,"d":"0.43"},{"v":0.00288759363398,"d":"0.00"},{"v":4.10073944235,"d":"4.10"},{"v":0.0490550105258,"d":"0.05"},"1_41742001_54821_306447","F",{"v":0.404427597807,"d":"0.40"},{"v":0.938989237936,"d":"0.94"},{"v":3.85055020395,"d":"3.85"}]
[4,417,41742,{"v":3826.97445,"d":"3,826.97"},3994,{"v":1.043644281,"d":"1.04"}," ",410,41742001,{"v":3040.610005,"d":"3,040.61"},1541,{"v":0.506806199,"d":"0.51"},{"v":149.157155799999,"d":"149.16"},{"v":0.921559671,"d":"0.92"},{"v":1420.12345299999,"d":"1,420.12"},{"v":120.8765474,"d":"120.88"},1,"1_41742001_54821",{"v":0.430705253551,"d":"0.43"},{"v":0.00288759363398,"d":"0.00"},{"v":4.10073944235,"d":"4.10"},{"v":0.0490550105258,"d":"0.05"},"1_41742001_54821_306448","G",{"v":0.0262776557501,"d":"0.03"},{"v":0.0610107620779,"d":"0.06"},{"v":0.250189238461,"d":"0.25"}]
[4,417,41742,{"v":3826.97445,"d":"3,826.97"},3994,{"v":1.043644281,"d":"1.04"}," ",410,41742001,{"v":3040.610005,"d":"3,040.61"},1541,{"v":0.506806199,"d":"0.51"},{"v":149.157155799999,"d":"149.16"},{"v":0.921559671,"d":"0.92"},{"v":1420.12345299999,"d":"1,420.12"},{"v":120.8765474,"d":"120.88"},1,"1_41742001_54823",{"v":0.126651001956,"d":"0.13"},{"v":0.000849111135679,"d":"0.00"},{"v":1.20584263798,"d":"1.21"},{"v":0.0490550105258,"d":"0.05"},"1_41742001_54823_306449","außerhalb GKL",{"v":0.126651001956,"d":"0.13"},{"v":1,"d":"1.00"},{"v":1.20584263798,"d":"1.21"}]
[4,417,41742,{"v":3826.97445,"d":"3,826.97"},3994,{"v":1.043644281,"d":"1.04"}," ",410,41742001,{"v":3040.610005,"d":"3,040.61"},1541,{"v":0.506806199,"d":"0.51"},{"v":149.157155799999,"d":"149.16"},{"v":0.921559671,"d":"0.92"},{"v":1420.12345299999,"d":"1,420.12"},{"v":120.8765474,"d":"120.88"},1,"1_41742001_54825",{"v":0.787109374026,"d":"0.79"},{"v":0.00527704735186,"d":"0.01"},{"v":7.49405870697,"d":"7.49"},{"v":0.0490550105258,"d":"0.05"},"1_41742001_54825_306450","außerhalb GKL",{"v":0.787109374026,"d":"0.79"},{"v":1,"d":"1.00"},{"v":7.49405870697,"d":"7.49"}]
[4,417,41742,{"v":3826.97445,"d":"3,826.97"},3994,{"v":1.043644281,"d":"1.04"}," ",410,41742001,{"v":3040.610005,"d":"3,040.61"},1541,{"v":0.506806199,"d":"0.51"},{"v":149.157155799999,"d":"149.16"},{"v":0.921559671,"d":"0.92"},{"v":1420.12345299999,"d":"1,420.12"},{"v":120.8765474,"d":"120.88"},1,"1_41742001_54827",{"v":0.247197041419,"d":"0.25"},{"v":1.65729253882E-3,"d":"0.00"},{"v":2.35356000286,"d":"2.35"},{"v":0.0490550105258,"d":"0.05"},"1_41742001_54827_306451","außerhalb GKL",{"v":0.247197041419,"d":"0.25"},{"v":1,"d":"1.00"},{"v":2.35356000286,"d":"2.35"}]
[4,417,41742,{"v":3826.97445,"d":"3,826.97"},3994,{"v":1.043644281,"d":"1.04"}," ",410,41742001,{"v":3040.610005,"d":"3,040.61"},1541,{"v":0.506806199,"d":"0.51"},{"v":149.157155799999,"d":"149.16"},{"v":0.921559671,"d":"0.92"},{"v":1420.12345299999,"d":"1,420.12"},{"v":120.8765474,"d":"120.88"},1,"1_41742001_54829",{"v":1.38542591267,"d":"1.39"},{"v":0.00928836370766,"d":"0.01"},{"v":13.1906231412,"d":"13.19"},{"v":0.0490550105258,"d":"0.05"},"1_41742001_54829_306452","F",{"v":0.0673710338168,"d":"0.07"},{"v":0.0486283916019,"d":"0.05"},{"v":0.641438787583,"d":"0.64"}]
[4,417,41742,{"v":3826.97445,"d":"3,826.97"},3994,{"v":1.043644281,"d":"1.04"}," ",410,41742001,{"v":3040.610005,"d":"3,040.61"},1541,{"v":0.506806199,"d":"0.51"},{"v":149.157155799999,"d":"149.16"},{"v":0.921559671,"d":"0.92"},{"v":1420.12345299999,"d":"1,420.12"},{"v":120.8765474,"d":"120.88"},1,"1_41742001_54829",{"v":1.38542591267,"d":"1.39"},{"v":0.00928836370766,"d":"0.01"},{"v":13.1906231412,"d":"13.19"},{"v":0.0490550105258,"d":"0.05"},"1_41742001_54829_306453","G",{"v":1.31805487886,"d":"1.32"},{"v":0.951371608403,"d":"0.95"},{"v":12.5491843536999,"d":"12.55"}]
[4,417,41742,{"v":3826.97445,"d":"3,826.97"},3994,{"v":1.043644281,"d":"1.04"}," ",410,41742001,{"v":3040.610005,"d":"3,040.61"},1541,{"v":0.506806199,"d":"0.51"},{"v":149.157155799999,"d":"149.16"},{"v":0.921559671,"d":"0.92"},{"v":1420.12345299999,"d":"1,420.12"},{"v":120.8765474,"d":"120.88"},1,"1_41742001_54831",{"v":0.126580728603,"d":"0.13"},{"v":0.000848639999362,"d":"0.00"},{"v":1.20517356625,"d":"1.21"},{"v":0.0490550105258,"d":"0.05"},"1_41742001_54831_306454","außerhalb GKL",{"v":0.126580728603,"d":"0.13"},{"v":1,"d":"1.00"},{"v":1.20517356625,"d":"1.21"}]
[4,417,41742,{"v":3826.97445,"d":"3,826.97"},3994,{"v":1.043644281,"d":"1.04"}," ",410,41742001,{"v":3040.610005,"d":"3,040.61"},1541,{"v":0.506806199,"d":"0.51"},{"v":149.157155799999,"d":"149.16"},{"v":0.921559671,"d":"0.92"},{"v":1420.12345299999,"d":"1,420.12"},{"v":120.8765474,"d":"120.88"},1,"1_41742001_54832",{"v":0.0903131941912,"d":"0.09"},{"v":0.000605490187224,"d":"0.00"},{"v":0.859870815438,"d":"0.86"},{"v":0.0490550105258,"d":"0.05"},"1_41742001_54832_306455","G",{"v":0.0903131941913,"d":"0.09"},{"v":1,"d":"1.00"},{"v":0.859870815438,"d":"0.86"}]
[4,417,41742,{"v":3826.97445,"d":"3,826.97"},3994,{"v":1.043644281,"d":"1.04"}," ",410,41742001,{"v":3040.610005,"d":"3,040.61"},1541,{"v":0.506806199,"d":"0.51"},{"v":149.157155799999,"d":"149.16"},{"v":0.921559671,"d":"0.92"},{"v":1420.12345299999,"d":"1,420.12"},{"v":120.8765474,"d":"120.88"},1,"1_41742001_54833",{"v":0.881408619274,"d":"0.88"},{"v":0.00590926137299,"d":"0.01"},{"v":8.39188066569,"d":"8.39"},{"v":0.0490550105258,"d":"0.05"},"1_41742001_54833_306456","außerhalb GKL",{"v":0.881408619274,"d":"0.88"},{"v":1,"d":"1.00"},{"v":8.39188066569,"d":"8.39"}]
[4,417,41742,{"v":3826.97445,"d":"3,826.97"},3994,{"v":1.043644281,"d":"1.04"}," ",410,41742001,{"v":3040.610005,"d":"3,040.61"},1541,{"v":0.506806199,"d":"0.51"},{"v":149.157155799999,"d":"149.16"},{"v":0.921559671,"d":"0.92"},{"v":1420.12345299999,"d":"1,420.12"},{"v":120.8765474,"d":"120.88"},1,"1_41742001_54836",{"v":2.58474896684,"d":"2.58"},{"v":0.0173290309337,"d":"0.02"},{"v":24.6093632466999,"d":"24.61"},{"v":0.0490550105258,"d":"0.05"},"1_41742001_54836_306457","außerhalb GKL",{"v":2.58474896684,"d":"2.58"},{"v":1,"d":"1.00"},{"v":24.6093632466999,"d":"24.61"}]
[4,417,41742,{"v":3826.97445,"d":"3,826.97"},3994,{"v":1.043644281,"d":"1.04"}," ",410,41742001,{"v":3040.610005,"d":"3,040.61"},1541,{"v":0.506806199,"d":"0.51"},{"v":149.157155799999,"d":"149.16"},{"v":0.921559671,"d":"0.92"},{"v":1420.12345299999,"d":"1,420.12"},{"v":120.8765474,"d":"120.88"},1,"1_41742001_54837",{"v":0.837400590019,"d":"0.84"},{"v":0.00561421666649,"d":"0.01"},{"v":7.97288075831,"d":"7.97"},{"v":0.0490550105258,"d":"0.05"},"1_41742001_54837_306458","außerhalb GKL",{"v":0.837400590019,"d":"0.84"},{"v":1,"d":"1.00"},{"v":7.97288075831,"d":"7.97"}]
[4,417,41742,{"v":3826.97445,"d":"3,826.97"},3994,{"v":1.043644281,"d":"1.04"}," ",410,41742001,{"v":3040.610005,"d":"3,040.61"},1541,{"v":0.506806199,"d":"0.51"},{"v":149.157155799999,"d":"149.16"},{"v":0.921559671,"d":"0.92"},{"v":1420.12345299999,"d":"1,420.12"},{"v":120.8765474,"d":"120.88"},1,"1_41742001_54838",{"v":0.622811367001,"d":"0.62"},{"v":0.00417553796639,"d":"0.00"},{"v":5.92977939496,"d":"5.93"},{"v":0.0490550105258,"d":"0.05"},"1_41742001_54838_306459","außerhalb GKL",{"v":0.622811367001,"d":"0.62"},{"v":1,"d":"1.00"},{"v":5.92977939496,"d":"5.93"}]
[4,417,41742,{"v":3826.97445,"d":"3,826.97"},3994,{"v":1.043644281,"d":"1.04"}," ",410,41742001,{"v":3040.610005,"d":"3,040.61"},1541,{"v":0.506806199,"d":"0.51"},{"v":149.157155799999,"d":"149.16"},{"v":0.921559671,"d":"0.92"},{"v":1420.12345299999,"d":"1,420.12"},{"v":120.8765474,"d":"120.88"},1,"1_41742001_54839",{"v":1.35469160278,"d":"1.35"},{"v":0.0090823105034,"d":"0.01"},{"v":12.8980021533,"d":"12.90"},{"v":0.0490550105258,"d":"0.05"},"1_41742001_54839_306460","außerhalb GKL",{"v":1.01932281844,"d":"1.02"},{"v":0.752439017374,"d":"0.75"},{"v":9.70496006632,"d":"9.70"}]
[4,417,41742,{"v":3826.97445,"d":"3,826.97"},3994,{"v":1.043644281,"d":"1.04"}," ",410,41742001,{"v":3040.610005,"d":"3,040.61"},1541,{"v":0.506806199,"d":"0.51"},{"v":149.157155799999,"d":"149.16"},{"v":0.921559671,"d":"0.92"},{"v":1420.12345299999,"d":"1,420.12"},{"v":120.8765474,"d":"120.88"},1,"1_41742001_54839",{"v":1.35469160278,"d":"1.35"},{"v":0.0090823105034,"d":"0.01"},{"v":12.8980021533,"d":"12.90"},{"v":0.0490550105258,"d":"0.05"},"1_41742001_54839_306461","G",{"v":0.335368784337,"d":"0.34"},{"v":0.247560982624,"d":"0.25"},{"v":3.19304208696,"d":"3.19"}]
[4,417,41742,{"v":3826.97445,"d":"3,826.97"},3994,{"v":1.043644281,"d":"1.04"}," ",410,41742001,{"v":3040.610005,"d":"3,040.61"},1541,{"v":0.506806199,"d":"0.51"},{"v":149.157155799999,"d":"149.16"},{"v":0.921559671,"d":"0.92"},{"v":1420.12345299999,"d":"1,420.12"},{"v":120.8765474,"d":"120.88"},1,"1_41742001_54842",{"v":0.187577427067,"d":"0.19"},{"v":1.25758248782E-3,"d":"0.00"},{"v":1.78592238504,"d":"1.79"},{"v":0.0490550105258,"d":"0.05"},"1_41742001_54842_306462","außerhalb GKL",{"v":0.187577427067,"d":"0.19"},{"v":1,"d":"1.00"},{"v":1.78592238504,"d":"1.79"}]
[4,417,41742,{"v":3826.97445,"d":"3,826.97"},3994,{"v":1.043644281,"d":"1.04"}," ",410,41742001,{"v":3040.610005,"d":"3,040.61"},1541,{"v":0.506806199,"d":"0.51"},{"v":149.157155799999,"d":"149.16"},{"v":0.921559671,"d":"0.92"},{"v":1420.12345299999,"d":"1,420.12"},{"v":120.8765474,"d":"120.88"},1,"1_41742001_54844",{"v":0.219241470964,"d":"0.22"},{"v":0.00146986894318,"d":"0.00"},{"v":2.08739535905,"d":"2.09"},{"v":0.0490550105258,"d":"0.05"},"1_41742001_54844_306463","außerhalb GKL",{"v":0.219241470964,"d":"0.22"},{"v":1,"d":"1.00"},{"v":2.08739535905,"d":"2.09"}]
[4,417,41742,{"v":3826.97445,"d":"3,826.97"},3994,{"v":1.043644281,"d":"1.04"}," ",410,41742001,{"v":3040.610005,"d":"3,040.61"},1541,{"v":0.506806199,"d":"0.51"},{"v":149.157155799999,"d":"149.16"},{"v":0.921559671,"d":"0.92"},{"v":1420.12345299999,"d":"1,420.12"},{"v":120.8765474,"d":"120.88"},1,"1_41742001_54848",{"v":1.09498513826,"d":"1.09"},{"v":0.00734115056289,"d":"0.01"},{"v":10.4253400864,"d":"10.43"},{"v":0.0490550105258,"d":"0.05"},"1_41742001_54848_306464","außerhalb GKL",{"v":1.09498513826,"d":"1.09"},{"v":1,"d":"1.00"},{"v":10.4253400864,"d":"10.43"}]
[4,417,41742,{"v":3826.97445,"d":"3,826.97"},3994,{"v":1.043644281,"d":"1.04"}," ",410,41742001,{"v":3040.610005,"d":"3,040.61"},1541,{"v":0.506806199,"d":"0.51"},{"v":149.157155799999,"d":"149.16"},{"v":0.921559671,"d":"0.92"},{"v":1420.12345299999,"d":"1,420.12"},{"v":120.8765474,"d":"120.88"},1,"1_41742001_54849",{"v":1.14612133681,"d":"1.15"},{"v":0.00768398492625,"d":"0.01"},{"v":10.9122072063,"d":"10.91"},{"v":0.0490550105258,"d":"0.05"},"1_41742001_54849_306465","außerhalb GKL",{"v":1.14612133682,"d":"1.15"},{"v":1.00000000001,"d":"1.00"},{"v":10.9122072064,"d":"10.91"}]
[4,417,41742,{"v":3826.97445,"d":"3,826.97"},3994,{"v":1.043644281,"d":"1.04"}," ",410,41742001,{"v":3040.610005,"d":"3,040.61"},1541,{"v":0.506806199,"d":"0.51"},{"v":149.157155799999,"d":"149.16"},{"v":0.921559671,"d":"0.92"},{"v":1420.12345299999,"d":"1,420.12"},{"v":120.8765474,"d":"120.88"},1,"1_41742001_54851",{"v":0.142323174643,"d":"0.14"},{"v":0.00095418267987,"d":"0.00"},{"v":1.35505720213,"d":"1.36"},{"v":0.0490550105258,"d":"0.05"},"1_41742001_54851_306466","außerhalb GKL",{"v":0.142323174643,"d":"0.14"},{"v":1,"d":"1.00"},{"v":1.35505720213,"d":"1.36"}]
[4,417,41742,{"v":3826.97445,"d":"3,826.97"},3994,{"v":1.043644281,"d":"1.04"}," ",410,41742001,{"v":3040.610005,"d":"3,040.61"},1541,{"v":0.506806199,"d":"0.51"},{"v":149.157155799999,"d":"149.16"},{"v":0.921559671,"d":"0.92"},{"v":1420.12345299999,"d":"1,420.12"},{"v":120.8765474,"d":"120.88"},1,"1_41742001_54852",{"v":0.486139433977,"d":"0.49"},{"v":0.00325924312092,"d":"0.00"},{"v":4.62852759505,"d":"4.63"},{"v":0.0490550105258,"d":"0.05"},"1_41742001_54852_306467","außerhalb GKL",{"v":0.486139433977,"d":"0.49"},{"v":1,"d":"1.00"},{"v":4.62852759505,"d":"4.63"}]
[4,417,41742,{"v":3826.97445,"d":"3,826.97"},3994,{"v":1.043644281,"d":"1.04"}," ",410,41742001,{"v":3040.610005,"d":"3,040.61"},1541,{"v":0.506806199,"d":"0.51"},{"v":149.157155799999,"d":"149.16"},{"v":0.921559671,"d":"0.92"},{"v":1420.12345299999,"d":"1,420.12"},{"v":120.8765474,"d":"120.88"},1,"1_41742001_54857",{"v":0.148101968069,"d":"0.15"},{"v":0.00099292566471,"d":"0.00"},{"v":1.41007702354,"d":"1.41"},{"v":0.0490550105258,"d":"0.05"},"1_41742001_54857_306468","außerhalb GKL",{"v":0.148101968069,"d":"0.15"},{"v":1,"d":"1.00"},{"v":1.41007702354,"d":"1.41"}]
[4,417,41742,{"v":3826.97445,"d":"3,826.97"},3994,{"v":1.043644281,"d":"1.04"}," ",410,41742001,{"v":3040.610005,"d":"3,040.61"},1541,{"v":0.506806199,"d":"0.51"},{"v":149.157155799999,"d":"149.16"},{"v":0.921559671,"d":"0.92"},{"v":1420.12345299999,"d":"1,420.12"},{"v":120.8765474,"d":"120.88"},1,"1_41742001_54859",{"v":0.489478307518,"d":"0.49"},{"v":0.00328162805795,"d":"0.00"},{"v":4.66031696912,"d":"4.66"},{"v":0.0490550105258,"d":"0.05"},"1_41742001_54859_306469","außerhalb GKL",{"v":0.489478307518,"d":"0.49"},{"v":1,"d":"1.00"},{"v":4.66031696912,"d":"4.66"}]
[4,417,41742,{"v":3826.97445,"d":"3,826.97"},3994,{"v":1.043644281,"d":"1.04"}," ",410,41742001,{"v":3040.610005,"d":"3,040.61"},1541,{"v":0.506806199,"d":"0.51"},{"v":149.157155799999,"d":"149.16"},{"v":0.921559671,"d":"0.92"},{"v":1420.12345299999,"d":"1,420.12"},{"v":120.8765474,"d":"120.88"},1,"1_41742001_54864",{"v":0.528124354308,"d":"0.53"},{"v":0.00354072422121,"d":"0.00"},{"v":5.02826550715,"d":"5.03"},{"v":0.0490550105258,"d":"0.05"},"1_41742001_54864_306470","außerhalb GKL",{"v":0.528124354308,"d":"0.53"},{"v":1,"d":"1.00"},{"v":5.02826550715,"d":"5.03"}]
[4,417,41742,{"v":3826.97445,"d":"3,826.97"},3994,{"v":1.043644281,"d":"1.04"}," ",410,41742001,{"v":3040.610005,"d":"3,040.61"},1541,{"v":0.506806199,"d":"0.51"},{"v":149.157155799999,"d":"149.16"},{"v":0.921559671,"d":"0.92"},{"v":1420.12345299999,"d":"1,420.12"},{"v":120.8765474,"d":"120.88"},1,"1_41742001_54866",{"v":0.240824090073,"d":"0.24"},{"v":0.00161456611841,"d":"0.00"},{"v":2.29288321117,"d":"2.29"},{"v":0.0490550105258,"d":"0.05"},"1_41742001_54866_306471","außerhalb GKL",{"v":0.240824090073,"d":"0.24"},{"v":1,"d":"1.00"},{"v":2.29288321117,"d":"2.29"}]
[4,417,41742,{"v":3826.97445,"d":"3,826.97"},3994,{"v":1.043644281,"d":"1.04"}," ",410,41742001,{"v":3040.610005,"d":"3,040.61"},1541,{"v":0.506806199,"d":"0.51"},{"v":149.157155799999,"d":"149.16"},{"v":0.921559671,"d":"0.92"},{"v":1420.12345299999,"d":"1,420.12"},{"v":120.8765474,"d":"120.88"},1,"1_41742001_54867",{"v":0.0860796902277,"d":"0.09"},{"v":0.000577107345377,"d":"0.00"},{"v":0.819563676068,"d":"0.82"},{"v":0.0490550105258,"d":"0.05"},"1_41742001_54867_306472","außerhalb GKL",{"v":0.0860796902275,"d":"0.09"},{"v":0.999999999998,"d":"1.00"},{"v":0.819563676066,"d":"0.82"}]
[4,417,41742,{"v":3826.97445,"d":"3,826.97"},3994,{"v":1.043644281,"d":"1.04"}," ",410,41742001,{"v":3040.610005,"d":"3,040.61"},1541,{"v":0.506806199,"d":"0.51"},{"v":149.157155799999,"d":"149.16"},{"v":0.921559671,"d":"0.92"},{"v":1420.12345299999,"d":"1,420.12"},{"v":120.8765474,"d":"120.88"},1,"1_41742001_54870",{"v":1.6906853969,"d":"1.69"},{"v":0.011334926493,"d":"0.01"},{"v":16.0969949507,"d":"16.10"},{"v":0.0490550105258,"d":"0.05"},"1_41742001_54870_306473","außerhalb GKL",{"v":1.63822902687,"d":"1.64"},{"v":0.968973310986,"d":"0.97"},{"v":15.5975584942999,"d":"15.60"}]
[4,417,41742,{"v":3826.97445,"d":"3,826.97"},3994,{"v":1.043644281,"d":"1.04"}," ",410,41742001,{"v":3040.610005,"d":"3,040.61"},1541,{"v":0.506806199,"d":"0.51"},{"v":149.157155799999,"d":"149.16"},{"v":0.921559671,"d":"0.92"},{"v":1420.12345299999,"d":"1,420.12"},{"v":120.8765474,"d":"120.88"},1,"1_41742001_54870",{"v":1.6906853969,"d":"1.69"},{"v":0.011334926493,"d":"0.01"},{"v":16.0969949507,"d":"16.10"},{"v":0.0490550105258,"d":"0.05"},"1_41742001_54870_306474","G",{"v":0.052456370025,"d":"0.05"},{"v":0.031026689011,"d":"0.03"},{"v":0.499436456347,"d":"0.50"}]
[4,417,41742,{"v":3826.97445,"d":"3,826.97"},3994,{"v":1.043644281,"d":"1.04"}," ",410,41742001,{"v":3040.610005,"d":"3,040.61"},1541,{"v":0.506806199,"d":"0.51"},{"v":149.157155799999,"d":"149.16"},{"v":0.921559671,"d":"0.92"},{"v":1420.12345299999,"d":"1,420.12"},{"v":120.8765474,"d":"120.88"},1,"1_41742001_54871",{"v":0.772195855667,"d":"0.77"},{"v":0.00517706208278,"d":"0.01"},{"v":7.35206728139,"d":"7.35"},{"v":0.0490550105258,"d":"0.05"},"1_41742001_54871_306475","außerhalb GKL",{"v":0.772195855667,"d":"0.77"},{"v":1,"d":"1.00"},{"v":7.35206728139,"d":"7.35"}]
[4,417,41742,{"v":3826.97445,"d":"3,826.97"},3994,{"v":1.043644281,"d":"1.04"}," ",410,41742001,{"v":3040.610005,"d":"3,040.61"},1541,{"v":0.506806199,"d":"0.51"},{"v":149.157155799999,"d":"149.16"},{"v":0.921559671,"d":"0.92"},{"v":1420.12345299999,"d":"1,420.12"},{"v":120.8765474,"d":"120.88"},1,"1_41742001_54872",{"v":0.757488268632,"d":"0.76"},{"v":0.00507845744691,"d":"0.01"},{"v":7.21203652542,"d":"7.21"},{"v":0.0490550105258,"d":"0.05"},"1_41742001_54872_306476","außerhalb GKL",{"v":0.757488268632,"d":"0.76"},{"v":1,"d":"1.00"},{"v":7.21203652542,"d":"7.21"}]
[4,417,41742,{"v":3826.97445,"d":"3,826.97"},3994,{"v":1.043644281,"d":"1.04"}," ",410,41742001,{"v":3040.610005,"d":"3,040.61"},1541,{"v":0.506806199,"d":"0.51"},{"v":149.157155799999,"d":"149.16"},{"v":0.921559671,"d":"0.92"},{"v":1420.12345299999,"d":"1,420.12"},{"v":120.8765474,"d":"120.88"},1,"1_41742001_54874",{"v":0.106628722549,"d":"0.11"},{"v":0.00071487500534,"d":"0.00"},{"v":1.01521076105,"d":"1.02"},{"v":0.0490550105258,"d":"0.05"},"1_41742001_54874_306477","außerhalb GKL",{"v":0.106628722549,"d":"0.11"},{"v":1,"d":"1.00"},{"v":1.01521076105,"d":"1.02"}]
[4,417,41742,{"v":3826.97445,"d":"3,826.97"},3994,{"v":1.043644281,"d":"1.04"}," ",410,41742001,{"v":3040.610005,"d":"3,040.61"},1541,{"v":0.506806199,"d":"0.51"},{"v":149.157155799999,"d":"149.16"},{"v":0.921559671,"d":"0.92"},{"v":1420.12345299999,"d":"1,420.12"},{"v":120.8765474,"d":"120.88"},1,"1_41742001_54875",{"v":0.465635927441,"d":"0.47"},{"v":0.00312178068121,"d":"0.00"},{"v":4.43331396051,"d":"4.43"},{"v":0.0490550105258,"d":"0.05"},"1_41742001_54875_306478","außerhalb GKL",{"v":0.465635927441,"d":"0.47"},{"v":1,"d":"1.00"},{"v":4.43331396051,"d":"4.43"}]
[4,417,41742,{"v":3826.97445,"d":"3,826.97"},3994,{"v":1.043644281,"d":"1.04"}," ",410,41742001,{"v":3040.610005,"d":"3,040.61"},1541,{"v":0.506806199,"d":"0.51"},{"v":149.157155799999,"d":"149.16"},{"v":0.921559671,"d":"0.92"},{"v":1420.12345299999,"d":"1,420.12"},{"v":120.8765474,"d":"120.88"},1,"1_41742001_54877",{"v":0.0841620394967,"d":"0.08"},{"v":0.000564250766551,"d":"0.00"},{"v":0.801305746952,"d":"0.80"},{"v":0.0490550105258,"d":"0.05"},"1_41742001_54877_306479","außerhalb GKL",{"v":0.0841620394967,"d":"0.08"},{"v":1,"d":"1.00"},{"v":0.801305746952,"d":"0.80"}]
[4,417,41742,{"v":3826.97445,"d":"3,826.97"},3994,{"v":1.043644281,"d":"1.04"}," ",410,41742001,{"v":3040.610005,"d":"3,040.61"},1541,{"v":0.506806199,"d":"0.51"},{"v":149.157155799999,"d":"149.16"},{"v":0.921559671,"d":"0.92"},{"v":1420.12345299999,"d":"1,420.12"},{"v":120.8765474,"d":"120.88"},1,"1_41742001_54878",{"v":0.631087654127,"d":"0.63"},{"v":0.00423102499335,"d":"0.00"},{"v":6.00857782329,"d":"6.01"},{"v":0.0490550105258,"d":"0.05"},"1_41742001_54878_306480","außerhalb GKL",{"v":0.631087654127,"d":"0.63"},{"v":1,"d":"1.00"},{"v":6.00857782329,"d":"6.01"}]
[4,417,41742,{"v":3826.97445,"d":"3,826.97"},3994,{"v":1.043644281,"d":"1.04"}," ",410,41742001,{"v":3040.610005,"d":"3,040.61"},1541,{"v":0.506806199,"d":"0.51"},{"v":149.157155799999,"d":"149.16"},{"v":0.921559671,"d":"0.92"},{"v":1420.12345299999,"d":"1,420.12"},{"v":120.8765474,"d":"120.88"},1,"1_41742001_54880",{"v":0.244790265496,"d":"0.24"},{"v":0.00164115669934,"d":"0.00"},{"v":2.33064511878,"d":"2.33"},{"v":0.0490550105258,"d":"0.05"},"1_41742001_54880_306481","außerhalb GKL",{"v":0.211826192949,"d":"0.21"},{"v":0.86533748603,"d":"0.87"},{"v":2.01679458791,"d":"2.02"}]
[4,417,41742,{"v":3826.97445,"d":"3,826.97"},3994,{"v":1.043644281,"d":"1.04"}," ",410,41742001,{"v":3040.610005,"d":"3,040.61"},1541,{"v":0.506806199,"d":"0.51"},{"v":149.157155799999,"d":"149.16"},{"v":0.921559671,"d":"0.92"},{"v":1420.12345299999,"d":"1,420.12"},{"v":120.8765474,"d":"120.88"},1,"1_41742001_54880",{"v":0.244790265496,"d":"0.24"},{"v":0.00164115669934,"d":"0.00"},{"v":2.33064511878,"d":"2.33"},{"v":0.0490550105258,"d":"0.05"},"1_41742001_54880_306482","G",{"v":0.0329640725481,"d":"0.03"},{"v":0.134662513974,"d":"0.13"},{"v":0.313850530876,"d":"0.31"}]
[4,417,41742,{"v":3826.97445,"d":"3,826.97"},3994,{"v":1.043644281,"d":"1.04"}," ",410,41742001,{"v":3040.610005,"d":"3,040.61"},1541,{"v":0.506806199,"d":"0.51"},{"v":149.157155799999,"d":"149.16"},{"v":0.921559671,"d":"0.92"},{"v":1420.12345299999,"d":"1,420.12"},{"v":120.8765474,"d":"120.88"},1,"1_41742001_54881",{"v":0.0780038872525,"d":"0.08"},{"v":0.000522964431938,"d":"0.00"},{"v":0.74267405488,"d":"0.74"},{"v":0.0490550105258,"d":"0.05"},"1_41742001_54881_306483","G",{"v":0.0780038872524,"d":"0.08"},{"v":0.999999999999,"d":"1.00"},{"v":0.742674054879,"d":"0.74"}]
[4,417,41742,{"v":3826.97445,"d":"3,826.97"},3994,{"v":1.043644281,"d":"1.04"}," ",410,41742001,{"v":3040.610005,"d":"3,040.61"},1541,{"v":0.506806199,"d":"0.51"},{"v":149.157155799999,"d":"149.16"},{"v":0.921559671,"d":"0.92"},{"v":1420.12345299999,"d":"1,420.12"},{"v":120.8765474,"d":"120.88"},1,"1_41742001_54883",{"v":0.569065566635,"d":"0.57"},{"v":0.00381520795018,"d":"0.00"},{"v":5.41806628812,"d":"5.42"},{"v":0.0490550105258,"d":"0.05"},"1_41742001_54883_306484","außerhalb GKL",{"v":0.569065566635,"d":"0.57"},{"v":1,"d":"1.00"},{"v":5.41806628812,"d":"5.42"}]
[4,417,41742,{"v":3826.97445,"d":"3,826.97"},3994,{"v":1.043644281,"d":"1.04"}," ",410,41742001,{"v":3040.610005,"d":"3,040.61"},1541,{"v":0.506806199,"d":"0.51"},{"v":149.157155799999,"d":"149.16"},{"v":0.921559671,"d":"0.92"},{"v":1420.12345299999,"d":"1,420.12"},{"v":120.8765474,"d":"120.88"},1,"1_41742001_54885",{"v":0.294198557941,"d":"0.29"},{"v":0.001972406596,"d":"0.00"},{"v":2.80106086583,"d":"2.80"},{"v":0.0490550105258,"d":"0.05"},"1_41742001_54885_306485","außerhalb GKL",{"v":0.294198557941,"d":"0.29"},{"v":1,"d":"1.00"},{"v":2.80106086583,"d":"2.80"}]
[4,417,41742,{"v":3826.97445,"d":"3,826.97"},3994,{"v":1.043644281,"d":"1.04"}," ",410,41742001,{"v":3040.610005,"d":"3,040.61"},1541,{"v":0.506806199,"d":"0.51"},{"v":149.157155799999,"d":"149.16"},{"v":0.921559671,"d":"0.92"},{"v":1420.12345299999,"d":"1,420.12"},{"v":120.8765474,"d":"120.88"},1,"1_41742001_54886",{"v":0.784669710467,"d":"0.78"},{"v":0.00526069102256,"d":"0.01"},{"v":7.47083070012,"d":"7.47"},{"v":0.0490550105258,"d":"0.05"},"1_41742001_54886_306486","außerhalb GKL",{"v":0.784669710467,"d":"0.78"},{"v":1,"d":"1.00"},{"v":7.47083070012,"d":"7.47"}]
[4,417,41742,{"v":3826.97445,"d":"3,826.97"},3994,{"v":1.043644281,"d":"1.04"}," ",410,41742001,{"v":3040.610005,"d":"3,040.61"},1541,{"v":0.506806199,"d":"0.51"},{"v":149.157155799999,"d":"149.16"},{"v":0.921559671,"d":"0.92"},{"v":1420.12345299999,"d":"1,420.12"},{"v":120.8765474,"d":"120.88"},1,"1_41742001_54887",{"v":0.774486184151,"d":"0.77"},{"v":0.00519241721925,"d":"0.01"},{"v":7.37387347082,"d":"7.37"},{"v":0.0490550105258,"d":"0.05"},"1_41742001_54887_306487","außerhalb GKL",{"v":0.774486184151,"d":"0.77"},{"v":1,"d":"1.00"},{"v":7.37387347082,"d":"7.37"}]
[4,417,41742,{"v":3826.97445,"d":"3,826.97"},3994,{"v":1.043644281,"d":"1.04"}," ",410,41742001,{"v":3040.610005,"d":"3,040.61"},1541,{"v":0.506806199,"d":"0.51"},{"v":149.157155799999,"d":"149.16"},{"v":0.921559671,"d":"0.92"},{"v":1420.12345299999,"d":"1,420.12"},{"v":120.8765474,"d":"120.88"},1,"1_41742001_54888",{"v":0.389379238543,"d":"0.39"},{"v":0.00261053005774,"d":"0.00"},{"v":3.70727495976,"d":"3.71"},{"v":0.0490550105258,"d":"0.05"},"1_41742001_54888_306488","außerhalb GKL",{"v":0.389379238544,"d":"0.39"},{"v":1,"d":"1.00"},{"v":3.70727495976,"d":"3.71"}]
[4,417,41742,{"v":3826.97445,"d":"3,826.97"},3994,{"v":1.043644281,"d":"1.04"}," ",410,41742001,{"v":3040.610005,"d":"3,040.61"},1541,{"v":0.506806199,"d":"0.51"},{"v":149.157155799999,"d":"149.16"},{"v":0.921559671,"d":"0.92"},{"v":1420.12345299999,"d":"1,420.12"},{"v":120.8765474,"d":"120.88"},1,"1_41742001_54889",{"v":0.595679736772,"d":"0.60"},{"v":0.00399363834458,"d":"0.00"},{"v":5.67145947594,"d":"5.67"},{"v":0.0490550105258,"d":"0.05"},"1_41742001_54889_306489","außerhalb GKL",{"v":0.595679736773,"d":"0.60"},{"v":1,"d":"1.00"},{"v":5.67145947594,"d":"5.67"}]
[4,417,41742,{"v":3826.97445,"d":"3,826.97"},3994,{"v":1.043644281,"d":"1.04"}," ",410,41742001,{"v":3040.610005,"d":"3,040.61"},1541,{"v":0.506806199,"d":"0.51"},{"v":149.157155799999,"d":"149.16"},{"v":0.921559671,"d":"0.92"},{"v":1420.12345299999,"d":"1,420.12"},{"v":120.8765474,"d":"120.88"},1,"1_41742001_54891",{"v":0.251588575875,"d":"0.25"},{"v":0.00168673487052,"d":"0.00"},{"v":2.39537174862,"d":"2.40"},{"v":0.0490550105258,"d":"0.05"},"1_41742001_54891_306490","außerhalb GKL",{"v":0.251588575875,"d":"0.25"},{"v":1,"d":"1.00"},{"v":2.39537174862,"d":"2.40"}]
[4,417,41742,{"v":3826.97445,"d":"3,826.97"},3994,{"v":1.043644281,"d":"1.04"}," ",410,41742001,{"v":3040.610005,"d":"3,040.61"},1541,{"v":0.506806199,"d":"0.51"},{"v":149.157155799999,"d":"149.16"},{"v":0.921559671,"d":"0.92"},{"v":1420.12345299999,"d":"1,420.12"},{"v":120.8765474,"d":"120.88"},1,"1_41742001_54893",{"v":0.281983596183,"d":"0.28"},{"v":1.89051336271E-3,"d":"0.00"},{"v":2.68476236459,"d":"2.68"},{"v":0.0490550105258,"d":"0.05"},"1_41742001_54893_306491","außerhalb GKL",{"v":0.281983596183,"d":"0.28"},{"v":1,"d":"1.00"},{"v":2.68476236459,"d":"2.68"}]
[4,417,41751,{"v":2446.98957,"d":"2,446.99"},1624,{"v":0.663672629,"d":"0.66"}," ",410,41751000,{"v":2446.98957014,"d":"2,446.99"},1624,{"v":0.663672629,"d":"0.66"},{"v":80.8068210299999,"d":"80.81"},{"v":0.921559671,"d":"0.92"},{"v":1496.61290499999,"d":"1,496.61"},{"v":127.3870947,"d":"127.39"},1,"1_41751000_55233",{"v":0.672794253276,"d":"0.67"},{"v":0.00832595868394,"d":"0.01"},{"v":12.4607372129,"d":"12.46"},{"v":0.0330229527809,"d":"0.03"},"1_41751000_55233_306492","außerhalb GKL",{"v":0.672794253276,"d":"0.67"},{"v":1,"d":"1.00"},{"v":12.4607372129,"d":"12.46"}]
[4,417,41751,{"v":2446.98957,"d":"2,446.99"},1624,{"v":0.663672629,"d":"0.66"}," ",410,41751000,{"v":2446.98957014,"d":"2,446.99"},1624,{"v":0.663672629,"d":"0.66"},{"v":80.8068210299999,"d":"80.81"},{"v":0.921559671,"d":"0.92"},{"v":1496.61290499999,"d":"1,496.61"},{"v":127.3870947,"d":"127.39"},1,"1_41751000_55238",{"v":19.1587969600999,"d":"19.16"},{"v":0.237093808615,"d":"0.24"},{"v":354.837653669,"d":"354.84"},{"v":0.0330229527809,"d":"0.03"},"1_41751000_55238_306493","außerhalb GKL",{"v":0.814849966628,"d":"0.81"},{"v":0.0425313744034,"d":"0.04"},{"v":15.0917331006,"d":"15.09"}]
[4,417,41751,{"v":2446.98957,"d":"2,446.99"},1624,{"v":0.663672629,"d":"0.66"}," ",410,41751000,{"v":2446.98957014,"d":"2,446.99"},1624,{"v":0.663672629,"d":"0.66"},{"v":80.8068210299999,"d":"80.81"},{"v":0.921559671,"d":"0.92"},{"v":1496.61290499999,"d":"1,496.61"},{"v":127.3870947,"d":"127.39"},1,"1_41751000_55238",{"v":19.1587969600999,"d":"19.16"},{"v":0.237093808615,"d":"0.24"},{"v":354.837653669,"d":"354.84"},{"v":0.0330229527809,"d":"0.03"},"1_41751000_55238_306494","außerhalb GKL",{"v":0.0269991350511,"d":"0.03"},{"v":1.40922914457E-3,"d":"0.00"},{"v":0.500047563141,"d":"0.50"}]
[4,417,41751,{"v":2446.98957,"d":"2,446.99"},1624,{"v":0.663672629,"d":"0.66"}," ",410,41751000,{"v":2446.98957014,"d":"2,446.99"},1624,{"v":0.663672629,"d":"0.66"},{"v":80.8068210299999,"d":"80.81"},{"v":0.921559671,"d":"0.92"},{"v":1496.61290499999,"d":"1,496.61"},{"v":127.3870947,"d":"127.39"},1,"1_41751000_55238",{"v":19.1587969600999,"d":"19.16"},{"v":0.237093808615,"d":"0.24"},{"v":354.837653669,"d":"354.84"},{"v":0.0330229527809,"d":"0.03"},"1_41751000_55238_306495","außerhalb GKL",{"v":0.0738586392389,"d":"0.07"},{"v":0.00385507709032,"d":"0.00"},{"v":1.36792650944,"d":"1.37"}]
[4,417,41751,{"v":2446.98957,"d":"2,446.99"},1624,{"v":0.663672629,"d":"0.66"}," ",410,41751000,{"v":2446.98957014,"d":"2,446.99"},1624,{"v":0.663672629,"d":"0.66"},{"v":80.8068210299999,"d":"80.81"},{"v":0.921559671,"d":"0.92"},{"v":1496.61290499999,"d":"1,496.61"},{"v":127.3870947,"d":"127.39"},1,"1_41751000_55238",{"v":19.1587969600999,"d":"19.16"},{"v":0.237093808615,"d":"0.24"},{"v":354.837653669,"d":"354.84"},{"v":0.0330229527809,"d":"0.03"},"1_41751000_55238_306496","G",{"v":0.339969291731,"d":"0.34"},{"v":0.0177448141676,"d":"0.02"},{"v":6.29652822402,"d":"6.30"}]
[4,417,41751,{"v":2446.98957,"d":"2,446.99"},1624,{"v":0.663672629,"d":"0.66"}," ",410,41751000,{"v":2446.98957014,"d":"2,446.99"},1624,{"v":0.663672629,"d":"0.66"},{"v":80.8068210299999,"d":"80.81"},{"v":0.921559671,"d":"0.92"},{"v":1496.61290499999,"d":"1,496.61"},{"v":127.3870947,"d":"127.39"},1,"1_41751000_55238",{"v":19.1587969600999,"d":"19.16"},{"v":0.237093808615,"d":"0.24"},{"v":354.837653669,"d":"354.84"},{"v":0.0330229527809,"d":"0.03"},"1_41751000_55238_306497","G",{"v":17.9031199275,"d":"17.90"},{"v":0.934459505197,"d":"0.93"},{"v":331.581418272999,"d":"331.58"}]
[5,503,50312,{"v":2140.159384,"d":"2,140.16"},1565,{"v":0.731253949,"d":"0.73"}," ",410,50312000,{"v":2140.15938379999,"d":"2,140.16"},1565,{"v":0.731253949,"d":"0.73"},{"v":129.574892,"d":"129.57"},{"v":0.921559671,"d":"0.92"},{"v":1442.24088499999,"d":"1,442.24"},{"v":122.7591153,"d":"122.76"},1,"1_50312000_58430",{"v":0.520249613881,"d":"0.52"},{"v":0.00401504956594,"d":"0.00"},{"v":5.7906686393,"d":"5.79"},{"v":0.0605445056947,"d":"0.06"},"1_50312000_58430_306498","außerhalb GKL",{"v":0.520249613881,"d":"0.52"},{"v":1,"d":"1.00"},{"v":5.7906686393,"d":"5.79"}]
[5,503,50312,{"v":2140.159384,"d":"2,140.16"},1565,{"v":0.731253949,"d":"0.73"}," ",410,50312000,{"v":2140.15938379999,"d":"2,140.16"},1565,{"v":0.731253949,"d":"0.73"},{"v":129.574892,"d":"129.57"},{"v":0.921559671,"d":"0.92"},{"v":1442.24088499999,"d":"1,442.24"},{"v":122.7591153,"d":"122.76"},1,"1_50312000_58431",{"v":0.379141964376,"d":"0.38"},{"v":0.00292604499625,"d":"0.00"},{"v":4.22006172494,"d":"4.22"},{"v":0.0605445056947,"d":"0.06"},"1_50312000_58431_306499","außerhalb GKL",{"v":0.379141964376,"d":"0.38"},{"v":1,"d":"1.00"},{"v":4.22006172494,"d":"4.22"}]
[5,503,50312,{"v":2140.159384,"d":"2,140.16"},1565,{"v":0.731253949,"d":"0.73"}," ",410,50312000,{"v":2140.15938379999,"d":"2,140.16"},1565,{"v":0.731253949,"d":"0.73"},{"v":129.574892,"d":"129.57"},{"v":0.921559671,"d":"0.92"},{"v":1442.24088499999,"d":"1,442.24"},{"v":122.7591153,"d":"122.76"},1,"1_50312000_58432",{"v":1.5285090731,"d":"1.53"},{"v":0.0117963368482,"d":"0.01"},{"v":17.0131592957,"d":"17.01"},{"v":0.0605445056947,"d":"0.06"},"1_50312000_58432_306500","außerhalb GKL",{"v":1.5285090731,"d":"1.53"},{"v":1,"d":"1.00"},{"v":17.0131592957,"d":"17.01"}]
[5,503,50312,{"v":2140.159384,"d":"2,140.16"},1565,{"v":0.731253949,"d":"0.73"}," ",410,50312000,{"v":2140.15938379999,"d":"2,140.16"},1565,{"v":0.731253949,"d":"0.73"},{"v":129.574892,"d":"129.57"},{"v":0.921559671,"d":"0.92"},{"v":1442.24088499999,"d":"1,442.24"},{"v":122.7591153,"d":"122.76"},1,"1_50312000_58438",{"v":3.2809236573,"d":"3.28"},{"v":0.0253206744506,"d":"0.03"},{"v":36.5185119284,"d":"36.52"},{"v":0.0605445056947,"d":"0.06"},"1_50312000_58438_306501","außerhalb GKL",{"v":3.2809236573,"d":"3.28"},{"v":1,"d":"1.00"},{"v":36.5185119284,"d":"36.52"}]
[5,503,50312,{"v":2140.159384,"d":"2,140.16"},1565,{"v":0.731253949,"d":"0.73"}," ",410,50312000,{"v":2140.15938379999,"d":"2,140.16"},1565,{"v":0.731253949,"d":"0.73"},{"v":129.574892,"d":"129.57"},{"v":0.921559671,"d":"0.92"},{"v":1442.24088499999,"d":"1,442.24"},{"v":122.7591153,"d":"122.76"},1,"1_50312000_58440",{"v":0.299736382213,"d":"0.30"},{"v":2.31322887935E-3,"d":"0.00"},{"v":3.33623326616,"d":"3.34"},{"v":0.0605445056947,"d":"0.06"},"1_50312000_58440_306502","außerhalb GKL",{"v":0.299736382213,"d":"0.30"},{"v":1,"d":"1.00"},{"v":3.33623326616,"d":"3.34"}]
[5,503,50330,{"v":9888.516621,"d":"9,888.52"},3960,{"v":0.400464514,"d":"0.40"}," ",410,50330001,{"v":5951.33837791,"d":"5,951.34"},1631,{"v":0.274056002,"d":"0.27"},{"v":203.911305499999,"d":"203.91"},{"v":0.921559671,"d":"0.92"},{"v":1503.06382299999,"d":"1,503.06"},{"v":127.936177,"d":"127.94"},1,"1_50330001_59342",{"v":0.242708202378,"d":"0.24"},{"v":1.19026358927E-3,"d":"0.00"},{"v":1.78904214087,"d":"1.79"},{"v":0.0342631005921,"d":"0.03"},"1_50330001_59342_306503","außerhalb GKL",{"v":0.242708202378,"d":"0.24"},{"v":1,"d":"1.00"},{"v":1.78904214087,"d":"1.79"}]
[5,503,50330,{"v":9888.516621,"d":"9,888.52"},3960,{"v":0.400464514,"d":"0.40"}," ",410,50330001,{"v":5951.33837791,"d":"5,951.34"},1631,{"v":0.274056002,"d":"0.27"},{"v":203.911305499999,"d":"203.91"},{"v":0.921559671,"d":"0.92"},{"v":1503.06382299999,"d":"1,503.06"},{"v":127.936177,"d":"127.94"},1,"1_50330001_59346",{"v":0.0647677533929,"d":"0.06"},{"v":0.000317627084158,"d":"0.00"},{"v":0.477413779403,"d":"0.48"},{"v":0.0342631005921,"d":"0.03"},"1_50330001_59346_306504","außerhalb GKL",{"v":0.064767753393,"d":"0.06"},{"v":1,"d":"1.00"},{"v":0.477413779403,"d":"0.48"}]
[5,503,50330,{"v":9888.516621,"d":"9,888.52"},3960,{"v":0.400464514,"d":"0.40"}," ",410,50330001,{"v":5951.33837791,"d":"5,951.34"},1631,{"v":0.274056002,"d":"0.27"},{"v":203.911305499999,"d":"203.91"},{"v":0.921559671,"d":"0.92"},{"v":1503.06382299999,"d":"1,503.06"},{"v":127.936177,"d":"127.94"},1,"1_50330001_59347",{"v":0.0653877156332,"d":"0.07"},{"v":0.000320667436623,"d":"0.00"},{"v":0.481983623202,"d":"0.48"},{"v":0.0342631005921,"d":"0.03"},"1_50330001_59347_306505","außerhalb GKL",{"v":0.0653877156333,"d":"0.07"},{"v":1,"d":"1.00"},{"v":0.481983623202,"d":"0.48"}]
[5,503,50330,{"v":9888.516621,"d":"9,888.52"},3960,{"v":0.400464514,"d":"0.40"}," ",410,50330001,{"v":5951.33837791,"d":"5,951.34"},1631,{"v":0.274056002,"d":"0.27"},{"v":203.911305499999,"d":"203.91"},{"v":0.921559671,"d":"0.92"},{"v":1503.06382299999,"d":"1,503.06"},{"v":127.936177,"d":"127.94"},1,"1_50330001_59349",{"v":1.53562015068,"d":"1.54"},{"v":0.007530823987,"d":"0.01"},{"v":11.3193090921999,"d":"11.32"},{"v":0.0342631005921,"d":"0.03"},"1_50330001_59349_306506","außerhalb GKL",{"v":1.24555074757,"d":"1.25"},{"v":0.811106019297,"d":"0.81"},{"v":9.18115973897,"d":"9.18"}]
[5,503,50330,{"v":9888.516621,"d":"9,888.52"},3960,{"v":0.400464514,"d":"0.40"}," ",410,50330001,{"v":5951.33837791,"d":"5,951.34"},1631,{"v":0.274056002,"d":"0.27"},{"v":203.911305499999,"d":"203.91"},{"v":0.921559671,"d":"0.92"},{"v":1503.06382299999,"d":"1,503.06"},{"v":127.936177,"d":"127.94"},1,"1_50330001_59351",{"v":0.839118229272,"d":"0.84"},{"v":4.11511380997E-3,"d":"0.00"},{"v":6.18527869529,"d":"6.19"},{"v":0.0342631005921,"d":"0.03"},"1_50330001_59351_306507","außerhalb GKL",{"v":0.839118229272,"d":"0.84"},{"v":1,"d":"1.00"},{"v":6.18527869529,"d":"6.19"}]
[5,503,50330,{"v":9888.516621,"d":"9,888.52"},3960,{"v":0.400464514,"d":"0.40"}," ",410,50330001,{"v":5951.33837791,"d":"5,951.34"},1631,{"v":0.274056002,"d":"0.27"},{"v":203.911305499999,"d":"203.91"},{"v":0.921559671,"d":"0.92"},{"v":1503.06382299999,"d":"1,503.06"},{"v":127.936177,"d":"127.94"},1,"1_50330001_59352",{"v":1.03408381581,"d":"1.03"},{"v":0.00507124317249,"d":"0.01"},{"v":7.62240215021,"d":"7.62"},{"v":0.0342631005921,"d":"0.03"},"1_50330001_59352_306508","außerhalb GKL",{"v":0.0281290568098,"d":"0.03"},{"v":0.0272019118564,"d":"0.03"},{"v":0.207343911424,"d":"0.21"}]
[5,503,50330,{"v":9888.516621,"d":"9,888.52"},3960,{"v":0.400464514,"d":"0.40"}," ",410,50330001,{"v":5951.33837791,"d":"5,951.34"},1631,{"v":0.274056002,"d":"0.27"},{"v":203.911305499999,"d":"203.91"},{"v":0.921559671,"d":"0.92"},{"v":1503.06382299999,"d":"1,503.06"},{"v":127.936177,"d":"127.94"},1,"1_50330001_59353",{"v":55.7874179163,"d":"55.79"},{"v":0.273586684071,"d":"0.27"},{"v":411.218247281999,"d":"411.22"},{"v":0.0342631005921,"d":"0.03"},"1_50330001_59353_306509","außerhalb GKL",{"v":1.35310315078,"d":"1.35"},{"v":0.0242546294724,"d":"0.02"},{"v":9.97394622010999,"d":"9.97"}]
[5,503,50330,{"v":9888.516621,"d":"9,888.52"},3960,{"v":0.400464514,"d":"0.40"}," ",410,50330001,{"v":5951.33837791,"d":"5,951.34"},1631,{"v":0.274056002,"d":"0.27"},{"v":203.911305499999,"d":"203.91"},{"v":0.921559671,"d":"0.92"},{"v":1503.06382299999,"d":"1,503.06"},{"v":127.936177,"d":"127.94"},1,"1_50330001_59353",{"v":55.7874179163,"d":"55.79"},{"v":0.273586684071,"d":"0.27"},{"v":411.218247281999,"d":"411.22"},{"v":0.0342631005921,"d":"0.03"},"1_50330001_59353_306510","außerhalb GKL",{"v":0.533702684431,"d":"0.53"},{"v":0.00956672139284,"d":"0.01"},{"v":3.9340104034,"d":"3.93"}]
[5,503,50330,{"v":9888.516621,"d":"9,888.52"},3960,{"v":0.400464514,"d":"0.40"}," ",410,50330001,{"v":5951.33837791,"d":"5,951.34"},1631,{"v":0.274056002,"d":"0.27"},{"v":203.911305499999,"d":"203.91"},{"v":0.921559671,"d":"0.92"},{"v":1503.06382299999,"d":"1,503.06"},{"v":127.936177,"d":"127.94"},1,"1_50330001_59353",{"v":55.7874179163,"d":"55.79"},{"v":0.273586684071,"d":"0.27"},{"v":411.218247281999,"d":"411.22"},{"v":0.0342631005921,"d":"0.03"},"1_50330001_59353_306511","außerhalb GKL",{"v":0.262552597029,"d":"0.26"},{"v":0.00470630487726,"d":"0.00"},{"v":1.9353184428,"d":"1.94"}]
[5,503,50330,{"v":9888.516621,"d":"9,888.52"},3960,{"v":0.400464514,"d":"0.40"}," ",410,50330001,{"v":5951.33837791,"d":"5,951.34"},1631,{"v":0.274056002,"d":"0.27"},{"v":203.911305499999,"d":"203.91"},{"v":0.921559671,"d":"0.92"},{"v":1503.06382299999,"d":"1,503.06"},{"v":127.936177,"d":"127.94"},1,"1_50330001_59353",{"v":55.7874179163,"d":"55.79"},{"v":0.273586684071,"d":"0.27"},{"v":411.218247281999,"d":"411.22"},{"v":0.0342631005921,"d":"0.03"},"1_50330001_59353_306512","außerhalb GKL",{"v":0.0396567693407,"d":"0.04"},{"v":0.000710855078473,"d":"0.00"},{"v":0.292316579441,"d":"0.29"}]
[5,503,50330,{"v":9888.516621,"d":"9,888.52"},3960,{"v":0.400464514,"d":"0.40"}," ",410,50330001,{"v":5951.33837791,"d":"5,951.34"},1631,{"v":0.274056002,"d":"0.27"},{"v":203.911305499999,"d":"203.91"},{"v":0.921559671,"d":"0.92"},{"v":1503.06382299999,"d":"1,503.06"},{"v":127.936177,"d":"127.94"},1,"1_50330001_59353",{"v":55.7874179163,"d":"55.79"},{"v":0.273586684071,"d":"0.27"},{"v":411.218247281999,"d":"411.22"},{"v":0.0342631005921,"d":"0.03"},"1_50330001_59353_306513","außerhalb GKL",{"v":26.4778193813,"d":"26.48"},{"v":0.474619911985,"d":"0.47"},{"v":195.172368331999,"d":"195.17"}]
[5,503,50330,{"v":9888.516621,"d":"9,888.52"},3960,{"v":0.400464514,"d":"0.40"}," ",410,50330001,{"v":5951.33837791,"d":"5,951.34"},1631,{"v":0.274056002,"d":"0.27"},{"v":203.911305499999,"d":"203.91"},{"v":0.921559671,"d":"0.92"},{"v":1503.06382299999,"d":"1,503.06"},{"v":127.936177,"d":"127.94"},1,"1_50330001_59354",{"v":1.26737228309,"d":"1.27"},{"v":0.00621531150508,"d":"0.01"},{"v":9.34200987196,"d":"9.34"},{"v":0.0342631005921,"d":"0.03"},"1_50330001_59354_306514","außerhalb GKL",{"v":0.00606206341146,"d":"0.01"},{"v":0.00478317499313,"d":"0.00"},{"v":0.0446844680051,"d":"0.04"}]
[5,503,50330,{"v":9888.516621,"d":"9,888.52"},3960,{"v":0.400464514,"d":"0.40"}," ",410,50330001,{"v":5951.33837791,"d":"5,951.34"},1631,{"v":0.274056002,"d":"0.27"},{"v":203.911305499999,"d":"203.91"},{"v":0.921559671,"d":"0.92"},{"v":1503.06382299999,"d":"1,503.06"},{"v":127.936177,"d":"127.94"},1,"1_50330001_59356",{"v":2.40522826924,"d":"2.41"},{"v":0.0117954630487,"d":"0.01"},{"v":17.729333784,"d":"17.73"},{"v":0.0342631005921,"d":"0.03"},"1_50330001_59356_306515","außerhalb GKL",{"v":0.000764604267771,"d":"0.00"},{"v":0.000317892599862,"d":"0.00"},{"v":0.00563602401042,"d":"0.01"}]
[5,503,50330,{"v":9888.516621,"d":"9,888.52"},3960,{"v":0.400464514,"d":"0.40"}," ",410,50330001,{"v":5951.33837791,"d":"5,951.34"},1631,{"v":0.274056002,"d":"0.27"},{"v":203.911305499999,"d":"203.91"},{"v":0.921559671,"d":"0.92"},{"v":1503.06382299999,"d":"1,503.06"},{"v":127.936177,"d":"127.94"},1,"1_50330001_59357",{"v":2.21582152722,"d":"2.22"},{"v":0.0108665947765,"d":"0.01"},{"v":16.3331854878,"d":"16.33"},{"v":0.0342631005921,"d":"0.03"},"1_50330001_59357_306516","außerhalb GKL",{"v":2.21582152722,"d":"2.22"},{"v":1,"d":"1.00"},{"v":16.3331854878,"d":"16.33"}]
[5,503,50330,{"v":9888.516621,"d":"9,888.52"},3960,{"v":0.400464514,"d":"0.40"}," ",410,50330001,{"v":5951.33837791,"d":"5,951.34"},1631,{"v":0.274056002,"d":"0.27"},{"v":203.911305499999,"d":"203.91"},{"v":0.921559671,"d":"0.92"},{"v":1503.06382299999,"d":"1,503.06"},{"v":127.936177,"d":"127.94"},1,"1_50330001_59358",{"v":1.49005043565,"d":"1.49"},{"v":0.00730734586783,"d":"0.01"},{"v":10.9834072161,"d":"10.98"},{"v":0.0342631005921,"d":"0.03"},"1_50330001_59358_306517","außerhalb GKL",{"v":3.89942060323E-3,"d":"0.00"},{"v":0.00261697222452,"d":"0.00"},{"v":0.0287432716151,"d":"0.03"}]
[5,503,50330,{"v":9888.516621,"d":"9,888.52"},3960,{"v":0.400464514,"d":"0.40"}," ",410,50330001,{"v":5951.33837791,"d":"5,951.34"},1631,{"v":0.274056002,"d":"0.27"},{"v":203.911305499999,"d":"203.91"},{"v":0.921559671,"d":"0.92"},{"v":1503.06382299999,"d":"1,503.06"},{"v":127.936177,"d":"127.94"},1,"1_50330001_59359",{"v":0.114774195411,"d":"0.11"},{"v":0.000562863324962,"d":"0.00"},{"v":0.846019501044,"d":"0.85"},{"v":0.0342631005921,"d":"0.03"},"1_50330001_59359_306518","außerhalb GKL",{"v":0.114774195411,"d":"0.11"},{"v":1,"d":"1.00"},{"v":0.846019501044,"d":"0.85"}]
[5,503,50330,{"v":9888.516621,"d":"9,888.52"},3960,{"v":0.400464514,"d":"0.40"}," ",410,50330001,{"v":5951.33837791,"d":"5,951.34"},1631,{"v":0.274056002,"d":"0.27"},{"v":203.911305499999,"d":"203.91"},{"v":0.921559671,"d":"0.92"},{"v":1503.06382299999,"d":"1,503.06"},{"v":127.936177,"d":"127.94"},1,"1_50330001_59360",{"v":2.41214618281,"d":"2.41"},{"v":0.01182938914,"d":"0.01"},{"v":17.7803268645,"d":"17.78"},{"v":0.0342631005921,"d":"0.03"},"1_50330001_59360_306519","außerhalb GKL",{"v":1.56310196687,"d":"1.56"},{"v":0.648012951292,"d":"0.65"},{"v":11.5218820864,"d":"11.52"}]
[5,503,50330,{"v":9888.516621,"d":"9,888.52"},3960,{"v":0.400464514,"d":"0.40"}," ",410,50330001,{"v":5951.33837791,"d":"5,951.34"},1631,{"v":0.274056002,"d":"0.27"},{"v":203.911305499999,"d":"203.91"},{"v":0.921559671,"d":"0.92"},{"v":1503.06382299999,"d":"1,503.06"},{"v":127.936177,"d":"127.94"},1,"1_50330001_59361",{"v":1.78442504209,"d":"1.78"},{"v":8.7509863061E-3,"d":"0.01"},{"v":13.1532909322999,"d":"13.15"},{"v":0.0342631005921,"d":"0.03"},"1_50330001_59361_306520","außerhalb GKL",{"v":1.78442504209,"d":"1.78"},{"v":1,"d":"1.00"},{"v":13.1532909322999,"d":"13.15"}]
[5,503,50330,{"v":9888.516621,"d":"9,888.52"},3960,{"v":0.400464514,"d":"0.40"}," ",410,50330001,{"v":5951.33837791,"d":"5,951.34"},1631,{"v":0.274056002,"d":"0.27"},{"v":203.911305499999,"d":"203.91"},{"v":0.921559671,"d":"0.92"},{"v":1503.06382299999,"d":"1,503.06"},{"v":127.936177,"d":"127.94"},1,"1_50330001_59362",{"v":4.55844215829,"d":"4.56"},{"v":0.022355024147,"d":"0.02"},{"v":33.6010280575999,"d":"33.60"},{"v":0.0342631005921,"d":"0.03"},"1_50330001_59362_306521","außerhalb GKL",{"v":3.53367436017,"d":"3.53"},{"v":0.775193418599,"d":"0.78"},{"v":26.0472958084,"d":"26.05"}]
[5,503,50330,{"v":9888.516621,"d":"9,888.52"},3960,{"v":0.400464514,"d":"0.40"}," ",410,50330001,{"v":5951.33837791,"d":"5,951.34"},1631,{"v":0.274056002,"d":"0.27"},{"v":203.911305499999,"d":"203.91"},{"v":0.921559671,"d":"0.92"},{"v":1503.06382299999,"d":"1,503.06"},{"v":127.936177,"d":"127.94"},1,"1_50330001_59363",{"v":0.460345889678,"d":"0.46"},{"v":2.25757904178E-3,"d":"0.00"},{"v":3.39328538526,"d":"3.39"},{"v":0.0342631005921,"d":"0.03"},"1_50330001_59363_306522","außerhalb GKL",{"v":0.460345889678,"d":"0.46"},{"v":1,"d":"1.00"},{"v":3.39328538526,"d":"3.39"}]
[5,503,50330,{"v":9888.516621,"d":"9,888.52"},3960,{"v":0.400464514,"d":"0.40"}," ",410,50330001,{"v":5951.33837791,"d":"5,951.34"},1631,{"v":0.274056002,"d":"0.27"},{"v":203.911305499999,"d":"203.91"},{"v":0.921559671,"d":"0.92"},{"v":1503.06382299999,"d":"1,503.06"},{"v":127.936177,"d":"127.94"},1,"1_50330001_59364",{"v":1.08167316692,"d":"1.08"},{"v":0.00530462577476,"d":"0.01"},{"v":7.9731910966,"d":"7.97"},{"v":0.0342631005921,"d":"0.03"},"1_50330001_59364_306523","außerhalb GKL",{"v":0.352813255245,"d":"0.35"},{"v":0.326173622527,"d":"0.33"},{"v":2.60064462308,"d":"2.60"}]
[5,503,50330,{"v":9888.516621,"d":"9,888.52"},3960,{"v":0.400464514,"d":"0.40"}," ",410,50330001,{"v":5951.33837791,"d":"5,951.34"},1631,{"v":0.274056002,"d":"0.27"},{"v":203.911305499999,"d":"203.91"},{"v":0.921559671,"d":"0.92"},{"v":1503.06382299999,"d":"1,503.06"},{"v":127.936177,"d":"127.94"},1,"1_50330001_59365",{"v":0.865644859215,"d":"0.87"},{"v":0.00424520286942,"d":"0.00"},{"v":6.38081085432,"d":"6.38"},{"v":0.0342631005921,"d":"0.03"},"1_50330001_59365_306524","außerhalb GKL",{"v":0.865644859215,"d":"0.87"},{"v":1,"d":"1.00"},{"v":6.38081085432,"d":"6.38"}]
[5,503,50330,{"v":9888.516621,"d":"9,888.52"},3960,{"v":0.400464514,"d":"0.40"}," ",410,50330001,{"v":5951.33837791,"d":"5,951.34"},1631,{"v":0.274056002,"d":"0.27"},{"v":203.911305499999,"d":"203.91"},{"v":0.921559671,"d":"0.92"},{"v":1503.06382299999,"d":"1,503.06"},{"v":127.936177,"d":"127.94"},1,"1_50330001_59366",{"v":0.421940686308,"d":"0.42"},{"v":0.00206923635388,"d":"0.00"},{"v":3.11019430475,"d":"3.11"},{"v":0.0342631005921,"d":"0.03"},"1_50330001_59366_306525","außerhalb GKL",{"v":0.421940686308,"d":"0.42"},{"v":1,"d":"1.00"},{"v":3.11019430475,"d":"3.11"}]
[5,503,50330,{"v":9888.516621,"d":"9,888.52"},3960,{"v":0.400464514,"d":"0.40"}," ",410,50330001,{"v":5951.33837791,"d":"5,951.34"},1631,{"v":0.274056002,"d":"0.27"},{"v":203.911305499999,"d":"203.91"},{"v":0.921559671,"d":"0.92"},{"v":1503.06382299999,"d":"1,503.06"},{"v":127.936177,"d":"127.94"},1,"1_50330001_59367",{"v":0.177724594551,"d":"0.18"},{"v":0.000871577934903,"d":"0.00"},{"v":1.31003726288,"d":"1.31"},{"v":0.0342631005921,"d":"0.03"},"1_50330001_59367_306526","außerhalb GKL",{"v":0.177724594551,"d":"0.18"},{"v":1,"d":"1.00"},{"v":1.31003726288,"d":"1.31"}]
[5,503,50330,{"v":9888.516621,"d":"9,888.52"},3960,{"v":0.400464514,"d":"0.40"}," ",410,50330001,{"v":5951.33837791,"d":"5,951.34"},1631,{"v":0.274056002,"d":"0.27"},{"v":203.911305499999,"d":"203.91"},{"v":0.921559671,"d":"0.92"},{"v":1503.06382299999,"d":"1,503.06"},{"v":127.936177,"d":"127.94"},1,"1_50330001_59368",{"v":0.299381529316,"d":"0.30"},{"v":0.00146819485355,"d":"0.00"},{"v":2.20679056949,"d":"2.21"},{"v":0.0342631005921,"d":"0.03"},"1_50330001_59368_306527","außerhalb GKL",{"v":0.299381529317,"d":"0.30"},{"v":1,"d":"1.00"},{"v":2.20679056949,"d":"2.21"}]
[5,503,50330,{"v":9888.516621,"d":"9,888.52"},3960,{"v":0.400464514,"d":"0.40"}," ",410,50330001,{"v":5951.33837791,"d":"5,951.34"},1631,{"v":0.274056002,"d":"0.27"},{"v":203.911305499999,"d":"203.91"},{"v":0.921559671,"d":"0.92"},{"v":1503.06382299999,"d":"1,503.06"},{"v":127.936177,"d":"127.94"},1,"1_50330001_59369",{"v":52.8525830211999,"d":"52.85"},{"v":0.259193980891,"d":"0.26"},{"v":389.585095817,"d":"389.59"},{"v":0.0342631005921,"d":"0.03"},"1_50330001_59369_306528","außerhalb GKL",{"v":0.531007096835,"d":"0.53"},{"v":0.010046946932,"d":"0.01"},{"v":3.91414078317,"d":"3.91"}]
[5,503,50330,{"v":9888.516621,"d":"9,888.52"},3960,{"v":0.400464514,"d":"0.40"}," ",410,50330001,{"v":5951.33837791,"d":"5,951.34"},1631,{"v":0.274056002,"d":"0.27"},{"v":203.911305499999,"d":"203.91"},{"v":0.921559671,"d":"0.92"},{"v":1503.06382299999,"d":"1,503.06"},{"v":127.936177,"d":"127.94"},1,"1_50330001_59369",{"v":52.8525830211999,"d":"52.85"},{"v":0.259193980891,"d":"0.26"},{"v":389.585095817,"d":"389.59"},{"v":0.0342631005921,"d":"0.03"},"1_50330001_59369_306529","außerhalb GKL",{"v":42.1329583403,"d":"42.13"},{"v":0.79717879301,"d":"0.80"},{"v":310.568976458,"d":"310.57"}]
[5,503,50330,{"v":9888.516621,"d":"9,888.52"},3960,{"v":0.400464514,"d":"0.40"}," ",410,50330001,{"v":5951.33837791,"d":"5,951.34"},1631,{"v":0.274056002,"d":"0.27"},{"v":203.911305499999,"d":"203.91"},{"v":0.921559671,"d":"0.92"},{"v":1503.06382299999,"d":"1,503.06"},{"v":127.936177,"d":"127.94"},1,"1_50330001_59370",{"v":1.01194136487,"d":"1.01"},{"v":0.00496265453447,"d":"0.00"},{"v":7.45918649681,"d":"7.46"},{"v":0.0342631005921,"d":"0.03"},"1_50330001_59370_306530","außerhalb GKL",{"v":1.01194136487,"d":"1.01"},{"v":1,"d":"1.00"},{"v":7.45918649681,"d":"7.46"}]
[5,503,50330,{"v":9888.516621,"d":"9,888.52"},3960,{"v":0.400464514,"d":"0.40"}," ",410,50330001,{"v":5951.33837791,"d":"5,951.34"},1631,{"v":0.274056002,"d":"0.27"},{"v":203.911305499999,"d":"203.91"},{"v":0.921559671,"d":"0.92"},{"v":1503.06382299999,"d":"1,503.06"},{"v":127.936177,"d":"127.94"},1,"1_50330001_59372",{"v":0.378355237029,"d":"0.38"},{"v":1.85548925844E-3,"d":"0.00"},{"v":2.78891877833,"d":"2.79"},{"v":0.0342631005921,"d":"0.03"},"1_50330001_59372_306531","außerhalb GKL",{"v":0.378355237029,"d":"0.38"},{"v":1,"d":"1.00"},{"v":2.78891877833,"d":"2.79"}]
[5,503,50330,{"v":9888.516621,"d":"9,888.52"},3960,{"v":0.400464514,"d":"0.40"}," ",410,50330001,{"v":5951.33837791,"d":"5,951.34"},1631,{"v":0.274056002,"d":"0.27"},{"v":203.911305499999,"d":"203.91"},{"v":0.921559671,"d":"0.92"},{"v":1503.06382299999,"d":"1,503.06"},{"v":127.936177,"d":"127.94"},1,"1_50330001_59373",{"v":61.2313247028999,"d":"61.23"},{"v":0.300284109078,"d":"0.30"},{"v":451.346180977,"d":"451.35"},{"v":0.0342631005921,"d":"0.03"},"1_50330001_59373_306532","außerhalb GKL",{"v":0.0613530784642,"d":"0.06"},{"v":0.00100198842279,"d":"0.00"},{"v":0.452243648009,"d":"0.45"}]
[5,503,50330,{"v":9888.516621,"d":"9,888.52"},3960,{"v":0.400464514,"d":"0.40"}," ",410,50330001,{"v":5951.33837791,"d":"5,951.34"},1631,{"v":0.274056002,"d":"0.27"},{"v":203.911305499999,"d":"203.91"},{"v":0.921559671,"d":"0.92"},{"v":1503.06382299999,"d":"1,503.06"},{"v":127.936177,"d":"127.94"},1,"1_50330001_59373",{"v":61.2313247028999,"d":"61.23"},{"v":0.300284109078,"d":"0.30"},{"v":451.346180977,"d":"451.35"},{"v":0.0342631005921,"d":"0.03"},"1_50330001_59373_306533","außerhalb GKL",{"v":0.47705276502,"d":"0.48"},{"v":0.00779099206713,"d":"0.01"},{"v":3.51643451552,"d":"3.52"}]
[5,503,50330,{"v":9888.516621,"d":"9,888.52"},3960,{"v":0.400464514,"d":"0.40"}," ",410,50330001,{"v":5951.33837791,"d":"5,951.34"},1631,{"v":0.274056002,"d":"0.27"},{"v":203.911305499999,"d":"203.91"},{"v":0.921559671,"d":"0.92"},{"v":1503.06382299999,"d":"1,503.06"},{"v":127.936177,"d":"127.94"},1,"1_50330001_59373",{"v":61.2313247028999,"d":"61.23"},{"v":0.300284109078,"d":"0.30"},{"v":451.346180977,"d":"451.35"},{"v":0.0342631005921,"d":"0.03"},"1_50330001_59373_306534","außerhalb GKL",{"v":1.85203222915,"d":"1.85"},{"v":0.0302464831218,"d":"0.03"},{"v":13.651634645,"d":"13.65"}]
[5,503,50330,{"v":9888.516621,"d":"9,888.52"},3960,{"v":0.400464514,"d":"0.40"}," ",410,50330001,{"v":5951.33837791,"d":"5,951.34"},1631,{"v":0.274056002,"d":"0.27"},{"v":203.911305499999,"d":"203.91"},{"v":0.921559671,"d":"0.92"},{"v":1503.06382299999,"d":"1,503.06"},{"v":127.936177,"d":"127.94"},1,"1_50330001_59373",{"v":61.2313247028999,"d":"61.23"},{"v":0.300284109078,"d":"0.30"},{"v":451.346180977,"d":"451.35"},{"v":0.0342631005921,"d":"0.03"},"1_50330001_59373_306535","außerhalb GKL",{"v":0.420229300871,"d":"0.42"},{"v":0.00686297908644,"d":"0.01"},{"v":3.09757940079,"d":"3.10"}]
[5,503,50330,{"v":9888.516621,"d":"9,888.52"},3960,{"v":0.400464514,"d":"0.40"}," ",410,50330001,{"v":5951.33837791,"d":"5,951.34"},1631,{"v":0.274056002,"d":"0.27"},{"v":203.911305499999,"d":"203.91"},{"v":0.921559671,"d":"0.92"},{"v":1503.06382299999,"d":"1,503.06"},{"v":127.936177,"d":"127.94"},1,"1_50330001_59373",{"v":61.2313247028999,"d":"61.23"},{"v":0.300284109078,"d":"0.30"},{"v":451.346180977,"d":"451.35"},{"v":0.0342631005921,"d":"0.03"},"1_50330001_59373_306536","außerhalb GKL",{"v":22.2950941034,"d":"22.30"},{"v":0.364112555323,"d":"0.36"},{"v":164.340811290999,"d":"164.34"}]
[5,503,50335,{"v":4452.427886,"d":"4,452.43"},7628,{"v":1.713222582,"d":"1.71"},"M",410,50335001,{"v":1897.72974649999,"d":"1,897.73"},924,{"v":0.486897569,"d":"0.49"},{"v":88.73950747,"d":"88.74"},{"v":0.921559671,"d":"0.92"},{"v":851.5211358,"d":"851.52"},{"v":72.4788642299999,"d":"72.48"},1,"1_50335001_59459",{"v":4.9078106791,"d":"4.91"},{"v":0.0553058138255,"d":"0.06"},{"v":47.0940694049999,"d":"47.09"},{"v":0.0467608771131,"d":"0.05"},"1_50335001_59459_306537","außerhalb GKL",{"v":4.9078106791,"d":"4.91"},{"v":1,"d":"1.00"},{"v":47.0940694049999,"d":"47.09"}]
[5,503,50335,{"v":4452.427886,"d":"4,452.43"},7628,{"v":1.713222582,"d":"1.71"},"M",410,50335001,{"v":1897.72974649999,"d":"1,897.73"},924,{"v":0.486897569,"d":"0.49"},{"v":88.73950747,"d":"88.74"},{"v":0.921559671,"d":"0.92"},{"v":851.5211358,"d":"851.52"},{"v":72.4788642299999,"d":"72.48"},1,"1_50335001_59460",{"v":2.09707343243,"d":"2.10"},{"v":0.0236317903065,"d":"0.02"},{"v":20.1229689227999,"d":"20.12"},{"v":0.0467608771131,"d":"0.05"},"1_50335001_59460_306538","außerhalb GKL",{"v":2.09707343243,"d":"2.10"},{"v":1,"d":"1.00"},{"v":20.1229689227999,"d":"20.12"}]
[5,503,50335,{"v":4452.427886,"d":"4,452.43"},7628,{"v":1.713222582,"d":"1.71"},"M",410,50335001,{"v":1897.72974649999,"d":"1,897.73"},924,{"v":0.486897569,"d":"0.49"},{"v":88.73950747,"d":"88.74"},{"v":0.921559671,"d":"0.92"},{"v":851.5211358,"d":"851.52"},{"v":72.4788642299999,"d":"72.48"},1,"1_50335001_59461",{"v":1.81423803699,"d":"1.81"},{"v":0.020444535796,"d":"0.02"},{"v":17.4089543418999,"d":"17.41"},{"v":0.0467608771131,"d":"0.05"},"1_50335001_59461_306539","außerhalb GKL",{"v":1.81423803699,"d":"1.81"},{"v":1,"d":"1.00"},{"v":17.4089543418999,"d":"17.41"}]
[5,503,50335,{"v":4452.427886,"d":"4,452.43"},7628,{"v":1.713222582,"d":"1.71"},"M",410,50335001,{"v":1897.72974649999,"d":"1,897.73"},924,{"v":0.486897569,"d":"0.49"},{"v":88.73950747,"d":"88.74"},{"v":0.921559671,"d":"0.92"},{"v":851.5211358,"d":"851.52"},{"v":72.4788642299999,"d":"72.48"},1,"1_50335001_59462",{"v":3.948261165,"d":"3.95"},{"v":0.0444927099278,"d":"0.04"},{"v":37.8864828924999,"d":"37.89"},{"v":0.0467608771131,"d":"0.05"},"1_50335001_59462_306540","außerhalb GKL",{"v":3.94826116499,"d":"3.95"},{"v":0.999999999997,"d":"1.00"},{"v":37.8864828923999,"d":"37.89"}]
[5,503,50335,{"v":4452.427886,"d":"4,452.43"},7628,{"v":1.713222582,"d":"1.71"},"M",410,50335001,{"v":1897.72974649999,"d":"1,897.73"},924,{"v":0.486897569,"d":"0.49"},{"v":88.73950747,"d":"88.74"},{"v":0.921559671,"d":"0.92"},{"v":851.5211358,"d":"851.52"},{"v":72.4788642299999,"d":"72.48"},1,"1_50335001_59463",{"v":1.41045997086,"d":"1.41"},{"v":0.0158943858387,"d":"0.02"},{"v":13.5344054822,"d":"13.53"},{"v":0.0467608771131,"d":"0.05"},"1_50335001_59463_306541","außerhalb GKL",{"v":1.41045997086,"d":"1.41"},{"v":1,"d":"1.00"},{"v":13.5344054822,"d":"13.53"}]
[5,503,50335,{"v":4452.427886,"d":"4,452.43"},7628,{"v":1.713222582,"d":"1.71"},"M",410,50335001,{"v":1897.72974649999,"d":"1,897.73"},924,{"v":0.486897569,"d":"0.49"},{"v":88.73950747,"d":"88.74"},{"v":0.921559671,"d":"0.92"},{"v":851.5211358,"d":"851.52"},{"v":72.4788642299999,"d":"72.48"},1,"1_50335001_59464",{"v":1.64575543853,"d":"1.65"},{"v":0.0185459158547,"d":"0.02"},{"v":15.7922393329999,"d":"15.79"},{"v":0.0467608771131,"d":"0.05"},"1_50335001_59464_306542","außerhalb GKL",{"v":1.64575543853,"d":"1.65"},{"v":1,"d":"1.00"},{"v":15.7922393329999,"d":"15.79"}]
[5,503,50335,{"v":4452.427886,"d":"4,452.43"},7628,{"v":1.713222582,"d":"1.71"},"M",410,50335001,{"v":1897.72974649999,"d":"1,897.73"},924,{"v":0.486897569,"d":"0.49"},{"v":88.73950747,"d":"88.74"},{"v":0.921559671,"d":"0.92"},{"v":851.5211358,"d":"851.52"},{"v":72.4788642299999,"d":"72.48"},1,"1_50335001_59465",{"v":1.85763711867,"d":"1.86"},{"v":0.0209335973529,"d":"0.02"},{"v":17.8254005943,"d":"17.83"},{"v":0.0467608771131,"d":"0.05"},"1_50335001_59465_306543","außerhalb GKL",{"v":1.85763711867,"d":"1.86"},{"v":1,"d":"1.00"},{"v":17.8254005943,"d":"17.83"}]
[5,503,50335,{"v":4452.427886,"d":"4,452.43"},7628,{"v":1.713222582,"d":"1.71"},"M",410,50335001,{"v":1897.72974649999,"d":"1,897.73"},924,{"v":0.486897569,"d":"0.49"},{"v":88.73950747,"d":"88.74"},{"v":0.921559671,"d":"0.92"},{"v":851.5211358,"d":"851.52"},{"v":72.4788642299999,"d":"72.48"},1,"1_50335001_59466",{"v":0.9245903623,"d":"0.92"},{"v":0.0104191513866,"d":"0.01"},{"v":8.87212762279,"d":"8.87"},{"v":0.0467608771131,"d":"0.05"},"1_50335001_59466_306544","außerhalb GKL",{"v":0.9245903623,"d":"0.92"},{"v":1,"d":"1.00"},{"v":8.87212762279,"d":"8.87"}]
[5,503,50335,{"v":4452.427886,"d":"4,452.43"},7628,{"v":1.713222582,"d":"1.71"},"M",410,50335001,{"v":1897.72974649999,"d":"1,897.73"},924,{"v":0.486897569,"d":"0.49"},{"v":88.73950747,"d":"88.74"},{"v":0.921559671,"d":"0.92"},{"v":851.5211358,"d":"851.52"},{"v":72.4788642299999,"d":"72.48"},1,"1_50335001_59467",{"v":5.27381604344,"d":"5.27"},{"v":0.0594303055516,"d":"0.06"},{"v":50.6061612841999,"d":"50.61"},{"v":0.0467608771131,"d":"0.05"},"1_50335001_59467_306545","außerhalb GKL",{"v":5.27381604344,"d":"5.27"},{"v":1,"d":"1.00"},{"v":50.6061612841999,"d":"50.61"}]
[5,503,50335,{"v":4452.427886,"d":"4,452.43"},7628,{"v":1.713222582,"d":"1.71"},"M",410,50335001,{"v":1897.72974649999,"d":"1,897.73"},924,{"v":0.486897569,"d":"0.49"},{"v":88.73950747,"d":"88.74"},{"v":0.921559671,"d":"0.92"},{"v":851.5211358,"d":"851.52"},{"v":72.4788642299999,"d":"72.48"},1,"1_50335001_59468",{"v":2.57455074943,"d":"2.57"},{"v":0.029012452546,"d":"0.03"},{"v":24.7047165442999,"d":"24.70"},{"v":0.0467608771131,"d":"0.05"},"1_50335001_59468_306546","außerhalb GKL",{"v":2.57455074943,"d":"2.57"},{"v":1,"d":"1.00"},{"v":24.7047165442999,"d":"24.70"}]
[5,503,50335,{"v":4452.427886,"d":"4,452.43"},7628,{"v":1.713222582,"d":"1.71"},"M",410,50335001,{"v":1897.72974649999,"d":"1,897.73"},924,{"v":0.486897569,"d":"0.49"},{"v":88.73950747,"d":"88.74"},{"v":0.921559671,"d":"0.92"},{"v":851.5211358,"d":"851.52"},{"v":72.4788642299999,"d":"72.48"},1,"1_50335001_59469",{"v":3.78993746123,"d":"3.79"},{"v":0.0427085699401,"d":"0.04"},{"v":36.3672499838,"d":"36.37"},{"v":0.0467608771131,"d":"0.05"},"1_50335001_59469_306547","außerhalb GKL",{"v":3.78993746124,"d":"3.79"},{"v":1,"d":"1.00"},{"v":36.3672499838,"d":"36.37"}]
[5,503,50335,{"v":4452.427886,"d":"4,452.43"},7628,{"v":1.713222582,"d":"1.71"},"M",410,50335001,{"v":1897.72974649999,"d":"1,897.73"},924,{"v":0.486897569,"d":"0.49"},{"v":88.73950747,"d":"88.74"},{"v":0.921559671,"d":"0.92"},{"v":851.5211358,"d":"851.52"},{"v":72.4788642299999,"d":"72.48"},1,"1_50335001_59470",{"v":3.1210017967,"d":"3.12"},{"v":0.0351703754695,"d":"0.04"},{"v":29.9483180663,"d":"29.95"},{"v":0.0467608771131,"d":"0.05"},"1_50335001_59470_306548","außerhalb GKL",{"v":3.1210017967,"d":"3.12"},{"v":1,"d":"1.00"},{"v":29.9483180663,"d":"29.95"}]
[5,503,50335,{"v":4452.427886,"d":"4,452.43"},7628,{"v":1.713222582,"d":"1.71"},"M",410,50335001,{"v":1897.72974649999,"d":"1,897.73"},924,{"v":0.486897569,"d":"0.49"},{"v":88.73950747,"d":"88.74"},{"v":0.921559671,"d":"0.92"},{"v":851.5211358,"d":"851.52"},{"v":72.4788642299999,"d":"72.48"},1,"1_50335001_59471",{"v":5.28223374558,"d":"5.28"},{"v":0.0595251641144,"d":"0.06"},{"v":50.6869353554,"d":"50.69"},{"v":0.0467608771131,"d":"0.05"},"1_50335001_59471_306549","außerhalb GKL",{"v":5.28223374558,"d":"5.28"},{"v":1,"d":"1.00"},{"v":50.6869353554,"d":"50.69"}]
[5,503,50335,{"v":4452.427886,"d":"4,452.43"},7628,{"v":1.713222582,"d":"1.71"},"M",410,50335001,{"v":1897.72974649999,"d":"1,897.73"},924,{"v":0.486897569,"d":"0.49"},{"v":88.73950747,"d":"88.74"},{"v":0.921559671,"d":"0.92"},{"v":851.5211358,"d":"851.52"},{"v":72.4788642299999,"d":"72.48"},1,"1_50335001_59472",{"v":1.28643003305,"d":"1.29"},{"v":0.0144967001703,"d":"0.01"},{"v":12.3442465943999,"d":"12.34"},{"v":0.0467608771131,"d":"0.05"},"1_50335001_59472_306550","außerhalb GKL",{"v":1.28643003305,"d":"1.29"},{"v":1,"d":"1.00"},{"v":12.3442465943999,"d":"12.34"}]
[5,503,50335,{"v":4452.427886,"d":"4,452.43"},7628,{"v":1.713222582,"d":"1.71"},"M",410,50335001,{"v":1897.72974649999,"d":"1,897.73"},924,{"v":0.486897569,"d":"0.49"},{"v":88.73950747,"d":"88.74"},{"v":0.921559671,"d":"0.92"},{"v":851.5211358,"d":"851.52"},{"v":72.4788642299999,"d":"72.48"},1,"1_50335001_59473",{"v":2.42581738939,"d":"2.43"},{"v":0.0273363855463,"d":"0.03"},{"v":23.2775100691,"d":"23.28"},{"v":0.0467608771131,"d":"0.05"},"1_50335001_59473_306551","außerhalb GKL",{"v":2.42581738939,"d":"2.43"},{"v":1,"d":"1.00"},{"v":23.2775100691,"d":"23.28"}]
[5,503,50335,{"v":4452.427886,"d":"4,452.43"},7628,{"v":1.713222582,"d":"1.71"},"M",410,50335001,{"v":1897.72974649999,"d":"1,897.73"},924,{"v":0.486897569,"d":"0.49"},{"v":88.73950747,"d":"88.74"},{"v":0.921559671,"d":"0.92"},{"v":851.5211358,"d":"851.52"},{"v":72.4788642299999,"d":"72.48"},1,"1_50335001_59474",{"v":4.52837170915,"d":"4.53"},{"v":0.0510299396318,"d":"0.05"},{"v":43.4530721551,"d":"43.45"},{"v":0.0467608771131,"d":"0.05"},"1_50335001_59474_306552","außerhalb GKL",{"v":4.52837170915,"d":"4.53"},{"v":1,"d":"1.00"},{"v":43.4530721551,"d":"43.45"}]
[5,503,50335,{"v":4452.427886,"d":"4,452.43"},7628,{"v":1.713222582,"d":"1.71"},"M",410,50335005,{"v":1226.02576505999,"d":"1,226.03"},1956,{"v":1.595398772,"d":"1.60"},{"v":129.416462099999,"d":"129.42"},{"v":0.921559671,"d":"0.92"},{"v":1802.57071599999,"d":"1,802.57"},{"v":153.429283999999,"d":"153.43"},1,"1_50335005_59528",{"v":3.51775182891,"d":"3.52"},{"v":0.0271816411284,"d":"0.03"},{"v":48.9968303109,"d":"49.00"},{"v":0.105557701794,"d":"0.11"},"1_50335005_59528_306553","außerhalb GKL",{"v":3.51775182891,"d":"3.52"},{"v":1,"d":"1.00"},{"v":48.9968303109,"d":"49.00"}]
[5,503,50336,{"v":9401.955319,"d":"9,401.96"},3641,{"v":0.387259871,"d":"0.39"}," ",220,50336001,{"v":8456.83176654999,"d":"8,456.83"},2271,{"v":0.268540283,"d":"0.27"},{"v":233.122786899999,"d":"233.12"},{"v":0.975109986,"d":"0.98"},{"v":2214.474779,"d":"2,214.47"},{"v":56.5252214799999,"d":"56.53"},1,"1_50336001_59545",{"v":174.057356862999,"d":"174.06"},{"v":0.746633819789,"d":"0.75"},{"v":1653.40176307,"d":"1,653.40"},{"v":0.0275662084023,"d":"0.03"},"1_50336001_59545_306554","D",{"v":0.0640910021055,"d":"0.06"},{"v":0.000368217714325,"d":"0.00"},{"v":0.608811818059,"d":"0.61"}]
[5,503,50336,{"v":9401.955319,"d":"9,401.96"},3641,{"v":0.387259871,"d":"0.39"}," ",220,50336001,{"v":8456.83176654999,"d":"8,456.83"},2271,{"v":0.268540283,"d":"0.27"},{"v":233.122786899999,"d":"233.12"},{"v":0.975109986,"d":"0.98"},{"v":2214.474779,"d":"2,214.47"},{"v":56.5252214799999,"d":"56.53"},1,"1_50336001_59545",{"v":174.057356862999,"d":"174.06"},{"v":0.746633819789,"d":"0.75"},{"v":1653.40176307,"d":"1,653.40"},{"v":0.0275662084023,"d":"0.03"},"1_50336001_59545_306555","D",{"v":9.24875984005,"d":"9.25"},{"v":0.0531362764938,"d":"0.05"},{"v":87.8556132378,"d":"87.86"}]
[5,503,50336,{"v":9401.955319,"d":"9,401.96"},3641,{"v":0.387259871,"d":"0.39"}," ",220,50336001,{"v":8456.83176654999,"d":"8,456.83"},2271,{"v":0.268540283,"d":"0.27"},{"v":233.122786899999,"d":"233.12"},{"v":0.975109986,"d":"0.98"},{"v":2214.474779,"d":"2,214.47"},{"v":56.5252214799999,"d":"56.53"},1,"1_50336001_59545",{"v":174.057356862999,"d":"174.06"},{"v":0.746633819789,"d":"0.75"},{"v":1653.40176307,"d":"1,653.40"},{"v":0.0275662084023,"d":"0.03"},"1_50336001_59545_306556","E",{"v":6.2803282484,"d":"6.28"},{"v":0.0360819465582,"d":"0.04"},{"v":59.6579540542999,"d":"59.66"}]
[5,503,50336,{"v":9401.955319,"d":"9,401.96"},3641,{"v":0.387259871,"d":"0.39"}," ",220,50336001,{"v":8456.83176654999,"d":"8,456.83"},2271,{"v":0.268540283,"d":"0.27"},{"v":233.122786899999,"d":"233.12"},{"v":0.975109986,"d":"0.98"},{"v":2214.474779,"d":"2,214.47"},{"v":56.5252214799999,"d":"56.53"},1,"1_50336001_59545",{"v":174.057356862999,"d":"174.06"},{"v":0.746633819789,"d":"0.75"},{"v":1653.40176307,"d":"1,653.40"},{"v":0.0275662084023,"d":"0.03"},"1_50336001_59545_306557","E",{"v":7.72574210687,"d":"7.73"},{"v":0.0443861853708,"d":"0.04"},{"v":73.388197148,"d":"73.39"}]
[5,503,50336,{"v":9401.955319,"d":"9,401.96"},3641,{"v":0.387259871,"d":"0.39"}," ",220,50336001,{"v":8456.83176654999,"d":"8,456.83"},2271,{"v":0.268540283,"d":"0.27"},{"v":233.122786899999,"d":"233.12"},{"v":0.975109986,"d":"0.98"},{"v":2214.474779,"d":"2,214.47"},{"v":56.5252214799999,"d":"56.53"},1,"1_50336001_59545",{"v":174.057356862999,"d":"174.06"},{"v":0.746633819789,"d":"0.75"},{"v":1653.40176307,"d":"1,653.40"},{"v":0.0275662084023,"d":"0.03"},"1_50336001_59545_306558","E",{"v":0.818195006386,"d":"0.82"},{"v":0.00470072061953,"d":"0.00"},{"v":7.77217976003,"d":"7.77"}]
[5,503,50336,{"v":9401.955319,"d":"9,401.96"},3641,{"v":0.387259871,"d":"0.39"}," ",220,50336001,{"v":8456.83176654999,"d":"8,456.83"},2271,{"v":0.268540283,"d":"0.27"},{"v":233.122786899999,"d":"233.12"},{"v":0.975109986,"d":"0.98"},{"v":2214.474779,"d":"2,214.47"},{"v":56.5252214799999,"d":"56.53"},1,"1_50336001_59545",{"v":174.057356862999,"d":"174.06"},{"v":0.746633819789,"d":"0.75"},{"v":1653.40176307,"d":"1,653.40"},{"v":0.0275662084023,"d":"0.03"},"1_50336001_59545_306559","E",{"v":3.24509577474,"d":"3.25"},{"v":0.018643830018,"d":"0.02"},{"v":30.8257414220999,"d":"30.83"}]
[5,503,50336,{"v":9401.955319,"d":"9,401.96"},3641,{"v":0.387259871,"d":"0.39"}," ",220,50336001,{"v":8456.83176654999,"d":"8,456.83"},2271,{"v":0.268540283,"d":"0.27"},{"v":233.122786899999,"d":"233.12"},{"v":0.975109986,"d":"0.98"},{"v":2214.474779,"d":"2,214.47"},{"v":56.5252214799999,"d":"56.53"},1,"1_50336001_59545",{"v":174.057356862999,"d":"174.06"},{"v":0.746633819789,"d":"0.75"},{"v":1653.40176307,"d":"1,653.40"},{"v":0.0275662084023,"d":"0.03"},"1_50336001_59545_306560","E",{"v":5.78010289729,"d":"5.78"},{"v":0.0332080355663,"d":"0.03"},{"v":54.9062245534,"d":"54.91"}]
[5,503,50336,{"v":9401.955319,"d":"9,401.96"},3641,{"v":0.387259871,"d":"0.39"}," ",220,50336001,{"v":8456.83176654999,"d":"8,456.83"},2271,{"v":0.268540283,"d":"0.27"},{"v":233.122786899999,"d":"233.12"},{"v":0.975109986,"d":"0.98"},{"v":2214.474779,"d":"2,214.47"},{"v":56.5252214799999,"d":"56.53"},1,"1_50336001_59545",{"v":174.057356862999,"d":"174.06"},{"v":0.746633819789,"d":"0.75"},{"v":1653.40176307,"d":"1,653.40"},{"v":0.0275662084023,"d":"0.03"},"1_50336001_59545_306561","E",{"v":5.75911247597,"d":"5.76"},{"v":0.0330874407136,"d":"0.03"},{"v":54.7068328113,"d":"54.71"}]
[5,503,50336,{"v":9401.955319,"d":"9,401.96"},3641,{"v":0.387259871,"d":"0.39"}," ",220,50336001,{"v":8456.83176654999,"d":"8,456.83"},2271,{"v":0.268540283,"d":"0.27"},{"v":233.122786899999,"d":"233.12"},{"v":0.975109986,"d":"0.98"},{"v":2214.474779,"d":"2,214.47"},{"v":56.5252214799999,"d":"56.53"},1,"1_50336001_59545",{"v":174.057356862999,"d":"174.06"},{"v":0.746633819789,"d":"0.75"},{"v":1653.40176307,"d":"1,653.40"},{"v":0.0275662084023,"d":"0.03"},"1_50336001_59545_306562","E",{"v":5.35028099815,"d":"5.35"},{"v":0.0307386087815,"d":"0.03"},{"v":50.8232699536999,"d":"50.82"}]
[5,503,50336,{"v":9401.955319,"d":"9,401.96"},3641,{"v":0.387259871,"d":"0.39"}," ",220,50336001,{"v":8456.83176654999,"d":"8,456.83"},2271,{"v":0.268540283,"d":"0.27"},{"v":233.122786899999,"d":"233.12"},{"v":0.975109986,"d":"0.98"},{"v":2214.474779,"d":"2,214.47"},{"v":56.5252214799999,"d":"56.53"},1,"1_50336001_59545",{"v":174.057356862999,"d":"174.06"},{"v":0.746633819789,"d":"0.75"},{"v":1653.40176307,"d":"1,653.40"},{"v":0.0275662084023,"d":"0.03"},"1_50336001_59545_306563","E",{"v":2.13105351289,"d":"2.13"},{"v":0.0122433981033,"d":"0.01"},{"v":20.24325601,"d":"20.24"}]
[5,503,50336,{"v":9401.955319,"d":"9,401.96"},3641,{"v":0.387259871,"d":"0.39"}," ",220,50336001,{"v":8456.83176654999,"d":"8,456.83"},2271,{"v":0.268540283,"d":"0.27"},{"v":233.122786899999,"d":"233.12"},{"v":0.975109986,"d":"0.98"},{"v":2214.474779,"d":"2,214.47"},{"v":56.5252214799999,"d":"56.53"},1,"1_50336001_59545",{"v":174.057356862999,"d":"174.06"},{"v":0.746633819789,"d":"0.75"},{"v":1653.40176307,"d":"1,653.40"},{"v":0.0275662084023,"d":"0.03"},"1_50336001_59545_306564","E",{"v":2.44133939453,"d":"2.44"},{"v":0.0140260626642,"d":"0.01"},{"v":23.1907167379,"d":"23.19"}]
[5,503,50336,{"v":9401.955319,"d":"9,401.96"},3641,{"v":0.387259871,"d":"0.39"}," ",220,50336001,{"v":8456.83176654999,"d":"8,456.83"},2271,{"v":0.268540283,"d":"0.27"},{"v":233.122786899999,"d":"233.12"},{"v":0.975109986,"d":"0.98"},{"v":2214.474779,"d":"2,214.47"},{"v":56.5252214799999,"d":"56.53"},1,"1_50336001_59545",{"v":174.057356862999,"d":"174.06"},{"v":0.746633819789,"d":"0.75"},{"v":1653.40176307,"d":"1,653.40"},{"v":0.0275662084023,"d":"0.03"},"1_50336001_59545_306565","F",{"v":0.41051580772,"d":"0.41"},{"v":0.00235850879916,"d":"0.00"},{"v":3.89956260675,"d":"3.90"}]
[5,503,50336,{"v":9401.955319,"d":"9,401.96"},3641,{"v":0.387259871,"d":"0.39"}," ",220,50336001,{"v":8456.83176654999,"d":"8,456.83"},2271,{"v":0.268540283,"d":"0.27"},{"v":233.122786899999,"d":"233.12"},{"v":0.975109986,"d":"0.98"},{"v":2214.474779,"d":"2,214.47"},{"v":56.5252214799999,"d":"56.53"},1,"1_50336001_59545",{"v":174.057356862999,"d":"174.06"},{"v":0.746633819789,"d":"0.75"},{"v":1653.40176307,"d":"1,653.40"},{"v":0.0275662084023,"d":"0.03"},"1_50336001_59545_306566","F",{"v":5.32462354578,"d":"5.32"},{"v":0.0305912007498,"d":"0.03"},{"v":50.5795452540999,"d":"50.58"}]
[5,503,50336,{"v":9401.955319,"d":"9,401.96"},3641,{"v":0.387259871,"d":"0.39"}," ",220,50336001,{"v":8456.83176654999,"d":"8,456.83"},2271,{"v":0.268540283,"d":"0.27"},{"v":233.122786899999,"d":"233.12"},{"v":0.975109986,"d":"0.98"},{"v":2214.474779,"d":"2,214.47"},{"v":56.5252214799999,"d":"56.53"},1,"1_50336001_59545",{"v":174.057356862999,"d":"174.06"},{"v":0.746633819789,"d":"0.75"},{"v":1653.40176307,"d":"1,653.40"},{"v":0.0275662084023,"d":"0.03"},"1_50336001_59545_306567","F",{"v":0.0570937161756,"d":"0.06"},{"v":3.28016679126E-4,"d":"0.00"},{"v":0.542343355583,"d":"0.54"}]
[5,503,50336,{"v":9401.955319,"d":"9,401.96"},3641,{"v":0.387259871,"d":"0.39"}," ",220,50336001,{"v":8456.83176654999,"d":"8,456.83"},2271,{"v":0.268540283,"d":"0.27"},{"v":233.122786899999,"d":"233.12"},{"v":0.975109986,"d":"0.98"},{"v":2214.474779,"d":"2,214.47"},{"v":56.5252214799999,"d":"56.53"},1,"1_50336001_59545",{"v":174.057356862999,"d":"174.06"},{"v":0.746633819789,"d":"0.75"},{"v":1653.40176307,"d":"1,653.40"},{"v":0.0275662084023,"d":"0.03"},"1_50336001_59545_306568","F",{"v":17.3278372025,"d":"17.33"},{"v":0.0995524550918,"d":"0.10"},{"v":164.600204767,"d":"164.60"}]
[5,503,50336,{"v":9401.955319,"d":"9,401.96"},3641,{"v":0.387259871,"d":"0.39"}," ",220,50336001,{"v":8456.83176654999,"d":"8,456.83"},2271,{"v":0.268540283,"d":"0.27"},{"v":233.122786899999,"d":"233.12"},{"v":0.975109986,"d":"0.98"},{"v":2214.474779,"d":"2,214.47"},{"v":56.5252214799999,"d":"56.53"},1,"1_50336001_59545",{"v":174.057356862999,"d":"174.06"},{"v":0.746633819789,"d":"0.75"},{"v":1653.40176307,"d":"1,653.40"},{"v":0.0275662084023,"d":"0.03"},"1_50336001_59545_306569","F",{"v":0.0223627833598,"d":"0.02"},{"v":1.28479391867E-4,"d":"0.00"},{"v":0.212428053031,"d":"0.21"}]
[5,503,50336,{"v":9401.955319,"d":"9,401.96"},3641,{"v":0.387259871,"d":"0.39"}," ",220,50336001,{"v":8456.83176654999,"d":"8,456.83"},2271,{"v":0.268540283,"d":"0.27"},{"v":233.122786899999,"d":"233.12"},{"v":0.975109986,"d":"0.98"},{"v":2214.474779,"d":"2,214.47"},{"v":56.5252214799999,"d":"56.53"},1,"1_50336001_59545",{"v":174.057356862999,"d":"174.06"},{"v":0.746633819789,"d":"0.75"},{"v":1653.40176307,"d":"1,653.40"},{"v":0.0275662084023,"d":"0.03"},"1_50336001_59545_306570","F",{"v":0.319413188702,"d":"0.32"},{"v":0.00183510306291,"d":"0.00"},{"v":3.03416263963,"d":"3.03"}]
[5,503,50336,{"v":9401.955319,"d":"9,401.96"},3641,{"v":0.387259871,"d":"0.39"}," ",220,50336001,{"v":8456.83176654999,"d":"8,456.83"},2271,{"v":0.268540283,"d":"0.27"},{"v":233.122786899999,"d":"233.12"},{"v":0.975109986,"d":"0.98"},{"v":2214.474779,"d":"2,214.47"},{"v":56.5252214799999,"d":"56.53"},1,"1_50336001_59545",{"v":174.057356862999,"d":"174.06"},{"v":0.746633819789,"d":"0.75"},{"v":1653.40176307,"d":"1,653.40"},{"v":0.0275662084023,"d":"0.03"},"1_50336001_59545_306571","F",{"v":1.11364250826,"d":"1.11"},{"v":0.00639813523732,"d":"0.01"},{"v":10.5786880816999,"d":"10.58"}]
[5,503,50336,{"v":9401.955319,"d":"9,401.96"},3641,{"v":0.387259871,"d":"0.39"}," ",220,50336001,{"v":8456.83176654999,"d":"8,456.83"},2271,{"v":0.268540283,"d":"0.27"},{"v":233.122786899999,"d":"233.12"},{"v":0.975109986,"d":"0.98"},{"v":2214.474779,"d":"2,214.47"},{"v":56.5252214799999,"d":"56.53"},1,"1_50336001_59545",{"v":174.057356862999,"d":"174.06"},{"v":0.746633819789,"d":"0.75"},{"v":1653.40176307,"d":"1,653.40"},{"v":0.0275662084023,"d":"0.03"},"1_50336001_59545_306572","F",{"v":11.3014136173,"d":"11.30"},{"v":0.0649292498805,"d":"0.06"},{"v":107.354136226999,"d":"107.35"}]
[5,503,50336,{"v":9401.955319,"d":"9,401.96"},3641,{"v":0.387259871,"d":"0.39"}," ",220,50336001,{"v":8456.83176654999,"d":"8,456.83"},2271,{"v":0.268540283,"d":"0.27"},{"v":233.122786899999,"d":"233.12"},{"v":0.975109986,"d":"0.98"},{"v":2214.474779,"d":"2,214.47"},{"v":56.5252214799999,"d":"56.53"},1,"1_50336001_59545",{"v":174.057356862999,"d":"174.06"},{"v":0.746633819789,"d":"0.75"},{"v":1653.40176307,"d":"1,653.40"},{"v":0.0275662084023,"d":"0.03"},"1_50336001_59545_306573","F",{"v":13.9156108532,"d":"13.92"},{"v":0.0799484210492,"d":"0.08"},{"v":132.186860316999,"d":"132.19"}]
[5,503,50336,{"v":9401.955319,"d":"9,401.96"},3641,{"v":0.387259871,"d":"0.39"}," ",220,50336001,{"v":8456.83176654999,"d":"8,456.83"},2271,{"v":0.268540283,"d":"0.27"},{"v":233.122786899999,"d":"233.12"},{"v":0.975109986,"d":"0.98"},{"v":2214.474779,"d":"2,214.47"},{"v":56.5252214799999,"d":"56.53"},1,"1_50336001_59545",{"v":174.057356862999,"d":"174.06"},{"v":0.746633819789,"d":"0.75"},{"v":1653.40176307,"d":"1,653.40"},{"v":0.0275662084023,"d":"0.03"},"1_50336001_59545_306574","F",{"v":5.30844230979,"d":"5.31"},{"v":0.0304982357854,"d":"0.03"},{"v":50.4258368181,"d":"50.43"}]
[5,503,50336,{"v":9401.955319,"d":"9,401.96"},3641,{"v":0.387259871,"d":"0.39"}," ",220,50336001,{"v":8456.83176654999,"d":"8,456.83"},2271,{"v":0.268540283,"d":"0.27"},{"v":233.122786899999,"d":"233.12"},{"v":0.975109986,"d":"0.98"},{"v":2214.474779,"d":"2,214.47"},{"v":56.5252214799999,"d":"56.53"},1,"1_50336001_59545",{"v":174.057356862999,"d":"174.06"},{"v":0.746633819789,"d":"0.75"},{"v":1653.40176307,"d":"1,653.40"},{"v":0.0275662084023,"d":"0.03"},"1_50336001_59545_306575","F",{"v":0.0626648389497,"d":"0.06"},{"v":0.000360024075277,"d":"0.00"},{"v":0.595264440811,"d":"0.60"}]
[5,503,50336,{"v":9401.955319,"d":"9,401.96"},3641,{"v":0.387259871,"d":"0.39"}," ",220,50336001,{"v":8456.83176654999,"d":"8,456.83"},2271,{"v":0.268540283,"d":"0.27"},{"v":233.122786899999,"d":"233.12"},{"v":0.975109986,"d":"0.98"},{"v":2214.474779,"d":"2,214.47"},{"v":56.5252214799999,"d":"56.53"},1,"1_50336001_59545",{"v":174.057356862999,"d":"174.06"},{"v":0.746633819789,"d":"0.75"},{"v":1653.40176307,"d":"1,653.40"},{"v":0.0275662084023,"d":"0.03"},"1_50336001_59545_306576","G",{"v":2.05241935933,"d":"2.05"},{"v":0.0117916266013,"d":"0.01"},{"v":19.4962962120999,"d":"19.50"}]
[5,503,50336,{"v":9401.955319,"d":"9,401.96"},3641,{"v":0.387259871,"d":"0.39"}," ",220,50336001,{"v":8456.83176654999,"d":"8,456.83"},2271,{"v":0.268540283,"d":"0.27"},{"v":233.122786899999,"d":"233.12"},{"v":0.975109986,"d":"0.98"},{"v":2214.474779,"d":"2,214.47"},{"v":56.5252214799999,"d":"56.53"},1,"1_50336001_59545",{"v":174.057356862999,"d":"174.06"},{"v":0.746633819789,"d":"0.75"},{"v":1653.40176307,"d":"1,653.40"},{"v":0.0275662084023,"d":"0.03"},"1_50336001_59545_306577","G",{"v":0.643906647989,"d":"0.64"},{"v":0.00369939346198,"d":"0.00"},{"v":6.11658367233,"d":"6.12"}]
[5,503,50336,{"v":9401.955319,"d":"9,401.96"},3641,{"v":0.387259871,"d":"0.39"}," ",220,50336001,{"v":8456.83176654999,"d":"8,456.83"},2271,{"v":0.268540283,"d":"0.27"},{"v":233.122786899999,"d":"233.12"},{"v":0.975109986,"d":"0.98"},{"v":2214.474779,"d":"2,214.47"},{"v":56.5252214799999,"d":"56.53"},1,"1_50336001_59545",{"v":174.057356862999,"d":"174.06"},{"v":0.746633819789,"d":"0.75"},{"v":1653.40176307,"d":"1,653.40"},{"v":0.0275662084023,"d":"0.03"},"1_50336001_59545_306578","G",{"v":1.1508657203,"d":"1.15"},{"v":0.00661199124841,"d":"0.01"},{"v":10.9322779874999,"d":"10.93"}]
[5,503,50336,{"v":9401.955319,"d":"9,401.96"},3641,{"v":0.387259871,"d":"0.39"}," ",220,50336001,{"v":8456.83176654999,"d":"8,456.83"},2271,{"v":0.268540283,"d":"0.27"},{"v":233.122786899999,"d":"233.12"},{"v":0.975109986,"d":"0.98"},{"v":2214.474779,"d":"2,214.47"},{"v":56.5252214799999,"d":"56.53"},1,"1_50336001_59545",{"v":174.057356862999,"d":"174.06"},{"v":0.746633819789,"d":"0.75"},{"v":1653.40176307,"d":"1,653.40"},{"v":0.0275662084023,"d":"0.03"},"1_50336001_59545_306579","G",{"v":0.0246553268959,"d":"0.02"},{"v":1.41650587716E-4,"d":"0.00"},{"v":0.23420533147,"d":"0.23"}]
[5,503,50336,{"v":9401.955319,"d":"9,401.96"},3641,{"v":0.387259871,"d":"0.39"}," ",220,50336001,{"v":8456.83176654999,"d":"8,456.83"},2271,{"v":0.268540283,"d":"0.27"},{"v":233.122786899999,"d":"233.12"},{"v":0.975109986,"d":"0.98"},{"v":2214.474779,"d":"2,214.47"},{"v":56.5252214799999,"d":"56.53"},1,"1_50336001_59545",{"v":174.057356862999,"d":"174.06"},{"v":0.746633819789,"d":"0.75"},{"v":1653.40176307,"d":"1,653.40"},{"v":0.0275662084023,"d":"0.03"},"1_50336001_59545_306580","G",{"v":25.0589990556,"d":"25.06"},{"v":0.143969778165,"d":"0.14"},{"v":238.039885047,"d":"238.04"}]
[5,503,50336,{"v":9401.955319,"d":"9,401.96"},3641,{"v":0.387259871,"d":"0.39"}," ",220,50336001,{"v":8456.83176654999,"d":"8,456.83"},2271,{"v":0.268540283,"d":"0.27"},{"v":233.122786899999,"d":"233.12"},{"v":0.975109986,"d":"0.98"},{"v":2214.474779,"d":"2,214.47"},{"v":56.5252214799999,"d":"56.53"},1,"1_50336001_59545",{"v":174.057356862999,"d":"174.06"},{"v":0.746633819789,"d":"0.75"},{"v":1653.40176307,"d":"1,653.40"},{"v":0.0275662084023,"d":"0.03"},"1_50336001_59545_306581","G",{"v":9.82576710917999,"d":"9.83"},{"v":0.0564513174638,"d":"0.06"},{"v":93.3367078222999,"d":"93.34"}]
[5,503,50336,{"v":9401.955319,"d":"9,401.96"},3641,{"v":0.387259871,"d":"0.39"}," ",220,50336001,{"v":8456.83176654999,"d":"8,456.83"},2271,{"v":0.268540283,"d":"0.27"},{"v":233.122786899999,"d":"233.12"},{"v":0.975109986,"d":"0.98"},{"v":2214.474779,"d":"2,214.47"},{"v":56.5252214799999,"d":"56.53"},1,"1_50336001_59545",{"v":174.057356862999,"d":"174.06"},{"v":0.746633819789,"d":"0.75"},{"v":1653.40176307,"d":"1,653.40"},{"v":0.0275662084023,"d":"0.03"},"1_50336001_59545_306582","G",{"v":9.2081766455,"d":"9.21"},{"v":0.0529031166017,"d":"0.05"},{"v":87.4701062611,"d":"87.47"}]
[5,503,50336,{"v":9401.955319,"d":"9,401.96"},3641,{"v":0.387259871,"d":"0.39"}," ",220,50336001,{"v":8456.83176654999,"d":"8,456.83"},2271,{"v":0.268540283,"d":"0.27"},{"v":233.122786899999,"d":"233.12"},{"v":0.975109986,"d":"0.98"},{"v":2214.474779,"d":"2,214.47"},{"v":56.5252214799999,"d":"56.53"},1,"1_50336001_59546",{"v":28.1953251682,"d":"28.20"},{"v":0.120946242721,"d":"0.12"},{"v":267.832404119999,"d":"267.83"},{"v":0.0275662084023,"d":"0.03"},"1_50336001_59546_306583","außerhalb GKL",{"v":0.166755672554,"d":"0.17"},{"v":0.00591430216035,"d":"0.01"},{"v":1.5840417663,"d":"1.58"}]
[5,503,50336,{"v":9401.955319,"d":"9,401.96"},3641,{"v":0.387259871,"d":"0.39"}," ",220,50336001,{"v":8456.83176654999,"d":"8,456.83"},2271,{"v":0.268540283,"d":"0.27"},{"v":233.122786899999,"d":"233.12"},{"v":0.975109986,"d":"0.98"},{"v":2214.474779,"d":"2,214.47"},{"v":56.5252214799999,"d":"56.53"},1,"1_50336001_59546",{"v":28.1953251682,"d":"28.20"},{"v":0.120946242721,"d":"0.12"},{"v":267.832404119999,"d":"267.83"},{"v":0.0275662084023,"d":"0.03"},"1_50336001_59546_306584","außerhalb GKL",{"v":21.8404606415,"d":"21.84"},{"v":0.774612830716,"d":"0.77"},{"v":207.466416713,"d":"207.47"}]
[5,503,50336,{"v":9401.955319,"d":"9,401.96"},3641,{"v":0.387259871,"d":"0.39"}," ",220,50336001,{"v":8456.83176654999,"d":"8,456.83"},2271,{"v":0.268540283,"d":"0.27"},{"v":233.122786899999,"d":"233.12"},{"v":0.975109986,"d":"0.98"},{"v":2214.474779,"d":"2,214.47"},{"v":56.5252214799999,"d":"56.53"},1,"1_50336001_59547",{"v":0.0913744079282,"d":"0.09"},{"v":0.000391958285774,"d":"0.00"},{"v":0.867981738267,"d":"0.87"},{"v":0.0275662084023,"d":"0.03"},"1_50336001_59547_306585","außerhalb GKL",{"v":0.0911628248199,"d":"0.09"},{"v":0.997684437983,"d":"1.00"},{"v":0.865971872722,"d":"0.87"}]
[5,503,50336,{"v":9401.955319,"d":"9,401.96"},3641,{"v":0.387259871,"d":"0.39"}," ",220,50336001,{"v":8456.83176654999,"d":"8,456.83"},2271,{"v":0.268540283,"d":"0.27"},{"v":233.122786899999,"d":"233.12"},{"v":0.975109986,"d":"0.98"},{"v":2214.474779,"d":"2,214.47"},{"v":56.5252214799999,"d":"56.53"},1,"1_50336001_59548",{"v":30.7787304291999,"d":"30.78"},{"v":0.132027979068,"d":"0.13"},{"v":292.372629768,"d":"292.37"},{"v":0.0275662084023,"d":"0.03"},"1_50336001_59548_306586","außerhalb GKL",{"v":1.43253413051,"d":"1.43"},{"v":0.0465429896079,"d":"0.05"},{"v":13.6078962688999,"d":"13.61"}]
[5,503,50336,{"v":9401.955319,"d":"9,401.96"},3641,{"v":0.387259871,"d":"0.39"}," ",220,50336001,{"v":8456.83176654999,"d":"8,456.83"},2271,{"v":0.268540283,"d":"0.27"},{"v":233.122786899999,"d":"233.12"},{"v":0.975109986,"d":"0.98"},{"v":2214.474779,"d":"2,214.47"},{"v":56.5252214799999,"d":"56.53"},1,"1_50336001_59548",{"v":30.7787304291999,"d":"30.78"},{"v":0.132027979068,"d":"0.13"},{"v":292.372629768,"d":"292.37"},{"v":0.0275662084023,"d":"0.03"},"1_50336001_59548_306587","außerhalb GKL",{"v":0.44947248521,"d":"0.45"},{"v":0.0146033471473,"d":"0.01"},{"v":4.26961900887,"d":"4.27"}]
[6,612,61205,{"v":4304.71733299999,"d":"4,304.72"},810,{"v":0.188165665,"d":"0.19"},"M",430,61205000,{"v":4304.71733312,"d":"4,304.72"},810,{"v":0.188165665,"d":"0.19"},{"v":83.8556750399999,"d":"83.86"},{"v":0.905906425,"d":"0.91"},{"v":733.7842041,"d":"733.78"},{"v":76.21579594,"d":"76.22"},1,"1_61205000_68983",{"v":0.537163720183,"d":"0.54"},{"v":0.00640581236663,"d":"0.01"},{"v":4.70048392906,"d":"4.70"},{"v":0.0194799492164,"d":"0.02"},"1_61205000_68983_306588","außerhalb GKL",{"v":0.537163720182,"d":"0.54"},{"v":0.999999999998,"d":"1.00"},{"v":4.70048392905,"d":"4.70"}]
[6,612,61205,{"v":4304.71733299999,"d":"4,304.72"},810,{"v":0.188165665,"d":"0.19"},"M",430,61205000,{"v":4304.71733312,"d":"4,304.72"},810,{"v":0.188165665,"d":"0.19"},{"v":83.8556750399999,"d":"83.86"},{"v":0.905906425,"d":"0.91"},{"v":733.7842041,"d":"733.78"},{"v":76.21579594,"d":"76.22"},1,"1_61205000_68984",{"v":0.509824613305,"d":"0.51"},{"v":0.00607978664607,"d":"0.01"},{"v":4.46125140518,"d":"4.46"},{"v":0.0194799492164,"d":"0.02"},"1_61205000_68984_306589","außerhalb GKL",{"v":0.509824613305,"d":"0.51"},{"v":1,"d":"1.00"},{"v":4.46125140518,"d":"4.46"}]
[6,612,61205,{"v":4304.71733299999,"d":"4,304.72"},810,{"v":0.188165665,"d":"0.19"},"M",430,61205000,{"v":4304.71733312,"d":"4,304.72"},810,{"v":0.188165665,"d":"0.19"},{"v":83.8556750399999,"d":"83.86"},{"v":0.905906425,"d":"0.91"},{"v":733.7842041,"d":"733.78"},{"v":76.21579594,"d":"76.22"},1,"1_61205000_68985",{"v":0.480666561695,"d":"0.48"},{"v":0.00573206955243,"d":"0.01"},{"v":4.20610209438,"d":"4.21"},{"v":0.0194799492164,"d":"0.02"},"1_61205000_68985_306590","außerhalb GKL",{"v":0.480666561695,"d":"0.48"},{"v":1,"d":"1.00"},{"v":4.20610209438,"d":"4.21"}]
[6,612,61205,{"v":4304.71733299999,"d":"4,304.72"},810,{"v":0.188165665,"d":"0.19"},"M",430,61205000,{"v":4304.71733312,"d":"4,304.72"},810,{"v":0.188165665,"d":"0.19"},{"v":83.8556750399999,"d":"83.86"},{"v":0.905906425,"d":"0.91"},{"v":733.7842041,"d":"733.78"},{"v":76.21579594,"d":"76.22"},1,"1_61205000_68986",{"v":1.27768934137,"d":"1.28"},{"v":0.0152367665129,"d":"0.02"},{"v":11.1804985887,"d":"11.18"},{"v":0.0194799492164,"d":"0.02"},"1_61205000_68986_306591","außerhalb GKL",{"v":1.1672893875,"d":"1.17"},{"v":0.913594055851,"d":"0.91"},{"v":10.2144370520999,"d":"10.21"}]
[6,612,61205,{"v":4304.71733299999,"d":"4,304.72"},810,{"v":0.188165665,"d":"0.19"},"M",430,61205000,{"v":4304.71733312,"d":"4,304.72"},810,{"v":0.188165665,"d":"0.19"},{"v":83.8556750399999,"d":"83.86"},{"v":0.905906425,"d":"0.91"},{"v":733.7842041,"d":"733.78"},{"v":76.21579594,"d":"76.22"},1,"1_61205000_68987",{"v":0.440784711436,"d":"0.44"},{"v":0.00525646846473,"d":"0.01"},{"v":3.85711352877,"d":"3.86"},{"v":0.0194799492164,"d":"0.02"},"1_61205000_68987_306592","außerhalb GKL",{"v":0.440784711435,"d":"0.44"},{"v":0.999999999998,"d":"1.00"},{"v":3.85711352876,"d":"3.86"}]
[6,612,61205,{"v":4304.71733299999,"d":"4,304.72"},810,{"v":0.188165665,"d":"0.19"},"M",430,61205000,{"v":4304.71733312,"d":"4,304.72"},810,{"v":0.188165665,"d":"0.19"},{"v":83.8556750399999,"d":"83.86"},{"v":0.905906425,"d":"0.91"},{"v":733.7842041,"d":"733.78"},{"v":76.21579594,"d":"76.22"},1,"1_61205000_68988",{"v":78.7890731228,"d":"78.79"},{"v":0.939579498766,"d":"0.94"},{"v":689.448594691,"d":"689.45"},{"v":0.0194799492164,"d":"0.02"},"1_61205000_68988_306593","außerhalb GKL",{"v":0.0499154552558,"d":"0.05"},{"v":0.000633532713071,"d":"0.00"},{"v":0.436788238718,"d":"0.44"}]
[6,612,61205,{"v":4304.71733299999,"d":"4,304.72"},810,{"v":0.188165665,"d":"0.19"},"M",430,61205000,{"v":4304.71733312,"d":"4,304.72"},810,{"v":0.188165665,"d":"0.19"},{"v":83.8556750399999,"d":"83.86"},{"v":0.905906425,"d":"0.91"},{"v":733.7842041,"d":"733.78"},{"v":76.21579594,"d":"76.22"},1,"1_61205000_68988",{"v":78.7890731228,"d":"78.79"},{"v":0.939579498766,"d":"0.94"},{"v":689.448594691,"d":"689.45"},{"v":0.0194799492164,"d":"0.02"},"1_61205000_68988_306594","außerhalb GKL",{"v":1.17258654412,"d":"1.17"},{"v":0.0148826036104,"d":"0.01"},{"v":10.2607901445,"d":"10.26"}]
[6,612,61205,{"v":4304.71733299999,"d":"4,304.72"},810,{"v":0.188165665,"d":"0.19"},"M",430,61205000,{"v":4304.71733312,"d":"4,304.72"},810,{"v":0.188165665,"d":"0.19"},{"v":83.8556750399999,"d":"83.86"},{"v":0.905906425,"d":"0.91"},{"v":733.7842041,"d":"733.78"},{"v":76.21579594,"d":"76.22"},1,"1_61205000_68988",{"v":78.7890731228,"d":"78.79"},{"v":0.939579498766,"d":"0.94"},{"v":689.448594691,"d":"689.45"},{"v":0.0194799492164,"d":"0.02"},"1_61205000_68988_306595","außerhalb GKL",{"v":0.409371069092,"d":"0.41"},{"v":0.00519578480704,"d":"0.01"},{"v":3.58222653353,"d":"3.58"}]
[6,612,61205,{"v":4304.71733299999,"d":"4,304.72"},810,{"v":0.188165665,"d":"0.19"},"M",430,61205000,{"v":4304.71733312,"d":"4,304.72"},810,{"v":0.188165665,"d":"0.19"},{"v":83.8556750399999,"d":"83.86"},{"v":0.905906425,"d":"0.91"},{"v":733.7842041,"d":"733.78"},{"v":76.21579594,"d":"76.22"},1,"1_61205000_68988",{"v":78.7890731228,"d":"78.79"},{"v":0.939579498766,"d":"0.94"},{"v":689.448594691,"d":"689.45"},{"v":0.0194799492164,"d":"0.02"},"1_61205000_68988_306596","außerhalb GKL",{"v":5.34596482466,"d":"5.35"},{"v":0.0678516019135,"d":"0.07"},{"v":46.7801915868,"d":"46.78"}]
[6,612,61205,{"v":4304.71733299999,"d":"4,304.72"},810,{"v":0.188165665,"d":"0.19"},"M",430,61205000,{"v":4304.71733312,"d":"4,304.72"},810,{"v":0.188165665,"d":"0.19"},{"v":83.8556750399999,"d":"83.86"},{"v":0.905906425,"d":"0.91"},{"v":733.7842041,"d":"733.78"},{"v":76.21579594,"d":"76.22"},1,"1_61205000_68988",{"v":78.7890731228,"d":"78.79"},{"v":0.939579498766,"d":"0.94"},{"v":689.448594691,"d":"689.45"},{"v":0.0194799492164,"d":"0.02"},"1_61205000_68988_306597","außerhalb GKL",{"v":0.712708296747,"d":"0.71"},{"v":0.00904577587347,"d":"0.01"},{"v":6.23659746385,"d":"6.24"}]
[6,612,61205,{"v":4304.71733299999,"d":"4,304.72"},810,{"v":0.188165665,"d":"0.19"},"M",430,61205000,{"v":4304.71733312,"d":"4,304.72"},810,{"v":0.188165665,"d":"0.19"},{"v":83.8556750399999,"d":"83.86"},{"v":0.905906425,"d":"0.91"},{"v":733.7842041,"d":"733.78"},{"v":76.21579594,"d":"76.22"},1,"1_61205000_68988",{"v":78.7890731228,"d":"78.79"},{"v":0.939579498766,"d":"0.94"},{"v":689.448594691,"d":"689.45"},{"v":0.0194799492164,"d":"0.02"},"1_61205000_68988_306598","außerhalb GKL",{"v":1.3087997274,"d":"1.31"},{"v":0.0166114370372,"d":"0.02"},{"v":11.4527319211,"d":"11.45"}]
[6,612,61205,{"v":4304.71733299999,"d":"4,304.72"},810,{"v":0.188165665,"d":"0.19"},"M",430,61205000,{"v":4304.71733312,"d":"4,304.72"},810,{"v":0.188165665,"d":"0.19"},{"v":83.8556750399999,"d":"83.86"},{"v":0.905906425,"d":"0.91"},{"v":733.7842041,"d":"733.78"},{"v":76.21579594,"d":"76.22"},1,"1_61205000_68989",{"v":0.302833376081,"d":"0.30"},{"v":0.0036113641198,"d":"0.00"},{"v":2.64996194636,"d":"2.65"},{"v":0.0194799492164,"d":"0.02"},"1_61205000_68989_306599","außerhalb GKL",{"v":0.30283337608,"d":"0.30"},{"v":0.999999999997,"d":"1.00"},{"v":2.64996194635,"d":"2.65"}]
[6,612,61205,{"v":4304.71733299999,"d":"4,304.72"},810,{"v":0.188165665,"d":"0.19"},"M",430,61205000,{"v":4304.71733312,"d":"4,304.72"},810,{"v":0.188165665,"d":"0.19"},{"v":83.8556750399999,"d":"83.86"},{"v":0.905906425,"d":"0.91"},{"v":733.7842041,"d":"733.78"},{"v":76.21579594,"d":"76.22"},1,"1_61205000_68990",{"v":0.159843361554,"d":"0.16"},{"v":1.90617225939E-3,"d":"0.00"},{"v":1.39871909423,"d":"1.40"},{"v":0.0194799492164,"d":"0.02"},"1_61205000_68990_306600","außerhalb GKL",{"v":0.159843361554,"d":"0.16"},{"v":1,"d":"1.00"},{"v":1.39871909423,"d":"1.40"}]
[6,612,61205,{"v":4304.71733299999,"d":"4,304.72"},810,{"v":0.188165665,"d":"0.19"},"M",430,61205000,{"v":4304.71733312,"d":"4,304.72"},810,{"v":0.188165665,"d":"0.19"},{"v":83.8556750399999,"d":"83.86"},{"v":0.905906425,"d":"0.91"},{"v":733.7842041,"d":"733.78"},{"v":76.21579594,"d":"76.22"},1,"1_61205000_68991",{"v":0.422969462503,"d":"0.42"},{"v":5.04401714376E-3,"d":"0.01"},{"v":3.7012201053,"d":"3.70"},{"v":0.0194799492164,"d":"0.02"},"1_61205000_68991_306601","außerhalb GKL",{"v":0.422969462503,"d":"0.42"},{"v":1,"d":"1.00"},{"v":3.7012201053,"d":"3.70"}]
[6,612,61205,{"v":4304.71733299999,"d":"4,304.72"},810,{"v":0.188165665,"d":"0.19"},"M",430,61205000,{"v":4304.71733312,"d":"4,304.72"},810,{"v":0.188165665,"d":"0.19"},{"v":83.8556750399999,"d":"83.86"},{"v":0.905906425,"d":"0.91"},{"v":733.7842041,"d":"733.78"},{"v":76.21579594,"d":"76.22"},1,"1_61205000_68992",{"v":0.771008793574,"d":"0.77"},{"v":0.00919447363826,"d":"0.01"},{"v":6.74675952077,"d":"6.75"},{"v":0.0194799492164,"d":"0.02"},"1_61205000_68992_306602","außerhalb GKL",{"v":0.771008793574,"d":"0.77"},{"v":1,"d":"1.00"},{"v":6.74675952077,"d":"6.75"}]
[6,612,61205,{"v":4304.71733299999,"d":"4,304.72"},810,{"v":0.188165665,"d":"0.19"},"M",430,61205000,{"v":4304.71733312,"d":"4,304.72"},810,{"v":0.188165665,"d":"0.19"},{"v":83.8556750399999,"d":"83.86"},{"v":0.905906425,"d":"0.91"},{"v":733.7842041,"d":"733.78"},{"v":76.21579594,"d":"76.22"},1,"1_61205000_68993",{"v":0.163817978471,"d":"0.16"},{"v":0.00195357056506,"d":"0.00"},{"v":1.43349922224,"d":"1.43"},{"v":0.0194799492164,"d":"0.02"},"1_61205000_68993_306603","außerhalb GKL",{"v":0.163817978471,"d":"0.16"},{"v":1,"d":"1.00"},{"v":1.43349922224,"d":"1.43"}]
[6,612,61251,{"v":20288.13288,"d":"20,288.13"},451,{"v":0.022229744,"d":"0.02"}," ",430,61251000,{"v":20288.1328848999,"d":"20,288.13"},451,{"v":0.022229744,"d":"0.02"},{"v":191.101203199999,"d":"191.10"},{"v":0.905906425,"d":"0.91"},{"v":408.563797599999,"d":"408.56"},{"v":42.43620243,"d":"42.44"},1,"1_61251000_69235",{"v":0.252669382686,"d":"0.25"},{"v":1.3221757815E-3,"d":"0.00"},{"v":0.540193158384,"d":"0.54"},{"v":0.00941935880863,"d":"0.01"},"1_61251000_69235_306604","außerhalb GKL",{"v":0.252669382686,"d":"0.25"},{"v":1,"d":"1.00"},{"v":0.540193158384,"d":"0.54"}]
[6,612,61258,{"v":25568.01825,"d":"25,568.02"},2685,{"v":0.105014005,"d":"0.11"}," ",430,61258004,{"v":5797.71018309999,"d":"5,797.71"},367,{"v":0.063300853,"d":"0.06"},{"v":44.8546864699999,"d":"44.85"},{"v":0.905906425,"d":"0.91"},{"v":332.4676579,"d":"332.47"},{"v":34.53234211,"d":"34.53"},1,"1_61258004_69653",{"v":0.534933262466,"d":"0.53"},{"v":0.0119259168788,"d":"0.01"},{"v":3.964981653,"d":"3.96"},{"v":0.00773662101992,"d":"0.01"},"1_61258004_69653_306605","außerhalb GKL",{"v":0.534933262466,"d":"0.53"},{"v":1,"d":"1.00"},{"v":3.964981653,"d":"3.96"}]
[6,612,61258,{"v":25568.01825,"d":"25,568.02"},2685,{"v":0.105014005,"d":"0.11"}," ",430,61258004,{"v":5797.71018309999,"d":"5,797.71"},367,{"v":0.063300853,"d":"0.06"},{"v":44.8546864699999,"d":"44.85"},{"v":0.905906425,"d":"0.91"},{"v":332.4676579,"d":"332.47"},{"v":34.53234211,"d":"34.53"},1,"1_61258004_69654",{"v":0.38662986289,"d":"0.39"},{"v":0.00861960908251,"d":"0.01"},{"v":2.86574124368,"d":"2.87"},{"v":0.00773662101992,"d":"0.01"},"1_61258004_69654_306606","außerhalb GKL",{"v":0.386629862889,"d":"0.39"},{"v":0.999999999997,"d":"1.00"},{"v":2.86574124367,"d":"2.87"}]
[6,612,61258,{"v":25568.01825,"d":"25,568.02"},2685,{"v":0.105014005,"d":"0.11"}," ",430,61258004,{"v":5797.71018309999,"d":"5,797.71"},367,{"v":0.063300853,"d":"0.06"},{"v":44.8546864699999,"d":"44.85"},{"v":0.905906425,"d":"0.91"},{"v":332.4676579,"d":"332.47"},{"v":34.53234211,"d":"34.53"},1,"1_61258004_69655",{"v":0.6531655693,"d":"0.65"},{"v":0.0145618132843,"d":"0.01"},{"v":4.84133195741,"d":"4.84"},{"v":0.00773662101992,"d":"0.01"},"1_61258004_69655_306607","außerhalb GKL",{"v":0.6531655693,"d":"0.65"},{"v":1,"d":"1.00"},{"v":4.84133195741,"d":"4.84"}]
[6,612,61258,{"v":25568.01825,"d":"25,568.02"},2685,{"v":0.105014005,"d":"0.11"}," ",430,61258004,{"v":5797.71018309999,"d":"5,797.71"},367,{"v":0.063300853,"d":"0.06"},{"v":44.8546864699999,"d":"44.85"},{"v":0.905906425,"d":"0.91"},{"v":332.4676579,"d":"332.47"},{"v":34.53234211,"d":"34.53"},1,"1_61258004_69656",{"v":0.388619881986,"d":"0.39"},{"v":0.00866397499503,"d":"0.01"},{"v":2.8804914747,"d":"2.88"},{"v":0.00773662101992,"d":"0.01"},"1_61258004_69656_306608","außerhalb GKL",{"v":0.388619881987,"d":"0.39"},{"v":1,"d":"1.00"},{"v":2.8804914747,"d":"2.88"}]
[6,612,61258,{"v":25568.01825,"d":"25,568.02"},2685,{"v":0.105014005,"d":"0.11"}," ",430,61258004,{"v":5797.71018309999,"d":"5,797.71"},367,{"v":0.063300853,"d":"0.06"},{"v":44.8546864699999,"d":"44.85"},{"v":0.905906425,"d":"0.91"},{"v":332.4676579,"d":"332.47"},{"v":34.53234211,"d":"34.53"},1,"1_61258004_69657",{"v":0.564722517612,"d":"0.56"},{"v":0.0125900449218,"d":"0.01"},{"v":4.18578274801,"d":"4.19"},{"v":0.00773662101992,"d":"0.01"},"1_61258004_69657_306609","außerhalb GKL",{"v":0.564722517612,"d":"0.56"},{"v":1,"d":"1.00"},{"v":4.18578274801,"d":"4.19"}]
[6,612,61258,{"v":25568.01825,"d":"25,568.02"},2685,{"v":0.105014005,"d":"0.11"}," ",430,61258004,{"v":5797.71018309999,"d":"5,797.71"},367,{"v":0.063300853,"d":"0.06"},{"v":44.8546864699999,"d":"44.85"},{"v":0.905906425,"d":"0.91"},{"v":332.4676579,"d":"332.47"},{"v":34.53234211,"d":"34.53"},1,"1_61258004_69658",{"v":0.5093757645,"d":"0.51"},{"v":0.0113561325379,"d":"0.01"},{"v":3.77554678768,"d":"3.78"},{"v":0.00773662101992,"d":"0.01"},"1_61258004_69658_306610","außerhalb GKL",{"v":0.5093757645,"d":"0.51"},{"v":1,"d":"1.00"},{"v":3.77554678768,"d":"3.78"}]
[6,612,61258,{"v":25568.01825,"d":"25,568.02"},2685,{"v":0.105014005,"d":"0.11"}," ",430,61258004,{"v":5797.71018309999,"d":"5,797.71"},367,{"v":0.063300853,"d":"0.06"},{"v":44.8546864699999,"d":"44.85"},{"v":0.905906425,"d":"0.91"},{"v":332.4676579,"d":"332.47"},{"v":34.53234211,"d":"34.53"},1,"1_61258004_69659",{"v":7.01891799229,"d":"7.02"},{"v":0.156481263044,"d":"0.16"},{"v":52.0249590295,"d":"52.02"},{"v":0.00773662101992,"d":"0.01"},"1_61258004_69659_306611","außerhalb GKL",{"v":7.01891799229,"d":"7.02"},{"v":1,"d":"1.00"},{"v":52.0249590295,"d":"52.02"}]
[6,612,61258,{"v":25568.01825,"d":"25,568.02"},2685,{"v":0.105014005,"d":"0.11"}," ",430,61258004,{"v":5797.71018309999,"d":"5,797.71"},367,{"v":0.063300853,"d":"0.06"},{"v":44.8546864699999,"d":"44.85"},{"v":0.905906425,"d":"0.91"},{"v":332.4676579,"d":"332.47"},{"v":34.53234211,"d":"34.53"},1,"1_61258004_69660",{"v":32.315781905,"d":"32.32"},{"v":0.72045497245,"d":"0.72"},{"v":239.527977313,"d":"239.53"},{"v":0.00773662101992,"d":"0.01"},"1_61258004_69660_306612","außerhalb GKL",{"v":32.315781905,"d":"32.32"},{"v":1,"d":"1.00"},{"v":239.527977313,"d":"239.53"}]
[6,612,61258,{"v":25568.01825,"d":"25,568.02"},2685,{"v":0.105014005,"d":"0.11"}," ",430,61258004,{"v":5797.71018309999,"d":"5,797.71"},367,{"v":0.063300853,"d":"0.06"},{"v":44.8546864699999,"d":"44.85"},{"v":0.905906425,"d":"0.91"},{"v":332.4676579,"d":"332.47"},{"v":34.53234211,"d":"34.53"},1,"1_61258004_69661",{"v":2.48253971364,"d":"2.48"},{"v":0.0553462727981,"d":"0.06"},{"v":18.4008456906999,"d":"18.40"},{"v":0.00773662101992,"d":"0.01"},"1_61258004_69661_306613","außerhalb GKL",{"v":2.48253971363,"d":"2.48"},{"v":0.999999999996,"d":"1.00"},{"v":18.4008456906,"d":"18.40"}]
[6,612,61264,{"v":12979.13915,"d":"12,979.14"},1798,{"v":0.138529989,"d":"0.14"},"M",430,61264000,{"v":6121.05112874,"d":"6,121.05"},1355,{"v":0.221367208,"d":"0.22"},{"v":216.987866099999,"d":"216.99"},{"v":0.905906425,"d":"0.91"},{"v":1227.503206,"d":"1,227.50"},{"v":127.496794399999,"d":"127.50"},1,"1_61264000_69950",{"v":2.39306113184,"d":"2.39"},{"v":0.0110285481619,"d":"0.01"},{"v":13.5375782263,"d":"13.54"},{"v":0.0354494451257,"d":"0.04"},"1_61264000_69950_306614","G",{"v":0.853512252855,"d":"0.85"},{"v":0.356661282697,"d":"0.36"},{"v":4.8283300148,"d":"4.83"}]
[6,612,61264,{"v":12979.13915,"d":"12,979.14"},1798,{"v":0.138529989,"d":"0.14"},"M",430,61264001,{"v":6858.08802378,"d":"6,858.09"},443,{"v":0.064595263,"d":"0.06"},{"v":54.01911269,"d":"54.02"},{"v":0.905906425,"d":"0.91"},{"v":401.3165462,"d":"401.32"},{"v":41.6834538299999,"d":"41.68"},1,"1_61264001_69955",{"v":1.84671120777,"d":"1.85"},{"v":0.0341862558604,"d":"0.03"},{"v":13.7195101294,"d":"13.72"},{"v":0.00787670156794,"d":"0.01"},"1_61264001_69955_306615","G",{"v":0.37396143374,"d":"0.37"},{"v":0.202501307279,"d":"0.20"},{"v":2.77821873643,"d":"2.78"}]
[6,612,61264,{"v":12979.13915,"d":"12,979.14"},1798,{"v":0.138529989,"d":"0.14"},"M",430,61264001,{"v":6858.08802378,"d":"6,858.09"},443,{"v":0.064595263,"d":"0.06"},{"v":54.01911269,"d":"54.02"},{"v":0.905906425,"d":"0.91"},{"v":401.3165462,"d":"401.32"},{"v":41.6834538299999,"d":"41.68"},1,"1_61264001_69956",{"v":0.686614248495,"d":"0.69"},{"v":0.0127105799097,"d":"0.01"},{"v":5.10096602956,"d":"5.10"},{"v":0.00787670156794,"d":"0.01"},"1_61264001_69956_306616","außerhalb GKL",{"v":0.686614248495,"d":"0.69"},{"v":1,"d":"1.00"},{"v":5.10096602956,"d":"5.10"}]
[6,612,61264,{"v":12979.13915,"d":"12,979.14"},1798,{"v":0.138529989,"d":"0.14"},"M",430,61264001,{"v":6858.08802378,"d":"6,858.09"},443,{"v":0.064595263,"d":"0.06"},{"v":54.01911269,"d":"54.02"},{"v":0.905906425,"d":"0.91"},{"v":401.3165462,"d":"401.32"},{"v":41.6834538299999,"d":"41.68"},1,"1_61264001_69957",{"v":0.378531503339,"d":"0.38"},{"v":0.00700736247763,"d":"0.01"},{"v":2.81217050749,"d":"2.81"},{"v":0.00787670156794,"d":"0.01"},"1_61264001_69957_306617","außerhalb GKL",{"v":0.378531503339,"d":"0.38"},{"v":1,"d":"1.00"},{"v":2.81217050749,"d":"2.81"}]
[6,612,61264,{"v":12979.13915,"d":"12,979.14"},1798,{"v":0.138529989,"d":"0.14"},"M",430,61264001,{"v":6858.08802378,"d":"6,858.09"},443,{"v":0.064595263,"d":"0.06"},{"v":54.01911269,"d":"54.02"},{"v":0.905906425,"d":"0.91"},{"v":401.3165462,"d":"401.32"},{"v":41.6834538299999,"d":"41.68"},1,"1_61264001_69958",{"v":0.504777514497,"d":"0.50"},{"v":0.00934442439649,"d":"0.01"},{"v":3.75007212503,"d":"3.75"},{"v":0.00787670156794,"d":"0.01"},"1_61264001_69958_306618","außerhalb GKL",{"v":0.504777514497,"d":"0.50"},{"v":1,"d":"1.00"},{"v":3.75007212503,"d":"3.75"}]
[6,612,61264,{"v":12979.13915,"d":"12,979.14"},1798,{"v":0.138529989,"d":"0.14"},"M",430,61264001,{"v":6858.08802378,"d":"6,858.09"},443,{"v":0.064595263,"d":"0.06"},{"v":54.01911269,"d":"54.02"},{"v":0.905906425,"d":"0.91"},{"v":401.3165462,"d":"401.32"},{"v":41.6834538299999,"d":"41.68"},1,"1_61264001_69959",{"v":0.505499219621,"d":"0.51"},{"v":0.00935778457751,"d":"0.01"},{"v":3.75543378673,"d":"3.76"},{"v":0.00787670156794,"d":"0.01"},"1_61264001_69959_306619","außerhalb GKL",{"v":0.505499219622,"d":"0.51"},{"v":1,"d":"1.00"},{"v":3.75543378673,"d":"3.76"}]
[6,612,61264,{"v":12979.13915,"d":"12,979.14"},1798,{"v":0.138529989,"d":"0.14"},"M",430,61264001,{"v":6858.08802378,"d":"6,858.09"},443,{"v":0.064595263,"d":"0.06"},{"v":54.01911269,"d":"54.02"},{"v":0.905906425,"d":"0.91"},{"v":401.3165462,"d":"401.32"},{"v":41.6834538299999,"d":"41.68"},1,"1_61264001_69960",{"v":0.228197073851,"d":"0.23"},{"v":0.00422437656762,"d":"0.00"},{"v":1.69531221397,"d":"1.70"},{"v":0.00787670156794,"d":"0.01"},"1_61264001_69960_306620","außerhalb GKL",{"v":0.0826688002813,"d":"0.08"},{"v":0.362269326623,"d":"0.36"},{"v":0.614159614171,"d":"0.61"}]
[6,612,61264,{"v":12979.13915,"d":"12,979.14"},1798,{"v":0.138529989,"d":"0.14"},"M",430,61264001,{"v":6858.08802378,"d":"6,858.09"},443,{"v":0.064595263,"d":"0.06"},{"v":54.01911269,"d":"54.02"},{"v":0.905906425,"d":"0.91"},{"v":401.3165462,"d":"401.32"},{"v":41.6834538299999,"d":"41.68"},1,"1_61264001_69961",{"v":0.55235732157,"d":"0.55"},{"v":0.0102252201872,"d":"0.01"},{"v":4.10355004966,"d":"4.10"},{"v":0.00787670156794,"d":"0.01"},"1_61264001_69961_306621","außerhalb GKL",{"v":0.55235732157,"d":"0.55"},{"v":1,"d":"1.00"},{"v":4.10355004966,"d":"4.10"}]
[6,612,61264,{"v":12979.13915,"d":"12,979.14"},1798,{"v":0.138529989,"d":"0.14"},"M",430,61264001,{"v":6858.08802378,"d":"6,858.09"},443,{"v":0.064595263,"d":"0.06"},{"v":54.01911269,"d":"54.02"},{"v":0.905906425,"d":"0.91"},{"v":401.3165462,"d":"401.32"},{"v":41.6834538299999,"d":"41.68"},1,"1_61264001_69962",{"v":0.510765113503,"d":"0.51"},{"v":0.0094552666282,"d":"0.01"},{"v":3.79455494663,"d":"3.79"},{"v":0.00787670156794,"d":"0.01"},"1_61264001_69962_306622","außerhalb GKL",{"v":0.510765113503,"d":"0.51"},{"v":1,"d":"1.00"},{"v":3.79455494663,"d":"3.79"}]
[6,612,61264,{"v":12979.13915,"d":"12,979.14"},1798,{"v":0.138529989,"d":"0.14"},"M",430,61264001,{"v":6858.08802378,"d":"6,858.09"},443,{"v":0.064595263,"d":"0.06"},{"v":54.01911269,"d":"54.02"},{"v":0.905906425,"d":"0.91"},{"v":401.3165462,"d":"401.32"},{"v":41.6834538299999,"d":"41.68"},1,"1_61264001_69963",{"v":0.252407610837,"d":"0.25"},{"v":0.00467256121524,"d":"0.00"},{"v":1.87517612881,"d":"1.88"},{"v":0.00787670156794,"d":"0.01"},"1_61264001_69963_306623","außerhalb GKL",{"v":0.252407610837,"d":"0.25"},{"v":1,"d":"1.00"},{"v":1.87517612881,"d":"1.88"}]
[6,612,61264,{"v":12979.13915,"d":"12,979.14"},1798,{"v":0.138529989,"d":"0.14"},"M",430,61264001,{"v":6858.08802378,"d":"6,858.09"},443,{"v":0.064595263,"d":"0.06"},{"v":54.01911269,"d":"54.02"},{"v":0.905906425,"d":"0.91"},{"v":401.3165462,"d":"401.32"},{"v":41.6834538299999,"d":"41.68"},1,"1_61264001_69964",{"v":39.5500090569999,"d":"39.55"},{"v":0.73214843946,"d":"0.73"},{"v":293.82328303,"d":"293.82"},{"v":0.00787670156794,"d":"0.01"},"1_61264001_69964_306624","außerhalb GKL",{"v":0.0918249139724,"d":"0.09"},{"v":0.00232174192021,"d":"0.00"},{"v":0.682181833344,"d":"0.68"}]
[6,612,61264,{"v":12979.13915,"d":"12,979.14"},1798,{"v":0.138529989,"d":"0.14"},"M",430,61264001,{"v":6858.08802378,"d":"6,858.09"},443,{"v":0.064595263,"d":"0.06"},{"v":54.01911269,"d":"54.02"},{"v":0.905906425,"d":"0.91"},{"v":401.3165462,"d":"401.32"},{"v":41.6834538299999,"d":"41.68"},1,"1_61264001_69964",{"v":39.5500090569999,"d":"39.55"},{"v":0.73214843946,"d":"0.73"},{"v":293.82328303,"d":"293.82"},{"v":0.00787670156794,"d":"0.01"},"1_61264001_69964_306625","außerhalb GKL",{"v":0.0521448618677,"d":"0.05"},{"v":0.00131845385402,"d":"0.00"},{"v":0.387392439912,"d":"0.39"}]
[6,612,61264,{"v":12979.13915,"d":"12,979.14"},1798,{"v":0.138529989,"d":"0.14"},"M",430,61264001,{"v":6858.08802378,"d":"6,858.09"},443,{"v":0.064595263,"d":"0.06"},{"v":54.01911269,"d":"54.02"},{"v":0.905906425,"d":"0.91"},{"v":401.3165462,"d":"401.32"},{"v":41.6834538299999,"d":"41.68"},1,"1_61264001_69964",{"v":39.5500090569999,"d":"39.55"},{"v":0.73214843946,"d":"0.73"},{"v":293.82328303,"d":"293.82"},{"v":0.00787670156794,"d":"0.01"},"1_61264001_69964_306626","außerhalb GKL",{"v":0.0089731617345,"d":"0.01"},{"v":0.000226881407829,"d":"0.00"},{"v":0.0666630401068,"d":"0.07"}]
[6,612,61264,{"v":12979.13915,"d":"12,979.14"},1798,{"v":0.138529989,"d":"0.14"},"M",430,61264001,{"v":6858.08802378,"d":"6,858.09"},443,{"v":0.064595263,"d":"0.06"},{"v":54.01911269,"d":"54.02"},{"v":0.905906425,"d":"0.91"},{"v":401.3165462,"d":"401.32"},{"v":41.6834538299999,"d":"41.68"},1,"1_61264001_69964",{"v":39.5500090569999,"d":"39.55"},{"v":0.73214843946,"d":"0.73"},{"v":293.82328303,"d":"293.82"},{"v":0.00787670156794,"d":"0.01"},"1_61264001_69964_306627","außerhalb GKL",{"v":0.351670702421,"d":"0.35"},{"v":0.00889179827783,"d":"0.01"},{"v":2.61261736203,"d":"2.61"}]
[6,612,61264,{"v":12979.13915,"d":"12,979.14"},1798,{"v":0.138529989,"d":"0.14"},"M",430,61264001,{"v":6858.08802378,"d":"6,858.09"},443,{"v":0.064595263,"d":"0.06"},{"v":54.01911269,"d":"54.02"},{"v":0.905906425,"d":"0.91"},{"v":401.3165462,"d":"401.32"},{"v":41.6834538299999,"d":"41.68"},1,"1_61264001_69964",{"v":39.5500090569999,"d":"39.55"},{"v":0.73214843946,"d":"0.73"},{"v":293.82328303,"d":"293.82"},{"v":0.00787670156794,"d":"0.01"},"1_61264001_69964_306628","außerhalb GKL",{"v":0.00617347356106,"d":"0.01"},{"v":1.56092848226E-4,"d":"0.00"},{"v":0.0458637131233,"d":"0.05"}]
[6,612,61264,{"v":12979.13915,"d":"12,979.14"},1798,{"v":0.138529989,"d":"0.14"},"M",430,61264001,{"v":6858.08802378,"d":"6,858.09"},443,{"v":0.064595263,"d":"0.06"},{"v":54.01911269,"d":"54.02"},{"v":0.905906425,"d":"0.91"},{"v":401.3165462,"d":"401.32"},{"v":41.6834538299999,"d":"41.68"},1,"1_61264001_69964",{"v":39.5500090569999,"d":"39.55"},{"v":0.73214843946,"d":"0.73"},{"v":293.82328303,"d":"293.82"},{"v":0.00787670156794,"d":"0.01"},"1_61264001_69964_306629","außerhalb GKL",{"v":0.00559740720948,"d":"0.01"},{"v":0.000141527330662,"d":"0.00"},{"v":0.0415840249336,"d":"0.04"}]
[6,612,61264,{"v":12979.13915,"d":"12,979.14"},1798,{"v":0.138529989,"d":"0.14"},"M",430,61264001,{"v":6858.08802378,"d":"6,858.09"},443,{"v":0.064595263,"d":"0.06"},{"v":54.01911269,"d":"54.02"},{"v":0.905906425,"d":"0.91"},{"v":401.3165462,"d":"401.32"},{"v":41.6834538299999,"d":"41.68"},1,"1_61264001_69964",{"v":39.5500090569999,"d":"39.55"},{"v":0.73214843946,"d":"0.73"},{"v":293.82328303,"d":"293.82"},{"v":0.00787670156794,"d":"0.01"},"1_61264001_69964_306630","außerhalb GKL",{"v":0.0826000254963,"d":"0.08"},{"v":0.00208849574161,"d":"0.00"},{"v":0.613648675394,"d":"0.61"}]
[6,612,61264,{"v":12979.13915,"d":"12,979.14"},1798,{"v":0.138529989,"d":"0.14"},"M",430,61264001,{"v":6858.08802378,"d":"6,858.09"},443,{"v":0.064595263,"d":"0.06"},{"v":54.01911269,"d":"54.02"},{"v":0.905906425,"d":"0.91"},{"v":401.3165462,"d":"401.32"},{"v":41.6834538299999,"d":"41.68"},1,"1_61264001_69964",{"v":39.5500090569999,"d":"39.55"},{"v":0.73214843946,"d":"0.73"},{"v":293.82328303,"d":"293.82"},{"v":0.00787670156794,"d":"0.01"},"1_61264001_69964_306631","außerhalb GKL",{"v":0.0213004100952,"d":"0.02"},{"v":0.000538569032045,"d":"0.00"},{"v":0.158244121134,"d":"0.16"}]
[6,612,61264,{"v":12979.13915,"d":"12,979.14"},1798,{"v":0.138529989,"d":"0.14"},"M",430,61264001,{"v":6858.08802378,"d":"6,858.09"},443,{"v":0.064595263,"d":"0.06"},{"v":54.01911269,"d":"54.02"},{"v":0.905906425,"d":"0.91"},{"v":401.3165462,"d":"401.32"},{"v":41.6834538299999,"d":"41.68"},1,"1_61264001_69964",{"v":39.5500090569999,"d":"39.55"},{"v":0.73214843946,"d":"0.73"},{"v":293.82328303,"d":"293.82"},{"v":0.00787670156794,"d":"0.01"},"1_61264001_69964_306632","außerhalb GKL",{"v":0.0879393847509,"d":"0.09"},{"v":0.00222349847314,"d":"0.00"},{"v":0.65331562119,"d":"0.65"}]
[6,612,61264,{"v":12979.13915,"d":"12,979.14"},1798,{"v":0.138529989,"d":"0.14"},"M",430,61264001,{"v":6858.08802378,"d":"6,858.09"},443,{"v":0.064595263,"d":"0.06"},{"v":54.01911269,"d":"54.02"},{"v":0.905906425,"d":"0.91"},{"v":401.3165462,"d":"401.32"},{"v":41.6834538299999,"d":"41.68"},1,"1_61264001_69964",{"v":39.5500090569999,"d":"39.55"},{"v":0.73214843946,"d":"0.73"},{"v":293.82328303,"d":"293.82"},{"v":0.00787670156794,"d":"0.01"},"1_61264001_69964_306633","außerhalb GKL",{"v":9.8172381756,"d":"9.82"},{"v":0.248223411566,"d":"0.25"},{"v":72.9338177112,"d":"72.93"}]
[6,612,61264,{"v":12979.13915,"d":"12,979.14"},1798,{"v":0.138529989,"d":"0.14"},"M",430,61264001,{"v":6858.08802378,"d":"6,858.09"},443,{"v":0.064595263,"d":"0.06"},{"v":54.01911269,"d":"54.02"},{"v":0.905906425,"d":"0.91"},{"v":401.3165462,"d":"401.32"},{"v":41.6834538299999,"d":"41.68"},1,"1_61264001_69964",{"v":39.5500090569999,"d":"39.55"},{"v":0.73214843946,"d":"0.73"},{"v":293.82328303,"d":"293.82"},{"v":0.00787670156794,"d":"0.01"},"1_61264001_69964_306634","außerhalb GKL",{"v":0.591648600565,"d":"0.59"},{"v":0.0149595060702,"d":"0.01"},{"v":4.39545118605,"d":"4.40"}]
[6,612,61264,{"v":12979.13915,"d":"12,979.14"},1798,{"v":0.138529989,"d":"0.14"},"M",430,61264001,{"v":6858.08802378,"d":"6,858.09"},443,{"v":0.064595263,"d":"0.06"},{"v":54.01911269,"d":"54.02"},{"v":0.905906425,"d":"0.91"},{"v":401.3165462,"d":"401.32"},{"v":41.6834538299999,"d":"41.68"},1,"1_61264001_69965",{"v":0.837962815597,"d":"0.84"},{"v":0.0155123395011,"d":"0.02"},{"v":6.22535851206,"d":"6.23"},{"v":0.00787670156794,"d":"0.01"},"1_61264001_69965_306635","außerhalb GKL",{"v":0.795710018532,"d":"0.80"},{"v":0.949576763696,"d":"0.95"},{"v":5.91145578873,"d":"5.91"}]
[6,612,61264,{"v":12979.13915,"d":"12,979.14"},1798,{"v":0.138529989,"d":"0.14"},"M",430,61264001,{"v":6858.08802378,"d":"6,858.09"},443,{"v":0.064595263,"d":"0.06"},{"v":54.01911269,"d":"54.02"},{"v":0.905906425,"d":"0.91"},{"v":401.3165462,"d":"401.32"},{"v":41.6834538299999,"d":"41.68"},1,"1_61264001_69966",{"v":0.781134696415,"d":"0.78"},{"v":0.0144603392673,"d":"0.01"},{"v":5.80317341163,"d":"5.80"},{"v":0.00787670156794,"d":"0.01"},"1_61264001_69966_306636","außerhalb GKL",{"v":0.781134696415,"d":"0.78"},{"v":1,"d":"1.00"},{"v":5.80317341163,"d":"5.80"}]
[6,612,61264,{"v":12979.13915,"d":"12,979.14"},1798,{"v":0.138529989,"d":"0.14"},"M",430,61264001,{"v":6858.08802378,"d":"6,858.09"},443,{"v":0.064595263,"d":"0.06"},{"v":54.01911269,"d":"54.02"},{"v":0.905906425,"d":"0.91"},{"v":401.3165462,"d":"401.32"},{"v":41.6834538299999,"d":"41.68"},1,"1_61264001_69967",{"v":0.525123359715,"d":"0.53"},{"v":0.00972106599989,"d":"0.01"},{"v":3.90122463246,"d":"3.90"},{"v":0.00787670156794,"d":"0.01"},"1_61264001_69967_306637","außerhalb GKL",{"v":0.525123359714,"d":"0.53"},{"v":0.999999999998,"d":"1.00"},{"v":3.90122463245,"d":"3.90"}]
[6,612,61264,{"v":12979.13915,"d":"12,979.14"},1798,{"v":0.138529989,"d":"0.14"},"M",430,61264001,{"v":6858.08802378,"d":"6,858.09"},443,{"v":0.064595263,"d":"0.06"},{"v":54.01911269,"d":"54.02"},{"v":0.905906425,"d":"0.91"},{"v":401.3165462,"d":"401.32"},{"v":41.6834538299999,"d":"41.68"},1,"1_61264001_69968",{"v":0.533464647701,"d":"0.53"},{"v":0.00987547964296,"d":"0.01"},{"v":3.96319338238,"d":"3.96"},{"v":0.00787670156794,"d":"0.01"},"1_61264001_69968_306638","außerhalb GKL",{"v":0.533464647701,"d":"0.53"},{"v":1,"d":"1.00"},{"v":3.96319338238,"d":"3.96"}]
[6,612,61264,{"v":12979.13915,"d":"12,979.14"},1798,{"v":0.138529989,"d":"0.14"},"M",430,61264001,{"v":6858.08802378,"d":"6,858.09"},443,{"v":0.064595263,"d":"0.06"},{"v":54.01911269,"d":"54.02"},{"v":0.905906425,"d":"0.91"},{"v":401.3165462,"d":"401.32"},{"v":41.6834538299999,"d":"41.68"},1,"1_61264001_69969",{"v":0.792516752842,"d":"0.79"},{"v":0.0146710435136,"d":"0.01"},{"v":5.88773251203,"d":"5.89"},{"v":0.00787670156794,"d":"0.01"},"1_61264001_69969_306639","außerhalb GKL",{"v":0.792516752842,"d":"0.79"},{"v":1,"d":"1.00"},{"v":5.88773251203,"d":"5.89"}]
[6,612,61264,{"v":12979.13915,"d":"12,979.14"},1798,{"v":0.138529989,"d":"0.14"},"M",430,61264001,{"v":6858.08802378,"d":"6,858.09"},443,{"v":0.064595263,"d":"0.06"},{"v":54.01911269,"d":"54.02"},{"v":0.905906425,"d":"0.91"},{"v":401.3165462,"d":"401.32"},{"v":41.6834538299999,"d":"41.68"},1,"1_61264001_69970",{"v":0.229691932148,"d":"0.23"},{"v":0.00425204933421,"d":"0.00"},{"v":1.70641775308,"d":"1.71"},{"v":0.00787670156794,"d":"0.01"},"1_61264001_69970_306640","außerhalb GKL",{"v":0.229691932149,"d":"0.23"},{"v":1,"d":"1.00"},{"v":1.70641775308,"d":"1.71"}]
[6,612,61264,{"v":12979.13915,"d":"12,979.14"},1798,{"v":0.138529989,"d":"0.14"},"M",430,61264001,{"v":6858.08802378,"d":"6,858.09"},443,{"v":0.064595263,"d":"0.06"},{"v":54.01911269,"d":"54.02"},{"v":0.905906425,"d":"0.91"},{"v":401.3165462,"d":"401.32"},{"v":41.6834538299999,"d":"41.68"},1,"1_61264001_69971",{"v":0.219103317316,"d":"0.22"},{"v":0.00405603325203,"d":"0.00"},{"v":1.62775325598,"d":"1.63"},{"v":0.00787670156794,"d":"0.01"},"1_61264001_69971_306641","außerhalb GKL",{"v":0.219103317317,"d":"0.22"},{"v":1,"d":"1.00"},{"v":1.62775325598,"d":"1.63"}]
[6,612,61264,{"v":12979.13915,"d":"12,979.14"},1798,{"v":0.138529989,"d":"0.14"},"M",430,61264001,{"v":6858.08802378,"d":"6,858.09"},443,{"v":0.064595263,"d":"0.06"},{"v":54.01911269,"d":"54.02"},{"v":0.905906425,"d":"0.91"},{"v":401.3165462,"d":"401.32"},{"v":41.6834538299999,"d":"41.68"},1,"1_61264001_69972",{"v":0.1518870077,"d":"0.15"},{"v":0.00281172718574,"d":"0.00"},{"v":1.12839264304,"d":"1.13"},{"v":0.00787670156794,"d":"0.01"},"1_61264001_69972_306642","außerhalb GKL",{"v":0.1518870077,"d":"0.15"},{"v":1,"d":"1.00"},{"v":1.12839264304,"d":"1.13"}]
[6,612,61264,{"v":12979.13915,"d":"12,979.14"},1798,{"v":0.138529989,"d":"0.14"},"M",430,61264001,{"v":6858.08802378,"d":"6,858.09"},443,{"v":0.064595263,"d":"0.06"},{"v":54.01911269,"d":"54.02"},{"v":0.905906425,"d":"0.91"},{"v":401.3165462,"d":"401.32"},{"v":41.6834538299999,"d":"41.68"},1,"1_61264001_69973",{"v":0.0861709396959,"d":"0.09"},{"v":0.00159519354178,"d":"0.00"},{"v":0.640177562708,"d":"0.64"},{"v":0.00787670156794,"d":"0.01"},"1_61264001_69973_306643","außerhalb GKL",{"v":0.086170939696,"d":"0.09"},{"v":1,"d":"1.00"},{"v":0.640177562708,"d":"0.64"}]
[6,612,61264,{"v":12979.13915,"d":"12,979.14"},1798,{"v":0.138529989,"d":"0.14"},"M",430,61264001,{"v":6858.08802378,"d":"6,858.09"},443,{"v":0.064595263,"d":"0.06"},{"v":54.01911269,"d":"54.02"},{"v":0.905906425,"d":"0.91"},{"v":401.3165462,"d":"401.32"},{"v":41.6834538299999,"d":"41.68"},1,"1_61264001_69974",{"v":1.01412405541,"d":"1.01"},{"v":0.0187734304565,"d":"0.02"},{"v":7.53408827113,"d":"7.53"},{"v":0.00787670156794,"d":"0.01"},"1_61264001_69974_306644","außerhalb GKL",{"v":1.01412405541,"d":"1.01"},{"v":1,"d":"1.00"},{"v":7.53408827113,"d":"7.53"}]
[6,612,61264,{"v":12979.13915,"d":"12,979.14"},1798,{"v":0.138529989,"d":"0.14"},"M",430,61264001,{"v":6858.08802378,"d":"6,858.09"},443,{"v":0.064595263,"d":"0.06"},{"v":54.01911269,"d":"54.02"},{"v":0.905906425,"d":"0.91"},{"v":401.3165462,"d":"401.32"},{"v":41.6834538299999,"d":"41.68"},1,"1_61264001_69975",{"v":1.24268282059,"d":"1.24"},{"v":0.0230045026419,"d":"0.02"},{"v":9.2320875473,"d":"9.23"},{"v":0.00787670156794,"d":"0.01"},"1_61264001_69975_306645","außerhalb GKL",{"v":1.24268282059,"d":"1.24"},{"v":1,"d":"1.00"},{"v":9.2320875473,"d":"9.23"}]
[6,612,61264,{"v":12979.13915,"d":"12,979.14"},1798,{"v":0.138529989,"d":"0.14"},"M",430,61264001,{"v":6858.08802378,"d":"6,858.09"},443,{"v":0.064595263,"d":"0.06"},{"v":54.01911269,"d":"54.02"},{"v":0.905906425,"d":"0.91"},{"v":401.3165462,"d":"401.32"},{"v":41.6834538299999,"d":"41.68"},1,"1_61264001_69976",{"v":1.04856055924,"d":"1.05"},{"v":0.019410917859,"d":"0.02"},{"v":7.78992251375,"d":"7.79"},{"v":0.00787670156794,"d":"0.01"},"1_61264001_69976_306646","außerhalb GKL",{"v":1.04856055924,"d":"1.05"},{"v":1,"d":"1.00"},{"v":7.78992251375,"d":"7.79"}]
[6,612,61264,{"v":12979.13915,"d":"12,979.14"},1798,{"v":0.138529989,"d":"0.14"},"M",430,61264001,{"v":6858.08802378,"d":"6,858.09"},443,{"v":0.064595263,"d":"0.06"},{"v":54.01911269,"d":"54.02"},{"v":0.905906425,"d":"0.91"},{"v":401.3165462,"d":"401.32"},{"v":41.6834538299999,"d":"41.68"},1,"1_61264001_69977",{"v":0.144680522233,"d":"0.14"},{"v":0.00267832096879,"d":"0.00"},{"v":1.07485452081,"d":"1.07"},{"v":0.00787670156794,"d":"0.01"},"1_61264001_69977_306647","außerhalb GKL",{"v":0.144680522233,"d":"0.14"},{"v":1,"d":"1.00"},{"v":1.07485452081,"d":"1.07"}]
[6,612,61264,{"v":12979.13915,"d":"12,979.14"},1798,{"v":0.138529989,"d":"0.14"},"M",430,61264001,{"v":6858.08802378,"d":"6,858.09"},443,{"v":0.064595263,"d":"0.06"},{"v":54.01911269,"d":"54.02"},{"v":0.905906425,"d":"0.91"},{"v":401.3165462,"d":"401.32"},{"v":41.6834538299999,"d":"41.68"},1,"1_61264001_69978",{"v":0.107309894955,"d":"0.11"},{"v":0.00198651717163,"d":"0.00"},{"v":0.797222210286,"d":"0.80"},{"v":0.00787670156794,"d":"0.01"},"1_61264001_69978_306648","außerhalb GKL",{"v":0.107309894955,"d":"0.11"},{"v":1,"d":"1.00"},{"v":0.797222210286,"d":"0.80"}]
[6,621,62142,{"v":41358.31079,"d":"41,358.31"},3669,{"v":0.088712521,"d":"0.09"},"ST",430,62142003,{"v":5805.07758499,"d":"5,805.08"},179,{"v":0.030835075,"d":"0.03"},{"v":40.7703211899999,"d":"40.77"},{"v":0.905906425,"d":"0.91"},{"v":162.15725,"d":"162.16"},{"v":16.84274997,"d":"16.84"},1,"1_62142003_77649",{"v":0.395936373929,"d":"0.40"},{"v":0.00971138716528,"d":"0.01"},{"v":1.57477183641,"d":"1.57"},{"v":0.00702321727713,"d":"0.01"},"1_62142003_77649_306649","außerhalb GKL",{"v":0.395936373929,"d":"0.40"},{"v":1,"d":"1.00"},{"v":1.57477183641,"d":"1.57"}]
[6,621,62142,{"v":41358.31079,"d":"41,358.31"},3669,{"v":0.088712521,"d":"0.09"},"ST",430,62142003,{"v":5805.07758499,"d":"5,805.08"},179,{"v":0.030835075,"d":"0.03"},{"v":40.7703211899999,"d":"40.77"},{"v":0.905906425,"d":"0.91"},{"v":162.15725,"d":"162.16"},{"v":16.84274997,"d":"16.84"},1,"1_62142003_77650",{"v":0.22312640919,"d":"0.22"},{"v":0.00547276554801,"d":"0.01"},{"v":0.88744861116,"d":"0.89"},{"v":0.00702321727713,"d":"0.01"},"1_62142003_77650_306650","außerhalb GKL",{"v":0.22312640919,"d":"0.22"},{"v":1,"d":"1.00"},{"v":0.88744861116,"d":"0.89"}]
[6,621,62142,{"v":41358.31079,"d":"41,358.31"},3669,{"v":0.088712521,"d":"0.09"},"ST",430,62142003,{"v":5805.07758499,"d":"5,805.08"},179,{"v":0.030835075,"d":"0.03"},{"v":40.7703211899999,"d":"40.77"},{"v":0.905906425,"d":"0.91"},{"v":162.15725,"d":"162.16"},{"v":16.84274997,"d":"16.84"},1,"1_62142003_77651",{"v":0.168455126004,"d":"0.17"},{"v":0.00413180767497,"d":"0.00"},{"v":0.670002570102,"d":"0.67"},{"v":0.00702321727713,"d":"0.01"},"1_62142003_77651_306651","außerhalb GKL",{"v":0.168455126004,"d":"0.17"},{"v":1,"d":"1.00"},{"v":0.670002570102,"d":"0.67"}]
[6,621,62142,{"v":41358.31079,"d":"41,358.31"},3669,{"v":0.088712521,"d":"0.09"},"ST",430,62142003,{"v":5805.07758499,"d":"5,805.08"},179,{"v":0.030835075,"d":"0.03"},{"v":40.7703211899999,"d":"40.77"},{"v":0.905906425,"d":"0.91"},{"v":162.15725,"d":"162.16"},{"v":16.84274997,"d":"16.84"},1,"1_62142003_77652",{"v":2.4058403922,"d":"2.41"},{"v":0.0590096011505,"d":"0.06"},{"v":9.56883464615999,"d":"9.57"},{"v":0.00702321727713,"d":"0.01"},"1_62142003_77652_306652","außerhalb GKL",{"v":2.4058403922,"d":"2.41"},{"v":1,"d":"1.00"},{"v":9.56883464615999,"d":"9.57"}]
[6,621,62142,{"v":41358.31079,"d":"41,358.31"},3669,{"v":0.088712521,"d":"0.09"},"ST",430,62142003,{"v":5805.07758499,"d":"5,805.08"},179,{"v":0.030835075,"d":"0.03"},{"v":40.7703211899999,"d":"40.77"},{"v":0.905906425,"d":"0.91"},{"v":162.15725,"d":"162.16"},{"v":16.84274997,"d":"16.84"},1,"1_62142003_77653",{"v":0.168746232652,"d":"0.17"},{"v":4.13894783575E-3,"d":"0.00"},{"v":0.671160398939,"d":"0.67"},{"v":0.00702321727713,"d":"0.01"},"1_62142003_77653_306653","außerhalb GKL",{"v":0.168746232652,"d":"0.17"},{"v":1,"d":"1.00"},{"v":0.671160398939,"d":"0.67"}]
[6,621,62142,{"v":41358.31079,"d":"41,358.31"},3669,{"v":0.088712521,"d":"0.09"},"ST",430,62142003,{"v":5805.07758499,"d":"5,805.08"},179,{"v":0.030835075,"d":"0.03"},{"v":40.7703211899999,"d":"40.77"},{"v":0.905906425,"d":"0.91"},{"v":162.15725,"d":"162.16"},{"v":16.84274997,"d":"16.84"},1,"1_62142003_77654",{"v":0.148891727617,"d":"0.15"},{"v":0.0036519635674,"d":"0.00"},{"v":0.59219236919,"d":"0.59"},{"v":0.00702321727713,"d":"0.01"},"1_62142003_77654_306654","außerhalb GKL",{"v":0.148891727617,"d":"0.15"},{"v":1,"d":"1.00"},{"v":0.59219236919,"d":"0.59"}]
[6,621,62142,{"v":41358.31079,"d":"41,358.31"},3669,{"v":0.088712521,"d":"0.09"},"ST",430,62142003,{"v":5805.07758499,"d":"5,805.08"},179,{"v":0.030835075,"d":"0.03"},{"v":40.7703211899999,"d":"40.77"},{"v":0.905906425,"d":"0.91"},{"v":162.15725,"d":"162.16"},{"v":16.84274997,"d":"16.84"},1,"1_62142003_77655",{"v":0.359651961381,"d":"0.36"},{"v":0.00882141594384,"d":"0.01"},{"v":1.43045655056,"d":"1.43"},{"v":0.00702321727713,"d":"0.01"},"1_62142003_77655_306655","außerhalb GKL",{"v":0.359651961381,"d":"0.36"},{"v":1,"d":"1.00"},{"v":1.43045655056,"d":"1.43"}]
[6,621,62142,{"v":41358.31079,"d":"41,358.31"},3669,{"v":0.088712521,"d":"0.09"},"ST",430,62142003,{"v":5805.07758499,"d":"5,805.08"},179,{"v":0.030835075,"d":"0.03"},{"v":40.7703211899999,"d":"40.77"},{"v":0.905906425,"d":"0.91"},{"v":162.15725,"d":"162.16"},{"v":16.84274997,"d":"16.84"},1,"1_62142003_77656",{"v":0.76043989693,"d":"0.76"},{"v":0.0186518004944,"d":"0.02"},{"v":3.02452467572,"d":"3.02"},{"v":0.00702321727713,"d":"0.01"},"1_62142003_77656_306656","außerhalb GKL",{"v":0.76043989693,"d":"0.76"},{"v":1,"d":"1.00"},{"v":3.02452467572,"d":"3.02"}]
[6,621,62142,{"v":41358.31079,"d":"41,358.31"},3669,{"v":0.088712521,"d":"0.09"},"ST",430,62142003,{"v":5805.07758499,"d":"5,805.08"},179,{"v":0.030835075,"d":"0.03"},{"v":40.7703211899999,"d":"40.77"},{"v":0.905906425,"d":"0.91"},{"v":162.15725,"d":"162.16"},{"v":16.84274997,"d":"16.84"},1,"1_62142003_77657",{"v":0.409035237892,"d":"0.41"},{"v":0.0100326714618,"d":"0.01"},{"v":1.6268704144,"d":"1.63"},{"v":0.00702321727713,"d":"0.01"},"1_62142003_77657_306657","außerhalb GKL",{"v":0.409035237892,"d":"0.41"},{"v":1,"d":"1.00"},{"v":1.6268704144,"d":"1.63"}]
[6,621,62142,{"v":41358.31079,"d":"41,358.31"},3669,{"v":0.088712521,"d":"0.09"},"ST",430,62142003,{"v":5805.07758499,"d":"5,805.08"},179,{"v":0.030835075,"d":"0.03"},{"v":40.7703211899999,"d":"40.77"},{"v":0.905906425,"d":"0.91"},{"v":162.15725,"d":"162.16"},{"v":16.84274997,"d":"16.84"},1,"1_62142003_77658",{"v":1.50517517295,"d":"1.51"},{"v":0.0369184036087,"d":"0.04"},{"v":5.98658680358,"d":"5.99"},{"v":0.00702321727713,"d":"0.01"},"1_62142003_77658_306658","außerhalb GKL",{"v":1.50517517295,"d":"1.51"},{"v":1,"d":"1.00"},{"v":5.98658680358,"d":"5.99"}]
[6,621,62142,{"v":41358.31079,"d":"41,358.31"},3669,{"v":0.088712521,"d":"0.09"},"ST",430,62142003,{"v":5805.07758499,"d":"5,805.08"},179,{"v":0.030835075,"d":"0.03"},{"v":40.7703211899999,"d":"40.77"},{"v":0.905906425,"d":"0.91"},{"v":162.15725,"d":"162.16"},{"v":16.84274997,"d":"16.84"},1,"1_62142003_77659",{"v":0.242900335929,"d":"0.24"},{"v":0.00595777342045,"d":"0.01"},{"v":0.966096153983,"d":"0.97"},{"v":0.00702321727713,"d":"0.01"},"1_62142003_77659_306659","außerhalb GKL",{"v":0.242900335929,"d":"0.24"},{"v":1,"d":"1.00"},{"v":0.966096153983,"d":"0.97"}]
[6,621,62142,{"v":41358.31079,"d":"41,358.31"},3669,{"v":0.088712521,"d":"0.09"},"ST",430,62142003,{"v":5805.07758499,"d":"5,805.08"},179,{"v":0.030835075,"d":"0.03"},{"v":40.7703211899999,"d":"40.77"},{"v":0.905906425,"d":"0.91"},{"v":162.15725,"d":"162.16"},{"v":16.84274997,"d":"16.84"},1,"1_62142003_77662",{"v":0.610814111393,"d":"0.61"},{"v":0.0149818322143,"d":"0.01"},{"v":2.42941271183,"d":"2.43"},{"v":0.00702321727713,"d":"0.01"},"1_62142003_77662_306660","außerhalb GKL",{"v":0.610814111392,"d":"0.61"},{"v":0.999999999998,"d":"1.00"},{"v":2.42941271183,"d":"2.43"}]
[6,621,62142,{"v":41358.31079,"d":"41,358.31"},3669,{"v":0.088712521,"d":"0.09"},"ST",430,62142003,{"v":5805.07758499,"d":"5,805.08"},179,{"v":0.030835075,"d":"0.03"},{"v":40.7703211899999,"d":"40.77"},{"v":0.905906425,"d":"0.91"},{"v":162.15725,"d":"162.16"},{"v":16.84274997,"d":"16.84"},1,"1_62142003_77666",{"v":0.708247155562,"d":"0.71"},{"v":0.0173716354174,"d":"0.02"},{"v":2.81693662729,"d":"2.82"},{"v":0.00702321727713,"d":"0.01"},"1_62142003_77666_306661","außerhalb GKL",{"v":0.615054158636,"d":"0.62"},{"v":0.868417407406,"d":"0.87"},{"v":2.4462768027,"d":"2.45"}]
[6,621,62142,{"v":41358.31079,"d":"41,358.31"},3669,{"v":0.088712521,"d":"0.09"},"ST",430,62142003,{"v":5805.07758499,"d":"5,805.08"},179,{"v":0.030835075,"d":"0.03"},{"v":40.7703211899999,"d":"40.77"},{"v":0.905906425,"d":"0.91"},{"v":162.15725,"d":"162.16"},{"v":16.84274997,"d":"16.84"},1,"1_62142003_77667",{"v":0.463352401594,"d":"0.46"},{"v":0.0113649436176,"d":"0.01"},{"v":1.84290800344,"d":"1.84"},{"v":0.00702321727713,"d":"0.01"},"1_62142003_77667_306662","außerhalb GKL",{"v":0.0789216791703,"d":"0.08"},{"v":0.170327549612,"d":"0.17"},{"v":0.313898004386,"d":"0.31"}]
[6,621,62142,{"v":41358.31079,"d":"41,358.31"},3669,{"v":0.088712521,"d":"0.09"},"ST",430,62142003,{"v":5805.07758499,"d":"5,805.08"},179,{"v":0.030835075,"d":"0.03"},{"v":40.7703211899999,"d":"40.77"},{"v":0.905906425,"d":"0.91"},{"v":162.15725,"d":"162.16"},{"v":16.84274997,"d":"16.84"},1,"1_62142003_77668",{"v":0.36287025417,"d":"0.36"},{"v":0.00890035308966,"d":"0.01"},{"v":1.44325678105,"d":"1.44"},{"v":0.00702321727713,"d":"0.01"},"1_62142003_77668_306663","außerhalb GKL",{"v":0.0109176108804,"d":"0.01"},{"v":0.0300868168579,"d":"0.03"},{"v":0.0434230024504,"d":"0.04"}]
[6,621,62142,{"v":41358.31079,"d":"41,358.31"},3669,{"v":0.088712521,"d":"0.09"},"ST",430,62142003,{"v":5805.07758499,"d":"5,805.08"},179,{"v":0.030835075,"d":"0.03"},{"v":40.7703211899999,"d":"40.77"},{"v":0.905906425,"d":"0.91"},{"v":162.15725,"d":"162.16"},{"v":16.84274997,"d":"16.84"},1,"1_62142003_77669",{"v":0.438716999005,"d":"0.44"},{"v":0.0107606951871,"d":"0.01"},{"v":1.74492473963,"d":"1.74"},{"v":0.00702321727713,"d":"0.01"},"1_62142003_77669_306664","außerhalb GKL",{"v":0.434698441161,"d":"0.43"},{"v":0.99084020484,"d":"0.99"},{"v":1.72894158645,"d":"1.73"}]
[6,621,62142,{"v":41358.31079,"d":"41,358.31"},3669,{"v":0.088712521,"d":"0.09"},"ST",430,62142003,{"v":5805.07758499,"d":"5,805.08"},179,{"v":0.030835075,"d":"0.03"},{"v":40.7703211899999,"d":"40.77"},{"v":0.905906425,"d":"0.91"},{"v":162.15725,"d":"162.16"},{"v":16.84274997,"d":"16.84"},1,"1_62142003_77670",{"v":2.50197592077,"d":"2.50"},{"v":0.0613675793504,"d":"0.06"},{"v":9.95119790661999,"d":"9.95"},{"v":0.00702321727713,"d":"0.01"},"1_62142003_77670_306665","außerhalb GKL",{"v":2.50197592077,"d":"2.50"},{"v":1,"d":"1.00"},{"v":9.95119790661999,"d":"9.95"}]
[6,621,62142,{"v":41358.31079,"d":"41,358.31"},3669,{"v":0.088712521,"d":"0.09"},"ST",430,62142003,{"v":5805.07758499,"d":"5,805.08"},179,{"v":0.030835075,"d":"0.03"},{"v":40.7703211899999,"d":"40.77"},{"v":0.905906425,"d":"0.91"},{"v":162.15725,"d":"162.16"},{"v":16.84274997,"d":"16.84"},1,"1_62142003_77671",{"v":1.7445556607,"d":"1.74"},{"v":0.0427898434395,"d":"0.04"},{"v":6.93868334008,"d":"6.94"},{"v":0.00702321727713,"d":"0.01"},"1_62142003_77671_306666","außerhalb GKL",{"v":1.7445556607,"d":"1.74"},{"v":1,"d":"1.00"},{"v":6.93868334008,"d":"6.94"}]
[6,621,62142,{"v":41358.31079,"d":"41,358.31"},3669,{"v":0.088712521,"d":"0.09"},"ST",430,62142003,{"v":5805.07758499,"d":"5,805.08"},179,{"v":0.030835075,"d":"0.03"},{"v":40.7703211899999,"d":"40.77"},{"v":0.905906425,"d":"0.91"},{"v":162.15725,"d":"162.16"},{"v":16.84274997,"d":"16.84"},1,"1_62142003_77672",{"v":1.09096477374,"d":"1.09"},{"v":0.0267587976228,"d":"0.03"},{"v":4.33913303582,"d":"4.34"},{"v":0.00702321727713,"d":"0.01"},"1_62142003_77672_306667","außerhalb GKL",{"v":1.09096477374,"d":"1.09"},{"v":1,"d":"1.00"},{"v":4.33913303582,"d":"4.34"}]
[6,621,62142,{"v":41358.31079,"d":"41,358.31"},3669,{"v":0.088712521,"d":"0.09"},"ST",430,62142003,{"v":5805.07758499,"d":"5,805.08"},179,{"v":0.030835075,"d":"0.03"},{"v":40.7703211899999,"d":"40.77"},{"v":0.905906425,"d":"0.91"},{"v":162.15725,"d":"162.16"},{"v":16.84274997,"d":"16.84"},1,"1_62142003_77673",{"v":1.71561954812,"d":"1.72"},{"v":0.0420801087174,"d":"0.04"},{"v":6.82359470931,"d":"6.82"},{"v":0.00702321727713,"d":"0.01"},"1_62142003_77673_306668","außerhalb GKL",{"v":1.71561954812,"d":"1.72"},{"v":1,"d":"1.00"},{"v":6.82359470931,"d":"6.82"}]
[6,621,62142,{"v":41358.31079,"d":"41,358.31"},3669,{"v":0.088712521,"d":"0.09"},"ST",430,62142003,{"v":5805.07758499,"d":"5,805.08"},179,{"v":0.030835075,"d":"0.03"},{"v":40.7703211899999,"d":"40.77"},{"v":0.905906425,"d":"0.91"},{"v":162.15725,"d":"162.16"},{"v":16.84274997,"d":"16.84"},1,"1_62142003_77674",{"v":0.200279946971,"d":"0.20"},{"v":0.00491239561341,"d":"0.00"},{"v":0.796580563583,"d":"0.80"},{"v":0.00702321727713,"d":"0.01"},"1_62142003_77674_306669","außerhalb GKL",{"v":0.200279946971,"d":"0.20"},{"v":1,"d":"1.00"},{"v":0.796580563583,"d":"0.80"}]
[6,621,62142,{"v":41358.31079,"d":"41,358.31"},3669,{"v":0.088712521,"d":"0.09"},"ST",430,62142003,{"v":5805.07758499,"d":"5,805.08"},179,{"v":0.030835075,"d":"0.03"},{"v":40.7703211899999,"d":"40.77"},{"v":0.905906425,"d":"0.91"},{"v":162.15725,"d":"162.16"},{"v":16.84274997,"d":"16.84"},1,"1_62142003_77675",{"v":0.498030346993,"d":"0.50"},{"v":0.0122155119817,"d":"0.01"},{"v":1.98083383029,"d":"1.98"},{"v":0.00702321727713,"d":"0.01"},"1_62142003_77675_306670","außerhalb GKL",{"v":0.498030346993,"d":"0.50"},{"v":1,"d":"1.00"},{"v":1.98083383029,"d":"1.98"}]
[6,621,62142,{"v":41358.31079,"d":"41,358.31"},3669,{"v":0.088712521,"d":"0.09"},"ST",430,62142003,{"v":5805.07758499,"d":"5,805.08"},179,{"v":0.030835075,"d":"0.03"},{"v":40.7703211899999,"d":"40.77"},{"v":0.905906425,"d":"0.91"},{"v":162.15725,"d":"162.16"},{"v":16.84274997,"d":"16.84"},1,"1_62142003_77676",{"v":8.01881689310999,"d":"8.02"},{"v":0.19668270102,"d":"0.20"},{"v":31.8935259199999,"d":"31.89"},{"v":0.00702321727713,"d":"0.01"},"1_62142003_77676_306671","außerhalb GKL",{"v":8.01881689310999,"d":"8.02"},{"v":1,"d":"1.00"},{"v":31.8935259199999,"d":"31.89"}]
[6,621,62142,{"v":41358.31079,"d":"41,358.31"},3669,{"v":0.088712521,"d":"0.09"},"ST",430,62142003,{"v":5805.07758499,"d":"5,805.08"},179,{"v":0.030835075,"d":"0.03"},{"v":40.7703211899999,"d":"40.77"},{"v":0.905906425,"d":"0.91"},{"v":162.15725,"d":"162.16"},{"v":16.84274997,"d":"16.84"},1,"1_62142003_77677",{"v":0.193550424142,"d":"0.19"},{"v":0.00474733626061,"d":"0.00"},{"v":0.769814992846,"d":"0.77"},{"v":0.00702321727713,"d":"0.01"},"1_62142003_77677_306672","außerhalb GKL",{"v":0.193550424141,"d":"0.19"},{"v":0.999999999995,"d":"1.00"},{"v":0.769814992842,"d":"0.77"}]
[6,621,62142,{"v":41358.31079,"d":"41,358.31"},3669,{"v":0.088712521,"d":"0.09"},"ST",430,62142003,{"v":5805.07758499,"d":"5,805.08"},179,{"v":0.030835075,"d":"0.03"},{"v":40.7703211899999,"d":"40.77"},{"v":0.905906425,"d":"0.91"},{"v":162.15725,"d":"162.16"},{"v":16.84274997,"d":"16.84"},1,"1_62142003_77678",{"v":0.0540552133436,"d":"0.05"},{"v":1.32584713011E-3,"d":"0.00"},{"v":0.214995724539,"d":"0.21"},{"v":0.00702321727713,"d":"0.01"},"1_62142003_77678_306673","außerhalb GKL",{"v":0.0540552133436,"d":"0.05"},{"v":1,"d":"1.00"},{"v":0.214995724539,"d":"0.21"}]
[6,621,62142,{"v":41358.31079,"d":"41,358.31"},3669,{"v":0.088712521,"d":"0.09"},"ST",430,62142003,{"v":5805.07758499,"d":"5,805.08"},179,{"v":0.030835075,"d":"0.03"},{"v":40.7703211899999,"d":"40.77"},{"v":0.905906425,"d":"0.91"},{"v":162.15725,"d":"162.16"},{"v":16.84274997,"d":"16.84"},1,"1_62142003_77679",{"v":12.6045602728,"d":"12.60"},{"v":0.309160190671,"d":"0.31"},{"v":50.1325663287,"d":"50.13"},{"v":0.00702321727713,"d":"0.01"},"1_62142003_77679_306674","außerhalb GKL",{"v":1.49817850288,"d":"1.50"},{"v":0.118860037197,"d":"0.12"},{"v":5.95875869861,"d":"5.96"}]
[6,621,62142,{"v":41358.31079,"d":"41,358.31"},3669,{"v":0.088712521,"d":"0.09"},"ST",430,62142003,{"v":5805.07758499,"d":"5,805.08"},179,{"v":0.030835075,"d":"0.03"},{"v":40.7703211899999,"d":"40.77"},{"v":0.905906425,"d":"0.91"},{"v":162.15725,"d":"162.16"},{"v":16.84274997,"d":"16.84"},1,"1_62142003_77679",{"v":12.6045602728,"d":"12.60"},{"v":0.309160190671,"d":"0.31"},{"v":50.1325663287,"d":"50.13"},{"v":0.00702321727713,"d":"0.01"},"1_62142003_77679_306675","außerhalb GKL",{"v":1.99595299712,"d":"2.00"},{"v":0.158351656378,"d":"0.16"},{"v":7.93857491663,"d":"7.94"}]
[6,621,62142,{"v":41358.31079,"d":"41,358.31"},3669,{"v":0.088712521,"d":"0.09"},"ST",430,62142003,{"v":5805.07758499,"d":"5,805.08"},179,{"v":0.030835075,"d":"0.03"},{"v":40.7703211899999,"d":"40.77"},{"v":0.905906425,"d":"0.91"},{"v":162.15725,"d":"162.16"},{"v":16.84274997,"d":"16.84"},1,"1_62142003_77679",{"v":12.6045602728,"d":"12.60"},{"v":0.309160190671,"d":"0.31"},{"v":50.1325663287,"d":"50.13"},{"v":0.00702321727713,"d":"0.01"},"1_62142003_77679_306676","außerhalb GKL",{"v":1.26800737307,"d":"1.27"},{"v":0.100599096329,"d":"0.10"},{"v":5.04329086932,"d":"5.04"}]
[6,621,62142,{"v":41358.31079,"d":"41,358.31"},3669,{"v":0.088712521,"d":"0.09"},"ST",430,62142004,{"v":5409.53681366,"d":"5,409.54"},113,{"v":0.020889034,"d":"0.02"},{"v":14.49100159,"d":"14.49"},{"v":0.905906425,"d":"0.91"},{"v":102.367425999999,"d":"102.37"},{"v":10.632574,"d":"10.63"},1,"1_62142004_77694",{"v":0.134031685584,"d":"0.13"},{"v":0.00924930445639,"d":"0.01"},{"v":0.946827489491,"d":"0.95"},{"v":2.67878786838E-3,"d":"0.00"},"1_62142004_77694_306677","G",{"v":0.134031685584,"d":"0.13"},{"v":1,"d":"1.00"},{"v":0.946827489491,"d":"0.95"}]
[6,621,62142,{"v":41358.31079,"d":"41,358.31"},3669,{"v":0.088712521,"d":"0.09"},"ST",430,62142004,{"v":5409.53681366,"d":"5,409.54"},113,{"v":0.020889034,"d":"0.02"},{"v":14.49100159,"d":"14.49"},{"v":0.905906425,"d":"0.91"},{"v":102.367425999999,"d":"102.37"},{"v":10.632574,"d":"10.63"},1,"1_62142004_77695",{"v":0.532376626537,"d":"0.53"},{"v":0.0367384285503,"d":"0.04"},{"v":3.76081836598,"d":"3.76"},{"v":2.67878786838E-3,"d":"0.00"},"1_62142004_77695_306678","außerhalb GKL",{"v":0.0646205463019,"d":"0.06"},{"v":0.121381261086,"d":"0.12"},{"v":0.456492875978,"d":"0.46"}]
[6,621,62142,{"v":41358.31079,"d":"41,358.31"},3669,{"v":0.088712521,"d":"0.09"},"ST",430,62142004,{"v":5409.53681366,"d":"5,409.54"},113,{"v":0.020889034,"d":"0.02"},{"v":14.49100159,"d":"14.49"},{"v":0.905906425,"d":"0.91"},{"v":102.367425999999,"d":"102.37"},{"v":10.632574,"d":"10.63"},1,"1_62142004_77695",{"v":0.532376626537,"d":"0.53"},{"v":0.0367384285503,"d":"0.04"},{"v":3.76081836598,"d":"3.76"},{"v":2.67878786838E-3,"d":"0.00"},"1_62142004_77695_306679","außerhalb GKL",{"v":0.0366702462052,"d":"0.04"},{"v":0.0688802708033,"d":"0.07"},{"v":0.259046187491,"d":"0.26"}]
[6,621,62142,{"v":41358.31079,"d":"41,358.31"},3669,{"v":0.088712521,"d":"0.09"},"ST",430,62142004,{"v":5409.53681366,"d":"5,409.54"},113,{"v":0.020889034,"d":"0.02"},{"v":14.49100159,"d":"14.49"},{"v":0.905906425,"d":"0.91"},{"v":102.367425999999,"d":"102.37"},{"v":10.632574,"d":"10.63"},1,"1_62142004_77695",{"v":0.532376626537,"d":"0.53"},{"v":0.0367384285503,"d":"0.04"},{"v":3.76081836598,"d":"3.76"},{"v":2.67878786838E-3,"d":"0.00"},"1_62142004_77695_306680","G",{"v":0.431085834041,"d":"0.43"},{"v":0.809738468131,"d":"0.81"},{"v":3.04527930259,"d":"3.05"}]
[6,621,62142,{"v":41358.31079,"d":"41,358.31"},3669,{"v":0.088712521,"d":"0.09"},"ST",430,62142004,{"v":5409.53681366,"d":"5,409.54"},113,{"v":0.020889034,"d":"0.02"},{"v":14.49100159,"d":"14.49"},{"v":0.905906425,"d":"0.91"},{"v":102.367425999999,"d":"102.37"},{"v":10.632574,"d":"10.63"},1,"1_62142004_77696",{"v":0.646765638775,"d":"0.65"},{"v":0.0446322246781,"d":"0.04"},{"v":4.56888595695,"d":"4.57"},{"v":2.67878786838E-3,"d":"0.00"},"1_62142004_77696_306681","G",{"v":0.646765638774,"d":"0.65"},{"v":0.999999999998,"d":"1.00"},{"v":4.56888595694,"d":"4.57"}]
[6,621,62142,{"v":41358.31079,"d":"41,358.31"},3669,{"v":0.088712521,"d":"0.09"},"ST",430,62142004,{"v":5409.53681366,"d":"5,409.54"},113,{"v":0.020889034,"d":"0.02"},{"v":14.49100159,"d":"14.49"},{"v":0.905906425,"d":"0.91"},{"v":102.367425999999,"d":"102.37"},{"v":10.632574,"d":"10.63"},1,"1_62142004_77697",{"v":0.145980212782,"d":"0.15"},{"v":0.0100738525129,"d":"0.01"},{"v":1.03123435165,"d":"1.03"},{"v":2.67878786838E-3,"d":"0.00"},"1_62142004_77697_306682","G",{"v":0.145980212782,"d":"0.15"},{"v":1,"d":"1.00"},{"v":1.03123435165,"d":"1.03"}]
[6,621,62142,{"v":41358.31079,"d":"41,358.31"},3669,{"v":0.088712521,"d":"0.09"},"ST",430,62142004,{"v":5409.53681366,"d":"5,409.54"},113,{"v":0.020889034,"d":"0.02"},{"v":14.49100159,"d":"14.49"},{"v":0.905906425,"d":"0.91"},{"v":102.367425999999,"d":"102.37"},{"v":10.632574,"d":"10.63"},1,"1_62142004_77698",{"v":0.248745648101,"d":"0.25"},{"v":0.0171655248642,"d":"0.02"},{"v":1.75719059629,"d":"1.76"},{"v":2.67878786838E-3,"d":"0.00"},"1_62142004_77698_306683","außerhalb GKL",{"v":0.248745648101,"d":"0.25"},{"v":1,"d":"1.00"},{"v":1.75719059629,"d":"1.76"}]
[6,621,62142,{"v":41358.31079,"d":"41,358.31"},3669,{"v":0.088712521,"d":"0.09"},"ST",430,62142004,{"v":5409.53681366,"d":"5,409.54"},113,{"v":0.020889034,"d":"0.02"},{"v":14.49100159,"d":"14.49"},{"v":0.905906425,"d":"0.91"},{"v":102.367425999999,"d":"102.37"},{"v":10.632574,"d":"10.63"},1,"1_62142004_77699",{"v":0.626382712487,"d":"0.63"},{"v":0.0432256327209,"d":"0.04"},{"v":4.42489675886,"d":"4.42"},{"v":2.67878786838E-3,"d":"0.00"},"1_62142004_77699_306684","G",{"v":0.626382712488,"d":"0.63"},{"v":1,"d":"1.00"},{"v":4.42489675886,"d":"4.42"}]
[6,621,62142,{"v":41358.31079,"d":"41,358.31"},3669,{"v":0.088712521,"d":"0.09"},"ST",430,62142004,{"v":5409.53681366,"d":"5,409.54"},113,{"v":0.020889034,"d":"0.02"},{"v":14.49100159,"d":"14.49"},{"v":0.905906425,"d":"0.91"},{"v":102.367425999999,"d":"102.37"},{"v":10.632574,"d":"10.63"},1,"1_62142004_77700",{"v":0.055815416367,"d":"0.06"},{"v":0.003851729366,"d":"0.00"},{"v":0.394291620846,"d":"0.39"},{"v":2.67878786838E-3,"d":"0.00"},"1_62142004_77700_306685","G",{"v":0.055815416367,"d":"0.06"},{"v":1,"d":"1.00"},{"v":0.394291620846,"d":"0.39"}]
[6,621,62142,{"v":41358.31079,"d":"41,358.31"},3669,{"v":0.088712521,"d":"0.09"},"ST",430,62142006,{"v":15819.2861319,"d":"15,819.29"},81,{"v":5.120332E-3,"d":"0.01"},{"v":0.910215788,"d":"0.91"},{"v":0.905906425,"d":"0.91"},{"v":73.37842041,"d":"73.38"},{"v":7.621579594,"d":"7.62"},1,"1_62142006_77702",{"v":0.61578259163,"d":"0.62"},{"v":0.676523742774,"d":"0.68"},{"v":49.6422436145999,"d":"49.64"},{"v":5.753836048E-5,"d":"0.00"},"1_62142006_77702_306686","außerhalb GKL",{"v":0.615782591631,"d":"0.62"},{"v":1,"d":"1.00"},{"v":49.6422436145999,"d":"49.64"}]
[6,621,62144,{"v":27457.97249,"d":"27,457.97"},2380,{"v":0.086677922,"d":"0.09"},"M",420,62144002,{"v":5749.27382503999,"d":"5,749.27"},284,{"v":0.049397543,"d":"0.05"},{"v":74.2723726199999,"d":"74.27"},{"v":0.920429496,"d":"0.92"},{"v":261.4019768,"d":"261.40"},{"v":22.5980231799999,"d":"22.60"},1,"1_62144002_77850",{"v":0.15928791557,"d":"0.16"},{"v":0.00214464557885,"d":"0.00"},{"v":0.560614593847,"d":"0.56"},{"v":0.0129185658711,"d":"0.01"},"1_62144002_77850_306687","außerhalb GKL",{"v":0.15928791557,"d":"0.16"},{"v":1,"d":"1.00"},{"v":0.560614593847,"d":"0.56"}]
[6,621,62144,{"v":27457.97249,"d":"27,457.97"},2380,{"v":0.086677922,"d":"0.09"},"M",420,62144004,{"v":10817.2474849999,"d":"10,817.25"},353,{"v":0.032633071,"d":"0.03"},{"v":210.9824725,"d":"210.98"},{"v":0.920429496,"d":"0.92"},{"v":324.911611999999,"d":"324.91"},{"v":28.0883879699999,"d":"28.09"},1,"1_62144004_77862",{"v":35.1107553108,"d":"35.11"},{"v":0.166415507861,"d":"0.17"},{"v":54.0703309208999,"d":"54.07"},{"v":0.0195042660152,"d":"0.02"},"1_62144004_77862_306688","außerhalb GKL",{"v":35.1107553108,"d":"35.11"},{"v":1,"d":"1.00"},{"v":54.0703309208999,"d":"54.07"}]